{"text_format":"1","workbook":"xlsx","n_sheets":28,"sheets":["DATOS ENTRADA","PPTO OFICIAL-TOTAL CIVIL","PRELIMINARES","PPTO GRAL CAPEX CIVIL","PPTO GRAL CAPEX ELECTROM","CAPEX","auxiliar capitulos","FORMULARIO 1-PPTO OFICIAL","AIU","AMBIENTAL Y SST","BIOSEGURIDAD","AIU AMBIENTAL SST BIOSEG","TABLAS","DIALOGO CYC","AIU DIALOGO CYC","PMT","AIU PMT","Tramo 1","Tramo 2 ","Item IDU","Insumos IDU","ENSAYOS-OBRA","COMPENSAC-EVALUAC-SEG-SDA","AJUSTES","Listado Ins Ana","COMPARATIVO ELEVADORES","Proyeccion ICCP","Proyeccion EURO"],"not_rendered":{"charts":4,"images":7,"macros":1,"external_links":93,"defined_names":9981,"comments":3,"pivot_tables":0},"unopened":[],"bounds":{"document_bytes":16777216,"sheet_cells":100000,"rows_first":2000,"rows_last":500,"rows_between":2000,"halvings":0,"cell_chars":16384,"cell_head_chars":4096},"cells_cut":0,"cells_raw":0,"read":"whole","date_system":"1900"}

{"sheet":"DATOS ENTRADA","index":0,"n_rows":58,"n_cols":10,"rows_kept":58,"cut":false,"hidden":false,"merged":[[1,2,1,3],[2,2,2,3],[3,2,3,3],[6,2,6,3],[8,2,8,3],[4,2,4,3],[7,2,7,3],[10,2,10,3],[36,1,38,3],[39,1,41,3],[42,1,42,3],[9,2,9,3],[14,3,15,3]]}
[]
[null,null,"INSTITUTO DE DESARROLLO URBANO"]
[null,null,"SUBDIRECCIÓN GENERAL DE DESARROLLO URBANO"]
[null,null,"DIRECCIÓN TÉCNICA DE PROYECTOS"]
[]
[]
[null,"OBJETO DE LA CONTRATACIÓN:","\"ACTUALIZACIÓN, AJUSTES Y COMPLEMENTACIÓN DE LA FACTIBILIDAD Y ESTUDIOS Y DISEÑOS DEL CABLE AÉREO EN SAN CRISTÓBAL, EN BOGOTÁ D.C.\""]
[]
[null,"CONTRATO N.","1630 de 2020"]
[null,"MODALIDAD DE PROYECTO"]
[null,"FECHA:","2022-03-22"]
[null,null,null,null,null,null,null,"Comienzo","Fin"]
[null,"ACTIVIDADES","MESES","MONTOS",null,null,null,"2023-01-03","2023-03-08",{"$f":"+(I13-H13)/30","v":2.1333333333333333}]
[null,"PRELIMINARES",6.33,{"$f":"PRELIMINARES!K74","v":792738645}]
[null,"EJECUCIÓN DE OBRAS",23,{"$f":"+'PPTO GRAL CAPEX CIVIL'!I867","v":69491247936}]
[null,"RECIBO DE OBRA",3]
[null,"TOTAL PROYECTO",{"$f":"C14+C15+C16","v":32.33},{"$f":"SUM(D14:D16)","v":70283986581}]
[]
[null,"AIU",{"$f":"+AIU!N97","v":0.28664000000000001}]
[null,"PMA (Incl. AIU)",{"$f":"+'AIU AMBIENTAL SST BIOSEG'!M42","v":0.17696999999999999},{"$f":"+'PPTO GRAL CAPEX CIVIL'!I869","v":3539155266.6007857}]
[null,"CDC Y CE (Incl. AIU)",{"$f":"'DIALOGO CYC'!L83","v":0.18589},{"$f":"+'PPTO GRAL CAPEX CIVIL'!I871","v":1261209454}]
[null,"PMT (Incl. AIU)",{"$f":"+'AIU PMT'!M42","v":0.18748000000000004},{"$f":"+'PPTO GRAL CAPEX CIVIL'!I873","v":2243021558}]
[null,"AJUSTES POR CAMBIO DE VIGENCIA",null,{"$f":"+'PPTO GRAL CAPEX CIVIL'!I877","v":5064246591}]
[null,"ENSAYOS DE LABORATORIO",null,{"$f":"+'PPTO GRAL CAPEX CIVIL'!I879","v":254758865}]
[null,"COMPENSACIONES SDA",null,{"$f":"+'PPTO GRAL CAPEX CIVIL'!I881","v":55611323}]
[null,"BIOSEGURIDAD",null,{"$f":"+'PPTO GRAL CAPEX CIVIL'!I885","v":381463556}]
[null,"COSTO TOTAL DEL PROYECTO",null,{"$f":"SUM(D17:D26)","v":83083453194.600784},null,{"$f":"+'PPTO GRAL CAPEX CIVIL'!I883","v":792738645}]
[]
[null,"ANTICIPO",0.2]
[]
[null,"TRM Euro",{"$f":"ROUND(1.10485*C33,2)","v":4221.2700000000004}]
[null,"Fecha TRM Euro","2021-12-31"]
[null,"TRM Dólar",3820.67]
[null,"Fecha TRM Dólar","2021-12-31"]
[]
[null,"CONSIDERACIONES"]
[null,"Cuando el proceso licitatorio es de Estudios y Diseños y Construcción, la etapa de preliminares se incluye en el componente de estudios y diseños. En este caso, no se incluye el costo de preliminares en los valores base para la estimación del AIU."]
[]
[]
[null,"Cuando se trata de un proceso de Construcción, se separa la etapa de preliminares de la etapa de obra. El AIU sólo contemplaría el tiempo estimado para la ejecución de la obra (plazo de preliminares solo en vigencias de amparos pólizas). El costo de preliminares se incluye en los valores base para el cálculo del AIU."]
[]
[]
[null,"Se debe ajustar la hoja de desglose de topes de acuerdo a los costos directos que aplican en cada proceso."]
[]
[]
[]
[]
[1]
[2]
[3]
[4]
[5]
[6]
[7]
[8]
[9]
[10]
[null,"SMLMV 2022",1000000]

{"sheet":"PPTO OFICIAL-TOTAL CIVIL","index":1,"n_rows":49,"n_cols":10,"rows_kept":49,"cut":false,"hidden":false,"merged":[[1,5,1,7]]}
[]
[]
[null,"EL PRESUPUESTO OFICIAL TOTAL , se estima en la suma de:",null,null,null,null,null,"EL PRESUPUESTO OFICIAL TOTAL , se estima en la suma de:"]
[null,{"$f":"C7+C9","v":83083453194.600784},{"$f":"+NUMERO2LETRA(B4,,,\"PESOS M/C\",,1)","v":"OCHENTA Y TRES MIL OCHENTA Y TRES MILLONES CUATROCIENTOS CINCUENTA Y TRES MIL CIENTO NOVENTA Y CUATRO PESOS M/C CON SESENTA"},null,null,null,null,3268244200,"TRES MIL DOSCIENTOS SESENTA Y OCHO MILLONES DOSCIENTOS CUARENTA Y CUATRO MIL DOSCIENTOS PESOS M/C"]
[null,"La suma indicada como Presupuesto Oficial Total, se divide de la siguiente manera:",null,null,null,null,null,"La suma indicada como Presupuesto Oficial Total, se divide de la siguiente manera:"]
[null,"VALOR ESTIMADO DE FASE DE PRELIMINARES ( H )",null,null,null,"COMPROBACIÓN PRELIMINARES","COMPROBACIÓN OBRA","VALOR ESTIMADO DE FASE DE PRELIMINARES (INCLUYE ENSAYOS DE LABORATORIO, CAMBIO DE VIGENCIA E IVA) ( H )"]
[null,"Es la suma de ",{"$f":"+'PPTO GRAL CAPEX CIVIL'!I883","v":792738645},{"$f":"+NUMERO2LETRA(C7,,,\"PESOS M/C\",,1)","v":"SETECIENTOS NOVENTA Y DOS MILLONES SETECIENTOS TREINTA Y OCHO MIL SEISCIENTOS CUARENTA Y CINCO PESOS M/C"},null,0,0,"Es la suma de ",306093432,"TRESCIENTOS SEIS MILLONES NOVENTA Y TRES MIL CUATROCIENTOS TREINTA Y DOS PESOS M/C"]
[null,"VALOR PARA LA FASE DE CONSTRUCCIÓN ( A + B + C + D + E + F + G + I )",null,null,null,null,null,"VALOR PARA LA FASE DE CONSTRUCCIÓN ( A + B + C + D + E + F + G + I )"]
[null,"Es la suma de ",{"$f":"C21+C24+C27+C30+C33+C36+C39+C42","v":82290714549.600784},{"$f":"+NUMERO2LETRA(C9,,,\"PESOS M/C\",,1)","v":"OCHENTA Y DOS MIL DOSCIENTOS NOVENTA MILLONES SETECIENTOS CATORCE MIL QUINIENTOS CUARENTA Y NUEVE PESOS M/C CON SESENTA"},null,null,null,"Es la suma de ",2962150768,"DOS MIL NOVECIENTOS SESENTA Y DOS MILLONES CIENTO CINCUENTA MIL SETECIENTOS SESENTA Y OCHO PESOS M/C"]
[]
[]
[null,"AIU",{"$f":"+'PPTO GRAL CAPEX CIVIL'!F867","v":0.28664000000000001},{"$f":"+RIGHT(F12,LEN(F12)-FIND(\" \",F12))","v":"VEINTIOCHO PUNTO SEISCIENTOS SESENTA Y CUATRO POR CIENTO"},null,{"$f":"PORCENTAJE2LETRA(C12*100)","v":"CERO VEINTIOCHO PUNTO SEISCIENTOS SESENTA Y CUATRO POR CIENTO"},null,"AIU",0.28810000000000002,"VEINTIOCHO PUNTO OCHOCIENTOS DIEZ POR CIENTO"]
[]
[null,"COSTOS DE OBRA CIVIL SIN REDES (INCLUYE A.I.U)",null,null,null,null,null,"COSTOS DE OBRA SIN REDES (INCLUYE A.I.U)"]
[null,"Es la suma de ",{"$f":"+'PPTO GRAL CAPEX CIVIL'!I865-'PPTO OFICIAL-TOTAL CIVIL'!C18","v":60937723882},{"$f":"+NUMERO2LETRA(C15,,,\"PESOS M/C\",,1)","v":"SESENTA MIL NOVECIENTOS TREINTA Y SIETE MILLONES SETECIENTOS VEINTITRÉS MIL OCHOCIENTOS OCHENTA Y DOS PESOS M/C"},null,null,null,"Es la suma de ",0,"CERO PESOS M/C"]
[]
[null,"COSTOS REDES (INCLUYE A.I.U)",null,null,null,null,null,"COSTOS REDES (INCLUYE A.I.U)"]
[null,"Es la suma de ",{"$f":"SUM('PPTO GRAL CAPEX CIVIL'!I266:I822)","v":8553524054},{"$f":"+NUMERO2LETRA(C18,,,\"PESOS M/C\",,1)","v":"OCHO MIL QUINIENTOS CINCUENTA Y TRES MILLONES QUINIENTOS VEINTICUATRO MIL CINCUENTA Y CUATRO PESOS M/C"},null,null,null,"Es la suma de ",0,"CERO PESOS M/C"]
[]
[null,"COSTO TOTAL OBRAS CIVILES CON A.I.U. ( A )",null,null,null,null,null,"COSTO TOTAL OBRAS CON A.I.U. ( A )"]
[null,"Es la suma de ",{"$f":"+C15+C18","v":69491247936},{"$f":"+NUMERO2LETRA(C21,,,\"PESOS M/C\",,1)","v":"SESENTA Y NUEVE MIL CUATROCIENTOS NOVENTA Y UN MILLONES DOSCIENTOS CUARENTA Y SIETE MIL NOVECIENTOS TREINTA Y SEIS PESOS M/C"},null,null,null,"Es la suma de ",0,"CERO PESOS M/C"]
[]
[null,"COSTO ACTIVIDADES AMBIENTALES Y SST ( B )",null,null,null,null,null,"COSTO ACTIVIDADES AMBIENTALES Y SST ( B )"]
[null,"Es la suma de ",{"$f":"+'AMBIENTAL Y SST'!K189","v":3539155266.6007857},{"$f":"+NUMERO2LETRA(C24,,,\"PESOS M/C\",,1)","v":"TRES MIL QUINIENTOS TREINTA Y NUEVE MILLONES CIENTO CINCUENTA Y CINCO MIL DOSCIENTOS SESENTA Y SEIS PESOS M/C CON SESENTA"},null,null,null,"Es la suma de ",1232159389,"MIL DOSCIENTOS TREINTA Y DOS MILLONES CIENTO CINCUENTA Y NUEVE MIL TRESCIENTOS OCHENTA Y NUEVE PESOS M/C"]
[]
[null,"COSTO DIÁLOGO CIUDADANO Y DE COMUNICACIÓN ESTRATÉGICA ( C )",null,null,null,null,null,"COSTO DIÁLOGO CIUDADANO Y DE COMUNICACIÓN ESTRATÉGICA ( C )"]
[null,"Es la suma de ",{"$f":"+'DIALOGO CYC'!M85","v":1261209454},{"$f":"+NUMERO2LETRA(C27,,,\"PESOS M/C\",,1)","v":"MIL DOSCIENTOS SESENTA Y UN MILLONES DOSCIENTOS NUEVE MIL CUATROCIENTOS CINCUENTA Y CUATRO PESOS M/C"},null,null,null,"Es la suma de ",496718949,"CUATROCIENTOS NOVENTA Y SEIS MILLONES SETECIENTOS DIECIOCHO MIL NOVECIENTOS CUARENTA Y NUEVE PESOS M/C"]
[]
[null,"COSTO PLAN DE MANEJO DE TRÁNSITO ( D )",null,null,null,null,null,"COSTO PLAN DE MANEJO DE TRÁNSITO ( D )"]
[null,"Es la suma de ",{"$f":"+PMT!L69","v":2243021558},{"$f":"+NUMERO2LETRA(C30,,,\"PESOS M/C\",,1)","v":"DOS MIL DOSCIENTOS CUARENTA Y TRES MILLONES VEINTIÚN MIL QUINIENTOS CINCUENTA Y OCHO PESOS M/C"},null,null,null,"Es la suma de ",652416587,"SEISCIENTOS CINCUENTA Y DOS MILLONES CUATROCIENTOS DIECISEIS MIL QUINIENTOS OCHENTA Y SIETE PESOS M/C"]
[]
[null,"AJUSTES POR CAMBIO DE VIGENCIA PARA OBRAS-AIU-PMA-PGS-PMT ( E )",null,null,null,null,null,"AJUSTES POR CAMBIO DE VIGENCIA PARA OBRAS-AIU-PMA-PGS-PMT ( E )"]
[null,"Es la suma de ",{"$f":"+AJUSTES!G57","v":5064246591},{"$f":"+NUMERO2LETRA(C33,,,\"PESOS M/C\",,1)","v":"CINCO MIL SESENTA Y CUATRO MILLONES DOSCIENTOS CUARENTA Y SEIS MIL QUINIENTOS NOVENTA Y UN PESOS M/C"},null,null,null,"Es la suma de ",184788486,"CIENTO OCHENTA Y CUATRO MILLONES SETECIENTOS OCHENTA Y OCHO MIL CUATROCIENTOS OCHENTA Y SEIS PESOS M/C"]
[]
[null,"COSTOS ESTIMADOS PARA ENSAYOS DE LABORATORIO EN LA FASE DE EJECUCIÓN ( F )",null,null,null,null,null,"COSTOS ESTIMADOS PARA ENSAYOS DE LABORATORIO EN LA FASE DE EJECUCIÓN ( F )"]
[null,"Es la suma de ",{"$f":"+'ENSAYOS-OBRA'!H53","v":254758865},{"$f":"+NUMERO2LETRA(C36,,,\"PESOS M/C\",,1)","v":"DOSCIENTOS CINCUENTA Y CUATRO MILLONES SETECIENTOS CINCUENTA Y OCHO MIL OCHOCIENTOS SESENTA Y CINCO PESOS M/C"},null,null,null,"Es la suma de ",283914653,"DOSCIENTOS OCHENTA Y TRES MILLONES NOVECIENTOS CATORCE MIL SEISCIENTOS CINCUENTA Y TRES PESOS M/C"]
[]
[null,"COSTOS DE COMPENSACIONES, EVALUACIÓN Y SEGUIMIENTO SDA ( G )",null,null,null,null,null,"COSTOS DE COMPENSACIONES, EVALUACIÓN Y SEGUIMIENTO SDA ( G )"]
[null,"Es la suma de ",{"$f":"+'COMPENSAC-EVALUAC-SEG-SDA'!J15","v":55611323},{"$f":"+NUMERO2LETRA(C39,,,\"PESOS M/C\",,1)","v":"CINCUENTA Y CINCO MILLONES SEISCIENTOS ONCE MIL TRESCIENTOS VEINTITRES PESOS M/C"},null,null,null,"Es la suma de ",55488169,"CINCUENTA Y CINCO MILLONES CUATROCIENTOS OCHENTA Y OCHO MIL CIENTO SESENTA Y NUEVE PESOS M/C"]
[]
[null,"MEDIDAS DE BIOSEGURIDAD ( I )",null,null,null,null,null,"MEDIDAS DE BIOSEGURIDAD ( I )"]
[null,"Es la suma de ",{"$f":"+BIOSEGURIDAD!Q44","v":381463556},{"$f":"+NUMERO2LETRA(C42,,,\"PESOS M/C\",,1)","v":"TRESCIENTOS OCHENTA Y UN MILLONES CUATROCIENTOS SESENTA Y TRES MIL QUINIENTOS CINCUENTA Y SEIS PESOS M/C"},null,null,null,"Es la suma de ",56664535,"CINCUENTA Y SEIS MILLONES SEISCIENTOS SESENTA Y CUATRO MIL QUINIENTOS TREINTA Y CINCO PESOS M/C"]
[]
[]
[]
[null,"AIU MÁXIMO",{"$f":"C12","v":0.28664000000000001},{"$f":"+RIGHT(F46,LEN(F46)-FIND(\" \",F46))","v":"VEINTIOCHO PUNTO SEISCIENTOS SESENTA Y CUATRO POR CIENTO"},null,{"$f":"PORCENTAJE2LETRA(C46*100)","v":"CERO VEINTIOCHO PUNTO SEISCIENTOS SESENTA Y CUATRO POR CIENTO"}]
[]
[]
[null,"AIU MÍNIMO",{"$f":"+ROUND(C46*90%,5)","v":0.25797999999999999},{"$f":"+RIGHT(F49,LEN(F49)-FIND(\" \",F49))","v":"VEINTICINCO PUNTO SETECIENTOS NOVENTA Y OCHO POR CIENTO"},null,{"$f":"PORCENTAJE2LETRA(C49*100)","v":"CERO VEINTICINCO PUNTO SETECIENTOS NOVENTA Y OCHO POR CIENTO"}]

{"sheet":"PRELIMINARES","index":2,"n_rows":75,"n_cols":14,"rows_kept":75,"cut":false,"hidden":false,"merged":[[41,2,41,3],[42,2,42,3],[44,2,44,3],[24,2,24,3],[28,2,28,3],[32,2,32,3],[30,2,30,3],[31,2,31,3],[34,2,34,3],[35,2,35,3],[36,2,36,9],[37,2,37,10],[38,2,38,3],[39,2,39,3],[40,2,40,3],[43,2,43,3],[46,2,46,10],[11,0,13,0],[11,1,13,1],[11,2,11,10],[12,2,13,3],[12,5,13,5],[17,2,17,3],[19,2,19,3],[23,2,23,3],[15,2,15,3],[22,2,22,3],[16,2,16,3],[21,2,21,3],[18,2,18,3],[27,2,27,3],[29,2,29,3],[7,1,7,2],[7,3,7,10],[9,8,9,10],[9,1,9,3],[9,5,9,6],[1,1,1,2],[1,4,1,6],[1,8,6,10],[2,1,2,2],[2,4,2,6],[3,1,3,7],[4,1,4,7],[5,1,5,7],[6,1,6,7],[25,2,25,3],[20,2,20,3],[70,2,70,8],[73,2,73,7],[73,8,73,9],[59,2,59,3],[62,2,62,3],[67,2,67,9],[68,1,68,8],[69,1,69,8],[63,2,63,3],[48,1,48,8],[49,1,49,8],[53,1,53,3],[53,5,53,6],[53,8,53,10],[50,2,50,8],[55,0,57,0],[55,1,57,1],[55,2,55,10],[56,2,57,3],[56,5,57,5]]}
[]
[null,"FORMATO",null,"CÓDIGO","PROCESO",null,null,"VERSIÓN"]
[null,"MATRIZ PARA CÁLCULO PRELIMINARES"]
[null,{"$f":"'DATOS ENTRADA'!$C$2","v":"INSTITUTO DE DESARROLLO URBANO"}]
[null,{"$f":"'DATOS ENTRADA'!$C$3","v":"SUBDIRECCIÓN GENERAL DE DESARROLLO URBANO"}]
[null,{"$f":"'DATOS ENTRADA'!$C$4","v":"DIRECCIÓN TÉCNICA DE PROYECTOS"}]
[null,{"$f":"IF('DATOS ENTRADA'!C5=0,\"\",'DATOS ENTRADA'!C5)","v":""}]
[null,{"$f":"'DATOS ENTRADA'!B7","v":"OBJETO DE LA CONTRATACIÓN:"},null,{"$f":"'DATOS ENTRADA'!$C$7","v":"\"ACTUALIZACIÓN, AJUSTES Y COMPLEMENTACIÓN DE LA FACTIBILIDAD Y ESTUDIOS Y DISEÑOS DEL CABLE AÉREO EN SAN CRISTÓBAL, EN BOGOTÁ D.C.\""}]
[]
[null,"TERMINO ESTIMADO FASE PRELIMINARES",null,null,{"$f":"'DATOS ENTRADA'!C14","v":6.33},"MESES",null,"FECHA:",{"$f":"'DATOS ENTRADA'!C11","v":"2022-03-22"}]
[]
[null,null,"1. COSTOS DE PERSONAL"]
[null,null,"CARGO",null,"CANTIDAD","CATEGORÍA","DEDICACIÓN FASE DE PRELIMINARES (MES)","TARIFA (MES)","FACTOR PRESTACIONAL","N. MESES\nPRELIMINARES","SALARIO + PRESTACIONES"]
[null,null,null,null,"A",null,"B","C","D","E","F= A*B*C*D*E"]
["CÓD. IDU",1.1000000000000001,"PERSONAL PROFESIONAL (Ingenieros y Otros)",null,null,null,null,null,null,null,null,null,"CANTID MES"]
[{"$f":"VLOOKUP(F16,TABLAS!$C$24:$H$31,6,FALSE)","v":9108},{"$f":"B15+0.001","v":1.101},"DIRECTOR DE OBRA",null,1,2,0.5,{"$f":"VLOOKUP(A16,TABLAS!$A$2:$G$44,4,FALSE)","v":9695000},{"$f":"VLOOKUP(A16,TABLAS!$A$2:$G$44,5)","v":1.5853999999999999},{"$f":"$E$10","v":6.33},{"$f":"ROUND((E16*G16*H16*I16*J16),0)","v":48647484},null,{"$f":"(E16*G16*J16)/$E$10","v":0.5}]
[{"$f":"VLOOKUP(F17,TABLAS!$C$24:$H$31,6,FALSE)","v":9109},1.1019999999999999,"INGENIERO RESIDENTE DE OBRA",null,2,3,1,{"$f":"VLOOKUP(A17,TABLAS!$A$2:$G$44,4,FALSE)","v":8182000},{"$f":"VLOOKUP(A17,TABLAS!$A$2:$G$44,5)","v":1.4509000000000001},{"$f":"$E$10","v":6.33},150290200,null,{"$f":"(E17*G17*J17)/$E$10","v":2}]
[{"$f":"VLOOKUP(F18,TABLAS!$C$24:$H$31,6,FALSE)","v":9109},1.1029999999999998,"ARQUITECTO RESIDENTE EN URBANISMO Y ESPACIO PÚBLICO",null,1,3,0.25,{"$f":"VLOOKUP(A18,TABLAS!$A$2:$G$44,4,FALSE)","v":8182000},{"$f":"VLOOKUP(A18,TABLAS!$A$2:$G$44,5)","v":1.4509000000000001},{"$f":"$E$10","v":6.33},18786275,null,{"$f":"(E18*G18*J18)/$E$10","v":0.25}]
[{"$f":"VLOOKUP(F19,TABLAS!$C$24:$H$31,6,FALSE)","v":9109},1.1039999999999996,"PROFESIONAL EN PRESUPUESTO Y PROGRAMACIÓN",null,1,3,0.5,{"$f":"VLOOKUP(A19,TABLAS!$A$2:$G$44,4,FALSE)","v":8182000},{"$f":"VLOOKUP(A19,TABLAS!$A$2:$G$44,5)","v":1.4509000000000001},6.33,37572550,null,{"$f":"(E19*G19*J19)/$E$10","v":0.5}]
[{"$f":"VLOOKUP(F20,TABLAS!$C$24:$H$31,6,FALSE)","v":9109},1.1049999999999995,"ESPECIALISTA EN DISEÑO GEOMÉTRICO",null,1,3,0.25,{"$f":"VLOOKUP(A20,TABLAS!$A$2:$G$44,4,FALSE)","v":8182000},{"$f":"VLOOKUP(A20,TABLAS!$A$2:$G$44,5)","v":1.4509000000000001},6.33,18786275,null,{"$f":"(E20*G20*J20)/$E$10","v":0.25}]
[{"$f":"VLOOKUP(F21,TABLAS!$C$24:$H$31,6,FALSE)","v":9109},1.1059999999999994,"ESPECIALISTA EN REDES HIDROSANITARIAS",null,1,3,0.25,{"$f":"VLOOKUP(A21,TABLAS!$A$2:$G$44,4,FALSE)","v":8182000},{"$f":"VLOOKUP(A21,TABLAS!$A$2:$G$44,5)","v":1.4509000000000001},6.33,18786275,null,{"$f":"(E21*G21*J21)/$E$10","v":0.25}]
[{"$f":"VLOOKUP(F22,TABLAS!$C$24:$H$31,6,FALSE)","v":9109},1.1069999999999993,"ESPECIALISTA EN REDES ELÉCTRICAS, GAS, TELÉFONO Y FIBRA ÓPTICA",null,1,3,0.25,{"$f":"VLOOKUP(A22,TABLAS!$A$2:$G$44,4,FALSE)","v":8182000},{"$f":"VLOOKUP(A22,TABLAS!$A$2:$G$44,5)","v":1.4509000000000001},6.33,18786275,null,{"$f":"(E22*G22*J22)/$E$10","v":0.25}]
[{"$f":"VLOOKUP(F23,TABLAS!$C$24:$H$31,6,FALSE)","v":9109},1.1079999999999992,"ESPECIALISTA EN ESTRUCTURAS",null,1,3,0.25,{"$f":"VLOOKUP(A23,TABLAS!$A$2:$G$44,4,FALSE)","v":8182000},{"$f":"VLOOKUP(A23,TABLAS!$A$2:$G$44,5)","v":1.4509000000000001},6.33,{"$f":"ROUND((E23*G23*H23*I23*J23),0)","v":18786275},null,{"$f":"(E23*G23*J23)/$E$10","v":0.25}]
[{"$f":"VLOOKUP(F24,TABLAS!$C$24:$H$31,6,FALSE)","v":9109},1.1089999999999991,"ESPECIALISTA EN GEOTECNIA",null,1,3,0.25,{"$f":"VLOOKUP(A24,TABLAS!$A$2:$G$44,4,FALSE)","v":8182000},{"$f":"VLOOKUP(A24,TABLAS!$A$2:$G$44,5)","v":1.4509000000000001},6.33,{"$f":"ROUND((E24*G24*H24*I24*J24),0)","v":18786275},null,0.25]
[{"$f":"VLOOKUP(F25,TABLAS!$C$24:$H$31,6,FALSE)","v":9109},1.109999999999999,"ESPECIALISTA EN PAVIMENTOS",null,1,3,0.25,{"$f":"VLOOKUP(A25,TABLAS!$A$2:$G$44,4,FALSE)","v":8182000},{"$f":"VLOOKUP(A25,TABLAS!$A$2:$G$44,5)","v":1.4509000000000001},6.33,18786275,null,0.25]
[{"$f":"VLOOKUP(F26,TABLAS!$C$24:$H$31,6,FALSE)","v":9112},1.1109999999999989,"PROFESIONAL SIG-CAD",null,1,6,0.3,{"$f":"VLOOKUP(A26,TABLAS!$A$2:$G$44,4,FALSE)","v":5604000},{"$f":"VLOOKUP(A26,TABLAS!$A$2:$G$44,5)","v":1.4521999999999999},6.33,15454307,null,0.3]
[null,1.2,"PERSONAL TÉCNICO Y PERSONAL AUXILIAR",null,null,null,null,null,null,null,null,null,0]
[9085,{"$f":"B27+0.001","v":1.2009999999999998},{"$f":"VLOOKUP(A28,TABLAS!$A$2:$G$44,2,FALSE)","v":"TARIFA MES - PERSONAL TÉCNICO - AUXILIAR DE INGENIERÍA (NO INCLUYE FACTOR DE PRESTACIONES)"},null,1,"N/A",1,{"$f":"VLOOKUP(A28,TABLAS!$A$2:$G$44,4,FALSE)","v":2305000},{"$f":"VLOOKUP(A28,TABLAS!$A$2:$G$44,5)","v":1.4582999999999999},{"$f":"$E$10","v":6.33},21277545,null,1]
[9094,{"$f":"B28+0.001","v":1.2019999999999997},{"$f":"VLOOKUP(A29,TABLAS!$A$2:$G$44,2,FALSE)","v":"TARIFA MES - PERSONAL TÉCNICO - INSPECTOR 2 (NO INCLUYE FACTOR DE PRESTACIONES)"},null,1,"N/A",1,{"$f":"VLOOKUP(A29,TABLAS!$A$2:$G$44,4,FALSE)","v":1790000},{"$f":"VLOOKUP(A29,TABLAS!$A$2:$G$44,5)","v":1.5589},6.33,{"$f":"ROUND((E29*G29*H29*I29*J29),0)","v":17663428},null,{"$f":"(E29*G29*J29)/$E$10","v":1},"PERSONAL LAVADO LLANTAS Y PALETEROS "]
[9088,{"$f":"B29+0.001","v":1.2029999999999996},{"$f":"VLOOKUP(A30,TABLAS!$A$2:$G$44,2,FALSE)","v":"TARIFA MES - PERSONAL TÉCNICO - TOPÓGRAFO INSPECTOR (NO INCLUYE FACTOR DE PRESTACIONES)"},null,1,"N/A",0.25,{"$f":"VLOOKUP(A30,TABLAS!$A$2:$G$44,4,FALSE)","v":2733000},{"$f":"VLOOKUP(A30,TABLAS!$A$2:$G$44,5)","v":1.4567000000000001},6.33,6300187,null,0.25]
[9098,{"$f":"B30+0.001","v":1.2039999999999995},{"$f":"VLOOKUP(A31,TABLAS!$A$2:$G$44,2,FALSE)","v":"TARIFA MES - PERSONAL AUXILIAR TÉCNICO - CADENERO 1 (NO INCLUYE FACTOR DE PRESTACIONES)"},null,1,"N/A",0.25,{"$f":"VLOOKUP(A31,TABLAS!$A$2:$G$44,4,FALSE)","v":1695000},{"$f":"VLOOKUP(A31,TABLAS!$A$2:$G$44,5)","v":1.5651999999999999},6.33,4198395,null,0.25]
[9099,{"$f":"B31+0.001","v":1.2049999999999994},{"$f":"VLOOKUP(A32,TABLAS!$A$2:$G$44,2,FALSE)","v":"TARIFA MES - PERSONAL AUXILIAR TÉCNICO - CADENERO 2 (NO INCLUYE FACTOR DE PRESTACIONES)"},null,1,"N/A",0.25,{"$f":"VLOOKUP(A32,TABLAS!$A$2:$G$44,4,FALSE)","v":1476000},{"$f":"VLOOKUP(A32,TABLAS!$A$2:$G$44,5)","v":1.5825},6.33,3696356,null,0.25]
[9089,{"$f":"B31+0.001","v":1.2049999999999994},{"$f":"VLOOKUP(A33,TABLAS!$A$2:$G$44,2,FALSE)","v":"TARIFA MES - PERSONAL TÉCNICO - LABORATORISTA INSPECTOR (NO INCLUYE FACTOR DE PRESTACIONES)"},null,1,"N/A",0.5,{"$f":"VLOOKUP(A33,TABLAS!$A$2:$G$44,4,FALSE)","v":2421000},{"$f":"VLOOKUP(A33,TABLAS!$A$2:$G$44,5)","v":1.4578},6.33,{"$f":"ROUND((E33*G33*H33*I33*J33),0)","v":11170341},null,{"$f":"(E33*G33*J33)/$E$10","v":0.5}]
[null,1.3,"PERSONAL ADMINISTRATIVO",null,null,null,null,null,null,null,null,null,0]
[9100,{"$f":"B34+0.001","v":1.3009999999999999},{"$f":"VLOOKUP(A35,TABLAS!$A$2:$G$44,2,FALSE)","v":"TARIFA MES - PERSONAL AUXILIAR TÉCNICO - CONDUCTOR O MOTORISTA (NO INCLUYE FACTOR DE PRESTACIONES)"},null,1,"N/A",1,{"$f":"VLOOKUP(A35,TABLAS!$A$2:$G$44,4,FALSE)","v":1228000},{"$f":"VLOOKUP(A35,TABLAS!$A$2:$G$44,5)","v":1.6096999999999999},{"$f":"$E$10","v":6.33},12512584,null,1]
[9104,{"$f":"B35+0.001","v":1.3019999999999998},{"$f":"VLOOKUP(A36,TABLAS!$A$2:$G$44,2,FALSE)","v":"TARIFA MES - PERSONAL ADMINISTRATIVO - SECRETARIA 1 (NO INCLUYE FACTOR DE PRESTACIONES)"},null,1,"N/A",1,{"$f":"VLOOKUP(A36,TABLAS!$A$2:$G$44,4,FALSE)","v":1476000},{"$f":"VLOOKUP(A36,TABLAS!$A$2:$G$44,5)","v":1.5825},{"$f":"$E$10","v":6.33},14785424,null,1]
[null,null,"SUBTOTAL COSTOS DE PERSONAL",null,null,null,null,null,null,null,{"$f":"SUM(K16:K36)","v":475072726}]
[]
["CÓD. IDU",2,"GASTOS OPERACIONALES",null,"CANT.","ÁREA (M2)","DEDICACIÓN\nFASE DE PRELIMINARES","DEDICACIÓN X ÁREA (M2)","COSTO ($/M2.MES)","N. MESES\nPRELIMINARES","VALOR ($)"]
[9576,{"$f":"B39+0.001","v":2.0009999999999999},{"$f":"VLOOKUP(A40,TABLAS!$A$48:$D$61,2,FALSE)","v":"ALQUILER MES - ARRIENDO OFICINA INCL. ADMINISTRACIÓN, SERVICIOS PÚBLICOS, COMUNICACIONES"},null,1,20,1,{"$f":"F40*G40*E40","v":20},{"$f":"VLOOKUP(A40,TABLAS!$A$49:$D$64,4,0)","v":32508},{"$f":"$E$10","v":6.33},{"$f":"ROUND(I40*H40*J40,0)","v":4115513}]
[9577,2.0019999999999998,{"$f":"VLOOKUP(A41,TABLAS!$A$48:$D$61,2,FALSE)","v":"ALQUILER MES - CAMPAMENTOS INCL. SERVICIOS PÚBLICOS PROVISIONALES"},null,1,300,0.25,{"$f":"F41*G41*E41","v":75},{"$f":"VLOOKUP(A41,TABLAS!$A$49:$D$64,4,0)","v":26189},6.33,{"$f":"ROUND(I41*H41*J41,0)","v":12433228}]
[9578,2.0029999999999997,{"$f":"VLOOKUP(A42,TABLAS!$A$48:$D$61,2,FALSE)","v":"GASTOS OFICINA (PAPELERIA, FOTOCOPIAS Y OTROS)"},null,1,"N/A",0.5,"N/A",{"$f":"VLOOKUP(A42,TABLAS!$A$49:$D$64,4,0)","v":922582},6.33,{"$f":"ROUND(E42*I42*G42*J42,0)","v":2919972}]
[9456,2.0039999999999996,{"$f":"VLOOKUP(A43,TABLAS!$A$48:$D$61,2,FALSE)","v":"ALQUILER DE VEHICULO: CAMPERO, PICK-UP, CAMIONETA, CAMION O SIMILAR DE 1300cc A 2000cc DE CILINDRADA, MODELO 2014 A 2011. 75% DE LA TARIFA ESTABLECIDA. INCLUYE TODOS LOS COSTOS DE OPERACIÓN Y MANTENIMIENTO EXCEPTO EL SALARIO DEL CONDUCTOR"},null,{"$f":"E35","v":1},"N/A",{"$f":"G35","v":1},"N/A",{"$f":"VLOOKUP(A43,TABLAS!$A$49:$D$64,4,0)","v":4816500},6.33,{"$f":"ROUND(E43*I43*G43*J43,0)","v":30488445}]
[9117,2.0049999999999994,{"$f":"VLOOKUP(A44,TABLAS!$A$48:$D$61,2,FALSE)","v":"EQUIPO COMPLETO DE LABORATORIO - ESTUDIOS - MES"},null,{"$f":"E33","v":1},"N/A",{"$f":"G33","v":0.5},"N/A",{"$f":"VLOOKUP(A44,TABLAS!$A$49:$D$64,4,0)","v":5657000},6.33,{"$f":"ROUND(E44*I44*G44*J44,0)","v":17904405}]
[9115,2.0059999999999993,{"$f":"VLOOKUP(A45,TABLAS!$A:$G,2,FALSE)","v":"EQUIPO DE TOPOGRAFÍA. INCLUYE TRÁNSITO, NIVEL Y ELEMENTOS COMPLEMENTARIOS - MES"},null,{"$f":"E30","v":1},"N/A",{"$f":"G30","v":0.25},"N/A",{"$f":"VLOOKUP(A45,TABLAS!$A$49:$D$64,4,0)","v":3627000},6.33,{"$f":"ROUND(E45*I45*G45*J45,0)","v":5739728}]
[null,null,"SUBTOTAL GASTOS OPERACIONALES",null,null,null,null,null,null,null,{"$f":"SUM(K40:K45)","v":73601291}]
[]
[]
[null,"SUBTOTAL COSTOS PERSONAL + GASTOS OPERACIONALES + ENSAYOS LABORATORIO PARA FASE PRELIMINARES",null,null,null,null,null,null,null,null,{"$f":"(K37+K46)","v":548674017}]
[null,"IVA",null,null,null,null,null,null,null,0.19,{"$f":"ROUND((K49)*J50,0)","v":104248063}]
[null,"A.","SUBTOTAL COSTOS ESTIMADO PARA FASE PRELIMINARES (INCLUYE  IVA)",null,null,null,null,null,null,null,{"$f":"K49+K50","v":652922080}]
[]
[]
[null,"TERMINO ESTIMADO PRELIMINARES - GESTION Y AVALES DE TERCEROS Y MODIFICACIONES DE DISEÑOS.",null,null,{"$f":"'DATOS ENTRADA'!C14","v":6.33},"MESES"]
[]
[null,null,"COSTOS DE PERSONAL"]
[null,null,"CARGO",null,"lim","CATEGORÍA","DEDICACIÓN FASE DE PRELIMINARES (MES)","TARIFA (MES)\nINCLUYE F.P","FACTOR PRESTACIONAL","N. MESES\nPRELIMINARES","SALARIO + PRESTACIONES"]
[null,null,null,null,"A",null,"B","C","D","E","F= A*B*C*E"]
["CÓD. IDU",4,"PERSONAL PROFESIONAL (Ingenieros y Otros)"]
[{"$f":"VLOOKUP(F60,TABLAS!$C$33:$H$40,6,FALSE)","v":9467},{"$f":"B59+0.001","v":4.0010000000000003},"ESPECIALISTA EN REDES HIDROSANITARIAS",null,1,{"$f":"F21","v":3},0.25,{"$f":"VLOOKUP(A60,TABLAS!$A$2:$G$44,4,FALSE)","v":11871264},"N.A",{"$f":"$E$54","v":6.33},{"$f":"ROUND((E60*G60*H60*J60),0)","v":18786275},null,{"$f":"(E60*G60*J60)/$E$10","v":0.25}]
[{"$f":"VLOOKUP(F61,TABLAS!$C$33:$H$40,6,FALSE)","v":9467},{"$f":"B60+0.001","v":4.0020000000000007},"ESPECIALISTA EN ESTRUCTURAS",null,1,3,0.25,{"$f":"VLOOKUP(A61,TABLAS!$A$2:$G$44,4,FALSE)","v":11871264},"N.A",6.33,18786275,null,0.25]
[{"$f":"VLOOKUP(F62,TABLAS!$C$33:$H$40,6,FALSE)","v":9467},{"$f":"B61+0.001","v":4.003000000000001},"ESPECIALISTA EN GEOTECNIA",null,1,3,0.25,{"$f":"VLOOKUP(A62,TABLAS!$A$2:$G$44,4,FALSE)","v":11871264},"N.A",6.33,{"$f":"ROUND((E62*G62*H62*J62),0)","v":18786275},null,{"$f":"(E62*G62*J62)/$E$10","v":0.25}]
[{"$f":"VLOOKUP(F63,TABLAS!$C$33:$H$40,6,FALSE)","v":9467},4.0040000000000013,"ESPECIALISTA EN REDES ELÉCTRICAS, GAS, TELÉFONO Y FIBRA ÓPTICA",null,1,{"$f":"F22","v":3},0.25,{"$f":"VLOOKUP(A63,TABLAS!$A$2:$G$44,4,FALSE)","v":11871264},"N.A",6.33,18786275,null,0.25]
[{"$f":"VLOOKUP(F64,TABLAS!$C$33:$H$40,6,FALSE)","v":9470},4.0050000000000017,"PROFESIONAL SIG-CAD",null,1,6,0.25,{"$f":"VLOOKUP(A64,TABLAS!$A$2:$G$44,4,FALSE)","v":8139250},"N.A",6.33,12880363,null,0.25]
[{"$f":"VLOOKUP(F65,TABLAS!$C$33:$H$40,6,FALSE)","v":9470},4.006000000000002,"RESIDENTE AMBIENTAL",null,0,6,0.25,{"$f":"VLOOKUP(A65,TABLAS!$A$2:$G$44,4,FALSE)","v":8139250},"N.A",6.33,0,null,0]
[{"$f":"VLOOKUP(F66,TABLAS!$C$33:$H$40,6,FALSE)","v":9469},4.0070000000000023,"RESIDENTE FORESTAL ",null,0,5,0.25,{"$f":"VLOOKUP(A66,TABLAS!$A$2:$G$44,4,FALSE)","v":9123740},"N.A",6.33,0,null,0]
[{"$f":"VLOOKUP(F67,TABLAS!$C$33:$H$40,6,FALSE)","v":9467},4.0080000000000027,"ESPECIALISTA EN TRÁNSITO Y TRANSPORTE",null,1,{"$f":"+PMT!E20","v":3},0.25,{"$f":"VLOOKUP(A67,TABLAS!$A$2:$G$44,4,FALSE)","v":11871264},"N.A",6.33,18786275,null,0.25]
[null,null,"SUBTOTAL COSTOS DE PERSONAL",null,null,null,null,null,null,null,{"$f":"SUM(K60:K67)","v":106811738},null,{"$f":"SUM(M16:M67)","v":11.8}]
[null,"SUBTOTAL COSTOS DE PERSONAL INCLUYENDO FACTOR MULTIPLICADOR",null,null,null,null,null,null,null,1.1000000000000001,{"$f":"ROUND(K68*J69,0)","v":117492912}]
[null,"IVA",null,null,null,null,null,null,null,0.19,{"$f":"ROUND((K69)*J70,0)","v":22323653}]
[null,"B","SUBTOTAL COSTOS ESTIMADOS PARA GESTION Y AVALES ANTE TERCEROS Y MODIFICACIONES DE DISEÑOS (INCLUYE F.M  E  IVA)",null,null,null,null,null,null,null,{"$f":"K69+K70","v":139816565}]
[]
[null,null,null,null,null,null,null,null,null,null,null,null,"VR. BASICO",{"$f":"K49+K69","v":666166929}]
[null,null,"TOTAL COSTOS ESTIMADOS PARA FASE PRELIMINARES (INCLUYE IVA)",null,null,null,null,null,"( A + B )",null,{"$f":"K51+K71","v":792738645},null,"IVA",{"$f":"K50+K70","v":126571716}]
[null,null,null,null,null,null,null,null,null,null,null,null,"TOTAL",{"$f":"N73+N74","v":792738645}]

{"sheet":"PPTO GRAL CAPEX CIVIL","index":3,"n_rows":908,"n_cols":90,"rows_kept":908,"cut":false,"hidden":false,"merged":[[1,1,1,7],[1,8,4,8],[2,1,2,7],[3,1,3,2],[3,3,3,4],[3,5,3,7],[4,1,4,2],[4,3,4,4],[5,1,5,8],[6,1,6,8],[4,5,4,7],[7,1,7,8],[8,1,8,8],[9,1,9,2],[9,3,9,8],[10,1,10,8],[897,5,897,8],[907,5,907,8],[898,5,898,8],[906,5,906,8]]}
[1]
[2,"FORMATO"]
[3,"Presupuesto General de Obras - Costos Directos"]
[4,"CÓDIGO",null,"PROCESO",null,"VERSIÓN"]
[5,"FO-DP-01",null,"Proyectos",null,2]
[6,"INSTITUTO DE DESARROLLO URBANO",null,null,null,null,null,null,null,null,null,null,null,null,null,null,null,null,null,null,"TRM U$",3886.87,"Para ascensores"]
[7,"SUBDIRECCIÓN GENERAL DE DESARROLLO URBANO"]
[8,"DIRECCIÓN TÉCNICA DE PROYECTOS"]
[9]
[10,"OBJETO DE LA CONTRATACIÓN:",null,"ACTUALIZACIÓN, AJUSTES Y COMPLEMENTACIÓN DE LA FACTIBILIDAD Y ESTUDIOS Y DISEÑOS DEL CABLE AÉREO EN SAN CRISTÓBAL, EN BOGOTÁ D.C."]
[11,"PRESUPUESTO GENERAL DE OBRAS",null,null,null,null,null,null,null,null,null,null,null,null,null,null,null,null,null,null,null,null,null,null,null,1,2,3]
[12,null,null,null,null,null,null,null,{"$f":"+'DATOS ENTRADA'!C11","v":"2022-03-22"},null,null,null,null,null,null,null,null,null,null,null,"Formulas para codificación de ítems",null,null,null,null,113,"Estación La Victoria","Estación Altamira",null,1,{"$f":"+AD12+1","v":2},3,4,5,6,7,8,9,10,11,12,13,14,15,16,17,18,19,20,21,22]
[13,"COD. IDU","ÍTEM","DESCRIPCIÓN","UNIDAD","CANTIDAD","VR. UNITARIO","VR. UNITARIO\nCON A.I.U.","VALOR TOTAL","Cantidades del Modelo BIM",null,"Especificación Técnica","Suma Capítulos","Observacion del presupuestador",null,null,null,null,"Auxiliar chequeo",null,"Descripcion","Codigo parcial",null,null,"Cantidad Total","Cantidad proyectada Estacion 20 de Julio","Cantidad proyectada Estacion Intermedia La Victoria","Cantidad proyectada Estacion Retorno Altamira","Cantidad Geotecnia  ","Cantidad Estructura Pilona 1 ","Cantidad Estructura Pilona 2","Cantidad Estructura Pilona 3","Cantidad Estructura Pilona 4","Cantidad Estructura Pilona 5","Cantidad Estructura Pilona 6","Cantidad Estructura Pilona 7","Cantidad Estructura Pilona 8","Cantidad Estructura Pilona 9","Cantidad Estructura Pilona 10","Cantidad Estructura Pilona 11","Cantidad Estructura Pilona 12","Cantidad Estructura Pilona 13","Cantidad Estructura Pilona 14","Cantidad Estructura Pilona 15","Cantidad Estructura Pilona 16","Cantidad Estructura Pilona 17","Cantidad Estructura Pilona 18","Cantidad Estructura Pilona 19","Cantidad Estructura Pilona 20","Cantidad Estructura Pilona 21","Cantidad Estructura Pilona 22","Cantidad Espacio Publico Pilona 1 ","Cantidad Espacio Publico Pilona 2","Cantidad Espacio Publico Pilona 3","Cantidad Espacio Publico Pilona 4","Cantidad Espacio Publico Pilona 5","Cantidad Espacio Publico Pilona 6","Cantidad Espacio Publico Pilona 7","Cantidad Espacio Publico Pilona 8","Cantidad Espacio Publico Pilona 9","Cantidad Espacio Publico Pilona 10","Cantidad Espacio Publico Pilona 11","Cantidad Espacio Publico Pilona 12","Cantidad Espacio Publico Pilona 13","Cantidad Espacio Publico Pilona 14","Cantidad Espacio Publico Pilona 15","Cantidad Espacio Publico Pilona 16","Cantidad Espacio Publico Pilona 17","Cantidad Espacio Publico Pilona 18","Cantidad Espacio Publico Pilona 19","Cantidad Espacio Publico Pilona 20","Cantidad Espacio Publico Pilona 21","Cantidad Espacio Publico Pilona 22","Cantidad Señalización y Semaforización ","Cantidad Pavimentos ","Cantidad Arqueología ","Acueducto Estación Transferencia","Acueducto Estaciones + Pilonas","Acueducto Tramo 1","Acueducto Tramo 2","Alcantarillado Sanitario","Alcantarillado Plivial Tramo 1","Alcantarillado Plivial Tramo 2","SUDs","Interferencia Redes de Media Tensión Tramo 20 de Julio a La Victoria","Geotecnia Tramo 1","Geotecnia Tramo 2"]
[14,null,{"$f":"IF(W14=\"\",V14,CONCATENATE(V14,\".\",W14))","v":"1"},"PRELIMINARES, MOVIMIENTO DE TIERRAS Y RELLENOS (INCLUYE CANTIDADES PARA ESTABILIZACION",null,null,null,null,null,null,null,null,null,null,"Cantidad por validar",null,null,null,null,null,"PRELIMINARES, MOVIMIENTO DE TIERRAS Y RELLENOS (INCLUYE CANTIDADES PARA ESTABILIZACION",{"$f":"VLOOKUP(U14,'auxiliar capitulos'!$A$2:$M$68,13,FALSE)","v":"1"}]
[15,null,"1.1","PRELIMINARES",null,null,null,null,null,null,null,null,null,"Item no aparece",null,null,null,null,null,null,"PRELIMINARES",{"$f":"VLOOKUP(U15,'auxiliar capitulos'!$A$2:$M$68,13,FALSE)","v":"1.1"}]
[16,3007,"1.1.1","REPLANTEO GENERAL","M2",{"$f":"Y16","v":171688.80650000001},{"$f":"VLOOKUP($B16,'Listado Ins Ana'!$G$3965:$K$8277,4,FALSE)","v":671},{"$f":"ROUND(G16*(1+$F$867),0)","v":863},{"$f":"ROUND(H16*F16,0)","v":148167440},"No",{"$f":"+I16","v":148167440},null,null,"No se calculó cantidad para este ítem. Se solicita confirmar que este íem no aplica.",1,null,null,null,{"$f":"VLOOKUP(B16,'Listado Ins Ana'!$G$3966:$J$100621,4,FALSE)-G16","v":0},null,"PRELIMINARES",{"$f":"VLOOKUP(U16,'auxiliar capitulos'!$A$2:$M$68,13,FALSE)","v":"1.1"},{"$f":"IF(E16=\"\",\"\",IF(E15=\"\",1,W15+1))","v":1},null,{"$f":"SUM(Z16:CJ16)","v":171688.80650000001},171688.80650000001]
[17,null,"1.2","DEMOLICIONES",null,null,null,null,null,null,null,null,{"$f":"SUM(I18:I20)","v":1280556692},null,null,null,null,null,null,null,"DEMOLICIONES",{"$f":"VLOOKUP(U17,'auxiliar capitulos'!$A$2:$M$68,13,FALSE)","v":"1.2"},{"$f":"IF(E17=\"\",\"\",IF(E16=\"\",1,W16+1))","v":""},null,0]
[18,6141,"1.2.1","DEMOLICIÓN CONSTRUCCIONES DE 1 PISO TEJA. INCLUYEN EL CARGUE, TRANSPORTE Y DISPOSICIÓN FINAL DE ESCOMBROS EN SITIO AUTORIZADO (DISTANCIA DE TRANSPORTE 28 KM.). INCLUYE MUROS INTERNOS, EXTERNOS, PLACAS Y CUBIERTAS, ADEMÁS DE LOS ELEMENTOS INTERNOS QUE SE ENCUENTREN EN LOS MISMOS.","M2",{"$f":"Y18","v":5478.3499999999995},{"$f":"VLOOKUP($B18,'Listado Ins Ana'!$G$3965:$K$8277,4,FALSE)","v":37392},{"$f":"ROUND(G18*(1+$F$867),0)","v":48110},{"$f":"ROUND(H18*F18,0)","v":263563419},"No",{"$f":"+I18","v":263563419},null,null,null,null,null,null,null,{"$f":"VLOOKUP(B18,'Listado Ins Ana'!$G$3966:$J$100621,4,FALSE)-G18","v":0},null,"DEMOLICIONES",{"$f":"VLOOKUP(U18,'auxiliar capitulos'!$A$2:$M$68,13,FALSE)","v":"1.2"},{"$f":"IF(E18=\"\",\"\",IF(E17=\"\",1,W17+1))","v":1},null,5478.3499999999995,null,3272.62,663.53,null,null,null,null,null,null,401.7,null,143.80000000000001,null,null,null,null,null,122.8,63,null,null,86.5,284.39999999999998,null,null,440]
[19,6143,"1.2.2","DEMOLICIÓN CONSTRUCCIONES DE 2 HASTA 3 PISOS. INCLUYEN EL CARGUE, TRANSPORTE Y DISPOSICIÓN FINAL DE ESCOMBROS EN SITIO AUTORIZADO (DISTANCIA DE TRANSPORTE 28 KM.). INCLUYE MUROS INTERNOS, EXTERNOS, PLACAS Y CUBIERTAS, ADEMÁS DE LOS ELEMENTOS INTERNOS QUE SE ENCUENTREN EN LOS MISMOS.","M2",{"$f":"Y19","v":10316.199999999999},{"$f":"VLOOKUP($B19,'Listado Ins Ana'!$G$3965:$K$8277,4,FALSE)","v":65379},{"$f":"ROUND(G19*(1+$F$867),0)","v":84119},867788428,"No",867788428,null,null,null,null,null,null,null,{"$f":"VLOOKUP(B19,'Listado Ins Ana'!$G$3966:$J$100621,4,FALSE)-G19","v":0},null,"DEMOLICIONES",{"$f":"VLOOKUP(U19,'auxiliar capitulos'!$A$2:$M$68,13,FALSE)","v":"1.2"},{"$f":"IF(E19=\"\",\"\",IF(E18=\"\",1,W18+1))","v":2},null,10316.199999999999,null,"9364.30",3569.99,null,null,null,580.22,350.68,579.37,584.65,null,739.45,null,null,null,null,null,663.15,1275.04,null,329.48,297.10000000000002,395.41,358.92,401.44,191.3]
[20,6144,"1.2.3","DEMOLICIÓN CONSTRUCCIONES DE 4 HASTA 6 PISOS. INCLUYEN EL CARGUE, TRANSPORTE Y DISPOSICIÓN FINAL DE ESCOMBROS EN SITIO AUTORIZADO (DISTANCIA DE TRANSPORTE 28 KM.). INCLUYE MUROS INTERNOS, EXTERNOS, PLACAS Y CUBIERTAS, ADEMÁS DE LOS ELEMENTOS INTERNOS QUE SE ENCUENTREN EN LOS MISMOS.","M2",{"$f":"Y20","v":1530.73},{"$f":"VLOOKUP($B20,'Listado Ins Ana'!$G$3965:$K$8277,4,FALSE)","v":75758},{"$f":"ROUND(G20*(1+$F$867),0)","v":97473},149204845,"No",149204845,null,null,null,null,null,null,null,{"$f":"VLOOKUP(B20,'Listado Ins Ana'!$G$3966:$J$100621,4,FALSE)-G20","v":0},null,"DEMOLICIONES",{"$f":"VLOOKUP(U20,'auxiliar capitulos'!$A$2:$M$68,13,FALSE)","v":"1.2"},{"$f":"IF(E20=\"\",\"\",IF(E19=\"\",1,W19+1))","v":3},null,1530.73,null,586.83000000000004,450.5,null,null,null,null,null,246.7,246.7]
[21,null,"1.3","MOVIMIENTO DE TERRAS",null,null,null,null,null,null,null,null,null,null,null,null,null,null,null,null,"MOVIMIENTO DE TERRAS",{"$f":"VLOOKUP(U21,'auxiliar capitulos'!$A$2:$M$68,13,FALSE)","v":"1.3"},{"$f":"IF(E21=\"\",\"\",IF(#REF!=\"\",1,#REF!+1))","v":""},null,0]
[22,3464,"1.3.1",{"$f":"VLOOKUP(B22,'Listado Ins Ana'!$G$3966:$M$8318,2,FALSE)","v":"EXCAVACION MANUAL EN MATERIAL COMUN. INCLUYE CARGUE."},{"$f":"VLOOKUP(B22,'Listado Ins Ana'!$G$3966:$M$8318,3,FALSE)","v":"M3"},{"$f":"+Y22","v":20849.9907165},{"$f":"VLOOKUP(B22,'Listado Ins Ana'!$G$3966:$M$8318,4,FALSE)","v":31876},{"$f":"ROUND(G22*(1+$F$867),0)","v":41013},{"$f":"ROUND(H22*F22,0)","v":855120669},"No",{"$f":"+I22","v":855120669},null,null,"No se calculó cantidad para este ítem. Se solicita confirmar que este íem no aplica.",1,null,null,null,{"$f":"VLOOKUP(B22,'Listado Ins Ana'!$G$3966:$J$100621,4,FALSE)-G22","v":0},null,"MOVIMIENTO DE TERRAS",{"$f":"VLOOKUP(U22,'auxiliar capitulos'!$A$2:$M$68,13,FALSE)","v":"1.3"},{"$f":"IF(E22=\"\",\"\",IF(E21=\"\",1,W21+1))","v":1},null,20849.9907165,null,null,null,null,null,null,null,null,null,null,null,null,null,null,null,null,null,null,null,null,null,null,null,null,null,null,null,null,null,null,null,null,null,null,null,null,null,null,null,null,null,null,null,null,null,null,null,null,null,null,null,null,null,null,null,null,null,null,null,null,5668.6562435000005,15181.334472999999]
[47,7462,"1.3.2",{"$f":"VLOOKUP(B23,'Listado Ins Ana'!$G$2:$M$3331,2,FALSE)","v":"TRANSPORTE DE PETREOS"},{"$f":"VLOOKUP(B23,'Listado Ins Ana'!$G$2:$M$3331,3,FALSE)","v":"M3-KM"},{"$f":"+Y23","v":883622.60656526999},{"$f":"VLOOKUP(B23,'Listado Ins Ana'!$G$2:$M$3331,4,FALSE)","v":1449},{"$f":"ROUND(G23*(1+$F$867),0)","v":1864},1647072539,"No",1647072539,null,null,null,null,null,null,null,{"$f":"VLOOKUP(B23,'Listado Ins Ana'!$G$3966:$J$100621,4,FALSE)-G23","v":2132103},null,"MOVIMIENTO DE TERRAS",{"$f":"VLOOKUP(U23,'auxiliar capitulos'!$A$2:$M$68,13,FALSE)","v":"1.3"},2,null,883622.60656526999,{"$f":"Z22*1.3*$CL23","v":0},0,0,0,0,0,0,0,0,0,0,0,0,0,0,0,0,0,0,0,0,0,0,0,0,0,0,0,0,0,0,0,0,0,0,0,0,0,null,{"$f":"BM22*1.3*$CL23","v":0},0,0,0,0,0,0,0,0,0,0,0,0,0,0,0,0,0,0,null,{"$f":"CG22*1.3*$CL23","v":0},{"$f":"CH22*1.3*$CL23","v":240237.65159953004},{"$f":"CI22*1.3*$CL23","v":643384.95496573998},{"$f":"CJ22*1.3*$CL23","v":0},"Distancia de acarreo critica a Mondoñedo",32.6]
[23,6333,{"$f":"IF(W24=\"\",V24,CONCATENATE(V24,\".\",W24))","v":"1.3.2"},{"$f":"VLOOKUP(B24,'Listado Ins Ana'!$G$3966:$M$8318,2,FALSE)","v":"GAVIONES - SUMINISTRO Y CONSTRUCCIÓN. INCLUYE RAJÓN, MALLA PARA GAVIONES Y ALAMBRE RECOCIDO."},{"$f":"VLOOKUP(B24,'Listado Ins Ana'!$G$3966:$M$8318,3,FALSE)","v":"M3"},{"$f":"+Y24","v":28.08},{"$f":"VLOOKUP(B24,'Listado Ins Ana'!$G$3966:$M$8318,4,FALSE)","v":178264},{"$f":"ROUND(G24*(1+$F$867),0)","v":229362},6440485,"No",6440485,null,null,"No se calculó cantidad para este ítem. Se solicita confirmar que este íem no aplica.",1,null,null,null,{"$f":"VLOOKUP(B24,'Listado Ins Ana'!$G$3966:$J$100621,4,FALSE)-G24","v":0},null,"MOVIMIENTO DE TERRAS",{"$f":"VLOOKUP(U24,'auxiliar capitulos'!$A$2:$M$68,13,FALSE)","v":"1.3"},{"$f":"IF(E24=\"\",\"\",IF(E22=\"\",1,W22+1))","v":2},null,28.08,null,null,null,null,null,null,null,null,null,null,null,null,null,null,null,null,null,null,null,null,null,null,null,null,null,null,null,null,null,null,null,null,null,null,null,null,null,null,null,null,null,null,null,null,null,null,null,null,null,null,null,null,null,null,null,null,null,null,null,null,28.08]
[24,4788,"1.3.3",{"$f":"VLOOKUP(B25,'Listado Ins Ana'!$G$3966:$M$8318,2,FALSE)","v":"GEODREN PLANAR H=1.0 M. SUMINISTRO E INSTALACION."},{"$f":"VLOOKUP(B25,'Listado Ins Ana'!$G$3966:$M$8318,3,FALSE)","v":"ML"},5,{"$f":"VLOOKUP(B25,'Listado Ins Ana'!$G$3966:$M$8318,4,FALSE)","v":34254},{"$f":"ROUND(G25*(1+$F$867),0)","v":44073},220365,"No",220365,null,null,"No se calculó cantidad para este ítem. Se solicita confirmar que este íem no aplica.",1,null,null,null,{"$f":"VLOOKUP(B25,'Listado Ins Ana'!$G$3966:$J$100621,4,FALSE)-G25","v":0},null,"MOVIMIENTO DE TERRAS",{"$f":"VLOOKUP(U25,'auxiliar capitulos'!$A$2:$M$68,13,FALSE)","v":"1.3"},3,null,5,null,null,null,null,null,null,null,null,null,null,null,null,null,null,null,null,null,null,null,null,null,null,null,null,null,null,null,null,null,null,null,null,null,null,null,null,null,null,null,null,null,null,null,null,null,null,null,null,null,null,null,null,null,null,null,null,null,null,null,null,5]
[25,5180,"1.3.4",{"$f":"VLOOKUP(B26,'Listado Ins Ana'!$G$3966:$M$8318,2,FALSE)","v":"FILTRO DE DRENAJE DE 0.6M X 1.0M. SUMINISTRO E INSTALACION. (INCLUYE TUBERIA PERFORADA D=4\", GRAVA COMUN 1/2\" Y GEOTEXTIL NT 4000 O SIMILAR)."},{"$f":"VLOOKUP(B26,'Listado Ins Ana'!$G$3966:$M$8318,3,FALSE)","v":"ML"},100,{"$f":"VLOOKUP(B26,'Listado Ins Ana'!$G$3966:$M$8318,4,FALSE)","v":188130},{"$f":"ROUND(G26*(1+$F$867),0)","v":242056},24205600,"No",24205600,null,null,"No se calculó cantidad para este ítem. Se solicita confirmar que este íem no aplica.",1,null,null,null,{"$f":"VLOOKUP(B26,'Listado Ins Ana'!$G$3966:$J$100621,4,FALSE)-G26","v":0},null,"MOVIMIENTO DE TERRAS",{"$f":"VLOOKUP(U26,'auxiliar capitulos'!$A$2:$M$68,13,FALSE)","v":"1.3"},4,null,100,null,null,null,null,null,null,null,null,null,null,null,null,null,null,null,null,null,null,null,null,null,null,null,null,null,null,null,null,null,null,null,null,null,null,null,null,null,null,null,null,null,null,null,null,null,null,null,null,null,null,null,null,null,null,null,null,null,null,null,null,30,70]
[26,null,"1.4","RELLENOS",null,null,null,null,null,null,null,null,null,null,null,null,null,null,null,null,"RELLENOS",{"$f":"VLOOKUP(U27,'auxiliar capitulos'!$A$2:$M$68,13,FALSE)","v":"1.4"},{"$f":"IF(E27=\"\",\"\",IF(#REF!=\"\",1,#REF!+1))","v":""},null,0]
[27,4792,"1.4.1",{"$f":"VLOOKUP(B28,'Listado Ins Ana'!$G$3966:$M$8318,2,FALSE)","v":"RELLENO EN RECEBO COMUN (SUMINISTRO E INSTALACIÓN EXTENDIDO MANUAL, HUMEDECIMIENTO Y COMPACTACIÓN TRANSPORTE A 28 KM)."},{"$f":"VLOOKUP(B28,'Listado Ins Ana'!$G$3966:$M$8318,3,FALSE)","v":"M3"},{"$f":"+Y28","v":3545.5290465000007},{"$f":"VLOOKUP(B28,'Listado Ins Ana'!$G$3966:$M$8318,4,FALSE)","v":78768},{"$f":"ROUND(G28*(1+$F$867),0)","v":101346},{"$f":"ROUND(H28*F28,0)","v":359325187},"No",{"$f":"+I28","v":359325187},null,null,"No se calculó cantidad para este ítem. Se solicita confirmar que este íem no aplica.",1,null,null,null,{"$f":"VLOOKUP(B28,'Listado Ins Ana'!$G3965:$J100612,4,FALSE)-G28","v":0},null,"RELLENOS",{"$f":"VLOOKUP(U28,'auxiliar capitulos'!$A$2:$M$68,13,FALSE)","v":"1.4"},{"$f":"IF(E28=\"\",\"\",IF(E27=\"\",1,W27+1))","v":1},null,3545.5290465000007,null,null,null,null,null,null,null,null,null,null,null,null,null,null,null,null,null,null,null,null,null,null,null,null,null,null,null,null,null,null,null,null,null,null,null,null,null,null,null,null,null,null,null,null,null,null,null,null,null,null,null,null,null,null,null,null,null,null,null,null,2290.1849735000005,1255.3440730000002]
[28,null,{"$f":"IF(W29=\"\",V29,CONCATENATE(V29,\".\",W29))","v":"2"},"ESTRUCTURAS",null,null,null,null,null,null,null,null,{"$f":"SUM(I55:I64)","v":5949090238},null,null,null,null,null,null,null,"ESTRUCTURAS",{"$f":"VLOOKUP(U29,'auxiliar capitulos'!$A$2:$M$68,13,FALSE)","v":"2"},{"$f":"IF(E29=\"\",\"\",IF(E28=\"\",1,W28+1))","v":""},null,{"$f":"SUM(Z29:CJ29)","v":0}]
[53,null,"2.1","ESTRUCTURAS EDIFICACIONES",null,null,null,null,null,null,null,null,null,null,null,null,null,null,null,null,"ESTRUCTURAS EDIFICACIONES",{"$f":"VLOOKUP(U30,'auxiliar capitulos'!$A$2:$M$68,13,FALSE)","v":"2.1"},null,null,0]
[29,6710,"2.1.1",{"$f":"VLOOKUP(B31,'Listado Ins Ana'!$G$3966:$M$8318,2,FALSE)","v":"VIGA DE CIMENTACION EN CONCRETO PREMEZCLADO DE 4000 PSI (28 Mpa) GRAVA COMUN (Incluye Sumin., Formaleteo metalico, Colocación y Curado. No incl. Refuerzo)."},{"$f":"VLOOKUP(B31,'Listado Ins Ana'!$G$3966:$M$8318,3,FALSE)","v":"M3"},{"$f":"+Y31","v":425.46},{"$f":"VLOOKUP(B31,'Listado Ins Ana'!$G$3966:$M$8318,4,FALSE)","v":612542},{"$f":"ROUND(G31*(1+$F$867),0)","v":788121},{"$f":"ROUND(H31*F31,0)","v":335313961},null,null,null,null,null,null,null,null,null,null,null,"ESTRUCTURAS EDIFICACIONES",{"$f":"VLOOKUP(U31,'auxiliar capitulos'!$A$2:$M$68,13,FALSE)","v":"2.1"},{"$f":"IF(E31=\"\",\"\",IF(E29=\"\",1,W29+1))","v":1},null,425.46,90.83,167.43,167.2]
[30,5051,"2.1.2",{"$f":"VLOOKUP(B32,'Listado Ins Ana'!$G$3966:$M$8318,2,FALSE)","v":"PILOTE PREEXCAVADOS EN CONCRETO TREMIE DE 3000PSI (210 KG/CM2) ACELERADO A 2 DIAS (INC. ACELERANTE, ALQUILER DE EQUIPO DE PERFORACION CON OPERARIO, MANO DE OBRA, TRANSPORTE Y DISPOSICION FINAL DE ESCOMBROS AUTORIZADOA 21KM."},{"$f":"VLOOKUP(B32,'Listado Ins Ana'!$G$3966:$M$8318,3,FALSE)","v":"M3"},3142,{"$f":"VLOOKUP(B32,'Listado Ins Ana'!$G$3966:$M$8318,4,FALSE)","v":1451262},1867252,5866905784,null,null,null,null,null,null,null,null,null,null,null,"ESTRUCTURAS EDIFICACIONES",{"$f":"VLOOKUP(U32,'auxiliar capitulos'!$A$2:$M$68,13,FALSE)","v":"2.1"},2,null,3142,684.06,1048.3800000000001,1409.56]
[31,8088,"2.1.3",{"$f":"VLOOKUP(B33,'Listado Ins Ana'!$G$3966:$M$8318,2,FALSE)","v":"DADO DE CIMENTACION EN CONCRETO 4000 PSI, (28 Mpa) GRAVA COMÚN. Premezclado. Incluye Sumin, Formaleteo en madera, Bombeo, Colocación y curado. (No incl. Refuerzo)."},{"$f":"VLOOKUP(B33,'Listado Ins Ana'!$G$3966:$M$8318,3,FALSE)","v":"M3"},1416.67,{"$f":"VLOOKUP(B33,'Listado Ins Ana'!$G$3966:$M$8318,4,FALSE)","v":648817},834794,1182627616,null,null,null,null,null,null,null,null,null,null,null,"ESTRUCTURAS EDIFICACIONES",{"$f":"VLOOKUP(U33,'auxiliar capitulos'!$A$2:$M$68,13,FALSE)","v":"2.1"},3,null,1416.67,360.34000000000003,473.71999999999991,582.61]
[32,6765,"2.1.4",{"$f":"VLOOKUP(B34,'Listado Ins Ana'!$G$3966:$M$8318,2,FALSE)","v":"VIGAS Y PLACAS AÉREAS EN CONCRETO PREMEZCLADO DE 4000 PSI (28 Mpa) GRAVA COMUN (Incluye suministro, formaleteo en madera, colocacion, andamio, cerchas, parales y curado. No incluye refuerzo)"},{"$f":"VLOOKUP(B34,'Listado Ins Ana'!$G$3966:$M$8318,3,FALSE)","v":"M3"},3687.6400000000003,{"$f":"VLOOKUP(B34,'Listado Ins Ana'!$G$3966:$M$8318,4,FALSE)","v":632318},813566,3000138524,null,null,null,null,null,null,null,null,null,null,null,"ESTRUCTURAS EDIFICACIONES",{"$f":"VLOOKUP(U34,'auxiliar capitulos'!$A$2:$M$68,13,FALSE)","v":"2.1"},4,null,3687.6400000000003,821.27,1400.32,1466.05]
[33,5271,"2.1.5",{"$f":"VLOOKUP(B35,'Listado Ins Ana'!$G$3966:$M$8318,2,FALSE)","v":"CONCRETO 2000 PSI GRAVA COMUN 1\" (SUMINISTRO Y COLOCACIÓN. INCLUYE SUMINISTRO DE CONCRETO, FORMALETEADO, FUNDIDA Y CURADO.)"},{"$f":"VLOOKUP(B35,'Listado Ins Ana'!$G$3966:$M$8318,3,FALSE)","v":"M3"},219.75050000000002,{"$f":"VLOOKUP(B35,'Listado Ins Ana'!$G$3966:$M$8318,4,FALSE)","v":455945},586637,128913774,null,null,null,null,null,null,null,null,null,null,null,"ESTRUCTURAS EDIFICACIONES",{"$f":"VLOOKUP(U35,'auxiliar capitulos'!$A$2:$M$68,13,FALSE)","v":"2.1"},5,null,219.75050000000002,44.549500000000002,72.850000000000009,102.351]
[34,7680,"2.1.6",{"$f":"VLOOKUP(B36,'Listado Ins Ana'!$G$3966:$M$8318,2,FALSE)","v":"COLUMNA EN CONCRETO DE 4000 PSI, (28 MPa) PREMEZCLADO, GRAVA COMÚN (Incluye suministro, Grúa Telescópica, Bombeo, formaleteo metálico, colocación y curado, No incluye refuerzo)."},{"$f":"VLOOKUP(B36,'Listado Ins Ana'!$G$3966:$M$8318,3,FALSE)","v":"M3"},2163.81,{"$f":"VLOOKUP(B36,'Listado Ins Ana'!$G$3966:$M$8318,4,FALSE)","v":645251},830206,1796408045,null,null,null,null,null,null,null,null,null,null,null,"ESTRUCTURAS EDIFICACIONES",{"$f":"VLOOKUP(U36,'auxiliar capitulos'!$A$2:$M$68,13,FALSE)","v":"2.1"},6,null,2163.81,461.86,898.99,802.96]
[35,5426,"2.1.7",{"$f":"VLOOKUP(B37,'Listado Ins Ana'!$G$3966:$M$8318,2,FALSE)","v":"CONCRETO 4000 PSI GRAVA COMÚN PARA RAMPAS Y ESCALERAS (PREMEZCLADO. INCL. SUMINISTRO, FORMALETEO Y COLOCACIÓN. NO INCL. REFUERZO, CURADO)."},{"$f":"VLOOKUP(B37,'Listado Ins Ana'!$G$3966:$M$8318,3,FALSE)","v":"M3"},110.17,{"$f":"VLOOKUP(B37,'Listado Ins Ana'!$G$3966:$M$8318,4,FALSE)","v":628524},808684,89092716,null,null,null,null,null,null,null,null,null,null,null,"ESTRUCTURAS EDIFICACIONES",{"$f":"VLOOKUP(U37,'auxiliar capitulos'!$A$2:$M$68,13,FALSE)","v":"2.1"},7,null,110.17,22.6,48.57,39]
[36,5421,"2.1.8",{"$f":"VLOOKUP(B38,'Listado Ins Ana'!$G$3966:$M$8318,2,FALSE)","v":"MURO ESTRUCTURAL EN CONCRETO 4000 PSI PREMEZCLADO, GRAVA COMÚN. (Incluye suministro, formaleteo, bombeo, colocación y curado. No incl. Refuerzo)."},{"$f":"VLOOKUP(B38,'Listado Ins Ana'!$G$3966:$M$8318,3,FALSE)","v":"M3"},951.29000000000008,{"$f":"VLOOKUP(B38,'Listado Ins Ana'!$G$3966:$M$8318,4,FALSE)","v":725470},933419,887952161,null,null,null,null,null,null,null,null,null,null,null,"ESTRUCTURAS EDIFICACIONES",{"$f":"VLOOKUP(U38,'auxiliar capitulos'!$A$2:$M$68,13,FALSE)","v":"2.1"},8,null,951.29000000000008,121.23,431,399.06000000000006]
[37,3708,"2.1.9",{"$f":"VLOOKUP(B39,'Listado Ins Ana'!$G$3966:$M$8318,2,FALSE)","v":"ACERO DE REFUERZO FY=60000 PSI. SUMINISTRO E INSTALACIÓN.  DE ACUERDO A LO ESTIPULADO POR LA NSR-10, NORMA ASTM A-706, ICONTEC 2289 PARA EL ACERO PDR-60. INCLUYE TODOS LOS COSTOS DE SUMINISTRO DE MATERIALES (REFUERZO (G60) FIGURADO, CORRUGADO, INCLUYE EL ALAMBRE DE AMARRE), EQUIPOS, TRANSPORTES, MANEJO, ALMACENAMIENTO, DESPERDICIOS Y MANO DE OBRA. "},{"$f":"VLOOKUP(B39,'Listado Ins Ana'!$G$3966:$M$8318,3,FALSE)","v":"KG"},1883178.2833094709,{"$f":"VLOOKUP(B39,'Listado Ins Ana'!$G$3966:$M$8318,4,FALSE)","v":3979},5120,9641872811,null,null,null,null,null,null,null,null,null,null,null,"ESTRUCTURAS EDIFICACIONES",{"$f":"VLOOKUP(U39,'auxiliar capitulos'!$A$2:$M$68,13,FALSE)","v":"2.1"},9,null,1883178.2833094709,382546.79330947052,818508.04,682123.45000000007]
[38,"KES001","2.1.10",{"$f":"VLOOKUP(B40,'Listado Ins Ana'!$G$3966:$M$8540,2,FALSE)","v":"ACERO ESTRUCTURAL TIPO ASTM A500 Gr. C. PARA CELOSIA"},{"$f":"VLOOKUP(B40,'Listado Ins Ana'!$G$3966:$M$8540,3,FALSE)","v":"KG"},366800.10119999992,{"$f":"VLOOKUP(B40,'Listado Ins Ana'!$G$3966:$M$8540,4,FALSE)","v":15693},20191,7406060843,null,null,null,null,null,null,null,null,null,null,null,"ESTRUCTURAS EDIFICACIONES",{"$f":"VLOOKUP(U40,'auxiliar capitulos'!$A$2:$M$68,13,FALSE)","v":"2.1"},10,null,366800.10119999992,220165.26479999998,66811.001399999994,79823.834999999992]
[39,"KES005","2.1.11",{"$f":"VLOOKUP(B41,'Listado Ins Ana'!$G$3966:$M$8540,2,FALSE)","v":"BARRAS SAE 1020 PARA RIOSTRAS DE EDIFICACIÓN (SUMINISTRO E INSTALACIÓN)"},{"$f":"VLOOKUP(B41,'Listado Ins Ana'!$G$3966:$M$8540,3,FALSE)","v":"KG"},{"$f":"+Y41","v":1704.2687999999998},{"$f":"VLOOKUP(B41,'Listado Ins Ana'!$G$3966:$M$8540,4,FALSE)","v":14273},18364,31297192,null,null,null,null,null,null,null,null,null,null,null,"ESTRUCTURAS EDIFICACIONES",{"$f":"VLOOKUP(U41,'auxiliar capitulos'!$A$2:$M$68,13,FALSE)","v":"2.1"},11,null,1704.2687999999998,366.02279999999996,565.09829999999999,773.14769999999987]
[40,"KES006","2.1.12",{"$f":"VLOOKUP(B42,'Listado Ins Ana'!$G$3966:$M$8540,2,FALSE)","v":"BARRAS SAE 1045 PARA RIOSTRAS DE PUENTE (SUMINISTRO E INSTALACIÓN)"},{"$f":"VLOOKUP(B42,'Listado Ins Ana'!$G$3966:$M$8540,3,FALSE)","v":"KG"},986.33339999999987,{"$f":"VLOOKUP(B42,'Listado Ins Ana'!$G$3966:$M$8540,4,FALSE)","v":14273},18364,18113027,null,null,null,null,null,null,null,null,null,null,null,"ESTRUCTURAS EDIFICACIONES",{"$f":"VLOOKUP(U42,'auxiliar capitulos'!$A$2:$M$68,13,FALSE)","v":"2.1"},12,null,986.33339999999987,986.33339999999987]
[41,"KES007","2.1.13",{"$f":"VLOOKUP(B43,'Listado Ins Ana'!$G$3966:$M$8540,2,FALSE)","v":"ACERO ASTM A572 GRADO 50. Fy=345MPa, Fu=450MPa. (SUMINISTRO E INSTALACIÓN). "},{"$f":"VLOOKUP(B43,'Listado Ins Ana'!$G$3966:$M$8540,3,FALSE)","v":"KG"},23996.957399999999,{"$f":"VLOOKUP(B43,'Listado Ins Ana'!$G$3966:$M$8540,4,FALSE)","v":14273},18364,440680126,null,null,null,null,null,null,null,null,null,null,null,"ESTRUCTURAS EDIFICACIONES",{"$f":"VLOOKUP(U43,'auxiliar capitulos'!$A$2:$M$68,13,FALSE)","v":"2.1"},13,null,23996.957399999999,11031.0525,12965.904900000001]
[42,"KES008","2.1.14",{"$f":"VLOOKUP(B44,'Listado Ins Ana'!$G$3966:$M$8540,2,FALSE)","v":"Lamina colaborante ASTM ASTM A653 Gr50 (INCLUYE TRANSPORTE, FABRICACIÓN Y MONTAJE CON ANTICORROSIVO Y PINTURA DE ACABADO EN EPÓXICO) (INCLUYE MATERIALES, INSUMOS, HERRAMIENTAS Y EQUIPOS, ANDAMIOS, MANO DE OBRA CALIFICADA Y TODO LO NECESARIO PARA DESARROLLAR LA OBRA."},{"$f":"VLOOKUP(B44,'Listado Ins Ana'!$G$3966:$M$8540,3,FALSE)","v":"M2"},116,{"$f":"VLOOKUP(B44,'Listado Ins Ana'!$G$3966:$M$8540,4,FALSE)","v":73504},94573,10970468,null,null,null,null,null,null,null,null,null,null,null,"ESTRUCTURAS EDIFICACIONES",{"$f":"VLOOKUP(U44,'auxiliar capitulos'!$A$2:$M$68,13,FALSE)","v":"2.1"},14,null,116,null,116]
[53,null,{"$f":"IF(W45=\"\",V45,CONCATENATE(V45,\".\",W45))","v":"2.2"},"ESTRUCTURAS DE CIMENTACIÓN MASTILES",null,null,null,null,null,null,null,null,null,null,null,null,null,null,null,null,"ESTRUCTURAS DE CIMENTACIÓN MASTILES",{"$f":"VLOOKUP(U45,'auxiliar capitulos'!$A$2:$M$68,13,FALSE)","v":"2.2"},null,null,{"$f":"SUM(Z45:CJ45)","v":0}]
[29,6007,"2.2.15",{"$f":"VLOOKUP(B46,'Listado Ins Ana'!$G$3966:$M$8318,2,FALSE)","v":"PILOTE PREEXCAVADO EN CONCRETO TREMIE DE 4000 PSI (280 KG/CM2) ACELERADO A 2 DÍAS. INCLUYE ACELERANTE, ALQUILER DE EQUIPO DE PERFORACIÓN CON OPERARIO, MOTOBOMBA, BENTONITA, MANO DE OBRA, TRANSPORTE Y DISPOSICIÓN FINAL DE ESCOMBROS EN SITIO AUTORIZADO. DISTANCIA DE TRANSPORTE 21 KM."},{"$f":"VLOOKUP(B46,'Listado Ins Ana'!$G$3966:$M$8318,3,FALSE)","v":"M3"},{"$f":"+Y46","v":826.99},{"$f":"VLOOKUP(B46,'Listado Ins Ana'!$G$3966:$M$8318,4,FALSE)","v":1480735},{"$f":"ROUND(G46*(1+$F$867),0)","v":1905173},{"$f":"ROUND(H46*F46,0)","v":1575559019},null,null,null,null,null,null,null,null,null,null,null,"ESTRUCTURAS DE CIMENTACIÓN MASTILES",{"$f":"VLOOKUP(U46,'auxiliar capitulos'!$A$2:$M$68,13,FALSE)","v":"2.2"},{"$f":"IF(E46=\"\",\"\",IF(E44=\"\",1,W44+1))","v":15},null,826.99,154.66,{"$f":"286.51+286.51","v":573.02},99.31]
[30,3708,"2.2.16",{"$f":"VLOOKUP(B47,'Listado Ins Ana'!$G$3966:$M$8318,2,FALSE)","v":"ACERO DE REFUERZO FY=60000 PSI. SUMINISTRO E INSTALACIÓN.  DE ACUERDO A LO ESTIPULADO POR LA NSR-10, NORMA ASTM A-706, ICONTEC 2289 PARA EL ACERO PDR-60. INCLUYE TODOS LOS COSTOS DE SUMINISTRO DE MATERIALES (REFUERZO (G60) FIGURADO, CORRUGADO, INCLUYE EL ALAMBRE DE AMARRE), EQUIPOS, TRANSPORTES, MANEJO, ALMACENAMIENTO, DESPERDICIOS Y MANO DE OBRA. "},{"$f":"VLOOKUP(B47,'Listado Ins Ana'!$G$3966:$M$8318,3,FALSE)","v":"KG"},359446.92999999993,{"$f":"VLOOKUP(B47,'Listado Ins Ana'!$G$3966:$M$8318,4,FALSE)","v":3979},5120,1840368282,null,null,null,null,null,null,null,null,null,null,null,"ESTRUCTURAS DE CIMENTACIÓN MASTILES",{"$f":"VLOOKUP(U47,'auxiliar capitulos'!$A$2:$M$68,13,FALSE)","v":"2.2"},{"$f":"IF(E47=\"\",\"\",IF(E46=\"\",1,W46+1))","v":16},null,359446.92999999993,78977,{"$f":"100746.29+100746.29","v":201492.58},78977.350000000006]
[31,3637,"2.2.17",{"$f":"VLOOKUP(B48,'Listado Ins Ana'!$G$3966:$M$8318,2,FALSE)","v":"DADO EN CONCRETO 4000 PSI, (27 Mpa) PREMEZCLADO, GRAVA COMÚN (Incluye Suministro, Formaleteo en madera, Bombeo, colocación y Curado. No incluye refuerzo)"},{"$f":"VLOOKUP(B48,'Listado Ins Ana'!$G$3966:$M$8318,3,FALSE)","v":"M3"},1503.28,{"$f":"VLOOKUP(B48,'Listado Ins Ana'!$G$3966:$M$8318,4,FALSE)","v":591365},760874,1143806667,null,null,null,null,null,null,null,null,null,null,null,"ESTRUCTURAS DE CIMENTACIÓN MASTILES",{"$f":"VLOOKUP(U48,'auxiliar capitulos'!$A$2:$M$68,13,FALSE)","v":"2.2"},17,null,1503.28,323.94,{"$f":"427.7+427.7","v":855.4},323.94]
[32,5055,"2.2.18",{"$f":"VLOOKUP(B49,'Listado Ins Ana'!$G$3966:$M$8318,2,FALSE)","v":"DESCABECE DE PILOTES (INCLUYE TRANSPORTE Y DISPOSICIÓN FINAL DE ESCOMBROS EN SITIO AUTORIZADO A 21 KM."},{"$f":"VLOOKUP(B49,'Listado Ins Ana'!$G$3966:$M$8318,3,FALSE)","v":"M3"},59.660000000000004,{"$f":"VLOOKUP(B49,'Listado Ins Ana'!$G$3966:$M$8318,4,FALSE)","v":166049},213645,12746061,null,null,null,null,null,null,null,null,null,null,null,"ESTRUCTURAS DE CIMENTACIÓN MASTILES",{"$f":"VLOOKUP(U49,'auxiliar capitulos'!$A$2:$M$68,13,FALSE)","v":"2.2"},18,null,59.660000000000004,11.92,{"$f":"17.91+17.91","v":35.82},11.92]
[33,6021,"2.2.19",{"$f":"VLOOKUP(B50,'Listado Ins Ana'!$G$3966:$M$8318,2,FALSE)","v":"CONCRETO DE NIVELACIÓN 2000 PSI GRAVA COMÚN (140 KG/CM2) (PREMEZCLADO. INCLUYE SUMINISTRO, FUNDIDA Y NIVELACIÓN Y COLOCACIÓN. NO INCLUYE REFUERZO, CURADO) PARA MEJORAMIENTO, ADECUACIÓN Y REHABILITACIÓN DE ESPACIO PÚBLICO."},{"$f":"VLOOKUP(B50,'Listado Ins Ana'!$G$3966:$M$8318,3,FALSE)","v":"M3"},13.26,{"$f":"VLOOKUP(B50,'Listado Ins Ana'!$G$3966:$M$8318,4,FALSE)","v":501815},645655,8561385,null,null,null,null,null,null,null,null,null,null,null,"ESTRUCTURAS DE CIMENTACIÓN MASTILES",{"$f":"VLOOKUP(U50,'auxiliar capitulos'!$A$2:$M$68,13,FALSE)","v":"2.2"},19,null,13.26,3,{"$f":"3.63+3.63","v":7.26},3]
[34,5416,"2.2.20",{"$f":"VLOOKUP(B51,'Listado Ins Ana'!$G$3966:$M$8318,2,FALSE)","v":"EXCAVACIÓN MECÁNICA PARA DADOS (NIVEL DE FUNCIONAMIENTO. INCLUYE CARGUE)."},{"$f":"VLOOKUP(B51,'Listado Ins Ana'!$G$3966:$M$8318,3,FALSE)","v":"M3"},1254.8,{"$f":"VLOOKUP(B51,'Listado Ins Ana'!$G$3966:$M$8318,4,FALSE)","v":41264},53092,66619842,null,null,null,null,null,null,null,null,null,null,null,"ESTRUCTURAS DE CIMENTACIÓN MASTILES",{"$f":"VLOOKUP(U51,'auxiliar capitulos'!$A$2:$M$68,13,FALSE)","v":"2.2"},20,null,1254.8,313.7,{"$f":"313.7+313.7","v":627.4},313.7]
[35,3017,"2.2.21",{"$f":"VLOOKUP(B52,'Listado Ins Ana'!$G$3966:$M$8318,2,FALSE)","v":"TRANSPORTE Y DISPOSICIÓN FINAL DE ESCOMBROS EN SITIO AUTORIZADO (DISTANCIA DE TRANSPORTE 21 KM). A DISTANCIA MAYOR DEL ACARREO LIBRE (90 M) EN SITIO AUTORIZADO POR LA ENTIDAD AMBIENTAL COMPETENTE."},{"$f":"VLOOKUP(B52,'Listado Ins Ana'!$G$3966:$M$8318,3,FALSE)","v":"M3"},1631.24,{"$f":"VLOOKUP(B52,'Listado Ins Ana'!$G$3966:$M$8318,4,FALSE)","v":34429},44298,72260670,null,null,null,null,null,null,null,null,null,null,null,"ESTRUCTURAS DE CIMENTACIÓN MASTILES",{"$f":"VLOOKUP(U52,'auxiliar capitulos'!$A$2:$M$68,13,FALSE)","v":"2.2"},21,null,1631.24,{"$f":"1.3*313.7","v":407.81},{"$f":"1.3*(313.7+313.7)","v":815.62},{"$f":"1.3*313.7","v":407.81}]
[36,4908,"2.2.22",{"$f":"VLOOKUP(B53,'Listado Ins Ana'!$G$3966:$M$8318,2,FALSE)","v":"MATERIAL SELECCIONADO. SUMINISTRO, EXTENDIDO MANUAL, NIVELACIÓN, HUMEDECIMIENTO Y COMPACTACIÓN."},{"$f":"VLOOKUP(B53,'Listado Ins Ana'!$G$3966:$M$8318,3,FALSE)","v":"M3"},857.36,{"$f":"VLOOKUP(B53,'Listado Ins Ana'!$G$3966:$M$8318,4,FALSE)","v":79657},102490,87870826,null,null,null,null,null,null,null,null,null,null,null,"ESTRUCTURAS DE CIMENTACIÓN MASTILES",{"$f":"VLOOKUP(U53,'auxiliar capitulos'!$A$2:$M$68,13,FALSE)","v":"2.2"},22,null,857.36,223.88,{"$f":"204.8+204.8","v":409.6},223.88]
[53,null,{"$f":"IF(W54=\"\",V54,CONCATENATE(V54,\".\",W54))","v":"2.3"},"CIMENTACIÓN PILONAS",null,null,null,null,null,null,null,null,null,null,null,null,null,null,null,null,"CIMENTACIÓN PILONAS",{"$f":"VLOOKUP(U54,'auxiliar capitulos'!$A$2:$M$68,13,FALSE)","v":"2.3"},null,null,{"$f":"SUM(Z54:CJ54)","v":0}]
[43,6007,"2.3.15","PILOTE PREEXCAVADO EN CONCRETO TREMIE DE 4000 PSI (280 KG/CM2) ACELERADO A 2 DÍAS. INCLUYE ACELERANTE, ALQUILER DE EQUIPO DE PERFORACIÓN CON OPERARIO, MOTOBOMBA, BENTONITA, MANO DE OBRA, TRANSPORTE Y DISPOSICIÓN FINAL DE ESCOMBROS EN SITIO AUTORIZADO. DISTANCIA DE TRANSPORTE 21 KM.","M3",{"$f":"Y55","v":1362.2809683945081},{"$f":"VLOOKUP($B55,'Listado Ins Ana'!$G$3965:$K$8277,4,FALSE)","v":1480735},{"$f":"ROUND(G55*(1+$F$867),0)","v":1905173},{"$f":"ROUND(H55*F55,0)","v":2595380919},"Si",{"$f":"+I55","v":2595380919},null,null,null,null,null,null,null,{"$f":"VLOOKUP(B55,'Listado Ins Ana'!$G$3966:$J$100621,4,FALSE)-G55","v":0},null,"CIMENTACIÓN PILONAS",{"$f":"VLOOKUP(U55,'auxiliar capitulos'!$A$2:$M$68,13,FALSE)","v":"2.3"},{"$f":"IF(E55=\"\",\"\",IF(E44=\"\",1,W44+1))","v":15},null,1362.2809683945081,null,null,null,null,32.986722862692829,39.269908169872416,86.393797973719316,73.513268094001148,80.424771931898704,126.29202467430969,67.54424205218055,47.123889803846893,80.110612666539723,45.238934211693021,67.858401317539531,null,null,null,null,null,null,null,null,null,null,null,null,null,null,null,null,null,null,null,null,null,null,80.699661289087814,null,64.968136076236917,69.900436542372901,55.354862556252158,49.354420587895653,44.956190872869939,51.050880620834135,56.517251838080377,70.120348028124184,72.602206224460119]
[37,3708,{"$f":"IF(W56=\"\",V56,CONCATENATE(V56,\".\",W56))","v":"2.1.16"},{"$f":"VLOOKUP(B56,'Listado Ins Ana'!$G$3966:$M$8318,2,FALSE)","v":"ACERO DE REFUERZO FY=60000 PSI. SUMINISTRO E INSTALACIÓN.  DE ACUERDO A LO ESTIPULADO POR LA NSR-10, NORMA ASTM A-706, ICONTEC 2289 PARA EL ACERO PDR-60. INCLUYE TODOS LOS COSTOS DE SUMINISTRO DE MATERIALES (REFUERZO (G60) FIGURADO, CORRUGADO, INCLUYE EL ALAMBRE DE AMARRE), EQUIPOS, TRANSPORTES, MANEJO, ALMACENAMIENTO, DESPERDICIOS Y MANO DE OBRA. "},{"$f":"VLOOKUP(B56,'Listado Ins Ana'!$G$3966:$M$8318,3,FALSE)","v":"KG"},{"$f":"+Y56","v":322517.23719956493},{"$f":"VLOOKUP(B56,'Listado Ins Ana'!$G$3966:$M$8318,4,FALSE)","v":3979},5120,1651288254,null,null,null,null,null,null,null,null,null,null,null,"ESTRUCTURAS EDIFICACIONES",{"$f":"VLOOKUP(U56,'auxiliar capitulos'!$A$2:$M$68,13,FALSE)","v":"2.1"},{"$f":"IF(E56=\"\",\"\",IF(E55=\"\",1,W55+1))","v":16},null,{"$f":"SUM(Z56:CJ56)","v":322517.23719956493},null,null,null,null,9726.3447497125453,11959.483709231899,19139.894203844931,15964.568916633594,17053.822614529341,27216.575543354178,17988.437124181,12963.545100211388,16165.480861233576,12799.281724301967,14322.553630303682,19597.383527698301,null,13480.251892778881,15336.264855738907,13989.747211180606,12977.645486278021,12910.985268859233,15713.54081733382,14690.330395518722,14544.445543438909,13976.654023201421]
[44,3637,"2.3.16","DADO EN CONCRETO 4000 PSI, (27 Mpa) PREMEZCLADO, GRAVA COMÚN (Incluye Suministro, Formaleteo en madera, Bombeo, colocación y Curado. No incluye refuerzo)","M3",1461.5619805615538,{"$f":"VLOOKUP($B57,'Listado Ins Ana'!$G$3965:$K$8277,4,FALSE)","v":591365},760874,1112064510,"Si",1112064510,null,null,null,null,null,null,null,{"$f":"VLOOKUP(B57,'Listado Ins Ana'!$G$3966:$J$100621,4,FALSE)-G57","v":0},null,"CIMENTACIÓN PILONAS",{"$f":"VLOOKUP(U57,'auxiliar capitulos'!$A$2:$M$68,13,FALSE)","v":"2.3"},{"$f":"IF(E57=\"\",\"\",IF(E55=\"\",1,W55+1))","v":16},null,1461.5619805615538,null,null,null,null,60.101215563702155,73.649333882308142,69.756302570733197,66.580750411731103,73.649333882308142,109.00840342764427,77.631302570733197,73.649333882308142,60.101215563702155,66.580750411731103,68.446071049800054,null,null,null,null,null,null,null,null,null,null,null,null,null,null,null,null,null,null,null,null,null,null,78.421864999999997,null,61.573837120072369,70.821900494077326,66.580750411731103,59.512166941154071,66.580750411731103,77.631302570733197,66.580750411731103,59.512166941154071,55.192477042468106]
[45,5055,"2.3.17","DESCABECE DE PILOTES (INCLUYE TRANSPORTE Y DISPOSICIÓN FINAL DE ESCOMBROS EN SITIO AUTORIZADO A 21 KM.","M3",176.99575930692214,{"$f":"VLOOKUP($B58,'Listado Ins Ana'!$G$3965:$K$8277,4,FALSE)","v":166049},213645,37814259,"No",37814259,null,null,null,null,null,null,null,{"$f":"VLOOKUP(B58,'Listado Ins Ana'!$G$3966:$J$100621,4,FALSE)-G58","v":0},null,"CIMENTACIÓN PILONAS",{"$f":"VLOOKUP(U58,'auxiliar capitulos'!$A$2:$M$68,13,FALSE)","v":"2.3"},17,null,176.99575930692214,null,null,null,null,7.8539816339744828,10.901326507956581,7.696902001294994,7.3827427359360138,11.184069846779664,12.534954687823276,7.7597338543667886,9.5818575934488681,7.7283179278308909,7.5084064420796057,8.1681408993334621,null,null,null,null,null,null,null,null,null,null,null,null,null,null,null,null,null,null,null,null,null,null,10.013826583317464,null,7.8539816339744828,9.6446894465206654,8.2309727524052576,5.3721234376385461,7.6592028894519144,8.2309727524052576,9.3933620342334816,7.2382294738708843,5.0579641722795676]
[46,6021,"2.3.18","CONCRETO DE NIVELACIÓN 2000 PSI GRAVA COMÚN (140 KG/CM2) (PREMEZCLADO. INCLUYE SUMINISTRO, FUNDIDA Y NIVELACIÓN Y COLOCACIÓN. NO INCLUYE REFUERZO, CURADO) PARA MEJORAMIENTO, ADECUACIÓN Y REHABILITACIÓN DE ESPACIO PÚBLICO.","M3",25.50380590168426,{"$f":"VLOOKUP($B59,'Listado Ins Ana'!$G$3965:$K$8277,4,FALSE)","v":501815},645655,16466660,"No",16466660,null,null,"Se sugiere revisar la cantidad. Debería esta por encima de 300 m3",null,null,null,null,{"$f":"VLOOKUP(B59,'Listado Ins Ana'!$G$3966:$J$100621,4,FALSE)-G59","v":0},null,"CIMENTACIÓN PILONAS",{"$f":"VLOOKUP(U59,'auxiliar capitulos'!$A$2:$M$68,13,FALSE)","v":"2.3"},18,null,25.50380590168426,null,null,null,null,1.1983407346410209,1.1983407346410209,0.93584073464102069,1.1983407346410209,1.1983407346410209,1.7287611019615312,1.1983407346410209,1.1983407346410209,1.1983407346410209,1.1983407346410209,1.1983407346410209,null,null,null,null,null,null,null,null,null,null,null,null,null,null,null,null,null,null,null,null,null,null,1.4073009183012759,null,1.1983407346410209,1.1983407346410209,1.1983407346410209,1.1983407346410209,1.1983407346410209,1.1983407346410209,1.1983407346410209,1.0601106578830699,1.1983407346410209]
[47,5416,"2.3.19","EXCAVACIÓN MECÁNICA PARA DADOS (NIVEL DE FUNCIONAMIENTO. INCLUYE CARGUE).","M3",3098.2249999999999,{"$f":"VLOOKUP($B60,'Listado Ins Ana'!$G$3965:$K$8277,4,FALSE)","v":41264},53092,164490962,"No",164490962,null,null,null,null,null,null,null,{"$f":"VLOOKUP(B60,'Listado Ins Ana'!$G$3966:$J$100621,4,FALSE)-G60","v":0},null,"CIMENTACIÓN PILONAS",{"$f":"VLOOKUP(U60,'auxiliar capitulos'!$A$2:$M$68,13,FALSE)","v":"2.3"},19,null,3098.2249999999999,null,null,null,null,143.4375,197.99999999999997,90,135,203.0625,203.25,141.74999999999997,174.37499999999997,141.1875,137.25,149.0625,null,null,null,null,null,null,null,null,null,null,null,null,null,null,null,null,null,null,null,null,null,null,166.39999999999998,null,143.4375,175.5,150.1875,99,139.94999999999999,150.1875,171,92.812500000000014,93.375000000000014]
[48,3017,"2.3.20","TRANSPORTE Y DISPOSICIÓN FINAL DE ESCOMBROS EN SITIO AUTORIZADO (DISTANCIA DE TRANSPORTE 21 KM). A DISTANCIA MAYOR DEL ACARREO LIBRE (90 M) EN SITIO AUTORIZADO POR LA ENTIDAD AMBIENTAL COMPETENTE.","M3",3613.1374999999998,{"$f":"VLOOKUP($B61,'Listado Ins Ana'!$G$3965:$K$8277,4,FALSE)","v":34429},44298,160054765,"No",160054765,null,null,null,null,null,null,null,{"$f":"VLOOKUP(B61,'Listado Ins Ana'!$G$3966:$J$100621,4,FALSE)-G61","v":0},null,"CIMENTACIÓN PILONAS",{"$f":"VLOOKUP(U61,'auxiliar capitulos'!$A$2:$M$68,13,FALSE)","v":"2.3"},20,null,3613.1374999999998,null,null,null,null,{"$f":"1.3*AD60","v":186.46875},257.39999999999998,117,175.5,263.98124999999999,264.22500000000002,184.27499999999998,226.68749999999997,183.54375000000002,178.42500000000001,193.78125,null,null,null,null,null,null,null,null,null,null,null,null,null,null,null,null,null,null,null,null,null,null,166.39999999999998,null,143.4375,175.5,150.1875,99,139.94999999999999,150.1875,171,92.812500000000014,93.375000000000014]
[49,4908,"2.3.21","MATERIAL SELECCIONADO. SUMINISTRO, EXTENDIDO MANUAL, NIVELACIÓN, HUMEDECIMIENTO Y COMPACTACIÓN.","M3",1911.3313714382416,{"$f":"VLOOKUP($B62,'Listado Ins Ana'!$G$3965:$K$8277,4,FALSE)","v":79657},102490,195892352,"No",195892352,null,null,null,null,null,null,null,{"$f":"VLOOKUP(B62,'Listado Ins Ana'!$G$3966:$J$100621,4,FALSE)-G62","v":0},null,"CIMENTACIÓN PILONAS",{"$f":"VLOOKUP(U62,'auxiliar capitulos'!$A$2:$M$68,13,FALSE)","v":"2.3"},21,null,1911.3313714382416,null,null,null,null,91.641261478765955,137.18739056296323,41.035504185934485,82.104204050009528,141.61371805061131,122.57756300598318,84.432962168796251,116.53119562060559,89.587611019615323,84.071460711186447,96.775387626642555,null,null,null,null,null,null,null,null,null,null,null,null,null,null,null,null,null,null,null,null,null,null,19.766914640515623,null,91.641261478765955,117.51482395119407,95.383186512953728,79.4649,86.432168704598737,91.257647040259613,113.58031062884024,66.787000000000006,61.944900000000011]
[50,6226,"2.3.22","DEMOLICIÓN PAVIMENTO ASFÁLTICO DE ESPESOR 10 CM. INCLUYE TODOS LOS COSTOS DE SUMINISTRO DE EQUIPOS (HERRAMIENTA MENOR, MARTILLO NEUMÁTICO, COMPRESOR, PROVISIONAL DE ENERGÍA), TRANSPORTE, MANEJO, ALMACENAMIENTO, DESPERDICIOS, CARGUE Y TRANSPORTE DE MATERIALES SOBRANTES A ESCOMBRERA AUTORIZADA Y MANO DE OBRA.","M2",8.4375,{"$f":"VLOOKUP($B63,'Listado Ins Ana'!$G$3965:$K$8277,4,FALSE)","v":10614},13656,115223,"No",115223,null,null,null,null,null,null,null,{"$f":"VLOOKUP(B63,'Listado Ins Ana'!$G$3966:$J$100621,4,FALSE)-G63","v":0},null,"CIMENTACIÓN PILONAS",{"$f":"VLOOKUP(U63,'auxiliar capitulos'!$A$2:$M$68,13,FALSE)","v":"2.3"},22,null,8.4375,null,null,null,null,8.4375]
[51,5196,"2.3.23","DEMOLICIÓN DE CONCRETO: ESPESORES 8CM A 15CM. (INCLUYE RETIRO DE MATERIAL, TRANSPORTE Y DISPOSICIÓN FINAL DE ESCOMBROS EN SITIO AUTORIZADO).","M3",144.375,{"$f":"VLOOKUP($B64,'Listado Ins Ana'!$G$3965:$K$8277,4,FALSE)","v":83562},107514,15522334,"No",15522334,null,null,null,null,null,null,null,{"$f":"VLOOKUP(B64,'Listado Ins Ana'!$G$3966:$J$100621,4,FALSE)-G64","v":0},null,"CIMENTACIÓN PILONAS",{"$f":"VLOOKUP(U64,'auxiliar capitulos'!$A$2:$M$68,13,FALSE)","v":"2.3"},23,null,144.375,null,null,null,null,null,8.4375,5.3999999999999995,8.4375,8.4375,11.25,null,8.4375,8.4375,null,8.4375,null,null,null,null,null,null,null,null,null,null,null,null,null,null,null,null,null,null,null,null,null,null,9.6,null,8.4375,8.4375,null,8.4375,8.4375,8.4375,8.4375,8.4375,8.4375]
[305,null,"2.4","ESTRUCTURAS PARA CONTENCIÓN URBANISMO",null,null,null,null,null,null,null,null,null,null,null,null,null,null,null,null,"ESTRUCTURAS PARA CONTENCIÓN URBANISMO",{"$f":"VLOOKUP(U65,'auxiliar capitulos'!$A$2:$M$68,13,FALSE)","v":"2.4"},{"$f":"IF(E65=\"\",\"\",IF(#REF!=\"\",1,#REF!+1))","v":""},null,0]
[306,6021,"2.4.1",{"$f":"VLOOKUP(B66,'Listado Ins Ana'!$G$3966:$M$8318,2,FALSE)","v":"CONCRETO DE NIVELACIÓN 2000 PSI GRAVA COMÚN (140 KG/CM2) (PREMEZCLADO. INCLUYE SUMINISTRO, FUNDIDA Y NIVELACIÓN Y COLOCACIÓN. NO INCLUYE REFUERZO, CURADO) PARA MEJORAMIENTO, ADECUACIÓN Y REHABILITACIÓN DE ESPACIO PÚBLICO."},{"$f":"VLOOKUP(B66,'Listado Ins Ana'!$G$3966:$M$8318,3,FALSE)","v":"M3"},{"$f":"+Y66","v":68.790000000000006},{"$f":"VLOOKUP(B66,'Listado Ins Ana'!$G$3966:$M$8318,4,FALSE)","v":501815},{"$f":"ROUND(G66*(1+$F$867),0)","v":645655},{"$f":"ROUND(H66*F66,0)","v":44414607},"No",{"$f":"+I66","v":44414607},null,null,"No se calculó cantidad para este ítem. Se solicita confirmar que este íem no aplica.",1,null,null,null,{"$f":"VLOOKUP(B66,'Listado Ins Ana'!$G$3966:$J$100621,4,FALSE)-G66","v":0},null,"ESTRUCTURAS PARA CONTENCIÓN URBANISMO",{"$f":"VLOOKUP(U66,'auxiliar capitulos'!$A$2:$M$68,13,FALSE)","v":"2.4"},{"$f":"IF(E66=\"\",\"\",IF(E65=\"\",1,W65+1))","v":1},null,68.790000000000006,null,null,null,null,null,null,2.5499999999999998,3.47,4,15.32,null,7.04,6.93,null,null,null,null,1.92,4.8899999999999997,null,2.75,3.39,6.37,3.45,6.71]
[307,"KES003","2.4.2",{"$f":"VLOOKUP(B67,'Listado Ins Ana'!$G$3966:$M$8318,2,FALSE)","v":"CONCRETO 4000 PSI PARA MURO ESTRUCTURAL (Premezclado Incluye Sumin, Formaleteo y Colocación No incluye Refuerzo, Curado)."},{"$f":"VLOOKUP(B67,'Listado Ins Ana'!$G$3966:$M$8318,3,FALSE)","v":"M3"},1403.7599999999998,{"$f":"VLOOKUP(B67,'Listado Ins Ana'!$G$3966:$M$8318,4,FALSE)","v":785534},1010699,1418778828,"No",1418778828,null,null,"No se calculó cantidad para este ítem. Se solicita confirmar que este íem no aplica.",1,null,null,null,{"$f":"VLOOKUP(B67,'Listado Ins Ana'!$G$3966:$J$100621,4,FALSE)-G67","v":0},null,"ESTRUCTURAS PARA CONTENCIÓN URBANISMO",{"$f":"VLOOKUP(U67,'auxiliar capitulos'!$A$2:$M$68,13,FALSE)","v":"2.4"},2,null,1403.7599999999998,null,null,null,null,null,null,76.12,50.5,90.44,307.20999999999998,null,139.47,120.37,null,null,null,null,22.77,77.36,null,60.88,68.31,128.85,91.59,169.89]
[308,3708,"2.4.3",{"$f":"VLOOKUP(B68,'Listado Ins Ana'!$G$3966:$M$8318,2,FALSE)","v":"ACERO DE REFUERZO FY=60000 PSI. SUMINISTRO E INSTALACIÓN.  DE ACUERDO A LO ESTIPULADO POR LA NSR-10, NORMA ASTM A-706, ICONTEC 2289 PARA EL ACERO PDR-60. INCLUYE TODOS LOS COSTOS DE SUMINISTRO DE MATERIALES (REFUERZO (G60) FIGURADO, CORRUGADO, INCLUYE EL ALAMBRE DE AMARRE), EQUIPOS, TRANSPORTES, MANEJO, ALMACENAMIENTO, DESPERDICIOS Y MANO DE OBRA. "},{"$f":"VLOOKUP(B68,'Listado Ins Ana'!$G$3966:$M$8318,3,FALSE)","v":"KG"},211688.21,{"$f":"VLOOKUP(B68,'Listado Ins Ana'!$G$3966:$M$8318,4,FALSE)","v":3979},5120,1083843635,"No",1083843635,null,null,"No se calculó cantidad para este ítem. Se solicita confirmar que este íem no aplica.",1,null,null,null,{"$f":"VLOOKUP(B68,'Listado Ins Ana'!$G$3966:$J$100621,4,FALSE)-G68","v":0},null,"ESTRUCTURAS PARA CONTENCIÓN URBANISMO",{"$f":"VLOOKUP(U68,'auxiliar capitulos'!$A$2:$M$68,13,FALSE)","v":"2.4"},3,null,211688.21,null,null,null,null,null,null,15086.32,7097.82,12261.87,47622.21,null,19347.62,15621.45,null,null,null,null,3690.73,15609.43,null,7895.54,9173.9599999999991,19771.150000000001,13267.39,25242.720000000001]
[309,3464,"2.4.4",{"$f":"VLOOKUP(B69,'Listado Ins Ana'!$G$3966:$M$8318,2,FALSE)","v":"EXCAVACION MANUAL EN MATERIAL COMUN. INCLUYE CARGUE."},{"$f":"VLOOKUP(B69,'Listado Ins Ana'!$G$3966:$M$8318,3,FALSE)","v":"M3"},2257.6999999999998,{"$f":"VLOOKUP(B69,'Listado Ins Ana'!$G$3966:$M$8318,4,FALSE)","v":31876},41013,92595050,null,92595050,null,null,"No se calculó cantidad para este ítem. Se solicita confirmar que este íem no aplica.",1,null,null,null,{"$f":"VLOOKUP(B69,'Listado Ins Ana'!$G7480:$J100679,4,FALSE)-G69","v":{"$error":"#N/A"}},null,"ESTRUCTURAS PARA CONTENCIÓN URBANISMO",{"$f":"VLOOKUP(U69,'auxiliar capitulos'!$A$2:$M$68,13,FALSE)","v":"2.4"},4,null,2257.6999999999998,null,null,null,null,null,null,76.849999999999994,91.52,185.97,463.1,null,274.73,195.3,null,null,null,null,92.23,123.09,null,115.43,71.38,215.17,114.42,238.51]
[310,3017,"2.4.5",{"$f":"VLOOKUP(B70,'Listado Ins Ana'!$G$3966:$M$8318,2,FALSE)","v":"TRANSPORTE Y DISPOSICIÓN FINAL DE ESCOMBROS EN SITIO AUTORIZADO (DISTANCIA DE TRANSPORTE 21 KM). A DISTANCIA MAYOR DEL ACARREO LIBRE (90 M) EN SITIO AUTORIZADO POR LA ENTIDAD AMBIENTAL COMPETENTE."},{"$f":"VLOOKUP(B70,'Listado Ins Ana'!$G$3966:$M$8318,3,FALSE)","v":"M3"},2935.0100000000007,{"$f":"VLOOKUP(B70,'Listado Ins Ana'!$G$3966:$M$8318,4,FALSE)","v":34429},44298,130015073,null,130015073,null,null,"No se calculó cantidad para este ítem. Se solicita confirmar que este íem no aplica.",1,null,null,null,{"$f":"VLOOKUP(B70,'Listado Ins Ana'!$G$3966:$J$100621,4,FALSE)-G70","v":0},null,"ESTRUCTURAS PARA CONTENCIÓN URBANISMO",{"$f":"VLOOKUP(U70,'auxiliar capitulos'!$A$2:$M$68,13,FALSE)","v":"2.4"},5,null,2935.0100000000007,null,null,null,null,null,null,{"$f":"1.3*AF69","v":99.905000000000001},{"$f":"1.3*AG69","v":118.976},241.761,602.03000000000009,null,357.14900000000006,253.89000000000001,null,null,null,null,119.89900000000002,160.017,0,150.05900000000003,92.793999999999997,279.721,148.74600000000001,310.06299999999999]
[311,7364,"2.4.6",{"$f":"VLOOKUP(B71,'Listado Ins Ana'!$G$3966:$M$8318,2,FALSE)","v":"RELLENO EN RECEBO COMUN (SUMINISTRO E INSTALACIÓN EXTENDIDO MECANICO, HUMEDECIMIENTO, COMPACTACIÓN Y TRANSPORTE A 28 KM)."},{"$f":"VLOOKUP(B71,'Listado Ins Ana'!$G$3966:$M$8318,3,FALSE)","v":"M3"},853.97,{"$f":"VLOOKUP(B71,'Listado Ins Ana'!$G$3966:$M$8318,4,FALSE)","v":70963},91304,77970877,null,77970877,null,null,"No se calculó cantidad para este ítem. Se solicita confirmar que este íem no aplica.",1,null,null,null,{"$f":"VLOOKUP(B71,'Listado Ins Ana'!$G7480:$J100681,4,FALSE)-G71","v":{"$error":"#N/A"}},null,"ESTRUCTURAS PARA CONTENCIÓN URBANISMO",{"$f":"VLOOKUP(U71,'auxiliar capitulos'!$A$2:$M$68,13,FALSE)","v":"2.4"},6,null,853.97,null,null,null,null,null,null,0.73,41.03,95.53,155.9,null,135.26,74.92,null,null,null,null,69.47,45.73,null,54.55,3.07,86.31,22.84,68.63]
[312,"GMC007","2.4.7",{"$f":"VLOOKUP(B72,'Listado Ins Ana'!$G$3966:$M$8318,2,FALSE)","v":"BLOQUE ESTRUCTURAL EN CONCRETO 39X14X6. INCLUYE BLOQUE ESTRUCTURAL (39cm x 14cm x 6cm) MORTERO 1:3 HECHO EN OBRA PARA PEGA, CORTADORA, DISCO DIAMANTADO, ANDAMIO, ACERO Y GROUTING."},{"$f":"VLOOKUP(B72,'Listado Ins Ana'!$G$3966:$M$8318,3,FALSE)","v":"M2"},1104.1199999999999,{"$f":"VLOOKUP(B72,'Listado Ins Ana'!$G$3966:$M$8318,4,FALSE)","v":129762.32999999999},166957,184340563,null,184340563,null,null,"No se calculó cantidad para este ítem. Se solicita confirmar que este íem no aplica.",1,null,null,null,{"$f":"VLOOKUP(B72,'Listado Ins Ana'!$G7480:$J100682,4,FALSE)-G72","v":0},null,"ESTRUCTURAS PARA CONTENCIÓN URBANISMO",{"$f":"VLOOKUP(U72,'auxiliar capitulos'!$A$2:$M$68,13,FALSE)","v":"2.4"},7,null,1104.1199999999999,null,null,null,null,null,null,38.299999999999997,48.4,58.5,0,null,85.89,44.64,null,null,null,null,44.64,87.73,null,77.5,130.19999999999999,124.62,81.7,282]
[313,"GMC008","2.4.8",{"$f":"VLOOKUP(B73,'Listado Ins Ana'!$G$3966:$M$8318,2,FALSE)","v":"ALFAJÍA EN CONCRETO A LA VISTA 30 X 10, COLOR GRIS BASALTO, SIMILAR O EQUIVALENTE, PIEZA PREFABRICADA Y/O FUNDIDA EN SITIO, EN CONCRETO DE 28 MPA DE RESISTENCIA A LA COMPRESIÓN A 28 DÍAS, CON ACABADO LISO. SE INSTALA COMO REMATE SUPERIOR DE LOS MUROS ESTRUCTURALES QUE SEPARAN LAS NUEVAS ÁREAS DE ESPACIO PUBLICO CONTRA LAS CULATAS DE LAS CONSTRUCCIONES EXISTENTES, LAS DIMENSIONES PUEDEN VARIAR RESPECTO DEL ALINEAMIENTO PREVISTO EN LOS PLANOS, INCLUYE ANCLAJE CON PERNO, CLAVO O GRAFIL, CADA 50 CM CON ADHESIVO EPÓXICO PARA PEGA DE CONCRETO TIPO EPOTOC, SIMILAR O EQUIVALENTE. EL REFUERZO ES 0.32 M2 POR CADA METRO LINEAL DE ALFAJIA, CON MALLA ELECTROSOLDADA 6X6-6/6 DE FY=5000KG/CM2 "},{"$f":"VLOOKUP(B73,'Listado Ins Ana'!$G$3966:$M$8318,3,FALSE)","v":"ML"},894.9,{"$f":"VLOOKUP(B73,'Listado Ins Ana'!$G$3966:$M$8318,4,FALSE)","v":25173.49},32389,28984916,null,28984916,null,null,"No se calculó cantidad para este ítem. Se solicita confirmar que este íem no aplica.",1,null,null,null,{"$f":"VLOOKUP(B73,'Listado Ins Ana'!$G$3966:$J$100621,4,FALSE)-G73","v":0},null,"ESTRUCTURAS PARA CONTENCIÓN URBANISMO",{"$f":"VLOOKUP(U73,'auxiliar capitulos'!$A$2:$M$68,13,FALSE)","v":"2.4"},8,null,894.9,null,null,null,null,null,null,23.8,44.1,47.5,119.5,null,81.2,75.3,null,null,null,null,38.799999999999997,70.7,null,55.6,46.6,120.8,50.6,120.4]
[314,4009,"2.4.9",{"$f":"VLOOKUP(B74,'Listado Ins Ana'!$G$3966:$M$8318,2,FALSE)","v":"GEOTEXTIL NT 3000 PARA SUBDRENES/FILTROS (INCLUYE SUMINISTRO E INSTALACIÓN)"},{"$f":"VLOOKUP(B74,'Listado Ins Ana'!$G$3966:$M$8318,3,FALSE)","v":"M2"},1259.6399999999999,{"$f":"VLOOKUP(B74,'Listado Ins Ana'!$G$3966:$M$8318,4,FALSE)","v":7864},10118,12745038,null,12745038,null,null,"No se calculó cantidad para este ítem. Se solicita confirmar que este íem no aplica.",1,null,null,null,{"$f":"VLOOKUP(B74,'Listado Ins Ana'!$G7480:$J100684,4,FALSE)-G74","v":{"$error":"#N/A"}},null,"ESTRUCTURAS PARA CONTENCIÓN URBANISMO",{"$f":"VLOOKUP(U74,'auxiliar capitulos'!$A$2:$M$68,13,FALSE)","v":"2.4"},9,null,1259.6399999999999,null,null,null,null,null,null,39.6,58.2,56.9,249.3,null,55.9,161.94,null,null,null,null,34.9,118.9,null,76.900000000000006,77.2,113,64.5,152.4]
[315,5412,"2.4.10",{"$f":"VLOOKUP(B75,'Listado Ins Ana'!$G$3966:$M$8318,2,FALSE)","v":"RELLENO EN TRITURADO DE 3/4`` (INCLUYE TRANSPORTE, SUMINISTRO, EXTENDIDO MANUAL Y COLOCACIÓN)"},{"$f":"VLOOKUP(B75,'Listado Ins Ana'!$G$3966:$M$8318,3,FALSE)","v":"M3"},227.8,{"$f":"VLOOKUP(B75,'Listado Ins Ana'!$G$3966:$M$8318,4,FALSE)","v":107123},137829,31397446,null,31397446,null,null,"No se calculó cantidad para este ítem. Se solicita confirmar que este íem no aplica.",1,null,null,null,{"$f":"VLOOKUP(B75,'Listado Ins Ana'!$G7480:$J100685,4,FALSE)-G75","v":{"$error":"#N/A"}},null,"ESTRUCTURAS PARA CONTENCIÓN URBANISMO",{"$f":"VLOOKUP(U75,'auxiliar capitulos'!$A$2:$M$68,13,FALSE)","v":"2.4"},10,null,227.8,null,null,null,null,null,null,5.9,8.3000000000000007,15,43.5,null,25.8,24.3,null,null,null,null,5.2,17.8,null,11.5,11.6,25.7,10.3,22.9]
[316,3905,"2.4.11",{"$f":"VLOOKUP(B76,'Listado Ins Ana'!$G$3966:$M$8318,2,FALSE)","v":"TUBERIA PVC PARA DRENAJE D=6\" CON FILTRO (INCLUYE SUMINISTRO E INSTALACIÓN)"},{"$f":"VLOOKUP(B76,'Listado Ins Ana'!$G$3966:$M$8318,3,FALSE)","v":"ML"},894.9,{"$f":"VLOOKUP(B76,'Listado Ins Ana'!$G$3966:$M$8318,4,FALSE)","v":44137},56788,50819581,null,50819581,null,null,"No se calculó cantidad para este ítem. Se solicita confirmar que este íem no aplica.",1,null,null,null,{"$f":"VLOOKUP(B76,'Listado Ins Ana'!$G$3966:$J$100621,4,FALSE)-G76","v":0},null,"ESTRUCTURAS PARA CONTENCIÓN URBANISMO",{"$f":"VLOOKUP(U76,'auxiliar capitulos'!$A$2:$M$68,13,FALSE)","v":"2.4"},11,null,894.9,null,null,null,null,null,null,23.8,44.1,47.5,119.5,null,81.2,75.3,null,null,null,null,38.799999999999997,70.7,null,55.6,46.6,120.8,50.6,120.4]
[317,3904,"2.4.12",{"$f":"VLOOKUP(B77,'Listado Ins Ana'!$G$3966:$M$8318,2,FALSE)","v":"TUBERIA PVC PARA DRENAJE D=4\" SIN FILTRO (INCLUYE SUMINISTRO E INSTALACIÓN)"},{"$f":"VLOOKUP(B77,'Listado Ins Ana'!$G$3966:$M$8318,3,FALSE)","v":"ML"},310,{"$f":"VLOOKUP(B77,'Listado Ins Ana'!$G$3966:$M$8318,4,FALSE)","v":23329},30016,9304960,null,9304960,null,null,"No se calculó cantidad para este ítem. Se solicita confirmar que este íem no aplica.",1,null,null,null,{"$f":"VLOOKUP(B77,'Listado Ins Ana'!$G7480:$J100687,4,FALSE)-G77","v":{"$error":"#N/A"}},null,"ESTRUCTURAS PARA CONTENCIÓN URBANISMO",{"$f":"VLOOKUP(U77,'auxiliar capitulos'!$A$2:$M$68,13,FALSE)","v":"2.4"},12,null,310,null,null,null,null,null,null,8,15,21,45,null,27,25,null,null,null,null,13,24,null,19,16,40,17,40]
[52,null,{"$f":"IF(W78=\"\",V78,CONCATENATE(V78,\".\",W78))","v":"3"},"ARQUITECTURA Y PAISAJISMO",null,null,null,null,null,null,null,null,null,null,null,null,null,null,null,null,"ARQUITECTURA Y PAISAJISMO",{"$f":"VLOOKUP(U78,'auxiliar capitulos'!$A$2:$M$68,13,FALSE)","v":"3"},null,null,{"$f":"SUM(Z78:CJ78)","v":0}]
[53,null,{"$f":"IF(W79=\"\",V79,CONCATENATE(V79,\".\",W79))","v":"3.1"},"MAMPOSTERIA Y ACABADOS ARQUITECTONICOS",null,null,null,null,null,null,null,null,null,null,null,null,null,null,null,null,"MAMPOSTERIA Y ACABADOS ARQUITECTONICOS",{"$f":"VLOOKUP(U79,'auxiliar capitulos'!$A$2:$M$68,13,FALSE)","v":"3.1"},null,null,{"$f":"SUM(Z79:CJ79)","v":0}]
[54,null,"3.1.1",{"$f":"+'auxiliar capitulos'!A20","v":"MAMPOSTERÍA MUROS DIVISORIOS"},null,null,null,null,null,null,null,null,null,null,null,null,null,null,null,null,{"$f":"+$D$80","v":"MAMPOSTERÍA MUROS DIVISORIOS"},{"$f":"VLOOKUP(U80,'auxiliar capitulos'!$A$2:$M$68,13,FALSE)","v":"3.1.1"},{"$f":"IF(E80=\"\",\"\",IF(#REF!=\"\",1,#REF!+1))","v":""},null,0]
[55,"ARQ101","3.1.1.1",{"$f":"VLOOKUP(B81,'Listado Ins Ana'!$G$3966:$M$8318,2,FALSE)","v":"MAMPOSTERIA EN BLOQUE DE CONCRETO 12X19X39, REVITADO, Y RANURADO  CADA 5 HILADAS, INCLUYE MORTERO DE PEGA PREMEZCLADO , TIPO INDURAL  O SIMILAR EQUIVALENTE."},{"$f":"VLOOKUP(B81,'Listado Ins Ana'!$G$3966:$M$8318,3,FALSE)","v":"M2"},{"$f":"+Y81","v":2393.54},{"$f":"VLOOKUP(B81,'Listado Ins Ana'!$G$3966:$M$8318,4,FALSE)","v":1},{"$f":"ROUND(G81*(1+$F$867),0)","v":1},{"$f":"ROUND(H81*F81,0)","v":2394},null,{"$f":"+I81","v":2394},null,null,null,1,null,null,null,{"$f":"VLOOKUP(B81,'Listado Ins Ana'!$G$3966:$J$100621,4,FALSE)-G81","v":0},null,"MAMPOSTERÍA MUROS DIVISORIOS",{"$f":"VLOOKUP(U81,'auxiliar capitulos'!$A$2:$M$68,13,FALSE)","v":"3.1.1"},{"$f":"IF(E81=\"\",\"\",IF(E80=\"\",1,W80+1))","v":1},null,2393.54,224,1242.75,926.79]
[56,"ARQ102","3.1.1.2",{"$f":"VLOOKUP(B82,'Listado Ins Ana'!$G$3966:$M$8318,2,FALSE)","v":"SUMINISTRO, TRANSPORTE E INSTALACIÓN MURO EN PLACA DE TABLA YESO ½” TIPO DRYWALL, GYPLAC, O SIMILAR EQUIVALENTE, MASILLADO Y PINTADO COLOR BLANCO. INCLUYE: PERFILERÍA GALVANIZADA PARA SOPORTE, CHAZOS, CINTAS DE UNIÓN O ENSAMBLE ENTRE ELEMENTOS, CORTES, FILETES Y TODO LO NECESARIO PARA SU CORRECTA INSTALACIÓN Y ACABADO ESTÉTICO."},{"$f":"VLOOKUP(B82,'Listado Ins Ana'!$G$3966:$M$8318,3,FALSE)","v":"M2"},1295.07,{"$f":"VLOOKUP(B82,'Listado Ins Ana'!$G$3966:$M$8318,4,FALSE)","v":67626},{"$f":"ROUND(G82*(1+$F$867),0)","v":87010},{"$f":"ROUND(H82*F82,0)","v":112684041},null,{"$f":"+I82","v":112684041},null,null,null,1,null,null,null,{"$f":"VLOOKUP(B82,'Listado Ins Ana'!$G7716:$J100686,4,FALSE)-G82","v":0},null,"MAMPOSTERÍA MUROS DIVISORIOS",{"$f":"VLOOKUP(U82,'auxiliar capitulos'!$A$2:$M$68,13,FALSE)","v":"3.1.1"},2,null,1295.07,586.16999999999996,586.4,122.5]
[56,5371,"3.1.1.3",{"$f":"VLOOKUP(B83,'Listado Ins Ana'!$G$3966:$M$8318,2,FALSE)","v":"MURO EN LADRILLO TOLETE COMUN."},{"$f":"VLOOKUP(B83,'Listado Ins Ana'!$G$3966:$M$8318,3,FALSE)","v":"M2"},6.0299999999999994,{"$f":"VLOOKUP(B83,'Listado Ins Ana'!$G$3966:$M$8318,4,FALSE)","v":49824},{"$f":"ROUND(G83*(1+$F$867),0)","v":64106},{"$f":"ROUND(H83*F83,0)","v":386559},null,{"$f":"+I83","v":386559},null,null,null,1,null,null,null,{"$f":"VLOOKUP(B83,'Listado Ins Ana'!$G7718:$J100688,4,FALSE)-G83","v":{"$error":"#N/A"}},null,"MAMPOSTERÍA MUROS DIVISORIOS",{"$f":"VLOOKUP(U83,'auxiliar capitulos'!$A$2:$M$68,13,FALSE)","v":"3.1.1"},3,null,6.0299999999999994,null,3.96,2.0699999999999998]
[55,"ARQ103","3.1.1.4",{"$f":"VLOOKUP(B84,'Listado Ins Ana'!$G$3966:$M$8318,2,FALSE)","v":"M2 - MAMPOSTERIA EN BLOQUE DE CONCRETO 14X19X39 TIPO KREATO SIMILAR EQUIVALENTE, REVITADO Y RANURADO CADA 5 HILADAS; PAÑETADO 1:4 ESTUCADO Y PINTADO AL INTERIOR DE LOS ESPACIOS (UNA UNA SOLA CARA) Y CARA EXTERNA BLOQUE A LA VISTA, SIMILAR O EQUIVALENTE"},{"$f":"VLOOKUP(B84,'Listado Ins Ana'!$G$3966:$M$8318,3,FALSE)","v":"M2"},1473.72,{"$f":"VLOOKUP(B84,'Listado Ins Ana'!$G$3966:$M$8318,4,FALSE)","v":1},{"$f":"ROUND(G84*(1+$F$867),0)","v":1},{"$f":"ROUND(H84*F84,0)","v":1474},null,{"$f":"+I84","v":1474},null,null,null,1,null,null,null,{"$f":"VLOOKUP(B84,'Listado Ins Ana'!$G$3966:$J$100621,4,FALSE)-G84","v":0},null,"MAMPOSTERÍA MUROS DIVISORIOS",{"$f":"VLOOKUP(U84,'auxiliar capitulos'!$A$2:$M$68,13,FALSE)","v":"3.1.1"},4,null,1473.72,429,701.49,343.23]
[56,"ARQ104","3.1.1.5",{"$f":"VLOOKUP(B85,'Listado Ins Ana'!$G$3966:$M$8318,2,FALSE)","v":"M3 - MAMPOSTERIA EN BLOQUE DE CONCRETO 14X19X39 TIPO KREATO SIMILAR EQUIVALENTE, REVITADO Y RANURADO CADA 5 HILADAS; PAÑETADO 1:4 ESTUCADO Y PINTADO (AMBAS CARAS), SIMILAR O EQUIVALENTE"},{"$f":"VLOOKUP(B85,'Listado Ins Ana'!$G$3966:$M$8318,3,FALSE)","v":"M2"},610.56999999999994,{"$f":"VLOOKUP(B85,'Listado Ins Ana'!$G$3966:$M$8318,4,FALSE)","v":1},{"$f":"ROUND(G85*(1+$F$867),0)","v":1},{"$f":"ROUND(H85*F85,0)","v":611},null,{"$f":"+I85","v":611},null,null,null,1,null,null,null,{"$f":"VLOOKUP(B85,'Listado Ins Ana'!$G7713:$J100683,4,FALSE)-G85","v":0},null,"MAMPOSTERÍA MUROS DIVISORIOS",{"$f":"VLOOKUP(U85,'auxiliar capitulos'!$A$2:$M$68,13,FALSE)","v":"3.1.1"},5,null,610.56999999999994,264,200.79,145.78]
[null,"ARQ105","3.1.1.6",{"$f":"VLOOKUP(B86,'Listado Ins Ana'!$G$3966:$M$8318,2,FALSE)","v":"M4 - MAMPOSTERIA EN BLOQUE DE CONCRETO 14X19X39 TIPO KREATO SIMILAR EQUIVALENTE, REVITADO Y RANURADO CADA 5 HILADAS; PAÑETADO 1:4 ESTUCADO Y PINTADO VINILO VINILTEX CORONA MAS ENCHAPE EN CERAMICA CORONA REF EGEO BLANCO DE 30X60 SIMILAR EQUIVALENTE INSTALACION HORIZONTAL. (EN UNA SOLA CARA) Y CARA EXTERNA BLOQUE A LA VISTA, SIMILAR O EQUIVALENTE"},{"$f":"VLOOKUP(B86,'Listado Ins Ana'!$G$3966:$M$8318,3,FALSE)","v":"M2"},10.75,{"$f":"VLOOKUP(B86,'Listado Ins Ana'!$G$3966:$M$8318,4,FALSE)","v":1},null,null,null,null,null,null,null,null,null,null,null,null,null,"MAMPOSTERÍA MUROS DIVISORIOS",{"$f":"VLOOKUP(U86,'auxiliar capitulos'!$A$2:$M$68,13,FALSE)","v":"3.1.1"},6,null,10.75,null,null,10.75]
[56,"ARQ106","3.1.1.7",{"$f":"VLOOKUP(B87,'Listado Ins Ana'!$G$3966:$M$8318,2,FALSE)","v":"M5 - MAMPOSTERIA EN BLOQUE DE CONCRETO 14X19X39 TIPO KREATO SIMILAR EQUIVALENTE, REVITADO Y RANURADO CADA 5 HILADAS; PAÑETADO  MAS ENCHAPE EN CERAMICA CORONA REF EGEO BLANCO DE 30X60 SIMILAR EQUIVALENTE INSTALACION HORIZONTAL. (EN UNA SOLA CARA) Y CARA EXTERNA BLOQUE A LA VISTA, SIMILAR O EQUIVALENTE"},{"$f":"VLOOKUP(B87,'Listado Ins Ana'!$G$3966:$M$8318,3,FALSE)","v":"M2"},708.45999999999992,{"$f":"VLOOKUP(B87,'Listado Ins Ana'!$G$3966:$M$8318,4,FALSE)","v":1},{"$f":"ROUND(G87*(1+$F$867),0)","v":1},{"$f":"ROUND(H87*F87,0)","v":708},null,{"$f":"+I87","v":708},null,null,null,1,null,null,null,{"$f":"VLOOKUP(B87,'Listado Ins Ana'!$G7715:$J100685,4,FALSE)-G87","v":0},null,"MAMPOSTERÍA MUROS DIVISORIOS",{"$f":"VLOOKUP(U87,'auxiliar capitulos'!$A$2:$M$68,13,FALSE)","v":"3.1.1"},7,null,708.45999999999992,175,344.34,189.12]
[55,"ARQ107","3.1.1.8",{"$f":"VLOOKUP(B88,'Listado Ins Ana'!$G$3966:$M$8318,2,FALSE)","v":"M6 - MAMPOSTERIA EN BLOQUE DE CONCRETO 14X19X39 TIPO KREATO SIMILAR EQUIVALENTE, REVITADO Y RANURADO CADA 5 HILADAS; PAÑETADO  MAS ENCHAPE EN CERAMICA CORONA REF EGEO BLANCO DE 30X60 SIMILAR EQUIVALENTE INSTALACION HORIZONTAL. (EN AMBAS CARAS), SIMILAR O EQUIVALENTE."},{"$f":"VLOOKUP(B88,'Listado Ins Ana'!$G$3966:$M$8318,3,FALSE)","v":"M2"},257.48,{"$f":"VLOOKUP(B88,'Listado Ins Ana'!$G$3966:$M$8318,4,FALSE)","v":1},1,257,null,257,null,null,null,1,null,null,null,{"$f":"VLOOKUP(B88,'Listado Ins Ana'!$G$3966:$J$100621,4,FALSE)-G88","v":0},null,"MAMPOSTERÍA MUROS DIVISORIOS",{"$f":"VLOOKUP(U88,'auxiliar capitulos'!$A$2:$M$68,13,FALSE)","v":"3.1.1"},8,null,257.48,66,130.80000000000001,60.68]
[55,"ARQ108","3.1.1.9",{"$f":"VLOOKUP(B89,'Listado Ins Ana'!$G$3966:$M$8318,2,FALSE)","v":"M8 - ZÓCALO EN CONCRETO 0.15 X 0.15, "},{"$f":"VLOOKUP(B89,'Listado Ins Ana'!$G$3966:$M$8318,3,FALSE)","v":"M"},186.67,{"$f":"VLOOKUP(B89,'Listado Ins Ana'!$G$3966:$M$8318,4,FALSE)","v":1},1,187,null,187,null,null,null,1,null,null,null,{"$f":"VLOOKUP(B89,'Listado Ins Ana'!$G$3966:$J$100621,4,FALSE)-G89","v":0},null,"MAMPOSTERÍA MUROS DIVISORIOS",{"$f":"VLOOKUP(U89,'auxiliar capitulos'!$A$2:$M$68,13,FALSE)","v":"3.1.1"},9,null,186.67,186.67]
[55,"ARQ109","3.1.1.10",{"$f":"VLOOKUP(B90,'Listado Ins Ana'!$G$3966:$M$8318,2,FALSE)","v":"M14 - MAMPOSTERIA EN BLOQUE DE CONCRETO 14X19X39 TIPO KREATO SIMILAR EQUIVALENTE, REVITADO Y RANURADO CADA 5 HILADAS; PAÑETADO  MAS ENCHAPE EN CERAMICA CORONA REF EGEO BLANCO DE 30X60. SIMILAR EQUIVALENTE INSTALACION HORIZONTAL. (EN UNA SOLA CARA) Y CARA PAÑETADO 1:4 ESTUCADO Y PINTADO VINILO VINILTEX"},{"$f":"VLOOKUP(B90,'Listado Ins Ana'!$G$3966:$M$8318,3,FALSE)","v":"M2"},201.75,{"$f":"VLOOKUP(B90,'Listado Ins Ana'!$G$3966:$M$8318,4,FALSE)","v":1},1,202,null,202,null,null,null,1,null,null,null,{"$f":"VLOOKUP(B90,'Listado Ins Ana'!$G$3966:$J$100621,4,FALSE)-G90","v":0},null,"MAMPOSTERÍA MUROS DIVISORIOS",{"$f":"VLOOKUP(U90,'auxiliar capitulos'!$A$2:$M$68,13,FALSE)","v":"3.1.1"},10,null,201.75,94,50.15,57.6]
[56,"ARQ110","3.1.1.11",{"$f":"VLOOKUP(B91,'Listado Ins Ana'!$G$3966:$M$8318,2,FALSE)","v":"M17 ENCHAPE EN CERÁMICA  EGEO COLOR  BLANCO DE 30X60 (INCLUYE SUMINISTRO E INSTALACIÓN HORIZONTAL), O SIMILAR EQUIVALENTE."},{"$f":"VLOOKUP(B91,'Listado Ins Ana'!$G$3966:$M$8318,3,FALSE)","v":"M2"},99.210000000000008,{"$f":"VLOOKUP(B91,'Listado Ins Ana'!$G$3966:$M$8318,4,FALSE)","v":1},1,99,null,99,null,null,null,1,null,null,null,{"$f":"VLOOKUP(B91,'Listado Ins Ana'!$G7719:$J100689,4,FALSE)-G91","v":0},null,"MAMPOSTERÍA MUROS DIVISORIOS",{"$f":"VLOOKUP(U91,'auxiliar capitulos'!$A$2:$M$68,13,FALSE)","v":"3.1.1"},11,null,99.210000000000008,46,45,8.2100000000000009]
[56,"ARQ111","3.1.1.12",{"$f":"VLOOKUP(B92,'Listado Ins Ana'!$G$3966:$M$8318,2,FALSE)","v":"M19"},{"$f":"VLOOKUP(B92,'Listado Ins Ana'!$G$3966:$M$8318,3,FALSE)","v":"M2"},46.550000000000004,{"$f":"VLOOKUP(B92,'Listado Ins Ana'!$G$3966:$M$8318,4,FALSE)","v":1},1,47,null,47,null,null,null,1,null,null,null,{"$f":"VLOOKUP(B92,'Listado Ins Ana'!$G7720:$J100690,4,FALSE)-G92","v":0},null,"MAMPOSTERÍA MUROS DIVISORIOS",{"$f":"VLOOKUP(U92,'auxiliar capitulos'!$A$2:$M$68,13,FALSE)","v":"3.1.1"},12,null,46.550000000000004,24,10.48,12.07]
[55,"ARQ112","3.1.1.13",{"$f":"VLOOKUP(B93,'Listado Ins Ana'!$G$3966:$M$8318,2,FALSE)","v":"M20"},{"$f":"VLOOKUP(B93,'Listado Ins Ana'!$G$3966:$M$8318,3,FALSE)","v":"M2"},1066.75,{"$f":"VLOOKUP(B93,'Listado Ins Ana'!$G$3966:$M$8318,4,FALSE)","v":1},1,1067,null,1067,null,null,null,1,null,null,null,{"$f":"VLOOKUP(B93,'Listado Ins Ana'!$G$3966:$J$100621,4,FALSE)-G93","v":0},null,"MAMPOSTERÍA MUROS DIVISORIOS",{"$f":"VLOOKUP(U93,'auxiliar capitulos'!$A$2:$M$68,13,FALSE)","v":"3.1.1"},13,null,1066.75,287,538.33000000000004,241.42]
[56,"ARQ113","3.1.1.14",{"$f":"VLOOKUP(B94,'Listado Ins Ana'!$G$3966:$M$8318,2,FALSE)","v":"M23"},{"$f":"VLOOKUP(B94,'Listado Ins Ana'!$G$3966:$M$8318,3,FALSE)","v":"M2"},9.65,{"$f":"VLOOKUP(B94,'Listado Ins Ana'!$G$3966:$M$8318,4,FALSE)","v":1},1,10,null,10,null,null,null,1,null,null,null,{"$f":"VLOOKUP(B94,'Listado Ins Ana'!$G7722:$J100692,4,FALSE)-G94","v":0},null,"MAMPOSTERÍA MUROS DIVISORIOS",{"$f":"VLOOKUP(U94,'auxiliar capitulos'!$A$2:$M$68,13,FALSE)","v":"3.1.1"},14,null,9.65,1,8.1300000000000008,0.52]
[56,"ARQ115","3.1.1.15",{"$f":"VLOOKUP(B95,'Listado Ins Ana'!$G$3966:$M$8318,2,FALSE)","v":"TBD MURRO PROPUESTA CONCRETO"},{"$f":"VLOOKUP(B95,'Listado Ins Ana'!$G$3966:$M$8318,3,FALSE)","v":"M2"},71.31,{"$f":"VLOOKUP(B95,'Listado Ins Ana'!$G$3966:$M$8318,4,FALSE)","v":1},1,71,null,71,null,null,null,1,null,null,null,{"$f":"VLOOKUP(B95,'Listado Ins Ana'!$G7724:$J100694,4,FALSE)-G95","v":0},null,"MAMPOSTERÍA MUROS DIVISORIOS",{"$f":"VLOOKUP(U95,'auxiliar capitulos'!$A$2:$M$68,13,FALSE)","v":"3.1.1"},15,null,71.31,71.31]
[57,null,"3.1.2",{"$f":"+'auxiliar capitulos'!$A$21","v":"REFORZAMIENTO MAMPOSTERÍA EN CONCRETO"},null,null,null,null,null,null,null,null,null,null,null,null,null,null,null,null,{"$f":"+'auxiliar capitulos'!$A$21","v":"REFORZAMIENTO MAMPOSTERÍA EN CONCRETO"},{"$f":"VLOOKUP(U96,'auxiliar capitulos'!$A$2:$M$68,13,FALSE)","v":"3.1.2"},"",null,0]
[58,"ARQ201","3.1.2.1",{"$f":"VLOOKUP(B97,'Listado Ins Ana'!$G$3966:$M$8318,2,FALSE)","v":"CONSTRUCCIÓN DE DOVELA FUNDIDA EN GROUTING 3000PSI PARA MAMPOSTERÍA ESTRUCTURAL INCLUYE ANCLAJE DE 1/2\" , VENTANA DE INSPECCIÓN,  INCLUYE ACERO DE REFUERZO , SEGÚN NORMA NSR-10"},{"$f":"VLOOKUP(B97,'Listado Ins Ana'!$G$3966:$M$8318,3,FALSE)","v":"M3"},{"$f":"+Y97","v":0},{"$f":"VLOOKUP(B97,'Listado Ins Ana'!$G$3966:$M$8318,4,FALSE)","v":0},{"$f":"ROUND(G97*(1+$F$867),0)","v":0},{"$f":"ROUND(H97*F97,0)","v":0},null,{"$f":"+I97","v":0},null,null,"No se calculó cantidad para este ítem. Se solicita confirmar que este íem no aplica.",1,null,null,null,{"$f":"VLOOKUP(B97,'Listado Ins Ana'!$G7716:$J100813,4,FALSE)-G97","v":0},null,{"$f":"+'auxiliar capitulos'!$A$21","v":"REFORZAMIENTO MAMPOSTERÍA EN CONCRETO"},{"$f":"VLOOKUP(U97,'auxiliar capitulos'!$A$2:$M$68,13,FALSE)","v":"3.1.2"},1,null,0]
[59,null,"3.1.3",{"$f":"+'auxiliar capitulos'!$A$22","v":"PAÑETES, ENCHAPES Y PINTURAS"},null,null,null,null,null,null,null,null,null,null,null,null,null,null,null,null,{"$f":"+'auxiliar capitulos'!$A$22","v":"PAÑETES, ENCHAPES Y PINTURAS"},{"$f":"VLOOKUP(U98,'auxiliar capitulos'!$A$2:$M$68,13,FALSE)","v":"3.1.3"},"",null,0]
[60,5642,"3.1.3.1",{"$f":"VLOOKUP(B99,'Listado Ins Ana'!$G$3966:$M$8318,2,FALSE)","v":"PAÑETE LISO O RÚSTICO 1:4 PARA MUROS. LAVADO O RÚSTICO. (INCLUYE SUMINISTRO E INSTALACIÓN)"},{"$f":"VLOOKUP(B99,'Listado Ins Ana'!$G$3966:$M$8318,3,FALSE)","v":"M2"},{"$f":"+Y99","v":2093.56},{"$f":"VLOOKUP(B99,'Listado Ins Ana'!$G$3966:$M$8318,4,FALSE)","v":15863},{"$f":"ROUND(G99*(1+$F$867),0)","v":20410},{"$f":"ROUND(H99*F99,0)","v":42729560},null,{"$f":"+I99","v":42729560},null,null,null,1,null,null,null,{"$f":"VLOOKUP(B99,'Listado Ins Ana'!$G$3966:$J$100621,4,FALSE)-G99","v":0},null,{"$f":"+'auxiliar capitulos'!$A$22","v":"PAÑETES, ENCHAPES Y PINTURAS"},{"$f":"VLOOKUP(U99,'auxiliar capitulos'!$A$2:$M$68,13,FALSE)","v":"3.1.3"},1,null,2093.56,579.41999999999996,1058.55,455.59]
[61,"ARQ301","3.1.3.2",{"$f":"VLOOKUP(B100,'Listado Ins Ana'!$G$3966:$M$8318,2,FALSE)","v":"MORTERO IMPERMEABILIZANTE DE NIVELACIÓN PARA PISO (PISOS DE BAÑOS, COCINAS, ZONAS HUMEDAS,  Y VIGAS CANAL )  TIPO SIKATOP SEAL-107 , O SIMILAR EQUIVALENTE. INCLUYE SUMINISTRO E INSTALACIÓN."},{"$f":"VLOOKUP(B100,'Listado Ins Ana'!$G$3966:$M$8318,3,FALSE)","v":"M2"},0,{"$f":"VLOOKUP(B100,'Listado Ins Ana'!$G$3966:$M$8318,4,FALSE)","v":15252.3},19624,0,null,0,null,null,null,1,null,null,null,{"$f":"VLOOKUP(B100,'Listado Ins Ana'!$G$3966:$J$100621,4,FALSE)-G100","v":0},null,{"$f":"+'auxiliar capitulos'!$A$22","v":"PAÑETES, ENCHAPES Y PINTURAS"},{"$f":"VLOOKUP(U100,'auxiliar capitulos'!$A$2:$M$68,13,FALSE)","v":"3.1.3"},2,null,0]
[62,"ARQ302","3.1.3.3",{"$f":"VLOOKUP(B101,'Listado Ins Ana'!$G$3966:$M$8318,2,FALSE)","v":"MORTERO IMPERMEABILIZANTE PARA PAREDES ( BAÑOS, COCINAS, ZONAS HUMEDAS,  Y VIGAS CANAL )  TIPO SIKATOP SEAL-107 , O SIMILAR EQUIVALENTE. INCLUYE SUMINISTRO E INSTALACIÓN."},{"$f":"VLOOKUP(B101,'Listado Ins Ana'!$G$3966:$M$8318,3,FALSE)","v":"M2"},3356,{"$f":"VLOOKUP(B101,'Listado Ins Ana'!$G$3966:$M$8318,4,FALSE)","v":15252.3},19624,65858144,null,65858144,null,null,null,1,null,null,null,{"$f":"VLOOKUP(B101,'Listado Ins Ana'!$G$3966:$J$100621,4,FALSE)-G101","v":0},null,{"$f":"+'auxiliar capitulos'!$A$22","v":"PAÑETES, ENCHAPES Y PINTURAS"},{"$f":"VLOOKUP(U101,'auxiliar capitulos'!$A$2:$M$68,13,FALSE)","v":"3.1.3"},3,null,3356,1483,1873]
[63,8184,"3.1.3.4",{"$f":"VLOOKUP(B102,'Listado Ins Ana'!$G$3966:$M$8318,2,FALSE)","v":"ESTUCO PLASTICO EN MUROS (INCLUYE SUMINISTRO E INSTALACIÓN)."},{"$f":"VLOOKUP(B102,'Listado Ins Ana'!$G$3966:$M$8318,3,FALSE)","v":"M2"},884.8,{"$f":"VLOOKUP(B102,'Listado Ins Ana'!$G$3966:$M$8318,4,FALSE)","v":5726},7367,6518322,null,6518322,null,null,null,1,null,null,null,{"$f":"VLOOKUP(B102,'Listado Ins Ana'!$G$3966:$J$100621,4,FALSE)-G102","v":0},null,{"$f":"+'auxiliar capitulos'!$A$22","v":"PAÑETES, ENCHAPES Y PINTURAS"},{"$f":"VLOOKUP(U102,'auxiliar capitulos'!$A$2:$M$68,13,FALSE)","v":"3.1.3"},4,null,884.8,182.28,553.85,148.66999999999999]
[64,5370,"3.1.3.5",{"$f":"VLOOKUP(B103,'Listado Ins Ana'!$G$3966:$M$8318,2,FALSE)","v":"PINTURA VINILO TIPO 1 (2 MANOS)."},{"$f":"VLOOKUP(B103,'Listado Ins Ana'!$G$3966:$M$8318,3,FALSE)","v":"M2"},2305.38,{"$f":"VLOOKUP(B103,'Listado Ins Ana'!$G$3966:$M$8318,4,FALSE)","v":8950},11515,26546451,null,26546451,null,null,"No se calculó cantidad para este ítem. Se solicita confirmar que este íem no aplica.",1,null,null,null,{"$f":"VLOOKUP(B103,'Listado Ins Ana'!$G$3966:$J$100621,4,FALSE)-G103","v":0},null,{"$f":"+'auxiliar capitulos'!$A$22","v":"PAÑETES, ENCHAPES Y PINTURAS"},{"$f":"VLOOKUP(U103,'auxiliar capitulos'!$A$2:$M$68,13,FALSE)","v":"3.1.3"},5,null,2305.38,1078,1227.3800000000001]
[65,"ARQ303","3.1.3.6",{"$f":"VLOOKUP(B104,'Listado Ins Ana'!$G$3966:$M$8318,2,FALSE)","v":"ENCHAPE EN CERÁMICA  EGEO COLOR  BLANCO DE 30X60 (INCLUYE SUMINISTRO E INSTALACIÓN HORIZONTAL), O SIMILAR EQUIVALENTE."},{"$f":"VLOOKUP(B104,'Listado Ins Ana'!$G$3966:$M$8318,3,FALSE)","v":"M2"},1208.76,{"$f":"VLOOKUP(B104,'Listado Ins Ana'!$G$3966:$M$8318,4,FALSE)","v":80147},103120,124647331,null,124647331,null,null,"No se calculó cantidad para este ítem. Se solicita confirmar que este íem no aplica.",1,null,null,null,{"$f":"VLOOKUP(B104,'Listado Ins Ana'!$G$3966:$J$100621,4,FALSE)-G104","v":0},null,{"$f":"+'auxiliar capitulos'!$A$22","v":"PAÑETES, ENCHAPES Y PINTURAS"},{"$f":"VLOOKUP(U104,'auxiliar capitulos'!$A$2:$M$68,13,FALSE)","v":"3.1.3"},6,null,1208.76,397.14,504.7,306.92]
[66,"ARQ304","3.1.3.7",{"$f":"VLOOKUP(B105,'Listado Ins Ana'!$G$3966:$M$8318,2,FALSE)","v":"MESÓN EN GRANITO NEGRO SAN GABRIEL NACIONAL CON REGRUESE HACIA LA CARA FRONTAL, E=4CM. (SUMINISTRO E INSTALACIÓN), O SIMILAR EQUIVALENTE."},{"$f":"VLOOKUP(B105,'Listado Ins Ana'!$G$3966:$M$8318,3,FALSE)","v":"ML"},20,{"$f":"VLOOKUP(B105,'Listado Ins Ana'!$G$3966:$M$8318,4,FALSE)","v":0},0,0,null,0,null,null,"No se calculó cantidad para este ítem. Se solicita confirmar que este íem no aplica.",1,null,null,null,{"$f":"VLOOKUP(B105,'Listado Ins Ana'!$G$3966:$J$100621,4,FALSE)-G105","v":0},null,{"$f":"+'auxiliar capitulos'!$A$22","v":"PAÑETES, ENCHAPES Y PINTURAS"},{"$f":"VLOOKUP(U105,'auxiliar capitulos'!$A$2:$M$68,13,FALSE)","v":"3.1.3"},7,null,20,7,8,5]
[67,5647,"3.1.3.8",{"$f":"VLOOKUP(B106,'Listado Ins Ana'!$G$3966:$M$8318,2,FALSE)","v":"PINTURA CIELO FALSO (INCLUYE SUMINISTRO E INSTALACIÓN)."},{"$f":"VLOOKUP(B106,'Listado Ins Ana'!$G$3966:$M$8318,3,FALSE)","v":"M2"},0,{"$f":"VLOOKUP(B106,'Listado Ins Ana'!$G$3966:$M$8318,4,FALSE)","v":9194},11829,0,null,0,null,null,"No se calculó cantidad para este ítem. Se solicita confirmar que este íem no aplica.",1,null,null,null,{"$f":"VLOOKUP(B106,'Listado Ins Ana'!$G$3966:$J$100621,4,FALSE)-G106","v":0},null,{"$f":"+'auxiliar capitulos'!$A$22","v":"PAÑETES, ENCHAPES Y PINTURAS"},{"$f":"VLOOKUP(U106,'auxiliar capitulos'!$A$2:$M$68,13,FALSE)","v":"3.1.3"},8,null,0]
[68,null,"3.1.4",{"$f":"+'auxiliar capitulos'!$A$23","v":"PISOS EN CONCRETO"},null,null,null,null,null,null,null,null,null,null,null,null,null,null,null,null,{"$f":"+'auxiliar capitulos'!$A$23","v":"PISOS EN CONCRETO"},{"$f":"VLOOKUP(U107,'auxiliar capitulos'!$A$2:$M$68,13,FALSE)","v":"3.1.4"},{"$f":"IF(E107=\"\",\"\",IF(E99=\"\",1,W99+1))","v":""},null,0]
[69,"ARQ401","3.1.4.3",{"$f":"VLOOKUP(B108,'Listado Ins Ana'!$G$3966:$M$8318,2,FALSE)","v":"PISO EN CONCRETO ESMALTADO Y ENDURECIDO DE F'C=3.000PSI - ESPESOR = 0.06M, PULIDO Y BRILLADO CON HELICÓPTERO, UTILIZAR ENDURECEDOR DE CUARZO SUPERFICIAL EN UNA PROPORCIÓN DE 4.0KG X M2 Y FIBRA DE FLEXA NYLON FIBER EN UNA DOSIS DE 600GRXM3, O SIMILAR EQUIVALENTE."},{"$f":"VLOOKUP(B108,'Listado Ins Ana'!$G$3966:$M$8318,3,FALSE)","v":"M2"},{"$f":"+Y108","v":2882.41},{"$f":"VLOOKUP(B108,'Listado Ins Ana'!$G$3966:$M$8318,4,FALSE)","v":62140},{"$f":"ROUND(G108*(1+$F$867),0)","v":79952},{"$f":"ROUND(H108*F108,0)","v":230454444},null,{"$f":"+I108","v":230454444},null,null,"No se calculó cantidad para este ítem. Se solicita confirmar que este íem no aplica.",1,null,null,null,{"$f":"VLOOKUP(B108,'Listado Ins Ana'!$G7716:$J100824,4,FALSE)-G108","v":0},null,{"$f":"+'auxiliar capitulos'!$A$23","v":"PISOS EN CONCRETO"},{"$f":"VLOOKUP(U108,'auxiliar capitulos'!$A$2:$M$68,13,FALSE)","v":"3.1.4"},{"$f":"IF(E108=\"\",\"\",IF(E100=\"\",1,W100+1))","v":3},null,2882.41,257.3,539.11,2086]
[70,null,"3.1.5",{"$f":"+'auxiliar capitulos'!$A$24","v":"ACABADOS EN PISOS"},null,null,null,null,null,null,null,null,null,null,null,null,null,null,null,null,{"$f":"+'auxiliar capitulos'!$A$24","v":"ACABADOS EN PISOS"},{"$f":"VLOOKUP(U109,'auxiliar capitulos'!$A$2:$M$68,13,FALSE)","v":"3.1.5"},{"$f":"IF(E109=\"\",\"\",IF(E101=\"\",1,W101+1))","v":""},null,0]
[71,"ARQ501","3.1.5.1",{"$f":"VLOOKUP(B110,'Listado Ins Ana'!$G$3966:$M$8318,2,FALSE)","v":"BALDOSA DE GRANITO DE MÁRMOL TIPO ALFA DE 0.30x0.30M - BLANCO HUILA FONDO BLANCO GRANO 1,  QUE CUMPLA CON LAS NORMAS NTC 2849 Y TRÁFICO INTENSO. INSTALACIÓN SEGÚN ESPECIFICACIONES DEL FABRICANTE. INCLUYE MORTERO DE NIVELACIÓN DE ESPESOR  MEDIO 0.03M Y MORTERO DE AFINADO, MORTERO DE PEGA, COLOCACIÓN DE PIEZAS, CORTE DE PIEZAS, TRATAMIENTO DE JUNTAS CADA 6x6 PIEZAS, O SIMILAR EQUIVALENTE. INCLUYE SUMINISTRO, TRANSPORTE,  INSTALACIÓN , DESTRONQUE, PULIDA Y BRILLADA."},{"$f":"VLOOKUP(B110,'Listado Ins Ana'!$G$3966:$M$8318,3,FALSE)","v":"M2"},{"$f":"+Y110","v":7751.84},{"$f":"VLOOKUP(B110,'Listado Ins Ana'!$G$3966:$M$8318,4,FALSE)","v":142822},{"$f":"ROUND(G110*(1+$F$867),0)","v":183760},{"$f":"ROUND(H110*F110,0)","v":1424478118},null,{"$f":"+I110","v":1424478118},null,null,null,1,null,null,null,{"$f":"VLOOKUP(B110,'Listado Ins Ana'!$G7716:$J100633,4,FALSE)-G110","v":0},null,{"$f":"+'auxiliar capitulos'!$A$24","v":"ACABADOS EN PISOS"},{"$f":"VLOOKUP(U110,'auxiliar capitulos'!$A$2:$M$68,13,FALSE)","v":"3.1.5"},{"$f":"IF(E110=\"\",\"\",IF(E109=\"\",1,W109+1))","v":1},null,7751.84,{"$f":"123.4+1741.83","v":1865.23},{"$f":"150.44+3478.17","v":3628.61},{"$f":"311+1947","v":2258}]
[72,"ARQ502",{"$f":"IF(W111=\"\",V111,CONCATENATE(V111,\".\",W111))","v":"3.1.5.2"},{"$f":"VLOOKUP(B111,'Listado Ins Ana'!$G$3966:$M$8318,2,FALSE)","v":"PISO TÉCNICO ELEVADO (≤60CM) PARA ÁREA DE CUARTO DE CONTROL Y POTENCIA. COLOR Y DIMENSIONES ACORDE CON LOS PLANOS Y ESPECIFICACIONES TÉCNICAS DEL PROVEEDOR, O SIMILAR EQUIVALENTE. INCLUYE (COMPONENTES DEL SISTEMA, SUMINISTRO E INSTALACIÓN)."},{"$f":"VLOOKUP(B111,'Listado Ins Ana'!$G$3966:$M$8318,3,FALSE)","v":"M2"},34.61,{"$f":"VLOOKUP(B111,'Listado Ins Ana'!$G$3966:$M$8318,4,FALSE)","v":0},0,0,null,0,null,null,null,1,null,null,null,{"$f":"VLOOKUP(B111,'Listado Ins Ana'!$G$3966:$J$100621,4,FALSE)-G111","v":0},null,{"$f":"+'auxiliar capitulos'!$A$24","v":"ACABADOS EN PISOS"},{"$f":"VLOOKUP(U111,'auxiliar capitulos'!$A$2:$M$68,13,FALSE)","v":"3.1.5"},2,null,{"$f":"SUM(Z111:CJ111)","v":34.61},12,10.61,12]
[73,"ARQ503","3.1.5.3",{"$f":"VLOOKUP(B112,'Listado Ins Ana'!$G$3966:$M$8318,2,FALSE)","v":"PISO EN REJILLA METÁLICA TIPO INDUSTRIAL  PESADO DE CONFIGURACIÓN 1\"X1\",  PARA PLATAFORMAS Y DESCANSOS DE ESCALERAS DE MANTENIMIENTO, SEGÚN ESPECIFICACIONES Y RECOMEDACIÓN TÉCNICAS DEL PROVEEDOR , INCLUYE (SUMINISTRO, REJILLAS,  ESTRUCTURAS DE APOYO , FIJACIONES , ACCESORIOS E INSTALACIÓN), O SIMILAR EQUIVALENTE."},{"$f":"VLOOKUP(B112,'Listado Ins Ana'!$G$3966:$M$8318,3,FALSE)","v":"M2"},33.380000000000003,{"$f":"VLOOKUP(B112,'Listado Ins Ana'!$G$3966:$M$8318,4,FALSE)","v":0},0,0,null,0,null,null,null,1,null,null,null,{"$f":"VLOOKUP(B112,'Listado Ins Ana'!$G$3966:$J$100621,4,FALSE)-G112","v":0},null,{"$f":"+'auxiliar capitulos'!$A$24","v":"ACABADOS EN PISOS"},{"$f":"VLOOKUP(U112,'auxiliar capitulos'!$A$2:$M$68,13,FALSE)","v":"3.1.5"},3,null,33.380000000000003,12,10.38,11]
[74,"ARQ504","3.1.5.4",{"$f":"VLOOKUP(B113,'Listado Ins Ana'!$G$3966:$M$8318,2,FALSE)","v":"ZÓCALO EN CONCRETO DE 3000PSI, FUNDIDO EN SITIO 0,15 M x 0,21 M. INCLUYE ACERO DE REFUERZO. SUMINISTRO E INSTALACIÓN."},{"$f":"VLOOKUP(B113,'Listado Ins Ana'!$G$3966:$M$8318,3,FALSE)","v":"M"},229.29000000000002,{"$f":"VLOOKUP(B113,'Listado Ins Ana'!$G$3966:$M$8318,4,FALSE)","v":31981.16},41148,9434825,null,9434825,null,null,null,1,null,null,null,{"$f":"VLOOKUP(B113,'Listado Ins Ana'!$G$3966:$J$100621,4,FALSE)-G113","v":0},null,{"$f":"+'auxiliar capitulos'!$A$24","v":"ACABADOS EN PISOS"},{"$f":"VLOOKUP(U113,'auxiliar capitulos'!$A$2:$M$68,13,FALSE)","v":"3.1.5"},4,null,229.29000000000002,133.33000000000001,50.29,45.67]
[75,"ARQ505","3.1.5.5",{"$f":"VLOOKUP(B114,'Listado Ins Ana'!$G$3966:$M$8318,2,FALSE)","v":"ZÓCALO EN CONCRETO DE 3000PSI, FUNDIDO EN SITIO 0,12 M x 0,21 M. INCLUYE ACERO DE REFUERZO. SUMINISTRO E INSTALACIÓN."},{"$f":"VLOOKUP(B114,'Listado Ins Ana'!$G$3966:$M$8318,3,FALSE)","v":"M"},9.1300000000000008,{"$f":"VLOOKUP(B114,'Listado Ins Ana'!$G$3966:$M$8318,4,FALSE)","v":27313.22},35142,320846,null,320846,null,null,null,1,null,null,null,{"$f":"VLOOKUP(B114,'Listado Ins Ana'!$G7716:$J100637,4,FALSE)-G114","v":0},null,{"$f":"+'auxiliar capitulos'!$A$24","v":"ACABADOS EN PISOS"},{"$f":"VLOOKUP(U114,'auxiliar capitulos'!$A$2:$M$68,13,FALSE)","v":"3.1.5"},5,null,9.1300000000000008,null,8.1300000000000008,1]
[76,5062,"3.1.5.6",{"$f":"VLOOKUP(B115,'Listado Ins Ana'!$G$3966:$M$8318,2,FALSE)","v":"ZOCALO MEDIA CAÑA EN GRANITO PARA INTERIORES H=7.2CM (INCLUYE SUMINISTRO Y COLOCACIÓN DE MATERIAL DE PEGA)"},{"$f":"VLOOKUP(B115,'Listado Ins Ana'!$G$3966:$M$8318,3,FALSE)","v":"ML"},22.7,{"$f":"VLOOKUP(B115,'Listado Ins Ana'!$G$3966:$M$8318,4,FALSE)","v":29597},38081,864439,null,864439,null,null,"No se calculó cantidad para este ítem. Se solicita confirmar que este íem no aplica.",1,null,null,null,{"$f":"VLOOKUP(B115,'Listado Ins Ana'!$G$3966:$J$100621,4,FALSE)-G115","v":0},null,{"$f":"+'auxiliar capitulos'!$A$24","v":"ACABADOS EN PISOS"},{"$f":"VLOOKUP(U115,'auxiliar capitulos'!$A$2:$M$68,13,FALSE)","v":"3.1.5"},6,null,22.7,13.87,null,8.83]
[77,"ARQ506","3.1.5.7",{"$f":"VLOOKUP(B116,'Listado Ins Ana'!$G$3966:$M$8318,2,FALSE)","v":"GUARDA ESCOBA EN GRANITO BLANCO HUILA FONDO BLANCO GRANO 1 DE FORMATO 0.10 CM X 0.30 CM (INCLUYE SUMINISTRO E INSTALACIÓN), O SIMILAR EQUIVALENTE."},{"$f":"VLOOKUP(B116,'Listado Ins Ana'!$G$3966:$M$8318,3,FALSE)","v":"M"},1750.24,{"$f":"VLOOKUP(B116,'Listado Ins Ana'!$G$3966:$M$8318,4,FALSE)","v":30231.59},38897,68079085,null,68079085,null,null,"No se calculó cantidad para este ítem. Se solicita confirmar que este íem no aplica.",1,null,null,null,{"$f":"VLOOKUP(B116,'Listado Ins Ana'!$G$3966:$J$100621,4,FALSE)-G116","v":0},null,{"$f":"+'auxiliar capitulos'!$A$24","v":"ACABADOS EN PISOS"},{"$f":"VLOOKUP(U116,'auxiliar capitulos'!$A$2:$M$68,13,FALSE)","v":"3.1.5"},7,null,1750.24,220.15,1084.54,445.55]
[78,"ARQ507","3.1.5.8",{"$f":"VLOOKUP(B117,'Listado Ins Ana'!$G$3966:$M$8318,2,FALSE)","v":"JUNTA METÁLICA CONSTRUCTIVA MULTIPROPÓSITO SERIE 400, TIPO DECODEPOT MODELO J471, O SIMILAR EQUIVALENTE."},{"$f":"VLOOKUP(B117,'Listado Ins Ana'!$G$3966:$M$8318,3,FALSE)","v":"ML"},0,{"$f":"VLOOKUP(B117,'Listado Ins Ana'!$G$3966:$M$8318,4,FALSE)","v":0},0,0,null,0,null,null,"No se calculó cantidad para este ítem. Se solicita confirmar que este íem no aplica.",1,null,null,null,{"$f":"VLOOKUP(B117,'Listado Ins Ana'!$G7716:$J100640,4,FALSE)-G117","v":0},null,{"$f":"+'auxiliar capitulos'!$A$24","v":"ACABADOS EN PISOS"},{"$f":"VLOOKUP(U117,'auxiliar capitulos'!$A$2:$M$68,13,FALSE)","v":"3.1.5"},8,null,0]
[79,"ARQ508","3.1.5.9",{"$f":"VLOOKUP(B118,'Listado Ins Ana'!$G$3966:$M$8318,2,FALSE)","v":"JUNTA METÁLICA CONSTRUCTIVA MULTIPROPÓSITO SERIE 400, TIPO DECODEPOT MODELO J421, O SIMILAR EQUIVALENTE."},{"$f":"VLOOKUP(B118,'Listado Ins Ana'!$G$3966:$M$8318,3,FALSE)","v":"ML"},0,{"$f":"VLOOKUP(B118,'Listado Ins Ana'!$G$3966:$M$8318,4,FALSE)","v":0},0,0,null,0,null,null,"No se calculó cantidad para este ítem. Se solicita confirmar que este íem no aplica.",1,null,null,null,{"$f":"VLOOKUP(B118,'Listado Ins Ana'!$G7716:$J100641,4,FALSE)-G118","v":0},null,{"$f":"+'auxiliar capitulos'!$A$24","v":"ACABADOS EN PISOS"},{"$f":"VLOOKUP(U118,'auxiliar capitulos'!$A$2:$M$68,13,FALSE)","v":"3.1.5"},9,null,0]
[80,"ARQ509","3.1.5.10",{"$f":"VLOOKUP(B119,'Listado Ins Ana'!$G$3966:$M$8318,2,FALSE)","v":"PISO EN GRANITO BLANCO HUILA FONDO BLANCO GRANO 1 ESMERILADO, VACIADO Y PULIDO EN SITIO E=1.5CM INCLUYE JUNTAS DE DILATACIÓN, COLOR BLANCO (INCLUYE SUMINISTRO E INSTALACIÓN) PARA ESCALERA."},{"$f":"VLOOKUP(B119,'Listado Ins Ana'!$G$3966:$M$8318,3,FALSE)","v":"M2"},431.55,{"$f":"VLOOKUP(B119,'Listado Ins Ana'!$G$3966:$M$8318,4,FALSE)","v":142822},183760,79301628,null,79301628,null,null,"No se calculó cantidad para este ítem. Se solicita confirmar que este íem no aplica.",1,null,null,null,{"$f":"VLOOKUP(B119,'Listado Ins Ana'!$G7716:$J100642,4,FALSE)-G119","v":0},null,{"$f":"+'auxiliar capitulos'!$A$24","v":"ACABADOS EN PISOS"},{"$f":"VLOOKUP(U119,'auxiliar capitulos'!$A$2:$M$68,13,FALSE)","v":"3.1.5"},10,null,431.55,112.12,134.53,184.9]
[81,"ARQ510","3.1.5.11",{"$f":"VLOOKUP(B120,'Listado Ins Ana'!$G$3966:$M$8318,2,FALSE)","v":"CINTA ANTIDESLIZANTE DE ALTO TRAFICO  ADHESIVA PARA ESCALERAS; COLOR NEGRO CON BANDA CENTRAL REFLECTIVA QUE ILUMINA AL CONTACTO CON LA LUZ DIRECTA; ADHESIVO RESISTENTE AL ENCOGIMIENTO Y AL DESPRENDIMIENTO. BASE POLIMÉRICA CON CAPA SUPERIOR DE MINERALES ABRASIVOS DE ALTO TRÁFICO. INCLUYE (SUMINISTRO E INSTALACIÓN)."},{"$f":"VLOOKUP(B120,'Listado Ins Ana'!$G$3966:$M$8318,3,FALSE)","v":"M"},900.66,{"$f":"VLOOKUP(B120,'Listado Ins Ana'!$G$3966:$M$8318,4,FALSE)","v":10334},13296,11975175,null,11975175,null,null,"No se calculó cantidad para este ítem. Se solicita confirmar que este íem no aplica.",1,null,null,null,{"$f":"VLOOKUP(B120,'Listado Ins Ana'!$G7716:$J100643,4,FALSE)-G120","v":0},null,{"$f":"+'auxiliar capitulos'!$A$24","v":"ACABADOS EN PISOS"},{"$f":"VLOOKUP(U120,'auxiliar capitulos'!$A$2:$M$68,13,FALSE)","v":"3.1.5"},11,null,900.66,171,359.8,369.86]
[82,"ARQ511","3.1.5.12",{"$f":"VLOOKUP(B121,'Listado Ins Ana'!$G$3966:$M$8318,2,FALSE)","v":"FRANJAS GUÍA  EN RESINA PREFABRICADA TERMOFLEXIBLE, CON ENDURECIMIENTO Y CURADO RÁPIDO VERTIDAS INSITU SOBRE ENCOFRADO CON MEDIDAS ESTANDAR SEGÚN NORMA NTC 5610 , O SIMILAR EQUIVALENTE. INCLUYE (SUMINISTRO, FIJACIÓN,  INSTALACIÓN Y CURADO)"},{"$f":"VLOOKUP(B121,'Listado Ins Ana'!$G$3966:$M$8318,3,FALSE)","v":"M2"},29.12,{"$f":"VLOOKUP(B121,'Listado Ins Ana'!$G$3966:$M$8318,4,FALSE)","v":0},0,0,null,0,null,null,"No se calculó cantidad para este ítem. Se solicita confirmar que este íem no aplica.",1,null,null,null,{"$f":"VLOOKUP(B121,'Listado Ins Ana'!$G7716:$J100644,4,FALSE)-G121","v":0},null,{"$f":"+'auxiliar capitulos'!$A$24","v":"ACABADOS EN PISOS"},{"$f":"VLOOKUP(U121,'auxiliar capitulos'!$A$2:$M$68,13,FALSE)","v":"3.1.5"},12,null,29.12,null,20.12,9]
[83,"ARQ512","3.1.5.13",{"$f":"VLOOKUP(B122,'Listado Ins Ana'!$G$3966:$M$8318,2,FALSE)","v":"FRANJAS ALERTA  EN RESINA PREFABRICADA TERMOFLEXIBLE, CON ENDURECIMIENTO Y CURADO RÁPIDO VERTIDAS INSITU SOBRE ENCOFRADO CON MEDIDAS ESTANDAR SEGÚN NORMA NTC 5610 , O SIMILAR EQUIVALENTE. INCLUYE (SUMINISTRO, FIJACIÓN,  INSTALACIÓN Y CURADO)"},{"$f":"VLOOKUP(B122,'Listado Ins Ana'!$G$3966:$M$8318,3,FALSE)","v":"M2"},126.07,{"$f":"VLOOKUP(B122,'Listado Ins Ana'!$G$3966:$M$8318,4,FALSE)","v":0},null,null,null,null,null,null,null,null,null,null,null,null,null,{"$f":"+'auxiliar capitulos'!$A$24","v":"ACABADOS EN PISOS"},{"$f":"VLOOKUP(U122,'auxiliar capitulos'!$A$2:$M$68,13,FALSE)","v":"3.1.5"},13,null,126.07,36,58.07,32]
[84,5433,"3.1.5.14",{"$f":"VLOOKUP(B123,'Listado Ins Ana'!$G$3966:$M$8318,2,FALSE)","v":"SILLA EN CONCRETO DE 3000 PSI 10CM X 15CM (SUMINISTRO E INSTALACIÓN)."},{"$f":"VLOOKUP(B123,'Listado Ins Ana'!$G$3966:$M$8318,3,FALSE)","v":"ML"},11.899999999999999,{"$f":"VLOOKUP(B123,'Listado Ins Ana'!$G$3966:$M$8318,4,FALSE)","v":55047},null,null,null,null,null,null,null,null,null,null,null,null,null,{"$f":"+'auxiliar capitulos'!$A$24","v":"ACABADOS EN PISOS"},{"$f":"VLOOKUP(U123,'auxiliar capitulos'!$A$2:$M$68,13,FALSE)","v":"3.1.5"},14,null,11.899999999999999,4.04,4,3.86]
[85,"ARQ513","3.1.5.15",{"$f":"VLOOKUP(B124,'Listado Ins Ana'!$G$3966:$M$8318,2,FALSE)","v":"BOCAPUERTA EN GRANITO BLANCO HUILA ESMERILADO, ANCHO 12CM  VACIADO Y PULIDO EN SITIO. INCLUYE SUMINISTRO,  PEGA E INSTALCIÓN)."},{"$f":"VLOOKUP(B124,'Listado Ins Ana'!$G$3966:$M$8318,3,FALSE)","v":"M"},31.85,{"$f":"VLOOKUP(B124,'Listado Ins Ana'!$G$3966:$M$8318,4,FALSE)","v":29377.599999999999},null,null,null,null,null,null,null,null,null,null,null,null,null,{"$f":"+'auxiliar capitulos'!$A$24","v":"ACABADOS EN PISOS"},{"$f":"VLOOKUP(U124,'auxiliar capitulos'!$A$2:$M$68,13,FALSE)","v":"3.1.5"},15,null,31.85,13.17,11.25,7.43]
[86,"ARQ514","3.1.5.16",{"$f":"VLOOKUP(B125,'Listado Ins Ana'!$G$3966:$M$8318,2,FALSE)","v":"ZÓCALO EN CONCRETO DE 3000PSI, FUNDIDO EN SITIO 0,10 M x 0,15 M. INCLUYE ACERO DE REFUERZO. SUMINISTRO E INSTALACIÓN."},{"$f":"VLOOKUP(B125,'Listado Ins Ana'!$G$3966:$M$8318,3,FALSE)","v":"M"},46.540000000000006,{"$f":"VLOOKUP(B125,'Listado Ins Ana'!$G$3966:$M$8318,4,FALSE)","v":20369.48},{"$f":"ROUND(G125*(1+$F$867),0)","v":26208},{"$f":"ROUND(H125*F125,0)","v":1219720},null,null,null,null,null,null,null,null,null,null,null,{"$f":"+'auxiliar capitulos'!$A$24","v":"ACABADOS EN PISOS"},{"$f":"VLOOKUP(U125,'auxiliar capitulos'!$A$2:$M$68,13,FALSE)","v":"3.1.5"},16,null,46.540000000000006,24,10.48,12.06]
[87,null,"3.1.6","CUBIERTAS, CIELO RASO, ACABADOS, IMPERMEABILIZACIÓN",null,null,null,null,null,null,null,null,null,null,null,null,null,null,null,null,"CUBIERTAS, CIELO RASO, ACABADOS, IMPERMEABILIZACIÓN",{"$f":"VLOOKUP(U126,'auxiliar capitulos'!$A$2:$M$68,13,FALSE)","v":"3.1.6"},{"$f":"IF(E126=\"\",\"\",IF(E118=\"\",1,W118+1))","v":""},null,0]
[88,5933,"3.1.6.1",{"$f":"VLOOKUP(B127,'Listado Ins Ana'!$G$3966:$M$8318,2,FALSE)","v":"CUBIERTA 333C SENCILLA EN ALUZINC CAL. 24. SUM E INSTAL. PANEL SIN TRASLAPOS LONGITUDINALES. PINTURA PLASTISOL/DURANAR POR 1 CARA. COLOR A ESCOGER (E= 24 MICRONES). CLIPS METALICOS OCULTOS AISLANTE EN FIBRA DE VIDRIO DE 38MM."},{"$f":"VLOOKUP(B127,'Listado Ins Ana'!$G$3966:$M$8318,3,FALSE)","v":"M2"},{"$f":"+Y127","v":0},{"$f":"VLOOKUP(B127,'Listado Ins Ana'!$G$3966:$M$8318,4,FALSE)","v":229154},{"$f":"ROUND(G127*(1+$F$867),0)","v":294839},{"$f":"ROUND(H127*F127,0)","v":0},null,{"$f":"+I127","v":0},"Item retirado de la BD IDU",null,"No se calculó cantidad para este ítem. Se solicita confirmar que este íem no aplica.",1,null,null,null,{"$f":"VLOOKUP(B127,'Listado Ins Ana'!$G7716:$J100635,4,FALSE)-G127","v":{"$error":"#N/A"}},null,"CUBIERTAS, CIELO RASO, ACABADOS, IMPERMEABILIZACIÓN",{"$f":"VLOOKUP(U127,'auxiliar capitulos'!$A$2:$M$68,13,FALSE)","v":"3.1.6"},{"$f":"IF(E127=\"\",\"\",IF(E126=\"\",1,W126+1))","v":1},null,0]
[89,"ARQ601","3.1.6.2",{"$f":"VLOOKUP(B128,'Listado Ins Ana'!$G$3966:$M$8318,2,FALSE)","v":"SISTEMA DE ACRISTALAMIENTO Y TECHOS DE POLICARBONATO SUNGLAZE, TIPO SUNGLAZE TM 4/600, GROSOR  4 MM, ANCHO 585 MM (SISTEMA DE 600 MM), ALTURA 21 MM, (SUMINISTRO E INSTALACIÓN), O SIMILAR EQUIVALENTE."},{"$f":"VLOOKUP(B128,'Listado Ins Ana'!$G$3966:$M$8318,3,FALSE)","v":"M2"},470,{"$f":"VLOOKUP(B128,'Listado Ins Ana'!$G$3966:$M$8318,4,FALSE)","v":125464},161427,75870690,null,null,null,null,null,null,null,null,null,null,null,"CUBIERTAS, CIELO RASO, ACABADOS, IMPERMEABILIZACIÓN",{"$f":"VLOOKUP(U128,'auxiliar capitulos'!$A$2:$M$68,13,FALSE)","v":"3.1.6"},2,null,470,209,null,261]
[90,"ARQ002","3.1.6.3",{"$f":"VLOOKUP(B129,'Listado Ins Ana'!$G$3966:$M$8318,2,FALSE)","v":"CUBIERTA EN ALUZINC CAL. 24. SUMINISTRO E INSTALACIÓN. PANEL SIN TRASLAPOS LONGITUDINALES. PINTURA PLASTISOL/DURANAR POR 1 CARA. COLOR A ESCOGER (E= 24 MICRONES). CLIPS METALICOS OCULTOS AISLANTE EN FIBRA DE VIDRIO DE 38MM. INCLUYE FLANCHE LATERAL PARA REMATE DE CUBIERTA Y CORTAGOTERA."},{"$f":"VLOOKUP(B129,'Listado Ins Ana'!$G$3966:$M$8318,3,FALSE)","v":"M2"},4293.3500000000004,{"$f":"VLOOKUP(B129,'Listado Ins Ana'!$G$3966:$M$8318,4,FALSE)","v":425132},546992,2348428103,null,null,null,null,null,null,null,null,null,null,null,"CUBIERTAS, CIELO RASO, ACABADOS, IMPERMEABILIZACIÓN",{"$f":"VLOOKUP(U129,'auxiliar capitulos'!$A$2:$M$68,13,FALSE)","v":"3.1.6"},3,null,4293.3500000000004,933.46,1502.89,1857]
[90,"ARQ602","3.1.6.4",{"$f":"VLOOKUP(B130,'Listado Ins Ana'!$G$3966:$M$8318,2,FALSE)","v":"CUBIERTA  STICK SERIE 45 ALUMINA,   ALUMINIO A LA VISTA, ANODIZADO COLOR NATURAL Y VIDRIO LAMINADO TEMPLADO DE 5MM+5MM+75MICRAS DE PVB -TRANSPARENCIA, COLOR Y TEXTURA A CONVENIR- SEGÚN NORMA NSR-10, (INCLUYE SUMINISTRO, ACCESORIOS, ANCLAJES, ESTRUCTURA DE APOYO E INSTALACIÓN), O,  SIMILAR EQUIVALENTE. "},{"$f":"VLOOKUP(B130,'Listado Ins Ana'!$G$3966:$M$8318,3,FALSE)","v":"M2"},0,{"$f":"VLOOKUP(B130,'Listado Ins Ana'!$G$3966:$M$8318,4,FALSE)","v":0},0,0,null,null,null,null,null,null,null,null,null,null,null,"CUBIERTAS, CIELO RASO, ACABADOS, IMPERMEABILIZACIÓN",{"$f":"VLOOKUP(U130,'auxiliar capitulos'!$A$2:$M$68,13,FALSE)","v":"3.1.6"},4,null,0]
[93,"ARQ607","3.1.6.5",{"$f":"VLOOKUP(B131,'Listado Ins Ana'!$G$3966:$M$8318,2,FALSE)","v":"PANEL DE FIBROCEMENTO MACHIMBRADO  TEXTURA MADERA E=14MM. SOBRE CARA INTERIOR Y EXTERIOR DE LA SUBESTRUCTURA METÁLICA DE CUBIERTA, FACHAS Y PARAPETOS, TIPO PLYCEM O SIMILAR EQUIVALENTE. INCLUYE  SUMINISTRO, TRASIEGO, INSTALACIÓN, CLIPS DE FIJACIÓN , ACCESORIOS, SELLOS Y REMATES."},{"$f":"VLOOKUP(B131,'Listado Ins Ana'!$G$3966:$M$8318,3,FALSE)","v":"M2"},167,{"$f":"VLOOKUP(B131,'Listado Ins Ana'!$G$3966:$M$8318,4,FALSE)","v":658391},847112,141467704,null,null,"Item retirado de la BD IDU",null,null,null,null,null,null,null,null,"CUBIERTAS, CIELO RASO, ACABADOS, IMPERMEABILIZACIÓN",{"$f":"VLOOKUP(U131,'auxiliar capitulos'!$A$2:$M$68,13,FALSE)","v":"3.1.6"},5,null,167,46.4,120.6]
[94,"ARQ603","3.1.6.6",{"$f":"VLOOKUP(B132,'Listado Ins Ana'!$G$3966:$M$8318,2,FALSE)","v":"TAPA CON MARCO PARA INSPECCIÓN DE REDES EN CIELO RASO; COMPUESTA DE LÁMINA DE YESO E.=3/8”, CON PINTURA VINILO ACRÍLICA PLÁSTICA LAVABLE TIPO 1, APLICADO EN TRES CAPAS; MARCO Y CONTRAMARCO EN PERFILES DE PVC TIPO “H” FIJADOS CON TORNILLOS AUTOPERFORANTES. MEDIDAS A <= 60CM, L <= 60CM."},{"$f":"VLOOKUP(B132,'Listado Ins Ana'!$G$3966:$M$8318,3,FALSE)","v":"M2"},0,{"$f":"VLOOKUP(B132,'Listado Ins Ana'!$G$3966:$M$8318,4,FALSE)","v":0},0,0,null,null,null,null,null,null,null,null,null,null,null,"CUBIERTAS, CIELO RASO, ACABADOS, IMPERMEABILIZACIÓN",{"$f":"VLOOKUP(U132,'auxiliar capitulos'!$A$2:$M$68,13,FALSE)","v":"3.1.6"},6,null,0]
[95,"ARQ604","3.1.6.7",{"$f":"VLOOKUP(B133,'Listado Ins Ana'!$G$3966:$M$8318,2,FALSE)","v":"CANALETA EN LÁMINA GALVANIZADA CALIBRE 18, ANCHO 30CM, GRAFADA,  SOLDADA  Y PINTADA CON ATICORROSIVO Y COLOR FINAL RAL 7047. INCLUYE SUMINISTRO E INSTALACIÓN."},{"$f":"VLOOKUP(B133,'Listado Ins Ana'!$G$3966:$M$8318,3,FALSE)","v":"M"},473.31,{"$f":"VLOOKUP(B133,'Listado Ins Ana'!$G$3966:$M$8318,4,FALSE)","v":138107},177694,84104347,null,null,null,null,null,null,null,null,null,null,null,"CUBIERTAS, CIELO RASO, ACABADOS, IMPERMEABILIZACIÓN",{"$f":"VLOOKUP(U133,'auxiliar capitulos'!$A$2:$M$68,13,FALSE)","v":"3.1.6"},7,null,473.31,60.6,212.71,200]
[96,5066,"3.1.6.8",{"$f":"VLOOKUP(B134,'Listado Ins Ana'!$G$3966:$M$8318,2,FALSE)","v":"FLANCHE LATERAL, REMATE DE CUBIERTA EN LAMINA GALVANIZADA CAL. 16 Y PINTADA. DESARROLLO 0.30M. SUMINISTRO E INSTALACIÓN. (NO INCLUYE ANDAMIO)"},{"$f":"VLOOKUP(B134,'Listado Ins Ana'!$G$3966:$M$8318,3,FALSE)","v":"ML"},41.42,{"$f":"VLOOKUP(B134,'Listado Ins Ana'!$G$3966:$M$8318,4,FALSE)","v":31512},40545,1679374,null,null,null,null,null,null,null,null,null,null,null,"CUBIERTAS, CIELO RASO, ACABADOS, IMPERMEABILIZACIÓN",{"$f":"VLOOKUP(U134,'auxiliar capitulos'!$A$2:$M$68,13,FALSE)","v":"3.1.6"},8,null,41.42,41.42]
[97,"ARQ606","3.1.6.9",{"$f":"VLOOKUP(B135,'Listado Ins Ana'!$G$3966:$M$8318,2,FALSE)","v":"MANTO IMPERMEABILIZANTE CON ALUMINIO REFLECTIVO AUTOADHESIVVO . INCLUYE SUMINISTRO E INSTALACIÓN."},{"$f":"VLOOKUP(B135,'Listado Ins Ana'!$G$3966:$M$8318,3,FALSE)","v":"M2"},0,{"$f":"VLOOKUP(B135,'Listado Ins Ana'!$G$3966:$M$8318,4,FALSE)","v":1},1,0,null,null,null,null,null,null,null,null,null,null,null,"CUBIERTAS, CIELO RASO, ACABADOS, IMPERMEABILIZACIÓN",{"$f":"VLOOKUP(U135,'auxiliar capitulos'!$A$2:$M$68,13,FALSE)","v":"3.1.6"},9,null,0]
[98,"ARQ605","3.1.6.10",{"$f":"VLOOKUP(B136,'Listado Ins Ana'!$G$3966:$M$8318,2,FALSE)","v":"CUBIERTA CORREDERA , O,  DE ACCESO AL TECHO CON TRAGALUZ CORREDIZO, O SIMILAR EQUIVALENTE."},{"$f":"VLOOKUP(B136,'Listado Ins Ana'!$G$3966:$M$8318,3,FALSE)","v":"UN"},3,{"$f":"VLOOKUP(B136,'Listado Ins Ana'!$G$3966:$M$8318,4,FALSE)","v":0},0,0,null,{"$f":"+I136","v":0},null,null,"No se calculó cantidad para este ítem. Se solicita confirmar que este íem no aplica.",1,null,null,null,{"$f":"VLOOKUP(B136,'Listado Ins Ana'!$G7716:$J100636,4,FALSE)-G136","v":0},null,"CUBIERTAS, CIELO RASO, ACABADOS, IMPERMEABILIZACIÓN",{"$f":"VLOOKUP(U136,'auxiliar capitulos'!$A$2:$M$68,13,FALSE)","v":"3.1.6"},10,null,3,1,1,1]
[99,null,"3.1.7",{"$f":"+'auxiliar capitulos'!$A$26","v":"FACHADAS Y ACABADOS ARQUITECTÓNICOS"},null,null,null,null,null,null,null,null,null,null,null,null,null,null,null,null,{"$f":"+'auxiliar capitulos'!$A$26","v":"FACHADAS Y ACABADOS ARQUITECTÓNICOS"},{"$f":"VLOOKUP(U137,'auxiliar capitulos'!$A$2:$M$68,13,FALSE)","v":"3.1.7"},{"$f":"IF(E137=\"\",\"\",IF(E129=\"\",1,W129+1))","v":""},null,0]
[100,"ARQ701","3.1.7.5",{"$f":"VLOOKUP(B138,'Listado Ins Ana'!$G$3966:$M$8318,2,FALSE)","v":"FACHADA STICK SERIE 45 ALUMINA,   ALUMINIO A LA VISTA, ANODIZADO COLOR NATURAL Y VIDRIO LAMINADO TEMPLADO DE 4MM+4MM+75MICRAS DE PVB -TRANSPARENCIA Y TEXTURA A CONVENIR- SEGÚN NORMA NSR-10, (INCLUYE SUMINISTRO, VENTANAS  Y PUERTAS PROYECTANTES, HERRAJES,  ACCESORIOS, ANCLAJES, ESTRUCTURA DE APOYO E INSTALACIÓN), O,  SIMILAR EQUIVALENTE."},{"$f":"VLOOKUP(B138,'Listado Ins Ana'!$G$3966:$M$8318,3,FALSE)","v":"M2"},{"$f":"+Y138","v":7707.8000000000011},{"$f":"VLOOKUP(B138,'Listado Ins Ana'!$G$3966:$M$8318,4,FALSE)","v":0},{"$f":"ROUND(G138*(1+$F$867),0)","v":0},{"$f":"ROUND(H138*F138,0)","v":0},null,null,null,null,null,null,null,null,null,null,null,{"$f":"+'auxiliar capitulos'!$A$26","v":"FACHADAS Y ACABADOS ARQUITECTÓNICOS"},{"$f":"VLOOKUP(U138,'auxiliar capitulos'!$A$2:$M$68,13,FALSE)","v":"3.1.7"},5,null,7707.8000000000011,2470,2909.53,2328.27]
[101,"ARQ702","3.1.7.6",{"$f":"VLOOKUP(B139,'Listado Ins Ana'!$G$3966:$M$8318,2,FALSE)","v":"MODULO DE PERSIANA EN CELOSIA DE ACERO GALVANIZADO CAL 18 Y ESTRUCTURA METÁLICA DE SOPORTE, DE COLOR RAL 7035 ALUMINIO ADONIZADO SEGUN MUESTRA , CON  FIJACIONES, ANCLAJES, REMATES, Y ACCESORIOS,  O SIMILAR EQUIVALENTE,  SEGUN SU UBICACIÓN  EN MODELOS BIM, PLANOS Y ESPECIFICACIONES TÉCNICAS. INCLUYE (MONTAJE, SUMINISTRO E INSTALACIÓN)."},{"$f":"VLOOKUP(B139,'Listado Ins Ana'!$G$3966:$M$8318,3,FALSE)","v":"M2"},150.29000000000002,{"$f":"VLOOKUP(B139,'Listado Ins Ana'!$G$3966:$M$8318,4,FALSE)","v":863716.08},1111292,167016075,null,null,null,null,null,null,null,null,null,null,null,{"$f":"+'auxiliar capitulos'!$A$26","v":"FACHADAS Y ACABADOS ARQUITECTÓNICOS"},{"$f":"VLOOKUP(U139,'auxiliar capitulos'!$A$2:$M$68,13,FALSE)","v":"3.1.7"},6,null,150.29000000000002,49,51.62,49.67]
[102,"ARQ703","3.1.7.7",{"$f":"VLOOKUP(B140,'Listado Ins Ana'!$G$3966:$M$8318,2,FALSE)","v":"SISTEMA DE JARDÍN VERTICAL FACHADA VERDE TIPO GRO-WALL 4.5, CON PERFORACIONES PARA SISTEMA DE RIEGO, MATERIAL EN POLIPROPILENO RECICLADO, COLOR NEGRO, INCLUYE ESTRUCTURA DE SOPORTE, ACCESORIOS, FIJACIÓN, MONTAJE,  E INSTALACIÓN Y DEMÁS NECESARIOS PARA SU OPERACIÓN; O SIMILAR EQUIVALENTE. "},{"$f":"VLOOKUP(B140,'Listado Ins Ana'!$G$3966:$M$8318,3,FALSE)","v":"M2"},1049.51,{"$f":"VLOOKUP(B140,'Listado Ins Ana'!$G$3966:$M$8318,4,FALSE)","v":300000},385992,405102464,null,{"$f":"+I140","v":405102464},null,null,null,null,null,null,null,{"$f":"VLOOKUP(B140,'Listado Ins Ana'!$G$3966:$J$100621,4,FALSE)-G140","v":0},null,{"$f":"+'auxiliar capitulos'!$A$26","v":"FACHADAS Y ACABADOS ARQUITECTÓNICOS"},{"$f":"VLOOKUP(U140,'auxiliar capitulos'!$A$2:$M$68,13,FALSE)","v":"3.1.7"},7,null,1049.51,287.17,527.05999999999995,235.28]
[103,"ARQ704","3.1.7.8",{"$f":"VLOOKUP(B141,'Listado Ins Ana'!$G$3966:$M$8318,2,FALSE)","v":"SISTEMA DE JARDÍN VERTICAL FACHADA VERDE TIPO GRO-WALL SLIMPRO, CON PERFORACIONES PARA SISTEMA DE RIEGO, MATERIAL EN POLIPROPILENO RECICLADO, COLOR NEGRO, INCLUYE ESTRUCTURA DE SOPORTE, SISTEMA DE RIEGO, ACCESORIOS, FIJACIÓN, MONTAJE, CONSTRUCCIÓN E INSTALACIÓN Y DEMÁS NECESARIOS PARA SU OPERACIÓN; O SIMILAR EQUIVALENTE. "},{"$f":"VLOOKUP(B141,'Listado Ins Ana'!$G$3966:$M$8318,3,FALSE)","v":"M2"},0,{"$f":"VLOOKUP(B141,'Listado Ins Ana'!$G$3966:$M$8318,4,FALSE)","v":300000},385992,0,null,null,null,null,null,null,null,null,null,null,null,{"$f":"+'auxiliar capitulos'!$A$26","v":"FACHADAS Y ACABADOS ARQUITECTÓNICOS"},{"$f":"VLOOKUP(U141,'auxiliar capitulos'!$A$2:$M$68,13,FALSE)","v":"3.1.7"},8,null,0]
[104,"ARQ705","3.1.7.9",{"$f":"VLOOKUP(B142,'Listado Ins Ana'!$G$3966:$M$8318,2,FALSE)","v":"SISTEMA DE JARDÍN VERTICAL FACHADA VERDE TIPO GRO-WALL FACADE, CON PERFORACIONES PARA SISTEMA DE RIEGO, MATERIAL EN POLIPROPILENO RECICLADO, COLOR NEGRO, INCLUYE ESTRUCTURA DE SOPORTE, SISTEMA DE RIEGO, ACCESORIOS, FIJACIÓN, MONTAJE,  E INSTALACIÓN Y DEMÁS NECESARIOS PARA SU OPERACIÓN; O SIMILAR EQUIVALENTE. "},{"$f":"VLOOKUP(B142,'Listado Ins Ana'!$G$3966:$M$8318,3,FALSE)","v":"M2"},0,{"$f":"VLOOKUP(B142,'Listado Ins Ana'!$G$3966:$M$8318,4,FALSE)","v":300000},385992,0,null,null,null,null,null,null,null,null,null,null,null,{"$f":"+'auxiliar capitulos'!$A$26","v":"FACHADAS Y ACABADOS ARQUITECTÓNICOS"},{"$f":"VLOOKUP(U142,'auxiliar capitulos'!$A$2:$M$68,13,FALSE)","v":"3.1.7"},9,null,0]
[105,"ARQ706",{"$f":"IF(W143=\"\",V143,CONCATENATE(V143,\".\",W143))","v":"3.1.7.10"},{"$f":"VLOOKUP(B143,'Listado Ins Ana'!$G$3966:$M$8318,2,FALSE)","v":"CORTASOL EN PANEL METALICO EN ALUZINC TIPO QUADROBRISE 25/75, , ACABADO LISO, COLOR ROBLE, Y FIJACIÓN ENTRE EJES 20CM ,  O SIMILAR EQUIVALENTE. INCLUYE (SUMINISTRO, FIJACIONES, ACCESORIOS, ESTRUCTURA DE APOYO SEGÚN NSR-10, E INSTALACIÓN)."},{"$f":"VLOOKUP(B143,'Listado Ins Ana'!$G$3966:$M$8318,3,FALSE)","v":"M2"},479.15,{"$f":"VLOOKUP(B143,'Listado Ins Ana'!$G$3966:$M$8318,4,FALSE)","v":130680},168138,80563323,null,{"$f":"+I143","v":80563323},null,null,null,null,null,null,null,null,null,{"$f":"+'auxiliar capitulos'!$A$26","v":"FACHADAS Y ACABADOS ARQUITECTÓNICOS"},{"$f":"VLOOKUP(U143,'auxiliar capitulos'!$A$2:$M$68,13,FALSE)","v":"3.1.7"},10,null,{"$f":"SUM(Z143:CJ143)","v":479.15},265,59.57,154.58000000000001]
[106,"ARQ707","3.1.7.11",{"$f":"VLOOKUP(B144,'Listado Ins Ana'!$G$3966:$M$8318,2,FALSE)","v":"SOPORTE ARAÑA 4 PUNTOS ARTICULADO CON CONECTOR A VIGA Y/O COLUMNA  TIPO PESADO EN ACERO INOXIDABLE 304,  ACABADO LISO Y COLOR SATINADO  REF OGS11-907C-OS, O SIMILAR EQUIVALENTE. INCLUYE (SUMINISTRO, FIJACIONES, ACCESORIOS, ESTRUCTURA DE APOYO SEGÚN NSR-10, E INSTALACIÓN)."},{"$f":"VLOOKUP(B144,'Listado Ins Ana'!$G$3966:$M$8318,3,FALSE)","v":"UN"},136,{"$f":"VLOOKUP(B144,'Listado Ins Ana'!$G$3966:$M$8318,4,FALSE)","v":0},0,0,null,null,null,null,null,null,null,null,null,null,null,{"$f":"+'auxiliar capitulos'!$A$26","v":"FACHADAS Y ACABADOS ARQUITECTÓNICOS"},{"$f":"VLOOKUP(U144,'auxiliar capitulos'!$A$2:$M$68,13,FALSE)","v":"3.1.7"},11,null,136,136]
[107,null,"3.1.8",{"$f":"'auxiliar capitulos'!$A$27","v":"CARPINTERÍA EN ALUMINIO INTERNA"},null,null,null,null,null,null,null,null,null,null,null,null,null,null,null,null,{"$f":"'auxiliar capitulos'!$A$27","v":"CARPINTERÍA EN ALUMINIO INTERNA"},{"$f":"VLOOKUP(U145,'auxiliar capitulos'!$A$2:$M$68,13,FALSE)","v":"3.1.8"},"",null,0]
[108,"ARQ801","3.1.8.1",{"$f":"VLOOKUP(B146,'Listado Ins Ana'!$G$3966:$M$8318,2,FALSE)","v":"VENTANAS FIJAS, VENTANAS PROYECTANTES, PUERTAS BATIENTES,    CON PERFILERIA INTERIOR EN ALUMINIO TIPO LINEA SUPERIOR SERIE 35  ANODIZADO, COLOR NATURAL Y VIDRIO TRANSPARENTE TEMPLADO  DE SEGURIDAD, ESPESOR  6-10MM, O SIMILAR EQUIVALENTE. (INCLUYE SUMINISTRO, ACCESORIOS, HERRAJES, ESTRUCTURA DE APOYO E INSTALACIÓN), "},{"$f":"VLOOKUP(B146,'Listado Ins Ana'!$G$3966:$M$8318,3,FALSE)","v":"M2"},{"$f":"+Y146","v":802.8},{"$f":"VLOOKUP(B146,'Listado Ins Ana'!$G$3966:$M$8318,4,FALSE)","v":0},{"$f":"ROUND(G146*(1+$F$867),0)","v":0},{"$f":"ROUND(H146*F146,0)","v":0},null,{"$f":"+I146","v":0},null,null,null,null,null,null,null,{"$f":"VLOOKUP(B146,'Listado Ins Ana'!$G$3966:$J$100621,4,FALSE)-G146","v":0},null,{"$f":"'auxiliar capitulos'!$A$27","v":"CARPINTERÍA EN ALUMINIO INTERNA"},{"$f":"VLOOKUP(U146,'auxiliar capitulos'!$A$2:$M$68,13,FALSE)","v":"3.1.8"},{"$f":"IF(E146=\"\",\"\",IF(E145=\"\",1,W145+1))","v":1},null,802.8,338,374.13,90.67]
[109,7267,"3.1.8.2",{"$f":"VLOOKUP(B147,'Listado Ins Ana'!$G$3966:$M$8318,2,FALSE)","v":"PERSIANA EN ALUMINIO EXTRUIDO NATURAL MATE O ACERO GALVANIZADO (INCLUYE SUMINISTRO E INSTALACIÓN)"},{"$f":"VLOOKUP(B147,'Listado Ins Ana'!$G$3966:$M$8318,3,FALSE)","v":"M2"},{"$f":"+Y147","v":0},{"$f":"VLOOKUP(B147,'Listado Ins Ana'!$G$3966:$M$8318,4,FALSE)","v":233090},{"$f":"ROUND(G147*(1+$F$867),0)","v":299903},{"$f":"ROUND(H147*F147,0)","v":0},null,{"$f":"+I147","v":0},null,null,null,null,null,null,null,{"$f":"VLOOKUP(B147,'Listado Ins Ana'!$G7716:$J100653,4,FALSE)-G147","v":{"$error":"#N/A"}},null,{"$f":"'auxiliar capitulos'!$A$27","v":"CARPINTERÍA EN ALUMINIO INTERNA"},{"$f":"VLOOKUP(U147,'auxiliar capitulos'!$A$2:$M$68,13,FALSE)","v":"3.1.8"},{"$f":"IF(E147=\"\",\"\",IF(E146=\"\",1,W146+1))","v":2},null,0]
[110,null,"3.1.9",{"$f":"'auxiliar capitulos'!$A$28","v":"CARPINTERÍA METÁLICA"},null,null,null,null,null,null,null,null,null,null,null,null,null,null,null,null,{"$f":"'auxiliar capitulos'!$A$28","v":"CARPINTERÍA METÁLICA"},{"$f":"VLOOKUP(U148,'auxiliar capitulos'!$A$2:$M$68,13,FALSE)","v":"3.1.9"},{"$f":"IF(E148=\"\",\"\",IF(E140=\"\",1,W140+1))","v":""},null,0]
[111,"ARQ901","3.1.9.1",{"$f":"VLOOKUP(B149,'Listado Ins Ana'!$G$3966:$M$8318,2,FALSE)","v":"PUERTA SEGÚN TIPO Y DISEÑO DE DETALLE (VER PLANOS ANEXOS)"},{"$f":"VLOOKUP(B149,'Listado Ins Ana'!$G$3966:$M$8318,3,FALSE)","v":"UN"},{"$f":"+Y149","v":0},{"$f":"VLOOKUP(B149,'Listado Ins Ana'!$G$3966:$M$8318,4,FALSE)","v":0},{"$f":"ROUND(G149*(1+$F$867),0)","v":0},{"$f":"ROUND(H149*F149,0)","v":0},{"$f":"SUM(I149:I180)/180","v":2153611.1444444442},{"$f":"+I149","v":0},null,null,"No se calculó cantidad para este ítem. Se solicita confirmar que este íem no aplica.",1,null,null,null,{"$f":"VLOOKUP(B149,'Listado Ins Ana'!$G7716:$J100663,4,FALSE)-G149","v":0},null,{"$f":"'auxiliar capitulos'!$A$28","v":"CARPINTERÍA METÁLICA"},{"$f":"VLOOKUP(U149,'auxiliar capitulos'!$A$2:$M$68,13,FALSE)","v":"3.1.9"},{"$f":"IF(E149=\"\",\"\",IF(E148=\"\",1,W148+1))","v":1},null,0]
[112,"ARQ901-1","3.1.9.2",{"$f":"VLOOKUP(B150,'Listado Ins Ana'!$G$3966:$M$8318,2,FALSE)","v":"P1-A (0.60 X 2.50 MTS) PUERTA EN LÁMINA CR CAL. 18, PINTURA ELECTROSTÁTICA COLOR ALUMINIO ANODIZADO O GRIS RAL 7035., MARCO CR CAL 18, PINTURA ELECTROSTÁTICA COLOR ALUMINIO ANODIZADO O GRIS RAL 7035"},{"$f":"VLOOKUP(B150,'Listado Ins Ana'!$G$3966:$M$8318,3,FALSE)","v":"UN"},1,{"$f":"VLOOKUP(B150,'Listado Ins Ana'!$G$3966:$M$8318,4,FALSE)","v":757295.88},974367,974367,null,974367,null,null,"No se calculó cantidad para este ítem. Se solicita confirmar que este íem no aplica.",1,null,null,null,{"$f":"VLOOKUP(B150,'Listado Ins Ana'!$G7716:$J100664,4,FALSE)-G150","v":0},null,{"$f":"'auxiliar capitulos'!$A$28","v":"CARPINTERÍA METÁLICA"},{"$f":"VLOOKUP(U150,'auxiliar capitulos'!$A$2:$M$68,13,FALSE)","v":"3.1.9"},2,null,1,1]
[113,"ARQ901-10","3.1.9.3",{"$f":"VLOOKUP(B151,'Listado Ins Ana'!$G$3966:$M$8318,2,FALSE)","v":"P4-B (2.00 X 2.50 MTS.) PUERTA EN LÁMINA CR CAL. 18, COLOR ALUMINIO ANODIZADO O GRIS RAL 7035., MARCO CR CAL 18, COLOR ALUMINIO ANODIZADO O GRIS RAL 7035."},{"$f":"VLOOKUP(B151,'Listado Ins Ana'!$G$3966:$M$8318,3,FALSE)","v":"UN"},3,{"$f":"VLOOKUP(B151,'Listado Ins Ana'!$G$3966:$M$8318,4,FALSE)","v":3118180},4011975,12035925,null,12035925,null,null,"No se calculó cantidad para este ítem. Se solicita confirmar que este íem no aplica.",1,null,null,null,{"$f":"VLOOKUP(B151,'Listado Ins Ana'!$G7716:$J100665,4,FALSE)-G151","v":0},null,{"$f":"'auxiliar capitulos'!$A$28","v":"CARPINTERÍA METÁLICA"},{"$f":"VLOOKUP(U151,'auxiliar capitulos'!$A$2:$M$68,13,FALSE)","v":"3.1.9"},3,null,3,1,2]
[114,"ARQ901-11","3.1.9.4",{"$f":"VLOOKUP(B152,'Listado Ins Ana'!$G$3966:$M$8318,2,FALSE)","v":"P4-C (2.40 X 2.50 MTS.) PUERTA ANTIPÁNICO EN LÁMINA CR CAL. 18, PINTURA ELECTROSTÁTICA COLOR ALUMINIO ANODIZADO O GRIS RAL 7035., MARCO CR CAL 18, PINTURA ELECTROSTÁTICA COLOR ALUMINIO ANODIZADO O GRIS RAL 7035, MÁS BARRA ANTIPÁNICO TIPO PUSH CON MANIJA PARA PUERTAS CORTAFUEGO."},{"$f":"VLOOKUP(B152,'Listado Ins Ana'!$G$3966:$M$8318,3,FALSE)","v":"UN"},1,{"$f":"VLOOKUP(B152,'Listado Ins Ana'!$G$3966:$M$8318,4,FALSE)","v":3897725},5014969,5014969,null,5014969,null,null,"No se calculó cantidad para este ítem. Se solicita confirmar que este íem no aplica.",1,null,null,null,{"$f":"VLOOKUP(B152,'Listado Ins Ana'!$G7716:$J100666,4,FALSE)-G152","v":0},null,{"$f":"'auxiliar capitulos'!$A$28","v":"CARPINTERÍA METÁLICA"},{"$f":"VLOOKUP(U152,'auxiliar capitulos'!$A$2:$M$68,13,FALSE)","v":"3.1.9"},4,null,1,1]
[115,"ARQ901-12","3.1.9.5",{"$f":"VLOOKUP(B153,'Listado Ins Ana'!$G$3966:$M$8318,2,FALSE)","v":"P5 (0.90 X 2.20 MTS.) PUERTA EN VIDRIO. PERFIL EN ALUMINIO ALN-A-218 + PISA VIDRIO ALN-A-222+EMPAQUE DE CAUCHO + PIVOTE. VIDRIO TEMPLANO LAMINADO DE 4 MM + 4 MM + PELICULA DE SEGURIDAD DE 75 MICRAS TRANSPARENTE."},{"$f":"VLOOKUP(B153,'Listado Ins Ana'!$G$3966:$M$8318,3,FALSE)","v":"UN"},5,{"$f":"VLOOKUP(B153,'Listado Ins Ana'!$G$3966:$M$8318,4,FALSE)","v":768186},988379,4941895,null,4941895,null,"Este Item ya no esta en IDU","No se calculó cantidad para este ítem. Se solicita confirmar que este íem no aplica.",1,null,null,null,{"$f":"VLOOKUP(B153,'Listado Ins Ana'!$G7716:$J100667,4,FALSE)-G153","v":0},null,{"$f":"'auxiliar capitulos'!$A$28","v":"CARPINTERÍA METÁLICA"},{"$f":"VLOOKUP(U153,'auxiliar capitulos'!$A$2:$M$68,13,FALSE)","v":"3.1.9"},5,null,5,1,null,4]
[116,"ARQ901-13","3.1.9.6",{"$f":"VLOOKUP(B154,'Listado Ins Ana'!$G$3966:$M$8318,2,FALSE)","v":"P5 (1.00 X 2.20 MTS.) PUERTA ANTIPÁNICO, MAS BARRA ANTIPÁNICO TIPO PUSH CON MANIJA PARA PUERTAS CORTAFUEGO. PERFIL EN ALUMINIO ALN-A-218 + PISA VIDRIO ALN-A-222+EMPAQUE DE CAUCHO + PIVOTE. VIDRIO TEMPLANO LAMINADO DE 4 MM + 4 MM + PELICULA DE SEGURIDAD DE 75 MICRAS TRANSPARENTE."},{"$f":"VLOOKUP(B154,'Listado Ins Ana'!$G$3966:$M$8318,3,FALSE)","v":"UN"},1,{"$f":"VLOOKUP(B154,'Listado Ins Ana'!$G$3966:$M$8318,4,FALSE)","v":853540},1098199,1098199,null,1098199,null,null,"No se calculó cantidad para este ítem. Se solicita confirmar que este íem no aplica.",1,null,null,null,{"$f":"VLOOKUP(B154,'Listado Ins Ana'!$G7716:$J100668,4,FALSE)-G154","v":0},null,{"$f":"'auxiliar capitulos'!$A$28","v":"CARPINTERÍA METÁLICA"},{"$f":"VLOOKUP(U154,'auxiliar capitulos'!$A$2:$M$68,13,FALSE)","v":"3.1.9"},6,null,1,null,null,1]
[117,"ARQ901-14","3.1.9.7",{"$f":"VLOOKUP(B155,'Listado Ins Ana'!$G$3966:$M$8318,2,FALSE)","v":"P6 (1.50 X 2.20 MTS.) PUERTA EN VIDRIO. PERFIL EN ALUMINIO ALN-A-218 + PISA VIDRIO ALN-A-222+EMPAQUE DE CAUCHO + PIVOTE. VIDRIO TEMPLANO LAMINADO DE 4 MM + 4 MM + PELICULA DE SEGURIDAD DE 75 MICRAS TRANSPARENTE."},{"$f":"VLOOKUP(B155,'Listado Ins Ana'!$G$3966:$M$8318,3,FALSE)","v":"UN"},14,{"$f":"VLOOKUP(B155,'Listado Ins Ana'!$G$3966:$M$8318,4,FALSE)","v":1280310},1647298,23062172,null,23062172,null,null,"No se calculó cantidad para este ítem. Se solicita confirmar que este íem no aplica.",1,null,null,null,{"$f":"VLOOKUP(B155,'Listado Ins Ana'!$G7716:$J100669,4,FALSE)-G155","v":0},null,{"$f":"'auxiliar capitulos'!$A$28","v":"CARPINTERÍA METÁLICA"},{"$f":"VLOOKUP(U155,'auxiliar capitulos'!$A$2:$M$68,13,FALSE)","v":"3.1.9"},7,null,14,7,7]
[118,"ARQ901-15","3.1.9.8",{"$f":"VLOOKUP(B156,'Listado Ins Ana'!$G$3966:$M$8318,2,FALSE)","v":"P6 (2.00 X 2.50 MTS.) PUERTA ANTIPÁNICO, MAS BARRA ANTIPÁNICO TIPO PUSH CON MANIJA PARA PUERTAS CORTAFUEGO. PERFIL EN ALUMINIO ALN-A-218 + PISA VIDRIO ALN-A-222+EMPAQUE DE CAUCHO + PIVOTE. VIDRIO TEMPLANO LAMINADO DE 4 MM + 4 MM + PELICULA DE SEGURIDAD DE 75 MICRAS TRANSPARENTE."},{"$f":"VLOOKUP(B156,'Listado Ins Ana'!$G$3966:$M$8318,3,FALSE)","v":"UN"},5,{"$f":"VLOOKUP(B156,'Listado Ins Ana'!$G$3966:$M$8318,4,FALSE)","v":1939863.64},2495906,12479530,null,12479530,null,null,"No se calculó cantidad para este ítem. Se solicita confirmar que este íem no aplica.",1,null,null,null,{"$f":"VLOOKUP(B156,'Listado Ins Ana'!$G7716:$J100670,4,FALSE)-G156","v":0},null,{"$f":"'auxiliar capitulos'!$A$28","v":"CARPINTERÍA METÁLICA"},{"$f":"VLOOKUP(U156,'auxiliar capitulos'!$A$2:$M$68,13,FALSE)","v":"3.1.9"},8,null,5,1,4]
[119,"ARQ901-16","3.1.9.9",{"$f":"VLOOKUP(B157,'Listado Ins Ana'!$G$3966:$M$8318,2,FALSE)","v":"P6 (3.00 X 2.50 MTS.) PUERTA ANTIPÁNICO, MAS BARRA ANTIPÁNICO TIPO PUSH CON MANIJA PARA PUERTAS CORTAFUEGO. PERFIL EN ALUMINIO ALN-A-218 + PISA VIDRIO ALN-A-222+EMPAQUE DE CAUCHO + PIVOTE. VIDRIO TEMPLANO LAMINADO DE 4 MM + 4 MM + PELICULA DE SEGURIDAD DE 75 MICRAS TRANSPARENTE."},{"$f":"VLOOKUP(B157,'Listado Ins Ana'!$G$3966:$M$8318,3,FALSE)","v":"UN"},4,{"$f":"VLOOKUP(B157,'Listado Ins Ana'!$G$3966:$M$8318,4,FALSE)","v":2909795.45},3743859,14975436,null,14975436,null,null,"No se calculó cantidad para este ítem. Se solicita confirmar que este íem no aplica.",1,null,null,null,{"$f":"VLOOKUP(B157,'Listado Ins Ana'!$G7716:$J100671,4,FALSE)-G157","v":0},null,{"$f":"'auxiliar capitulos'!$A$28","v":"CARPINTERÍA METÁLICA"},{"$f":"VLOOKUP(U157,'auxiliar capitulos'!$A$2:$M$68,13,FALSE)","v":"3.1.9"},9,null,4,1,null,3]
[120,"ARQ901-17","3.1.9.10",{"$f":"VLOOKUP(B158,'Listado Ins Ana'!$G$3966:$M$8318,2,FALSE)","v":"P7-A (0.60 X 1.90 MTS.) PUERTA DE ACERO INOXIDABLE MAS HERRAJES EN ACERO INOXIDABLE"},{"$f":"VLOOKUP(B158,'Listado Ins Ana'!$G$3966:$M$8318,3,FALSE)","v":"UN"},25,{"$f":"VLOOKUP(B158,'Listado Ins Ana'!$G$3966:$M$8318,4,FALSE)","v":575544.87},740519,18512975,null,18512975,null,null,"No se calculó cantidad para este ítem. Se solicita confirmar que este íem no aplica.",1,null,null,null,{"$f":"VLOOKUP(B158,'Listado Ins Ana'!$G7716:$J100672,4,FALSE)-G158","v":0},null,{"$f":"'auxiliar capitulos'!$A$28","v":"CARPINTERÍA METÁLICA"},{"$f":"VLOOKUP(U158,'auxiliar capitulos'!$A$2:$M$68,13,FALSE)","v":"3.1.9"},10,null,25,12,8,5]
[121,"ARQ901-18","3.1.9.11",{"$f":"VLOOKUP(B159,'Listado Ins Ana'!$G$3966:$M$8318,2,FALSE)","v":"P7-B (0.90 X 1.90 MTS.) PUERTA DE ACERO INOXIDABLE MAS HERRAJES EN ACERO INOXIDABLE"},{"$f":"VLOOKUP(B159,'Listado Ins Ana'!$G$3966:$M$8318,3,FALSE)","v":"UN"},4,{"$f":"VLOOKUP(B159,'Listado Ins Ana'!$G$3966:$M$8318,4,FALSE)","v":863317.3},1110779,4443116,null,4443116,null,null,"No se calculó cantidad para este ítem. Se solicita confirmar que este íem no aplica.",1,null,null,null,{"$f":"VLOOKUP(B159,'Listado Ins Ana'!$G7716:$J100673,4,FALSE)-G159","v":0},null,{"$f":"'auxiliar capitulos'!$A$28","v":"CARPINTERÍA METÁLICA"},{"$f":"VLOOKUP(U159,'auxiliar capitulos'!$A$2:$M$68,13,FALSE)","v":"3.1.9"},11,null,4,2,2]
[121,"ARQ901-19","3.1.9.12",{"$f":"VLOOKUP(B160,'Listado Ins Ana'!$G$3966:$M$8318,2,FALSE)","v":"P8 COMPUERTA DE MANTENIMIENTO, ACCESO A CUBIERTA. TUBERIA ESTRUCTURAL CUADRADA 60 X 60 MM., COLOR ALUMINIO ANODIZADO O GRIS RAL 7035."},{"$f":"VLOOKUP(B160,'Listado Ins Ana'!$G$3966:$M$8318,3,FALSE)","v":"UN"},4,{"$f":"VLOOKUP(B160,'Listado Ins Ana'!$G$3966:$M$8318,4,FALSE)","v":224508.96},288862,1155448,null,1155448,null,null,"No se calculó cantidad para este ítem. Se solicita confirmar que este íem no aplica.",1,null,null,null,{"$f":"VLOOKUP(B160,'Listado Ins Ana'!$G7717:$J100674,4,FALSE)-G160","v":0},null,{"$f":"'auxiliar capitulos'!$A$28","v":"CARPINTERÍA METÁLICA"},{"$f":"VLOOKUP(U160,'auxiliar capitulos'!$A$2:$M$68,13,FALSE)","v":"3.1.9"},12,null,4,1,2,1]
[122,"ARQ901-2","3.1.9.13",{"$f":"VLOOKUP(B161,'Listado Ins Ana'!$G$3966:$M$8318,2,FALSE)","v":"P1-B (0.80 X 2.50 MTS.) PUERTA EN LÁMINA CR CAL. 18, PINTURA ELECTROSTÁTICA COLOR ALUMINIO ANODIZADO O GRIS RAL 7035., MARCO CR CAL 18, PINTURA ELECTROSTÁTICA COLOR ALUMINIO ANODIZADO O GRIS RAL 7035"},{"$f":"VLOOKUP(B161,'Listado Ins Ana'!$G$3966:$M$8318,3,FALSE)","v":"UN"},17,{"$f":"VLOOKUP(B161,'Listado Ins Ana'!$G$3966:$M$8318,4,FALSE)","v":1009727.84},1299156,22085652,null,22085652,null,null,"No se calculó cantidad para este ítem. Se solicita confirmar que este íem no aplica.",1,null,null,null,{"$f":"VLOOKUP(B161,'Listado Ins Ana'!$G7716:$J100674,4,FALSE)-G161","v":0},null,{"$f":"'auxiliar capitulos'!$A$28","v":"CARPINTERÍA METÁLICA"},{"$f":"VLOOKUP(U161,'auxiliar capitulos'!$A$2:$M$68,13,FALSE)","v":"3.1.9"},13,null,17,4,10,3]
[123,"ARQ901-20","3.1.9.14",{"$f":"VLOOKUP(B162,'Listado Ins Ana'!$G$3966:$M$8318,2,FALSE)","v":"P11 (5.00 X 6.80 MTS.) CORTINA EN LAMINA TUBO DE ALUMINIO ANODIZADO, PLATINA DE ALUMINIO DE 3/4\" X 1/8\" TROQUELADAS"},{"$f":"VLOOKUP(B162,'Listado Ins Ana'!$G$3966:$M$8318,3,FALSE)","v":"UN"},1,{"$f":"VLOOKUP(B162,'Listado Ins Ana'!$G$3966:$M$8318,4,FALSE)","v":57884442.020000003},74476438,74476438,null,74476438,null,null,"No se calculó cantidad para este ítem. Se solicita confirmar que este íem no aplica.",1,null,null,null,{"$f":"VLOOKUP(B162,'Listado Ins Ana'!$G7716:$J100675,4,FALSE)-G162","v":0},null,{"$f":"'auxiliar capitulos'!$A$28","v":"CARPINTERÍA METÁLICA"},{"$f":"VLOOKUP(U162,'auxiliar capitulos'!$A$2:$M$68,13,FALSE)","v":"3.1.9"},14,null,1,null,null,1]
[124,"ARQ901-21","3.1.9.15",{"$f":"VLOOKUP(B163,'Listado Ins Ana'!$G$3966:$M$8318,2,FALSE)","v":"P13 CORTINA EN LAMINA TUBO DE ALUMINIO ANODIZADO, PLATINA DE ALUMINIO DE 3/4\" X 1/8\" TROQUELADAS"},{"$f":"VLOOKUP(B163,'Listado Ins Ana'!$G$3966:$M$8318,3,FALSE)","v":"UN"},1,{"$f":"VLOOKUP(B163,'Listado Ins Ana'!$G$3966:$M$8318,4,FALSE)","v":0},0,0,null,0,null,null,"No se calculó cantidad para este ítem. Se solicita confirmar que este íem no aplica.",1,null,null,null,{"$f":"VLOOKUP(B163,'Listado Ins Ana'!$G7716:$J100676,4,FALSE)-G163","v":0},null,{"$f":"'auxiliar capitulos'!$A$28","v":"CARPINTERÍA METÁLICA"},{"$f":"VLOOKUP(U163,'auxiliar capitulos'!$A$2:$M$68,13,FALSE)","v":"3.1.9"},15,null,1,null,null,1]
[125,"ARQ901-22","3.1.9.16",{"$f":"VLOOKUP(B164,'Listado Ins Ana'!$G$3966:$M$8318,2,FALSE)","v":"P15 PUERTA CORREDERA EN LAMINA CR CAL 18 PINTURA ELECTROSTATICA COLOR ALUMINIO ANODIZADO O GRIS RAL 7035., MARCO CR CAL 18, PINTURA ELECTROSTÁTICA COLOR ALUMINIO ANODIZADO O GRIS RAL 7035."},{"$f":"VLOOKUP(B164,'Listado Ins Ana'!$G$3966:$M$8318,3,FALSE)","v":"UN"},1,{"$f":"VLOOKUP(B164,'Listado Ins Ana'!$G$3966:$M$8318,4,FALSE)","v":0},0,0,null,0,null,null,"No se calculó cantidad para este ítem. Se solicita confirmar que este íem no aplica.",1,null,null,null,{"$f":"VLOOKUP(B164,'Listado Ins Ana'!$G7716:$J100677,4,FALSE)-G164","v":0},null,{"$f":"'auxiliar capitulos'!$A$28","v":"CARPINTERÍA METÁLICA"},{"$f":"VLOOKUP(U164,'auxiliar capitulos'!$A$2:$M$68,13,FALSE)","v":"3.1.9"},16,null,1,null,null,1]
[126,"ARQ901-23","3.1.9.17",{"$f":"VLOOKUP(B165,'Listado Ins Ana'!$G$3966:$M$8318,2,FALSE)","v":"P16 (1.00 X 2.50 MTS.) PUERTA ANTIPANICO EN LAMINA CR CAL 18 PINTURA ELECTROSTATICA COLOR ALUMINIO ANODIZADO O GRIS RAL 7035., MARCO CR CAL 18, PINTURA ELECTROSTATICA COLOR ALUMINIO ANODIZADO O GRIS CAL 7035, MAS BARRA ANTIPÁNICO TIPO PUSH CON MANIJA PARA PUERTAS CORTAFUEGO"},{"$f":"VLOOKUP(B165,'Listado Ins Ana'!$G$3966:$M$8318,3,FALSE)","v":"UN"},2,{"$f":"VLOOKUP(B165,'Listado Ins Ana'!$G$3966:$M$8318,4,FALSE)","v":1262159.79},1623945,3247890,null,3247890,null,"Este Item ya no esta en IDU","No se calculó cantidad para este ítem. Se solicita confirmar que este íem no aplica.",1,null,null,null,{"$f":"VLOOKUP(B165,'Listado Ins Ana'!$G7716:$J100678,4,FALSE)-G165","v":0},null,{"$f":"'auxiliar capitulos'!$A$28","v":"CARPINTERÍA METÁLICA"},{"$f":"VLOOKUP(U165,'auxiliar capitulos'!$A$2:$M$68,13,FALSE)","v":"3.1.9"},17,null,2,null,null,2]
[127,"ARQ901-24","3.1.9.18",{"$f":"VLOOKUP(B166,'Listado Ins Ana'!$G$3966:$M$8318,2,FALSE)","v":"P17-A (2.00 X 2.50 MTS.) PUERTA ANTIPANICO EN LAMINA CR CAL 18, PINTURA ELECTROSTATICA COLOR ALUMINIO ANODIZADO O GRIS RAL 7035., MARCO CR CAL 18,PINTURA ELECTROSTATICA COLOR ALUMINIO ANODIZADO O GRIS RAL 7035, MAS BARRA ANTIPÁNICO TIPO PUSH CON MANIJA PARA PUERTAS CORTAFUEGO"},{"$f":"VLOOKUP(B166,'Listado Ins Ana'!$G$3966:$M$8318,3,FALSE)","v":"UN"},3,{"$f":"VLOOKUP(B166,'Listado Ins Ana'!$G$3966:$M$8318,4,FALSE)","v":3118180},4011975,12035925,null,12035925,null,null,"No se calculó cantidad para este ítem. Se solicita confirmar que este íem no aplica.",1,null,null,null,{"$f":"VLOOKUP(B166,'Listado Ins Ana'!$G7716:$J100679,4,FALSE)-G166","v":0},null,{"$f":"'auxiliar capitulos'!$A$28","v":"CARPINTERÍA METÁLICA"},{"$f":"VLOOKUP(U166,'auxiliar capitulos'!$A$2:$M$68,13,FALSE)","v":"3.1.9"},18,null,3,null,2,1]
[128,"ARQ901-25","3.1.9.19",{"$f":"VLOOKUP(B167,'Listado Ins Ana'!$G$3966:$M$8318,2,FALSE)","v":"P17-B (2.40 X 2.50 MTS.) PUERTA ANTIPANICO EN LAMINA CR CAL 18, PINTURA ELECTROSTATICA COLOR ALUMINIO ANODIZADO O GRIS RAL 7035., MARCO CR CAL 18,PINTURA ELECTROSTATICA COLOR ALUMINIO ANODIZADO O GRIS RAL 7035, MAS BARRA ANTIPÁNICO TIPO PUSH CON MANIJA PARA PUERTAS CORTAFUEGO"},{"$f":"VLOOKUP(B167,'Listado Ins Ana'!$G$3966:$M$8318,3,FALSE)","v":"UN"},1,{"$f":"VLOOKUP(B167,'Listado Ins Ana'!$G$3966:$M$8318,4,FALSE)","v":3741816},4814370,4814370,null,4814370,null,null,"No se calculó cantidad para este ítem. Se solicita confirmar que este íem no aplica.",1,null,null,null,{"$f":"VLOOKUP(B167,'Listado Ins Ana'!$G7716:$J100680,4,FALSE)-G167","v":0},null,{"$f":"'auxiliar capitulos'!$A$28","v":"CARPINTERÍA METÁLICA"},{"$f":"VLOOKUP(U167,'auxiliar capitulos'!$A$2:$M$68,13,FALSE)","v":"3.1.9"},19,null,1,1]
[129,"ARQ901-26","3.1.9.20",{"$f":"VLOOKUP(B168,'Listado Ins Ana'!$G$3966:$M$8318,2,FALSE)","v":"P17-C (2.40 X 2.50 MTS.) PUERTA ANTIPANICO EN LAMINA CR CAL 18, PINTURA ELECTROSTATICA COLOR ALUMINIO ANODIZADO O GRIS RAL 7035., MARCO CR CAL 18,PINTURA ELECTROSTATICA COLOR ALUMINIO ANODIZADO O GRIS RAL 7035, MAS BARRA ANTIPÁNICO TIPO PUSH CON MANIJA PARA PUERTAS CORTAFUEGO"},{"$f":"VLOOKUP(B168,'Listado Ins Ana'!$G$3966:$M$8318,3,FALSE)","v":"UN"},9,{"$f":"VLOOKUP(B168,'Listado Ins Ana'!$G$3966:$M$8318,4,FALSE)","v":3741816},4814370,43329330,null,43329330,null,null,"No se calculó cantidad para este ítem. Se solicita confirmar que este íem no aplica.",1,null,null,null,{"$f":"VLOOKUP(B168,'Listado Ins Ana'!$G7716:$J100681,4,FALSE)-G168","v":0},null,{"$f":"'auxiliar capitulos'!$A$28","v":"CARPINTERÍA METÁLICA"},{"$f":"VLOOKUP(U168,'auxiliar capitulos'!$A$2:$M$68,13,FALSE)","v":"3.1.9"},20,null,9,3,4,2]
[130,"ARQ901-27","3.1.9.21",{"$f":"VLOOKUP(B169,'Listado Ins Ana'!$G$3966:$M$8318,2,FALSE)","v":"P17-C (3.00 X 2.50 MTS.) PUERTA ANTIPANICO EN LAMINA CR CAL 18, PINTURA ELECTROSTATICA COLOR ALUMINIO ANODIZADO O GRIS RAL 7035., MARCO CR CAL 18,PINTURA ELECTROSTATICA COLOR ALUMINIO ANODIZADO O GRIS RAL 7035, MAS BARRA ANTIPÁNICO TIPO PUSH CON MANIJA PARA PUERTAS CORTAFUEGO"},{"$f":"VLOOKUP(B169,'Listado Ins Ana'!$G$3966:$M$8318,3,FALSE)","v":"UN"},1,{"$f":"VLOOKUP(B169,'Listado Ins Ana'!$G$3966:$M$8318,4,FALSE)","v":4677270},6017963,6017963,null,6017963,null,null,"No se calculó cantidad para este ítem. Se solicita confirmar que este íem no aplica.",1,null,null,null,{"$f":"VLOOKUP(B169,'Listado Ins Ana'!$G7716:$J100682,4,FALSE)-G169","v":0},null,{"$f":"'auxiliar capitulos'!$A$28","v":"CARPINTERÍA METÁLICA"},{"$f":"VLOOKUP(U169,'auxiliar capitulos'!$A$2:$M$68,13,FALSE)","v":"3.1.9"},21,null,1,null,null,1]
[131,"ARQ901-28","3.1.9.22",{"$f":"VLOOKUP(B170,'Listado Ins Ana'!$G$3966:$M$8318,2,FALSE)","v":"P18 (1.50 X 2.50 MTS.) PUERTA ANTIPÁNICO, MAS BARRA ANTIPÁNICO TIPO PUSH CON MANIJA PARA PUERTAS CORTAFUEGO. PERFIL EN ALUMINIO ALN-A-218 + PISA VIDRIO ALN-A-222+EMPAQUE DE CAUCHO + PIVOTE. VIDRIO TEMPLANO LAMINADO DE 4 MM + 4 MM + PELICULA DE SEGURIDAD DE 75 MICRAS TRANSPARENTE."},{"$f":"VLOOKUP(B170,'Listado Ins Ana'!$G$3966:$M$8318,3,FALSE)","v":"UN"},3,{"$f":"VLOOKUP(B170,'Listado Ins Ana'!$G$3966:$M$8318,4,FALSE)","v":1454897.73},1871930,5615790,null,5615790,null,null,"No se calculó cantidad para este ítem. Se solicita confirmar que este íem no aplica.",1,null,null,null,{"$f":"VLOOKUP(B170,'Listado Ins Ana'!$G7716:$J100683,4,FALSE)-G170","v":0},null,{"$f":"'auxiliar capitulos'!$A$28","v":"CARPINTERÍA METÁLICA"},{"$f":"VLOOKUP(U170,'auxiliar capitulos'!$A$2:$M$68,13,FALSE)","v":"3.1.9"},22,null,3,null,3]
[132,"ARQ901-29","3.1.9.23",{"$f":"VLOOKUP(B171,'Listado Ins Ana'!$G$3966:$M$8318,2,FALSE)","v":"P19 PUERTA CORREDERA EN LAMINA CR CAL 18 PINTURA ELECTROSTATICA COLOR ALUMINIO ANODIZADO O GRIS RAL 7035., MARCO CR CAL 18,PINTURA ELECTROSTATICA COLOR ALUMINIO ANODIZADO O GRIS RAL 7035"},{"$f":"VLOOKUP(B171,'Listado Ins Ana'!$G$3966:$M$8318,3,FALSE)","v":"UN"},3,{"$f":"VLOOKUP(B171,'Listado Ins Ana'!$G$3966:$M$8318,4,FALSE)","v":0},0,0,null,0,null,null,"No se calculó cantidad para este ítem. Se solicita confirmar que este íem no aplica.",1,null,null,null,{"$f":"VLOOKUP(B171,'Listado Ins Ana'!$G7716:$J100684,4,FALSE)-G171","v":0},null,{"$f":"'auxiliar capitulos'!$A$28","v":"CARPINTERÍA METÁLICA"},{"$f":"VLOOKUP(U171,'auxiliar capitulos'!$A$2:$M$68,13,FALSE)","v":"3.1.9"},23,null,3,null,1,2]
[133,"ARQ901-3","3.1.9.24",{"$f":"VLOOKUP(B172,'Listado Ins Ana'!$G$3966:$M$8318,2,FALSE)","v":"P1-C (0.90 X 2.50 MTS.) PUERTA EN LÁMINA CR CAL. 18, PINTURA ELECTROSTÁTICA COLOR ALUMINIO ANODIZADO O GRIS RAL 7035., MARCO CR CAL 18, PINTURA ELECTROSTÁTICA COLOR ALUMINIO ANODIZADO O GRIS RAL 7035"},{"$f":"VLOOKUP(B172,'Listado Ins Ana'!$G$3966:$M$8318,3,FALSE)","v":"UN"},28,{"$f":"VLOOKUP(B172,'Listado Ins Ana'!$G$3966:$M$8318,4,FALSE)","v":1135943.82},1461551,40923428,null,40923428,null,null,"No se calculó cantidad para este ítem. Se solicita confirmar que este íem no aplica.",1,null,null,null,{"$f":"VLOOKUP(B172,'Listado Ins Ana'!$G7716:$J100685,4,FALSE)-G172","v":0},null,{"$f":"'auxiliar capitulos'!$A$28","v":"CARPINTERÍA METÁLICA"},{"$f":"VLOOKUP(U172,'auxiliar capitulos'!$A$2:$M$68,13,FALSE)","v":"3.1.9"},24,null,28,7,12,9]
[134,"ARQ901-30","3.1.9.25",{"$f":"VLOOKUP(B173,'Listado Ins Ana'!$G$3966:$M$8318,2,FALSE)","v":"P20 CORTINA EN LAMINA TUBO DE ALUMINIO ANODIZADO, PLATINA DE ALUMINIO DE 3/4\" X 1/8\" TROQUELADAS"},{"$f":"VLOOKUP(B173,'Listado Ins Ana'!$G$3966:$M$8318,3,FALSE)","v":"UN"},2,{"$f":"VLOOKUP(B173,'Listado Ins Ana'!$G$3966:$M$8318,4,FALSE)","v":0},0,0,null,0,null,null,"No se calculó cantidad para este ítem. Se solicita confirmar que este íem no aplica.",1,null,null,null,{"$f":"VLOOKUP(B173,'Listado Ins Ana'!$G7716:$J100686,4,FALSE)-G173","v":0},null,{"$f":"'auxiliar capitulos'!$A$28","v":"CARPINTERÍA METÁLICA"},{"$f":"VLOOKUP(U173,'auxiliar capitulos'!$A$2:$M$68,13,FALSE)","v":"3.1.9"},25,null,2,null,2]
[135,"ARQ901-31","3.1.9.26",{"$f":"VLOOKUP(B174,'Listado Ins Ana'!$G$3966:$M$8318,2,FALSE)","v":"P22 PUERTA DE CONTROL INGRESO Y SALIDA DE CABINAS CR CAL 18 PINTURA ELECTROSTATICA COLOR ALUMINIO ANODIZADO O GRIS RAL 7035., MARCO CR CAL 18,PINTURA ELECTROSTATICA COLOR ALUMINIO ANODIZADO O GRIS RAL 7035."},{"$f":"VLOOKUP(B174,'Listado Ins Ana'!$G$3966:$M$8318,3,FALSE)","v":"UN"},1,{"$f":"VLOOKUP(B174,'Listado Ins Ana'!$G$3966:$M$8318,4,FALSE)","v":0},0,0,null,0,null,"Este Item ya no esta en IDU","No se calculó cantidad para este ítem. Se solicita confirmar que este íem no aplica.",1,null,null,null,{"$f":"VLOOKUP(B174,'Listado Ins Ana'!$G7716:$J100687,4,FALSE)-G174","v":0},null,{"$f":"'auxiliar capitulos'!$A$28","v":"CARPINTERÍA METÁLICA"},{"$f":"VLOOKUP(U174,'auxiliar capitulos'!$A$2:$M$68,13,FALSE)","v":"3.1.9"},26,null,1,null,null,1]
[136,"ARQ901-4",{"$f":"IF(W175=\"\",V175,CONCATENATE(V175,\".\",W175))","v":"3.1.9.27"},{"$f":"VLOOKUP(B175,'Listado Ins Ana'!$G$3966:$M$8318,2,FALSE)","v":"P1-D (1.00 X 2.50 MTS.) PUERTA EN LÁMINA CR CAL. 18, PINTURA ELECTROSTÁTICA COLOR ALUMINIO ANODIZADO O GRIS RAL 7035., MARCO CR CAL 18, PINTURA ELECTROSTÁTICA COLOR ALUMINIO ANODIZADO O GRIS RAL 7035"},{"$f":"VLOOKUP(B175,'Listado Ins Ana'!$G$3966:$M$8318,3,FALSE)","v":"UN"},14,{"$f":"VLOOKUP(B175,'Listado Ins Ana'!$G$3966:$M$8318,4,FALSE)","v":1262159.79},1623945,22735230,null,22735230,null,null,"No se calculó cantidad para este ítem. Se solicita confirmar que este íem no aplica.",1,null,null,null,{"$f":"VLOOKUP(B175,'Listado Ins Ana'!$G7716:$J100688,4,FALSE)-G175","v":0},null,{"$f":"'auxiliar capitulos'!$A$28","v":"CARPINTERÍA METÁLICA"},{"$f":"VLOOKUP(U175,'auxiliar capitulos'!$A$2:$M$68,13,FALSE)","v":"3.1.9"},27,null,{"$f":"SUM(Z175:CJ175)","v":14},4,7,3]
[137,"ARQ901-5","3.1.9.28",{"$f":"VLOOKUP(B176,'Listado Ins Ana'!$G$3966:$M$8318,2,FALSE)","v":"P2-A (0.80 X 2.50 MTS.) PUERTA EN LÁMINA CR CAL. 18, PINTURA ELECTROSTÁTICA COLOR ALUMINIO ANODIZADO O GRIS RAL 7035., MARCO CR CAL 18, PINTURA ELECTROSTÁTICA COLOR ALUMINIO ANODIZADO O GRIS RAL 7035"},{"$f":"VLOOKUP(B176,'Listado Ins Ana'!$G$3966:$M$8318,3,FALSE)","v":"UN"},18,{"$f":"VLOOKUP(B176,'Listado Ins Ana'!$G$3966:$M$8318,4,FALSE)","v":1009727.84},1299156,23384808,null,23384808,null,null,"No se calculó cantidad para este ítem. Se solicita confirmar que este íem no aplica.",1,null,null,null,{"$f":"VLOOKUP(B176,'Listado Ins Ana'!$G7716:$J100689,4,FALSE)-G176","v":0},null,{"$f":"'auxiliar capitulos'!$A$28","v":"CARPINTERÍA METÁLICA"},{"$f":"VLOOKUP(U176,'auxiliar capitulos'!$A$2:$M$68,13,FALSE)","v":"3.1.9"},28,null,18,3,9,6]
[138,"ARQ901-6","3.1.9.29",{"$f":"VLOOKUP(B177,'Listado Ins Ana'!$G$3966:$M$8318,2,FALSE)","v":"P2-B (0.90 X 2.50 MTS.) PUERTA EN LÁMINA CR CAL. 18, PINTURA ELECTROSTÁTICA COLOR ALUMINIO ANODIZADO O GRIS RAL 7035., MARCO CR CAL 18, PINTURA ELECTROSTÁTICA COLOR ALUMINIO ANODIZADO O GRIS RAL 7035"},{"$f":"VLOOKUP(B177,'Listado Ins Ana'!$G$3966:$M$8318,3,FALSE)","v":"UN"},3,{"$f":"VLOOKUP(B177,'Listado Ins Ana'!$G$3966:$M$8318,4,FALSE)","v":1135943.82},1461551,4384653,null,4384653,null,null,"No se calculó cantidad para este ítem. Se solicita confirmar que este íem no aplica.",1,null,null,null,{"$f":"VLOOKUP(B177,'Listado Ins Ana'!$G7716:$J100690,4,FALSE)-G177","v":0},null,{"$f":"'auxiliar capitulos'!$A$28","v":"CARPINTERÍA METÁLICA"},{"$f":"VLOOKUP(U177,'auxiliar capitulos'!$A$2:$M$68,13,FALSE)","v":"3.1.9"},29,null,3,3]
[139,"ARQ901-7","3.1.9.30",{"$f":"VLOOKUP(B178,'Listado Ins Ana'!$G$3966:$M$8318,2,FALSE)","v":"P2-C (1.00 X 2.50 MTS.) PUERTA EN LÁMINA CR CAL. 18, PINTURA ELECTROSTÁTICA COLOR ALUMINIO ANODIZADO O GRIS RAL 7035., MARCO CR CAL 18, PINTURA ELECTROSTÁTICA COLOR ALUMINIO ANODIZADO O GRIS RAL 7035"},{"$f":"VLOOKUP(B178,'Listado Ins Ana'!$G$3966:$M$8318,3,FALSE)","v":"UN"},4,{"$f":"VLOOKUP(B178,'Listado Ins Ana'!$G$3966:$M$8318,4,FALSE)","v":0},0,0,null,0,null,null,"No se calculó cantidad para este ítem. Se solicita confirmar que este íem no aplica.",1,null,null,null,{"$f":"VLOOKUP(B178,'Listado Ins Ana'!$G7716:$J100691,4,FALSE)-G178","v":0},null,{"$f":"'auxiliar capitulos'!$A$28","v":"CARPINTERÍA METÁLICA"},{"$f":"VLOOKUP(U178,'auxiliar capitulos'!$A$2:$M$68,13,FALSE)","v":"3.1.9"},30,null,4,null,null,4]
[140,"ARQ901-8","3.1.9.31",{"$f":"VLOOKUP(B179,'Listado Ins Ana'!$G$3966:$M$8318,2,FALSE)","v":"P3-A (0.90 X 2.20 MTS.) PUERTA EN VIDRIO. PERFIL EN ALUMINIO ALN-A-218 + PISA VIDRIO ALN-A-222+EMPAQUE DE CAUCHO + PIVOTE. VIDRIO TEMPLANO LAMINADO DE 4 MM + 4 MM + PELICULA DE SEGURIDAD DE 75 MICRAS TRANSPARENTE."},{"$f":"VLOOKUP(B179,'Listado Ins Ana'!$G$3966:$M$8318,3,FALSE)","v":"UN"},3,{"$f":"VLOOKUP(B179,'Listado Ins Ana'!$G$3966:$M$8318,4,FALSE)","v":768186},988379,2965137,null,2965137,null,null,"No se calculó cantidad para este ítem. Se solicita confirmar que este íem no aplica.",1,null,null,null,{"$f":"VLOOKUP(B179,'Listado Ins Ana'!$G7716:$J100692,4,FALSE)-G179","v":0},null,{"$f":"'auxiliar capitulos'!$A$28","v":"CARPINTERÍA METÁLICA"},{"$f":"VLOOKUP(U179,'auxiliar capitulos'!$A$2:$M$68,13,FALSE)","v":"3.1.9"},31,null,3,null,3]
[141,"ARQ901-9","3.1.9.32",{"$f":"VLOOKUP(B180,'Listado Ins Ana'!$G$3966:$M$8318,2,FALSE)","v":"P4-A (1.50 X 2.50 MTS.) PUERTA EN LÁMINA CR CAL. 18, PINTURA ELECTROSTÁTICA COLOR ALUMINIO ANODIZADO O GRIS RAL 7035., MARCO CR CAL 18, PINTURA ELECTROSTÁTICA COLOR ALUMINIO ANODIZADO O GRIS RAL 7035, MÁS BARRA ANTIPÁNICO TIPO PUSH CON MANIJA PARA PUERTAS CORTAFUEGO."},{"$f":"VLOOKUP(B180,'Listado Ins Ana'!$G$3966:$M$8318,3,FALSE)","v":"UN"},10,{"$f":"VLOOKUP(B180,'Listado Ins Ana'!$G$3966:$M$8318,4,FALSE)","v":1782889},2293936,22939360,null,22939360,null,null,"No se calculó cantidad para este ítem. Se solicita confirmar que este íem no aplica.",1,null,null,null,{"$f":"VLOOKUP(B180,'Listado Ins Ana'!$G7716:$J100693,4,FALSE)-G180","v":0},null,{"$f":"'auxiliar capitulos'!$A$28","v":"CARPINTERÍA METÁLICA"},{"$f":"VLOOKUP(U180,'auxiliar capitulos'!$A$2:$M$68,13,FALSE)","v":"3.1.9"},32,null,10,5,3,2]
[168,null,"3.1.10",{"$f":"+'auxiliar capitulos'!$A$29","v":"MUEBLES, ACCESORIOS, APARATOS SANITARIOS Y GRIFERÍA"},null,null,null,null,null,null,null,null,null,null,null,null,null,null,null,null,{"$f":"+'auxiliar capitulos'!$A$29","v":"MUEBLES, ACCESORIOS, APARATOS SANITARIOS Y GRIFERÍA"},{"$f":"VLOOKUP(U181,'auxiliar capitulos'!$A$2:$M$68,13,FALSE)","v":"3.1.10"},{"$f":"IF(E181=\"\",\"\",IF(E173=\"\",1,W173+1))","v":""},null,0]
[169,"ARQ1001","3.1.10.1",{"$f":"VLOOKUP(B182,'Listado Ins Ana'!$G$3966:$M$8318,2,FALSE)","v":"COCINA INTEGRAL MILÁN 2.10 METROS INCLUYE MESÓN POCETA DERECHA CON ESTUFA 4 PUESTOS A GAS + CAMPANA"},{"$f":"VLOOKUP(B182,'Listado Ins Ana'!$G$3966:$M$8318,3,FALSE)","v":"UN"},{"$f":"+Y182","v":4},{"$f":"VLOOKUP(B182,'Listado Ins Ana'!$G$3966:$M$8318,4,FALSE)","v":2799836.5},{"$f":"ROUND(G182*(1+$F$867),0)","v":3602382},{"$f":"ROUND(H182*F182,0)","v":14409528},null,{"$f":"+I182","v":14409528},null,null,"No se calculó cantidad para este ítem. Se solicita confirmar que este íem no aplica.",1,null,null,null,{"$f":"VLOOKUP(B182,'Listado Ins Ana'!$G7716:$J100663,4,FALSE)-G182","v":0},null,{"$f":"+'auxiliar capitulos'!$A$29","v":"MUEBLES, ACCESORIOS, APARATOS SANITARIOS Y GRIFERÍA"},{"$f":"VLOOKUP(U182,'auxiliar capitulos'!$A$2:$M$68,13,FALSE)","v":"3.1.10"},{"$f":"IF(E182=\"\",\"\",IF(E181=\"\",1,W181+1))","v":1},null,4,2,1,1]
[172,"ARQ1004","3.1.10.2",{"$f":"VLOOKUP(B183,'Listado Ins Ana'!$G$3966:$M$8318,2,FALSE)","v":"MESÓN INOXIDABLE CON LAVAPLATOS EN ACERO INOXIDABLE DE EMPOTRAR; GRIFERIA DE LAVAPLATOS ARIZONA, O SIMILAR EQUIVALENTE."},{"$f":"VLOOKUP(B183,'Listado Ins Ana'!$G$3966:$M$8318,3,FALSE)","v":"M2"},7,{"$f":"VLOOKUP(B183,'Listado Ins Ana'!$G$3966:$M$8318,4,FALSE)","v":254142},326989,2288923,null,2288923,null,null,"No se calculó cantidad para este ítem. Se solicita confirmar que este íem no aplica.",1,null,null,null,{"$f":"VLOOKUP(B183,'Listado Ins Ana'!$G7716:$J100666,4,FALSE)-G183","v":0},null,{"$f":"+'auxiliar capitulos'!$A$29","v":"MUEBLES, ACCESORIOS, APARATOS SANITARIOS Y GRIFERÍA"},{"$f":"VLOOKUP(U183,'auxiliar capitulos'!$A$2:$M$68,13,FALSE)","v":"3.1.10"},2,null,7,4,1,2]
[174,"ARQ1005","3.1.10.3",{"$f":"VLOOKUP(B184,'Listado Ins Ana'!$G$3966:$M$8318,2,FALSE)","v":"NEVERA NO FROST 2 PUERTAS, O SIMILAR EQUIVALENTE."},{"$f":"VLOOKUP(B184,'Listado Ins Ana'!$G$3966:$M$8318,3,FALSE)","v":"UN"},3,{"$f":"VLOOKUP(B184,'Listado Ins Ana'!$G$3966:$M$8318,4,FALSE)","v":1929000},2481929,7445787,null,7445787,null,null,"No se calculó cantidad para este ítem. Se solicita confirmar que este íem no aplica.",1,null,null,null,{"$f":"VLOOKUP(B184,'Listado Ins Ana'!$G7716:$J100668,4,FALSE)-G184","v":0},null,{"$f":"+'auxiliar capitulos'!$A$29","v":"MUEBLES, ACCESORIOS, APARATOS SANITARIOS Y GRIFERÍA"},{"$f":"VLOOKUP(U184,'auxiliar capitulos'!$A$2:$M$68,13,FALSE)","v":"3.1.10"},3,null,3,1,1,1]
[176,"ARQ1007","3.1.10.4",{"$f":"VLOOKUP(B185,'Listado Ins Ana'!$G$3966:$M$8318,2,FALSE)","v":"TORNIQUETE ANTIEVASIÓN SENCILLO REF: TRS 371, AUTOMATIC-SYSTEMS, O SIMILAR EQUIVALENTE"},{"$f":"VLOOKUP(B185,'Listado Ins Ana'!$G$3966:$M$8318,3,FALSE)","v":"UN"},3,{"$f":"VLOOKUP(B185,'Listado Ins Ana'!$G$3966:$M$8318,4,FALSE)","v":0},0,0,null,0,null,null,"No se calculó cantidad para este ítem. Se solicita confirmar que este íem no aplica.",1,null,null,null,{"$f":"VLOOKUP(B185,'Listado Ins Ana'!$G7716:$J100670,4,FALSE)-G185","v":0},null,{"$f":"+'auxiliar capitulos'!$A$29","v":"MUEBLES, ACCESORIOS, APARATOS SANITARIOS Y GRIFERÍA"},{"$f":"VLOOKUP(U185,'auxiliar capitulos'!$A$2:$M$68,13,FALSE)","v":"3.1.10"},4,null,3,null,2,1]
[177,"ARQ1008","3.1.10.5",{"$f":"VLOOKUP(B186,'Listado Ins Ana'!$G$3966:$M$8318,2,FALSE)","v":"TORNIQUETE ANTIEVASIÓN DOBLE REF: TRS 373, AUTOMATIC-SYSTEMS, O SIMILAR EQUIVALENTE"},{"$f":"VLOOKUP(B186,'Listado Ins Ana'!$G$3966:$M$8318,3,FALSE)","v":"UN"},2,{"$f":"VLOOKUP(B186,'Listado Ins Ana'!$G$3966:$M$8318,4,FALSE)","v":0},0,0,null,0,null,null,"No se calculó cantidad para este ítem. Se solicita confirmar que este íem no aplica.",1,null,null,null,{"$f":"VLOOKUP(B186,'Listado Ins Ana'!$G7716:$J100671,4,FALSE)-G186","v":0},null,{"$f":"+'auxiliar capitulos'!$A$29","v":"MUEBLES, ACCESORIOS, APARATOS SANITARIOS Y GRIFERÍA"},{"$f":"VLOOKUP(U186,'auxiliar capitulos'!$A$2:$M$68,13,FALSE)","v":"3.1.10"},5,null,2,null,2]
[178,"ARQ1009","3.1.10.6",{"$f":"VLOOKUP(B187,'Listado Ins Ana'!$G$3966:$M$8318,2,FALSE)","v":"PUERTAS AUTOMATICA RETRÁCTILES REF: TGH800 - TGH810, O SIMILAR EQUIVALENTE."},{"$f":"VLOOKUP(B187,'Listado Ins Ana'!$G$3966:$M$8318,3,FALSE)","v":"UN"},11,{"$f":"ROUND(1.25*13779345,2)","v":17224181.25},22161321,243774531,null,243774531,null,null,"No se calculó cantidad para este ítem. Se solicita confirmar que este íem no aplica.",1,null,null,null,{"$f":"VLOOKUP(B187,'Listado Ins Ana'!$G7716:$J100672,4,FALSE)-G187","v":-17224181.25},null,{"$f":"+'auxiliar capitulos'!$A$29","v":"MUEBLES, ACCESORIOS, APARATOS SANITARIOS Y GRIFERÍA"},{"$f":"VLOOKUP(U187,'auxiliar capitulos'!$A$2:$M$68,13,FALSE)","v":"3.1.10"},6,null,11,7,2,2]
[180,3554,"3.1.10.7",{"$f":"VLOOKUP(B188,'Listado Ins Ana'!$G$3966:$M$8318,2,FALSE)","v":"CICLO-PARQUEADERO TIPO M100 (TIPO 1) (H=1M, L=2M. INCLUYE SUMINISTRO E INSTALACIÓN. NO INCLUYE BASES)"},{"$f":"VLOOKUP(B188,'Listado Ins Ana'!$G$3966:$M$8318,3,FALSE)","v":"UN"},26,{"$f":"VLOOKUP(B188,'Listado Ins Ana'!$G$3966:$M$8318,4,FALSE)","v":407530},524344,13632944,null,13632944,null,null,"No se calculó cantidad para este ítem. Se solicita confirmar que este íem no aplica.",1,null,null,null,{"$f":"VLOOKUP(B188,'Listado Ins Ana'!$G7716:$J100674,4,FALSE)-G188","v":{"$error":"#N/A"}},null,{"$f":"+'auxiliar capitulos'!$A$29","v":"MUEBLES, ACCESORIOS, APARATOS SANITARIOS Y GRIFERÍA"},{"$f":"VLOOKUP(U188,'auxiliar capitulos'!$A$2:$M$68,13,FALSE)","v":"3.1.10"},7,null,26,null,15,11]
[181,9165,"3.1.10.8",{"$f":"VLOOKUP(B189,'Listado Ins Ana'!$G$3966:$M$8318,2,FALSE)","v":"CICLOPARQUEADERO PORTAL SUR Y PORTAL SUBA - CICLOPARQUEADERO DUPLICADOR VERTICAL DE PARQUEO PARA BICICLETAS (INCLUYE SUMINISTRO E INSTALACIÓN)"},{"$f":"VLOOKUP(B189,'Listado Ins Ana'!$G$3966:$M$8318,3,FALSE)","v":"UN"},21,{"$f":"VLOOKUP(B189,'Listado Ins Ana'!$G$3966:$M$8318,4,FALSE)","v":2235976},2876896,60414816,null,60414816,null,null,"No se calculó cantidad para este ítem. Se solicita confirmar que este íem no aplica.",1,null,null,null,{"$f":"VLOOKUP(B189,'Listado Ins Ana'!$G7716:$J100675,4,FALSE)-G189","v":{"$error":"#N/A"}},null,{"$f":"+'auxiliar capitulos'!$A$29","v":"MUEBLES, ACCESORIOS, APARATOS SANITARIOS Y GRIFERÍA"},{"$f":"VLOOKUP(U189,'auxiliar capitulos'!$A$2:$M$68,13,FALSE)","v":"3.1.10"},8,null,21,null,15,6]
[182,"ARQ1027","3.1.10.9",{"$f":"VLOOKUP(B190,'Listado Ins Ana'!$G$3966:$M$8318,2,FALSE)","v":"TORNIQUETE SENCILLO EN ACERO INOXIDABLE, MECANISMO DE BLOQUEO (CATRAX - DIGICON),O SIMILAR EQUIVALENTE."},{"$f":"VLOOKUP(B190,'Listado Ins Ana'!$G$3966:$M$8318,3,FALSE)","v":"UN"},4,{"$f":"ROUND(1.25*9971345,2)","v":12464181.25},16036914,64147656,null,64147656,null,null,"No se calculó cantidad para este ítem. Se solicita confirmar que este íem no aplica.",1,null,null,null,{"$f":"VLOOKUP(B190,'Listado Ins Ana'!$G7716:$J100676,4,FALSE)-G190","v":-12464181.25},null,{"$f":"+'auxiliar capitulos'!$A$29","v":"MUEBLES, ACCESORIOS, APARATOS SANITARIOS Y GRIFERÍA"},{"$f":"VLOOKUP(U190,'auxiliar capitulos'!$A$2:$M$68,13,FALSE)","v":"3.1.10"},9,null,4,null,3,1]
[184,7297,"3.1.10.10","MESON INTERIOR TAQUILLAS CON ESTRUCTURA METÁLICA DE SOPORTE Y ACABADO EN ACERO INOXIDABLE MATE, CON APOYO PISO DE A=40CM ( SUMINISTRO E INSTALACIÓN) SEGÚN CARTILLAN DE ESTACIONES TRANMILENIO, O SIMILAR EQUIVALENTE.","ML",4.0199999999999996,{"$f":"1.25*246664","v":308330},396710,1594774,null,1594774,null,"Este Item ya no esta en IDU","No se calculó cantidad para este ítem. Se solicita confirmar que este íem no aplica.",1,null,null,null,{"$f":"VLOOKUP(B191,'Listado Ins Ana'!$G7716:$J100678,4,FALSE)-G191","v":{"$error":"#N/A"}},null,{"$f":"+'auxiliar capitulos'!$A$29","v":"MUEBLES, ACCESORIOS, APARATOS SANITARIOS Y GRIFERÍA"},{"$f":"VLOOKUP(U191,'auxiliar capitulos'!$A$2:$M$68,13,FALSE)","v":"3.1.10"},10,null,4.0199999999999996,null,4.0199999999999996]
[185,5122,"3.1.10.11",{"$f":"VLOOKUP(B192,'Listado Ins Ana'!$G$3966:$M$8318,2,FALSE)","v":"SANITARIO LINEA INSTITUCIONAL COLOR BLANCO (VALVULA ANTIVANDALICA TIPO PUSH METALICO, CROMADO) SUMINISTRO E INSTALACION"},{"$f":"VLOOKUP(B192,'Listado Ins Ana'!$G$3966:$M$8318,3,FALSE)","v":"UN"},51,{"$f":"VLOOKUP(B192,'Listado Ins Ana'!$G$3966:$M$8318,4,FALSE)","v":335266},431367,21999717,null,21999717,null,null,"No se calculó cantidad para este ítem. Se solicita confirmar que este íem no aplica.",1,null,null,null,{"$f":"VLOOKUP(B192,'Listado Ins Ana'!$G7716:$J100679,4,FALSE)-G192","v":{"$error":"#N/A"}},null,{"$f":"+'auxiliar capitulos'!$A$29","v":"MUEBLES, ACCESORIOS, APARATOS SANITARIOS Y GRIFERÍA"},{"$f":"VLOOKUP(U192,'auxiliar capitulos'!$A$2:$M$68,13,FALSE)","v":"3.1.10"},11,null,51,17,23,11]
[186,5123,"3.1.10.12",{"$f":"VLOOKUP(B193,'Listado Ins Ana'!$G$3966:$M$8318,2,FALSE)","v":"SANITARIO LINEA INSTITUCIONAL PARA DISCAPACITADOS COLOR BLANCO (VALVULA ANTIVANDALICA TIPO PUSH METALICO, CROMADO) SUMINISTRO E INSTALACION."},{"$f":"VLOOKUP(B193,'Listado Ins Ana'!$G$3966:$M$8318,3,FALSE)","v":"UN"},0,{"$f":"VLOOKUP(B193,'Listado Ins Ana'!$G$3966:$M$8318,4,FALSE)","v":1060622},1364639,0,null,0,null,null,"No se calculó cantidad para este ítem. Se solicita confirmar que este íem no aplica.",1,null,null,null,{"$f":"VLOOKUP(B193,'Listado Ins Ana'!$G7716:$J100680,4,FALSE)-G193","v":{"$error":"#N/A"}},null,{"$f":"+'auxiliar capitulos'!$A$29","v":"MUEBLES, ACCESORIOS, APARATOS SANITARIOS Y GRIFERÍA"},{"$f":"VLOOKUP(U193,'auxiliar capitulos'!$A$2:$M$68,13,FALSE)","v":"3.1.10"},12,null,0]
[187,"ARQ902","3.1.10.13",{"$f":"VLOOKUP(B194,'Listado Ins Ana'!$G$3966:$M$8318,2,FALSE)","v":"DIVISIONES PARA BAÑOS EN ACERO INOXIDABLE Y ACCESORIOS."},{"$f":"VLOOKUP(B194,'Listado Ins Ana'!$G$3966:$M$8318,3,FALSE)","v":"M2"},127.85,{"$f":"VLOOKUP(B194,'Listado Ins Ana'!$G$3966:$M$8318,4,FALSE)","v":541218},696353,89028731,null,89028731,null,null,"No se calculó cantidad para este ítem. Se solicita confirmar que este íem no aplica.",1,null,null,null,{"$f":"VLOOKUP(B194,'Listado Ins Ana'!$G7715:$J100680,4,FALSE)-G194","v":0},null,{"$f":"+'auxiliar capitulos'!$A$29","v":"MUEBLES, ACCESORIOS, APARATOS SANITARIOS Y GRIFERÍA"},{"$f":"VLOOKUP(U194,'auxiliar capitulos'!$A$2:$M$68,13,FALSE)","v":"3.1.10"},13,null,127.85,42,28.25,57.6]
[187,5124,"3.1.10.14",{"$f":"VLOOKUP(B195,'Listado Ins Ana'!$G$3966:$M$8318,2,FALSE)","v":"ORINAL MEDIANO DE COLGAR TIPO INSTITUCIONAL COLOR BLANCO (VALVULA ANTIVANDALICA TIPO PUSH METALICO, CROMADO) SUMINISTRO E INSTALACION"},{"$f":"VLOOKUP(B195,'Listado Ins Ana'!$G$3966:$M$8318,3,FALSE)","v":"UN"},7,{"$f":"VLOOKUP(B195,'Listado Ins Ana'!$G$3966:$M$8318,4,FALSE)","v":352219},453179,3172253,null,3172253,null,null,"No se calculó cantidad para este ítem. Se solicita confirmar que este íem no aplica.",1,null,null,null,{"$f":"VLOOKUP(B195,'Listado Ins Ana'!$G7716:$J100681,4,FALSE)-G195","v":{"$error":"#N/A"}},null,{"$f":"+'auxiliar capitulos'!$A$29","v":"MUEBLES, ACCESORIOS, APARATOS SANITARIOS Y GRIFERÍA"},{"$f":"VLOOKUP(U195,'auxiliar capitulos'!$A$2:$M$68,13,FALSE)","v":"3.1.10"},14,null,7,4,2,1]
[188,5494,"3.1.10.15",{"$f":"VLOOKUP(B196,'Listado Ins Ana'!$G$3966:$M$8318,2,FALSE)","v":"LAVAMANOS INSTITUCIONAL DE EMPOTRAR. (SUMINISTRO E INSTALACIÓN. INCLUYE GRIFERÍA TIPO PUSH O SIMILAR Y TUBERÍA DE CONEXIÓN)."},{"$f":"VLOOKUP(B196,'Listado Ins Ana'!$G$3966:$M$8318,3,FALSE)","v":"UN"},35,{"$f":"VLOOKUP(B196,'Listado Ins Ana'!$G$3966:$M$8318,4,FALSE)","v":365827},470688,16474080,null,16474080,null,null,"No se calculó cantidad para este ítem. Se solicita confirmar que este íem no aplica.",1,null,null,null,{"$f":"VLOOKUP(B196,'Listado Ins Ana'!$G7716:$J100682,4,FALSE)-G196","v":{"$error":"#N/A"}},null,{"$f":"+'auxiliar capitulos'!$A$29","v":"MUEBLES, ACCESORIOS, APARATOS SANITARIOS Y GRIFERÍA"},{"$f":"VLOOKUP(U196,'auxiliar capitulos'!$A$2:$M$68,13,FALSE)","v":"3.1.10"},15,null,35,15,14,6]
[189,5502,"3.1.10.16",{"$f":"VLOOKUP(B197,'Listado Ins Ana'!$G$3966:$M$8318,2,FALSE)","v":"LAVAMANOS DE COLGAR PARA PERSONAS EN CONDICIÓN DE MOVILIDAD REDUCIDA. (SUMINISTRO E INSTALACIÓN. INCLUYE GRIFERÍA TIPO PUSH ANTIVANDÁLICO)."},{"$f":"VLOOKUP(B197,'Listado Ins Ana'!$G$3966:$M$8318,3,FALSE)","v":"UN"},18,{"$f":"VLOOKUP(B197,'Listado Ins Ana'!$G$3966:$M$8318,4,FALSE)","v":348801},448781,8078058,null,8078058,null,null,"No se calculó cantidad para este ítem. Se solicita confirmar que este íem no aplica.",1,null,null,null,{"$f":"VLOOKUP(B197,'Listado Ins Ana'!$G7716:$J100683,4,FALSE)-G197","v":{"$error":"#N/A"}},null,{"$f":"+'auxiliar capitulos'!$A$29","v":"MUEBLES, ACCESORIOS, APARATOS SANITARIOS Y GRIFERÍA"},{"$f":"VLOOKUP(U197,'auxiliar capitulos'!$A$2:$M$68,13,FALSE)","v":"3.1.10"},16,null,18,2,10,6]
[190,"ARQ1028","3.1.10.17",{"$f":"VLOOKUP(B198,'Listado Ins Ana'!$G$3966:$M$8318,2,FALSE)","v":"LAVAMANOS DE COLGAR , (SUMINISTRO E INSTALACIÓN, INCLUYE GRIFERÍA TIPO PUSH ANTIVANDÁLICO), O SIMILAR EQUIVALENTE."},{"$f":"VLOOKUP(B198,'Listado Ins Ana'!$G$3966:$M$8318,3,FALSE)","v":"UN"},6,{"$f":"VLOOKUP(B198,'Listado Ins Ana'!$G$3966:$M$8318,4,FALSE)","v":348802.19},448783,2692698,null,2692698,null,null,"No se calculó cantidad para este ítem. Se solicita confirmar que este íem no aplica.",1,null,null,null,{"$f":"VLOOKUP(B198,'Listado Ins Ana'!$G7716:$J100684,4,FALSE)-G198","v":0},null,{"$f":"+'auxiliar capitulos'!$A$29","v":"MUEBLES, ACCESORIOS, APARATOS SANITARIOS Y GRIFERÍA"},{"$f":"VLOOKUP(U198,'auxiliar capitulos'!$A$2:$M$68,13,FALSE)","v":"3.1.10"},17,null,6,3,2,1]
[191,5127,"3.1.10.18",{"$f":"VLOOKUP(B199,'Listado Ins Ana'!$G$3966:$M$8318,2,FALSE)","v":"SECADOR ELECTRICO PARA MANOS TIPO MANOS LIBRES, CARCAZA OVALADA METALICA ACERO INOXIDABLE 304 SATINADO CAL. 1.2MM MOTOR SIN ESCOBILLAS, RANGO DE DETECCION DEL SENSOR AJUSTABLE, DE 10 CM A 30 CM. SUMINISTRO E INSTALACION."},{"$f":"VLOOKUP(B199,'Listado Ins Ana'!$G$3966:$M$8318,3,FALSE)","v":"UN"},53,{"$f":"VLOOKUP(B199,'Listado Ins Ana'!$G$3966:$M$8318,4,FALSE)","v":365992},470900,24957700,null,24957700,null,null,"No se calculó cantidad para este ítem. Se solicita confirmar que este íem no aplica.",1,null,null,null,{"$f":"VLOOKUP(B199,'Listado Ins Ana'!$G7716:$J100685,4,FALSE)-G199","v":{"$error":"#N/A"}},null,{"$f":"+'auxiliar capitulos'!$A$29","v":"MUEBLES, ACCESORIOS, APARATOS SANITARIOS Y GRIFERÍA"},{"$f":"VLOOKUP(U199,'auxiliar capitulos'!$A$2:$M$68,13,FALSE)","v":"3.1.10"},18,null,53,36,16,1]
[192,"ARQ1012","3.1.10.19",{"$f":"VLOOKUP(B200,'Listado Ins Ana'!$G$3966:$M$8318,2,FALSE)","v":"DISPENSADOR DE  JABÓN INSTITUCIONAL EXPUESTO CON ACCIONAMIENTO TIPO PUSH, O SIMILAR EQUIVALENTE."},{"$f":"VLOOKUP(B200,'Listado Ins Ana'!$G$3966:$M$8318,3,FALSE)","v":"UN"},44,{"$f":"VLOOKUP(B200,'Listado Ins Ana'!$G$3966:$M$8318,4,FALSE)","v":91578},117828,5184432,null,5184432,null,null,"No se calculó cantidad para este ítem. Se solicita confirmar que este íem no aplica.",1,null,null,null,{"$f":"VLOOKUP(B200,'Listado Ins Ana'!$G7716:$J100686,4,FALSE)-G200","v":0},null,{"$f":"+'auxiliar capitulos'!$A$29","v":"MUEBLES, ACCESORIOS, APARATOS SANITARIOS Y GRIFERÍA"},{"$f":"VLOOKUP(U200,'auxiliar capitulos'!$A$2:$M$68,13,FALSE)","v":"3.1.10"},19,null,44,14,19,11]
[193,"ARQ1013","3.1.10.20",{"$f":"VLOOKUP(B201,'Listado Ins Ana'!$G$3966:$M$8318,2,FALSE)","v":"REJILLA  PISO CLÁSICA EN ACERO INOXIDABLE DE 0.10 X 0.10 CM, O SIMILAR EQUIVALENTE."},{"$f":"VLOOKUP(B201,'Listado Ins Ana'!$G$3966:$M$8318,3,FALSE)","v":"UN"},140,{"$f":"VLOOKUP(B201,'Listado Ins Ana'!$G$3966:$M$8318,4,FALSE)","v":0},0,0,null,0,null,null,"No se calculó cantidad para este ítem. Se solicita confirmar que este íem no aplica.",1,null,null,null,{"$f":"VLOOKUP(B201,'Listado Ins Ana'!$G7716:$J100687,4,FALSE)-G201","v":0},null,{"$f":"+'auxiliar capitulos'!$A$29","v":"MUEBLES, ACCESORIOS, APARATOS SANITARIOS Y GRIFERÍA"},{"$f":"VLOOKUP(U201,'auxiliar capitulos'!$A$2:$M$68,13,FALSE)","v":"3.1.10"},20,null,140,38,49,53]
[194,"ARQ1014","3.1.10.21",{"$f":"VLOOKUP(B202,'Listado Ins Ana'!$G$3966:$M$8318,2,FALSE)","v":"PAPELERA (RECIPIENTE DE DESECHOS PARA MONTAR EN PARED) EN ACERO INOXIDABLE 304 TIPO INSTITUCIONAL O SIMILAR EQUIVALENTE."},{"$f":"VLOOKUP(B202,'Listado Ins Ana'!$G$3966:$M$8318,3,FALSE)","v":"UN"},51,{"$f":"VLOOKUP(B202,'Listado Ins Ana'!$G$3966:$M$8318,4,FALSE)","v":69900},89936,4586736,null,4586736,null,null,"No se calculó cantidad para este ítem. Se solicita confirmar que este íem no aplica.",1,null,null,null,{"$f":"VLOOKUP(B202,'Listado Ins Ana'!$G7716:$J100688,4,FALSE)-G202","v":0},null,{"$f":"+'auxiliar capitulos'!$A$29","v":"MUEBLES, ACCESORIOS, APARATOS SANITARIOS Y GRIFERÍA"},{"$f":"VLOOKUP(U202,'auxiliar capitulos'!$A$2:$M$68,13,FALSE)","v":"3.1.10"},21,null,51,16,23,12]
[195,"ARQ1015","3.1.10.22",{"$f":"VLOOKUP(B203,'Listado Ins Ana'!$G$3966:$M$8318,2,FALSE)","v":"GRIFERÍA DUCHA MEZCLADOR 8 PULGADAS. INCLUYE SUMINISTRO E INSTALACIÓN)."},{"$f":"VLOOKUP(B203,'Listado Ins Ana'!$G$3966:$M$8318,3,FALSE)","v":"UN"},6,{"$f":"VLOOKUP(B203,'Listado Ins Ana'!$G$3966:$M$8318,4,FALSE)","v":126817},163168,979008,null,979008,null,null,"No se calculó cantidad para este ítem. Se solicita confirmar que este íem no aplica.",1,null,null,null,{"$f":"VLOOKUP(B203,'Listado Ins Ana'!$G7716:$J100689,4,FALSE)-G203","v":0},null,{"$f":"+'auxiliar capitulos'!$A$29","v":"MUEBLES, ACCESORIOS, APARATOS SANITARIOS Y GRIFERÍA"},{"$f":"VLOOKUP(U203,'auxiliar capitulos'!$A$2:$M$68,13,FALSE)","v":"3.1.10"},22,null,6,2,2,2]
[196,"ARQ1016","3.1.10.23",{"$f":"VLOOKUP(B204,'Listado Ins Ana'!$G$3966:$M$8318,2,FALSE)","v":"LOCKER DE 2 PUESTOS EN LÁMINA COLD ROLLED CON ACABADOS EN PINTURA EN POLVO ELECTROSTÁTICA, PERFORACIONES DE VENTILACIÓN EN PUERTAS, O SIMILAR EQUIVALENTE."},{"$f":"VLOOKUP(B204,'Listado Ins Ana'!$G$3966:$M$8318,3,FALSE)","v":"UN"},45,{"$f":"VLOOKUP(B204,'Listado Ins Ana'!$G$3966:$M$8318,4,FALSE)","v":0},0,0,null,0,null,null,"No se calculó cantidad para este ítem. Se solicita confirmar que este íem no aplica.",1,null,null,null,{"$f":"VLOOKUP(B204,'Listado Ins Ana'!$G7716:$J100690,4,FALSE)-G204","v":0},null,{"$f":"+'auxiliar capitulos'!$A$29","v":"MUEBLES, ACCESORIOS, APARATOS SANITARIOS Y GRIFERÍA"},{"$f":"VLOOKUP(U204,'auxiliar capitulos'!$A$2:$M$68,13,FALSE)","v":"3.1.10"},23,null,45,15,15,15]
[197,5125,"3.1.10.24",{"$f":"VLOOKUP(B205,'Listado Ins Ana'!$G$3966:$M$8318,2,FALSE)","v":"DISPENSADOR PARA PAPEL HIGIENICO DE SOBREPONER EN LA PARED PARA ROLLO DE 200M Y 400M EN ACERO INOXIDABLE 304 SATINADO CON LLAVE. SUMINISTRO E INSTALACION."},{"$f":"VLOOKUP(B205,'Listado Ins Ana'!$G$3966:$M$8318,3,FALSE)","v":"UN"},25,{"$f":"VLOOKUP(B205,'Listado Ins Ana'!$G$3966:$M$8318,4,FALSE)","v":79598},102414,2560350,null,2560350,null,null,"No se calculó cantidad para este ítem. Se solicita confirmar que este íem no aplica.",1,null,null,null,{"$f":"VLOOKUP(B205,'Listado Ins Ana'!$G7716:$J100691,4,FALSE)-G205","v":{"$error":"#N/A"}},null,{"$f":"+'auxiliar capitulos'!$A$29","v":"MUEBLES, ACCESORIOS, APARATOS SANITARIOS Y GRIFERÍA"},{"$f":"VLOOKUP(U205,'auxiliar capitulos'!$A$2:$M$68,13,FALSE)","v":"3.1.10"},24,null,25,12,9,4]
[198,"ARQ1017","3.1.10.25",{"$f":"VLOOKUP(B206,'Listado Ins Ana'!$G$3966:$M$8318,2,FALSE)","v":"ESTACIÓN CAMBIADOR DE PAÑAL PLEGABLE DE SOBREPONER ANTIBACTERIAL EN ACERO INOXIDABLE, O SIMILAR EQUIVALENTE."},{"$f":"VLOOKUP(B206,'Listado Ins Ana'!$G$3966:$M$8318,3,FALSE)","v":"UN"},12,{"$f":"VLOOKUP(B206,'Listado Ins Ana'!$G$3966:$M$8318,4,FALSE)","v":5823560},7492825,89913900,null,89913900,null,null,"No se calculó cantidad para este ítem. Se solicita confirmar que este íem no aplica.",1,null,null,null,{"$f":"VLOOKUP(B206,'Listado Ins Ana'!$G7716:$J100692,4,FALSE)-G206","v":0},null,{"$f":"+'auxiliar capitulos'!$A$29","v":"MUEBLES, ACCESORIOS, APARATOS SANITARIOS Y GRIFERÍA"},{"$f":"VLOOKUP(U206,'auxiliar capitulos'!$A$2:$M$68,13,FALSE)","v":"3.1.10"},25,null,12,2,8,2]
[199,"ARQ1018",{"$f":"IF(W207=\"\",V207,CONCATENATE(V207,\".\",W207))","v":"3.1.10.26"},{"$f":"VLOOKUP(B207,'Listado Ins Ana'!$G$3966:$M$8318,2,FALSE)","v":"BARRA EN \"L \" DE SEGURIDAD, EN ACERO INOXIDABLE PARA PERSONAS EN CONDICIONES DE MOVILIDAD REDUCIDA"},{"$f":"VLOOKUP(B207,'Listado Ins Ana'!$G$3966:$M$8318,3,FALSE)","v":"UN"},6,{"$f":"VLOOKUP(B207,'Listado Ins Ana'!$G$3966:$M$8318,4,FALSE)","v":373508},480570,2883420,null,2883420,null,null,"No se calculó cantidad para este ítem. Se solicita confirmar que este íem no aplica.",1,null,null,null,{"$f":"VLOOKUP(B207,'Listado Ins Ana'!$G7716:$J100693,4,FALSE)-G207","v":0},null,{"$f":"+'auxiliar capitulos'!$A$29","v":"MUEBLES, ACCESORIOS, APARATOS SANITARIOS Y GRIFERÍA"},{"$f":"VLOOKUP(U207,'auxiliar capitulos'!$A$2:$M$68,13,FALSE)","v":"3.1.10"},26,null,{"$f":"SUM(Z207:CJ207)","v":6},4,1,1]
[200,"ARQ1019","3.1.10.27",{"$f":"VLOOKUP(B208,'Listado Ins Ana'!$G$3966:$M$8318,2,FALSE)","v":"BARRA ABATIBLE DE SEGURIDAD EN ACERO INOXIDABLE, PARA PERSONAS EN CONDICIONES DE MOVILIDAD REDUCIDA."},{"$f":"VLOOKUP(B208,'Listado Ins Ana'!$G$3966:$M$8318,3,FALSE)","v":"UN"},38,{"$f":"VLOOKUP(B208,'Listado Ins Ana'!$G$3966:$M$8318,4,FALSE)","v":481342.3},619314,23533932,null,23533932,null,null,"No se calculó cantidad para este ítem. Se solicita confirmar que este íem no aplica.",1,null,null,null,{"$f":"VLOOKUP(B208,'Listado Ins Ana'!$G7716:$J100694,4,FALSE)-G208","v":0},null,{"$f":"+'auxiliar capitulos'!$A$29","v":"MUEBLES, ACCESORIOS, APARATOS SANITARIOS Y GRIFERÍA"},{"$f":"VLOOKUP(U208,'auxiliar capitulos'!$A$2:$M$68,13,FALSE)","v":"3.1.10"},27,null,38,36,1,1]
[201,"ARQ1020","3.1.10.28",{"$f":"VLOOKUP(B209,'Listado Ins Ana'!$G$3966:$M$8318,2,FALSE)","v":"BARRA DOBLE BRAZO DE SEGURIDAD EN ACERO INOXIDABLE, PARA PERSONAS EN CONDICIONES DE MOVILIDAD REDUCIDA."},{"$f":"VLOOKUP(B209,'Listado Ins Ana'!$G$3966:$M$8318,3,FALSE)","v":"UN"},3,{"$f":"VLOOKUP(B209,'Listado Ins Ana'!$G$3966:$M$8318,4,FALSE)","v":474342.3},610308,1830924,null,1830924,null,null,"No se calculó cantidad para este ítem. Se solicita confirmar que este íem no aplica.",1,null,null,null,{"$f":"VLOOKUP(B209,'Listado Ins Ana'!$G7716:$J100695,4,FALSE)-G209","v":0},null,{"$f":"+'auxiliar capitulos'!$A$29","v":"MUEBLES, ACCESORIOS, APARATOS SANITARIOS Y GRIFERÍA"},{"$f":"VLOOKUP(U209,'auxiliar capitulos'!$A$2:$M$68,13,FALSE)","v":"3.1.10"},28,null,3,3]
[202,"ARQ1021","3.1.10.29",{"$f":"VLOOKUP(B210,'Listado Ins Ana'!$G$3966:$M$8318,2,FALSE)","v":"SUMINISTRO, TRANSPORTE E INSTALACION DE PORTA ROLLO PARA BAÑOS DE MOVILIDAD REDUCIDA"},{"$f":"VLOOKUP(B210,'Listado Ins Ana'!$G$3966:$M$8318,3,FALSE)","v":"UN"},24,{"$f":"VLOOKUP(B210,'Listado Ins Ana'!$G$3966:$M$8318,4,FALSE)","v":79598},102414,2457936,null,2457936,null,null,"No se calculó cantidad para este ítem. Se solicita confirmar que este íem no aplica.",1,null,null,null,{"$f":"VLOOKUP(B210,'Listado Ins Ana'!$G7716:$J100696,4,FALSE)-G210","v":0},null,{"$f":"+'auxiliar capitulos'!$A$29","v":"MUEBLES, ACCESORIOS, APARATOS SANITARIOS Y GRIFERÍA"},{"$f":"VLOOKUP(U210,'auxiliar capitulos'!$A$2:$M$68,13,FALSE)","v":"3.1.10"},29,null,24,4,14,6]
[203,"ARQ1022","3.1.10.30",{"$f":"VLOOKUP(B211,'Listado Ins Ana'!$G$3966:$M$8318,2,FALSE)","v":"SUMINISTRO E INSTALACIÓN GRIFERIA ANTIVANDALICA DE MESÓN PARA LAVAMANOS TIPO PUSH CROMADA METÁLICA DOCOL REF. 4-AA-110 O EQUIVALENTE"},{"$f":"VLOOKUP(B211,'Listado Ins Ana'!$G$3966:$M$8318,3,FALSE)","v":"UN"},17,{"$f":"VLOOKUP(B211,'Listado Ins Ana'!$G$3966:$M$8318,4,FALSE)","v":109589},141002,2397034,null,2397034,null,null,"No se calculó cantidad para este ítem. Se solicita confirmar que este íem no aplica.",1,null,null,null,{"$f":"VLOOKUP(B211,'Listado Ins Ana'!$G7716:$J100697,4,FALSE)-G211","v":0},null,{"$f":"+'auxiliar capitulos'!$A$29","v":"MUEBLES, ACCESORIOS, APARATOS SANITARIOS Y GRIFERÍA"},{"$f":"VLOOKUP(U211,'auxiliar capitulos'!$A$2:$M$68,13,FALSE)","v":"3.1.10"},30,null,17,14,2,1]
[204,"ARQ1023","3.1.10.31",{"$f":"VLOOKUP(B212,'Listado Ins Ana'!$G$3966:$M$8318,2,FALSE)","v":"SUMINISTRO E INSTALACIÓN GRIFERIA MEZCLADOR PARA LAVAMANOS DE COLGAR GRIVAL O EQUIVALENTE."},{"$f":"VLOOKUP(B212,'Listado Ins Ana'!$G$3966:$M$8318,3,FALSE)","v":"UN"},22,{"$f":"VLOOKUP(B212,'Listado Ins Ana'!$G$3966:$M$8318,4,FALSE)","v":90817},116849,2570678,null,2570678,null,null,"No se calculó cantidad para este ítem. Se solicita confirmar que este íem no aplica.",1,null,null,null,{"$f":"VLOOKUP(B212,'Listado Ins Ana'!$G7716:$J100698,4,FALSE)-G212","v":0},null,{"$f":"+'auxiliar capitulos'!$A$29","v":"MUEBLES, ACCESORIOS, APARATOS SANITARIOS Y GRIFERÍA"},{"$f":"VLOOKUP(U212,'auxiliar capitulos'!$A$2:$M$68,13,FALSE)","v":"3.1.10"},31,null,22,6,10,6]
[205,"ARQ1024","3.1.10.32",{"$f":"VLOOKUP(B213,'Listado Ins Ana'!$G$3966:$M$8318,2,FALSE)","v":"SUMINISTRO E INSTALACIÓN GRIFERIA MEZCLADOR PARA LAVAPLATOS GRIVAL O EQUIVALENTE."},{"$f":"VLOOKUP(B213,'Listado Ins Ana'!$G$3966:$M$8318,3,FALSE)","v":"UN"},10,{"$f":"VLOOKUP(B213,'Listado Ins Ana'!$G$3966:$M$8318,4,FALSE)","v":83907},107958,1079580,null,1079580,null,null,"No se calculó cantidad para este ítem. Se solicita confirmar que este íem no aplica.",1,null,null,null,{"$f":"VLOOKUP(B213,'Listado Ins Ana'!$G7716:$J100699,4,FALSE)-G213","v":0},null,{"$f":"+'auxiliar capitulos'!$A$29","v":"MUEBLES, ACCESORIOS, APARATOS SANITARIOS Y GRIFERÍA"},{"$f":"VLOOKUP(U213,'auxiliar capitulos'!$A$2:$M$68,13,FALSE)","v":"3.1.10"},32,null,10,4,null,6]
[206,"ARQ1025","3.1.10.33",{"$f":"VLOOKUP(B214,'Listado Ins Ana'!$G$3966:$M$8318,2,FALSE)","v":"SUMINISTRO, TRANSPORTE E INSTALACION DE LLAVE TERMINAL DE 1/2\" METÁLICA\nPARA LAVATRAPEROS"},{"$f":"VLOOKUP(B214,'Listado Ins Ana'!$G$3966:$M$8318,3,FALSE)","v":"UN"},4,{"$f":"VLOOKUP(B214,'Listado Ins Ana'!$G$3966:$M$8318,4,FALSE)","v":49432},63601,254404,null,254404,null,null,"No se calculó cantidad para este ítem. Se solicita confirmar que este íem no aplica.",1,null,null,null,{"$f":"VLOOKUP(B214,'Listado Ins Ana'!$G7716:$J100700,4,FALSE)-G214","v":0},null,{"$f":"+'auxiliar capitulos'!$A$29","v":"MUEBLES, ACCESORIOS, APARATOS SANITARIOS Y GRIFERÍA"},{"$f":"VLOOKUP(U214,'auxiliar capitulos'!$A$2:$M$68,13,FALSE)","v":"3.1.10"},33,null,4,4]
[207,"ARQ1026","3.1.10.34",{"$f":"VLOOKUP(B215,'Listado Ins Ana'!$G$3966:$M$8318,2,FALSE)","v":"SUMINISTRO, TRANSPORTE E INSTALACION DE ESPEJO EN VIDRIO DE SEGURIDAD LAMINADO 4+4 FLOTADO\n"},{"$f":"VLOOKUP(B215,'Listado Ins Ana'!$G$3966:$M$8318,3,FALSE)","v":"UN"},41,{"$f":"VLOOKUP(B215,'Listado Ins Ana'!$G$3966:$M$8318,4,FALSE)","v":200863},258438,10595958,null,10595958,null,null,"No se calculó cantidad para este ítem. Se solicita confirmar que este íem no aplica.",1,null,null,null,{"$f":"VLOOKUP(B215,'Listado Ins Ana'!$G7716:$J100701,4,FALSE)-G215","v":0},null,{"$f":"+'auxiliar capitulos'!$A$29","v":"MUEBLES, ACCESORIOS, APARATOS SANITARIOS Y GRIFERÍA"},{"$f":"VLOOKUP(U215,'auxiliar capitulos'!$A$2:$M$68,13,FALSE)","v":"3.1.10"},34,null,41,12,19,10]
[209,null,"3.1.11",{"$f":"+'auxiliar capitulos'!$A$30","v":"PASAMANOS Y BARANDAS"},null,null,null,null,null,null,null,null,null,null,null,null,null,null,null,null,{"$f":"+'auxiliar capitulos'!$A$30","v":"PASAMANOS Y BARANDAS"},{"$f":"VLOOKUP(U216,'auxiliar capitulos'!$A$2:$M$68,13,FALSE)","v":"3.1.11"},{"$f":"IF(E216=\"\",\"\",IF(E208=\"\",1,W208+1))","v":""},null,0]
[210,7308,"3.1.11.29",{"$f":"VLOOKUP(B217,'Listado Ins Ana'!$G$3966:$M$8318,2,FALSE)","v":"BARANDA EN VIDRIO TEMPLADO OPALIZADO DE 10MM H=1.00M Y PASAMANOS CILINDRICO EN ACERO INOXIDABLE MATE DE D=1 1/2\" EDIFICIO ACCESO (ESCALERAS, RAMPAS, TERRAZAS, TORNIQUETES) (SUMINISTRO E INSTALACIÓN)."},{"$f":"VLOOKUP(B217,'Listado Ins Ana'!$G$3966:$M$8318,3,FALSE)","v":"ML"},{"$f":"+Y217","v":182.53},{"$f":"VLOOKUP(B217,'Listado Ins Ana'!$G$3966:$M$8318,4,FALSE)","v":503407},{"$f":"ROUND(G217*(1+$F$867),0)","v":647704},{"$f":"ROUND(H217*F217,0)","v":118225411},null,{"$f":"+I217","v":118225411},null,null,"Se sugiere revisar la cantidad. Se espera mas de 6,000m2 en total",1,null,null,null,{"$f":"VLOOKUP(B217,'Listado Ins Ana'!$G$3966:$J$100621,4,FALSE)-G217","v":0},null,{"$f":"+'auxiliar capitulos'!$A$30","v":"PASAMANOS Y BARANDAS"},{"$f":"VLOOKUP(U217,'auxiliar capitulos'!$A$2:$M$68,13,FALSE)","v":"3.1.11"},{"$f":"IF(E217=\"\",\"\",IF(E209=\"\",1,W209+1))","v":29},null,182.53,39.58,52.8,90.15]
[211,"ARQ1101","3.1.11.30",{"$f":"VLOOKUP(B218,'Listado Ins Ana'!$G$3966:$M$8318,2,FALSE)","v":"PASAMANOS TUBULAR CILINDRICO EN ACERO INOXIDABLE SATINADO  D=1,5\". INCLUYE VIDRIO TEMPLADO Y LAMINADO DE 10 MM (5+5 CON PVB) H= 0,60 M  Y PERFORACIÓN PARA FIJACIÓN A BALAUSTRES.  SIMILAR O EQUIVALENTE PARA ESCALERAS, RAMPAS, TERRAZAS, TORNIQUETES. INCLUYE SUMINISTRO E INSTALACIÓN DE HERRAJES, EMPAQUES, ACCESORIOS, FIJACIONES  E INSTALACIÓN."},{"$f":"VLOOKUP(B218,'Listado Ins Ana'!$G$3966:$M$8318,3,FALSE)","v":"ML"},{"$f":"+Y218","v":176.82},{"$f":"VLOOKUP(B218,'Listado Ins Ana'!$G$3966:$M$8318,4,FALSE)","v":302044.2},{"$f":"ROUND(G218*(1+$F$867),0)","v":388622},{"$f":"ROUND(H218*F218,0)","v":68716142},null,{"$f":"+I218","v":68716142},null,"Este Item ya no esta en IDU",null,1,null,null,null,{"$f":"VLOOKUP(B218,'Listado Ins Ana'!$G7716:$J100703,4,FALSE)-G218","v":0},null,{"$f":"+'auxiliar capitulos'!$A$30","v":"PASAMANOS Y BARANDAS"},{"$f":"VLOOKUP(U218,'auxiliar capitulos'!$A$2:$M$68,13,FALSE)","v":"3.1.11"},{"$f":"IF(E218=\"\",\"\",IF(E210=\"\",1,W210+1))","v":30},null,176.82,33.65,72.2,70.97]
[212,"ARQ1101","3.1.11.31",{"$f":"VLOOKUP(B219,'Listado Ins Ana'!$G$3966:$M$8318,2,FALSE)","v":"PASAMANOS TUBULAR CILINDRICO EN ACERO INOXIDABLE SATINADO  D=1,5\". INCLUYE VIDRIO TEMPLADO Y LAMINADO DE 10 MM (5+5 CON PVB) H= 0,60 M  Y PERFORACIÓN PARA FIJACIÓN A BALAUSTRES.  SIMILAR O EQUIVALENTE PARA ESCALERAS, RAMPAS, TERRAZAS, TORNIQUETES. INCLUYE SUMINISTRO E INSTALACIÓN DE HERRAJES, EMPAQUES, ACCESORIOS, FIJACIONES  E INSTALACIÓN."},{"$f":"VLOOKUP(B219,'Listado Ins Ana'!$G$3966:$M$8318,3,FALSE)","v":"ML"},{"$f":"+Y219","v":139.17000000000002},{"$f":"VLOOKUP(B219,'Listado Ins Ana'!$G$3966:$M$8318,4,FALSE)","v":302044.2},{"$f":"ROUND(G219*(1+$F$867),0)","v":388622},{"$f":"ROUND(H219*F219,0)","v":54084524},null,{"$f":"+I219","v":54084524},null,null,null,1,null,null,null,{"$f":"VLOOKUP(B219,'Listado Ins Ana'!$G7716:$J100704,4,FALSE)-G219","v":0},null,{"$f":"+'auxiliar capitulos'!$A$30","v":"PASAMANOS Y BARANDAS"},{"$f":"VLOOKUP(U219,'auxiliar capitulos'!$A$2:$M$68,13,FALSE)","v":"3.1.11"},{"$f":"IF(E219=\"\",\"\",IF(E211=\"\",1,W211+1))","v":31},null,139.17000000000002,9.6,58.62,70.95]
[215,null,"3.1.12",{"$f":"+'auxiliar capitulos'!$A$31","v":"ESTRUCTURAS ARQUITECTURA"},null,null,null,null,null,null,null,null,null,null,null,null,null,null,null,null,{"$f":"+'auxiliar capitulos'!$A$31","v":"ESTRUCTURAS ARQUITECTURA"},{"$f":"VLOOKUP(U220,'auxiliar capitulos'!$A$2:$M$68,13,FALSE)","v":"3.1.12"},{"$f":"IF(E220=\"\",\"\",IF(E212=\"\",1,W212+1))","v":""},null,0]
[216,"ARQ1201","3.1.12.1",{"$f":"VLOOKUP(B221,'Listado Ins Ana'!$G$3966:$M$8318,2,FALSE)","v":"PUNTO DE ANCLAJE PARA INSTALACIÓN DE LINEAS DE VIDA TIPO P1048 EN ACERO INOXIDABLE, CON FIJACIÓN ESTRUCTURAL DE DOBLE PERNO, O SIMILAR EQUIVALENTE. INCLUYE LINEA DE VIDA FIJA HORIZONTAL CON PORTE COLAPSIBLE REF 1226P (P1049360B) EN ACERO INOXIDABLE, CON SISTEMA INTEGRADO DE ABSORCIÓN DE ENERGÍA, O SIMILAR EQUIVALENTE. INCLUYE (SUMINISTRO, INSTALACIÓN, ACCESORIOS, HERRAJES, GRAPAS PARA CUBIERTA METÁLICA, CABLE,  PUNTOS DE ANCLAJE , CURVAS, TENSORES  Y DEMAS NECESARIOS PARA LA INSTALACIÓN Y CORRECTA OPERACIÓN DEL SISTEMA)."},{"$f":"VLOOKUP(B221,'Listado Ins Ana'!$G$3966:$M$8318,3,FALSE)","v":"UN"},{"$f":"+Y221","v":0},{"$f":"VLOOKUP(B221,'Listado Ins Ana'!$G$3966:$M$8318,4,FALSE)","v":6189637},{"$f":"ROUND(G221*(1+$F$867),0)","v":7963835},{"$f":"ROUND(H221*F221,0)","v":0},null,{"$f":"+I221","v":0},null,null,"No se calculó cantidad para este ítem. Se solicita confirmar que este íem no aplica.",1,null,null,null,{"$f":"VLOOKUP(B221,'Listado Ins Ana'!$G7716:$J100693,4,FALSE)-G221","v":0},null,{"$f":"+'auxiliar capitulos'!$A$31","v":"ESTRUCTURAS ARQUITECTURA"},{"$f":"VLOOKUP(U221,'auxiliar capitulos'!$A$2:$M$68,13,FALSE)","v":"3.1.12"},{"$f":"IF(E221=\"\",\"\",IF(E220=\"\",1,W220+1))","v":1},null,0]
[217,"ARQ1202","3.1.12.2",{"$f":"VLOOKUP(B222,'Listado Ins Ana'!$G$3966:$M$8318,2,FALSE)","v":"PUNTO DE ANCLAJE PARA INSTALACIÓN DE LINEAS DE VIDA TIPO P1050-DUO EN ACERO INOXIDABLE, CON FIJACIÓN ESTRUCTURAL DE DOBLE PERNO, SIMILAR EQUIVALENTE. INCLUYE LÍNEA DE VIDA HORIZONTAL DE PARED DE ANCLAJE FIJO, TIPO  1226W  DE ANCLAJE FIJO – P1009, EN ACERO INOXIDABLE CON DOBLE ABSORBEDOR DISEÑADO PARA INSTALARSE EN CONJUNTO CON LOS DESVÍOS INTERNOS Y EXTERNOS,  O SIMILAR EQUIVALENTE. INCLUYE (SUMINISTRO, INSTALACIÓN, ACCESORIOS, HERRAJES, GRAPAS PARA CUBIERTA METÁLICA, CABLE,  PUNTOS DE ANCLAJE , CURVAS, TENSORES  Y DEMAS NECESARIOS PARA LA INSTALACIÓN Y CORRECTA OPERACIÓN DEL SISTEMA)."},{"$f":"VLOOKUP(B222,'Listado Ins Ana'!$G$3966:$M$8318,3,FALSE)","v":"UN"},0,{"$f":"VLOOKUP(B222,'Listado Ins Ana'!$G$3966:$M$8318,4,FALSE)","v":10001027},12867721,0,null,0,null,null,"No se calculó cantidad para este ítem. Se solicita confirmar que este íem no aplica.",1,null,null,null,{"$f":"VLOOKUP(B222,'Listado Ins Ana'!$G7716:$J100694,4,FALSE)-G222","v":0},null,{"$f":"+'auxiliar capitulos'!$A$31","v":"ESTRUCTURAS ARQUITECTURA"},{"$f":"VLOOKUP(U222,'auxiliar capitulos'!$A$2:$M$68,13,FALSE)","v":"3.1.12"},2,null,0]
[220,"ARQ1205","3.1.12.3",{"$f":"VLOOKUP(B223,'Listado Ins Ana'!$G$3966:$M$8318,2,FALSE)","v":"PLACA ESTRUCTURAL TIPO ARAÑA REF. 781403, FABRICADA EN ACERO INOXIDABLE, PARA PUNTOS DE ANCLAJE 360º TIPO ORBIT REF. 1049360A. SE PUEDE INSTALAR EN CUBIERTAS DE JUNTA DE ALZADA POR MEDIO DE GRAPAS DE ALUMINIO REF. 5075AL Y/O 5076AL. RECOMENDADO PARA UTILIZAR EN CUBIERTAS QUE NO EXCEDAN LOS 7º DE PENDIENTE, O SIMILAR EQUIVALENTE. INCLUYE (SUMINISTRO, INSTALACIÓN, ACCESORIOS, GRAPAS PARA CUBIERTA METÁLICA, HERRAJES Y DEMAS NECESARIOS PARA SU INSTALACIÓN Y CORRECTA OPERACIÓN)"},{"$f":"VLOOKUP(B223,'Listado Ins Ana'!$G$3966:$M$8318,3,FALSE)","v":"M2"},0,{"$f":"VLOOKUP(B223,'Listado Ins Ana'!$G$3966:$M$8318,4,FALSE)","v":0},0,0,null,0,null,"Este Item ya no esta en IDU","No se calculó cantidad para este ítem. Se solicita confirmar que este íem no aplica.",1,null,null,null,{"$f":"VLOOKUP(B223,'Listado Ins Ana'!$G7716:$J100697,4,FALSE)-G223","v":0},null,{"$f":"+'auxiliar capitulos'!$A$31","v":"ESTRUCTURAS ARQUITECTURA"},{"$f":"VLOOKUP(U223,'auxiliar capitulos'!$A$2:$M$68,13,FALSE)","v":"3.1.12"},3,null,0]
[221,"ARQ1206","3.1.12.4",{"$f":"VLOOKUP(B224,'Listado Ins Ana'!$G$3966:$M$8318,2,FALSE)","v":"SISTEMA PARA DETENCIÓN DE CAÍDAS E INSTALACIÓN DE MAQUINARÍA DE LIMPIEZA DE FACHADAS.TIPO RIEL RIEL FU23087  RIGIDO FABRICADO EN ALUMINIO 6061 DE ALTA RESISTENCIA CON RECUBRIMIENTO A LA CORROSIÓN ANODIZADO, O SIMILAR EQUIVALENTE. INCLUYE (FIJACIONES,  SOPORTES, CURVAS, UNIONES, CARROS (4) MOVILES, ACCESORIOS, SUMINISTRO E INSTALACIÓN)"},{"$f":"VLOOKUP(B224,'Listado Ins Ana'!$G$3966:$M$8318,3,FALSE)","v":"ML"},486.45,{"$f":"VLOOKUP(B224,'Listado Ins Ana'!$G$3966:$M$8318,4,FALSE)","v":0},0,0,null,0,null,null,"No se calculó cantidad para este ítem. Se solicita confirmar que este íem no aplica.",1,null,null,null,{"$f":"VLOOKUP(B224,'Listado Ins Ana'!$G7716:$J100698,4,FALSE)-G224","v":0},null,{"$f":"+'auxiliar capitulos'!$A$31","v":"ESTRUCTURAS ARQUITECTURA"},{"$f":"VLOOKUP(U224,'auxiliar capitulos'!$A$2:$M$68,13,FALSE)","v":"3.1.12"},4,null,486.45,125.2,159.74,201.51]
[222,7549,"3.1.12.5",{"$f":"VLOOKUP(B225,'Listado Ins Ana'!$G$3966:$M$8318,2,FALSE)","v":"ESCALERA METÁLICA PARA ACCESO A CUBIERTA (SUMINISTRO E INSTALACIÓN)"},{"$f":"VLOOKUP(B225,'Listado Ins Ana'!$G$3966:$M$8318,3,FALSE)","v":"UN"},5,{"$f":"VLOOKUP(B225,'Listado Ins Ana'!$G$3966:$M$8318,4,FALSE)","v":3240097},4168838,20844190,null,20844190,null,null,"No se calculó cantidad para este ítem. Se solicita confirmar que este íem no aplica.",1,null,null,null,{"$f":"VLOOKUP(B225,'Listado Ins Ana'!$G7716:$J100699,4,FALSE)-G225","v":{"$error":"#N/A"}},null,{"$f":"+'auxiliar capitulos'!$A$31","v":"ESTRUCTURAS ARQUITECTURA"},{"$f":"VLOOKUP(U225,'auxiliar capitulos'!$A$2:$M$68,13,FALSE)","v":"3.1.12"},5,null,5,1,2,2]
[223,"ARQ1207","3.1.12.6",{"$f":"VLOOKUP(B226,'Listado Ins Ana'!$G$3966:$M$8318,2,FALSE)","v":"MALLA DE PROTECCIÓN EN ZONA DE ABORDAJE (INCLUYE SUMINISTRO E INSTALACIÓN) SEGÚN DISEÑO ELECTROMECÁNICO. "},{"$f":"VLOOKUP(B226,'Listado Ins Ana'!$G$3966:$M$8318,3,FALSE)","v":"UN"},0,{"$f":"VLOOKUP(B226,'Listado Ins Ana'!$G$3966:$M$8318,4,FALSE)","v":30978500},39858177,0,null,0,null,null,"No se calculó cantidad para este ítem. Se solicita confirmar que este íem no aplica.",1,null,null,null,{"$f":"VLOOKUP(B226,'Listado Ins Ana'!$G7716:$J100700,4,FALSE)-G226","v":0},null,{"$f":"+'auxiliar capitulos'!$A$31","v":"ESTRUCTURAS ARQUITECTURA"},{"$f":"VLOOKUP(U226,'auxiliar capitulos'!$A$2:$M$68,13,FALSE)","v":"3.1.12"},6,null,0]
[226,null,"3.2","URBANISMO, ESPACIO PÚBLICO Y PAISAJISMO",null,null,null,null,null,null,null,null,null,null,null,null,null,null,null,null,"URBANISMO, ESPACIO PÚBLICO Y PAISAJISMO",{"$f":"VLOOKUP(U227,'auxiliar capitulos'!$A$2:$M$68,13,FALSE)","v":"3.2"},"",null,0]
[228,8953,{"$f":"IF(W228=\"\",V228,CONCATENATE(V228,\".\",W228))","v":"3.2.1"},{"$f":"VLOOKUP(B228,'Listado Ins Ana'!$G$3966:$M$8277,2,FALSE)","v":"BARANDA METALICA M-82 PREFABRICADA MOV. REDUCIDA BORDE DE VIA (Incluye dados de concreto 3000psi grava común de 0.20 x 0.20m y recubrimiento en epóxico y esmalte uretano). Suministro e Instalación"},{"$f":"VLOOKUP(B228,'Listado Ins Ana'!$G$3966:$M$8277,3,FALSE)","v":"ML"},{"$f":"Y228","v":132.71},{"$f":"VLOOKUP(B228,'Listado Ins Ana'!$G$3966:$M$8277,4,FALSE)","v":281106},{"$f":"ROUND(G228*(1+$F$867),0)","v":361682},{"$f":"ROUND(H228*F228,0)","v":47998818},"Si",{"$f":"+I228","v":47998818},null,null,null,null,null,null,null,{"$f":"VLOOKUP(B228,'Listado Ins Ana'!$G$3966:$J$100621,4,FALSE)-G228","v":0},null,"URBANISMO, ESPACIO PÚBLICO Y PAISAJISMO",{"$f":"VLOOKUP(U228,'auxiliar capitulos'!$A$2:$M$68,13,FALSE)","v":"3.2"},{"$f":"IF(E228=\"\",\"\",IF(E227=\"\",1,W227+1))","v":1},null,{"$f":"SUM(Z228:CJ228)","v":132.71},null,69.400000000000006,63.31]
[228,3027,"3.2.2",{"$f":"VLOOKUP(B229,'Listado Ins Ana'!$G$3966:$M$8277,2,FALSE)","v":"SARDINEL TIPO A10 (SUMINISTRO E INSTALACIÓN. INCLUYE 3CM MORTERO 1:5)"},{"$f":"VLOOKUP(B229,'Listado Ins Ana'!$G$3966:$M$8277,3,FALSE)","v":"ML"},774.05000000000007,{"$f":"VLOOKUP(B229,'Listado Ins Ana'!$G$3966:$M$8277,4,FALSE)","v":52710},67819,52495297,"Si",52495297,null,null,null,null,null,null,null,{"$f":"VLOOKUP(B229,'Listado Ins Ana'!$G$3966:$J$100621,4,FALSE)-G229","v":0},null,"URBANISMO, ESPACIO PÚBLICO Y PAISAJISMO",{"$f":"VLOOKUP(U229,'auxiliar capitulos'!$A$2:$M$68,13,FALSE)","v":"3.2"},2,null,774.05000000000007,340.75,392.6,40.700000000000003]
[228,4137,"3.2.3",{"$f":"VLOOKUP(B230,'Listado Ins Ana'!$G$3966:$M$8277,2,FALSE)","v":"ADOQUIN DE CONCRETO COLOR 20X10X8CM (SUMINISTRO E INSTALACIÓN. INCLUYE BASE 4CM ARENA NIVELACIÓN Y ARENA DE SELLO)"},{"$f":"VLOOKUP(B230,'Listado Ins Ana'!$G$3966:$M$8277,3,FALSE)","v":"M2"},6350.85,{"$f":"VLOOKUP(B230,'Listado Ins Ana'!$G$3966:$M$8277,4,FALSE)","v":79588},102401,650333391,"Si",650333391,null,null,null,null,null,null,null,{"$f":"VLOOKUP(B230,'Listado Ins Ana'!$G$3966:$J$100621,4,FALSE)-G230","v":0},null,"URBANISMO, ESPACIO PÚBLICO Y PAISAJISMO",{"$f":"VLOOKUP(U230,'auxiliar capitulos'!$A$2:$M$68,13,FALSE)","v":"3.2"},3,null,6350.85,604.70000000000005,{"$f":"114.79+3474.38","v":3589.17},2156.98]
[228,4394,{"$f":"IF(W231=\"\",V231,CONCATENATE(V231,\".\",W231))","v":"3.2.4"},{"$f":"VLOOKUP(B231,'Listado Ins Ana'!$G$3966:$M$8277,2,FALSE)","v":"ADOQUIN DE CONCRETO TR. PESADO 20X10X8CM (SUMINISTRO E INSTALACIÓN. INCLUYE BASE 4CM ARENA NIVELACIÓN Y ARENA DE SELLO)"},{"$f":"VLOOKUP(B231,'Listado Ins Ana'!$G$3966:$M$8277,3,FALSE)","v":"M2"},{"$f":"Y231","v":1176.79},{"$f":"VLOOKUP(B231,'Listado Ins Ana'!$G$3966:$M$8277,4,FALSE)","v":70436},90626,{"$f":"ROUND(H231*F231,0)","v":106647771},"Si",{"$f":"+I231","v":106647771},null,null,null,null,null,null,null,{"$f":"VLOOKUP(B231,'Listado Ins Ana'!$G$3966:$J$100621,4,FALSE)-G231","v":0},null,"URBANISMO, ESPACIO PÚBLICO Y PAISAJISMO",{"$f":"VLOOKUP(U231,'auxiliar capitulos'!$A$2:$M$68,13,FALSE)","v":"3.2"},4,null,{"$f":"SUM(Z231:CJ231)","v":1176.79},178,301.62,697.17]
[228,4856,"3.2.5",{"$f":"VLOOKUP(B232,'Listado Ins Ana'!$G$3966:$M$8277,2,FALSE)","v":"PISOS EN LOSETA PREFABRICADA A55 TÁCTIL ALERTA O A56 GUIA 40X40X6 CM. SUMINISTRO E INSTALACIÓN. (INCLUYE 4CM DE MORTERO 1:5 HECHO EN OBRA PARA BASE Y ARENA DE PEÑA PARA SELLO)."},{"$f":"VLOOKUP(B232,'Listado Ins Ana'!$G$3966:$M$8277,3,FALSE)","v":"M2"},1164.76,{"$f":"VLOOKUP(B232,'Listado Ins Ana'!$G$3966:$M$8277,4,FALSE)","v":69957},90009,104838883,"Si",104838883,null,null,null,null,null,null,null,{"$f":"VLOOKUP(B232,'Listado Ins Ana'!$G$3966:$J$100621,4,FALSE)-G232","v":0},null,"URBANISMO, ESPACIO PÚBLICO Y PAISAJISMO",{"$f":"VLOOKUP(U232,'auxiliar capitulos'!$A$2:$M$68,13,FALSE)","v":"3.2"},5,null,1164.76,{"$f":"34.63+29.6","v":64.23},{"$f":"301.71+244","v":545.71},{"$f":"436.02+118.8","v":554.81999999999994}]
[228,6299,{"$f":"IF(W233=\"\",V233,CONCATENATE(V233,\".\",W233))","v":"3.2.6"},{"$f":"VLOOKUP(B233,'Listado Ins Ana'!$G$3966:$M$8277,2,FALSE)","v":"CONCRETO PARA ANDENES, ESCOBEADO Y FUNDIDO EN SITIO E= 0,10 M. SUMINISTRO Y COLOCACIÓN."},{"$f":"VLOOKUP(B233,'Listado Ins Ana'!$G$3966:$M$8277,3,FALSE)","v":"M3"},{"$f":"Y233","v":3.87},{"$f":"VLOOKUP(B233,'Listado Ins Ana'!$G$3966:$M$8277,4,FALSE)","v":464908},598169,{"$f":"ROUND(H233*F233,0)","v":2314914},"Si",{"$f":"+I233","v":2314914},null,null,null,null,null,null,null,{"$f":"VLOOKUP(B233,'Listado Ins Ana'!$G$3966:$J$100621,4,FALSE)-G233","v":0},null,"URBANISMO, ESPACIO PÚBLICO Y PAISAJISMO",{"$f":"VLOOKUP(U233,'auxiliar capitulos'!$A$2:$M$68,13,FALSE)","v":"3.2"},6,null,{"$f":"SUM(Z233:CJ233)","v":3.87},null,3.87]
[228,"URB004","3.2.7",{"$f":"VLOOKUP(B234,'Listado Ins Ana'!$G$3966:$M$8277,2,FALSE)","v":"TABLETA EN FIBRA DE VIDRIO TÁCTIL ALERTA 40 X 40 SOBREPONER TIPO A60, COLOR OCRE ALBERO"},{"$f":"VLOOKUP(B234,'Listado Ins Ana'!$G$3966:$M$8277,3,FALSE)","v":"ML"},6.36,{"$f":"VLOOKUP(B234,'Listado Ins Ana'!$G$3966:$M$8277,4,FALSE)","v":1},1,6,"Si",6,null,null,null,null,null,null,null,{"$f":"VLOOKUP(B234,'Listado Ins Ana'!$G$3966:$J$100621,4,FALSE)-G234","v":0},null,"URBANISMO, ESPACIO PÚBLICO Y PAISAJISMO",{"$f":"VLOOKUP(U234,'auxiliar capitulos'!$A$2:$M$68,13,FALSE)","v":"3.2"},7,null,6.36,null,null,6.36]
[228,"URB005","3.2.8",{"$f":"VLOOKUP(B235,'Listado Ins Ana'!$G$3966:$M$8277,2,FALSE)","v":"TABLETA EN FIBRA DE VIDRIO TÁCTIL GUIA 40 X 40 SOBREPONER TIPO A61, COLOR OCRE ALBERO"},{"$f":"VLOOKUP(B235,'Listado Ins Ana'!$G$3966:$M$8277,3,FALSE)","v":"ML"},7.36,{"$f":"VLOOKUP(B235,'Listado Ins Ana'!$G$3966:$M$8277,4,FALSE)","v":1},1,7,"Si",7,null,null,null,null,null,null,null,{"$f":"VLOOKUP(B235,'Listado Ins Ana'!$G$3966:$J$100621,4,FALSE)-G235","v":0},null,"URBANISMO, ESPACIO PÚBLICO Y PAISAJISMO",{"$f":"VLOOKUP(U235,'auxiliar capitulos'!$A$2:$M$68,13,FALSE)","v":"3.2"},8,null,7.36,null,null,7.36]
[228,6475,"3.2.9",{"$f":"VLOOKUP(B236,'Listado Ins Ana'!$G$3966:$M$8277,2,FALSE)","v":"BORDILLO PREFABRICADO A80 (SUMINISTRO E INSTALACIÓN. INCLUYE 3CM MORTERO DE PEGA 2000 PSI Y NIVELACIÓN DEL TERRENO CON RELLENO EN MATERIAL SELECCIONADO PROVENIENTE DE EXCAVACIÓN)."},{"$f":"VLOOKUP(B236,'Listado Ins Ana'!$G$3966:$M$8277,3,FALSE)","v":"ML"},2621.9,{"$f":"VLOOKUP(B236,'Listado Ins Ana'!$G$3966:$M$8277,4,FALSE)","v":49074},63141,165549388,"Si",165549388,null,null,null,null,null,null,null,{"$f":"VLOOKUP(B236,'Listado Ins Ana'!$G$3966:$J$100621,4,FALSE)-G236","v":0},null,"URBANISMO, ESPACIO PÚBLICO Y PAISAJISMO",{"$f":"VLOOKUP(U236,'auxiliar capitulos'!$A$2:$M$68,13,FALSE)","v":"3.2"},9,null,2621.9,441.2,1509.85,670.85]
[228,4544,"3.2.10",{"$f":"VLOOKUP(B237,'Listado Ins Ana'!$G$3966:$M$8277,2,FALSE)","v":"SARDINEL PREFABRICADO ALTO RAMPAS A86 (SUMINISTRO E INSTALACIÓN. INCLUYE 3CM MORTERO DE NIVELACIÓN 2000 PSI)"},{"$f":"VLOOKUP(B237,'Listado Ins Ana'!$G$3966:$M$8277,3,FALSE)","v":"ML"},68,{"$f":"VLOOKUP(B237,'Listado Ins Ana'!$G$3966:$M$8277,4,FALSE)","v":45941},59110,4019480,"Si",4019480,null,null,null,null,null,null,null,{"$f":"VLOOKUP(B237,'Listado Ins Ana'!$G$3966:$J$100621,4,FALSE)-G237","v":0},null,"URBANISMO, ESPACIO PÚBLICO Y PAISAJISMO",{"$f":"VLOOKUP(U237,'auxiliar capitulos'!$A$2:$M$68,13,FALSE)","v":"3.2"},10,null,68,null,48,20]
[228,4089,{"$f":"IF(W238=\"\",V238,CONCATENATE(V238,\".\",W238))","v":"3.2.11"},{"$f":"VLOOKUP(B238,'Listado Ins Ana'!$G$3966:$M$8277,2,FALSE)","v":"SARDINEL BAJO A85 PARA RAMPAS (SUMINISTRO E INSTALACIÓN. INCLUYE 3CM MORTERO 1:5)"},{"$f":"VLOOKUP(B238,'Listado Ins Ana'!$G$3966:$M$8277,3,FALSE)","v":"ML"},{"$f":"Y238","v":137.15},{"$f":"VLOOKUP(B238,'Listado Ins Ana'!$G$3966:$M$8277,4,FALSE)","v":41109},52892,{"$f":"ROUND(H238*F238,0)","v":7254138},"Si",{"$f":"+I238","v":7254138},null,null,null,null,null,null,null,{"$f":"VLOOKUP(B238,'Listado Ins Ana'!$G$3966:$J$100621,4,FALSE)-G238","v":0},null,"URBANISMO, ESPACIO PÚBLICO Y PAISAJISMO",{"$f":"VLOOKUP(U238,'auxiliar capitulos'!$A$2:$M$68,13,FALSE)","v":"3.2"},11,null,{"$f":"SUM(Z238:CJ238)","v":137.15},38,56.92,42.23]
[228,"URB006","3.2.12",{"$f":"VLOOKUP(B239,'Listado Ins Ana'!$G$3966:$M$8277,2,FALSE)","v":"SARDINEL ESPECIAL SEPARADORES 80 X 20 X 50 TIPO A 90"},{"$f":"VLOOKUP(B239,'Listado Ins Ana'!$G$3966:$M$8277,3,FALSE)","v":"ML"},68,{"$f":"VLOOKUP(B239,'Listado Ins Ana'!$G$3966:$M$8277,4,FALSE)","v":1},1,68,"Si",68,null,null,null,null,null,null,null,{"$f":"VLOOKUP(B239,'Listado Ins Ana'!$G$3966:$J$100621,4,FALSE)-G239","v":0},null,"URBANISMO, ESPACIO PÚBLICO Y PAISAJISMO",{"$f":"VLOOKUP(U239,'auxiliar capitulos'!$A$2:$M$68,13,FALSE)","v":"3.2"},12,null,68,null,48,20]
[228,6421,"3.2.13",{"$f":"VLOOKUP(B240,'Listado Ins Ana'!$G$3966:$M$8277,2,FALSE)","v":"CONSTRUCCIÓN PIEZA FUNDIDA EN SITIO SIMILAR A SARDINEL BAJO RAMPA. (INCLUYE SUMINISTRO Y COLOCACIÓN DE CONCRETO DE 3000 PSI GRAVA COMÚN, FORMALETA Y MANO DE OBRA)"},{"$f":"VLOOKUP(B240,'Listado Ins Ana'!$G$3966:$M$8277,3,FALSE)","v":"ML"},57.7,{"$f":"VLOOKUP(B240,'Listado Ins Ana'!$G$3966:$M$8277,4,FALSE)","v":36818},47372,2733364,"Si",2733364,null,null,null,null,null,null,null,{"$f":"VLOOKUP(B240,'Listado Ins Ana'!$G$3966:$J$100621,4,FALSE)-G240","v":0},null,"URBANISMO, ESPACIO PÚBLICO Y PAISAJISMO",{"$f":"VLOOKUP(U240,'auxiliar capitulos'!$A$2:$M$68,13,FALSE)","v":"3.2"},13,null,57.7,18.100000000000001,23.6,16]
[228,4052,"3.2.14",{"$f":"VLOOKUP(B241,'Listado Ins Ana'!$G$3966:$M$8277,2,FALSE)","v":"SARDINEL ESPECIAL A100 PARA RAMPA TIPO A (SUMINISTRO E INSTALACIÓN. INCLUYE 3CM MORTERO 2000 PSI)"},{"$f":"VLOOKUP(B241,'Listado Ins Ana'!$G$3966:$M$8277,3,FALSE)","v":"UN"},70,{"$f":"VLOOKUP(B241,'Listado Ins Ana'!$G$3966:$M$8277,4,FALSE)","v":41863},53863,3770410,"Si",3770410,null,null,null,null,null,null,null,{"$f":"VLOOKUP(B241,'Listado Ins Ana'!$G$3966:$J$100621,4,FALSE)-G241","v":0},null,"URBANISMO, ESPACIO PÚBLICO Y PAISAJISMO",{"$f":"VLOOKUP(U241,'auxiliar capitulos'!$A$2:$M$68,13,FALSE)","v":"3.2"},14,null,70,48,20,2]
[228,4085,"3.2.15",{"$f":"VLOOKUP(B242,'Listado Ins Ana'!$G$3966:$M$8277,2,FALSE)","v":"PIEZA REMATE A105 PARA RAMPA TIPO A (SUMINISTRO E INSTALACIÓN. INCLUYE 3CM MORTERO 2000 PSI)"},{"$f":"VLOOKUP(B242,'Listado Ins Ana'!$G$3966:$M$8277,3,FALSE)","v":"UN"},70,{"$f":"VLOOKUP(B242,'Listado Ins Ana'!$G$3966:$M$8277,4,FALSE)","v":70279},90424,6329680,"Si",6329680,null,null,null,null,null,null,null,{"$f":"VLOOKUP(B242,'Listado Ins Ana'!$G$3966:$J$100621,4,FALSE)-G242","v":0},null,"URBANISMO, ESPACIO PÚBLICO Y PAISAJISMO",{"$f":"VLOOKUP(U242,'auxiliar capitulos'!$A$2:$M$68,13,FALSE)","v":"3.2"},15,null,70,48,20,2]
[228,8016,"3.2.16",{"$f":"VLOOKUP(B243,'Listado Ins Ana'!$G$3966:$M$8277,2,FALSE)","v":"CANAL DE DRENAJE PREFABRICADO EN POLYCONCRETO, PD-150V, CLASE DE CARGA D400, INCLUYE REJILLA, LONG=1000 MM, H= 270 MM, ANCHO= 200MM, EN COLOR NATURAL, (NO INCLUYE: EXCAVACIÓN, CONCRETO, DRENAJE, RELLENOS, TAPAS O ACCESORIOS)"},{"$f":"VLOOKUP(B243,'Listado Ins Ana'!$G$3966:$M$8277,3,FALSE)","v":"ML"},54.8,{"$f":"VLOOKUP(B243,'Listado Ins Ana'!$G$3966:$M$8277,4,FALSE)","v":456876},587835,32213358,"Si",32213358,null,null,null,null,null,null,null,{"$f":"VLOOKUP(B243,'Listado Ins Ana'!$G$3966:$J$100621,4,FALSE)-G243","v":0},null,"URBANISMO, ESPACIO PÚBLICO Y PAISAJISMO",{"$f":"VLOOKUP(U243,'auxiliar capitulos'!$A$2:$M$68,13,FALSE)","v":"3.2"},16,null,54.8,null,null,54.8]
[228,8633,"3.2.17",{"$f":"VLOOKUP(B244,'Listado Ins Ana'!$G$3966:$M$8277,2,FALSE)","v":"CANAL DE DRENAJE MONOLÍTICO Y REJA EN CONCRETO POLIMÉRICO RD 200V H330 F900 (1.00 X 0.26 X 0.33) m, INCLUYE CONCRETO 21 Mpa PARA CAMA Y ATRAQUE (Incluye suministro, instalación y prueba de estanqueidad)."},{"$f":"VLOOKUP(B244,'Listado Ins Ana'!$G$3966:$M$8277,3,FALSE)","v":"ML"},139.81,{"$f":"VLOOKUP(B244,'Listado Ins Ana'!$G$3966:$M$8277,4,FALSE)","v":467139},601040,84031402,"Si",84031402,null,null,null,null,null,null,null,{"$f":"VLOOKUP(B244,'Listado Ins Ana'!$G$3966:$J$100621,4,FALSE)-G244","v":0},null,"URBANISMO, ESPACIO PÚBLICO Y PAISAJISMO",{"$f":"VLOOKUP(U244,'auxiliar capitulos'!$A$2:$M$68,13,FALSE)","v":"3.2"},17,null,139.81,35.86,10,93.95]
[228,6095,"3.2.18",{"$f":"VLOOKUP(B245,'Listado Ins Ana'!$G$3966:$M$8277,2,FALSE)","v":"PISO EN CONCRETO MR43 (315 KG/CM2) GRAVA COMÚN ACELERADO A 7 DÍAS, ESTAMPADO PARA POMPEYANOS, e=0.23m (INCLUYE SUMINISTRO Y COLOCACIÓN DE CONCRETO, JUEGO DE MOLDES, DESMOLDANTE EN POLVO, CURADOR PARA CONCRETO, CORTE Y SELLADO DE JUNTAS."},{"$f":"VLOOKUP(B245,'Listado Ins Ana'!$G$3966:$M$8277,3,FALSE)","v":"M2"},397.61,{"$f":"VLOOKUP(B245,'Listado Ins Ana'!$G$3966:$M$8277,4,FALSE)","v":245086},315337,125381145,"Si",125381145,null,null,null,null,null,null,null,{"$f":"VLOOKUP(B245,'Listado Ins Ana'!$G$3966:$J$100621,4,FALSE)-G245","v":0},null,"URBANISMO, ESPACIO PÚBLICO Y PAISAJISMO",{"$f":"VLOOKUP(U245,'auxiliar capitulos'!$A$2:$M$68,13,FALSE)","v":"3.2"},18,null,397.61,289.49,null,108.12]
[228,4855,"3.2.19",{"$f":"VLOOKUP(B246,'Listado Ins Ana'!$G$3966:$M$8277,2,FALSE)","v":"CONSTRUCCIÓN DE FRANJA DE AJUSTE EN CONCRETO PREMEZCLADO GRAVA COMÚN 3000 PSI, ESPESOR PROMEDIO 10 CM.."},{"$f":"VLOOKUP(B246,'Listado Ins Ana'!$G$3966:$M$8277,3,FALSE)","v":"M2"},55.5,{"$f":"VLOOKUP(B246,'Listado Ins Ana'!$G$3966:$M$8277,4,FALSE)","v":42017},54061,3000386,"Si",3000386,null,null,null,null,null,null,null,{"$f":"VLOOKUP(B246,'Listado Ins Ana'!$G$3966:$J$100621,4,FALSE)-G246","v":0},null,"URBANISMO, ESPACIO PÚBLICO Y PAISAJISMO",{"$f":"VLOOKUP(U246,'auxiliar capitulos'!$A$2:$M$68,13,FALSE)","v":"3.2"},19,null,55.5,null,15.74,39.76]
[228,4588,"3.2.20",{"$f":"VLOOKUP(B247,'Listado Ins Ana'!$G$3966:$M$8277,2,FALSE)","v":"CONSTRUCCIÓN DE ESCALERAS EN CONCRETO 3000 PSI GRAVA COMÚN. INCLUYE EXCAVACIÓN MANUAL, SUBBASE GRANULAR CLASE B, ACERO DE REFUERZO Y TRANSPORTE Y DISPOSICIÓN FINAL DE ESCOMBROS."},{"$f":"VLOOKUP(B247,'Listado Ins Ana'!$G$3966:$M$8277,3,FALSE)","v":"M2"},416.45,{"$f":"VLOOKUP(B247,'Listado Ins Ana'!$G$3966:$M$8277,4,FALSE)","v":313615},403510,168041740,"Si",168041740,null,null,null,null,null,null,null,{"$f":"VLOOKUP(B247,'Listado Ins Ana'!$G$3966:$J$100621,4,FALSE)-G247","v":0},null,"URBANISMO, ESPACIO PÚBLICO Y PAISAJISMO",{"$f":"VLOOKUP(U247,'auxiliar capitulos'!$A$2:$M$68,13,FALSE)","v":"3.2"},20,null,416.45,null,287.89999999999998,128.55000000000001]
[228,9426,"3.2.21",{"$f":"VLOOKUP(B248,'Listado Ins Ana'!$G$3966:$M$8277,2,FALSE)","v":"Proyecto: RECUPERACIÓN DEL ESPACIO PÚBLICO SOBRE LOS PREDIOS REMANENTES DEL IDU. GRUPOS 1 Y 2. VIGENCIA 2022 - M-13-A / BANCA RECTANGULAR / LARGA CON M-11-A ADOSADO. Suministro e Instalación."},{"$f":"VLOOKUP(B248,'Listado Ins Ana'!$G$3966:$M$8277,3,FALSE)","v":"UN"},30,{"$f":"VLOOKUP(B248,'Listado Ins Ana'!$G$3966:$M$8277,4,FALSE)","v":3302358},4248946,127468380,"Si",127468380,null,null,null,null,null,null,null,{"$f":"VLOOKUP(B248,'Listado Ins Ana'!$G$3966:$J$100621,4,FALSE)-G248","v":0},null,"URBANISMO, ESPACIO PÚBLICO Y PAISAJISMO",{"$f":"VLOOKUP(U248,'auxiliar capitulos'!$A$2:$M$68,13,FALSE)","v":"3.2"},21,null,30,null,26,4]
[228,3548,"3.2.22",{"$f":"VLOOKUP(B249,'Listado Ins Ana'!$G$3966:$M$8277,2,FALSE)","v":"BOLARDO EN HIERRO TIPO M63 (SUMINISTRO E INSTALACIÓN. INCLUYE BASE EN CONCRETO 1500 PSI, HECHO EN OBRA)"},{"$f":"VLOOKUP(B249,'Listado Ins Ana'!$G$3966:$M$8277,3,FALSE)","v":"UN"},220,{"$f":"VLOOKUP(B249,'Listado Ins Ana'!$G$3966:$M$8277,4,FALSE)","v":142720},183629,40398380,"Si",40398380,null,null,null,null,null,null,null,{"$f":"VLOOKUP(B249,'Listado Ins Ana'!$G$3966:$J$100621,4,FALSE)-G249","v":0},null,"URBANISMO, ESPACIO PÚBLICO Y PAISAJISMO",{"$f":"VLOOKUP(U249,'auxiliar capitulos'!$A$2:$M$68,13,FALSE)","v":"3.2"},22,null,220,14,106,100]
[228,"URB023","3.2.23",{"$f":"VLOOKUP(B250,'Listado Ins Ana'!$G$3966:$M$8277,2,FALSE)","v":"BOLARDO MEDIANO CON DILATACION PINTADA, TIPO M-15-A"},{"$f":"VLOOKUP(B250,'Listado Ins Ana'!$G$3966:$M$8277,3,FALSE)","v":"UND"},3,{"$f":"VLOOKUP(B250,'Listado Ins Ana'!$G$3966:$M$8277,4,FALSE)","v":1},1,3,"Si",3,null,null,null,null,null,null,null,{"$f":"VLOOKUP(B250,'Listado Ins Ana'!$G$3966:$J$100621,4,FALSE)-G250","v":0},null,"URBANISMO, ESPACIO PÚBLICO Y PAISAJISMO",{"$f":"VLOOKUP(U250,'auxiliar capitulos'!$A$2:$M$68,13,FALSE)","v":"3.2"},23,null,3,null,null,3]
[228,5131,"3.2.24",{"$f":"VLOOKUP(B251,'Listado Ins Ana'!$G$3966:$M$8277,2,FALSE)","v":"BARANDA METALICA M-82 PREFABRICADA (INCLUYE INSTALACIÓN, DADOS DE CONCRETO 3000 PSI GRAVA COMÚN DE 0.20 X 0.20 MT Y PINTURA). SUMINISTRO E INSTALACION."},{"$f":"VLOOKUP(B251,'Listado Ins Ana'!$G$3966:$M$8277,3,FALSE)","v":"ML"},279.20000000000005,{"$f":"VLOOKUP(B251,'Listado Ins Ana'!$G$3966:$M$8277,4,FALSE)","v":140380},180619,50428825,"Si",50428825,null,null,null,null,null,null,null,{"$f":"VLOOKUP(B251,'Listado Ins Ana'!$G$3966:$J$100621,4,FALSE)-G251","v":0},null,"URBANISMO, ESPACIO PÚBLICO Y PAISAJISMO",{"$f":"VLOOKUP(U251,'auxiliar capitulos'!$A$2:$M$68,13,FALSE)","v":"3.2"},24,null,279.20000000000005,null,155.55000000000001,123.65]
[228,4920,"3.2.25",{"$f":"VLOOKUP(B252,'Listado Ins Ana'!$G$3966:$M$8277,2,FALSE)","v":"CANECA DE ACERO INOXIDABLE M121 TIPO BARCELONA (SUMINISTRO E INSTALACIÓN. INCLUYE CONCRETO PARA ANCLAJE DE 3000 PSI PREMEZCLADO GRAVA COMÚN."},{"$f":"VLOOKUP(B252,'Listado Ins Ana'!$G$3966:$M$8277,3,FALSE)","v":"UN"},4,{"$f":"VLOOKUP(B252,'Listado Ins Ana'!$G$3966:$M$8277,4,FALSE)","v":485601},624794,2499176,"Si",2499176,null,null,null,null,null,null,null,{"$f":"VLOOKUP(B252,'Listado Ins Ana'!$G$3966:$J$100621,4,FALSE)-G252","v":0},null,"URBANISMO, ESPACIO PÚBLICO Y PAISAJISMO",{"$f":"VLOOKUP(U252,'auxiliar capitulos'!$A$2:$M$68,13,FALSE)","v":"3.2"},25,null,4,null,null,4]
[228,3557,{"$f":"IF(W253=\"\",V253,CONCATENATE(V253,\".\",W253))","v":"3.2.26"},{"$f":"VLOOKUP(B253,'Listado Ins Ana'!$G$3966:$M$8277,2,FALSE)","v":"PARADERO TIPO M10 (INC. SUM. E INST. INC. BASES EN CONCRETO 3000 PSI, HECHO EN OBRA. NO INCLUYE LOSAS DE CONCRETO)"},{"$f":"VLOOKUP(B253,'Listado Ins Ana'!$G$3966:$M$8277,3,FALSE)","v":"UN"},{"$f":"Y253","v":2},{"$f":"VLOOKUP(B253,'Listado Ins Ana'!$G$3966:$M$8277,4,FALSE)","v":10599659},13637945,{"$f":"ROUND(H253*F253,0)","v":27275890},"Si",{"$f":"+I253","v":27275890},null,null,null,null,null,null,null,{"$f":"VLOOKUP(B253,'Listado Ins Ana'!$G$3966:$J$100621,4,FALSE)-G253","v":0},null,"URBANISMO, ESPACIO PÚBLICO Y PAISAJISMO",{"$f":"VLOOKUP(U253,'auxiliar capitulos'!$A$2:$M$68,13,FALSE)","v":"3.2"},26,null,{"$f":"SUM(Z253:CJ253)","v":2},null,2]
[228,"URB030","3.2.27",{"$f":"VLOOKUP(B254,'Listado Ins Ana'!$G$3966:$M$8277,2,FALSE)","v":"COBERTURA VEGETAL CUBRESUELOS"},{"$f":"VLOOKUP(B254,'Listado Ins Ana'!$G$3966:$M$8277,3,FALSE)","v":"M2"},3910.9700000000003,{"$f":"VLOOKUP(B254,'Listado Ins Ana'!$G$3966:$M$8277,4,FALSE)","v":1},1,3911,"Si",3911,null,null,null,null,null,null,null,{"$f":"VLOOKUP(B254,'Listado Ins Ana'!$G$3966:$J$100621,4,FALSE)-G254","v":0},null,"URBANISMO, ESPACIO PÚBLICO Y PAISAJISMO",{"$f":"VLOOKUP(U254,'auxiliar capitulos'!$A$2:$M$68,13,FALSE)","v":"3.2"},27,null,3910.9700000000003,290.20999999999998,3377.23,243.53]
[228,3403,"3.2.28",{"$f":"VLOOKUP(B255,'Listado Ins Ana'!$G$3966:$M$8277,2,FALSE)","v":"CONTENEDOR DE RAICES TIPO B20 (TIPO A) (1.2X1.2X1.40M. INC. SUMINISTRO, CONSTRUCCIÓN Y FILTRO EN GRAVILLA. NO INC. TIERRA)"},{"$f":"VLOOKUP(B255,'Listado Ins Ana'!$G$3966:$M$8277,3,FALSE)","v":"UN"},4,{"$f":"VLOOKUP(B255,'Listado Ins Ana'!$G$3966:$M$8277,4,FALSE)","v":653018},840199,3360796,"Si",3360796,null,null,null,null,null,null,null,{"$f":"VLOOKUP(B255,'Listado Ins Ana'!$G$3966:$J$100621,4,FALSE)-G255","v":0},null,"URBANISMO, ESPACIO PÚBLICO Y PAISAJISMO",{"$f":"VLOOKUP(U255,'auxiliar capitulos'!$A$2:$M$68,13,FALSE)","v":"3.2"},28,null,4,4]
[228,8225,{"$f":"IF(W256=\"\",V256,CONCATENATE(V256,\".\",W256))","v":"3.2.29"},{"$f":"VLOOKUP(B256,'Listado Ins Ana'!$G$3966:$M$8277,2,FALSE)","v":"CONTENEDOR DE RAICES (1.40X1.80X1.20M. INC. SUMINISTRO, CONSTRUCCIÓN Y FILTRO EN GRAVILLA. NO INC. TIERRA)"},{"$f":"VLOOKUP(B256,'Listado Ins Ana'!$G$3966:$M$8277,3,FALSE)","v":"UN"},{"$f":"Y256","v":21},{"$f":"VLOOKUP(B256,'Listado Ins Ana'!$G$3966:$M$8277,4,FALSE)","v":1187321},1527655,{"$f":"ROUND(H256*F256,0)","v":32080755},"Si",{"$f":"+I256","v":32080755},null,null,null,null,null,null,null,{"$f":"VLOOKUP(B256,'Listado Ins Ana'!$G$3966:$J$100621,4,FALSE)-G256","v":0},null,"URBANISMO, ESPACIO PÚBLICO Y PAISAJISMO",{"$f":"VLOOKUP(U256,'auxiliar capitulos'!$A$2:$M$68,13,FALSE)","v":"3.2"},29,null,{"$f":"SUM(Z256:CJ256)","v":21},null,21]
[228,3552,{"$f":"IF(W257=\"\",V257,CONCATENATE(V257,\".\",W257))","v":"3.2.30"},{"$f":"VLOOKUP(B257,'Listado Ins Ana'!$G$3966:$M$8277,2,FALSE)","v":"PROTECTOR DE ARBOL DE DOS TUBOS TIPO M91 (INCLUYE SUMINISTRO E INSTALACIÓN. NO INCLUYE BASES)"},{"$f":"VLOOKUP(B257,'Listado Ins Ana'!$G$3966:$M$8277,3,FALSE)","v":"UN"},{"$f":"Y257","v":50},{"$f":"VLOOKUP(B257,'Listado Ins Ana'!$G$3966:$M$8277,4,FALSE)","v":181870},234001,{"$f":"ROUND(H257*F257,0)","v":11700050},"Si",{"$f":"+I257","v":11700050},null,null,null,null,null,null,null,{"$f":"VLOOKUP(B257,'Listado Ins Ana'!$G$3966:$J$100621,4,FALSE)-G257","v":0},null,"URBANISMO, ESPACIO PÚBLICO Y PAISAJISMO",{"$f":"VLOOKUP(U257,'auxiliar capitulos'!$A$2:$M$68,13,FALSE)","v":"3.2"},30,null,{"$f":"SUM(Z257:CJ257)","v":50},4,46]
[228,5036,"3.2.31",{"$f":"VLOOKUP(B258,'Listado Ins Ana'!$G$3966:$M$8277,2,FALSE)","v":"GUAYACAN H=1.5MT (INCLUYE TIERRA, ABONO, TUTOR, TRANSPORTE Y DISPOSICIÓN FINAL DE ESCOMBROS A 28 KM). SUMINISTRO Y PLANTACION."},{"$f":"VLOOKUP(B258,'Listado Ins Ana'!$G$3966:$M$8277,3,FALSE)","v":"UN"},10,{"$f":"VLOOKUP(B258,'Listado Ins Ana'!$G$3966:$M$8277,4,FALSE)","v":195944},252109,2521090,"Si",2521090,null,null,null,null,null,null,null,{"$f":"VLOOKUP(B258,'Listado Ins Ana'!$G$3966:$J$100621,4,FALSE)-G258","v":0},null,"URBANISMO, ESPACIO PÚBLICO Y PAISAJISMO",{"$f":"VLOOKUP(U258,'auxiliar capitulos'!$A$2:$M$68,13,FALSE)","v":"3.2"},31,null,10,2,8]
[228,8094,{"$f":"IF(W259=\"\",V259,CONCATENATE(V259,\".\",W259))","v":"3.2.32"},{"$f":"VLOOKUP(B259,'Listado Ins Ana'!$G$3966:$M$8277,2,FALSE)","v":"PINO ROMERON H=1.5M (INCLUYE EXCAVACIÓN MANUAL, SIEMBRA, CAJA, TIERRA, ABONO, TUTOR, TRANSPORTE Y DISPOSICIÓN FINAL DE ESCOMBROS EN SITIO AUTORIZADO A 28 KM). SUMINISTRO Y PLANTACIÓN."},{"$f":"VLOOKUP(B259,'Listado Ins Ana'!$G$3966:$M$8277,3,FALSE)","v":"UN"},{"$f":"Y259","v":1},{"$f":"VLOOKUP(B259,'Listado Ins Ana'!$G$3966:$M$8277,4,FALSE)","v":205076},263859,{"$f":"ROUND(H259*F259,0)","v":263859},"Si",{"$f":"+I259","v":263859},null,null,null,null,null,null,null,{"$f":"VLOOKUP(B259,'Listado Ins Ana'!$G$3966:$J$100621,4,FALSE)-G259","v":0},null,"URBANISMO, ESPACIO PÚBLICO Y PAISAJISMO",{"$f":"VLOOKUP(U259,'auxiliar capitulos'!$A$2:$M$68,13,FALSE)","v":"3.2"},32,null,{"$f":"SUM(Z259:CJ259)","v":1},null,1]
[228,4798,"3.2.33",{"$f":"VLOOKUP(B260,'Listado Ins Ana'!$G$3966:$M$8277,2,FALSE)","v":"CHICALA H=1.5MT (INCLUYE SIEMBRA, CAJA, TIERRA, ABONO, TUTOR, TRANSPORTE Y DISPOSICIÓN FINAL DE ESCOMBROS 28 KM). SUMINISTRO Y PLANTACION."},{"$f":"VLOOKUP(B260,'Listado Ins Ana'!$G$3966:$M$8277,3,FALSE)","v":"UN"},30,{"$f":"VLOOKUP(B260,'Listado Ins Ana'!$G$3966:$M$8277,4,FALSE)","v":155444},200000,6000000,"Si",6000000,null,null,null,null,null,null,null,{"$f":"VLOOKUP(B260,'Listado Ins Ana'!$G$3966:$J$100621,4,FALSE)-G260","v":0},null,"URBANISMO, ESPACIO PÚBLICO Y PAISAJISMO",{"$f":"VLOOKUP(U260,'auxiliar capitulos'!$A$2:$M$68,13,FALSE)","v":"3.2"},33,null,30,null,26,4]
[228,8991,"3.2.34",{"$f":"VLOOKUP(B261,'Listado Ins Ana'!$G$3966:$M$8277,2,FALSE)","v":"Proyecto Intersección a Desnivel Autopista Sur (NQS) con Av. Bosa: ROBLE AUSTRALIANO H=1.5 (Incluye siembra, tierra, abono, transporte y tutor)"},{"$f":"VLOOKUP(B261,'Listado Ins Ana'!$G$3966:$M$8277,3,FALSE)","v":"UN"},9,{"$f":"VLOOKUP(B261,'Listado Ins Ana'!$G$3966:$M$8277,4,FALSE)","v":119657},153955,1385595,"Si",1385595,null,null,null,null,null,null,null,{"$f":"VLOOKUP(B261,'Listado Ins Ana'!$G$3966:$J$100621,4,FALSE)-G261","v":0},null,"URBANISMO, ESPACIO PÚBLICO Y PAISAJISMO",{"$f":"VLOOKUP(U261,'auxiliar capitulos'!$A$2:$M$68,13,FALSE)","v":"3.2"},34,null,9,2,5,2]
[228,"URB034","3.2.35",{"$f":"VLOOKUP(B262,'Listado Ins Ana'!$G$3966:$M$8277,2,FALSE)","v":"PLANTACIÓN DE ÁRBOLES, CALISTEMO"},{"$f":"VLOOKUP(B262,'Listado Ins Ana'!$G$3966:$M$8277,3,FALSE)","v":"UND"},6,{"$f":"VLOOKUP(B262,'Listado Ins Ana'!$G$3966:$M$8277,4,FALSE)","v":233275},300141,1800846,"Si",1800846,null,null,null,null,null,null,null,{"$f":"VLOOKUP(B262,'Listado Ins Ana'!$G$3966:$J$100621,4,FALSE)-G262","v":0},null,"URBANISMO, ESPACIO PÚBLICO Y PAISAJISMO",{"$f":"VLOOKUP(U262,'auxiliar capitulos'!$A$2:$M$68,13,FALSE)","v":"3.2"},35,null,6,null,0,6]
[322,null,{"$f":"IF(W263=\"\",V263,CONCATENATE(V263,\".\",W263))","v":"4"},"REDES HUMEDAS",null,null,null,null,null,null,null,null,null,null,null,null,null,null,null,null,"REDES HUMEDAS",{"$f":"VLOOKUP(U263,'auxiliar capitulos'!$A$2:$M$68,13,FALSE)","v":"4"},null,null,{"$f":"SUM(Z263:CJ263)","v":0}]
[323,null,"4.1","REDES HUMEDAS INTERNAS",null,null,null,null,null,null,null,null,null,null,null,null,null,null,null,null,"REDES HUMEDAS INTERNAS",{"$f":"VLOOKUP(U264,'auxiliar capitulos'!$A$2:$M$68,13,FALSE)","v":"4.1"},null,null,0]
[324,null,"4.1.1",{"$f":"+'auxiliar capitulos'!$A$39","v":"SUMINISTRO AGUA POTABLE"},null,null,null,null,null,null,null,null,null,null,null,null,null,null,null,null,{"$f":"+'auxiliar capitulos'!$A$39","v":"SUMINISTRO AGUA POTABLE"},{"$f":"VLOOKUP(U265,'auxiliar capitulos'!$A$2:$M$68,13,FALSE)","v":"4.1.1"},{"$f":"IF(E265=\"\",\"\",IF(#REF!=\"\",1,#REF!+1))","v":""},null,0]
[325," HAC001 ","4.1.1.1"," TUBERIA CPVC PRESION (CPVC) D= 1/2   SCH40 ","M",{"$f":"+Y266","v":22.52901},{"$f":"VLOOKUP($B266,'Listado Ins Ana'!$G$3965:$K$8277,4,FALSE)","v":4000},{"$f":"ROUND(G266*(1+$F$867),0)","v":5147},{"$f":"ROUND(H266*F266,0)","v":115957},"Si",{"$f":"+I266","v":115957},null,null,"No se calculó cantidad para este ítem. Se solicita confirmar que este íem no aplica.",1,1,{"$f":"CONCATENATE(Z$11,$P266,$B266)","v":"11 HAC001 "},{"$f":"CONCATENATE(AA$11,$P266,$B266)","v":"21 HAC001 "},{"$f":"VLOOKUP(B266,'Listado Ins Ana'!$G$3966:$J$100621,4,FALSE)-G266","v":0},null,{"$f":"+'auxiliar capitulos'!$A$39","v":"SUMINISTRO AGUA POTABLE"},{"$f":"VLOOKUP(U266,'auxiliar capitulos'!$A$2:$M$68,13,FALSE)","v":"4.1.1"},{"$f":"IF(E266=\"\",\"\",IF(E265=\"\",1,W265+1))","v":1},null,22.52901,22.52901]
[326," HAP032 ","4.1.1.2"," TUBERÍA PVC-PRESIÓN (PVC-P) D=1 1/2   SCH 80 (INCLUYE SUMINISTRO E INSTALACION) ","M",36.27684,{"$f":"VLOOKUP($B267,'Listado Ins Ana'!$G$3965:$K$8277,4,FALSE)","v":223387.58},287419,10426653,"Si",10426653,null,null,"No se calculó cantidad para este ítem. Se solicita confirmar que este íem no aplica.",1,1,{"$f":"CONCATENATE(Z$11,$P267,$B267)","v":"11 HAP032 "},"21 HAP032 ",{"$f":"VLOOKUP(B267,'Listado Ins Ana'!$G7716:$J100932,4,FALSE)-G267","v":0},null,{"$f":"+'auxiliar capitulos'!$A$39","v":"SUMINISTRO AGUA POTABLE"},{"$f":"VLOOKUP(U267,'auxiliar capitulos'!$A$2:$M$68,13,FALSE)","v":"4.1.1"},2,null,36.27684,0.77683999999999997,null,null,null,null,null,null,null,null,null,null,null,null,null,null,null,null,null,null,null,null,null,null,null,null,null,null,null,null,null,null,null,null,null,null,null,null,null,null,null,null,null,null,null,null,null,null,null,null,null,null,35.5]
[327," HAP033 ","4.1.1.3"," TUBERÍA PVC-PRESIÓN (PVC-P) D=1 1/4   SCH 80 (INCLUYE SUMINISTRO E INSTALACION) ","M",4.1870200000000004,{"$f":"VLOOKUP($B268,'Listado Ins Ana'!$G$3965:$K$8277,4,FALSE)","v":221472.76},284956,1193116,"Si",1193116,null,null,"No se calculó cantidad para este ítem. Se solicita confirmar que este íem no aplica.",1,1,"11 HAP033 ","21 HAP033 ",{"$f":"VLOOKUP(B268,'Listado Ins Ana'!$G7716:$J100933,4,FALSE)-G268","v":0},null,{"$f":"+'auxiliar capitulos'!$A$39","v":"SUMINISTRO AGUA POTABLE"},{"$f":"VLOOKUP(U268,'auxiliar capitulos'!$A$2:$M$68,13,FALSE)","v":"4.1.1"},3,null,4.1870200000000004,1.52702,2.66]
[328," HAP009 ","4.1.1.4"," TUBERÍA PVC-PRESIÓN (PVC-P) D=2   SCH 80 (INCLUYE SUMINISTRO E INSTALACION) ","M",292.94180999999998,{"$f":"VLOOKUP($B269,'Listado Ins Ana'!$G$3965:$K$8277,4,FALSE)","v":334847.53999999998},430828,126207534,"Si",126207534,null,null,"No se calculó cantidad para este ítem. Se solicita confirmar que este íem no aplica.",1,1,"11 HAP009 ","21 HAP009 ",{"$f":"VLOOKUP(B269,'Listado Ins Ana'!$G7716:$J100934,4,FALSE)-G269","v":0},null,{"$f":"+'auxiliar capitulos'!$A$39","v":"SUMINISTRO AGUA POTABLE"},{"$f":"VLOOKUP(U269,'auxiliar capitulos'!$A$2:$M$68,13,FALSE)","v":"4.1.1"},4,null,292.94180999999998,2.0118100000000001,4.63,null,null,null,null,null,null,null,null,null,null,null,null,null,null,null,null,null,null,null,null,null,null,null,null,null,null,null,null,null,null,null,null,null,null,null,null,null,null,null,null,null,null,null,null,null,null,null,null,null,32.6,253.7]
[329,4801,"4.1.1.5"," TUBERIA PVC-PRESION (PVC-P) D=1 1/2   RDE 21  (INCLUYE SUMINISTRO E INSTALACIÓN) ","M",21.87454,{"$f":"VLOOKUP($B270,'Listado Ins Ana'!$G$3965:$K$8277,4,FALSE)","v":14402},18530,405335,"Si",405335,null,null,"No se calculó cantidad para este ítem. Se solicita confirmar que este íem no aplica.",1,1,"114801","214801",{"$f":"VLOOKUP(B270,'Listado Ins Ana'!$G$3966:$J$100621,4,FALSE)-G270","v":0},null,{"$f":"+'auxiliar capitulos'!$A$39","v":"SUMINISTRO AGUA POTABLE"},{"$f":"VLOOKUP(U270,'auxiliar capitulos'!$A$2:$M$68,13,FALSE)","v":"4.1.1"},5,null,21.87454,6.02454,15.85]
[330,5084,"4.1.1.6"," TUBERIA PVC-PRESION (PVC-P) D=1   RDE 13,5  (INCLUYE SUMINISTRO E INSTALACIÓN) ","M",269.2663,{"$f":"VLOOKUP($B271,'Listado Ins Ana'!$G$3965:$K$8277,4,FALSE)","v":10581},13614,3665791,"Si",3665791,null,null,"No se calculó cantidad para este ítem. Se solicita confirmar que este íem no aplica.",1,1,"115084","215084",{"$f":"VLOOKUP(B271,'Listado Ins Ana'!$G$3966:$J$100621,4,FALSE)-G271","v":0},null,{"$f":"+'auxiliar capitulos'!$A$39","v":"SUMINISTRO AGUA POTABLE"},{"$f":"VLOOKUP(U271,'auxiliar capitulos'!$A$2:$M$68,13,FALSE)","v":"4.1.1"},6,null,269.2663,135.9863,133.28]
[331," HAP035 ","4.1.1.7"," TUBERIA PVC-PRESION (PVC-P) D=1/2   RDE 9  (INCLUYE SUMINISTRO E INSTALACIÓN) ","M",472.09334000000001,{"$f":"VLOOKUP($B272,'Listado Ins Ana'!$G$3965:$K$8277,4,FALSE)","v":40128.699999999997},51631,24374651,"Si",24374651,null,null,"No se calculó cantidad para este ítem. Se solicita confirmar que este íem no aplica.",1,1,"11 HAP035 ","21 HAP035 ",{"$f":"VLOOKUP(B272,'Listado Ins Ana'!$G7716:$J100937,4,FALSE)-G272","v":0},null,{"$f":"+'auxiliar capitulos'!$A$39","v":"SUMINISTRO AGUA POTABLE"},{"$f":"VLOOKUP(U272,'auxiliar capitulos'!$A$2:$M$68,13,FALSE)","v":"4.1.1"},7,null,472.09334000000001,118.54334,353.55]
[332,3223,"4.1.1.8"," TUBERIA PVC-PRESION (PVC-P) D=2   RDE 21  (INCLUYE SUMINISTRO E INSTALACIÓN) ","M",199.82368,{"$f":"VLOOKUP($B273,'Listado Ins Ana'!$G$3965:$K$8277,4,FALSE)","v":15721},20227,4041834,"Si",4041834,null,null,"No se calculó cantidad para este ítem. Se solicita confirmar que este íem no aplica.",1,1,"113223","213223",{"$f":"VLOOKUP(B273,'Listado Ins Ana'!$G7716:$J100938,4,FALSE)-G273","v":{"$error":"#N/A"}},null,{"$f":"+'auxiliar capitulos'!$A$39","v":"SUMINISTRO AGUA POTABLE"},{"$f":"VLOOKUP(U273,'auxiliar capitulos'!$A$2:$M$68,13,FALSE)","v":"4.1.1"},8,null,199.82368,20.523679999999999,19.010000000000002,115.89,null,null,null,null,null,null,null,null,null,null,null,null,null,null,null,null,null,null,null,null,null,null,null,null,null,null,null,null,null,null,null,null,null,null,null,null,null,null,null,null,null,null,null,null,null,null,null,null,null,44.4]
[333,3225,{"$f":"IF(W274=\"\",V274,CONCATENATE(V274,\".\",W274))","v":"4.1.1.9"}," TUBERIA PVC-PRESION (PVC-P) D=3   RDE 21  (INCLUYE SUMINISTRO E INSTALACIÓN) ","M",5.4,{"$f":"VLOOKUP($B274,'Listado Ins Ana'!$G$3965:$K$8277,4,FALSE)","v":30037},38647,{"$f":"ROUND(H274*F274,0)","v":208694},"Si",208694,null,null,"No se calculó cantidad para este ítem. Se solicita confirmar que este íem no aplica.",1,1,{"$f":"CONCATENATE(Z$11,$P274,$B274)","v":"113225"},{"$f":"CONCATENATE(AA$11,$P274,$B274)","v":"213225"},{"$f":"VLOOKUP(B274,'Listado Ins Ana'!$G7716:$J100939,4,FALSE)-G274","v":{"$error":"#N/A"}},null,{"$f":"+'auxiliar capitulos'!$A$39","v":"SUMINISTRO AGUA POTABLE"},{"$f":"VLOOKUP(U274,'auxiliar capitulos'!$A$2:$M$68,13,FALSE)","v":"4.1.1"},{"$f":"IF(E274=\"\",\"\",IF(E273=\"\",1,W273+1))","v":9},null,{"$f":"SUM(Z274:CJ274)","v":5.4},null,5.4]
[334," HAP008 ","4.1.1.9"," TUBERIA PVC-PRESION (PVC-P) D=3/4   RDE 11  (INCLUYE SUMINISTRO E INSTALACIÓN) ","M",127.35513,{"$f":"VLOOKUP($B275,'Listado Ins Ana'!$G$3965:$K$8277,4,FALSE)","v":35944.85},46248,5889920,"Si",5889920,null,null,"No se calculó cantidad para este ítem. Se solicita confirmar que este íem no aplica.",1,1,"11 HAP008 ","21 HAP008 ",{"$f":"VLOOKUP(B275,'Listado Ins Ana'!$G7716:$J100939,4,FALSE)-G275","v":0},null,{"$f":"+'auxiliar capitulos'!$A$39","v":"SUMINISTRO AGUA POTABLE"},{"$f":"VLOOKUP(U275,'auxiliar capitulos'!$A$2:$M$68,13,FALSE)","v":"4.1.1"},{"$f":"IF(E275=\"\",\"\",IF(E273=\"\",1,W273+1))","v":9},null,127.35513,79.165130000000005,48.19]
[335," HAP001 ","4.1.1.10"," TUBERÍA ACERO INOXIDABLE RANURADA (A.I) D=1 1/2   ","M",4.0426700000000002,{"$f":"VLOOKUP($B276,'Listado Ins Ana'!$G$3965:$K$8277,4,FALSE)","v":140945.20000000001},181346,733122,"Si",733122,null,null,"No se calculó cantidad para este ítem. Se solicita confirmar que este íem no aplica.",1,1,"11 HAP001 ","21 HAP001 ",{"$f":"VLOOKUP(B276,'Listado Ins Ana'!$G7716:$J100940,4,FALSE)-G276","v":0},null,{"$f":"+'auxiliar capitulos'!$A$39","v":"SUMINISTRO AGUA POTABLE"},{"$f":"VLOOKUP(U276,'auxiliar capitulos'!$A$2:$M$68,13,FALSE)","v":"4.1.1"},10,null,4.0426700000000002,4.267E-2,null,null,null,null,null,null,null,null,null,null,null,null,null,null,null,null,null,null,null,null,null,null,null,null,null,null,null,null,null,null,null,null,null,null,null,null,null,null,null,null,null,null,null,null,null,null,null,null,null,null,null,4]
[336," HAP002 ","4.1.1.11"," TUBERÍA ACERO INOXIDABLE RANURADA (A.I) D=1 1/4   ","M",1.3321399999999999,{"$f":"VLOOKUP($B277,'Listado Ins Ana'!$G$3965:$K$8277,4,FALSE)","v":103937.39},133730,178147,"Si",178147,null,null,"No se calculó cantidad para este ítem. Se solicita confirmar que este íem no aplica.",1,1,"11 HAP002 ","21 HAP002 ",{"$f":"VLOOKUP(B277,'Listado Ins Ana'!$G7716:$J100941,4,FALSE)-G277","v":0},null,{"$f":"+'auxiliar capitulos'!$A$39","v":"SUMINISTRO AGUA POTABLE"},{"$f":"VLOOKUP(U277,'auxiliar capitulos'!$A$2:$M$68,13,FALSE)","v":"4.1.1"},11,null,1.3321399999999999,0.68213999999999997,0.65]
[337," HAP003 ","4.1.1.12"," TUBERÍA ACERO INOXIDABLE RANURADA (A.I) D=1   ","M",0.11292000000000001,{"$f":"VLOOKUP($B278,'Listado Ins Ana'!$G$3965:$K$8277,4,FALSE)","v":98883.46},127227,14366,"Si",14366,null,null,"No se calculó cantidad para este ítem. Se solicita confirmar que este íem no aplica.",1,1,"11 HAP003 ","21 HAP003 ",{"$f":"VLOOKUP(B278,'Listado Ins Ana'!$G7716:$J100942,4,FALSE)-G278","v":0},null,{"$f":"+'auxiliar capitulos'!$A$39","v":"SUMINISTRO AGUA POTABLE"},{"$f":"VLOOKUP(U278,'auxiliar capitulos'!$A$2:$M$68,13,FALSE)","v":"4.1.1"},12,null,0.11292000000000001,4.292E-2,7.0000000000000007E-2]
[338," HAP004 ","4.1.1.13"," TUBERÍA ACERO INOXIDABLE RANURADA (A.I) D=1/2   ","M",13.82549,{"$f":"VLOOKUP($B279,'Listado Ins Ana'!$G$3965:$K$8277,4,FALSE)","v":43779.32},56328,778762,"Si",778762,null,null,"No se calculó cantidad para este ítem. Se solicita confirmar que este íem no aplica.",1,1,"11 HAP004 ","21 HAP004 ",{"$f":"VLOOKUP(B279,'Listado Ins Ana'!$G7716:$J100943,4,FALSE)-G279","v":0},null,{"$f":"+'auxiliar capitulos'!$A$39","v":"SUMINISTRO AGUA POTABLE"},{"$f":"VLOOKUP(U279,'auxiliar capitulos'!$A$2:$M$68,13,FALSE)","v":"4.1.1"},13,null,13.82549,0.48548999999999998,0.34,null,null,null,null,null,null,null,null,null,null,null,null,null,null,null,null,null,null,null,null,null,null,null,null,null,null,null,null,null,null,null,null,null,null,null,null,null,null,null,null,null,null,null,null,null,null,null,null,null,2,11]
[339," HAP005","4.1.1.14"," TUBERÍA ACERO INOXIDABLE RANURADA (A.I) D=1/4   ","M",0.32354000000000005,{"$f":"+G279*0.8","v":35023.455999999998},45063,14580,"Si",14580,null,null,"No se calculó cantidad para este ítem. Se solicita confirmar que este íem no aplica.",1,1,"11 HAP005","21 HAP005",{"$f":"VLOOKUP(B280,'Listado Ins Ana'!$G7716:$J100944,4,FALSE)-G280","v":{"$error":"#N/A"}},null,{"$f":"+'auxiliar capitulos'!$A$39","v":"SUMINISTRO AGUA POTABLE"},{"$f":"VLOOKUP(U280,'auxiliar capitulos'!$A$2:$M$68,13,FALSE)","v":"4.1.1"},14,null,0.32354000000000005,0.18354000000000001,0.14000000000000001]
[340," HAP006 ","4.1.1.15"," TUBERÍA ACERO INOXIDABLE RANURADA (A.I) D=2   ","M",2.4984699999999997,{"$f":"VLOOKUP($B281,'Listado Ins Ana'!$G$3965:$K$8277,4,FALSE)","v":193114.8},248469,620792,"Si",620792,null,null,"No se calculó cantidad para este ítem. Se solicita confirmar que este íem no aplica.",1,1,"11 HAP006 ","21 HAP006 ",{"$f":"VLOOKUP(B281,'Listado Ins Ana'!$G7716:$J100945,4,FALSE)-G281","v":0},null,{"$f":"+'auxiliar capitulos'!$A$39","v":"SUMINISTRO AGUA POTABLE"},{"$f":"VLOOKUP(U281,'auxiliar capitulos'!$A$2:$M$68,13,FALSE)","v":"4.1.1"},15,null,2.4984699999999997,2.4484699999999999,0.05]
[341," HAP010 ","4.1.1.16"," BRIDA 1 1/2   ","UN",6,{"$f":"VLOOKUP($B282,'Listado Ins Ana'!$G$3965:$K$8277,4,FALSE)","v":4000},5147,30882,"Si",30882,null,null,"No se calculó cantidad para este ítem. Se solicita confirmar que este íem no aplica.",1,1,"11 HAP010 ","21 HAP010 ",{"$f":"VLOOKUP(B282,'Listado Ins Ana'!$G7716:$J100946,4,FALSE)-G282","v":0},null,{"$f":"+'auxiliar capitulos'!$A$39","v":"SUMINISTRO AGUA POTABLE"},{"$f":"VLOOKUP(U282,'auxiliar capitulos'!$A$2:$M$68,13,FALSE)","v":"4.1.1"},16,null,6,4,null,null,null,null,null,null,null,null,null,null,null,null,null,null,null,null,null,null,null,null,null,null,null,null,null,null,null,null,null,null,null,null,null,null,null,null,null,null,null,null,null,null,null,null,null,null,null,null,null,null,2]
[342," HAP108 ","4.1.1.17"," BRIDA PVC SCH80 3   ","UN",6,{"$f":"VLOOKUP($B283,'Listado Ins Ana'!$G$3965:$K$8277,4,FALSE)","v":96100.49},123647,741882,"Si",741882,null,null,"No se calculó cantidad para este ítem. Se solicita confirmar que este íem no aplica.",1,1,"11 HAP108 ","21 HAP108 ",{"$f":"VLOOKUP(B283,'Listado Ins Ana'!$G7716:$J100947,4,FALSE)-G283","v":0},null,{"$f":"+'auxiliar capitulos'!$A$39","v":"SUMINISTRO AGUA POTABLE"},{"$f":"VLOOKUP(U283,'auxiliar capitulos'!$A$2:$M$68,13,FALSE)","v":"4.1.1"},17,null,6,2,4]
[343," HAP011 ","4.1.1.18"," CHEQUE ROSCADO 1 1/4   ","UN",2,{"$f":"VLOOKUP($B284,'Listado Ins Ana'!$G$3965:$K$8277,4,FALSE)","v":4000},5147,10294,"Si",10294,null,null,"No se calculó cantidad para este ítem. Se solicita confirmar que este íem no aplica.",1,1,"11 HAP011 ","21 HAP011 ",{"$f":"VLOOKUP(B284,'Listado Ins Ana'!$G7716:$J100948,4,FALSE)-G284","v":0},null,{"$f":"+'auxiliar capitulos'!$A$39","v":"SUMINISTRO AGUA POTABLE"},{"$f":"VLOOKUP(U284,'auxiliar capitulos'!$A$2:$M$68,13,FALSE)","v":"4.1.1"},18,null,2,1,1]
[344,6524,"4.1.1.19"," CHEQUE ROSCADO 1   ","UN",2,{"$f":"VLOOKUP($B285,'Listado Ins Ana'!$G$3965:$K$8277,4,FALSE)","v":49216},63323,126646,"Si",126646,null,null,"No se calculó cantidad para este ítem. Se solicita confirmar que este íem no aplica.",1,1,"116524","216524",{"$f":"VLOOKUP(B285,'Listado Ins Ana'!$G7716:$J100949,4,FALSE)-G285","v":{"$error":"#N/A"}},null,{"$f":"+'auxiliar capitulos'!$A$39","v":"SUMINISTRO AGUA POTABLE"},{"$f":"VLOOKUP(U285,'auxiliar capitulos'!$A$2:$M$68,13,FALSE)","v":"4.1.1"},19,null,2,1,1]
[345,8799,"4.1.1.20"," CHEQUE ROSCADO 2   ","UN",3,{"$f":"VLOOKUP($B286,'Listado Ins Ana'!$G$3965:$K$8277,4,FALSE)","v":367962},473435,1420305,"Si",1420305,null,null,"No se calculó cantidad para este ítem. Se solicita confirmar que este íem no aplica.",1,1,"118799","218799",{"$f":"VLOOKUP(B286,'Listado Ins Ana'!$G7716:$J100950,4,FALSE)-G286","v":{"$error":"#N/A"}},null,{"$f":"+'auxiliar capitulos'!$A$39","v":"SUMINISTRO AGUA POTABLE"},{"$f":"VLOOKUP(U286,'auxiliar capitulos'!$A$2:$M$68,13,FALSE)","v":"4.1.1"},20,null,3,3]
[346," HAP013 ","4.1.1.21"," FLOTADOR MECÁNICO 1   ","UN",6,{"$f":"VLOOKUP($B287,'Listado Ins Ana'!$G$3965:$K$8277,4,FALSE)","v":4000},5147,30882,"Si",30882,null,null,"No se calculó cantidad para este ítem. Se solicita confirmar que este íem no aplica.",1,1,"11 HAP013 ","21 HAP013 ",{"$f":"VLOOKUP(B287,'Listado Ins Ana'!$G$3966:$J$100621,4,FALSE)-G287","v":0},null,{"$f":"+'auxiliar capitulos'!$A$39","v":"SUMINISTRO AGUA POTABLE"},{"$f":"VLOOKUP(U287,'auxiliar capitulos'!$A$2:$M$68,13,FALSE)","v":"4.1.1"},21,null,6,3,3]
[347," HAP014 ","4.1.1.22"," JUNTA DE DILATACIÓN 2   ","UN",1,{"$f":"VLOOKUP($B288,'Listado Ins Ana'!$G$3965:$K$8277,4,FALSE)","v":4000},5147,5147,"Si",5147,null,null,"No se calculó cantidad para este ítem. Se solicita confirmar que este íem no aplica.",1,1,"11 HAP014 ","21 HAP014 ",{"$f":"VLOOKUP(B288,'Listado Ins Ana'!$G7716:$J100952,4,FALSE)-G288","v":0},null,{"$f":"+'auxiliar capitulos'!$A$39","v":"SUMINISTRO AGUA POTABLE"},{"$f":"VLOOKUP(U288,'auxiliar capitulos'!$A$2:$M$68,13,FALSE)","v":"4.1.1"},22,null,1,1]
[348," HAP029 ","4.1.1.23"," MEDIDOR DE AGUA 1   ","UN",4,{"$f":"VLOOKUP($B289,'Listado Ins Ana'!$G$3965:$K$8277,4,FALSE)","v":4000},5147,20588,"Si",20588,null,null,"No se calculó cantidad para este ítem. Se solicita confirmar que este íem no aplica.",1,1,"11 HAP029 ","21 HAP029 ",{"$f":"VLOOKUP(B289,'Listado Ins Ana'!$G7716:$J100953,4,FALSE)-G289","v":0},null,{"$f":"+'auxiliar capitulos'!$A$39","v":"SUMINISTRO AGUA POTABLE"},{"$f":"VLOOKUP(U289,'auxiliar capitulos'!$A$2:$M$68,13,FALSE)","v":"4.1.1"},23,null,4,3,1]
[349," HAP015 ",{"$f":"IF(W290=\"\",V290,CONCATENATE(V290,\".\",W290))","v":"4.1.1.24"}," PRESOSTATO 1/4   ","UN",2,{"$f":"VLOOKUP($B290,'Listado Ins Ana'!$G$3965:$K$8277,4,FALSE)","v":4000},5147,10294,"Si",10294,null,null,"No se calculó cantidad para este ítem. Se solicita confirmar que este íem no aplica.",1,1,"11 HAP015 ","21 HAP015 ",{"$f":"VLOOKUP(B290,'Listado Ins Ana'!$G7716:$J100954,4,FALSE)-G290","v":0},null,{"$f":"+'auxiliar capitulos'!$A$39","v":"SUMINISTRO AGUA POTABLE"},{"$f":"VLOOKUP(U290,'auxiliar capitulos'!$A$2:$M$68,13,FALSE)","v":"4.1.1"},24,null,{"$f":"SUM(Z290:CJ290)","v":2},1,1]
[350," HAP016 ","4.1.1.25"," TRANSICIÓN SOLDADURA-ROSCA MACHO 1 1/4   ","UN",8,{"$f":"VLOOKUP($B291,'Listado Ins Ana'!$G$3965:$K$8277,4,FALSE)","v":4000},5147,41176,null,41176,null,null,"No se calculó cantidad para este ítem. Se solicita confirmar que este íem no aplica.",1,1,"11 HAP016 ","21 HAP016 ",{"$f":"VLOOKUP(B291,'Listado Ins Ana'!$G7716:$J100955,4,FALSE)-G291","v":0},null,{"$f":"+'auxiliar capitulos'!$A$39","v":"SUMINISTRO AGUA POTABLE"},{"$f":"VLOOKUP(U291,'auxiliar capitulos'!$A$2:$M$68,13,FALSE)","v":"4.1.1"},25,null,8,4,4]
[351," HAP017 ","4.1.1.26"," TRANSICIÓN SOLDADURA-ROSCA MACHO 1   ","UN",38,{"$f":"VLOOKUP($B292,'Listado Ins Ana'!$G$3965:$K$8277,4,FALSE)","v":4000},5147,195586,null,195586,null,null,"No se calculó cantidad para este ítem. Se solicita confirmar que este íem no aplica.",1,1,"11 HAP017 ","21 HAP017 ",{"$f":"VLOOKUP(B292,'Listado Ins Ana'!$G7716:$J100956,4,FALSE)-G292","v":0},null,{"$f":"+'auxiliar capitulos'!$A$39","v":"SUMINISTRO AGUA POTABLE"},{"$f":"VLOOKUP(U292,'auxiliar capitulos'!$A$2:$M$68,13,FALSE)","v":"4.1.1"},26,null,38,20,18]
[352," HAP018 ","4.1.1.27"," TRANSICIÓN SOLDADURA-ROSCA MACHO 2   ","UN",18,{"$f":"VLOOKUP($B293,'Listado Ins Ana'!$G$3965:$K$8277,4,FALSE)","v":4000},5147,92646,null,92646,null,null,"No se calculó cantidad para este ítem. Se solicita confirmar que este íem no aplica.",1,1,"11 HAP018 ","21 HAP018 ",{"$f":"VLOOKUP(B293,'Listado Ins Ana'!$G$3966:$J$100621,4,FALSE)-G293","v":0},null,{"$f":"+'auxiliar capitulos'!$A$39","v":"SUMINISTRO AGUA POTABLE"},{"$f":"VLOOKUP(U293,'auxiliar capitulos'!$A$2:$M$68,13,FALSE)","v":"4.1.1"},27,null,18,16,2]
[353," HAP019 ","4.1.1.28"," VÁLVULA DE BOLA ROSCADA 1 1/4   ","UN",2,{"$f":"VLOOKUP($B294,'Listado Ins Ana'!$G$3965:$K$8277,4,FALSE)","v":31675.97},40756,81512,"Si",81512,null,null,"No se calculó cantidad para este ítem. Se solicita confirmar que este íem no aplica.",1,1,"11 HAP019 ","21 HAP019 ",{"$f":"VLOOKUP(B294,'Listado Ins Ana'!$G$3966:$J$100621,4,FALSE)-G294","v":0},null,{"$f":"+'auxiliar capitulos'!$A$39","v":"SUMINISTRO AGUA POTABLE"},{"$f":"VLOOKUP(U294,'auxiliar capitulos'!$A$2:$M$68,13,FALSE)","v":"4.1.1"},28,null,2,1,1]
[354," HAP020 ","4.1.1.29"," VÁLVULA DE BOLA ROSCADA 1   ","UN",14,{"$f":"VLOOKUP($B295,'Listado Ins Ana'!$G$3965:$K$8277,4,FALSE)","v":21230.639999999999},27316,382424,"Si",382424,null,null,"No se calculó cantidad para este ítem. Se solicita confirmar que este íem no aplica.",1,1,"11 HAP020 ","21 HAP020 ",{"$f":"VLOOKUP(B295,'Listado Ins Ana'!$G$3966:$J$100621,4,FALSE)-G295","v":0},null,{"$f":"+'auxiliar capitulos'!$A$39","v":"SUMINISTRO AGUA POTABLE"},{"$f":"VLOOKUP(U295,'auxiliar capitulos'!$A$2:$M$68,13,FALSE)","v":"4.1.1"},29,null,14,9,5]
[355," HAP022 ","4.1.1.30"," VÁLVULA DE BOLA ROSCADA 1/2   ","UN",44,{"$f":"VLOOKUP($B296,'Listado Ins Ana'!$G$3965:$K$8277,4,FALSE)","v":10645.1},13696,602624,"Si",602624,null,null,"No se calculó cantidad para este ítem. Se solicita confirmar que este íem no aplica.",1,1,"11 HAP022 ","21 HAP022 ",{"$f":"VLOOKUP(B296,'Listado Ins Ana'!$G$3966:$J$100621,4,FALSE)-G296","v":0},null,{"$f":"+'auxiliar capitulos'!$A$39","v":"SUMINISTRO AGUA POTABLE"},{"$f":"VLOOKUP(U296,'auxiliar capitulos'!$A$2:$M$68,13,FALSE)","v":"4.1.1"},30,null,44,15,29]
[356," HAP021 ","4.1.1.31"," VÁLVULA DE BOLA ROSCADA 2   ","UN",8,{"$f":"VLOOKUP($B297,'Listado Ins Ana'!$G$3965:$K$8277,4,FALSE)","v":43593.47},56089,448712,"Si",448712,null,null,"No se calculó cantidad para este ítem. Se solicita confirmar que este íem no aplica.",1,1,"11 HAP021 ","21 HAP021 ",{"$f":"VLOOKUP(B297,'Listado Ins Ana'!$G7716:$J100961,4,FALSE)-G297","v":0},null,{"$f":"+'auxiliar capitulos'!$A$39","v":"SUMINISTRO AGUA POTABLE"},{"$f":"VLOOKUP(U297,'auxiliar capitulos'!$A$2:$M$68,13,FALSE)","v":"4.1.1"},31,null,8,2,null,null,null,null,null,null,null,null,null,null,null,null,null,null,null,null,null,null,null,null,null,null,null,null,null,null,null,null,null,null,null,null,null,null,null,null,null,null,null,null,null,null,null,null,null,null,null,null,null,null,2,4]
[357," HAP023 ","4.1.1.32"," VÁLVULA DE BOLA SOLDADA 3/4   ","UN",5,{"$f":"VLOOKUP($B298,'Listado Ins Ana'!$G$3965:$K$8277,4,FALSE)","v":16026.72},{"$f":"ROUND(G298*(1+$F$867),0)","v":20621},{"$f":"ROUND(H298*F298,0)","v":103105},"Si",103105,null,null,"No se calculó cantidad para este ítem. Se solicita confirmar que este íem no aplica.",1,1,"11 HAP023 ","21 HAP023 ",{"$f":"VLOOKUP(B298,'Listado Ins Ana'!$G$3966:$J$100621,4,FALSE)-G298","v":0},null,{"$f":"+'auxiliar capitulos'!$A$39","v":"SUMINISTRO AGUA POTABLE"},{"$f":"VLOOKUP(U298,'auxiliar capitulos'!$A$2:$M$68,13,FALSE)","v":"4.1.1"},32,null,5,5]
[358," HAP024 ","4.1.1.33"," VÁLVULA DE COMPUERTA ROSCADA 1 1/4   ","UN",2,{"$f":"VLOOKUP($B299,'Listado Ins Ana'!$G$3965:$K$8277,4,FALSE)","v":4000},5147,10294,"Si",10294,null,null,"No se calculó cantidad para este ítem. Se solicita confirmar que este íem no aplica.",1,1,"11 HAP024 ","21 HAP024 ",{"$f":"VLOOKUP(B299,'Listado Ins Ana'!$G7716:$J100964,4,FALSE)-G299","v":0},null,{"$f":"+'auxiliar capitulos'!$A$39","v":"SUMINISTRO AGUA POTABLE"},{"$f":"VLOOKUP(U299,'auxiliar capitulos'!$A$2:$M$68,13,FALSE)","v":"4.1.1"},33,null,2,1,1]
[359," HAP025 ","4.1.1.34"," VÁLVULA DE COMPUERTA ROSCADA 2   ","UN",6,{"$f":"VLOOKUP($B300,'Listado Ins Ana'!$G$3965:$K$8277,4,FALSE)","v":4000},5147,30882,"Si",30882,null,null,"No se calculó cantidad para este ítem. Se solicita confirmar que este íem no aplica.",1,1,"11 HAP025 ","21 HAP025 ",{"$f":"VLOOKUP(B300,'Listado Ins Ana'!$G$3966:$J$100621,4,FALSE)-G300","v":0},null,{"$f":"+'auxiliar capitulos'!$A$39","v":"SUMINISTRO AGUA POTABLE"},{"$f":"VLOOKUP(U300,'auxiliar capitulos'!$A$2:$M$68,13,FALSE)","v":"4.1.1"},34,null,6,5,1]
[360," HAP026 ","4.1.1.35"," VÁLVULA DE PIE 2   ","UN",2,{"$f":"VLOOKUP($B301,'Listado Ins Ana'!$G$3965:$K$8277,4,FALSE)","v":4000},5147,10294,"Si",10294,null,null,"No se calculó cantidad para este ítem. Se solicita confirmar que este íem no aplica.",1,1,"11 HAP026 ","21 HAP026 ",{"$f":"VLOOKUP(B301,'Listado Ins Ana'!$G$3966:$J$100621,4,FALSE)-G301","v":0},null,{"$f":"+'auxiliar capitulos'!$A$39","v":"SUMINISTRO AGUA POTABLE"},{"$f":"VLOOKUP(U301,'auxiliar capitulos'!$A$2:$M$68,13,FALSE)","v":"4.1.1"},35,null,2,2]
[361," HAP038 ","4.1.1.36"," BRIDA PVC SCH 80 D=2   ","UN",2,{"$f":"VLOOKUP($B302,'Listado Ins Ana'!$G$3965:$K$8277,4,FALSE)","v":68836.72},88568,177136,"Si",177136,null,null,"No se calculó cantidad para este ítem. Se solicita confirmar que este íem no aplica.",1,1,"11 HAP038 ","21 HAP038 ",{"$f":"VLOOKUP(B302,'Listado Ins Ana'!$G7716:$J100967,4,FALSE)-G302","v":0},null,{"$f":"+'auxiliar capitulos'!$A$39","v":"SUMINISTRO AGUA POTABLE"},{"$f":"VLOOKUP(U302,'auxiliar capitulos'!$A$2:$M$68,13,FALSE)","v":"4.1.1"},36,null,2,2]
[362," HAP039 ","4.1.1.37"," BUJE ROSCADO D=1 1/4  x1   A.C. ","UN",2,{"$f":"VLOOKUP($B303,'Listado Ins Ana'!$G$3965:$K$8277,4,FALSE)","v":4000},5147,10294,"Si",10294,null,null,"No se calculó cantidad para este ítem. Se solicita confirmar que este íem no aplica.",1,1,"11 HAP039 ","21 HAP039 ",{"$f":"VLOOKUP(B303,'Listado Ins Ana'!$G$3966:$J$100621,4,FALSE)-G303","v":0},null,{"$f":"+'auxiliar capitulos'!$A$39","v":"SUMINISTRO AGUA POTABLE"},{"$f":"VLOOKUP(U303,'auxiliar capitulos'!$A$2:$M$68,13,FALSE)","v":"4.1.1"},37,null,2,1,1]
[363," HAP040 ","4.1.1.38"," BUJE ROSCADO D=1  x1/4   A.C. ","UN",2,{"$f":"VLOOKUP($B304,'Listado Ins Ana'!$G$3965:$K$8277,4,FALSE)","v":4000},5147,10294,"Si",10294,null,null,"No se calculó cantidad para este ítem. Se solicita confirmar que este íem no aplica.",1,1,"11 HAP040 ","21 HAP040 ",{"$f":"VLOOKUP(B304,'Listado Ins Ana'!$G$3966:$J$100621,4,FALSE)-G304","v":0},null,{"$f":"+'auxiliar capitulos'!$A$39","v":"SUMINISTRO AGUA POTABLE"},{"$f":"VLOOKUP(U304,'auxiliar capitulos'!$A$2:$M$68,13,FALSE)","v":"4.1.1"},38,null,2,1,1]
[364," HAP041 ","4.1.1.39"," BUJE SOLDADO ","UN",27,{"$f":"VLOOKUP($B305,'Listado Ins Ana'!$G$3965:$K$8277,4,FALSE)","v":4000},5147,138969,"Si",138969,null,null,"No se calculó cantidad para este ítem. Se solicita confirmar que este íem no aplica.",1,1,"11 HAP041 ","21 HAP041 ",{"$f":"VLOOKUP(B305,'Listado Ins Ana'!$G$3966:$J$100621,4,FALSE)-G305","v":0},null,{"$f":"+'auxiliar capitulos'!$A$39","v":"SUMINISTRO AGUA POTABLE"},{"$f":"VLOOKUP(U305,'auxiliar capitulos'!$A$2:$M$68,13,FALSE)","v":"4.1.1"},39,null,27,20,7]
[365," HAP045 ","4.1.1.40"," CODO CPVC D=1/2   (INCLUYE SUMINISTRO E INSTALACIÓN, SOLDADURA) ","UN",2,{"$f":"VLOOKUP($B306,'Listado Ins Ana'!$G$3965:$K$8277,4,FALSE)","v":5658.02},7280,14560,"Si",14560,null,null,"No se calculó cantidad para este ítem. Se solicita confirmar que este íem no aplica.",1,1,"11 HAP045 ","21 HAP045 ",{"$f":"VLOOKUP(B306,'Listado Ins Ana'!$G$3966:$J$100621,4,FALSE)-G306","v":0},null,{"$f":"+'auxiliar capitulos'!$A$39","v":"SUMINISTRO AGUA POTABLE"},{"$f":"VLOOKUP(U306,'auxiliar capitulos'!$A$2:$M$68,13,FALSE)","v":"4.1.1"},40,null,2,2]
[366," HAP046 ","4.1.1.41"," CODO PVC PRESION D=1   (INCLUYE SUMINISTRO E INSTALACIÓN, SOLDADURA) ","UN",77,{"$f":"VLOOKUP($B307,'Listado Ins Ana'!$G$3965:$K$8277,4,FALSE)","v":7367.6900000000005},9480,729960,"Si",729960,null,null,"No se calculó cantidad para este ítem. Se solicita confirmar que este íem no aplica.",1,1,"11 HAP046 ","21 HAP046 ",{"$f":"VLOOKUP(B307,'Listado Ins Ana'!$G$3966:$J$100621,4,FALSE)-G307","v":0},null,{"$f":"+'auxiliar capitulos'!$A$39","v":"SUMINISTRO AGUA POTABLE"},{"$f":"VLOOKUP(U307,'auxiliar capitulos'!$A$2:$M$68,13,FALSE)","v":"4.1.1"},41,null,77,35,42]
[367," HAP047 ","4.1.1.42"," CODO PVC PRESION D=1/2   (INCLUYE SUMINISTRO E INSTALACIÓN, SOLDADURA) ","UN",320,{"$f":"VLOOKUP($B308,'Listado Ins Ana'!$G$3965:$K$8277,4,FALSE)","v":5071.32},6525,2088000,"Si",2088000,null,null,"No se calculó cantidad para este ítem. Se solicita confirmar que este íem no aplica.",1,1,"11 HAP047 ","21 HAP047 ",{"$f":"VLOOKUP(B308,'Listado Ins Ana'!$G$3966:$J$100621,4,FALSE)-G308","v":0},null,{"$f":"+'auxiliar capitulos'!$A$39","v":"SUMINISTRO AGUA POTABLE"},{"$f":"VLOOKUP(U308,'auxiliar capitulos'!$A$2:$M$68,13,FALSE)","v":"4.1.1"},42,null,320,98,222]
[368," HAP048 ","4.1.1.43"," CODO PVC PRESION D=2   (INCLUYE SUMINISTRO E INSTALACIÓN, SOLDADURA) ","UN",29,{"$f":"VLOOKUP($B309,'Listado Ins Ana'!$G$3965:$K$8277,4,FALSE)","v":23833.25},30665,889285,"Si",889285,null,null,"No se calculó cantidad para este ítem. Se solicita confirmar que este íem no aplica.",1,1,"11 HAP048 ","21 HAP048 ",{"$f":"VLOOKUP(B309,'Listado Ins Ana'!$G$3966:$J$100621,4,FALSE)-G309","v":0},null,{"$f":"+'auxiliar capitulos'!$A$39","v":"SUMINISTRO AGUA POTABLE"},{"$f":"VLOOKUP(U309,'auxiliar capitulos'!$A$2:$M$68,13,FALSE)","v":"4.1.1"},43,null,29,17,8,null,null,null,null,null,null,null,null,null,null,null,null,null,null,null,null,null,null,null,null,null,null,null,null,null,null,null,null,null,null,null,null,null,null,null,null,null,null,null,null,null,null,null,null,null,null,null,null,null,2,2]
[369," HAP049 ","4.1.1.44"," CODO PVC PRESION D=3/4   (INCLUYE SUMINISTRO E INSTALACIÓN, SOLDADURA) ","UN",36,{"$f":"VLOOKUP($B310,'Listado Ins Ana'!$G$3965:$K$8277,4,FALSE)","v":5717.37},7356,264816,"Si",264816,null,null,"No se calculó cantidad para este ítem. Se solicita confirmar que este íem no aplica.",1,1,"11 HAP049 ","21 HAP049 ",{"$f":"VLOOKUP(B310,'Listado Ins Ana'!$G$3966:$J$100621,4,FALSE)-G310","v":0},null,{"$f":"+'auxiliar capitulos'!$A$39","v":"SUMINISTRO AGUA POTABLE"},{"$f":"VLOOKUP(U310,'auxiliar capitulos'!$A$2:$M$68,13,FALSE)","v":"4.1.1"},44,null,36,31,5]
[370," HAP050 ","4.1.1.45"," CODO PVC SCH 80 D=1 1/2   (INCLUYE SUMINISTRO E INSTALACIÓN, SOLDADURA) ","UN",2,{"$f":"VLOOKUP($B311,'Listado Ins Ana'!$G$3965:$K$8277,4,FALSE)","v":47070.18},60562,121124,"Si",121124,null,null,"No se calculó cantidad para este ítem. Se solicita confirmar que este íem no aplica.",1,1,"11 HAP050 ","21 HAP050 ",{"$f":"VLOOKUP(B311,'Listado Ins Ana'!$G$3966:$J$100621,4,FALSE)-G311","v":0},null,{"$f":"+'auxiliar capitulos'!$A$39","v":"SUMINISTRO AGUA POTABLE"},{"$f":"VLOOKUP(U311,'auxiliar capitulos'!$A$2:$M$68,13,FALSE)","v":"4.1.1"},45,null,2,2]
[371," HAP051 ","4.1.1.46"," CODO PVC SCH 80 D=1 1/4   (INCLUYE SUMINISTRO E INSTALACIÓN, SOLDADURA) ","UN",4,{"$f":"VLOOKUP($B312,'Listado Ins Ana'!$G$3965:$K$8277,4,FALSE)","v":35323.33},45448,181792,"Si",181792,null,null,"No se calculó cantidad para este ítem. Se solicita confirmar que este íem no aplica.",1,1,"11 HAP051 ","21 HAP051 ",{"$f":"VLOOKUP(B312,'Listado Ins Ana'!$G7716:$J100977,4,FALSE)-G312","v":0},null,{"$f":"+'auxiliar capitulos'!$A$39","v":"SUMINISTRO AGUA POTABLE"},{"$f":"VLOOKUP(U312,'auxiliar capitulos'!$A$2:$M$68,13,FALSE)","v":"4.1.1"},46,null,4,2,2]
[372," HAP052 ","4.1.1.47"," CRUZ SALIDA ROSCADA AC D=1 1/4   ","UN",2,{"$f":"+G334*1.5","v":6000},7720,15440,"Si",15440,null,null,"No se calculó cantidad para este ítem. Se solicita confirmar que este íem no aplica.",1,1,"11 HAP052 ","21 HAP052 ",{"$f":"VLOOKUP(B313,'Listado Ins Ana'!$G$3966:$J$100621,4,FALSE)-G313","v":{"$error":"#N/A"}},null,{"$f":"+'auxiliar capitulos'!$A$39","v":"SUMINISTRO AGUA POTABLE"},{"$f":"VLOOKUP(U313,'auxiliar capitulos'!$A$2:$M$68,13,FALSE)","v":"4.1.1"},47,null,2,1,1]
[373," HAP054 ","4.1.1.48"," MANÓMETRO 1/4   ","UN",2,{"$f":"VLOOKUP($B314,'Listado Ins Ana'!$G$3965:$K$8277,4,FALSE)","v":4000},5147,10294,"Si",10294,null,null,"No se calculó cantidad para este ítem. Se solicita confirmar que este íem no aplica.",1,1,"11 HAP054 ","21 HAP054 ",{"$f":"VLOOKUP(B314,'Listado Ins Ana'!$G7716:$J100979,4,FALSE)-G314","v":0},null,{"$f":"+'auxiliar capitulos'!$A$39","v":"SUMINISTRO AGUA POTABLE"},{"$f":"VLOOKUP(U314,'auxiliar capitulos'!$A$2:$M$68,13,FALSE)","v":"4.1.1"},48,null,2,1,1]
[374,8603,"4.1.1.49"," PUNTO HIDRAULICO A.F. PVC PRESION D=1/2   DUCHA (INCLUYE SUMINISTRO E INSTALACIÓN, INCLUYE CODO 45°, TUBERIA PVC E.L., TEE PVC E.L., SOLDADURA Y CINTA TEFLON) ","UN",3,{"$f":"VLOOKUP($B315,'Listado Ins Ana'!$G$3965:$K$8277,4,FALSE)","v":44486},57237,171711,"Si",171711,null,null,"No se calculó cantidad para este ítem. Se solicita confirmar que este íem no aplica.",1,1,"118603","218603",{"$f":"VLOOKUP(B315,'Listado Ins Ana'!$G7716:$J100980,4,FALSE)-G315","v":{"$error":"#N/A"}},null,{"$f":"+'auxiliar capitulos'!$A$39","v":"SUMINISTRO AGUA POTABLE"},{"$f":"VLOOKUP(U315,'auxiliar capitulos'!$A$2:$M$68,13,FALSE)","v":"4.1.1"},49,null,3,1,2]
[375,8519,"4.1.1.50"," PUNTO HIDRAULICO A.F. PVC PRESION D=1/2   LAVAMANOS/LAVAPLATOS (INCLUYE SUMINISTRO E INSTALACIÓN, INCLUYE CODO 45°, TUBERIA PVC E.L., TEE PVC E.L., SOLDADURA Y CINTA TEFLON) ","UN",56,{"$f":"VLOOKUP($B316,'Listado Ins Ana'!$G$3965:$K$8277,4,FALSE)","v":17948},23093,1293208,"Si",1293208,null,null,"No se calculó cantidad para este ítem. Se solicita confirmar que este íem no aplica.",1,1,"118519","218519",{"$f":"VLOOKUP(B316,'Listado Ins Ana'!$G7716:$J100981,4,FALSE)-G316","v":{"$error":"#N/A"}},null,{"$f":"+'auxiliar capitulos'!$A$39","v":"SUMINISTRO AGUA POTABLE"},{"$f":"VLOOKUP(U316,'auxiliar capitulos'!$A$2:$M$68,13,FALSE)","v":"4.1.1"},50,null,56,27,29]
[376,8528,"4.1.1.51"," PUNTO HIDRAULICO A.F. PVC PRESION D=1/2   LLAVE MANGUERA (INCLUYE SUMINISTRO E INSTALACIÓN, INCLUYE CODO 45°, TUBERIA PVC E.L., TEE PVC E.L., SOLDADURA Y CINTA TEFLON) ","UN",9,{"$f":"VLOOKUP($B317,'Listado Ins Ana'!$G$3965:$K$8277,4,FALSE)","v":16712},21502,193518,"Si",193518,null,null,"No se calculó cantidad para este ítem. Se solicita confirmar que este íem no aplica.",1,1,"118528","218528",{"$f":"VLOOKUP(B317,'Listado Ins Ana'!$G7716:$J100982,4,FALSE)-G317","v":{"$error":"#N/A"}},null,{"$f":"+'auxiliar capitulos'!$A$39","v":"SUMINISTRO AGUA POTABLE"},{"$f":"VLOOKUP(U317,'auxiliar capitulos'!$A$2:$M$68,13,FALSE)","v":"4.1.1"},51,null,9,3,6]
[377," HAP055 ","4.1.1.52"," REDUCCIÓN CONCENTRICA-EXCENTRICA RANURADA UL/FM ","UN",2,{"$f":"VLOOKUP($B318,'Listado Ins Ana'!$G$3965:$K$8277,4,FALSE)","v":4000},5147,10294,"Si",10294,null,null,"No se calculó cantidad para este ítem. Se solicita confirmar que este íem no aplica.",1,1,"11 HAP055 ","21 HAP055 ",{"$f":"VLOOKUP(B318,'Listado Ins Ana'!$G7716:$J100983,4,FALSE)-G318","v":0},null,{"$f":"+'auxiliar capitulos'!$A$39","v":"SUMINISTRO AGUA POTABLE"},{"$f":"VLOOKUP(U318,'auxiliar capitulos'!$A$2:$M$68,13,FALSE)","v":"4.1.1"},52,null,2,2]
[378," HAP056 ","4.1.1.53"," REDUCCIÓN SOLDADA PVC SCH 80 D=2  x1 1/2   (INCLUYE SUMINISTRO E INSTALACIÓN, SOLDADURA) ","UN",2,{"$f":"VLOOKUP($B319,'Listado Ins Ana'!$G$3965:$K$8277,4,FALSE)","v":42453.56},54622,109244,"Si",109244,null,null,"No se calculó cantidad para este ítem. Se solicita confirmar que este íem no aplica.",1,1,"11 HAP056 ","21 HAP056 ",{"$f":"VLOOKUP(B319,'Listado Ins Ana'!$G7716:$J100984,4,FALSE)-G319","v":0},null,{"$f":"+'auxiliar capitulos'!$A$39","v":"SUMINISTRO AGUA POTABLE"},{"$f":"VLOOKUP(U319,'auxiliar capitulos'!$A$2:$M$68,13,FALSE)","v":"4.1.1"},53,null,2,2]
[379," HAP057 ","4.1.1.54"," REDUCCIÓN SOLDADA PVC SCH 80 D=2  x1 1/4   (INCLUYE SUMINISTRO E INSTALACIÓN, SOLDADURA) ","UN",1,{"$f":"VLOOKUP($B320,'Listado Ins Ana'!$G$3965:$K$8277,4,FALSE)","v":40518.720000000001},52133,52133,"Si",52133,null,null,"No se calculó cantidad para este ítem. Se solicita confirmar que este íem no aplica.",1,1,"11 HAP057 ","21 HAP057 ",{"$f":"VLOOKUP(B320,'Listado Ins Ana'!$G7716:$J100985,4,FALSE)-G320","v":0},null,{"$f":"+'auxiliar capitulos'!$A$39","v":"SUMINISTRO AGUA POTABLE"},{"$f":"VLOOKUP(U320,'auxiliar capitulos'!$A$2:$M$68,13,FALSE)","v":"4.1.1"},54,null,1,1]
[380," HAP058 ","4.1.1.55"," TAPA ROSCADA AC D=1/2   ","UN",5,{"$f":"+G334","v":4000},5147,25735,"Si",25735,null,null,"No se calculó cantidad para este ítem. Se solicita confirmar que este íem no aplica.",1,1,"11 HAP058 ","21 HAP058 ",{"$f":"VLOOKUP(B321,'Listado Ins Ana'!$G7716:$J100986,4,FALSE)-G321","v":{"$error":"#N/A"}},null,{"$f":"+'auxiliar capitulos'!$A$39","v":"SUMINISTRO AGUA POTABLE"},{"$f":"VLOOKUP(U321,'auxiliar capitulos'!$A$2:$M$68,13,FALSE)","v":"4.1.1"},55,null,5,3,2]
[381," HAP074 ","4.1.1.56"," TEE PVC SCH 80 D=1 1/2   (INCLUYE SUMINISTRO E INSTALACIÓN, SOLDADURA) ","UN",4,{"$f":"VLOOKUP($B322,'Listado Ins Ana'!$G$3965:$K$8277,4,FALSE)","v":71919.929999999993},92535,370140,"Si",370140,null,null,"No se calculó cantidad para este ítem. Se solicita confirmar que este íem no aplica.",1,1,"11 HAP074 ","21 HAP074 ",{"$f":"VLOOKUP(B322,'Listado Ins Ana'!$G$3966:$J$100621,4,FALSE)-G322","v":0},null,{"$f":"+'auxiliar capitulos'!$A$39","v":"SUMINISTRO AGUA POTABLE"},{"$f":"VLOOKUP(U322,'auxiliar capitulos'!$A$2:$M$68,13,FALSE)","v":"4.1.1"},56,null,4,2,2]
[382," HAP075 ","4.1.1.57"," TEE PVC SCH 80 D=2   (INCLUYE SUMINISTRO E INSTALACIÓN, SOLDADURA) ","UN",3,{"$f":"VLOOKUP($B323,'Listado Ins Ana'!$G$3965:$K$8277,4,FALSE)","v":85594.880000000005},110130,330390,"Si",330390,null,null,"No se calculó cantidad para este ítem. Se solicita confirmar que este íem no aplica.",1,1,"11 HAP075 ","21 HAP075 ",{"$f":"VLOOKUP(B323,'Listado Ins Ana'!$G$3966:$J$100621,4,FALSE)-G323","v":0},null,{"$f":"+'auxiliar capitulos'!$A$39","v":"SUMINISTRO AGUA POTABLE"},{"$f":"VLOOKUP(U323,'auxiliar capitulos'!$A$2:$M$68,13,FALSE)","v":"4.1.1"},57,null,3,3]
[383," HAP064 ","4.1.1.58"," TEE REDUCIDA PVC PRESION D=1  x1/2   (INCLUYE SUMINISTRO E INSTALACIÓN, SOLDADURA) ","UN",8,{"$f":"VLOOKUP($B324,'Listado Ins Ana'!$G$3965:$K$8277,4,FALSE)","v":10684.23},13747,109976,"Si",109976,null,null,"No se calculó cantidad para este ítem. Se solicita confirmar que este íem no aplica.",1,1,"11 HAP064 ","21 HAP064 ",{"$f":"VLOOKUP(B324,'Listado Ins Ana'!$G$3966:$J$100621,4,FALSE)-G324","v":0},null,{"$f":"+'auxiliar capitulos'!$A$39","v":"SUMINISTRO AGUA POTABLE"},{"$f":"VLOOKUP(U324,'auxiliar capitulos'!$A$2:$M$68,13,FALSE)","v":"4.1.1"},58,null,8,2,6]
[384," HAP065 ","4.1.1.59"," TEE REDUCIDA PVC PRESION D=1  x3/4   (INCLUYE SUMINISTRO E INSTALACIÓN, SOLDADURA) ","UN",11,{"$f":"VLOOKUP($B325,'Listado Ins Ana'!$G$3965:$K$8277,4,FALSE)","v":10462.25},13461,148071,"Si",148071,null,null,"No se calculó cantidad para este ítem. Se solicita confirmar que este íem no aplica.",1,1,"11 HAP065 ","21 HAP065 ",{"$f":"VLOOKUP(B325,'Listado Ins Ana'!$G7716:$J100990,4,FALSE)-G325","v":0},null,{"$f":"+'auxiliar capitulos'!$A$39","v":"SUMINISTRO AGUA POTABLE"},{"$f":"VLOOKUP(U325,'auxiliar capitulos'!$A$2:$M$68,13,FALSE)","v":"4.1.1"},59,null,11,4,3,null,null,null,null,null,null,null,null,null,null,null,null,null,null,null,null,null,null,null,null,null,null,null,null,null,null,null,null,null,null,null,null,null,null,null,null,null,null,null,null,null,null,null,null,null,null,null,null,null,null,4]
[385," HAP071 ","4.1.1.60"," TEE REDUCIDA PVC PRESION D=3/4  x1/2   (INCLUYE SUMINISTRO E INSTALACIÓN, SOLDADURA) ","UN",21,{"$f":"VLOOKUP($B326,'Listado Ins Ana'!$G$3965:$K$8277,4,FALSE)","v":7276.1},9362,196602,"Si",196602,null,null,"No se calculó cantidad para este ítem. Se solicita confirmar que este íem no aplica.",1,1,"11 HAP071 ","21 HAP071 ",{"$f":"VLOOKUP(B326,'Listado Ins Ana'!$G$3966:$J$100621,4,FALSE)-G326","v":0},null,{"$f":"+'auxiliar capitulos'!$A$39","v":"SUMINISTRO AGUA POTABLE"},{"$f":"VLOOKUP(U326,'auxiliar capitulos'!$A$2:$M$68,13,FALSE)","v":"4.1.1"},60,null,21,13,6,null,null,null,null,null,null,null,null,null,null,null,null,null,null,null,null,null,null,null,null,null,null,null,null,null,null,null,null,null,null,null,null,null,null,null,null,null,null,null,null,null,null,null,null,null,null,null,null,null,null,2]
[386," HAP059 ","4.1.1.61"," TEE ROSCADA REDUCIDA AC D=1/2   ","UN",3,{"$f":"VLOOKUP($B327,'Listado Ins Ana'!$G$3965:$K$8277,4,FALSE)","v":4000},5147,15441,"Si",15441,null,null,"No se calculó cantidad para este ítem. Se solicita confirmar que este íem no aplica.",1,1,"11 HAP059 ","21 HAP059 ",{"$f":"VLOOKUP(B327,'Listado Ins Ana'!$G7716:$J100992,4,FALSE)-G327","v":0},null,{"$f":"+'auxiliar capitulos'!$A$39","v":"SUMINISTRO AGUA POTABLE"},{"$f":"VLOOKUP(U327,'auxiliar capitulos'!$A$2:$M$68,13,FALSE)","v":"4.1.1"},61,null,3,1,null,null,null,null,null,null,null,null,null,null,null,null,null,null,null,null,null,null,null,null,null,null,null,null,null,null,null,null,null,null,null,null,null,null,null,null,null,null,null,null,null,null,null,null,null,null,null,null,null,null,2]
[387," HAP060 ","4.1.1.62"," TEE ROSCADA REDUCIDA AC D=1/4   ","UN",3,{"$f":"VLOOKUP($B328,'Listado Ins Ana'!$G$3965:$K$8277,4,FALSE)","v":4000},5147,15441,"Si",15441,null,null,"No se calculó cantidad para este ítem. Se solicita confirmar que este íem no aplica.",1,1,"11 HAP060 ","21 HAP060 ",{"$f":"VLOOKUP(B328,'Listado Ins Ana'!$G$3966:$J$100621,4,FALSE)-G328","v":0},null,{"$f":"+'auxiliar capitulos'!$A$39","v":"SUMINISTRO AGUA POTABLE"},{"$f":"VLOOKUP(U328,'auxiliar capitulos'!$A$2:$M$68,13,FALSE)","v":"4.1.1"},62,null,3,1,1,null,null,null,null,null,null,null,null,null,null,null,null,null,null,null,null,null,null,null,null,null,null,null,null,null,null,null,null,null,null,null,null,null,null,null,null,null,null,null,null,null,null,null,null,null,null,null,null,null,1]
[388," HAP061 ","4.1.1.63"," TEE SENCILLA PVC PRESION D=1 1/2   (INCLUYE SUMINISTRO E INSTALACIÓN, SOLDADURA) ","UN",12,{"$f":"VLOOKUP($B329,'Listado Ins Ana'!$G$3965:$K$8277,4,FALSE)","v":18725.28},24093,289116,"Si",289116,null,null,"No se calculó cantidad para este ítem. Se solicita confirmar que este íem no aplica.",1,1,"11 HAP061 ","21 HAP061 ",{"$f":"VLOOKUP(B329,'Listado Ins Ana'!$G$3966:$J$100621,4,FALSE)-G329","v":0},null,{"$f":"+'auxiliar capitulos'!$A$39","v":"SUMINISTRO AGUA POTABLE"},{"$f":"VLOOKUP(U329,'auxiliar capitulos'!$A$2:$M$68,13,FALSE)","v":"4.1.1"},63,null,12,2,9,null,null,null,null,null,null,null,null,null,null,null,null,null,null,null,null,null,null,null,null,null,null,null,null,null,null,null,null,null,null,null,null,null,null,null,null,null,null,null,null,null,null,null,null,null,null,null,null,null,1]
[389," HAP063 ","4.1.1.64"," TEE SENCILLA PVC PRESION D=1   (INCLUYE SUMINISTRO E INSTALACIÓN, SOLDADURA) ","UN",{"$f":"+Y330","v":4},{"$f":"VLOOKUP($B330,'Listado Ins Ana'!$G$3965:$K$8277,4,FALSE)","v":8344.15},{"$f":"ROUND(G330*(1+$F$867),0)","v":10736},{"$f":"ROUND(H330*F330,0)","v":42944},"Si",{"$f":"+I330","v":42944},null,null,"No se calculó cantidad para este ítem. Se solicita confirmar que este íem no aplica.",1,1,"11 HAP063 ",{"$f":"CONCATENATE(AA$11,$P330,$B330)","v":"21 HAP063 "},{"$f":"VLOOKUP(B330,'Listado Ins Ana'!$G7716:$J100995,4,FALSE)-G330","v":0},null,{"$f":"+'auxiliar capitulos'!$A$39","v":"SUMINISTRO AGUA POTABLE"},{"$f":"VLOOKUP(U330,'auxiliar capitulos'!$A$2:$M$68,13,FALSE)","v":"4.1.1"},{"$f":"IF(E330=\"\",\"\",IF(E329=\"\",1,W329+1))","v":64},null,4,2,2]
[390," HAP067 ","4.1.1.65"," TEE SENCILLA PVC PRESION D=1/2   (INCLUYE SUMINISTRO E INSTALACIÓN, SOLDADURA) ","UN",22,{"$f":"VLOOKUP($B331,'Listado Ins Ana'!$G$3965:$K$8277,4,FALSE)","v":5315.02},6839,150458,"Si",150458,null,null,"No se calculó cantidad para este ítem. Se solicita confirmar que este íem no aplica.",1,1,{"$f":"CONCATENATE(Z$11,$P331,$B331)","v":"11 HAP067 "},"21 HAP067 ",{"$f":"VLOOKUP(B331,'Listado Ins Ana'!$G$3966:$J$100621,4,FALSE)-G331","v":0},null,{"$f":"+'auxiliar capitulos'!$A$39","v":"SUMINISTRO AGUA POTABLE"},{"$f":"VLOOKUP(U331,'auxiliar capitulos'!$A$2:$M$68,13,FALSE)","v":"4.1.1"},65,null,22,7,15]
[391," HAP068 ","4.1.1.66"," TEE SENCILLA PVC PRESION D=2   (INCLUYE SUMINISTRO E INSTALACIÓN, SOLDADURA) ","UN",8,{"$f":"VLOOKUP($B332,'Listado Ins Ana'!$G$3965:$K$8277,4,FALSE)","v":27447.919999999998},35316,282528,"Si",282528,null,null,"No se calculó cantidad para este ítem. Se solicita confirmar que este íem no aplica.",1,1,"11 HAP068 ","21 HAP068 ",{"$f":"VLOOKUP(B332,'Listado Ins Ana'!$G$3966:$J$100621,4,FALSE)-G332","v":0},null,{"$f":"+'auxiliar capitulos'!$A$39","v":"SUMINISTRO AGUA POTABLE"},{"$f":"VLOOKUP(U332,'auxiliar capitulos'!$A$2:$M$68,13,FALSE)","v":"4.1.1"},66,null,8,4,4]
[392," HAP073 ","4.1.1.67"," TEE SENCILLA PVC PRESION D=3/4   (INCLUYE SUMINISTRO E INSTALACIÓN, SOLDADURA) ","UN",1,{"$f":"VLOOKUP($B333,'Listado Ins Ana'!$G$3965:$K$8277,4,FALSE)","v":6222.7800000000007},8006,8006,"Si",8006,null,null,"No se calculó cantidad para este ítem. Se solicita confirmar que este íem no aplica.",1,1,"11 HAP073 ","21 HAP073 ",{"$f":"VLOOKUP(B333,'Listado Ins Ana'!$G$3966:$J$100621,4,FALSE)-G333","v":0},null,{"$f":"+'auxiliar capitulos'!$A$39","v":"SUMINISTRO AGUA POTABLE"},{"$f":"VLOOKUP(U333,'auxiliar capitulos'!$A$2:$M$68,13,FALSE)","v":"4.1.1"},67,null,1,1]
[393," HAP077 ","4.1.1.68"," UNIÓN RIGIDA ROSCADA AC D=1   ","UN",3,{"$f":"VLOOKUP($B334,'Listado Ins Ana'!$G$3965:$K$8277,4,FALSE)","v":4000},5147,15441,"Si",15441,null,null,"No se calculó cantidad para este ítem. Se solicita confirmar que este íem no aplica.",1,1,"11 HAP077 ","21 HAP077 ",{"$f":"VLOOKUP(B334,'Listado Ins Ana'!$G$3966:$J$100621,4,FALSE)-G334","v":0},null,{"$f":"+'auxiliar capitulos'!$A$39","v":"SUMINISTRO AGUA POTABLE"},{"$f":"VLOOKUP(U334,'auxiliar capitulos'!$A$2:$M$68,13,FALSE)","v":"4.1.1"},68,null,3,1,2]
[394," HAP078 ","4.1.1.69"," UNIÓN UNIVERSAL ","UN",4,{"$f":"+G352","v":4000},5147,20588,"Si",20588,null,null,"No se calculó cantidad para este ítem. Se solicita confirmar que este íem no aplica.",1,1,"11 HAP078 ","21 HAP078 ",{"$f":"VLOOKUP(B335,'Listado Ins Ana'!$G$3966:$J$100621,4,FALSE)-G335","v":{"$error":"#N/A"}},null,{"$f":"+'auxiliar capitulos'!$A$39","v":"SUMINISTRO AGUA POTABLE"},{"$f":"VLOOKUP(U335,'auxiliar capitulos'!$A$2:$M$68,13,FALSE)","v":"4.1.1"},69,null,4,2,2]
[396,"HRR035",{"$f":"IF(W336=\"\",V336,CONCATENATE(V336,\".\",W336))","v":"4.1.1.70"}," ACOPLE RIGIDO RANURADO UL/FM (CODO RANURADO) ","UN",4,{"$f":"+G370","v":35562.61},45756,{"$f":"ROUND(H336*F336,0)","v":183024},"Si",183024,null,null,"No se calculó cantidad para este ítem. Se solicita confirmar que este íem no aplica.",1,1,"11HRR035","21HRR035",{"$f":"VLOOKUP(B336,'Listado Ins Ana'!$G$3966:$J$100621,4,FALSE)-G336","v":{"$error":"#N/A"}},null,{"$f":"+'auxiliar capitulos'!$A$39","v":"SUMINISTRO AGUA POTABLE"},{"$f":"VLOOKUP(U336,'auxiliar capitulos'!$A$2:$M$68,13,FALSE)","v":"4.1.1"},{"$f":"IF(E336=\"\",\"\",IF(E335=\"\",1,W335+1))","v":70},null,{"$f":"SUM(Z336:CJ336)","v":4},4]
[397," HAP037 ","4.1.1.71"," ACOPLE RIGIDO RANURADO UL/FM (UNIÓN RANURADA) D=2   ","UN",2,{"$f":"VLOOKUP($B337,'Listado Ins Ana'!$G$3965:$K$8277,4,FALSE)","v":26449.23},34031,68062,"Si",68062,null,null,"No se calculó cantidad para este ítem. Se solicita confirmar que este íem no aplica.",1,1,"11 HAP037 ","21 HAP037 ",{"$f":"VLOOKUP(B337,'Listado Ins Ana'!$G$3966:$J$100621,4,FALSE)-G337","v":0},null,{"$f":"+'auxiliar capitulos'!$A$39","v":"SUMINISTRO AGUA POTABLE"},{"$f":"VLOOKUP(U337,'auxiliar capitulos'!$A$2:$M$68,13,FALSE)","v":"4.1.1"},71,null,2,2]
[398," HAP042 ","4.1.1.72"," CODO 90 RANURADO UL/FM D=2   ","UN",2,{"$f":"0.75*G371","v":34362.899999999994},44213,88426,"Si",88426,null,null,"No se calculó cantidad para este ítem. Se solicita confirmar que este íem no aplica.",1,1,"11 HAP042 ","21 HAP042 ",{"$f":"VLOOKUP(B338,'Listado Ins Ana'!$G$3966:$J$100621,4,FALSE)-G338","v":{"$error":"#N/A"}},null,{"$f":"+'auxiliar capitulos'!$A$39","v":"SUMINISTRO AGUA POTABLE"},{"$f":"VLOOKUP(U338,'auxiliar capitulos'!$A$2:$M$68,13,FALSE)","v":"4.1.1"},72,null,2,2]
[399," HAP043 ","4.1.1.73"," CODO 90 ROSCADO AC D=1 1/4   ","UN",5,{"$f":"VLOOKUP($B339,'Listado Ins Ana'!$G$3965:$K$8277,4,FALSE)","v":13944.83},17942,89710,"Si",89710,null,null,"No se calculó cantidad para este ítem. Se solicita confirmar que este íem no aplica.",1,1,"11 HAP043 ","21 HAP043 ",{"$f":"VLOOKUP(B339,'Listado Ins Ana'!$G$3966:$J$100621,4,FALSE)-G339","v":0},null,{"$f":"+'auxiliar capitulos'!$A$39","v":"SUMINISTRO AGUA POTABLE"},{"$f":"VLOOKUP(U339,'auxiliar capitulos'!$A$2:$M$68,13,FALSE)","v":"4.1.1"},73,null,5,3,2]
[400," HAP044 ","4.1.1.74"," CODO 90 ROSCADO AC D=1/2   ","UN",4,{"$f":"VLOOKUP($B340,'Listado Ins Ana'!$G$3965:$K$8277,4,FALSE)","v":7179.09},9237,36948,"Si",36948,null,null,"No se calculó cantidad para este ítem. Se solicita confirmar que este íem no aplica.",1,1,"11 HAP044 ","21 HAP044 ",{"$f":"VLOOKUP(B340,'Listado Ins Ana'!$G$3966:$J$100621,4,FALSE)-G340","v":0},null,{"$f":"+'auxiliar capitulos'!$A$39","v":"SUMINISTRO AGUA POTABLE"},{"$f":"VLOOKUP(U340,'auxiliar capitulos'!$A$2:$M$68,13,FALSE)","v":"4.1.1"},74,null,4,2,2]
[401," HAP053 ","4.1.1.75"," MANÓMETRO 1/2   ","UN",1,{"$f":"VLOOKUP($B341,'Listado Ins Ana'!$G$3965:$K$8277,4,FALSE)","v":4000},5147,5147,"Si",5147,null,null,"No se calculó cantidad para este ítem. Se solicita confirmar que este íem no aplica.",1,1,"11 HAP053 ","21 HAP053 ",{"$f":"VLOOKUP(B341,'Listado Ins Ana'!$G$3966:$J$100621,4,FALSE)-G341","v":0},null,{"$f":"+'auxiliar capitulos'!$A$39","v":"SUMINISTRO AGUA POTABLE"},{"$f":"VLOOKUP(U341,'auxiliar capitulos'!$A$2:$M$68,13,FALSE)","v":"4.1.1"},75,null,1,1]
[402," HAP101 ","4.1.1.76"," TUBERÍA PVC-PRESIÓN (PVC-P) D=3   SCH 80 (INCLUYE SUMINISTRO E INSTALACION) ","M",1.73,{"$f":"VLOOKUP($B342,'Listado Ins Ana'!$G$3965:$K$8277,4,FALSE)","v":707649.33},910490,1575148,"Si",1575148,null,null,"No se calculó cantidad para este ítem. Se solicita confirmar que este íem no aplica.",1,1,"11 HAP101 ","21 HAP101 ",{"$f":"VLOOKUP(B342,'Listado Ins Ana'!$G$3966:$J$100621,4,FALSE)-G342","v":0},null,{"$f":"+'auxiliar capitulos'!$A$39","v":"SUMINISTRO AGUA POTABLE"},{"$f":"VLOOKUP(U342,'auxiliar capitulos'!$A$2:$M$68,13,FALSE)","v":"4.1.1"},76,null,1.73,null,1.73]
[403,7632,"4.1.1.77"," TUBERIA PVC-PRESION (PVC-P) D=1 1/4   RDE 21  (INCLUYE SUMINISTRO E INSTALACIÓN) ","M",0.09,{"$f":"VLOOKUP($B343,'Listado Ins Ana'!$G$3965:$K$8277,4,FALSE)","v":12729},16378,1474,"Si",1474,null,null,"No se calculó cantidad para este ítem. Se solicita confirmar que este íem no aplica.",1,1,"117632","217632",{"$f":"VLOOKUP(B343,'Listado Ins Ana'!$G$3966:$J$100621,4,FALSE)-G343","v":0},null,{"$f":"+'auxiliar capitulos'!$A$39","v":"SUMINISTRO AGUA POTABLE"},{"$f":"VLOOKUP(U343,'auxiliar capitulos'!$A$2:$M$68,13,FALSE)","v":"4.1.1"},77,null,0.09,null,0.09]
[404," HAP100 ","4.1.1.78"," TUBERÍA ACERO INOXIDABLE RANURADA (A.I) D=3   ","M",2.33,{"$f":"VLOOKUP($B344,'Listado Ins Ana'!$G$3965:$K$8277,4,FALSE)","v":312941.84999999998},402644,938161,"Si",938161,null,null,"No se calculó cantidad para este ítem. Se solicita confirmar que este íem no aplica.",1,1,"11 HAP100 ","21 HAP100 ",{"$f":"VLOOKUP(B344,'Listado Ins Ana'!$G$3966:$J$100621,4,FALSE)-G344","v":0},null,{"$f":"+'auxiliar capitulos'!$A$39","v":"SUMINISTRO AGUA POTABLE"},{"$f":"VLOOKUP(U344,'auxiliar capitulos'!$A$2:$M$68,13,FALSE)","v":"4.1.1"},78,null,2.33,null,2.33]
[405," HAP106 ","4.1.1.79"," BRIDA PVC SCH80 1 1/4   ","UN",2,{"$f":"VLOOKUP($B345,'Listado Ins Ana'!$G$3965:$K$8277,4,FALSE)","v":4000},5147,10294,"Si",10294,null,null,"No se calculó cantidad para este ítem. Se solicita confirmar que este íem no aplica.",1,1,"11 HAP106 ","21 HAP106 ",{"$f":"VLOOKUP(B345,'Listado Ins Ana'!$G$3966:$J$100621,4,FALSE)-G345","v":0},null,{"$f":"+'auxiliar capitulos'!$A$39","v":"SUMINISTRO AGUA POTABLE"},{"$f":"VLOOKUP(U345,'auxiliar capitulos'!$A$2:$M$68,13,FALSE)","v":"4.1.1"},79,null,2,null,2]
[406," HAP107 ","4.1.1.80"," BRIDA PVC SCH80 2   ","UN",2,{"$f":"VLOOKUP($B346,'Listado Ins Ana'!$G$3965:$K$8277,4,FALSE)","v":37633.089999999997},48420,96840,"Si",96840,null,null,"No se calculó cantidad para este ítem. Se solicita confirmar que este íem no aplica.",1,1,"11 HAP107 ","21 HAP107 ",{"$f":"VLOOKUP(B346,'Listado Ins Ana'!$G$3966:$J$100621,4,FALSE)-G346","v":0},null,{"$f":"+'auxiliar capitulos'!$A$39","v":"SUMINISTRO AGUA POTABLE"},{"$f":"VLOOKUP(U346,'auxiliar capitulos'!$A$2:$M$68,13,FALSE)","v":"4.1.1"},80,null,2,null,2]
[407," HAP111 ","4.1.1.81"," CHEQUE ROSCADO 3   ","UN",3,{"$f":"VLOOKUP($B347,'Listado Ins Ana'!$G$3965:$K$8277,4,FALSE)","v":4000},5147,15441,"Si",15441,null,null,"No se calculó cantidad para este ítem. Se solicita confirmar que este íem no aplica.",1,1,"11 HAP111 ","21 HAP111 ",{"$f":"VLOOKUP(B347,'Listado Ins Ana'!$G$3966:$J$100621,4,FALSE)-G347","v":0},null,{"$f":"+'auxiliar capitulos'!$A$39","v":"SUMINISTRO AGUA POTABLE"},{"$f":"VLOOKUP(U347,'auxiliar capitulos'!$A$2:$M$68,13,FALSE)","v":"4.1.1"},81,null,3,null,3]
[408," HAP110 ","4.1.1.82"," JUNTA DE DILATACIÓN 3   ","UN",1,{"$f":"VLOOKUP($B348,'Listado Ins Ana'!$G$3965:$K$8277,4,FALSE)","v":4000},5147,5147,"Si",5147,null,null,"No se calculó cantidad para este ítem. Se solicita confirmar que este íem no aplica.",1,1,"11 HAP110 ","21 HAP110 ",{"$f":"VLOOKUP(B348,'Listado Ins Ana'!$G$3966:$J$100621,4,FALSE)-G348","v":0},null,{"$f":"+'auxiliar capitulos'!$A$39","v":"SUMINISTRO AGUA POTABLE"},{"$f":"VLOOKUP(U348,'auxiliar capitulos'!$A$2:$M$68,13,FALSE)","v":"4.1.1"},82,null,1,null,1]
[409," HAP105 ","4.1.1.83"," MEDIDOR DE AGUA 1/2   ","UN",9,{"$f":"VLOOKUP($B349,'Listado Ins Ana'!$G$3965:$K$8277,4,FALSE)","v":4000},5147,46323,"Si",46323,null,null,"No se calculó cantidad para este ítem. Se solicita confirmar que este íem no aplica.",1,1,"11 HAP105 ","21 HAP105 ",{"$f":"VLOOKUP(B349,'Listado Ins Ana'!$G$3966:$J$100621,4,FALSE)-G349","v":0},null,{"$f":"+'auxiliar capitulos'!$A$39","v":"SUMINISTRO AGUA POTABLE"},{"$f":"VLOOKUP(U349,'auxiliar capitulos'!$A$2:$M$68,13,FALSE)","v":"4.1.1"},83,null,9,null,9]
[410," HAP102 ","4.1.1.84"," TRANSICIÓN SOLDADURA-ROSCA MACHO 1/2   ","UN",48,{"$f":"VLOOKUP($B350,'Listado Ins Ana'!$G$3965:$K$8277,4,FALSE)","v":4000},5147,247056,null,247056,null,null,"No se calculó cantidad para este ítem. Se solicita confirmar que este íem no aplica.",1,1,"11 HAP102 ","21 HAP102 ",{"$f":"VLOOKUP(B350,'Listado Ins Ana'!$G$3966:$J$100621,4,FALSE)-G350","v":0},null,{"$f":"+'auxiliar capitulos'!$A$39","v":"SUMINISTRO AGUA POTABLE"},{"$f":"VLOOKUP(U350,'auxiliar capitulos'!$A$2:$M$68,13,FALSE)","v":"4.1.1"},84,null,48,null,48]
[411," HAP103 ","4.1.1.85"," TRANSICIÓN SOLDADURA-ROSCA MACHO 3   ","UN",14,{"$f":"VLOOKUP($B351,'Listado Ins Ana'!$G$3965:$K$8277,4,FALSE)","v":4000},5147,72058,null,72058,null,null,"No se calculó cantidad para este ítem. Se solicita confirmar que este íem no aplica.",1,1,"11 HAP103 ","21 HAP103 ",{"$f":"VLOOKUP(B351,'Listado Ins Ana'!$G$3966:$J$100621,4,FALSE)-G351","v":0},null,{"$f":"+'auxiliar capitulos'!$A$39","v":"SUMINISTRO AGUA POTABLE"},{"$f":"VLOOKUP(U351,'auxiliar capitulos'!$A$2:$M$68,13,FALSE)","v":"4.1.1"},85,null,14,null,14]
[412," HAP109 ","4.1.1.86"," UNIÓN UNIVERSAL ROSCADA 1 1/4   ","UN",1,{"$f":"VLOOKUP($B352,'Listado Ins Ana'!$G$3965:$K$8277,4,FALSE)","v":4000},5147,5147,"Si",5147,null,null,"No se calculó cantidad para este ítem. Se solicita confirmar que este íem no aplica.",1,1,"11 HAP109 ","21 HAP109 ",{"$f":"VLOOKUP(B352,'Listado Ins Ana'!$G$3966:$J$100621,4,FALSE)-G352","v":0},null,{"$f":"+'auxiliar capitulos'!$A$39","v":"SUMINISTRO AGUA POTABLE"},{"$f":"VLOOKUP(U352,'auxiliar capitulos'!$A$2:$M$68,13,FALSE)","v":"4.1.1"},86,null,1,null,1]
[413," HAP114 ","4.1.1.87"," VÁLVULA DE COMPUERTA ROSCADA 1   ","UN",2,{"$f":"VLOOKUP($B353,'Listado Ins Ana'!$G$3965:$K$8277,4,FALSE)","v":4000},5147,10294,"Si",10294,null,null,"No se calculó cantidad para este ítem. Se solicita confirmar que este íem no aplica.",1,1,"11 HAP114 ","21 HAP114 ",{"$f":"VLOOKUP(B353,'Listado Ins Ana'!$G$3966:$J$100621,4,FALSE)-G353","v":0},null,{"$f":"+'auxiliar capitulos'!$A$39","v":"SUMINISTRO AGUA POTABLE"},{"$f":"VLOOKUP(U353,'auxiliar capitulos'!$A$2:$M$68,13,FALSE)","v":"4.1.1"},87,null,2,null,2]
[414," HAP113 ","4.1.1.88"," VÁLVULA DE COMPUERTA ROSCADA 1/2   ","UN",16,{"$f":"VLOOKUP($B354,'Listado Ins Ana'!$G$3965:$K$8277,4,FALSE)","v":4000},5147,82352,"Si",82352,null,null,"No se calculó cantidad para este ítem. Se solicita confirmar que este íem no aplica.",1,1,"11 HAP113 ","21 HAP113 ",{"$f":"VLOOKUP(B354,'Listado Ins Ana'!$G$3966:$J$100621,4,FALSE)-G354","v":0},null,{"$f":"+'auxiliar capitulos'!$A$39","v":"SUMINISTRO AGUA POTABLE"},{"$f":"VLOOKUP(U354,'auxiliar capitulos'!$A$2:$M$68,13,FALSE)","v":"4.1.1"},88,null,16,null,16]
[415," HAP112 ","4.1.1.89"," VÁLVULA DE COMPUERTA ROSCADA 3   ","UN",6,{"$f":"VLOOKUP($B355,'Listado Ins Ana'!$G$3965:$K$8277,4,FALSE)","v":4000},5147,30882,"Si",30882,null,null,"No se calculó cantidad para este ítem. Se solicita confirmar que este íem no aplica.",1,1,"11 HAP112 ","21 HAP112 ",{"$f":"VLOOKUP(B355,'Listado Ins Ana'!$G$3966:$J$100621,4,FALSE)-G355","v":0},null,{"$f":"+'auxiliar capitulos'!$A$39","v":"SUMINISTRO AGUA POTABLE"},{"$f":"VLOOKUP(U355,'auxiliar capitulos'!$A$2:$M$68,13,FALSE)","v":"4.1.1"},89,null,6,null,6]
[416," HAP104 ","4.1.1.90"," VÁLVULA DE PIE 3   ","UN",2,{"$f":"VLOOKUP($B356,'Listado Ins Ana'!$G$3965:$K$8277,4,FALSE)","v":4000},5147,10294,"Si",10294,null,null,"No se calculó cantidad para este ítem. Se solicita confirmar que este íem no aplica.",1,1,"11 HAP104 ","21 HAP104 ",{"$f":"VLOOKUP(B356,'Listado Ins Ana'!$G$3966:$J$100621,4,FALSE)-G356","v":0},null,{"$f":"+'auxiliar capitulos'!$A$39","v":"SUMINISTRO AGUA POTABLE"},{"$f":"VLOOKUP(U356,'auxiliar capitulos'!$A$2:$M$68,13,FALSE)","v":"4.1.1"},90,null,2,null,2]
[417," HAP115 ","4.1.1.91"," BUJE SOLDADO PVC PRESION 1 1/2  x1   (SUMINISTRO E INSTALACIÓN) ","UN",2,{"$f":"VLOOKUP($B357,'Listado Ins Ana'!$G$3965:$K$8277,4,FALSE)","v":9701.7000000000007},12483,24966,"Si",24966,null,null,"No se calculó cantidad para este ítem. Se solicita confirmar que este íem no aplica.",1,1,"11 HAP115 ","21 HAP115 ",{"$f":"VLOOKUP(B357,'Listado Ins Ana'!$G$3966:$J$100621,4,FALSE)-G357","v":0},null,{"$f":"+'auxiliar capitulos'!$A$39","v":"SUMINISTRO AGUA POTABLE"},{"$f":"VLOOKUP(U357,'auxiliar capitulos'!$A$2:$M$68,13,FALSE)","v":"4.1.1"},91,null,2,null,2]
[418," HAP116 ","4.1.1.92"," BUJE SOLDADO PVC PRESION 1  x1/2   (SUMINISTRO E INSTALACIÓN) ","UN",18,{"$f":"VLOOKUP($B358,'Listado Ins Ana'!$G$3965:$K$8277,4,FALSE)","v":6037.88},7769,139842,"Si",139842,null,null,"No se calculó cantidad para este ítem. Se solicita confirmar que este íem no aplica.",1,1,"11 HAP116 ","21 HAP116 ",{"$f":"VLOOKUP(B358,'Listado Ins Ana'!$G$3966:$J$100621,4,FALSE)-G358","v":0},null,{"$f":"+'auxiliar capitulos'!$A$39","v":"SUMINISTRO AGUA POTABLE"},{"$f":"VLOOKUP(U358,'auxiliar capitulos'!$A$2:$M$68,13,FALSE)","v":"4.1.1"},92,null,18,null,18]
[419," HAP117 ","4.1.1.93"," BUJE SOLDADO PVC PRESION 1  x3/4   (SUMINISTRO E INSTALACIÓN) ","UN",1,{"$f":"VLOOKUP($B359,'Listado Ins Ana'!$G$3965:$K$8277,4,FALSE)","v":6037.88},7769,7769,"Si",7769,null,null,"No se calculó cantidad para este ítem. Se solicita confirmar que este íem no aplica.",1,1,"11 HAP117 ","21 HAP117 ",{"$f":"VLOOKUP(B359,'Listado Ins Ana'!$G$3966:$J$100621,4,FALSE)-G359","v":0},null,{"$f":"+'auxiliar capitulos'!$A$39","v":"SUMINISTRO AGUA POTABLE"},{"$f":"VLOOKUP(U359,'auxiliar capitulos'!$A$2:$M$68,13,FALSE)","v":"4.1.1"},93,null,1,null,1]
[420,8588,"4.1.1.94"," BUJE SOLDADO PVC PRESION 2  x1   (SUMINISTRO E INSTALACIÓN) ","UN",1,{"$f":"VLOOKUP($B360,'Listado Ins Ana'!$G$3965:$K$8277,4,FALSE)","v":14204},18275,18275,"Si",18275,null,null,"No se calculó cantidad para este ítem. Se solicita confirmar que este íem no aplica.",1,1,"118588","218588",{"$f":"VLOOKUP(B360,'Listado Ins Ana'!$G$3966:$J$100621,4,FALSE)-G360","v":0},null,{"$f":"+'auxiliar capitulos'!$A$39","v":"SUMINISTRO AGUA POTABLE"},{"$f":"VLOOKUP(U360,'auxiliar capitulos'!$A$2:$M$68,13,FALSE)","v":"4.1.1"},94,null,1,null,1]
[421," HAP118 ","4.1.1.95"," BUJE SOLDADO PVC PRESION 3/4  1/2   (SUMINISTRO E INSTALACIÓN) ","UN",3,{"$f":"VLOOKUP($B361,'Listado Ins Ana'!$G$3965:$K$8277,4,FALSE)","v":5043.67},6489,19467,"Si",19467,null,null,"No se calculó cantidad para este ítem. Se solicita confirmar que este íem no aplica.",1,1,"11 HAP118 ","21 HAP118 ",{"$f":"VLOOKUP(B361,'Listado Ins Ana'!$G$3966:$J$100621,4,FALSE)-G361","v":0},null,{"$f":"+'auxiliar capitulos'!$A$39","v":"SUMINISTRO AGUA POTABLE"},{"$f":"VLOOKUP(U361,'auxiliar capitulos'!$A$2:$M$68,13,FALSE)","v":"4.1.1"},95,null,3,null,3]
[422," HAP123 ","4.1.1.96"," BUJE SOLDADO PVC SCH 80 ","UN",3,{"$f":"VLOOKUP($B362,'Listado Ins Ana'!$G$3965:$K$8277,4,FALSE)","v":4000},{"$f":"ROUND(G362*(1+$F$867),0)","v":5147},15441,"Si",15441,null,null,"No se calculó cantidad para este ítem. Se solicita confirmar que este íem no aplica.",1,1,"11 HAP123 ","21 HAP123 ",{"$f":"VLOOKUP(B362,'Listado Ins Ana'!$G$3966:$J$100621,4,FALSE)-G362","v":0},null,{"$f":"+'auxiliar capitulos'!$A$39","v":"SUMINISTRO AGUA POTABLE"},{"$f":"VLOOKUP(U362,'auxiliar capitulos'!$A$2:$M$68,13,FALSE)","v":"4.1.1"},96,null,3,null,3]
[423," HAP124 ","4.1.1.97"," CODO PVC SCH 80 D=2   (INCLUYE SUMINISTRO E INSTALACIÓN, SOLDADURA) ","UN",3,{"$f":"VLOOKUP($B363,'Listado Ins Ana'!$G$3965:$K$8277,4,FALSE)","v":58488.29},75253,225759,"Si",225759,null,null,"No se calculó cantidad para este ítem. Se solicita confirmar que este íem no aplica.",1,1,"11 HAP124 ","21 HAP124 ",{"$f":"VLOOKUP(B363,'Listado Ins Ana'!$G$3966:$J$100621,4,FALSE)-G363","v":0},null,{"$f":"+'auxiliar capitulos'!$A$39","v":"SUMINISTRO AGUA POTABLE"},{"$f":"VLOOKUP(U363,'auxiliar capitulos'!$A$2:$M$68,13,FALSE)","v":"4.1.1"},97,null,3,null,3]
[424," HAP055 ","4.1.1.98"," REDUCCIÓN CONCENTRICA-EXCENTRICA RANURADA UL/FM ","UN",2,{"$f":"VLOOKUP($B364,'Listado Ins Ana'!$G$3965:$K$8277,4,FALSE)","v":4000},5147,10294,"Si",10294,null,null,"No se calculó cantidad para este ítem. Se solicita confirmar que este íem no aplica.",1,1,"11 HAP055 ","21 HAP055 ",{"$f":"VLOOKUP(B364,'Listado Ins Ana'!$G$3966:$J$100621,4,FALSE)-G364","v":0},null,{"$f":"+'auxiliar capitulos'!$A$39","v":"SUMINISTRO AGUA POTABLE"},{"$f":"VLOOKUP(U364,'auxiliar capitulos'!$A$2:$M$68,13,FALSE)","v":"4.1.1"},98,null,2,null,2]
[425," HAP125 ","4.1.1.99"," REDUCCIÓN SOLDADA PVC SCH 80 D=3  x2   (INCLUYE SUMINISTRO E INSTALACIÓN, SOLDADURA) ","UN",3,{"$f":"VLOOKUP($B365,'Listado Ins Ana'!$G$3965:$K$8277,4,FALSE)","v":104426.48},134359,403077,"Si",403077,null,null,"No se calculó cantidad para este ítem. Se solicita confirmar que este íem no aplica.",1,1,"11 HAP125 ","21 HAP125 ",{"$f":"VLOOKUP(B365,'Listado Ins Ana'!$G$3966:$J$100621,4,FALSE)-G365","v":0},null,{"$f":"+'auxiliar capitulos'!$A$39","v":"SUMINISTRO AGUA POTABLE"},{"$f":"VLOOKUP(U365,'auxiliar capitulos'!$A$2:$M$68,13,FALSE)","v":"4.1.1"},99,null,3,null,3]
[426," HAP075 ","4.1.1.100"," TEE PVC SCH 80 D=2   (INCLUYE SUMINISTRO E INSTALACIÓN, SOLDADURA) ","UN",2,{"$f":"VLOOKUP($B366,'Listado Ins Ana'!$G$3965:$K$8277,4,FALSE)","v":85594.880000000005},110130,220260,"Si",220260,null,null,"No se calculó cantidad para este ítem. Se solicita confirmar que este íem no aplica.",1,1,"11 HAP075 ","21 HAP075 ",{"$f":"VLOOKUP(B366,'Listado Ins Ana'!$G$3966:$J$100621,4,FALSE)-G366","v":0},null,{"$f":"+'auxiliar capitulos'!$A$39","v":"SUMINISTRO AGUA POTABLE"},{"$f":"VLOOKUP(U366,'auxiliar capitulos'!$A$2:$M$68,13,FALSE)","v":"4.1.1"},100,null,2,null,2]
[427," HAP062 ","4.1.1.101"," TEE SENCILLA PVC PRESION D=1 1/4   (INCLUYE SUMINISTRO E INSTALACIÓN, SOLDADURA) ","UN",1,{"$f":"VLOOKUP($B367,'Listado Ins Ana'!$G$3965:$K$8277,4,FALSE)","v":15216.92},19579,19579,"Si",19579,null,null,"No se calculó cantidad para este ítem. Se solicita confirmar que este íem no aplica.",1,1,"11 HAP062 ","21 HAP062 ",{"$f":"VLOOKUP(B367,'Listado Ins Ana'!$G$3966:$J$100621,4,FALSE)-G367","v":0},null,{"$f":"+'auxiliar capitulos'!$A$39","v":"SUMINISTRO AGUA POTABLE"},{"$f":"VLOOKUP(U367,'auxiliar capitulos'!$A$2:$M$68,13,FALSE)","v":"4.1.1"},101,null,1,null,1]
[428," HAP072 ","4.1.1.102"," TEE SENCILLA PVC PRESION D=3   (INCLUYE SUMINISTRO E INSTALACIÓN, SOLDADURA) ","UN",2,{"$f":"VLOOKUP($B368,'Listado Ins Ana'!$G$3965:$K$8277,4,FALSE)","v":92471.1},118977,237954,"Si",237954,null,null,"No se calculó cantidad para este ítem. Se solicita confirmar que este íem no aplica.",1,1,"11 HAP072 ","21 HAP072 ",{"$f":"VLOOKUP(B368,'Listado Ins Ana'!$G$3966:$J$100621,4,FALSE)-G368","v":0},null,{"$f":"+'auxiliar capitulos'!$A$39","v":"SUMINISTRO AGUA POTABLE"},{"$f":"VLOOKUP(U368,'auxiliar capitulos'!$A$2:$M$68,13,FALSE)","v":"4.1.1"},102,null,2,null,2]
[429,"HRR035","4.1.1.103"," ACOPLE RIGIDO RANURADO UL/FM (CODO RANURADO) ","UN",4,{"$f":"+G370","v":35562.61},45756,183024,"Si",183024,null,null,"No se calculó cantidad para este ítem. Se solicita confirmar que este íem no aplica.",1,1,"11HRR035","21HRR035",{"$f":"VLOOKUP(B369,'Listado Ins Ana'!$G$3966:$J$100621,4,FALSE)-G369","v":{"$error":"#N/A"}},null,{"$f":"+'auxiliar capitulos'!$A$39","v":"SUMINISTRO AGUA POTABLE"},{"$f":"VLOOKUP(U369,'auxiliar capitulos'!$A$2:$M$68,13,FALSE)","v":"4.1.1"},103,null,4,null,4]
[430," HAP069 ","4.1.1.104"," ACOPLE RIGIDO RANURADO UL/FM (UNIÓN RANURADA) D=3   ","UN",2,{"$f":"VLOOKUP($B370,'Listado Ins Ana'!$G$3965:$K$8277,4,FALSE)","v":35562.61},45756,91512,"Si",91512,null,null,"No se calculó cantidad para este ítem. Se solicita confirmar que este íem no aplica.",1,1,"11 HAP069 ","21 HAP069 ",{"$f":"VLOOKUP(B370,'Listado Ins Ana'!$G$3966:$J$100621,4,FALSE)-G370","v":0},null,{"$f":"+'auxiliar capitulos'!$A$39","v":"SUMINISTRO AGUA POTABLE"},{"$f":"VLOOKUP(U370,'auxiliar capitulos'!$A$2:$M$68,13,FALSE)","v":"4.1.1"},104,null,2,null,2]
[431," HAP120 ","4.1.1.105"," CODO 90 RANURADO UL/FM 3   ","UN",2,{"$f":"VLOOKUP($B371,'Listado Ins Ana'!$G$3965:$K$8277,4,FALSE)","v":45817.2},58950,117900,"Si",117900,null,null,"No se calculó cantidad para este ítem. Se solicita confirmar que este íem no aplica.",1,1,"11 HAP120 ","21 HAP120 ",{"$f":"VLOOKUP(B371,'Listado Ins Ana'!$G$3966:$J$100621,4,FALSE)-G371","v":0},null,{"$f":"+'auxiliar capitulos'!$A$39","v":"SUMINISTRO AGUA POTABLE"},{"$f":"VLOOKUP(U371,'auxiliar capitulos'!$A$2:$M$68,13,FALSE)","v":"4.1.1"},105,null,2,null,2]
[432," HAP119 ","4.1.1.106"," CODO PVC PRESION D=1 1/2   (INCLUYE SUMINISTRO E INSTALACIÓN, SOLDADURA) ","UN",2,{"$f":"VLOOKUP($B372,'Listado Ins Ana'!$G$3965:$K$8277,4,FALSE)","v":16095.24},20709,41418,"Si",41418,null,null,"No se calculó cantidad para este ítem. Se solicita confirmar que este íem no aplica.",1,1,"11 HAP119 ","21 HAP119 ",{"$f":"VLOOKUP(B372,'Listado Ins Ana'!$G$3966:$J$100621,4,FALSE)-G372","v":0},null,{"$f":"+'auxiliar capitulos'!$A$39","v":"SUMINISTRO AGUA POTABLE"},{"$f":"VLOOKUP(U372,'auxiliar capitulos'!$A$2:$M$68,13,FALSE)","v":"4.1.1"},106,null,2,null,2]
[433," HAP066 ","4.1.1.107"," CODO PVC PRESION D=3   (INCLUYE SUMINISTRO E INSTALACIÓN, SOLDADURA) ","UN",4,{"$f":"VLOOKUP($B373,'Listado Ins Ana'!$G$3965:$K$8277,4,FALSE)","v":73920.47},95109,380436,"Si",380436,null,null,"No se calculó cantidad para este ítem. Se solicita confirmar que este íem no aplica.",1,1,"11 HAP066 ","21 HAP066 ",{"$f":"VLOOKUP(B373,'Listado Ins Ana'!$G$3966:$J$100621,4,FALSE)-G373","v":0},null,{"$f":"+'auxiliar capitulos'!$A$39","v":"SUMINISTRO AGUA POTABLE"},{"$f":"VLOOKUP(U373,'auxiliar capitulos'!$A$2:$M$68,13,FALSE)","v":"4.1.1"},107,null,4,null,4]
[434,null,"4.1.2",{"$f":"+'auxiliar capitulos'!$A$40","v":"SUMINISTRO AGUA TRATADA"},null,null,null,null,null,null,null,null,null,null,null,null,null,null,null,null,{"$f":"+'auxiliar capitulos'!$A$40","v":"SUMINISTRO AGUA TRATADA"},{"$f":"VLOOKUP(U374,'auxiliar capitulos'!$A$2:$M$68,13,FALSE)","v":"4.1.2"},{"$f":"IF(E374=\"\",\"\",IF(#REF!=\"\",1,#REF!+1))","v":""},null,0]
[435," HAP033 ","4.1.2.1"," TUBERÍA PVC-PRESIÓN (PVC-P) D=1 1/4   SCH 80 (INCLUYE SUMINISTRO E INSTALACION) ","M",{"$f":"+Y375","v":5.7093600000000002},{"$f":"VLOOKUP($B375,'Listado Ins Ana'!$G$3965:$K$8277,4,FALSE)","v":221472.76},{"$f":"ROUND(G375*(1+$F$867),0)","v":284956},{"$f":"ROUND(H375*F375,0)","v":1626916},"Si",{"$f":"+I375","v":1626916},null,null,"No se calculó cantidad para este ítem. Se solicita confirmar que este íem no aplica.",1,2,{"$f":"CONCATENATE(Z$11,$P375,$B375)","v":"12 HAP033 "},{"$f":"CONCATENATE(AA$11,$P375,$B375)","v":"22 HAP033 "},{"$f":"VLOOKUP(B375,'Listado Ins Ana'!$G$3966:$J$100621,4,FALSE)-G375","v":0},null,{"$f":"+'auxiliar capitulos'!$A$40","v":"SUMINISTRO AGUA TRATADA"},{"$f":"VLOOKUP(U375,'auxiliar capitulos'!$A$2:$M$68,13,FALSE)","v":"4.1.2"},{"$f":"IF(E375=\"\",\"\",IF(E374=\"\",1,W374+1))","v":1},null,5.7093600000000002,2.3193600000000001,3.39]
[436," HAP009 ","4.1.2.2"," TUBERÍA PVC-PRESIÓN (PVC-P) D=2   SCH 80 (INCLUYE SUMINISTRO E INSTALACION) ","M",4.51281,{"$f":"VLOOKUP($B376,'Listado Ins Ana'!$G$3965:$K$8277,4,FALSE)","v":334847.53999999998},430828,1944245,"Si",1944245,null,null,"No se calculó cantidad para este ítem. Se solicita confirmar que este íem no aplica.",1,2,{"$f":"CONCATENATE(Z$11,$P376,$B376)","v":"12 HAP009 "},{"$f":"CONCATENATE(AA$11,$P376,$B376)","v":"22 HAP009 "},{"$f":"VLOOKUP(B376,'Listado Ins Ana'!$G7716:$J101066,4,FALSE)-G376","v":0},null,{"$f":"+'auxiliar capitulos'!$A$40","v":"SUMINISTRO AGUA TRATADA"},{"$f":"VLOOKUP(U376,'auxiliar capitulos'!$A$2:$M$68,13,FALSE)","v":"4.1.2"},2,null,4.51281,1.01281,3.5]
[437," HAP101 ","4.1.2.3"," TUBERÍA PVC-PRESIÓN (PVC-P) D=3   SCH 80 (INCLUYE SUMINISTRO E INSTALACION) ","M",3.6678800000000003,{"$f":"VLOOKUP($B377,'Listado Ins Ana'!$G$3965:$K$8277,4,FALSE)","v":707649.33},910490,3339568,"Si",3339568,null,null,"No se calculó cantidad para este ítem. Se solicita confirmar que este íem no aplica.",1,2,"12 HAP101 ","22 HAP101 ",{"$f":"VLOOKUP(B377,'Listado Ins Ana'!$G7716:$J101067,4,FALSE)-G377","v":0},null,{"$f":"+'auxiliar capitulos'!$A$40","v":"SUMINISTRO AGUA TRATADA"},{"$f":"VLOOKUP(U377,'auxiliar capitulos'!$A$2:$M$68,13,FALSE)","v":"4.1.2"},3,null,3.6678800000000003,1.93788,1.73]
[438,4801,"4.1.2.4"," TUBERIA PVC-PRESION (PVC-P) D=1 1/2   RDE 21  (INCLUYE SUMINISTRO E INSTALACIÓN) ","M",467.85648000000003,{"$f":"VLOOKUP($B378,'Listado Ins Ana'!$G$3965:$K$8277,4,FALSE)","v":14402},18530,8669381,"Si",8669381,null,null,"No se calculó cantidad para este ítem. Se solicita confirmar que este íem no aplica.",1,2,"124801","224801",{"$f":"VLOOKUP(B378,'Listado Ins Ana'!$G7716:$J101068,4,FALSE)-G378","v":{"$error":"#N/A"}},null,{"$f":"+'auxiliar capitulos'!$A$40","v":"SUMINISTRO AGUA TRATADA"},{"$f":"VLOOKUP(U378,'auxiliar capitulos'!$A$2:$M$68,13,FALSE)","v":"4.1.2"},4,null,467.85648000000003,191.25648000000001,276.60000000000002]
[439," HAP035 ","4.1.2.5"," TUBERIA PVC-PRESION (PVC-P) D=1/2   RDE 9  (INCLUYE SUMINISTRO E INSTALACIÓN) ","M",46.815950000000001,{"$f":"VLOOKUP($B379,'Listado Ins Ana'!$G$3965:$K$8277,4,FALSE)","v":40128.699999999997},51631,2417154,"Si",2417154,null,null,"No se calculó cantidad para este ítem. Se solicita confirmar que este íem no aplica.",1,2,"12 HAP035 ","22 HAP035 ",{"$f":"VLOOKUP(B379,'Listado Ins Ana'!$G$3966:$J$100621,4,FALSE)-G379","v":0},null,{"$f":"+'auxiliar capitulos'!$A$40","v":"SUMINISTRO AGUA TRATADA"},{"$f":"VLOOKUP(U379,'auxiliar capitulos'!$A$2:$M$68,13,FALSE)","v":"4.1.2"},5,null,46.815950000000001,46.815950000000001]
[440," HAT007 ","4.1.2.6"," TUBERIA PVC-PRESION (PVC-P) D=2 1/2   RDE 21  (INCLUYE SUMINISTRO E INSTALACIÓN) ","M",54.010390000000001,{"$f":"VLOOKUP($B380,'Listado Ins Ana'!$G$3965:$K$8277,4,FALSE)","v":266014.51},342265,18485866,"Si",18485866,null,null,"No se calculó cantidad para este ítem. Se solicita confirmar que este íem no aplica.",1,2,"12 HAT007 ","22 HAT007 ",{"$f":"VLOOKUP(B380,'Listado Ins Ana'!$G$3966:$J$100621,4,FALSE)-G380","v":0},null,{"$f":"+'auxiliar capitulos'!$A$40","v":"SUMINISTRO AGUA TRATADA"},{"$f":"VLOOKUP(U380,'auxiliar capitulos'!$A$2:$M$68,13,FALSE)","v":"4.1.2"},6,null,54.010390000000001,7.7503900000000003,46.26]
[441,3223,"4.1.2.7"," TUBERIA PVC-PRESION (PVC-P) D=2   RDE 21  (INCLUYE SUMINISTRO E INSTALACIÓN) ","M",81.68258999999999,{"$f":"VLOOKUP($B381,'Listado Ins Ana'!$G$3965:$K$8277,4,FALSE)","v":15721},20227,1652194,"Si",1652194,null,null,"No se calculó cantidad para este ítem. Se solicita confirmar que este íem no aplica.",1,2,"123223","223223",{"$f":"VLOOKUP(B381,'Listado Ins Ana'!$G7716:$J101071,4,FALSE)-G381","v":{"$error":"#N/A"}},null,{"$f":"+'auxiliar capitulos'!$A$40","v":"SUMINISTRO AGUA TRATADA"},{"$f":"VLOOKUP(U381,'auxiliar capitulos'!$A$2:$M$68,13,FALSE)","v":"4.1.2"},7,null,81.68258999999999,39.352589999999999,32.97,9.36]
[442,3225,"4.1.2.8"," TUBERIA PVC-PRESION (PVC-P) D=3   RDE 21  (INCLUYE SUMINISTRO E INSTALACIÓN) ","M",12.999309999999999,{"$f":"VLOOKUP($B382,'Listado Ins Ana'!$G$3965:$K$8277,4,FALSE)","v":30037},38647,502384,"Si",502384,null,null,"No se calculó cantidad para este ítem. Se solicita confirmar que este íem no aplica.",1,2,"123225","223225",{"$f":"VLOOKUP(B382,'Listado Ins Ana'!$G7716:$J101072,4,FALSE)-G382","v":{"$error":"#N/A"}},null,{"$f":"+'auxiliar capitulos'!$A$40","v":"SUMINISTRO AGUA TRATADA"},{"$f":"VLOOKUP(U382,'auxiliar capitulos'!$A$2:$M$68,13,FALSE)","v":"4.1.2"},8,null,12.999309999999999,8.4293099999999992,4.57]
[443," HAP008 ","4.1.2.9"," TUBERIA PVC-PRESION (PVC-P) D=3/4   RDE 11  (INCLUYE SUMINISTRO E INSTALACIÓN) ","M",26.856379999999998,{"$f":"VLOOKUP($B383,'Listado Ins Ana'!$G$3965:$K$8277,4,FALSE)","v":35944.85},46248,1242054,"Si",1242054,null,null,"No se calculó cantidad para este ítem. Se solicita confirmar que este íem no aplica.",1,2,"12 HAP008 ","22 HAP008 ",{"$f":"VLOOKUP(B383,'Listado Ins Ana'!$G7716:$J101073,4,FALSE)-G383","v":0},null,{"$f":"+'auxiliar capitulos'!$A$40","v":"SUMINISTRO AGUA TRATADA"},{"$f":"VLOOKUP(U383,'auxiliar capitulos'!$A$2:$M$68,13,FALSE)","v":"4.1.2"},9,null,26.856379999999998,18.816379999999999,8.0399999999999991]
[444," HAP002 ","4.1.2.10"," TUBERÍA ACERO INOXIDABLE RANURADA (A.I) D=1 1/4   ","M",1.0721500000000002,{"$f":"VLOOKUP($B384,'Listado Ins Ana'!$G$3965:$K$8277,4,FALSE)","v":103937.39},133730,143379,"Si",143379,null,null,"No se calculó cantidad para este ítem. Se solicita confirmar que este íem no aplica.",1,2,"12 HAP002 ","22 HAP002 ",{"$f":"VLOOKUP(B384,'Listado Ins Ana'!$G7716:$J101074,4,FALSE)-G384","v":0},null,{"$f":"+'auxiliar capitulos'!$A$40","v":"SUMINISTRO AGUA TRATADA"},{"$f":"VLOOKUP(U384,'auxiliar capitulos'!$A$2:$M$68,13,FALSE)","v":"4.1.2"},10,null,1.0721500000000002,0.42215000000000003,0.65]
[445," HAP003 ","4.1.2.11"," TUBERÍA ACERO INOXIDABLE RANURADA (A.I) D=1   ","M",0.11292000000000001,{"$f":"VLOOKUP($B385,'Listado Ins Ana'!$G$3965:$K$8277,4,FALSE)","v":98883.46},127227,14366,"Si",14366,null,null,"No se calculó cantidad para este ítem. Se solicita confirmar que este íem no aplica.",1,2,"12 HAP003 ","22 HAP003 ",{"$f":"VLOOKUP(B385,'Listado Ins Ana'!$G7716:$J101075,4,FALSE)-G385","v":0},null,{"$f":"+'auxiliar capitulos'!$A$40","v":"SUMINISTRO AGUA TRATADA"},{"$f":"VLOOKUP(U385,'auxiliar capitulos'!$A$2:$M$68,13,FALSE)","v":"4.1.2"},11,null,0.11292000000000001,4.292E-2,7.0000000000000007E-2]
[446," HAP004 ","4.1.2.12"," TUBERÍA ACERO INOXIDABLE RANURADA (A.I) D=1/2   ","M",0.90993999999999997,{"$f":"VLOOKUP($B386,'Listado Ins Ana'!$G$3965:$K$8277,4,FALSE)","v":43779.32},56328,51255,"Si",51255,null,null,"No se calculó cantidad para este ítem. Se solicita confirmar que este íem no aplica.",1,2,"12 HAP004 ","22 HAP004 ",{"$f":"VLOOKUP(B386,'Listado Ins Ana'!$G7716:$J101076,4,FALSE)-G386","v":0},null,{"$f":"+'auxiliar capitulos'!$A$40","v":"SUMINISTRO AGUA TRATADA"},{"$f":"VLOOKUP(U386,'auxiliar capitulos'!$A$2:$M$68,13,FALSE)","v":"4.1.2"},12,null,0.90993999999999997,0.56994,0.34]
[447," HAP005","4.1.2.13"," TUBERÍA ACERO INOXIDABLE RANURADA (A.I) D=1/4   ","M",0.32354000000000005,{"$f":"+G280","v":35023.455999999998},45063,14580,"Si",14580,null,null,"No se calculó cantidad para este ítem. Se solicita confirmar que este íem no aplica.",1,2,"12 HAP005","22 HAP005",{"$f":"VLOOKUP(B387,'Listado Ins Ana'!$G7716:$J101077,4,FALSE)-G387","v":{"$error":"#N/A"}},null,{"$f":"+'auxiliar capitulos'!$A$40","v":"SUMINISTRO AGUA TRATADA"},{"$f":"VLOOKUP(U387,'auxiliar capitulos'!$A$2:$M$68,13,FALSE)","v":"4.1.2"},13,null,0.32354000000000005,0.18354000000000001,0.14000000000000001]
[448," HAP006 ","4.1.2.14"," TUBERÍA ACERO INOXIDABLE RANURADA (A.I) D=2   ","M",9.9280000000000007E-2,{"$f":"VLOOKUP($B388,'Listado Ins Ana'!$G$3965:$K$8277,4,FALSE)","v":193114.8},248469,24668,"Si",24668,null,null,"No se calculó cantidad para este ítem. Se solicita confirmar que este íem no aplica.",1,2,"12 HAP006 ","22 HAP006 ",{"$f":"VLOOKUP(B388,'Listado Ins Ana'!$G7716:$J101078,4,FALSE)-G388","v":0},null,{"$f":"+'auxiliar capitulos'!$A$40","v":"SUMINISTRO AGUA TRATADA"},{"$f":"VLOOKUP(U388,'auxiliar capitulos'!$A$2:$M$68,13,FALSE)","v":"4.1.2"},14,null,9.9280000000000007E-2,4.9279999999999997E-2,0.05]
[449," HAP100 ","4.1.2.15"," TUBERÍA ACERO INOXIDABLE RANURADA (A.I) D=3   ","M",4.6695000000000002,{"$f":"VLOOKUP($B389,'Listado Ins Ana'!$G$3965:$K$8277,4,FALSE)","v":312941.84999999998},402644,1880146,"Si",1880146,null,null,"No se calculó cantidad para este ítem. Se solicita confirmar que este íem no aplica.",1,2,"12 HAP100 ","22 HAP100 ",{"$f":"VLOOKUP(B389,'Listado Ins Ana'!$G7716:$J101079,4,FALSE)-G389","v":0},null,{"$f":"+'auxiliar capitulos'!$A$40","v":"SUMINISTRO AGUA TRATADA"},{"$f":"VLOOKUP(U389,'auxiliar capitulos'!$A$2:$M$68,13,FALSE)","v":"4.1.2"},15,null,4.6695000000000002,2.3395000000000001,2.33]
[450," HEI06 ","4.1.2.16"," BRIDA ","UN",2,{"$f":"+G391","v":37633.089999999997},48420,96840,"Si",96840,null,null,"No se calculó cantidad para este ítem. Se solicita confirmar que este íem no aplica.",1,2,"12 HEI06 ","22 HEI06 ",{"$f":"VLOOKUP(B390,'Listado Ins Ana'!$G7716:$J101080,4,FALSE)-G390","v":{"$error":"#N/A"}},null,{"$f":"+'auxiliar capitulos'!$A$40","v":"SUMINISTRO AGUA TRATADA"},{"$f":"VLOOKUP(U390,'auxiliar capitulos'!$A$2:$M$68,13,FALSE)","v":"4.1.2"},16,null,2,2]
[451," HAT013 ","4.1.2.17"," BRIDA 2   ","UN",6,{"$f":"VLOOKUP($B391,'Listado Ins Ana'!$G$3965:$K$8277,4,FALSE)","v":37633.089999999997},48420,290520,"Si",290520,null,null,"No se calculó cantidad para este ítem. Se solicita confirmar que este íem no aplica.",1,2,"12 HAT013 ","22 HAT013 ",{"$f":"VLOOKUP(B391,'Listado Ins Ana'!$G7716:$J101081,4,FALSE)-G391","v":0},null,{"$f":"+'auxiliar capitulos'!$A$40","v":"SUMINISTRO AGUA TRATADA"},{"$f":"VLOOKUP(U391,'auxiliar capitulos'!$A$2:$M$68,13,FALSE)","v":"4.1.2"},17,null,6,4,2]
[452," HAP011 ","4.1.2.18"," CHEQUE ROSCADO 1 1/4   ","UN",2,{"$f":"VLOOKUP($B392,'Listado Ins Ana'!$G$3965:$K$8277,4,FALSE)","v":4000},5147,10294,"Si",10294,null,null,"No se calculó cantidad para este ítem. Se solicita confirmar que este íem no aplica.",1,2,"12 HAP011 ","22 HAP011 ",{"$f":"VLOOKUP(B392,'Listado Ins Ana'!$G7716:$J101082,4,FALSE)-G392","v":0},null,{"$f":"+'auxiliar capitulos'!$A$40","v":"SUMINISTRO AGUA TRATADA"},{"$f":"VLOOKUP(U392,'auxiliar capitulos'!$A$2:$M$68,13,FALSE)","v":"4.1.2"},18,null,2,1,1]
[453," HAP111 ","4.1.2.19"," CHEQUE ROSCADO 3   ","UN",6,{"$f":"VLOOKUP($B393,'Listado Ins Ana'!$G$3965:$K$8277,4,FALSE)","v":4000},5147,30882,"Si",30882,null,null,"No se calculó cantidad para este ítem. Se solicita confirmar que este íem no aplica.",1,2,"12 HAP111 ","22 HAP111 ",{"$f":"VLOOKUP(B393,'Listado Ins Ana'!$G7716:$J101083,4,FALSE)-G393","v":0},null,{"$f":"+'auxiliar capitulos'!$A$40","v":"SUMINISTRO AGUA TRATADA"},{"$f":"VLOOKUP(U393,'auxiliar capitulos'!$A$2:$M$68,13,FALSE)","v":"4.1.2"},19,null,6,3,3]
[454," HAP110 ","4.1.2.20"," JUNTA DE DILATACIÓN 3   ","UN",2,{"$f":"VLOOKUP($B394,'Listado Ins Ana'!$G$3965:$K$8277,4,FALSE)","v":4000},5147,10294,"Si",10294,null,null,"No se calculó cantidad para este ítem. Se solicita confirmar que este íem no aplica.",1,2,"12 HAP110 ","22 HAP110 ",{"$f":"VLOOKUP(B394,'Listado Ins Ana'!$G7716:$J101084,4,FALSE)-G394","v":0},null,{"$f":"+'auxiliar capitulos'!$A$40","v":"SUMINISTRO AGUA TRATADA"},{"$f":"VLOOKUP(U394,'auxiliar capitulos'!$A$2:$M$68,13,FALSE)","v":"4.1.2"},20,null,2,1,1]
[455," HAP015 ","4.1.2.21"," PRESOSTATO 1/4   ","UN",2,{"$f":"VLOOKUP($B395,'Listado Ins Ana'!$G$3965:$K$8277,4,FALSE)","v":4000},5147,10294,"Si",10294,null,null,"No se calculó cantidad para este ítem. Se solicita confirmar que este íem no aplica.",1,2,"12 HAP015 ","22 HAP015 ",{"$f":"VLOOKUP(B395,'Listado Ins Ana'!$G$3966:$J$100621,4,FALSE)-G395","v":0},null,{"$f":"+'auxiliar capitulos'!$A$40","v":"SUMINISTRO AGUA TRATADA"},{"$f":"VLOOKUP(U395,'auxiliar capitulos'!$A$2:$M$68,13,FALSE)","v":"4.1.2"},21,null,2,1,1]
[456," HAP016 ","4.1.2.22"," TRANSICIÓN SOLDADURA-ROSCA MACHO 1 1/4   ","UN",8,{"$f":"VLOOKUP($B396,'Listado Ins Ana'!$G$3965:$K$8277,4,FALSE)","v":4000},5147,41176,null,41176,null,null,"No se calculó cantidad para este ítem. Se solicita confirmar que este íem no aplica.",1,2,"12 HAP016 ","22 HAP016 ",{"$f":"VLOOKUP(B396,'Listado Ins Ana'!$G7716:$J101086,4,FALSE)-G396","v":0},null,{"$f":"+'auxiliar capitulos'!$A$40","v":"SUMINISTRO AGUA TRATADA"},{"$f":"VLOOKUP(U396,'auxiliar capitulos'!$A$2:$M$68,13,FALSE)","v":"4.1.2"},22,null,8,4,4]
[457," HAP018 ","4.1.2.23"," TRANSICIÓN SOLDADURA-ROSCA MACHO 2   ","UN",4,{"$f":"VLOOKUP($B397,'Listado Ins Ana'!$G$3965:$K$8277,4,FALSE)","v":4000},5147,20588,null,20588,null,null,"No se calculó cantidad para este ítem. Se solicita confirmar que este íem no aplica.",1,2,"12 HAP018 ","22 HAP018 ",{"$f":"VLOOKUP(B397,'Listado Ins Ana'!$G7716:$J101087,4,FALSE)-G397","v":0},null,{"$f":"+'auxiliar capitulos'!$A$40","v":"SUMINISTRO AGUA TRATADA"},{"$f":"VLOOKUP(U397,'auxiliar capitulos'!$A$2:$M$68,13,FALSE)","v":"4.1.2"},23,null,4,2,2]
[458," HAT020 ",{"$f":"IF(W398=\"\",V398,CONCATENATE(V398,\".\",W398))","v":"4.1.2.24"}," TRANSICIÓN SOLDADURA-ROSCA MACHO 3   ","UN",28,{"$f":"+G397*2","v":8000},10293,288204,null,288204,null,null,"No se calculó cantidad para este ítem. Se solicita confirmar que este íem no aplica.",1,2,"12 HAT020 ","22 HAT020 ",{"$f":"VLOOKUP(B398,'Listado Ins Ana'!$G7716:$J101088,4,FALSE)-G398","v":{"$error":"#N/A"}},null,{"$f":"+'auxiliar capitulos'!$A$40","v":"SUMINISTRO AGUA TRATADA"},{"$f":"VLOOKUP(U398,'auxiliar capitulos'!$A$2:$M$68,13,FALSE)","v":"4.1.2"},24,null,{"$f":"SUM(Z398:CJ398)","v":28},14,14]
[459," HAP019 ","4.1.2.25"," VÁLVULA DE BOLA ROSCADA 1 1/4   ","UN",2,{"$f":"VLOOKUP($B399,'Listado Ins Ana'!$G$3965:$K$8277,4,FALSE)","v":31675.97},40756,81512,"Si",81512,null,null,"No se calculó cantidad para este ítem. Se solicita confirmar que este íem no aplica.",1,2,"12 HAP019 ","22 HAP019 ",{"$f":"VLOOKUP(B399,'Listado Ins Ana'!$G7716:$J101089,4,FALSE)-G399","v":0},null,{"$f":"+'auxiliar capitulos'!$A$40","v":"SUMINISTRO AGUA TRATADA"},{"$f":"VLOOKUP(U399,'auxiliar capitulos'!$A$2:$M$68,13,FALSE)","v":"4.1.2"},25,null,2,1,1]
[460," HAP021 ","4.1.2.26"," VÁLVULA DE BOLA ROSCADA 2   ","UN",1,{"$f":"VLOOKUP($B400,'Listado Ins Ana'!$G$3965:$K$8277,4,FALSE)","v":43593.47},56089,56089,"Si",56089,null,null,"No se calculó cantidad para este ítem. Se solicita confirmar que este íem no aplica.",1,2,"12 HAP021 ","22 HAP021 ",{"$f":"VLOOKUP(B400,'Listado Ins Ana'!$G7716:$J101090,4,FALSE)-G400","v":0},null,{"$f":"+'auxiliar capitulos'!$A$40","v":"SUMINISTRO AGUA TRATADA"},{"$f":"VLOOKUP(U400,'auxiliar capitulos'!$A$2:$M$68,13,FALSE)","v":"4.1.2"},26,null,1,1]
[461," HAT023 ","4.1.2.27"," VÁLVULA DE BOLA SOLDADA 1 1/2   ","UN",32,{"$f":"VLOOKUP($B401,'Listado Ins Ana'!$G$3965:$K$8277,4,FALSE)","v":36685.880000000005},47202,1510464,"Si",1510464,null,null,"No se calculó cantidad para este ítem. Se solicita confirmar que este íem no aplica.",1,2,"12 HAT023 ","22 HAT023 ",{"$f":"VLOOKUP(B401,'Listado Ins Ana'!$G$3966:$J$100621,4,FALSE)-G401","v":0},null,{"$f":"+'auxiliar capitulos'!$A$40","v":"SUMINISTRO AGUA TRATADA"},{"$f":"VLOOKUP(U401,'auxiliar capitulos'!$A$2:$M$68,13,FALSE)","v":"4.1.2"},27,null,32,13,19]
[462," HAP024 ","4.1.2.28"," VÁLVULA DE COMPUERTA ROSCADA 1 1/4   ","UN",2,{"$f":"VLOOKUP($B402,'Listado Ins Ana'!$G$3965:$K$8277,4,FALSE)","v":4000},5147,10294,"Si",10294,null,null,"No se calculó cantidad para este ítem. Se solicita confirmar que este íem no aplica.",1,2,"12 HAP024 ","22 HAP024 ",{"$f":"VLOOKUP(B402,'Listado Ins Ana'!$G$3966:$J$100621,4,FALSE)-G402","v":0},null,{"$f":"+'auxiliar capitulos'!$A$40","v":"SUMINISTRO AGUA TRATADA"},{"$f":"VLOOKUP(U402,'auxiliar capitulos'!$A$2:$M$68,13,FALSE)","v":"4.1.2"},28,null,2,1,1]
[463," HAP112 ","4.1.2.29"," VÁLVULA DE COMPUERTA ROSCADA 3   ","UN",12,{"$f":"VLOOKUP($B403,'Listado Ins Ana'!$G$3965:$K$8277,4,FALSE)","v":4000},5147,61764,"Si",61764,null,null,"No se calculó cantidad para este ítem. Se solicita confirmar que este íem no aplica.",1,2,"12 HAP112 ","22 HAP112 ",{"$f":"VLOOKUP(B403,'Listado Ins Ana'!$G$3966:$J$100621,4,FALSE)-G403","v":0},null,{"$f":"+'auxiliar capitulos'!$A$40","v":"SUMINISTRO AGUA TRATADA"},{"$f":"VLOOKUP(U403,'auxiliar capitulos'!$A$2:$M$68,13,FALSE)","v":"4.1.2"},29,null,12,6,6]
[464," HAP104 ","4.1.2.30"," VÁLVULA DE PIE 3   ","UN",4,{"$f":"VLOOKUP($B404,'Listado Ins Ana'!$G$3965:$K$8277,4,FALSE)","v":4000},5147,20588,"Si",20588,null,null,"No se calculó cantidad para este ítem. Se solicita confirmar que este íem no aplica.",1,2,"12 HAP104 ","22 HAP104 ",{"$f":"VLOOKUP(B404,'Listado Ins Ana'!$G$3966:$J$100621,4,FALSE)-G404","v":0},null,{"$f":"+'auxiliar capitulos'!$A$40","v":"SUMINISTRO AGUA TRATADA"},{"$f":"VLOOKUP(U404,'auxiliar capitulos'!$A$2:$M$68,13,FALSE)","v":"4.1.2"},30,null,4,2,2]
[465," HAT028 ","4.1.2.31"," BRIDA D=3   ","UN",2,{"$f":"VLOOKUP($B405,'Listado Ins Ana'!$G$3965:$K$8277,4,FALSE)","v":64958.55},83578,167156,"Si",167156,null,null,"No se calculó cantidad para este ítem. Se solicita confirmar que este íem no aplica.",1,2,"12 HAT028 ","22 HAT028 ",{"$f":"VLOOKUP(B405,'Listado Ins Ana'!$G7716:$J101095,4,FALSE)-G405","v":0},null,{"$f":"+'auxiliar capitulos'!$A$40","v":"SUMINISTRO AGUA TRATADA"},{"$f":"VLOOKUP(U405,'auxiliar capitulos'!$A$2:$M$68,13,FALSE)","v":"4.1.2"},31,null,2,2]
[466,8587,"4.1.2.32"," BUJE PVC SANITARIO D=2   X 1 1/4   (INCLUYE SUMINISTRO E INSTALACIÓN, SOLDADURA) ","UN",4,{"$f":"VLOOKUP($B406,'Listado Ins Ana'!$G$3965:$K$8277,4,FALSE)","v":14204},18275,73100,"Si",73100,null,null,"No se calculó cantidad para este ítem. Se solicita confirmar que este íem no aplica.",1,2,"128587","228587",{"$f":"VLOOKUP(B406,'Listado Ins Ana'!$G$3966:$J$100621,4,FALSE)-G406","v":0},null,{"$f":"+'auxiliar capitulos'!$A$40","v":"SUMINISTRO AGUA TRATADA"},{"$f":"VLOOKUP(U406,'auxiliar capitulos'!$A$2:$M$68,13,FALSE)","v":"4.1.2"},32,null,4,1,3]
[467," HAT029 ","4.1.2.33"," BUJE ROSCADO 1 1/4  x1   ACERO AL CARBON (A.C.) ","UN",2,{"$f":"VLOOKUP($B407,'Listado Ins Ana'!$G$3965:$K$8277,4,FALSE)","v":10235.9},{"$f":"ROUND(G407*(1+$F$867),0)","v":13170},26340,"Si",26340,null,null,"No se calculó cantidad para este ítem. Se solicita confirmar que este íem no aplica.",1,2,"12 HAT029 ","22 HAT029 ",{"$f":"VLOOKUP(B407,'Listado Ins Ana'!$G$3966:$J$100621,4,FALSE)-G407","v":0},null,{"$f":"+'auxiliar capitulos'!$A$40","v":"SUMINISTRO AGUA TRATADA"},{"$f":"VLOOKUP(U407,'auxiliar capitulos'!$A$2:$M$68,13,FALSE)","v":"4.1.2"},33,null,2,1,1]
[468," HAT030 ","4.1.2.34"," BUJE ROSCADO 1  x1/4   ACERO AL CARBON (A.C.) ","UN",2,{"$f":"VLOOKUP($B408,'Listado Ins Ana'!$G$3965:$K$8277,4,FALSE)","v":8157.27},10495,20990,"Si",20990,null,null,"No se calculó cantidad para este ítem. Se solicita confirmar que este íem no aplica.",1,2,"12 HAT030 ","22 HAT030 ",{"$f":"VLOOKUP(B408,'Listado Ins Ana'!$G7716:$J101098,4,FALSE)-G408","v":0},null,{"$f":"+'auxiliar capitulos'!$A$40","v":"SUMINISTRO AGUA TRATADA"},{"$f":"VLOOKUP(U408,'auxiliar capitulos'!$A$2:$M$68,13,FALSE)","v":"4.1.2"},34,null,2,1,1]
[469," HAP041 ","4.1.2.35"," BUJE SOLDADO ","UN",22,{"$f":"VLOOKUP($B409,'Listado Ins Ana'!$G$3965:$K$8277,4,FALSE)","v":4000},5147,113234,"Si",113234,null,null,"No se calculó cantidad para este ítem. Se solicita confirmar que este íem no aplica.",1,2,"12 HAP041 ","22 HAP041 ",{"$f":"VLOOKUP(B409,'Listado Ins Ana'!$G$3966:$J$100621,4,FALSE)-G409","v":0},null,{"$f":"+'auxiliar capitulos'!$A$40","v":"SUMINISTRO AGUA TRATADA"},{"$f":"VLOOKUP(U409,'auxiliar capitulos'!$A$2:$M$68,13,FALSE)","v":"4.1.2"},35,null,22,20,2]
[470," HAT035 ","4.1.2.36"," CODO PVC PRESION SCH 40 D=1 1/2   (INCLUYE SUMINISTRO E INSTALACIÓN, SOLDADURA) ","UN",255,{"$f":"VLOOKUP($B410,'Listado Ins Ana'!$G$3965:$K$8277,4,FALSE)","v":16064.22},20669,5270595,"Si",5270595,null,null,"No se calculó cantidad para este ítem. Se solicita confirmar que este íem no aplica.",1,2,"12 HAT035 ","22 HAT035 ",{"$f":"VLOOKUP(B410,'Listado Ins Ana'!$G$3966:$J$100621,4,FALSE)-G410","v":0},null,{"$f":"+'auxiliar capitulos'!$A$40","v":"SUMINISTRO AGUA TRATADA"},{"$f":"VLOOKUP(U410,'auxiliar capitulos'!$A$2:$M$68,13,FALSE)","v":"4.1.2"},36,null,255,109,146]
[471," HAT037 ","4.1.2.37"," CODO PVC PRESION SCH 40 D=1/2   (INCLUYE SUMINISTRO E INSTALACIÓN, SOLDADURA) ","UN",15,{"$f":"VLOOKUP($B411,'Listado Ins Ana'!$G$3965:$K$8277,4,FALSE)","v":4673.3099999999995},6013,90195,"Si",90195,null,null,"No se calculó cantidad para este ítem. Se solicita confirmar que este íem no aplica.",1,2,"12 HAT037 ","22 HAT037 ",{"$f":"VLOOKUP(B411,'Listado Ins Ana'!$G7716:$J101101,4,FALSE)-G411","v":0},null,{"$f":"+'auxiliar capitulos'!$A$40","v":"SUMINISTRO AGUA TRATADA"},{"$f":"VLOOKUP(U411,'auxiliar capitulos'!$A$2:$M$68,13,FALSE)","v":"4.1.2"},37,null,15,15]
[472," HAT038 ","4.1.2.38"," CODO PVC PRESION SCH 40 D=2   (INCLUYE SUMINISTRO E INSTALACIÓN, SOLDADURA) ","UN",17,{"$f":"VLOOKUP($B412,'Listado Ins Ana'!$G$3965:$K$8277,4,FALSE)","v":16448.97},21164,359788,"Si",359788,null,null,"No se calculó cantidad para este ítem. Se solicita confirmar que este íem no aplica.",1,2,"12 HAT038 ","22 HAT038 ",{"$f":"VLOOKUP(B412,'Listado Ins Ana'!$G$3966:$J$100621,4,FALSE)-G412","v":0},null,{"$f":"+'auxiliar capitulos'!$A$40","v":"SUMINISTRO AGUA TRATADA"},{"$f":"VLOOKUP(U412,'auxiliar capitulos'!$A$2:$M$68,13,FALSE)","v":"4.1.2"},38,null,17,10,7]
[473," HAT040 ","4.1.2.39"," CODO PVC PRESION SCH 40 D=3   (INCLUYE SUMINISTRO E INSTALACIÓN, SOLDADURA) ","UN",13,{"$f":"VLOOKUP($B413,'Listado Ins Ana'!$G$3965:$K$8277,4,FALSE)","v":50383.67},64826,842738,"Si",842738,null,null,"No se calculó cantidad para este ítem. Se solicita confirmar que este íem no aplica.",1,2,"12 HAT040 ","22 HAT040 ",{"$f":"VLOOKUP(B413,'Listado Ins Ana'!$G$3966:$J$100621,4,FALSE)-G413","v":0},null,{"$f":"+'auxiliar capitulos'!$A$40","v":"SUMINISTRO AGUA TRATADA"},{"$f":"VLOOKUP(U413,'auxiliar capitulos'!$A$2:$M$68,13,FALSE)","v":"4.1.2"},39,null,13,7,6]
[474," HAT041 ","4.1.2.40"," CODO PVC PRESION SCH 40 D=3/4   (INCLUYE SUMINISTRO E INSTALACIÓN, SOLDADURA) ","UN",17,{"$f":"VLOOKUP($B414,'Listado Ins Ana'!$G$3965:$K$8277,4,FALSE)","v":4000},5147,87499,"Si",87499,null,null,"No se calculó cantidad para este ítem. Se solicita confirmar que este íem no aplica.",1,2,"12 HAT041 ","22 HAT041 ",{"$f":"VLOOKUP(B414,'Listado Ins Ana'!$G$3966:$J$100621,4,FALSE)-G414","v":0},null,{"$f":"+'auxiliar capitulos'!$A$40","v":"SUMINISTRO AGUA TRATADA"},{"$f":"VLOOKUP(U414,'auxiliar capitulos'!$A$2:$M$68,13,FALSE)","v":"4.1.2"},40,null,17,12,5]
[475," HAT069 ","4.1.2.41"," CODO PVC PRESION SCH 80 D=1 1/4   S (INCLUYE SUMINISTRO E INSTALACIÓN, SOLDADURA) ","UN",5,{"$f":"VLOOKUP($B415,'Listado Ins Ana'!$G$3965:$K$8277,4,FALSE)","v":35323.33},45448,227240,"Si",227240,null,null,"No se calculó cantidad para este ítem. Se solicita confirmar que este íem no aplica.",1,2,"12 HAT069 ","22 HAT069 ",{"$f":"VLOOKUP(B415,'Listado Ins Ana'!$G$3966:$J$100621,4,FALSE)-G415","v":0},null,{"$f":"+'auxiliar capitulos'!$A$40","v":"SUMINISTRO AGUA TRATADA"},{"$f":"VLOOKUP(U415,'auxiliar capitulos'!$A$2:$M$68,13,FALSE)","v":"4.1.2"},41,null,5,2,3]
[476," HAT039 ","4.1.2.42"," CODO PVC PRESION SCH 80 D=2   (INCLUYE SUMINISTRO E INSTALACIÓN, SOLDADURA) ","UN",5,{"$f":"VLOOKUP($B416,'Listado Ins Ana'!$G$3965:$K$8277,4,FALSE)","v":62557.65},80489,402445,"Si",402445,null,null,"No se calculó cantidad para este ítem. Se solicita confirmar que este íem no aplica.",1,2,"12 HAT039 ","22 HAT039 ",{"$f":"VLOOKUP(B416,'Listado Ins Ana'!$G$3966:$J$100621,4,FALSE)-G416","v":0},null,{"$f":"+'auxiliar capitulos'!$A$40","v":"SUMINISTRO AGUA TRATADA"},{"$f":"VLOOKUP(U416,'auxiliar capitulos'!$A$2:$M$68,13,FALSE)","v":"4.1.2"},42,null,5,2,3]
[477," HAT042 ","4.1.2.43"," CRUZ SALIDA ROSCADA ACERO AL CARBON (A.C.) D=1 1/4   ","UN",2,{"$f":"+G438*0.6","v":15171},19520,39040,"Si",39040,null,null,"No se calculó cantidad para este ítem. Se solicita confirmar que este íem no aplica.",1,2,"12 HAT042 ","22 HAT042 ",{"$f":"VLOOKUP(B417,'Listado Ins Ana'!$G$3966:$J$100621,4,FALSE)-G417","v":{"$error":"#N/A"}},null,{"$f":"+'auxiliar capitulos'!$A$40","v":"SUMINISTRO AGUA TRATADA"},{"$f":"VLOOKUP(U417,'auxiliar capitulos'!$A$2:$M$68,13,FALSE)","v":"4.1.2"},43,null,2,1,1]
[478," HAP054 ","4.1.2.44"," MANÓMETRO 1/4   ","UN",2,{"$f":"VLOOKUP($B418,'Listado Ins Ana'!$G$3965:$K$8277,4,FALSE)","v":4000},5147,10294,"Si",10294,null,null,"No se calculó cantidad para este ítem. Se solicita confirmar que este íem no aplica.",1,2,"12 HAP054 ","22 HAP054 ",{"$f":"VLOOKUP(B418,'Listado Ins Ana'!$G$3966:$J$100621,4,FALSE)-G418","v":0},null,{"$f":"+'auxiliar capitulos'!$A$40","v":"SUMINISTRO AGUA TRATADA"},{"$f":"VLOOKUP(U418,'auxiliar capitulos'!$A$2:$M$68,13,FALSE)","v":"4.1.2"},44,null,2,1,1]
[479," HAT068 ","4.1.2.45"," PUNTO HIDRAULICO A.F. PVC PRESION D=1 1/2   SANITARIO FLUXOMETRO (INCLUYE CODO 45°, TUBERIA PVC E.L., TEE PVC E.L., SOLDADURA Y CINTA TEFLON) ","UN",39,55440,71331,2781909,"Si",2781909,null,null,"No se calculó cantidad para este ítem. Se solicita confirmar que este íem no aplica.",1,2,"12 HAT068 ","22 HAT068 ",{"$f":"VLOOKUP(B419,'Listado Ins Ana'!$G$3966:$J$100621,4,FALSE)-G419","v":{"$error":"#N/A"}},null,{"$f":"+'auxiliar capitulos'!$A$40","v":"SUMINISTRO AGUA TRATADA"},{"$f":"VLOOKUP(U419,'auxiliar capitulos'!$A$2:$M$68,13,FALSE)","v":"4.1.2"},45,null,39,16,23]
[480,8528,"4.1.2.46"," PUNTO HIDRAULICO A.F. PVC PRESION D=1/2   LLAVE MANGUERA (INCLUYE SUMINISTRO E INSTALACIÓN, INCLUYE CODO 45°, TUBERIA PVC E.L., TEE PVC E.L., SOLDADURA Y CINTA TEFLON) ","UN",5,{"$f":"VLOOKUP($B420,'Listado Ins Ana'!$G$3965:$K$8277,4,FALSE)","v":16712},21502,107510,"Si",107510,null,null,"No se calculó cantidad para este ítem. Se solicita confirmar que este íem no aplica.",1,2,"128528","228528",{"$f":"VLOOKUP(B420,'Listado Ins Ana'!$G$3966:$J$100621,4,FALSE)-G420","v":0},null,{"$f":"+'auxiliar capitulos'!$A$40","v":"SUMINISTRO AGUA TRATADA"},{"$f":"VLOOKUP(U420,'auxiliar capitulos'!$A$2:$M$68,13,FALSE)","v":"4.1.2"},46,null,5,5]
[481," HAT067 ","4.1.2.47"," PUNTO HIDRÁULICO A.F. PVC PRESION D=3/4   ORINAL. (INCLUYE SUMINISTRO E INSTALACIÓN, INCLUYE ACCESORIOS, TUBERÍA, SOLDADURA Y CINTA TEFLÓN.) ","UN",6,{"$f":"VLOOKUP($B421,'Listado Ins Ana'!$G$3965:$K$8277,4,FALSE)","v":290937},374331,2245986,"Si",2245986,null,null,"No se calculó cantidad para este ítem. Se solicita confirmar que este íem no aplica.",1,2,"12 HAT067 ","22 HAT067 ",{"$f":"VLOOKUP(B421,'Listado Ins Ana'!$G7716:$J101111,4,FALSE)-G421","v":0},null,{"$f":"+'auxiliar capitulos'!$A$40","v":"SUMINISTRO AGUA TRATADA"},{"$f":"VLOOKUP(U421,'auxiliar capitulos'!$A$2:$M$68,13,FALSE)","v":"4.1.2"},47,null,6,4,2]
[482," HAT065 ","4.1.2.48"," REDUCCIÓN CONCENTRICA-EXCENTRICA RANURADA UL/FM (A.C.) 3  X2   ","UN",4,{"$f":"VLOOKUP($B422,'Listado Ins Ana'!$G$3965:$K$8277,4,FALSE)","v":4000},5147,20588,"Si",20588,null,null,"No se calculó cantidad para este ítem. Se solicita confirmar que este íem no aplica.",1,2,"12 HAT065 ","22 HAT065 ",{"$f":"VLOOKUP(B422,'Listado Ins Ana'!$G$3966:$J$100621,4,FALSE)-G422","v":0},null,{"$f":"+'auxiliar capitulos'!$A$40","v":"SUMINISTRO AGUA TRATADA"},{"$f":"VLOOKUP(U422,'auxiliar capitulos'!$A$2:$M$68,13,FALSE)","v":"4.1.2"},48,null,4,2,2]
[483," HAT070 ","4.1.2.49"," REDUCCIÓN PVC PRESION SCH 80 D=3  x2   ","UN",6,{"$f":"VLOOKUP($B423,'Listado Ins Ana'!$G$3965:$K$8277,4,FALSE)","v":104669.26},134672,808032,"Si",808032,null,null,"No se calculó cantidad para este ítem. Se solicita confirmar que este íem no aplica.",1,2,"12 HAT070 ","22 HAT070 ",{"$f":"VLOOKUP(B423,'Listado Ins Ana'!$G7716:$J101113,4,FALSE)-G423","v":0},null,{"$f":"+'auxiliar capitulos'!$A$40","v":"SUMINISTRO AGUA TRATADA"},{"$f":"VLOOKUP(U423,'auxiliar capitulos'!$A$2:$M$68,13,FALSE)","v":"4.1.2"},49,null,6,3,3]
[484," HAT060 ","4.1.2.50"," TAPA ROSCADA AC ","UN",3,{"$f":"+G426","v":114791.93},147696,443088,"Si",443088,null,null,"No se calculó cantidad para este ítem. Se solicita confirmar que este íem no aplica.",1,2,"12 HAT060 ","22 HAT060 ",{"$f":"VLOOKUP(B424,'Listado Ins Ana'!$G7716:$J101114,4,FALSE)-G424","v":{"$error":"#N/A"}},null,{"$f":"+'auxiliar capitulos'!$A$40","v":"SUMINISTRO AGUA TRATADA"},{"$f":"VLOOKUP(U424,'auxiliar capitulos'!$A$2:$M$68,13,FALSE)","v":"4.1.2"},50,null,3,3]
[485," HAT052 ","4.1.2.51"," TEE PVC PRESION D=2  x1 1/2  x1 1/2   (INCLUYE SUMINISTRO E INSTALACIÓN, SOLDADURA) ","UN",3,{"$f":"VLOOKUP($B425,'Listado Ins Ana'!$G$3965:$K$8277,4,FALSE)","v":4000},5147,15441,"Si",15441,null,null,"No se calculó cantidad para este ítem. Se solicita confirmar que este íem no aplica.",1,2,"12 HAT052 ","22 HAT052 ",{"$f":"VLOOKUP(B425,'Listado Ins Ana'!$G7716:$J101115,4,FALSE)-G425","v":0},null,{"$f":"+'auxiliar capitulos'!$A$40","v":"SUMINISTRO AGUA TRATADA"},{"$f":"VLOOKUP(U425,'auxiliar capitulos'!$A$2:$M$68,13,FALSE)","v":"4.1.2"},51,null,3,3]
[486," HAT057 ","4.1.2.52"," TEE PVC PRESION SCH 80 D=3  x2 1/2  x2   (INCLUYE SUMINISTRO E INSTALACIÓN, SOLDADURA) ","UN",4,{"$f":"VLOOKUP($B426,'Listado Ins Ana'!$G$3965:$K$8277,4,FALSE)","v":114791.93},147696,590784,"Si",590784,null,null,"No se calculó cantidad para este ítem. Se solicita confirmar que este íem no aplica.",1,2,"12 HAT057 ","22 HAT057 ",{"$f":"VLOOKUP(B426,'Listado Ins Ana'!$G7716:$J101116,4,FALSE)-G426","v":0},null,{"$f":"+'auxiliar capitulos'!$A$40","v":"SUMINISTRO AGUA TRATADA"},{"$f":"VLOOKUP(U426,'auxiliar capitulos'!$A$2:$M$68,13,FALSE)","v":"4.1.2"},52,null,4,3,1]
[487," HAP059 ","4.1.2.53"," TEE ROSCADA REDUCIDA AC D=1/2   ","UN",1,{"$f":"VLOOKUP($B427,'Listado Ins Ana'!$G$3965:$K$8277,4,FALSE)","v":4000},5147,5147,"Si",5147,null,null,"No se calculó cantidad para este ítem. Se solicita confirmar que este íem no aplica.",1,2,"12 HAP059 ","22 HAP059 ",{"$f":"VLOOKUP(B427,'Listado Ins Ana'!$G7716:$J101118,4,FALSE)-G427","v":0},null,{"$f":"+'auxiliar capitulos'!$A$40","v":"SUMINISTRO AGUA TRATADA"},{"$f":"VLOOKUP(U427,'auxiliar capitulos'!$A$2:$M$68,13,FALSE)","v":"4.1.2"},53,null,1,1]
[488," HAP060 ","4.1.2.54"," TEE ROSCADA REDUCIDA AC D=1/4   ","UN",2,{"$f":"VLOOKUP($B428,'Listado Ins Ana'!$G$3965:$K$8277,4,FALSE)","v":4000},5147,10294,"Si",10294,null,null,"No se calculó cantidad para este ítem. Se solicita confirmar que este íem no aplica.",1,2,"12 HAP060 ","22 HAP060 ",{"$f":"VLOOKUP(B428,'Listado Ins Ana'!$G7716:$J101119,4,FALSE)-G428","v":0},null,{"$f":"+'auxiliar capitulos'!$A$40","v":"SUMINISTRO AGUA TRATADA"},{"$f":"VLOOKUP(U428,'auxiliar capitulos'!$A$2:$M$68,13,FALSE)","v":"4.1.2"},54,null,2,1,1]
[489," HAP061 ","4.1.2.55"," TEE SENCILLA PVC PRESION D=1 1/2   (INCLUYE SUMINISTRO E INSTALACIÓN, SOLDADURA) ","UN",24,{"$f":"VLOOKUP($B429,'Listado Ins Ana'!$G$3965:$K$8277,4,FALSE)","v":18725.28},24093,578232,"Si",578232,null,null,"No se calculó cantidad para este ítem. Se solicita confirmar que este íem no aplica.",1,2,"12 HAP061 ","22 HAP061 ",{"$f":"VLOOKUP(B429,'Listado Ins Ana'!$G7716:$J101120,4,FALSE)-G429","v":0},null,{"$f":"+'auxiliar capitulos'!$A$40","v":"SUMINISTRO AGUA TRATADA"},{"$f":"VLOOKUP(U429,'auxiliar capitulos'!$A$2:$M$68,13,FALSE)","v":"4.1.2"},55,null,24,13,11]
[490," HAT050 ","4.1.2.56"," TEE SENCILLA PVC PRESION D=2 1/2   (INCLUYE SUMINISTRO E INSTALACIÓN, SOLDADURA) ","UN",10,{"$f":"VLOOKUP($B430,'Listado Ins Ana'!$G$3965:$K$8277,4,FALSE)","v":59616.85},76705,767050,"Si",767050,null,null,"No se calculó cantidad para este ítem. Se solicita confirmar que este íem no aplica.",1,2,"12 HAT050 ","22 HAT050 ",{"$f":"VLOOKUP(B430,'Listado Ins Ana'!$G$3966:$J$100621,4,FALSE)-G430","v":0},null,{"$f":"+'auxiliar capitulos'!$A$40","v":"SUMINISTRO AGUA TRATADA"},{"$f":"VLOOKUP(U430,'auxiliar capitulos'!$A$2:$M$68,13,FALSE)","v":"4.1.2"},56,null,10,3,7]
[491," HAP068 ","4.1.2.57"," TEE SENCILLA PVC PRESION D=2   (INCLUYE SUMINISTRO E INSTALACIÓN, SOLDADURA) ","UN",10,{"$f":"VLOOKUP($B431,'Listado Ins Ana'!$G$3965:$K$8277,4,FALSE)","v":27447.919999999998},35316,353160,"Si",353160,null,null,"No se calculó cantidad para este ítem. Se solicita confirmar que este íem no aplica.",1,2,"12 HAP068 ","22 HAP068 ",{"$f":"VLOOKUP(B431,'Listado Ins Ana'!$G$3966:$J$100621,4,FALSE)-G431","v":0},null,{"$f":"+'auxiliar capitulos'!$A$40","v":"SUMINISTRO AGUA TRATADA"},{"$f":"VLOOKUP(U431,'auxiliar capitulos'!$A$2:$M$68,13,FALSE)","v":"4.1.2"},57,null,10,3,7]
[492," HAT071 ","4.1.2.58"," TEE SOLDADA PVC SCH 80 D=2  x2  x1/2   ","UN",2,{"$f":"VLOOKUP($B432,'Listado Ins Ana'!$G$3965:$K$8277,4,FALSE)","v":94098.51},121071,242142,"Si",242142,null,null,"No se calculó cantidad para este ítem. Se solicita confirmar que este íem no aplica.",1,2,"12 HAT071 ","22 HAT071 ",{"$f":"VLOOKUP(B432,'Listado Ins Ana'!$G7716:$J101124,4,FALSE)-G432","v":0},null,{"$f":"+'auxiliar capitulos'!$A$40","v":"SUMINISTRO AGUA TRATADA"},{"$f":"VLOOKUP(U432,'auxiliar capitulos'!$A$2:$M$68,13,FALSE)","v":"4.1.2"},58,null,2,2]
[493," HAT073 ","4.1.2.59"," TEE SOLDADA PVC SCH 80 D=3   ","UN",4,{"$f":"VLOOKUP($B433,'Listado Ins Ana'!$G$3965:$K$8277,4,FALSE)","v":121828.43},156749,626996,"Si",626996,null,null,"No se calculó cantidad para este ítem. Se solicita confirmar que este íem no aplica.",1,2,"12 HAT073 ","22 HAT073 ",{"$f":"VLOOKUP(B433,'Listado Ins Ana'!$G$3966:$J$100621,4,FALSE)-G433","v":0},null,{"$f":"+'auxiliar capitulos'!$A$40","v":"SUMINISTRO AGUA TRATADA"},{"$f":"VLOOKUP(U433,'auxiliar capitulos'!$A$2:$M$68,13,FALSE)","v":"4.1.2"},59,null,4,2,2]
[494," HAT072 ","4.1.2.60"," TEE SOLDADA PVC SCH 80 D=3  x3  x1/2   ","UN",1,{"$f":"VLOOKUP($B434,'Listado Ins Ana'!$G$3965:$K$8277,4,FALSE)","v":121828.43},156749,156749,"Si",156749,null,null,"No se calculó cantidad para este ítem. Se solicita confirmar que este íem no aplica.",1,2,"12 HAT072 ","22 HAT072 ",{"$f":"VLOOKUP(B434,'Listado Ins Ana'!$G7716:$J101126,4,FALSE)-G434","v":0},null,{"$f":"+'auxiliar capitulos'!$A$40","v":"SUMINISTRO AGUA TRATADA"},{"$f":"VLOOKUP(U434,'auxiliar capitulos'!$A$2:$M$68,13,FALSE)","v":"4.1.2"},60,null,1,1]
[495," HAT063 ","4.1.2.61"," UNIÓN RIGIDA ROSCADA AC 1   ","UN",2,{"$f":"VLOOKUP($B435,'Listado Ins Ana'!$G$3965:$K$8277,4,FALSE)","v":4000},5147,10294,"Si",10294,null,null,"No se calculó cantidad para este ítem. Se solicita confirmar que este íem no aplica.",1,2,"12 HAT063 ","22 HAT063 ",{"$f":"VLOOKUP(B435,'Listado Ins Ana'!$G$3966:$J$100621,4,FALSE)-G435","v":0},null,{"$f":"+'auxiliar capitulos'!$A$40","v":"SUMINISTRO AGUA TRATADA"},{"$f":"VLOOKUP(U435,'auxiliar capitulos'!$A$2:$M$68,13,FALSE)","v":"4.1.2"},61,null,2,1,1]
[497,"HRR035","4.1.2.62"," ACOPLE RIGIDO RANURADO UL/FM (CODO RANURADO) ","UN",8,{"$f":"+G437","v":35562.61},45756,{"$f":"ROUND(H436*F436,0)","v":366048},"Si",366048,null,null,"No se calculó cantidad para este ítem. Se solicita confirmar que este íem no aplica.",1,2,"12HRR035","22HRR035",{"$f":"VLOOKUP(B436,'Listado Ins Ana'!$G7716:$J101129,4,FALSE)-G436","v":{"$error":"#N/A"}},null,{"$f":"+'auxiliar capitulos'!$A$40","v":"SUMINISTRO AGUA TRATADA"},{"$f":"VLOOKUP(U436,'auxiliar capitulos'!$A$2:$M$68,13,FALSE)","v":"4.1.2"},{"$f":"IF(E436=\"\",\"\",IF(E435=\"\",1,W435+1))","v":62},null,8,4,4]
[498," HAT027 ","4.1.2.63"," ACOPLE RIGIDO RANURADO UL/FM (UNIÓN RANURADA) 3   ","UN",4,{"$f":"VLOOKUP($B437,'Listado Ins Ana'!$G$3965:$K$8277,4,FALSE)","v":35562.61},45756,183024,"Si",183024,null,null,"No se calculó cantidad para este ítem. Se solicita confirmar que este íem no aplica.",1,2,{"$f":"CONCATENATE(Z$11,$P437,$B437)","v":"12 HAT027 "},{"$f":"CONCATENATE(AA$11,$P437,$B437)","v":"22 HAT027 "},{"$f":"VLOOKUP(B437,'Listado Ins Ana'!$G$3966:$J$100621,4,FALSE)-G437","v":0},null,{"$f":"+'auxiliar capitulos'!$A$40","v":"SUMINISTRO AGUA TRATADA"},{"$f":"VLOOKUP(U437,'auxiliar capitulos'!$A$2:$M$68,13,FALSE)","v":"4.1.2"},63,null,4,2,2]
[499," HAT032 ","4.1.2.64"," CODO 90 RANURADO UL/FM D=3   ACERO AL CARBON (A.C.) ","UN",{"$f":"+Y438","v":4},{"$f":"VLOOKUP($B438,'Listado Ins Ana'!$G$3965:$K$8277,4,FALSE)","v":25285},32533,130132,"Si",{"$f":"+I438","v":130132},null,null,"No se calculó cantidad para este ítem. Se solicita confirmar que este íem no aplica.",1,2,"12 HAT032 ","22 HAT032 ",{"$f":"VLOOKUP(B438,'Listado Ins Ana'!$G$3966:$J$100621,4,FALSE)-G438","v":0},null,{"$f":"+'auxiliar capitulos'!$A$40","v":"SUMINISTRO AGUA TRATADA"},{"$f":"VLOOKUP(U438,'auxiliar capitulos'!$A$2:$M$68,13,FALSE)","v":"4.1.2"},64,null,4,2,2]
[500," HAT033 ","4.1.2.65"," CODO 90 ROSCADO D=1 1/4   ACERO AL CARBON (A.C.) ","UN",4,{"$f":"+G417","v":15171},{"$f":"ROUND(G439*(1+$F$867),0)","v":19520},78080,"Si",78080,null,null,"No se calculó cantidad para este ítem. Se solicita confirmar que este íem no aplica.",1,2,"12 HAT033 ","22 HAT033 ",{"$f":"VLOOKUP(B439,'Listado Ins Ana'!$G$3966:$J$100621,4,FALSE)-G439","v":{"$error":"#N/A"}},null,{"$f":"+'auxiliar capitulos'!$A$40","v":"SUMINISTRO AGUA TRATADA"},{"$f":"VLOOKUP(U439,'auxiliar capitulos'!$A$2:$M$68,13,FALSE)","v":"4.1.2"},65,null,4,2,2]
[501," HAT034 ","4.1.2.66"," CODO 90 ROSCADO D=1/2   ACERO AL CARBON (A.C.) ","UN",4,{"$f":"+G439*0.5","v":7585.5},9760,39040,"Si",39040,null,null,"No se calculó cantidad para este ítem. Se solicita confirmar que este íem no aplica.",1,2,"12 HAT034 ","22 HAT034 ",{"$f":"VLOOKUP(B440,'Listado Ins Ana'!$G$3966:$J$100621,4,FALSE)-G440","v":{"$error":"#N/A"}},null,{"$f":"+'auxiliar capitulos'!$A$40","v":"SUMINISTRO AGUA TRATADA"},{"$f":"VLOOKUP(U440,'auxiliar capitulos'!$A$2:$M$68,13,FALSE)","v":"4.1.2"},66,null,4,2,2]
[502," HAP053 ","4.1.2.67"," MANÓMETRO 1/2   ","UN",1,{"$f":"VLOOKUP($B441,'Listado Ins Ana'!$G$3965:$K$8277,4,FALSE)","v":4000},5147,5147,"Si",5147,null,null,"No se calculó cantidad para este ítem. Se solicita confirmar que este íem no aplica.",1,2,"12 HAP053 ","22 HAP053 ",{"$f":"VLOOKUP(B441,'Listado Ins Ana'!$G$3966:$J$100621,4,FALSE)-G441","v":0},null,{"$f":"+'auxiliar capitulos'!$A$40","v":"SUMINISTRO AGUA TRATADA"},{"$f":"VLOOKUP(U441,'auxiliar capitulos'!$A$2:$M$68,13,FALSE)","v":"4.1.2"},67,null,1,1]
[503," HAP106 ","4.1.2.68"," BRIDA PVC SCH80 1 1/4   ","UN",2,{"$f":"VLOOKUP($B442,'Listado Ins Ana'!$G$3965:$K$8277,4,FALSE)","v":4000},5147,10294,"Si",10294,null,null,"No se calculó cantidad para este ítem. Se solicita confirmar que este íem no aplica.",1,2,"12 HAP106 ","22 HAP106 ",{"$f":"VLOOKUP(B442,'Listado Ins Ana'!$G$3966:$J$100621,4,FALSE)-G442","v":0},null,{"$f":"+'auxiliar capitulos'!$A$40","v":"SUMINISTRO AGUA TRATADA"},{"$f":"VLOOKUP(U442,'auxiliar capitulos'!$A$2:$M$68,13,FALSE)","v":"4.1.2"},68,null,2,null,2]
[504," HAP108 ","4.1.2.69"," BRIDA PVC SCH80 3   ","UN",4,{"$f":"VLOOKUP($B443,'Listado Ins Ana'!$G$3965:$K$8277,4,FALSE)","v":96100.49},123647,494588,"Si",494588,null,null,"No se calculó cantidad para este ítem. Se solicita confirmar que este íem no aplica.",1,2,"12 HAP108 ","22 HAP108 ",{"$f":"VLOOKUP(B443,'Listado Ins Ana'!$G$3966:$J$100621,4,FALSE)-G443","v":0},null,{"$f":"+'auxiliar capitulos'!$A$40","v":"SUMINISTRO AGUA TRATADA"},{"$f":"VLOOKUP(U443,'auxiliar capitulos'!$A$2:$M$68,13,FALSE)","v":"4.1.2"},69,null,4,null,4]
[505," HAP109 ","4.1.2.70"," UNIÓN UNIVERSAL ROSCADA 1 1/4   ","UN",1,{"$f":"VLOOKUP($B444,'Listado Ins Ana'!$G$3965:$K$8277,4,FALSE)","v":4000},5147,5147,"Si",5147,null,null,"No se calculó cantidad para este ítem. Se solicita confirmar que este íem no aplica.",1,2,"12 HAP109 ","22 HAP109 ",{"$f":"VLOOKUP(B444,'Listado Ins Ana'!$G$3966:$J$100621,4,FALSE)-G444","v":0},null,{"$f":"+'auxiliar capitulos'!$A$40","v":"SUMINISTRO AGUA TRATADA"},{"$f":"VLOOKUP(U444,'auxiliar capitulos'!$A$2:$M$68,13,FALSE)","v":"4.1.2"},70,null,1,null,1]
[506," HAP025 ","4.1.2.71"," VÁLVULA DE COMPUERTA ROSCADA 2   ","UN",1,{"$f":"VLOOKUP($B445,'Listado Ins Ana'!$G$3965:$K$8277,4,FALSE)","v":4000},5147,5147,"Si",5147,null,null,"No se calculó cantidad para este ítem. Se solicita confirmar que este íem no aplica.",1,2,"12 HAP025 ","22 HAP025 ",{"$f":"VLOOKUP(B445,'Listado Ins Ana'!$G$3966:$J$100621,4,FALSE)-G445","v":0},null,{"$f":"+'auxiliar capitulos'!$A$40","v":"SUMINISTRO AGUA TRATADA"},{"$f":"VLOOKUP(U445,'auxiliar capitulos'!$A$2:$M$68,13,FALSE)","v":"4.1.2"},71,null,1,null,1]
[507," HAT106 ","4.1.2.72"," BUJE SOLDADO PVC PRESION 2 1/2  x2   (SUMINISTRO E INSTALACIÓN) ","UN",2,{"$f":"VLOOKUP($B446,'Listado Ins Ana'!$G$3965:$K$8277,4,FALSE)","v":24534.92},31568,63136,"Si",63136,null,null,"No se calculó cantidad para este ítem. Se solicita confirmar que este íem no aplica.",1,2,"12 HAT106 ","22 HAT106 ",{"$f":"VLOOKUP(B446,'Listado Ins Ana'!$G$3966:$J$100621,4,FALSE)-G446","v":0},null,{"$f":"+'auxiliar capitulos'!$A$40","v":"SUMINISTRO AGUA TRATADA"},{"$f":"VLOOKUP(U446,'auxiliar capitulos'!$A$2:$M$68,13,FALSE)","v":"4.1.2"},72,null,2,null,2]
[508," HAT107 ","4.1.2.73"," BUJE SOLDADO PVC PRESION 2  x1 1/2   (SUMINISTRO E INSTALACIÓN) ","UN",1,{"$f":"VLOOKUP($B447,'Listado Ins Ana'!$G$3965:$K$8277,4,FALSE)","v":13048.17},16788,16788,"Si",16788,null,null,"No se calculó cantidad para este ítem. Se solicita confirmar que este íem no aplica.",1,2,"12 HAT107 ","22 HAT107 ",{"$f":"VLOOKUP(B447,'Listado Ins Ana'!$G$3966:$J$100621,4,FALSE)-G447","v":0},null,{"$f":"+'auxiliar capitulos'!$A$40","v":"SUMINISTRO AGUA TRATADA"},{"$f":"VLOOKUP(U447,'auxiliar capitulos'!$A$2:$M$68,13,FALSE)","v":"4.1.2"},73,null,1,null,1]
[509," HAT108 ","4.1.2.74"," BUJE SOLDADO PVC PRESION 3x  2 1/2   (SUMINISTRO E INSTALACIÓN) ","UN",3,{"$f":"VLOOKUP($B448,'Listado Ins Ana'!$G$3965:$K$8277,4,FALSE)","v":35395.29},45541,136623,"Si",136623,null,null,"No se calculó cantidad para este ítem. Se solicita confirmar que este íem no aplica.",1,2,"12 HAT108 ","22 HAT108 ",{"$f":"VLOOKUP(B448,'Listado Ins Ana'!$G$3966:$J$100621,4,FALSE)-G448","v":0},null,{"$f":"+'auxiliar capitulos'!$A$40","v":"SUMINISTRO AGUA TRATADA"},{"$f":"VLOOKUP(U448,'auxiliar capitulos'!$A$2:$M$68,13,FALSE)","v":"4.1.2"},74,null,3,null,3]
[510," HAT110 ","4.1.2.75"," TAPA ROSCADA AC 1/2   ","UN",2,{"$f":"VLOOKUP($B449,'Listado Ins Ana'!$G$3965:$K$8277,4,FALSE)","v":4000},5147,10294,"Si",10294,null,null,"No se calculó cantidad para este ítem. Se solicita confirmar que este íem no aplica.",1,2,"12 HAT110 ","22 HAT110 ",{"$f":"VLOOKUP(B449,'Listado Ins Ana'!$G$3966:$J$100621,4,FALSE)-G449","v":0},null,{"$f":"+'auxiliar capitulos'!$A$40","v":"SUMINISTRO AGUA TRATADA"},{"$f":"VLOOKUP(U449,'auxiliar capitulos'!$A$2:$M$68,13,FALSE)","v":"4.1.2"},75,null,2,null,2]
[511," HAT112 ","4.1.2.76"," TEE SOLDADA PVC SCH 80 D=1 1/4  x1/2   ","UN",2,{"$f":"VLOOKUP($B450,'Listado Ins Ana'!$G$3965:$K$8277,4,FALSE)","v":73842.05},95008,190016,"Si",190016,null,null,"No se calculó cantidad para este ítem. Se solicita confirmar que este íem no aplica.",1,2,"12 HAT112 ","22 HAT112 ",{"$f":"VLOOKUP(B450,'Listado Ins Ana'!$G$3966:$J$100621,4,FALSE)-G450","v":0},null,{"$f":"+'auxiliar capitulos'!$A$40","v":"SUMINISTRO AGUA TRATADA"},{"$f":"VLOOKUP(U450,'auxiliar capitulos'!$A$2:$M$68,13,FALSE)","v":"4.1.2"},76,null,2,null,2]
[512," HAT111 ","4.1.2.77"," UNIÓN RIGIDA ROSCADA AC 1 1/4   ","UN",1,{"$f":"VLOOKUP($B451,'Listado Ins Ana'!$G$3965:$K$8277,4,FALSE)","v":4000},5147,5147,"Si",5147,null,null,"No se calculó cantidad para este ítem. Se solicita confirmar que este íem no aplica.",1,2,"12 HAT111 ","22 HAT111 ",{"$f":"VLOOKUP(B451,'Listado Ins Ana'!$G$3966:$J$100621,4,FALSE)-G451","v":0},null,{"$f":"+'auxiliar capitulos'!$A$40","v":"SUMINISTRO AGUA TRATADA"},{"$f":"VLOOKUP(U451,'auxiliar capitulos'!$A$2:$M$68,13,FALSE)","v":"4.1.2"},77,null,1,null,1]
[513," HAT109 ","4.1.2.78"," CODO PVC PRESION SCH 40 D=2 1/2   (INCLUYE SUMINISTRO E INSTALACIÓN, SOLDADURA) ","UN",2,{"$f":"VLOOKUP($B452,'Listado Ins Ana'!$G$3965:$K$8277,4,FALSE)","v":39847.040000000001},51269,102538,"Si",102538,null,null,"No se calculó cantidad para este ítem. Se solicita confirmar que este íem no aplica.",1,2,"12 HAT109 ","22 HAT109 ",{"$f":"VLOOKUP(B452,'Listado Ins Ana'!$G$3966:$J$100621,4,FALSE)-G452","v":0},null,{"$f":"+'auxiliar capitulos'!$A$40","v":"SUMINISTRO AGUA TRATADA"},{"$f":"VLOOKUP(U452,'auxiliar capitulos'!$A$2:$M$68,13,FALSE)","v":"4.1.2"},78,null,2,null,2]
[514,null,"4.1.3",{"$f":"+'auxiliar capitulos'!$A$41","v":"DESAGUE AGUAS LLUVIAS"},null,null,null,null,null,null,null,null,null,null,null,null,null,null,null,null,{"$f":"+'auxiliar capitulos'!$A$41","v":"DESAGUE AGUAS LLUVIAS"},{"$f":"VLOOKUP(U453,'auxiliar capitulos'!$A$2:$M$68,13,FALSE)","v":"4.1.3"},{"$f":"IF(E453=\"\",\"\",IF(E656=\"\",1,W656+1))","v":""},null,0]
[515,3048,"4.1.3.1"," TUBERIA PVC EXT CORRUGADO/INT LISO-1 D=8   (INCLUYE SUMINISTRO E INSTALACIÓN) ","M",{"$f":"+Y454","v":33},{"$f":"VLOOKUP($B454,'Listado Ins Ana'!$G$3965:$K$8277,4,FALSE)","v":338191},{"$f":"ROUND(G454*(1+$F$867),0)","v":435130},{"$f":"ROUND(H454*F454,0)","v":14359290},"Si",{"$f":"+I454","v":14359290},null,null,"No se calculó cantidad para este ítem. Se solicita confirmar que este íem no aplica.",1,3,"133048","233048",{"$f":"VLOOKUP(B454,'Listado Ins Ana'!$G7716:$J101004,4,FALSE)-G454","v":{"$error":"#N/A"}},null,{"$f":"+'auxiliar capitulos'!$A$41","v":"DESAGUE AGUAS LLUVIAS"},{"$f":"VLOOKUP(U454,'auxiliar capitulos'!$A$2:$M$68,13,FALSE)","v":"4.1.3"},{"$f":"IF(E454=\"\",\"\",IF(E453=\"\",1,W453+1))","v":1},null,33,4.4000000000000004,28.6]
[516,4143,"4.1.3.2"," TUBERÍA PVC-SANITARÍA (PVC-S) D=4   (INCLUYE SUMINISTRO E INSTALACION) ","M",{"$f":"+Y455","v":254.15},{"$f":"VLOOKUP($B455,'Listado Ins Ana'!$G$3965:$K$8277,4,FALSE)","v":31808},40925,10401089,"Si",10401089,null,null,"No se calculó cantidad para este ítem. Se solicita confirmar que este íem no aplica.",1,3,"134143","234143",{"$f":"VLOOKUP(B455,'Listado Ins Ana'!$G7716:$J101005,4,FALSE)-G455","v":{"$error":"#N/A"}},null,{"$f":"+'auxiliar capitulos'!$A$41","v":"DESAGUE AGUAS LLUVIAS"},{"$f":"VLOOKUP(U455,'auxiliar capitulos'!$A$2:$M$68,13,FALSE)","v":"4.1.3"},2,null,254.15,null,254.15]
[517,4144,"4.1.3.3"," TUBERÍA PVC-SANITARÍA (PVC-S) D=6   (INCLUYE SUMINISTRO E INSTALACION) ","M",399.48520000000002,{"$f":"VLOOKUP($B456,'Listado Ins Ana'!$G$3965:$K$8277,4,FALSE)","v":64731},83285,33271125,"Si",33271125,null,null,"No se calculó cantidad para este ítem. Se solicita confirmar que este íem no aplica.",1,3,"134144","234144",{"$f":"VLOOKUP(B456,'Listado Ins Ana'!$G7716:$J101006,4,FALSE)-G456","v":{"$error":"#N/A"}},null,{"$f":"+'auxiliar capitulos'!$A$41","v":"DESAGUE AGUAS LLUVIAS"},{"$f":"VLOOKUP(U456,'auxiliar capitulos'!$A$2:$M$68,13,FALSE)","v":"4.1.3"},3,null,399.48520000000002,134.62520000000001,264.86]
[518," HAL002 ","4.1.3.4"," TRAGANTE AGUAS LLUVIAS D=6   ","UN",24,{"$f":"VLOOKUP($B457,'Listado Ins Ana'!$G$3965:$K$8277,4,FALSE)","v":4000},5147,123528,"Si",123528,null,null,"No se calculó cantidad para este ítem. Se solicita confirmar que este íem no aplica.",1,3,"13 HAL002 ","23 HAL002 ",{"$f":"VLOOKUP(B457,'Listado Ins Ana'!$G7716:$J101007,4,FALSE)-G457","v":0},null,{"$f":"+'auxiliar capitulos'!$A$41","v":"DESAGUE AGUAS LLUVIAS"},{"$f":"VLOOKUP(U457,'auxiliar capitulos'!$A$2:$M$68,13,FALSE)","v":"4.1.3"},4,null,24,8,16]
[519," HAN014 ","4.1.3.5"," CODO PVC SANITARIO D=4   CXC (INCLUYE SUMINISTRO E INSTALACIÓN, SOLDADURA) ","UN",31,{"$f":"VLOOKUP($B458,'Listado Ins Ana'!$G$3965:$K$8277,4,FALSE)","v":27245.11},35055,1086705,"Si",1086705,null,null,"No se calculó cantidad para este ítem. Se solicita confirmar que este íem no aplica.",1,3,"13 HAN014 ","23 HAN014 ",{"$f":"VLOOKUP(B458,'Listado Ins Ana'!$G$3966:$J$100621,4,FALSE)-G458","v":0},null,{"$f":"+'auxiliar capitulos'!$A$41","v":"DESAGUE AGUAS LLUVIAS"},{"$f":"VLOOKUP(U458,'auxiliar capitulos'!$A$2:$M$68,13,FALSE)","v":"4.1.3"},5,null,31,null,31]
[520," HAL003 ","4.1.3.6"," CODO PVC SANITARIO D=6   CXC (INCLUYE SUMINISTRO E INSTALACIÓN, SOLDADURA) ","UN",108,{"$f":"VLOOKUP($B459,'Listado Ins Ana'!$G$3965:$K$8277,4,FALSE)","v":95304.1},122622,13243176,"Si",13243176,null,null,"No se calculó cantidad para este ítem. Se solicita confirmar que este íem no aplica.",1,3,"13 HAL003 ","23 HAL003 ",{"$f":"VLOOKUP(B459,'Listado Ins Ana'!$G7716:$J101009,4,FALSE)-G459","v":0},null,{"$f":"+'auxiliar capitulos'!$A$41","v":"DESAGUE AGUAS LLUVIAS"},{"$f":"VLOOKUP(U459,'auxiliar capitulos'!$A$2:$M$68,13,FALSE)","v":"4.1.3"},6,null,108,36,72]
[521,6542,"4.1.3.7"," CODO PVC SANITARIO D=6   CXE (INCLUYE SUMINISTRO E INSTALACIÓN, SOLDADURA) ","UN",10,{"$f":"VLOOKUP($B460,'Listado Ins Ana'!$G$3965:$K$8277,4,FALSE)","v":61120},78639,786390,"Si",786390,null,null,"No se calculó cantidad para este ítem. Se solicita confirmar que este íem no aplica.",1,3,"136542","236542",{"$f":"VLOOKUP(B460,'Listado Ins Ana'!$G7716:$J101010,4,FALSE)-G460","v":{"$error":"#N/A"}},null,{"$f":"+'auxiliar capitulos'!$A$41","v":"DESAGUE AGUAS LLUVIAS"},{"$f":"VLOOKUP(U460,'auxiliar capitulos'!$A$2:$M$68,13,FALSE)","v":"4.1.3"},7,null,10,4,6]
[522,5080,"4.1.3.8"," YEE PVC SANITARIO D=4   (INCLUYE SUMINISTRO E INSTALACIÓN, SOLDADURA) ","UN",33,{"$f":"VLOOKUP($B461,'Listado Ins Ana'!$G$3965:$K$8277,4,FALSE)","v":31779},40888,1349304,"Si",1349304,null,null,"No se calculó cantidad para este ítem. Se solicita confirmar que este íem no aplica.",1,3,"135080","235080",{"$f":"VLOOKUP(B461,'Listado Ins Ana'!$G$3966:$J$100621,4,FALSE)-G461","v":0},null,{"$f":"+'auxiliar capitulos'!$A$41","v":"DESAGUE AGUAS LLUVIAS"},{"$f":"VLOOKUP(U461,'auxiliar capitulos'!$A$2:$M$68,13,FALSE)","v":"4.1.3"},8,null,33,null,32,null,null,null,null,null,null,null,null,null,null,null,null,null,null,null,null,null,null,null,null,null,null,null,null,null,null,null,null,null,null,null,null,null,null,null,null,null,null,null,null,null,null,null,null,null,null,null,null,null,1]
[523," HAL004 ","4.1.3.9"," YEE PVC SANITARIO ° D=6   (INCLUYE SUMINISTRO E INSTALACIÓN, SOLDADURA) ","UN",19,{"$f":"VLOOKUP($B462,'Listado Ins Ana'!$G$3965:$K$8277,4,FALSE)","v":212515.37},273431,5195189,"Si",5195189,null,null,"No se calculó cantidad para este ítem. Se solicita confirmar que este íem no aplica.",1,3,"13 HAL004 ","23 HAL004 ",{"$f":"VLOOKUP(B462,'Listado Ins Ana'!$G7716:$J101012,4,FALSE)-G462","v":0},null,{"$f":"+'auxiliar capitulos'!$A$41","v":"DESAGUE AGUAS LLUVIAS"},{"$f":"VLOOKUP(U462,'auxiliar capitulos'!$A$2:$M$68,13,FALSE)","v":"4.1.3"},9,null,19,6,13]
[524,null,{"$f":"IF(W463=\"\",V463,CONCATENATE(V463,\".\",W463))","v":"4.1.4"},{"$f":"+'auxiliar capitulos'!$A$42","v":"DESAGUE AGUAS SERVIDAS"},null,null,null,null,null,null,null,null,null,null,null,null,null,null,null,null,{"$f":"+'auxiliar capitulos'!$A$42","v":"DESAGUE AGUAS SERVIDAS"},{"$f":"VLOOKUP(U463,'auxiliar capitulos'!$A$2:$M$68,13,FALSE)","v":"4.1.4"},{"$f":"IF(E463=\"\",\"\",IF(E460=\"\",1,W460+1))","v":""},null,{"$f":"SUM(Z463:CJ463)","v":0}]
[525,3048,"4.1.4.1"," TUBERIA PVC EXT CORRUGADO/INT LISO-1 D=8   (INCLUYE SUMINISTRO E INSTALACIÓN) ","M",{"$f":"+Y464","v":152.03658000000001},{"$f":"VLOOKUP($B464,'Listado Ins Ana'!$G$3965:$K$8277,4,FALSE)","v":338191},{"$f":"ROUND(G464*(1+$F$867),0)","v":435130},{"$f":"ROUND(H464*F464,0)","v":66155677},"Si",{"$f":"+I464","v":66155677},null,null,"No se calculó cantidad para este ítem. Se solicita confirmar que este íem no aplica.",1,4,"143048","243048",{"$f":"VLOOKUP(B464,'Listado Ins Ana'!$G$3966:$J$100621,4,FALSE)-G464","v":0},null,{"$f":"+'auxiliar capitulos'!$A$42","v":"DESAGUE AGUAS SERVIDAS"},{"$f":"VLOOKUP(U464,'auxiliar capitulos'!$A$2:$M$68,13,FALSE)","v":"4.1.4"},{"$f":"IF(E464=\"\",\"\",IF(E463=\"\",1,W463+1))","v":1},null,152.03658000000001,75.486580000000004,76.55]
[526," HAN001 ","4.1.4.2"," TUBERÍA PVC-LIVIANA (PVC-L) D=2   (INCLUYE SUMINISTRO E INSTALACION) ","M",23.99512,{"$f":"VLOOKUP($B465,'Listado Ins Ana'!$G$3965:$K$8277,4,FALSE)","v":116344.27},149693,3591901,"Si",3591901,null,null,"No se calculó cantidad para este ítem. Se solicita confirmar que este íem no aplica.",1,4,"14 HAN001 ","24 HAN001 ",{"$f":"VLOOKUP(B465,'Listado Ins Ana'!$G7716:$J101188,4,FALSE)-G465","v":0},null,{"$f":"+'auxiliar capitulos'!$A$42","v":"DESAGUE AGUAS SERVIDAS"},{"$f":"VLOOKUP(U465,'auxiliar capitulos'!$A$2:$M$68,13,FALSE)","v":"4.1.4"},2,null,23.99512,6.8251200000000001,17.170000000000002]
[527," HAN002 ","4.1.4.3"," TUBERÍA PVC-LIVIANA (PVC-L) D=4   (INCLUYE SUMINISTRO E INSTALACION) ","M",107.07908,{"$f":"VLOOKUP($B466,'Listado Ins Ana'!$G$3965:$K$8277,4,FALSE)","v":239995.43},308788,33064735,"Si",33064735,null,null,"No se calculó cantidad para este ítem. Se solicita confirmar que este íem no aplica.",1,4,"14 HAN002 ","24 HAN002 ",{"$f":"VLOOKUP(B466,'Listado Ins Ana'!$G7716:$J101189,4,FALSE)-G466","v":0},null,{"$f":"+'auxiliar capitulos'!$A$42","v":"DESAGUE AGUAS SERVIDAS"},{"$f":"VLOOKUP(U466,'auxiliar capitulos'!$A$2:$M$68,13,FALSE)","v":"4.1.4"},3,null,107.07908,42.419080000000001,64.66]
[528,5073,"4.1.4.4"," TUBERÍA PVC-SANITARÍA (PVC-S) D=2   (INCLUYE SUMINISTRO E INSTALACION) ","M",228.75785999999999,{"$f":"VLOOKUP($B467,'Listado Ins Ana'!$G$3965:$K$8277,4,FALSE)","v":15664},20154,4610386,"Si",4610386,null,null,"No se calculó cantidad para este ítem. Se solicita confirmar que este íem no aplica.",1,4,"145073","245073",{"$f":"VLOOKUP(B467,'Listado Ins Ana'!$G7716:$J101190,4,FALSE)-G467","v":{"$error":"#N/A"}},null,{"$f":"+'auxiliar capitulos'!$A$42","v":"DESAGUE AGUAS SERVIDAS"},{"$f":"VLOOKUP(U467,'auxiliar capitulos'!$A$2:$M$68,13,FALSE)","v":"4.1.4"},4,null,228.75785999999999,127.32786,101.43]
[529,5461,"4.1.4.5"," TUBERÍA PVC-SANITARÍA (PVC-S) D=3   (INCLUYE SUMINISTRO E INSTALACION) ","M",211.56621000000001,{"$f":"VLOOKUP($B468,'Listado Ins Ana'!$G$3965:$K$8277,4,FALSE)","v":22135},28480,6025406,"Si",6025406,null,null,"No se calculó cantidad para este ítem. Se solicita confirmar que este íem no aplica.",1,4,"145461","245461",{"$f":"VLOOKUP(B468,'Listado Ins Ana'!$G$3966:$J$100621,4,FALSE)-G468","v":0},null,{"$f":"+'auxiliar capitulos'!$A$42","v":"DESAGUE AGUAS SERVIDAS"},{"$f":"VLOOKUP(U468,'auxiliar capitulos'!$A$2:$M$68,13,FALSE)","v":"4.1.4"},5,null,211.56621000000001,87.026210000000006,124.54]
[530,4143,"4.1.4.6"," TUBERÍA PVC-SANITARÍA (PVC-S) D=4   (INCLUYE SUMINISTRO E INSTALACION) ","M",305.40613000000002,{"$f":"VLOOKUP($B469,'Listado Ins Ana'!$G$3965:$K$8277,4,FALSE)","v":31808},40925,12498746,"Si",12498746,null,null,"No se calculó cantidad para este ítem. Se solicita confirmar que este íem no aplica.",1,4,"144143","244143",{"$f":"VLOOKUP(B469,'Listado Ins Ana'!$G$3966:$J$100621,4,FALSE)-G469","v":0},null,{"$f":"+'auxiliar capitulos'!$A$42","v":"DESAGUE AGUAS SERVIDAS"},{"$f":"VLOOKUP(U469,'auxiliar capitulos'!$A$2:$M$68,13,FALSE)","v":"4.1.4"},6,null,305.40613000000002,98.886129999999994,206.52]
[531,4144,"4.1.4.7"," TUBERÍA PVC-SANITARÍA (PVC-S) D=6   (INCLUYE SUMINISTRO E INSTALACION) ","M",1.3246599999999999,{"$f":"VLOOKUP($B470,'Listado Ins Ana'!$G$3965:$K$8277,4,FALSE)","v":64731},83285,110324,"Si",110324,null,null,"No se calculó cantidad para este ítem. Se solicita confirmar que este íem no aplica.",1,4,"144144","244144",{"$f":"VLOOKUP(B470,'Listado Ins Ana'!$G7716:$J101193,4,FALSE)-G470","v":{"$error":"#N/A"}},null,{"$f":"+'auxiliar capitulos'!$A$42","v":"DESAGUE AGUAS SERVIDAS"},{"$f":"VLOOKUP(U470,'auxiliar capitulos'!$A$2:$M$68,13,FALSE)","v":"4.1.4"},7,null,1.3246599999999999,1.3246599999999999]
[532,7632,"4.1.4.8"," TUBERIA PVC-PRESION (PVC-P) D=1 1/4   RDE 21  (INCLUYE SUMINISTRO E INSTALACIÓN) ","M",3.2648000000000001,{"$f":"VLOOKUP($B471,'Listado Ins Ana'!$G$3965:$K$8277,4,FALSE)","v":12729},16378,53471,"Si",53471,null,null,"No se calculó cantidad para este ítem. Se solicita confirmar que este íem no aplica.",1,4,{"$f":"CONCATENATE(Z$11,$P471,$B471)","v":"147632"},{"$f":"CONCATENATE(AA$11,$P471,$B471)","v":"247632"},{"$f":"VLOOKUP(B471,'Listado Ins Ana'!$G7716:$J101194,4,FALSE)-G471","v":{"$error":"#N/A"}},null,{"$f":"+'auxiliar capitulos'!$A$42","v":"DESAGUE AGUAS SERVIDAS"},{"$f":"VLOOKUP(U471,'auxiliar capitulos'!$A$2:$M$68,13,FALSE)","v":"4.1.4"},8,null,3.2648000000000001,3.2648000000000001]
[533," HAN004 ","4.1.4.9"," SIFÓN DE PISO 2   ","UN",56,{"$f":"VLOOKUP($B472,'Listado Ins Ana'!$G$3965:$K$8277,4,FALSE)","v":12490.39},16071,899976,"Si",899976,null,null,"No se calculó cantidad para este ítem. Se solicita confirmar que este íem no aplica.",1,4,"14 HAN004 ","24 HAN004 ",{"$f":"VLOOKUP(B472,'Listado Ins Ana'!$G7716:$J101195,4,FALSE)-G472","v":0},null,{"$f":"+'auxiliar capitulos'!$A$42","v":"DESAGUE AGUAS SERVIDAS"},{"$f":"VLOOKUP(U472,'auxiliar capitulos'!$A$2:$M$68,13,FALSE)","v":"4.1.4"},9,null,56,29,27]
[534," HAN005 ","4.1.4.10"," SIFÓN DE PISO 3   ","UN",29,{"$f":"VLOOKUP($B473,'Listado Ins Ana'!$G$3965:$K$8277,4,FALSE)","v":21127.98},27184,788336,"Si",788336,null,null,"No se calculó cantidad para este ítem. Se solicita confirmar que este íem no aplica.",1,4,"14 HAN005 ","24 HAN005 ",{"$f":"VLOOKUP(B473,'Listado Ins Ana'!$G7716:$J101196,4,FALSE)-G473","v":0},null,{"$f":"+'auxiliar capitulos'!$A$42","v":"DESAGUE AGUAS SERVIDAS"},{"$f":"VLOOKUP(U473,'auxiliar capitulos'!$A$2:$M$68,13,FALSE)","v":"4.1.4"},10,null,29,10,19]
[535," HAN003 ","4.1.4.11"," VÁLVULA MINIVENT 2   ","UN",21,{"$f":"VLOOKUP($B474,'Listado Ins Ana'!$G$3965:$K$8277,4,FALSE)","v":4000},5147,108087,"Si",108087,null,null,"No se calculó cantidad para este ítem. Se solicita confirmar que este íem no aplica.",1,4,"14 HAN003 ","24 HAN003 ",{"$f":"VLOOKUP(B474,'Listado Ins Ana'!$G7716:$J101197,4,FALSE)-G474","v":0},null,{"$f":"+'auxiliar capitulos'!$A$42","v":"DESAGUE AGUAS SERVIDAS"},{"$f":"VLOOKUP(U474,'auxiliar capitulos'!$A$2:$M$68,13,FALSE)","v":"4.1.4"},11,null,21,6,15]
[536," HAN006 ","4.1.4.12"," ADAPTADOR DE LIMPIEZA PVC SANITARIO D=2   (INCLUYE SUMINISTRO E INSTALACIÓN, SOLDADURA) ","UN",2,{"$f":"VLOOKUP($B475,'Listado Ins Ana'!$G$3965:$K$8277,4,FALSE)","v":11269.51},14500,29000,"Si",29000,null,null,"No se calculó cantidad para este ítem. Se solicita confirmar que este íem no aplica.",1,4,"14 HAN006 ","24 HAN006 ",{"$f":"VLOOKUP(B475,'Listado Ins Ana'!$G7716:$J101198,4,FALSE)-G475","v":0},null,{"$f":"+'auxiliar capitulos'!$A$42","v":"DESAGUE AGUAS SERVIDAS"},{"$f":"VLOOKUP(U475,'auxiliar capitulos'!$A$2:$M$68,13,FALSE)","v":"4.1.4"},12,null,2,2]
[537," HAN007 ","4.1.4.13"," ADAPTADOR DE LIMPIEZA PVC SANITARIO D=4   (INCLUYE SUMINISTRO E INSTALACIÓN, SOLDADURA) ","UN",8,{"$f":"VLOOKUP($B476,'Listado Ins Ana'!$G$3965:$K$8277,4,FALSE)","v":4000},5147,41176,"Si",41176,null,null,"No se calculó cantidad para este ítem. Se solicita confirmar que este íem no aplica.",1,4,"14 HAN007 ","24 HAN007 ",{"$f":"VLOOKUP(B476,'Listado Ins Ana'!$G7716:$J101199,4,FALSE)-G476","v":0},null,{"$f":"+'auxiliar capitulos'!$A$42","v":"DESAGUE AGUAS SERVIDAS"},{"$f":"VLOOKUP(U476,'auxiliar capitulos'!$A$2:$M$68,13,FALSE)","v":"4.1.4"},13,null,8,6,2]
[538,8530,"4.1.4.14"," BUJE PVC SANITARIO D=6x4   (INCLUYE SUMINISTRO E INSTALACIÓN, SOLDADURA) ","UN",1,{"$f":"VLOOKUP($B477,'Listado Ins Ana'!$G$3965:$K$8277,4,FALSE)","v":39068},50266,50266,"Si",50266,null,null,"No se calculó cantidad para este ítem. Se solicita confirmar que este íem no aplica.",1,4,"148530","248530",{"$f":"VLOOKUP(B477,'Listado Ins Ana'!$G7716:$J101200,4,FALSE)-G477","v":{"$error":"#N/A"}},null,{"$f":"+'auxiliar capitulos'!$A$42","v":"DESAGUE AGUAS SERVIDAS"},{"$f":"VLOOKUP(U477,'auxiliar capitulos'!$A$2:$M$68,13,FALSE)","v":"4.1.4"},14,null,1,1]
[539," HAN009 ","4.1.4.15"," BUJE PVC SANITARIO D=8x4   (INCLUYE SUMINISTRO E INSTALACIÓN, SOLDADURA) ","UN",1,{"$f":"VLOOKUP($B478,'Listado Ins Ana'!$G$3965:$K$8277,4,FALSE)","v":215265.69},276969,276969,"Si",276969,null,null,"No se calculó cantidad para este ítem. Se solicita confirmar que este íem no aplica.",1,4,"14 HAN009 ","24 HAN009 ",{"$f":"VLOOKUP(B478,'Listado Ins Ana'!$G7716:$J101201,4,FALSE)-G478","v":0},null,{"$f":"+'auxiliar capitulos'!$A$42","v":"DESAGUE AGUAS SERVIDAS"},{"$f":"VLOOKUP(U478,'auxiliar capitulos'!$A$2:$M$68,13,FALSE)","v":"4.1.4"},15,null,1,1]
[540," HAN010 ","4.1.4.16"," BUJE PVC SANITARIO D=8x6   (INCLUYE SUMINISTRO E INSTALACIÓN, SOLDADURA) ","UN",5,{"$f":"VLOOKUP($B479,'Listado Ins Ana'!$G$3965:$K$8277,4,FALSE)","v":174638.61},224697,1123485,"Si",1123485,null,null,"No se calculó cantidad para este ítem. Se solicita confirmar que este íem no aplica.",1,4,"14 HAN010 ","24 HAN010 ",{"$f":"VLOOKUP(B479,'Listado Ins Ana'!$G7716:$J101202,4,FALSE)-G479","v":0},null,{"$f":"+'auxiliar capitulos'!$A$42","v":"DESAGUE AGUAS SERVIDAS"},{"$f":"VLOOKUP(U479,'auxiliar capitulos'!$A$2:$M$68,13,FALSE)","v":"4.1.4"},16,null,5,5]
[541," HAP041 ","4.1.4.17"," BUJE SOLDADO ","UN",6,{"$f":"VLOOKUP($B480,'Listado Ins Ana'!$G$3965:$K$8277,4,FALSE)","v":4000},5147,30882,"Si",30882,null,null,"No se calculó cantidad para este ítem. Se solicita confirmar que este íem no aplica.",1,4,"14 HAP041 ","24 HAP041 ",{"$f":"VLOOKUP(B480,'Listado Ins Ana'!$G7716:$J101203,4,FALSE)-G480","v":0},null,{"$f":"+'auxiliar capitulos'!$A$42","v":"DESAGUE AGUAS SERVIDAS"},{"$f":"VLOOKUP(U480,'auxiliar capitulos'!$A$2:$M$68,13,FALSE)","v":"4.1.4"},17,null,6,6]
[542," HAN011 ","4.1.4.18"," CODO PVC SANITARIO D=1 1/4   CXC (INCLUYE SUMINISTRO E INSTALACIÓN, SOLDADURA) ","UN",53,{"$f":"VLOOKUP($B481,'Listado Ins Ana'!$G$3965:$K$8277,4,FALSE)","v":25682.99},33045,1751385,"Si",1751385,null,null,"No se calculó cantidad para este ítem. Se solicita confirmar que este íem no aplica.",1,4,"14 HAN011 ","24 HAN011 ",{"$f":"VLOOKUP(B481,'Listado Ins Ana'!$G7716:$J101204,4,FALSE)-G481","v":0},null,{"$f":"+'auxiliar capitulos'!$A$42","v":"DESAGUE AGUAS SERVIDAS"},{"$f":"VLOOKUP(U481,'auxiliar capitulos'!$A$2:$M$68,13,FALSE)","v":"4.1.4"},18,null,53,6,47]
[543," HAN012 ","4.1.4.19"," CODO PVC SANITARIO D=2   CXC (INCLUYE SUMINISTRO E INSTALACIÓN, SOLDADURA) ","UN",180,{"$f":"VLOOKUP($B482,'Listado Ins Ana'!$G$3965:$K$8277,4,FALSE)","v":10141.67},13049,2348820,"Si",2348820,null,null,"No se calculó cantidad para este ítem. Se solicita confirmar que este íem no aplica.",1,4,"14 HAN012 ","24 HAN012 ",{"$f":"VLOOKUP(B482,'Listado Ins Ana'!$G7716:$J101205,4,FALSE)-G482","v":0},null,{"$f":"+'auxiliar capitulos'!$A$42","v":"DESAGUE AGUAS SERVIDAS"},{"$f":"VLOOKUP(U482,'auxiliar capitulos'!$A$2:$M$68,13,FALSE)","v":"4.1.4"},19,null,180,73,107]
[544," HAN013 ","4.1.4.20"," CODO PVC SANITARIO D=3   CXC (INCLUYE SUMINISTRO E INSTALACIÓN, SOLDADURA) ","UN",70,{"$f":"VLOOKUP($B483,'Listado Ins Ana'!$G$3965:$K$8277,4,FALSE)","v":16837.8},21664,1516480,"Si",1516480,null,null,"No se calculó cantidad para este ítem. Se solicita confirmar que este íem no aplica.",1,4,"14 HAN013 ","24 HAN013 ",{"$f":"VLOOKUP(B483,'Listado Ins Ana'!$G7716:$J101206,4,FALSE)-G483","v":0},null,{"$f":"+'auxiliar capitulos'!$A$42","v":"DESAGUE AGUAS SERVIDAS"},{"$f":"VLOOKUP(U483,'auxiliar capitulos'!$A$2:$M$68,13,FALSE)","v":"4.1.4"},20,null,70,22,48]
[545," HAN014 ","4.1.4.21"," CODO PVC SANITARIO D=4   CXC (INCLUYE SUMINISTRO E INSTALACIÓN, SOLDADURA) ","UN",135,{"$f":"VLOOKUP($B484,'Listado Ins Ana'!$G$3965:$K$8277,4,FALSE)","v":27245.11},35055,4732425,"Si",4732425,null,null,"No se calculó cantidad para este ítem. Se solicita confirmar que este íem no aplica.",1,4,"14 HAN014 ","24 HAN014 ",{"$f":"VLOOKUP(B484,'Listado Ins Ana'!$G$3966:$J$100621,4,FALSE)-G484","v":0},null,{"$f":"+'auxiliar capitulos'!$A$42","v":"DESAGUE AGUAS SERVIDAS"},{"$f":"VLOOKUP(U484,'auxiliar capitulos'!$A$2:$M$68,13,FALSE)","v":"4.1.4"},21,null,135,47,88]
[546,5076,"4.1.4.22"," CODO PVC SANITARIO D=4   CXE (INCLUYE SUMINISTRO E INSTALACIÓN, SOLDADURA) ","UN",160,{"$f":"VLOOKUP($B485,'Listado Ins Ana'!$G$3965:$K$8277,4,FALSE)","v":19324},24863,3978080,"Si",3978080,null,null,"No se calculó cantidad para este ítem. Se solicita confirmar que este íem no aplica.",1,4,"145076","245076",{"$f":"VLOOKUP(B485,'Listado Ins Ana'!$G7716:$J101208,4,FALSE)-G485","v":{"$error":"#N/A"}},null,{"$f":"+'auxiliar capitulos'!$A$42","v":"DESAGUE AGUAS SERVIDAS"},{"$f":"VLOOKUP(U485,'auxiliar capitulos'!$A$2:$M$68,13,FALSE)","v":"4.1.4"},22,null,160,53,47,60]
[547," HAL003 ","4.1.4.23"," CODO PVC SANITARIO D=6   CXC (INCLUYE SUMINISTRO E INSTALACIÓN, SOLDADURA) ","UN",4,{"$f":"VLOOKUP($B486,'Listado Ins Ana'!$G$3965:$K$8277,4,FALSE)","v":95304.1},122622,490488,"Si",490488,null,null,"No se calculó cantidad para este ítem. Se solicita confirmar que este íem no aplica.",1,4,"14 HAL003 ","24 HAL003 ",{"$f":"VLOOKUP(B486,'Listado Ins Ana'!$G7716:$J101209,4,FALSE)-G486","v":0},null,{"$f":"+'auxiliar capitulos'!$A$42","v":"DESAGUE AGUAS SERVIDAS"},{"$f":"VLOOKUP(U486,'auxiliar capitulos'!$A$2:$M$68,13,FALSE)","v":"4.1.4"},23,null,4,4]
[548,5160,"4.1.4.24"," PUNTO SANITARIO 2   PARA LAVAMANOS, LAVAPLATOS, ORINALES Y POCETA ","UN",111,{"$f":"VLOOKUP($B487,'Listado Ins Ana'!$G$3965:$K$8277,4,FALSE)","v":58031},74665,8287815,"Si",8287815,null,null,"No se calculó cantidad para este ítem. Se solicita confirmar que este íem no aplica.",1,4,"145160","245160",{"$f":"VLOOKUP(B487,'Listado Ins Ana'!$G7716:$J101210,4,FALSE)-G487","v":{"$error":"#N/A"}},null,{"$f":"+'auxiliar capitulos'!$A$42","v":"DESAGUE AGUAS SERVIDAS"},{"$f":"VLOOKUP(U487,'auxiliar capitulos'!$A$2:$M$68,13,FALSE)","v":"4.1.4"},24,null,111,55,56]
[549," HAN017 ","4.1.4.25"," PUNTO SANITARIO 3   PARA SIFONES DE PISO ","UN",32,{"$f":"VLOOKUP($B488,'Listado Ins Ana'!$G$3965:$K$8277,4,FALSE)","v":15175},19525,624800,"Si",624800,null,null,"No se calculó cantidad para este ítem. Se solicita confirmar que este íem no aplica.",1,4,"14 HAN017 ","24 HAN017 ",{"$f":"VLOOKUP(B488,'Listado Ins Ana'!$G7716:$J101211,4,FALSE)-G488","v":0},null,{"$f":"+'auxiliar capitulos'!$A$42","v":"DESAGUE AGUAS SERVIDAS"},{"$f":"VLOOKUP(U488,'auxiliar capitulos'!$A$2:$M$68,13,FALSE)","v":"4.1.4"},25,null,32,10,22]
[550,5082,"4.1.4.26"," PUNTO SANITARIO 4   PARA FLUXOMETRO ","UN",39,{"$f":"VLOOKUP($B489,'Listado Ins Ana'!$G$3965:$K$8277,4,FALSE)","v":83348},107239,4182321,"Si",4182321,null,null,"No se calculó cantidad para este ítem. Se solicita confirmar que este íem no aplica.",1,4,"145082","245082",{"$f":"VLOOKUP(B489,'Listado Ins Ana'!$G7716:$J101212,4,FALSE)-G489","v":{"$error":"#N/A"}},null,{"$f":"+'auxiliar capitulos'!$A$42","v":"DESAGUE AGUAS SERVIDAS"},{"$f":"VLOOKUP(U489,'auxiliar capitulos'!$A$2:$M$68,13,FALSE)","v":"4.1.4"},26,null,39,16,23]
[551," HAN019 ","4.1.4.27"," TEE SENCILLA PVC PRESION D=1 1/4 (INCLUYE SUMINISTRO E INSTALACIÓN, SOLDADURA) ","UN",2,{"$f":"+G367","v":15216.92},19579,39158,"Si",39158,null,null,"No se calculó cantidad para este ítem. Se solicita confirmar que este íem no aplica.",1,4,"14 HAN019 ","24 HAN019 ",{"$f":"VLOOKUP(B490,'Listado Ins Ana'!$G$3966:$J$100621,4,FALSE)-G490","v":{"$error":"#N/A"}},null,{"$f":"+'auxiliar capitulos'!$A$42","v":"DESAGUE AGUAS SERVIDAS"},{"$f":"VLOOKUP(U490,'auxiliar capitulos'!$A$2:$M$68,13,FALSE)","v":"4.1.4"},27,null,2,2]
[552," HAN020 ","4.1.4.28"," UNIÓN PVC SANITARIO D=4   (INCLUYE SUMINISTRO E INSTALACIÓN, SOLDADURA) ","UN",2,{"$f":"VLOOKUP($B491,'Listado Ins Ana'!$G$3965:$K$8277,4,FALSE)","v":17001.61},21875,43750,"Si",43750,null,null,"No se calculó cantidad para este ítem. Se solicita confirmar que este íem no aplica.",1,4,"14 HAN020 ","24 HAN020 ",{"$f":"VLOOKUP(B491,'Listado Ins Ana'!$G$3966:$J$100621,4,FALSE)-G491","v":0},null,{"$f":"+'auxiliar capitulos'!$A$42","v":"DESAGUE AGUAS SERVIDAS"},{"$f":"VLOOKUP(U491,'auxiliar capitulos'!$A$2:$M$68,13,FALSE)","v":"4.1.4"},28,null,2,2]
[553," HAN028 ","4.1.4.29"," VÁLVULA MAXIVENT 4   ","UN",1,{"$f":"VLOOKUP($B492,'Listado Ins Ana'!$G$3965:$K$8277,4,FALSE)","v":4000},5147,5147,"Si",5147,null,null,"No se calculó cantidad para este ítem. Se solicita confirmar que este íem no aplica.",1,4,"14 HAN028 ","24 HAN028 ",{"$f":"VLOOKUP(B492,'Listado Ins Ana'!$G$3966:$J$100621,4,FALSE)-G492","v":0},null,{"$f":"+'auxiliar capitulos'!$A$42","v":"DESAGUE AGUAS SERVIDAS"},{"$f":"VLOOKUP(U492,'auxiliar capitulos'!$A$2:$M$68,13,FALSE)","v":"4.1.4"},29,null,1,1]
[554,5079,"4.1.4.30"," YEE PVC SANITARIO D=2   (INCLUYE SUMINISTRO E INSTALACIÓN, SOLDADURA) ","UN",56,{"$f":"VLOOKUP($B493,'Listado Ins Ana'!$G$3965:$K$8277,4,FALSE)","v":10646},13698,767088,"Si",767088,null,null,"No se calculó cantidad para este ítem. Se solicita confirmar que este íem no aplica.",1,4,"145079","245079",{"$f":"VLOOKUP(B493,'Listado Ins Ana'!$G$3966:$J$100621,4,FALSE)-G493","v":0},null,{"$f":"+'auxiliar capitulos'!$A$42","v":"DESAGUE AGUAS SERVIDAS"},{"$f":"VLOOKUP(U493,'auxiliar capitulos'!$A$2:$M$68,13,FALSE)","v":"4.1.4"},30,null,56,34,22]
[555," HAN022 ","4.1.4.31"," YEE PVC SANITARIO D=3   (INCLUYE SUMINISTRO E INSTALACIÓN, SOLDADURA) ","UN",19,{"$f":"VLOOKUP($B494,'Listado Ins Ana'!$G$3965:$K$8277,4,FALSE)","v":28209.96},36296,689624,"Si",689624,null,null,"No se calculó cantidad para este ítem. Se solicita confirmar que este íem no aplica.",1,4,"14 HAN022 ","24 HAN022 ",{"$f":"VLOOKUP(B494,'Listado Ins Ana'!$G7716:$J101217,4,FALSE)-G494","v":0},null,{"$f":"+'auxiliar capitulos'!$A$42","v":"DESAGUE AGUAS SERVIDAS"},{"$f":"VLOOKUP(U494,'auxiliar capitulos'!$A$2:$M$68,13,FALSE)","v":"4.1.4"},31,null,19,8,11]
[556," HAN102 ","4.1.4.32"," YEE PVC SANITARIO D=3  x2   (INCLUYE SUMINISTRO E INSTALACIÓN, SOLDADURA) ","UN",7,{"$f":"VLOOKUP($B495,'Listado Ins Ana'!$G$3965:$K$8277,4,FALSE)","v":28174.12},36250,253750,"Si",253750,null,null,"No se calculó cantidad para este ítem. Se solicita confirmar que este íem no aplica.",1,4,"14 HAN102 ","24 HAN102 ",{"$f":"VLOOKUP(B495,'Listado Ins Ana'!$G$3966:$J$100621,4,FALSE)-G495","v":0},null,{"$f":"+'auxiliar capitulos'!$A$42","v":"DESAGUE AGUAS SERVIDAS"},{"$f":"VLOOKUP(U495,'auxiliar capitulos'!$A$2:$M$68,13,FALSE)","v":"4.1.4"},32,null,7,1,6]
[557,5080,"4.1.4.33"," YEE PVC SANITARIO D=4   (INCLUYE SUMINISTRO E INSTALACIÓN, SOLDADURA) ","UN",46,{"$f":"VLOOKUP($B496,'Listado Ins Ana'!$G$3965:$K$8277,4,FALSE)","v":31779},40888,1880848,"Si",1880848,null,null,"No se calculó cantidad para este ítem. Se solicita confirmar que este íem no aplica.",1,4,"145080","245080",{"$f":"VLOOKUP(B496,'Listado Ins Ana'!$G$3966:$J$100621,4,FALSE)-G496","v":0},null,{"$f":"+'auxiliar capitulos'!$A$42","v":"DESAGUE AGUAS SERVIDAS"},{"$f":"VLOOKUP(U496,'auxiliar capitulos'!$A$2:$M$68,13,FALSE)","v":"4.1.4"},33,null,46,20,26]
[558,5159,"4.1.4.34"," YEE PVC SANITARIO D=4  x2   (INCLUYE SUMINISTRO E INSTALACIÓN, SOLDADURA) ","UN",72,{"$f":"VLOOKUP($B497,'Listado Ins Ana'!$G$3965:$K$8277,4,FALSE)","v":27831},35808,2578176,"Si",2578176,null,null,"No se calculó cantidad para este ítem. Se solicita confirmar que este íem no aplica.",1,4,"145159","245159",{"$f":"VLOOKUP(B497,'Listado Ins Ana'!$G7716:$J101220,4,FALSE)-G497","v":{"$error":"#N/A"}},null,{"$f":"+'auxiliar capitulos'!$A$42","v":"DESAGUE AGUAS SERVIDAS"},{"$f":"VLOOKUP(U497,'auxiliar capitulos'!$A$2:$M$68,13,FALSE)","v":"4.1.4"},34,null,72,28,44]
[559,7590,"4.1.4.35"," YEE PVC SANITARIO D=4  x3   (INCLUYE SUMINISTRO E INSTALACIÓN, SOLDADURA) ","UN",11,{"$f":"VLOOKUP($B498,'Listado Ins Ana'!$G$3965:$K$8277,4,FALSE)","v":27831},35808,393888,"Si",393888,null,null,"No se calculó cantidad para este ítem. Se solicita confirmar que este íem no aplica.",1,4,"147590","247590",{"$f":"VLOOKUP(B498,'Listado Ins Ana'!$G$3966:$J$100621,4,FALSE)-G498","v":0},null,{"$f":"+'auxiliar capitulos'!$A$42","v":"DESAGUE AGUAS SERVIDAS"},{"$f":"VLOOKUP(U498,'auxiliar capitulos'!$A$2:$M$68,13,FALSE)","v":"4.1.4"},35,null,11,2,9]
[560," HAN100 ","4.1.4.36"," DOBLE YEE PVC SANITARIO D=3   (INCLUYE SUMINISTRO E INSTALACIÓN, SOLDADURA) ","UN",1,{"$f":"VLOOKUP($B499,'Listado Ins Ana'!$G$3965:$K$8277,4,FALSE)","v":50081.33},64437,64437,"Si",64437,null,null,"No se calculó cantidad para este ítem. Se solicita confirmar que este íem no aplica.",1,4,"14 HAN100 ","24 HAN100 ",{"$f":"VLOOKUP(B499,'Listado Ins Ana'!$G$3966:$J$100621,4,FALSE)-G499","v":0},null,{"$f":"+'auxiliar capitulos'!$A$42","v":"DESAGUE AGUAS SERVIDAS"},{"$f":"VLOOKUP(U499,'auxiliar capitulos'!$A$2:$M$68,13,FALSE)","v":"4.1.4"},36,null,1,null,1]
[561," HAN101 ","4.1.4.37"," DOBLE YEE PVC SANITARIO D=4   (INCLUYE SUMINISTRO E INSTALACIÓN, SOLDADURA) ","UN",1,{"$f":"VLOOKUP($B500,'Listado Ins Ana'!$G$3965:$K$8277,4,FALSE)","v":78830.77},101427,101427,"Si",101427,null,null,"No se calculó cantidad para este ítem. Se solicita confirmar que este íem no aplica.",1,4,"14 HAN101 ","24 HAN101 ",{"$f":"VLOOKUP(B500,'Listado Ins Ana'!$G7716:$J101223,4,FALSE)-G500","v":0},null,{"$f":"+'auxiliar capitulos'!$A$42","v":"DESAGUE AGUAS SERVIDAS"},{"$f":"VLOOKUP(U500,'auxiliar capitulos'!$A$2:$M$68,13,FALSE)","v":"4.1.4"},37,null,1,null,1]
[562,null,{"$f":"IF(W501=\"\",V501,CONCATENATE(V501,\".\",W501))","v":"4.1.5"},{"$f":"+'auxiliar capitulos'!$A$43","v":"EXTINCIÓN DE INCENDIOS - RED RM"},null,null,null,null,null,null,null,null,null,null,null,null,null,null,null,null,{"$f":"+'auxiliar capitulos'!$A$43","v":"EXTINCIÓN DE INCENDIOS - RED RM"},{"$f":"VLOOKUP(U501,'auxiliar capitulos'!$A$2:$M$68,13,FALSE)","v":"4.1.5"},{"$f":"IF(E501=\"\",\"\",IF(#REF!=\"\",1,#REF!+1))","v":""},null,{"$f":"SUM(Z501:CJ501)","v":0}]
[563," HEI004 ","4.1.5.1"," CABEZAL DE DESCARGA 4  x2 1/2  x2 1/2   ","UN",2,485000,{"$f":"ROUND(G502*(1+$F$867),0)","v":624020},{"$f":"ROUND(H502*F502,0)","v":1248040},"Si",{"$f":"+I502","v":1248040},null,null,"No se calculó cantidad para este ítem. Se solicita confirmar que este íem no aplica.",1,5,"15 HEI004 ","25 HEI004 ",{"$f":"VLOOKUP(B502,'Listado Ins Ana'!$G$3966:$J$100621,4,FALSE)-G502","v":{"$error":"#N/A"}},null,{"$f":"+'auxiliar capitulos'!$A$43","v":"EXTINCIÓN DE INCENDIOS - RED RM"},{"$f":"VLOOKUP(U502,'auxiliar capitulos'!$A$2:$M$68,13,FALSE)","v":"4.1.5"},{"$f":"IF(E502=\"\",\"\",IF(E501=\"\",1,W501+1))","v":1},null,2,1,1]
[564," HEI005 ","4.1.5.2"," VÁLVULA SIAMESA 4   ","UN",4,{"$f":"VLOOKUP($B503,'Listado Ins Ana'!$G$3965:$K$8277,4,FALSE)","v":4000},5147,20588,"Si",20588,null,null,"No se calculó cantidad para este ítem. Se solicita confirmar que este íem no aplica.",1,5,"15 HEI005 ","25 HEI005 ",{"$f":"VLOOKUP(B503,'Listado Ins Ana'!$G7716:$J101242,4,FALSE)-G503","v":0},null,{"$f":"+'auxiliar capitulos'!$A$43","v":"EXTINCIÓN DE INCENDIOS - RED RM"},{"$f":"VLOOKUP(U503,'auxiliar capitulos'!$A$2:$M$68,13,FALSE)","v":"4.1.5"},2,null,4,2,2]
[565," HEI006 ","4.1.5.3"," CHEQUE RANURADO 2  x2  x1/4   ","UN",2,{"$f":"VLOOKUP($B504,'Listado Ins Ana'!$G$3965:$K$8277,4,FALSE)","v":4000},5147,10294,"Si",10294,null,null,"No se calculó cantidad para este ítem. Se solicita confirmar que este íem no aplica.",1,5,"15 HEI006 ","25 HEI006 ",{"$f":"VLOOKUP(B504,'Listado Ins Ana'!$G7716:$J101243,4,FALSE)-G504","v":0},null,{"$f":"+'auxiliar capitulos'!$A$43","v":"EXTINCIÓN DE INCENDIOS - RED RM"},{"$f":"VLOOKUP(U504,'auxiliar capitulos'!$A$2:$M$68,13,FALSE)","v":"4.1.5"},3,null,2,1,1]
[566," HEI007 ","4.1.5.4"," CHEQUE RANURADO 4   ","UN",4,{"$f":"VLOOKUP($B505,'Listado Ins Ana'!$G$3965:$K$8277,4,FALSE)","v":107227.34},137963,551852,"Si",551852,null,null,"No se calculó cantidad para este ítem. Se solicita confirmar que este íem no aplica.",1,5,"15 HEI007 ","25 HEI007 ",{"$f":"VLOOKUP(B505,'Listado Ins Ana'!$G7716:$J101244,4,FALSE)-G505","v":0},null,{"$f":"+'auxiliar capitulos'!$A$43","v":"EXTINCIÓN DE INCENDIOS - RED RM"},{"$f":"VLOOKUP(U505,'auxiliar capitulos'!$A$2:$M$68,13,FALSE)","v":"4.1.5"},4,null,4,2,2]
[567," HEI008 ","4.1.5.5"," CHEQUE RANURADO 6   ","UN",2,{"$f":"VLOOKUP($B506,'Listado Ins Ana'!$G$3965:$K$8277,4,FALSE)","v":204041.07},262527,525054,"Si",525054,null,null,"No se calculó cantidad para este ítem. Se solicita confirmar que este íem no aplica.",1,5,"15 HEI008 ","25 HEI008 ",{"$f":"VLOOKUP(B506,'Listado Ins Ana'!$G$3966:$J$100621,4,FALSE)-G506","v":0},null,{"$f":"+'auxiliar capitulos'!$A$43","v":"EXTINCIÓN DE INCENDIOS - RED RM"},{"$f":"VLOOKUP(U506,'auxiliar capitulos'!$A$2:$M$68,13,FALSE)","v":"4.1.5"},5,null,2,1,1]
[568," HEI009 ","4.1.5.6"," VÁLVULA MARIPOSA SUPERVISADA 2   ","UN",4,{"$f":"VLOOKUP($B507,'Listado Ins Ana'!$G$3965:$K$8277,4,FALSE)","v":4000},5147,20588,"Si",20588,null,null,"No se calculó cantidad para este ítem. Se solicita confirmar que este íem no aplica.",1,5,"15 HEI009 ","25 HEI009 ",{"$f":"VLOOKUP(B507,'Listado Ins Ana'!$G$3966:$J$100621,4,FALSE)-G507","v":0},null,{"$f":"+'auxiliar capitulos'!$A$43","v":"EXTINCIÓN DE INCENDIOS - RED RM"},{"$f":"VLOOKUP(U507,'auxiliar capitulos'!$A$2:$M$68,13,FALSE)","v":"4.1.5"},6,null,4,2,2]
[569," HEI010 ","4.1.5.7"," VÁLVULA MARIPOSA SUPERVISADA 4   ","UN",8,{"$f":"VLOOKUP($B508,'Listado Ins Ana'!$G$3965:$K$8277,4,FALSE)","v":4000},5147,41176,"Si",41176,null,null,"No se calculó cantidad para este ítem. Se solicita confirmar que este íem no aplica.",1,5,"15 HEI010 ","25 HEI010 ",{"$f":"VLOOKUP(B508,'Listado Ins Ana'!$G7716:$J101247,4,FALSE)-G508","v":0},null,{"$f":"+'auxiliar capitulos'!$A$43","v":"EXTINCIÓN DE INCENDIOS - RED RM"},{"$f":"VLOOKUP(U508,'auxiliar capitulos'!$A$2:$M$68,13,FALSE)","v":"4.1.5"},7,null,8,4,4]
[570," HEI011 ","4.1.5.8"," VÁLVULA MARIPOSA SUPERVISADA 6   ","UN",2,{"$f":"VLOOKUP($B509,'Listado Ins Ana'!$G$3965:$K$8277,4,FALSE)","v":4000},5147,10294,"Si",10294,null,null,"No se calculó cantidad para este ítem. Se solicita confirmar que este íem no aplica.",1,5,"15 HEI011 ","25 HEI011 ",{"$f":"VLOOKUP(B509,'Listado Ins Ana'!$G7716:$J101248,4,FALSE)-G509","v":0},null,{"$f":"+'auxiliar capitulos'!$A$43","v":"EXTINCIÓN DE INCENDIOS - RED RM"},{"$f":"VLOOKUP(U509,'auxiliar capitulos'!$A$2:$M$68,13,FALSE)","v":"4.1.5"},8,null,2,1,1]
[571," HEI015 ","4.1.5.9"," TUBERÍA ACERO NEGRO RANURADO (A.N) D=4   ","M",163.49831,{"$f":"VLOOKUP($B510,'Listado Ins Ana'!$G$3965:$K$8277,4,FALSE)","v":4000},5147,841526,"Si",841526,null,null,"No se calculó cantidad para este ítem. Se solicita confirmar que este íem no aplica.",1,5,"15 HEI015 ","25 HEI015 ",{"$f":"VLOOKUP(B510,'Listado Ins Ana'!$G7716:$J101249,4,FALSE)-G510","v":0},null,{"$f":"+'auxiliar capitulos'!$A$43","v":"EXTINCIÓN DE INCENDIOS - RED RM"},{"$f":"VLOOKUP(U510,'auxiliar capitulos'!$A$2:$M$68,13,FALSE)","v":"4.1.5"},9,null,163.49831,107.31831,56.18]
[572," HEI017 ","4.1.5.10"," TUBERÍA COBRE (CuL) D=1/2   ","M",26.74343,{"$f":"VLOOKUP($B511,'Listado Ins Ana'!$G$3965:$K$8277,4,FALSE)","v":4000},5147,137648,"Si",137648,null,null,"No se calculó cantidad para este ítem. Se solicita confirmar que este íem no aplica.",1,5,"15 HEI017 ","25 HEI017 ",{"$f":"VLOOKUP(B511,'Listado Ins Ana'!$G7716:$J101250,4,FALSE)-G511","v":0},null,{"$f":"+'auxiliar capitulos'!$A$43","v":"EXTINCIÓN DE INCENDIOS - RED RM"},{"$f":"VLOOKUP(U511,'auxiliar capitulos'!$A$2:$M$68,13,FALSE)","v":"4.1.5"},10,null,26.74343,10.853429999999999,15.89]
[573," HAP001 ","4.1.5.11"," TUBERÍA ACERO INOXIDABLE RANURADA (A.I) D=1 1/2   ","M",0.24740000000000001,{"$f":"VLOOKUP($B512,'Listado Ins Ana'!$G$3965:$K$8277,4,FALSE)","v":140945.20000000001},181346,44865,"Si",44865,null,null,"No se calculó cantidad para este ítem. Se solicita confirmar que este íem no aplica.",1,5,"15 HAP001 ","25 HAP001 ",{"$f":"VLOOKUP(B512,'Listado Ins Ana'!$G7716:$J101251,4,FALSE)-G512","v":0},null,{"$f":"+'auxiliar capitulos'!$A$43","v":"EXTINCIÓN DE INCENDIOS - RED RM"},{"$f":"VLOOKUP(U512,'auxiliar capitulos'!$A$2:$M$68,13,FALSE)","v":"4.1.5"},11,null,0.24740000000000001,9.74E-2,0.15]
[574," HAP006 ","4.1.5.12"," TUBERÍA ACERO INOXIDABLE RANURADA (A.I) D=2   ","M",6.8669499999999992,{"$f":"VLOOKUP($B513,'Listado Ins Ana'!$G$3965:$K$8277,4,FALSE)","v":193114.8},248469,1706224,"Si",1706224,null,null,"No se calculó cantidad para este ítem. Se solicita confirmar que este íem no aplica.",1,5,"15 HAP006 ","25 HAP006 ",{"$f":"VLOOKUP(B513,'Listado Ins Ana'!$G7716:$J101252,4,FALSE)-G513","v":0},null,{"$f":"+'auxiliar capitulos'!$A$43","v":"EXTINCIÓN DE INCENDIOS - RED RM"},{"$f":"VLOOKUP(U513,'auxiliar capitulos'!$A$2:$M$68,13,FALSE)","v":"4.1.5"},12,null,6.8669499999999992,4.0969499999999996,2.77]
[575," HEI020 ","4.1.5.13"," TUBERÍA ACERO NEGRO RANURADO (A.N) D=1 1/4   ","M",0.11230999999999999,{"$f":"VLOOKUP($B514,'Listado Ins Ana'!$G$3965:$K$8277,4,FALSE)","v":259304.98},333632,37470,"Si",37470,null,null,"No se calculó cantidad para este ítem. Se solicita confirmar que este íem no aplica.",1,5,"15 HEI020 ","25 HEI020 ",{"$f":"VLOOKUP(B514,'Listado Ins Ana'!$G7716:$J101253,4,FALSE)-G514","v":0},null,{"$f":"+'auxiliar capitulos'!$A$43","v":"EXTINCIÓN DE INCENDIOS - RED RM"},{"$f":"VLOOKUP(U514,'auxiliar capitulos'!$A$2:$M$68,13,FALSE)","v":"4.1.5"},13,null,0.11230999999999999,0.11230999999999999]
[576," HEI022 ","4.1.5.14"," TUBERÍA ACERO NEGRO RANURADO (A.N) D=2   ","M",16.435020000000002,{"$f":"VLOOKUP($B515,'Listado Ins Ana'!$G$3965:$K$8277,4,FALSE)","v":311637.61},400965,6589868,"Si",6589868,null,null,"No se calculó cantidad para este ítem. Se solicita confirmar que este íem no aplica.",1,5,"15 HEI022 ","25 HEI022 ",{"$f":"VLOOKUP(B515,'Listado Ins Ana'!$G7716:$J101254,4,FALSE)-G515","v":0},null,{"$f":"+'auxiliar capitulos'!$A$43","v":"EXTINCIÓN DE INCENDIOS - RED RM"},{"$f":"VLOOKUP(U515,'auxiliar capitulos'!$A$2:$M$68,13,FALSE)","v":"4.1.5"},14,null,16.435020000000002,10.535019999999999,5.9]
[577," HEI024 ","4.1.5.15"," TUBERÍA ACERO NEGRO RANURADO (A.N) D=6   ","M",50.199719999999999,{"$f":"VLOOKUP($B516,'Listado Ins Ana'!$G$3965:$K$8277,4,FALSE)","v":4000},5147,258378,"Si",258378,null,null,"No se calculó cantidad para este ítem. Se solicita confirmar que este íem no aplica.",1,5,"15 HEI024 ","25 HEI024 ",{"$f":"VLOOKUP(B516,'Listado Ins Ana'!$G7716:$J101255,4,FALSE)-G516","v":0},null,{"$f":"+'auxiliar capitulos'!$A$43","v":"EXTINCIÓN DE INCENDIOS - RED RM"},{"$f":"VLOOKUP(U516,'auxiliar capitulos'!$A$2:$M$68,13,FALSE)","v":"4.1.5"},15,null,50.199719999999999,4.5297200000000002,45.67]
[578," HAT038 ","4.1.5.16"," CODO PVC PRESION SCH 40 D=2   (INCLUYE SUMINISTRO E INSTALACIÓN, SOLDADURA) ","UN",5,{"$f":"VLOOKUP($B517,'Listado Ins Ana'!$G$3965:$K$8277,4,FALSE)","v":16448.97},21164,105820,"Si",105820,null,null,"No se calculó cantidad para este ítem. Se solicita confirmar que este íem no aplica.",1,5,"15 HAT038 ","25 HAT038 ",{"$f":"VLOOKUP(B517,'Listado Ins Ana'!$G7716:$J101256,4,FALSE)-G517","v":0},null,{"$f":"+'auxiliar capitulos'!$A$43","v":"EXTINCIÓN DE INCENDIOS - RED RM"},{"$f":"VLOOKUP(U517,'auxiliar capitulos'!$A$2:$M$68,13,FALSE)","v":"4.1.5"},16,null,5,0,5]
[579,3223,"4.1.5.17"," TUBERIA PVC-PRESION (PVC-P) D=2   RDE 21  (INCLUYE SUMINISTRO E INSTALACIÓN) ","M",7.4356999999999998,{"$f":"VLOOKUP($B518,'Listado Ins Ana'!$G$3965:$K$8277,4,FALSE)","v":15721},20227,150402,"Si",150402,null,null,"No se calculó cantidad para este ítem. Se solicita confirmar que este íem no aplica.",1,5,"153223","253223",{"$f":"VLOOKUP(B518,'Listado Ins Ana'!$G7716:$J101257,4,FALSE)-G518","v":{"$error":"#N/A"}},null,{"$f":"+'auxiliar capitulos'!$A$43","v":"EXTINCIÓN DE INCENDIOS - RED RM"},{"$f":"VLOOKUP(U518,'auxiliar capitulos'!$A$2:$M$68,13,FALSE)","v":"4.1.5"},17,null,7.4356999999999998,3.9056999999999999,3.53]
[580," HEI027 ","4.1.5.18"," CODO 90 RANURADO UL/FM 2   ","UN",6,{"$f":"VLOOKUP($B519,'Listado Ins Ana'!$G$3965:$K$8277,4,FALSE)","v":27419.26},35279,211674,"Si",211674,null,null,"No se calculó cantidad para este ítem. Se solicita confirmar que este íem no aplica.",1,5,{"$f":"CONCATENATE(Z$11,$P519,$B519)","v":"15 HEI027 "},{"$f":"CONCATENATE(AA$11,$P519,$B519)","v":"25 HEI027 "},{"$f":"VLOOKUP(B519,'Listado Ins Ana'!$G7716:$J101258,4,FALSE)-G519","v":0},null,{"$f":"+'auxiliar capitulos'!$A$43","v":"EXTINCIÓN DE INCENDIOS - RED RM"},{"$f":"VLOOKUP(U519,'auxiliar capitulos'!$A$2:$M$68,13,FALSE)","v":"4.1.5"},18,null,6,4,2]
[581," HEI028 ","4.1.5.19"," CODO 90 RANURADO UL/FM 4   ","UN",38,{"$f":"VLOOKUP($B520,'Listado Ins Ana'!$G$3965:$K$8277,4,FALSE)","v":58321.599999999999},75039,2851482,"Si",2851482,null,null,"No se calculó cantidad para este ítem. Se solicita confirmar que este íem no aplica.",1,5,"15 HEI028 ","25 HEI028 ",{"$f":"VLOOKUP(B520,'Listado Ins Ana'!$G7716:$J101259,4,FALSE)-G520","v":0},null,{"$f":"+'auxiliar capitulos'!$A$43","v":"EXTINCIÓN DE INCENDIOS - RED RM"},{"$f":"VLOOKUP(U520,'auxiliar capitulos'!$A$2:$M$68,13,FALSE)","v":"4.1.5"},19,null,38,26,12]
[582," HEI029 ","4.1.5.20"," CODO 90 RANURADO UL/FM 6   ","UN",6,{"$f":"VLOOKUP($B521,'Listado Ins Ana'!$G$3965:$K$8277,4,FALSE)","v":107238.75},137978,827868,"Si",827868,null,null,"No se calculó cantidad para este ítem. Se solicita confirmar que este íem no aplica.",1,5,"15 HEI029 ","25 HEI029 ",{"$f":"VLOOKUP(B521,'Listado Ins Ana'!$G7716:$J101260,4,FALSE)-G521","v":0},null,{"$f":"+'auxiliar capitulos'!$A$43","v":"EXTINCIÓN DE INCENDIOS - RED RM"},{"$f":"VLOOKUP(U521,'auxiliar capitulos'!$A$2:$M$68,13,FALSE)","v":"4.1.5"},20,null,6,2,4]
[583," HEI030 ","4.1.5.21"," REDUCCIÓN CONCENTRICA RANURADA UL/FM 2  x1 1/2   ","UN",5,{"$f":"VLOOKUP($B522,'Listado Ins Ana'!$G$3965:$K$8277,4,FALSE)","v":14596.95},18781,93905,"Si",93905,null,null,"No se calculó cantidad para este ítem. Se solicita confirmar que este íem no aplica.",1,5,"15 HEI030 ","25 HEI030 ",{"$f":"VLOOKUP(B522,'Listado Ins Ana'!$G$3966:$J$100621,4,FALSE)-G522","v":0},null,{"$f":"+'auxiliar capitulos'!$A$43","v":"EXTINCIÓN DE INCENDIOS - RED RM"},{"$f":"VLOOKUP(U522,'auxiliar capitulos'!$A$2:$M$68,13,FALSE)","v":"4.1.5"},21,null,5,4,1]
[584," HEI031 ","4.1.5.22"," REDUCCIÓN CONCENTRICA RANURADA UL/FM 2  x1 1/4   ","UN",1,{"$f":"VLOOKUP($B523,'Listado Ins Ana'!$G$3965:$K$8277,4,FALSE)","v":14596.95},18781,18781,"Si",18781,null,null,"No se calculó cantidad para este ítem. Se solicita confirmar que este íem no aplica.",1,5,"15 HEI031 ","25 HEI031 ",{"$f":"VLOOKUP(B523,'Listado Ins Ana'!$G7716:$J101262,4,FALSE)-G523","v":0},null,{"$f":"+'auxiliar capitulos'!$A$43","v":"EXTINCIÓN DE INCENDIOS - RED RM"},{"$f":"VLOOKUP(U523,'auxiliar capitulos'!$A$2:$M$68,13,FALSE)","v":"4.1.5"},22,null,1,1]
[585," HEI032 ","4.1.5.23"," REDUCCIÓN CONCENTRICA RANURADA UL/FM 4  x2   ","UN",1,{"$f":"VLOOKUP($B524,'Listado Ins Ana'!$G$3965:$K$8277,4,FALSE)","v":37258.120000000003},47938,47938,"Si",47938,null,null,"No se calculó cantidad para este ítem. Se solicita confirmar que este íem no aplica.",1,5,"15 HEI032 ","25 HEI032 ",{"$f":"VLOOKUP(B524,'Listado Ins Ana'!$G7716:$J101263,4,FALSE)-G524","v":0},null,{"$f":"+'auxiliar capitulos'!$A$43","v":"EXTINCIÓN DE INCENDIOS - RED RM"},{"$f":"VLOOKUP(U524,'auxiliar capitulos'!$A$2:$M$68,13,FALSE)","v":"4.1.5"},23,null,1,1]
[586," HEI033 ","4.1.5.24"," REDUCCIÓN CONCENTRICA RANURADA UL/FM 6  x4   ","UN",3,{"$f":"VLOOKUP($B525,'Listado Ins Ana'!$G$3965:$K$8277,4,FALSE)","v":4000},5147,15441,"Si",15441,null,null,"No se calculó cantidad para este ítem. Se solicita confirmar que este íem no aplica.",1,5,"15 HEI033 ","25 HEI033 ",{"$f":"VLOOKUP(B525,'Listado Ins Ana'!$G7716:$J101264,4,FALSE)-G525","v":0},null,{"$f":"+'auxiliar capitulos'!$A$43","v":"EXTINCIÓN DE INCENDIOS - RED RM"},{"$f":"VLOOKUP(U525,'auxiliar capitulos'!$A$2:$M$68,13,FALSE)","v":"4.1.5"},24,null,3,1,2]
[587," HEI035 ","4.1.5.25"," REDUCCIÓN CONCENTRICA ROSCADA AC 1 1/4  x1   ","UN",1,{"$f":"VLOOKUP($B526,'Listado Ins Ana'!$G$3965:$K$8277,4,FALSE)","v":4000},5147,5147,"Si",5147,null,null,"No se calculó cantidad para este ítem. Se solicita confirmar que este íem no aplica.",1,5,"15 HEI035 ","25 HEI035 ",{"$f":"VLOOKUP(B526,'Listado Ins Ana'!$G7716:$J101265,4,FALSE)-G526","v":0},null,{"$f":"+'auxiliar capitulos'!$A$43","v":"EXTINCIÓN DE INCENDIOS - RED RM"},{"$f":"VLOOKUP(U526,'auxiliar capitulos'!$A$2:$M$68,13,FALSE)","v":"4.1.5"},25,null,1,1]
[588," HEI036 ","4.1.5.26"," CODO 45 RANURADO UL/FM 4   ","UN",2,{"$f":"VLOOKUP($B527,'Listado Ins Ana'!$G$3965:$K$8277,4,FALSE)","v":60677.38},78070,156140,"Si",156140,null,null,"No se calculó cantidad para este ítem. Se solicita confirmar que este íem no aplica.",1,5,"15 HEI036 ","25 HEI036 ",{"$f":"VLOOKUP(B527,'Listado Ins Ana'!$G7716:$J101266,4,FALSE)-G527","v":0},null,{"$f":"+'auxiliar capitulos'!$A$43","v":"EXTINCIÓN DE INCENDIOS - RED RM"},{"$f":"VLOOKUP(U527,'auxiliar capitulos'!$A$2:$M$68,13,FALSE)","v":"4.1.5"},26,null,2,2]
[589," HEI037 ","4.1.5.27"," TEE MECANICA SALIDA RANURADA UL/FM 4  x2 1/2   ","UN",{"$f":"+Y528","v":2},{"$f":"VLOOKUP($B528,'Listado Ins Ana'!$G$3965:$K$8277,4,FALSE)","v":67581.7},86953,173906,"Si",173906,null,null,"No se calculó cantidad para este ítem. Se solicita confirmar que este íem no aplica.",1,5,"15 HEI037 ","25 HEI037 ",{"$f":"VLOOKUP(B528,'Listado Ins Ana'!$G$3966:$J$100621,4,FALSE)-G528","v":0},null,{"$f":"+'auxiliar capitulos'!$A$43","v":"EXTINCIÓN DE INCENDIOS - RED RM"},{"$f":"VLOOKUP(U528,'auxiliar capitulos'!$A$2:$M$68,13,FALSE)","v":"4.1.5"},27,null,2,2]
[590," HEI039 ","4.1.5.28"," TEE MECANICA SALIDA RANURADA UL/FM 6  x2   ","UN",4,{"$f":"VLOOKUP($B529,'Listado Ins Ana'!$G$3965:$K$8277,4,FALSE)","v":52789.99},67922,271688,"Si",271688,null,null,"No se calculó cantidad para este ítem. Se solicita confirmar que este íem no aplica.",1,5,"15 HEI039 ","25 HEI039 ",{"$f":"VLOOKUP(B529,'Listado Ins Ana'!$G$3966:$J$100621,4,FALSE)-G529","v":0},null,{"$f":"+'auxiliar capitulos'!$A$43","v":"EXTINCIÓN DE INCENDIOS - RED RM"},{"$f":"VLOOKUP(U529,'auxiliar capitulos'!$A$2:$M$68,13,FALSE)","v":"4.1.5"},28,null,4,2,2]
[591," HEI040 ","4.1.5.29"," TEE MECANICA SALIDA RANURADA UL/FM 6  x4   ","UN",3,{"$f":"VLOOKUP($B530,'Listado Ins Ana'!$G$3965:$K$8277,4,FALSE)","v":61362.11},78951,236853,"Si",236853,null,null,"No se calculó cantidad para este ítem. Se solicita confirmar que este íem no aplica.",1,5,"15 HEI040 ","25 HEI040 ",{"$f":"VLOOKUP(B530,'Listado Ins Ana'!$G$3966:$J$100621,4,FALSE)-G530","v":0},null,{"$f":"+'auxiliar capitulos'!$A$43","v":"EXTINCIÓN DE INCENDIOS - RED RM"},{"$f":"VLOOKUP(U530,'auxiliar capitulos'!$A$2:$M$68,13,FALSE)","v":"4.1.5"},29,null,3,1,2]
[592," HEI042 ","4.1.5.30"," TEE RANURADA - TEE RANURADA REDUCIDA UL/FM 2   ","UN",2,{"$f":"VLOOKUP($B531,'Listado Ins Ana'!$G$3965:$K$8277,4,FALSE)","v":4000},5147,10294,"Si",10294,null,null,"No se calculó cantidad para este ítem. Se solicita confirmar que este íem no aplica.",1,5,"15 HEI042 ","25 HEI042 ",{"$f":"VLOOKUP(B531,'Listado Ins Ana'!$G$3966:$J$100621,4,FALSE)-G531","v":0},null,{"$f":"+'auxiliar capitulos'!$A$43","v":"EXTINCIÓN DE INCENDIOS - RED RM"},{"$f":"VLOOKUP(U531,'auxiliar capitulos'!$A$2:$M$68,13,FALSE)","v":"4.1.5"},30,null,2,1,1]
[593," HEI043 ","4.1.5.31"," TEE RANURADA - TEE RANURADA REDUCIDA UL/FM 4   ","UN",3,{"$f":"VLOOKUP($B532,'Listado Ins Ana'!$G$3965:$K$8277,4,FALSE)","v":63073.919999999998},81153,243459,"Si",243459,null,null,"No se calculó cantidad para este ítem. Se solicita confirmar que este íem no aplica.",1,5,"15 HEI043 ","25 HEI043 ",{"$f":"VLOOKUP(B532,'Listado Ins Ana'!$G7716:$J101271,4,FALSE)-G532","v":0},null,{"$f":"+'auxiliar capitulos'!$A$43","v":"EXTINCIÓN DE INCENDIOS - RED RM"},{"$f":"VLOOKUP(U532,'auxiliar capitulos'!$A$2:$M$68,13,FALSE)","v":"4.1.5"},31,null,3,3]
[594," HEI044 ","4.1.5.32"," TEE RANURADA - TEE RANURADA REDUCIDA UL/FM 6  x4   ","UN",5,{"$f":"VLOOKUP($B533,'Listado Ins Ana'!$G$3965:$K$8277,4,FALSE)","v":61818.59},79538,397690,"Si",397690,null,null,"No se calculó cantidad para este ítem. Se solicita confirmar que este íem no aplica.",1,5,"15 HEI044 ","25 HEI044 ",{"$f":"VLOOKUP(B533,'Listado Ins Ana'!$G$3966:$J$100621,4,FALSE)-G533","v":0},null,{"$f":"+'auxiliar capitulos'!$A$43","v":"EXTINCIÓN DE INCENDIOS - RED RM"},{"$f":"VLOOKUP(U533,'auxiliar capitulos'!$A$2:$M$68,13,FALSE)","v":"4.1.5"},32,null,5,2,3]
[595," HEI045 ","4.1.5.33"," ACOPLE RIGIDO RANURADO UL/FM (UNIÓN RANURADA) 2   ","UN",10,{"$f":"VLOOKUP($B534,'Listado Ins Ana'!$G$3965:$K$8277,4,FALSE)","v":26449.23},{"$f":"ROUND(G534*(1+$F$867),0)","v":34031},340310,"Si",340310,null,null,"No se calculó cantidad para este ítem. Se solicita confirmar que este íem no aplica.",1,5,"15 HEI045 ","25 HEI045 ",{"$f":"VLOOKUP(B534,'Listado Ins Ana'!$G$3966:$J$100621,4,FALSE)-G534","v":0},null,{"$f":"+'auxiliar capitulos'!$A$43","v":"EXTINCIÓN DE INCENDIOS - RED RM"},{"$f":"VLOOKUP(U534,'auxiliar capitulos'!$A$2:$M$68,13,FALSE)","v":"4.1.5"},33,null,10,5,5]
[596," HEI046 ","4.1.5.34"," ACOPLE RIGIDO RANURADO UL/FM (UNIÓN RANURADA) 4   ","UN",8,{"$f":"VLOOKUP($B535,'Listado Ins Ana'!$G$3965:$K$8277,4,FALSE)","v":41553.96},53465,427720,"Si",427720,null,null,"No se calculó cantidad para este ítem. Se solicita confirmar que este íem no aplica.",1,5,"15 HEI046 ","25 HEI046 ",{"$f":"VLOOKUP(B535,'Listado Ins Ana'!$G7716:$J101274,4,FALSE)-G535","v":0},null,{"$f":"+'auxiliar capitulos'!$A$43","v":"EXTINCIÓN DE INCENDIOS - RED RM"},{"$f":"VLOOKUP(U535,'auxiliar capitulos'!$A$2:$M$68,13,FALSE)","v":"4.1.5"},34,null,8,3,5]
[597," HEI047 ","4.1.5.35"," ACOPLE RIGIDO RANURADO UL/FM (UNIÓN RANURADA) 6   ","UN",2,{"$f":"VLOOKUP($B536,'Listado Ins Ana'!$G$3965:$K$8277,4,FALSE)","v":81700.100000000006},105119,210238,"Si",210238,null,null,"No se calculó cantidad para este ítem. Se solicita confirmar que este íem no aplica.",1,5,"15 HEI047 ","25 HEI047 ",{"$f":"VLOOKUP(B536,'Listado Ins Ana'!$G$3966:$J$100621,4,FALSE)-G536","v":0},null,{"$f":"+'auxiliar capitulos'!$A$43","v":"EXTINCIÓN DE INCENDIOS - RED RM"},{"$f":"VLOOKUP(U536,'auxiliar capitulos'!$A$2:$M$68,13,FALSE)","v":"4.1.5"},35,null,2,1,1]
[598," HEI048 ","4.1.5.36"," ACOPLE RIGIDO RANURADO UL/FM (TEE RANURADA) ","UN",40,{"$f":"VLOOKUP($B537,'Listado Ins Ana'!$G$3965:$K$8277,4,FALSE)","v":4000},5147,205880,"Si",205880,null,null,"No se calculó cantidad para este ítem. Se solicita confirmar que este íem no aplica.",1,5,"15 HEI048 ","25 HEI048 ",{"$f":"VLOOKUP(B537,'Listado Ins Ana'!$G$3966:$J$100621,4,FALSE)-G537","v":0},null,{"$f":"+'auxiliar capitulos'!$A$43","v":"EXTINCIÓN DE INCENDIOS - RED RM"},{"$f":"VLOOKUP(U537,'auxiliar capitulos'!$A$2:$M$68,13,FALSE)","v":"4.1.5"},36,null,40,18,22]
[599," HEI049 ","4.1.5.37"," ACOPLE RIGIDO RANURADO UL/FM (CODO 45 - REDUCCIÓN RANURADA) ","UN",31,{"$f":"VLOOKUP($B538,'Listado Ins Ana'!$G$3965:$K$8277,4,FALSE)","v":4000},5147,159557,"Si",159557,null,null,"No se calculó cantidad para este ítem. Se solicita confirmar que este íem no aplica.",1,5,"15 HEI049 ","25 HEI049 ",{"$f":"VLOOKUP(B538,'Listado Ins Ana'!$G7716:$J101277,4,FALSE)-G538","v":0},null,{"$f":"+'auxiliar capitulos'!$A$43","v":"EXTINCIÓN DE INCENDIOS - RED RM"},{"$f":"VLOOKUP(U538,'auxiliar capitulos'!$A$2:$M$68,13,FALSE)","v":"4.1.5"},37,null,31,19,12]
[600,"HRR035","4.1.5.38"," ACOPLE RIGIDO RANURADO UL/FM (CODO RANURADO) ","UN",122,{"$f":"+G536","v":81700.100000000006},105119,12824518,"Si",12824518,null,null,"No se calculó cantidad para este ítem. Se solicita confirmar que este íem no aplica.",1,5,"15HRR035","25HRR035",{"$f":"VLOOKUP(B539,'Listado Ins Ana'!$G$3966:$J$100621,4,FALSE)-G539","v":{"$error":"#N/A"}},null,{"$f":"+'auxiliar capitulos'!$A$43","v":"EXTINCIÓN DE INCENDIOS - RED RM"},{"$f":"VLOOKUP(U539,'auxiliar capitulos'!$A$2:$M$68,13,FALSE)","v":"4.1.5"},38,null,122,63,59]
[601,"HEI051","4.1.5.39"," ACOPLE RIGIDO RANURADO UL/FM (TEE MECANICA) ","UN",23,{"$f":"+G539","v":81700.100000000006},105119,2417737,"Si",2417737,null,null,"No se calculó cantidad para este ítem. Se solicita confirmar que este íem no aplica.",1,5,"15HEI051","25HEI051",{"$f":"VLOOKUP(B540,'Listado Ins Ana'!$G$3966:$J$100621,4,FALSE)-G540","v":{"$error":"#N/A"}},null,{"$f":"+'auxiliar capitulos'!$A$43","v":"EXTINCIÓN DE INCENDIOS - RED RM"},{"$f":"VLOOKUP(U540,'auxiliar capitulos'!$A$2:$M$68,13,FALSE)","v":"4.1.5"},39,null,23,8,15]
[602," HEI053 ","4.1.5.40"," TAPÓN SOLDADO 1/2   COBRE ","UN",12,{"$f":"VLOOKUP($B541,'Listado Ins Ana'!$G$3965:$K$8277,4,FALSE)","v":4000},5147,61764,"Si",61764,null,null,"No se calculó cantidad para este ítem. Se solicita confirmar que este íem no aplica.",1,5,"15 HEI053 ","25 HEI053 ",{"$f":"VLOOKUP(B541,'Listado Ins Ana'!$G$3966:$J$100621,4,FALSE)-G541","v":0},null,{"$f":"+'auxiliar capitulos'!$A$43","v":"EXTINCIÓN DE INCENDIOS - RED RM"},{"$f":"VLOOKUP(U541,'auxiliar capitulos'!$A$2:$M$68,13,FALSE)","v":"4.1.5"},40,null,12,6,6]
[603," HEI054 ","4.1.5.41"," CODO SOLDADO 1/2   COBRE ","UN",29,{"$f":"VLOOKUP($B542,'Listado Ins Ana'!$G$3965:$K$8277,4,FALSE)","v":4000},5147,149263,"Si",149263,null,null,"No se calculó cantidad para este ítem. Se solicita confirmar que este íem no aplica.",1,5,"15 HEI054 ","25 HEI054 ",{"$f":"VLOOKUP(B542,'Listado Ins Ana'!$G$3966:$J$100621,4,FALSE)-G542","v":0},null,{"$f":"+'auxiliar capitulos'!$A$43","v":"EXTINCIÓN DE INCENDIOS - RED RM"},{"$f":"VLOOKUP(U542,'auxiliar capitulos'!$A$2:$M$68,13,FALSE)","v":"4.1.5"},41,null,29,13,16]
[604," HEI055 ","4.1.5.42"," TEE SOLDADA 1/2   COBRE ","UN",16,{"$f":"VLOOKUP($B543,'Listado Ins Ana'!$G$3965:$K$8277,4,FALSE)","v":8850.14},11387,182192,"Si",182192,null,null,"No se calculó cantidad para este ítem. Se solicita confirmar que este íem no aplica.",1,5,"15 HEI055 ","25 HEI055 ",{"$f":"VLOOKUP(B543,'Listado Ins Ana'!$G$3966:$J$100621,4,FALSE)-G543","v":0},null,{"$f":"+'auxiliar capitulos'!$A$43","v":"EXTINCIÓN DE INCENDIOS - RED RM"},{"$f":"VLOOKUP(U543,'auxiliar capitulos'!$A$2:$M$68,13,FALSE)","v":"4.1.5"},42,null,16,8,8]
[605," HAP053 ","4.1.5.43"," MANÓMETRO 1/2   ","UN",8,{"$f":"VLOOKUP($B544,'Listado Ins Ana'!$G$3965:$K$8277,4,FALSE)","v":4000},5147,41176,"Si",41176,null,null,"No se calculó cantidad para este ítem. Se solicita confirmar que este íem no aplica.",1,5,"15 HAP053 ","25 HAP053 ",{"$f":"VLOOKUP(B544,'Listado Ins Ana'!$G$3966:$J$100621,4,FALSE)-G544","v":0},null,{"$f":"+'auxiliar capitulos'!$A$43","v":"EXTINCIÓN DE INCENDIOS - RED RM"},{"$f":"VLOOKUP(U544,'auxiliar capitulos'!$A$2:$M$68,13,FALSE)","v":"4.1.5"},43,null,8,4,4]
[606," HEI058 ","4.1.5.44"," ACOPLE RIGIDO RANURADO UL/FM (UNIÓN RANURADA) ","UN",12,{"$f":"VLOOKUP($B545,'Listado Ins Ana'!$G$3965:$K$8277,4,FALSE)","v":4000},5147,61764,"Si",61764,null,null,"No se calculó cantidad para este ítem. Se solicita confirmar que este íem no aplica.",1,5,"15 HEI058 ","25 HEI058 ",{"$f":"VLOOKUP(B545,'Listado Ins Ana'!$G$3966:$J$100621,4,FALSE)-G545","v":0},null,{"$f":"+'auxiliar capitulos'!$A$43","v":"EXTINCIÓN DE INCENDIOS - RED RM"},{"$f":"VLOOKUP(U545,'auxiliar capitulos'!$A$2:$M$68,13,FALSE)","v":"4.1.5"},44,null,12,6,6]
[607," HEI060 ","4.1.5.45"," ACOPLE FLEXIBLE RANURADO UL/FM 6   ","UN",6,{"$f":"VLOOKUP($B546,'Listado Ins Ana'!$G$3965:$K$8277,4,FALSE)","v":4000},5147,30882,"Si",30882,null,null,"No se calculó cantidad para este ítem. Se solicita confirmar que este íem no aplica.",1,5,"15 HEI060 ","25 HEI060 ",{"$f":"VLOOKUP(B546,'Listado Ins Ana'!$G$3966:$J$100621,4,FALSE)-G546","v":0},null,{"$f":"+'auxiliar capitulos'!$A$43","v":"EXTINCIÓN DE INCENDIOS - RED RM"},{"$f":"VLOOKUP(U546,'auxiliar capitulos'!$A$2:$M$68,13,FALSE)","v":"4.1.5"},45,null,6,3,3]
[608," HEI061 ","4.1.5.46"," TUBERÍA ACERO NEGRO RANURADO (A.N) D=2 1/2   ","M",10.293200000000001,{"$f":"VLOOKUP($B547,'Listado Ins Ana'!$G$3965:$K$8277,4,FALSE)","v":511675.42},658342,6776446,"Si",6776446,null,null,"No se calculó cantidad para este ítem. Se solicita confirmar que este íem no aplica.",1,5,"15 HEI061 ","25 HEI061 ",{"$f":"VLOOKUP(B547,'Listado Ins Ana'!$G$3966:$J$100621,4,FALSE)-G547","v":0},null,{"$f":"+'auxiliar capitulos'!$A$43","v":"EXTINCIÓN DE INCENDIOS - RED RM"},{"$f":"VLOOKUP(U547,'auxiliar capitulos'!$A$2:$M$68,13,FALSE)","v":"4.1.5"},46,null,10.293200000000001,8.2832000000000008,2.0099999999999998]
[609," HEI062 ","4.1.5.47"," TUBERÍA ACERO NEGRO RANURADO (A.N) D=1 1/2   ","M",3.71732,{"$f":"VLOOKUP($B548,'Listado Ins Ana'!$G$3965:$K$8277,4,FALSE)","v":292514.19},376360,1399051,"Si",1399051,null,null,"No se calculó cantidad para este ítem. Se solicita confirmar que este íem no aplica.",1,5,"15 HEI062 ","25 HEI062 ",{"$f":"VLOOKUP(B548,'Listado Ins Ana'!$G7716:$J101287,4,FALSE)-G548","v":0},null,{"$f":"+'auxiliar capitulos'!$A$43","v":"EXTINCIÓN DE INCENDIOS - RED RM"},{"$f":"VLOOKUP(U548,'auxiliar capitulos'!$A$2:$M$68,13,FALSE)","v":"4.1.5"},47,null,3.71732,3.2273200000000002,0.49]
[610," HEI063 ","4.1.5.48"," TUBERÍA ACERO NEGRO RANURADO (A.N) D=3   ","M",38.807339999999996,{"$f":"VLOOKUP($B549,'Listado Ins Ana'!$G$3965:$K$8277,4,FALSE)","v":517544.5},665893,25841536,"Si",25841536,null,null,"No se calculó cantidad para este ítem. Se solicita confirmar que este íem no aplica.",1,5,"15 HEI063 ","25 HEI063 ",{"$f":"VLOOKUP(B549,'Listado Ins Ana'!$G$3966:$J$100621,4,FALSE)-G549","v":0},null,{"$f":"+'auxiliar capitulos'!$A$43","v":"EXTINCIÓN DE INCENDIOS - RED RM"},{"$f":"VLOOKUP(U549,'auxiliar capitulos'!$A$2:$M$68,13,FALSE)","v":"4.1.5"},48,null,38.807339999999996,0.32734000000000002,38.479999999999997]
[611," HEI064 ","4.1.5.49"," TUBERÍA ACERO NEGRO ROSCADO (A.N) D=1   ","M",1.02,{"$f":"VLOOKUP($B550,'Listado Ins Ana'!$G$3965:$K$8277,4,FALSE)","v":240034.83},308838,315015,"Si",315015,null,null,"No se calculó cantidad para este ítem. Se solicita confirmar que este íem no aplica.",1,5,"15 HEI064 ","25 HEI064 ",{"$f":"VLOOKUP(B550,'Listado Ins Ana'!$G7716:$J101289,4,FALSE)-G550","v":0},null,{"$f":"+'auxiliar capitulos'!$A$43","v":"EXTINCIÓN DE INCENDIOS - RED RM"},{"$f":"VLOOKUP(U550,'auxiliar capitulos'!$A$2:$M$68,13,FALSE)","v":"4.1.5"},49,null,1.02,0.14000000000000001,0.88]
[612," HEI066 ","4.1.5.50"," VÁLVULA ANGULAR-SALIDA BOMBEROS 2 1/2   ","UN",9,{"$f":"VLOOKUP($B551,'Listado Ins Ana'!$G$3965:$K$8277,4,FALSE)","v":4000},5147,46323,"Si",46323,null,null,"No se calculó cantidad para este ítem. Se solicita confirmar que este íem no aplica.",1,5,"15 HEI066 ","25 HEI066 ",{"$f":"VLOOKUP(B551,'Listado Ins Ana'!$G7716:$J101290,4,FALSE)-G551","v":0},null,{"$f":"+'auxiliar capitulos'!$A$43","v":"EXTINCIÓN DE INCENDIOS - RED RM"},{"$f":"VLOOKUP(U551,'auxiliar capitulos'!$A$2:$M$68,13,FALSE)","v":"4.1.5"},50,null,9,4,5]
[613," HEI067 ","4.1.5.51"," CHEQUE ROSCADO 1/2   ","UN",15,{"$f":"VLOOKUP($B552,'Listado Ins Ana'!$G$3965:$K$8277,4,FALSE)","v":4000},5147,77205,"Si",77205,null,null,"No se calculó cantidad para este ítem. Se solicita confirmar que este íem no aplica.",1,5,"15 HEI067 ","25 HEI067 ",{"$f":"VLOOKUP(B552,'Listado Ins Ana'!$G7716:$J101291,4,FALSE)-G552","v":0},null,{"$f":"+'auxiliar capitulos'!$A$43","v":"EXTINCIÓN DE INCENDIOS - RED RM"},{"$f":"VLOOKUP(U552,'auxiliar capitulos'!$A$2:$M$68,13,FALSE)","v":"4.1.5"},51,null,15,7,8]
[614," HAP022 ","4.1.5.52"," VÁLVULA DE BOLA ROSCADA 1/2   ","UN",8,{"$f":"VLOOKUP($B553,'Listado Ins Ana'!$G$3965:$K$8277,4,FALSE)","v":10645.1},13696,109568,"Si",109568,null,null,"No se calculó cantidad para este ítem. Se solicita confirmar que este íem no aplica.",1,5,"15 HAP022 ","25 HAP022 ",{"$f":"VLOOKUP(B553,'Listado Ins Ana'!$G7716:$J101292,4,FALSE)-G553","v":0},null,{"$f":"+'auxiliar capitulos'!$A$43","v":"EXTINCIÓN DE INCENDIOS - RED RM"},{"$f":"VLOOKUP(U553,'auxiliar capitulos'!$A$2:$M$68,13,FALSE)","v":"4.1.5"},52,null,8,4,4]
[615," HEI069 ","4.1.5.53"," TRANSICIÓN BRIDADA-RANURADA 6   ","UN",2,{"$f":"VLOOKUP($B554,'Listado Ins Ana'!$G$3965:$K$8277,4,FALSE)","v":4000},5147,10294,"Si",10294,null,null,"No se calculó cantidad para este ítem. Se solicita confirmar que este íem no aplica.",1,5,"15 HEI069 ","25 HEI069 ",{"$f":"VLOOKUP(B554,'Listado Ins Ana'!$G7716:$J101293,4,FALSE)-G554","v":0},null,{"$f":"+'auxiliar capitulos'!$A$43","v":"EXTINCIÓN DE INCENDIOS - RED RM"},{"$f":"VLOOKUP(U554,'auxiliar capitulos'!$A$2:$M$68,13,FALSE)","v":"4.1.5"},53,null,2,1,1]
[616," HEI070 ",{"$f":"IF(W555=\"\",V555,CONCATENATE(V555,\".\",W555))","v":"4.1.5.54"}," VÁLVULA DE GLOBO-CIERRE LENTO 1/2   ","UN",16,{"$f":"VLOOKUP($B555,'Listado Ins Ana'!$G$3965:$K$8277,4,FALSE)","v":4000},5147,{"$f":"ROUND(H555*F555,0)","v":82352},"Si",82352,null,null,"No se calculó cantidad para este ítem. Se solicita confirmar que este íem no aplica.",1,5,"15 HEI070 ","25 HEI070 ",{"$f":"VLOOKUP(B555,'Listado Ins Ana'!$G$3966:$J$100621,4,FALSE)-G555","v":0},null,{"$f":"+'auxiliar capitulos'!$A$43","v":"EXTINCIÓN DE INCENDIOS - RED RM"},{"$f":"VLOOKUP(U555,'auxiliar capitulos'!$A$2:$M$68,13,FALSE)","v":"4.1.5"},{"$f":"IF(E555=\"\",\"\",IF(E554=\"\",1,W554+1))","v":54},null,{"$f":"SUM(Z555:CJ555)","v":16},8,8]
[617," HEI071 ","4.1.5.55"," CAUDALIMETRO 4   ","UN",2,{"$f":"VLOOKUP($B556,'Listado Ins Ana'!$G$3965:$K$8277,4,FALSE)","v":4000},5147,10294,"Si",10294,null,null,"No se calculó cantidad para este ítem. Se solicita confirmar que este íem no aplica.",1,5,"15 HEI071 ","25 HEI071 ",{"$f":"VLOOKUP(B556,'Listado Ins Ana'!$G7716:$J101295,4,FALSE)-G556","v":0},null,{"$f":"+'auxiliar capitulos'!$A$43","v":"EXTINCIÓN DE INCENDIOS - RED RM"},{"$f":"VLOOKUP(U556,'auxiliar capitulos'!$A$2:$M$68,13,FALSE)","v":"4.1.5"},55,null,2,1,1]
[618," HEI083","4.1.5.56"," TEE MECANICA SALIDA RANURADA UL/FM 4  x2   ","UN",3,{"$f":"VLOOKUP($B557,'Listado Ins Ana'!$G$3965:$K$8277,4,FALSE)","v":54995.78},70760,212280,"Si",212280,null,null,"No se calculó cantidad para este ítem. Se solicita confirmar que este íem no aplica.",1,5,"15 HEI083","25 HEI083",{"$f":"VLOOKUP(B557,'Listado Ins Ana'!$G7716:$J101296,4,FALSE)-G557","v":0},null,{"$f":"+'auxiliar capitulos'!$A$43","v":"EXTINCIÓN DE INCENDIOS - RED RM"},{"$f":"VLOOKUP(U557,'auxiliar capitulos'!$A$2:$M$68,13,FALSE)","v":"4.1.5"},56,null,3,3]
[619,"HEI084","4.1.5.57"," VÁLVULA VENTOSA O EXPULSORA DE AIRE 2   ","UN",1,{"$f":"VLOOKUP($B558,'Listado Ins Ana'!$G$3965:$K$8277,4,FALSE)","v":530586.9},682674,682674,"Si",682674,null,null,"No se calculó cantidad para este ítem. Se solicita confirmar que este íem no aplica.",1,5,"15HEI084","25HEI084",{"$f":"VLOOKUP(B558,'Listado Ins Ana'!$G7716:$J101297,4,FALSE)-G558","v":0},null,{"$f":"+'auxiliar capitulos'!$A$43","v":"EXTINCIÓN DE INCENDIOS - RED RM"},{"$f":"VLOOKUP(U558,'auxiliar capitulos'!$A$2:$M$68,13,FALSE)","v":"4.1.5"},57,null,1,1]
[620," HEI065 ","4.1.5.58"," TUBERÍA ACERO NEGRO ROSCADO (A.N) D=1/4   ","M",0.31,{"$f":"VLOOKUP($B559,'Listado Ins Ana'!$G$3965:$K$8277,4,FALSE)","v":4000},5147,1596,"Si",1596,null,null,"No se calculó cantidad para este ítem. Se solicita confirmar que este íem no aplica.",1,5,"15 HEI065 ","25 HEI065 ",{"$f":"VLOOKUP(B559,'Listado Ins Ana'!$G7716:$J101300,4,FALSE)-G559","v":0},null,{"$f":"+'auxiliar capitulos'!$A$43","v":"EXTINCIÓN DE INCENDIOS - RED RM"},{"$f":"VLOOKUP(U559,'auxiliar capitulos'!$A$2:$M$68,13,FALSE)","v":"4.1.5"},58,null,0.31,null,0.31]
[621," HAP120 ","4.1.5.59"," CODO 90 RANURADO UL/FM 3   ","UN",11,{"$f":"VLOOKUP($B560,'Listado Ins Ana'!$G$3965:$K$8277,4,FALSE)","v":45817.2},58950,648450,"Si",648450,null,null,"No se calculó cantidad para este ítem. Se solicita confirmar que este íem no aplica.",1,5,"15 HAP120 ","25 HAP120 ",{"$f":"VLOOKUP(B560,'Listado Ins Ana'!$G7716:$J101301,4,FALSE)-G560","v":0},null,{"$f":"+'auxiliar capitulos'!$A$43","v":"EXTINCIÓN DE INCENDIOS - RED RM"},{"$f":"VLOOKUP(U560,'auxiliar capitulos'!$A$2:$M$68,13,FALSE)","v":"4.1.5"},59,null,11,null,11]
[622," HEI073 ","4.1.5.60"," CODO 90 ROSCADO AC 1   ","UN",2,{"$f":"VLOOKUP($B561,'Listado Ins Ana'!$G$3965:$K$8277,4,FALSE)","v":11010.29},14166,28332,"Si",28332,null,null,"No se calculó cantidad para este ítem. Se solicita confirmar que este íem no aplica.",1,5,"15 HEI073 ","25 HEI073 ",{"$f":"VLOOKUP(B561,'Listado Ins Ana'!$G7716:$J101302,4,FALSE)-G561","v":0},null,{"$f":"+'auxiliar capitulos'!$A$43","v":"EXTINCIÓN DE INCENDIOS - RED RM"},{"$f":"VLOOKUP(U561,'auxiliar capitulos'!$A$2:$M$68,13,FALSE)","v":"4.1.5"},60,null,2,null,2]
[623," HEI074 ","4.1.5.61"," CODO 90 ROSCADO AC 1/4   ","UN",2,{"$f":"VLOOKUP($B562,'Listado Ins Ana'!$G$3965:$K$8277,4,FALSE)","v":4000},5147,10294,"Si",10294,null,null,"No se calculó cantidad para este ítem. Se solicita confirmar que este íem no aplica.",1,5,"15 HEI074 ","25 HEI074 ",{"$f":"VLOOKUP(B562,'Listado Ins Ana'!$G7716:$J101303,4,FALSE)-G562","v":0},null,{"$f":"+'auxiliar capitulos'!$A$43","v":"EXTINCIÓN DE INCENDIOS - RED RM"},{"$f":"VLOOKUP(U562,'auxiliar capitulos'!$A$2:$M$68,13,FALSE)","v":"4.1.5"},61,null,2,null,2]
[624," HEI076 ","4.1.5.62"," REDUCCIÓN CONCENTRICA RANURADA UL/FM 3  x2 1/2   ","UN",1,{"$f":"VLOOKUP($B563,'Listado Ins Ana'!$G$3965:$K$8277,4,FALSE)","v":26172.080000000002},33674,33674,"Si",33674,null,null,"No se calculó cantidad para este ítem. Se solicita confirmar que este íem no aplica.",1,5,"15 HEI076 ","25 HEI076 ",{"$f":"VLOOKUP(B563,'Listado Ins Ana'!$G7716:$J101304,4,FALSE)-G563","v":0},null,{"$f":"+'auxiliar capitulos'!$A$43","v":"EXTINCIÓN DE INCENDIOS - RED RM"},{"$f":"VLOOKUP(U563,'auxiliar capitulos'!$A$2:$M$68,13,FALSE)","v":"4.1.5"},62,null,1,null,1]
[625," HEI077 ","4.1.5.63"," REDUCCIÓN CONCENTRICA RANURADA UL/FM 4  x3   ","UN",2,{"$f":"VLOOKUP($B564,'Listado Ins Ana'!$G$3965:$K$8277,4,FALSE)","v":31478.71},40502,81004,"Si",81004,null,null,"No se calculó cantidad para este ítem. Se solicita confirmar que este íem no aplica.",1,5,"15 HEI077 ","25 HEI077 ",{"$f":"VLOOKUP(B564,'Listado Ins Ana'!$G7716:$J101305,4,FALSE)-G564","v":0},null,{"$f":"+'auxiliar capitulos'!$A$43","v":"EXTINCIÓN DE INCENDIOS - RED RM"},{"$f":"VLOOKUP(U564,'auxiliar capitulos'!$A$2:$M$68,13,FALSE)","v":"4.1.5"},63,null,2,null,2]
[626," HEI078 ","4.1.5.64"," REDUCCIÓN CONCENTRICA RANURADA UL/FM 1 1/2  x1   ","UN",2,{"$f":"VLOOKUP($B565,'Listado Ins Ana'!$G$3965:$K$8277,4,FALSE)","v":13781.8},17732,35464,"Si",35464,null,null,"No se calculó cantidad para este ítem. Se solicita confirmar que este íem no aplica.",1,5,"15 HEI078 ","25 HEI078 ",{"$f":"VLOOKUP(B565,'Listado Ins Ana'!$G7716:$J101306,4,FALSE)-G565","v":0},null,{"$f":"+'auxiliar capitulos'!$A$43","v":"EXTINCIÓN DE INCENDIOS - RED RM"},{"$f":"VLOOKUP(U565,'auxiliar capitulos'!$A$2:$M$68,13,FALSE)","v":"4.1.5"},64,null,2,null,2]
[627," HEI079 ","4.1.5.65"," CODO 45 RANURADO UL/FM 6   ","UN",2,{"$f":"VLOOKUP($B566,'Listado Ins Ana'!$G$3965:$K$8277,4,FALSE)","v":95321.25},{"$f":"ROUND(G566*(1+$F$867),0)","v":122644},245288,"Si",{"$f":"+I566","v":245288},null,null,"No se calculó cantidad para este ítem. Se solicita confirmar que este íem no aplica.",1,5,"15 HEI079 ","25 HEI079 ",{"$f":"VLOOKUP(B566,'Listado Ins Ana'!$G7716:$J101307,4,FALSE)-G566","v":0},null,{"$f":"+'auxiliar capitulos'!$A$43","v":"EXTINCIÓN DE INCENDIOS - RED RM"},{"$f":"VLOOKUP(U566,'auxiliar capitulos'!$A$2:$M$68,13,FALSE)","v":"4.1.5"},65,null,2,null,2]
[628," HEI037 ","4.1.5.66"," TEE MECANICA SALIDA RANURADA UL/FM 4  x2 1/2   ","UN",1,{"$f":"VLOOKUP($B567,'Listado Ins Ana'!$G$3965:$K$8277,4,FALSE)","v":67581.7},86953,86953,"Si",86953,null,null,"No se calculó cantidad para este ítem. Se solicita confirmar que este íem no aplica.",1,5,"15 HEI037 ","25 HEI037 ",{"$f":"VLOOKUP(B567,'Listado Ins Ana'!$G7716:$J101308,4,FALSE)-G567","v":0},null,{"$f":"+'auxiliar capitulos'!$A$43","v":"EXTINCIÓN DE INCENDIOS - RED RM"},{"$f":"VLOOKUP(U567,'auxiliar capitulos'!$A$2:$M$68,13,FALSE)","v":"4.1.5"},66,null,1,null,1]
[629," HEI081 ","4.1.5.67"," TEE MECANICA SALIDA RANURADA UL/FM 4  x3   ","UN",2,{"$f":"VLOOKUP($B568,'Listado Ins Ana'!$G$3965:$K$8277,4,FALSE)","v":67581.7},86953,173906,"Si",173906,null,null,"No se calculó cantidad para este ítem. Se solicita confirmar que este íem no aplica.",1,5,"15 HEI081 ","25 HEI081 ",{"$f":"VLOOKUP(B568,'Listado Ins Ana'!$G7716:$J101309,4,FALSE)-G568","v":0},null,{"$f":"+'auxiliar capitulos'!$A$43","v":"EXTINCIÓN DE INCENDIOS - RED RM"},{"$f":"VLOOKUP(U568,'auxiliar capitulos'!$A$2:$M$68,13,FALSE)","v":"4.1.5"},67,null,2,null,2]
[630," HEI082 ",{"$f":"IF(W569=\"\",V569,CONCATENATE(V569,\".\",W569))","v":"4.1.5.68"}," TEE MECANICA SALIDA RANURADA UL/FM 6   ","UN",1,{"$f":"VLOOKUP($B569,'Listado Ins Ana'!$G$3965:$K$8277,4,FALSE)","v":52789.99},67922,{"$f":"ROUND(H569*F569,0)","v":67922},"Si",67922,null,null,"No se calculó cantidad para este ítem. Se solicita confirmar que este íem no aplica.",1,5,{"$f":"CONCATENATE(Z$11,$P569,$B569)","v":"15 HEI082 "},{"$f":"CONCATENATE(AA$11,$P569,$B569)","v":"25 HEI082 "},{"$f":"VLOOKUP(B569,'Listado Ins Ana'!$G7716:$J101309,4,FALSE)-G569","v":0},null,{"$f":"+'auxiliar capitulos'!$A$43","v":"EXTINCIÓN DE INCENDIOS - RED RM"},{"$f":"VLOOKUP(U569,'auxiliar capitulos'!$A$2:$M$68,13,FALSE)","v":"4.1.5"},68,null,{"$f":"SUM(Z569:CJ569)","v":1},null,1]
[631," HAP054 ","4.1.5.69"," MANÓMETRO 1/4   ","UN",2,{"$f":"VLOOKUP($B570,'Listado Ins Ana'!$G$3965:$K$8277,4,FALSE)","v":4000},5147,10294,"Si",10294,null,null,"No se calculó cantidad para este ítem. Se solicita confirmar que este íem no aplica.",1,5,"15 HAP054 ","25 HAP054 ",{"$f":"VLOOKUP(B570,'Listado Ins Ana'!$G7716:$J101310,4,FALSE)-G570","v":0},null,{"$f":"+'auxiliar capitulos'!$A$43","v":"EXTINCIÓN DE INCENDIOS - RED RM"},{"$f":"VLOOKUP(U570,'auxiliar capitulos'!$A$2:$M$68,13,FALSE)","v":"4.1.5"},69,null,2,null,2]
[632,null,"4.1.6",{"$f":"+'auxiliar capitulos'!$A$44","v":"EXTINCIÓN DE INCENDIOS - RED RR"},null,null,null,null,null,null,null,null,null,null,null,null,null,null,null,null,{"$f":"+'auxiliar capitulos'!$A$44","v":"EXTINCIÓN DE INCENDIOS - RED RR"},{"$f":"VLOOKUP(U571,'auxiliar capitulos'!$A$2:$M$68,13,FALSE)","v":"4.1.6"},{"$f":"IF(E571=\"\",\"\",IF(#REF!=\"\",1,#REF!+1))","v":""},null,0]
[633," HEI062 ","4.1.6.1"," TUBERÍA ACERO NEGRO RANURADO (A.N) D=1 1/2   ","M",{"$f":"+Y572","v":2005.6610900000001},{"$f":"VLOOKUP($B572,'Listado Ins Ana'!$G$3965:$K$8277,4,FALSE)","v":292514.19},{"$f":"ROUND(G572*(1+$F$867),0)","v":376360},{"$f":"ROUND(H572*F572,0)","v":754850608},"Si",{"$f":"+I572","v":754850608},null,null,"No se calculó cantidad para este ítem. Se solicita confirmar que este íem no aplica.",1,6,{"$f":"CONCATENATE(Z$11,$P572,$B572)","v":"16 HEI062 "},{"$f":"CONCATENATE(AA$11,$P572,$B572)","v":"26 HEI062 "},{"$f":"VLOOKUP(B572,'Listado Ins Ana'!$G$3966:$J$100621,4,FALSE)-G572","v":0},null,{"$f":"+'auxiliar capitulos'!$A$44","v":"EXTINCIÓN DE INCENDIOS - RED RR"},{"$f":"VLOOKUP(U572,'auxiliar capitulos'!$A$2:$M$68,13,FALSE)","v":"4.1.6"},{"$f":"IF(E572=\"\",\"\",IF(E571=\"\",1,W571+1))","v":1},null,2005.6610900000001,615.89108999999996,1389.77]
[634," HEI061 ","4.1.6.2"," TUBERÍA ACERO NEGRO RANURADO (A.N) D=2 1/2   ","M",479.55693999999994,{"$f":"VLOOKUP($B573,'Listado Ins Ana'!$G$3965:$K$8277,4,FALSE)","v":511675.42},658342,315712475,"Si",315712475,null,null,"No se calculó cantidad para este ítem. Se solicita confirmar que este íem no aplica.",1,6,"16 HEI061 ","26 HEI061 ",{"$f":"VLOOKUP(B573,'Listado Ins Ana'!$G7716:$J101342,4,FALSE)-G573","v":0},null,{"$f":"+'auxiliar capitulos'!$A$44","v":"EXTINCIÓN DE INCENDIOS - RED RR"},{"$f":"VLOOKUP(U573,'auxiliar capitulos'!$A$2:$M$68,13,FALSE)","v":"4.1.6"},2,null,479.55693999999994,159.28693999999999,320.27]
[635," HEI063 ","4.1.6.3"," TUBERÍA ACERO NEGRO RANURADO (A.N) D=3   ","M",209.51988,{"$f":"VLOOKUP($B574,'Listado Ins Ana'!$G$3965:$K$8277,4,FALSE)","v":517544.5},665893,139517821,"Si",139517821,null,null,"No se calculó cantidad para este ítem. Se solicita confirmar que este íem no aplica.",1,6,"16 HEI063 ","26 HEI063 ",{"$f":"VLOOKUP(B574,'Listado Ins Ana'!$G7716:$J101343,4,FALSE)-G574","v":0},null,{"$f":"+'auxiliar capitulos'!$A$44","v":"EXTINCIÓN DE INCENDIOS - RED RR"},{"$f":"VLOOKUP(U574,'auxiliar capitulos'!$A$2:$M$68,13,FALSE)","v":"4.1.6"},3,null,209.51988,85.299880000000002,124.22]
[636," HEI015 ","4.1.6.4"," TUBERÍA ACERO NEGRO RANURADO (A.N) D=4   ","M",1.1064799999999999,{"$f":"VLOOKUP($B575,'Listado Ins Ana'!$G$3965:$K$8277,4,FALSE)","v":4000},5147,5695,"Si",5695,null,null,"No se calculó cantidad para este ítem. Se solicita confirmar que este íem no aplica.",1,6,"16 HEI015 ","26 HEI015 ",{"$f":"VLOOKUP(B575,'Listado Ins Ana'!$G7716:$J101344,4,FALSE)-G575","v":0},null,{"$f":"+'auxiliar capitulos'!$A$44","v":"EXTINCIÓN DE INCENDIOS - RED RR"},{"$f":"VLOOKUP(U575,'auxiliar capitulos'!$A$2:$M$68,13,FALSE)","v":"4.1.6"},4,null,1.1064799999999999,0.43647999999999998,0.67]
[637," HEI064 ","4.1.6.5"," TUBERÍA ACERO NEGRO ROSCADO (A.N) D=1   ","M",531.42528000000004,{"$f":"VLOOKUP($B576,'Listado Ins Ana'!$G$3965:$K$8277,4,FALSE)","v":240034.83},308838,164124321,"Si",164124321,null,null,"No se calculó cantidad para este ítem. Se solicita confirmar que este íem no aplica.",1,6,"16 HEI064 ","26 HEI064 ",{"$f":"VLOOKUP(B576,'Listado Ins Ana'!$G$3966:$J$100621,4,FALSE)-G576","v":0},null,{"$f":"+'auxiliar capitulos'!$A$44","v":"EXTINCIÓN DE INCENDIOS - RED RR"},{"$f":"VLOOKUP(U576,'auxiliar capitulos'!$A$2:$M$68,13,FALSE)","v":"4.1.6"},5,null,531.42528000000004,145.44528,385.98]
[638," HRR006 ","4.1.6.6"," CHEQUE RANURADO 3  x3  x1/4   ","UN",7,{"$f":"VLOOKUP($B577,'Listado Ins Ana'!$G$3965:$K$8277,4,FALSE)","v":428041.03},550735,3855145,"Si",3855145,null,null,"No se calculó cantidad para este ítem. Se solicita confirmar que este íem no aplica.",1,6,"16 HRR006 ","26 HRR006 ",{"$f":"VLOOKUP(B577,'Listado Ins Ana'!$G$3966:$J$100621,4,FALSE)-G577","v":0},null,{"$f":"+'auxiliar capitulos'!$A$44","v":"EXTINCIÓN DE INCENDIOS - RED RR"},{"$f":"VLOOKUP(U577,'auxiliar capitulos'!$A$2:$M$68,13,FALSE)","v":"4.1.6"},6,null,7,3,4]
[639," HRR007 ","4.1.6.7"," ESTACION DE CONTROL ","UN",7,85265000,109705360,767937520,null,767937520,null,null,"No se calculó cantidad para este ítem. Se solicita confirmar que este íem no aplica.",1,6,"16 HRR007 ","26 HRR007 ",{"$f":"VLOOKUP(B578,'Listado Ins Ana'!$G7716:$J101347,4,FALSE)-G578","v":{"$error":"#N/A"}},null,{"$f":"+'auxiliar capitulos'!$A$44","v":"EXTINCIÓN DE INCENDIOS - RED RR"},{"$f":"VLOOKUP(U578,'auxiliar capitulos'!$A$2:$M$68,13,FALSE)","v":"4.1.6"},7,null,7,3,4]
[640," HRR008 ","4.1.6.8"," VÁLVULA DE ALIVIO 1/2   ","UN",7,{"$f":"VLOOKUP($B579,'Listado Ins Ana'!$G$3965:$K$8277,4,FALSE)","v":4000},5147,36029,"Si",36029,null,null,"No se calculó cantidad para este ítem. Se solicita confirmar que este íem no aplica.",1,6,"16 HRR008 ","26 HRR008 ",{"$f":"VLOOKUP(B579,'Listado Ins Ana'!$G7716:$J101348,4,FALSE)-G579","v":0},null,{"$f":"+'auxiliar capitulos'!$A$44","v":"EXTINCIÓN DE INCENDIOS - RED RR"},{"$f":"VLOOKUP(U579,'auxiliar capitulos'!$A$2:$M$68,13,FALSE)","v":"4.1.6"},8,null,7,3,4]
[641," HRR009 ","4.1.6.9"," VÁLVULA DE PRE-ACCIÓN 3   ","UN",2,{"$f":"VLOOKUP($B580,'Listado Ins Ana'!$G$3965:$K$8277,4,FALSE)","v":4000},5147,10294,"Si",10294,null,null,"No se calculó cantidad para este ítem. Se solicita confirmar que este íem no aplica.",1,6,"16 HRR009 ","26 HRR009 ",{"$f":"VLOOKUP(B580,'Listado Ins Ana'!$G7716:$J101349,4,FALSE)-G580","v":0},null,{"$f":"+'auxiliar capitulos'!$A$44","v":"EXTINCIÓN DE INCENDIOS - RED RR"},{"$f":"VLOOKUP(U580,'auxiliar capitulos'!$A$2:$M$68,13,FALSE)","v":"4.1.6"},9,null,2,1,1]
[642," HRR010 ","4.1.6.10"," VÁLVULA MARIPOSA SUPERVISADA 3   ","UN",8,{"$f":"VLOOKUP($B581,'Listado Ins Ana'!$G$3965:$K$8277,4,FALSE)","v":4000},5147,41176,"Si",41176,null,null,"No se calculó cantidad para este ítem. Se solicita confirmar que este íem no aplica.",1,6,"16 HRR010 ","26 HRR010 ",{"$f":"VLOOKUP(B581,'Listado Ins Ana'!$G7716:$J101350,4,FALSE)-G581","v":0},null,{"$f":"+'auxiliar capitulos'!$A$44","v":"EXTINCIÓN DE INCENDIOS - RED RR"},{"$f":"VLOOKUP(U581,'auxiliar capitulos'!$A$2:$M$68,13,FALSE)","v":"4.1.6"},10,null,8,4,4]
[643," HRR011 ","4.1.6.11"," CODO 90 RANURADO UL/FM 1 1/2   ","UN",293,{"$f":"VLOOKUP($B582,'Listado Ins Ana'!$G$3965:$K$8277,4,FALSE)","v":18509.669999999998},23815,6977795,"Si",6977795,null,null,"No se calculó cantidad para este ítem. Se solicita confirmar que este íem no aplica.",1,6,"16 HRR011 ","26 HRR011 ",{"$f":"VLOOKUP(B582,'Listado Ins Ana'!$G7716:$J101351,4,FALSE)-G582","v":0},null,{"$f":"+'auxiliar capitulos'!$A$44","v":"EXTINCIÓN DE INCENDIOS - RED RR"},{"$f":"VLOOKUP(U582,'auxiliar capitulos'!$A$2:$M$68,13,FALSE)","v":"4.1.6"},11,null,293,89,204]
[644," HRR012 ","4.1.6.12"," CODO 90 RANURADO UL/FM 2 1/2   ","UN",51,{"$f":"VLOOKUP($B583,'Listado Ins Ana'!$G$3965:$K$8277,4,FALSE)","v":36932.06},47518,2423418,"Si",2423418,null,null,"No se calculó cantidad para este ítem. Se solicita confirmar que este íem no aplica.",1,6,"16 HRR012 ","26 HRR012 ",{"$f":"VLOOKUP(B583,'Listado Ins Ana'!$G7716:$J101352,4,FALSE)-G583","v":0},null,{"$f":"+'auxiliar capitulos'!$A$44","v":"EXTINCIÓN DE INCENDIOS - RED RR"},{"$f":"VLOOKUP(U583,'auxiliar capitulos'!$A$2:$M$68,13,FALSE)","v":"4.1.6"},12,null,51,12,39]
[645," HAP120 ","4.1.6.13"," CODO 90 RANURADO UL/FM 3   ","UN",55,{"$f":"VLOOKUP($B584,'Listado Ins Ana'!$G$3965:$K$8277,4,FALSE)","v":45817.2},58950,3242250,"Si",3242250,null,null,"No se calculó cantidad para este ítem. Se solicita confirmar que este íem no aplica.",1,6,"16 HAP120 ","26 HAP120 ",{"$f":"VLOOKUP(B584,'Listado Ins Ana'!$G7716:$J101353,4,FALSE)-G584","v":0},null,{"$f":"+'auxiliar capitulos'!$A$44","v":"EXTINCIÓN DE INCENDIOS - RED RR"},{"$f":"VLOOKUP(U584,'auxiliar capitulos'!$A$2:$M$68,13,FALSE)","v":"4.1.6"},13,null,55,29,26]
[646," HEI073 ","4.1.6.14"," CODO 90 ROSCADO AC 1   ","UN",165,{"$f":"VLOOKUP($B585,'Listado Ins Ana'!$G$3965:$K$8277,4,FALSE)","v":11010.29},14166,2337390,"Si",2337390,null,null,"No se calculó cantidad para este ítem. Se solicita confirmar que este íem no aplica.",1,6,"16 HEI073 ","26 HEI073 ",{"$f":"VLOOKUP(B585,'Listado Ins Ana'!$G7716:$J101354,4,FALSE)-G585","v":0},null,{"$f":"+'auxiliar capitulos'!$A$44","v":"EXTINCIÓN DE INCENDIOS - RED RR"},{"$f":"VLOOKUP(U585,'auxiliar capitulos'!$A$2:$M$68,13,FALSE)","v":"4.1.6"},14,null,165,80,85]
[647," HEI076 ","4.1.6.15"," REDUCCIÓN CONCENTRICA RANURADA UL/FM 3  x2 1/2   ","UN",21,{"$f":"VLOOKUP($B586,'Listado Ins Ana'!$G$3965:$K$8277,4,FALSE)","v":26172.080000000002},33674,707154,"Si",707154,null,null,"No se calculó cantidad para este ítem. Se solicita confirmar que este íem no aplica.",1,6,"16 HEI076 ","26 HEI076 ",{"$f":"VLOOKUP(B586,'Listado Ins Ana'!$G7716:$J101355,4,FALSE)-G586","v":0},null,{"$f":"+'auxiliar capitulos'!$A$44","v":"EXTINCIÓN DE INCENDIOS - RED RR"},{"$f":"VLOOKUP(U586,'auxiliar capitulos'!$A$2:$M$68,13,FALSE)","v":"4.1.6"},15,null,21,12,9]
[648," HEI077 ","4.1.6.16"," REDUCCIÓN CONCENTRICA RANURADA UL/FM 4  x3   ","UN",2,{"$f":"VLOOKUP($B587,'Listado Ins Ana'!$G$3965:$K$8277,4,FALSE)","v":31478.71},40502,81004,"Si",81004,null,null,"No se calculó cantidad para este ítem. Se solicita confirmar que este íem no aplica.",1,6,"16 HEI077 ","26 HEI077 ",{"$f":"VLOOKUP(B587,'Listado Ins Ana'!$G7716:$J101356,4,FALSE)-G587","v":0},null,{"$f":"+'auxiliar capitulos'!$A$44","v":"EXTINCIÓN DE INCENDIOS - RED RR"},{"$f":"VLOOKUP(U587,'auxiliar capitulos'!$A$2:$M$68,13,FALSE)","v":"4.1.6"},16,null,2,1,1]
[649," HRR017 ","4.1.6.17"," REDUCCIÓN CONCENTRICA ROSCADA AC 1  x1/2   ","UN",942,{"$f":"VLOOKUP($B588,'Listado Ins Ana'!$G$3965:$K$8277,4,FALSE)","v":4000},5147,4848474,"Si",4848474,null,null,"No se calculó cantidad para este ítem. Se solicita confirmar que este íem no aplica.",1,6,"16 HRR017 ","26 HRR017 ",{"$f":"VLOOKUP(B588,'Listado Ins Ana'!$G7716:$J101357,4,FALSE)-G588","v":0},null,{"$f":"+'auxiliar capitulos'!$A$44","v":"EXTINCIÓN DE INCENDIOS - RED RR"},{"$f":"VLOOKUP(U588,'auxiliar capitulos'!$A$2:$M$68,13,FALSE)","v":"4.1.6"},17,null,942,286,656]
[650," HRR018 ",{"$f":"IF(W589=\"\",V589,CONCATENATE(V589,\".\",W589))","v":"4.1.6.18"}," STRAP UL/FM MECH 1 1/2  x1   ","UN",891,{"$f":"VLOOKUP($B589,'Listado Ins Ana'!$G$3965:$K$8277,4,FALSE)","v":20157.900000000001},25936,23108976,"Si",23108976,null,null,"No se calculó cantidad para este ítem. Se solicita confirmar que este íem no aplica.",1,6,"16 HRR018 ","26 HRR018 ",{"$f":"VLOOKUP(B589,'Listado Ins Ana'!$G7716:$J101358,4,FALSE)-G589","v":0},null,{"$f":"+'auxiliar capitulos'!$A$44","v":"EXTINCIÓN DE INCENDIOS - RED RR"},{"$f":"VLOOKUP(U589,'auxiliar capitulos'!$A$2:$M$68,13,FALSE)","v":"4.1.6"},18,null,{"$f":"SUM(Z589:CJ589)","v":891},266,625]
[651," HRR019 ","4.1.6.19"," STRAP UL/FM MECH 2 1/2  x1   ","UN",40,{"$f":"VLOOKUP($B590,'Listado Ins Ana'!$G$3965:$K$8277,4,FALSE)","v":26271.53},33802,1352080,"Si",1352080,null,null,"No se calculó cantidad para este ítem. Se solicita confirmar que este íem no aplica.",1,6,"16 HRR019 ","26 HRR019 ",{"$f":"VLOOKUP(B590,'Listado Ins Ana'!$G7716:$J101359,4,FALSE)-G590","v":0},null,{"$f":"+'auxiliar capitulos'!$A$44","v":"EXTINCIÓN DE INCENDIOS - RED RR"},{"$f":"VLOOKUP(U590,'auxiliar capitulos'!$A$2:$M$68,13,FALSE)","v":"4.1.6"},19,null,40,18,22]
[652," HRR020 ","4.1.6.20"," STRAP UL/FM MECH 3  x1   ","UN",7,{"$f":"VLOOKUP($B591,'Listado Ins Ana'!$G$3965:$K$8277,4,FALSE)","v":24620.03},31677,221739,"Si",221739,null,null,"No se calculó cantidad para este ítem. Se solicita confirmar que este íem no aplica.",1,6,"16 HRR020 ","26 HRR020 ",{"$f":"VLOOKUP(B591,'Listado Ins Ana'!$G7716:$J101360,4,FALSE)-G591","v":0},null,{"$f":"+'auxiliar capitulos'!$A$44","v":"EXTINCIÓN DE INCENDIOS - RED RR"},{"$f":"VLOOKUP(U591,'auxiliar capitulos'!$A$2:$M$68,13,FALSE)","v":"4.1.6"},20,null,7,3,4]
[653," HRR021 ","4.1.6.21"," TAPA RANURADA UL/FM 1 1/2   ","UN",26,{"$f":"VLOOKUP($B592,'Listado Ins Ana'!$G$3965:$K$8277,4,FALSE)","v":8295.84},10674,277524,"Si",277524,null,null,"No se calculó cantidad para este ítem. Se solicita confirmar que este íem no aplica.",1,6,"16 HRR021 ","26 HRR021 ",{"$f":"VLOOKUP(B592,'Listado Ins Ana'!$G$3966:$J$100621,4,FALSE)-G592","v":0},null,{"$f":"+'auxiliar capitulos'!$A$44","v":"EXTINCIÓN DE INCENDIOS - RED RR"},{"$f":"VLOOKUP(U592,'auxiliar capitulos'!$A$2:$M$68,13,FALSE)","v":"4.1.6"},21,null,26,21,5]
[654," HRR022 ",{"$f":"IF(W593=\"\",V593,CONCATENATE(V593,\".\",W593))","v":"4.1.6.15"}," TAPA RANURADA UL/FM 2 1/2   ","UN",{"$f":"+Y593","v":39},{"$f":"VLOOKUP($B593,'Listado Ins Ana'!$G$3965:$K$8277,4,FALSE)","v":14808.89},19054,{"$f":"ROUND(H593*F593,0)","v":743106},"Si",743106,null,null,"No se calculó cantidad para este ítem. Se solicita confirmar que este íem no aplica.",1,6,{"$f":"CONCATENATE(Z$11,$P593,$B593)","v":"16 HRR022 "},{"$f":"CONCATENATE(AA$11,$P593,$B593)","v":"26 HRR022 "},{"$f":"VLOOKUP(B593,'Listado Ins Ana'!$G7716:$J101355,4,FALSE)-G593","v":0},null,{"$f":"+'auxiliar capitulos'!$A$44","v":"EXTINCIÓN DE INCENDIOS - RED RR"},{"$f":"VLOOKUP(U593,'auxiliar capitulos'!$A$2:$M$68,13,FALSE)","v":"4.1.6"},{"$f":"IF(E593=\"\",\"\",IF(E585=\"\",1,W585+1))","v":15},null,{"$f":"SUM(Z593:CJ593)","v":39},15,24]
[655," HRR026 ","4.1.6.16"," TEE MECANICA SALIDA RANURADA UL/FM 2 1/2  x1 1/2   ","UN",163,{"$f":"VLOOKUP($B594,'Listado Ins Ana'!$G$3965:$K$8277,4,FALSE)","v":43127.199999999997},55489,9044707,"Si",9044707,null,null,"No se calculó cantidad para este ítem. Se solicita confirmar que este íem no aplica.",1,6,"16 HRR026 ","26 HRR026 ",{"$f":"VLOOKUP(B594,'Listado Ins Ana'!$G7716:$J101356,4,FALSE)-G594","v":0},null,{"$f":"+'auxiliar capitulos'!$A$44","v":"EXTINCIÓN DE INCENDIOS - RED RR"},{"$f":"VLOOKUP(U594,'auxiliar capitulos'!$A$2:$M$68,13,FALSE)","v":"4.1.6"},{"$f":"IF(E594=\"\",\"\",IF(E593=\"\",1,W593+1))","v":16},null,163,163]
[656," HRR027 ","4.1.6.17"," TEE RANURADA - TEE RANURADA REDUCIDA UL/FM 1 1/2   ","UN",16,{"$f":"VLOOKUP($B595,'Listado Ins Ana'!$G$3965:$K$8277,4,FALSE)","v":28764.26},37009,592144,"Si",592144,null,null,"No se calculó cantidad para este ítem. Se solicita confirmar que este íem no aplica.",1,6,"16 HRR027 ","26 HRR027 ",{"$f":"VLOOKUP(B595,'Listado Ins Ana'!$G7716:$J101357,4,FALSE)-G595","v":0},null,{"$f":"+'auxiliar capitulos'!$A$44","v":"EXTINCIÓN DE INCENDIOS - RED RR"},{"$f":"VLOOKUP(U595,'auxiliar capitulos'!$A$2:$M$68,13,FALSE)","v":"4.1.6"},17,null,16,16]
[657," HRR028 ","4.1.6.18"," TEE RANURADA - TEE RANURADA REDUCIDA UL/FM 2 1/2   ","UN",1,{"$f":"VLOOKUP($B596,'Listado Ins Ana'!$G$3965:$K$8277,4,FALSE)","v":4000},5147,5147,"Si",5147,null,null,"No se calculó cantidad para este ítem. Se solicita confirmar que este íem no aplica.",1,6,"16 HRR028 ","26 HRR028 ",{"$f":"VLOOKUP(B596,'Listado Ins Ana'!$G7716:$J101358,4,FALSE)-G596","v":0},null,{"$f":"+'auxiliar capitulos'!$A$44","v":"EXTINCIÓN DE INCENDIOS - RED RR"},{"$f":"VLOOKUP(U596,'auxiliar capitulos'!$A$2:$M$68,13,FALSE)","v":"4.1.6"},18,null,1,1]
[658," HRR029 ","4.1.6.19"," TEE RANURADA - TEE RANURADA REDUCIDA UL/FM 3  x2 1/2   ","UN",3,{"$f":"VLOOKUP($B597,'Listado Ins Ana'!$G$3965:$K$8277,4,FALSE)","v":50422.79},64876,194628,"Si",194628,null,null,"No se calculó cantidad para este ítem. Se solicita confirmar que este íem no aplica.",1,6,"16 HRR029 ","26 HRR029 ",{"$f":"VLOOKUP(B597,'Listado Ins Ana'!$G7716:$J101359,4,FALSE)-G597","v":0},null,{"$f":"+'auxiliar capitulos'!$A$44","v":"EXTINCIÓN DE INCENDIOS - RED RR"},{"$f":"VLOOKUP(U597,'auxiliar capitulos'!$A$2:$M$68,13,FALSE)","v":"4.1.6"},19,null,3,3]
[659," HRR030 ","4.1.6.20"," TEE RANURADA - TEE RANURADA REDUCIDA UL/FM 3   ","UN",6,{"$f":"VLOOKUP($B598,'Listado Ins Ana'!$G$3965:$K$8277,4,FALSE)","v":29600.6},38085,228510,"Si",228510,null,null,"No se calculó cantidad para este ítem. Se solicita confirmar que este íem no aplica.",1,6,"16 HRR030 ","26 HRR030 ",{"$f":"VLOOKUP(B598,'Listado Ins Ana'!$G$3966:$J$100621,4,FALSE)-G598","v":0},null,{"$f":"+'auxiliar capitulos'!$A$44","v":"EXTINCIÓN DE INCENDIOS - RED RR"},{"$f":"VLOOKUP(U598,'auxiliar capitulos'!$A$2:$M$68,13,FALSE)","v":"4.1.6"},20,null,6,6]
[660," HRR031 ","4.1.6.21"," TEE RANURADA - TEE RANURADA REDUCIDA UL/FM 4  x3   ","UN",5,{"$f":"+G597*1.5","v":75634.184999999998},97314,486570,"Si",486570,null,null,"No se calculó cantidad para este ítem. Se solicita confirmar que este íem no aplica.",1,6,"16 HRR031 ","26 HRR031 ",{"$f":"VLOOKUP(B599,'Listado Ins Ana'!$G$3966:$J$100621,4,FALSE)-G599","v":{"$error":"#N/A"}},null,{"$f":"+'auxiliar capitulos'!$A$44","v":"EXTINCIÓN DE INCENDIOS - RED RR"},{"$f":"VLOOKUP(U599,'auxiliar capitulos'!$A$2:$M$68,13,FALSE)","v":"4.1.6"},21,null,5,5]
[661," HAT027 ","4.1.6.22"," ACOPLE RIGIDO RANURADO UL/FM (UNIÓN RANURADA) 3   ","UN",38,{"$f":"VLOOKUP($B600,'Listado Ins Ana'!$G$3965:$K$8277,4,FALSE)","v":35562.61},45756,1738728,"Si",1738728,null,null,"No se calculó cantidad para este ítem. Se solicita confirmar que este íem no aplica.",1,6,"16 HAT027 ","26 HAT027 ",{"$f":"VLOOKUP(B600,'Listado Ins Ana'!$G7716:$J101362,4,FALSE)-G600","v":0},null,{"$f":"+'auxiliar capitulos'!$A$44","v":"EXTINCIÓN DE INCENDIOS - RED RR"},{"$f":"VLOOKUP(U600,'auxiliar capitulos'!$A$2:$M$68,13,FALSE)","v":"4.1.6"},{"$f":"IF(E600=\"\",\"\",IF(E592=\"\",1,W592+1))","v":22},null,38,18,20]
[662," HEI048 ","4.1.6.23"," ACOPLE RIGIDO RANURADO UL/FM (TEE RANURADA) ","UN",93,{"$f":"VLOOKUP($B601,'Listado Ins Ana'!$G$3965:$K$8277,4,FALSE)","v":4000},5147,478671,"Si",478671,null,null,"No se calculó cantidad para este ítem. Se solicita confirmar que este íem no aplica.",1,6,"16 HEI048 ","26 HEI048 ",{"$f":"VLOOKUP(B601,'Listado Ins Ana'!$G7716:$J101363,4,FALSE)-G601","v":0},null,{"$f":"+'auxiliar capitulos'!$A$44","v":"EXTINCIÓN DE INCENDIOS - RED RR"},{"$f":"VLOOKUP(U601,'auxiliar capitulos'!$A$2:$M$68,13,FALSE)","v":"4.1.6"},23,null,93,45,48]
[663," HEI049 ","4.1.6.24"," ACOPLE RIGIDO RANURADO UL/FM (CODO 45 - REDUCCIÓN RANURADA) ","UN",41,{"$f":"VLOOKUP($B602,'Listado Ins Ana'!$G$3965:$K$8277,4,FALSE)","v":4000},5147,211027,"Si",211027,null,null,"No se calculó cantidad para este ítem. Se solicita confirmar que este íem no aplica.",1,6,"16 HEI049 ","26 HEI049 ",{"$f":"VLOOKUP(B602,'Listado Ins Ana'!$G7716:$J101364,4,FALSE)-G602","v":0},null,{"$f":"+'auxiliar capitulos'!$A$44","v":"EXTINCIÓN DE INCENDIOS - RED RR"},{"$f":"VLOOKUP(U602,'auxiliar capitulos'!$A$2:$M$68,13,FALSE)","v":"4.1.6"},24,null,41,25,16]
[664,"HRR035","4.1.6.25"," ACOPLE RIGIDO RANURADO UL/FM (CODO RANURADO) ","UN",800,{"$f":"+G540","v":81700.100000000006},105119,84095200,"Si",84095200,null,null,"No se calculó cantidad para este ítem. Se solicita confirmar que este íem no aplica.",1,6,"16HRR035","26HRR035",{"$f":"VLOOKUP(B603,'Listado Ins Ana'!$G7716:$J101365,4,FALSE)-G603","v":{"$error":"#N/A"}},null,{"$f":"+'auxiliar capitulos'!$A$44","v":"EXTINCIÓN DE INCENDIOS - RED RR"},{"$f":"VLOOKUP(U603,'auxiliar capitulos'!$A$2:$M$68,13,FALSE)","v":"4.1.6"},25,null,800,260,540]
[665,"HEI051","4.1.6.26"," ACOPLE RIGIDO RANURADO UL/FM (TEE MECANICA) ","UN",153,{"$f":"+G603","v":81700.100000000006},105119,16083207,"Si",16083207,null,null,"No se calculó cantidad para este ítem. Se solicita confirmar que este íem no aplica.",1,6,"16HEI051","26HEI051",{"$f":"VLOOKUP(B604,'Listado Ins Ana'!$G7716:$J101366,4,FALSE)-G604","v":{"$error":"#N/A"}},null,{"$f":"+'auxiliar capitulos'!$A$44","v":"EXTINCIÓN DE INCENDIOS - RED RR"},{"$f":"VLOOKUP(U604,'auxiliar capitulos'!$A$2:$M$68,13,FALSE)","v":"4.1.6"},26,null,153,58,95]
[666," HRR037 ","4.1.6.27"," ACOPLE RIGIDO RANURADO UL/FM (TAPA RANURADA) ","UN",65,{"$f":"VLOOKUP($B605,'Listado Ins Ana'!$G$3965:$K$8277,4,FALSE)","v":4000},5147,334555,"Si",334555,null,null,"No se calculó cantidad para este ítem. Se solicita confirmar que este íem no aplica.",1,6,"16 HRR037 ","26 HRR037 ",{"$f":"VLOOKUP(B605,'Listado Ins Ana'!$G$3966:$J$100621,4,FALSE)-G605","v":0},null,{"$f":"+'auxiliar capitulos'!$A$44","v":"EXTINCIÓN DE INCENDIOS - RED RR"},{"$f":"VLOOKUP(U605,'auxiliar capitulos'!$A$2:$M$68,13,FALSE)","v":"4.1.6"},27,null,65,36,29]
[667,"HEI001",{"$f":"IF(W606=\"\",V606,CONCATENATE(V606,\".\",W606))","v":"4.1.6.27"}," Rociador Colgante ↓   K 5.6   - (Pendent - V2708 - Chrome 135 - Quick Response) ","UN",{"$f":"+Y606","v":315},{"$f":"VLOOKUP($B606,'Listado Ins Ana'!$G$3965:$K$8277,4,FALSE)","v":48344.160000000003},62202,{"$f":"ROUND(H606*F606,0)","v":19593630},"Si",19593630,null,null,"No se calculó cantidad para este ítem. Se solicita confirmar que este íem no aplica.",1,6,{"$f":"CONCATENATE(Z$11,$P606,$B606)","v":"16HEI001"},{"$f":"CONCATENATE(AA$11,$P606,$B606)","v":"26HEI001"},{"$f":"VLOOKUP(B606,'Listado Ins Ana'!$G$3966:$J$100621,4,FALSE)-G606","v":0},null,{"$f":"+'auxiliar capitulos'!$A$44","v":"EXTINCIÓN DE INCENDIOS - RED RR"},{"$f":"VLOOKUP(U606,'auxiliar capitulos'!$A$2:$M$68,13,FALSE)","v":"4.1.6"},{"$f":"IF(E606=\"\",\"\",IF(E604=\"\",1,W604+1))","v":27},null,{"$f":"SUM(Z606:CJ606)","v":315},315]
[668,"HEI002","4.1.6.28"," Rociador Montante ↑   K 5.6   - (Upright - V2704 - Chrome 135 - Quick Response) ","UN",621,{"$f":"VLOOKUP($B607,'Listado Ins Ana'!$G$3965:$K$8277,4,FALSE)","v":40029.629999999997},51504,31983984,"Si",31983984,null,null,"No se calculó cantidad para este ítem. Se solicita confirmar que este íem no aplica.",1,6,"16HEI002","26HEI002",{"$f":"VLOOKUP(B607,'Listado Ins Ana'!$G$3966:$J$100621,4,FALSE)-G607","v":0},null,{"$f":"+'auxiliar capitulos'!$A$44","v":"EXTINCIÓN DE INCENDIOS - RED RR"},{"$f":"VLOOKUP(U607,'auxiliar capitulos'!$A$2:$M$68,13,FALSE)","v":"4.1.6"},{"$f":"IF(E607=\"\",\"\",IF(E605=\"\",1,W605+1))","v":28},null,621,621]
[669,null,"4.2","REDES HUMEDAS EXTERNAS",null,null,null,null,null,null,null,null,null,null,null,null,null,null,null,null,"REDES HUMEDAS EXTERNAS",{"$f":"VLOOKUP(U608,'auxiliar capitulos'!$A$2:$M$68,13,FALSE)","v":"4.2"},{"$f":"IF(E608=\"\",\"\",IF(E462=\"\",1,W462+1))","v":""},null,0]
[670,null,"4.2.1","REDES HÚMEDAS EXTERNAS ACUEDUCTO",null,null,null,null,null,null,null,null,null,null,null,null,null,null,null,null,"REDES HÚMEDAS EXTERNAS ACUEDUCTO",{"$f":"VLOOKUP(U609,'auxiliar capitulos'!$A$2:$M$68,13,FALSE)","v":"4.2.1"},"",null,0]
[671,3224,"4.2.1.1",{"$f":"VLOOKUP(B610,'Listado Ins Ana'!G3965:K8277,2,FALSE)","v":"TUBERIA PVC D=2 1/2\" TIPO U.M. RDE 21 (SUMINISTRO E INSTALACIÓN)"},{"$f":"VLOOKUP(B610,'Listado Ins Ana'!G3965:K8277,3,FALSE)","v":"ML"},{"$f":"Y610","v":35.5},{"$f":"VLOOKUP($B610,'Listado Ins Ana'!$G$3965:$K$8277,4,FALSE)","v":21248},{"$f":"ROUND(G610*(1+$F$867),0)","v":27339},{"$f":"ROUND(H610*F610,0)","v":970535},"Si",{"$f":"+I610","v":970535},null,null,null,null,null,null,null,{"$f":"VLOOKUP(B610,'Listado Ins Ana'!$G$3966:$J$100621,4,FALSE)-G610","v":0},null,"REDES HÚMEDAS EXTERNAS ACUEDUCTO",{"$f":"VLOOKUP(U610,'auxiliar capitulos'!$A$2:$M$68,13,FALSE)","v":"4.2.1"},1,null,35.5,null,null,null,null,null,null,null,null,null,null,null,null,null,null,null,null,null,null,null,null,null,null,null,null,null,null,null,null,null,null,null,null,null,null,null,null,null,null,null,null,null,null,null,null,null,null,null,null,null,null,null,null,null,35.5]
[672,3226,{"$f":"IF(W611=\"\",V611,CONCATENATE(V611,\".\",W611))","v":"4.2.1.2"},{"$f":"VLOOKUP(B611,'Listado Ins Ana'!G3965:K8277,2,FALSE)","v":"TUBERIA PVC D=4\" TIPO U.M. RDE 21 (SUMINISTRO E INSTALACIÓN)"},{"$f":"VLOOKUP(B611,'Listado Ins Ana'!G3965:K8277,3,FALSE)","v":"ML"},464.5,{"$f":"VLOOKUP($B611,'Listado Ins Ana'!$G$3965:$K$8277,4,FALSE)","v":48060},61836,28722822,"Si",28722822,null,null,null,null,null,null,null,{"$f":"VLOOKUP(B611,'Listado Ins Ana'!$G$3966:$J$100621,4,FALSE)-G611","v":0},null,"REDES HÚMEDAS EXTERNAS ACUEDUCTO",{"$f":"VLOOKUP(U611,'auxiliar capitulos'!$A$2:$M$68,13,FALSE)","v":"4.2.1"},{"$f":"IF(E611=\"\",\"\",IF(E610=\"\",1,W610+1))","v":2},null,464.5,null,null,null,null,null,null,null,null,null,null,null,null,null,null,null,null,null,null,null,null,null,null,null,null,null,null,null,null,null,null,null,null,null,null,null,null,null,null,null,null,null,null,null,null,null,null,null,null,null,null,null,null,null,379.8,84.7]
[673,3230,"4.2.1.3",{"$f":"VLOOKUP(B612,'Listado Ins Ana'!G3965:K8277,2,FALSE)","v":"TUBERIA PVC D=12\" TIPO U.M. RDE 21 (SUMINISTRO E INSTALACIÓN)"},{"$f":"VLOOKUP(B612,'Listado Ins Ana'!G3965:K8277,3,FALSE)","v":"ML"},44.4,{"$f":"VLOOKUP($B612,'Listado Ins Ana'!$G$3965:$K$8277,4,FALSE)","v":359188},462146,20519282,"Si",20519282,null,null,null,null,null,null,null,{"$f":"VLOOKUP(B612,'Listado Ins Ana'!$G$3966:$J$100621,4,FALSE)-G612","v":0},null,"REDES HÚMEDAS EXTERNAS ACUEDUCTO",{"$f":"VLOOKUP(U612,'auxiliar capitulos'!$A$2:$M$68,13,FALSE)","v":"4.2.1"},3,null,44.4,null,null,null,null,null,null,null,null,null,null,null,null,null,null,null,null,null,null,null,null,null,null,null,null,null,null,null,null,null,null,null,null,null,null,null,null,null,null,null,null,null,null,null,null,null,null,null,null,null,null,null,null,null,null,44.4]
[674,3330,"4.2.1.4",{"$f":"VLOOKUP(B613,'Listado Ins Ana'!G3965:K8277,2,FALSE)","v":"HIDRANTE EXTREMO BRIDA D=4\" TIPO TRÁFICO (SUMINISTRO E INSTALACIÓN. NO INCLUYE KIT DE NIVELACIÓN)"},{"$f":"VLOOKUP(B613,'Listado Ins Ana'!G3965:K8277,3,FALSE)","v":"UN"},4,{"$f":"VLOOKUP($B613,'Listado Ins Ana'!$G$3965:$K$8277,4,FALSE)","v":3525408},4535931,18143724,"Si",18143724,null,null,null,null,null,null,null,{"$f":"VLOOKUP(B613,'Listado Ins Ana'!$G$3966:$J$100621,4,FALSE)-G613","v":0},null,"REDES HÚMEDAS EXTERNAS ACUEDUCTO",{"$f":"VLOOKUP(U613,'auxiliar capitulos'!$A$2:$M$68,13,FALSE)","v":"4.2.1"},4,null,{"$f":"SUM(Z613:CJ613)","v":4},null,null,null,null,null,null,null,null,null,null,null,null,null,null,null,null,null,null,null,null,null,null,null,null,null,null,null,null,null,null,null,null,null,null,null,null,null,null,null,null,null,null,null,null,null,null,null,null,null,null,null,null,null,2,2]
[675,4841,"4.2.1.5",{"$f":"VLOOKUP(B614,'Listado Ins Ana'!G3965:K8277,2,FALSE)","v":"EMPATES DE TUBERÍA EN PVC A PVC 4\" LINEAL SEGÚN NORMA NS-023 (INCLUYE ACCESORIOS). SUMINISTRO E INSTALACIÓN."},{"$f":"VLOOKUP(B614,'Listado Ins Ana'!G3965:K8277,3,FALSE)","v":"UN"},14,{"$f":"VLOOKUP($B614,'Listado Ins Ana'!$G$3965:$K$8277,4,FALSE)","v":195079},250996,3513944,"No",3513944,null,null,null,null,null,null,null,{"$f":"VLOOKUP(B614,'Listado Ins Ana'!$G$3966:$J$100621,4,FALSE)-G614","v":0},null,"REDES HÚMEDAS EXTERNAS ACUEDUCTO",{"$f":"VLOOKUP(U614,'auxiliar capitulos'!$A$2:$M$68,13,FALSE)","v":"4.2.1"},5,null,14,null,null,null,null,null,null,null,null,null,null,null,null,null,null,null,null,null,null,null,null,null,null,null,null,null,null,null,null,null,null,null,null,null,null,null,null,null,null,null,null,null,null,null,null,null,null,null,null,null,null,null,null,null,9,5]
[676,5746,"4.2.1.6",{"$f":"VLOOKUP(B615,'Listado Ins Ana'!G3965:K8277,2,FALSE)","v":"EMPATES DE TUBERÍA EN PVC A PVC 2\" LINEAL SEGÚN NORMA NS-023 (INCLUYE ACCESORIOS). SUMINISTRO E INSTALACIÓN."},{"$f":"VLOOKUP(B615,'Listado Ins Ana'!G3965:K8277,3,FALSE)","v":"UN"},2,{"$f":"VLOOKUP($B615,'Listado Ins Ana'!$G$3965:$K$8277,4,FALSE)","v":69181},89011,178022,"No",178022,null,null,null,null,null,null,null,{"$f":"VLOOKUP(B615,'Listado Ins Ana'!$G$3966:$J$100621,4,FALSE)-G615","v":0},null,"REDES HÚMEDAS EXTERNAS ACUEDUCTO",{"$f":"VLOOKUP(U615,'auxiliar capitulos'!$A$2:$M$68,13,FALSE)","v":"4.2.1"},6,null,2,null,null,null,null,null,null,null,null,null,null,null,null,null,null,null,null,null,null,null,null,null,null,null,null,null,null,null,null,null,null,null,null,null,null,null,null,null,null,null,null,null,null,null,null,null,null,null,null,null,null,null,null,null,2]
[677,3305,"4.2.1.7",{"$f":"VLOOKUP(B616,'Listado Ins Ana'!G3965:K8277,2,FALSE)","v":"CODO HD 45° EXTREMO LISO PARA PVC D=4\" (SUMINISTRO E INSTALACIÓN)"},{"$f":"VLOOKUP(B616,'Listado Ins Ana'!G3965:K8277,3,FALSE)","v":"UN"},2,{"$f":"VLOOKUP($B616,'Listado Ins Ana'!$G$3965:$K$8277,4,FALSE)","v":173474},223199,446398,"Si",446398,null,null,null,null,null,null,null,{"$f":"VLOOKUP(B616,'Listado Ins Ana'!$G$3966:$J$100621,4,FALSE)-G616","v":0},null,"REDES HÚMEDAS EXTERNAS ACUEDUCTO",{"$f":"VLOOKUP(U616,'auxiliar capitulos'!$A$2:$M$68,13,FALSE)","v":"4.2.1"},7,null,2,null,null,null,null,null,null,null,null,null,null,null,null,null,null,null,null,null,null,null,null,null,null,null,null,null,null,null,null,null,null,null,null,null,null,null,null,null,null,null,null,null,null,null,null,null,null,null,null,null,null,null,null,null,null,2]
[678,3391,"4.2.1.8",{"$f":"VLOOKUP(B617,'Listado Ins Ana'!G3966:K8277,2,FALSE)","v":"CODO HD 22.5° EXTREMO LISO PARA PVC D=4\" (SUMINISTRO E INSTALACIÓN)"},{"$f":"VLOOKUP(B617,'Listado Ins Ana'!G3966:K8277,3,FALSE)","v":"UN"},{"$f":"Y617","v":8},{"$f":"VLOOKUP($B617,'Listado Ins Ana'!$G$3965:$K$8277,4,FALSE)","v":173474},223199,{"$f":"ROUND(H617*F617,0)","v":1785592},"Si",1785592,null,null,null,null,null,null,null,{"$f":"VLOOKUP(B617,'Listado Ins Ana'!$G$3966:$J$100621,4,FALSE)-G617","v":0},null,"REDES HÚMEDAS EXTERNAS ACUEDUCTO",{"$f":"VLOOKUP(U617,'auxiliar capitulos'!$A$2:$M$68,13,FALSE)","v":"4.2.1"},8,null,8,null,null,null,null,null,null,null,null,null,null,null,null,null,null,null,null,null,null,null,null,null,null,null,null,null,null,null,null,null,null,null,null,null,null,null,null,null,null,null,null,null,null,null,null,null,null,null,null,null,null,null,null,null,6,2]
[679,4843,"4.2.1.9",{"$f":"VLOOKUP(B618,'Listado Ins Ana'!$G$3966:$J$7715,2,FALSE)","v":"EMPATES DE TUBERÍA EN PVC A AC 3\" LINEAL SEGÚN NORMA NS-023. SUMINISTRO E INSTALACIÓN. (INCLUYE ACCESORIOS)."},{"$f":"VLOOKUP(B618,'Listado Ins Ana'!$G$3966:$J$7715,3,FALSE)","v":"UN"},4,{"$f":"VLOOKUP($B618,'Listado Ins Ana'!$G$3965:$K$8277,4,FALSE)","v":205421},264303,1057212,"No",1057212,null,null,null,null,null,null,null,{"$f":"VLOOKUP(B618,'Listado Ins Ana'!$G$3966:$J$100621,4,FALSE)-G618","v":0},null,"REDES HÚMEDAS EXTERNAS ACUEDUCTO",{"$f":"VLOOKUP(U618,'auxiliar capitulos'!$A$2:$M$68,13,FALSE)","v":"4.2.1"},9,null,4,null,null,null,null,null,null,null,null,null,null,null,null,null,null,null,null,null,null,null,null,null,null,null,null,null,null,null,null,null,null,null,null,null,null,null,null,null,null,null,null,null,null,null,null,null,null,null,null,null,null,null,null,null,3,1]
[685,3268,{"$f":"IF(W619=\"\",V619,CONCATENATE(V619,\".\",W619))","v":"4.2.1.10"},{"$f":"VLOOKUP(B619,'Listado Ins Ana'!$G$3966:$J$7715,2,FALSE)","v":"TEE HD EXTREMO LISO 12\"X4\" (SUMINISTRO E INSTALACIÓN)"},{"$f":"VLOOKUP(B619,'Listado Ins Ana'!$G$3966:$J$7715,3,FALSE)","v":"UN"},1,{"$f":"VLOOKUP($B619,'Listado Ins Ana'!$G$3965:$K$8277,4,FALSE)","v":1686088},2169388,{"$f":"ROUND(H619*F619,0)","v":2169388},"Si",2169388,null,null,null,null,null,null,null,{"$f":"VLOOKUP(B619,'Listado Ins Ana'!$G$3966:$J$100621,4,FALSE)-G619","v":0},null,"REDES HÚMEDAS EXTERNAS ACUEDUCTO",{"$f":"VLOOKUP(U619,'auxiliar capitulos'!$A$2:$M$68,13,FALSE)","v":"4.2.1"},10,null,1,null,null,null,null,null,null,null,null,null,null,null,null,null,null,null,null,null,null,null,null,null,null,null,null,null,null,null,null,null,null,null,null,null,null,null,null,null,null,null,null,null,null,null,null,null,null,null,null,null,null,null,null,null,null,1]
[686,7419,"4.2.1.11",{"$f":"VLOOKUP(B620,'Listado Ins Ana'!$G$3966:$J$7715,2,FALSE)","v":"TEE PVC U.M. 4\" X 4\" (SUMINISTRO E INSTALACIÓN)"},{"$f":"VLOOKUP(B620,'Listado Ins Ana'!$G$3966:$J$7715,3,FALSE)","v":"UN"},7,{"$f":"VLOOKUP($B620,'Listado Ins Ana'!$G$3965:$K$8277,4,FALSE)","v":193817},249373,{"$f":"ROUND(H620*F620,0)","v":1745611},"Si",1745611,null,null,null,null,null,null,null,{"$f":"VLOOKUP(B620,'Listado Ins Ana'!$G$3966:$J$100621,4,FALSE)-G620","v":0},null,"REDES HÚMEDAS EXTERNAS ACUEDUCTO",{"$f":"VLOOKUP(U620,'auxiliar capitulos'!$A$2:$M$68,13,FALSE)","v":"4.2.1"},11,null,7,null,null,null,null,null,null,null,null,null,null,null,null,null,null,null,null,null,null,null,null,null,null,null,null,null,null,null,null,null,null,null,null,null,null,null,null,null,null,null,null,null,null,null,null,null,null,null,null,null,null,null,null,null,5,2]
[687,3687,{"$f":"IF(W621=\"\",V621,CONCATENATE(V621,\".\",W621))","v":"4.2.1.12"},{"$f":"VLOOKUP(B621,'Listado Ins Ana'!$G$3966:$J$7715,2,FALSE)","v":"CAJA PARA VALVULA 0.4X0.4M H=0.8M (INCLUYE MARCO Y TAPA)"},{"$f":"VLOOKUP(B621,'Listado Ins Ana'!$G$3966:$J$7715,3,FALSE)","v":"UN"},3,{"$f":"VLOOKUP($B621,'Listado Ins Ana'!$G$3965:$K$8277,4,FALSE)","v":164409},211535,634605,"No",634605,null,null,null,null,null,null,null,{"$f":"VLOOKUP(B621,'Listado Ins Ana'!$G$3966:$J$100621,4,FALSE)-G621","v":0},null,"REDES HÚMEDAS EXTERNAS ACUEDUCTO",{"$f":"VLOOKUP(U621,'auxiliar capitulos'!$A$2:$M$68,13,FALSE)","v":"4.2.1"},12,null,3,null,null,null,null,null,null,null,null,null,null,null,null,null,null,null,null,null,null,null,null,null,null,null,null,null,null,null,null,null,null,null,null,null,null,null,null,null,null,null,null,null,null,null,null,null,null,null,null,null,null,null,null,null,3]
[688,4402,"4.2.1.13",{"$f":"VLOOKUP(B622,'Listado Ins Ana'!$G$3966:$J$7715,2,FALSE)","v":"VALVULA COMPUERTA ELASTICA VASTAGO NO ASCENDENTE EXTREMO LISO D=4\" (SUMINISTRO E INSTALACIÓN)"},{"$f":"VLOOKUP(B622,'Listado Ins Ana'!$G$3966:$J$7715,3,FALSE)","v":"UN"},3,{"$f":"VLOOKUP($B622,'Listado Ins Ana'!$G$3965:$K$8277,4,FALSE)","v":739484},951450,{"$f":"ROUND(H622*F622,0)","v":2854350},"Si",2854350,null,null,null,null,null,null,null,{"$f":"VLOOKUP(B622,'Listado Ins Ana'!$G$3966:$J$100621,4,FALSE)-G622","v":0},null,"REDES HÚMEDAS EXTERNAS ACUEDUCTO",{"$f":"VLOOKUP(U622,'auxiliar capitulos'!$A$2:$M$68,13,FALSE)","v":"4.2.1"},13,null,3,null,null,null,null,null,null,null,null,null,null,null,null,null,null,null,null,null,null,null,null,null,null,null,null,null,null,null,null,null,null,null,null,null,null,null,null,null,null,null,null,null,null,null,null,null,null,null,null,null,null,null,null,null,3]
[689,4899,{"$f":"IF(W623=\"\",V623,CONCATENATE(V623,\".\",W623))","v":"4.2.1.14"},{"$f":"VLOOKUP(B623,'Listado Ins Ana'!$G$3966:$J$7715,2,FALSE)","v":"REDUCCION HD 4\"X 3\" J.H. (SUMINISTRO E INSTALACIÓN)."},{"$f":"VLOOKUP(B623,'Listado Ins Ana'!$G$3966:$J$7715,3,FALSE)","v":"UN"},4,{"$f":"VLOOKUP($B623,'Listado Ins Ana'!$G$3965:$K$8277,4,FALSE)","v":135458},174286,697144,"No",697144,null,null,null,null,null,null,null,{"$f":"VLOOKUP(B623,'Listado Ins Ana'!$G$3966:$J$100621,4,FALSE)-G623","v":0},null,"REDES HÚMEDAS EXTERNAS ACUEDUCTO",{"$f":"VLOOKUP(U623,'auxiliar capitulos'!$A$2:$M$68,13,FALSE)","v":"4.2.1"},14,null,4,null,null,null,null,null,null,null,null,null,null,null,null,null,null,null,null,null,null,null,null,null,null,null,null,null,null,null,null,null,null,null,null,null,null,null,null,null,null,null,null,null,null,null,null,null,null,null,null,null,null,null,null,null,3,1]
[690,3009,"4.2.1.15",{"$f":"VLOOKUP(B624,'Listado Ins Ana'!$G$3966:$J$7715,2,FALSE)","v":"EXCAVACION MANUAL PARA REDES PROFUNDIDAD 0M - 2M (INCLUYE CARGUE)"},{"$f":"VLOOKUP(B624,'Listado Ins Ana'!$G$3966:$J$7715,3,FALSE)","v":"M3"},287.2,{"$f":"VLOOKUP($B624,'Listado Ins Ana'!$G$3965:$K$8277,4,FALSE)","v":31876},41013,11778934,"No",11778934,null,null,null,null,null,null,null,{"$f":"VLOOKUP(B624,'Listado Ins Ana'!$G$3966:$J$100621,4,FALSE)-G624","v":0},null,"REDES HÚMEDAS EXTERNAS ACUEDUCTO",{"$f":"VLOOKUP(U624,'auxiliar capitulos'!$A$2:$M$68,13,FALSE)","v":"4.2.1"},15,null,287.2,null,null,null,null,null,null,null,null,null,null,null,null,null,null,null,null,null,null,null,null,null,null,null,null,null,null,null,null,null,null,null,null,null,null,null,null,null,null,null,null,null,null,null,null,null,null,null,null,null,null,null,null,null,235.56,51.64]
[47,7462,"4.2.1.16",{"$f":"VLOOKUP(B625,'Listado Ins Ana'!$G$2:$M$3331,2,FALSE)","v":"TRANSPORTE DE PETREOS"},{"$f":"VLOOKUP(B625,'Listado Ins Ana'!$G$2:$M$3331,3,FALSE)","v":"M3-KM"},{"$f":"+Y625","v":12171.536},{"$f":"VLOOKUP(B625,'Listado Ins Ana'!$G$2:$M$3331,4,FALSE)","v":1449},1864,22687743,"No",22687743,null,null,null,null,null,null,null,{"$f":"VLOOKUP(B625,'Listado Ins Ana'!$G$3966:$J$100621,4,FALSE)-G625","v":2132103},null,"REDES HÚMEDAS EXTERNAS ACUEDUCTO",{"$f":"VLOOKUP(U625,'auxiliar capitulos'!$A$2:$M$68,13,FALSE)","v":"4.2.1"},16,null,12171.536,{"$f":"Z624*1.3*$CL625","v":0},{"$f":"AA624*1.3*$CL625","v":0},{"$f":"AB624*1.3*$CL625","v":0},{"$f":"AC624*1.3*$CL625","v":0},{"$f":"AD624*1.3*$CL625","v":0},{"$f":"AE624*1.3*$CL625","v":0},{"$f":"AF624*1.3*$CL625","v":0},{"$f":"AG624*1.3*$CL625","v":0},{"$f":"AH624*1.3*$CL625","v":0},{"$f":"AI624*1.3*$CL625","v":0},{"$f":"AJ624*1.3*$CL625","v":0},{"$f":"AK624*1.3*$CL625","v":0},{"$f":"AL624*1.3*$CL625","v":0},{"$f":"AM624*1.3*$CL625","v":0},{"$f":"AN624*1.3*$CL625","v":0},{"$f":"AO624*1.3*$CL625","v":0},{"$f":"AP624*1.3*$CL625","v":0},{"$f":"AQ624*1.3*$CL625","v":0},{"$f":"AR624*1.3*$CL625","v":0},{"$f":"AS624*1.3*$CL625","v":0},{"$f":"AT624*1.3*$CL625","v":0},{"$f":"AU624*1.3*$CL625","v":0},{"$f":"AV624*1.3*$CL625","v":0},{"$f":"AW624*1.3*$CL625","v":0},{"$f":"AX624*1.3*$CL625","v":0},{"$f":"AY624*1.3*$CL625","v":0},{"$f":"AZ624*1.3*$CL625","v":0},{"$f":"BA624*1.3*$CL625","v":0},{"$f":"BB624*1.3*$CL625","v":0},{"$f":"BC624*1.3*$CL625","v":0},{"$f":"BD624*1.3*$CL625","v":0},{"$f":"BE624*1.3*$CL625","v":0},{"$f":"BF624*1.3*$CL625","v":0},{"$f":"BG624*1.3*$CL625","v":0},{"$f":"BH624*1.3*$CL625","v":0},{"$f":"BI624*1.3*$CL625","v":0},{"$f":"BJ624*1.3*$CL625","v":0},{"$f":"BK624*1.3*$CL625","v":0},{"$f":"BL624*1.3*$CL625","v":0},{"$f":"BM624*1.3*$CL625","v":0},{"$f":"BN624*1.3*$CL625","v":0},{"$f":"BO624*1.3*$CL625","v":0},{"$f":"BP624*1.3*$CL625","v":0},{"$f":"BQ624*1.3*$CL625","v":0},{"$f":"BR624*1.3*$CL625","v":0},{"$f":"BS624*1.3*$CL625","v":0},{"$f":"BT624*1.3*$CL625","v":0},{"$f":"BU624*1.3*$CL625","v":0},{"$f":"BV624*1.3*$CL625","v":0},{"$f":"BW624*1.3*$CL625","v":0},{"$f":"BX624*1.3*$CL625","v":0},{"$f":"BY624*1.3*$CL625","v":0},{"$f":"BZ624*1.3*$CL625","v":0},{"$f":"CA624*1.3*$CL625","v":9983.0328000000009},{"$f":"CB624*1.3*$CL625","v":2188.5032000000001},{"$f":"CC624*1.3*$CL625","v":0},{"$f":"CD624*1.3*$CL625","v":0},{"$f":"CE624*1.3*$CL625","v":0},null,{"$f":"CG624*1.3*$CL625","v":0},{"$f":"CH624*1.3*$CL625","v":0},{"$f":"CI624*1.3*$CL625","v":0},{"$f":"CJ624*1.3*$CL625","v":0},"Distancia de acarreo critica a Mondoñedo",32.6]
[691,5172,{"$f":"IF(W626=\"\",V626,CONCATENATE(V626,\".\",W626))","v":"4.2.1.17"},{"$f":"VLOOKUP(B626,'Listado Ins Ana'!$G$3966:$J$7715,2,FALSE)","v":"ACOMETIDA DOMICILIARIA DE 4\" A 1/2\". SUMINISTRO E INSTALACION. (INCLUYE TUBERIA PF, REPOSICIÓN DE CAJILLA EN POLIPROPILENO PARA MEDIDOR, REGISTROS Y ACCESORIOS, LONGITUD PROMEDIO = 6.5MT)."},{"$f":"VLOOKUP(B626,'Listado Ins Ana'!$G$3966:$J$7715,3,FALSE)","v":"UN"},10,{"$f":"VLOOKUP($B626,'Listado Ins Ana'!$G$3965:$K$8277,4,FALSE)","v":302856},389667,{"$f":"ROUND(H626*F626,0)","v":3896670},"No",3896670,null,null,null,null,null,null,null,{"$f":"VLOOKUP(B626,'Listado Ins Ana'!$G$3966:$J$100621,4,FALSE)-G626","v":0},null,"REDES HÚMEDAS EXTERNAS ACUEDUCTO",{"$f":"VLOOKUP(U626,'auxiliar capitulos'!$A$2:$M$68,13,FALSE)","v":"4.2.1"},17,null,10,null,null,null,null,null,null,null,null,null,null,null,null,null,null,null,null,null,null,null,null,null,null,null,null,null,null,null,null,null,null,null,null,null,null,null,null,null,null,null,null,null,null,null,null,null,null,null,null,null,null,null,null,null,5,5]
[692,5415,"4.2.1.18",{"$f":"VLOOKUP(B627,'Listado Ins Ana'!$G$3966:$J$7715,2,FALSE)","v":"RELLENO EN ARENA DE PEÑA (INCLUYE TRANSPORTE, SUMINISTRO, EXTENDIDO MANUAL Y COMPACTACIÓN)."},{"$f":"VLOOKUP(B627,'Listado Ins Ana'!$G$3966:$J$7715,3,FALSE)","v":"M3"},86.16,{"$f":"VLOOKUP($B627,'Listado Ins Ana'!$G$3965:$K$8277,4,FALSE)","v":62232},80070,6898831,"No",6898831,null,null,null,null,null,null,null,{"$f":"VLOOKUP(B627,'Listado Ins Ana'!$G$3966:$J$100621,4,FALSE)-G627","v":0},null,"REDES HÚMEDAS EXTERNAS ACUEDUCTO",{"$f":"VLOOKUP(U627,'auxiliar capitulos'!$A$2:$M$68,13,FALSE)","v":"4.2.1"},18,null,86.16,null,null,null,null,null,null,null,null,null,null,null,null,null,null,null,null,null,null,null,null,null,null,null,null,null,null,null,null,null,null,null,null,null,null,null,null,null,null,null,null,null,null,null,null,null,null,null,null,null,null,null,null,null,70.667999999999992,15.491999999999999]
[693,6020,"4.2.1.19",{"$f":"VLOOKUP(B628,'Listado Ins Ana'!$G$3966:$J$7715,2,FALSE)","v":"RELLENO EN RECEBO COMUN (SUMINISTRO E INSTALACIÓN EXTENDIDO MANUAL, HUMEDECIMIENTO Y COMPACTACIÓN. NO INCLUYE TRANSPORTE)"},{"$f":"VLOOKUP(B628,'Listado Ins Ana'!$G$3966:$J$7715,3,FALSE)","v":"M3"},201.04,{"$f":"VLOOKUP($B628,'Listado Ins Ana'!$G$3965:$K$8277,4,FALSE)","v":28053},36094,7256338,"No",7256338,null,null,null,null,null,null,null,{"$f":"VLOOKUP(B628,'Listado Ins Ana'!$G$3966:$J$100621,4,FALSE)-G628","v":0},null,"REDES HÚMEDAS EXTERNAS ACUEDUCTO",{"$f":"VLOOKUP(U628,'auxiliar capitulos'!$A$2:$M$68,13,FALSE)","v":"4.2.1"},19,null,201.04,null,null,null,null,null,null,null,null,null,null,null,null,null,null,null,null,null,null,null,null,null,null,null,null,null,null,null,null,null,null,null,null,null,null,null,null,null,null,null,null,null,null,null,null,null,null,null,null,null,null,null,null,null,164.892,36.148000000000003]
[694,null,"4.2.2","RED DE ALCANTARILLADO AGUAS RESIDUALES",null,null,null,null,null,null,null,null,null,null,null,null,null,null,null,null,"RED DE ALCANTARILLADO AGUAS RESIDUALES",{"$f":"VLOOKUP(U629,'auxiliar capitulos'!$A$2:$M$68,13,FALSE)","v":"4.2.2"},{"$f":"IF(E629=\"\",\"\",IF(#REF!=\"\",1,#REF!+1))","v":""},null,0]
[695,3041,"4.2.2.1","TUBERIA PVC U.M. EXT CORRUGADO/INT LISO U.M. NORMA NTC 3722-1 D=4\" (INCLUYE SUMINISTRO E INSTALACIÓN)","ML",{"$f":"Y630","v":40},{"$f":"VLOOKUP($B630,'Listado Ins Ana'!$G$3965:$K$8277,4,FALSE)","v":24472},{"$f":"ROUND(G630*(1+$F$867),0)","v":31487},{"$f":"ROUND(H630*F630,0)","v":1259480},"No",{"$f":"+I630","v":1259480},null,null,null,null,null,null,null,{"$f":"VLOOKUP(B630,'Listado Ins Ana'!$G$3966:$J$100621,4,FALSE)-G630","v":0},null,"RED DE ALCANTARILLADO AGUAS RESIDUALES",{"$f":"VLOOKUP(U630,'auxiliar capitulos'!$A$2:$M$68,13,FALSE)","v":"4.2.2"},{"$f":"IF(E630=\"\",\"\",IF(E629=\"\",1,W629+1))","v":1},null,40,null,null,null,null,null,null,null,null,null,null,null,null,null,null,null,null,null,null,null,null,null,null,null,null,null,null,null,null,null,null,null,null,null,null,null,null,null,null,null,null,null,null,null,null,null,null,null,null,null,null,null,null,null,null,null,40]
[696,3042,"4.2.2.2","TUBERIA PVC U.M. EXT CORRUGADO/INT LISO U.M. NORMA NTC 3722-1 D=6\" (INCLUYE SUMINISTRO E INSTALACIÓN)","ML",300,{"$f":"VLOOKUP($B631,'Listado Ins Ana'!$G$3965:$K$8277,4,FALSE)","v":42064},54121,16236300,"No",16236300,null,null,null,null,null,null,null,{"$f":"VLOOKUP(B631,'Listado Ins Ana'!$G$3966:$J$100621,4,FALSE)-G631","v":0},null,"RED DE ALCANTARILLADO AGUAS RESIDUALES",{"$f":"VLOOKUP(U631,'auxiliar capitulos'!$A$2:$M$68,13,FALSE)","v":"4.2.2"},2,null,300,null,null,null,null,null,null,null,null,null,null,null,null,null,null,null,null,null,null,null,null,null,null,null,null,null,null,null,null,null,null,null,null,null,null,null,null,null,null,null,null,null,null,null,null,null,null,null,null,null,null,null,null,null,null,null,300]
[697,3043,"4.2.2.3","TUBERIA PVC U.M. EXT CORRUGADO/INT LISO U.M. NORMA NTC 3722-1 D=8\" (INCLUYE SUMINISTRO E INSTALACIÓN)","ML",500,{"$f":"VLOOKUP($B632,'Listado Ins Ana'!$G$3965:$K$8277,4,FALSE)","v":58296},75006,37503000,"Si",37503000,null,null,null,null,null,null,null,{"$f":"VLOOKUP(B632,'Listado Ins Ana'!$G$3966:$J$100621,4,FALSE)-G632","v":0},null,"RED DE ALCANTARILLADO AGUAS RESIDUALES",{"$f":"VLOOKUP(U632,'auxiliar capitulos'!$A$2:$M$68,13,FALSE)","v":"4.2.2"},3,null,500,null,null,null,null,null,null,null,null,null,null,null,null,null,null,null,null,null,null,null,null,null,null,null,null,null,null,null,null,null,null,null,null,null,null,null,null,null,null,null,null,null,null,null,null,null,null,null,null,null,null,null,null,null,null,null,500]
[698,3044,"4.2.2.4","TUBERIA PVC U.M. EXT CORRUGADO/INT LISO U.M. NORMA NTC 3722-1 D=10\" (INCLUYE SUMINISTRO E INSTALACIÓN)","ML",366,{"$f":"VLOOKUP($B633,'Listado Ins Ana'!$G$3965:$K$8277,4,FALSE)","v":82315},105910,38763060,"Si",38763060,null,null,null,null,null,null,null,{"$f":"VLOOKUP(B633,'Listado Ins Ana'!$G$3966:$J$100621,4,FALSE)-G633","v":0},null,"RED DE ALCANTARILLADO AGUAS RESIDUALES",{"$f":"VLOOKUP(U633,'auxiliar capitulos'!$A$2:$M$68,13,FALSE)","v":"4.2.2"},4,null,366,null,null,null,null,null,null,null,null,null,null,null,null,null,null,null,null,null,null,null,null,null,null,null,null,null,null,null,null,null,null,null,null,null,null,null,null,null,null,null,null,null,null,null,null,null,null,null,null,null,null,null,null,null,null,null,366]
[699,3045,"4.2.2.5","TUBERIA PVC U.M. EXT CORRUGADO/INT LISO U.M. NORMA NTC 3722-1 D=12\" (INCLUYE SUMINISTRO E INSTALACIÓN)","ML",0,{"$f":"VLOOKUP($B634,'Listado Ins Ana'!$G$3965:$K$8277,4,FALSE)","v":115102},148095,0,"Si",0,null,null,null,null,null,null,null,{"$f":"VLOOKUP(B634,'Listado Ins Ana'!$G$3966:$J$100621,4,FALSE)-G634","v":0},null,"RED DE ALCANTARILLADO AGUAS RESIDUALES",{"$f":"VLOOKUP(U634,'auxiliar capitulos'!$A$2:$M$68,13,FALSE)","v":"4.2.2"},5,null,0]
[700,7435,"4.2.2.6","TUBERIA PVC U.M. EXT CORRUGADO/INT LISO U.M. NORMA NTC 3722-1 D=36\" (INCLUYE SUMINISTRO E INSTALACIÓN)","ML",0,{"$f":"VLOOKUP($B635,'Listado Ins Ana'!$G$3965:$K$8277,4,FALSE)","v":1308541},1683621,0,"Si",0,null,null,null,null,null,null,null,{"$f":"VLOOKUP(B635,'Listado Ins Ana'!$G$3966:$J$100621,4,FALSE)-G635","v":0},null,"RED DE ALCANTARILLADO AGUAS RESIDUALES",{"$f":"VLOOKUP(U635,'auxiliar capitulos'!$A$2:$M$68,13,FALSE)","v":"4.2.2"},6,null,0]
[701,8001,"4.2.2.7","REHABILITACIÓN RED DE ALCANTARILLADO CON TECNOLOGÍA CIPP, CON RESINA DE GRP CURADA CON RAYOS UV, INCLUYE EQUIPOS, MATERIALES, TRANSPORTES Y PERSONAL. DIÁMETRO 8”. ESPESOR 3,00 MM. EC = 14.200 MPA. (INCLUYE: FABRICACIÓN, IMPORTACIÓN, NACIONALIZACIÓN, LOGÍSTICA Y SUMINISTRO DE MATERIALES (LINER), PROCESO INSTALACIÓN, CURADO CON LUZ ULTRAVIOLETA, PERSONAL Y ACTIVIDADES COMPLEMENTARIAS PARA FINALIZAR LA REHABILITACIÓN, INSPECCIÓN FINAL CON EQUIPO CCTV. (ENTREGA DE VIDEO, INFORME POS REHABILITACIÓN E INFORME DE PROTOCOLO DEL PROCESO DE REHABILITACIÓN CON NORMA TÉCNICA EAB)).","ML",120,{"$f":"VLOOKUP($B636,'Listado Ins Ana'!$G$3965:$K$8277,4,FALSE)","v":846336},1088930,130671600,"No",130671600,null,null,null,null,null,null,null,{"$f":"VLOOKUP(B636,'Listado Ins Ana'!$G$3966:$J$100621,4,FALSE)-G636","v":0},null,"RED DE ALCANTARILLADO AGUAS RESIDUALES",{"$f":"VLOOKUP(U636,'auxiliar capitulos'!$A$2:$M$68,13,FALSE)","v":"4.2.2"},7,null,120,null,null,null,null,null,null,null,null,null,null,null,null,null,null,null,null,null,null,null,null,null,null,null,null,null,null,null,null,null,null,null,null,null,null,null,null,null,null,null,null,null,null,null,null,null,null,null,null,null,null,null,null,null,null,null,120]
[702,3471,"4.2.2.8","CILINDRO POZO INSP. EN MAMPOSTERIA E=0.25M (INC. SUMIN. Y CONST, ACERO PARA ESCALERAS, GEOTEXTIL Y PAÑETE IMPERMEAB.)","ML",50,{"$f":"VLOOKUP($B637,'Listado Ins Ana'!$G$3965:$K$8277,4,FALSE)","v":500429},643872,32193600,"Si",32193600,null,null,null,null,null,null,null,{"$f":"VLOOKUP(B637,'Listado Ins Ana'!$G$3966:$J$100621,4,FALSE)-G637","v":0},null,"RED DE ALCANTARILLADO AGUAS RESIDUALES",{"$f":"VLOOKUP(U637,'auxiliar capitulos'!$A$2:$M$68,13,FALSE)","v":"4.2.2"},8,null,50,null,null,null,null,null,null,null,null,null,null,null,null,null,null,null,null,null,null,null,null,null,null,null,null,null,null,null,null,null,null,null,null,null,null,null,null,null,null,null,null,null,null,null,null,null,null,null,null,null,null,null,null,null,null,null,50]
[703,7888,"4.2.2.9","TAPAS PARA POZO DE INSPECCIÓN. SUMINISTRO E INSTALACIÓN.","UN",20,{"$f":"VLOOKUP($B638,'Listado Ins Ana'!$G$3965:$K$8277,4,FALSE)","v":153560},197576,3951520,"No",3951520,null,null,null,null,null,null,null,{"$f":"VLOOKUP(B638,'Listado Ins Ana'!$G$3966:$J$100621,4,FALSE)-G638","v":0},null,"RED DE ALCANTARILLADO AGUAS RESIDUALES",{"$f":"VLOOKUP(U638,'auxiliar capitulos'!$A$2:$M$68,13,FALSE)","v":"4.2.2"},9,null,20,null,null,null,null,null,null,null,null,null,null,null,null,null,null,null,null,null,null,null,null,null,null,null,null,null,null,null,null,null,null,null,null,null,null,null,null,null,null,null,null,null,null,null,null,null,null,null,null,null,null,null,null,null,null,null,20]
[704,3472,"4.2.2.10","PLACA CUBIERTA D=1.70M POZO INSPEC. (FUNDIDA EN SITIO. INC. SUMINISTRO, FORMALETEO, REFUERZO E INSTALACIÓN. NO INC.TAPA)","UN",20,{"$f":"VLOOKUP($B639,'Listado Ins Ana'!$G$3965:$K$8277,4,FALSE)","v":425923},548010,10960200,"No",10960200,null,null,null,null,null,null,null,{"$f":"VLOOKUP(B639,'Listado Ins Ana'!$G$3966:$J$100621,4,FALSE)-G639","v":0},null,"RED DE ALCANTARILLADO AGUAS RESIDUALES",{"$f":"VLOOKUP(U639,'auxiliar capitulos'!$A$2:$M$68,13,FALSE)","v":"4.2.2"},10,null,20,null,null,null,null,null,null,null,null,null,null,null,null,null,null,null,null,null,null,null,null,null,null,null,null,null,null,null,null,null,null,null,null,null,null,null,null,null,null,null,null,null,null,null,null,null,null,null,null,null,null,null,null,null,null,null,20]
[705,3473,"4.2.2.11","PLACA FONDO D=1.70M POZO INSPEC. (FUNDIDA EN SITIO. INCL. SUMIN, FORMALET, REF, INST. INCL. CONCRETO 2000 PSI DE BASE)","UN",0,{"$f":"VLOOKUP($B640,'Listado Ins Ana'!$G$3965:$K$8277,4,FALSE)","v":575207},740084,0,"No",0,null,null,null,null,null,null,null,{"$f":"VLOOKUP(B640,'Listado Ins Ana'!$G$3966:$J$100621,4,FALSE)-G640","v":0},null,"RED DE ALCANTARILLADO AGUAS RESIDUALES",{"$f":"VLOOKUP(U640,'auxiliar capitulos'!$A$2:$M$68,13,FALSE)","v":"4.2.2"},11,null,0]
[706,3722,"4.2.2.12","NIVELACIÓN DE POZO (HASTA RASANTE EN CONCRETO 3000 PSI HECHO EN OBRA, H=0.15M. INCLUYE SUMINISTRO Y CONSTRUCCIÓN)","UN",10,{"$f":"VLOOKUP($B641,'Listado Ins Ana'!$G$3965:$K$8277,4,FALSE)","v":102241},131547,1315470,"No",1315470,null,null,null,null,null,null,null,{"$f":"VLOOKUP(B641,'Listado Ins Ana'!$G$3966:$J$100621,4,FALSE)-G641","v":0},null,"RED DE ALCANTARILLADO AGUAS RESIDUALES",{"$f":"VLOOKUP(U641,'auxiliar capitulos'!$A$2:$M$68,13,FALSE)","v":"4.2.2"},12,null,10,null,null,null,null,null,null,null,null,null,null,null,null,null,null,null,null,null,null,null,null,null,null,null,null,null,null,null,null,null,null,null,null,null,null,null,null,null,null,null,null,null,null,null,null,null,null,null,null,null,null,null,null,null,null,null,10]
[707,3723,"4.2.2.13","LIMPIEZA DE POZOS (INCLUYE CARGUE, RETIRO Y DISPOSICIÓN FINAL DE SOBRANTES)","UN",10,{"$f":"VLOOKUP($B642,'Listado Ins Ana'!$G$3965:$K$8277,4,FALSE)","v":74937},96417,964170,"No",964170,null,null,null,null,null,null,null,{"$f":"VLOOKUP(B642,'Listado Ins Ana'!$G$3966:$J$100621,4,FALSE)-G642","v":0},null,"RED DE ALCANTARILLADO AGUAS RESIDUALES",{"$f":"VLOOKUP(U642,'auxiliar capitulos'!$A$2:$M$68,13,FALSE)","v":"4.2.2"},13,null,10,null,null,null,null,null,null,null,null,null,null,null,null,null,null,null,null,null,null,null,null,null,null,null,null,null,null,null,null,null,null,null,null,null,null,null,null,null,null,null,null,null,null,null,null,null,null,null,null,null,null,null,null,null,null,null,10]
[708,3724,"4.2.2.14","LIMPIEZA DE SUMIDEROS (INCLUYE CARGUE, RETIRO Y DISPOSICIÓN FINAL DE SOBRANTES)","UN",5,{"$f":"VLOOKUP($B643,'Listado Ins Ana'!$G$3965:$K$8277,4,FALSE)","v":74937},96417,482085,"No",482085,null,null,null,null,null,null,null,{"$f":"VLOOKUP(B643,'Listado Ins Ana'!$G$3966:$J$100621,4,FALSE)-G643","v":0},null,"RED DE ALCANTARILLADO AGUAS RESIDUALES",{"$f":"VLOOKUP(U643,'auxiliar capitulos'!$A$2:$M$68,13,FALSE)","v":"4.2.2"},14,null,5,null,null,null,null,null,null,null,null,null,null,null,null,null,null,null,null,null,null,null,null,null,null,null,null,null,null,null,null,null,null,null,null,null,null,null,null,null,null,null,null,null,null,null,null,null,null,null,null,null,null,null,null,null,null,null,5]
[709,3009,"4.2.2.15","EXCAVACION MANUAL PARA REDES PROFUNDIDAD 0M - 2M (INCLUYE CARGUE)","M3",1000,{"$f":"VLOOKUP($B644,'Listado Ins Ana'!$G$3965:$K$8277,4,FALSE)","v":31876},41013,41013000,"No",41013000,null,null,null,null,null,null,null,{"$f":"VLOOKUP(B644,'Listado Ins Ana'!$G$3966:$J$100621,4,FALSE)-G644","v":0},null,"RED DE ALCANTARILLADO AGUAS RESIDUALES",{"$f":"VLOOKUP(U644,'auxiliar capitulos'!$A$2:$M$68,13,FALSE)","v":"4.2.2"},15,null,1000,null,null,null,null,null,null,null,null,null,null,null,null,null,null,null,null,null,null,null,null,null,null,null,null,null,null,null,null,null,null,null,null,null,null,null,null,null,null,null,null,null,null,null,null,null,null,null,null,null,null,null,null,null,null,null,1000]
[47,7462,{"$f":"IF(W645=\"\",V645,CONCATENATE(V645,\".\",W645))","v":"4.2.2.16"},{"$f":"VLOOKUP(B645,'Listado Ins Ana'!$G$2:$M$3331,2,FALSE)","v":"TRANSPORTE DE PETREOS"},{"$f":"VLOOKUP(B645,'Listado Ins Ana'!$G$2:$M$3331,3,FALSE)","v":"M3-KM"},{"$f":"+Y645","v":42380},{"$f":"VLOOKUP(B645,'Listado Ins Ana'!$G$2:$M$3331,4,FALSE)","v":1449},1864,78996320,"No",78996320,null,null,null,null,null,null,null,{"$f":"VLOOKUP(B645,'Listado Ins Ana'!$G$3966:$J$100621,4,FALSE)-G645","v":2132103},null,"RED DE ALCANTARILLADO AGUAS RESIDUALES",{"$f":"VLOOKUP(U645,'auxiliar capitulos'!$A$2:$M$68,13,FALSE)","v":"4.2.2"},{"$f":"IF(E645=\"\",\"\",IF(E644=\"\",1,W644+1))","v":16},null,{"$f":"SUM(Z645:CJ645)","v":42380},{"$f":"Z644*1.3*$CL645","v":0},{"$f":"AA644*1.3*$CL645","v":0},{"$f":"AB644*1.3*$CL645","v":0},{"$f":"AC644*1.3*$CL645","v":0},{"$f":"AD644*1.3*$CL645","v":0},{"$f":"AE644*1.3*$CL645","v":0},{"$f":"AF644*1.3*$CL645","v":0},{"$f":"AG644*1.3*$CL645","v":0},{"$f":"AH644*1.3*$CL645","v":0},{"$f":"AI644*1.3*$CL645","v":0},{"$f":"AJ644*1.3*$CL645","v":0},{"$f":"AK644*1.3*$CL645","v":0},{"$f":"AL644*1.3*$CL645","v":0},{"$f":"AM644*1.3*$CL645","v":0},{"$f":"AN644*1.3*$CL645","v":0},{"$f":"AO644*1.3*$CL645","v":0},{"$f":"AP644*1.3*$CL645","v":0},{"$f":"AQ644*1.3*$CL645","v":0},{"$f":"AR644*1.3*$CL645","v":0},{"$f":"AS644*1.3*$CL645","v":0},{"$f":"AT644*1.3*$CL645","v":0},{"$f":"AU644*1.3*$CL645","v":0},{"$f":"AV644*1.3*$CL645","v":0},{"$f":"AW644*1.3*$CL645","v":0},{"$f":"AX644*1.3*$CL645","v":0},{"$f":"AY644*1.3*$CL645","v":0},{"$f":"AZ644*1.3*$CL645","v":0},{"$f":"BA644*1.3*$CL645","v":0},{"$f":"BB644*1.3*$CL645","v":0},{"$f":"BC644*1.3*$CL645","v":0},{"$f":"BD644*1.3*$CL645","v":0},{"$f":"BE644*1.3*$CL645","v":0},{"$f":"BF644*1.3*$CL645","v":0},{"$f":"BG644*1.3*$CL645","v":0},{"$f":"BH644*1.3*$CL645","v":0},{"$f":"BI644*1.3*$CL645","v":0},{"$f":"BJ644*1.3*$CL645","v":0},{"$f":"BK644*1.3*$CL645","v":0},{"$f":"BL644*1.3*$CL645","v":0},{"$f":"BM644*1.3*$CL645","v":0},{"$f":"BN644*1.3*$CL645","v":0},{"$f":"BO644*1.3*$CL645","v":0},{"$f":"BP644*1.3*$CL645","v":0},{"$f":"BQ644*1.3*$CL645","v":0},{"$f":"BR644*1.3*$CL645","v":0},{"$f":"BS644*1.3*$CL645","v":0},{"$f":"BT644*1.3*$CL645","v":0},{"$f":"BU644*1.3*$CL645","v":0},{"$f":"BV644*1.3*$CL645","v":0},{"$f":"BW644*1.3*$CL645","v":0},{"$f":"BX644*1.3*$CL645","v":0},{"$f":"BY644*1.3*$CL645","v":0},{"$f":"BZ644*1.3*$CL645","v":0},{"$f":"CA644*1.3*$CL645","v":0},{"$f":"CB644*1.3*$CL645","v":0},{"$f":"CC644*1.3*$CL645","v":42380},{"$f":"CD644*1.3*$CL645","v":0},{"$f":"CE644*1.3*$CL645","v":0},null,{"$f":"CG644*1.3*$CL645","v":0},{"$f":"CH644*1.3*$CL645","v":0},{"$f":"CI644*1.3*$CL645","v":0},{"$f":"CJ644*1.3*$CL645","v":0},"Distancia de acarreo critica a Mondoñedo",32.6]
[710,3710,"4.2.2.17","EXCAVACIÓN MECÁNICA EN MATERIAL COMÚN (INCLUYE CARGUE)","M3",100,{"$f":"VLOOKUP($B646,'Listado Ins Ana'!$G$3965:$K$8277,4,FALSE)","v":4965},6388,638800,"No",638800,null,null,null,null,null,null,null,{"$f":"VLOOKUP(B646,'Listado Ins Ana'!$G$3966:$J$100621,4,FALSE)-G646","v":0},null,"RED DE ALCANTARILLADO AGUAS RESIDUALES",{"$f":"VLOOKUP(U646,'auxiliar capitulos'!$A$2:$M$68,13,FALSE)","v":"4.2.2"},17,null,100,null,null,null,null,null,null,null,null,null,null,null,null,null,null,null,null,null,null,null,null,null,null,null,null,null,null,null,null,null,null,null,null,null,null,null,null,null,null,null,null,null,null,null,null,null,null,null,null,null,null,null,null,null,null,null,100]
[47,7462,"4.2.2.18",{"$f":"VLOOKUP(B647,'Listado Ins Ana'!$G$2:$M$3331,2,FALSE)","v":"TRANSPORTE DE PETREOS"},{"$f":"VLOOKUP(B647,'Listado Ins Ana'!$G$2:$M$3331,3,FALSE)","v":"M3-KM"},{"$f":"+Y647","v":4238},{"$f":"VLOOKUP(B647,'Listado Ins Ana'!$G$2:$M$3331,4,FALSE)","v":1449},1864,{"$f":"ROUND(H647*F647,0)","v":7899632},"No",{"$f":"+I647","v":7899632},null,null,null,null,null,null,null,{"$f":"VLOOKUP(B647,'Listado Ins Ana'!$G$3966:$J$100621,4,FALSE)-G647","v":2132103},null,"RED DE ALCANTARILLADO AGUAS RESIDUALES",{"$f":"VLOOKUP(U647,'auxiliar capitulos'!$A$2:$M$68,13,FALSE)","v":"4.2.2"},18,null,4238,{"$f":"Z646*1.3*$CL647","v":0},{"$f":"AA646*1.3*$CL647","v":0},{"$f":"AB646*1.3*$CL647","v":0},{"$f":"AC646*1.3*$CL647","v":0},{"$f":"AD646*1.3*$CL647","v":0},{"$f":"AE646*1.3*$CL647","v":0},{"$f":"AF646*1.3*$CL647","v":0},{"$f":"AG646*1.3*$CL647","v":0},{"$f":"AH646*1.3*$CL647","v":0},{"$f":"AI646*1.3*$CL647","v":0},{"$f":"AJ646*1.3*$CL647","v":0},{"$f":"AK646*1.3*$CL647","v":0},{"$f":"AL646*1.3*$CL647","v":0},{"$f":"AM646*1.3*$CL647","v":0},{"$f":"AN646*1.3*$CL647","v":0},{"$f":"AO646*1.3*$CL647","v":0},{"$f":"AP646*1.3*$CL647","v":0},{"$f":"AQ646*1.3*$CL647","v":0},{"$f":"AR646*1.3*$CL647","v":0},{"$f":"AS646*1.3*$CL647","v":0},{"$f":"AT646*1.3*$CL647","v":0},{"$f":"AU646*1.3*$CL647","v":0},{"$f":"AV646*1.3*$CL647","v":0},{"$f":"AW646*1.3*$CL647","v":0},{"$f":"AX646*1.3*$CL647","v":0},{"$f":"AY646*1.3*$CL647","v":0},{"$f":"AZ646*1.3*$CL647","v":0},{"$f":"BA646*1.3*$CL647","v":0},{"$f":"BB646*1.3*$CL647","v":0},{"$f":"BC646*1.3*$CL647","v":0},{"$f":"BD646*1.3*$CL647","v":0},{"$f":"BE646*1.3*$CL647","v":0},{"$f":"BF646*1.3*$CL647","v":0},{"$f":"BG646*1.3*$CL647","v":0},{"$f":"BH646*1.3*$CL647","v":0},{"$f":"BI646*1.3*$CL647","v":0},{"$f":"BJ646*1.3*$CL647","v":0},{"$f":"BK646*1.3*$CL647","v":0},{"$f":"BL646*1.3*$CL647","v":0},{"$f":"BM646*1.3*$CL647","v":0},{"$f":"BN646*1.3*$CL647","v":0},{"$f":"BO646*1.3*$CL647","v":0},{"$f":"BP646*1.3*$CL647","v":0},{"$f":"BQ646*1.3*$CL647","v":0},{"$f":"BR646*1.3*$CL647","v":0},{"$f":"BS646*1.3*$CL647","v":0},{"$f":"BT646*1.3*$CL647","v":0},{"$f":"BU646*1.3*$CL647","v":0},{"$f":"BV646*1.3*$CL647","v":0},{"$f":"BW646*1.3*$CL647","v":0},{"$f":"BX646*1.3*$CL647","v":0},{"$f":"BY646*1.3*$CL647","v":0},{"$f":"BZ646*1.3*$CL647","v":0},{"$f":"CA646*1.3*$CL647","v":0},{"$f":"CB646*1.3*$CL647","v":0},{"$f":"CC646*1.3*$CL647","v":4238},{"$f":"CD646*1.3*$CL647","v":0},{"$f":"CE646*1.3*$CL647","v":0},null,{"$f":"CG646*1.3*$CL647","v":0},{"$f":"CH646*1.3*$CL647","v":0},{"$f":"CI646*1.3*$CL647","v":0},{"$f":"CJ646*1.3*$CL647","v":0},"Distancia de acarreo critica a Mondoñedo",32.6]
[711,4266,"4.2.2.19","EXCAVACION MANUAL PARA REDES PROFUNDIDAD 2M - 3.50M (INCLUYE CARGUE)","M3",750,{"$f":"VLOOKUP($B648,'Listado Ins Ana'!$G$3965:$K$8277,4,FALSE)","v":41273},53103,39827250,"No",39827250,null,null,null,null,null,null,null,{"$f":"VLOOKUP(B648,'Listado Ins Ana'!$G$3966:$J$100621,4,FALSE)-G648","v":0},null,"RED DE ALCANTARILLADO AGUAS RESIDUALES",{"$f":"VLOOKUP(U648,'auxiliar capitulos'!$A$2:$M$68,13,FALSE)","v":"4.2.2"},19,null,750,null,null,null,null,null,null,null,null,null,null,null,null,null,null,null,null,null,null,null,null,null,null,null,null,null,null,null,null,null,null,null,null,null,null,null,null,null,null,null,null,null,null,null,null,null,null,null,null,null,null,null,null,null,null,null,750]
[47,7462,{"$f":"IF(W649=\"\",V649,CONCATENATE(V649,\".\",W649))","v":"4.2.2.20"},{"$f":"VLOOKUP(B649,'Listado Ins Ana'!$G$2:$M$3331,2,FALSE)","v":"TRANSPORTE DE PETREOS"},{"$f":"VLOOKUP(B649,'Listado Ins Ana'!$G$2:$M$3331,3,FALSE)","v":"M3-KM"},{"$f":"+Y649","v":31785},{"$f":"VLOOKUP(B649,'Listado Ins Ana'!$G$2:$M$3331,4,FALSE)","v":1449},1864,59247240,"No",59247240,null,null,null,null,null,null,null,{"$f":"VLOOKUP(B649,'Listado Ins Ana'!$G$3966:$J$100621,4,FALSE)-G649","v":2132103},null,"RED DE ALCANTARILLADO AGUAS RESIDUALES",{"$f":"VLOOKUP(U649,'auxiliar capitulos'!$A$2:$M$68,13,FALSE)","v":"4.2.2"},20,null,{"$f":"SUM(Z649:CJ649)","v":31785},{"$f":"Z648*1.3*$CL649","v":0},{"$f":"AA648*1.3*$CL649","v":0},{"$f":"AB648*1.3*$CL649","v":0},{"$f":"AC648*1.3*$CL649","v":0},{"$f":"AD648*1.3*$CL649","v":0},{"$f":"AE648*1.3*$CL649","v":0},{"$f":"AF648*1.3*$CL649","v":0},{"$f":"AG648*1.3*$CL649","v":0},{"$f":"AH648*1.3*$CL649","v":0},{"$f":"AI648*1.3*$CL649","v":0},{"$f":"AJ648*1.3*$CL649","v":0},{"$f":"AK648*1.3*$CL649","v":0},{"$f":"AL648*1.3*$CL649","v":0},{"$f":"AM648*1.3*$CL649","v":0},{"$f":"AN648*1.3*$CL649","v":0},{"$f":"AO648*1.3*$CL649","v":0},{"$f":"AP648*1.3*$CL649","v":0},{"$f":"AQ648*1.3*$CL649","v":0},{"$f":"AR648*1.3*$CL649","v":0},{"$f":"AS648*1.3*$CL649","v":0},{"$f":"AT648*1.3*$CL649","v":0},{"$f":"AU648*1.3*$CL649","v":0},{"$f":"AV648*1.3*$CL649","v":0},{"$f":"AW648*1.3*$CL649","v":0},{"$f":"AX648*1.3*$CL649","v":0},{"$f":"AY648*1.3*$CL649","v":0},{"$f":"AZ648*1.3*$CL649","v":0},{"$f":"BA648*1.3*$CL649","v":0},{"$f":"BB648*1.3*$CL649","v":0},{"$f":"BC648*1.3*$CL649","v":0},{"$f":"BD648*1.3*$CL649","v":0},{"$f":"BE648*1.3*$CL649","v":0},{"$f":"BF648*1.3*$CL649","v":0},{"$f":"BG648*1.3*$CL649","v":0},{"$f":"BH648*1.3*$CL649","v":0},{"$f":"BI648*1.3*$CL649","v":0},{"$f":"BJ648*1.3*$CL649","v":0},{"$f":"BK648*1.3*$CL649","v":0},{"$f":"BL648*1.3*$CL649","v":0},{"$f":"BM648*1.3*$CL649","v":0},{"$f":"BN648*1.3*$CL649","v":0},{"$f":"BO648*1.3*$CL649","v":0},{"$f":"BP648*1.3*$CL649","v":0},{"$f":"BQ648*1.3*$CL649","v":0},{"$f":"BR648*1.3*$CL649","v":0},{"$f":"BS648*1.3*$CL649","v":0},{"$f":"BT648*1.3*$CL649","v":0},{"$f":"BU648*1.3*$CL649","v":0},{"$f":"BV648*1.3*$CL649","v":0},{"$f":"BW648*1.3*$CL649","v":0},{"$f":"BX648*1.3*$CL649","v":0},{"$f":"BY648*1.3*$CL649","v":0},{"$f":"BZ648*1.3*$CL649","v":0},{"$f":"CA648*1.3*$CL649","v":0},{"$f":"CB648*1.3*$CL649","v":0},{"$f":"CC648*1.3*$CL649","v":31785},{"$f":"CD648*1.3*$CL649","v":0},{"$f":"CE648*1.3*$CL649","v":0},null,{"$f":"CG648*1.3*$CL649","v":0},{"$f":"CH648*1.3*$CL649","v":0},{"$f":"CI648*1.3*$CL649","v":0},{"$f":"CJ648*1.3*$CL649","v":0},"Distancia de acarreo critica a Mondoñedo",32.6]
[712,5412,"4.2.2.21","RELLENO EN TRITURADO DE 3/4`` (INCLUYE TRANSPORTE, SUMINISTRO, EXTENDIDO MANUAL Y COLOCACIÓN)","M3",500,{"$f":"VLOOKUP($B650,'Listado Ins Ana'!$G$3965:$K$8277,4,FALSE)","v":107123},137829,68914500,"No",68914500,null,null,null,null,null,null,null,{"$f":"VLOOKUP(B650,'Listado Ins Ana'!$G$3966:$J$100621,4,FALSE)-G650","v":0},null,"RED DE ALCANTARILLADO AGUAS RESIDUALES",{"$f":"VLOOKUP(U650,'auxiliar capitulos'!$A$2:$M$68,13,FALSE)","v":"4.2.2"},21,null,500,null,null,null,null,null,null,null,null,null,null,null,null,null,null,null,null,null,null,null,null,null,null,null,null,null,null,null,null,null,null,null,null,null,null,null,null,null,null,null,null,null,null,null,null,null,null,null,null,null,null,null,null,null,null,null,500]
[713,6020,"4.2.2.22","RELLENO EN RECEBO COMUN (SUMINISTRO E INSTALACIÓN EXTENDIDO MANUAL, HUMEDECIMIENTO Y COMPACTACIÓN. NO INCLUYE TRANSPORTE)","M3",400,{"$f":"VLOOKUP($B651,'Listado Ins Ana'!$G$3965:$K$8277,4,FALSE)","v":28053},36094,14437600,"No",14437600,null,null,null,null,null,null,null,{"$f":"VLOOKUP(B651,'Listado Ins Ana'!$G$3966:$J$100621,4,FALSE)-G651","v":0},null,"RED DE ALCANTARILLADO AGUAS RESIDUALES",{"$f":"VLOOKUP(U651,'auxiliar capitulos'!$A$2:$M$68,13,FALSE)","v":"4.2.2"},22,null,400,null,null,null,null,null,null,null,null,null,null,null,null,null,null,null,null,null,null,null,null,null,null,null,null,null,null,null,null,null,null,null,null,null,null,null,null,null,null,null,null,null,null,null,null,null,null,null,null,null,null,null,null,null,null,null,400]
[714,6015,"4.2.2.23","ENTIBADO TIPO EC3 CONTINUO METÁLICO CON PARALES METÁLICOS. INCLUYE SUMINISTRO E INSTALACIÓN","M2",600,{"$f":"VLOOKUP($B652,'Listado Ins Ana'!$G$3965:$K$8277,4,FALSE)","v":41542},53450,32070000,"No",32070000,null,null,null,null,null,null,null,{"$f":"VLOOKUP(B652,'Listado Ins Ana'!$G$3966:$J$100621,4,FALSE)-G652","v":0},null,"RED DE ALCANTARILLADO AGUAS RESIDUALES",{"$f":"VLOOKUP(U652,'auxiliar capitulos'!$A$2:$M$68,13,FALSE)","v":"4.2.2"},23,null,600,null,null,null,null,null,null,null,null,null,null,null,null,null,null,null,null,null,null,null,null,null,null,null,null,null,null,null,null,null,null,null,null,null,null,null,null,null,null,null,null,null,null,null,null,null,null,null,null,null,null,null,null,null,null,null,600]
[715,7528,"4.2.2.24","ENTIBADO EC-6 CONTINUO MADERA CON PERFILES DE METÁLICOS Y PARALES TELESCÓPICOS. SUMINISTRO E INSTALACIÓN.","M2",100,{"$f":"VLOOKUP($B653,'Listado Ins Ana'!$G$3965:$K$8277,4,FALSE)","v":76232},98083,9808300,"No",9808300,null,null,null,null,null,null,null,{"$f":"VLOOKUP(B653,'Listado Ins Ana'!$G$3966:$J$100621,4,FALSE)-G653","v":0},null,"RED DE ALCANTARILLADO AGUAS RESIDUALES",{"$f":"VLOOKUP(U653,'auxiliar capitulos'!$A$2:$M$68,13,FALSE)","v":"4.2.2"},24,null,100,null,null,null,null,null,null,null,null,null,null,null,null,null,null,null,null,null,null,null,null,null,null,null,null,null,null,null,null,null,null,null,null,null,null,null,null,null,null,null,null,null,null,null,null,null,null,null,null,null,null,null,null,null,null,null,100]
[716,3779,"4.2.2.25","CAJA DE INSPECCIÓN DE 0.6X0.6M (H=0.6M. INCLUYE SUMINISTRO Y CONSTRUCCIÓN. INCLUYE MARCO Y TAPA. NO INC. BASE Y CAÑUELA)","UN",10,{"$f":"VLOOKUP($B654,'Listado Ins Ana'!$G$3965:$K$8277,4,FALSE)","v":344479},443220,4432200,"Si",4432200,null,null,null,null,null,null,null,{"$f":"VLOOKUP(B654,'Listado Ins Ana'!$G$3966:$J$100621,4,FALSE)-G654","v":0},null,"RED DE ALCANTARILLADO AGUAS RESIDUALES",{"$f":"VLOOKUP(U654,'auxiliar capitulos'!$A$2:$M$68,13,FALSE)","v":"4.2.2"},25,null,10,null,null,null,null,null,null,null,null,null,null,null,null,null,null,null,null,null,null,null,null,null,null,null,null,null,null,null,null,null,null,null,null,null,null,null,null,null,null,null,null,null,null,null,null,null,null,null,null,null,null,null,null,null,null,null,10]
[717,5015,"4.2.2.26","CAJA DE INSPECCION 0.80X0.8M. SUMINISTRO Y CONSTRUCCION. (H=0.6M. INCLUYE MARCO Y TAPA, NO INCLUYE BASE Y CAÑUELA).","UN",0,{"$f":"VLOOKUP($B655,'Listado Ins Ana'!$G$3965:$K$8277,4,FALSE)","v":409097},526361,0,"Si",0,null,null,null,null,null,null,null,{"$f":"VLOOKUP(B655,'Listado Ins Ana'!$G$3966:$J$100621,4,FALSE)-G655","v":0},null,"RED DE ALCANTARILLADO AGUAS RESIDUALES",{"$f":"VLOOKUP(U655,'auxiliar capitulos'!$A$2:$M$68,13,FALSE)","v":"4.2.2"},26,null,null,null,null,null,null,null,null,null,null,null,null,null,null,null,null,null,null,null,null,null,null,null,null,null,null,null,null,null,null,null,null,null,null,null,null,null,null,null,null,null,null,null,null,null,null,null,null,null,null,null,null,null,null,null,null,null,15]
[718,3751,"4.2.2.27","CAÑUELA TIPO A120 (SUMINISTRO E INSTALACIÓN. INCLUYE 3CM MORTERO 1:5)","ML",0,{"$f":"VLOOKUP($B656,'Listado Ins Ana'!$G$3965:$K$8277,4,FALSE)","v":46122},59342,0,"Si",0,null,null,null,null,null,null,null,{"$f":"VLOOKUP(B656,'Listado Ins Ana'!$G$3966:$J$100621,4,FALSE)-G656","v":0},null,"RED DE ALCANTARILLADO AGUAS RESIDUALES",{"$f":"VLOOKUP(U656,'auxiliar capitulos'!$A$2:$M$68,13,FALSE)","v":"4.2.2"},27,null,{"$f":"SUM(Z656:CJ656)","v":0}]
[719,null,"4.2.3","RED DE ALCANTARILLADO AGUAS LLUVIAS",null,null,null,null,null,null,null,null,null,null,null,null,null,null,null,null,"RED DE ALCANTARILLADO AGUAS LLUVIAS",{"$f":"VLOOKUP(U657,'auxiliar capitulos'!$A$2:$M$68,13,FALSE)","v":"4.2.3"},{"$f":"IF(E657=\"\",\"\",IF(#REF!=\"\",1,#REF!+1))","v":""},null,0]
[720,3009,"4.2.3.1",{"$f":"VLOOKUP(B658,'Listado Ins Ana'!$G$3966:$J$7715,2,FALSE)","v":"EXCAVACION MANUAL PARA REDES PROFUNDIDAD 0M - 2M (INCLUYE CARGUE)"},{"$f":"VLOOKUP(B658,'Listado Ins Ana'!$G$3966:$J$7715,3,FALSE)","v":"M3"},{"$f":"Y658","v":3631.12},{"$f":"VLOOKUP($B658,'Listado Ins Ana'!$G$3965:$K$8277,4,FALSE)","v":31876},{"$f":"ROUND(G658*(1+$F$867),0)","v":41013},{"$f":"ROUND(H658*F658,0)","v":148923125},"No",{"$f":"+I658","v":148923125},null,null,null,null,null,null,null,{"$f":"VLOOKUP(B658,'Listado Ins Ana'!$G$3966:$J$100621,4,FALSE)-G658","v":0},null,"RED DE ALCANTARILLADO AGUAS LLUVIAS",{"$f":"VLOOKUP(U658,'auxiliar capitulos'!$A$2:$M$68,13,FALSE)","v":"4.2.3"},{"$f":"IF(E658=\"\",\"\",IF(E657=\"\",1,W657+1))","v":1},null,3631.12,null,null,null,null,null,null,null,null,null,null,null,null,null,null,null,null,null,null,null,null,null,null,null,null,null,null,null,null,null,null,null,null,null,null,null,null,null,null,null,null,null,null,null,null,null,null,null,null,null,null,null,null,null,null,null,null,2281.4499999999998,1349.67]
[47,7462,"4.2.2.2",{"$f":"VLOOKUP(B659,'Listado Ins Ana'!$G$2:$M$3331,2,FALSE)","v":"TRANSPORTE DE PETREOS"},{"$f":"VLOOKUP(B659,'Listado Ins Ana'!$G$2:$M$3331,3,FALSE)","v":"M3-KM"},{"$f":"+Y659","v":153886.86560000002},{"$f":"VLOOKUP(B659,'Listado Ins Ana'!$G$2:$M$3331,4,FALSE)","v":1449},1864,286845117,"No",286845117,null,null,null,null,null,null,null,{"$f":"VLOOKUP(B659,'Listado Ins Ana'!$G$3966:$J$100621,4,FALSE)-G659","v":2132103},null,"RED DE ALCANTARILLADO AGUAS RESIDUALES",{"$f":"VLOOKUP(U659,'auxiliar capitulos'!$A$2:$M$68,13,FALSE)","v":"4.2.2"},2,null,153886.86560000002,{"$f":"Z658*1.3*$CL659","v":0},{"$f":"AA658*1.3*$CL659","v":0},{"$f":"AB658*1.3*$CL659","v":0},{"$f":"AC658*1.3*$CL659","v":0},{"$f":"AD658*1.3*$CL659","v":0},{"$f":"AE658*1.3*$CL659","v":0},{"$f":"AF658*1.3*$CL659","v":0},{"$f":"AG658*1.3*$CL659","v":0},{"$f":"AH658*1.3*$CL659","v":0},{"$f":"AI658*1.3*$CL659","v":0},{"$f":"AJ658*1.3*$CL659","v":0},{"$f":"AK658*1.3*$CL659","v":0},{"$f":"AL658*1.3*$CL659","v":0},{"$f":"AM658*1.3*$CL659","v":0},{"$f":"AN658*1.3*$CL659","v":0},{"$f":"AO658*1.3*$CL659","v":0},{"$f":"AP658*1.3*$CL659","v":0},{"$f":"AQ658*1.3*$CL659","v":0},{"$f":"AR658*1.3*$CL659","v":0},{"$f":"AS658*1.3*$CL659","v":0},{"$f":"AT658*1.3*$CL659","v":0},{"$f":"AU658*1.3*$CL659","v":0},{"$f":"AV658*1.3*$CL659","v":0},{"$f":"AW658*1.3*$CL659","v":0},{"$f":"AX658*1.3*$CL659","v":0},{"$f":"AY658*1.3*$CL659","v":0},{"$f":"AZ658*1.3*$CL659","v":0},{"$f":"BA658*1.3*$CL659","v":0},{"$f":"BB658*1.3*$CL659","v":0},{"$f":"BC658*1.3*$CL659","v":0},{"$f":"BD658*1.3*$CL659","v":0},{"$f":"BE658*1.3*$CL659","v":0},{"$f":"BF658*1.3*$CL659","v":0},{"$f":"BG658*1.3*$CL659","v":0},{"$f":"BH658*1.3*$CL659","v":0},{"$f":"BI658*1.3*$CL659","v":0},{"$f":"BJ658*1.3*$CL659","v":0},{"$f":"BK658*1.3*$CL659","v":0},{"$f":"BL658*1.3*$CL659","v":0},{"$f":"BM658*1.3*$CL659","v":0},{"$f":"BN658*1.3*$CL659","v":0},{"$f":"BO658*1.3*$CL659","v":0},{"$f":"BP658*1.3*$CL659","v":0},{"$f":"BQ658*1.3*$CL659","v":0},{"$f":"BR658*1.3*$CL659","v":0},{"$f":"BS658*1.3*$CL659","v":0},{"$f":"BT658*1.3*$CL659","v":0},{"$f":"BU658*1.3*$CL659","v":0},{"$f":"BV658*1.3*$CL659","v":0},{"$f":"BW658*1.3*$CL659","v":0},{"$f":"BX658*1.3*$CL659","v":0},{"$f":"BY658*1.3*$CL659","v":0},{"$f":"BZ658*1.3*$CL659","v":0},{"$f":"CA658*1.3*$CL659","v":0},{"$f":"CB658*1.3*$CL659","v":0},{"$f":"CC658*1.3*$CL659","v":0},96687.850999999995,57199.01460000001,0,{"$f":"CG658*1.3*$CL659","v":0},{"$f":"CH658*1.3*$CL659","v":0},{"$f":"CI658*1.3*$CL659","v":0},{"$f":"CJ658*1.3*$CL659","v":0},"Distancia de acarreo critica a Mondoñedo",32.6]
[721,4266,"4.2.3.2",{"$f":"VLOOKUP(B660,'Listado Ins Ana'!$G$3966:$J$7715,2,FALSE)","v":"EXCAVACION MANUAL PARA REDES PROFUNDIDAD 2M - 3.50M (INCLUYE CARGUE)"},{"$f":"VLOOKUP(B660,'Listado Ins Ana'!$G$3966:$J$7715,3,FALSE)","v":"M3"},{"$f":"Y660","v":518.82999999999993},{"$f":"VLOOKUP($B660,'Listado Ins Ana'!$G$3965:$K$8277,4,FALSE)","v":41273},53103,27551429,"No",27551429,null,null,null,null,null,null,null,{"$f":"VLOOKUP(B660,'Listado Ins Ana'!$G$3966:$J$100621,4,FALSE)-G660","v":0},null,"RED DE ALCANTARILLADO AGUAS LLUVIAS",{"$f":"VLOOKUP(U660,'auxiliar capitulos'!$A$2:$M$68,13,FALSE)","v":"4.2.3"},{"$f":"IF(E660=\"\",\"\",IF(E658=\"\",1,W658+1))","v":2},null,518.82999999999993,null,null,null,null,null,null,null,null,null,null,null,null,null,null,null,null,null,null,null,null,null,null,null,null,null,null,null,null,null,null,null,null,null,null,null,null,null,null,null,null,null,null,null,null,null,null,null,null,null,null,null,null,null,null,null,null,292.70999999999998,226.12]
[47,7462,{"$f":"IF(W661=\"\",V661,CONCATENATE(V661,\".\",W661))","v":"4.2.2.3"},{"$f":"VLOOKUP(B661,'Listado Ins Ana'!$G$2:$M$3331,2,FALSE)","v":"TRANSPORTE DE PETREOS"},{"$f":"VLOOKUP(B661,'Listado Ins Ana'!$G$2:$M$3331,3,FALSE)","v":"M3-KM"},{"$f":"+Y661","v":21988.0154},{"$f":"VLOOKUP(B661,'Listado Ins Ana'!$G$2:$M$3331,4,FALSE)","v":1449},1864,{"$f":"ROUND(H661*F661,0)","v":40985661},"No",{"$f":"+I661","v":40985661},null,null,null,null,null,null,null,{"$f":"VLOOKUP(B661,'Listado Ins Ana'!$G$3966:$J$100621,4,FALSE)-G661","v":2132103},null,"RED DE ALCANTARILLADO AGUAS RESIDUALES",{"$f":"VLOOKUP(U661,'auxiliar capitulos'!$A$2:$M$68,13,FALSE)","v":"4.2.2"},{"$f":"IF(E661=\"\",\"\",IF(E660=\"\",1,W660+1))","v":3},null,{"$f":"SUM(Z661:CJ661)","v":21988.0154},{"$f":"Z660*1.3*$CL661","v":0},{"$f":"AA660*1.3*$CL661","v":0},{"$f":"AB660*1.3*$CL661","v":0},{"$f":"AC660*1.3*$CL661","v":0},{"$f":"AD660*1.3*$CL661","v":0},{"$f":"AE660*1.3*$CL661","v":0},{"$f":"AF660*1.3*$CL661","v":0},{"$f":"AG660*1.3*$CL661","v":0},{"$f":"AH660*1.3*$CL661","v":0},{"$f":"AI660*1.3*$CL661","v":0},{"$f":"AJ660*1.3*$CL661","v":0},{"$f":"AK660*1.3*$CL661","v":0},{"$f":"AL660*1.3*$CL661","v":0},{"$f":"AM660*1.3*$CL661","v":0},{"$f":"AN660*1.3*$CL661","v":0},{"$f":"AO660*1.3*$CL661","v":0},{"$f":"AP660*1.3*$CL661","v":0},{"$f":"AQ660*1.3*$CL661","v":0},{"$f":"AR660*1.3*$CL661","v":0},{"$f":"AS660*1.3*$CL661","v":0},{"$f":"AT660*1.3*$CL661","v":0},{"$f":"AU660*1.3*$CL661","v":0},{"$f":"AV660*1.3*$CL661","v":0},{"$f":"AW660*1.3*$CL661","v":0},{"$f":"AX660*1.3*$CL661","v":0},{"$f":"AY660*1.3*$CL661","v":0},{"$f":"AZ660*1.3*$CL661","v":0},{"$f":"BA660*1.3*$CL661","v":0},{"$f":"BB660*1.3*$CL661","v":0},{"$f":"BC660*1.3*$CL661","v":0},{"$f":"BD660*1.3*$CL661","v":0},{"$f":"BE660*1.3*$CL661","v":0},{"$f":"BF660*1.3*$CL661","v":0},{"$f":"BG660*1.3*$CL661","v":0},{"$f":"BH660*1.3*$CL661","v":0},{"$f":"BI660*1.3*$CL661","v":0},{"$f":"BJ660*1.3*$CL661","v":0},{"$f":"BK660*1.3*$CL661","v":0},{"$f":"BL660*1.3*$CL661","v":0},{"$f":"BM660*1.3*$CL661","v":0},{"$f":"BN660*1.3*$CL661","v":0},{"$f":"BO660*1.3*$CL661","v":0},{"$f":"BP660*1.3*$CL661","v":0},{"$f":"BQ660*1.3*$CL661","v":0},{"$f":"BR660*1.3*$CL661","v":0},{"$f":"BS660*1.3*$CL661","v":0},{"$f":"BT660*1.3*$CL661","v":0},{"$f":"BU660*1.3*$CL661","v":0},{"$f":"BV660*1.3*$CL661","v":0},{"$f":"BW660*1.3*$CL661","v":0},{"$f":"BX660*1.3*$CL661","v":0},{"$f":"BY660*1.3*$CL661","v":0},{"$f":"BZ660*1.3*$CL661","v":0},{"$f":"CA660*1.3*$CL661","v":0},{"$f":"CB660*1.3*$CL661","v":0},{"$f":"CC660*1.3*$CL661","v":0},12405.049799999999,9582.9656000000014,0,{"$f":"CG660*1.3*$CL661","v":0},{"$f":"CH660*1.3*$CL661","v":0},{"$f":"CI660*1.3*$CL661","v":0},{"$f":"CJ660*1.3*$CL661","v":0},"Distancia de acarreo critica a Mondoñedo",32.6]
[722,5891,"4.2.3.3",{"$f":"VLOOKUP(B662,'Listado Ins Ana'!$G$3966:$J$7715,2,FALSE)","v":"EXCAVACION MECANICA PARA REDES PROFUNDIDAD MAYORES A 3.5M (INCLUYE CARGUE)."},{"$f":"VLOOKUP(B662,'Listado Ins Ana'!$G$3966:$J$7715,3,FALSE)","v":"M3"},5.29,{"$f":"VLOOKUP($B662,'Listado Ins Ana'!$G$3965:$K$8277,4,FALSE)","v":2443},3143,16626,"No",16626,null,null,null,null,null,null,null,{"$f":"VLOOKUP(B662,'Listado Ins Ana'!$G$3966:$J$100621,4,FALSE)-G662","v":0},null,"RED DE ALCANTARILLADO AGUAS LLUVIAS",{"$f":"VLOOKUP(U662,'auxiliar capitulos'!$A$2:$M$68,13,FALSE)","v":"4.2.3"},{"$f":"IF(E662=\"\",\"\",IF(E660=\"\",1,W660+1))","v":3},null,5.29,null,null,null,null,null,null,null,null,null,null,null,null,null,null,null,null,null,null,null,null,null,null,null,null,null,null,null,null,null,null,null,null,null,null,null,null,null,null,null,null,null,null,null,null,null,null,null,null,null,null,null,null,null,null,null,null,5.29]
[47,7462,"4.2.2.4",{"$f":"VLOOKUP(B663,'Listado Ins Ana'!$G$2:$M$3331,2,FALSE)","v":"TRANSPORTE DE PETREOS"},{"$f":"VLOOKUP(B663,'Listado Ins Ana'!$G$2:$M$3331,3,FALSE)","v":"M3-KM"},{"$f":"+Y663","v":224.19020000000003},{"$f":"VLOOKUP(B663,'Listado Ins Ana'!$G$2:$M$3331,4,FALSE)","v":1449},1864,417891,"No",417891,null,null,null,null,null,null,null,{"$f":"VLOOKUP(B663,'Listado Ins Ana'!$G$3966:$J$100621,4,FALSE)-G663","v":2132103},null,"RED DE ALCANTARILLADO AGUAS RESIDUALES",{"$f":"VLOOKUP(U663,'auxiliar capitulos'!$A$2:$M$68,13,FALSE)","v":"4.2.2"},{"$f":"IF(E663=\"\",\"\",IF(E662=\"\",1,W662+1))","v":4},null,224.19020000000003,{"$f":"Z662*1.3*$CL663","v":0},{"$f":"AA662*1.3*$CL663","v":0},{"$f":"AB662*1.3*$CL663","v":0},{"$f":"AC662*1.3*$CL663","v":0},{"$f":"AD662*1.3*$CL663","v":0},{"$f":"AE662*1.3*$CL663","v":0},{"$f":"AF662*1.3*$CL663","v":0},{"$f":"AG662*1.3*$CL663","v":0},{"$f":"AH662*1.3*$CL663","v":0},{"$f":"AI662*1.3*$CL663","v":0},{"$f":"AJ662*1.3*$CL663","v":0},{"$f":"AK662*1.3*$CL663","v":0},{"$f":"AL662*1.3*$CL663","v":0},{"$f":"AM662*1.3*$CL663","v":0},{"$f":"AN662*1.3*$CL663","v":0},{"$f":"AO662*1.3*$CL663","v":0},{"$f":"AP662*1.3*$CL663","v":0},{"$f":"AQ662*1.3*$CL663","v":0},{"$f":"AR662*1.3*$CL663","v":0},{"$f":"AS662*1.3*$CL663","v":0},{"$f":"AT662*1.3*$CL663","v":0},{"$f":"AU662*1.3*$CL663","v":0},{"$f":"AV662*1.3*$CL663","v":0},{"$f":"AW662*1.3*$CL663","v":0},{"$f":"AX662*1.3*$CL663","v":0},{"$f":"AY662*1.3*$CL663","v":0},{"$f":"AZ662*1.3*$CL663","v":0},{"$f":"BA662*1.3*$CL663","v":0},{"$f":"BB662*1.3*$CL663","v":0},{"$f":"BC662*1.3*$CL663","v":0},{"$f":"BD662*1.3*$CL663","v":0},{"$f":"BE662*1.3*$CL663","v":0},{"$f":"BF662*1.3*$CL663","v":0},{"$f":"BG662*1.3*$CL663","v":0},{"$f":"BH662*1.3*$CL663","v":0},{"$f":"BI662*1.3*$CL663","v":0},{"$f":"BJ662*1.3*$CL663","v":0},{"$f":"BK662*1.3*$CL663","v":0},{"$f":"BL662*1.3*$CL663","v":0},{"$f":"BM662*1.3*$CL663","v":0},{"$f":"BN662*1.3*$CL663","v":0},{"$f":"BO662*1.3*$CL663","v":0},{"$f":"BP662*1.3*$CL663","v":0},{"$f":"BQ662*1.3*$CL663","v":0},{"$f":"BR662*1.3*$CL663","v":0},{"$f":"BS662*1.3*$CL663","v":0},{"$f":"BT662*1.3*$CL663","v":0},{"$f":"BU662*1.3*$CL663","v":0},{"$f":"BV662*1.3*$CL663","v":0},{"$f":"BW662*1.3*$CL663","v":0},{"$f":"BX662*1.3*$CL663","v":0},{"$f":"BY662*1.3*$CL663","v":0},{"$f":"BZ662*1.3*$CL663","v":0},{"$f":"CA662*1.3*$CL663","v":0},{"$f":"CB662*1.3*$CL663","v":0},{"$f":"CC662*1.3*$CL663","v":0},224.19020000000003,0,0,{"$f":"CG662*1.3*$CL663","v":0},{"$f":"CH662*1.3*$CL663","v":0},{"$f":"CI662*1.3*$CL663","v":0},{"$f":"CJ662*1.3*$CL663","v":0},"Distancia de acarreo critica a Mondoñedo",32.6]
[723,5412,"4.2.3.4",{"$f":"VLOOKUP(B664,'Listado Ins Ana'!$G$3966:$J$7715,2,FALSE)","v":"RELLENO EN TRITURADO DE 3/4`` (INCLUYE TRANSPORTE, SUMINISTRO, EXTENDIDO MANUAL Y COLOCACIÓN)"},{"$f":"VLOOKUP(B664,'Listado Ins Ana'!$G$3966:$J$7715,3,FALSE)","v":"M3"},992.11,{"$f":"VLOOKUP($B664,'Listado Ins Ana'!$G$3965:$K$8277,4,FALSE)","v":107123},137829,136741529,"No",136741529,null,null,null,null,null,null,null,{"$f":"VLOOKUP(B664,'Listado Ins Ana'!$G$3966:$J$100621,4,FALSE)-G664","v":0},null,"RED DE ALCANTARILLADO AGUAS LLUVIAS",{"$f":"VLOOKUP(U664,'auxiliar capitulos'!$A$2:$M$68,13,FALSE)","v":"4.2.3"},{"$f":"IF(E664=\"\",\"\",IF(E662=\"\",1,W662+1))","v":4},null,992.11,null,null,null,null,null,null,null,null,null,null,null,null,null,null,null,null,null,null,null,null,null,null,null,null,null,null,null,null,null,null,null,null,null,null,null,null,null,null,null,null,null,null,null,null,null,null,null,null,null,null,null,null,null,null,null,null,637.36,354.75]
[724,3436,"4.2.3.5",{"$f":"VLOOKUP(B665,'Listado Ins Ana'!$G$3966:$J$7715,2,FALSE)","v":"RELLENO PARA REDES EN SUBBASE GRANULAR B-400 (SUMINISTRO, EXTENDIDO, HUMEDECIMIENTO Y COMPACTACIÓN)"},{"$f":"VLOOKUP(B665,'Listado Ins Ana'!$G$3966:$J$7715,3,FALSE)","v":"M3"},2389.14,{"$f":"VLOOKUP($B665,'Listado Ins Ana'!$G$3965:$K$8277,4,FALSE)","v":89881},115644,276289706,"No",276289706,null,null,null,null,null,null,null,{"$f":"VLOOKUP(B665,'Listado Ins Ana'!$G$3966:$J$100621,4,FALSE)-G665","v":0},null,"RED DE ALCANTARILLADO AGUAS LLUVIAS",{"$f":"VLOOKUP(U665,'auxiliar capitulos'!$A$2:$M$68,13,FALSE)","v":"4.2.3"},5,null,2389.14,null,null,null,null,null,null,null,null,null,null,null,null,null,null,null,null,null,null,null,null,null,null,null,null,null,null,null,null,null,null,null,null,null,null,null,null,null,null,null,null,null,null,null,null,null,null,null,null,null,null,null,null,null,null,null,null,1459.5,929.64]
[725,3041,"4.2.3.6",{"$f":"VLOOKUP(B666,'Listado Ins Ana'!$G$3966:$J$7715,2,FALSE)","v":"TUBERIA PVC U.M. EXT CORRUGADO/INT LISO U.M. NORMA NTC 3722-1 D=4\" (INCLUYE SUMINISTRO E INSTALACIÓN)"},{"$f":"VLOOKUP(B666,'Listado Ins Ana'!$G$3966:$J$7715,3,FALSE)","v":"ML"},1.8,{"$f":"VLOOKUP($B666,'Listado Ins Ana'!$G$3965:$K$8277,4,FALSE)","v":24472},31487,56677,"No",56677,null,null,null,null,null,null,null,{"$f":"VLOOKUP(B666,'Listado Ins Ana'!$G$3966:$J$100621,4,FALSE)-G666","v":0},null,"RED DE ALCANTARILLADO AGUAS LLUVIAS",{"$f":"VLOOKUP(U666,'auxiliar capitulos'!$A$2:$M$68,13,FALSE)","v":"4.2.3"},6,null,1.8,null,null,null,null,null,null,null,null,null,null,null,null,null,null,null,null,null,null,null,null,null,null,null,null,null,null,null,null,null,null,null,null,null,null,null,null,null,null,null,null,null,null,null,null,null,null,null,null,null,null,null,null,null,null,null,null,null,1.8]
[726,3042,"4.2.3.7",{"$f":"VLOOKUP(B667,'Listado Ins Ana'!$G$3966:$J$7715,2,FALSE)","v":"TUBERIA PVC U.M. EXT CORRUGADO/INT LISO U.M. NORMA NTC 3722-1 D=6\" (INCLUYE SUMINISTRO E INSTALACIÓN)"},{"$f":"VLOOKUP(B667,'Listado Ins Ana'!$G$3966:$J$7715,3,FALSE)","v":"ML"},3.5,{"$f":"VLOOKUP($B667,'Listado Ins Ana'!$G$3965:$K$8277,4,FALSE)","v":42064},54121,189424,"No",189424,null,null,null,null,null,null,null,{"$f":"VLOOKUP(B667,'Listado Ins Ana'!$G$3966:$J$100621,4,FALSE)-G667","v":0},null,"RED DE ALCANTARILLADO AGUAS LLUVIAS",{"$f":"VLOOKUP(U667,'auxiliar capitulos'!$A$2:$M$68,13,FALSE)","v":"4.2.3"},7,null,3.5,null,null,null,null,null,null,null,null,null,null,null,null,null,null,null,null,null,null,null,null,null,null,null,null,null,null,null,null,null,null,null,null,null,null,null,null,null,null,null,null,null,null,null,null,null,null,null,null,null,null,null,null,null,null,null,null,null,3.5]
[727,3043,"4.2.3.8",{"$f":"VLOOKUP(B668,'Listado Ins Ana'!$G$3966:$J$7715,2,FALSE)","v":"TUBERIA PVC U.M. EXT CORRUGADO/INT LISO U.M. NORMA NTC 3722-1 D=8\" (INCLUYE SUMINISTRO E INSTALACIÓN)"},{"$f":"VLOOKUP(B668,'Listado Ins Ana'!$G$3966:$J$7715,3,FALSE)","v":"ML"},612.96,{"$f":"VLOOKUP($B668,'Listado Ins Ana'!$G$3965:$K$8277,4,FALSE)","v":58296},75006,45975678,"Si",45975678,null,null,null,null,null,null,null,{"$f":"VLOOKUP(B668,'Listado Ins Ana'!$G$3966:$J$100621,4,FALSE)-G668","v":0},null,"RED DE ALCANTARILLADO AGUAS LLUVIAS",{"$f":"VLOOKUP(U668,'auxiliar capitulos'!$A$2:$M$68,13,FALSE)","v":"4.2.3"},8,null,612.96,null,null,null,null,null,null,null,null,null,null,null,null,null,null,null,null,null,null,null,null,null,null,null,null,null,null,null,null,null,null,null,null,null,null,null,null,null,null,null,null,null,null,null,null,null,null,null,null,null,null,null,null,null,null,null,null,324.64,288.32]
[728,3044,"4.2.3.9",{"$f":"VLOOKUP(B669,'Listado Ins Ana'!$G$3966:$J$7715,2,FALSE)","v":"TUBERIA PVC U.M. EXT CORRUGADO/INT LISO U.M. NORMA NTC 3722-1 D=10\" (INCLUYE SUMINISTRO E INSTALACIÓN)"},{"$f":"VLOOKUP(B669,'Listado Ins Ana'!$G$3966:$J$7715,3,FALSE)","v":"ML"},610.32000000000005,{"$f":"VLOOKUP($B669,'Listado Ins Ana'!$G$3965:$K$8277,4,FALSE)","v":82315},105910,64638991,"Si",64638991,null,null,null,null,null,null,null,{"$f":"VLOOKUP(B669,'Listado Ins Ana'!$G$3966:$J$100621,4,FALSE)-G669","v":0},null,"RED DE ALCANTARILLADO AGUAS LLUVIAS",{"$f":"VLOOKUP(U669,'auxiliar capitulos'!$A$2:$M$68,13,FALSE)","v":"4.2.3"},9,null,610.32000000000005,null,null,null,null,null,null,null,null,null,null,null,null,null,null,null,null,null,null,null,null,null,null,null,null,null,null,null,null,null,null,null,null,null,null,null,null,null,null,null,null,null,null,null,null,null,null,null,null,null,null,null,null,null,null,null,null,409.67,200.65]
[729,3045,"4.2.3.10",{"$f":"VLOOKUP(B670,'Listado Ins Ana'!$G$3966:$J$7715,2,FALSE)","v":"TUBERIA PVC U.M. EXT CORRUGADO/INT LISO U.M. NORMA NTC 3722-1 D=12\" (INCLUYE SUMINISTRO E INSTALACIÓN)"},{"$f":"VLOOKUP(B670,'Listado Ins Ana'!$G$3966:$J$7715,3,FALSE)","v":"ML"},269.32,{"$f":"VLOOKUP($B670,'Listado Ins Ana'!$G$3965:$K$8277,4,FALSE)","v":115102},148095,39884945,"Si",39884945,null,null,null,null,null,null,null,{"$f":"VLOOKUP(B670,'Listado Ins Ana'!$G$3966:$J$100621,4,FALSE)-G670","v":0},null,"RED DE ALCANTARILLADO AGUAS LLUVIAS",{"$f":"VLOOKUP(U670,'auxiliar capitulos'!$A$2:$M$68,13,FALSE)","v":"4.2.3"},10,null,269.32,null,null,null,null,null,null,null,null,null,null,null,null,null,null,null,null,null,null,null,null,null,null,null,null,null,null,null,null,null,null,null,null,null,null,null,null,null,null,null,null,null,null,null,null,null,null,null,null,null,null,null,null,null,null,null,null,143.35,125.97]
[730,6538,"4.2.3.11",{"$f":"VLOOKUP(B671,'Listado Ins Ana'!$G$3966:$J$7715,2,FALSE)","v":"TUBERIA PVC U.M. EXT CORRUGADO/INT LISO U.M. NORMA NTC 3722-1 D=14\" (INCLUYE SUMINISTRO E INSTALACIÓN)"},{"$f":"VLOOKUP(B671,'Listado Ins Ana'!$G$3966:$J$7715,3,FALSE)","v":"ML"},51.41,{"$f":"VLOOKUP($B671,'Listado Ins Ana'!$G$3965:$K$8277,4,FALSE)","v":169046},217501,11181726,"Si",11181726,null,null,null,null,null,null,null,{"$f":"VLOOKUP(B671,'Listado Ins Ana'!$G$3966:$J$100621,4,FALSE)-G671","v":0},null,"RED DE ALCANTARILLADO AGUAS LLUVIAS",{"$f":"VLOOKUP(U671,'auxiliar capitulos'!$A$2:$M$68,13,FALSE)","v":"4.2.3"},11,null,51.41,null,null,null,null,null,null,null,null,null,null,null,null,null,null,null,null,null,null,null,null,null,null,null,null,null,null,null,null,null,null,null,null,null,null,null,null,null,null,null,null,null,null,null,null,null,null,null,null,null,null,null,null,null,null,null,null,51.41]
[731,3155,"4.2.3.12",{"$f":"VLOOKUP(B672,'Listado Ins Ana'!$G$3966:$J$7715,2,FALSE)","v":"DEMOLICION SUMIDERO EXISTENTE (INCLUYE CARGUE)"},{"$f":"VLOOKUP(B672,'Listado Ins Ana'!$G$3966:$J$7715,3,FALSE)","v":"UN"},26,{"$f":"VLOOKUP($B672,'Listado Ins Ana'!$G$3965:$K$8277,4,FALSE)","v":180844},232681,6049706,"No",6049706,null,null,null,null,null,null,null,{"$f":"VLOOKUP(B672,'Listado Ins Ana'!$G$3966:$J$100621,4,FALSE)-G672","v":0},null,"RED DE ALCANTARILLADO AGUAS LLUVIAS",{"$f":"VLOOKUP(U672,'auxiliar capitulos'!$A$2:$M$68,13,FALSE)","v":"4.2.3"},12,null,26,null,null,null,null,null,null,null,null,null,null,null,null,null,null,null,null,null,null,null,null,null,null,null,null,null,null,null,null,null,null,null,null,null,null,null,null,null,null,null,null,null,null,null,null,null,null,null,null,null,null,null,null,null,null,null,null,18,8]
[732,3470,"4.2.3.13",{"$f":"VLOOKUP(B673,'Listado Ins Ana'!$G$3966:$J$7715,2,FALSE)","v":"CILINDRO POZO INSP. EN MAMPOSTERIA E=0.37M (INC. SUMIN. Y CONST, ACERO PARA ESCALERAS, GEOTEXTIL Y PAÑETE IMPERMEAB.)"},{"$f":"VLOOKUP(B673,'Listado Ins Ana'!$G$3966:$J$7715,3,FALSE)","v":"ML"},0,{"$f":"VLOOKUP($B673,'Listado Ins Ana'!$G$3965:$K$8277,4,FALSE)","v":727611},936173,0,"Si",0,null,null,null,null,null,null,null,{"$f":"VLOOKUP(B673,'Listado Ins Ana'!$G$3966:$J$100621,4,FALSE)-G673","v":0},null,"RED DE ALCANTARILLADO AGUAS LLUVIAS",{"$f":"VLOOKUP(U673,'auxiliar capitulos'!$A$2:$M$68,13,FALSE)","v":"4.2.3"},13,null,0]
[733,3471,"4.2.3.14",{"$f":"VLOOKUP(B674,'Listado Ins Ana'!$G$3966:$J$7715,2,FALSE)","v":"CILINDRO POZO INSP. EN MAMPOSTERIA E=0.25M (INC. SUMIN. Y CONST, ACERO PARA ESCALERAS, GEOTEXTIL Y PAÑETE IMPERMEAB.)"},{"$f":"VLOOKUP(B674,'Listado Ins Ana'!$G$3966:$J$7715,3,FALSE)","v":"ML"},87.71,{"$f":"VLOOKUP($B674,'Listado Ins Ana'!$G$3965:$K$8277,4,FALSE)","v":500429},643872,56474013,"Si",56474013,null,null,null,null,null,null,null,{"$f":"VLOOKUP(B674,'Listado Ins Ana'!$G$3966:$J$100621,4,FALSE)-G674","v":0},null,"RED DE ALCANTARILLADO AGUAS LLUVIAS",{"$f":"VLOOKUP(U674,'auxiliar capitulos'!$A$2:$M$68,13,FALSE)","v":"4.2.3"},14,null,87.71,null,null,null,null,null,null,null,null,null,null,null,null,null,null,null,null,null,null,null,null,null,null,null,null,null,null,null,null,null,null,null,null,null,null,null,null,null,null,null,null,null,null,null,null,null,null,null,null,null,null,null,null,null,null,null,null,43.41,44.3]
[734,3472,"4.2.3.15",{"$f":"VLOOKUP(B675,'Listado Ins Ana'!$G$3966:$J$7715,2,FALSE)","v":"PLACA CUBIERTA D=1.70M POZO INSPEC. (FUNDIDA EN SITIO. INC. SUMINISTRO, FORMALETEO, REFUERZO E INSTALACIÓN. NO INC.TAPA)"},{"$f":"VLOOKUP(B675,'Listado Ins Ana'!$G$3966:$J$7715,3,FALSE)","v":"UN"},0,{"$f":"VLOOKUP($B675,'Listado Ins Ana'!$G$3965:$K$8277,4,FALSE)","v":425923},548010,0,"No",0,null,null,null,null,null,null,null,{"$f":"VLOOKUP(B675,'Listado Ins Ana'!$G$3966:$J$100621,4,FALSE)-G675","v":0},null,"RED DE ALCANTARILLADO AGUAS LLUVIAS",{"$f":"VLOOKUP(U675,'auxiliar capitulos'!$A$2:$M$68,13,FALSE)","v":"4.2.3"},15,null,0]
[735,3473,"4.2.3.16",{"$f":"VLOOKUP(B676,'Listado Ins Ana'!$G$3966:$J$7715,2,FALSE)","v":"PLACA FONDO D=1.70M POZO INSPEC. (FUNDIDA EN SITIO. INCL. SUMIN, FORMALET, REF, INST. INCL. CONCRETO 2000 PSI DE BASE)"},{"$f":"VLOOKUP(B676,'Listado Ins Ana'!$G$3966:$J$7715,3,FALSE)","v":"UN"},41,{"$f":"VLOOKUP($B676,'Listado Ins Ana'!$G$3965:$K$8277,4,FALSE)","v":575207},740084,30343444,"No",30343444,null,null,null,null,null,null,null,{"$f":"VLOOKUP(B676,'Listado Ins Ana'!$G$3966:$J$100621,4,FALSE)-G676","v":0},null,"RED DE ALCANTARILLADO AGUAS LLUVIAS",{"$f":"VLOOKUP(U676,'auxiliar capitulos'!$A$2:$M$68,13,FALSE)","v":"4.2.3"},16,null,41,null,null,null,null,null,null,null,null,null,null,null,null,null,null,null,null,null,null,null,null,null,null,null,null,null,null,null,null,null,null,null,null,null,null,null,null,null,null,null,null,null,null,null,null,null,null,null,null,null,null,null,null,null,null,null,null,21,20]
[736,3722,"4.2.3.17",{"$f":"VLOOKUP(B677,'Listado Ins Ana'!$G$3966:$J$7715,2,FALSE)","v":"NIVELACIÓN DE POZO (HASTA RASANTE EN CONCRETO 3000 PSI HECHO EN OBRA, H=0.15M. INCLUYE SUMINISTRO Y CONSTRUCCIÓN)"},{"$f":"VLOOKUP(B677,'Listado Ins Ana'!$G$3966:$J$7715,3,FALSE)","v":"UN"},14,{"$f":"VLOOKUP($B677,'Listado Ins Ana'!$G$3965:$K$8277,4,FALSE)","v":102241},131547,1841658,"No",1841658,null,null,null,null,null,null,null,{"$f":"VLOOKUP(B677,'Listado Ins Ana'!$G$3966:$J$100621,4,FALSE)-G677","v":0},null,"RED DE ALCANTARILLADO AGUAS LLUVIAS",{"$f":"VLOOKUP(U677,'auxiliar capitulos'!$A$2:$M$68,13,FALSE)","v":"4.2.3"},17,null,14,null,null,null,null,null,null,null,null,null,null,null,null,null,null,null,null,null,null,null,null,null,null,null,null,null,null,null,null,null,null,null,null,null,null,null,null,null,null,null,null,null,null,null,null,null,null,null,null,null,null,null,null,null,null,null,null,5,9]
[737,3723,"4.2.3.18",{"$f":"VLOOKUP(B678,'Listado Ins Ana'!$G$3966:$J$7715,2,FALSE)","v":"LIMPIEZA DE POZOS (INCLUYE CARGUE, RETIRO Y DISPOSICIÓN FINAL DE SOBRANTES)"},{"$f":"VLOOKUP(B678,'Listado Ins Ana'!$G$3966:$J$7715,3,FALSE)","v":"UN"},14,{"$f":"VLOOKUP($B678,'Listado Ins Ana'!$G$3965:$K$8277,4,FALSE)","v":74937},96417,1349838,"No",1349838,null,null,null,null,null,null,null,{"$f":"VLOOKUP(B678,'Listado Ins Ana'!$G$3966:$J$100621,4,FALSE)-G678","v":0},null,"RED DE ALCANTARILLADO AGUAS LLUVIAS",{"$f":"VLOOKUP(U678,'auxiliar capitulos'!$A$2:$M$68,13,FALSE)","v":"4.2.3"},18,null,14,null,null,null,null,null,null,null,null,null,null,null,null,null,null,null,null,null,null,null,null,null,null,null,null,null,null,null,null,null,null,null,null,null,null,null,null,null,null,null,null,null,null,null,null,null,null,null,null,null,null,null,null,null,null,null,null,5,9]
[738,3779,"4.2.3.19",{"$f":"VLOOKUP(B679,'Listado Ins Ana'!$G$3966:$J$7715,2,FALSE)","v":"CAJA DE INSPECCIÓN DE 0.6X0.6M (H=0.6M. INCLUYE SUMINISTRO Y CONSTRUCCIÓN. INCLUYE MARCO Y TAPA. NO INC. BASE Y CAÑUELA)"},{"$f":"VLOOKUP(B679,'Listado Ins Ana'!$G$3966:$J$7715,3,FALSE)","v":"UN"},45,{"$f":"VLOOKUP($B679,'Listado Ins Ana'!$G$3965:$K$8277,4,FALSE)","v":344479},443220,19944900,"No",19944900,null,null,null,null,null,null,null,{"$f":"VLOOKUP(B679,'Listado Ins Ana'!$G$3966:$J$100621,4,FALSE)-G679","v":0},null,"RED DE ALCANTARILLADO AGUAS LLUVIAS",{"$f":"VLOOKUP(U679,'auxiliar capitulos'!$A$2:$M$68,13,FALSE)","v":"4.2.3"},19,null,45,null,null,null,null,null,null,null,null,null,null,null,null,null,null,null,null,null,null,null,null,null,null,null,null,null,null,null,null,null,null,null,null,null,null,null,null,null,null,null,null,null,null,null,null,null,null,null,null,null,null,null,null,null,null,null,null,45]
[739,3919,"4.2.3.20",{"$f":"VLOOKUP(B680,'Listado Ins Ana'!$G$3966:$J$7715,2,FALSE)","v":"TUBERIA PVC U.M. EXT/INT LISO NORMA NTC 5070 D=24\" (INCLUYE SUMINISTRO E INSTALACIÓN)"},{"$f":"VLOOKUP(B680,'Listado Ins Ana'!$G$3966:$J$7715,3,FALSE)","v":"ML"},131.15,{"$f":"VLOOKUP($B680,'Listado Ins Ana'!$G$3965:$K$8277,4,FALSE)","v":502649},646728,84818377,"Si",84818377,null,null,null,null,null,null,null,{"$f":"VLOOKUP(B680,'Listado Ins Ana'!$G$3966:$J$100621,4,FALSE)-G680","v":0},null,"RED DE ALCANTARILLADO AGUAS LLUVIAS",{"$f":"VLOOKUP(U680,'auxiliar capitulos'!$A$2:$M$68,13,FALSE)","v":"4.2.3"},20,null,131.15,null,null,null,null,null,null,null,null,null,null,null,null,null,null,null,null,null,null,null,null,null,null,null,null,null,null,null,null,null,null,null,null,null,null,null,null,null,null,null,null,null,null,null,null,null,null,null,null,null,null,null,null,null,null,null,null,131.15]
[740,3923,"4.2.3.21",{"$f":"VLOOKUP(B681,'Listado Ins Ana'!$G$3966:$J$7715,2,FALSE)","v":"TUBERIA PVC U.M. EXT/INT LISO NORMA NTC 5070 D=36\" (INCLUYE SUMINISTRO E INSTALACIÓN)"},{"$f":"VLOOKUP(B681,'Listado Ins Ana'!$G$3966:$J$7715,3,FALSE)","v":"ML"},100.53,{"$f":"VLOOKUP($B681,'Listado Ins Ana'!$G$3965:$K$8277,4,FALSE)","v":1337957},1721469,173059279,"Si",173059279,null,null,null,null,null,null,null,{"$f":"VLOOKUP(B681,'Listado Ins Ana'!$G$3966:$J$100621,4,FALSE)-G681","v":0},null,"RED DE ALCANTARILLADO AGUAS LLUVIAS",{"$f":"VLOOKUP(U681,'auxiliar capitulos'!$A$2:$M$68,13,FALSE)","v":"4.2.3"},21,null,100.53,null,null,null,null,null,null,null,null,null,null,null,null,null,null,null,null,null,null,null,null,null,null,null,null,null,null,null,null,null,null,null,null,null,null,null,null,null,null,null,null,null,null,null,null,null,null,null,null,null,null,null,null,null,null,null,null,100.53]
[741,4049,"4.2.3.22",{"$f":"VLOOKUP(B682,'Listado Ins Ana'!$G$3966:$J$7715,2,FALSE)","v":"CAÑUELA TIPO A120 (SUMINISTRO E INSTALACIÓN. INCLUYE 3CM MORTERO 2000 PSI)"},{"$f":"VLOOKUP(B682,'Listado Ins Ana'!$G$3966:$J$7715,3,FALSE)","v":"ML"},18,{"$f":"VLOOKUP($B682,'Listado Ins Ana'!$G$3965:$K$8277,4,FALSE)","v":47458},61061,1099098,"Si",1099098,null,null,null,null,null,null,null,{"$f":"VLOOKUP(B682,'Listado Ins Ana'!$G$3966:$J$100621,4,FALSE)-G682","v":0},null,"RED DE ALCANTARILLADO AGUAS LLUVIAS",{"$f":"VLOOKUP(U682,'auxiliar capitulos'!$A$2:$M$68,13,FALSE)","v":"4.2.3"},22,null,18,null,null,null,null,null,null,null,null,null,null,null,null,null,null,null,null,null,null,null,null,null,null,null,null,null,null,null,null,null,null,null,null,null,null,null,null,null,null,null,null,null,null,null,null,null,null,null,null,null,null,null,null,null,null,null,null,null,18]
[742,4252,"4.2.3.23",{"$f":"VLOOKUP(B683,'Listado Ins Ana'!$G$3966:$J$7715,2,FALSE)","v":"PLACA CUBIERTA D=1.70M POZO INSPEC. (FUNDIDA EN SITIO. INC. SUM, FORMALET., REFUERZO E INST. INCL.TAPA EN POLIPROPILENO)"},{"$f":"VLOOKUP(B683,'Listado Ins Ana'!$G$3966:$J$7715,3,FALSE)","v":"UN"},41,{"$f":"VLOOKUP($B683,'Listado Ins Ana'!$G$3965:$K$8277,4,FALSE)","v":1519533},1955092,80158772,"No",80158772,null,null,null,null,null,null,null,{"$f":"VLOOKUP(B683,'Listado Ins Ana'!$G$3966:$J$100621,4,FALSE)-G683","v":0},null,"RED DE ALCANTARILLADO AGUAS LLUVIAS",{"$f":"VLOOKUP(U683,'auxiliar capitulos'!$A$2:$M$68,13,FALSE)","v":"4.2.3"},23,null,41,null,null,null,null,null,null,null,null,null,null,null,null,null,null,null,null,null,null,null,null,null,null,null,null,null,null,null,null,null,null,null,null,null,null,null,null,null,null,null,null,null,null,null,null,null,null,null,null,null,null,null,null,null,null,null,null,21,20]
[743,4878,{"$f":"IF(W684=\"\",V684,CONCATENATE(V684,\".\",W684))","v":"4.2.3.24"},{"$f":"VLOOKUP(B684,'Listado Ins Ana'!$G$3966:$J$7715,2,FALSE)","v":"CONEXIONES KIT SILLA YEE 200 X 160 PVC. SUMINISTRO E INSTALACIÓN."},{"$f":"VLOOKUP(B684,'Listado Ins Ana'!$G$3966:$J$7715,3,FALSE)","v":"UN"},45,{"$f":"VLOOKUP($B684,'Listado Ins Ana'!$G$3965:$K$8277,4,FALSE)","v":95268},122576,{"$f":"ROUND(H684*F684,0)","v":5515920},"No",5515920,null,null,null,null,null,null,null,{"$f":"VLOOKUP(B684,'Listado Ins Ana'!$G$3966:$J$100621,4,FALSE)-G684","v":0},null,"RED DE ALCANTARILLADO AGUAS LLUVIAS",{"$f":"VLOOKUP(U684,'auxiliar capitulos'!$A$2:$M$68,13,FALSE)","v":"4.2.3"},{"$f":"IF(E684=\"\",\"\",IF(E683=\"\",1,W683+1))","v":24},null,45,null,null,null,null,null,null,null,null,null,null,null,null,null,null,null,null,null,null,null,null,null,null,null,null,null,null,null,null,null,null,null,null,null,null,null,null,null,null,null,null,null,null,null,null,null,null,null,null,null,null,null,null,null,null,null,null,45]
[744,4981,"4.2.3.25",{"$f":"VLOOKUP(B685,'Listado Ins Ana'!$G$3966:$J$7715,2,FALSE)","v":"ENTIBADO EC-2 CONTÍNUO MADERA CON PERFILES METÁLICOS Y PARALES TELESCÓPICOS. SUMINISTRO E INSTALACIÓN."},{"$f":"VLOOKUP(B685,'Listado Ins Ana'!$G$3966:$J$7715,3,FALSE)","v":"M2"},3951.54,{"$f":"VLOOKUP($B685,'Listado Ins Ana'!$G$3965:$K$8277,4,FALSE)","v":59304},76303,301514357,"No",301514357,null,null,null,null,null,null,null,{"$f":"VLOOKUP(B685,'Listado Ins Ana'!$G$3966:$J$100621,4,FALSE)-G685","v":0},null,"RED DE ALCANTARILLADO AGUAS LLUVIAS",{"$f":"VLOOKUP(U685,'auxiliar capitulos'!$A$2:$M$68,13,FALSE)","v":"4.2.3"},25,null,3951.54,null,null,null,null,null,null,null,null,null,null,null,null,null,null,null,null,null,null,null,null,null,null,null,null,null,null,null,null,null,null,null,null,null,null,null,null,null,null,null,null,null,null,null,null,null,null,null,null,null,null,null,null,null,null,null,null,3587.18,364.36]
[745,5015,"4.2.3.26",{"$f":"VLOOKUP(B686,'Listado Ins Ana'!$G$3966:$J$7715,2,FALSE)","v":"CAJA DE INSPECCION 0.80X0.8M. SUMINISTRO Y CONSTRUCCION. (H=0.6M. INCLUYE MARCO Y TAPA, NO INCLUYE BASE Y CAÑUELA)."},{"$f":"VLOOKUP(B686,'Listado Ins Ana'!$G$3966:$J$7715,3,FALSE)","v":"UN"},6,{"$f":"VLOOKUP($B686,'Listado Ins Ana'!$G$3965:$K$8277,4,FALSE)","v":409097},526361,3158166,"Si",3158166,null,null,null,null,null,null,null,{"$f":"VLOOKUP(B686,'Listado Ins Ana'!$G$3966:$J$100621,4,FALSE)-G686","v":0},null,"RED DE ALCANTARILLADO AGUAS LLUVIAS",{"$f":"VLOOKUP(U686,'auxiliar capitulos'!$A$2:$M$68,13,FALSE)","v":"4.2.3"},26,null,6,null,null,null,null,null,null,null,null,null,null,null,null,null,null,null,null,null,null,null,null,null,null,null,null,null,null,null,null,null,null,null,null,null,null,null,null,null,null,null,null,null,null,null,null,null,null,null,null,null,null,null,null,null,null,null,null,6]
[745,5328,{"$f":"IF(W687=\"\",V687,CONCATENATE(V687,\".\",W687))","v":"4.2.3.27"},{"$f":"VLOOKUP(B687,'Listado Ins Ana'!$G$3966:$J$7715,2,FALSE)","v":"CAMARA GRP 900 * 900 * 1200 (INCLUYE TUBERIA , CHIMENEA 1.0M Y ACCESORIOS. SUMINISTRO E INSTALACION."},{"$f":"VLOOKUP(B687,'Listado Ins Ana'!$G$3966:$J$7715,3,FALSE)","v":"UN"},{"$f":"Y687","v":3},{"$f":"VLOOKUP($B687,'Listado Ins Ana'!$G$3965:$K$8277,4,FALSE)","v":16531723},21270376,{"$f":"ROUND(H687*F687,0)","v":63811128},"Si",{"$f":"+I687","v":63811128},null,null,null,null,null,null,null,{"$f":"VLOOKUP(B687,'Listado Ins Ana'!$G$3966:$J$100621,4,FALSE)-G687","v":0},null,"RED DE ALCANTARILLADO AGUAS LLUVIAS",{"$f":"VLOOKUP(U687,'auxiliar capitulos'!$A$2:$M$68,13,FALSE)","v":"4.2.3"},{"$f":"IF(E687=\"\",\"\",IF(E686=\"\",1,W686+1))","v":27},null,{"$f":"SUM(Z687:CJ687)","v":3},null,null,null,null,null,null,null,null,null,null,null,null,null,null,null,null,null,null,null,null,null,null,null,null,null,null,null,null,null,null,null,null,null,null,null,null,null,null,null,null,null,null,null,null,null,null,null,null,null,null,null,null,null,null,null,null,3]
[746,6015,"4.2.3.27",{"$f":"VLOOKUP(B688,'Listado Ins Ana'!$G$3966:$J$7715,2,FALSE)","v":"ENTIBADO TIPO EC3 CONTINUO METÁLICO CON PARALES METÁLICOS. INCLUYE SUMINISTRO E INSTALACIÓN"},{"$f":"VLOOKUP(B688,'Listado Ins Ana'!$G$3966:$J$7715,3,FALSE)","v":"M2"},385.36,{"$f":"VLOOKUP($B688,'Listado Ins Ana'!$G$3965:$K$8277,4,FALSE)","v":41542},53450,20597492,"No",20597492,null,null,null,null,null,null,null,{"$f":"VLOOKUP(B688,'Listado Ins Ana'!$G$3966:$J$100621,4,FALSE)-G688","v":0},null,"RED DE ALCANTARILLADO AGUAS LLUVIAS",{"$f":"VLOOKUP(U688,'auxiliar capitulos'!$A$2:$M$68,13,FALSE)","v":"4.2.3"},{"$f":"IF(E688=\"\",\"\",IF(E686=\"\",1,W686+1))","v":27},null,385.36,null,null,null,null,null,null,null,null,null,null,null,null,null,null,null,null,null,null,null,null,null,null,null,null,null,null,null,null,null,null,null,null,null,null,null,null,null,null,null,null,null,null,null,null,null,null,null,null,null,null,null,null,null,null,null,null,364.36,21]
[746,6341,"4.2.3.27",{"$f":"VLOOKUP(B689,'Listado Ins Ana'!$G$3966:$J$7715,2,FALSE)","v":"CAJA DESARENADORA - SUMINISTRO Y CONSTRUCCIÓN SEGÚN DISEÑO. INCLUYE LADRILLO TOLETE COMÚN, MORTERO 1:3 IMPERMEABILIZADO, CONCRETO DE LIMPIEZA 2500 PSI, PLACA INFERIOR Y ACERO DE REFUERZO."},{"$f":"VLOOKUP(B689,'Listado Ins Ana'!$G$3966:$J$7715,3,FALSE)","v":"UN"},26,{"$f":"VLOOKUP($B689,'Listado Ins Ana'!$G$3965:$K$8277,4,FALSE)","v":562440},723658,18815108,"No",18815108,null,null,null,null,null,null,null,{"$f":"VLOOKUP(B689,'Listado Ins Ana'!$G$3966:$J$100621,4,FALSE)-G689","v":0},null,"RED DE ALCANTARILLADO AGUAS LLUVIAS",{"$f":"VLOOKUP(U689,'auxiliar capitulos'!$A$2:$M$68,13,FALSE)","v":"4.2.3"},{"$f":"IF(E689=\"\",\"\",IF(E686=\"\",1,W686+1))","v":27},null,26,null,null,null,null,null,null,null,null,null,null,null,null,null,null,null,null,null,null,null,null,null,null,null,null,null,null,null,null,null,null,null,null,null,null,null,null,null,null,null,null,null,null,null,null,null,null,null,null,null,null,null,null,null,null,null,null,18,8]
[746,7876,{"$f":"IF(W690=\"\",V690,CONCATENATE(V690,\".\",W690))","v":"4.2.3.28"},{"$f":"VLOOKUP(B690,'Listado Ins Ana'!$G$3966:$J$7715,2,FALSE)","v":"CÁRCAMO DE PROTECCION EN TUBERÍA Ø 12\" NORMA EAAB NS-090 version 2 V.2 (incluye Formaleta, Concreto de 2000 y 3000 PSI, Acero de Refuerzo, curado y Manijas en varilla lisa de 1\")."},{"$f":"VLOOKUP(B690,'Listado Ins Ana'!$G$3966:$J$7715,3,FALSE)","v":"ML"},{"$f":"Y690","v":60.59},{"$f":"VLOOKUP($B690,'Listado Ins Ana'!$G$3965:$K$8277,4,FALSE)","v":1041222},1339678,{"$f":"ROUND(H690*F690,0)","v":81171090},"No",{"$f":"+I690","v":81171090},null,null,null,null,null,null,null,{"$f":"VLOOKUP(B690,'Listado Ins Ana'!$G$3966:$J$100621,4,FALSE)-G690","v":0},null,"RED DE ALCANTARILLADO AGUAS LLUVIAS",{"$f":"VLOOKUP(U690,'auxiliar capitulos'!$A$2:$M$68,13,FALSE)","v":"4.2.3"},{"$f":"IF(E690=\"\",\"\",IF(E687=\"\",1,W687+1))","v":28},null,{"$f":"SUM(Z690:CJ690)","v":60.59},null,null,null,null,null,null,null,null,null,null,null,null,null,null,null,null,null,null,null,null,null,null,null,null,null,null,null,null,null,null,null,null,null,null,null,null,null,null,null,null,null,null,null,null,null,null,null,null,null,null,null,null,null,null,null,null,42.29,18.3]
[747,8633,"4.2.3.28",{"$f":"VLOOKUP(B691,'Listado Ins Ana'!$G$3966:$J$7715,2,FALSE)","v":"CANAL DE DRENAJE MONOLÍTICO Y REJA EN CONCRETO POLIMÉRICO RD 200V H330 F900 (1.00 X 0.26 X 0.33) m, INCLUYE CONCRETO 21 Mpa PARA CAMA Y ATRAQUE (Incluye suministro, instalación y prueba de estanqueidad)."},{"$f":"VLOOKUP(B691,'Listado Ins Ana'!$G$3966:$J$7715,3,FALSE)","v":"ML"},402.5,{"$f":"VLOOKUP($B691,'Listado Ins Ana'!$G$3965:$K$8277,4,FALSE)","v":467139},601040,241918600,"Si",241918600,null,null,null,null,null,null,null,{"$f":"VLOOKUP(B691,'Listado Ins Ana'!$G$3966:$J$100621,4,FALSE)-G691","v":0},null,"RED DE ALCANTARILLADO AGUAS LLUVIAS",{"$f":"VLOOKUP(U691,'auxiliar capitulos'!$A$2:$M$68,13,FALSE)","v":"4.2.3"},{"$f":"IF(E691=\"\",\"\",IF(E688=\"\",1,W688+1))","v":28},null,402.5,null,null,null,null,null,null,null,null,null,null,null,null,null,null,null,null,null,null,null,null,null,null,null,null,null,null,null,null,null,null,null,null,null,null,null,null,null,null,null,null,null,null,null,null,null,null,null,null,null,null,null,null,null,null,null,null,279.39999999999998,123.1]
[748,8019,"4.2.3.29",{"$f":"VLOOKUP(B692,'Listado Ins Ana'!$G$3966:$J$7715,2,FALSE)","v":"CANAL DE DRENAJE PREFABRICADO EN POLYCONCRETO, RD-200V, CLASE DE CARGA F900, INCLUYE REJILLA, LONG=1000MM, H= 530 MM, ANCHO= 260 MM, EN COLOR NATURAL, (NO INCLUYE: EXCAVACIÓN, CONCRETO, DRENAJE, RELLENOS, TAPAS O ACCESORIOS)"},{"$f":"VLOOKUP(B692,'Listado Ins Ana'!$G$3966:$J$7715,3,FALSE)","v":"ML"},100.5,{"$f":"VLOOKUP($B692,'Listado Ins Ana'!$G$3965:$K$8277,4,FALSE)","v":961795},1237484,124367142,"Si",124367142,null,null,null,null,null,null,null,{"$f":"VLOOKUP(B692,'Listado Ins Ana'!$G$3966:$J$100621,4,FALSE)-G692","v":0},null,"RED DE ALCANTARILLADO AGUAS LLUVIAS",{"$f":"VLOOKUP(U692,'auxiliar capitulos'!$A$2:$M$68,13,FALSE)","v":"4.2.3"},29,null,100.5,null,null,null,null,null,null,null,null,null,null,null,null,null,null,null,null,null,null,null,null,null,null,null,null,null,null,null,null,null,null,null,null,null,null,null,null,null,null,null,null,null,null,null,null,null,null,null,null,null,null,null,null,null,null,null,null,37,63.5]
[749,3883,"4.2.3.30",{"$f":"VLOOKUP(B693,'Listado Ins Ana'!$G$3966:$J$7715,2,FALSE)","v":"SUMIDERO LATERAL SL-150A, H=1.7M (FUNDIDO EN SITIO, CONCRETO PREMEZCLADO. INCL. SUMIN, FORM, REF. Y CONSTR. INCL. TAPA)"},"UN",14,{"$f":"VLOOKUP($B693,'Listado Ins Ana'!$G$3965:$K$8277,4,FALSE)","v":2578816},3318008,46452112,"Si",46452112,null,null,null,null,null,null,null,{"$f":"VLOOKUP(B693,'Listado Ins Ana'!$G7716:$J101093,4,FALSE)-G693","v":{"$error":"#N/A"}},null,"RED DE ALCANTARILLADO AGUAS LLUVIAS",{"$f":"VLOOKUP(U693,'auxiliar capitulos'!$A$2:$M$68,13,FALSE)","v":"4.2.3"},30,null,14,null,null,null,null,null,null,null,null,null,null,null,null,null,null,null,null,null,null,null,null,null,null,null,null,null,null,null,null,null,null,null,null,null,null,null,null,null,null,null,null,null,null,null,null,null,null,null,null,null,null,null,null,null,null,null,null,14]
[749,3884,{"$f":"IF(W694=\"\",V694,CONCATENATE(V694,\".\",W694))","v":"4.2.3.31"},{"$f":"VLOOKUP(B694,'Listado Ins Ana'!$G$3966:$J$7715,2,FALSE)","v":"SUMIDERO LATERAL SL-150, H=1.25M (FUNDIDO EN SITIO, CONCRETO HECHO EN OBRA. INCL. SUMIN, FORM, REF. Y CONST. INCL. TAPA)"},"UN",{"$f":"Y694","v":5},{"$f":"VLOOKUP($B694,'Listado Ins Ana'!$G$3965:$K$8277,4,FALSE)","v":2428012},3123977,{"$f":"ROUND(H694*F694,0)","v":15619885},"Si",{"$f":"+I694","v":15619885},null,null,null,null,null,null,null,{"$f":"VLOOKUP(B694,'Listado Ins Ana'!$G7717:$J101094,4,FALSE)-G694","v":{"$error":"#N/A"}},null,"RED DE ALCANTARILLADO AGUAS LLUVIAS",{"$f":"VLOOKUP(U694,'auxiliar capitulos'!$A$2:$M$68,13,FALSE)","v":"4.2.3"},{"$f":"IF(E694=\"\",\"\",IF(E693=\"\",1,W693+1))","v":31},null,{"$f":"SUM(Z694:CJ694)","v":5},null,null,null,null,null,null,null,null,null,null,null,null,null,null,null,null,null,null,null,null,null,null,null,null,null,null,null,null,null,null,null,null,null,null,null,null,null,null,null,null,null,null,null,null,null,null,null,null,null,null,null,null,null,null,null,null,5]
[749,3895,{"$f":"IF(W695=\"\",V695,CONCATENATE(V695,\".\",W695))","v":"4.2.3.32"},{"$f":"VLOOKUP(B695,'Listado Ins Ana'!$G$3966:$J$7715,2,FALSE)","v":"SUMIDERO LATERAL SL-250A, H=1.7M (FUNDIDO EN SITIO, CONCRETO PREMEZCLADO. INCL. SUMIN, FORM, REF. Y CONSTR. INCL. TAPA)"},"UN",{"$f":"Y695","v":38},{"$f":"VLOOKUP($B695,'Listado Ins Ana'!$G$3965:$K$8277,4,FALSE)","v":3534217},4547265,{"$f":"ROUND(H695*F695,0)","v":172796070},"Si",{"$f":"+I695","v":172796070},null,null,null,null,null,null,null,{"$f":"VLOOKUP(B695,'Listado Ins Ana'!$G7718:$J101095,4,FALSE)-G695","v":{"$error":"#N/A"}},null,"RED DE ALCANTARILLADO AGUAS LLUVIAS",{"$f":"VLOOKUP(U695,'auxiliar capitulos'!$A$2:$M$68,13,FALSE)","v":"4.2.3"},{"$f":"IF(E695=\"\",\"\",IF(E694=\"\",1,W694+1))","v":32},null,{"$f":"SUM(Z695:CJ695)","v":38},null,null,null,null,null,null,null,null,null,null,null,null,null,null,null,null,null,null,null,null,null,null,null,null,null,null,null,null,null,null,null,null,null,null,null,null,null,null,null,null,null,null,null,null,null,null,null,null,null,null,null,null,null,null,null,null,null,38]
[719,null,"4.2.4","SISTEMAS URBANOS DE DRENAJE SOSTENIBLE SUDS",null,null,null,null,null,null,null,null,null,null,null,null,null,null,null,null,"SISTEMAS URBANOS DE DRENAJE SOSTENIBLE SUDS",{"$f":"VLOOKUP(U696,'auxiliar capitulos'!$A$2:$M$68,13,FALSE)","v":"4.2.4"},{"$f":"IF(E696=\"\",\"\",IF(E695=\"\",1,W695+1))","v":""},null,0]
[720,3009,"4.2.3.1",{"$f":"VLOOKUP(B697,'Listado Ins Ana'!$G$3966:$J$7715,2,FALSE)","v":"EXCAVACION MANUAL PARA REDES PROFUNDIDAD 0M - 2M (INCLUYE CARGUE)"},{"$f":"VLOOKUP(B697,'Listado Ins Ana'!$G$3966:$J$7715,3,FALSE)","v":"M3"},{"$f":"Y697","v":15},{"$f":"VLOOKUP($B697,'Listado Ins Ana'!$G$3965:$K$8277,4,FALSE)","v":31876},{"$f":"ROUND(G697*(1+$F$867),0)","v":41013},{"$f":"ROUND(H697*F697,0)","v":615195},"No",{"$f":"+I697","v":615195},null,null,null,null,null,null,null,{"$f":"VLOOKUP(B697,'Listado Ins Ana'!$G$3966:$J$100621,4,FALSE)-G697","v":0},null,"RED DE ALCANTARILLADO AGUAS LLUVIAS",{"$f":"VLOOKUP(U697,'auxiliar capitulos'!$A$2:$M$68,13,FALSE)","v":"4.2.3"},1,null,15,null,null,null,null,null,null,null,null,null,null,null,null,null,null,null,null,null,null,null,null,null,null,null,null,null,null,null,null,null,null,null,null,null,null,null,null,null,null,null,null,null,null,null,null,null,null,null,null,null,null,null,null,null,null,null,null,null,null,15]
[47,7462,"4.2.2.2",{"$f":"VLOOKUP(B698,'Listado Ins Ana'!$G$2:$M$3331,2,FALSE)","v":"TRANSPORTE DE PETREOS"},{"$f":"VLOOKUP(B698,'Listado Ins Ana'!$G$2:$M$3331,3,FALSE)","v":"M3-KM"},{"$f":"+Y698","v":635.70000000000005},{"$f":"VLOOKUP(B698,'Listado Ins Ana'!$G$2:$M$3331,4,FALSE)","v":1449},{"$f":"ROUND(G698*(1+$F$867),0)","v":1864},1184945,"No",1184945,null,null,null,null,null,null,null,{"$f":"VLOOKUP(B698,'Listado Ins Ana'!$G$3966:$J$100621,4,FALSE)-G698","v":2132103},null,"RED DE ALCANTARILLADO AGUAS RESIDUALES",{"$f":"VLOOKUP(U698,'auxiliar capitulos'!$A$2:$M$68,13,FALSE)","v":"4.2.2"},2,null,635.70000000000005,{"$f":"Z697*1.3*$CL698","v":0},{"$f":"AA697*1.3*$CL698","v":0},0,0,0,0,0,0,0,0,0,0,0,0,0,0,0,0,0,0,0,0,0,0,0,0,0,0,0,0,0,0,0,0,0,0,0,0,0,0,0,0,0,0,0,0,0,0,0,0,0,0,0,0,0,0,0,0,635.70000000000005,0,{"$f":"CH697*1.3*$CL698","v":0},0,0,"Distancia de acarreo critica a Mondoñedo",32.6]
[749,"RHE001",{"$f":"IF(W699=\"\",V699,CONCATENATE(V699,\".\",W699))","v":"4.2.4.1"},{"$f":"VLOOKUP(B699,'Listado Ins Ana'!$G$3966:$J$8277,2,FALSE)","v":"CONSTRUCCIÓN DE SISTEMAS URBANOS DE DRENAJE SOSTENIBLE SUDS- (Inlcuye, concreto, acero de refuerzo, sustrato, protecciónes, angeo, tubería de drenaje y puest en marcha del SUDS("},"UN",{"$f":"Y699","v":2},{"$f":"VLOOKUP($B699,'Listado Ins Ana'!$G$3965:$K$8277,4,FALSE)","v":5568887.2499999991},{"$f":"ROUND(G699*(1+$F$867),0)","v":7165153},{"$f":"ROUND(H699*F699,0)","v":14330306},"Si",{"$f":"+I699","v":14330306},null,null,null,null,null,null,null,{"$f":"VLOOKUP(B699,'Listado Ins Ana'!$G7719:$J101096,4,FALSE)-G699","v":0},null,"SISTEMAS URBANOS DE DRENAJE SOSTENIBLE SUDS",{"$f":"VLOOKUP(U699,'auxiliar capitulos'!$A$2:$M$68,13,FALSE)","v":"4.2.4"},{"$f":"IF(E699=\"\",\"\",IF(E696=\"\",1,W696+1))","v":1},null,{"$f":"SUM(Z699:CJ699)","v":2},null,null,null,null,null,null,null,null,null,null,null,null,null,null,null,null,null,null,null,null,null,null,null,null,null,null,null,null,null,null,null,null,null,null,null,null,null,null,null,null,null,null,null,null,null,null,null,null,null,null,null,null,null,null,null,null,null,2]
[750,null,"5","REDES SECAS",null,null,null,null,null,null,null,null,null,null,null,null,null,null,null,null,"REDES SECAS",{"$f":"VLOOKUP(U700,'auxiliar capitulos'!$A$2:$M$68,13,FALSE)","v":"5"},null,null,0]
[751,null,"5.1","REDES SECAS INTERNAS",null,null,null,null,null,null,null,null,null,null,null,null,null,null,null,null,"REDES SECAS INTERNAS",{"$f":"VLOOKUP(U701,'auxiliar capitulos'!$A$2:$M$68,13,FALSE)","v":"5.1"},null,null,0]
[752,null,"5.1.1","SISTEMA DE APANTALLAMIENTO Y PUESTA A TIERRA",null,null,null,null,null,null,null,null,null,null,null,null,null,null,null,null,"SISTEMA DE APANTALLAMIENTO Y PUESTA A TIERRA",{"$f":"VLOOKUP(U702,'auxiliar capitulos'!$A$2:$M$68,13,FALSE)","v":"5.1.1"},{"$f":"IF(E702=\"\",\"\",IF(#REF!=\"\",1,#REF!+1))","v":""},null,{"$error":"#N/A"},{"$error":"#N/A"}]
[753,"REI200","5.1.1.1",{"$f":"VLOOKUP(B703,'Listado Ins Ana'!$G$3966:$J$10232,2,FALSE)","v":"SISTEMA DE DETECCION DE TORMENTAS ELECTRICAS - INCLUYE SENSOR REFERENCIA BDT-300  CON MODULO DE SALIDAS RELE REFERENCIA WR Y MODULO BUSCADOR DE DIRECCIÓN REFERENCIA WF (TODO EL SISTEMA DE IGUALES ESPECIFICACIONES O MEJORES QUE EL SISTEMA MARCA BIRAL) INCLUYE SOFTWARE DE VISUALIZACIÓN Y REGISTRO, CABLEADO ELECTRICO Y DE DATOS, ELEMENTOS DE FIJACIÓN  Y EQUIPO COMPUTADOR."},{"$f":"VLOOKUP(B703,'Listado Ins Ana'!$G$3966:$J$10232,3,FALSE)","v":"UN"},{"$f":"Y703","v":1},{"$f":"VLOOKUP($B703,'Listado Ins Ana'!$G$3965:$K$10232,4,FALSE)","v":129554428},{"$f":"ROUND(G703*(1+$F$867),0)","v":166689909},{"$f":"ROUND(H703*F703,0)","v":166689909},"No",{"$f":"+I703","v":166689909},null,null,null,1,null,null,null,{"$f":"CONCATENATE(T703,U703,B703)","v":"REDES SECAS INTERNASSISTEMA DE APANTALLAMIENTO Y PUESTA A TIERRAREI200"},{"$f":"+$D$701","v":"REDES SECAS INTERNAS"},"SISTEMA DE APANTALLAMIENTO Y PUESTA A TIERRA",{"$f":"VLOOKUP(U703,'auxiliar capitulos'!$A$2:$M$68,13,FALSE)","v":"5.1.1"},{"$f":"IF(E703=\"\",\"\",IF(E702=\"\",1,W702+1))","v":1},null,1,null,null,1]
[754,"REI201",{"$f":"IF(W704=\"\",V704,CONCATENATE(V704,\".\",W704))","v":"5.1.1.2"},{"$f":"VLOOKUP(B704,'Listado Ins Ana'!$G$3966:$J$10232,2,FALSE)","v":"SUMINISTRO E INSTALACIÓN DE PUNTA CAPTADORA DE 0,60 M X 5/8\" CON SOPORTE DE FIJACIÓN"},{"$f":"VLOOKUP(B704,'Listado Ins Ana'!$G$3966:$J$10232,3,FALSE)","v":"UN"},{"$f":"Y704","v":34},{"$f":"VLOOKUP($B704,'Listado Ins Ana'!$G$3965:$K$10232,4,FALSE)","v":189837},244252,{"$f":"ROUND(H704*F704,0)","v":8304568},"Si",{"$f":"+I704","v":8304568},null,null,null,1,null,null,null,{"$f":"CONCATENATE(T704,U704,B704)","v":"REDES SECAS INTERNASSISTEMA DE APANTALLAMIENTO Y PUESTA A TIERRAREI201"},{"$f":"+$D$701","v":"REDES SECAS INTERNAS"},"SISTEMA DE APANTALLAMIENTO Y PUESTA A TIERRA",{"$f":"VLOOKUP(U704,'auxiliar capitulos'!$A$2:$M$68,13,FALSE)","v":"5.1.1"},{"$f":"IF(E704=\"\",\"\",IF(E703=\"\",1,W703+1))","v":2},null,{"$f":"SUM(Z704:CJ704)","v":34},10,9,15]
[755,"REI202",{"$f":"IF(W705=\"\",V705,CONCATENATE(V705,\".\",W705))","v":"5.1.1.2"},{"$f":"VLOOKUP(B705,'Listado Ins Ana'!$G$3966:$J$10232,2,FALSE)","v":"SUMINISTRO E INSTALACIÓN DE ALAMBRON DE 8 mm  PARA APANTALLAMIENTO CON FIJACIÓN Y SOPORTES TIPO SNAP"},{"$f":"VLOOKUP(B705,'Listado Ins Ana'!$G$3966:$J$10232,3,FALSE)","v":"ML"},201,{"$f":"VLOOKUP($B705,'Listado Ins Ana'!$G$3965:$K$10232,4,FALSE)","v":15125},19460,3911460,"Si",3911460,null,null,null,1,null,null,null,"REDES SECAS INTERNASSISTEMA DE APANTALLAMIENTO Y PUESTA A TIERRAREI202",{"$f":"+$D$701","v":"REDES SECAS INTERNAS"},"SISTEMA DE APANTALLAMIENTO Y PUESTA A TIERRA",{"$f":"VLOOKUP(U705,'auxiliar capitulos'!$A$2:$M$68,13,FALSE)","v":"5.1.1"},{"$f":"IF(E705=\"\",\"\",IF(E703=\"\",1,W703+1))","v":2},null,201,67,67,67]
[756,"REI203","5.1.1.3",{"$f":"VLOOKUP(B706,'Listado Ins Ana'!$G$3966:$J$10232,2,FALSE)","v":"SUMINISTRO E INSTALACIÓN DE CABLE DE COBRE 2/0 AWG PARA BAJANTES DE APANTALLAMIENTO EN TUBERÍA IMC "},{"$f":"VLOOKUP(B706,'Listado Ins Ana'!$G$3966:$J$10232,3,FALSE)","v":"UN"},81,{"$f":"VLOOKUP($B706,'Listado Ins Ana'!$G$3965:$K$10232,4,FALSE)","v":92922},119557,9684117,"Si",9684117,null,null,null,1,null,null,null,"REDES SECAS INTERNASSISTEMA DE APANTALLAMIENTO Y PUESTA A TIERRAREI203","REDES SECAS INTERNAS","SISTEMA DE APANTALLAMIENTO Y PUESTA A TIERRA",{"$f":"VLOOKUP(U706,'auxiliar capitulos'!$A$2:$M$68,13,FALSE)","v":"5.1.1"},3,null,81,6,68,7]
[757,"REI204","5.1.1.4",{"$f":"VLOOKUP(B707,'Listado Ins Ana'!$G$3966:$J$10232,2,FALSE)","v":"SUMINISTRO E INSTALACIÓN DE CONECTOR BIMETALICO PARA CABLE CABLE"},{"$f":"VLOOKUP(B707,'Listado Ins Ana'!$G$3966:$J$10232,3,FALSE)","v":"UN"},{"$f":"Y707","v":45},{"$f":"VLOOKUP($B707,'Listado Ins Ana'!$G$3965:$K$10232,4,FALSE)","v":31167},40101,1804545,"Si",1804545,null,null,null,1,null,null,null,"REDES SECAS INTERNASSISTEMA DE APANTALLAMIENTO Y PUESTA A TIERRAREI204","REDES SECAS INTERNAS","SISTEMA DE APANTALLAMIENTO Y PUESTA A TIERRA",{"$f":"VLOOKUP(U707,'auxiliar capitulos'!$A$2:$M$68,13,FALSE)","v":"5.1.1"},4,null,45,12,13,20]
[758,5341,"5.1.1.5",{"$f":"VLOOKUP(B708,'Listado Ins Ana'!$G$3966:$J$10232,2,FALSE)","v":"VARILLA COOPER WELD 5/8\" X 2.44M. (INCLUYE SUMINISTRO E INSTALACION)."},{"$f":"VLOOKUP(B708,'Listado Ins Ana'!$G$3966:$J$10232,3,FALSE)","v":"UN"},{"$f":"Y708","v":19},{"$f":"VLOOKUP($B708,'Listado Ins Ana'!$G$3965:$K$10232,4,FALSE)","v":449091},577818,10978542,"Si",10978542,null,null,null,1,null,null,null,"REDES SECAS INTERNASSISTEMA DE APANTALLAMIENTO Y PUESTA A TIERRA5341","REDES SECAS INTERNAS","SISTEMA DE APANTALLAMIENTO Y PUESTA A TIERRA",{"$f":"VLOOKUP(U708,'auxiliar capitulos'!$A$2:$M$68,13,FALSE)","v":"5.1.1"},5,null,19,6,6,7]
[759,6488,"5.1.1.6",{"$f":"VLOOKUP(B709,'Listado Ins Ana'!$G$3966:$J$10232,2,FALSE)","v":"CABLE DE COBRE DESNUDO CALIBRE NO.2/0 AWG. ENTERRADO EN TERRENO NATURAL. INCLUYE EXCAVACIÓN, RELLENOS Y COMPACTACIÓN DEL PISO. SUMINISTRO E INSTALACIÓN. DISTANCIA DE TRANSPORTE 28 KM."},{"$f":"VLOOKUP(B709,'Listado Ins Ana'!$G$3966:$J$10232,3,FALSE)","v":"ML"},500,{"$f":"VLOOKUP($B709,'Listado Ins Ana'!$G$3965:$K$10232,4,FALSE)","v":177269},228081,114040500,"Si",114040500,null,null,null,1,null,null,null,"REDES SECAS INTERNASSISTEMA DE APANTALLAMIENTO Y PUESTA A TIERRA6488","REDES SECAS INTERNAS","SISTEMA DE APANTALLAMIENTO Y PUESTA A TIERRA",{"$f":"VLOOKUP(U709,'auxiliar capitulos'!$A$2:$M$68,13,FALSE)","v":"5.1.1"},6,null,500,130,170,200]
[760,"REI205","5.1.1.7",{"$f":"VLOOKUP(B710,'Listado Ins Ana'!$G$3966:$J$10232,2,FALSE)","v":"SUMINISTRO E INSTALACIÓN DE CÁMARAS PARA INSPECCIÓN BAJANTES APANTALLAMIENTO MEDIDAS INTERIORES 0,3x0,3 M "},{"$f":"VLOOKUP(B710,'Listado Ins Ana'!$G$3966:$J$10232,3,FALSE)","v":"UN"},19,{"$f":"VLOOKUP($B710,'Listado Ins Ana'!$G$3965:$K$10232,4,FALSE)","v":225614},290284,5515396,"Si",5515396,null,null,null,1,null,null,null,"REDES SECAS INTERNASSISTEMA DE APANTALLAMIENTO Y PUESTA A TIERRAREI205","REDES SECAS INTERNAS","SISTEMA DE APANTALLAMIENTO Y PUESTA A TIERRA",{"$f":"VLOOKUP(U710,'auxiliar capitulos'!$A$2:$M$68,13,FALSE)","v":"5.1.1"},7,null,19,6,6,7]
[761,"REI206",{"$f":"IF(W711=\"\",V711,CONCATENATE(V711,\".\",W711))","v":"5.1.1.7"},{"$f":"VLOOKUP(B711,'Listado Ins Ana'!$G$3966:$J$10232,2,FALSE)","v":"SUMINISTRO E INSTALACIÓN DE PUNTA CAPTADORA DE 0,90 M X 5/8\" CON SOPORTE DE FIJACIÓN"},{"$f":"VLOOKUP(B711,'Listado Ins Ana'!$G$3966:$J$10232,3,FALSE)","v":"UN"},{"$f":"Y711","v":9},{"$f":"VLOOKUP($B711,'Listado Ins Ana'!$G$3965:$K$10232,4,FALSE)","v":0},0,{"$f":"ROUND(H711*F711,0)","v":0},"Si",{"$f":"+I711","v":0},null,null,null,1,null,null,null,{"$f":"CONCATENATE(T711,U711,B711)","v":"REDES SECAS INTERNASSISTEMA DE APANTALLAMIENTO Y PUESTA A TIERRAREI206"},"REDES SECAS INTERNAS","SISTEMA DE APANTALLAMIENTO Y PUESTA A TIERRA",{"$f":"VLOOKUP(U711,'auxiliar capitulos'!$A$2:$M$68,13,FALSE)","v":"5.1.1"},{"$f":"IF(E711=\"\",\"\",IF(E709=\"\",1,W709+1))","v":7},null,{"$f":"SUM(Z711:CJ711)","v":9},2,3,4]
[762,"REI207","5.1.1.8",{"$f":"VLOOKUP(B712,'Listado Ins Ana'!$G$3966:$J$10232,2,FALSE)","v":"SUMINISTRO E INSTALACIÓN DE PUNTA CAPTADORA DE 1,2 M X 5/8\" CON SOPORTE DE FIJACIÓN"},{"$f":"VLOOKUP(B712,'Listado Ins Ana'!$G$3966:$J$10232,3,FALSE)","v":0},1,{"$f":"VLOOKUP($B712,'Listado Ins Ana'!$G$3965:$K$10232,4,FALSE)","v":0},0,0,"Si",0,null,null,null,1,null,null,null,"REDES SECAS INTERNASSISTEMA DE APANTALLAMIENTO Y PUESTA A TIERRAREI207","REDES SECAS INTERNAS","SISTEMA DE APANTALLAMIENTO Y PUESTA A TIERRA",{"$f":"VLOOKUP(U712,'auxiliar capitulos'!$A$2:$M$68,13,FALSE)","v":"5.1.1"},{"$f":"IF(E712=\"\",\"\",IF(E710=\"\",1,W710+1))","v":8},null,1,null,null,1]
[763,null,{"$f":"IF(W713=\"\",V713,CONCATENATE(V713,\".\",W713))","v":"5.1.2"},"REDES DE BAJA TENSIÓN",null,null,null,null,null,null,null,null,null,null,null,null,null,null,"REDES SECAS INTERNASREDES DE BAJA TENSIÓN","REDES SECAS INTERNAS","REDES DE BAJA TENSIÓN",{"$f":"VLOOKUP(U713,'auxiliar capitulos'!$A$2:$M$68,13,FALSE)","v":"5.1.2"},{"$f":"IF(E713=\"\",\"\",IF(#REF!=\"\",1,#REF!+1))","v":""},null,{"$f":"SUM(Z713:CJ713)","v":0},null,0,0,null,null,null,null,null,null,null,null,null,0]
[764,"REI012","5.1.2.1",{"$f":"VLOOKUP(B714,'Listado Ins Ana'!$G$3966:$J$10232,2,FALSE)","v":"SALIDA DE TOMACORRIENTE INDUSTRIAL 220 32A EN TUBERÍA EMT 3/4\" Y CABLE CU CALIBRE 10 AWG LIBRE DE HALÓGENOS NO (3F+1T)"},{"$f":"VLOOKUP(B714,'Listado Ins Ana'!$G$3966:$J$10232,3,FALSE)","v":"UN"},{"$f":"Y714","v":18},{"$f":"VLOOKUP($B714,'Listado Ins Ana'!$G$3965:$K$10232,4,FALSE)","v":1307158},{"$f":"ROUND(G714*(1+$F$867),0)","v":1681842},{"$f":"ROUND(H714*F714,0)","v":30273156},"Si",{"$f":"+I714","v":30273156},null,null,null,1,null,null,null,"REDES SECAS INTERNASREDES DE BAJA TENSIÓNREI012","REDES SECAS INTERNAS","REDES DE BAJA TENSIÓN",{"$f":"VLOOKUP(U714,'auxiliar capitulos'!$A$2:$M$68,13,FALSE)","v":"5.1.2"},1,null,18,6,6,6]
[765,"REI013","5.1.2.2",{"$f":"VLOOKUP(B715,'Listado Ins Ana'!$G$3966:$J$10232,2,FALSE)","v":"SALIDA DE TOMACORRIENTE INDUSTRIAL 440 32A EN TUBERÍA EMT 3/4\" Y CABLE CU CALIBRE 10 AWG LIBRE DE HALÓGENOS NO (3F+1T)"},{"$f":"VLOOKUP(B715,'Listado Ins Ana'!$G$3966:$J$10232,3,FALSE)","v":"UN"},18,{"$f":"VLOOKUP($B715,'Listado Ins Ana'!$G$3965:$K$10232,4,FALSE)","v":618246},795460,{"$f":"ROUND(H715*F715,0)","v":14318280},"Si",{"$f":"+I715","v":14318280},null,null,null,1,null,null,null,"REDES SECAS INTERNASREDES DE BAJA TENSIÓNREI013","REDES SECAS INTERNAS","REDES DE BAJA TENSIÓN",{"$f":"VLOOKUP(U715,'auxiliar capitulos'!$A$2:$M$68,13,FALSE)","v":"5.1.2"},{"$f":"IF(E715=\"\",\"\",IF(E714=\"\",1,W714+1))","v":2},null,{"$f":"SUM(Z715:CJ715)","v":18},6,6,6]
[766,"REI014","5.1.2.3",{"$f":"VLOOKUP(B716,'Listado Ins Ana'!$G$3966:$J$10232,2,FALSE)","v":"SALIDA DE DATOS SENCILLO EN TUBERÍA EMT 3/4\" Y CABLE FUTP CAT 6A LIBRE DE HALÓGENOS (INCLUYE FACEPLATE, JACK Y PONCHADO)"},{"$f":"VLOOKUP(B716,'Listado Ins Ana'!$G$3966:$J$10232,3,FALSE)","v":"UN"},135,{"$f":"VLOOKUP($B716,'Listado Ins Ana'!$G$3965:$K$10232,4,FALSE)","v":847740},1090736,147249360,"Si",147249360,null,null,null,1,null,null,null,"REDES SECAS INTERNASREDES DE BAJA TENSIÓNREI014","REDES SECAS INTERNAS","REDES DE BAJA TENSIÓN",{"$f":"VLOOKUP(U716,'auxiliar capitulos'!$A$2:$M$68,13,FALSE)","v":"5.1.2"},3,null,135,30,76,29]
[767,"REI015","5.1.2.4",{"$f":"VLOOKUP(B717,'Listado Ins Ana'!$G$3966:$J$10232,2,FALSE)","v":"SALIDA DE DATOS DOBLE EN TUBERÍA EMT 3/4\" Y CABLE FUTP CAT 6A LIBRE DE HALÓGENOS (INCLUYE FACEPLATE, JACK Y PONCHADO)"},{"$f":"VLOOKUP(B717,'Listado Ins Ana'!$G$3966:$J$10232,3,FALSE)","v":"UN"},88,{"$f":"VLOOKUP($B717,'Listado Ins Ana'!$G$3965:$K$10232,4,FALSE)","v":1458664},1876775,165156200,"Si",165156200,null,null,null,1,null,null,null,"REDES SECAS INTERNASREDES DE BAJA TENSIÓNREI015","REDES SECAS INTERNAS","REDES DE BAJA TENSIÓN",{"$f":"VLOOKUP(U717,'auxiliar capitulos'!$A$2:$M$68,13,FALSE)","v":"5.1.2"},4,null,88,31,25,32]
[768,9031,"5.1.2.5",{"$f":"VLOOKUP(B718,'Listado Ins Ana'!$G$3966:$J$10232,2,FALSE)","v":"CONSTRUCCION DE CAJA DE INSPECCIÓN SENCILLA PARA CANALIZACION EN M.T. Y B.T. NORMA CODENSA CS 275 (Norma 2018-2019) (Incluye concreto de base, muros de espesor 0.25m, pañete, recebo comun, concreto para viga de soporte de marco y marco y tapa. No incluye tuberia). Medidas Externas: 1.690mX1.1900m. Medidas Internas: 1.190m X0.690m Altura total: 1.85m"},{"$f":"VLOOKUP(B718,'Listado Ins Ana'!$G$3966:$J$10232,3,FALSE)","v":"UN"},4,{"$f":"VLOOKUP($B718,'Listado Ins Ana'!$G$3965:$K$10232,4,FALSE)","v":1453989},1870760,7483040,"Si",7483040,null,null,null,1,null,null,null,"REDES SECAS INTERNASREDES DE BAJA TENSIÓN9031","REDES SECAS INTERNAS","REDES DE BAJA TENSIÓN",{"$f":"VLOOKUP(U718,'auxiliar capitulos'!$A$2:$M$68,13,FALSE)","v":"5.1.2"},5,null,4,2,1,1]
[769,6550,"5.1.2.6",{"$f":"VLOOKUP(B719,'Listado Ins Ana'!$G$3966:$J$10232,2,FALSE)","v":"PANEL DE CONTROL DE ALARMA CONTRA INCENDIOS. INCLUYE SUMINISTRO E INSTALACIÓN, TUBERÍA DE 3/4\" EMT, UNIÓN Y CURVA CONDUIT EMT DE 3/4\", EQUIPOS, ACCESORIOS DE INSTALACIÓN Y CABLEADO FPLP."},{"$f":"VLOOKUP(B719,'Listado Ins Ana'!$G$3966:$J$10232,3,FALSE)","v":"UN"},2,{"$f":"VLOOKUP($B719,'Listado Ins Ana'!$G$3965:$K$10232,4,FALSE)","v":8348197},10741124,21482248,"Si",21482248,null,null,null,1,null,null,null,"REDES SECAS INTERNASREDES DE BAJA TENSIÓN6550","REDES SECAS INTERNAS","REDES DE BAJA TENSIÓN",{"$f":"VLOOKUP(U719,'auxiliar capitulos'!$A$2:$M$68,13,FALSE)","v":"5.1.2"},6,null,2,1,null,1]
[770,"REI021","5.1.2.7",{"$f":"VLOOKUP(B720,'Listado Ins Ana'!$G$3966:$J$10232,2,FALSE)","v":"SALIDA DE ESTACIÓN MANUAL EN TUBERÍA EMT 3/4\" Y CABLE FPLP CALIBRE 18 AWG (INCLUYE SENSOR Y BASE)"},{"$f":"VLOOKUP(B720,'Listado Ins Ana'!$G$3966:$J$10232,3,FALSE)","v":"UN"},29,{"$f":"VLOOKUP($B720,'Listado Ins Ana'!$G$3965:$K$10232,4,FALSE)","v":585118},752836,21832244,"Si",21832244,null,null,null,1,null,null,null,"REDES SECAS INTERNASREDES DE BAJA TENSIÓNREI021","REDES SECAS INTERNAS","REDES DE BAJA TENSIÓN",{"$f":"VLOOKUP(U720,'auxiliar capitulos'!$A$2:$M$68,13,FALSE)","v":"5.1.2"},7,null,29,11,11,7]
[771,"REI019","5.1.2.8",{"$f":"VLOOKUP(B721,'Listado Ins Ana'!$G$3966:$J$10232,2,FALSE)","v":"SALIDA DE SENSOR DE HUMO EN TUBERÍA EMT 3/4\" Y CABLE FPLP CALIBRE 18 AWG (INCLUYE SENSOR Y BASE)"},{"$f":"VLOOKUP(B721,'Listado Ins Ana'!$G$3966:$J$10232,3,FALSE)","v":"UN"},155,{"$f":"VLOOKUP($B721,'Listado Ins Ana'!$G$3965:$K$10232,4,FALSE)","v":398910},513254,79554370,"Si",79554370,null,null,null,1,null,null,null,"REDES SECAS INTERNASREDES DE BAJA TENSIÓNREI019","REDES SECAS INTERNAS","REDES DE BAJA TENSIÓN",{"$f":"VLOOKUP(U721,'auxiliar capitulos'!$A$2:$M$68,13,FALSE)","v":"5.1.2"},8,null,155,56,56,43]
[772,"REI020","5.1.2.9",{"$f":"VLOOKUP(B722,'Listado Ins Ana'!$G$3966:$J$10232,2,FALSE)","v":"SALIDA DE SIRENA DE PARED EN TUBERÍA EMT 3/4\" Y CABLE FPLP CALIBRE 18 AWG (INCLUYE SENSOR Y BASE)"},{"$f":"VLOOKUP(B722,'Listado Ins Ana'!$G$3966:$J$10232,3,FALSE)","v":"UN"},29,{"$f":"VLOOKUP($B722,'Listado Ins Ana'!$G$3965:$K$10232,4,FALSE)","v":339786},437182,12678278,"Si",12678278,null,null,null,1,null,null,null,"REDES SECAS INTERNASREDES DE BAJA TENSIÓNREI020","REDES SECAS INTERNAS","REDES DE BAJA TENSIÓN",{"$f":"VLOOKUP(U722,'auxiliar capitulos'!$A$2:$M$68,13,FALSE)","v":"5.1.2"},9,null,29,11,11,7]
[773,"REI155","5.1.2.10",{"$f":"VLOOKUP(B723,'Listado Ins Ana'!$G$3966:$J$10232,2,FALSE)","v":"02-EE-CELDA 24kV-C1: TIPO 1 - CELDA DE ENTRADA"},{"$f":"VLOOKUP(B723,'Listado Ins Ana'!$G$3966:$J$10232,3,FALSE)","v":"UN"},3,{"$f":"VLOOKUP($B723,'Listado Ins Ana'!$G$3965:$K$10232,4,FALSE)","v":254215},327083,981249,"Si",981249,null,null,null,1,null,null,null,"REDES SECAS INTERNASREDES DE BAJA TENSIÓNREI155","REDES SECAS INTERNAS","REDES DE BAJA TENSIÓN",{"$f":"VLOOKUP(U723,'auxiliar capitulos'!$A$2:$M$68,13,FALSE)","v":"5.1.2"},10,null,3,1,1,1]
[774,"REI156","5.1.2.11",{"$f":"VLOOKUP(B724,'Listado Ins Ana'!$G$3966:$J$10232,2,FALSE)","v":"02-EE-CELDA 24kV-C1: TIPO 2 - CELDA DE SECCION"},{"$f":"VLOOKUP(B724,'Listado Ins Ana'!$G$3966:$J$10232,3,FALSE)","v":"UN"},7,{"$f":"VLOOKUP($B724,'Listado Ins Ana'!$G$3965:$K$10232,4,FALSE)","v":556461},715965,5011755,"Si",5011755,null,null,null,1,null,null,null,"REDES SECAS INTERNASREDES DE BAJA TENSIÓNREI156","REDES SECAS INTERNAS","REDES DE BAJA TENSIÓN",{"$f":"VLOOKUP(U724,'auxiliar capitulos'!$A$2:$M$68,13,FALSE)","v":"5.1.2"},11,null,7,2,3,2]
[775,"REI157","5.1.2.12",{"$f":"VLOOKUP(B725,'Listado Ins Ana'!$G$3966:$J$10232,2,FALSE)","v":"02-EE-CELDA 24kV-C1: TIPO 3 - CELDA DE MEDIDA"},{"$f":"VLOOKUP(B725,'Listado Ins Ana'!$G$3966:$J$10232,3,FALSE)","v":"UN"},3,{"$f":"VLOOKUP($B725,'Listado Ins Ana'!$G$3965:$K$10232,4,FALSE)","v":373154},480115,1440345,"Si",1440345,null,null,null,1,null,null,null,"REDES SECAS INTERNASREDES DE BAJA TENSIÓNREI157","REDES SECAS INTERNAS","REDES DE BAJA TENSIÓN",{"$f":"VLOOKUP(U725,'auxiliar capitulos'!$A$2:$M$68,13,FALSE)","v":"5.1.2"},12,null,3,1,1,1]
[776,"REI158","5.1.2.13",{"$f":"VLOOKUP(B726,'Listado Ins Ana'!$G$3966:$J$10232,2,FALSE)","v":"02-EE-GRUPO ELECTROGENO-GE1: TIPO 1 - 600kVA"},{"$f":"VLOOKUP(B726,'Listado Ins Ana'!$G$3966:$J$10232,3,FALSE)","v":"UN"},1,{"$f":"VLOOKUP($B726,'Listado Ins Ana'!$G$3965:$K$10232,4,FALSE)","v":3128924},4025799,4025799,"Si",4025799,null,null,null,1,null,null,null,"REDES SECAS INTERNASREDES DE BAJA TENSIÓNREI158","REDES SECAS INTERNAS","REDES DE BAJA TENSIÓN",{"$f":"VLOOKUP(U726,'auxiliar capitulos'!$A$2:$M$68,13,FALSE)","v":"5.1.2"},13,null,1,1]
[777,"REI159","5.1.2.14",{"$f":"VLOOKUP(B727,'Listado Ins Ana'!$G$3966:$J$10232,2,FALSE)","v":"02-EE-TANQUE DE COMBUSTIBLE-TC1: TIPO 1"},{"$f":"VLOOKUP(B727,'Listado Ins Ana'!$G$3966:$J$10232,3,FALSE)","v":"UN"},2,{"$f":"VLOOKUP($B727,'Listado Ins Ana'!$G$3965:$K$10232,4,FALSE)","v":1106860},1424130,2848260,"Si",2848260,null,null,null,1,null,null,null,"REDES SECAS INTERNASREDES DE BAJA TENSIÓNREI159","REDES SECAS INTERNAS","REDES DE BAJA TENSIÓN",{"$f":"VLOOKUP(U727,'auxiliar capitulos'!$A$2:$M$68,13,FALSE)","v":"5.1.2"},14,null,2,1,null,1]
[778,"REI160","5.1.2.15",{"$f":"VLOOKUP(B728,'Listado Ins Ana'!$G$3966:$J$10232,2,FALSE)","v":"02-EE-TRANSFORMADOR SECO EU548-T1: TIPO 1 - 250kVA"},{"$f":"VLOOKUP(B728,'Listado Ins Ana'!$G$3966:$J$10232,3,FALSE)","v":"UN"},3,{"$f":"VLOOKUP($B728,'Listado Ins Ana'!$G$3965:$K$10232,4,FALSE)","v":1216860},1565661,4696983,"Si",4696983,null,null,null,1,null,null,null,"REDES SECAS INTERNASREDES DE BAJA TENSIÓNREI160","REDES SECAS INTERNAS","REDES DE BAJA TENSIÓN",{"$f":"VLOOKUP(U728,'auxiliar capitulos'!$A$2:$M$68,13,FALSE)","v":"5.1.2"},15,null,3,1,1,1]
[779,"REI161","5.1.2.16",{"$f":"VLOOKUP(B729,'Listado Ins Ana'!$G$3966:$J$10232,2,FALSE)","v":"02-EE-TRANSFORMADOR SECO EU548-T1: TIPO 2 - 100kVA"},{"$f":"VLOOKUP(B729,'Listado Ins Ana'!$G$3966:$J$10232,3,FALSE)","v":"UN"},2,{"$f":"VLOOKUP($B729,'Listado Ins Ana'!$G$3965:$K$10232,4,FALSE)","v":1017645},1309343,2618686,"Si",2618686,null,null,null,1,null,null,null,"REDES SECAS INTERNASREDES DE BAJA TENSIÓNREI161","REDES SECAS INTERNAS","REDES DE BAJA TENSIÓN",{"$f":"VLOOKUP(U729,'auxiliar capitulos'!$A$2:$M$68,13,FALSE)","v":"5.1.2"},16,null,2,1,null,1]
[780,"REI162","5.1.2.17",{"$f":"VLOOKUP(B730,'Listado Ins Ana'!$G$3966:$J$10232,2,FALSE)","v":"02-EE-TRANSFORMADOR TIPO SECO -TS1: TIPO 1 - TRANSFORMADOR BAJA - BAJA 480/208-120V"},{"$f":"VLOOKUP(B730,'Listado Ins Ana'!$G$3966:$J$10232,3,FALSE)","v":"UN"},2,{"$f":"VLOOKUP($B730,'Listado Ins Ana'!$G$3965:$K$10232,4,FALSE)","v":553430},712065,1424130,"Si",1424130,null,null,null,1,null,null,null,"REDES SECAS INTERNASREDES DE BAJA TENSIÓNREI162","REDES SECAS INTERNAS","REDES DE BAJA TENSIÓN",{"$f":"VLOOKUP(U730,'auxiliar capitulos'!$A$2:$M$68,13,FALSE)","v":"5.1.2"},17,null,2,1,null,1]
[781,"REI163","5.1.2.18",{"$f":"VLOOKUP(B731,'Listado Ins Ana'!$G$3966:$J$10232,2,FALSE)","v":"02-EE-UPS-UPS1: TIPO 1"},{"$f":"VLOOKUP(B731,'Listado Ins Ana'!$G$3966:$J$10232,3,FALSE)","v":"UN"},2,{"$f":"VLOOKUP($B731,'Listado Ins Ana'!$G$3965:$K$10232,4,FALSE)","v":309215},397848,795696,"Si",795696,null,null,null,1,null,null,null,"REDES SECAS INTERNASREDES DE BAJA TENSIÓNREI163","REDES SECAS INTERNAS","REDES DE BAJA TENSIÓN",{"$f":"VLOOKUP(U731,'auxiliar capitulos'!$A$2:$M$68,13,FALSE)","v":"5.1.2"},18,null,2,1,null,1]
[782,"REI007","5.1.2.19",{"$f":"VLOOKUP(B732,'Listado Ins Ana'!$G$3966:$J$10232,2,FALSE)","v":"SALIDA DE PUNTO INTERRUPTOR SENCILLO EN TUBERÍA EMT 3/4\" Y CABLE Y CABLE CU CALIBRE 12 AWG LIBRE DE HALÓGENOS NO (1F+1R+1T)"},{"$f":"VLOOKUP(B732,'Listado Ins Ana'!$G$3966:$J$10232,3,FALSE)","v":"UN"},64,{"$f":"VLOOKUP($B732,'Listado Ins Ana'!$G$3965:$K$10232,4,FALSE)","v":235607},303141,19401024,"Si",19401024,null,null,null,1,null,null,null,"REDES SECAS INTERNASREDES DE BAJA TENSIÓNREI007","REDES SECAS INTERNAS","REDES DE BAJA TENSIÓN",{"$f":"VLOOKUP(U732,'auxiliar capitulos'!$A$2:$M$68,13,FALSE)","v":"5.1.2"},19,null,64,20,21,23]
[783,"REI008","5.1.2.20",{"$f":"VLOOKUP(B733,'Listado Ins Ana'!$G$3966:$J$10232,2,FALSE)","v":"SALIDA DE PUNTO INTERRUPTOR DOBLE EN TUBERÍA EMT 3/4\" Y CABLE Y CABLE CU CALIBRE 12 AWG LIBRE DE HALÓGENOS NO (1F+2R+1T)"},{"$f":"VLOOKUP(B733,'Listado Ins Ana'!$G$3966:$J$10232,3,FALSE)","v":"UN"},22,{"$f":"VLOOKUP($B733,'Listado Ins Ana'!$G$3965:$K$10232,4,FALSE)","v":278103},357818,7871996,"Si",7871996,null,null,null,1,null,null,null,"REDES SECAS INTERNASREDES DE BAJA TENSIÓNREI008","REDES SECAS INTERNAS","REDES DE BAJA TENSIÓN",{"$f":"VLOOKUP(U733,'auxiliar capitulos'!$A$2:$M$68,13,FALSE)","v":"5.1.2"},20,null,22,13,3,6]
[784,"REI055","5.1.2.21",{"$f":"VLOOKUP(B734,'Listado Ins Ana'!$G$3966:$J$10232,2,FALSE)","v":"SALIDA DE PUNTO INTERRUPTOR TRIPLE EN TUBERÍA EMT 3/4\" Y CABLE Y CABLE CU CALIBRE 12 AWG LIBRE DE HALÓGENOS No. (1F+3R+1T)"},{"$f":"VLOOKUP(B734,'Listado Ins Ana'!$G$3966:$J$10232,3,FALSE)","v":"UN"},1,{"$f":"VLOOKUP($B734,'Listado Ins Ana'!$G$3965:$K$10232,4,FALSE)","v":271880},349812,349812,"Si",349812,null,null,null,1,null,null,null,"REDES SECAS INTERNASREDES DE BAJA TENSIÓNREI055","REDES SECAS INTERNAS","REDES DE BAJA TENSIÓN",{"$f":"VLOOKUP(U734,'auxiliar capitulos'!$A$2:$M$68,13,FALSE)","v":"5.1.2"},21,null,1,1]
[785,"REI009","5.1.2.22",{"$f":"VLOOKUP(B735,'Listado Ins Ana'!$G$3966:$J$10232,2,FALSE)","v":"SALIDA DE PUNTO INTERRUPTOR CONMUTABLE SENCILLO EN TUBERÍA EMT 3/4\" Y CABLE Y CABLE CU CALIBRE 12 AWG LIBRE DE HALÓGENOS NO (1F+2R+1T)"},{"$f":"VLOOKUP(B735,'Listado Ins Ana'!$G$3966:$J$10232,3,FALSE)","v":"UN"},10,{"$f":"VLOOKUP($B735,'Listado Ins Ana'!$G$3965:$K$10232,4,FALSE)","v":276561},355834,3558340,"Si",3558340,null,null,null,1,null,null,null,"REDES SECAS INTERNASREDES DE BAJA TENSIÓNREI009","REDES SECAS INTERNAS","REDES DE BAJA TENSIÓN",{"$f":"VLOOKUP(U735,'auxiliar capitulos'!$A$2:$M$68,13,FALSE)","v":"5.1.2"},22,null,10,4,null,6]
[786,"REI047","5.1.2.23",{"$f":"VLOOKUP(B736,'Listado Ins Ana'!$G$3966:$J$10232,2,FALSE)","v":"BLOCK LENS 1.20 X 0.30 M INCRUSTAR 2LED-LINE 1R2FT 31W (INLCUYE ACCESORIOS FIJACION, CONECTORES ELECTRICOS, CORDON EN CABLE ENCAUCHETADO, CALVIJA E INSTALACION)"},{"$f":"VLOOKUP(B736,'Listado Ins Ana'!$G$3966:$J$10232,3,FALSE)","v":"UN"},19,{"$f":"VLOOKUP($B736,'Listado Ins Ana'!$G$3965:$K$10232,4,FALSE)","v":0},0,0,"Si",0,null,null,null,1,null,null,null,"REDES SECAS INTERNASREDES DE BAJA TENSIÓNREI047","REDES SECAS INTERNAS","REDES DE BAJA TENSIÓN",{"$f":"VLOOKUP(U736,'auxiliar capitulos'!$A$2:$M$68,13,FALSE)","v":"5.1.2"},23,null,19,9,4,6]
[787,"REI048","5.1.2.24",{"$f":"VLOOKUP(B737,'Listado Ins Ana'!$G$3966:$J$10232,2,FALSE)","v":"LUMINARIA LED DE INCRUSTAR, CON MARCO, 605x605x60mms, 31W"},{"$f":"VLOOKUP(B737,'Listado Ins Ana'!$G$3966:$J$10232,3,FALSE)","v":"UN"},23,{"$f":"VLOOKUP($B737,'Listado Ins Ana'!$G$3965:$K$10232,4,FALSE)","v":0},0,0,"Si",0,null,null,null,1,null,null,null,"REDES SECAS INTERNASREDES DE BAJA TENSIÓNREI048","REDES SECAS INTERNAS","REDES DE BAJA TENSIÓN",{"$f":"VLOOKUP(U737,'auxiliar capitulos'!$A$2:$M$68,13,FALSE)","v":"5.1.2"},24,null,23,10,4,9]
[788,"REI052","5.1.2.25",{"$f":"VLOOKUP(B738,'Listado Ins Ana'!$G$3966:$J$10232,2,FALSE)","v":"BATERÍA DE EMERGENCIA INSTALADA EN LUMINARIA (INLCUYE ACCESORIOS FIJACION, CONECTORES ELECTRICOS E INSTALACION)"},{"$f":"VLOOKUP(B738,'Listado Ins Ana'!$G$3966:$J$10232,3,FALSE)","v":"UN"},207,{"$f":"VLOOKUP($B738,'Listado Ins Ana'!$G$3965:$K$10232,4,FALSE)","v":0},0,0,"Si",0,null,null,null,1,null,null,null,"REDES SECAS INTERNASREDES DE BAJA TENSIÓNREI052","REDES SECAS INTERNAS","REDES DE BAJA TENSIÓN",{"$f":"VLOOKUP(U738,'auxiliar capitulos'!$A$2:$M$68,13,FALSE)","v":"5.1.2"},25,null,207,64,91,52]
[789,"REI057","5.1.2.26",{"$f":"VLOOKUP(B739,'Listado Ins Ana'!$G$3966:$J$10232,2,FALSE)","v":"SUMINISTRO E INSTALACIÓN DE BALA REF SATURNO ALU 190X215 SOBREPONER MARCA IT  (INLCUYE ACCESORIOS FIJACION, CONECTORES ELECTRICOS, CORDON EN CABLE ENCAUCHETADO, CLAVIJA E INSTALACION)"},{"$f":"VLOOKUP(B739,'Listado Ins Ana'!$G$3966:$J$10232,3,FALSE)","v":"UN"},154,{"$f":"VLOOKUP($B739,'Listado Ins Ana'!$G$3965:$K$10232,4,FALSE)","v":0},0,0,"Si",0,null,null,null,1,null,null,null,"REDES SECAS INTERNASREDES DE BAJA TENSIÓNREI057","REDES SECAS INTERNAS","REDES DE BAJA TENSIÓN",{"$f":"VLOOKUP(U739,'auxiliar capitulos'!$A$2:$M$68,13,FALSE)","v":"5.1.2"},26,null,154,42,100,12]
[790,"REI044","5.1.2.27",{"$f":"VLOOKUP(B740,'Listado Ins Ana'!$G$3966:$J$10232,2,FALSE)","v":"SUMINISTRO E INSTALACIÓN DE LUMINARIA LED DE SOBREPONER O COLGAR, TIPO HERMETICA MARCA IT REF 100AQ 36W  O SIMILARES ESPECIFICACIONES"},{"$f":"VLOOKUP(B740,'Listado Ins Ana'!$G$3966:$J$10232,3,FALSE)","v":"UN"},64,{"$f":"VLOOKUP($B740,'Listado Ins Ana'!$G$3965:$K$10232,4,FALSE)","v":0},0,0,"Si",0,null,null,null,1,null,null,null,"REDES SECAS INTERNASREDES DE BAJA TENSIÓNREI044","REDES SECAS INTERNAS","REDES DE BAJA TENSIÓN",{"$f":"VLOOKUP(U740,'auxiliar capitulos'!$A$2:$M$68,13,FALSE)","v":"5.1.2"},27,null,64,23,27,14]
[791,"REI049","5.1.2.28",{"$f":"VLOOKUP(B741,'Listado Ins Ana'!$G$3966:$J$10232,2,FALSE)","v":"SUMIISTRO E INSTALACION DE LUMINARIA HIGH BAY FORTE 0.40 X 0.60 M SOBREPONER 182 W (INLCUYE ACCESORIOS FIJACION, CONECTORES ELECTRICOS, CORDON EN CABLE ENCAUCHETADO, CLAVIJA E INSTALACION)"},{"$f":"VLOOKUP(B741,'Listado Ins Ana'!$G$3966:$J$10232,3,FALSE)","v":"UN"},134,{"$f":"VLOOKUP($B741,'Listado Ins Ana'!$G$3965:$K$10232,4,FALSE)","v":0},0,0,"Si",0,null,null,null,1,null,null,null,"REDES SECAS INTERNASREDES DE BAJA TENSIÓNREI049","REDES SECAS INTERNAS","REDES DE BAJA TENSIÓN",{"$f":"VLOOKUP(U741,'auxiliar capitulos'!$A$2:$M$68,13,FALSE)","v":"5.1.2"},28,null,134,25,28,81]
[792,"REI045","5.1.2.29",{"$f":"VLOOKUP(B742,'Listado Ins Ana'!$G$3966:$J$10232,2,FALSE)","v":"SUMINISTRO E INSTALACIÓN DE BALA REF SATURNO MARCA IT 13W Y 23W INCRUSTAR (INLCUYE ACCESORIOS FIJACION, CONECTORES ELECTRICOS, CORDON EN CABLE ENCAUCHETADO, CLAVIJA E INSTALACION)"},{"$f":"VLOOKUP(B742,'Listado Ins Ana'!$G$3966:$J$10232,3,FALSE)","v":"UN"},118,{"$f":"VLOOKUP($B742,'Listado Ins Ana'!$G$3965:$K$10232,4,FALSE)","v":0},0,0,"Si",0,null,null,null,1,null,null,null,"REDES SECAS INTERNASREDES DE BAJA TENSIÓNREI045","REDES SECAS INTERNAS","REDES DE BAJA TENSIÓN",{"$f":"VLOOKUP(U742,'auxiliar capitulos'!$A$2:$M$68,13,FALSE)","v":"5.1.2"},29,null,118,87,16,15]
[793,"REI010","5.1.2.30",{"$f":"VLOOKUP(B743,'Listado Ins Ana'!$G$3966:$J$10232,2,FALSE)","v":"SENSOR DE MOVIMIENTO 360° PARA CONTROL DE ILUMINACIÓN"},{"$f":"VLOOKUP(B743,'Listado Ins Ana'!$G$3966:$J$10232,3,FALSE)","v":"UN"},14,{"$f":"VLOOKUP($B743,'Listado Ins Ana'!$G$3965:$K$10232,4,FALSE)","v":192144},247220,3461080,"Si",3461080,null,null,null,1,null,null,null,"REDES SECAS INTERNASREDES DE BAJA TENSIÓNREI010","REDES SECAS INTERNAS","REDES DE BAJA TENSIÓN",{"$f":"VLOOKUP(U743,'auxiliar capitulos'!$A$2:$M$68,13,FALSE)","v":"5.1.2"},30,null,14,6,4,4]
[794,"REI002","5.1.2.31",{"$f":"VLOOKUP(B744,'Listado Ins Ana'!$G$3966:$J$10232,2,FALSE)","v":"SALIDA DE TOMACORRIENTE GFCI 15A EN TUBERÍA EMT 3/4\" Y CABLE CU CALIBRE 12 AWG LIBRE DE HALÓGENOS NO (1F+1N+1T)"},{"$f":"VLOOKUP(B744,'Listado Ins Ana'!$G$3966:$J$10232,3,FALSE)","v":"UN"},35,{"$f":"VLOOKUP($B744,'Listado Ins Ana'!$G$3965:$K$10232,4,FALSE)","v":307695},395893,13856255,"Si",13856255,null,null,null,1,null,null,null,"REDES SECAS INTERNASREDES DE BAJA TENSIÓNREI002","REDES SECAS INTERNAS","REDES DE BAJA TENSIÓN",{"$f":"VLOOKUP(U744,'auxiliar capitulos'!$A$2:$M$68,13,FALSE)","v":"5.1.2"},31,null,35,13,14,8]
[795,"REI001","5.1.2.32",{"$f":"VLOOKUP(B745,'Listado Ins Ana'!$G$3966:$J$10232,2,FALSE)","v":"SALIDA DE TOMACORRIENTE GENERAL 15A EN TUBERÍA EMT 3/4\" Y CABLE CU CALIBRE 12 AWG LIBRE DE HALÓGENOS NO (1F+1N+1T)"},{"$f":"VLOOKUP(B745,'Listado Ins Ana'!$G$3966:$J$10232,3,FALSE)","v":"UN"},420,{"$f":"VLOOKUP($B745,'Listado Ins Ana'!$G$3965:$K$10232,4,FALSE)","v":280623},361061,151645620,"Si",151645620,null,null,null,1,null,null,null,"REDES SECAS INTERNASREDES DE BAJA TENSIÓNREI001","REDES SECAS INTERNAS","REDES DE BAJA TENSIÓN",{"$f":"VLOOKUP(U745,'auxiliar capitulos'!$A$2:$M$68,13,FALSE)","v":"5.1.2"},32,null,420,93,241,86]
[796,"REI003","5.1.2.33",{"$f":"VLOOKUP(B746,'Listado Ins Ana'!$G$3966:$J$10232,2,FALSE)","v":"SALIDA DE TOMACORRIENTE REGULADO 15A EN TUBERÍA EMT 3/4\" Y CABLE CU CALIBRE 12 AWG LIBRE DE HALÓGENOS NO (1F+1N+1T)"},{"$f":"VLOOKUP(B746,'Listado Ins Ana'!$G$3966:$J$10232,3,FALSE)","v":"UN"},112,{"$f":"VLOOKUP($B746,'Listado Ins Ana'!$G$3965:$K$10232,4,FALSE)","v":351357},{"$f":"ROUND(G746*(1+$F$867),0)","v":452070},50631840,"Si",50631840,null,null,null,1,null,null,null,"REDES SECAS INTERNASREDES DE BAJA TENSIÓNREI003","REDES SECAS INTERNAS","REDES DE BAJA TENSIÓN",{"$f":"VLOOKUP(U746,'auxiliar capitulos'!$A$2:$M$68,13,FALSE)","v":"5.1.2"},33,null,112,36,43,33]
[797,"REI026","5.1.2.34",{"$f":"VLOOKUP(B747,'Listado Ins Ana'!$G$3966:$J$10232,2,FALSE)","v":"BANDEJA PORTACABLE TIPO DUCTO CERRADO 500*80MM CON SEPARADOR 1/3 INCLUYE ACCESORIOS DE FIJACION  PARA DISTRIBUCIÓN DE CIRCUITOS DENTRO DE LA ESTACIÓN"},{"$f":"VLOOKUP(B747,'Listado Ins Ana'!$G$3966:$J$10232,3,FALSE)","v":"UN"},11,{"$f":"VLOOKUP($B747,'Listado Ins Ana'!$G$3965:$K$10232,4,FALSE)","v":163993},211000,2321000,"Si",2321000,null,null,null,1,null,null,null,"REDES SECAS INTERNASREDES DE BAJA TENSIÓNREI026","REDES SECAS INTERNAS","REDES DE BAJA TENSIÓN",{"$f":"VLOOKUP(U747,'auxiliar capitulos'!$A$2:$M$68,13,FALSE)","v":"5.1.2"},34,null,11,10,null,1]
[798,"REI027","5.1.2.35",{"$f":"VLOOKUP(B748,'Listado Ins Ana'!$G$3966:$J$10232,2,FALSE)","v":"BANDEJA PORTACABLE TIPO MALLA 500*80MM INCLUYE ACCESORIOS DE FIJACION CUARTO DE COMUNICACIONES"},{"$f":"VLOOKUP(B748,'Listado Ins Ana'!$G$3966:$J$10232,3,FALSE)","v":"UN"},11,{"$f":"VLOOKUP($B748,'Listado Ins Ana'!$G$3965:$K$10232,4,FALSE)","v":111344},143260,1575860,"Si",1575860,null,null,null,1,null,null,null,"REDES SECAS INTERNASREDES DE BAJA TENSIÓNREI027","REDES SECAS INTERNAS","REDES DE BAJA TENSIÓN",{"$f":"VLOOKUP(U748,'auxiliar capitulos'!$A$2:$M$68,13,FALSE)","v":"5.1.2"},35,null,11,5,null,6]
[799,"REI051","5.1.2.36",{"$f":"VLOOKUP(B749,'Listado Ins Ana'!$G$3966:$J$10232,2,FALSE)","v":"CLEAN OWEN 1.20 X 0.30 M SOBREPONER 2LED-LINE 1R2FT 31W (INLCUYE ACCESORIOS FIJACION, CONECTORES ELECTRICOS, CORDON EN CABLE ENCAUCHETADO, CALVIJA E INSTALACION)"},{"$f":"VLOOKUP(B749,'Listado Ins Ana'!$G$3966:$J$10232,3,FALSE)","v":"UN"},68,{"$f":"VLOOKUP($B749,'Listado Ins Ana'!$G$3965:$K$10232,4,FALSE)","v":0},0,0,"Si",0,null,null,null,1,null,null,null,"REDES SECAS INTERNASREDES DE BAJA TENSIÓNREI051","REDES SECAS INTERNAS","REDES DE BAJA TENSIÓN",{"$f":"VLOOKUP(U749,'auxiliar capitulos'!$A$2:$M$68,13,FALSE)","v":"5.1.2"},36,null,68,14,31,23]
[800,"REI053","5.1.2.37",{"$f":"VLOOKUP(B750,'Listado Ins Ana'!$G$3966:$J$10232,2,FALSE)","v":"SUMINISTRO E INSTALACIÓN DE AVISO DE SALIDA DE EMERGENCIA, LED, 2W  (PARED O CIELO , IZQUIERDA O DERECHA) INCLUYE BASE DE FIJACIÓN"},{"$f":"VLOOKUP(B750,'Listado Ins Ana'!$G$3966:$J$10232,3,FALSE)","v":"UN"},27,{"$f":"VLOOKUP($B750,'Listado Ins Ana'!$G$3965:$K$10232,4,FALSE)","v":0},0,0,"Si",0,null,null,null,1,null,null,null,"REDES SECAS INTERNASREDES DE BAJA TENSIÓNREI053","REDES SECAS INTERNAS","REDES DE BAJA TENSIÓN",{"$f":"VLOOKUP(U750,'auxiliar capitulos'!$A$2:$M$68,13,FALSE)","v":"5.1.2"},37,null,27,16,null,11]
[801,"REI056","5.1.2.38",{"$f":"VLOOKUP(B751,'Listado Ins Ana'!$G$3966:$J$10232,2,FALSE)","v":"SUMINISTRO E INSTALACIÓN DE LUMINARIA LED  0.60 X 0.60 M REF CLEAN OWEN MARCA IT O SIMILAR"},{"$f":"VLOOKUP(B751,'Listado Ins Ana'!$G$3966:$J$10232,3,FALSE)","v":"UN"},117,{"$f":"VLOOKUP($B751,'Listado Ins Ana'!$G$3965:$K$10232,4,FALSE)","v":0},0,0,"Si",0,null,null,null,1,null,null,null,"REDES SECAS INTERNASREDES DE BAJA TENSIÓNREI056","REDES SECAS INTERNAS","REDES DE BAJA TENSIÓN",{"$f":"VLOOKUP(U751,'auxiliar capitulos'!$A$2:$M$68,13,FALSE)","v":"5.1.2"},38,null,117,36,54,27]
[802,"REI300","5.1.2.39",{"$f":"VLOOKUP(B752,'Listado Ins Ana'!$G$3966:$J$10232,2,FALSE)","v":"SUMINISTRO E INSTALACION DE PANEL SOLAR 535 WP MARCA JINKO O SIMILARES ESPECIFICACIONES, INCLUYE SOPORTE DE FIJACION A CUBIERTA "},{"$f":"VLOOKUP(B752,'Listado Ins Ana'!$G$3966:$J$10232,3,FALSE)","v":"UN"},1154,{"$f":"VLOOKUP($B752,'Listado Ins Ana'!$G$3965:$K$10232,4,FALSE)","v":60039},77249,89145346,"Si",89145346,null,null,null,1,null,null,null,"REDES SECAS INTERNASREDES DE BAJA TENSIÓNREI300","REDES SECAS INTERNAS","REDES DE BAJA TENSIÓN",{"$f":"VLOOKUP(U752,'auxiliar capitulos'!$A$2:$M$68,13,FALSE)","v":"5.1.2"},39,null,1154,319,345,490]
[803,"REI301","5.1.2.40",{"$f":"VLOOKUP(B753,'Listado Ins Ana'!$G$3966:$J$10232,2,FALSE)","v":"SUMINISTRO E INSTALACION DE INVERSOR CENTRAL CPS 50 KWP PARA ESTACIÓN LA VICTORIA"},{"$f":"VLOOKUP(B753,'Listado Ins Ana'!$G$3966:$J$10232,3,FALSE)","v":"UN"},6,{"$f":"VLOOKUP($B753,'Listado Ins Ana'!$G$3965:$K$10232,4,FALSE)","v":3822310},4917937,29507622,"Si",29507622,null,null,null,1,null,null,null,"REDES SECAS INTERNASREDES DE BAJA TENSIÓNREI301","REDES SECAS INTERNAS","REDES DE BAJA TENSIÓN",{"$f":"VLOOKUP(U753,'auxiliar capitulos'!$A$2:$M$68,13,FALSE)","v":"5.1.2"},40,null,6,3,3]
[804,"REI304","5.1.2.41",{"$f":"VLOOKUP(B754,'Listado Ins Ana'!$G$3966:$J$10232,2,FALSE)","v":"SUMINISTRO E INSTALACION DE ACOMETIDA ENTRE INVERSORES Y TABLERO GENERAL DE DISTRIBUCION EN TUBERIA EMT "},{"$f":"VLOOKUP(B754,'Listado Ins Ana'!$G$3966:$J$10232,3,FALSE)","v":"ML"},0,{"$f":"VLOOKUP($B754,'Listado Ins Ana'!$G$3965:$K$10232,4,FALSE)","v":229154},294839,0,"Si",0,null,null,null,1,null,null,null,"REDES SECAS INTERNASREDES DE BAJA TENSIÓNREI304","REDES SECAS INTERNAS","REDES DE BAJA TENSIÓN",{"$f":"VLOOKUP(U754,'auxiliar capitulos'!$A$2:$M$68,13,FALSE)","v":"5.1.2"},41,null,0,0,0,0]
[805,"REI305","5.1.2.42",{"$f":"VLOOKUP(B755,'Listado Ins Ana'!$G$3966:$J$10232,2,FALSE)","v":"SUMINISTRO E INSTALACION DE CANALIZACION, CABLEADO, ELEMENTOS DE FIJACION, CONECTORES MC4 Y SEÑALETICA DE MARCACION SEGÚN NORMA TECNICA (PARA CONEXIÓN DE PANELES Y STRINGS)"},{"$f":"VLOOKUP(B755,'Listado Ins Ana'!$G$3966:$J$10232,3,FALSE)","v":"UN"},0,{"$f":"VLOOKUP($B755,'Listado Ins Ana'!$G$3965:$K$10232,4,FALSE)","v":229154},294839,0,"Si",0,null,null,null,1,null,null,null,"REDES SECAS INTERNASREDES DE BAJA TENSIÓNREI305","REDES SECAS INTERNAS","REDES DE BAJA TENSIÓN",{"$f":"VLOOKUP(U755,'auxiliar capitulos'!$A$2:$M$68,13,FALSE)","v":"5.1.2"},42,null,0,0,0,0]
[806,"REI306","5.1.2.43",{"$f":"VLOOKUP(B756,'Listado Ins Ana'!$G$3966:$J$10232,2,FALSE)","v":"CERTIFICACION RETIE Y DOCUMENTACION PARA SISTEMA SOLAR FOTOVOLTAICO"},{"$f":"VLOOKUP(B756,'Listado Ins Ana'!$G$3966:$J$10232,3,FALSE)","v":"UN"},3,{"$f":"VLOOKUP($B756,'Listado Ins Ana'!$G$3965:$K$10232,4,FALSE)","v":8000000},10293120,30879360,"No",30879360,null,null,null,1,null,null,null,"REDES SECAS INTERNASREDES DE BAJA TENSIÓNREI306","REDES SECAS INTERNAS","REDES DE BAJA TENSIÓN",{"$f":"VLOOKUP(U756,'auxiliar capitulos'!$A$2:$M$68,13,FALSE)","v":"5.1.2"},43,null,3,1,1,1]
[807,"REI164","5.1.2.44",{"$f":"VLOOKUP(B757,'Listado Ins Ana'!$G$3966:$J$10232,2,FALSE)","v":"02-EE-GRUPO ELECTROGENO 16 kVA-GE3: C3.3 (60 Hz) 48 - 60 kW"},{"$f":"VLOOKUP(B757,'Listado Ins Ana'!$G$3966:$J$10232,3,FALSE)","v":"UN"},2,{"$f":"VLOOKUP($B757,'Listado Ins Ana'!$G$3965:$K$10232,4,FALSE)","v":2218924},2854956,5709912,"Si",5709912,null,null,null,1,null,null,null,"REDES SECAS INTERNASREDES DE BAJA TENSIÓNREI164","REDES SECAS INTERNAS","REDES DE BAJA TENSIÓN",{"$f":"VLOOKUP(U757,'auxiliar capitulos'!$A$2:$M$68,13,FALSE)","v":"5.1.2"},44,null,2,null,1,1]
[808,"REI166","5.1.2.45",{"$f":"VLOOKUP(B758,'Listado Ins Ana'!$G$3966:$J$10232,2,FALSE)","v":"GRUPO ELECTRÓGENO 180kVA"},{"$f":"VLOOKUP(B758,'Listado Ins Ana'!$G$3966:$J$10232,3,FALSE)","v":"UN"},1,{"$f":"VLOOKUP($B758,'Listado Ins Ana'!$G$3965:$K$10232,4,FALSE)","v":0},0,0,"Si",0,null,null,null,1,null,null,null,"REDES SECAS INTERNASREDES DE BAJA TENSIÓNREI166","REDES SECAS INTERNAS","REDES DE BAJA TENSIÓN",{"$f":"VLOOKUP(U758,'auxiliar capitulos'!$A$2:$M$68,13,FALSE)","v":"5.1.2"},45,null,1,null,1]
[809,"REI167","5.1.2.46",{"$f":"VLOOKUP(B759,'Listado Ins Ana'!$G$3966:$J$10232,2,FALSE)","v":"GRUPO ELECTRÓGENO 545kVA"},{"$f":"VLOOKUP(B759,'Listado Ins Ana'!$G$3966:$J$10232,3,FALSE)","v":"UN"},1,{"$f":"VLOOKUP($B759,'Listado Ins Ana'!$G$3965:$K$10232,4,FALSE)","v":0},0,0,"Si",0,null,null,null,1,null,null,null,"REDES SECAS INTERNASREDES DE BAJA TENSIÓNREI167","REDES SECAS INTERNAS","REDES DE BAJA TENSIÓN",{"$f":"VLOOKUP(U759,'auxiliar capitulos'!$A$2:$M$68,13,FALSE)","v":"5.1.2"},46,null,1,null,1]
[810,"REI168","5.1.2.47",{"$f":"VLOOKUP(B760,'Listado Ins Ana'!$G$3966:$J$10232,2,FALSE)","v":"GRUPO ELECTRÓGENO 650kVA"},{"$f":"VLOOKUP(B760,'Listado Ins Ana'!$G$3966:$J$10232,3,FALSE)","v":"UN"},1,{"$f":"VLOOKUP($B760,'Listado Ins Ana'!$G$3965:$K$10232,4,FALSE)","v":0},0,0,"Si",0,null,null,null,1,null,null,null,"REDES SECAS INTERNASREDES DE BAJA TENSIÓNREI168","REDES SECAS INTERNAS","REDES DE BAJA TENSIÓN",{"$f":"VLOOKUP(U760,'auxiliar capitulos'!$A$2:$M$68,13,FALSE)","v":"5.1.2"},47,null,1,null,1]
[811,"REI169","5.1.2.48",{"$f":"VLOOKUP(B761,'Listado Ins Ana'!$G$3966:$J$10232,2,FALSE)","v":"TRANSFORMADOR 500kVA"},{"$f":"VLOOKUP(B761,'Listado Ins Ana'!$G$3966:$J$10232,3,FALSE)","v":"UN"},1,{"$f":"VLOOKUP($B761,'Listado Ins Ana'!$G$3965:$K$10232,4,FALSE)","v":0},0,0,"Si",0,null,null,null,1,null,null,null,"REDES SECAS INTERNASREDES DE BAJA TENSIÓNREI169","REDES SECAS INTERNAS","REDES DE BAJA TENSIÓN",{"$f":"VLOOKUP(U761,'auxiliar capitulos'!$A$2:$M$68,13,FALSE)","v":"5.1.2"},48,null,1,null,1]
[812,"REI170","5.1.2.49",{"$f":"VLOOKUP(B762,'Listado Ins Ana'!$G$3966:$J$10232,2,FALSE)","v":"TRANSFORMADOR 630kVA"},{"$f":"VLOOKUP(B762,'Listado Ins Ana'!$G$3966:$J$10232,3,FALSE)","v":"UN"},1,{"$f":"VLOOKUP($B762,'Listado Ins Ana'!$G$3965:$K$10232,4,FALSE)","v":0},0,0,"Si",0,null,null,null,1,null,null,null,"REDES SECAS INTERNASREDES DE BAJA TENSIÓNREI170","REDES SECAS INTERNAS","REDES DE BAJA TENSIÓN",{"$f":"VLOOKUP(U762,'auxiliar capitulos'!$A$2:$M$68,13,FALSE)","v":"5.1.2"},49,null,1,null,1]
[813,"REI171","5.1.2.50",{"$f":"VLOOKUP(B763,'Listado Ins Ana'!$G$3966:$J$10232,2,FALSE)","v":"TRANSFORMADOR BAJA - BAJA 150kVA SSFV"},{"$f":"VLOOKUP(B763,'Listado Ins Ana'!$G$3966:$J$10232,3,FALSE)","v":"UN"},1,{"$f":"VLOOKUP($B763,'Listado Ins Ana'!$G$3965:$K$10232,4,FALSE)","v":0},0,0,"Si",0,null,null,null,1,null,null,null,"REDES SECAS INTERNASREDES DE BAJA TENSIÓNREI171","REDES SECAS INTERNAS","REDES DE BAJA TENSIÓN",{"$f":"VLOOKUP(U763,'auxiliar capitulos'!$A$2:$M$68,13,FALSE)","v":"5.1.2"},50,null,1,null,1]
[814,"REI172","5.1.2.51",{"$f":"VLOOKUP(B764,'Listado Ins Ana'!$G$3966:$J$10232,2,FALSE)","v":"UPS 30kVA"},{"$f":"VLOOKUP(B764,'Listado Ins Ana'!$G$3966:$J$10232,3,FALSE)","v":"UN"},1,{"$f":"VLOOKUP($B764,'Listado Ins Ana'!$G$3965:$K$10232,4,FALSE)","v":0},0,0,"Si",0,null,null,null,1,null,null,null,"REDES SECAS INTERNASREDES DE BAJA TENSIÓNREI172","REDES SECAS INTERNAS","REDES DE BAJA TENSIÓN",{"$f":"VLOOKUP(U764,'auxiliar capitulos'!$A$2:$M$68,13,FALSE)","v":"5.1.2"},51,null,1,null,1]
[815,"REI173","5.1.2.52",{"$f":"VLOOKUP(B765,'Listado Ins Ana'!$G$3966:$J$10232,2,FALSE)","v":"UPS 10kVA"},{"$f":"VLOOKUP(B765,'Listado Ins Ana'!$G$3966:$J$10232,3,FALSE)","v":"UN"},1,{"$f":"VLOOKUP($B765,'Listado Ins Ana'!$G$3965:$K$10232,4,FALSE)","v":0},0,0,"Si",0,null,null,null,1,null,null,null,"REDES SECAS INTERNASREDES DE BAJA TENSIÓNREI173","REDES SECAS INTERNAS","REDES DE BAJA TENSIÓN",{"$f":"VLOOKUP(U765,'auxiliar capitulos'!$A$2:$M$68,13,FALSE)","v":"5.1.2"},52,null,1,null,1]
[816,"REI004","5.1.2.53",{"$f":"VLOOKUP(B766,'Listado Ins Ana'!$G$3966:$J$10232,2,FALSE)","v":"SALIDA DE TOMACORRIENTE 220V 20A EN TUBERÍA EMT 3/4\" Y CABLE CU CALIBRE 12 AWG LIBRE DE HALÓGENOS NO (2F+1T)"},{"$f":"VLOOKUP(B766,'Listado Ins Ana'!$G$3966:$J$10232,3,FALSE)","v":"UN"},5,{"$f":"VLOOKUP($B766,'Listado Ins Ana'!$G$3965:$K$10232,4,FALSE)","v":711433},915358,4576790,"Si",4576790,null,null,null,1,null,null,null,"REDES SECAS INTERNASREDES DE BAJA TENSIÓNREI004","REDES SECAS INTERNAS","REDES DE BAJA TENSIÓN",{"$f":"VLOOKUP(U766,'auxiliar capitulos'!$A$2:$M$68,13,FALSE)","v":"5.1.2"},53,null,5,null,5]
[817,"REI303","5.1.2.54",{"$f":"VLOOKUP(B767,'Listado Ins Ana'!$G$3966:$J$10232,2,FALSE)","v":"SUMINISTRO E INSTALACION DE TRANSFORMADOR BAJA-BAJA 150KVA (ESTACIÓN LA VICTORIA)"},{"$f":"VLOOKUP(B767,'Listado Ins Ana'!$G$3966:$J$10232,3,FALSE)","v":"UN"},0,{"$f":"VLOOKUP($B767,'Listado Ins Ana'!$G$3965:$K$10232,4,FALSE)","v":1074462},1382446,0,null,0,null,null,null,1,null,null,null,"REDES SECAS INTERNASREDES DE BAJA TENSIÓNREI303","REDES SECAS INTERNAS","REDES DE BAJA TENSIÓN",{"$f":"VLOOKUP(U767,'auxiliar capitulos'!$A$2:$M$68,13,FALSE)","v":"5.1.2"},54,null,0,null,0]
[818,"REI165","5.1.2.55",{"$f":"VLOOKUP(B768,'Listado Ins Ana'!$G$3966:$J$10232,2,FALSE)","v":"02-EE-GRUPO ELECTROGENO 750kVA-GE2: 02-EE-GRUPO ELECTROGENO 750K-GE2"},{"$f":"VLOOKUP(B768,'Listado Ins Ana'!$G$3966:$J$10232,3,FALSE)","v":"UN"},1,{"$f":"VLOOKUP($B768,'Listado Ins Ana'!$G$3965:$K$10232,4,FALSE)","v":3565232},4587170,4587170,"Si",4587170,null,null,null,1,null,null,null,"REDES SECAS INTERNASREDES DE BAJA TENSIÓNREI165","REDES SECAS INTERNAS","REDES DE BAJA TENSIÓN",{"$f":"VLOOKUP(U768,'auxiliar capitulos'!$A$2:$M$68,13,FALSE)","v":"5.1.2"},55,null,1,null,null,1]
[819,"REI302","5.1.2.56",{"$f":"VLOOKUP(B769,'Listado Ins Ana'!$G$3966:$J$10232,2,FALSE)","v":"SUMINISTRO E INSTALACION DE INVERSOR CENTRAL CPS 60 KWP PARA ESTACIONES 20 DE JULIO Y ALTAMIRA)"},{"$f":"VLOOKUP(B769,'Listado Ins Ana'!$G$3966:$J$10232,3,FALSE)","v":"UN"},4,{"$f":"VLOOKUP($B769,'Listado Ins Ana'!$G$3965:$K$10232,4,FALSE)","v":3822310},4917937,19671748,"Si",19671748,null,null,null,1,null,null,null,"REDES SECAS INTERNASREDES DE BAJA TENSIÓNREI302","REDES SECAS INTERNAS","REDES DE BAJA TENSIÓN",{"$f":"VLOOKUP(U769,'auxiliar capitulos'!$A$2:$M$68,13,FALSE)","v":"5.1.2"},56,null,4,null,null,4]
[820,null,{"$f":"IF(W770=\"\",V770,CONCATENATE(V770,\".\",W770))","v":"5.2"},"REDES SECAS EXTERNAS",null,null,null,null,null,null,null,null,null,null,null,null,null,null,{"$f":"CONCATENATE(T770,U770,B770)","v":"REDES SECAS EXTERNAS"},null,"REDES SECAS EXTERNAS",{"$f":"VLOOKUP(U770,'auxiliar capitulos'!$A$2:$M$68,13,FALSE)","v":"5.2"},null,null,{"$f":"SUM(Z770:CJ770)","v":0}]
[821,null,"5.2.1","REDES COMUNICACIONES ETB",null,null,null,null,null,null,null,null,null,null,null,null,null,null,"REDES COMUNICACIONES ETB",null,"REDES COMUNICACIONES ETB",{"$f":"VLOOKUP(U771,'auxiliar capitulos'!$A$2:$M$68,13,FALSE)","v":"5.2.1"}]
[822,3591,"5.2.1.1",{"$f":"VLOOKUP(B772,'Listado Ins Ana'!$G$3966:$J$10232,2,FALSE)","v":"2 DUCTOS D=4\" PVC-TDP (INCLUYE SUMINISTRO E INSTALACIÓN. NO INCLUYE RELLENOS). NORMA CS208."},{"$f":"VLOOKUP(B772,'Listado Ins Ana'!$G$3966:$J$10232,3,FALSE)","v":"ML"},{"$f":"Y772","v":0},{"$f":"VLOOKUP($B772,'Listado Ins Ana'!$G$3965:$K$10232,4,FALSE)","v":41059},{"$f":"ROUND(G772*(1+$F$867),0)","v":52828},{"$f":"ROUND(H772*F772,0)","v":0},"No",{"$f":"+I772","v":0},null,null,null,null,null,null,null,{"$f":"CONCATENATE(T772,U772,B772)","v":"REDES SECAS EXTERNASREDES COMUNICACIONES ETB3591"},{"$f":"+$D$770","v":"REDES SECAS EXTERNAS"},"REDES COMUNICACIONES ETB",{"$f":"VLOOKUP(U772,'auxiliar capitulos'!$A$2:$M$68,13,FALSE)","v":"5.2.1"},{"$f":"IF(E772=\"\",\"\",IF(E770=\"\",1,W770+1))","v":1},null,null,null,null,117,null,null,null,null,50,null,null,null,34,null,null,null,null,null,100,null,null,null,104]
[823,4130,"5.2.1.2",{"$f":"VLOOKUP(B773,'Listado Ins Ana'!$G$3966:$J$10232,2,FALSE)","v":"CAJA DE PASO SENCILLA ANDEN CONCRETO ETB (INCLUYE BASE, MUROS, PAÑETE, BORDILLO PERIMETRAL, MARCO Y TAPA). MEDIDAS EXTERNAS: 0.90 X 0.79M. MEDIDAS INTERNAS 0.60X0.50M. ALTURA: 0.96M."},{"$f":"VLOOKUP(B773,'Listado Ins Ana'!$G$3966:$J$10232,3,FALSE)","v":"UN"},0,{"$f":"VLOOKUP($B773,'Listado Ins Ana'!$G$3965:$K$10232,4,FALSE)","v":477722},{"$f":"ROUND(G773*(1+$F$867),0)","v":614656},0,"No",0,null,null,null,null,null,null,null,{"$f":"CONCATENATE(T773,U773,B773)","v":"REDES SECAS EXTERNASREDES COMUNICACIONES ETB4130"},{"$f":"+$D$770","v":"REDES SECAS EXTERNAS"},"REDES COMUNICACIONES ETB",{"$f":"VLOOKUP(U773,'auxiliar capitulos'!$A$2:$M$68,13,FALSE)","v":"5.2.1"},{"$f":"IF(E773=\"\",\"\",IF(E772=\"\",1,W772+1))","v":2},null,null,null,null,6,null,null,null,null,2,null,null,null,2,null,null,null,null,null,1,null,null,null,3]
[824,"RCE001","5.2.1.3",{"$f":"VLOOKUP(B774,'Listado Ins Ana'!$G$3966:$J$10232,2,FALSE)","v":"RETIRO DE POSTES TELEFÓNICO (INCLUYE TRASLADO A SITIO DE ACOPIO, RETIRO DE POSTE, RETENIDAS, ESTRUCTURAS DE AMARRE Y SOPORTE DE RED TELEFÓNICA AÉREA)."},{"$f":"VLOOKUP(B774,'Listado Ins Ana'!$G$3966:$J$10232,3,FALSE)","v":"UN"},0,{"$f":"VLOOKUP($B774,'Listado Ins Ana'!$G$3965:$K$10232,4,FALSE)","v":282124},{"$f":"ROUND(G774*(1+$F$867),0)","v":362992},0,"No",0,null,null,null,null,null,null,null,"REDES SECAS EXTERNASREDES COMUNICACIONES ETBRCE001","REDES SECAS EXTERNAS","REDES COMUNICACIONES ETB",{"$f":"VLOOKUP(U774,'auxiliar capitulos'!$A$2:$M$68,13,FALSE)","v":"5.2.1"},3,null,null,null,null,1,null,null,null,null,1,null,null,null,null,null,null,null,null,null,3,null,null,null,1]
[825,7653,"5.2.1.4",{"$f":"VLOOKUP(B775,'Listado Ins Ana'!$G$3966:$J$10232,2,FALSE)","v":"BAJANTE GALVANIZADA TIPO PESADO CONDUIT L=6M, Ø=2\". (SUMINISTRO E INSTALACIÓN)"},{"$f":"VLOOKUP(B775,'Listado Ins Ana'!$G$3966:$J$10232,3,FALSE)","v":"UN"},0,{"$f":"VLOOKUP($B775,'Listado Ins Ana'!$G$3965:$K$10232,4,FALSE)","v":241779},{"$f":"ROUND(G775*(1+$F$867),0)","v":311083},0,"No",0,null,null,null,null,null,null,null,"REDES SECAS EXTERNASREDES COMUNICACIONES ETB7653","REDES SECAS EXTERNAS","REDES COMUNICACIONES ETB",{"$f":"VLOOKUP(U775,'auxiliar capitulos'!$A$2:$M$68,13,FALSE)","v":"5.2.1"},4,null,null,null,null,4,null,null,null,null,2,null,null,null,2,null,null,null,null,null,null,null,null,null,3]
[826,null,{"$f":"IF(W776=\"\",V776,CONCATENATE(V776,\".\",W776))","v":"5.2.2"},"REDES COMUNICACIONES MOVISTAR",null,null,null,null,null,null,null,null,null,null,null,null,null,null,"REDES SECAS EXTERNASREDES COMUNICACIONES MOVISTAR","REDES SECAS EXTERNAS","REDES COMUNICACIONES MOVISTAR",{"$f":"VLOOKUP(U776,'auxiliar capitulos'!$A$2:$M$68,13,FALSE)","v":"5.2.2"},{"$f":"IF(E776=\"\",\"\",IF(#REF!=\"\",1,#REF!+1))","v":""}]
[827,3591,"5.2.2.1",{"$f":"VLOOKUP(B777,'Listado Ins Ana'!$G$3966:$J$10232,2,FALSE)","v":"2 DUCTOS D=4\" PVC-TDP (INCLUYE SUMINISTRO E INSTALACIÓN. NO INCLUYE RELLENOS). NORMA CS208."},{"$f":"VLOOKUP(B777,'Listado Ins Ana'!$G$3966:$J$10232,3,FALSE)","v":"ML"},{"$f":"Y777","v":0},{"$f":"VLOOKUP($B777,'Listado Ins Ana'!$G$3965:$K$10232,4,FALSE)","v":41059},{"$f":"ROUND(G777*(1+$F$867),0)","v":52828},{"$f":"ROUND(H777*F777,0)","v":0},"No",{"$f":"+I777","v":0},null,null,null,null,null,null,null,"REDES SECAS EXTERNASREDES COMUNICACIONES MOVISTAR3591","REDES SECAS EXTERNAS","REDES COMUNICACIONES MOVISTAR",{"$f":"VLOOKUP(U777,'auxiliar capitulos'!$A$2:$M$68,13,FALSE)","v":"5.2.2"},1,null,null,null,null,null,null,null,null,null,40,null,null,null,null,null,null,null,null,null,46,56]
[828,4130,"5.2.2.2",{"$f":"VLOOKUP(B778,'Listado Ins Ana'!$G$3966:$J$10232,2,FALSE)","v":"CAJA DE PASO SENCILLA ANDEN CONCRETO ETB (INCLUYE BASE, MUROS, PAÑETE, BORDILLO PERIMETRAL, MARCO Y TAPA). MEDIDAS EXTERNAS: 0.90 X 0.79M. MEDIDAS INTERNAS 0.60X0.50M. ALTURA: 0.96M."},{"$f":"VLOOKUP(B778,'Listado Ins Ana'!$G$3966:$J$10232,3,FALSE)","v":"UN"},0,{"$f":"VLOOKUP($B778,'Listado Ins Ana'!$G$3965:$K$10232,4,FALSE)","v":477722},{"$f":"ROUND(G778*(1+$F$867),0)","v":614656},0,"No",0,null,null,null,null,null,null,null,"REDES SECAS EXTERNASREDES COMUNICACIONES MOVISTAR4130","REDES SECAS EXTERNAS","REDES COMUNICACIONES MOVISTAR",{"$f":"VLOOKUP(U778,'auxiliar capitulos'!$A$2:$M$68,13,FALSE)","v":"5.2.2"},2]
[829,"RCE001","5.2.2.3",{"$f":"VLOOKUP(B779,'Listado Ins Ana'!$G$3966:$J$10232,2,FALSE)","v":"RETIRO DE POSTES TELEFÓNICO (INCLUYE TRASLADO A SITIO DE ACOPIO, RETIRO DE POSTE, RETENIDAS, ESTRUCTURAS DE AMARRE Y SOPORTE DE RED TELEFÓNICA AÉREA)."},{"$f":"VLOOKUP(B779,'Listado Ins Ana'!$G$3966:$J$10232,3,FALSE)","v":"UN"},0,{"$f":"VLOOKUP($B779,'Listado Ins Ana'!$G$3965:$K$10232,4,FALSE)","v":282124},{"$f":"ROUND(G779*(1+$F$867),0)","v":362992},0,"No",0,null,null,null,null,null,null,null,"REDES SECAS EXTERNASREDES COMUNICACIONES MOVISTARRCE001","REDES SECAS EXTERNAS","REDES COMUNICACIONES MOVISTAR",{"$f":"VLOOKUP(U779,'auxiliar capitulos'!$A$2:$M$68,13,FALSE)","v":"5.2.2"},3,null,null,null,null,null,null,null,null,null,null,null,null,null,null,null,null,null,null,null,2]
[830,7653,"5.2.2.4",{"$f":"VLOOKUP(B780,'Listado Ins Ana'!$G$3966:$J$10232,2,FALSE)","v":"BAJANTE GALVANIZADA TIPO PESADO CONDUIT L=6M, Ø=2\". (SUMINISTRO E INSTALACIÓN)"},{"$f":"VLOOKUP(B780,'Listado Ins Ana'!$G$3966:$J$10232,3,FALSE)","v":"UN"},0,{"$f":"VLOOKUP($B780,'Listado Ins Ana'!$G$3965:$K$10232,4,FALSE)","v":241779},{"$f":"ROUND(G780*(1+$F$867),0)","v":311083},0,"No",0,null,null,null,null,null,null,null,"REDES SECAS EXTERNASREDES COMUNICACIONES MOVISTAR7653","REDES SECAS EXTERNAS","REDES COMUNICACIONES MOVISTAR",{"$f":"VLOOKUP(U780,'auxiliar capitulos'!$A$2:$M$68,13,FALSE)","v":"5.2.2"},4,null,null,null,null,null,null,null,null,null,2,null,null,null,null,null,null,null,null,null,1,2]
[831,null,"5.1.2","REDES DE BAJA TENSIÓN",null,null,null,null,null,null,null,null,null,null,null,null,null,null,"REDES SECAS EXTERNASREDES DE BAJA TENSIÓN","REDES SECAS EXTERNAS","REDES DE BAJA TENSIÓN",{"$f":"VLOOKUP(U781,'auxiliar capitulos'!$A$2:$M$68,13,FALSE)","v":"5.1.2"},{"$f":"IF(E781=\"\",\"\",IF(#REF!=\"\",1,#REF!+1))","v":""}]
[832,4104,"5.1.2.1",{"$f":"VLOOKUP(B782,'Listado Ins Ana'!$G$3966:$M$8277,2,FALSE)","v":"CAJA DE INSPECCIÓN PARA ALUMBRADO PÚBLICO NORMA CODENSA CS 274 (ANDEN. INCLUYE BASE, MUROS, PAÑETE, MARCO Y TAPA). MEDIDAS EXTERNAS: 0.90 X 0.90M. MEDIDAS INTERNAS: 0.60 X 0.60M. ALTURA: 0.93M."},{"$f":"VLOOKUP(B782,'Listado Ins Ana'!$G$3966:$M$8277,3,FALSE)","v":"UN"},{"$f":"Y782","v":61},{"$f":"VLOOKUP($B782,'Listado Ins Ana'!$G$3965:$K$8277,4,FALSE)","v":449919},{"$f":"ROUND(G782*(1+$F$867),0)","v":578884},{"$f":"ROUND(H782*F782,0)","v":35311924},"Si",{"$f":"+I782","v":35311924},null,null,null,null,null,null,null,"REDES SECAS EXTERNASREDES DE BAJA TENSIÓN4104","REDES SECAS EXTERNAS","REDES DE BAJA TENSIÓN",{"$f":"VLOOKUP(U782,'auxiliar capitulos'!$A$2:$M$68,13,FALSE)","v":"5.1.2"},1,null,{"$f":"SUM(Z782:CJ782)","v":61},null,null,10,null,null,null,4,5,1,9,null,5,null,null,null,null,null,null,6,null,2,3,5,4,7]
[833,"REC014","5.1.2.2",{"$f":"VLOOKUP(B783,'Listado Ins Ana'!$G$3966:$M$8277,2,FALSE)","v":"POSTE METALICO AP, H=6M NORMA ENEL AP813  TIPO M130 CON BRAZO DOBLE DOBLE (INC. SUMIN., IZAJE, APLOMADO, INST., BASE) NO INCLUYE LUMINARIAS"},{"$f":"VLOOKUP(B783,'Listado Ins Ana'!$G$3966:$M$8277,3,FALSE)","v":"UN"},20,{"$f":"VLOOKUP(B783,'Listado Ins Ana'!$G$3966:$M$8277,4,FALSE)","v":1422121},{"$f":"ROUND(G783*(1+$F$867),0)","v":1829758},36595160,"Si",36595160,null,null,null,null,null,null,null,"REDES SECAS EXTERNASREDES DE BAJA TENSIÓNREC014","REDES SECAS EXTERNAS","REDES DE BAJA TENSIÓN",{"$f":"VLOOKUP(U783,'auxiliar capitulos'!$A$2:$M$68,13,FALSE)","v":"5.1.2"},2,null,20,null,null,1,null,null,null,2,null,1,1,null,2,null,null,null,null,null,null,3,null,null,1,4,null,5]
[834,5341,"5.1.2.3",{"$f":"VLOOKUP(B784,'Listado Ins Ana'!$G$3966:$M$8277,2,FALSE)","v":"VARILLA COOPER WELD 5/8\" X 2.44M. (INCLUYE SUMINISTRO E INSTALACION)."},{"$f":"VLOOKUP(B784,'Listado Ins Ana'!$G$3966:$M$8277,3,FALSE)","v":"UN"},44,{"$f":"VLOOKUP($B784,'Listado Ins Ana'!$G$3965:$K$8277,4,FALSE)","v":449091},{"$f":"ROUND(G784*(1+$F$867),0)","v":577818},25423992,"Si",25423992,null,null,null,null,null,null,null,"REDES SECAS EXTERNASREDES DE BAJA TENSIÓN5341","REDES SECAS EXTERNAS","REDES DE BAJA TENSIÓN",{"$f":"VLOOKUP(U784,'auxiliar capitulos'!$A$2:$M$68,13,FALSE)","v":"5.1.2"},3,null,44,null,null,10,null,null,null,2,2,2,8,null,4,null,null,null,null,null,null,3,null,null,1,4,2,6]
[835,3221,"5.1.2.4",{"$f":"VLOOKUP(B785,'Listado Ins Ana'!$G$3966:$M$8277,2,FALSE)","v":"CAJA DE INSPECCIÓN PARA ALUMBRADO PÚBLICO NORMA CODENSA CS 274 (ZVERDE. INCLUYE BASE, MUROS, PAÑETE, MARCO Y TAPA). MEDIDAS EXTERNAS: 0.90 X 0.90M. MEDIDAS INTERNAS: 0.60 X 0.60M. ALTURA: 0.93M."},{"$f":"VLOOKUP(B785,'Listado Ins Ana'!$G$3966:$M$8277,3,FALSE)","v":"UN"},11,{"$f":"VLOOKUP($B785,'Listado Ins Ana'!$G$3965:$K$8277,4,FALSE)","v":458365},{"$f":"ROUND(G785*(1+$F$867),0)","v":589751},6487261,"Si",6487261,null,null,null,null,null,null,null,"REDES SECAS EXTERNASREDES DE BAJA TENSIÓN3221","REDES SECAS EXTERNAS","REDES DE BAJA TENSIÓN",{"$f":"VLOOKUP(U785,'auxiliar capitulos'!$A$2:$M$68,13,FALSE)","v":"5.1.2"},4,null,11,null,null,5,null,null,null,null,null,2,1,null,2,null,null,null,null,null,null,1]
[836,"REC013","5.1.2.5",{"$f":"VLOOKUP(B786,'Listado Ins Ana'!$G$3966:$M$8277,2,FALSE)","v":"POSTE METALICO AP, H=6M  NORMA ENEL AP813 TIPO M130 CON BRAZO SENCILLO (INC. SUMIN., IZAJE, APLOMADO, INST., BASE) NO INCLUYE LUMINARIA"},{"$f":"VLOOKUP(B786,'Listado Ins Ana'!$G$3966:$M$8277,3,FALSE)","v":"UN"},22,{"$f":"VLOOKUP(B786,'Listado Ins Ana'!$G$3966:$M$8277,4,FALSE)","v":1293011},{"$f":"ROUND(G786*(1+$F$867),0)","v":1663640},36600080,"Si",36600080,null,null,null,null,null,null,null,"REDES SECAS EXTERNASREDES DE BAJA TENSIÓNREC013","REDES SECAS EXTERNAS","REDES DE BAJA TENSIÓN",{"$f":"VLOOKUP(U786,'auxiliar capitulos'!$A$2:$M$68,13,FALSE)","v":"5.1.2"},5,null,22,null,null,9,null,null,null,null,2,null,7,null,2,null,null,null,null,null,null,null,null,null,null,null,2]
[837,null,{"$f":"IF(W787=\"\",V787,CONCATENATE(V787,\".\",W787))","v":"5.2.4"},"REDES DE MEDIA TENSIÓN",null,null,null,null,null,null,null,null,null,null,null,null,null,null,"REDES SECAS EXTERNASREDES DE MEDIA TENSIÓN","REDES SECAS EXTERNAS","REDES DE MEDIA TENSIÓN",{"$f":"VLOOKUP(U787,'auxiliar capitulos'!$A$2:$M$68,13,FALSE)","v":"5.2.4"},{"$f":"IF(E787=\"\",\"\",IF(#REF!=\"\",1,#REF!+1))","v":""}]
[838,"REC001","5.2.4.1",{"$f":"VLOOKUP(B788,'Listado Ins Ana'!$G$3966:$M$8277,2,FALSE)","v":"TRAMITES PARA MANIOBRA Y LIBRANZA DE REDES 11,4kV ANTE OPERADOR DE RED ENEL"},{"$f":"VLOOKUP(B788,'Listado Ins Ana'!$G$3966:$M$8277,3,FALSE)","v":"GL"},{"$f":"Y788","v":19},{"$f":"VLOOKUP(B788,'Listado Ins Ana'!$G$3966:$M$8277,4,FALSE)","v":595000},{"$f":"ROUND(G788*(1+$F$867),0)","v":765551},{"$f":"ROUND(H788*F788,0)","v":14545469},"No",{"$f":"+I788","v":14545469},null,null,null,null,null,null,null,"REDES SECAS EXTERNASREDES DE MEDIA TENSIÓNREC001","REDES SECAS EXTERNAS","REDES DE MEDIA TENSIÓN",{"$f":"VLOOKUP(U788,'auxiliar capitulos'!$A$2:$M$68,13,FALSE)","v":"5.2.4"},1,null,19,null,null,null,null,2,null,1,1,1,1,4,null,2,1,2,null,3,null,null,1]
[839,"REC002","5.2.4.2",{"$f":"VLOOKUP(B789,'Listado Ins Ana'!$G$3966:$M$8277,2,FALSE)","v":"DESMONTE Y ENTREGA DE RED AÉREA TRIFÁSICA 11,kV DIFERENTES CALIBRES"},{"$f":"VLOOKUP(B789,'Listado Ins Ana'!$G$3966:$M$8277,3,FALSE)","v":"ML"},1103,{"$f":"VLOOKUP(B789,'Listado Ins Ana'!$G$3966:$M$8277,4,FALSE)","v":7918.86},10189,11238467,"No",{"$f":"+I789","v":11238467},null,null,null,null,null,null,null,"REDES SECAS EXTERNASREDES DE MEDIA TENSIÓNREC002","REDES SECAS EXTERNAS","REDES DE MEDIA TENSIÓN",{"$f":"VLOOKUP(U789,'auxiliar capitulos'!$A$2:$M$68,13,FALSE)","v":"5.2.4"},2,null,1103,null,null,null,null,62,null,51,38,26,57,396,null,57,51,76,null,222,null,null,67]
[840,"REC003","5.2.4.3",{"$f":"VLOOKUP(B790,'Listado Ins Ana'!$G$3966:$M$8277,2,FALSE)","v":"DESMONTE Y ENTREGA ESTRUCTURA 11,4kV (CRUCETAS, AISLADORES, HERRAJES) NO INCLUYE POSTE"},{"$f":"VLOOKUP(B790,'Listado Ins Ana'!$G$3966:$M$8277,3,FALSE)","v":"UN"},52,{"$f":"VLOOKUP(B790,'Listado Ins Ana'!$G$3966:$M$8277,4,FALSE)","v":130899.53},168421,8757892,"No",8757892,null,null,null,null,null,null,null,"REDES SECAS EXTERNASREDES DE MEDIA TENSIÓNREC003","REDES SECAS EXTERNAS","REDES DE MEDIA TENSIÓN",{"$f":"VLOOKUP(U790,'auxiliar capitulos'!$A$2:$M$68,13,FALSE)","v":"5.2.4"},3,null,52,null,null,null,null,4,null,2,2,null,2,16,null,4,4,3,null,12,null,null,3]
[841,7676,"5.2.4.4",{"$f":"VLOOKUP(B791,'Listado Ins Ana'!$G$3966:$M$8277,2,FALSE)","v":"RETIRO DE POSTES DE MT (INCLUYE TRASLADO A SITIO DE ACOPIO, RETIRO DE POSTE, RETENIDAS, ESTRUCTURAS DE AMARRE Y SOPORTE DE RED AÉREA)."},{"$f":"VLOOKUP(B791,'Listado Ins Ana'!$G$3966:$M$8277,3,FALSE)","v":"UN"},43,{"$f":"VLOOKUP(B791,'Listado Ins Ana'!$G$3966:$M$8277,4,FALSE)","v":298097},383544,16492392,"No",16492392,null,null,null,null,null,null,null,"REDES SECAS EXTERNASREDES DE MEDIA TENSIÓN7676","REDES SECAS EXTERNAS","REDES DE MEDIA TENSIÓN",{"$f":"VLOOKUP(U791,'auxiliar capitulos'!$A$2:$M$68,13,FALSE)","v":"5.2.4"},4,null,43,null,null,null,null,4,null,3,2,null,2,11,null,3,3,3,null,10,null,null,2]
[842,"REC009","5.2.4.5",{"$f":"VLOOKUP(B792,'Listado Ins Ana'!$G$3966:$M$8277,2,FALSE)","v":"POSTE EN CONCRETO LA, H=12M, CR=1350 KG (INC. SUMINISTRO, IZAJE, HINCADO, APLOMADO Y CIMENTACIÓN SEGÚN NORMA LA009)"},{"$f":"VLOOKUP(B792,'Listado Ins Ana'!$G$3966:$M$8277,3,FALSE)","v":"UN"},24,{"$f":"VLOOKUP(B792,'Listado Ins Ana'!$G$3966:$M$8277,4,FALSE)","v":1451653.5},1867755,44826120,"No",44826120,null,null,null,null,null,null,null,"REDES SECAS EXTERNASREDES DE MEDIA TENSIÓNREC009","REDES SECAS EXTERNAS","REDES DE MEDIA TENSIÓN",{"$f":"VLOOKUP(U792,'auxiliar capitulos'!$A$2:$M$68,13,FALSE)","v":"5.2.4"},5,null,24,null,null,null,null,4,null,2,2,1,2,null,null,3,null,4,null,4,null,null,2]
[843,"REC004","5.2.4.6",{"$f":"VLOOKUP(B793,'Listado Ins Ana'!$G$3966:$M$8277,2,FALSE)","v":"LA655 RED AISLADA - TRANSICIÓN DE RED AISLADA A RED DESNUDA 11,4 kV o 13,2 kV  -SIN POSTE"},{"$f":"VLOOKUP(B793,'Listado Ins Ana'!$G$3966:$M$8277,3,FALSE)","v":"UN"},26,{"$f":"VLOOKUP(B793,'Listado Ins Ana'!$G$3966:$M$8277,4,FALSE)","v":4520113.5999999996},5815759,151209734,"No",151209734,null,null,null,null,null,null,null,"REDES SECAS EXTERNASREDES DE MEDIA TENSIÓNREC004","REDES SECAS EXTERNAS","REDES DE MEDIA TENSIÓN",{"$f":"VLOOKUP(U793,'auxiliar capitulos'!$A$2:$M$68,13,FALSE)","v":"5.2.4"},6,null,26,null,null,null,null,4,null,2,2,null,2,null,null,3,2,4,null,5,null,null,2]
[844,"REC006","5.2.4.7",{"$f":"VLOOKUP(B794,'Listado Ins Ana'!$G$3966:$M$8277,2,FALSE)","v":"CABLE CUADRUPLEX - XLPE 15kV ALUMINIO  3x150mm2 + 50mm2 "},{"$f":"VLOOKUP(B794,'Listado Ins Ana'!$G$3966:$M$8277,3,FALSE)","v":"ML"},777,{"$f":"VLOOKUP(B794,'Listado Ins Ana'!$G$3966:$M$8277,4,FALSE)","v":148330.70000000001},190848,148288896,"No",148288896,null,null,null,null,null,null,null,"REDES SECAS EXTERNASREDES DE MEDIA TENSIÓNREC006","REDES SECAS EXTERNAS","REDES DE MEDIA TENSIÓN",{"$f":"VLOOKUP(U794,'auxiliar capitulos'!$A$2:$M$68,13,FALSE)","v":"5.2.4"},7,null,777,null,null,null,null,70,null,55,42,null,61,null,null,106,55,81,null,236,null,null,71]
[845,3373,"5.2.4.8",{"$f":"VLOOKUP(B795,'Listado Ins Ana'!$G$3966:$M$8277,2,FALSE)","v":"POSTE EN CONCRETO LA, H=12M, CR=1050 KG (INC. SUMINISTRO, IZAJE, HINCADO, APLOMADO Y CIMENTACIÓN SEGÚN NORMA LA009)"},{"$f":"VLOOKUP(B795,'Listado Ins Ana'!$G$3966:$M$8277,3,FALSE)","v":"UN"},4,{"$f":"VLOOKUP(B795,'Listado Ins Ana'!$G$3966:$M$8277,4,FALSE)","v":1421610},1829100,7316400,"No",7316400,null,null,null,null,null,null,null,"REDES SECAS EXTERNASREDES DE MEDIA TENSIÓN3373","REDES SECAS EXTERNAS","REDES DE MEDIA TENSIÓN",{"$f":"VLOOKUP(U795,'auxiliar capitulos'!$A$2:$M$68,13,FALSE)","v":"5.2.4"},8,null,4,null,null,null,null,null,null,1,null,null,null,1,null,null,null,null,null,2]
[846,"REC005","5.2.4.9",{"$f":"VLOOKUP(B796,'Listado Ins Ana'!$G$3966:$M$8277,2,FALSE)","v":"LA653 RED AISLADA - SUSPENSIÓN 11,4 kV o 13,2 Kv  - SIN POSTE"},{"$f":"VLOOKUP(B796,'Listado Ins Ana'!$G$3966:$M$8277,3,FALSE)","v":"UN"},9,{"$f":"VLOOKUP(B796,'Listado Ins Ana'!$G$3966:$M$8277,4,FALSE)","v":419919},540285,4862565,"No",4862565,null,null,null,null,null,null,null,"REDES SECAS EXTERNASREDES DE MEDIA TENSIÓNREC005","REDES SECAS EXTERNAS","REDES DE MEDIA TENSIÓN",{"$f":"VLOOKUP(U796,'auxiliar capitulos'!$A$2:$M$68,13,FALSE)","v":"5.2.4"},9,null,9,null,null,null,null,null,null,1,null,null,1,null,null,1,1,1,null,3,null,null,1]
[847,"REC007",{"$f":"IF(W797=\"\",V797,CONCATENATE(V797,\".\",W797))","v":"5.2.4.10"},{"$f":"VLOOKUP(B797,'Listado Ins Ana'!$G$3966:$M$8277,2,FALSE)","v":"TRASLADO TRANSFORMADOR TRIFÁSICO 11,4kV EN POSTE DIFERENTES POTENCIAS -  INCLUYE TRASLADO MACROMEDIDOR"},{"$f":"VLOOKUP(B797,'Listado Ins Ana'!$G$3966:$M$8277,3,FALSE)","v":"UN"},3,{"$f":"VLOOKUP(B797,'Listado Ins Ana'!$G$3966:$M$8277,4,FALSE)","v":2484967},3197258,{"$f":"ROUND(H797*F797,0)","v":9591774},"No",9591774,null,null,null,null,null,null,null,"REDES SECAS EXTERNASREDES DE MEDIA TENSIÓNREC007","REDES SECAS EXTERNAS","REDES DE MEDIA TENSIÓN",{"$f":"VLOOKUP(U797,'auxiliar capitulos'!$A$2:$M$68,13,FALSE)","v":"5.2.4"},10,null,3,null,null,null,null,null,null,null,null,1,1,1]
[848,"REC008","5.2.4.11",{"$f":"VLOOKUP(B798,'Listado Ins Ana'!$G$3966:$M$8277,2,FALSE)","v":"TRASLADO INTERRUPTOR  O SECCIONALIZADOR TRIFÁSICO  11,4kV EN POSTE"},{"$f":"VLOOKUP(B798,'Listado Ins Ana'!$G$3966:$M$8277,3,FALSE)","v":"UN"},1,{"$f":"VLOOKUP(B798,'Listado Ins Ana'!$G$3966:$M$8277,4,FALSE)","v":1575155},2026657,2026657,"No",2026657,null,null,null,null,null,null,null,"REDES SECAS EXTERNASREDES DE MEDIA TENSIÓNREC008","REDES SECAS EXTERNAS","REDES DE MEDIA TENSIÓN",{"$f":"VLOOKUP(U798,'auxiliar capitulos'!$A$2:$M$68,13,FALSE)","v":"5.2.4"},11,null,1,null,null,null,null,null,null,null,null,0,0,1]
[849,8131,"5.2.4.12",{"$f":"VLOOKUP(B799,'Listado Ins Ana'!$G$3966:$M$8277,2,FALSE)","v":"RETIRO DE RED AÉREA (INCLUYE TRANSPORTE Y DISPOSICIÓN DE SOBRANTES)"},{"$f":"VLOOKUP(B799,'Listado Ins Ana'!$G$3966:$M$8277,3,FALSE)","v":"ML"},272,{"$f":"VLOOKUP(B799,'Listado Ins Ana'!$G$3966:$M$8277,4,FALSE)","v":2239},2881,783632,"No",783632,null,null,null,null,null,null,null,"REDES SECAS EXTERNASREDES DE MEDIA TENSIÓN8131","REDES SECAS EXTERNAS","REDES DE MEDIA TENSIÓN",{"$f":"VLOOKUP(U799,'auxiliar capitulos'!$A$2:$M$68,13,FALSE)","v":"5.2.4"},12,null,272,null,null,null,null,null,null,null,null,null,null,272]
[850,3408,"5.2.4.13",{"$f":"VLOOKUP(B800,'Listado Ins Ana'!$G$3966:$M$8277,2,FALSE)","v":"6 DUCTOS D=6\" PVC-TDP (INCLUYE SUMINISTRO E INSTALACIÓN. NO INCLUYE RELLENOS). NORMA CS212."},{"$f":"VLOOKUP(B800,'Listado Ins Ana'!$G$3966:$M$8277,3,FALSE)","v":"ML"},119,{"$f":"VLOOKUP(B800,'Listado Ins Ana'!$G$3966:$M$8277,4,FALSE)","v":260368},335000,39865000,"No",39865000,null,null,null,null,null,null,null,"REDES SECAS EXTERNASREDES DE MEDIA TENSIÓN3408","REDES SECAS EXTERNAS","REDES DE MEDIA TENSIÓN",{"$f":"VLOOKUP(U800,'auxiliar capitulos'!$A$2:$M$68,13,FALSE)","v":"5.2.4"},13,null,119,null,null,null,null,null,null,null,null,null,null,119]
[851,3388,"5.2.4.14",{"$f":"VLOOKUP(B801,'Listado Ins Ana'!$G$3966:$M$8277,2,FALSE)","v":"9 DUCTOS D=6\" PVC-TDP (INCLUYE SUMINISTRO E INSTALACIÓN. NO INCLUYE RELLENOS) NORMA CS213."},{"$f":"VLOOKUP(B801,'Listado Ins Ana'!$G$3966:$M$8277,3,FALSE)","v":"ML"},201,{"$f":"VLOOKUP(B801,'Listado Ins Ana'!$G$3966:$M$8277,4,FALSE)","v":389045},500561,100612761,"No",100612761,null,null,null,null,null,null,null,"REDES SECAS EXTERNASREDES DE MEDIA TENSIÓN3388","REDES SECAS EXTERNAS","REDES DE MEDIA TENSIÓN",{"$f":"VLOOKUP(U801,'auxiliar capitulos'!$A$2:$M$68,13,FALSE)","v":"5.2.4"},14,null,201,null,null,null,null,null,null,null,null,null,null,201]
[852,4107,"5.2.4.15",{"$f":"VLOOKUP(B802,'Listado Ins Ana'!$G$3966:$M$8277,2,FALSE)","v":"CAJA DE INSPECCIÓN DOBLE PARA CANALIZACIÓN NORMA CODENSA CS 276 (ZVERDE. INCLUYE BASE, MUROS, PAÑETE, MARCO Y TAPAS). MEDIDAS EXTERNAS: 1.79 X 1.49M. MEDIDAS INTERNAS: 1.49 X 1.19M. ALTURA: 1.22M."},{"$f":"VLOOKUP(B802,'Listado Ins Ana'!$G$3966:$M$8277,3,FALSE)","v":"UN"},10,{"$f":"VLOOKUP(B802,'Listado Ins Ana'!$G$3966:$M$8277,4,FALSE)","v":1145705},1474110,14741100,"No",14741100,null,null,null,null,null,null,null,"REDES SECAS EXTERNASREDES DE MEDIA TENSIÓN4107","REDES SECAS EXTERNAS","REDES DE MEDIA TENSIÓN",{"$f":"VLOOKUP(U802,'auxiliar capitulos'!$A$2:$M$68,13,FALSE)","v":"5.2.4"},15,null,10,null,null,null,null,null,null,null,null,null,null,10]
[853,8111,"5.2.4.16",{"$f":"VLOOKUP(B803,'Listado Ins Ana'!$G$3966:$M$8277,2,FALSE)","v":"ACOMETIDA EN MEDIA TENSIÓN EN CONDUCTORES ALUMINIO 3X185 MM^2, XLPE, 15KV, 133%, +1 NO. 2 CU DESNUDO, CON CONOS DE ALIVIO, TERMINALES Y ACCESORIOS (INCLUYE SUMINISTRO E INSTALACIÓN TUBERIA PVC 3\" Y CABLES)"},{"$f":"VLOOKUP(B803,'Listado Ins Ana'!$G$3966:$M$8277,3,FALSE)","v":"ML"},577,{"$f":"VLOOKUP(B803,'Listado Ins Ana'!$G$3966:$M$8277,4,FALSE)","v":118437},152386,87926722,"No",87926722,null,null,null,null,null,null,null,"REDES SECAS EXTERNASREDES DE MEDIA TENSIÓN8111","REDES SECAS EXTERNAS","REDES DE MEDIA TENSIÓN",{"$f":"VLOOKUP(U803,'auxiliar capitulos'!$A$2:$M$68,13,FALSE)","v":"5.2.4"},16,null,577,null,null,null,null,null,null,null,null,null,null,577]
[854,"REC018",{"$f":"IF(W804=\"\",V804,CONCATENATE(V804,\".\",W804))","v":"5.2.4.17"},{"$f":"VLOOKUP(B804,'Listado Ins Ana'!$G$3966:$M$8277,2,FALSE)","v":"LA221 CIRCUITO PRIMARIO SENCILLO SALIDA SUBESTACION O SUBTERRANIZACION CIRCUITO PRINCIPAL - NO INCLUYE POSTE - NO INCLUYE TEMPLETE"},{"$f":"VLOOKUP(B804,'Listado Ins Ana'!$G$3966:$M$8277,3,FALSE)","v":"UN"},5,{"$f":"VLOOKUP(B804,'Listado Ins Ana'!$G$3966:$M$8277,4,FALSE)","v":4194641},5396993,{"$f":"ROUND(H804*F804,0)","v":26984965},"No",26984965,null,null,null,null,null,null,null,"REDES SECAS EXTERNASREDES DE MEDIA TENSIÓNREC018","REDES SECAS EXTERNAS","REDES DE MEDIA TENSIÓN",{"$f":"VLOOKUP(U804,'auxiliar capitulos'!$A$2:$M$68,13,FALSE)","v":"5.2.4"},17,null,5,null,null,null,null,null,null,null,null,null,null,5]
[855,"REC010","5.2.4.18",{"$f":"VLOOKUP(B805,'Listado Ins Ana'!$G$3966:$M$8277,2,FALSE)","v":"LAR412 RETENIDA POSTE A VARILLA DE ANCLAJE TERMINAL O EN ANGULO"},{"$f":"VLOOKUP(B805,'Listado Ins Ana'!$G$3966:$M$8277,3,FALSE)","v":"UN"},16,{"$f":"VLOOKUP(B805,'Listado Ins Ana'!$G$3966:$M$8277,4,FALSE)","v":91653.5},117925,1886800,"No",1886800,null,null,null,null,null,null,null,"REDES SECAS EXTERNASREDES DE MEDIA TENSIÓNREC010","REDES SECAS EXTERNAS","REDES DE MEDIA TENSIÓN",{"$f":"VLOOKUP(U805,'auxiliar capitulos'!$A$2:$M$68,13,FALSE)","v":"5.2.4"},18,null,16,null,null,null,null,null,null,null,null,null,null,1,null,null,null,null,null,15]
[856,"REC019","5.2.4.19",{"$f":"VLOOKUP(B806,'Listado Ins Ana'!$G$3966:$M$8277,2,FALSE)","v":"ET492 SISTEMA DE PUESTA A TIERRA EN ACERO INOXIDABLE"},{"$f":"VLOOKUP(B806,'Listado Ins Ana'!$G$3966:$M$8277,3,FALSE)","v":"UN"},5,{"$f":"VLOOKUP(B806,'Listado Ins Ana'!$G$3966:$M$8277,4,FALSE)","v":685634},882164,4410820,"No",4410820,null,null,null,null,null,null,null,"REDES SECAS EXTERNASREDES DE MEDIA TENSIÓNREC019","REDES SECAS EXTERNAS","REDES DE MEDIA TENSIÓN",{"$f":"VLOOKUP(U806,'auxiliar capitulos'!$A$2:$M$68,13,FALSE)","v":"5.2.4"},19,null,5,null,null,null,null,null,null,null,null,null,null,5]
[857,3591,"5.2.4.20",{"$f":"VLOOKUP(B807,'Listado Ins Ana'!$G$3966:$M$8277,2,FALSE)","v":"2 DUCTOS D=4\" PVC-TDP (INCLUYE SUMINISTRO E INSTALACIÓN. NO INCLUYE RELLENOS). NORMA CS208."},{"$f":"VLOOKUP(B807,'Listado Ins Ana'!$G$3966:$M$8277,3,FALSE)","v":"ML"},92,{"$f":"VLOOKUP(B807,'Listado Ins Ana'!$G$3966:$M$8277,4,FALSE)","v":41059},52828,4860176,"No",4860176,null,null,null,null,null,null,null,"REDES SECAS EXTERNASREDES DE MEDIA TENSIÓN3591","REDES SECAS EXTERNAS","REDES DE MEDIA TENSIÓN",{"$f":"VLOOKUP(U807,'auxiliar capitulos'!$A$2:$M$68,13,FALSE)","v":"5.2.4"},20,null,92,null,92]
[858,4130,"5.2.4.21",{"$f":"VLOOKUP(B808,'Listado Ins Ana'!$G$3966:$M$8277,2,FALSE)","v":"CAJA DE PASO SENCILLA ANDEN CONCRETO ETB (INCLUYE BASE, MUROS, PAÑETE, BORDILLO PERIMETRAL, MARCO Y TAPA). MEDIDAS EXTERNAS: 0.90 X 0.79M. MEDIDAS INTERNAS 0.60X0.50M. ALTURA: 0.96M."},{"$f":"VLOOKUP(B808,'Listado Ins Ana'!$G$3966:$M$8277,3,FALSE)","v":"UN"},2,{"$f":"VLOOKUP(B808,'Listado Ins Ana'!$G$3966:$M$8277,4,FALSE)","v":477722},614656,1229312,"No",1229312,null,null,null,null,null,null,null,"REDES SECAS EXTERNASREDES DE MEDIA TENSIÓN4130","REDES SECAS EXTERNAS","REDES DE MEDIA TENSIÓN",{"$f":"VLOOKUP(U808,'auxiliar capitulos'!$A$2:$M$68,13,FALSE)","v":"5.2.4"},21,null,2,null,2]
[859,4131,"5.2.4.22",{"$f":"VLOOKUP(B809,'Listado Ins Ana'!$G$3966:$M$8277,2,FALSE)","v":"CAJA DE PASO DOBLE ANDEN CONCRETO ETB (INCLUYE BASE, MUROS, PAÑETE, BORDILLO PERIMETRAL, MARCO Y TAPA). MEDIDAS EXTERNAS 1.36 X 0.89M. MEDIDAS INTERNAS: 1.06 X 0.60M. ALTURA: 0.96M."},{"$f":"VLOOKUP(B809,'Listado Ins Ana'!$G$3966:$M$8277,3,FALSE)","v":"UN"},1,{"$f":"VLOOKUP(B809,'Listado Ins Ana'!$G$3966:$M$8277,4,FALSE)","v":727802},936419,936419,"No",936419,null,null,null,null,null,null,null,"REDES SECAS EXTERNASREDES DE MEDIA TENSIÓN4131","REDES SECAS EXTERNAS","REDES DE MEDIA TENSIÓN",{"$f":"VLOOKUP(U809,'auxiliar capitulos'!$A$2:$M$68,13,FALSE)","v":"5.2.4"},22,null,1,null,1]
[860,"RCE001","5.2.4.23",{"$f":"VLOOKUP(B810,'Listado Ins Ana'!$G$3966:$M$8277,2,FALSE)","v":"RETIRO DE POSTES TELEFÓNICO (INCLUYE TRASLADO A SITIO DE ACOPIO, RETIRO DE POSTE, RETENIDAS, ESTRUCTURAS DE AMARRE Y SOPORTE DE RED TELEFÓNICA AÉREA)."},{"$f":"VLOOKUP(B810,'Listado Ins Ana'!$G$3966:$M$8277,3,FALSE)","v":"UN"},3,{"$f":"VLOOKUP(B810,'Listado Ins Ana'!$G$3966:$M$8277,4,FALSE)","v":282124},362992,1088976,"No",1088976,null,null,null,null,null,null,null,"REDES SECAS EXTERNASREDES DE MEDIA TENSIÓNRCE001","REDES SECAS EXTERNAS","REDES DE MEDIA TENSIÓN",{"$f":"VLOOKUP(U810,'auxiliar capitulos'!$A$2:$M$68,13,FALSE)","v":"5.2.4"},23,null,3,null,3]
[861,3376,"5.2.4.24",{"$f":"VLOOKUP(B811,'Listado Ins Ana'!$G$3966:$M$8277,2,FALSE)","v":"POSTE EN CONCRETO LA, H=14M, CR=1350 KG (INC. SUMINISTRO, IZAJE, HINCADO, APLOMADO Y CIMENTACIÓN SEGÚN NORMA LA009)"},{"$f":"VLOOKUP(B811,'Listado Ins Ana'!$G$3966:$M$8277,3,FALSE)","v":"UN"},7,{"$f":"VLOOKUP(B811,'Listado Ins Ana'!$G$3966:$M$8277,4,FALSE)","v":2158231},2776866,19438062,"No",19438062,null,null,null,null,null,null,null,"REDES SECAS EXTERNASREDES DE MEDIA TENSIÓN3376","REDES SECAS EXTERNAS","REDES DE MEDIA TENSIÓN",{"$f":"VLOOKUP(U811,'auxiliar capitulos'!$A$2:$M$68,13,FALSE)","v":"5.2.4"},24,null,7,null,null,null,null,null,null,null,null,null,null,null,null,null,2,null,null,5]
[862,3356,"5.2.4.25",{"$f":"VLOOKUP(B812,'Listado Ins Ana'!$G$3966:$M$8277,2,FALSE)","v":"POSTE EN CONCRETO AP, H=14M, CR=1050 KG (INC. SUMINISTRO, IZAJE, HINCADO, APLOMADO Y CIMENTACIÓN SEGÚN NORMA LA009)"},{"$f":"VLOOKUP(B812,'Listado Ins Ana'!$G$3966:$M$8277,3,FALSE)","v":"UN"},2,{"$f":"VLOOKUP(B812,'Listado Ins Ana'!$G$3966:$M$8277,4,FALSE)","v":1882435},2422016,4844032,"No",4844032,null,null,null,null,null,null,null,"REDES SECAS EXTERNASREDES DE MEDIA TENSIÓN3356","REDES SECAS EXTERNAS","REDES DE MEDIA TENSIÓN",{"$f":"VLOOKUP(U812,'auxiliar capitulos'!$A$2:$M$68,13,FALSE)","v":"5.2.4"},25,null,2,null,null,null,null,null,null,null,null,null,null,null,null,null,1,null,null,1]
[863,"REC011","5.2.4.26",{"$f":"VLOOKUP(B813,'Listado Ins Ana'!$G$3966:$M$8277,2,FALSE)","v":"LA654 RED AISLADA  - RETENCIÓN  11,4 kV o 13,2 Kv  - SIN POSTE"},{"$f":"VLOOKUP(B813,'Listado Ins Ana'!$G$3966:$M$8277,3,FALSE)","v":"UN"},2,{"$f":"VLOOKUP(B813,'Listado Ins Ana'!$G$3966:$M$8277,4,FALSE)","v":91653.5},117925,235850,"No",235850,null,null,null,null,null,null,null,"REDES SECAS EXTERNASREDES DE MEDIA TENSIÓNREC011","REDES SECAS EXTERNAS","REDES DE MEDIA TENSIÓN",{"$f":"VLOOKUP(U813,'auxiliar capitulos'!$A$2:$M$68,13,FALSE)","v":"5.2.4"},26,null,2,null,null,null,null,null,null,null,null,null,null,null,null,null,null,null,null,2]
[864,"REC012","5.2.4.27",{"$f":"VLOOKUP(B814,'Listado Ins Ana'!$G$3966:$M$8277,2,FALSE)","v":"LA657 RED AISLADA - TRANSICIÓN DE RED AISLADA A RED SUBTERRANEA 11,4 kV o 13,2 kV  -SIN POSTE"},{"$f":"VLOOKUP(B814,'Listado Ins Ana'!$G$3966:$M$8277,3,FALSE)","v":"UN"},1,{"$f":"VLOOKUP(B814,'Listado Ins Ana'!$G$3966:$M$8277,4,FALSE)","v":366614},471700,471700,"No",471700,null,null,null,null,null,null,null,"REDES SECAS EXTERNASREDES DE MEDIA TENSIÓNREC012","REDES SECAS EXTERNAS","REDES DE MEDIA TENSIÓN",{"$f":"VLOOKUP(U814,'auxiliar capitulos'!$A$2:$M$68,13,FALSE)","v":"5.2.4"},27,null,1,null,null,null,null,null,null,null,null,null,null,null,null,null,null,null,null,1]
[865,null,{"$f":"IF(W815=\"\",V815,CONCATENATE(V815,\".\",W815))","v":"5.3"},"REDES GAS NATURAL",null,null,null,null,null,null,null,null,null,null,null,null,null,null,null,null,"REDES GAS NATURAL",{"$f":"VLOOKUP(U815,'auxiliar capitulos'!$A$2:$M$68,13,FALSE)","v":"5.3"},{"$f":"IF(E815=\"\",\"\",IF(#REF!=\"\",1,#REF!+1))","v":""}]
[866,3007,"5.3.1",{"$f":"VLOOKUP(B816,'Listado Ins Ana'!$G$3966:$M$8277,2,FALSE)","v":"REPLANTEO GENERAL"},{"$f":"VLOOKUP(B816,'Listado Ins Ana'!$G$3966:$M$8277,3,FALSE)","v":"M2"},{"$f":"Y816","v":455.59999999999997},{"$f":"VLOOKUP($B816,'Listado Ins Ana'!$G$3965:$K$8277,4,FALSE)","v":671},{"$f":"ROUND(G816*(1+$F$867),0)","v":863},{"$f":"ROUND(H816*F816,0)","v":393183},"No",{"$f":"+I816","v":393183},null,null,null,null,null,null,null,{"$f":"VLOOKUP(B816,'Listado Ins Ana'!$G$3966:$J$100621,4,FALSE)-G816","v":0},null,"REDES GAS NATURAL",{"$f":"VLOOKUP(U816,'auxiliar capitulos'!$A$2:$M$68,13,FALSE)","v":"5.3"},{"$f":"IF(E816=\"\",\"\",IF(E815=\"\",1,W815+1))","v":1},null,{"$f":"SUM(Z816:CJ816)","v":455.59999999999997},null,319.92,65.84,null,null,null,34.080000000000005,19.36,16.400000000000002]
[867,3378,"5.3.2",{"$f":"VLOOKUP(B817,'Listado Ins Ana'!$G$3966:$M$8277,2,FALSE)","v":"DESCAPOTE A MANO EN MATERIAL COMUN (E=0.1M. INCLUYE CARGUE)"},{"$f":"VLOOKUP(B817,'Listado Ins Ana'!$G$3966:$M$8277,3,FALSE)","v":"M2"},455.59999999999997,{"$f":"VLOOKUP($B817,'Listado Ins Ana'!$G$3965:$K$8277,4,FALSE)","v":2786},3585,1633326,"No",1633326,null,null,null,null,null,null,null,{"$f":"VLOOKUP(B817,'Listado Ins Ana'!$G$3966:$J$100621,4,FALSE)-G817","v":0},null,"REDES GAS NATURAL",{"$f":"VLOOKUP(U817,'auxiliar capitulos'!$A$2:$M$68,13,FALSE)","v":"5.3"},{"$f":"IF(E817=\"\",\"\",IF(E816=\"\",1,W816+1))","v":2},null,455.59999999999997,null,319.92,65.84,null,null,null,34.080000000000005,19.36,16.400000000000002]
[868,3009,"5.3.3",{"$f":"VLOOKUP(B818,'Listado Ins Ana'!$G$3966:$M$8277,2,FALSE)","v":"EXCAVACION MANUAL PARA REDES PROFUNDIDAD 0M - 2M (INCLUYE CARGUE)"},{"$f":"VLOOKUP(B818,'Listado Ins Ana'!$G$3966:$M$8277,3,FALSE)","v":"M3"},273.36,{"$f":"VLOOKUP($B818,'Listado Ins Ana'!$G$3965:$K$8277,4,FALSE)","v":31876},41013,11211314,"No",11211314,null,null,null,null,null,null,null,{"$f":"VLOOKUP(B818,'Listado Ins Ana'!$G$3966:$J$100621,4,FALSE)-G818","v":0},null,"REDES GAS NATURAL",{"$f":"VLOOKUP(U818,'auxiliar capitulos'!$A$2:$M$68,13,FALSE)","v":"5.3"},3,null,273.36,null,191.952,39.504000000000005,null,null,null,20.448000000000004,11.616,9.8400000000000016]
[47,7462,"5.3.4",{"$f":"VLOOKUP(B819,'Listado Ins Ana'!$G$2:$M$3331,2,FALSE)","v":"TRANSPORTE DE PETREOS"},{"$f":"VLOOKUP(B819,'Listado Ins Ana'!$G$2:$M$3331,3,FALSE)","v":"M3-KM"},{"$f":"+Y819","v":11584.996800000001},{"$f":"VLOOKUP(B819,'Listado Ins Ana'!$G$2:$M$3331,4,FALSE)","v":1449},1864,21594434,"No",21594434,null,null,null,null,null,null,null,{"$f":"VLOOKUP(B819,'Listado Ins Ana'!$G$3966:$J$100621,4,FALSE)-G819","v":2132103},null,"REDES GAS NATURAL",{"$f":"VLOOKUP(U819,'auxiliar capitulos'!$A$2:$M$68,13,FALSE)","v":"5.3"},4,null,11584.996800000001,{"$f":"Z818*1.3*$CL819","v":0},{"$f":"AA818*1.3*$CL819","v":8134.9257600000001},{"$f":"AB818*1.3*$CL819","v":1674.1795200000004},{"$f":"AC818*1.3*$CL819","v":0},{"$f":"AD818*1.3*$CL819","v":0},{"$f":"AE818*1.3*$CL819","v":0},{"$f":"AF818*1.3*$CL819","v":866.58624000000032},{"$f":"AG818*1.3*$CL819","v":492.28608000000003},{"$f":"AH818*1.3*$CL819","v":417.01920000000013},{"$f":"AI818*1.3*$CL819","v":0},{"$f":"AJ818*1.3*$CL819","v":0},{"$f":"AK818*1.3*$CL819","v":0},{"$f":"AL818*1.3*$CL819","v":0},{"$f":"AM818*1.3*$CL819","v":0},{"$f":"AN818*1.3*$CL819","v":0},{"$f":"AO818*1.3*$CL819","v":0},{"$f":"AP818*1.3*$CL819","v":0},{"$f":"AQ818*1.3*$CL819","v":0},{"$f":"AR818*1.3*$CL819","v":0},{"$f":"AS818*1.3*$CL819","v":0},{"$f":"AT818*1.3*$CL819","v":0},{"$f":"AU818*1.3*$CL819","v":0},{"$f":"AV818*1.3*$CL819","v":0},{"$f":"AW818*1.3*$CL819","v":0},{"$f":"AX818*1.3*$CL819","v":0},{"$f":"AY818*1.3*$CL819","v":0},{"$f":"AZ818*1.3*$CL819","v":0},{"$f":"BA818*1.3*$CL819","v":0},{"$f":"BB818*1.3*$CL819","v":0},{"$f":"BC818*1.3*$CL819","v":0},{"$f":"BD818*1.3*$CL819","v":0},{"$f":"BE818*1.3*$CL819","v":0},{"$f":"BF818*1.3*$CL819","v":0},{"$f":"BG818*1.3*$CL819","v":0},{"$f":"BH818*1.3*$CL819","v":0},{"$f":"BI818*1.3*$CL819","v":0},{"$f":"BJ818*1.3*$CL819","v":0},{"$f":"BK818*1.3*$CL819","v":0},{"$f":"BL818*1.3*$CL819","v":0},{"$f":"BM818*1.3*$CL819","v":0},{"$f":"BN818*1.3*$CL819","v":0},{"$f":"BO818*1.3*$CL819","v":0},{"$f":"BP818*1.3*$CL819","v":0},{"$f":"BQ818*1.3*$CL819","v":0},{"$f":"BR818*1.3*$CL819","v":0},{"$f":"BS818*1.3*$CL819","v":0},{"$f":"BT818*1.3*$CL819","v":0},{"$f":"BU818*1.3*$CL819","v":0},{"$f":"BV818*1.3*$CL819","v":0},{"$f":"BW818*1.3*$CL819","v":0},{"$f":"BX818*1.3*$CL819","v":0},{"$f":"BY818*1.3*$CL819","v":0},{"$f":"BZ818*1.3*$CL819","v":0},{"$f":"CA818*1.3*$CL819","v":0},{"$f":"CB818*1.3*$CL819","v":0},{"$f":"CC818*1.3*$CL819","v":0},{"$f":"CD818*1.3*$CL819","v":0},{"$f":"CE818*1.3*$CL819","v":0},null,{"$f":"CG818*1.3*$CL819","v":0},{"$f":"CH818*1.3*$CL819","v":0},{"$f":"CI818*1.3*$CL819","v":0},{"$f":"CJ818*1.3*$CL819","v":0},"Distancia de acarreo critica a Mondoñedo",32.6]
[870,"GNA001","5.3.5",{"$f":"VLOOKUP(B820,'Listado Ins Ana'!$G$3966:$M$8277,2,FALSE)","v":"SUMINISTRO E INSTALACIÓN TUBERÍA G.N. PE 3/4\""},{"$f":"VLOOKUP(B820,'Listado Ins Ana'!$G$3966:$M$8277,3,FALSE)","v":"ML"},{"$f":"Y820","v":430.20000000000005},{"$f":"VLOOKUP($B820,'Listado Ins Ana'!$G$3965:$K$8277,4,FALSE)","v":6094.7599999999993},7842,3373628,"Si. Consultar si hay accesorios y valvulas. Medidores y acometidas, cajas de inspección.",3373628,null,null,null,null,null,null,null,{"$f":"VLOOKUP(B820,'Listado Ins Ana'!$G7716:$J101533,4,FALSE)-G820","v":0},null,"REDES GAS NATURAL",{"$f":"VLOOKUP(U820,'auxiliar capitulos'!$A$2:$M$68,13,FALSE)","v":"5.3"},5,null,430.20000000000005,null,260.60000000000002,82.300000000000011,null,null,null,42.6,24.2,20.5]
[871,"GNA002","5.3.6",{"$f":"VLOOKUP(B821,'Listado Ins Ana'!$G$3966:$M$8277,2,FALSE)","v":"SUMINISTRO E INSTALACIÓN TUBERÍA G.N. PE 3\""},{"$f":"VLOOKUP(B821,'Listado Ins Ana'!$G$3966:$M$8277,3,FALSE)","v":"ML"},{"$f":"Y821","v":139.30000000000001},{"$f":"VLOOKUP($B821,'Listado Ins Ana'!$G$3965:$K$8277,4,FALSE)","v":45169.64},58117,8095698,"Si. Consultar si hay accesorios y valvulas. Medidores y acometidas, cajas de inspección.",8095698,null,null,null,null,null,null,null,{"$f":"VLOOKUP(B821,'Listado Ins Ana'!$G7716:$J101534,4,FALSE)-G821","v":0},null,"REDES GAS NATURAL",{"$f":"VLOOKUP(U821,'auxiliar capitulos'!$A$2:$M$68,13,FALSE)","v":"5.3"},6,null,139.30000000000001,null,139.30000000000001]
[872,6020,"5.3.7",{"$f":"VLOOKUP(B822,'Listado Ins Ana'!$G$3966:$M$8277,2,FALSE)","v":"RELLENO EN RECEBO COMUN (SUMINISTRO E INSTALACIÓN EXTENDIDO MANUAL, HUMEDECIMIENTO Y COMPACTACIÓN. NO INCLUYE TRANSPORTE)"},{"$f":"VLOOKUP(B822,'Listado Ins Ana'!$G$3966:$M$8277,3,FALSE)","v":"M3"},129.06,{"$f":"VLOOKUP($B822,'Listado Ins Ana'!$G$3965:$K$8277,4,FALSE)","v":28053},36094,4658292,"No",4658292,null,null,null,null,null,null,null,{"$f":"VLOOKUP(B822,'Listado Ins Ana'!$G$3966:$J$100621,4,FALSE)-G822","v":0},null,"REDES GAS NATURAL",{"$f":"VLOOKUP(U822,'auxiliar capitulos'!$A$2:$M$68,13,FALSE)","v":"5.3"},7,null,129.06,null,78.180000000000007,24.69,null,null,null,12.78,7.26,6.1499999999999995]
[873,null,"6","EQUIPOS ESPECIALES",null,null,null,null,null,null,null,null,null,null,null,null,null,null,null,null,"EQUIPOS ESPECIALES",{"$f":"VLOOKUP(U823,'auxiliar capitulos'!$A$2:$M$68,13,FALSE)","v":"6"},{"$f":"IF(E823=\"\",\"\",IF(#REF!=\"\",1,#REF!+1))","v":""},null,0]
[874,"ELE001","6.1","E LEVADOR PARA 8 PERSONAS (630 KGR Y SIN CASA DE MAQUINAS) CON LAS SIGUIENTES ESPECIFICACIONES:  MAQUINARIA TIPO GEARLESS (SIN REDUCTOR), CONTROL REGENERATIVO, SISTEMA DE CONTROL PARA DESGASTES DE BANDAS, PARACAIDAS (SOLIDO Y SEGURO), REGULADOR DE VELOCIDAD, CONTROLADOR ( MICROPROCESADOR PARA EL CONTROL DE FUNCIONAMIENTO DEL ELEVADOR). CONTARA CON LOS  SIGUIENTES DISPOSITIVOS; SEGURIDAD DE PUERTAS, INTERCOMUNICADOR, ADELANTADO AUTOMATICO DE CABINA LLENA, OPERACION DE SOBREPESO, APERTURA Y CIERRE DE PUERTAS, OPERACION COLECTIVA, INSPECCION SOBRE TECHO, FASE 1 BOMBEROS, LUZ DE EMERGENCIA, SISTEMA ANTI-MOLESTIAS, SINTETIZADOR DE VOZ, CABINA DE PASAJEROS DE ACUERDO A SOLICITUDES ESPECIFICAS DE ARQUITECTURA. CUMPLIMIENTO DE LA NORMATIVA COLOMBIANA EN ASCENSORES. ","un",{"$f":"+Y824","v":4},{"$f":"+'COMPARATIVO ELEVADORES'!P6","v":167753322.50999999},{"$f":"ROUND(G824*(1+$F$867),0)","v":215838135},{"$f":"ROUND(H824*F824,0)","v":863352540},"Si",{"$f":"+I824","v":863352540},null,null,null,null,null,null,null,{"$f":"VLOOKUP(B824,'Listado Ins Ana'!$G7716:$J101537,4,FALSE)-G824","v":{"$error":"#N/A"}},null,"EQUIPOS ESPECIALES",{"$f":"VLOOKUP(U824,'auxiliar capitulos'!$A$2:$M$68,13,FALSE)","v":"6"},1,null,4,1,2,1]
[875,"ELE002","6.2","E LEVADOR PANORAMICO PARA 8 PERSONAS (630 KGR Y SIN CASA DE MAQUINAS) CON LAS SIGUIENTES ESPECIFICACIONES:  MAQUINARIA TIPO GEARLESS (SIN REDUCTOR), CONTROL REGENERATIVO, SISTEMA DE CONTROL PARA DESGASTES DE BANDAS, PARACAIDAS (SOLIDO Y SEGURO), REGULADOR DE VELOCIDAD, CONTROLADOR ( MICROPROCESADOR PARA EL CONTROL DE FUNCIONAMIENTO DEL ELEVADOR). CONTARA CON LOS  SIGUIENTES DISPOSITIVOS; SEGURIDAD DE PUERTAS, INTERCOMUNICADOR, ADELANTADO AUTOMATICO DE CABINA LLENA, OPERACION DE SOBREPESO, APERTURA Y CIERRE DE PUERTAS, OPERACION COLECTIVA, INSPECCION SOBRE TECHO, FASE 1 BOMBEROS, LUZ DE EMERGENCIA, SISTEMA ANTI-MOLESTIAS, SINTETIZADOR DE VOZ, CABINA DE PASAJEROS DE ACUERDO A SOLICITUDES ESPECIFICAS DE ARQUITECTURA. CUMPLIMIENTO DE LA NORMATIVA COLOMBIANA EN ASCENSORES. ","un",{"$f":"+Y825","v":1},{"$f":"+'COMPARATIVO ELEVADORES'!P9","v":154238652.91},{"$f":"ROUND(G825*(1+$F$867),0)","v":198449620},{"$f":"ROUND(H825*F825,0)","v":198449620},"Si",198449620,null,null,null,null,null,null,null,{"$f":"VLOOKUP(B825,'Listado Ins Ana'!$G7716:$J101538,4,FALSE)-G825","v":{"$error":"#N/A"}},null,"EQUIPOS ESPECIALES",{"$f":"VLOOKUP(U825,'auxiliar capitulos'!$A$2:$M$68,13,FALSE)","v":"6"},2,null,1,1]
[876,null,{"$f":"IF(W826=\"\",V826,CONCATENATE(V826,\".\",W826))","v":"7"},"PAVIMENTO",null,null,null,null,null,null,null,null,null,null,null,null,null,null,null,null,"PAVIMENTO",{"$f":"VLOOKUP(U826,'auxiliar capitulos'!$A$2:$M$68,13,FALSE)","v":"7"},"",null,0]
[821,null,"7.1","PAVIMENTO RIGIDO",null,null,null,null,null,null,null,null,null,null,null,null,null,null,{"$f":"CONCATENATE(T827,U827,B827)","v":"PAVIMENTO RIGIDO"},null,"PAVIMENTO RIGIDO",{"$f":"VLOOKUP(U827,'auxiliar capitulos'!$A$2:$M$68,13,FALSE)","v":"7.1"},null,null,0]
[710,6047,"7.1.1",{"$f":"VLOOKUP(B828,'Listado Ins Ana'!$G$3966:$M$8277,2,FALSE)","v":"PISO EN CONCRETO COLOR OCRE MR41 (280 Kg/Cm2) GRAVA 1\" 28 DIAS  ESTAMPADO e=0.10m (INCLUYE SUMINISTRO Y COLOCACIÓN DE CONCRETO, JUEGO DE MOLDES,  DESMOLDANTE EN POLVO, CURADOR PARA CONCRETO, INCLUYE CORTE Y SELLADO DE JUNTAS."},{"$f":"VLOOKUP(B828,'Listado Ins Ana'!$G$3966:$M$8277,3,FALSE)","v":"M2"},{"$f":"+Y828","v":796},{"$f":"VLOOKUP(B828,'Listado Ins Ana'!$G$3966:$M$8277,4,FALSE)","v":209325},{"$f":"ROUND(G828*(1+$F$867),0)","v":269326},{"$f":"ROUND(H828*F828,0)","v":214383496},null,{"$f":"+I828","v":214383496},null,null,null,null,null,null,null,{"$f":"VLOOKUP(B828,'Listado Ins Ana'!$G$3966:$J$100621,4,FALSE)-G828","v":0},null,"PAVIMENTO RIGIDO",{"$f":"VLOOKUP(U828,'auxiliar capitulos'!$A$2:$M$68,13,FALSE)","v":"7.1"},{"$f":"IF(E828=\"\",\"\",IF(E826=\"\",1,W826+1))","v":1},null,796,null,466,330]
[877,6471,"7.1.3",{"$f":"VLOOKUP(B829,'Listado Ins Ana'!$G$3966:$M$8277,2,FALSE)","v":"SUBBASE GRANULAR PEATONAL SBG_PEA. SUMINISTRO, EXTENDIDO MANUAL, NIVELACIÓN, HUMEDECIMIENTO Y COMPACTACIÓN CON VIBROCOMPACTADOR BENITÍN DE 1 TONELADA INCLUYE OPERARIO Y COMBUSTIBLE."},{"$f":"VLOOKUP(B829,'Listado Ins Ana'!$G$3966:$M$8277,3,FALSE)","v":"M3"},591,{"$f":"VLOOKUP(B829,'Listado Ins Ana'!$G$3966:$M$8277,4,FALSE)","v":129379},166464,98380224,null,98380224,null,null,null,1,null,null,null,{"$f":"VLOOKUP(B829,'Listado Ins Ana'!$G7715:$J101542,4,FALSE)-G829","v":{"$error":"#N/A"}},null,"PAVIMENTO RIGIDO",{"$f":"VLOOKUP(U829,'auxiliar capitulos'!$A$2:$M$68,13,FALSE)","v":"7.1"},{"$f":"IF(E829=\"\",\"\",IF(E825=\"\",1,W825+1))","v":3},null,591,null,340,251]
[877,4959,"7.1.1",{"$f":"VLOOKUP(B830,'Listado Ins Ana'!$G$3966:$M$8277,2,FALSE)","v":"ACERO LISO PARA TRANSFERENCIA DE LOSAS D= 1 1/4\" (NO INCLUYE CANASTILLA). SUMINISTRO E INSTALACIÓN."},{"$f":"VLOOKUP(B830,'Listado Ins Ana'!$G$3966:$M$8277,3,FALSE)","v":"KG"},3635,{"$f":"VLOOKUP(B830,'Listado Ins Ana'!$G$3966:$M$8277,4,FALSE)","v":3220},4143,{"$f":"ROUND(H830*F830,0)","v":15059805},null,{"$f":"+I830","v":15059805},null,null,null,1,null,null,null,{"$f":"VLOOKUP(B830,'Listado Ins Ana'!$G7716:$J101543,4,FALSE)-G830","v":{"$error":"#N/A"}},null,"PAVIMENTO RIGIDO",{"$f":"VLOOKUP(U830,'auxiliar capitulos'!$A$2:$M$68,13,FALSE)","v":"7.1"},{"$f":"IF(E830=\"\",\"\",IF(E826=\"\",1,W826+1))","v":1},null,3635,null,2914,721]
[878,7714,"7.1.2",{"$f":"VLOOKUP(B831,'Listado Ins Ana'!$G$3966:$M$8277,2,FALSE)","v":"(DOVELAS) ACERO LISO PARA TRANSFERENCIA DE LOSAS D= 1\" (NO INCLUYE CANASTILLA). SUMINISTRO E INSTALACIÓN."},{"$f":"VLOOKUP(B831,'Listado Ins Ana'!$G$3966:$M$8277,3,FALSE)","v":"KG"},4093,{"$f":"VLOOKUP(B831,'Listado Ins Ana'!$G$3966:$M$8277,4,FALSE)","v":3720},4786,19589098,null,19589098,null,null,null,1,null,null,null,{"$f":"VLOOKUP(B831,'Listado Ins Ana'!$G$3966:$J$100621,4,FALSE)-G831","v":0},null,"PAVIMENTO RIGIDO",{"$f":"VLOOKUP(U831,'auxiliar capitulos'!$A$2:$M$68,13,FALSE)","v":"7.1"},2,null,4093,null,1759,2334]
[879,3708,"7.1.3",{"$f":"VLOOKUP(B832,'Listado Ins Ana'!$G$3966:$M$8318,2,FALSE)","v":"ACERO DE REFUERZO FY=60000 PSI. SUMINISTRO E INSTALACIÓN.  DE ACUERDO A LO ESTIPULADO POR LA NSR-10, NORMA ASTM A-706, ICONTEC 2289 PARA EL ACERO PDR-60. INCLUYE TODOS LOS COSTOS DE SUMINISTRO DE MATERIALES (REFUERZO (G60) FIGURADO, CORRUGADO, INCLUYE EL ALAMBRE DE AMARRE), EQUIPOS, TRANSPORTES, MANEJO, ALMACENAMIENTO, DESPERDICIOS Y MANO DE OBRA. "},{"$f":"VLOOKUP(B832,'Listado Ins Ana'!$G$3966:$M$8318,3,FALSE)","v":"KG"},{"$f":"+Y832","v":552},{"$f":"VLOOKUP(B832,'Listado Ins Ana'!$G$3966:$M$8318,4,FALSE)","v":3979},5120,2826240,null,2826240,null,null,null,1,null,null,null,{"$f":"VLOOKUP(B832,'Listado Ins Ana'!$G7716:$J101545,4,FALSE)-G832","v":{"$error":"#N/A"}},null,"PAVIMENTO RIGIDO",{"$f":"VLOOKUP(U832,'auxiliar capitulos'!$A$2:$M$68,13,FALSE)","v":"7.1"},3,null,552,null,314,238]
[880,6016,"7.1.4",{"$f":"VLOOKUP(B833,'Listado Ins Ana'!$G$3966:$M$8277,2,FALSE)","v":"ESTABILIZACIÓN DE SUBRASANTE CON RAJÓN, INCLUYE EQUIPO DE COMPACTACIÓN (SUMINISTRO, EXTENDIDO, NIVELACIÓN Y COMPACTACIÓN CON EQUIPO MECÁNICO)"},{"$f":"VLOOKUP(B833,'Listado Ins Ana'!$G$3966:$M$8277,3,FALSE)","v":"M3"},3128,{"$f":"VLOOKUP(B833,'Listado Ins Ana'!$G$3966:$M$8277,4,FALSE)","v":105441},135665,424360120,null,424360120,null,null,null,1,null,null,null,{"$f":"VLOOKUP(B833,'Listado Ins Ana'!$G$3966:$J$100621,4,FALSE)-G833","v":0},null,"PAVIMENTO RIGIDO",{"$f":"VLOOKUP(U833,'auxiliar capitulos'!$A$2:$M$68,13,FALSE)","v":"7.1"},4,null,3128,null,1847,1281]
[881,6204,"7.1.5",{"$f":"VLOOKUP(B834,'Listado Ins Ana'!$G$3966:$M$8277,2,FALSE)","v":"SELLO DE JUNTAS CON ICOPOR Y SIKAFLEX 1A SELLADO DE JUNTAS (300CC) (INCLUYE SUMINISTRO E INSTALACIÓN)"},{"$f":"VLOOKUP(B834,'Listado Ins Ana'!$G$3966:$M$8277,3,FALSE)","v":"ML"},579,{"$f":"VLOOKUP(B834,'Listado Ins Ana'!$G$3966:$M$8277,4,FALSE)","v":18115},23307,13494753,null,13494753,null,null,null,1,null,null,null,{"$f":"VLOOKUP(B834,'Listado Ins Ana'!$G$3966:$J$100621,4,FALSE)-G834","v":0},null,"PAVIMENTO RIGIDO",{"$f":"VLOOKUP(U834,'auxiliar capitulos'!$A$2:$M$68,13,FALSE)","v":"7.1"},5,null,579,null,342,237]
[882,3811,"7.1.6",{"$f":"VLOOKUP(B835,'Listado Ins Ana'!$G$3966:$M$8277,2,FALSE)","v":"CORTE DE PAVIMENTO - INCLUYE EQUIPO: CORTADORA DE CONCRETO INCLUYE OPERARIO Y COMBUSTIBLE. INCLUYE DISCO DIAMANTADO ASFALTO-CONCRETO 350 MM, AGUA Y MANO DE OBRA"},{"$f":"VLOOKUP(B835,'Listado Ins Ana'!$G$3966:$M$8277,3,FALSE)","v":"ML"},1671.03,{"$f":"VLOOKUP(B835,'Listado Ins Ana'!$G$3966:$M$8277,4,FALSE)","v":1886},2427,4055590,null,4055590,null,null,null,1,null,null,null,{"$f":"VLOOKUP(B835,'Listado Ins Ana'!$G7716:$J101548,4,FALSE)-G835","v":{"$error":"#N/A"}},null,"PAVIMENTO RIGIDO",{"$f":"VLOOKUP(U835,'auxiliar capitulos'!$A$2:$M$68,13,FALSE)","v":"7.1"},6,null,1671.03,null,33.03,1638]
[821,null,"7.2","PAVIMENTO FLEXBLE",null,null,null,null,null,null,null,null,null,null,null,null,null,null,{"$f":"CONCATENATE(T836,U836,B836)","v":"PAVIMENTO FLEXBLE"},null,"PAVIMENTO FLEXBLE",{"$f":"VLOOKUP(U836,'auxiliar capitulos'!$A$2:$M$68,13,FALSE)","v":"7.2"},null,null,0]
[886,3864,{"$f":"IF(W837=\"\",V837,CONCATENATE(V837,\".\",W837))","v":"7.2.1"},{"$f":"VLOOKUP(B837,'Listado Ins Ana'!$G$3966:$M$8277,2,FALSE)","v":"IMPRIMACION CON EMULSION ASFALTICA CRL-0 (SUMINISTRO, BARRIDO SUPERFICIE Y RIEGO MECANICO)"},{"$f":"VLOOKUP(B837,'Listado Ins Ana'!$G$3966:$M$8277,3,FALSE)","v":"M2"},{"$f":"+Y837","v":3900},{"$f":"VLOOKUP(B837,'Listado Ins Ana'!$G$3966:$M$8277,4,FALSE)","v":2065},{"$f":"ROUND(G837*(1+$F$867),0)","v":2657},{"$f":"ROUND(H837*F837,0)","v":10362300},null,null,null,null,null,null,null,null,null,null,null,"PAVIMENTO FLEXBLE",{"$f":"VLOOKUP(U837,'auxiliar capitulos'!$A$2:$M$68,13,FALSE)","v":"7.2"},{"$f":"IF(E837=\"\",\"\",IF(E836=\"\",1,W836+1))","v":1},null,3900,null,2267,1633]
[880,3867,"7.1.2",{"$f":"VLOOKUP(B838,'Listado Ins Ana'!$G$3966:$M$8277,2,FALSE)","v":"RIEGO DE LIGA CON EMULSION ASFALTICA CRR-2 (SUMINISTRO, BARRIDO SUPERFICIE Y RIEGO MECANICO)"},{"$f":"VLOOKUP(B838,'Listado Ins Ana'!$G$3966:$M$8277,3,FALSE)","v":"M2"},3900,{"$f":"VLOOKUP(B838,'Listado Ins Ana'!$G$3966:$M$8277,4,FALSE)","v":2559},{"$f":"ROUND(G838*(1+$F$867),0)","v":3293},12842700,null,{"$f":"+I838","v":12842700},null,null,null,1,null,null,null,{"$f":"VLOOKUP(B838,'Listado Ins Ana'!$G$3966:$J$100621,4,FALSE)-G838","v":0},null,"PAVIMENTO RIGIDO",{"$f":"VLOOKUP(U838,'auxiliar capitulos'!$A$2:$M$68,13,FALSE)","v":"7.1"},2,null,3900,null,2267,1633]
[881,6316,"7.1.3",{"$f":"VLOOKUP(B839,'Listado Ins Ana'!$G$3966:$M$8277,2,FALSE)","v":"MEZCLA ASFALTICA EN CALIENTE TIPO DENSO MD12 ASF CONVENCIONAL CON CEMENTO ASFÁLTICO 60-70 (SUMINISTRO, EXTENDIDO Y NIVELACIÓN MANUAL Y COMPACTACIÓN MECANICA CON VIBROCOMPACTADOR BENITIN DE 1 TONELADA INCLUYE OPERARIO Y COMBUSTIBLE)"},{"$f":"VLOOKUP(B839,'Listado Ins Ana'!$G$3966:$M$8277,3,FALSE)","v":"M3"},440,{"$f":"VLOOKUP(B839,'Listado Ins Ana'!$G$3966:$M$8277,4,FALSE)","v":686282},{"$f":"ROUND(G839*(1+$F$867),0)","v":882998},388519120,null,388519120,null,null,null,1,null,null,null,{"$f":"VLOOKUP(B839,'Listado Ins Ana'!$G$3966:$J$100621,4,FALSE)-G839","v":0},null,"PAVIMENTO RIGIDO",{"$f":"VLOOKUP(U839,'auxiliar capitulos'!$A$2:$M$68,13,FALSE)","v":"7.1"},3,null,440,null,260,180]
[882,4749,"7.1.4",{"$f":"VLOOKUP(B840,'Listado Ins Ana'!$G$3966:$M$8277,2,FALSE)","v":"SUBBASE GRANULAR CON RECICLADO DE CONCRETO ASFALTICO (SUMINISTRO, EXTENDIDO, NIVELACIÓN, HUMEDECIMIENTO Y COMPACTACIÓN CON VIBROCOMPACTADOR)"},{"$f":"VLOOKUP(B840,'Listado Ins Ana'!$G$3966:$M$8277,3,FALSE)","v":"M3"},621,{"$f":"VLOOKUP(B840,'Listado Ins Ana'!$G$3966:$M$8277,4,FALSE)","v":124066},{"$f":"ROUND(G840*(1+$F$867),0)","v":159628},99128988,null,99128988,null,null,null,1,null,null,null,{"$f":"VLOOKUP(B840,'Listado Ins Ana'!$G7726:$J101558,4,FALSE)-G840","v":{"$error":"#N/A"}},null,"PAVIMENTO RIGIDO",{"$f":"VLOOKUP(U840,'auxiliar capitulos'!$A$2:$M$68,13,FALSE)","v":"7.1"},4,null,621,null,395,226]
[883,6471,"7.1.5",{"$f":"VLOOKUP(B841,'Listado Ins Ana'!$G$3966:$M$8277,2,FALSE)","v":"SUBBASE GRANULAR PEATONAL SBG_PEA. SUMINISTRO, EXTENDIDO MANUAL, NIVELACIÓN, HUMEDECIMIENTO Y COMPACTACIÓN CON VIBROCOMPACTADOR BENITÍN DE 1 TONELADA INCLUYE OPERARIO Y COMBUSTIBLE."},{"$f":"VLOOKUP(B841,'Listado Ins Ana'!$G$3966:$M$8277,3,FALSE)","v":"M3"},851,{"$f":"VLOOKUP(B841,'Listado Ins Ana'!$G$3966:$M$8277,4,FALSE)","v":129379},{"$f":"ROUND(G841*(1+$F$867),0)","v":166464},141660864,null,141660864,null,null,null,1,null,null,null,{"$f":"VLOOKUP(B841,'Listado Ins Ana'!$G7726:$J101559,4,FALSE)-G841","v":{"$error":"#N/A"}},null,"PAVIMENTO RIGIDO",{"$f":"VLOOKUP(U841,'auxiliar capitulos'!$A$2:$M$68,13,FALSE)","v":"7.1"},5,null,851,null,544,307]
[900,null,"8","SEÑALIZACIÓN, DEMARCAIÓN Y SEMAFORIZACIÓN",null,null,null,null,null,null,null,null,null,null,null,null,null,null,null,null,"SEÑALIZACIÓN, DEMARCAIÓN Y SEMAFORIZACIÓN",{"$f":"VLOOKUP(U842,'auxiliar capitulos'!$A$2:$M$68,13,FALSE)","v":"8"},{"$f":"IF(E842=\"\",\"\",IF(#REF!=\"\",1,#REF!+1))","v":""},null,{"$f":"SUM(Z842:CJ842)","v":0}]
[901,null,"8.1","SEÑALIZACIÓN VERTICAL",null,null,null,null,null,null,null,null,null,null,null,null,null,null,null,null,"SEÑALIZACIÓN VERTICAL",{"$f":"VLOOKUP(U843,'auxiliar capitulos'!$A$2:$M$68,13,FALSE)","v":"8.1"},{"$f":"IF(E843=\"\",\"\",IF(E842=\"\",1,W842+1))","v":""},null,{"$f":"SUM(AA843:CJ843)","v":0}]
[902,7494,"8.1.1",{"$f":"VLOOKUP(B844,'Listado Ins Ana'!$G$3966:$M$8277,2,FALSE)","v":"SEÑAL DOBLE DE 0.75X0.75M REFLECTIVO ALTA DENSIDAD TIPO IV EN LÁMINA GALVANIZADA, PEDESTAL EN ÁNGULO SP/SR/SI. SUMINISTRO E INSTALACIÓN."},{"$f":"VLOOKUP(B844,'Listado Ins Ana'!$G$3966:$M$8277,3,FALSE)","v":"UN"},{"$f":"Y844","v":47},{"$f":"VLOOKUP(B844,'Listado Ins Ana'!$G$3966:$M$8277,4,FALSE)","v":578515},{"$f":"ROUND(G844*(1+$F$867),0)","v":744341},{"$f":"ROUND(H844*F844,0)","v":34984027},null,null,null,null,null,null,null,null,null,null,null,"SEÑALIZACIÓN VERTICAL",{"$f":"VLOOKUP(U844,'auxiliar capitulos'!$A$2:$M$68,13,FALSE)","v":"8.1"},1,null,{"$f":"SUM(AA844:CJ844)","v":47},null,9,38]
[903,6032,"8.1.2",{"$f":"VLOOKUP(B845,'Listado Ins Ana'!$G$3966:$M$8277,2,FALSE)","v":"SEÑAL VERTICAL GRUPO DE REGLAMENTARIAS SR-01 TIPO OCTAGONO CON ALTURA DE 75CM. INCLUYE SUMINISTRO E INSTALACION."},{"$f":"VLOOKUP(B845,'Listado Ins Ana'!$G$3966:$M$8277,3,FALSE)","v":"UN"},38,{"$f":"VLOOKUP(B845,'Listado Ins Ana'!$G$3966:$M$8277,4,FALSE)","v":344684},{"$f":"ROUND(G845*(1+$F$867),0)","v":443484},16852392,null,null,null,null,null,null,null,null,null,null,null,"SEÑALIZACIÓN VERTICAL",{"$f":"VLOOKUP(U845,'auxiliar capitulos'!$A$2:$M$68,13,FALSE)","v":"8.1"},2,null,{"$f":"SUM(AA845:CJ845)","v":38},null,17,21]
[904,6030,"8.1.3",{"$f":"VLOOKUP(B846,'Listado Ins Ana'!$G$3966:$M$8277,2,FALSE)","v":"SEÑAL VERTICAL GRUPO DE REGLAMENTARIAS TIPO CIRCULO D=75CM. INCLUYE SUMINISTRO E INSTALACION."},{"$f":"VLOOKUP(B846,'Listado Ins Ana'!$G$3966:$M$8277,3,FALSE)","v":"UN"},2,{"$f":"VLOOKUP(B846,'Listado Ins Ana'!$G$3966:$M$8277,4,FALSE)","v":344684},{"$f":"ROUND(G846*(1+$F$867),0)","v":443484},886968,null,null,null,null,null,null,null,null,null,null,null,"SEÑALIZACIÓN VERTICAL",{"$f":"VLOOKUP(U846,'auxiliar capitulos'!$A$2:$M$68,13,FALSE)","v":"8.1"},3,null,{"$f":"SUM(AA846:CJ846)","v":2},null,2,0]
[905,null,"8.2","DEMARCACIÓN HORIZONTAL",null,null,null,null,null,null,null,null,null,null,null,null,null,null,null,null,"DEMARCACIÓN HORIZONTAL",{"$f":"VLOOKUP(U847,'auxiliar capitulos'!$A$2:$M$68,13,FALSE)","v":"8.2"},{"$f":"IF(E847=\"\",\"\",IF(#REF!=\"\",1,#REF!+1))","v":""},null,0]
[906,7959,{"$f":"IF(W848=\"\",V848,CONCATENATE(V848,\".\",W848))","v":"8.2.1"},{"$f":"VLOOKUP(B848,'Listado Ins Ana'!$G$3966:$M$8277,2,FALSE)","v":"DEMARCACIÓN LINEA CONTINUA BLANCA O AMARILLA A=0.12 M (E=2.3 MM, TERMOPLÁSTICA. INCLUYE SUMINISTRO Y APLICACIÓN CON EQUIPO. INCLUYE MICROESFERAS)"},{"$f":"VLOOKUP(B848,'Listado Ins Ana'!$G$3966:$M$8277,3,FALSE)","v":"ML"},{"$f":"Y848","v":2094.2629999999999},{"$f":"VLOOKUP(B848,'Listado Ins Ana'!$G$3966:$M$8277,4,FALSE)","v":11792},{"$f":"ROUND(G848*(1+$F$867),0)","v":15172},{"$f":"ROUND(H848*F848,0)","v":31774158},null,{"$f":"+I848","v":31774158},null,null,null,1,null,null,null,{"$f":"VLOOKUP(B848,'Listado Ins Ana'!$G8092:$J101591,4,FALSE)-G848","v":{"$error":"#N/A"}},null,"DEMARCACIÓN HORIZONTAL",{"$f":"VLOOKUP(U848,'auxiliar capitulos'!$A$2:$M$68,13,FALSE)","v":"8.2"},{"$f":"IF(E848=\"\",\"\",IF(E847=\"\",1,W847+1))","v":1},null,{"$f":"SUM(AA848:CJ848)","v":2094.2629999999999},null,1501.4390000000001,592.82399999999996]
[907,7961,"8.2.2",{"$f":"VLOOKUP(B849,'Listado Ins Ana'!$G$3966:$M$8277,2,FALSE)","v":"DEMARCACIÓN LINEA CONTINUA BLANCA O AMARILLA A=0.15 M (E=2.3 MM, TERMOPLÁSTICA. INCLUYE SUMINISTRO Y APLICACIÓN CON EQUIPO. INCLUYE MICROESFERAS)"},{"$f":"VLOOKUP(B849,'Listado Ins Ana'!$G$3966:$M$8277,3,FALSE)","v":"ML"},534.73900000000003,{"$f":"VLOOKUP(B849,'Listado Ins Ana'!$G$3966:$M$8277,4,FALSE)","v":14739},18964,10140790,null,null,null,null,null,null,null,null,null,null,null,"DEMARCACIÓN HORIZONTAL",{"$f":"VLOOKUP(U849,'auxiliar capitulos'!$A$2:$M$68,13,FALSE)","v":"8.2"},{"$f":"IF(E849=\"\",\"\",IF(E848=\"\",1,W848+1))","v":2},null,534.73900000000003,null,342.25900000000001,192.48]
[908,4867,"8.2.3",{"$f":"VLOOKUP(B850,'Listado Ins Ana'!$G$3966:$M$8277,2,FALSE)","v":"DEMARCACIÓN LINEA DE PARE A= 0.6MT, E= 2.3MM TERMOPLÁSTICA. INCLUYE SUMINISTRO Y APLICACIÓN CON EQUIPO. INCLUYE MICROESFERAS."},{"$f":"VLOOKUP(B850,'Listado Ins Ana'!$G$3966:$M$8277,3,FALSE)","v":"ML"},158.66,{"$f":"VLOOKUP(B850,'Listado Ins Ana'!$G$3966:$M$8277,4,FALSE)","v":58956},75855,12035154,null,null,null,null,null,null,null,null,null,null,null,"DEMARCACIÓN HORIZONTAL",{"$f":"VLOOKUP(U850,'auxiliar capitulos'!$A$2:$M$68,13,FALSE)","v":"8.2"},3,null,158.66,null,56.262,102.398]
[909,4241,"8.2.4",{"$f":"VLOOKUP(B851,'Listado Ins Ana'!$G$3966:$M$8277,2,FALSE)","v":"DEMARCACION LINEA DISCONTINUA A=0.12M (E=2.3MM,TERMOPLÁSTICA. INC. SUMINISTRO Y APLICACIÓN CON EQUIPO. INCL. MICROESFERA"},{"$f":"VLOOKUP(B851,'Listado Ins Ana'!$G$3966:$M$8277,3,FALSE)","v":"ML"},287.58299999999997,{"$f":"VLOOKUP(B851,'Listado Ins Ana'!$G$3966:$M$8277,4,FALSE)","v":11792},15172,4363209,null,null,null,null,null,null,null,null,null,null,null,"DEMARCACIÓN HORIZONTAL",{"$f":"VLOOKUP(U851,'auxiliar capitulos'!$A$2:$M$68,13,FALSE)","v":"8.2"},4,null,287.58299999999997,null,135.215,152.36799999999999]
[910,5729,"8.2.5",{"$f":"VLOOKUP(B852,'Listado Ins Ana'!$G$3966:$M$8277,2,FALSE)","v":"DEMARCACION PICTOGRAMA ZONA ESCOLAR EN PINTURA TERMOPLASTICA. (INCLUYE SUMINISTRO Y APLICACION CON EQUIPO. INCLUYE MICROESFERAS)."},{"$f":"VLOOKUP(B852,'Listado Ins Ana'!$G$3966:$M$8277,3,FALSE)","v":"UN"},30,{"$f":"VLOOKUP(B852,'Listado Ins Ana'!$G$3966:$M$8277,4,FALSE)","v":1061198},1365380,40961400,null,null,null,null,null,null,null,null,null,null,null,"DEMARCACIÓN HORIZONTAL",{"$f":"VLOOKUP(U852,'auxiliar capitulos'!$A$2:$M$68,13,FALSE)","v":"8.2"},5,null,30,null,5,25]
[911,4245,"8.2.6",{"$f":"VLOOKUP(B853,'Listado Ins Ana'!$G$3966:$M$8277,2,FALSE)","v":"FLECHA DIRECCIONAL \"DE FRENTE A LA DERECHA\" (E=2.3MM,TERMOPLÁSTICA. INC. SUMIN. Y APLIC. CON EQUIPO. INC. MICROESFERAS). MARCA VIAL PARA VELOCIDADES MENORES O IGUALES A 60 KM/H AREA DE LA MARCA: 2.18M2"},{"$f":"VLOOKUP(B853,'Listado Ins Ana'!$G$3966:$M$8277,3,FALSE)","v":"UN"},48,{"$f":"VLOOKUP(B853,'Listado Ins Ana'!$G$3966:$M$8277,4,FALSE)","v":214205},275605,13229040,null,null,null,null,null,null,null,null,null,null,null,"DEMARCACIÓN HORIZONTAL",{"$f":"VLOOKUP(U853,'auxiliar capitulos'!$A$2:$M$68,13,FALSE)","v":"8.2"},6,null,48,null,15,33]
[912,4960,"8.2.7",{"$f":"VLOOKUP(B854,'Listado Ins Ana'!$G$3966:$M$8277,2,FALSE)","v":"FLECHA DIRECCIONAL \"DE FRENTE A LA IZQUIERDA\" (E=2.3MM,TERMOPLÁSTICA. INC. SUMIN. Y APLIC. CON EQUIPO. INC. MICROESFERAS)."},{"$f":"VLOOKUP(B854,'Listado Ins Ana'!$G$3966:$M$8277,3,FALSE)","v":"UN"},28,{"$f":"VLOOKUP(B854,'Listado Ins Ana'!$G$3966:$M$8277,4,FALSE)","v":214205},275605,7716940,null,null,null,null,null,null,null,null,null,null,null,"DEMARCACIÓN HORIZONTAL",{"$f":"VLOOKUP(U854,'auxiliar capitulos'!$A$2:$M$68,13,FALSE)","v":"8.2"},7,null,28,null,15,13]
[913,4246,"8.2.8",{"$f":"VLOOKUP(B855,'Listado Ins Ana'!$G$3966:$M$8277,2,FALSE)","v":"FLECHA DIRECCIONAL \"DE FRENTE\" (E=2.3MM,TERMOPLÁSTICA. INC. SUMINISTRO Y APLICACIÓN CON EQUIPO. INC MICROESFERAS). MARCA VIAL PARA VELOCIDADES MENORES O IGUALES A 60 KM/H AREA DE LA MARCA: 1.20 M2."},{"$f":"VLOOKUP(B855,'Listado Ins Ana'!$G$3966:$M$8277,3,FALSE)","v":"UN"},3,{"$f":"VLOOKUP(B855,'Listado Ins Ana'!$G$3966:$M$8277,4,FALSE)","v":117911},151709,455127,null,null,null,null,null,null,null,null,null,null,null,"DEMARCACIÓN HORIZONTAL",{"$f":"VLOOKUP(U855,'auxiliar capitulos'!$A$2:$M$68,13,FALSE)","v":"8.2"},8,null,3,null,2,1]
[914,8566,"8.2.9",{"$f":"VLOOKUP(B856,'Listado Ins Ana'!$G$3966:$M$8277,2,FALSE)","v":"PINTURA EN PLÁSTICO EN FRÍO METILMETACRILATO PARA MARCAS VIALES, CON MICROESFERAS Y ESPESOR SECO SEGÚN NORMA NTC 4744. SUMINISTRO Y APLICACIÓN. (CEBRAS, FLECHAS, PICTOGRAMAS, LINEAS DE PARE, SENDEROS PEATONALES, ACHURADOS, ETC)."},{"$f":"VLOOKUP(B856,'Listado Ins Ana'!$G$3966:$M$8277,3,FALSE)","v":"M2"},44,{"$f":"VLOOKUP(B856,'Listado Ins Ana'!$G$3966:$M$8277,4,FALSE)","v":108804},139992,6159648,null,null,null,null,null,null,null,null,null,null,null,"DEMARCACIÓN HORIZONTAL",{"$f":"VLOOKUP(U856,'auxiliar capitulos'!$A$2:$M$68,13,FALSE)","v":"8.2"},9,null,44,null,20,24]
[915,5241,"8.2.10",{"$f":"VLOOKUP(B857,'Listado Ins Ana'!$G$3966:$M$8277,2,FALSE)","v":"TACHA REFLECTIVA BIDIRECCIONAL (INCLUYE SUMINISTRO E INSTALACIÓN)."},{"$f":"VLOOKUP(B857,'Listado Ins Ana'!$G$3966:$M$8277,3,FALSE)","v":"UN"},4213,{"$f":"VLOOKUP(B857,'Listado Ins Ana'!$G$3966:$M$8277,4,FALSE)","v":9742},12534,52805742,null,null,null,null,null,null,null,null,null,null,null,"DEMARCACIÓN HORIZONTAL",{"$f":"VLOOKUP(U857,'auxiliar capitulos'!$A$2:$M$68,13,FALSE)","v":"8.2"},10,null,4213,null,2230,1983]
[916,7962,"8.2.11",{"$f":"VLOOKUP(B858,'Listado Ins Ana'!$G$3966:$M$8277,2,FALSE)","v":"TACHA REFLECTIVA UNIDIRECCIONAL BLANCA/ROJA (INCLUYE SUMINISTRO E INSTALACIÓN)"},{"$f":"VLOOKUP(B858,'Listado Ins Ana'!$G$3966:$M$8277,3,FALSE)","v":"UN"},3158,{"$f":"VLOOKUP(B858,'Listado Ins Ana'!$G$3966:$M$8277,4,FALSE)","v":8181},10526,33241108,null,null,null,null,null,null,null,null,null,null,null,"DEMARCACIÓN HORIZONTAL",{"$f":"VLOOKUP(U858,'auxiliar capitulos'!$A$2:$M$68,13,FALSE)","v":"8.2"},11,null,3158,null,1723,1435]
[917,4864,"8.2.12",{"$f":"VLOOKUP(B859,'Listado Ins Ana'!$G$3966:$M$8277,2,FALSE)","v":"DEMARCACIÓN DE LINEA SENDERO PEATONAL CONTINUA A= 0.4MT, E= 2.3MM TERMOPLÁSTICA. INCLUYE SUMINISTRO Y APLICACIÓN CON EQUIPO. INCLUYE MICROESFERAS."},{"$f":"VLOOKUP(B859,'Listado Ins Ana'!$G$3966:$M$8277,3,FALSE)","v":"ML"},932.9670000000001,{"$f":"VLOOKUP(B859,'Listado Ins Ana'!$G$3966:$M$8277,4,FALSE)","v":39304},50570,47180141,null,null,null,null,null,null,null,null,null,null,null,"DEMARCACIÓN HORIZONTAL",{"$f":"VLOOKUP(U859,'auxiliar capitulos'!$A$2:$M$68,13,FALSE)","v":"8.2"},12,null,932.9670000000001,null,382.07400000000001,550.89300000000003]
[918,6779,"8.2.13",{"$f":"VLOOKUP(B860,'Listado Ins Ana'!$G$3966:$M$8277,2,FALSE)","v":"PICTOGRAMA PEATONAL AMARILLO/NEGRO. (INCLUYE SUMINISTRO E INSTALACIÓN)"},{"$f":"VLOOKUP(B860,'Listado Ins Ana'!$G$3966:$M$8277,3,FALSE)","v":"UN"},52,{"$f":"VLOOKUP(B860,'Listado Ins Ana'!$G$3966:$M$8277,4,FALSE)","v":414427},533218,27727336,null,null,null,null,null,null,null,null,null,null,null,"DEMARCACIÓN HORIZONTAL",{"$f":"VLOOKUP(U860,'auxiliar capitulos'!$A$2:$M$68,13,FALSE)","v":"8.2"},13,null,52,null,40,12]
[919,4860,"8.2.14",{"$f":"VLOOKUP(B861,'Listado Ins Ana'!$G$3966:$M$8277,2,FALSE)","v":"DEMARCACIÓN PICTOGRAMA TRIÁNGULOS CEDA EL PASO EN PINTURA TERMOPLÁSTICA. (E=2.3MM. INCLUYE SUMINISTRO Y APLICACIÓN CON EQUIPO. INCLUYE MICROESFERAS( (A= 1.434M2). INCLUYE PICTOGRAMA."},{"$f":"VLOOKUP(B861,'Listado Ins Ana'!$G$3966:$M$8277,3,FALSE)","v":"UN"},14,{"$f":"VLOOKUP(B861,'Listado Ins Ana'!$G$3966:$M$8277,4,FALSE)","v":140904},181293,2538102,null,null,null,null,null,null,null,null,null,null,null,"DEMARCACIÓN HORIZONTAL",{"$f":"VLOOKUP(U861,'auxiliar capitulos'!$A$2:$M$68,13,FALSE)","v":"8.2"},14,null,14,null,6,8]
[920,5729,"8.2.15",{"$f":"VLOOKUP(B862,'Listado Ins Ana'!$G$3966:$M$8277,2,FALSE)","v":"DEMARCACION PICTOGRAMA ZONA ESCOLAR EN PINTURA TERMOPLASTICA. (INCLUYE SUMINISTRO Y APLICACION CON EQUIPO. INCLUYE MICROESFERAS)."},{"$f":"VLOOKUP(B862,'Listado Ins Ana'!$G$3966:$M$8277,3,FALSE)","v":"UN"},108,{"$f":"VLOOKUP(B862,'Listado Ins Ana'!$G$3966:$M$8277,4,FALSE)","v":1061198},1365380,147461040,null,null,null,null,null,null,null,null,null,null,null,"DEMARCACIÓN HORIZONTAL",{"$f":"VLOOKUP(U862,'auxiliar capitulos'!$A$2:$M$68,13,FALSE)","v":"8.2"},15,null,108,null,24,84]
[921,7881,"8.2.16",{"$f":"VLOOKUP(B863,'Listado Ins Ana'!$G$3966:$M$8277,2,FALSE)","v":"ESTOPEROLES METÁLICOS CON ESPIGO. INCLUYE SUMINISTRO E INSTALACIÓN."},{"$f":"VLOOKUP(B863,'Listado Ins Ana'!$G$3966:$M$8277,3,FALSE)","v":"UN"},10835,{"$f":"VLOOKUP(B863,'Listado Ins Ana'!$G$3966:$M$8277,4,FALSE)","v":7378},9493,102856655,null,null,null,null,null,null,null,null,null,null,null,"DEMARCACIÓN HORIZONTAL",{"$f":"VLOOKUP(U863,'auxiliar capitulos'!$A$2:$M$68,13,FALSE)","v":"8.2"},16,null,{"$f":"SUM(Z863:CJ863)","v":10835},null,2306,8529]
[929,null,null,null,null,null,null,null,null,null,null,null,null,null,"EJERCICIO DE FACTIBILIDAD"]
[930,null,null,"COSTOS DE OBRA (INCLUYE A.I.U)",null,null,null,null,{"$f":"SUM(I16:I863)","v":69491247936},null,null,null,null,null,62697560870,null,null,null,null,"D4","IVA SOBRE UTILIDAD (19% DE LA UTILIDAD) (UTILIDAD 5%) (aplicado sobre D1)",0.19,0.05,595626828,null,595626828]
[931,null,null,null,null,null,null,null,null,null,null,null,null,null,17418636361,null,null,null,null,"D10","FONDO ESPECIAL PARA OBRAS DEL SISTEMA CONTRAINCENDIO: (aplicado sobre D5): (aplicado sobre D5)",null,7.0565933952035642E-3,569550525,null,569550525]
[932,null,null,"COSTO TOTAL OBRAS CON A.I.U. ( A )",null,{"$f":"+AIU!N97","v":0.28664000000000001},0.27966999999999997,null,{"$f":"+I865","v":69491247936},null,null,null,null,null,null,null,null,null,null,"D11","VALOR OTROS COMPONENTES TRASLADO DE REDES ESP (MANIOBRAS): (aplicado sobre D5)",null,3.4587693006519946E-3,279163579,null,279163579]
[933,null,null,null,null,null,null,null,null,null,null,null,null,null,null,null,null,null,null,"D12","VALOR OTROS COMPONENTES SISTEMAS DE VIDEO DE VIGILANCIA: (aplicado sobre D5)",null,2.8790544124466973E-3,232373733,null,232373733]
[934,null,null,"COSTO ACTIVIDADES AMBIENTALES Y SST ( B )",null,null,null,null,{"$f":"+'AMBIENTAL Y SST'!K189","v":3539155266.6007857},null,null,null,null,null,1148250577,null,null,null,null,2,"VALOR TOTAL PROYECTADO PARA INTERVENTORIAS DE OBRAS (aplicado sobre (1))",null,5.0514593968718241E-2,4537508115,null,4537508115]
[935,null,null,null,null,null,null,null,null,null,null,null,null,null,null,null,null,null,null,4,"VALOR TOTAL ADQUISICION DE PREDIOS AL INICIO DE LA CONSTRUCCION ENERO DE 2023 (3)",5.2845177349345018E-2,null,42583884268.284241,null,42583884268.284241]
[936,null,null,"COSTO DIÁLOGO CIUDADANO Y DE COMUNICACIÓN ESTRATÉGICA ( C )",null,null,null,null,{"$f":"'DIALOGO CYC'!M85","v":1261209454},null,null,null,null,null,410841956,null,null,null,null,5,"VALOR TOTAL ESTIMADO DE INCERTIDUMBRE DADA LA ETAPA DEL PROYECTO. APLICADO SOBRE (1+2+4)",0.05,7.0000000000000007E-2,6847353977.2435617,null,6847353977.2435617]
[937,null,null,null,null,null,null,null,null,null,null,null,null,null,null,null,null,null,null,6,"VALOR TOTAL DEL PROYECTO PROYECTADO A FECHA ESTIMADA DEL INICIO DE LA CONSTRUCCIÓN, INCLUYENDO CONSTRUCCIÓN, INTERVENTORIA DE CONSTRUCCIÓN, AJUSTES, ADQUISICIÓN Y DEMOLICIÓN DE PREDIOS A ENERO DE 2023. INCERTIDUMBRE NEGATIVA (1 + 2 + 4 + 5)",null,null,130099725567.62767,null,41950753071.04068]
[938,null,null,"COSTO PLAN DE MANEJO DE TRÁNSITO ( D )",null,null,null,null,{"$f":"+PMT!L69","v":2243021558},null,null,null,null,null,459593883]
[939]
[940,null,null,"TOTAL OBRAS LICITACIÓN ( A+B+C+D )",null,null,null,null,{"$f":"SUM(I867:I874)","v":76534634214.600784}]
[941]
[942,null,null,"AJUSTES POR CAMBIO DE VIGENCIA PARA OBRAS-AIU-PMA-PGS-PMT ( E )",null,null,null,null,{"$f":"+AJUSTES!G57","v":5064246591},null,null,null,null,null,4265230656.586987]
[943]
[944,null,null,"COSTOS ESTIMADOS PARA ENSAYOS DE LABORATORIO EN LA FASE DE EJECUCIÓN ( F )",null,null,null,null,{"$f":"+'ENSAYOS-OBRA'!H53","v":254758865}]
[945]
[946,null,null,"COSTOS DE COMPENSACIONES, EVALUACIÓN Y SEGUIMIENTO SDA ( G )",null,null,null,null,{"$f":"'COMPENSAC-EVALUAC-SEG-SDA'!J15","v":55611323},null,null,null,null,null,15030531]
[947]
[948,null,null,"VALOR ESTIMADO DE FASE DE PRELIMINARES (INCLUYE ENSAYOS DE LABORATORIO, CAMBIO DE VIGENCIA E IVA) ( H )",null,null,null,null,{"$f":"PRELIMINARES!K74","v":792738645}]
[949]
[950,null,null,"MEDIDAS DE BIOSEGURIDAD ( I )",null,null,null,null,{"$f":"BIOSEGURIDAD!Q44","v":381463556},null,null,null,null,null,0]
[951]
[952,null,null,"COSTO TOTAL DEL PROYECTO CIVIL",null,null,null,null,{"$f":"SUM(I875:I886)","v":83083453194.600784},null,null,null,null,null,{"$f":"SUM(O865:O886)","v":86415144834.58699}]
[953]
[954]
[955]
[956]
[957]
[958]
[959]
[960]
[961]
[962]
[963,null,null,null,null,{"$error":"#N/A"}]
[964,null,null,null,null,{"$error":"#N/A"}]
[965]
[966]
[967]
[968]
[969]
[970]
[971]
[972,null,null,{"$error":"#N/A"},null,{"$error":"#N/A"}]
[973,null,null,{"$error":"#N/A"},null,{"$error":"#N/A"}]

{"sheet":"PPTO GRAL CAPEX ELECTROM","index":4,"n_rows":45,"n_cols":17,"rows_kept":45,"cut":false,"hidden":false,"merged":[[10,1,10,15],[8,1,8,15],[9,1,9,2],[9,3,9,15],[5,1,5,15],[6,1,6,15],[7,1,7,15],[4,1,4,2],[4,3,4,4],[4,5,4,12],[1,1,1,12],[1,15,4,15],[2,1,2,12],[3,1,3,2],[3,3,3,4],[3,5,3,12]]}
[1]
[2,"FORMATO"]
[3,"Presupuesto General de Obras - Costos Directos"]
[4,"CÓDIGO",null,"PROCESO",null,"VERSIÓN"]
[5,"FO-DP-01",null,"Proyectos",null,2]
[6,"INSTITUTO DE DESARROLLO URBANO"]
[7,"SUBDIRECCIÓN GENERAL DE DESARROLLO URBANO"]
[8,"DIRECCIÓN TÉCNICA DE PROYECTOS"]
[9]
[10,"OBJETO DE LA CONTRATACIÓN:",null,"ACTUALIZACIÓN, AJUSTES Y COMPLEMENTACIÓN DE LA FACTIBILIDAD Y ESTUDIOS Y DISEÑOS DEL CABLE AÉREO EN SAN CRISTÓBAL, EN BOGOTÁ D.C."]
[11,"PRESUPUESTO GENERAL DE OBRAS ELECTROMECANICAS"]
[12,null,null,null,null,null,null,null,null,null,{"$f":"+'DATOS ENTRADA'!C11","v":"2022-03-22"},null,null,null,null,{"$f":"+'DATOS ENTRADA'!C11","v":"2022-03-22"}]
[13,"COD. IDU","ÍTEM","DESCRIPCIÓN","UNIDAD","CANTIDAD","VR. UNITARIO COSTO DIRECTO (euros)","PARTIDA ARANCELARIA DECRETO2153 DE 2021","VR. UNITARIO COSTO DIRECTO INCLUYE ARANCEL (euros)","VR. UNITARIO\nCON A.I.U. (euros)","VR. PARCIAL\nCON A.I.U. (euros)","VR. UNITARIO COSTO DIRECTO ($)","VR. UNITARIO\nCON A.I.U. (euros)\nANTES DE ARANCELES","VR. UNITARIO\nCON A.I.U. ($)","VR. PARCIAL\nCON A.I.U. ($)","VALOR TOTAL ($)"]
[14,null,1,"SISTEMA ELECTROMECANICO"]
[18,{"$f":"+CAPEX!A83","v":"ELM001"},"1.1","PROYECTO DE INGENIERÍA DE DETALLE DEL SISTEMA ELECTROMECÁNICO INCLUIDO ALMACÉN DE CABINAS Y COORDINACIÓN CON EL RESTO DE ESPECIALIDADES PARA EVENTUALES AJUSTES DEL DISEÑO DE LOS EDIFICIOS. ","GL",1,{"$f":"+M15/(1+$F$45)","v":457692.30769230769},0,{"$f":"+G15*(1+H15)","v":457692.30769230769},{"$f":"+F15*I15+(1+$F$45)","v":457693.60769230768},{"$f":"+F15*J15","v":457693.60769230768},{"$f":"ROUND(I15*'DATOS ENTRADA'!$C$31,2)","v":1932042807.6900001},{"$f":"+CAPEX!H83","v":595000},{"$f":"+L15*(1+$F$45)","v":2511655649.9970002},{"$f":"F15*N15","v":2511655649.9970002},{"$f":"ROUND(N15*F15,0)","v":2511655650},{"$f":"+P15-'[93]PPTO GRAL CAPEX ELECTROM'!P15","v":0}]
[19,{"$f":"+CAPEX!A84","v":"ELM002"},"1.2","ESTACIÓN MOTRIZ COMPLETA: INCLUYE LA FABRICACIÓN DE LOS COMPONENTES, EL TRANSPORTE, DISTRIBUCIÓN EN OBRA, MONTAJE, REGLAJES Y PRUEBAS PREVIAS A LA PUESTA EN MARCHA. LA ESTACIÓN DEBE INCLUIR (LISTA NO EXHAUSTIVA) LA ESTRUCTURA DE SOPORTE, EL SISTEMA DE MOTORIZACIÓN PRINCIPAL, EL MOTOR DE EMERGENCIA, LOS FRENOS DE SERVICIO Y SEGURIDAD, LAS VÍAS DE TRANSFERENCIA DE CABINAS ENTRE BUCLES, LOS EQUIPOS ELÉCTRICOS DE MANDO Y SEGURIDAD, LOS ANDENES, BARANDILLAS Y OTROS ACCESORIOS, MEDIA CUBIERTA (PARTE EXTERIOR AL EDIFICIO), LA SEÑALIZACIÓN DE ESTACIÓN Y EL UTILLAJE ESPECÍFICO Y SUMINISTROS DE RECAMBIO PARA EL PRIMER AÑO DE EXPLOTACIÓN.","GL",1,{"$f":"+M16/(1+$F$45)","v":6612778.949094506},0.05,{"$f":"+G16*(1+H16)","v":6943417.8965492314},{"$f":"+I16*(1+$F$45)","v":9026443.2655140013},{"$f":"+F16*J16","v":9026443.2655140013},{"$f":"ROUND(I16*'DATOS ENTRADA'!$C$31,2)","v":29310041664.169998},{"$f":"+CAPEX!H84","v":8596612.6338228583},{"$f":"+L16*(1+$F$45)","v":38103054163.420998},38103054163.420998,38103054163,{"$f":"+P16-'[93]PPTO GRAL CAPEX ELECTROM'!P16","v":0}]
[20,{"$f":"+CAPEX!A85","v":"ELM003"},"1.3","ESTACIÓN DE RETORNO COMPLETA: INCLUYE LA FABRICACIÓN DE LOS COMPONENTES, EL TRANSPORTE, DISTRIBUCIÓN EN OBRA, MONTAJE, REGLAJES Y PRUEBAS PREVIAS A LA PUESTA EN MARCHA. LA ESTACIÓN DEBE INCLUIR (LISTA NO EXHAUSTIVA) LA ESTRUCTURA DE SOPORTE, EL SISTEMA DE TENSIÓN (PISTONES, CENTRAL HIDRÁULICA, ETC.), LOS EQUIPOS ELÉCTRICOS DE MANDO Y SEGURIDAD, LOS ANDENES, BARANDILLAS Y OTROS ACCESORIOS, MEDIA CUBIERTA (PARTE EXTERIOR AL EDIFICIO), LA SEÑALIZACIÓN DE ESTACIÓN Y EL UTILLAJE ESPECÍFICO Y SUMINISTROS DE RECAMBIO PARA EL PRIMER AÑO DE EXPLOTACIÓN.","GL",1,4721409.1134217549,0.05,4957479.5690928428,{"$f":"+I17*(1+$F$45)","v":6444723.4398206957},6444723.4398206957,{"$f":"ROUND(I17*'DATOS ENTRADA'!$C$31,2)","v":20926859780.619999},{"$f":"+CAPEX!H85","v":6137831.847448281},{"$f":"+L17*(1+$F$45)","v":27204917714.806},27204917714.806,27204917715,{"$f":"+P17-'[93]PPTO GRAL CAPEX ELECTROM'!P17","v":0}]
[null,{"$f":"+CAPEX!A86","v":"ELM004"},"1.4","ALMACÉN DE VEHÍCULOS COMPLETO: INCLUYE LA FABRICACIÓN DE LOS COMPONENTES, EL TRANSPORTE, DISTRIBUCIÓN EN OBRA, MONTAJE, REGLAJES Y PRUEBAS PREVIAS A LA PUESTA EN MARCHA. EL ALMACÉN DEBE INCLUIR (LISTA NO EXHAUSTIVA), EL SISTEMA DE AGUJAS DE ESTACIÓN PARA EL CICLADO/DESCICLADO DE VEHÍCULOS, LOS ANDENES ESCAMOTEABLES PARA EL PASO DE CABINAS HACIA/DESDE ESTACIÓN, LA ESTRUCTURA DE SOPORTE Y GUIADO DE LAS CABINAS, LOS EQUIPAMIENTOS PARA LA AUTOMATIZACIÓN (MOTORES), EL SISTEMA DE ASCENSOR PARA EL MOVIMIENTO ENTRE PLANTAS DEL GARAJE, LOS EQUIPOS ELÉCTRICOS DE MANDO Y SEGURIDAD, LA SEÑALIZACIÓN  Y EL UTILLAJE ESPECÍFICO (ESPECIALMENTE EL REQUERIDO PARA EL MANTENIMIENTO DE PINZAS) Y SUMINISTROS DE RECAMBIO PARA EL PRIMER AÑO DE EXPLOTACIÓN.","GL",1,1360015.015251677,0.05,1428015.7660142609,1856420.4958185393,1856420.4958185393,{"$f":"ROUND(I18*'DATOS ENTRADA'!$C$31,2)","v":6028040112.6000004},{"$f":"+CAPEX!H86","v":1768019.5198271803},7836452146.3800011,7836452146.3800011,7836452146,{"$f":"+P18-'[93]PPTO GRAL CAPEX ELECTROM'!P18","v":0}]
[null,{"$f":"+CAPEX!A87","v":"ELM005"},"1.5","CABLE TRACTOR-PORTADOR:  INCLUYE LA FABRICACIÓN DE LOS CABLES, EL TRANSPORTE, DISTRIBUCIÓN EN OBRA, EXTENDIDO DEL CABLE, RETENCIÓN DEL CABLE, PASO DE CABLES GUÍA Y EMPALME. POSTERIOR RECABLEADO DEL CABLE SOBRE TORRES, ALINEACIÓN DEL CABLE SOBRE LOS BALANCINES, REGLAJES Y PRUEBAS PREVIAS A LA PUESTA EN MARCHA. SE INCLUYE EL CONTROL MAGNETOGRÁFICO DEL CABLE Y EL UTILLAJE ESPECÍFICO NECESARIO.","GL",1,1036644.8670785149,0.05,1088477.1104324406,1415020.2435621729,1415020.2435621729,{"$f":"ROUND(I19*'DATOS ENTRADA'!$C$31,2)","v":4594755771.96},{"$f":"+CAPEX!H87","v":1347638.3272020693},5973182503.5480003,5973182503.5480003,5973182504,{"$f":"+P19-'[93]PPTO GRAL CAPEX ELECTROM'!P19","v":0}]
[null,{"$f":"+CAPEX!A88","v":"ELM006"},"1.6","DOBLE LÍNEA DE SEGURIDAD Y COMUNICACIÓN INCLUYENDO LA CABLETA DE ACERO PORTANTE ASÍ COMO EL SISTEMA DE POSICIONAMIENTO DEL CABLE. INCLUYE LA FABRICACIÓN DE LOS COMPONENTES, EL TRANSPORTE, LA DISTRIBUCIÓN EN OBRA, EL MONTAJE, REGLAJES Y  Y PRUEBAS PREVIAS A LA PUESTA EN MARCHA. SE INCLUYE TAMBIÉN LOS ANEMÓMETROS, VELETAS, AISLADORES, CAJAS DE CONEXIÓN Y RESTO DE ACCESORIOS ELÉCTRICOS Y EL SUMINISTRO DE RECAMBIOS PARA EL PRIMER AÑO DE EXPLOTACIÓN.","GL",1,368971.2455959887,0.05,387419.80787578813,503645.75023852458,503645.75023852458,{"$f":"ROUND(I20*'DATOS ENTRADA'!$C$31,2)","v":1635403612.3900001},{"$f":"+CAPEX!H88","v":479662.61927478533},2126024696.1070001,2126024696.1070001,2126024696,{"$f":"+P20-'[93]PPTO GRAL CAPEX ELECTROM'!P20","v":0}]
[null,{"$f":"+CAPEX!A89","v":"ELM007"},"1.7","TORRE 1 DE H ENTRE 10 Y <15 M Y EQUIPOS 12C (SUBIDA) Y 12C (BAJADA). INCLUYE LA FABRICACIÓN DE LOS COMPONENTES, EL TRANSPORTE, DISTRIBUCIÓN EN OBRA, MONTAJE, REGLAJES Y PRUEBAS PREVIAS A LA PUESTA EN MARCHA. LA TORRE SERÁ COMPLETA, INCLUYENDO (LISTA NO EXHAUSTIVA): LOS FUSTES, POTENCIAS, SOBREPOTENCIAS, PASARELAS, ESCALERAS DE ACCESO, LÍNEA DE VIDA Y RESTO DE EQUIPAMIENTOS, INCLUIDOS LOS PERNOS DE ANCLAJE PARA LA OBRA CIVIL Y SISTEMA DE DESCABLEADO, Y EL SISTEMA DE ILUMINACIÓN PARA LA EXPLOTACIÓN NOCTURNA.","GL",1,191822.56800969466,0.05,201413.6964101794,261837.80533323323,261837.80533323323,{"$f":"ROUND(I21*'DATOS ENTRADA'!$C$31,2)","v":850221594.25},{"$f":"+CAPEX!H89","v":249369.33841260307},1105288072.5250001,1105288072.5250001,1105288073,{"$f":"+P21-'[93]PPTO GRAL CAPEX ELECTROM'!P21","v":0}]
[null,{"$f":"+CAPEX!A90","v":"ELM008"},"1.8","TORRE 2 DE H ENTRE 20 Y <25 M Y EQUIPOS 8S (SUBIDA) Y 8S (BAJADA). INCLUYE LA FABRICACIÓN DE LOS COMPONENTES, EL TRANSPORTE, DISTRIBUCIÓN EN OBRA, MONTAJE, REGLAJES Y PRUEBAS PREVIAS A LA PUESTA EN MARCHA. LA TORRE SERÁ COMPLETA, INCLUYENDO (LISTA NO EXHAUSTIVA): LOS FUSTES, POTENCIAS, SOBREPOTENCIAS, PASARELAS, ESCALERAS DE ACCESO, LÍNEA DE VIDA Y RESTO DE EQUIPAMIENTOS, INCLUIDOS LOS PERNOS DE ANCLAJE PARA LA OBRA CIVIL Y EL SISTEMA DE ILUMINACIÓN PARA LA EXPLOTACIÓN NOCTURNA.","GL",1,228830.90158438621,0.05,240272.44666360554,312354.18066268723,312354.18066268723,{"$f":"ROUND(I22*'DATOS ENTRADA'!$C$31,2)","v":1014254870.9299999},{"$f":"+CAPEX!H90","v":297480.1720597021},1318531332.2089999,1318531332.2089999,1318531332,{"$f":"+P22-'[93]PPTO GRAL CAPEX ELECTROM'!P22","v":0}]
[null,{"$f":"+CAPEX!A91","v":"ELM009"},"1.9","TORRE 3 DE H ENTRE 30 Y <35 M Y EQUIPOS 10S (SUBIDA) Y 10S (BAJADA). INCLUYE LA FABRICACIÓN DE LOS COMPONENTES, EL TRANSPORTE, DISTRIBUCIÓN EN OBRA, MONTAJE, REGLAJES Y PRUEBAS PREVIAS A LA PUESTA EN MARCHA. LA TORRE SERÁ COMPLETA, INCLUYENDO (LISTA NO EXHAUSTIVA): LOS FUSTES, POTENCIAS, SOBREPOTENCIAS, PASARELAS, ESCALERAS DE ACCESO, LÍNEA DE VIDA Y RESTO DE EQUIPAMIENTOS, INCLUIDOS LOS PERNOS DE ANCLAJE PARA LA OBRA CIVIL Y EL SISTEMA DE ILUMINACIÓN PARA LA EXPLOTACIÓN NOCTURNA.","GL",1,282399.8323233375,0.05,296519.82393950439,385475.7711213557,385475.7711213557,{"$f":"ROUND(I23*'DATOS ENTRADA'!$C$31,2)","v":1251690237.2},{"$f":"+CAPEX!H91","v":367119.78202033875},1627197308.3600001,1627197308.3600001,1627197308,{"$f":"+P23-'[93]PPTO GRAL CAPEX ELECTROM'!P23","v":0}]
[null,{"$f":"+CAPEX!A92","v":"ELM010"},"1.10","TORRE 4 DE H ENTRE 25 Y <30 M Y EQUIPOS 12S (SUBIDA) Y 12S (BAJADA). INCLUYE LA FABRICACIÓN DE LOS COMPONENTES, EL TRANSPORTE, DISTRIBUCIÓN EN OBRA, MONTAJE, REGLAJES Y PRUEBAS PREVIAS A LA PUESTA EN MARCHA. LA TORRE SERÁ COMPLETA, INCLUYENDO (LISTA NO EXHAUSTIVA): LOS FUSTES, POTENCIAS, SOBREPOTENCIAS, PASARELAS, ESCALERAS DE ACCESO, LÍNEA DE VIDA Y RESTO DE EQUIPAMIENTOS, INCLUIDOS LOS PERNOS DE ANCLAJE PARA LA OBRA CIVIL Y EL SISTEMA DE ILUMINACIÓN PARA LA EXPLOTACIÓN NOCTURNA.","GL",1,275279.36470264738,0.05,289043.33293777978,375756.33281911374,375756.33281911374,{"$f":"ROUND(I24*'DATOS ENTRADA'!$C$31,2)","v":1220129950.03},{"$f":"+CAPEX!H92","v":357863.17411344161},1586168935.039,1586168935.039,1586168935,{"$f":"+P24-'[93]PPTO GRAL CAPEX ELECTROM'!P24","v":0}]
[null,{"$f":"+CAPEX!A93","v":"ELM011"},"1.11","TORRE 5 DE H ENTRE 20 Y <25 M Y EQUIPOS 10S (SUBIDA) Y 10S (BAJADA). INCLUYE LA FABRICACIÓN DE LOS COMPONENTES, EL TRANSPORTE, DISTRIBUCIÓN EN OBRA, MONTAJE, REGLAJES Y PRUEBAS PREVIAS A LA PUESTA EN MARCHA. LA TORRE SERÁ COMPLETA, INCLUYENDO (LISTA NO EXHAUSTIVA): LOS FUSTES, POTENCIAS, SOBREPOTENCIAS, PASARELAS, ESCALERAS DE ACCESO, LÍNEA DE VIDA Y RESTO DE EQUIPAMIENTOS, INCLUIDOS LOS PERNOS DE ANCLAJE PARA LA OBRA CIVIL Y EL SISTEMA DE ILUMINACIÓN PARA LA EXPLOTACIÓN NOCTURNA.","GL",1,224329.98490565165,0.05,235546.48415093424,306210.42939621455,306210.42939621455,{"$f":"ROUND(I25*'DATOS ENTRADA'!$C$31,2)","v":994305307.14999998},{"$f":"+CAPEX!H93","v":291628.98037734715},1292596899.2950001,1292596899.2950001,1292596899,{"$f":"+P25-'[93]PPTO GRAL CAPEX ELECTROM'!P25","v":0}]
[null,{"$f":"+CAPEX!A94","v":"ELM012"},"1.12","TORRE 6 DE H ENTRE 35 Y <40 M Y EQUIPOS 12S (SUBIDA) Y 12S (BAJADA). INCLUYE LA FABRICACIÓN DE LOS COMPONENTES, EL TRANSPORTE, DISTRIBUCIÓN EN OBRA, MONTAJE, REGLAJES Y PRUEBAS PREVIAS A LA PUESTA EN MARCHA. LA TORRE SERÁ COMPLETA, INCLUYENDO (LISTA NO EXHAUSTIVA): LOS FUSTES, POTENCIAS, SOBREPOTENCIAS, PASARELAS, ESCALERAS DE ACCESO, LÍNEA DE VIDA Y RESTO DE EQUIPAMIENTOS, INCLUIDOS LOS PERNOS DE ANCLAJE PARA LA OBRA CIVIL Y EL SISTEMA DE ILUMINACIÓN PARA LA EXPLOTACIÓN NOCTURNA.","GL",1,303772.4804229702,0.05,318961.10444411874,414649.4357773544,414649.4357773544,{"$f":"ROUND(I26*'DATOS ENTRADA'!$C$31,2)","v":1346420941.3599999},{"$f":"+CAPEX!H94","v":394904.22454986128},1750347223.7679999,1750347223.7679999,1750347224,{"$f":"+P26-'[93]PPTO GRAL CAPEX ELECTROM'!P26","v":0}]
[null,{"$f":"+CAPEX!A95","v":"ELM013"},"1.13","TORRE 7 DE H ENTRE 35 Y <40 M Y EQUIPOS 12S (SUBIDA) Y 12S (BAJADA). INCLUYE LA FABRICACIÓN DE LOS COMPONENTES, EL TRANSPORTE, DISTRIBUCIÓN EN OBRA, MONTAJE, REGLAJES Y PRUEBAS PREVIAS A LA PUESTA EN MARCHA. LA TORRE SERÁ COMPLETA, INCLUYENDO (LISTA NO EXHAUSTIVA): LOS FUSTES, POTENCIAS, SOBREPOTENCIAS, PASARELAS, ESCALERAS DE ACCESO, LÍNEA DE VIDA Y RESTO DE EQUIPAMIENTOS, INCLUIDOS LOS PERNOS DE ANCLAJE PARA LA OBRA CIVIL Y EL SISTEMA DE ILUMINACIÓN PARA LA EXPLOTACIÓN NOCTURNA.","GL",1,303772.4804229702,0.05,318961.10444411874,414649.4357773544,414649.4357773544,{"$f":"ROUND(I27*'DATOS ENTRADA'!$C$31,2)","v":1346420941.3599999},{"$f":"+CAPEX!H95","v":394904.22454986128},1750347223.7679999,1750347223.7679999,1750347224,{"$f":"+P27-'[93]PPTO GRAL CAPEX ELECTROM'!P27","v":0}]
[null,{"$f":"+CAPEX!A96","v":"ELM014"},"1.14","TORRE 8 DE H ENTRE 20 Y <25 M Y EQUIPOS 12S (SUBIDA) Y 12S (BAJADA). INCLUYE LA FABRICACIÓN DE LOS COMPONENTES, EL TRANSPORTE, DISTRIBUCIÓN EN OBRA, MONTAJE, REGLAJES Y PRUEBAS PREVIAS A LA PUESTA EN MARCHA. LA TORRE SERÁ COMPLETA, INCLUYENDO (LISTA NO EXHAUSTIVA): LOS FUSTES, POTENCIAS, SOBREPOTENCIAS, PASARELAS, ESCALERAS DE ACCESO, LÍNEA DE VIDA Y RESTO DE EQUIPAMIENTOS, INCLUIDOS LOS PERNOS DE ANCLAJE PARA LA OBRA CIVIL Y EL SISTEMA DE ILUMINACIÓN PARA LA EXPLOTACIÓN NOCTURNA.","GL",1,234419.19224118791,0.05,246140.15185324731,319982.1974092215,319982.1974092215,{"$f":"ROUND(I28*'DATOS ENTRADA'!$C$31,2)","v":1039024038.8099999},{"$f":"+CAPEX!H96","v":304744.94991354429},1350731250.4530001,1350731250.4530001,1350731250,{"$f":"+P28-'[93]PPTO GRAL CAPEX ELECTROM'!P28","v":0}]
[null,{"$f":"+CAPEX!A97","v":"ELM015"},"1.15","TORRE 9 EN \"Y\" DE HA=15,1 M Y HB=15,2 MY EQUIPOS 10S (A) Y 12S (B) (SUBIDA) Y 10S (A) Y 12S (B) (BAJADA). INCLUYE LA FABRICACIÓN DE LOS COMPONENTES, EL TRANSPORTE, DISTRIBUCIÓN EN OBRA, MONTAJE, REGLAJES Y PRUEBAS PREVIAS A LA PUESTA EN MARCHA. LA TORRE SERÁ COMPLETA, INCLUYENDO (LISTA NO EXHAUSTIVA): LOS FUSTES, POTENCIAS, SOBREPOTENCIAS, PASARELAS, ESCALERAS DE ACCESO, LÍNEA DE VIDA Y RESTO DE EQUIPAMIENTOS, INCLUIDOS LOS PERNOS DE ANCLAJE PARA LA OBRA CIVIL Y EL SISTEMA DE ILUMINACIÓN PARA LA EXPLOTACIÓN NOCTURNA.","GL",1,292673.80881065299,0.05,307307.49925118563,399499.74902654131,399499.74902654131,{"$f":"ROUND(I29*'DATOS ENTRADA'!$C$31,2)","v":1297227927.3599999},{"$f":"+CAPEX!H97","v":380475.95145384892},1686396305.5679998,1686396305.5679998,1686396306,{"$f":"+P29-'[93]PPTO GRAL CAPEX ELECTROM'!P29","v":0}]
[null,{"$f":"+CAPEX!A98","v":"ELM016"},"1.16","TORRE 10 DE H ENTRE 25 Y <30 M Y EQUIPOS 10S (SUBIDA) Y 10S (BAJADA). INCLUYE LA FABRICACIÓN DE LOS COMPONENTES, EL TRANSPORTE, DISTRIBUCIÓN EN OBRA, MONTAJE, REGLAJES Y PRUEBAS PREVIAS A LA PUESTA EN MARCHA. LA TORRE SERÁ COMPLETA, INCLUYENDO (LISTA NO EXHAUSTIVA): LOS FUSTES, POTENCIAS, SOBREPOTENCIAS, PASARELAS, ESCALERAS DE ACCESO, LÍNEA DE VIDA Y RESTO DE EQUIPAMIENTOS, INCLUIDOS LOS PERNOS DE ANCLAJE PARA LA OBRA CIVIL Y EL SISTEMA DE ILUMINACIÓN PARA LA EXPLOTACIÓN NOCTURNA.","GL",1,238886.78725955309,0.05,250831.12662253075,326080.46460929001,326080.46460929001,{"$f":"ROUND(I30*'DATOS ENTRADA'!$C$31,2)","v":1058825909.88},{"$f":"+CAPEX!H98","v":310552.82343741902},1376473682.8440001,1376473682.8440001,1376473683,{"$f":"+P30-'[93]PPTO GRAL CAPEX ELECTROM'!P30","v":0}]
[null,{"$f":"+CAPEX!A99","v":"ELM017"},"1.17","TORRE 11 DE H ENTRE 15 Y <20 M Y EQUIPOS 8S8C (SUBIDA) Y 8S8C (BAJADA). INCLUYE LA FABRICACIÓN DE LOS COMPONENTES, EL TRANSPORTE, DISTRIBUCIÓN EN OBRA, MONTAJE, REGLAJES Y PRUEBAS PREVIAS A LA PUESTA EN MARCHA. LA TORRE SERÁ COMPLETA, INCLUYENDO (LISTA NO EXHAUSTIVA): LOS FUSTES, POTENCIAS, SOBREPOTENCIAS, PASARELAS, ESCALERAS DE ACCESO, LÍNEA DE VIDA Y RESTO DE EQUIPAMIENTOS, INCLUIDOS LOS PERNOS DE ANCLAJE PARA LA OBRA CIVIL Y EL SISTEMA DE ILUMINACIÓN PARA LA EXPLOTACIÓN NOCTURNA.","GL",1,271411.00612762664,0.05,284981.556434008,370476.02336421044,370476.02336421044,{"$f":"ROUND(I31*'DATOS ENTRADA'!$C$31,2)","v":1202984094.73},{"$f":"+CAPEX!H99","v":352834.3079659146},1563879323.1490002,1563879323.1490002,1563879323,{"$f":"+P31-'[93]PPTO GRAL CAPEX ELECTROM'!P31","v":0}]
[null,{"$f":"+CAPEX!A100","v":"ELM018"},"1.18","TORRE 12 DE H ENTRE 10 Y <15 M Y EQUIPOS 12C (SUBIDA) Y 12C (BAJADA). INCLUYE LA FABRICACIÓN DE LOS COMPONENTES, EL TRANSPORTE, DISTRIBUCIÓN EN OBRA, MONTAJE, REGLAJES Y PRUEBAS PREVIAS A LA PUESTA EN MARCHA. LA TORRE SERÁ COMPLETA, INCLUYENDO (LISTA NO EXHAUSTIVA): LOS FUSTES, POTENCIAS, SOBREPOTENCIAS, PASARELAS, ESCALERAS DE ACCESO, LÍNEA DE VIDA Y RESTO DE EQUIPAMIENTOS, INCLUIDOS LOS PERNOS DE ANCLAJE PARA LA OBRA CIVIL Y EL SISTEMA DE ILUMINACIÓN PARA LA EXPLOTACIÓN NOCTURNA.","GL",1,172805.80093798492,0.05,181446.09098488418,235879.91828034943,235879.91828034943,{"$f":"ROUND(I32*'DATOS ENTRADA'!$C$31,2)","v":765932940.49000001},{"$f":"+CAPEX!H100","v":224647.54121938039},995712822.63700008,995712822.63700008,995712823,{"$f":"+P32-'[93]PPTO GRAL CAPEX ELECTROM'!P32","v":0}]
[null,{"$f":"+CAPEX!A101","v":"ELM019"},"1.19","TORRE 13 DE H ENTRE 10 Y <15 M Y EQUIPOS 12C (SUBIDA) Y 12C (BAJADA). INCLUYE LA FABRICACIÓN DE LOS COMPONENTES, EL TRANSPORTE, DISTRIBUCIÓN EN OBRA, MONTAJE, REGLAJES Y PRUEBAS PREVIAS A LA PUESTA EN MARCHA. LA TORRE SERÁ COMPLETA, INCLUYENDO (LISTA NO EXHAUSTIVA): LOS FUSTES, POTENCIAS, SOBREPOTENCIAS, PASARELAS, ESCALERAS DE ACCESO, LÍNEA DE VIDA Y RESTO DE EQUIPAMIENTOS, INCLUIDOS LOS PERNOS DE ANCLAJE PARA LA OBRA CIVIL Y SISTEMA DE DESCABLEADO Y EL SISTEMA DE ILUMINACIÓN PARA LA EXPLOTACIÓN NOCTURNA.","GL",1,172805.80093798492,0.05,181446.09098488418,235879.91828034943,235879.91828034943,{"$f":"ROUND(I33*'DATOS ENTRADA'!$C$31,2)","v":765932940.49000001},{"$f":"+CAPEX!H101","v":224647.54121938039},995712822.63700008,995712822.63700008,995712823,{"$f":"+P33-'[93]PPTO GRAL CAPEX ELECTROM'!P33","v":0}]
[null,{"$f":"+CAPEX!A102","v":"ELM020"},"1.20","TORRE 14 DE H ENTRE 15 Y <20 M Y EQUIPOS 12S (SUBIDA) Y 12S (BAJADA). INCLUYE LA FABRICACIÓN DE LOS COMPONENTES, EL TRANSPORTE, DISTRIBUCIÓN EN OBRA, MONTAJE, REGLAJES Y PRUEBAS PREVIAS A LA PUESTA EN MARCHA. LA TORRE SERÁ COMPLETA, INCLUYENDO (LISTA NO EXHAUSTIVA): LOS FUSTES, POTENCIAS, SOBREPOTENCIAS, PASARELAS, ESCALERAS DE ACCESO, LÍNEA DE VIDA Y RESTO DE EQUIPAMIENTOS, INCLUIDOS LOS PERNOS DE ANCLAJE PARA LA OBRA CIVIL Y EL SISTEMA DE ILUMINACIÓN PARA LA EXPLOTACIÓN NOCTURNA.","GL",1,209350.73045259144,0.05,219818.26697522102,285763.74706778734,285763.74706778734,{"$f":"ROUND(I34*'DATOS ENTRADA'!$C$31,2)","v":927912255.83000004},{"$f":"+CAPEX!H102","v":272155.94958836888},1206285932.579,1206285932.579,1206285933,{"$f":"+P34-'[93]PPTO GRAL CAPEX ELECTROM'!P34","v":0}]
[null,{"$f":"+CAPEX!A103","v":"ELM021"},"1.21","TORRE 15 DE H ENTRE 20 Y <25 M Y EQUIPOS 10S (SUBIDA) Y 10S (BAJADA). INCLUYE LA FABRICACIÓN DE LOS COMPONENTES, EL TRANSPORTE, DISTRIBUCIÓN EN OBRA, MONTAJE, REGLAJES Y PRUEBAS PREVIAS A LA PUESTA EN MARCHA. LA TORRE SERÁ COMPLETA, INCLUYENDO (LISTA NO EXHAUSTIVA): LOS FUSTES, POTENCIAS, SOBREPOTENCIAS, PASARELAS, ESCALERAS DE ACCESO, LÍNEA DE VIDA Y RESTO DE EQUIPAMIENTOS, INCLUIDOS LOS PERNOS DE ANCLAJE PARA LA OBRA CIVIL Y EL SISTEMA DE ILUMINACIÓN PARA LA EXPLOTACIÓN NOCTURNA.","GL",1,224329.98490565165,0.05,235546.48415093424,306210.42939621455,306210.42939621455,{"$f":"ROUND(I35*'DATOS ENTRADA'!$C$31,2)","v":994305307.14999998},{"$f":"+CAPEX!H103","v":291628.98037734715},1292596899.2950001,1292596899.2950001,1292596899,{"$f":"+P35-'[93]PPTO GRAL CAPEX ELECTROM'!P35","v":0}]
[null,{"$f":"+CAPEX!A104","v":"ELM022"},"1.22","TORRE 16 DE H ENTRE 25 Y <30 M Y EQUIPOS 10S (SUBIDA) Y 10S (BAJADA). INCLUYE LA FABRICACIÓN DE LOS COMPONENTES, EL TRANSPORTE, DISTRIBUCIÓN EN OBRA, MONTAJE, REGLAJES Y PRUEBAS PREVIAS A LA PUESTA EN MARCHA. LA TORRE SERÁ COMPLETA, INCLUYENDO (LISTA NO EXHAUSTIVA): LOS FUSTES, POTENCIAS, SOBREPOTENCIAS, PASARELAS, ESCALERAS DE ACCESO, LÍNEA DE VIDA Y RESTO DE EQUIPAMIENTOS, INCLUIDOS LOS PERNOS DE ANCLAJE PARA LA OBRA CIVIL Y EL SISTEMA DE ILUMINACIÓN PARA LA EXPLOTACIÓN NOCTURNA.","GL",1,238886.78725955309,0.05,250831.12662253075,326080.46460929001,326080.46460929001,{"$f":"ROUND(I36*'DATOS ENTRADA'!$C$31,2)","v":1058825909.88},{"$f":"+CAPEX!H104","v":310552.82343741902},1376473682.8440001,1376473682.8440001,1376473683,{"$f":"+P36-'[93]PPTO GRAL CAPEX ELECTROM'!P36","v":0}]
[null,{"$f":"+CAPEX!A105","v":"ELM023"},"1.23","TORRE 17 DE H ENTRE 25 Y <30 M Y EQUIPOS 10S (SUBIDA) Y 10S (BAJADA). INCLUYE LA FABRICACIÓN DE LOS COMPONENTES, EL TRANSPORTE, DISTRIBUCIÓN EN OBRA, MONTAJE, REGLAJES Y PRUEBAS PREVIAS A LA PUESTA EN MARCHA. LA TORRE SERÁ COMPLETA, INCLUYENDO (LISTA NO EXHAUSTIVA): LOS FUSTES, POTENCIAS, SOBREPOTENCIAS, PASARELAS, ESCALERAS DE ACCESO, LÍNEA DE VIDA Y RESTO DE EQUIPAMIENTOS, INCLUIDOS LOS PERNOS DE ANCLAJE PARA LA OBRA CIVIL Y EL SISTEMA DE ILUMINACIÓN PARA LA EXPLOTACIÓN NOCTURNA.","GL",1,238886.78725955309,0.05,250831.12662253075,326080.46460929001,326080.46460929001,{"$f":"ROUND(I37*'DATOS ENTRADA'!$C$31,2)","v":1058825909.88},{"$f":"+CAPEX!H105","v":310552.82343741902},1376473682.8440001,1376473682.8440001,1376473683,{"$f":"+P37-'[93]PPTO GRAL CAPEX ELECTROM'!P37","v":0}]
[null,{"$f":"+CAPEX!A106","v":"ELM024"},"1.24","TORRE 18 DE H ENTRE 25 Y <30 M Y EQUIPOS 12S (SUBIDA) Y 12S (BAJADA). INCLUYE LA FABRICACIÓN DE LOS COMPONENTES, EL TRANSPORTE, DISTRIBUCIÓN EN OBRA, MONTAJE, REGLAJES Y PRUEBAS PREVIAS A LA PUESTA EN MARCHA. LA TORRE SERÁ COMPLETA, INCLUYENDO (LISTA NO EXHAUSTIVA): LOS FUSTES, POTENCIAS, SOBREPOTENCIAS, PASARELAS, ESCALERAS DE ACCESO, LÍNEA DE VIDA Y RESTO DE EQUIPAMIENTOS, INCLUIDOS LOS PERNOS DE ANCLAJE PARA LA OBRA CIVIL Y EL SISTEMA DE ILUMINACIÓN PARA LA EXPLOTACIÓN NOCTURNA.","GL",1,248975.99459508935,0.05,261424.79432484382,339852.23262229696,339852.23262229696,{"$f":"ROUND(I38*'DATOS ENTRADA'!$C$31,2)","v":1103544641.54},{"$f":"+CAPEX!H106","v":323668.79297361616},1434608034.0020001,1434608034.0020001,1434608034,{"$f":"+P38-'[93]PPTO GRAL CAPEX ELECTROM'!P38","v":0}]
[null,{"$f":"+CAPEX!A107","v":"ELM025"},"1.25","TORRE 19 DE H ENTRE 30 Y <35 M Y EQUIPOS 12S (SUBIDA) Y 12S (BAJADA). INCLUYE LA FABRICACIÓN DE LOS COMPONENTES, EL TRANSPORTE, DISTRIBUCIÓN EN OBRA, MONTAJE, REGLAJES Y PRUEBAS PREVIAS A LA PUESTA EN MARCHA. LA TORRE SERÁ COMPLETA, INCLUYENDO (LISTA NO EXHAUSTIVA): LOS FUSTES, POTENCIAS, SOBREPOTENCIAS, PASARELAS, ESCALERAS DE ACCESO, LÍNEA DE VIDA Y RESTO DE EQUIPAMIENTOS, INCLUIDOS LOS PERNOS DE ANCLAJE PARA LA OBRA CIVIL Y EL SISTEMA DE ILUMINACIÓN PARA LA EXPLOTACIÓN NOCTURNA.","GL",1,271230.2732190839,0.05,284791.7868800381,370229.32294404955,370229.32294404955,{"$f":"ROUND(I39*'DATOS ENTRADA'!$C$31,2)","v":1202183026.2},{"$f":"+CAPEX!H107","v":352599.35518480907},1562837934.0600002,1562837934.0600002,1562837934,{"$f":"+P39-'[93]PPTO GRAL CAPEX ELECTROM'!P39","v":0}]
[null,{"$f":"+CAPEX!A108","v":"ELM026"},"1.26","TORRE 20 DE H ENTRE 30 Y <35 M Y EQUIPOS 10S (SUBIDA) Y 10S (BAJADA). INCLUYE LA FABRICACIÓN DE LOS COMPONENTES, EL TRANSPORTE, DISTRIBUCIÓN EN OBRA, MONTAJE, REGLAJES Y PRUEBAS PREVIAS A LA PUESTA EN MARCHA. LA TORRE SERÁ COMPLETA, INCLUYENDO (LISTA NO EXHAUSTIVA): LOS FUSTES, POTENCIAS, SOBREPOTENCIAS, PASARELAS, ESCALERAS DE ACCESO, LÍNEA DE VIDA Y RESTO DE EQUIPAMIENTOS, INCLUIDOS LOS PERNOS DE ANCLAJE PARA LA OBRA CIVIL Y EL SISTEMA DE ILUMINACIÓN PARA LA EXPLOTACIÓN NOCTURNA.","GL",1,261141.06588354759,0.05,274198.11917772499,356457.55493104248,356457.55493104248,{"$f":"ROUND(I40*'DATOS ENTRADA'!$C$31,2)","v":1157464294.54},{"$f":"+CAPEX!H108","v":339483.38564861187},1504703582.902,1504703582.902,1504703583,{"$f":"+P40-'[93]PPTO GRAL CAPEX ELECTROM'!P40","v":0}]
[null,{"$f":"+CAPEX!A109","v":"ELM027"},"1.27","TORRE 21 DE H ENTRE 20 Y <25 M Y EQUIPOS 12S (SUBIDA) Y 12S (BAJADA). INCLUYE LA FABRICACIÓN DE LOS COMPONENTES, EL TRANSPORTE, DISTRIBUCIÓN EN OBRA, MONTAJE, REGLAJES Y PRUEBAS PREVIAS A LA PUESTA EN MARCHA. LA TORRE SERÁ COMPLETA, INCLUYENDO (LISTA NO EXHAUSTIVA): LOS FUSTES, POTENCIAS, SOBREPOTENCIAS, PASARELAS, ESCALERAS DE ACCESO, LÍNEA DE VIDA Y RESTO DE EQUIPAMIENTOS, INCLUIDOS LOS PERNOS DE ANCLAJE PARA LA OBRA CIVIL Y EL SISTEMA DE ILUMINACIÓN PARA LA EXPLOTACIÓN NOCTURNA.","GL",1,234419.19224118791,0.05,246140.15185324731,319982.1974092215,319982.1974092215,{"$f":"ROUND(I41*'DATOS ENTRADA'!$C$31,2)","v":1039024038.8099999},{"$f":"+CAPEX!H109","v":304744.94991354429},1350731250.4530001,1350731250.4530001,1350731250,{"$f":"+P41-'[93]PPTO GRAL CAPEX ELECTROM'!P41","v":0}]
[null,{"$f":"+CAPEX!A110","v":"ELM028"},"1.28","TORRE 22 DE H ENTRE 10 Y <15 M Y EQUIPOS 10C (SUBIDA) Y 10C (BAJADA). INCLUYE LA FABRICACIÓN DE LOS COMPONENTES, EL TRANSPORTE, DISTRIBUCIÓN EN OBRA, MONTAJE, REGLAJES Y PRUEBAS PREVIAS A LA PUESTA EN MARCHA. LA TORRE SERÁ COMPLETA, INCLUYENDO (LISTA NO EXHAUSTIVA): LOS FUSTES, POTENCIAS, SOBREPOTENCIAS, PASARELAS, ESCALERAS DE ACCESO, LÍNEA DE VIDA Y RESTO DE EQUIPAMIENTOS, INCLUIDOS LOS PERNOS DE ANCLAJE PARA LA OBRA CIVIL Y SISTEMA DE DESCABLEADO Y EL SISTEMA DE ILUMINACIÓN PARA LA EXPLOTACIÓN NOCTURNA.","GL",1,180412.50776666883,0.05,189433.13315500229,246263.07310150299,246263.07310150299,{"$f":"ROUND(I42*'DATOS ENTRADA'!$C$31,2)","v":799648401.99000001},{"$f":"+CAPEX!H110","v":234536.26009666949},1039542922.587,1039542922.587,1039542923,{"$f":"+P42-'[93]PPTO GRAL CAPEX ELECTROM'!P42","v":0}]
[null,{"$f":"+CAPEX!A111","v":"ELM029"},"1.29","VEHÍCULOS: INCLUYE LA FABRICACIÓN DE LOS COMPONENTES, EL TRANSPORTE, DISTRIBUCIÓN EN OBRA, MONTAJE, REGLAJES Y PRUEBAS PREVIAS A LA PUESTA EN MARCHA. LOS VEHÍCULOS INCLUYEN LA CABINA COMPLETA PARA EL TRANSPORTE DE VIAJEROS, INCLUIDO EL BRAZO DE SUSPENSIÓN Y LA PINZA DESEMBRAGABLE, EL SISTEMA DE COMUNICACIÓN BIDIRECCIONAL, LA ILUMINACIÓN, LA VIDEOVIGILANCIA Y EL SISTEMA DE CARGA DE BATERÍAS. TAMBIÉN SE INCLUYE LOS VEHÍCULOS DE MANTENIMIENTO COMPLETOS Y LOS EQUIPOS DE RESCATE VERTICAL, ASÍ COMO LA SEÑALIZACIÓN DE LAS CABINAS, EL UTILLAJE ESPECÍFICO Y SUMINISTROS DE RECAMBIO PARA EL PRIMER AÑO DE EXPLOTACIÓN.","GL",1,6929129.6992456885,0.05,7275586.1842079731,9458262.0394703653,9458262.0394703653,{"$f":"ROUND(I43*'DATOS ENTRADA'!$C$31,2)","v":30712213691.810001},{"$f":"+CAPEX!H111","v":9007868.609019395},39925877799.353004,39925877799.353004,39925877799,{"$f":"+P43-'[93]PPTO GRAL CAPEX ELECTROM'!P43","v":0}]
[null,null,null,null,null,null,null,null,null,null,null,null,null,null,null,null,{"$f":"+P44-'[93]PPTO GRAL CAPEX ELECTROM'!P44","v":0}]
[null,null,null,"AIU",null,0.3,null,null,null,null,{"$f":"SUM(K15:K44)","v":36397859.990664572},null,null,null,null,{"$f":"SUM(P15:P44)","v":154224801798},{"$f":"+P45-'[93]PPTO GRAL CAPEX ELECTROM'!P45","v":0}]

{"sheet":"CAPEX","index":5,"n_rows":114,"n_cols":11,"rows_kept":114,"cut":false,"hidden":true,"merged":[[0,4,0,7],[2,4,2,7]]}
[null,null,null,null,"Estimación Costos de Inversión",0,0,0,null,"Tasa de cambio COP/euro",{"$f":"+'DATOS ENTRADA'!C31","v":4221.2700000000004}]
[null,null,0,0,"Grupo 3",0,0,0]
[null,null,null,null,"TC San Cristobal (secciones 1+2) ",0,0,0]
[null,0,0,"Unidades","Precios unitarios (€)","Metrado (Cantidad)","Coste €","Coste COP"]
[null,1,"PROYECTO Y SUPERVISIÓN DE OBRA",null,null,null,{"$f":"+G6","v":595000}]
[null,1.01,"Proyecto de ingeniería de detalle del sistema electromecánico incluido almacén de cabinas y coordinación con el resto de especialidades para eventuales ajustes del diseño de los edificios.","und (bucles)",297500,2,{"$f":"+E6*F6","v":595000}]
[null,2,"CONJUNTO DE ESTACIONES",null,null,null,{"$f":"+SUM(G8:G11)","v":9376840.7408085205}]
[null,2.0099999999999998,"Estructura de estación motriz completa, incluidos andenes, barandillas y accesorios","und (bucles)",1753756.7516686635,2,{"$f":"+E8*F8","v":3507513.5033373269}]
[null,2.02,"Estructura de estación de reenvío completa, incluidos andenes, barandillas y accesorios","und (bucles)",1866835.2863540421,2,3733670.5727080842]
[null,2.0299999999999998,"Cubierta parcial de estación (parte del sistema electromecánico no integrada dentro de los edificios de estación) ","und",244979.16619077729,4,979916.66476310918]
[null,2.04,"Estructura del almacén para todas las cabinas y los vehículos de mantenimiento, incluidas vías de garaje, ascensores/rampas, vía y plataforma de mantenimiento, plataforma abatible automática en andén para transferencia línea-garaje y accionamiento para el funcionamiento semi-automático del ciclado/desciclado de vehículos","und",1155740,1,1155740]
[null,3,"MAQUINARIA",null,null,null,{"$f":"+SUM(G13:G17)","v":4271467.855745336}]
[null,3.01,"Sistema de motorización, compuesto de un motor de acoplamiento directo de cuatro sectores como mínimo, dimensionado para funcionamiento en condiciones normales de operación en caso de avería de uno de los sectores. Se incluye asimismo el chasis,  aparamenta eléctrica (variador de frecuencia) y accesorios. Potencia según descrito en la pestaña \"Caract básicas\"","und (bucles)",1109846.0436990131,2,{"$f":"+E13*F13","v":2219692.0873980261}]
[null,3.02,"Equipo eléctrico de mando y seguridad y accesorios","und (bucles)",411950.00000000006,2,823900.00000000012]
[null,3.03,"Motor térmico de emergencia, incluidos chasis, aparamenta eléctrica, acoplamiento y depósito de combustible","und (bucles)",265251.96417365514,2,530503.92834731028]
[null,3.04,"Sistema de frenos de servicio y de seguridad, todo incluido","und (bucles)",96235.920000000027,2,192471.84000000005]
[null,3.05,"Sistema de tensión del cable tractor, incluye chasis, contrapeso y elementos de seguridad","und (bucles)",252450.00000000006,2,504900.00000000012]
[null,4,"LÍNEA",null,null,null,{"$f":"+SUM(G19:G33)","v":6541212.4662009543}]
[null,4.01,"Cable portador/tractor, de composición 6x25 FW o bien 6 x 26WS y 1.720 kN de fuerza de rotura mínima. El cable contiene perfiles plásticos entre los cordones para eliminar vibraciones y ruidos. Diámetro según descrito en la pestaña \"Caract básicas\"","m",137.80200843870878,6175.8451234869763,{"$f":"+E19*F19","v":851043.86182291084}]
[null,4.0199999999999996,"Doble línea de seguridad (compuesta por sistema redundante de barretas rompibles) y, además, sistema de control de posicionamiento del cable. Cableado en línea sportado por cableta de acero. Se incluyen dos anemómetros y dos veletas por sección, aisladores, cajas de conexión y resto de accesorios","m",125.07451908525672,2987.9225617434881,373712.97747405508]
[null,4.03,"Torre de línea doble en \"Y\", incluidas potencias, sobrepotencias, pasarelas, escaleras de acceso, líneas de vida y resto de equipamientos. Se incluyen pernos de anclaje para obra civil y sistema de iluminación para explotación nocturna","und",185239.81892863257,1,185239.81892863257]
[null,4.04,"Torre de línea entre 10 m y menos de 15 m, incluida potencia, sobrepotencia, pasarelas, escaleras de acceso, línea de vida y resto de equipamientos. Se incluyen pernos de anclaje para obra civil y sistema de iluminación para explotación nocturna","und",103629.36933082322,4,414517.47732329287]
[null,4.05,"Torre de línea entre 15 m y menos de 20 m, incluida potencia, sobrepotencia, pasarelas, escaleras de acceso, línea de vida y resto de equipamientos. Se incluyen pernos de anclaje para obra civil y sistema de iluminación para explotación nocturna","und",132192.6098066062,2,264385.21961321239]
[null,4.0599999999999996,"Torre de línea entre 20 m y menos de 25 m, incluida potencia, sobrepotencia, pasarelas, escaleras de acceso, línea de vida y resto de equipamientos. Se incluyen pernos de anclaje para obra civil y sistema de iluminación para explotación nocturna","und",164781.61013178164,5,823908.05065890821]
[null,4.07,"Torre de línea entre 25 m y menos de 30 m, incluida potencia, sobrepotencia, pasarelas, escaleras de acceso, línea de vida y resto de equipamientos. Se incluyen pernos de anclaje para obra civil y sistema de iluminación para explotación nocturna","und",183705.45319185351,5,918527.2659592675]
[null,4.08,"Torre de línea entre 30 m y menos de 35 m, incluida potencia, sobrepotencia, pasarelas, escaleras de acceso, línea de vida y resto de equipamientos. Se incluyen pernos de anclaje para obra civil y sistema de iluminación para explotación nocturna","und",212636.01540304639,3,637908.04620913917]
[null,4.09,"Torre de línea entre 35 m y menos de 40 m, incluida potencia, sobrepotencia, pasarelas, escaleras de acceso, línea de vida y resto de equipamientos. Se incluyen pernos de anclaje para obra civil y sistema de iluminación para explotación nocturna","und",254940.88476809859,2,509881.76953619719]
[null,4.0999999999999996,"Equipo balancín de soporte: 8S. Nota: Se incluye un balancín 8S extra para sustitución por uno de los balancines instalados en línea durante las tareas de mantenimiento ","und",20374.661475269553,3,61123.98442580866]
[null,4.1100000000000003,"Equipo balancín de soporte: 10S. Se incluye un balancín 10S extra para sustitución por uno de los balancines instalados en línea durante las tareas de mantenimiento ","und",27636.396371726853,17,469818.73831935652]
[null,4.12,"Equipo balancín de soporte: 12S. Se incluye un balancín 12S extra para sustitución por uno de los balancines instalados en línea durante las tareas de mantenimiento ","und",34194.381139825433,19,649693.24165668327]
[null,4.13,"Equipo balancín de compresión: 10C. Se incluye un balancín 10C extra para sustitución por uno de los balancines instalados en línea durante las tareas de mantenimiento ","und",19777.437754578132,3,59332.313263734395]
[null,4.1399999999999997,"Equipo balancín de compresión: 12C. Se incluye un balancín 12C extra para sustitución por uno de los balancines instalados en línea durante las tareas de mantenimiento ","und",24721.797193222661,7,173052.58035255864]
[null,4.1500000000000004,"Equipo balancín soporte/compresión: 8S/8C. Se incluye un balancín 8S/8C extra para sustitución por uno de los balancines instalados en línea durante las tareas de mantenimiento ","und",49689.040219065551,3,149067.12065719665]
[null,5,"VEHÍCULOS",null,null,null,{"$f":"+SUM(G35:G38)","v":8447150.9935129192}]
[null,5.01,"Cabina completa para el transporte de viajeros, incluido brazo de suspensión y pinza desembragable","und",47150.15,144,6789621.6000000006]
[null,5.0199999999999996,"Sistema de comunicación bidireccional vía radio y de difusión de mensajes en cabinas, iluminación y sistema de carga de baterías (según tecnología del proveedor)","und",9782.3835029284601,144,1408663.2244216981]
[null,5.03,"Vehículo de mantenimiento, incluido brazo de suspensión y pinza desembragable","und (bucles)",32141,2,64282]
[null,5.04,"Equipos de evacuación de pasajeros ","und",7383.3667636488108,25,184584.16909122028]
[null,6,"SEÑALIZACIÓN Y VARIOS",null,null,null,{"$f":"+SUM(G40:G42)","v":297924.47629999998}]
[null,6.01,"Control magnético del cable y control vibratorio del conjunto motores/reductores","und (bucles)",19260,2,38520]
[null,6.02,"Señalización completa para estaciones y vehículos","und (bucles)",44940,2,89880]
[null,6.03,"Herramientas específicas para el mantenimiento del sistema","global",169524.47630000001,1,169524.47630000001]
[null,null,"TOTAL",null,null,null,{"$f":"+G39+G34+G18+G12+G7+G5","v":29529596.532567728}]
[null,7,"TRANSPORTE",null,null,null,{"$f":"+SUM(G45:G46)","v":1931885}]
[null,7.01,"Flete Marítimo de equipos de fabrica (incluye aranceles aduana)","contenedor",10700,157,{"$f":"+E45*F45","v":1679900}]
[null,7.02,"Flete terrestre hasta lugar de la obra","contenedor",1605,157,251985]
[null,8,"DISTRIBUCIÓN",null,null,null,{"$f":"+G48","v":706200}]
[null,8.01,"Distribución del material dentro de la zona de obra (incluido transporte y manutención)","und (bucles)",353100,2,{"$f":"+E48*F48","v":706200}]
[null,9,"MONTAJE (PARTE REALIZADA POR EL EQUIPO DE MONTADORES DE LA EMPRESA PROVEEDORA)",null,null,null,{"$f":"+SUM(G50:G57)","v":610891.1218747762}]
[null,9.01,"Montaje de estación, se incluyen todas las estaciones: motrices y reenvío","und",40004.053713845627,4,{"$f":"+E50*F50","v":160016.21485538251}]
[null,9.02,"Montaje de almacén para todas las cabinas y los vehículos de mantenimiento, incluidas vías de garaje, ascensores/rampas, vía y plataforma de mantenimiento, plataforma abatible automática en andén para transferencia línea-garaje y accionamiento para el funcionamiento automático del ciclado/desciclado de vehículos","und",10272.950696083557,1,{"$f":"+E51*F51","v":10272.950696083557}]
[null,9.0299999999999994,"Montaje de media cubierta de estación","und",4445.6369287963034,4,17782.547715185214]
[null,9.0399999999999991,"Montaje de línea","und (bucles)",108284.00000000001,2,216568.00000000003]
[null,9.0500000000000007,"Puesta en obra del cable y empalme, incluido andamiaje si es necesario","und (bucles)",43144.537666153235,2,86289.075332306471]
[null,9.06,"Conexiones eléctricas e hidráulicas, todo incluido","und (bucles)",13511.944320839752,2,27023.888641679503]
[null,9.07,"Montaje y colocación de vehículos","nº cabinas",194.22253218152096,144,27968.04463413902]
[null,9.08,"Reglajes y pruebas previos a la puesta en marcha","und (bucles)",32485.200000000008,2,64970.400000000016]
[null,10,"MONTAJE (PARTE REALIZADA POR EQUIPO NACIONAL)",null,null,null,{"$f":"+SUM(G59:G66)","v":2045157.234102512}]
[null,10.01,{"$f":"+C50","v":"Montaje de estación, se incluyen todas las estaciones: motrices y reenvío"},{"$f":"+D50","v":"und"},133926.61460722232,4,{"$f":"+E59*F59","v":535706.45842888928}]
[null,10.02,{"$f":"+C51","v":"Montaje de almacén para todas las cabinas y los vehículos de mantenimiento, incluidas vías de garaje, ascensores/rampas, vía y plataforma de mantenimiento, plataforma abatible automática en andén para transferencia línea-garaje y accionamiento para el funcionamiento automático del ciclado/desciclado de vehículos"},"und",34392.052330366685,1,{"$f":"+E60*F60","v":34392.052330366685}]
[null,10.029999999999999,"Montaje de media cubierta de estación","und",14883.219283361537,4,59532.877133446149]
[null,10.039999999999999,"Montaje de línea","und (bucles)",362516.00000000006,2,725032.00000000012]
[null,10.050000000000001,"Puesta en obra del cable y empalme, incluido andamiaje si es necesario","und (bucles)",144440.40870842605,2,288880.81741685211]
[null,10.06,"Conexiones eléctricas e hidráulicas, todo incluido","und (bucles)",45235.639682811343,2,90471.279365622686]
[null,10.07,"Montaje y colocación de vehículos","nº cabinas",650.22325991204843,144,93632.149427334982]
[null,10.08,"Reglajes y pruebas previos a la puesta en marcha","und (bucles)",108754.80000000003,2,217509.60000000006]
[]
[null,null,"COSTE TOTAL DE INVERSIÓN",null,null,null,{"$f":"+G58+G49+G47+G44+G39+G34+G18+G12+G7+G5","v":34823729.888545021}]
[]
[null,null,"RESUMEN POR CAPÍTULOS",null,null,null,"Coste €","Coste COP"]
[null,1,"PROYECTO Y SUPERVISIÓN DE OBRA",null,null,null,{"$f":"+G5","v":595000},{"$f":"+G71*$K$1","v":2511655650.0000005}]
[null,2,"CONJUNTO DE ESTACIONES",null,null,null,{"$f":"+G7","v":9376840.7408085205},39582176513.952789]
[null,3,"MAQUINARIA",null,null,null,{"$f":"+G12","v":4271467.855745336},18031019115.422115]
[null,4,"LÍNEA",null,null,null,{"$f":"+G18","v":6541212.4662009543},27612223947.200104]
[null,5,"VEHÍCULOS",null,null,null,{"$f":"+G34","v":8447150.9935129192},35657705074.386284]
[null,6,"SEÑALIZACIÓN Y VARIOS",null,null,null,{"$f":"+G39","v":297924.47629999998},1257619654.0709012]
[null,7,"TRANSPORTE",null,null,null,{"$f":"+G44","v":1931885},8155008193.9500008]
[null,8,"DISTRIBUCIÓN",null,null,null,{"$f":"+G47","v":706200},2981060874.0000005]
[null,9,"MONTAJE",null,null,null,{"$f":"+G49+G58","v":2656048.3559772884},11211897243.63625]
[null,null,"COSTE TOTAL DE INVERSIÓN",null,null,null,{"$f":"+SUM(G71:G79)","v":34823729.888545021},{"$f":"+SUM(H71:H79)","v":147000366266.61847}]
[]
[null,null,"RESUMEN POR CAPÍTULOS PARA BIM",null,null,null,"Coste Directo €","Coste Total €","Coste COP"]
["ELM001",1,"Proyecto de ingeniería de detalle del sistema electromecánico incluido almacén de cabinas y coordinación con el resto de especialidades para eventuales ajustes del diseño de los edificios. ",null,null,null,{"$f":"ROUND(H83/(1+$G$114),2)","v":457692.31},{"$f":"+G6","v":595000},{"$f":"ROUND($K$1*H83,0)","v":2511655650}]
["ELM002",2,"Estación motriz completa: Incluye la fabricación de los componentes, el transporte, distribución en obra, montaje, reglajes y pruebas previas a la puesta en marcha. La estación debe incluir (lista no exhaustiva) la estructura de soporte, el sistema de motorización principal, el motor de emergencia, los frenos de servicio y seguridad, las vías de transferencia de cabinas entre bucles, los equipos eléctricos de mando y seguridad, los andenes, barandillas y otros accesorios, media cubierta (parte exterior al edificio), la señalización de estación y el utillaje específico y suministros de recambio para el primer año de explotación.",null,null,null,6612778.9500000002,{"$f":"+G8+G10*0.5+G13+G14*0.65+G15+G16+G50*0.5+G52*0.5+G59*0.5+G61*0.5+0.4*G41+G42*0.3+G44*0.2+G47*0.2+G55*0.3+G64*0.3+G57*0.3+G66*0.3","v":8596612.6338228583},36288623013]
["ELM003",3,"Estación de retorno completa: Incluye la fabricación de los componentes, el transporte, distribución en obra, montaje, reglajes y pruebas previas a la puesta en marcha. La estación debe incluir (lista no exhaustiva) la estructura de soporte, el sistema de tensión (pistones, central hidráulica, etc.), los equipos eléctricos de mando y seguridad, los andenes, barandillas y otros accesorios, media cubierta (parte exterior al edificio), la señalización de estación y el utillaje específico y suministros de recambio para el primer año de explotación.",null,null,null,4721409.1100000003,{"$f":"+G9+G10*0.5+G14*0.35+G17+G50*0.5+G52*0.5+G59*0.5+G61*0.5+0.4*G41+G42*0.3+G44*0.2+G47*0.2+G55*0.3+G64*0.3+G57*0.3+G66*0.3","v":6137831.847448281},25909445443]
["ELM004",4,"Almacén de vehículos completo: Incluye la fabricación de los componentes, el transporte, distribución en obra, montaje, reglajes y pruebas previas a la puesta en marcha. El almacén debe incluir (lista no exhaustiva), el sistema de agujas de estación para el ciclado/desciclado de vehículos, los andenes escamoteables para el paso de cabinas hacia/desde estación, la estructura de soporte y guiado de las cabinas, los equipamientos para la automatización (motores), el sistema de ascensor para el movimiento entre plantas del garaje, los equipos eléctricos de mando y seguridad, la señalización  y el utillaje específico (especialmente el requerido para el mantenimiento de pinzas) y suministros de recambio para el primer año de explotación.",null,null,null,1360015.02,{"$f":"+G11+G51+G60+G44*0.2+G47*0.2+G55*0.1+G64*0.1+G57*0.1+G66*0.1","v":1768019.5198271803},7463287758]
["ELM005",5,"Cable tractor-portador:  Incluye la fabricación de los cables, el transporte, distribución en obra, extendido del cable, retención del cable, paso de cables guía y empalme. Posterior recableado del cable sobre torres, alineación del cable sobre los balancines, reglajes y pruebas previas a la puesta en marcha. Se incluye el control magnetográfico del cable y el utillaje específico necesario.",null,null,null,1036644.87,{"$f":"+G19+G40+G54+G63+G42*0.1+G44*0.025+G47*0.025","v":1347638.3272020693},5688745241]
["ELM006",6,"Doble línea de seguridad y comunicación incluyendo la cableta de acero portante así como el sistema de posicionamiento del cable. Incluye la fabricación de los componentes, el transporte, la distribución en obra, el montaje, reglajes y  y pruebas previas a la puesta en marcha. Se incluye también los anemómetros, veletas, aisladores, cajas de conexión y resto de accesorios eléctricos y el suministro de recambios para el primer año de explotación.",null,null,null,368971.25,{"$f":"+G20+G44*0.025+G47*0.025+G55*0.1+G64*0.1+G57*0.1+G66*0.1","v":479662.61927478533},2024785425]
["ELM007",7,"Torre 1 de H entre 10 y <15 m y equipos 12C (subida) y 12C (bajada). Incluye la fabricación de los componentes, el transporte, distribución en obra, montaje, reglajes y pruebas previas a la puesta en marcha. La torre será completa, incluyendo (lista no exhaustiva): los fustes, potencias, sobrepotencias, pasarelas, escaleras de acceso, línea de vida y resto de equipamientos, incluidos los pernos de anclaje para la obra civil y sistema de descableado, y el sistema de iluminación para la explotación nocturna.",null,null,null,191822.57,{"$f":"+E22+3*E32+1/22*G53+1/22*G62+G42*0.15*1/22+G44*0.2*1/22+G47*0.2*1/22+G55*0.2*1/22+G64*0.2*1/22+G57*0.2*1/22+G66*0.2*1/22","v":249369.33841260307},1052655307]
["ELM008",8,"Torre 2 de H entre 20 y <25 m y equipos 8S (subida) y 8s (bajada). Incluye la fabricación de los componentes, el transporte, distribución en obra, montaje, reglajes y pruebas previas a la puesta en marcha. La torre será completa, incluyendo (lista no exhaustiva): los fustes, potencias, sobrepotencias, pasarelas, escaleras de acceso, línea de vida y resto de equipamientos, incluidos los pernos de anclaje para la obra civil y el sistema de iluminación para la explotación nocturna.",null,null,null,228830.9,{"$f":"+E24+3*E28+1/22*G53+1/22*G62+G42*0.15*1/22+G44*0.2*1/22+G47*0.2*1/22+G55*0.2*1/22+G64*0.2*1/22+G57*0.2*1/22+G66*0.2*1/22","v":297480.1720597021},1255744126]
["ELM009",9,"Torre 3 de H entre 30 y <35 m y equipos 10S (subida) y 10S (bajada). Incluye la fabricación de los componentes, el transporte, distribución en obra, montaje, reglajes y pruebas previas a la puesta en marcha. La torre será completa, incluyendo (lista no exhaustiva): los fustes, potencias, sobrepotencias, pasarelas, escaleras de acceso, línea de vida y resto de equipamientos, incluidos los pernos de anclaje para la obra civil y el sistema de iluminación para la explotación nocturna.",null,null,null,282399.83,{"$f":"+E26+3*E29+1/22*G53+1/22*G62+G42*0.15*1/22+G44*0.2*1/22+G47*0.2*1/22+G55*0.2*1/22+G64*0.2*1/22+G57*0.2*1/22+G66*0.2*1/22","v":367119.78202033875},1549711722]
["ELM010",10,"Torre 4 de H entre 25 y <30 m y equipos 12S (subida) y 12S (bajada). Incluye la fabricación de los componentes, el transporte, distribución en obra, montaje, reglajes y pruebas previas a la puesta en marcha. La torre será completa, incluyendo (lista no exhaustiva): los fustes, potencias, sobrepotencias, pasarelas, escaleras de acceso, línea de vida y resto de equipamientos, incluidos los pernos de anclaje para la obra civil y el sistema de iluminación para la explotación nocturna.",null,null,null,275279.35999999999,{"$f":"+E25+3*E30+1/22*G53+1/22*G62+G42*0.15*1/22+G44*0.2*1/22+G47*0.2*1/22+G55*0.2*1/22+G64*0.2*1/22+G57*0.2*1/22+G66*0.2*1/22","v":357863.17411344161},1510637081]
["ELM011",11,"Torre 5 de H entre 20 y <25 m y equipos 10S (subida) y 10S (bajada). Incluye la fabricación de los componentes, el transporte, distribución en obra, montaje, reglajes y pruebas previas a la puesta en marcha. La torre será completa, incluyendo (lista no exhaustiva): los fustes, potencias, sobrepotencias, pasarelas, escaleras de acceso, línea de vida y resto de equipamientos, incluidos los pernos de anclaje para la obra civil y el sistema de iluminación para la explotación nocturna.",null,null,null,224329.98,{"$f":"+E24+2*E29+1/22*G53+1/22*G62+G42*0.15*1/22+G44*0.2*1/22+G47*0.2*1/22+G55*0.2*1/22+G64*0.2*1/22+G57*0.2*1/22+G66*0.2*1/22","v":291628.98037734715},1231044666]
["ELM012",12,"Torre 6 de H entre 35 y <40 m y equipos 12S (subida) y 12S (bajada). Incluye la fabricación de los componentes, el transporte, distribución en obra, montaje, reglajes y pruebas previas a la puesta en marcha. La torre será completa, incluyendo (lista no exhaustiva): los fustes, potencias, sobrepotencias, pasarelas, escaleras de acceso, línea de vida y resto de equipamientos, incluidos los pernos de anclaje para la obra civil y el sistema de iluminación para la explotación nocturna.",null,null,null,303772.48,{"$f":"+E27+2*E30+1/22*G53+1/22*G62+G42*0.15*1/22+G44*0.2*1/22+G47*0.2*1/22+G55*0.2*1/22+G64*0.2*1/22+G57*0.2*1/22+G66*0.2*1/22","v":394904.22454986128},1666997356]
["ELM013",13,"Torre 7 de H entre 35 y <40 m y equipos 12S (subida) y 12S (bajada). Incluye la fabricación de los componentes, el transporte, distribución en obra, montaje, reglajes y pruebas previas a la puesta en marcha. La torre será completa, incluyendo (lista no exhaustiva): los fustes, potencias, sobrepotencias, pasarelas, escaleras de acceso, línea de vida y resto de equipamientos, incluidos los pernos de anclaje para la obra civil y el sistema de iluminación para la explotación nocturna.",null,null,null,303772.48,{"$f":"+E27+2*E30+1/22*G53+1/22*G62+G42*0.15*1/22+G44*0.2*1/22+G47*0.2*1/22+G55*0.2*1/22+G64*0.2*1/22+G57*0.2*1/22+G66*0.2*1/22","v":394904.22454986128},1666997356]
["ELM014",14,"Torre 8 de H entre 20 y <25 m y equipos 12S (subida) y 12S (bajada). Incluye la fabricación de los componentes, el transporte, distribución en obra, montaje, reglajes y pruebas previas a la puesta en marcha. La torre será completa, incluyendo (lista no exhaustiva): los fustes, potencias, sobrepotencias, pasarelas, escaleras de acceso, línea de vida y resto de equipamientos, incluidos los pernos de anclaje para la obra civil y el sistema de iluminación para la explotación nocturna.",null,null,null,234419.19,{"$f":"+E24+2*E30+1/22*G53+1/22*G62+G42*0.15*1/22+G44*0.2*1/22+G47*0.2*1/22+G55*0.2*1/22+G64*0.2*1/22+G57*0.2*1/22+G66*0.2*1/22","v":304744.94991354429},1286410715]
["ELM015",15,"Torre 9 en \"Y\" de HA=15,1 m y HB=15,2 my equipos 10S (A) y 12S (B) (subida) y 10S (A) y 12S (B) (bajada). Incluye la fabricación de los componentes, el transporte, distribución en obra, montaje, reglajes y pruebas previas a la puesta en marcha. La torre será completa, incluyendo (lista no exhaustiva): los fustes, potencias, sobrepotencias, pasarelas, escaleras de acceso, línea de vida y resto de equipamientos, incluidos los pernos de anclaje para la obra civil y el sistema de iluminación para la explotación nocturna.",null,null,null,292673.81,{"$f":"+E21+2*E29+2*E30+1/22*G53+1/22*G62+G42*0.15*1/22+G44*0.2*1/22+G47*0.2*1/22+G55*0.2*1/22+G64*0.2*1/22+G57*0.2*1/22+G66*0.2*1/22","v":380475.95145384892},1606091720]
["ELM016",16,"Torre 10 de H entre 25 y <30 m y equipos 10S (subida) y 10S (bajada). Incluye la fabricación de los componentes, el transporte, distribución en obra, montaje, reglajes y pruebas previas a la puesta en marcha. La torre será completa, incluyendo (lista no exhaustiva): los fustes, potencias, sobrepotencias, pasarelas, escaleras de acceso, línea de vida y resto de equipamientos, incluidos los pernos de anclaje para la obra civil y el sistema de iluminación para la explotación nocturna.",null,null,null,238886.79,{"$f":"+E25+2*E29+1/22*G53+1/22*G62+G42*0.15*1/22+G44*0.2*1/22+G47*0.2*1/22+G55*0.2*1/22+G64*0.2*1/22+G57*0.2*1/22+G66*0.2*1/22","v":310552.82343741902},1310927317]
["ELM017",17,"Torre 11 de H entre 15 y <20 m y equipos 8S8C (subida) y 8S8C (bajada). Incluye la fabricación de los componentes, el transporte, distribución en obra, montaje, reglajes y pruebas previas a la puesta en marcha. La torre será completa, incluyendo (lista no exhaustiva): los fustes, potencias, sobrepotencias, pasarelas, escaleras de acceso, línea de vida y resto de equipamientos, incluidos los pernos de anclaje para la obra civil y el sistema de iluminación para la explotación nocturna.",null,null,null,271411.01,{"$f":"+E23+3*E33+1/22*G53+1/22*G62+G42*0.15*1/22+G44*0.2*1/22+G47*0.2*1/22+G55*0.2*1/22+G64*0.2*1/22+G57*0.2*1/22+G66*0.2*1/22","v":352834.3079659146},1489408879]
["ELM018",18,"Torre 12 de H entre 10 y <15 m y equipos 12C (subida) y 12C (bajada). Incluye la fabricación de los componentes, el transporte, distribución en obra, montaje, reglajes y pruebas previas a la puesta en marcha. La torre será completa, incluyendo (lista no exhaustiva): los fustes, potencias, sobrepotencias, pasarelas, escaleras de acceso, línea de vida y resto de equipamientos, incluidos los pernos de anclaje para la obra civil y el sistema de iluminación para la explotación nocturna.",null,null,null,172805.8,{"$f":"+E22+2*E32+1/22*G53+1/22*G62+G42*0.15*1/22+G44*0.2*1/22+G47*0.2*1/22+G55*0.2*1/22+G64*0.2*1/22+G57*0.2*1/22+G66*0.2*1/22","v":224647.54121938039},948297926]
["ELM019",19,"Torre 13 de H entre 10 y <15 m y equipos 12C (subida) y 12C (bajada). Incluye la fabricación de los componentes, el transporte, distribución en obra, montaje, reglajes y pruebas previas a la puesta en marcha. La torre será completa, incluyendo (lista no exhaustiva): los fustes, potencias, sobrepotencias, pasarelas, escaleras de acceso, línea de vida y resto de equipamientos, incluidos los pernos de anclaje para la obra civil y sistema de descableado y el sistema de iluminación para la explotación nocturna.",null,null,null,172805.8,{"$f":"+E22+2*E32+1/22*G53+1/22*G62+G42*0.15*1/22+G44*0.2*1/22+G47*0.2*1/22+G55*0.2*1/22+G64*0.2*1/22+G57*0.2*1/22+G66*0.2*1/22","v":224647.54121938039},948297926]
["ELM020",20,"Torre 14 de H entre 15 y <20 m y equipos 12S (subida) y 12S (bajada). Incluye la fabricación de los componentes, el transporte, distribución en obra, montaje, reglajes y pruebas previas a la puesta en marcha. La torre será completa, incluyendo (lista no exhaustiva): los fustes, potencias, sobrepotencias, pasarelas, escaleras de acceso, línea de vida y resto de equipamientos, incluidos los pernos de anclaje para la obra civil y el sistema de iluminación para la explotación nocturna.",null,null,null,209350.73,{"$f":"+E23+2*E30+1/22*G53+1/22*G62+G42*0.15*1/22+G44*0.2*1/22+G47*0.2*1/22+G55*0.2*1/22+G64*0.2*1/22+G57*0.2*1/22+G66*0.2*1/22","v":272155.94958836888},1148843745]
["ELM021",21,"Torre 15 de H entre 20 y <25 m y equipos 10S (subida) y 10S (bajada). Incluye la fabricación de los componentes, el transporte, distribución en obra, montaje, reglajes y pruebas previas a la puesta en marcha. La torre será completa, incluyendo (lista no exhaustiva): los fustes, potencias, sobrepotencias, pasarelas, escaleras de acceso, línea de vida y resto de equipamientos, incluidos los pernos de anclaje para la obra civil y el sistema de iluminación para la explotación nocturna.",null,null,null,224329.98,{"$f":"+E24+2*E29+1/22*G53+1/22*G62+G42*0.15*1/22+G44*0.2*1/22+G47*0.2*1/22+G55*0.2*1/22+G64*0.2*1/22+G57*0.2*1/22+G66*0.2*1/22","v":291628.98037734715},1231044666]
["ELM022",22,"Torre 16 de H entre 25 y <30 m y equipos 10S (subida) y 10S (bajada). Incluye la fabricación de los componentes, el transporte, distribución en obra, montaje, reglajes y pruebas previas a la puesta en marcha. La torre será completa, incluyendo (lista no exhaustiva): los fustes, potencias, sobrepotencias, pasarelas, escaleras de acceso, línea de vida y resto de equipamientos, incluidos los pernos de anclaje para la obra civil y el sistema de iluminación para la explotación nocturna.",null,null,null,238886.79,{"$f":"+E25+2*E29+1/22*G53+1/22*G62+G42*0.15*1/22+G44*0.2*1/22+G47*0.2*1/22+G55*0.2*1/22+G64*0.2*1/22+G57*0.2*1/22+G66*0.2*1/22","v":310552.82343741902},1310927317]
["ELM023",23,"Torre 17 de H entre 25 y <30 m y equipos 10S (subida) y 10S (bajada). Incluye la fabricación de los componentes, el transporte, distribución en obra, montaje, reglajes y pruebas previas a la puesta en marcha. La torre será completa, incluyendo (lista no exhaustiva): los fustes, potencias, sobrepotencias, pasarelas, escaleras de acceso, línea de vida y resto de equipamientos, incluidos los pernos de anclaje para la obra civil y el sistema de iluminación para la explotación nocturna.",null,null,null,238886.79,{"$f":"+E25+2*E29+1/22*G53+1/22*G62+G42*0.15*1/22+G44*0.2*1/22+G47*0.2*1/22+G55*0.2*1/22+G64*0.2*1/22+G57*0.2*1/22+G66*0.2*1/22","v":310552.82343741902},1310927317]
["ELM024",24,"Torre 18 de H entre 25 y <30 m y equipos 12S (subida) y 12S (bajada). Incluye la fabricación de los componentes, el transporte, distribución en obra, montaje, reglajes y pruebas previas a la puesta en marcha. La torre será completa, incluyendo (lista no exhaustiva): los fustes, potencias, sobrepotencias, pasarelas, escaleras de acceso, línea de vida y resto de equipamientos, incluidos los pernos de anclaje para la obra civil y el sistema de iluminación para la explotación nocturna.",null,null,null,248975.99,{"$f":"+E25+2*E30+1/22*G53+1/22*G62+G42*0.15*1/22+G44*0.2*1/22+G47*0.2*1/22+G55*0.2*1/22+G64*0.2*1/22+G57*0.2*1/22+G66*0.2*1/22","v":323668.79297361616},1366293366]
["ELM025",25,"Torre 19 de H entre 30 y <35 m y equipos 12S (subida) y 12S (bajada). Incluye la fabricación de los componentes, el transporte, distribución en obra, montaje, reglajes y pruebas previas a la puesta en marcha. La torre será completa, incluyendo (lista no exhaustiva): los fustes, potencias, sobrepotencias, pasarelas, escaleras de acceso, línea de vida y resto de equipamientos, incluidos los pernos de anclaje para la obra civil y el sistema de iluminación para la explotación nocturna.",null,null,null,271230.27,{"$f":"+E26+2*E30+1/22*G53+1/22*G62+G42*0.15*1/22+G44*0.2*1/22+G47*0.2*1/22+G55*0.2*1/22+G64*0.2*1/22+G57*0.2*1/22+G66*0.2*1/22","v":352599.35518480907},1488417080]
["ELM026",26,"Torre 20 de H entre 30 y <35 m y equipos 10S (subida) y 10S (bajada). Incluye la fabricación de los componentes, el transporte, distribución en obra, montaje, reglajes y pruebas previas a la puesta en marcha. La torre será completa, incluyendo (lista no exhaustiva): los fustes, potencias, sobrepotencias, pasarelas, escaleras de acceso, línea de vida y resto de equipamientos, incluidos los pernos de anclaje para la obra civil y el sistema de iluminación para la explotación nocturna.",null,null,null,261141.07,{"$f":"+E26+2*E29+1/22*G53+1/22*G62+G42*0.15*1/22+G44*0.2*1/22+G47*0.2*1/22+G55*0.2*1/22+G64*0.2*1/22+G57*0.2*1/22+G66*0.2*1/22","v":339483.38564861187},1433051031]
["ELM027",27,"Torre 21 de H entre 20 y <25 m y equipos 12S (subida) y 12S (bajada). Incluye la fabricación de los componentes, el transporte, distribución en obra, montaje, reglajes y pruebas previas a la puesta en marcha. La torre será completa, incluyendo (lista no exhaustiva): los fustes, potencias, sobrepotencias, pasarelas, escaleras de acceso, línea de vida y resto de equipamientos, incluidos los pernos de anclaje para la obra civil y el sistema de iluminación para la explotación nocturna.",null,null,null,234419.19,{"$f":"+E24+2*E30+1/22*G53+1/22*G62+G42*0.15*1/22+G44*0.2*1/22+G47*0.2*1/22+G55*0.2*1/22+G64*0.2*1/22+G57*0.2*1/22+G66*0.2*1/22","v":304744.94991354429},1286410715]
["ELM028",28,"Torre 22 de H entre 10 y <15 m y equipos 10C (subida) y 10C (bajada). Incluye la fabricación de los componentes, el transporte, distribución en obra, montaje, reglajes y pruebas previas a la puesta en marcha. La torre será completa, incluyendo (lista no exhaustiva): los fustes, potencias, sobrepotencias, pasarelas, escaleras de acceso, línea de vida y resto de equipamientos, incluidos los pernos de anclaje para la obra civil y sistema de descableado y el sistema de iluminación para la explotación nocturna.",null,null,null,180412.51,{"$f":"+E22+3*E31+1/22*G53+1/22*G62+G42*0.15*1/22+G44*0.2*1/22+G47*0.2*1/22+G55*0.2*1/22+G64*0.2*1/22+G57*0.2*1/22+G66*0.2*1/22","v":234536.26009666949},990040879]
["ELM029",29,"Vehículos: Incluye la fabricación de los componentes, el transporte, distribución en obra, montaje, reglajes y pruebas previas a la puesta en marcha. Los vehículos incluyen la cabina completa para el transporte de viajeros, incluido el brazo de suspensión y la pinza desembragable, el sistema de comunicación bidireccional, la iluminación, la videovigilancia y el sistema de carga de baterías. También se incluye los vehículos de mantenimiento completos y los equipos de rescate vertical, así como la señalización de las cabinas, el utillaje específico y suministros de recambio para el primer año de explotación.",null,null,null,6929129.7000000002,{"$f":"+G34+G56+G65+0.2*G41+G42*0.15+G44*0.15+G47*0.15","v":9007868.609019395},38024645523]
[null,null,null,null,null,null,null,{"$f":"+SUM(H83:H111)","v":34823729.888545007},{"$f":"SUM(I83:I111)","v":147000366266}]
[]
[null,null,null,null,null,"AIU",0.3]

{"sheet":"auxiliar capitulos","index":6,"n_rows":68,"n_cols":14,"rows_kept":68,"cut":false,"hidden":true,"merged":[]}
["DESCRIPCIÓN","UNIDAD","CANTIDAD","VR. UNITARIO","VR. UNITARIO\nCON A.I.U.","VALOR TOTAL",null,"Capitulo","Subcapitulo 1","Subcapitulo 2","Aux 1","Aux 2","Codigo parcial"]
["PRELIMINARES, MOVIMIENTO DE TIERRAS Y RELLENOS (INCLUYE CANTIDADES PARA ESTABILIZACION",0,0,0,0,0,null,1,null,null,{"$f":"IF(I2=\"\",\"\",\".\")","v":""},{"$f":"IF(J2=\"\",\"\",\".\")","v":""},{"$f":"CONCATENATE(H2,K2,I2,L2,J2)","v":"1"}]
["PRELIMINARES",null,null,null,null,null,null,1,1,null,{"$f":"IF(I3=\"\",\"\",\".\")","v":"."},{"$f":"IF(J3=\"\",\"\",\".\")","v":""},{"$f":"CONCATENATE(H3,K3,I3,L3,J3)","v":"1.1"}]
["DEMOLICIONES",null,null,0,null,null,null,1,2,null,".","","1.2"]
["MOVIMIENTO DE TERRAS",null,null,0,null,null,null,1,3,null,".","","1.3"]
["RELLENOS",null,null,0,null,null,null,1,4,null,".","","1.4"]
["ESTRUCTURAS",null,null,0,null,null,null,2,null,null,"","","2"]
["SUBESTRUCTURA",null,null,0,null,null,null,2,1,null,".","","2.1"]
["SUPERESTRUCTURA",null,null,0,null,null,null,2,2,null,".","","2.2"]
["OTROS CONCRETOS",null,null,0,null,null,null,2,3,null,".","","2.3"]
["ACERO DE REFUERZO",null,null,0,null,null,null,2,4,null,".","","2.4"]
["ACERO ESTRUCTURAL",null,null,0,null,null,null,2,5,null,".","","2.5"]
["ACERO DE REFUERZO",null,null,0,null,null,null,2,6,null,".","","2.6"]
["ESTRUCTURAS EDIFICACIONES",null,null,null,null,null,null,2,1,null,{"$f":"IF(I14=\"\",\"\",\".\")","v":"."},{"$f":"IF(J14=\"\",\"\",\".\")","v":""},{"$f":"CONCATENATE(H14,K14,I14,L14,J14)","v":"2.1"}]
["ESTRUCTURAS DE CIMENTACIÓN MASTILES",null,null,null,null,null,null,2,2,null,{"$f":"IF(I15=\"\",\"\",\".\")","v":"."},{"$f":"IF(J15=\"\",\"\",\".\")","v":""},{"$f":"CONCATENATE(H15,K15,I15,L15,J15)","v":"2.2"}]
["CIMENTACIÓN PILONAS",null,null,null,null,null,null,2,3,null,".","","2.3"]
["ESTRUCTURAS PARA CONTENCIÓN URBANISMO",null,null,null,null,null,null,2,4,null,{"$f":"IF(I17=\"\",\"\",\".\")","v":"."},{"$f":"IF(J17=\"\",\"\",\".\")","v":""},{"$f":"CONCATENATE(H17,K17,I17,L17,J17)","v":"2.4"}]
["ARQUITECTURA Y PAISAJISMO",null,null,null,null,null,null,3,null,null,"","","3"]
["MAMPOSTERIA Y ACABADOS ARQUITECTONICOS",null,null,null,null,null,null,3,1,null,".","","3.1"]
["MAMPOSTERÍA MUROS DIVISORIOS",null,null,0,null,null,null,3,1,1,".",".","3.1.1",{"$f":"+A20","v":"MAMPOSTERÍA MUROS DIVISORIOS"}]
["REFORZAMIENTO MAMPOSTERÍA EN CONCRETO",null,null,0,null,null,null,3,1,2,".",".","3.1.2",{"$f":"+A30","v":"PASAMANOS Y BARANDAS"}]
["PAÑETES, ENCHAPES Y PINTURAS",null,null,0,null,null,null,3,1,3,".",".","3.1.3",{"$f":"+A21","v":"REFORZAMIENTO MAMPOSTERÍA EN CONCRETO"}]
["PISOS EN CONCRETO",null,null,0,null,null,null,3,1,4,".",".","3.1.4",{"$f":"+A29","v":"MUEBLES, ACCESORIOS, APARATOS SANITARIOS Y GRIFERÍA"}]
["ACABADOS EN PISOS",null,null,0,null,null,null,3,1,5,".",".","3.1.5",{"$f":"+A22","v":"PAÑETES, ENCHAPES Y PINTURAS"}]
["CUBIERTAS, CIELO RASO, ACABADOS, IMPERMEABILIZACIÓN",null,null,0,null,null,null,3,1,6,".",".","3.1.6",{"$f":"+A23","v":"PISOS EN CONCRETO"}]
["FACHADAS Y ACABADOS ARQUITECTÓNICOS",null,null,0,null,null,null,3,1,7,".",".","3.1.7",{"$f":"+A24","v":"ACABADOS EN PISOS"}]
["CARPINTERÍA EN ALUMINIO INTERNA",null,null,0,null,null,null,3,1,8,".",".","3.1.8",{"$f":"+A25","v":"CUBIERTAS, CIELO RASO, ACABADOS, IMPERMEABILIZACIÓN"}]
["CARPINTERÍA METÁLICA",null,null,0,null,null,null,3,1,9,".",".","3.1.9",{"$f":"+A31","v":"ESTRUCTURAS ARQUITECTURA"}]
["MUEBLES, ACCESORIOS, APARATOS SANITARIOS Y GRIFERÍA",null,null,null,null,null,null,3,1,10,{"$f":"IF(I29=\"\",\"\",\".\")","v":"."},{"$f":"IF(J29=\"\",\"\",\".\")","v":"."},{"$f":"CONCATENATE(H29,K29,I29,L29,J29)","v":"3.1.10"},{"$f":"+A26","v":"FACHADAS Y ACABADOS ARQUITECTÓNICOS"}]
["PASAMANOS Y BARANDAS",null,null,null,null,null,null,3,1,11,".",".","3.1.11",{"$f":"+A27","v":"CARPINTERÍA EN ALUMINIO INTERNA"}]
["ESTRUCTURAS ARQUITECTURA",null,null,null,null,null,null,3,1,12,".",".","3.1.12",{"$f":"+A28","v":"CARPINTERÍA METÁLICA"}]
["URBANISMO, ESPACIO PÚBLICO Y PAISAJISMO",null,null,0,null,null,null,3,2,null,".","","3.2"]
["PREFABRICADOS",null,null,0,null,null,null,3,2,1,{"$f":"IF(I33=\"\",\"\",\".\")","v":"."},{"$f":"IF(J33=\"\",\"\",\".\")","v":"."},{"$f":"CONCATENATE(H33,K33,I33,L33,J33)","v":"3.2.1"}]
["ACABADOS",null,null,0,null,null,null,3,2,2,".",".","3.2.2"]
["MOBILIARIO Y ELEMENTOS INDEPENDIENTES",null,null,0,null,null,null,3,2,3,".",".","3.2.3"]
["PAISAJISMO",null,null,0,null,null,null,3,2,4,".",".","3.2.4"]
["REDES HUMEDAS",null,null,null,null,null,null,4,null,null,"","","4"]
["REDES HUMEDAS INTERNAS",null,null,null,null,null,null,4,1,null,".","","4.1"]
["SUMINISTRO AGUA POTABLE",null,null,0,null,null,null,4,1,1,".",".","4.1.1"]
["SUMINISTRO AGUA TRATADA",null,null,0,null,null,null,4,1,2,{"$f":"IF(I40=\"\",\"\",\".\")","v":"."},{"$f":"IF(J40=\"\",\"\",\".\")","v":"."},{"$f":"CONCATENATE(H40,K40,I40,L40,J40)","v":"4.1.2"}]
["DESAGUE AGUAS LLUVIAS",null,null,0,null,null,null,4,1,3,".",".","4.1.3"]
["DESAGUE AGUAS SERVIDAS",null,null,0,null,null,null,4,1,4,".",".","4.1.4"]
["EXTINCIÓN DE INCENDIOS - RED RM",null,null,0,null,null,null,4,1,5,{"$f":"IF(I43=\"\",\"\",\".\")","v":"."},{"$f":"IF(J43=\"\",\"\",\".\")","v":"."},{"$f":"CONCATENATE(H43,K43,I43,L43,J43)","v":"4.1.5"}]
["EXTINCIÓN DE INCENDIOS - RED RR",null,null,0,null,null,null,4,1,6,{"$f":"IF(I44=\"\",\"\",\".\")","v":"."},{"$f":"IF(J44=\"\",\"\",\".\")","v":"."},{"$f":"CONCATENATE(H44,K44,I44,L44,J44)","v":"4.1.6"}]
["REDES HUMEDAS EXTERNAS",null,null,null,null,null,null,4,2,null,".","","4.2"]
["REDES HÚMEDAS EXTERNAS ACUEDUCTO",null,null,0,null,null,null,4,2,1,".",".","4.2.1"]
["RED DE ALCANTARILLADO AGUAS RESIDUALES",null,null,0,null,null,null,4,2,2,".",".","4.2.2"]
["RED DE ALCANTARILLADO AGUAS LLUVIAS",null,null,0,null,null,null,4,2,3,".",".","4.2.3"]
["SISTEMAS URBANOS DE DRENAJE SOSTENIBLE SUDS",null,null,0,null,null,null,4,2,4,{"$f":"IF(I49=\"\",\"\",\".\")","v":"."},{"$f":"IF(J49=\"\",\"\",\".\")","v":"."},{"$f":"CONCATENATE(H49,K49,I49,L49,J49)","v":"4.2.4"}]
["REDES SECAS",null,null,null,null,null,null,5,null,null,{"$f":"IF(I50=\"\",\"\",\".\")","v":""},{"$f":"IF(J50=\"\",\"\",\".\")","v":""},"5"]
["REDES SECAS INTERNAS",null,null,null,null,null,null,5,1,null,".","",{"$f":"CONCATENATE(H51,K51,I51,L51,J51)","v":"5.1"}]
["SISTEMA DE APANTALLAMIENTO Y PUESTA A TIERRA",null,null,0,null,null,null,5,1,1,".",".","5.1.1"]
["REDES DE BAJA TENSIÓN",null,null,0,null,null,null,5,1,2,".",".","5.1.2"]
["SISTEMA DE ALUMBRADO Y FUERZA",null,null,0,null,null,null,5,1,3,".",".","5.1.3"]
["RED DE VOZ Y DATOS. COMUNICACIONES",null,null,0,null,null,null,5,1,4,".",".","5.1.4"]
["REDES SECAS EXTERNAS",null,null,0,null,null,null,5,2,null,{"$f":"IF(I56=\"\",\"\",\".\")","v":"."},{"$f":"IF(J56=\"\",\"\",\".\")","v":""},{"$f":"CONCATENATE(H56,K56,I56,L56,J56)","v":"5.2"}]
["REDES COMUNICACIONES ETB",null,null,0,null,null,null,5,2,1,".",".","5.2.1"]
["REDES COMUNICACIONES MOVISTAR",null,null,0,null,null,null,5,2,2,".",".","5.2.2"]
["REDES DE BAJA TENSIÓN",null,null,0,null,null,null,5,2,3,".",".","5.2.3"]
["REDES DE MEDIA TENSIÓN",null,null,0,null,null,null,5,2,4,".",".","5.2.4"]
["REDES GAS NATURAL",null,null,0,null,null,null,5,3,null,{"$f":"IF(I61=\"\",\"\",\".\")","v":"."},{"$f":"IF(J61=\"\",\"\",\".\")","v":""},{"$f":"CONCATENATE(H61,K61,I61,L61,J61)","v":"5.3"}]
["EQUIPOS ESPECIALES",0,0,0,0,0,null,6,null,null,"","","6"]
["PAVIMENTO",0,0,0,0,0,null,7,null,null,"","","7"]
["PAVIMENTO RIGIDO",null,null,null,null,null,null,7,1,null,{"$f":"IF(I64=\"\",\"\",\".\")","v":"."},{"$f":"IF(J64=\"\",\"\",\".\")","v":""},"7.1"]
["PAVIMENTO FLEXBLE",null,null,null,null,null,null,7,2,null,".","",{"$f":"CONCATENATE(H65,K65,I65,L65,J65)","v":"7.2"}]
["SEÑALIZACIÓN, DEMARCAIÓN Y SEMAFORIZACIÓN",0,0,0,0,0,null,8,null,null,{"$f":"IF(I66=\"\",\"\",\".\")","v":""},{"$f":"IF(J66=\"\",\"\",\".\")","v":""},{"$f":"CONCATENATE(H66,K66,I66,L66,J66)","v":"8"}]
["SEÑALIZACIÓN VERTICAL",null,null,0,null,null,null,8,1,null,".","","8.1"]
["DEMARCACIÓN HORIZONTAL",null,null,null,null,null,null,8,2,null,".","","8.2"]

{"sheet":"FORMULARIO 1-PPTO OFICIAL","index":7,"n_rows":270,"n_cols":16,"rows_kept":270,"cut":false,"hidden":true,"merged":[[126,7,126,8],[127,7,127,8],[131,7,131,8],[196,7,196,8],[187,7,187,8],[206,7,206,8],[198,7,198,8],[199,7,199,8],[189,7,189,8],[190,7,190,8],[163,7,163,8],[158,7,158,8],[145,7,145,8],[179,7,179,8],[173,7,173,8],[153,7,153,8],[183,7,183,8],[191,7,191,8],[192,7,192,8],[193,7,193,8],[194,7,194,8],[165,7,165,8],[177,7,177,8],[169,7,169,8],[119,7,119,8],[120,7,120,8],[121,7,121,8],[122,7,122,8],[123,7,123,8],[124,7,124,8],[132,7,132,8],[128,7,128,8],[204,7,204,8],[156,7,156,8],[157,7,157,8],[150,7,150,8],[151,7,151,8],[162,7,162,8],[152,7,152,8],[154,7,154,8],[155,7,155,8],[164,7,164,8],[166,7,166,8],[167,7,167,8],[168,7,168,8],[134,7,134,8],[135,7,135,8],[136,7,136,8],[71,7,71,8],[83,7,83,8],[118,7,118,8],[113,7,113,8],[114,7,114,8],[115,7,115,8],[116,7,116,8],[92,7,92,8],[93,7,93,8],[94,7,94,8],[96,7,96,8],[97,7,97,8],[102,7,102,8],[103,7,103,8],[104,7,104,8],[105,7,105,8],[106,7,106,8],[107,7,107,8],[117,7,117,8],[61,7,61,8],[62,7,62,8],[224,7,224,8],[225,7,225,8],[216,7,216,8],[217,7,217,8],[220,7,220,8],[195,7,195,8],[218,7,218,8],[219,7,219,8],[80,7,80,8],[86,7,86,8],[89,7,89,8],[87,7,87,8],[88,7,88,8],[81,7,81,8],[82,7,82,8],[85,7,85,8],[91,7,91,8],[72,7,72,8],[73,7,73,8],[74,7,74,8],[75,7,75,8],[76,7,76,8],[65,7,65,8],[66,7,66,8],[67,7,67,8],[160,7,160,8],[161,7,161,8],[129,7,129,8],[221,7,221,8],[222,7,222,8],[213,7,213,8],[214,7,214,8],[210,7,210,8],[211,7,211,8],[212,7,212,8],[77,7,77,8],[78,7,78,8],[79,7,79,8],[98,7,98,8],[99,7,99,8],[100,7,100,8],[101,7,101,8],[95,7,95,8],[68,7,68,8],[69,7,69,8],[70,7,70,8],[36,7,36,8],[29,7,29,8],[31,7,31,8],[30,7,30,8],[58,7,58,8],[59,7,59,8],[60,7,60,8],[57,7,57,8],[26,7,26,8],[27,7,27,8],[28,7,28,8],[37,7,37,8],[50,7,50,8],[47,7,47,8],[51,7,51,8],[52,7,52,8],[53,7,53,8],[54,7,54,8],[55,7,55,8],[56,7,56,8],[46,7,46,8],[49,7,49,8],[10,7,10,8],[15,7,15,8],[18,7,18,8],[21,7,21,8],[20,7,20,8],[22,7,22,8],[23,7,23,8],[25,7,25,8],[142,7,142,8],[44,7,44,8],[137,7,137,8],[138,7,138,8],[45,7,45,8],[48,7,48,8],[38,7,38,8],[43,7,43,8],[42,7,42,8],[112,7,112,8],[110,7,110,8],[111,7,111,8],[108,7,108,8],[109,7,109,8],[39,7,39,8],[16,7,16,8],[63,7,63,8],[64,7,64,8],[149,7,149,8],[11,7,11,8],[12,7,12,8],[13,7,13,8],[14,7,14,8],[24,7,24,8],[40,7,40,8],[41,7,41,8],[143,7,143,8],[144,7,144,8],[148,7,148,8],[146,7,146,8],[17,7,17,8],[33,7,33,8],[34,7,34,8],[35,7,35,8],[130,7,130,8],[139,7,139,8],[140,7,140,8],[141,7,141,8],[147,7,147,8],[133,7,133,8],[7,11,8,11],[9,7,9,8],[1,2,1,11],[2,2,2,11],[3,2,4,11],[7,7,8,8],[6,2,6,11],[7,2,8,2],[7,3,8,3],[7,4,7,5],[7,6,8,6],[7,9,8,9],[7,10,8,10],[269,2,269,11],[273,12,274,14],[246,2,246,10],[250,2,250,10],[264,2,264,11],[265,2,265,11],[266,2,266,11],[267,2,267,11],[268,2,268,11],[256,2,256,10],[248,2,248,10],[244,2,244,10],[188,7,188,8],[262,7,262,9],[259,7,259,9],[260,7,260,9],[261,7,261,9],[258,7,258,10],[159,7,159,8],[252,2,252,10],[254,2,254,10],[238,2,238,10],[240,2,240,10],[185,7,185,8],[186,7,186,8],[174,7,174,8],[175,7,175,8],[176,7,176,8],[181,7,181,8],[180,7,180,8],[178,7,178,8],[182,7,182,8],[233,7,233,8],[242,2,242,10],[228,7,228,8],[170,7,170,8],[171,7,171,8],[172,7,172,8],[208,7,208,8],[207,7,207,8],[201,7,201,8],[232,7,232,8],[236,2,236,10],[231,7,231,8],[227,7,227,8],[223,7,223,8],[230,7,230,8],[197,7,197,8],[229,7,229,8],[234,7,234,8],[202,7,202,8],[203,7,203,8],[200,7,200,8],[226,7,226,8],[205,7,205,8],[209,7,209,8]]}
[]
[null,null,"FORMULARIO 1"]
[null,null,"PRESUPUESTO OFICIAL"]
[null,null,"[El presente formulario aplica para los procesos de contratación que tengan como forma de pago precios unitarios, la Entidad debe ajustarlo cuando la modalidad de pago corresponde a: precio global, llave en mano, administración delegada y reembolso de gastos] "]
[]
[]
[null,null,"ETAPA DE OBRA"]
[null,null,"Nº","ITEM DE PAGO","ESPECIFICACIONES ",null,"DESCRIPCION","UND.",null,"CANTIDAD","VALOR UNITARIO","VALOR TOTAL                                "]
[null,null,null,null,"GENERAL","PARTICULAR"]
[null,null,null,{"$f":"'PPTO GRAL CAPEX CIVIL'!C14","v":"1"},null,null,{"$f":"'PPTO GRAL CAPEX CIVIL'!D14","v":"PRELIMINARES, MOVIMIENTO DE TIERRAS Y RELLENOS (INCLUYE CANTIDADES PARA ESTABILIZACION"}]
[null,null,{"$f":"'PPTO GRAL CAPEX CIVIL'!B15","v":0},{"$f":"'PPTO GRAL CAPEX CIVIL'!C15","v":"1.1"},null,null,{"$f":"'PPTO GRAL CAPEX CIVIL'!D15","v":"PRELIMINARES"},{"$f":"'PPTO GRAL CAPEX CIVIL'!E15","v":0},null,{"$f":"'PPTO GRAL CAPEX CIVIL'!F15","v":0},{"$f":"'PPTO GRAL CAPEX CIVIL'!H15","v":0},{"$f":"ROUND(J11*K11,0)","v":0}]
[null,null,{"$f":"'PPTO GRAL CAPEX CIVIL'!B16","v":3007},{"$f":"'PPTO GRAL CAPEX CIVIL'!C16","v":"1.1.1"},null,null,{"$f":"'PPTO GRAL CAPEX CIVIL'!D16","v":"REPLANTEO GENERAL"},{"$f":"'PPTO GRAL CAPEX CIVIL'!E16","v":"M2"},null,{"$f":"'PPTO GRAL CAPEX CIVIL'!F16","v":171688.80650000001},{"$f":"'PPTO GRAL CAPEX CIVIL'!H16","v":863},148167440]
[null,null,{"$f":"'PPTO GRAL CAPEX CIVIL'!B17","v":0},{"$f":"'PPTO GRAL CAPEX CIVIL'!C17","v":"1.2"},null,null,{"$f":"'PPTO GRAL CAPEX CIVIL'!D17","v":"DEMOLICIONES"},{"$f":"'PPTO GRAL CAPEX CIVIL'!E17","v":0},null,{"$f":"'PPTO GRAL CAPEX CIVIL'!F17","v":0},{"$f":"'PPTO GRAL CAPEX CIVIL'!H17","v":0},0]
[null,null,{"$f":"'PPTO GRAL CAPEX CIVIL'!B18","v":6141},{"$f":"'PPTO GRAL CAPEX CIVIL'!C18","v":"1.2.1"},null,null,{"$f":"'PPTO GRAL CAPEX CIVIL'!D18","v":"DEMOLICIÓN CONSTRUCCIONES DE 1 PISO TEJA. INCLUYEN EL CARGUE, TRANSPORTE Y DISPOSICIÓN FINAL DE ESCOMBROS EN SITIO AUTORIZADO (DISTANCIA DE TRANSPORTE 28 KM.). INCLUYE MUROS INTERNOS, EXTERNOS, PLACAS Y CUBIERTAS, ADEMÁS DE LOS ELEMENTOS INTERNOS QUE SE ENCUENTREN EN LOS MISMOS."},{"$f":"'PPTO GRAL CAPEX CIVIL'!E18","v":"M2"},null,{"$f":"'PPTO GRAL CAPEX CIVIL'!F18","v":5478.3499999999995},{"$f":"'PPTO GRAL CAPEX CIVIL'!H18","v":48110},263563419]
[null,null,{"$f":"'PPTO GRAL CAPEX CIVIL'!B19","v":6143},{"$f":"'PPTO GRAL CAPEX CIVIL'!C19","v":"1.2.2"},null,null,{"$f":"'PPTO GRAL CAPEX CIVIL'!D19","v":"DEMOLICIÓN CONSTRUCCIONES DE 2 HASTA 3 PISOS. INCLUYEN EL CARGUE, TRANSPORTE Y DISPOSICIÓN FINAL DE ESCOMBROS EN SITIO AUTORIZADO (DISTANCIA DE TRANSPORTE 28 KM.). INCLUYE MUROS INTERNOS, EXTERNOS, PLACAS Y CUBIERTAS, ADEMÁS DE LOS ELEMENTOS INTERNOS QUE SE ENCUENTREN EN LOS MISMOS."},{"$f":"'PPTO GRAL CAPEX CIVIL'!E19","v":"M2"},null,{"$f":"'PPTO GRAL CAPEX CIVIL'!F19","v":10316.199999999999},{"$f":"'PPTO GRAL CAPEX CIVIL'!H19","v":84119},867788428]
[null,null,{"$f":"'PPTO GRAL CAPEX CIVIL'!B20","v":6144},{"$f":"'PPTO GRAL CAPEX CIVIL'!C20","v":"1.2.3"},null,null,{"$f":"'PPTO GRAL CAPEX CIVIL'!D20","v":"DEMOLICIÓN CONSTRUCCIONES DE 4 HASTA 6 PISOS. INCLUYEN EL CARGUE, TRANSPORTE Y DISPOSICIÓN FINAL DE ESCOMBROS EN SITIO AUTORIZADO (DISTANCIA DE TRANSPORTE 28 KM.). INCLUYE MUROS INTERNOS, EXTERNOS, PLACAS Y CUBIERTAS, ADEMÁS DE LOS ELEMENTOS INTERNOS QUE SE ENCUENTREN EN LOS MISMOS."},{"$f":"'PPTO GRAL CAPEX CIVIL'!E20","v":"M2"},null,{"$f":"'PPTO GRAL CAPEX CIVIL'!F20","v":1530.73},{"$f":"'PPTO GRAL CAPEX CIVIL'!H20","v":97473},149204845]
[null,null,{"$f":"'PPTO GRAL CAPEX CIVIL'!B21","v":0},{"$f":"'PPTO GRAL CAPEX CIVIL'!C21","v":"1.3"},null,null,{"$f":"'PPTO GRAL CAPEX CIVIL'!D21","v":"MOVIMIENTO DE TERRAS"},{"$f":"'PPTO GRAL CAPEX CIVIL'!E21","v":0},null,{"$f":"'PPTO GRAL CAPEX CIVIL'!F21","v":0},{"$f":"'PPTO GRAL CAPEX CIVIL'!H21","v":0},0]
[null,null,{"$f":"'PPTO GRAL CAPEX CIVIL'!B22","v":3464},{"$f":"'PPTO GRAL CAPEX CIVIL'!C22","v":"1.3.1"},null,null,{"$f":"'PPTO GRAL CAPEX CIVIL'!D22","v":"EXCAVACION MANUAL EN MATERIAL COMUN. INCLUYE CARGUE."},{"$f":"'PPTO GRAL CAPEX CIVIL'!E22","v":"M3"},null,{"$f":"'PPTO GRAL CAPEX CIVIL'!F22","v":20849.9907165},{"$f":"'PPTO GRAL CAPEX CIVIL'!H22","v":41013},855120669]
[null,null,{"$f":"'PPTO GRAL CAPEX CIVIL'!#REF!","v":{"$error":"#REF!"}},{"$f":"'PPTO GRAL CAPEX CIVIL'!#REF!","v":{"$error":"#REF!"}},null,null,{"$f":"'PPTO GRAL CAPEX CIVIL'!#REF!","v":{"$error":"#REF!"}},{"$f":"'PPTO GRAL CAPEX CIVIL'!#REF!","v":{"$error":"#REF!"}},null,{"$f":"'PPTO GRAL CAPEX CIVIL'!#REF!","v":{"$error":"#REF!"}},{"$f":"'PPTO GRAL CAPEX CIVIL'!#REF!","v":{"$error":"#REF!"}},{"$error":"#REF!"}]
[null,null,"Subtotal",null,null,null,null,null,null,null,null,{"$f":"SUM(L11:L19)","v":{"$error":"#REF!"}},null,null,{"$f":"'PPTO GRAL CAPEX CIVIL'!I14","v":0},{"$f":"L20-O20","v":{"$error":"#REF!"}}]
[null,null,null,{"$f":"'PPTO GRAL CAPEX CIVIL'!C24","v":"1.3.2"},null,null,{"$f":"'PPTO GRAL CAPEX CIVIL'!D24","v":"GAVIONES - SUMINISTRO Y CONSTRUCCIÓN. INCLUYE RAJÓN, MALLA PARA GAVIONES Y ALAMBRE RECOCIDO."}]
[null,null,{"$f":"'PPTO GRAL CAPEX CIVIL'!B25","v":4788},{"$f":"'PPTO GRAL CAPEX CIVIL'!C25","v":"1.3.3"},null,null,{"$f":"'PPTO GRAL CAPEX CIVIL'!D25","v":"GEODREN PLANAR H=1.0 M. SUMINISTRO E INSTALACION."},{"$f":"'PPTO GRAL CAPEX CIVIL'!E25","v":"ML"},null,{"$f":"'PPTO GRAL CAPEX CIVIL'!F25","v":5},{"$f":"'PPTO GRAL CAPEX CIVIL'!H25","v":44073},{"$f":"ROUND(J22*K22,0)","v":220365}]
[null,null,{"$f":"'PPTO GRAL CAPEX CIVIL'!B26","v":5180},{"$f":"'PPTO GRAL CAPEX CIVIL'!C26","v":"1.3.4"},null,null,{"$f":"'PPTO GRAL CAPEX CIVIL'!D26","v":"FILTRO DE DRENAJE DE 0.6M X 1.0M. SUMINISTRO E INSTALACION. (INCLUYE TUBERIA PERFORADA D=4\", GRAVA COMUN 1/2\" Y GEOTEXTIL NT 4000 O SIMILAR)."},{"$f":"'PPTO GRAL CAPEX CIVIL'!E26","v":"ML"},null,{"$f":"'PPTO GRAL CAPEX CIVIL'!F26","v":100},{"$f":"'PPTO GRAL CAPEX CIVIL'!H26","v":242056},24205600]
[null,null,{"$f":"'PPTO GRAL CAPEX CIVIL'!#REF!","v":{"$error":"#REF!"}},{"$f":"'PPTO GRAL CAPEX CIVIL'!#REF!","v":{"$error":"#REF!"}},null,null,{"$f":"'PPTO GRAL CAPEX CIVIL'!#REF!","v":{"$error":"#REF!"}},{"$f":"'PPTO GRAL CAPEX CIVIL'!#REF!","v":{"$error":"#REF!"}},null,{"$f":"'PPTO GRAL CAPEX CIVIL'!#REF!","v":{"$error":"#REF!"}},{"$f":"'PPTO GRAL CAPEX CIVIL'!#REF!","v":{"$error":"#REF!"}},{"$error":"#REF!"}]
[null,null,{"$f":"'PPTO GRAL CAPEX CIVIL'!#REF!","v":{"$error":"#REF!"}},{"$f":"'PPTO GRAL CAPEX CIVIL'!#REF!","v":{"$error":"#REF!"}},null,null,{"$f":"'PPTO GRAL CAPEX CIVIL'!#REF!","v":{"$error":"#REF!"}},{"$f":"'PPTO GRAL CAPEX CIVIL'!#REF!","v":{"$error":"#REF!"}},null,{"$f":"'PPTO GRAL CAPEX CIVIL'!#REF!","v":{"$error":"#REF!"}},{"$f":"'PPTO GRAL CAPEX CIVIL'!#REF!","v":{"$error":"#REF!"}},{"$error":"#REF!"}]
[null,null,{"$f":"'PPTO GRAL CAPEX CIVIL'!#REF!","v":{"$error":"#REF!"}},{"$f":"'PPTO GRAL CAPEX CIVIL'!#REF!","v":{"$error":"#REF!"}},null,null,{"$f":"'PPTO GRAL CAPEX CIVIL'!#REF!","v":{"$error":"#REF!"}},{"$f":"'PPTO GRAL CAPEX CIVIL'!#REF!","v":{"$error":"#REF!"}},null,{"$f":"'PPTO GRAL CAPEX CIVIL'!#REF!","v":{"$error":"#REF!"}},{"$f":"'PPTO GRAL CAPEX CIVIL'!#REF!","v":{"$error":"#REF!"}},{"$error":"#REF!"}]
[null,null,{"$f":"'PPTO GRAL CAPEX CIVIL'!B27","v":0},{"$f":"'PPTO GRAL CAPEX CIVIL'!C27","v":"1.4"},null,null,{"$f":"'PPTO GRAL CAPEX CIVIL'!D27","v":"RELLENOS"},{"$f":"'PPTO GRAL CAPEX CIVIL'!E27","v":0},null,{"$f":"'PPTO GRAL CAPEX CIVIL'!F27","v":0},{"$f":"'PPTO GRAL CAPEX CIVIL'!H27","v":0},0]
[null,null,{"$f":"'PPTO GRAL CAPEX CIVIL'!B28","v":4792},{"$f":"'PPTO GRAL CAPEX CIVIL'!C28","v":"1.4.1"},null,null,{"$f":"'PPTO GRAL CAPEX CIVIL'!D28","v":"RELLENO EN RECEBO COMUN (SUMINISTRO E INSTALACIÓN EXTENDIDO MANUAL, HUMEDECIMIENTO Y COMPACTACIÓN TRANSPORTE A 28 KM)."},{"$f":"'PPTO GRAL CAPEX CIVIL'!E28","v":"M3"},null,{"$f":"'PPTO GRAL CAPEX CIVIL'!F28","v":3545.5290465000007},{"$f":"'PPTO GRAL CAPEX CIVIL'!H28","v":101346},359325187]
[null,null,{"$f":"'PPTO GRAL CAPEX CIVIL'!#REF!","v":{"$error":"#REF!"}},{"$f":"'PPTO GRAL CAPEX CIVIL'!#REF!","v":{"$error":"#REF!"}},null,null,{"$f":"'PPTO GRAL CAPEX CIVIL'!#REF!","v":{"$error":"#REF!"}},{"$f":"'PPTO GRAL CAPEX CIVIL'!#REF!","v":{"$error":"#REF!"}},null,{"$f":"'PPTO GRAL CAPEX CIVIL'!#REF!","v":{"$error":"#REF!"}},{"$f":"'PPTO GRAL CAPEX CIVIL'!#REF!","v":{"$error":"#REF!"}},{"$error":"#REF!"}]
[null,null,{"$f":"'PPTO GRAL CAPEX CIVIL'!#REF!","v":{"$error":"#REF!"}},{"$f":"'PPTO GRAL CAPEX CIVIL'!#REF!","v":{"$error":"#REF!"}},null,null,{"$f":"'PPTO GRAL CAPEX CIVIL'!#REF!","v":{"$error":"#REF!"}},{"$f":"'PPTO GRAL CAPEX CIVIL'!#REF!","v":{"$error":"#REF!"}},null,{"$f":"'PPTO GRAL CAPEX CIVIL'!#REF!","v":{"$error":"#REF!"}},{"$f":"'PPTO GRAL CAPEX CIVIL'!#REF!","v":{"$error":"#REF!"}},{"$error":"#REF!"}]
[null,null,{"$f":"'PPTO GRAL CAPEX CIVIL'!#REF!","v":{"$error":"#REF!"}},{"$f":"'PPTO GRAL CAPEX CIVIL'!#REF!","v":{"$error":"#REF!"}},null,null,{"$f":"'PPTO GRAL CAPEX CIVIL'!#REF!","v":{"$error":"#REF!"}},{"$f":"'PPTO GRAL CAPEX CIVIL'!#REF!","v":{"$error":"#REF!"}},null,{"$f":"'PPTO GRAL CAPEX CIVIL'!#REF!","v":{"$error":"#REF!"}},{"$f":"'PPTO GRAL CAPEX CIVIL'!#REF!","v":{"$error":"#REF!"}},{"$error":"#REF!"}]
[null,null,{"$f":"'PPTO GRAL CAPEX CIVIL'!#REF!","v":{"$error":"#REF!"}},{"$f":"'PPTO GRAL CAPEX CIVIL'!#REF!","v":{"$error":"#REF!"}},null,null,{"$f":"'PPTO GRAL CAPEX CIVIL'!#REF!","v":{"$error":"#REF!"}},{"$f":"'PPTO GRAL CAPEX CIVIL'!#REF!","v":{"$error":"#REF!"}},null,{"$f":"'PPTO GRAL CAPEX CIVIL'!#REF!","v":{"$error":"#REF!"}},{"$f":"'PPTO GRAL CAPEX CIVIL'!#REF!","v":{"$error":"#REF!"}},{"$error":"#REF!"}]
[null,null,"Subtotal",null,null,null,null,null,null,null,null,{"$f":"SUM(L22:L32)","v":{"$error":"#REF!"}},null,null,{"$f":"+'PPTO GRAL CAPEX CIVIL'!I24","v":6440485},{"$f":"L33-O33","v":{"$error":"#REF!"}}]
[null,null,null,{"$f":"'PPTO GRAL CAPEX CIVIL'!#REF!","v":{"$error":"#REF!"}},null,null,{"$f":"'PPTO GRAL CAPEX CIVIL'!#REF!","v":{"$error":"#REF!"}}]
[null,null,null,null,null,null,{"$f":"'PPTO GRAL CAPEX CIVIL'!#REF!","v":{"$error":"#REF!"}}]
[null,null,{"$f":"'PPTO GRAL CAPEX CIVIL'!#REF!","v":{"$error":"#REF!"}},{"$f":"'PPTO GRAL CAPEX CIVIL'!#REF!","v":{"$error":"#REF!"}},null,null,{"$f":"'PPTO GRAL CAPEX CIVIL'!#REF!","v":{"$error":"#REF!"}},{"$f":"'PPTO GRAL CAPEX CIVIL'!#REF!","v":{"$error":"#REF!"}},null,{"$f":"'PPTO GRAL CAPEX CIVIL'!#REF!","v":{"$error":"#REF!"}},{"$f":"'PPTO GRAL CAPEX CIVIL'!#REF!","v":{"$error":"#REF!"}},{"$f":"ROUND(J36*K36,0)","v":{"$error":"#REF!"}}]
[null,null,{"$f":"'PPTO GRAL CAPEX CIVIL'!#REF!","v":{"$error":"#REF!"}},{"$f":"'PPTO GRAL CAPEX CIVIL'!#REF!","v":{"$error":"#REF!"}},null,null,{"$f":"'PPTO GRAL CAPEX CIVIL'!#REF!","v":{"$error":"#REF!"}},{"$f":"'PPTO GRAL CAPEX CIVIL'!#REF!","v":{"$error":"#REF!"}},null,{"$f":"'PPTO GRAL CAPEX CIVIL'!#REF!","v":{"$error":"#REF!"}},{"$f":"'PPTO GRAL CAPEX CIVIL'!#REF!","v":{"$error":"#REF!"}},{"$error":"#REF!"}]
[null,null,{"$f":"'PPTO GRAL CAPEX CIVIL'!B29","v":0},{"$f":"'PPTO GRAL CAPEX CIVIL'!C29","v":"2"},null,null,{"$f":"'PPTO GRAL CAPEX CIVIL'!D29","v":"ESTRUCTURAS"},{"$f":"'PPTO GRAL CAPEX CIVIL'!E29","v":0},null,{"$f":"'PPTO GRAL CAPEX CIVIL'!F29","v":0},{"$f":"'PPTO GRAL CAPEX CIVIL'!H29","v":0},0]
[null,null,{"$f":"'PPTO GRAL CAPEX CIVIL'!#REF!","v":{"$error":"#REF!"}},{"$f":"'PPTO GRAL CAPEX CIVIL'!#REF!","v":{"$error":"#REF!"}},null,null,{"$f":"'PPTO GRAL CAPEX CIVIL'!#REF!","v":{"$error":"#REF!"}},{"$f":"'PPTO GRAL CAPEX CIVIL'!#REF!","v":{"$error":"#REF!"}},null,{"$f":"'PPTO GRAL CAPEX CIVIL'!#REF!","v":{"$error":"#REF!"}},{"$f":"'PPTO GRAL CAPEX CIVIL'!#REF!","v":{"$error":"#REF!"}},{"$error":"#REF!"}]
[null,null,{"$f":"'PPTO GRAL CAPEX CIVIL'!B55","v":6007},{"$f":"'PPTO GRAL CAPEX CIVIL'!C55","v":"2.3.15"},null,null,{"$f":"'PPTO GRAL CAPEX CIVIL'!D55","v":"PILOTE PREEXCAVADO EN CONCRETO TREMIE DE 4000 PSI (280 KG/CM2) ACELERADO A 2 DÍAS. INCLUYE ACELERANTE, ALQUILER DE EQUIPO DE PERFORACIÓN CON OPERARIO, MOTOBOMBA, BENTONITA, MANO DE OBRA, TRANSPORTE Y DISPOSICIÓN FINAL DE ESCOMBROS EN SITIO AUTORIZADO. DISTANCIA DE TRANSPORTE 21 KM."},{"$f":"'PPTO GRAL CAPEX CIVIL'!E55","v":"M3"},null,{"$f":"'PPTO GRAL CAPEX CIVIL'!F55","v":1362.2809683945081},{"$f":"'PPTO GRAL CAPEX CIVIL'!H55","v":1905173},2595380919]
[null,null,{"$f":"'PPTO GRAL CAPEX CIVIL'!#REF!","v":{"$error":"#REF!"}},{"$f":"'PPTO GRAL CAPEX CIVIL'!#REF!","v":{"$error":"#REF!"}},null,null,{"$f":"'PPTO GRAL CAPEX CIVIL'!#REF!","v":{"$error":"#REF!"}},{"$f":"'PPTO GRAL CAPEX CIVIL'!#REF!","v":{"$error":"#REF!"}},null,{"$f":"'PPTO GRAL CAPEX CIVIL'!#REF!","v":{"$error":"#REF!"}},{"$f":"'PPTO GRAL CAPEX CIVIL'!#REF!","v":{"$error":"#REF!"}},{"$error":"#REF!"}]
[null,null,{"$f":"'PPTO GRAL CAPEX CIVIL'!B57","v":3637},{"$f":"'PPTO GRAL CAPEX CIVIL'!C57","v":"2.3.16"},null,null,{"$f":"'PPTO GRAL CAPEX CIVIL'!D57","v":"DADO EN CONCRETO 4000 PSI, (27 Mpa) PREMEZCLADO, GRAVA COMÚN (Incluye Suministro, Formaleteo en madera, Bombeo, colocación y Curado. No incluye refuerzo)"},{"$f":"'PPTO GRAL CAPEX CIVIL'!E57","v":"M3"},null,{"$f":"'PPTO GRAL CAPEX CIVIL'!F57","v":1461.5619805615538},{"$f":"'PPTO GRAL CAPEX CIVIL'!H57","v":760874},1112064510]
[null,null,{"$f":"'PPTO GRAL CAPEX CIVIL'!B58","v":5055},{"$f":"'PPTO GRAL CAPEX CIVIL'!C58","v":"2.3.17"},null,null,{"$f":"'PPTO GRAL CAPEX CIVIL'!D58","v":"DESCABECE DE PILOTES (INCLUYE TRANSPORTE Y DISPOSICIÓN FINAL DE ESCOMBROS EN SITIO AUTORIZADO A 21 KM."},{"$f":"'PPTO GRAL CAPEX CIVIL'!E58","v":"M3"},null,{"$f":"'PPTO GRAL CAPEX CIVIL'!F58","v":176.99575930692214},{"$f":"'PPTO GRAL CAPEX CIVIL'!H58","v":213645},37814259]
[null,null,{"$f":"'PPTO GRAL CAPEX CIVIL'!B59","v":6021},{"$f":"'PPTO GRAL CAPEX CIVIL'!C59","v":"2.3.18"},null,null,{"$f":"'PPTO GRAL CAPEX CIVIL'!D59","v":"CONCRETO DE NIVELACIÓN 2000 PSI GRAVA COMÚN (140 KG/CM2) (PREMEZCLADO. INCLUYE SUMINISTRO, FUNDIDA Y NIVELACIÓN Y COLOCACIÓN. NO INCLUYE REFUERZO, CURADO) PARA MEJORAMIENTO, ADECUACIÓN Y REHABILITACIÓN DE ESPACIO PÚBLICO."},{"$f":"'PPTO GRAL CAPEX CIVIL'!E59","v":"M3"},null,{"$f":"'PPTO GRAL CAPEX CIVIL'!F59","v":25.50380590168426},{"$f":"'PPTO GRAL CAPEX CIVIL'!H59","v":645655},16466660]
[null,null,{"$f":"'PPTO GRAL CAPEX CIVIL'!B60","v":5416},{"$f":"'PPTO GRAL CAPEX CIVIL'!C60","v":"2.3.19"},null,null,{"$f":"'PPTO GRAL CAPEX CIVIL'!D60","v":"EXCAVACIÓN MECÁNICA PARA DADOS (NIVEL DE FUNCIONAMIENTO. INCLUYE CARGUE)."},{"$f":"'PPTO GRAL CAPEX CIVIL'!E60","v":"M3"},null,{"$f":"'PPTO GRAL CAPEX CIVIL'!F60","v":3098.2249999999999},{"$f":"'PPTO GRAL CAPEX CIVIL'!H60","v":53092},164490962]
[null,null,{"$f":"'PPTO GRAL CAPEX CIVIL'!B61","v":3017},{"$f":"'PPTO GRAL CAPEX CIVIL'!C61","v":"2.3.20"},null,null,{"$f":"'PPTO GRAL CAPEX CIVIL'!D61","v":"TRANSPORTE Y DISPOSICIÓN FINAL DE ESCOMBROS EN SITIO AUTORIZADO (DISTANCIA DE TRANSPORTE 21 KM). A DISTANCIA MAYOR DEL ACARREO LIBRE (90 M) EN SITIO AUTORIZADO POR LA ENTIDAD AMBIENTAL COMPETENTE."},{"$f":"'PPTO GRAL CAPEX CIVIL'!E61","v":"M3"},null,{"$f":"'PPTO GRAL CAPEX CIVIL'!F61","v":3613.1374999999998},{"$f":"'PPTO GRAL CAPEX CIVIL'!H61","v":44298},160054765]
[null,null,{"$f":"'PPTO GRAL CAPEX CIVIL'!B62","v":4908},{"$f":"'PPTO GRAL CAPEX CIVIL'!C62","v":"2.3.21"},null,null,{"$f":"'PPTO GRAL CAPEX CIVIL'!D62","v":"MATERIAL SELECCIONADO. SUMINISTRO, EXTENDIDO MANUAL, NIVELACIÓN, HUMEDECIMIENTO Y COMPACTACIÓN."},{"$f":"'PPTO GRAL CAPEX CIVIL'!E62","v":"M3"},null,{"$f":"'PPTO GRAL CAPEX CIVIL'!F62","v":1911.3313714382416},{"$f":"'PPTO GRAL CAPEX CIVIL'!H62","v":102490},195892352]
[null,null,{"$f":"'PPTO GRAL CAPEX CIVIL'!B63","v":6226},{"$f":"'PPTO GRAL CAPEX CIVIL'!C63","v":"2.3.22"},null,null,{"$f":"'PPTO GRAL CAPEX CIVIL'!D63","v":"DEMOLICIÓN PAVIMENTO ASFÁLTICO DE ESPESOR 10 CM. INCLUYE TODOS LOS COSTOS DE SUMINISTRO DE EQUIPOS (HERRAMIENTA MENOR, MARTILLO NEUMÁTICO, COMPRESOR, PROVISIONAL DE ENERGÍA), TRANSPORTE, MANEJO, ALMACENAMIENTO, DESPERDICIOS, CARGUE Y TRANSPORTE DE MATERIALES SOBRANTES A ESCOMBRERA AUTORIZADA Y MANO DE OBRA."},{"$f":"'PPTO GRAL CAPEX CIVIL'!E63","v":"M2"},null,{"$f":"'PPTO GRAL CAPEX CIVIL'!F63","v":8.4375},{"$f":"'PPTO GRAL CAPEX CIVIL'!H63","v":13656},115223]
[null,null,{"$f":"'PPTO GRAL CAPEX CIVIL'!B64","v":5196},{"$f":"'PPTO GRAL CAPEX CIVIL'!C64","v":"2.3.23"},null,null,{"$f":"'PPTO GRAL CAPEX CIVIL'!D64","v":"DEMOLICIÓN DE CONCRETO: ESPESORES 8CM A 15CM. (INCLUYE RETIRO DE MATERIAL, TRANSPORTE Y DISPOSICIÓN FINAL DE ESCOMBROS EN SITIO AUTORIZADO)."},{"$f":"'PPTO GRAL CAPEX CIVIL'!E64","v":"M3"},null,{"$f":"'PPTO GRAL CAPEX CIVIL'!F64","v":144.375},{"$f":"'PPTO GRAL CAPEX CIVIL'!H64","v":107514},15522334]
[null,null,{"$f":"'PPTO GRAL CAPEX CIVIL'!#REF!","v":{"$error":"#REF!"}},{"$f":"'PPTO GRAL CAPEX CIVIL'!#REF!","v":{"$error":"#REF!"}},null,null,{"$f":"'PPTO GRAL CAPEX CIVIL'!#REF!","v":{"$error":"#REF!"}},{"$f":"'PPTO GRAL CAPEX CIVIL'!#REF!","v":{"$error":"#REF!"}},null,{"$f":"'PPTO GRAL CAPEX CIVIL'!#REF!","v":{"$error":"#REF!"}},{"$f":"'PPTO GRAL CAPEX CIVIL'!#REF!","v":{"$error":"#REF!"}},{"$error":"#REF!"}]
[null,null,{"$f":"'PPTO GRAL CAPEX CIVIL'!#REF!","v":{"$error":"#REF!"}},{"$f":"'PPTO GRAL CAPEX CIVIL'!#REF!","v":{"$error":"#REF!"}},null,null,{"$f":"'PPTO GRAL CAPEX CIVIL'!#REF!","v":{"$error":"#REF!"}},{"$f":"'PPTO GRAL CAPEX CIVIL'!#REF!","v":{"$error":"#REF!"}},null,{"$f":"'PPTO GRAL CAPEX CIVIL'!#REF!","v":{"$error":"#REF!"}},{"$f":"'PPTO GRAL CAPEX CIVIL'!#REF!","v":{"$error":"#REF!"}},{"$error":"#REF!"}]
[null,null,{"$f":"'PPTO GRAL CAPEX CIVIL'!#REF!","v":{"$error":"#REF!"}},{"$f":"'PPTO GRAL CAPEX CIVIL'!#REF!","v":{"$error":"#REF!"}},null,null,{"$f":"'PPTO GRAL CAPEX CIVIL'!#REF!","v":{"$error":"#REF!"}},{"$f":"'PPTO GRAL CAPEX CIVIL'!#REF!","v":{"$error":"#REF!"}},null,{"$f":"'PPTO GRAL CAPEX CIVIL'!#REF!","v":{"$error":"#REF!"}},{"$f":"'PPTO GRAL CAPEX CIVIL'!#REF!","v":{"$error":"#REF!"}},{"$error":"#REF!"}]
[null,null,{"$f":"'PPTO GRAL CAPEX CIVIL'!#REF!","v":{"$error":"#REF!"}},{"$f":"'PPTO GRAL CAPEX CIVIL'!#REF!","v":{"$error":"#REF!"}},null,null,{"$f":"'PPTO GRAL CAPEX CIVIL'!#REF!","v":{"$error":"#REF!"}},{"$f":"'PPTO GRAL CAPEX CIVIL'!#REF!","v":{"$error":"#REF!"}},null,{"$f":"'PPTO GRAL CAPEX CIVIL'!#REF!","v":{"$error":"#REF!"}},{"$f":"'PPTO GRAL CAPEX CIVIL'!#REF!","v":{"$error":"#REF!"}},{"$error":"#REF!"}]
[null,null,{"$f":"'PPTO GRAL CAPEX CIVIL'!#REF!","v":{"$error":"#REF!"}},{"$f":"'PPTO GRAL CAPEX CIVIL'!#REF!","v":{"$error":"#REF!"}},null,null,{"$f":"'PPTO GRAL CAPEX CIVIL'!#REF!","v":{"$error":"#REF!"}},{"$f":"'PPTO GRAL CAPEX CIVIL'!#REF!","v":{"$error":"#REF!"}},null,{"$f":"'PPTO GRAL CAPEX CIVIL'!#REF!","v":{"$error":"#REF!"}},{"$f":"'PPTO GRAL CAPEX CIVIL'!#REF!","v":{"$error":"#REF!"}},{"$error":"#REF!"}]
[null,null,{"$f":"'PPTO GRAL CAPEX CIVIL'!#REF!","v":{"$error":"#REF!"}},{"$f":"'PPTO GRAL CAPEX CIVIL'!#REF!","v":{"$error":"#REF!"}},null,null,{"$f":"'PPTO GRAL CAPEX CIVIL'!#REF!","v":{"$error":"#REF!"}},{"$f":"'PPTO GRAL CAPEX CIVIL'!#REF!","v":{"$error":"#REF!"}},null,{"$f":"'PPTO GRAL CAPEX CIVIL'!#REF!","v":{"$error":"#REF!"}},{"$f":"'PPTO GRAL CAPEX CIVIL'!#REF!","v":{"$error":"#REF!"}},{"$error":"#REF!"}]
[null,null,{"$f":"'PPTO GRAL CAPEX CIVIL'!#REF!","v":{"$error":"#REF!"}},{"$f":"'PPTO GRAL CAPEX CIVIL'!#REF!","v":{"$error":"#REF!"}},null,null,{"$f":"'PPTO GRAL CAPEX CIVIL'!#REF!","v":{"$error":"#REF!"}},{"$f":"'PPTO GRAL CAPEX CIVIL'!#REF!","v":{"$error":"#REF!"}},null,{"$f":"'PPTO GRAL CAPEX CIVIL'!#REF!","v":{"$error":"#REF!"}},{"$f":"'PPTO GRAL CAPEX CIVIL'!#REF!","v":{"$error":"#REF!"}},{"$error":"#REF!"}]
[null,null,{"$f":"'PPTO GRAL CAPEX CIVIL'!#REF!","v":{"$error":"#REF!"}},{"$f":"'PPTO GRAL CAPEX CIVIL'!#REF!","v":{"$error":"#REF!"}},null,null,{"$f":"'PPTO GRAL CAPEX CIVIL'!#REF!","v":{"$error":"#REF!"}},{"$f":"'PPTO GRAL CAPEX CIVIL'!#REF!","v":{"$error":"#REF!"}},null,{"$f":"'PPTO GRAL CAPEX CIVIL'!#REF!","v":{"$error":"#REF!"}},{"$f":"'PPTO GRAL CAPEX CIVIL'!#REF!","v":{"$error":"#REF!"}},{"$error":"#REF!"}]
[null,null,{"$f":"'PPTO GRAL CAPEX CIVIL'!#REF!","v":{"$error":"#REF!"}},{"$f":"'PPTO GRAL CAPEX CIVIL'!#REF!","v":{"$error":"#REF!"}},null,null,{"$f":"'PPTO GRAL CAPEX CIVIL'!#REF!","v":{"$error":"#REF!"}},{"$f":"'PPTO GRAL CAPEX CIVIL'!#REF!","v":{"$error":"#REF!"}},null,{"$f":"'PPTO GRAL CAPEX CIVIL'!#REF!","v":{"$error":"#REF!"}},{"$f":"'PPTO GRAL CAPEX CIVIL'!#REF!","v":{"$error":"#REF!"}},{"$error":"#REF!"}]
[null,null,{"$f":"'PPTO GRAL CAPEX CIVIL'!#REF!","v":{"$error":"#REF!"}},{"$f":"'PPTO GRAL CAPEX CIVIL'!#REF!","v":{"$error":"#REF!"}},null,null,{"$f":"'PPTO GRAL CAPEX CIVIL'!#REF!","v":{"$error":"#REF!"}},{"$f":"'PPTO GRAL CAPEX CIVIL'!#REF!","v":{"$error":"#REF!"}},null,{"$f":"'PPTO GRAL CAPEX CIVIL'!#REF!","v":{"$error":"#REF!"}},{"$f":"'PPTO GRAL CAPEX CIVIL'!#REF!","v":{"$error":"#REF!"}},{"$error":"#REF!"}]
[null,null,null,null,null,null,{"$f":"'PPTO GRAL CAPEX CIVIL'!#REF!","v":{"$error":"#REF!"}}]
[null,null,{"$f":"'PPTO GRAL CAPEX CIVIL'!#REF!","v":{"$error":"#REF!"}},{"$f":"'PPTO GRAL CAPEX CIVIL'!#REF!","v":{"$error":"#REF!"}},null,null,{"$f":"'PPTO GRAL CAPEX CIVIL'!#REF!","v":{"$error":"#REF!"}},{"$f":"'PPTO GRAL CAPEX CIVIL'!#REF!","v":{"$error":"#REF!"}},null,{"$f":"'PPTO GRAL CAPEX CIVIL'!#REF!","v":{"$error":"#REF!"}},{"$f":"'PPTO GRAL CAPEX CIVIL'!#REF!","v":{"$error":"#REF!"}},{"$f":"ROUND(J61*K61,0)","v":{"$error":"#REF!"}}]
[null,null,{"$f":"'PPTO GRAL CAPEX CIVIL'!#REF!","v":{"$error":"#REF!"}},{"$f":"'PPTO GRAL CAPEX CIVIL'!#REF!","v":{"$error":"#REF!"}},null,null,{"$f":"'PPTO GRAL CAPEX CIVIL'!#REF!","v":{"$error":"#REF!"}},{"$f":"'PPTO GRAL CAPEX CIVIL'!#REF!","v":{"$error":"#REF!"}},null,{"$f":"'PPTO GRAL CAPEX CIVIL'!#REF!","v":{"$error":"#REF!"}},{"$f":"'PPTO GRAL CAPEX CIVIL'!#REF!","v":{"$error":"#REF!"}},{"$f":"ROUND(J62*K62,0)","v":{"$error":"#REF!"}}]
[null,null,{"$f":"'PPTO GRAL CAPEX CIVIL'!#REF!","v":{"$error":"#REF!"}},{"$f":"'PPTO GRAL CAPEX CIVIL'!#REF!","v":{"$error":"#REF!"}},null,null,{"$f":"'PPTO GRAL CAPEX CIVIL'!#REF!","v":{"$error":"#REF!"}},{"$f":"'PPTO GRAL CAPEX CIVIL'!#REF!","v":{"$error":"#REF!"}},null,{"$f":"'PPTO GRAL CAPEX CIVIL'!#REF!","v":{"$error":"#REF!"}},{"$f":"'PPTO GRAL CAPEX CIVIL'!#REF!","v":{"$error":"#REF!"}},{"$f":"ROUND(J63*K63,0)","v":{"$error":"#REF!"}}]
[null,null,null,null,null,null,{"$f":"'PPTO GRAL CAPEX CIVIL'!#REF!","v":{"$error":"#REF!"}}]
[null,null,{"$f":"'PPTO GRAL CAPEX CIVIL'!#REF!","v":{"$error":"#REF!"}},{"$f":"'PPTO GRAL CAPEX CIVIL'!#REF!","v":{"$error":"#REF!"}},null,null,{"$f":"'PPTO GRAL CAPEX CIVIL'!#REF!","v":{"$error":"#REF!"}},{"$f":"'PPTO GRAL CAPEX CIVIL'!#REF!","v":{"$error":"#REF!"}},null,{"$f":"'PPTO GRAL CAPEX CIVIL'!#REF!","v":{"$error":"#REF!"}},{"$f":"'PPTO GRAL CAPEX CIVIL'!#REF!","v":{"$error":"#REF!"}},{"$f":"ROUND(J65*K65,0)","v":{"$error":"#REF!"}}]
[null,null,null,null,null,null,{"$f":"'PPTO GRAL CAPEX CIVIL'!#REF!","v":{"$error":"#REF!"}}]
[null,null,{"$f":"'PPTO GRAL CAPEX CIVIL'!#REF!","v":{"$error":"#REF!"}},{"$f":"'PPTO GRAL CAPEX CIVIL'!#REF!","v":{"$error":"#REF!"}},null,null,{"$f":"'PPTO GRAL CAPEX CIVIL'!#REF!","v":{"$error":"#REF!"}},{"$f":"'PPTO GRAL CAPEX CIVIL'!#REF!","v":{"$error":"#REF!"}},null,{"$f":"'PPTO GRAL CAPEX CIVIL'!#REF!","v":{"$error":"#REF!"}},{"$f":"'PPTO GRAL CAPEX CIVIL'!#REF!","v":{"$error":"#REF!"}},{"$f":"ROUND(J67*K67,0)","v":{"$error":"#REF!"}}]
[null,null,{"$f":"'PPTO GRAL CAPEX CIVIL'!#REF!","v":{"$error":"#REF!"}},{"$f":"'PPTO GRAL CAPEX CIVIL'!#REF!","v":{"$error":"#REF!"}},null,null,{"$f":"'PPTO GRAL CAPEX CIVIL'!#REF!","v":{"$error":"#REF!"}},{"$f":"'PPTO GRAL CAPEX CIVIL'!#REF!","v":{"$error":"#REF!"}},null,{"$f":"'PPTO GRAL CAPEX CIVIL'!#REF!","v":{"$error":"#REF!"}},{"$f":"'PPTO GRAL CAPEX CIVIL'!#REF!","v":{"$error":"#REF!"}},{"$f":"ROUND(J68*K68,0)","v":{"$error":"#REF!"}}]
[null,null,{"$f":"'PPTO GRAL CAPEX CIVIL'!#REF!","v":{"$error":"#REF!"}},{"$f":"'PPTO GRAL CAPEX CIVIL'!#REF!","v":{"$error":"#REF!"}},null,null,{"$f":"'PPTO GRAL CAPEX CIVIL'!#REF!","v":{"$error":"#REF!"}},{"$f":"'PPTO GRAL CAPEX CIVIL'!#REF!","v":{"$error":"#REF!"}},null,{"$f":"'PPTO GRAL CAPEX CIVIL'!#REF!","v":{"$error":"#REF!"}},{"$f":"'PPTO GRAL CAPEX CIVIL'!#REF!","v":{"$error":"#REF!"}},{"$f":"ROUND(J69*K69,0)","v":{"$error":"#REF!"}}]
[null,null,null,null,null,null,{"$f":"'PPTO GRAL CAPEX CIVIL'!#REF!","v":{"$error":"#REF!"}}]
[null,null,{"$f":"'PPTO GRAL CAPEX CIVIL'!#REF!","v":{"$error":"#REF!"}},{"$f":"'PPTO GRAL CAPEX CIVIL'!#REF!","v":{"$error":"#REF!"}},null,null,{"$f":"'PPTO GRAL CAPEX CIVIL'!#REF!","v":{"$error":"#REF!"}},{"$f":"'PPTO GRAL CAPEX CIVIL'!#REF!","v":{"$error":"#REF!"}},null,{"$f":"'PPTO GRAL CAPEX CIVIL'!#REF!","v":{"$error":"#REF!"}},{"$f":"'PPTO GRAL CAPEX CIVIL'!#REF!","v":{"$error":"#REF!"}},{"$f":"ROUND(J71*K71,0)","v":{"$error":"#REF!"}}]
[null,null,{"$f":"'PPTO GRAL CAPEX CIVIL'!#REF!","v":{"$error":"#REF!"}},{"$f":"'PPTO GRAL CAPEX CIVIL'!#REF!","v":{"$error":"#REF!"}},null,null,{"$f":"'PPTO GRAL CAPEX CIVIL'!#REF!","v":{"$error":"#REF!"}},{"$f":"'PPTO GRAL CAPEX CIVIL'!#REF!","v":{"$error":"#REF!"}},null,{"$f":"'PPTO GRAL CAPEX CIVIL'!#REF!","v":{"$error":"#REF!"}},{"$f":"'PPTO GRAL CAPEX CIVIL'!#REF!","v":{"$error":"#REF!"}},{"$error":"#REF!"}]
[null,null,{"$f":"'PPTO GRAL CAPEX CIVIL'!#REF!","v":{"$error":"#REF!"}},{"$f":"'PPTO GRAL CAPEX CIVIL'!#REF!","v":{"$error":"#REF!"}},null,null,{"$f":"'PPTO GRAL CAPEX CIVIL'!#REF!","v":{"$error":"#REF!"}},{"$f":"'PPTO GRAL CAPEX CIVIL'!#REF!","v":{"$error":"#REF!"}},null,{"$f":"'PPTO GRAL CAPEX CIVIL'!#REF!","v":{"$error":"#REF!"}},{"$f":"'PPTO GRAL CAPEX CIVIL'!#REF!","v":{"$error":"#REF!"}},{"$error":"#REF!"}]
[null,null,{"$f":"'PPTO GRAL CAPEX CIVIL'!#REF!","v":{"$error":"#REF!"}},{"$f":"'PPTO GRAL CAPEX CIVIL'!#REF!","v":{"$error":"#REF!"}},null,null,{"$f":"'PPTO GRAL CAPEX CIVIL'!#REF!","v":{"$error":"#REF!"}},{"$f":"'PPTO GRAL CAPEX CIVIL'!#REF!","v":{"$error":"#REF!"}},null,{"$f":"'PPTO GRAL CAPEX CIVIL'!#REF!","v":{"$error":"#REF!"}},{"$f":"'PPTO GRAL CAPEX CIVIL'!#REF!","v":{"$error":"#REF!"}},{"$error":"#REF!"}]
[null,null,{"$f":"'PPTO GRAL CAPEX CIVIL'!B78","v":0},{"$f":"'PPTO GRAL CAPEX CIVIL'!C78","v":"3"},null,null,{"$f":"'PPTO GRAL CAPEX CIVIL'!D78","v":"ARQUITECTURA Y PAISAJISMO"},{"$f":"'PPTO GRAL CAPEX CIVIL'!E78","v":0},null,{"$f":"'PPTO GRAL CAPEX CIVIL'!F78","v":0},{"$f":"'PPTO GRAL CAPEX CIVIL'!H78","v":0},0]
[null,null,{"$f":"'PPTO GRAL CAPEX CIVIL'!B79","v":0},{"$f":"'PPTO GRAL CAPEX CIVIL'!C79","v":"3.1"},null,null,{"$f":"'PPTO GRAL CAPEX CIVIL'!D79","v":"MAMPOSTERIA Y ACABADOS ARQUITECTONICOS"},{"$f":"'PPTO GRAL CAPEX CIVIL'!E79","v":0},null,{"$f":"'PPTO GRAL CAPEX CIVIL'!F79","v":0},{"$f":"'PPTO GRAL CAPEX CIVIL'!H79","v":0},0]
[null,null,{"$f":"'PPTO GRAL CAPEX CIVIL'!B80","v":0},{"$f":"'PPTO GRAL CAPEX CIVIL'!C80","v":"3.1.1"},null,null,{"$f":"'PPTO GRAL CAPEX CIVIL'!D80","v":"MAMPOSTERÍA MUROS DIVISORIOS"},{"$f":"'PPTO GRAL CAPEX CIVIL'!E80","v":0},null,{"$f":"'PPTO GRAL CAPEX CIVIL'!F80","v":0},{"$f":"'PPTO GRAL CAPEX CIVIL'!H80","v":0},0]
[null,null,{"$f":"'PPTO GRAL CAPEX CIVIL'!B81","v":"ARQ101"},{"$f":"'PPTO GRAL CAPEX CIVIL'!C81","v":"3.1.1.1"},null,null,{"$f":"'PPTO GRAL CAPEX CIVIL'!D81","v":"MAMPOSTERIA EN BLOQUE DE CONCRETO 12X19X39, REVITADO, Y RANURADO  CADA 5 HILADAS, INCLUYE MORTERO DE PEGA PREMEZCLADO , TIPO INDURAL  O SIMILAR EQUIVALENTE."},{"$f":"'PPTO GRAL CAPEX CIVIL'!E81","v":"M2"},null,{"$f":"'PPTO GRAL CAPEX CIVIL'!F81","v":2393.54},{"$f":"'PPTO GRAL CAPEX CIVIL'!H81","v":1},2394]
[null,null,{"$f":"'PPTO GRAL CAPEX CIVIL'!B82","v":"ARQ102"},{"$f":"'PPTO GRAL CAPEX CIVIL'!C82","v":"3.1.1.2"},null,null,{"$f":"'PPTO GRAL CAPEX CIVIL'!D82","v":"SUMINISTRO, TRANSPORTE E INSTALACIÓN MURO EN PLACA DE TABLA YESO ½” TIPO DRYWALL, GYPLAC, O SIMILAR EQUIVALENTE, MASILLADO Y PINTADO COLOR BLANCO. INCLUYE: PERFILERÍA GALVANIZADA PARA SOPORTE, CHAZOS, CINTAS DE UNIÓN O ENSAMBLE ENTRE ELEMENTOS, CORTES, FILETES Y TODO LO NECESARIO PARA SU CORRECTA INSTALACIÓN Y ACABADO ESTÉTICO."},{"$f":"'PPTO GRAL CAPEX CIVIL'!E82","v":"M2"},null,{"$f":"'PPTO GRAL CAPEX CIVIL'!F82","v":1295.07},{"$f":"'PPTO GRAL CAPEX CIVIL'!H82","v":87010},112684041]
[null,null,{"$f":"'PPTO GRAL CAPEX CIVIL'!#REF!","v":{"$error":"#REF!"}},{"$f":"'PPTO GRAL CAPEX CIVIL'!#REF!","v":{"$error":"#REF!"}},null,null,{"$f":"'PPTO GRAL CAPEX CIVIL'!#REF!","v":{"$error":"#REF!"}},{"$f":"'PPTO GRAL CAPEX CIVIL'!#REF!","v":{"$error":"#REF!"}},null,{"$f":"'PPTO GRAL CAPEX CIVIL'!#REF!","v":{"$error":"#REF!"}},{"$f":"'PPTO GRAL CAPEX CIVIL'!#REF!","v":{"$error":"#REF!"}},{"$error":"#REF!"}]
[null,null,{"$f":"'PPTO GRAL CAPEX CIVIL'!#REF!","v":{"$error":"#REF!"}},{"$f":"'PPTO GRAL CAPEX CIVIL'!#REF!","v":{"$error":"#REF!"}},null,null,{"$f":"'PPTO GRAL CAPEX CIVIL'!#REF!","v":{"$error":"#REF!"}},{"$f":"'PPTO GRAL CAPEX CIVIL'!#REF!","v":{"$error":"#REF!"}},null,{"$f":"'PPTO GRAL CAPEX CIVIL'!#REF!","v":{"$error":"#REF!"}},{"$f":"'PPTO GRAL CAPEX CIVIL'!#REF!","v":{"$error":"#REF!"}},{"$error":"#REF!"}]
[null,null,{"$f":"'PPTO GRAL CAPEX CIVIL'!#REF!","v":{"$error":"#REF!"}},{"$f":"'PPTO GRAL CAPEX CIVIL'!#REF!","v":{"$error":"#REF!"}},null,null,{"$f":"'PPTO GRAL CAPEX CIVIL'!#REF!","v":{"$error":"#REF!"}},{"$f":"'PPTO GRAL CAPEX CIVIL'!#REF!","v":{"$error":"#REF!"}},null,{"$f":"'PPTO GRAL CAPEX CIVIL'!#REF!","v":{"$error":"#REF!"}},{"$f":"'PPTO GRAL CAPEX CIVIL'!#REF!","v":{"$error":"#REF!"}},{"$error":"#REF!"}]
[null,null,{"$f":"'PPTO GRAL CAPEX CIVIL'!#REF!","v":{"$error":"#REF!"}},{"$f":"'PPTO GRAL CAPEX CIVIL'!#REF!","v":{"$error":"#REF!"}},null,null,{"$f":"'PPTO GRAL CAPEX CIVIL'!#REF!","v":{"$error":"#REF!"}},{"$f":"'PPTO GRAL CAPEX CIVIL'!#REF!","v":{"$error":"#REF!"}},null,{"$f":"'PPTO GRAL CAPEX CIVIL'!#REF!","v":{"$error":"#REF!"}},{"$f":"'PPTO GRAL CAPEX CIVIL'!#REF!","v":{"$error":"#REF!"}},{"$error":"#REF!"}]
[null,null,{"$f":"'PPTO GRAL CAPEX CIVIL'!#REF!","v":{"$error":"#REF!"}},{"$f":"'PPTO GRAL CAPEX CIVIL'!#REF!","v":{"$error":"#REF!"}},null,null,{"$f":"'PPTO GRAL CAPEX CIVIL'!#REF!","v":{"$error":"#REF!"}},{"$f":"'PPTO GRAL CAPEX CIVIL'!#REF!","v":{"$error":"#REF!"}},null,{"$f":"'PPTO GRAL CAPEX CIVIL'!#REF!","v":{"$error":"#REF!"}},{"$f":"'PPTO GRAL CAPEX CIVIL'!#REF!","v":{"$error":"#REF!"}},{"$error":"#REF!"}]
[null,null,"Subtotal",null,null,null,null,null,null,null,null,{"$f":"SUM(L35:L84)","v":{"$error":"#REF!"}},null,null,{"$f":"+'PPTO GRAL CAPEX CIVIL'!#REF!","v":{"$error":"#REF!"}},{"$f":"L85-O85","v":{"$error":"#REF!"}}]
[null,null,null,{"$f":"'PPTO GRAL CAPEX CIVIL'!#REF!","v":{"$error":"#REF!"}},null,null,{"$f":"+'PPTO GRAL CAPEX CIVIL'!#REF!","v":{"$error":"#REF!"}}]
[null,null,{"$f":"'PPTO GRAL CAPEX CIVIL'!#REF!","v":{"$error":"#REF!"}},{"$f":"'PPTO GRAL CAPEX CIVIL'!#REF!","v":{"$error":"#REF!"}},null,null,{"$f":"'PPTO GRAL CAPEX CIVIL'!#REF!","v":{"$error":"#REF!"}},{"$f":"'PPTO GRAL CAPEX CIVIL'!#REF!","v":{"$error":"#REF!"}},null,{"$f":"'PPTO GRAL CAPEX CIVIL'!#REF!","v":{"$error":"#REF!"}},{"$f":"'PPTO GRAL CAPEX CIVIL'!#REF!","v":{"$error":"#REF!"}},{"$f":"ROUND(J87*K87,0)","v":{"$error":"#REF!"}}]
[null,null,{"$f":"'PPTO GRAL CAPEX CIVIL'!#REF!","v":{"$error":"#REF!"}},{"$f":"'PPTO GRAL CAPEX CIVIL'!#REF!","v":{"$error":"#REF!"}},null,null,{"$f":"'PPTO GRAL CAPEX CIVIL'!#REF!","v":{"$error":"#REF!"}},{"$f":"'PPTO GRAL CAPEX CIVIL'!#REF!","v":{"$error":"#REF!"}},null,{"$f":"'PPTO GRAL CAPEX CIVIL'!#REF!","v":{"$error":"#REF!"}},{"$f":"'PPTO GRAL CAPEX CIVIL'!#REF!","v":{"$error":"#REF!"}},{"$f":"ROUND(J88*K88,0)","v":{"$error":"#REF!"}}]
[null,null,{"$f":"'PPTO GRAL CAPEX CIVIL'!#REF!","v":{"$error":"#REF!"}},{"$f":"'PPTO GRAL CAPEX CIVIL'!#REF!","v":{"$error":"#REF!"}},null,null,{"$f":"'PPTO GRAL CAPEX CIVIL'!#REF!","v":{"$error":"#REF!"}},{"$f":"'PPTO GRAL CAPEX CIVIL'!#REF!","v":{"$error":"#REF!"}},null,{"$f":"'PPTO GRAL CAPEX CIVIL'!#REF!","v":{"$error":"#REF!"}},{"$f":"'PPTO GRAL CAPEX CIVIL'!#REF!","v":{"$error":"#REF!"}},{"$f":"ROUND(J89*K89,0)","v":{"$error":"#REF!"}}]
[null,null,{"$f":"'PPTO GRAL CAPEX CIVIL'!#REF!","v":{"$error":"#REF!"}},{"$f":"'PPTO GRAL CAPEX CIVIL'!#REF!","v":{"$error":"#REF!"}},null,null,{"$f":"'PPTO GRAL CAPEX CIVIL'!#REF!","v":{"$error":"#REF!"}},{"$f":"'PPTO GRAL CAPEX CIVIL'!#REF!","v":{"$error":"#REF!"}},null,{"$f":"'PPTO GRAL CAPEX CIVIL'!#REF!","v":{"$error":"#REF!"}},{"$f":"'PPTO GRAL CAPEX CIVIL'!#REF!","v":{"$error":"#REF!"}},{"$f":"ROUND(J90*K90,0)","v":{"$error":"#REF!"}}]
[null,null,"Subtotal",null,null,null,null,null,null,null,null,{"$f":"SUM(L87:L90)","v":{"$error":"#REF!"}},null,null,{"$f":"'PPTO GRAL CAPEX CIVIL'!#REF!","v":{"$error":"#REF!"}},{"$f":"L91-O91","v":{"$error":"#REF!"}}]
[null,null,null,{"$f":"'PPTO GRAL CAPEX CIVIL'!#REF!","v":{"$error":"#REF!"}},null,null,{"$f":"'PPTO GRAL CAPEX CIVIL'!#REF!","v":{"$error":"#REF!"}}]
[null,null,null,null,null,null,{"$f":"'PPTO GRAL CAPEX CIVIL'!#REF!","v":{"$error":"#REF!"}}]
[null,null,{"$f":"'PPTO GRAL CAPEX CIVIL'!#REF!","v":{"$error":"#REF!"}},{"$f":"'PPTO GRAL CAPEX CIVIL'!#REF!","v":{"$error":"#REF!"}},null,null,{"$f":"'PPTO GRAL CAPEX CIVIL'!#REF!","v":{"$error":"#REF!"}},{"$f":"'PPTO GRAL CAPEX CIVIL'!#REF!","v":{"$error":"#REF!"}},null,{"$f":"'PPTO GRAL CAPEX CIVIL'!#REF!","v":{"$error":"#REF!"}},{"$f":"'PPTO GRAL CAPEX CIVIL'!#REF!","v":{"$error":"#REF!"}},{"$f":"ROUND(J94*K94,0)","v":{"$error":"#REF!"}}]
[null,null,{"$f":"'PPTO GRAL CAPEX CIVIL'!#REF!","v":{"$error":"#REF!"}},{"$f":"'PPTO GRAL CAPEX CIVIL'!#REF!","v":{"$error":"#REF!"}},null,null,{"$f":"'PPTO GRAL CAPEX CIVIL'!#REF!","v":{"$error":"#REF!"}},{"$f":"'PPTO GRAL CAPEX CIVIL'!#REF!","v":{"$error":"#REF!"}},null,{"$f":"'PPTO GRAL CAPEX CIVIL'!#REF!","v":{"$error":"#REF!"}},{"$f":"'PPTO GRAL CAPEX CIVIL'!#REF!","v":{"$error":"#REF!"}},{"$f":"ROUND(J95*K95,0)","v":{"$error":"#REF!"}}]
[null,null,{"$f":"'PPTO GRAL CAPEX CIVIL'!#REF!","v":{"$error":"#REF!"}},{"$f":"'PPTO GRAL CAPEX CIVIL'!#REF!","v":{"$error":"#REF!"}},null,null,{"$f":"'PPTO GRAL CAPEX CIVIL'!#REF!","v":{"$error":"#REF!"}},{"$f":"'PPTO GRAL CAPEX CIVIL'!#REF!","v":{"$error":"#REF!"}},null,{"$f":"'PPTO GRAL CAPEX CIVIL'!#REF!","v":{"$error":"#REF!"}},{"$f":"'PPTO GRAL CAPEX CIVIL'!#REF!","v":{"$error":"#REF!"}},{"$f":"ROUND(J96*K96,0)","v":{"$error":"#REF!"}}]
[null,null,null,null,null,null,{"$f":"'PPTO GRAL CAPEX CIVIL'!#REF!","v":{"$error":"#REF!"}}]
[null,null,{"$f":"'PPTO GRAL CAPEX CIVIL'!#REF!","v":{"$error":"#REF!"}},{"$f":"'PPTO GRAL CAPEX CIVIL'!#REF!","v":{"$error":"#REF!"}},null,null,{"$f":"'PPTO GRAL CAPEX CIVIL'!#REF!","v":{"$error":"#REF!"}},{"$f":"'PPTO GRAL CAPEX CIVIL'!#REF!","v":{"$error":"#REF!"}},null,{"$f":"'PPTO GRAL CAPEX CIVIL'!#REF!","v":{"$error":"#REF!"}},{"$f":"'PPTO GRAL CAPEX CIVIL'!#REF!","v":{"$error":"#REF!"}},{"$f":"ROUND(J98*K98,0)","v":{"$error":"#REF!"}}]
[null,null,{"$f":"'PPTO GRAL CAPEX CIVIL'!#REF!","v":{"$error":"#REF!"}},{"$f":"'PPTO GRAL CAPEX CIVIL'!#REF!","v":{"$error":"#REF!"}},null,null,{"$f":"'PPTO GRAL CAPEX CIVIL'!#REF!","v":{"$error":"#REF!"}},{"$f":"'PPTO GRAL CAPEX CIVIL'!#REF!","v":{"$error":"#REF!"}},null,{"$f":"'PPTO GRAL CAPEX CIVIL'!#REF!","v":{"$error":"#REF!"}},{"$f":"'PPTO GRAL CAPEX CIVIL'!#REF!","v":{"$error":"#REF!"}},{"$error":"#REF!"}]
[null,null,{"$f":"'PPTO GRAL CAPEX CIVIL'!#REF!","v":{"$error":"#REF!"}},{"$f":"'PPTO GRAL CAPEX CIVIL'!#REF!","v":{"$error":"#REF!"}},null,null,{"$f":"'PPTO GRAL CAPEX CIVIL'!#REF!","v":{"$error":"#REF!"}},{"$f":"'PPTO GRAL CAPEX CIVIL'!#REF!","v":{"$error":"#REF!"}},null,{"$f":"'PPTO GRAL CAPEX CIVIL'!#REF!","v":{"$error":"#REF!"}},{"$f":"'PPTO GRAL CAPEX CIVIL'!#REF!","v":{"$error":"#REF!"}},{"$error":"#REF!"}]
[null,null,{"$f":"'PPTO GRAL CAPEX CIVIL'!#REF!","v":{"$error":"#REF!"}},{"$f":"'PPTO GRAL CAPEX CIVIL'!#REF!","v":{"$error":"#REF!"}},null,null,{"$f":"'PPTO GRAL CAPEX CIVIL'!#REF!","v":{"$error":"#REF!"}},{"$f":"'PPTO GRAL CAPEX CIVIL'!#REF!","v":{"$error":"#REF!"}},null,{"$f":"'PPTO GRAL CAPEX CIVIL'!#REF!","v":{"$error":"#REF!"}},{"$f":"'PPTO GRAL CAPEX CIVIL'!#REF!","v":{"$error":"#REF!"}},{"$error":"#REF!"}]
[null,null,{"$f":"'PPTO GRAL CAPEX CIVIL'!#REF!","v":{"$error":"#REF!"}},{"$f":"'PPTO GRAL CAPEX CIVIL'!#REF!","v":{"$error":"#REF!"}},null,null,{"$f":"'PPTO GRAL CAPEX CIVIL'!#REF!","v":{"$error":"#REF!"}},{"$f":"'PPTO GRAL CAPEX CIVIL'!#REF!","v":{"$error":"#REF!"}},null,{"$f":"'PPTO GRAL CAPEX CIVIL'!#REF!","v":{"$error":"#REF!"}},{"$f":"'PPTO GRAL CAPEX CIVIL'!#REF!","v":{"$error":"#REF!"}},{"$error":"#REF!"}]
[null,null,{"$f":"'PPTO GRAL CAPEX CIVIL'!#REF!","v":{"$error":"#REF!"}},{"$f":"'PPTO GRAL CAPEX CIVIL'!#REF!","v":{"$error":"#REF!"}},null,null,{"$f":"'PPTO GRAL CAPEX CIVIL'!#REF!","v":{"$error":"#REF!"}},{"$f":"'PPTO GRAL CAPEX CIVIL'!#REF!","v":{"$error":"#REF!"}},null,{"$f":"'PPTO GRAL CAPEX CIVIL'!#REF!","v":{"$error":"#REF!"}},{"$f":"'PPTO GRAL CAPEX CIVIL'!#REF!","v":{"$error":"#REF!"}},{"$error":"#REF!"}]
[null,null,{"$f":"'PPTO GRAL CAPEX CIVIL'!#REF!","v":{"$error":"#REF!"}},{"$f":"'PPTO GRAL CAPEX CIVIL'!#REF!","v":{"$error":"#REF!"}},null,null,{"$f":"'PPTO GRAL CAPEX CIVIL'!#REF!","v":{"$error":"#REF!"}},{"$f":"'PPTO GRAL CAPEX CIVIL'!#REF!","v":{"$error":"#REF!"}},null,{"$f":"'PPTO GRAL CAPEX CIVIL'!#REF!","v":{"$error":"#REF!"}},{"$f":"'PPTO GRAL CAPEX CIVIL'!#REF!","v":{"$error":"#REF!"}},{"$error":"#REF!"}]
[null,null,{"$f":"'PPTO GRAL CAPEX CIVIL'!#REF!","v":{"$error":"#REF!"}},{"$f":"'PPTO GRAL CAPEX CIVIL'!#REF!","v":{"$error":"#REF!"}},null,null,{"$f":"'PPTO GRAL CAPEX CIVIL'!#REF!","v":{"$error":"#REF!"}},{"$f":"'PPTO GRAL CAPEX CIVIL'!#REF!","v":{"$error":"#REF!"}},null,{"$f":"'PPTO GRAL CAPEX CIVIL'!#REF!","v":{"$error":"#REF!"}},{"$f":"'PPTO GRAL CAPEX CIVIL'!#REF!","v":{"$error":"#REF!"}},{"$error":"#REF!"}]
[null,null,{"$f":"'PPTO GRAL CAPEX CIVIL'!#REF!","v":{"$error":"#REF!"}},{"$f":"'PPTO GRAL CAPEX CIVIL'!#REF!","v":{"$error":"#REF!"}},null,null,{"$f":"'PPTO GRAL CAPEX CIVIL'!#REF!","v":{"$error":"#REF!"}},{"$f":"'PPTO GRAL CAPEX CIVIL'!#REF!","v":{"$error":"#REF!"}},null,{"$f":"'PPTO GRAL CAPEX CIVIL'!#REF!","v":{"$error":"#REF!"}},{"$f":"'PPTO GRAL CAPEX CIVIL'!#REF!","v":{"$error":"#REF!"}},{"$error":"#REF!"}]
[null,null,{"$f":"'PPTO GRAL CAPEX CIVIL'!#REF!","v":{"$error":"#REF!"}},{"$f":"'PPTO GRAL CAPEX CIVIL'!#REF!","v":{"$error":"#REF!"}},null,null,{"$f":"'PPTO GRAL CAPEX CIVIL'!#REF!","v":{"$error":"#REF!"}},{"$f":"'PPTO GRAL CAPEX CIVIL'!#REF!","v":{"$error":"#REF!"}},null,{"$f":"'PPTO GRAL CAPEX CIVIL'!#REF!","v":{"$error":"#REF!"}},{"$f":"'PPTO GRAL CAPEX CIVIL'!#REF!","v":{"$error":"#REF!"}},{"$error":"#REF!"}]
[null,null,{"$f":"'PPTO GRAL CAPEX CIVIL'!#REF!","v":{"$error":"#REF!"}},{"$f":"'PPTO GRAL CAPEX CIVIL'!#REF!","v":{"$error":"#REF!"}},null,null,{"$f":"'PPTO GRAL CAPEX CIVIL'!#REF!","v":{"$error":"#REF!"}},{"$f":"'PPTO GRAL CAPEX CIVIL'!#REF!","v":{"$error":"#REF!"}},null,{"$f":"'PPTO GRAL CAPEX CIVIL'!#REF!","v":{"$error":"#REF!"}},{"$f":"'PPTO GRAL CAPEX CIVIL'!#REF!","v":{"$error":"#REF!"}},{"$error":"#REF!"}]
[null,null,{"$f":"'PPTO GRAL CAPEX CIVIL'!#REF!","v":{"$error":"#REF!"}},{"$f":"'PPTO GRAL CAPEX CIVIL'!#REF!","v":{"$error":"#REF!"}},null,null,{"$f":"'PPTO GRAL CAPEX CIVIL'!#REF!","v":{"$error":"#REF!"}},{"$f":"'PPTO GRAL CAPEX CIVIL'!#REF!","v":{"$error":"#REF!"}},null,{"$f":"'PPTO GRAL CAPEX CIVIL'!#REF!","v":{"$error":"#REF!"}},{"$f":"'PPTO GRAL CAPEX CIVIL'!#REF!","v":{"$error":"#REF!"}},{"$error":"#REF!"}]
[null,null,{"$f":"'PPTO GRAL CAPEX CIVIL'!#REF!","v":{"$error":"#REF!"}},{"$f":"'PPTO GRAL CAPEX CIVIL'!#REF!","v":{"$error":"#REF!"}},null,null,{"$f":"'PPTO GRAL CAPEX CIVIL'!#REF!","v":{"$error":"#REF!"}},{"$f":"'PPTO GRAL CAPEX CIVIL'!#REF!","v":{"$error":"#REF!"}},null,{"$f":"'PPTO GRAL CAPEX CIVIL'!#REF!","v":{"$error":"#REF!"}},{"$f":"'PPTO GRAL CAPEX CIVIL'!#REF!","v":{"$error":"#REF!"}},{"$error":"#REF!"}]
[null,null,{"$f":"'PPTO GRAL CAPEX CIVIL'!#REF!","v":{"$error":"#REF!"}},{"$f":"'PPTO GRAL CAPEX CIVIL'!#REF!","v":{"$error":"#REF!"}},null,null,{"$f":"'PPTO GRAL CAPEX CIVIL'!#REF!","v":{"$error":"#REF!"}},{"$f":"'PPTO GRAL CAPEX CIVIL'!#REF!","v":{"$error":"#REF!"}},null,{"$f":"'PPTO GRAL CAPEX CIVIL'!#REF!","v":{"$error":"#REF!"}},{"$f":"'PPTO GRAL CAPEX CIVIL'!#REF!","v":{"$error":"#REF!"}},{"$error":"#REF!"}]
[null,null,{"$f":"'PPTO GRAL CAPEX CIVIL'!#REF!","v":{"$error":"#REF!"}},{"$f":"'PPTO GRAL CAPEX CIVIL'!#REF!","v":{"$error":"#REF!"}},null,null,{"$f":"'PPTO GRAL CAPEX CIVIL'!#REF!","v":{"$error":"#REF!"}},{"$f":"'PPTO GRAL CAPEX CIVIL'!#REF!","v":{"$error":"#REF!"}},null,{"$f":"'PPTO GRAL CAPEX CIVIL'!#REF!","v":{"$error":"#REF!"}},{"$f":"'PPTO GRAL CAPEX CIVIL'!#REF!","v":{"$error":"#REF!"}},{"$error":"#REF!"}]
[null,null,{"$f":"'PPTO GRAL CAPEX CIVIL'!#REF!","v":{"$error":"#REF!"}},{"$f":"'PPTO GRAL CAPEX CIVIL'!#REF!","v":{"$error":"#REF!"}},null,null,{"$f":"'PPTO GRAL CAPEX CIVIL'!#REF!","v":{"$error":"#REF!"}},{"$f":"'PPTO GRAL CAPEX CIVIL'!#REF!","v":{"$error":"#REF!"}},null,{"$f":"'PPTO GRAL CAPEX CIVIL'!#REF!","v":{"$error":"#REF!"}},{"$f":"'PPTO GRAL CAPEX CIVIL'!#REF!","v":{"$error":"#REF!"}},{"$error":"#REF!"}]
[null,null,{"$f":"'PPTO GRAL CAPEX CIVIL'!#REF!","v":{"$error":"#REF!"}},{"$f":"'PPTO GRAL CAPEX CIVIL'!#REF!","v":{"$error":"#REF!"}},null,null,{"$f":"'PPTO GRAL CAPEX CIVIL'!#REF!","v":{"$error":"#REF!"}},{"$f":"'PPTO GRAL CAPEX CIVIL'!#REF!","v":{"$error":"#REF!"}},null,{"$f":"'PPTO GRAL CAPEX CIVIL'!#REF!","v":{"$error":"#REF!"}},{"$f":"'PPTO GRAL CAPEX CIVIL'!#REF!","v":{"$error":"#REF!"}},{"$error":"#REF!"}]
[null,null,{"$f":"'PPTO GRAL CAPEX CIVIL'!#REF!","v":{"$error":"#REF!"}},{"$f":"'PPTO GRAL CAPEX CIVIL'!#REF!","v":{"$error":"#REF!"}},null,null,{"$f":"'PPTO GRAL CAPEX CIVIL'!#REF!","v":{"$error":"#REF!"}},{"$f":"'PPTO GRAL CAPEX CIVIL'!#REF!","v":{"$error":"#REF!"}},null,{"$f":"'PPTO GRAL CAPEX CIVIL'!#REF!","v":{"$error":"#REF!"}},{"$f":"'PPTO GRAL CAPEX CIVIL'!#REF!","v":{"$error":"#REF!"}},{"$error":"#REF!"}]
[null,null,{"$f":"'PPTO GRAL CAPEX CIVIL'!#REF!","v":{"$error":"#REF!"}},{"$f":"'PPTO GRAL CAPEX CIVIL'!#REF!","v":{"$error":"#REF!"}},null,null,{"$f":"'PPTO GRAL CAPEX CIVIL'!#REF!","v":{"$error":"#REF!"}},{"$f":"'PPTO GRAL CAPEX CIVIL'!#REF!","v":{"$error":"#REF!"}},null,{"$f":"'PPTO GRAL CAPEX CIVIL'!#REF!","v":{"$error":"#REF!"}},{"$f":"'PPTO GRAL CAPEX CIVIL'!#REF!","v":{"$error":"#REF!"}},{"$error":"#REF!"}]
[null,null,{"$f":"'PPTO GRAL CAPEX CIVIL'!#REF!","v":{"$error":"#REF!"}},{"$f":"'PPTO GRAL CAPEX CIVIL'!#REF!","v":{"$error":"#REF!"}},null,null,{"$f":"'PPTO GRAL CAPEX CIVIL'!#REF!","v":{"$error":"#REF!"}},{"$f":"'PPTO GRAL CAPEX CIVIL'!#REF!","v":{"$error":"#REF!"}},null,{"$f":"'PPTO GRAL CAPEX CIVIL'!#REF!","v":{"$error":"#REF!"}},{"$f":"'PPTO GRAL CAPEX CIVIL'!#REF!","v":{"$error":"#REF!"}},{"$error":"#REF!"}]
[null,null,null,null,null,null,{"$f":"'PPTO GRAL CAPEX CIVIL'!#REF!","v":{"$error":"#REF!"}}]
[null,null,{"$f":"'PPTO GRAL CAPEX CIVIL'!#REF!","v":{"$error":"#REF!"}},{"$f":"'PPTO GRAL CAPEX CIVIL'!#REF!","v":{"$error":"#REF!"}},null,null,{"$f":"'PPTO GRAL CAPEX CIVIL'!#REF!","v":{"$error":"#REF!"}},{"$f":"'PPTO GRAL CAPEX CIVIL'!#REF!","v":{"$error":"#REF!"}},null,{"$f":"'PPTO GRAL CAPEX CIVIL'!#REF!","v":{"$error":"#REF!"}},{"$f":"'PPTO GRAL CAPEX CIVIL'!#REF!","v":{"$error":"#REF!"}},{"$f":"ROUND(J119*K119,0)","v":{"$error":"#REF!"}}]
[null,null,null,null,null,null,{"$f":"'PPTO GRAL CAPEX CIVIL'!#REF!","v":{"$error":"#REF!"}}]
[null,null,{"$f":"'PPTO GRAL CAPEX CIVIL'!#REF!","v":{"$error":"#REF!"}},{"$f":"'PPTO GRAL CAPEX CIVIL'!#REF!","v":{"$error":"#REF!"}},null,null,{"$f":"'PPTO GRAL CAPEX CIVIL'!#REF!","v":{"$error":"#REF!"}},{"$f":"'PPTO GRAL CAPEX CIVIL'!#REF!","v":{"$error":"#REF!"}},null,{"$f":"'PPTO GRAL CAPEX CIVIL'!#REF!","v":{"$error":"#REF!"}},{"$f":"'PPTO GRAL CAPEX CIVIL'!#REF!","v":{"$error":"#REF!"}},{"$f":"ROUND(J121*K121,0)","v":{"$error":"#REF!"}}]
[null,null,{"$f":"'PPTO GRAL CAPEX CIVIL'!#REF!","v":{"$error":"#REF!"}},{"$f":"'PPTO GRAL CAPEX CIVIL'!#REF!","v":{"$error":"#REF!"}},null,null,{"$f":"'PPTO GRAL CAPEX CIVIL'!#REF!","v":{"$error":"#REF!"}},{"$f":"'PPTO GRAL CAPEX CIVIL'!#REF!","v":{"$error":"#REF!"}},null,{"$f":"'PPTO GRAL CAPEX CIVIL'!#REF!","v":{"$error":"#REF!"}},{"$f":"'PPTO GRAL CAPEX CIVIL'!#REF!","v":{"$error":"#REF!"}},{"$f":"ROUND(J122*K122,0)","v":{"$error":"#REF!"}}]
[null,null,{"$f":"'PPTO GRAL CAPEX CIVIL'!#REF!","v":{"$error":"#REF!"}},{"$f":"'PPTO GRAL CAPEX CIVIL'!#REF!","v":{"$error":"#REF!"}},null,null,{"$f":"'PPTO GRAL CAPEX CIVIL'!#REF!","v":{"$error":"#REF!"}},{"$f":"'PPTO GRAL CAPEX CIVIL'!#REF!","v":{"$error":"#REF!"}},null,{"$f":"'PPTO GRAL CAPEX CIVIL'!#REF!","v":{"$error":"#REF!"}},{"$f":"'PPTO GRAL CAPEX CIVIL'!#REF!","v":{"$error":"#REF!"}},{"$f":"ROUND(J123*K123,0)","v":{"$error":"#REF!"}}]
[null,null,{"$f":"'PPTO GRAL CAPEX CIVIL'!#REF!","v":{"$error":"#REF!"}},{"$f":"'PPTO GRAL CAPEX CIVIL'!#REF!","v":{"$error":"#REF!"}},null,null,{"$f":"'PPTO GRAL CAPEX CIVIL'!#REF!","v":{"$error":"#REF!"}},{"$f":"'PPTO GRAL CAPEX CIVIL'!#REF!","v":{"$error":"#REF!"}},null,{"$f":"'PPTO GRAL CAPEX CIVIL'!#REF!","v":{"$error":"#REF!"}},{"$f":"'PPTO GRAL CAPEX CIVIL'!#REF!","v":{"$error":"#REF!"}},{"$f":"ROUND(J124*K124,0)","v":{"$error":"#REF!"}}]
[null,null,{"$f":"'PPTO GRAL CAPEX CIVIL'!#REF!","v":{"$error":"#REF!"}},{"$f":"'PPTO GRAL CAPEX CIVIL'!#REF!","v":{"$error":"#REF!"}},null,null,{"$f":"'PPTO GRAL CAPEX CIVIL'!#REF!","v":{"$error":"#REF!"}},{"$f":"'PPTO GRAL CAPEX CIVIL'!#REF!","v":{"$error":"#REF!"}},null,{"$f":"'PPTO GRAL CAPEX CIVIL'!#REF!","v":{"$error":"#REF!"}},{"$f":"'PPTO GRAL CAPEX CIVIL'!#REF!","v":{"$error":"#REF!"}},{"$f":"ROUND(J125*K125,0)","v":{"$error":"#REF!"}}]
[null,null,"Subtotal",null,null,null,null,null,null,null,null,{"$f":"SUM(L93:L125)","v":{"$error":"#REF!"}},null,null,{"$f":"'PPTO GRAL CAPEX CIVIL'!#REF!","v":{"$error":"#REF!"}},{"$f":"L126-O126","v":{"$error":"#REF!"}}]
[null,null,null,{"$f":"'PPTO GRAL CAPEX CIVIL'!#REF!","v":{"$error":"#REF!"}},null,null,{"$f":"'PPTO GRAL CAPEX CIVIL'!#REF!","v":{"$error":"#REF!"}}]
[null,null,null,null,null,null,{"$f":"'PPTO GRAL CAPEX CIVIL'!#REF!","v":{"$error":"#REF!"}}]
[null,null,{"$f":"'PPTO GRAL CAPEX CIVIL'!#REF!","v":{"$error":"#REF!"}},{"$f":"'PPTO GRAL CAPEX CIVIL'!#REF!","v":{"$error":"#REF!"}},null,null,{"$f":"'PPTO GRAL CAPEX CIVIL'!#REF!","v":{"$error":"#REF!"}},{"$f":"'PPTO GRAL CAPEX CIVIL'!#REF!","v":{"$error":"#REF!"}},null,{"$f":"'PPTO GRAL CAPEX CIVIL'!#REF!","v":{"$error":"#REF!"}},{"$f":"'PPTO GRAL CAPEX CIVIL'!#REF!","v":{"$error":"#REF!"}},{"$f":"ROUND(J129*K129,0)","v":{"$error":"#REF!"}}]
[null,null,{"$f":"'PPTO GRAL CAPEX CIVIL'!#REF!","v":{"$error":"#REF!"}},{"$f":"'PPTO GRAL CAPEX CIVIL'!#REF!","v":{"$error":"#REF!"}},null,null,{"$f":"'PPTO GRAL CAPEX CIVIL'!#REF!","v":{"$error":"#REF!"}},{"$f":"'PPTO GRAL CAPEX CIVIL'!#REF!","v":{"$error":"#REF!"}},null,{"$f":"'PPTO GRAL CAPEX CIVIL'!#REF!","v":{"$error":"#REF!"}},{"$f":"'PPTO GRAL CAPEX CIVIL'!#REF!","v":{"$error":"#REF!"}},{"$error":"#REF!"}]
[null,null,{"$f":"'PPTO GRAL CAPEX CIVIL'!#REF!","v":{"$error":"#REF!"}},{"$f":"'PPTO GRAL CAPEX CIVIL'!#REF!","v":{"$error":"#REF!"}},null,null,{"$f":"'PPTO GRAL CAPEX CIVIL'!#REF!","v":{"$error":"#REF!"}},{"$f":"'PPTO GRAL CAPEX CIVIL'!#REF!","v":{"$error":"#REF!"}},null,{"$f":"'PPTO GRAL CAPEX CIVIL'!#REF!","v":{"$error":"#REF!"}},{"$f":"'PPTO GRAL CAPEX CIVIL'!#REF!","v":{"$error":"#REF!"}},{"$error":"#REF!"}]
[null,null,{"$f":"'PPTO GRAL CAPEX CIVIL'!#REF!","v":{"$error":"#REF!"}},{"$f":"'PPTO GRAL CAPEX CIVIL'!#REF!","v":{"$error":"#REF!"}},null,null,{"$f":"'PPTO GRAL CAPEX CIVIL'!#REF!","v":{"$error":"#REF!"}},{"$f":"'PPTO GRAL CAPEX CIVIL'!#REF!","v":{"$error":"#REF!"}},null,{"$f":"'PPTO GRAL CAPEX CIVIL'!#REF!","v":{"$error":"#REF!"}},{"$f":"'PPTO GRAL CAPEX CIVIL'!#REF!","v":{"$error":"#REF!"}},{"$error":"#REF!"}]
[null,null,{"$f":"'PPTO GRAL CAPEX CIVIL'!#REF!","v":{"$error":"#REF!"}},{"$f":"'PPTO GRAL CAPEX CIVIL'!#REF!","v":{"$error":"#REF!"}},null,null,{"$f":"'PPTO GRAL CAPEX CIVIL'!#REF!","v":{"$error":"#REF!"}},{"$f":"'PPTO GRAL CAPEX CIVIL'!#REF!","v":{"$error":"#REF!"}},null,{"$f":"'PPTO GRAL CAPEX CIVIL'!#REF!","v":{"$error":"#REF!"}},{"$f":"'PPTO GRAL CAPEX CIVIL'!#REF!","v":{"$error":"#REF!"}},{"$error":"#REF!"}]
[null,null,{"$f":"'PPTO GRAL CAPEX CIVIL'!#REF!","v":{"$error":"#REF!"}},{"$f":"'PPTO GRAL CAPEX CIVIL'!#REF!","v":{"$error":"#REF!"}},null,null,{"$f":"'PPTO GRAL CAPEX CIVIL'!#REF!","v":{"$error":"#REF!"}},{"$f":"'PPTO GRAL CAPEX CIVIL'!#REF!","v":{"$error":"#REF!"}},null,{"$f":"'PPTO GRAL CAPEX CIVIL'!#REF!","v":{"$error":"#REF!"}},{"$f":"'PPTO GRAL CAPEX CIVIL'!#REF!","v":{"$error":"#REF!"}},{"$error":"#REF!"}]
[null,null,{"$f":"'PPTO GRAL CAPEX CIVIL'!#REF!","v":{"$error":"#REF!"}},{"$f":"'PPTO GRAL CAPEX CIVIL'!#REF!","v":{"$error":"#REF!"}},null,null,{"$f":"'PPTO GRAL CAPEX CIVIL'!#REF!","v":{"$error":"#REF!"}},{"$f":"'PPTO GRAL CAPEX CIVIL'!#REF!","v":{"$error":"#REF!"}},null,{"$f":"'PPTO GRAL CAPEX CIVIL'!#REF!","v":{"$error":"#REF!"}},{"$f":"'PPTO GRAL CAPEX CIVIL'!#REF!","v":{"$error":"#REF!"}},{"$error":"#REF!"}]
[null,null,{"$f":"'PPTO GRAL CAPEX CIVIL'!#REF!","v":{"$error":"#REF!"}},{"$f":"'PPTO GRAL CAPEX CIVIL'!#REF!","v":{"$error":"#REF!"}},null,null,{"$f":"'PPTO GRAL CAPEX CIVIL'!#REF!","v":{"$error":"#REF!"}},{"$f":"'PPTO GRAL CAPEX CIVIL'!#REF!","v":{"$error":"#REF!"}},null,{"$f":"'PPTO GRAL CAPEX CIVIL'!#REF!","v":{"$error":"#REF!"}},{"$f":"'PPTO GRAL CAPEX CIVIL'!#REF!","v":{"$error":"#REF!"}},{"$error":"#REF!"}]
[null,null,{"$f":"'PPTO GRAL CAPEX CIVIL'!#REF!","v":{"$error":"#REF!"}},{"$f":"'PPTO GRAL CAPEX CIVIL'!#REF!","v":{"$error":"#REF!"}},null,null,{"$f":"'PPTO GRAL CAPEX CIVIL'!#REF!","v":{"$error":"#REF!"}},{"$f":"'PPTO GRAL CAPEX CIVIL'!#REF!","v":{"$error":"#REF!"}},null,{"$f":"'PPTO GRAL CAPEX CIVIL'!#REF!","v":{"$error":"#REF!"}},{"$f":"'PPTO GRAL CAPEX CIVIL'!#REF!","v":{"$error":"#REF!"}},{"$error":"#REF!"}]
[null,null,{"$f":"'PPTO GRAL CAPEX CIVIL'!#REF!","v":{"$error":"#REF!"}},{"$f":"'PPTO GRAL CAPEX CIVIL'!#REF!","v":{"$error":"#REF!"}},null,null,{"$f":"'PPTO GRAL CAPEX CIVIL'!#REF!","v":{"$error":"#REF!"}},{"$f":"'PPTO GRAL CAPEX CIVIL'!#REF!","v":{"$error":"#REF!"}},null,{"$f":"'PPTO GRAL CAPEX CIVIL'!#REF!","v":{"$error":"#REF!"}},{"$f":"'PPTO GRAL CAPEX CIVIL'!#REF!","v":{"$error":"#REF!"}},{"$error":"#REF!"}]
[null,null,{"$f":"'PPTO GRAL CAPEX CIVIL'!#REF!","v":{"$error":"#REF!"}},{"$f":"'PPTO GRAL CAPEX CIVIL'!#REF!","v":{"$error":"#REF!"}},null,null,{"$f":"'PPTO GRAL CAPEX CIVIL'!#REF!","v":{"$error":"#REF!"}},{"$f":"'PPTO GRAL CAPEX CIVIL'!#REF!","v":{"$error":"#REF!"}},null,{"$f":"'PPTO GRAL CAPEX CIVIL'!#REF!","v":{"$error":"#REF!"}},{"$f":"'PPTO GRAL CAPEX CIVIL'!#REF!","v":{"$error":"#REF!"}},{"$error":"#REF!"}]
[null,null,{"$f":"'PPTO GRAL CAPEX CIVIL'!#REF!","v":{"$error":"#REF!"}},{"$f":"'PPTO GRAL CAPEX CIVIL'!#REF!","v":{"$error":"#REF!"}},null,null,{"$f":"'PPTO GRAL CAPEX CIVIL'!#REF!","v":{"$error":"#REF!"}},{"$f":"'PPTO GRAL CAPEX CIVIL'!#REF!","v":{"$error":"#REF!"}},null,{"$f":"'PPTO GRAL CAPEX CIVIL'!#REF!","v":{"$error":"#REF!"}},{"$f":"'PPTO GRAL CAPEX CIVIL'!#REF!","v":{"$error":"#REF!"}},{"$error":"#REF!"}]
[null,null,{"$f":"'PPTO GRAL CAPEX CIVIL'!#REF!","v":{"$error":"#REF!"}},{"$f":"'PPTO GRAL CAPEX CIVIL'!#REF!","v":{"$error":"#REF!"}},null,null,{"$f":"'PPTO GRAL CAPEX CIVIL'!#REF!","v":{"$error":"#REF!"}},{"$f":"'PPTO GRAL CAPEX CIVIL'!#REF!","v":{"$error":"#REF!"}},null,{"$f":"'PPTO GRAL CAPEX CIVIL'!#REF!","v":{"$error":"#REF!"}},{"$f":"'PPTO GRAL CAPEX CIVIL'!#REF!","v":{"$error":"#REF!"}},{"$error":"#REF!"}]
[null,null,{"$f":"'PPTO GRAL CAPEX CIVIL'!#REF!","v":{"$error":"#REF!"}},{"$f":"'PPTO GRAL CAPEX CIVIL'!#REF!","v":{"$error":"#REF!"}},null,null,{"$f":"'PPTO GRAL CAPEX CIVIL'!#REF!","v":{"$error":"#REF!"}},{"$f":"'PPTO GRAL CAPEX CIVIL'!#REF!","v":{"$error":"#REF!"}},null,{"$f":"'PPTO GRAL CAPEX CIVIL'!#REF!","v":{"$error":"#REF!"}},{"$f":"'PPTO GRAL CAPEX CIVIL'!#REF!","v":{"$error":"#REF!"}},{"$error":"#REF!"}]
[null,null,{"$f":"'PPTO GRAL CAPEX CIVIL'!#REF!","v":{"$error":"#REF!"}},{"$f":"'PPTO GRAL CAPEX CIVIL'!#REF!","v":{"$error":"#REF!"}},null,null,{"$f":"'PPTO GRAL CAPEX CIVIL'!#REF!","v":{"$error":"#REF!"}},{"$f":"'PPTO GRAL CAPEX CIVIL'!#REF!","v":{"$error":"#REF!"}},null,{"$f":"'PPTO GRAL CAPEX CIVIL'!#REF!","v":{"$error":"#REF!"}},{"$f":"'PPTO GRAL CAPEX CIVIL'!#REF!","v":{"$error":"#REF!"}},{"$error":"#REF!"}]
[null,null,{"$f":"'PPTO GRAL CAPEX CIVIL'!#REF!","v":{"$error":"#REF!"}},{"$f":"'PPTO GRAL CAPEX CIVIL'!#REF!","v":{"$error":"#REF!"}},null,null,{"$f":"'PPTO GRAL CAPEX CIVIL'!#REF!","v":{"$error":"#REF!"}},{"$f":"'PPTO GRAL CAPEX CIVIL'!#REF!","v":{"$error":"#REF!"}},null,{"$f":"'PPTO GRAL CAPEX CIVIL'!#REF!","v":{"$error":"#REF!"}},{"$f":"'PPTO GRAL CAPEX CIVIL'!#REF!","v":{"$error":"#REF!"}},{"$error":"#REF!"}]
[null,null,{"$f":"'PPTO GRAL CAPEX CIVIL'!#REF!","v":{"$error":"#REF!"}},{"$f":"'PPTO GRAL CAPEX CIVIL'!#REF!","v":{"$error":"#REF!"}},null,null,{"$f":"'PPTO GRAL CAPEX CIVIL'!#REF!","v":{"$error":"#REF!"}},{"$f":"'PPTO GRAL CAPEX CIVIL'!#REF!","v":{"$error":"#REF!"}},null,{"$f":"'PPTO GRAL CAPEX CIVIL'!#REF!","v":{"$error":"#REF!"}},{"$f":"'PPTO GRAL CAPEX CIVIL'!#REF!","v":{"$error":"#REF!"}},{"$error":"#REF!"}]
[null,null,{"$f":"'PPTO GRAL CAPEX CIVIL'!#REF!","v":{"$error":"#REF!"}},{"$f":"'PPTO GRAL CAPEX CIVIL'!#REF!","v":{"$error":"#REF!"}},null,null,{"$f":"'PPTO GRAL CAPEX CIVIL'!#REF!","v":{"$error":"#REF!"}},{"$f":"'PPTO GRAL CAPEX CIVIL'!#REF!","v":{"$error":"#REF!"}},null,{"$f":"'PPTO GRAL CAPEX CIVIL'!#REF!","v":{"$error":"#REF!"}},{"$f":"'PPTO GRAL CAPEX CIVIL'!#REF!","v":{"$error":"#REF!"}},{"$error":"#REF!"}]
[null,null,{"$f":"'PPTO GRAL CAPEX CIVIL'!#REF!","v":{"$error":"#REF!"}},{"$f":"'PPTO GRAL CAPEX CIVIL'!#REF!","v":{"$error":"#REF!"}},null,null,{"$f":"'PPTO GRAL CAPEX CIVIL'!#REF!","v":{"$error":"#REF!"}},{"$f":"'PPTO GRAL CAPEX CIVIL'!#REF!","v":{"$error":"#REF!"}},null,{"$f":"'PPTO GRAL CAPEX CIVIL'!#REF!","v":{"$error":"#REF!"}},{"$f":"'PPTO GRAL CAPEX CIVIL'!#REF!","v":{"$error":"#REF!"}},{"$error":"#REF!"}]
[null,null,{"$f":"'PPTO GRAL CAPEX CIVIL'!#REF!","v":{"$error":"#REF!"}},{"$f":"'PPTO GRAL CAPEX CIVIL'!#REF!","v":{"$error":"#REF!"}},null,null,{"$f":"'PPTO GRAL CAPEX CIVIL'!#REF!","v":{"$error":"#REF!"}},{"$f":"'PPTO GRAL CAPEX CIVIL'!#REF!","v":{"$error":"#REF!"}},null,{"$f":"'PPTO GRAL CAPEX CIVIL'!#REF!","v":{"$error":"#REF!"}},{"$f":"'PPTO GRAL CAPEX CIVIL'!#REF!","v":{"$error":"#REF!"}},{"$error":"#REF!"}]
[null,null,null,null,null,null,{"$f":"'PPTO GRAL CAPEX CIVIL'!#REF!","v":{"$error":"#REF!"}}]
[null,null,{"$f":"'PPTO GRAL CAPEX CIVIL'!#REF!","v":{"$error":"#REF!"}},{"$f":"'PPTO GRAL CAPEX CIVIL'!#REF!","v":{"$error":"#REF!"}},null,null,{"$f":"'PPTO GRAL CAPEX CIVIL'!#REF!","v":{"$error":"#REF!"}},{"$f":"'PPTO GRAL CAPEX CIVIL'!#REF!","v":{"$error":"#REF!"}},null,{"$f":"'PPTO GRAL CAPEX CIVIL'!#REF!","v":{"$error":"#REF!"}},{"$f":"'PPTO GRAL CAPEX CIVIL'!#REF!","v":{"$error":"#REF!"}},{"$f":"ROUND(J150*K150,0)","v":{"$error":"#REF!"}}]
[null,null,{"$f":"'PPTO GRAL CAPEX CIVIL'!#REF!","v":{"$error":"#REF!"}},{"$f":"'PPTO GRAL CAPEX CIVIL'!#REF!","v":{"$error":"#REF!"}},null,null,{"$f":"'PPTO GRAL CAPEX CIVIL'!#REF!","v":{"$error":"#REF!"}},{"$f":"'PPTO GRAL CAPEX CIVIL'!#REF!","v":{"$error":"#REF!"}},null,{"$f":"'PPTO GRAL CAPEX CIVIL'!#REF!","v":{"$error":"#REF!"}},{"$f":"'PPTO GRAL CAPEX CIVIL'!#REF!","v":{"$error":"#REF!"}},{"$error":"#REF!"}]
[null,null,{"$f":"'PPTO GRAL CAPEX CIVIL'!#REF!","v":{"$error":"#REF!"}},{"$f":"'PPTO GRAL CAPEX CIVIL'!#REF!","v":{"$error":"#REF!"}},null,null,{"$f":"'PPTO GRAL CAPEX CIVIL'!#REF!","v":{"$error":"#REF!"}},{"$f":"'PPTO GRAL CAPEX CIVIL'!#REF!","v":{"$error":"#REF!"}},null,{"$f":"'PPTO GRAL CAPEX CIVIL'!#REF!","v":{"$error":"#REF!"}},{"$f":"'PPTO GRAL CAPEX CIVIL'!#REF!","v":{"$error":"#REF!"}},{"$error":"#REF!"}]
[null,null,{"$f":"'PPTO GRAL CAPEX CIVIL'!#REF!","v":{"$error":"#REF!"}},{"$f":"'PPTO GRAL CAPEX CIVIL'!#REF!","v":{"$error":"#REF!"}},null,null,{"$f":"'PPTO GRAL CAPEX CIVIL'!#REF!","v":{"$error":"#REF!"}},{"$f":"'PPTO GRAL CAPEX CIVIL'!#REF!","v":{"$error":"#REF!"}},null,{"$f":"'PPTO GRAL CAPEX CIVIL'!#REF!","v":{"$error":"#REF!"}},{"$f":"'PPTO GRAL CAPEX CIVIL'!#REF!","v":{"$error":"#REF!"}},{"$error":"#REF!"}]
[null,null,{"$f":"'PPTO GRAL CAPEX CIVIL'!#REF!","v":{"$error":"#REF!"}},{"$f":"'PPTO GRAL CAPEX CIVIL'!#REF!","v":{"$error":"#REF!"}},null,null,{"$f":"'PPTO GRAL CAPEX CIVIL'!#REF!","v":{"$error":"#REF!"}},{"$f":"'PPTO GRAL CAPEX CIVIL'!#REF!","v":{"$error":"#REF!"}},null,{"$f":"'PPTO GRAL CAPEX CIVIL'!#REF!","v":{"$error":"#REF!"}},{"$f":"'PPTO GRAL CAPEX CIVIL'!#REF!","v":{"$error":"#REF!"}},{"$error":"#REF!"}]
[null,null,{"$f":"'PPTO GRAL CAPEX CIVIL'!#REF!","v":{"$error":"#REF!"}},{"$f":"'PPTO GRAL CAPEX CIVIL'!#REF!","v":{"$error":"#REF!"}},null,null,{"$f":"'PPTO GRAL CAPEX CIVIL'!#REF!","v":{"$error":"#REF!"}},{"$f":"'PPTO GRAL CAPEX CIVIL'!#REF!","v":{"$error":"#REF!"}},null,{"$f":"'PPTO GRAL CAPEX CIVIL'!#REF!","v":{"$error":"#REF!"}},{"$f":"'PPTO GRAL CAPEX CIVIL'!#REF!","v":{"$error":"#REF!"}},{"$error":"#REF!"}]
[null,null,{"$f":"'PPTO GRAL CAPEX CIVIL'!#REF!","v":{"$error":"#REF!"}},{"$f":"'PPTO GRAL CAPEX CIVIL'!#REF!","v":{"$error":"#REF!"}},null,null,{"$f":"'PPTO GRAL CAPEX CIVIL'!#REF!","v":{"$error":"#REF!"}},{"$f":"'PPTO GRAL CAPEX CIVIL'!#REF!","v":{"$error":"#REF!"}},null,{"$f":"'PPTO GRAL CAPEX CIVIL'!#REF!","v":{"$error":"#REF!"}},{"$f":"'PPTO GRAL CAPEX CIVIL'!#REF!","v":{"$error":"#REF!"}},{"$error":"#REF!"}]
[null,null,{"$f":"'PPTO GRAL CAPEX CIVIL'!#REF!","v":{"$error":"#REF!"}},{"$f":"'PPTO GRAL CAPEX CIVIL'!#REF!","v":{"$error":"#REF!"}},null,null,{"$f":"'PPTO GRAL CAPEX CIVIL'!#REF!","v":{"$error":"#REF!"}},{"$f":"'PPTO GRAL CAPEX CIVIL'!#REF!","v":{"$error":"#REF!"}},null,{"$f":"'PPTO GRAL CAPEX CIVIL'!#REF!","v":{"$error":"#REF!"}},{"$f":"'PPTO GRAL CAPEX CIVIL'!#REF!","v":{"$error":"#REF!"}},{"$error":"#REF!"}]
[null,null,{"$f":"'PPTO GRAL CAPEX CIVIL'!#REF!","v":{"$error":"#REF!"}},{"$f":"'PPTO GRAL CAPEX CIVIL'!#REF!","v":{"$error":"#REF!"}},null,null,{"$f":"'PPTO GRAL CAPEX CIVIL'!#REF!","v":{"$error":"#REF!"}},{"$f":"'PPTO GRAL CAPEX CIVIL'!#REF!","v":{"$error":"#REF!"}},null,{"$f":"'PPTO GRAL CAPEX CIVIL'!#REF!","v":{"$error":"#REF!"}},{"$f":"'PPTO GRAL CAPEX CIVIL'!#REF!","v":{"$error":"#REF!"}},{"$error":"#REF!"}]
[null,null,{"$f":"'PPTO GRAL CAPEX CIVIL'!#REF!","v":{"$error":"#REF!"}},{"$f":"'PPTO GRAL CAPEX CIVIL'!#REF!","v":{"$error":"#REF!"}},null,null,{"$f":"'PPTO GRAL CAPEX CIVIL'!#REF!","v":{"$error":"#REF!"}},{"$f":"'PPTO GRAL CAPEX CIVIL'!#REF!","v":{"$error":"#REF!"}},null,{"$f":"'PPTO GRAL CAPEX CIVIL'!#REF!","v":{"$error":"#REF!"}},{"$f":"'PPTO GRAL CAPEX CIVIL'!#REF!","v":{"$error":"#REF!"}},{"$error":"#REF!"}]
[null,null,null,null,null,null,{"$f":"'PPTO GRAL CAPEX CIVIL'!#REF!","v":{"$error":"#REF!"}}]
[null,null,{"$f":"'PPTO GRAL CAPEX CIVIL'!#REF!","v":{"$error":"#REF!"}},{"$f":"'PPTO GRAL CAPEX CIVIL'!#REF!","v":{"$error":"#REF!"}},null,null,{"$f":"'PPTO GRAL CAPEX CIVIL'!#REF!","v":{"$error":"#REF!"}},{"$f":"'PPTO GRAL CAPEX CIVIL'!#REF!","v":{"$error":"#REF!"}},null,{"$f":"'PPTO GRAL CAPEX CIVIL'!#REF!","v":{"$error":"#REF!"}},{"$f":"'PPTO GRAL CAPEX CIVIL'!#REF!","v":{"$error":"#REF!"}},{"$f":"ROUND(J161*K161,0)","v":{"$error":"#REF!"}}]
[null,null,{"$f":"'PPTO GRAL CAPEX CIVIL'!#REF!","v":{"$error":"#REF!"}},{"$f":"'PPTO GRAL CAPEX CIVIL'!#REF!","v":{"$error":"#REF!"}},null,null,{"$f":"'PPTO GRAL CAPEX CIVIL'!#REF!","v":{"$error":"#REF!"}},{"$f":"'PPTO GRAL CAPEX CIVIL'!#REF!","v":{"$error":"#REF!"}},null,{"$f":"'PPTO GRAL CAPEX CIVIL'!#REF!","v":{"$error":"#REF!"}},{"$f":"'PPTO GRAL CAPEX CIVIL'!#REF!","v":{"$error":"#REF!"}},{"$error":"#REF!"}]
[null,null,{"$f":"'PPTO GRAL CAPEX CIVIL'!#REF!","v":{"$error":"#REF!"}},{"$f":"'PPTO GRAL CAPEX CIVIL'!#REF!","v":{"$error":"#REF!"}},null,null,{"$f":"'PPTO GRAL CAPEX CIVIL'!#REF!","v":{"$error":"#REF!"}},{"$f":"'PPTO GRAL CAPEX CIVIL'!#REF!","v":{"$error":"#REF!"}},null,{"$f":"'PPTO GRAL CAPEX CIVIL'!#REF!","v":{"$error":"#REF!"}},{"$f":"'PPTO GRAL CAPEX CIVIL'!#REF!","v":{"$error":"#REF!"}},{"$error":"#REF!"}]
[null,null,{"$f":"'PPTO GRAL CAPEX CIVIL'!#REF!","v":{"$error":"#REF!"}},{"$f":"'PPTO GRAL CAPEX CIVIL'!#REF!","v":{"$error":"#REF!"}},null,null,{"$f":"'PPTO GRAL CAPEX CIVIL'!#REF!","v":{"$error":"#REF!"}},{"$f":"'PPTO GRAL CAPEX CIVIL'!#REF!","v":{"$error":"#REF!"}},null,{"$f":"'PPTO GRAL CAPEX CIVIL'!#REF!","v":{"$error":"#REF!"}},{"$f":"'PPTO GRAL CAPEX CIVIL'!#REF!","v":{"$error":"#REF!"}},{"$error":"#REF!"}]
[null,null,{"$f":"'PPTO GRAL CAPEX CIVIL'!#REF!","v":{"$error":"#REF!"}},{"$f":"'PPTO GRAL CAPEX CIVIL'!#REF!","v":{"$error":"#REF!"}},null,null,{"$f":"'PPTO GRAL CAPEX CIVIL'!#REF!","v":{"$error":"#REF!"}},{"$f":"'PPTO GRAL CAPEX CIVIL'!#REF!","v":{"$error":"#REF!"}},null,{"$f":"'PPTO GRAL CAPEX CIVIL'!#REF!","v":{"$error":"#REF!"}},{"$f":"'PPTO GRAL CAPEX CIVIL'!#REF!","v":{"$error":"#REF!"}},{"$error":"#REF!"}]
[null,null,{"$f":"'PPTO GRAL CAPEX CIVIL'!#REF!","v":{"$error":"#REF!"}},{"$f":"'PPTO GRAL CAPEX CIVIL'!#REF!","v":{"$error":"#REF!"}},null,null,{"$f":"'PPTO GRAL CAPEX CIVIL'!#REF!","v":{"$error":"#REF!"}},{"$f":"'PPTO GRAL CAPEX CIVIL'!#REF!","v":{"$error":"#REF!"}},null,{"$f":"'PPTO GRAL CAPEX CIVIL'!#REF!","v":{"$error":"#REF!"}},{"$f":"'PPTO GRAL CAPEX CIVIL'!#REF!","v":{"$error":"#REF!"}},{"$error":"#REF!"}]
[null,null,{"$f":"'PPTO GRAL CAPEX CIVIL'!#REF!","v":{"$error":"#REF!"}},{"$f":"'PPTO GRAL CAPEX CIVIL'!#REF!","v":{"$error":"#REF!"}},null,null,{"$f":"'PPTO GRAL CAPEX CIVIL'!#REF!","v":{"$error":"#REF!"}},{"$f":"'PPTO GRAL CAPEX CIVIL'!#REF!","v":{"$error":"#REF!"}},null,{"$f":"'PPTO GRAL CAPEX CIVIL'!#REF!","v":{"$error":"#REF!"}},{"$f":"'PPTO GRAL CAPEX CIVIL'!#REF!","v":{"$error":"#REF!"}},{"$error":"#REF!"}]
[null,null,{"$f":"'PPTO GRAL CAPEX CIVIL'!#REF!","v":{"$error":"#REF!"}},{"$f":"'PPTO GRAL CAPEX CIVIL'!#REF!","v":{"$error":"#REF!"}},null,null,{"$f":"'PPTO GRAL CAPEX CIVIL'!#REF!","v":{"$error":"#REF!"}},{"$f":"'PPTO GRAL CAPEX CIVIL'!#REF!","v":{"$error":"#REF!"}},null,{"$f":"'PPTO GRAL CAPEX CIVIL'!#REF!","v":{"$error":"#REF!"}},{"$f":"'PPTO GRAL CAPEX CIVIL'!#REF!","v":{"$error":"#REF!"}},{"$error":"#REF!"}]
[null,null,{"$f":"'PPTO GRAL CAPEX CIVIL'!#REF!","v":{"$error":"#REF!"}},{"$f":"'PPTO GRAL CAPEX CIVIL'!#REF!","v":{"$error":"#REF!"}},null,null,{"$f":"'PPTO GRAL CAPEX CIVIL'!#REF!","v":{"$error":"#REF!"}},{"$f":"'PPTO GRAL CAPEX CIVIL'!#REF!","v":{"$error":"#REF!"}},null,{"$f":"'PPTO GRAL CAPEX CIVIL'!#REF!","v":{"$error":"#REF!"}},{"$f":"'PPTO GRAL CAPEX CIVIL'!#REF!","v":{"$error":"#REF!"}},{"$error":"#REF!"}]
[null,null,{"$f":"'PPTO GRAL CAPEX CIVIL'!#REF!","v":{"$error":"#REF!"}},{"$f":"'PPTO GRAL CAPEX CIVIL'!#REF!","v":{"$error":"#REF!"}},null,null,{"$f":"'PPTO GRAL CAPEX CIVIL'!#REF!","v":{"$error":"#REF!"}},{"$f":"'PPTO GRAL CAPEX CIVIL'!#REF!","v":{"$error":"#REF!"}},null,{"$f":"'PPTO GRAL CAPEX CIVIL'!#REF!","v":{"$error":"#REF!"}},{"$f":"'PPTO GRAL CAPEX CIVIL'!#REF!","v":{"$error":"#REF!"}},{"$error":"#REF!"}]
[null,null,{"$f":"'PPTO GRAL CAPEX CIVIL'!#REF!","v":{"$error":"#REF!"}},{"$f":"'PPTO GRAL CAPEX CIVIL'!#REF!","v":{"$error":"#REF!"}},null,null,{"$f":"'PPTO GRAL CAPEX CIVIL'!#REF!","v":{"$error":"#REF!"}},{"$f":"'PPTO GRAL CAPEX CIVIL'!#REF!","v":{"$error":"#REF!"}},null,{"$f":"'PPTO GRAL CAPEX CIVIL'!#REF!","v":{"$error":"#REF!"}},{"$f":"'PPTO GRAL CAPEX CIVIL'!#REF!","v":{"$error":"#REF!"}},{"$error":"#REF!"}]
[null,null,{"$f":"'PPTO GRAL CAPEX CIVIL'!#REF!","v":{"$error":"#REF!"}},{"$f":"'PPTO GRAL CAPEX CIVIL'!#REF!","v":{"$error":"#REF!"}},null,null,{"$f":"'PPTO GRAL CAPEX CIVIL'!#REF!","v":{"$error":"#REF!"}},{"$f":"'PPTO GRAL CAPEX CIVIL'!#REF!","v":{"$error":"#REF!"}},null,{"$f":"'PPTO GRAL CAPEX CIVIL'!#REF!","v":{"$error":"#REF!"}},{"$f":"'PPTO GRAL CAPEX CIVIL'!#REF!","v":{"$error":"#REF!"}},{"$error":"#REF!"}]
[null,null,{"$f":"'PPTO GRAL CAPEX CIVIL'!#REF!","v":{"$error":"#REF!"}},{"$f":"'PPTO GRAL CAPEX CIVIL'!#REF!","v":{"$error":"#REF!"}},null,null,{"$f":"'PPTO GRAL CAPEX CIVIL'!#REF!","v":{"$error":"#REF!"}},{"$f":"'PPTO GRAL CAPEX CIVIL'!#REF!","v":{"$error":"#REF!"}},null,{"$f":"'PPTO GRAL CAPEX CIVIL'!#REF!","v":{"$error":"#REF!"}},{"$f":"'PPTO GRAL CAPEX CIVIL'!#REF!","v":{"$error":"#REF!"}},{"$error":"#REF!"}]
[null,null,{"$f":"'PPTO GRAL CAPEX CIVIL'!#REF!","v":{"$error":"#REF!"}},{"$f":"'PPTO GRAL CAPEX CIVIL'!#REF!","v":{"$error":"#REF!"}},null,null,{"$f":"'PPTO GRAL CAPEX CIVIL'!#REF!","v":{"$error":"#REF!"}},{"$f":"'PPTO GRAL CAPEX CIVIL'!#REF!","v":{"$error":"#REF!"}},null,{"$f":"'PPTO GRAL CAPEX CIVIL'!#REF!","v":{"$error":"#REF!"}},{"$f":"'PPTO GRAL CAPEX CIVIL'!#REF!","v":{"$error":"#REF!"}},{"$error":"#REF!"}]
[null,null,{"$f":"'PPTO GRAL CAPEX CIVIL'!#REF!","v":{"$error":"#REF!"}},{"$f":"'PPTO GRAL CAPEX CIVIL'!#REF!","v":{"$error":"#REF!"}},null,null,{"$f":"'PPTO GRAL CAPEX CIVIL'!#REF!","v":{"$error":"#REF!"}},{"$f":"'PPTO GRAL CAPEX CIVIL'!#REF!","v":{"$error":"#REF!"}},null,{"$f":"'PPTO GRAL CAPEX CIVIL'!#REF!","v":{"$error":"#REF!"}},{"$f":"'PPTO GRAL CAPEX CIVIL'!#REF!","v":{"$error":"#REF!"}},{"$error":"#REF!"}]
[null,null,{"$f":"'PPTO GRAL CAPEX CIVIL'!#REF!","v":{"$error":"#REF!"}},{"$f":"'PPTO GRAL CAPEX CIVIL'!#REF!","v":{"$error":"#REF!"}},null,null,{"$f":"'PPTO GRAL CAPEX CIVIL'!#REF!","v":{"$error":"#REF!"}},{"$f":"'PPTO GRAL CAPEX CIVIL'!#REF!","v":{"$error":"#REF!"}},null,{"$f":"'PPTO GRAL CAPEX CIVIL'!#REF!","v":{"$error":"#REF!"}},{"$f":"'PPTO GRAL CAPEX CIVIL'!#REF!","v":{"$error":"#REF!"}},{"$error":"#REF!"}]
[null,null,{"$f":"'PPTO GRAL CAPEX CIVIL'!#REF!","v":{"$error":"#REF!"}},{"$f":"'PPTO GRAL CAPEX CIVIL'!#REF!","v":{"$error":"#REF!"}},null,null,{"$f":"'PPTO GRAL CAPEX CIVIL'!#REF!","v":{"$error":"#REF!"}},{"$f":"'PPTO GRAL CAPEX CIVIL'!#REF!","v":{"$error":"#REF!"}},null,{"$f":"'PPTO GRAL CAPEX CIVIL'!#REF!","v":{"$error":"#REF!"}},{"$f":"'PPTO GRAL CAPEX CIVIL'!#REF!","v":{"$error":"#REF!"}},{"$error":"#REF!"}]
[null,null,{"$f":"'PPTO GRAL CAPEX CIVIL'!#REF!","v":{"$error":"#REF!"}},{"$f":"'PPTO GRAL CAPEX CIVIL'!#REF!","v":{"$error":"#REF!"}},null,null,{"$f":"'PPTO GRAL CAPEX CIVIL'!#REF!","v":{"$error":"#REF!"}},{"$f":"'PPTO GRAL CAPEX CIVIL'!#REF!","v":{"$error":"#REF!"}},null,{"$f":"'PPTO GRAL CAPEX CIVIL'!#REF!","v":{"$error":"#REF!"}},{"$f":"'PPTO GRAL CAPEX CIVIL'!#REF!","v":{"$error":"#REF!"}},{"$error":"#REF!"}]
[null,null,{"$f":"'PPTO GRAL CAPEX CIVIL'!#REF!","v":{"$error":"#REF!"}},{"$f":"'PPTO GRAL CAPEX CIVIL'!#REF!","v":{"$error":"#REF!"}},null,null,{"$f":"'PPTO GRAL CAPEX CIVIL'!#REF!","v":{"$error":"#REF!"}},{"$f":"'PPTO GRAL CAPEX CIVIL'!#REF!","v":{"$error":"#REF!"}},null,{"$f":"'PPTO GRAL CAPEX CIVIL'!#REF!","v":{"$error":"#REF!"}},{"$f":"'PPTO GRAL CAPEX CIVIL'!#REF!","v":{"$error":"#REF!"}},{"$error":"#REF!"}]
[null,null,{"$f":"'PPTO GRAL CAPEX CIVIL'!#REF!","v":{"$error":"#REF!"}},{"$f":"'PPTO GRAL CAPEX CIVIL'!#REF!","v":{"$error":"#REF!"}},null,null,{"$f":"'PPTO GRAL CAPEX CIVIL'!#REF!","v":{"$error":"#REF!"}},{"$f":"'PPTO GRAL CAPEX CIVIL'!#REF!","v":{"$error":"#REF!"}},null,{"$f":"'PPTO GRAL CAPEX CIVIL'!#REF!","v":{"$error":"#REF!"}},{"$f":"'PPTO GRAL CAPEX CIVIL'!#REF!","v":{"$error":"#REF!"}},{"$error":"#REF!"}]
[null,null,{"$f":"'PPTO GRAL CAPEX CIVIL'!#REF!","v":{"$error":"#REF!"}},{"$f":"'PPTO GRAL CAPEX CIVIL'!#REF!","v":{"$error":"#REF!"}},null,null,{"$f":"'PPTO GRAL CAPEX CIVIL'!#REF!","v":{"$error":"#REF!"}},{"$f":"'PPTO GRAL CAPEX CIVIL'!#REF!","v":{"$error":"#REF!"}},null,{"$f":"'PPTO GRAL CAPEX CIVIL'!#REF!","v":{"$error":"#REF!"}},{"$f":"'PPTO GRAL CAPEX CIVIL'!#REF!","v":{"$error":"#REF!"}},{"$error":"#REF!"}]
[null,null,{"$f":"'PPTO GRAL CAPEX CIVIL'!#REF!","v":{"$error":"#REF!"}},{"$f":"'PPTO GRAL CAPEX CIVIL'!#REF!","v":{"$error":"#REF!"}},null,null,{"$f":"'PPTO GRAL CAPEX CIVIL'!#REF!","v":{"$error":"#REF!"}},{"$f":"'PPTO GRAL CAPEX CIVIL'!#REF!","v":{"$error":"#REF!"}},null,{"$f":"'PPTO GRAL CAPEX CIVIL'!#REF!","v":{"$error":"#REF!"}},{"$f":"'PPTO GRAL CAPEX CIVIL'!#REF!","v":{"$error":"#REF!"}},{"$error":"#REF!"}]
[null,null,{"$f":"'PPTO GRAL CAPEX CIVIL'!#REF!","v":{"$error":"#REF!"}},{"$f":"'PPTO GRAL CAPEX CIVIL'!#REF!","v":{"$error":"#REF!"}},null,null,{"$f":"'PPTO GRAL CAPEX CIVIL'!#REF!","v":{"$error":"#REF!"}},{"$f":"'PPTO GRAL CAPEX CIVIL'!#REF!","v":{"$error":"#REF!"}},null,{"$f":"'PPTO GRAL CAPEX CIVIL'!#REF!","v":{"$error":"#REF!"}},{"$f":"'PPTO GRAL CAPEX CIVIL'!#REF!","v":{"$error":"#REF!"}},{"$error":"#REF!"}]
[null,null,{"$f":"'PPTO GRAL CAPEX CIVIL'!#REF!","v":{"$error":"#REF!"}},{"$f":"'PPTO GRAL CAPEX CIVIL'!#REF!","v":{"$error":"#REF!"}},null,null,{"$f":"'PPTO GRAL CAPEX CIVIL'!#REF!","v":{"$error":"#REF!"}},{"$f":"'PPTO GRAL CAPEX CIVIL'!#REF!","v":{"$error":"#REF!"}},null,{"$f":"'PPTO GRAL CAPEX CIVIL'!#REF!","v":{"$error":"#REF!"}},{"$f":"'PPTO GRAL CAPEX CIVIL'!#REF!","v":{"$error":"#REF!"}},{"$error":"#REF!"}]
[null,null,"Subtotal",null,null,null,null,null,null,null,null,{"$f":"SUM(L129:L184)","v":{"$error":"#REF!"}},null,null,{"$f":"'PPTO GRAL CAPEX CIVIL'!#REF!","v":{"$error":"#REF!"}},{"$f":"L185-O185","v":{"$error":"#REF!"}}]
[null,null,null,{"$f":"'PPTO GRAL CAPEX CIVIL'!#REF!","v":{"$error":"#REF!"}},null,null,{"$f":"'PPTO GRAL CAPEX CIVIL'!#REF!","v":{"$error":"#REF!"}}]
[null,null,null,null,null,null,{"$f":"'PPTO GRAL CAPEX CIVIL'!#REF!","v":{"$error":"#REF!"}}]
[null,null,null,null,null,null,{"$f":"'PPTO GRAL CAPEX CIVIL'!#REF!","v":{"$error":"#REF!"}}]
[null,null,{"$f":"'PPTO GRAL CAPEX CIVIL'!#REF!","v":{"$error":"#REF!"}},{"$f":"'PPTO GRAL CAPEX CIVIL'!#REF!","v":{"$error":"#REF!"}},null,null,{"$f":"'PPTO GRAL CAPEX CIVIL'!#REF!","v":{"$error":"#REF!"}},{"$f":"'PPTO GRAL CAPEX CIVIL'!#REF!","v":{"$error":"#REF!"}},null,{"$f":"'PPTO GRAL CAPEX CIVIL'!#REF!","v":{"$error":"#REF!"}},{"$f":"'PPTO GRAL CAPEX CIVIL'!#REF!","v":{"$error":"#REF!"}},{"$f":"J189*K189","v":{"$error":"#REF!"}}]
[null,null,{"$f":"'PPTO GRAL CAPEX CIVIL'!#REF!","v":{"$error":"#REF!"}},{"$f":"'PPTO GRAL CAPEX CIVIL'!#REF!","v":{"$error":"#REF!"}},null,null,{"$f":"'PPTO GRAL CAPEX CIVIL'!#REF!","v":{"$error":"#REF!"}},{"$f":"'PPTO GRAL CAPEX CIVIL'!#REF!","v":{"$error":"#REF!"}},null,{"$f":"'PPTO GRAL CAPEX CIVIL'!#REF!","v":{"$error":"#REF!"}},{"$f":"'PPTO GRAL CAPEX CIVIL'!#REF!","v":{"$error":"#REF!"}},{"$f":"J190*K190","v":{"$error":"#REF!"}}]
[null,null,{"$f":"'PPTO GRAL CAPEX CIVIL'!#REF!","v":{"$error":"#REF!"}},{"$f":"'PPTO GRAL CAPEX CIVIL'!#REF!","v":{"$error":"#REF!"}},null,null,{"$f":"'PPTO GRAL CAPEX CIVIL'!#REF!","v":{"$error":"#REF!"}},{"$f":"'PPTO GRAL CAPEX CIVIL'!#REF!","v":{"$error":"#REF!"}},null,{"$f":"'PPTO GRAL CAPEX CIVIL'!#REF!","v":{"$error":"#REF!"}},{"$f":"'PPTO GRAL CAPEX CIVIL'!#REF!","v":{"$error":"#REF!"}},{"$f":"J191*K191","v":{"$error":"#REF!"}}]
[null,null,{"$f":"'PPTO GRAL CAPEX CIVIL'!#REF!","v":{"$error":"#REF!"}},{"$f":"'PPTO GRAL CAPEX CIVIL'!#REF!","v":{"$error":"#REF!"}},null,null,{"$f":"'PPTO GRAL CAPEX CIVIL'!#REF!","v":{"$error":"#REF!"}},{"$f":"'PPTO GRAL CAPEX CIVIL'!#REF!","v":{"$error":"#REF!"}},null,{"$f":"'PPTO GRAL CAPEX CIVIL'!#REF!","v":{"$error":"#REF!"}},{"$f":"'PPTO GRAL CAPEX CIVIL'!#REF!","v":{"$error":"#REF!"}},{"$f":"J192*K192","v":{"$error":"#REF!"}}]
[null,null,null,null,null,null,{"$f":"'PPTO GRAL CAPEX CIVIL'!#REF!","v":{"$error":"#REF!"}}]
[null,null,{"$f":"'PPTO GRAL CAPEX CIVIL'!#REF!","v":{"$error":"#REF!"}},{"$f":"'PPTO GRAL CAPEX CIVIL'!#REF!","v":{"$error":"#REF!"}},null,null,{"$f":"'PPTO GRAL CAPEX CIVIL'!#REF!","v":{"$error":"#REF!"}},{"$f":"'PPTO GRAL CAPEX CIVIL'!#REF!","v":{"$error":"#REF!"}},null,{"$f":"'PPTO GRAL CAPEX CIVIL'!#REF!","v":{"$error":"#REF!"}},{"$f":"'PPTO GRAL CAPEX CIVIL'!#REF!","v":{"$error":"#REF!"}},{"$f":"J194*K194","v":{"$error":"#REF!"}}]
[null,null,{"$f":"'PPTO GRAL CAPEX CIVIL'!#REF!","v":{"$error":"#REF!"}},{"$f":"'PPTO GRAL CAPEX CIVIL'!#REF!","v":{"$error":"#REF!"}},null,null,{"$f":"'PPTO GRAL CAPEX CIVIL'!#REF!","v":{"$error":"#REF!"}},{"$f":"'PPTO GRAL CAPEX CIVIL'!#REF!","v":{"$error":"#REF!"}},null,{"$f":"'PPTO GRAL CAPEX CIVIL'!#REF!","v":{"$error":"#REF!"}},{"$f":"'PPTO GRAL CAPEX CIVIL'!#REF!","v":{"$error":"#REF!"}},{"$error":"#REF!"}]
[null,null,{"$f":"'PPTO GRAL CAPEX CIVIL'!#REF!","v":{"$error":"#REF!"}},{"$f":"'PPTO GRAL CAPEX CIVIL'!#REF!","v":{"$error":"#REF!"}},null,null,{"$f":"'PPTO GRAL CAPEX CIVIL'!#REF!","v":{"$error":"#REF!"}},{"$f":"'PPTO GRAL CAPEX CIVIL'!#REF!","v":{"$error":"#REF!"}},null,{"$f":"'PPTO GRAL CAPEX CIVIL'!#REF!","v":{"$error":"#REF!"}},{"$f":"'PPTO GRAL CAPEX CIVIL'!#REF!","v":{"$error":"#REF!"}},{"$error":"#REF!"}]
[null,null,{"$f":"'PPTO GRAL CAPEX CIVIL'!#REF!","v":{"$error":"#REF!"}},{"$f":"'PPTO GRAL CAPEX CIVIL'!#REF!","v":{"$error":"#REF!"}},null,null,{"$f":"'PPTO GRAL CAPEX CIVIL'!#REF!","v":{"$error":"#REF!"}},{"$f":"'PPTO GRAL CAPEX CIVIL'!#REF!","v":{"$error":"#REF!"}},null,{"$f":"'PPTO GRAL CAPEX CIVIL'!#REF!","v":{"$error":"#REF!"}},{"$f":"'PPTO GRAL CAPEX CIVIL'!#REF!","v":{"$error":"#REF!"}},{"$error":"#REF!"}]
[null,null,{"$f":"'PPTO GRAL CAPEX CIVIL'!#REF!","v":{"$error":"#REF!"}},{"$f":"'PPTO GRAL CAPEX CIVIL'!#REF!","v":{"$error":"#REF!"}},null,null,{"$f":"'PPTO GRAL CAPEX CIVIL'!#REF!","v":{"$error":"#REF!"}},{"$f":"'PPTO GRAL CAPEX CIVIL'!#REF!","v":{"$error":"#REF!"}},null,{"$f":"'PPTO GRAL CAPEX CIVIL'!#REF!","v":{"$error":"#REF!"}},{"$f":"'PPTO GRAL CAPEX CIVIL'!#REF!","v":{"$error":"#REF!"}},{"$error":"#REF!"}]
[null,null,{"$f":"'PPTO GRAL CAPEX CIVIL'!#REF!","v":{"$error":"#REF!"}},{"$f":"'PPTO GRAL CAPEX CIVIL'!#REF!","v":{"$error":"#REF!"}},null,null,{"$f":"'PPTO GRAL CAPEX CIVIL'!#REF!","v":{"$error":"#REF!"}},{"$f":"'PPTO GRAL CAPEX CIVIL'!#REF!","v":{"$error":"#REF!"}},null,{"$f":"'PPTO GRAL CAPEX CIVIL'!#REF!","v":{"$error":"#REF!"}},{"$f":"'PPTO GRAL CAPEX CIVIL'!#REF!","v":{"$error":"#REF!"}},{"$error":"#REF!"}]
[null,null,{"$f":"'PPTO GRAL CAPEX CIVIL'!#REF!","v":{"$error":"#REF!"}},{"$f":"'PPTO GRAL CAPEX CIVIL'!#REF!","v":{"$error":"#REF!"}},null,null,{"$f":"'PPTO GRAL CAPEX CIVIL'!#REF!","v":{"$error":"#REF!"}},{"$f":"'PPTO GRAL CAPEX CIVIL'!#REF!","v":{"$error":"#REF!"}},null,{"$f":"'PPTO GRAL CAPEX CIVIL'!#REF!","v":{"$error":"#REF!"}},{"$f":"'PPTO GRAL CAPEX CIVIL'!#REF!","v":{"$error":"#REF!"}},{"$error":"#REF!"}]
[null,null,{"$f":"'PPTO GRAL CAPEX CIVIL'!#REF!","v":{"$error":"#REF!"}},{"$f":"'PPTO GRAL CAPEX CIVIL'!#REF!","v":{"$error":"#REF!"}},null,null,{"$f":"'PPTO GRAL CAPEX CIVIL'!#REF!","v":{"$error":"#REF!"}},{"$f":"'PPTO GRAL CAPEX CIVIL'!#REF!","v":{"$error":"#REF!"}},null,{"$f":"'PPTO GRAL CAPEX CIVIL'!#REF!","v":{"$error":"#REF!"}},{"$f":"'PPTO GRAL CAPEX CIVIL'!#REF!","v":{"$error":"#REF!"}},{"$error":"#REF!"}]
[null,null,{"$f":"'PPTO GRAL CAPEX CIVIL'!#REF!","v":{"$error":"#REF!"}},{"$f":"'PPTO GRAL CAPEX CIVIL'!#REF!","v":{"$error":"#REF!"}},null,null,{"$f":"'PPTO GRAL CAPEX CIVIL'!#REF!","v":{"$error":"#REF!"}},{"$f":"'PPTO GRAL CAPEX CIVIL'!#REF!","v":{"$error":"#REF!"}},null,{"$f":"'PPTO GRAL CAPEX CIVIL'!#REF!","v":{"$error":"#REF!"}},{"$f":"'PPTO GRAL CAPEX CIVIL'!#REF!","v":{"$error":"#REF!"}},{"$error":"#REF!"}]
[null,null,{"$f":"'PPTO GRAL CAPEX CIVIL'!#REF!","v":{"$error":"#REF!"}},{"$f":"'PPTO GRAL CAPEX CIVIL'!#REF!","v":{"$error":"#REF!"}},null,null,{"$f":"'PPTO GRAL CAPEX CIVIL'!#REF!","v":{"$error":"#REF!"}},{"$f":"'PPTO GRAL CAPEX CIVIL'!#REF!","v":{"$error":"#REF!"}},null,{"$f":"'PPTO GRAL CAPEX CIVIL'!#REF!","v":{"$error":"#REF!"}},{"$f":"'PPTO GRAL CAPEX CIVIL'!#REF!","v":{"$error":"#REF!"}},{"$error":"#REF!"}]
[null,null,{"$f":"'PPTO GRAL CAPEX CIVIL'!#REF!","v":{"$error":"#REF!"}},{"$f":"'PPTO GRAL CAPEX CIVIL'!#REF!","v":{"$error":"#REF!"}},null,null,{"$f":"'PPTO GRAL CAPEX CIVIL'!#REF!","v":{"$error":"#REF!"}},{"$f":"'PPTO GRAL CAPEX CIVIL'!#REF!","v":{"$error":"#REF!"}},null,{"$f":"'PPTO GRAL CAPEX CIVIL'!#REF!","v":{"$error":"#REF!"}},{"$f":"'PPTO GRAL CAPEX CIVIL'!#REF!","v":{"$error":"#REF!"}},{"$error":"#REF!"}]
[null,null,{"$f":"'PPTO GRAL CAPEX CIVIL'!#REF!","v":{"$error":"#REF!"}},{"$f":"'PPTO GRAL CAPEX CIVIL'!#REF!","v":{"$error":"#REF!"}},null,null,{"$f":"'PPTO GRAL CAPEX CIVIL'!#REF!","v":{"$error":"#REF!"}},{"$f":"'PPTO GRAL CAPEX CIVIL'!#REF!","v":{"$error":"#REF!"}},null,{"$f":"'PPTO GRAL CAPEX CIVIL'!#REF!","v":{"$error":"#REF!"}},{"$f":"'PPTO GRAL CAPEX CIVIL'!#REF!","v":{"$error":"#REF!"}},{"$error":"#REF!"}]
[null,null,{"$f":"'PPTO GRAL CAPEX CIVIL'!#REF!","v":{"$error":"#REF!"}},{"$f":"'PPTO GRAL CAPEX CIVIL'!#REF!","v":{"$error":"#REF!"}},null,null,{"$f":"'PPTO GRAL CAPEX CIVIL'!#REF!","v":{"$error":"#REF!"}},{"$f":"'PPTO GRAL CAPEX CIVIL'!#REF!","v":{"$error":"#REF!"}},null,{"$f":"'PPTO GRAL CAPEX CIVIL'!#REF!","v":{"$error":"#REF!"}},{"$f":"'PPTO GRAL CAPEX CIVIL'!#REF!","v":{"$error":"#REF!"}},{"$error":"#REF!"}]
[null,null,{"$f":"'PPTO GRAL CAPEX CIVIL'!#REF!","v":{"$error":"#REF!"}},{"$f":"'PPTO GRAL CAPEX CIVIL'!#REF!","v":{"$error":"#REF!"}},null,null,{"$f":"'PPTO GRAL CAPEX CIVIL'!#REF!","v":{"$error":"#REF!"}},{"$f":"'PPTO GRAL CAPEX CIVIL'!#REF!","v":{"$error":"#REF!"}},null,{"$f":"'PPTO GRAL CAPEX CIVIL'!#REF!","v":{"$error":"#REF!"}},{"$f":"'PPTO GRAL CAPEX CIVIL'!#REF!","v":{"$error":"#REF!"}},{"$error":"#REF!"}]
[null,null,{"$f":"'PPTO GRAL CAPEX CIVIL'!#REF!","v":{"$error":"#REF!"}},{"$f":"'PPTO GRAL CAPEX CIVIL'!#REF!","v":{"$error":"#REF!"}},null,null,{"$f":"'PPTO GRAL CAPEX CIVIL'!#REF!","v":{"$error":"#REF!"}},{"$f":"'PPTO GRAL CAPEX CIVIL'!#REF!","v":{"$error":"#REF!"}},null,{"$f":"'PPTO GRAL CAPEX CIVIL'!#REF!","v":{"$error":"#REF!"}},{"$f":"'PPTO GRAL CAPEX CIVIL'!#REF!","v":{"$error":"#REF!"}},{"$error":"#REF!"}]
[null,null,{"$f":"'PPTO GRAL CAPEX CIVIL'!#REF!","v":{"$error":"#REF!"}},{"$f":"'PPTO GRAL CAPEX CIVIL'!#REF!","v":{"$error":"#REF!"}},null,null,{"$f":"'PPTO GRAL CAPEX CIVIL'!#REF!","v":{"$error":"#REF!"}},{"$f":"'PPTO GRAL CAPEX CIVIL'!#REF!","v":{"$error":"#REF!"}},null,{"$f":"'PPTO GRAL CAPEX CIVIL'!#REF!","v":{"$error":"#REF!"}},{"$f":"'PPTO GRAL CAPEX CIVIL'!#REF!","v":{"$error":"#REF!"}},{"$error":"#REF!"}]
[null,null,{"$f":"'PPTO GRAL CAPEX CIVIL'!#REF!","v":{"$error":"#REF!"}},{"$f":"'PPTO GRAL CAPEX CIVIL'!#REF!","v":{"$error":"#REF!"}},null,null,{"$f":"'PPTO GRAL CAPEX CIVIL'!#REF!","v":{"$error":"#REF!"}},{"$f":"'PPTO GRAL CAPEX CIVIL'!#REF!","v":{"$error":"#REF!"}},null,{"$f":"'PPTO GRAL CAPEX CIVIL'!#REF!","v":{"$error":"#REF!"}},{"$f":"'PPTO GRAL CAPEX CIVIL'!#REF!","v":{"$error":"#REF!"}},{"$error":"#REF!"}]
[null,null,null,null,null,null,{"$f":"'PPTO GRAL CAPEX CIVIL'!#REF!","v":{"$error":"#REF!"}}]
[null,null,{"$f":"'PPTO GRAL CAPEX CIVIL'!#REF!","v":{"$error":"#REF!"}},{"$f":"'PPTO GRAL CAPEX CIVIL'!#REF!","v":{"$error":"#REF!"}},null,null,{"$f":"'PPTO GRAL CAPEX CIVIL'!#REF!","v":{"$error":"#REF!"}},{"$f":"'PPTO GRAL CAPEX CIVIL'!#REF!","v":{"$error":"#REF!"}},null,{"$f":"'PPTO GRAL CAPEX CIVIL'!#REF!","v":{"$error":"#REF!"}},{"$f":"'PPTO GRAL CAPEX CIVIL'!#REF!","v":{"$error":"#REF!"}},{"$f":"J212*K212","v":{"$error":"#REF!"}}]
[null,null,{"$f":"'PPTO GRAL CAPEX CIVIL'!#REF!","v":{"$error":"#REF!"}},{"$f":"'PPTO GRAL CAPEX CIVIL'!#REF!","v":{"$error":"#REF!"}},null,null,{"$f":"'PPTO GRAL CAPEX CIVIL'!#REF!","v":{"$error":"#REF!"}},{"$f":"'PPTO GRAL CAPEX CIVIL'!#REF!","v":{"$error":"#REF!"}},null,{"$f":"'PPTO GRAL CAPEX CIVIL'!#REF!","v":{"$error":"#REF!"}},{"$f":"'PPTO GRAL CAPEX CIVIL'!#REF!","v":{"$error":"#REF!"}},{"$f":"J213*K213","v":{"$error":"#REF!"}}]
[null,null,{"$f":"'PPTO GRAL CAPEX CIVIL'!#REF!","v":{"$error":"#REF!"}},{"$f":"'PPTO GRAL CAPEX CIVIL'!#REF!","v":{"$error":"#REF!"}},null,null,{"$f":"'PPTO GRAL CAPEX CIVIL'!#REF!","v":{"$error":"#REF!"}},{"$f":"'PPTO GRAL CAPEX CIVIL'!#REF!","v":{"$error":"#REF!"}},null,{"$f":"'PPTO GRAL CAPEX CIVIL'!#REF!","v":{"$error":"#REF!"}},{"$f":"'PPTO GRAL CAPEX CIVIL'!#REF!","v":{"$error":"#REF!"}},{"$f":"J214*K214","v":{"$error":"#REF!"}}]
[null,null,{"$f":"'PPTO GRAL CAPEX CIVIL'!#REF!","v":{"$error":"#REF!"}},{"$f":"'PPTO GRAL CAPEX CIVIL'!#REF!","v":{"$error":"#REF!"}},null,null,{"$f":"'PPTO GRAL CAPEX CIVIL'!#REF!","v":{"$error":"#REF!"}},{"$f":"'PPTO GRAL CAPEX CIVIL'!#REF!","v":{"$error":"#REF!"}},null,{"$f":"'PPTO GRAL CAPEX CIVIL'!#REF!","v":{"$error":"#REF!"}},{"$f":"'PPTO GRAL CAPEX CIVIL'!#REF!","v":{"$error":"#REF!"}},{"$f":"J215*K215","v":{"$error":"#REF!"}}]
[null,null,"Subtotal",null,null,null,null,null,null,null,null,{"$f":"SUM(L189:M215)","v":{"$error":"#REF!"}},null,null,{"$f":"'PPTO GRAL CAPEX CIVIL'!#REF!","v":{"$error":"#REF!"}},{"$f":"L216-O216","v":{"$error":"#REF!"}}]
[null,null,null,{"$f":"'PPTO GRAL CAPEX CIVIL'!#REF!","v":{"$error":"#REF!"}},null,null,{"$f":"'PPTO GRAL CAPEX CIVIL'!#REF!","v":{"$error":"#REF!"}}]
[null,null,null,null,null,null,{"$f":"'PPTO GRAL CAPEX CIVIL'!#REF!","v":{"$error":"#REF!"}}]
[null,null,{"$f":"'PPTO GRAL CAPEX CIVIL'!#REF!","v":{"$error":"#REF!"}},{"$f":"'PPTO GRAL CAPEX CIVIL'!#REF!","v":{"$error":"#REF!"}},null,null,{"$f":"'PPTO GRAL CAPEX CIVIL'!#REF!","v":{"$error":"#REF!"}},{"$f":"'PPTO GRAL CAPEX CIVIL'!#REF!","v":{"$error":"#REF!"}},null,{"$f":"'PPTO GRAL CAPEX CIVIL'!#REF!","v":{"$error":"#REF!"}},{"$f":"'PPTO GRAL CAPEX CIVIL'!#REF!","v":{"$error":"#REF!"}},{"$f":"ROUND(J219*K219,0)","v":{"$error":"#REF!"}}]
[null,null,{"$f":"'PPTO GRAL CAPEX CIVIL'!#REF!","v":{"$error":"#REF!"}},{"$f":"'PPTO GRAL CAPEX CIVIL'!#REF!","v":{"$error":"#REF!"}},null,null,{"$f":"'PPTO GRAL CAPEX CIVIL'!#REF!","v":{"$error":"#REF!"}},{"$f":"'PPTO GRAL CAPEX CIVIL'!#REF!","v":{"$error":"#REF!"}},null,{"$f":"'PPTO GRAL CAPEX CIVIL'!#REF!","v":{"$error":"#REF!"}},{"$f":"'PPTO GRAL CAPEX CIVIL'!#REF!","v":{"$error":"#REF!"}},{"$error":"#REF!"}]
[null,null,{"$f":"'PPTO GRAL CAPEX CIVIL'!#REF!","v":{"$error":"#REF!"}},{"$f":"'PPTO GRAL CAPEX CIVIL'!#REF!","v":{"$error":"#REF!"}},null,null,{"$f":"'PPTO GRAL CAPEX CIVIL'!#REF!","v":{"$error":"#REF!"}},{"$f":"'PPTO GRAL CAPEX CIVIL'!#REF!","v":{"$error":"#REF!"}},null,{"$f":"'PPTO GRAL CAPEX CIVIL'!#REF!","v":{"$error":"#REF!"}},{"$f":"'PPTO GRAL CAPEX CIVIL'!#REF!","v":{"$error":"#REF!"}},{"$error":"#REF!"}]
[null,null,{"$f":"'PPTO GRAL CAPEX CIVIL'!#REF!","v":{"$error":"#REF!"}},{"$f":"'PPTO GRAL CAPEX CIVIL'!#REF!","v":{"$error":"#REF!"}},null,null,{"$f":"'PPTO GRAL CAPEX CIVIL'!#REF!","v":{"$error":"#REF!"}},{"$f":"'PPTO GRAL CAPEX CIVIL'!#REF!","v":{"$error":"#REF!"}},null,{"$f":"'PPTO GRAL CAPEX CIVIL'!#REF!","v":{"$error":"#REF!"}},{"$f":"'PPTO GRAL CAPEX CIVIL'!#REF!","v":{"$error":"#REF!"}},{"$error":"#REF!"}]
[null,null,{"$f":"'PPTO GRAL CAPEX CIVIL'!#REF!","v":{"$error":"#REF!"}},{"$f":"'PPTO GRAL CAPEX CIVIL'!#REF!","v":{"$error":"#REF!"}},null,null,{"$f":"'PPTO GRAL CAPEX CIVIL'!#REF!","v":{"$error":"#REF!"}},{"$f":"'PPTO GRAL CAPEX CIVIL'!#REF!","v":{"$error":"#REF!"}},null,{"$f":"'PPTO GRAL CAPEX CIVIL'!#REF!","v":{"$error":"#REF!"}},{"$f":"'PPTO GRAL CAPEX CIVIL'!#REF!","v":{"$error":"#REF!"}},{"$error":"#REF!"}]
[null,null,{"$f":"'PPTO GRAL CAPEX CIVIL'!#REF!","v":{"$error":"#REF!"}},{"$f":"'PPTO GRAL CAPEX CIVIL'!#REF!","v":{"$error":"#REF!"}},null,null,{"$f":"'PPTO GRAL CAPEX CIVIL'!#REF!","v":{"$error":"#REF!"}},{"$f":"'PPTO GRAL CAPEX CIVIL'!#REF!","v":{"$error":"#REF!"}},null,{"$f":"'PPTO GRAL CAPEX CIVIL'!#REF!","v":{"$error":"#REF!"}},{"$f":"'PPTO GRAL CAPEX CIVIL'!#REF!","v":{"$error":"#REF!"}},{"$error":"#REF!"}]
[null,null,{"$f":"'PPTO GRAL CAPEX CIVIL'!#REF!","v":{"$error":"#REF!"}},{"$f":"'PPTO GRAL CAPEX CIVIL'!#REF!","v":{"$error":"#REF!"}},null,null,{"$f":"'PPTO GRAL CAPEX CIVIL'!#REF!","v":{"$error":"#REF!"}},{"$f":"'PPTO GRAL CAPEX CIVIL'!#REF!","v":{"$error":"#REF!"}},null,{"$f":"'PPTO GRAL CAPEX CIVIL'!#REF!","v":{"$error":"#REF!"}},{"$f":"'PPTO GRAL CAPEX CIVIL'!#REF!","v":{"$error":"#REF!"}},{"$error":"#REF!"}]
[null,null,{"$f":"'PPTO GRAL CAPEX CIVIL'!#REF!","v":{"$error":"#REF!"}},{"$f":"'PPTO GRAL CAPEX CIVIL'!#REF!","v":{"$error":"#REF!"}},null,null,{"$f":"'PPTO GRAL CAPEX CIVIL'!#REF!","v":{"$error":"#REF!"}},{"$f":"'PPTO GRAL CAPEX CIVIL'!#REF!","v":{"$error":"#REF!"}},null,{"$f":"'PPTO GRAL CAPEX CIVIL'!#REF!","v":{"$error":"#REF!"}},{"$f":"'PPTO GRAL CAPEX CIVIL'!#REF!","v":{"$error":"#REF!"}},{"$error":"#REF!"}]
[null,null,{"$f":"'PPTO GRAL CAPEX CIVIL'!#REF!","v":{"$error":"#REF!"}},{"$f":"'PPTO GRAL CAPEX CIVIL'!#REF!","v":{"$error":"#REF!"}},null,null,{"$f":"'PPTO GRAL CAPEX CIVIL'!#REF!","v":{"$error":"#REF!"}},{"$f":"'PPTO GRAL CAPEX CIVIL'!#REF!","v":{"$error":"#REF!"}},null,{"$f":"'PPTO GRAL CAPEX CIVIL'!#REF!","v":{"$error":"#REF!"}},{"$f":"'PPTO GRAL CAPEX CIVIL'!#REF!","v":{"$error":"#REF!"}},{"$error":"#REF!"}]
[null,null,{"$f":"'PPTO GRAL CAPEX CIVIL'!#REF!","v":{"$error":"#REF!"}},{"$f":"'PPTO GRAL CAPEX CIVIL'!#REF!","v":{"$error":"#REF!"}},null,null,{"$f":"'PPTO GRAL CAPEX CIVIL'!#REF!","v":{"$error":"#REF!"}},{"$f":"'PPTO GRAL CAPEX CIVIL'!#REF!","v":{"$error":"#REF!"}},null,{"$f":"'PPTO GRAL CAPEX CIVIL'!#REF!","v":{"$error":"#REF!"}},{"$f":"'PPTO GRAL CAPEX CIVIL'!#REF!","v":{"$error":"#REF!"}},{"$error":"#REF!"}]
[null,null,{"$f":"'PPTO GRAL CAPEX CIVIL'!#REF!","v":{"$error":"#REF!"}},{"$f":"'PPTO GRAL CAPEX CIVIL'!#REF!","v":{"$error":"#REF!"}},null,null,{"$f":"'PPTO GRAL CAPEX CIVIL'!#REF!","v":{"$error":"#REF!"}},{"$f":"'PPTO GRAL CAPEX CIVIL'!#REF!","v":{"$error":"#REF!"}},null,{"$f":"'PPTO GRAL CAPEX CIVIL'!#REF!","v":{"$error":"#REF!"}},{"$f":"'PPTO GRAL CAPEX CIVIL'!#REF!","v":{"$error":"#REF!"}},{"$error":"#REF!"}]
[null,null,{"$f":"'PPTO GRAL CAPEX CIVIL'!#REF!","v":{"$error":"#REF!"}},{"$f":"'PPTO GRAL CAPEX CIVIL'!#REF!","v":{"$error":"#REF!"}},null,null,{"$f":"'PPTO GRAL CAPEX CIVIL'!#REF!","v":{"$error":"#REF!"}},{"$f":"'PPTO GRAL CAPEX CIVIL'!#REF!","v":{"$error":"#REF!"}},null,{"$f":"'PPTO GRAL CAPEX CIVIL'!#REF!","v":{"$error":"#REF!"}},{"$f":"'PPTO GRAL CAPEX CIVIL'!#REF!","v":{"$error":"#REF!"}},{"$error":"#REF!"}]
[null,null,{"$f":"'PPTO GRAL CAPEX CIVIL'!#REF!","v":{"$error":"#REF!"}},{"$f":"'PPTO GRAL CAPEX CIVIL'!#REF!","v":{"$error":"#REF!"}},null,null,{"$f":"'PPTO GRAL CAPEX CIVIL'!#REF!","v":{"$error":"#REF!"}},{"$f":"'PPTO GRAL CAPEX CIVIL'!#REF!","v":{"$error":"#REF!"}},null,{"$f":"'PPTO GRAL CAPEX CIVIL'!#REF!","v":{"$error":"#REF!"}},{"$f":"'PPTO GRAL CAPEX CIVIL'!#REF!","v":{"$error":"#REF!"}},{"$error":"#REF!"}]
[null,null,{"$f":"'PPTO GRAL CAPEX CIVIL'!#REF!","v":{"$error":"#REF!"}},{"$f":"'PPTO GRAL CAPEX CIVIL'!#REF!","v":{"$error":"#REF!"}},null,null,{"$f":"'PPTO GRAL CAPEX CIVIL'!#REF!","v":{"$error":"#REF!"}},{"$f":"'PPTO GRAL CAPEX CIVIL'!#REF!","v":{"$error":"#REF!"}},null,{"$f":"'PPTO GRAL CAPEX CIVIL'!#REF!","v":{"$error":"#REF!"}},{"$f":"'PPTO GRAL CAPEX CIVIL'!#REF!","v":{"$error":"#REF!"}},{"$error":"#REF!"}]
[null,null,{"$f":"'PPTO GRAL CAPEX CIVIL'!#REF!","v":{"$error":"#REF!"}},{"$f":"'PPTO GRAL CAPEX CIVIL'!#REF!","v":{"$error":"#REF!"}},null,null,{"$f":"'PPTO GRAL CAPEX CIVIL'!#REF!","v":{"$error":"#REF!"}},{"$f":"'PPTO GRAL CAPEX CIVIL'!#REF!","v":{"$error":"#REF!"}},null,{"$f":"'PPTO GRAL CAPEX CIVIL'!#REF!","v":{"$error":"#REF!"}},{"$f":"'PPTO GRAL CAPEX CIVIL'!#REF!","v":{"$error":"#REF!"}},{"$error":"#REF!"}]
[null,null,{"$f":"'PPTO GRAL CAPEX CIVIL'!#REF!","v":{"$error":"#REF!"}},{"$f":"'PPTO GRAL CAPEX CIVIL'!#REF!","v":{"$error":"#REF!"}},null,null,{"$f":"'PPTO GRAL CAPEX CIVIL'!#REF!","v":{"$error":"#REF!"}},{"$f":"'PPTO GRAL CAPEX CIVIL'!#REF!","v":{"$error":"#REF!"}},null,{"$f":"'PPTO GRAL CAPEX CIVIL'!#REF!","v":{"$error":"#REF!"}},{"$f":"'PPTO GRAL CAPEX CIVIL'!#REF!","v":{"$error":"#REF!"}},{"$error":"#REF!"}]
[null,null,{"$f":"'PPTO GRAL CAPEX CIVIL'!#REF!","v":{"$error":"#REF!"}},{"$f":"'PPTO GRAL CAPEX CIVIL'!#REF!","v":{"$error":"#REF!"}},null,null,{"$f":"'PPTO GRAL CAPEX CIVIL'!#REF!","v":{"$error":"#REF!"}},{"$f":"'PPTO GRAL CAPEX CIVIL'!#REF!","v":{"$error":"#REF!"}},null,{"$f":"'PPTO GRAL CAPEX CIVIL'!#REF!","v":{"$error":"#REF!"}},{"$f":"'PPTO GRAL CAPEX CIVIL'!#REF!","v":{"$error":"#REF!"}},{"$error":"#REF!"}]
[null,null,"Subtotal",null,null,null,null,null,null,null,null,{"$f":"SUM(L219:L235)","v":{"$error":"#REF!"}},null,null,{"$f":"+'PPTO GRAL CAPEX CIVIL'!#REF!","v":{"$error":"#REF!"}},{"$f":"+O236-L236","v":{"$error":"#REF!"}}]
[null,null,{"$f":"'PPTO GRAL CAPEX CIVIL'!#REF!","v":{"$error":"#REF!"}},null,null,null,null,null,null,null,null,{"$f":"L20+L33+L85+L91+L126+L185+L216+L236","v":{"$error":"#REF!"}}]
[]
[null,null,{"$f":"'PPTO GRAL CAPEX CIVIL'!#REF!","v":{"$error":"#REF!"}},null,null,null,null,null,null,null,null,{"$f":"+'PPTO GRAL CAPEX CIVIL'!#REF!","v":{"$error":"#REF!"}}]
[]
[null,null,{"$f":"'PPTO GRAL CAPEX CIVIL'!#REF!","v":{"$error":"#REF!"}},null,null,null,null,null,null,null,null,{"$f":"+'PPTO GRAL CAPEX CIVIL'!#REF!","v":{"$error":"#REF!"}}]
[]
[null,null,{"$f":"'PPTO GRAL CAPEX CIVIL'!#REF!","v":{"$error":"#REF!"}},null,null,null,null,null,null,null,null,{"$f":"+'PPTO GRAL CAPEX CIVIL'!#REF!","v":{"$error":"#REF!"}}]
[]
[null,null,{"$f":"'PPTO GRAL CAPEX CIVIL'!#REF!","v":{"$error":"#REF!"}},null,null,null,null,null,null,null,null,{"$f":"+'PPTO GRAL CAPEX CIVIL'!#REF!","v":{"$error":"#REF!"}}]
[]
[null,null,"SUBTOTAL OBRAS ( A+B+C+D+E )",null,null,null,null,null,null,null,null,{"$f":"SUM(L237:L245)","v":{"$error":"#REF!"}}]
[]
[null,null,{"$f":"'PPTO GRAL CAPEX CIVIL'!#REF!","v":{"$error":"#REF!"}},null,null,null,null,null,null,null,null,{"$f":"'PPTO GRAL CAPEX CIVIL'!#REF!","v":{"$error":"#REF!"}}]
[]
[null,null,{"$f":"'PPTO GRAL CAPEX CIVIL'!#REF!","v":{"$error":"#REF!"}},null,null,null,null,null,null,null,null,{"$f":"'PPTO GRAL CAPEX CIVIL'!#REF!","v":{"$error":"#REF!"}}]
[]
[null,null,{"$f":"'PPTO GRAL CAPEX CIVIL'!#REF!","v":{"$error":"#REF!"}},null,null,null,null,null,null,null,null,{"$f":"+'PPTO GRAL CAPEX CIVIL'!#REF!","v":{"$error":"#REF!"}}]
[]
[null,null,{"$f":"'PPTO GRAL CAPEX CIVIL'!#REF!","v":{"$error":"#REF!"}},null,null,null,null,null,null,null,null,{"$f":"'PPTO GRAL CAPEX CIVIL'!#REF!","v":{"$error":"#REF!"}}]
[null,null,null,null,null,null,null,null,null,null,null,null,null,null,null,"DIFERENCIA"]
[null,null,"VALOR TOTAL ( A+B+C+D+E+F+G+H+I )",null,null,null,null,null,null,null,null,{"$f":"L247+L249+L251+L253+L255","v":{"$error":"#REF!"}},null,null,{"$f":"'PPTO GRAL CAPEX CIVIL'!#REF!","v":{"$error":"#REF!"}},{"$f":"O257-L257","v":{"$error":"#REF!"}}]
[]
[null,null,null,null,null,null,null,"DESCRIPCION",null,null,null,"PORCENTAJE"]
[null,null,null,null,null,null,null,"ADMINISTRACION",null,null,"A=",{"$error":"#DIV/0!"}]
[null,null,null,null,null,null,null,"IMPREVISTO",null,null,"I=",0.01]
[null,null,null,null,null,null,null,"UTILIDAD",null,null,"U=",0.06]
[null,null,null,null,null,null,null,"TOTAL A.I.U",null,null,"A.I.U.=",{"$f":"SUM(L260:L262)","v":{"$error":"#DIV/0!"}}]
[]
[null,null,"NOTA 1:  Para el cálculo del presupuesto oficial, se formularon cantidades para cada uno de los ítems que conforman el mismo, aclarando que estas podrán aumentar, disminuir o suprimirse durante la ejecución del contrato, y esto no será objeto de futuras reclamaciones. "]
[null,null,"NOTA 2: Se debe tener en cuenta que el PRECIO UNITARIO incluye el valor de A.I.U. "]
[null,null,"NOTA 3: Cuando la fracción decimal del peso sea  igual o superior a 5 se aproximara por exceso al número entero siguiente del peso y cuando la fracción decimal del peso sea inferior a 5 se aproximará por defecto al número entero del peso. "]
[null,null,"NOTA 4:  El A.I.U y su discriminación deben estar en porcentaje (%). "]
[null,null,"NOTA 5:  El reconocimiento económico de los requerimientos  ambientales exigidos  por las autoridades ambientales, y/o sociales que son de obligatorio cumplimiento, serán reconocidos a cargo de reembolso de gastos (afectados por un % de administracion).(Ajustar de acuerdo al proyecto) "]
[null,null,"NOTA 6: Los ensayos necesarios para que el contratista realice el control de recibo de obra y materiales establecidos en la Norma Técnica, los necesarios para verificar la calidad de los materiales adquiridos a sus proveedores y las pruebas y certificaciones necesarios para el recibo de las obras por parte de las empresas de servicios públicos como el de RETILAP, RETIE, o presión, desinfección, hermeticidad y estanqueidad, se incluyen en el porcentaje del AIU del contrato."]

{"sheet":"AIU","index":8,"n_rows":101,"n_cols":17,"rows_kept":101,"cut":false,"hidden":false,"merged":[[104,3,104,4],[83,16,84,16],[13,1,13,3],[21,5,22,5],[42,2,42,3],[36,2,36,3],[16,1,16,3],[16,4,16,6],[43,2,43,3],[80,4,80,5],[82,9,82,11],[81,6,81,7],[51,2,51,11],[80,9,80,11],[78,2,78,3],[78,6,78,7],[68,9,68,11],[74,9,74,11],[79,9,79,11],[78,9,78,11],[78,4,78,5],[14,1,14,3],[100,3,100,12],[54,2,54,3],[81,9,81,11],[82,4,82,5],[70,9,70,11],[48,2,48,3],[50,2,50,3],[66,2,66,12],[45,2,45,3],[65,1,65,12],[53,2,53,3],[61,2,61,12],[55,2,55,3],[57,2,57,3],[59,2,59,3],[49,2,49,3],[56,2,56,3],[64,6,64,7],[58,2,58,3],[46,2,46,3],[99,3,99,12],[83,3,84,3],[69,9,69,11],[75,2,75,11],[67,6,67,7],[67,2,67,3],[72,9,72,11],[71,9,71,11],[79,4,79,5],[77,2,77,12],[79,3,82,3],[98,3,98,12],[79,6,79,7],[80,6,80,7],[85,2,85,11],[81,4,81,5],[82,6,82,7],[84,4,84,5],[84,6,84,7],[84,9,84,11],[89,2,89,12],[95,2,95,12],[86,2,86,12],[67,9,67,11],[19,0,22,0],[19,1,22,1],[21,2,22,3],[24,2,24,3],[25,2,25,3],[44,2,44,3],[33,2,33,3],[34,2,34,3],[37,2,37,3],[20,2,20,12],[31,2,31,3],[38,2,38,3],[40,2,40,3],[32,2,32,3],[9,9,9,12],[35,2,35,3],[41,2,41,3],[15,1,15,3],[15,4,15,6],[17,4,17,6],[19,2,19,12],[10,9,10,12],[12,1,12,3],[12,5,12,6],[10,1,10,3],[10,5,10,6],[14,4,14,6],[11,8,17,12],[26,2,26,3],[27,2,27,3],[28,2,28,3],[29,2,29,3],[104,5,104,6],[1,4,1,7],[1,9,6,12],[13,4,13,6],[83,4,83,5],[83,6,83,7],[52,2,52,12],[73,9,73,11],[11,5,11,6],[30,2,30,3],[9,1,9,3],[2,4,2,7],[1,1,1,2],[11,1,11,3],[2,1,2,2],[3,1,3,8],[17,1,17,3],[6,1,6,8],[83,9,83,11],[7,1,7,2],[4,1,4,8],[5,1,5,8],[9,4,9,6],[7,3,7,12]]}
[]
[null,"FORMATO",null,"CÓDIGO","PROCESO",null,null,null,"VERSIÓN"]
[null,"MATRIZ PARA CÁLCULO DE A.I.U.",null,"FO-DP-01","Proyectos",null,null,null,"2.0"]
[null,{"$f":"'DATOS ENTRADA'!$C$2","v":"INSTITUTO DE DESARROLLO URBANO"}]
[null,{"$f":"'DATOS ENTRADA'!$C$3","v":"SUBDIRECCIÓN GENERAL DE DESARROLLO URBANO"}]
[null,{"$f":"'DATOS ENTRADA'!$C$4","v":"DIRECCIÓN TÉCNICA DE PROYECTOS"}]
[null,{"$f":"IF('DATOS ENTRADA'!C5=0,\"\",'DATOS ENTRADA'!C5)","v":""}]
[null,{"$f":"'DATOS ENTRADA'!B7","v":"OBJETO DE LA CONTRATACIÓN:"},null,{"$f":"'DATOS ENTRADA'!$C$7","v":"\"ACTUALIZACIÓN, AJUSTES Y COMPLEMENTACIÓN DE LA FACTIBILIDAD Y ESTUDIOS Y DISEÑOS DEL CABLE AÉREO EN SAN CRISTÓBAL, EN BOGOTÁ D.C.\""}]
[]
[null,"COSTO DIRECTO ESTIMADO DE OBRA (CD)",null,null,{"$f":"+'PPTO GRAL CAPEX CIVIL'!I867/(1+'PPTO GRAL CAPEX CIVIL'!F867)","v":54009861294.534599},null,null,null,"FECHA:",{"$f":"'DATOS ENTRADA'!C11","v":"2022-03-22"}]
[null,"TERMINO ESTIMADO PRELIMINARES",null,null,{"$f":"'DATOS ENTRADA'!C14","v":6.33},"MESES",null,null,"CONTRATO No.",{"$f":"IF('DATOS ENTRADA'!C9=0,\"\",'DATOS ENTRADA'!C9)","v":"1630 de 2020"}]
[null,"TERMINO ESTIMADO DE EJECUCIÓN DE OBRA",null,null,{"$f":"'DATOS ENTRADA'!C15","v":23},"MESES"]
[null,"TERMINO ESTIMADO DE ENTREGA DE OBRA",null,null,{"$f":"'DATOS ENTRADA'!C16","v":3},"MESES"]
[]
[null,"COSTOS ESTIMADOS PARA PRELIMINARES",null,null,{"$f":"PRELIMINARES!K74","v":792738645}]
[null,"COSTOS ESTIMADOS PARA COMPENSACIONES A SDA",null,null,{"$f":"'COMPENSAC-EVALUAC-SEG-SDA'!J15","v":55611323}]
[null,"COSTOS ESTIMADOS PARA ENSAYOS DE LABORATORIO",null,null,{"$f":"+'ENSAYOS-OBRA'!H53","v":254758865}]
[null,"AJUSTES POR CAMBIO DE VIGENCIA",null,null,{"$f":"+AJUSTES!G32","v":5064246591}]
[]
["CÓD. IDU","ÍTEM","A. ADMINISTRACIÓN"]
[null,null,"1. COSTOS DE PERSONAL"]
[null,null,"CARGO",null,"CANTIDAD","CATEGORÍA","DEDICACIÓN FASE DE OBRA (MES)","DEDICACIÓN FASE DE RECIBO (MES)","TARIFA (MES)","FACTOR PRESTACIONAL","N. MESES\nOBRA","N. MESES RECIBO","SALARIO + PRESTACIONES"]
[null,null,null,null,"A",null,"B","C","D","E","F","G","H = A*D*E*(B*F+C*G)",null,"CANTID MES"]
[null,1.1000000000000001,"PERSONAL PROFESIONAL (Ingenieros y Otros)"]
[{"$f":"VLOOKUP(F25,TABLAS!$C$24:$H$31,6,FALSE)","v":9108},{"$f":"B24+0.001","v":1.101},"DIRECTOR DE OBRA",null,1,2,1,1,{"$f":"VLOOKUP(A25,TABLAS!$A$2:$G$44,4,FALSE)","v":9695000},{"$f":"VLOOKUP(A25,TABLAS!$A$2:$G$44,5)","v":1.5853999999999999},{"$f":"$E$12","v":23},{"$f":"$E$13","v":3},{"$f":"ROUND(E25*I25*J25*(G25*K25+H25*L25),0)","v":399631778},null,{"$f":"E25*G25","v":1}]
[{"$f":"VLOOKUP(F26,TABLAS!$C$24:$H$31,6,FALSE)","v":9109},{"$f":"B25+0.001","v":1.1019999999999999},"INGENIERO RESIDENTE DE OBRA",null,1,3,1,1,{"$f":"VLOOKUP(A26,TABLAS!$A$2:$G$44,4,FALSE)","v":8182000},{"$f":"VLOOKUP(A26,TABLAS!$A$2:$G$44,5)","v":1.4509000000000001},{"$f":"$E$12","v":23},{"$f":"$E$13","v":3},308652859,null,{"$f":"E26*G26","v":1}]
[{"$f":"VLOOKUP(F27,TABLAS!$C$24:$H$31,6,FALSE)","v":9109},{"$f":"B26+0.001","v":1.1029999999999998},"INGENIERO RESIDENTE DE VIAS",null,1,3,0,0,{"$f":"VLOOKUP(A27,TABLAS!$A$2:$G$44,4,FALSE)","v":8182000},{"$f":"VLOOKUP(A27,TABLAS!$A$2:$G$44,5)","v":1.4509000000000001},23,3,0,null,{"$f":"E27*G27","v":0}]
[{"$f":"VLOOKUP(F28,TABLAS!$C$24:$H$31,6,FALSE)","v":9109},{"$f":"B27+0.001","v":1.1039999999999996},"INGENIERO RESIDENTE DE REDES",null,1,3,0,0,{"$f":"VLOOKUP(A28,TABLAS!$A$2:$G$44,4,FALSE)","v":8182000},{"$f":"VLOOKUP(A28,TABLAS!$A$2:$G$44,5)","v":1.4509000000000001},23,3,0,null,{"$f":"E28*G28","v":0}]
[{"$f":"VLOOKUP(F29,TABLAS!$C$24:$H$31,6,FALSE)","v":9109},{"$f":"B28+0.001","v":1.1049999999999995},"INGENIERO RESIDENTE DE CIMENTACIÓN Y ESTRUCTURA",null,1,3,0,0,{"$f":"VLOOKUP(A29,TABLAS!$A$2:$G$44,4,FALSE)","v":8182000},{"$f":"VLOOKUP(A29,TABLAS!$A$2:$G$44,5)","v":1.4509000000000001},23,3,0,null,{"$f":"E29*G29","v":0}]
[{"$f":"VLOOKUP(F30,TABLAS!$C$24:$H$31,6,FALSE)","v":9110},{"$f":"B29+0.001","v":1.1059999999999994},"ARQUITECTO RESIDENTE EN URBANISMO Y ESPACIO PÚBLICO",null,1,4,0,0,{"$f":"VLOOKUP(A30,TABLAS!$A$2:$G$44,4,FALSE)","v":6967000},{"$f":"VLOOKUP(A30,TABLAS!$A$2:$G$44,5)","v":1.4514},23,3,0,null,{"$f":"E30*G30","v":0}]
[{"$f":"VLOOKUP(F31,TABLAS!$C$24:$H$31,6,FALSE)","v":9109},1.1069999999999993,"ESPECIALISTA EN DISEÑO GEOMÉTRICO",null,1,3,0.25,0.2,{"$f":"VLOOKUP(A31,TABLAS!$A$2:$G$44,4,FALSE)","v":8182000},{"$f":"VLOOKUP(A31,TABLAS!$A$2:$G$44,5)","v":1.4509000000000001},23,3,75382525,null,0.25]
[{"$f":"VLOOKUP(F32,TABLAS!$C$24:$H$31,6,FALSE)","v":9109},1.1079999999999992,"ESPECIALISTA EN URBANISMO Y ESPACIO PÚBLICO",null,1,3,0.25,0.2,{"$f":"VLOOKUP(A32,TABLAS!$A$2:$G$44,4,FALSE)","v":8182000},{"$f":"VLOOKUP(A32,TABLAS!$A$2:$G$44,5)","v":1.4509000000000001},23,3,75382525,null,0.25]
[{"$f":"VLOOKUP(F33,TABLAS!$C$24:$H$31,6,FALSE)","v":9109},1.1089999999999991,"ESPECIALISTA EN ESTRUCTURAS",null,1,3,0.5,0.25,{"$f":"VLOOKUP(A33,TABLAS!$A$2:$G$44,4,FALSE)","v":8182000},{"$f":"VLOOKUP(A33,TABLAS!$A$2:$G$44,5)","v":1.4509000000000001},23,3,145422982,null,{"$f":"E33*G33","v":0.5}]
[{"$f":"VLOOKUP(F34,TABLAS!$C$24:$H$31,6,FALSE)","v":9109},1.109999999999999,"ESPECIALISTA EN GEOTECNIA",null,1,3,0.5,0.25,{"$f":"VLOOKUP(A34,TABLAS!$A$2:$G$44,4,FALSE)","v":8182000},{"$f":"VLOOKUP(A34,TABLAS!$A$2:$G$44,5)","v":1.4509000000000001},23,3,145422982,null,0.5]
[{"$f":"VLOOKUP(F35,TABLAS!$C$24:$H$31,6,FALSE)","v":9109},1.1109999999999989,"ESPECIALISTA EN PAVIMENTOS",null,1,3,0.2,0.2,{"$f":"VLOOKUP(A35,TABLAS!$A$2:$G$44,4,FALSE)","v":8182000},{"$f":"VLOOKUP(A35,TABLAS!$A$2:$G$44,5)","v":1.4509000000000001},23,3,61730572,null,0.2]
[{"$f":"VLOOKUP(F36,TABLAS!$C$24:$H$31,6,FALSE)","v":9109},1.1119999999999988,"ESPECIALISTA EN REDES HIDROSANITARIAS",null,1,3,0.25,0.25,{"$f":"VLOOKUP(A36,TABLAS!$A$2:$G$44,4,FALSE)","v":8182000},{"$f":"VLOOKUP(A36,TABLAS!$A$2:$G$44,5)","v":1.4509000000000001},23,3,77163215,null,0.25]
[{"$f":"VLOOKUP(F37,TABLAS!$C$24:$H$31,6,FALSE)","v":9110},1.1129999999999987,"ESPECIALISTA EN REDES ELÉCTRICAS, GAS, TELÉFONO Y FIBRA ÓPTICA",null,1,4,0.25,0.25,{"$f":"VLOOKUP(A37,TABLAS!$A$2:$G$44,4,FALSE)","v":6967000},{"$f":"VLOOKUP(A37,TABLAS!$A$2:$G$44,5)","v":1.4514},23,3,65727375,null,0.25]
[{"$f":"VLOOKUP(F38,TABLAS!$C$24:$H$31,6,FALSE)","v":9109},1.1139999999999985,"PROFESIONAL EN PRESUPUESTO Y PROGRAMACIÓN",null,1,3,1,0.5,{"$f":"VLOOKUP(A38,TABLAS!$A$2:$G$44,4,FALSE)","v":8182000},{"$f":"VLOOKUP(A38,TABLAS!$A$2:$G$44,5)","v":1.4509000000000001},23,3,290845963,null,1]
[{"$f":"VLOOKUP(F39,TABLAS!$C$24:$H$31,6,FALSE)","v":9112},1.1149999999999984,"PROFESIONAL SIG-CAD",null,1,6,0.25,0.25,{"$f":"VLOOKUP(A39,TABLAS!$A$2:$G$44,4,FALSE)","v":5604000},{"$f":"VLOOKUP(A39,TABLAS!$A$2:$G$44,5)","v":1.4521999999999999},23,3,52897837,null,0.25]
[null,1.2,"PERSONAL TÉCNICO Y PERSONAL AUXILIAR"]
[9085,{"$f":"B40+0.001","v":1.2009999999999998},{"$f":"VLOOKUP(A41,TABLAS!$A$2:$G$44,2,FALSE)","v":"TARIFA MES - PERSONAL TÉCNICO - AUXILIAR DE INGENIERÍA (NO INCLUYE FACTOR DE PRESTACIONES)"},null,4,"N/A",1,0.5,{"$f":"VLOOKUP(A41,TABLAS!$A$2:$G$44,4,FALSE)","v":2305000},{"$f":"VLOOKUP(A41,TABLAS!$A$2:$G$44,5)","v":1.4582999999999999},{"$f":"$E$12","v":23},{"$f":"$E$13","v":3},{"$f":"ROUND(E41*I41*J41*(G41*K41+H41*L41),0)","v":329415387},null,4]
[9094,1.2019999999999997,{"$f":"VLOOKUP(A42,TABLAS!$A$2:$G$44,2,FALSE)","v":"TARIFA MES - PERSONAL TÉCNICO - INSPECTOR 2 (NO INCLUYE FACTOR DE PRESTACIONES)"},null,4,"N/A",1,0.5,{"$f":"VLOOKUP(A42,TABLAS!$A$2:$G$44,4,FALSE)","v":1790000},{"$f":"VLOOKUP(A42,TABLAS!$A$2:$G$44,5)","v":1.5589},23,3,{"$f":"ROUND(E42*I42*J42*(G42*K42+H42*L42),0)","v":273462238},null,4]
[9088,1.2029999999999996,{"$f":"VLOOKUP(A43,TABLAS!$A$2:$G$44,2,FALSE)","v":"TARIFA MES - PERSONAL TÉCNICO - TOPÓGRAFO INSPECTOR (NO INCLUYE FACTOR DE PRESTACIONES)"},null,2,"N/A",1,1,{"$f":"VLOOKUP(A43,TABLAS!$A$2:$G$44,4,FALSE)","v":2733000},{"$f":"VLOOKUP(A43,TABLAS!$A$2:$G$44,5)","v":1.4567000000000001},23,3,207020377,null,2]
[9098,1.2039999999999995,{"$f":"VLOOKUP(A44,TABLAS!$A$2:$G$44,2,FALSE)","v":"TARIFA MES - PERSONAL AUXILIAR TÉCNICO - CADENERO 1 (NO INCLUYE FACTOR DE PRESTACIONES)"},null,2,"N/A",1,1,{"$f":"VLOOKUP(A44,TABLAS!$A$2:$G$44,4,FALSE)","v":1695000},{"$f":"VLOOKUP(A44,TABLAS!$A$2:$G$44,5)","v":1.5651999999999999},23,3,137956728,null,2]
[9099,1.2049999999999994,{"$f":"VLOOKUP(A45,TABLAS!$A$2:$G$44,2,FALSE)","v":"TARIFA MES - PERSONAL AUXILIAR TÉCNICO - CADENERO 2 (NO INCLUYE FACTOR DE PRESTACIONES)"},null,2,"N/A",1,1,{"$f":"VLOOKUP(A45,TABLAS!$A$2:$G$44,4,FALSE)","v":1476000},{"$f":"VLOOKUP(A45,TABLAS!$A$2:$G$44,5)","v":1.5825},23,3,121460040,null,2]
[9089,1.2059999999999993,{"$f":"VLOOKUP(A46,TABLAS!$A$2:$G$44,2,FALSE)","v":"TARIFA MES - PERSONAL TÉCNICO - LABORATORISTA INSPECTOR (NO INCLUYE FACTOR DE PRESTACIONES)"},null,1,"N/A",1,0.5,{"$f":"VLOOKUP(A46,TABLAS!$A$2:$G$44,4,FALSE)","v":2421000},{"$f":"VLOOKUP(A46,TABLAS!$A$2:$G$44,5)","v":1.4578},23,3,86468678,null,1]
[9090,1.2069999999999992,{"$f":"VLOOKUP(A47,TABLAS!$A$2:$G$44,2,FALSE)","v":"TARIFA MES - PERSONAL TÉCNICO - LABORATORISTA AUXILIAR (NO INCLUYE FACTOR DE PRESTACIONES)"},null,1,"N/A",1,0.5,{"$f":"VLOOKUP(A47,TABLAS!$A$2:$G$44,4,FALSE)","v":1695000},{"$f":"VLOOKUP(A47,TABLAS!$A$2:$G$44,5)","v":1.5651999999999999},23,3,{"$f":"ROUND(E47*I47*J47*(G47*K47+H47*L47),0)","v":64998843},null,{"$f":"E47*G47","v":1}]
[null,1.3,"PERSONAL ADMINISTRATIVO",null,null,null,null,null,null,null,null,null,null,null,0]
[9102,{"$f":"B48+0.001","v":1.3009999999999999},{"$f":"VLOOKUP(A49,TABLAS!$A$2:$G$44,2,FALSE)","v":"TARIFA MES - PERSONAL ADMINISTRATIVO - ADMINISTRADOR (NO INCLUYE FACTOR DE PRESTACIONES)"},null,2,"N/A",1,0.5,{"$f":"VLOOKUP(A49,TABLAS!$A$2:$G$44,4,FALSE)","v":2454000},{"$f":"VLOOKUP(A49,TABLAS!$A$2:$G$44,5)","v":1.4573},23,3,175234496,null,2]
[9100,{"$f":"B49+0.001","v":1.3019999999999998},{"$f":"VLOOKUP(A50,TABLAS!$A$2:$G$44,2,FALSE)","v":"TARIFA MES - PERSONAL AUXILIAR TÉCNICO - CONDUCTOR O MOTORISTA (NO INCLUYE FACTOR DE PRESTACIONES)"},null,1,"N/A",1,0.5,{"$f":"VLOOKUP(A50,TABLAS!$A$2:$G$44,4,FALSE)","v":1228000},{"$f":"VLOOKUP(A50,TABLAS!$A$2:$G$44,5)","v":1.6096999999999999},23,3,{"$f":"ROUND(E50*I50*J50*(G50*K50+H50*L50),0)","v":48429434},null,1]
[9105,{"$f":"B50+0.001","v":1.3029999999999997},{"$f":"VLOOKUP(A51,TABLAS!$A$2:$G$44,2,FALSE)","v":"TARIFA MES - PERSONAL ADMINISTRATIVO - SECRETARIA 2 (NO INCLUYE FACTOR DE PRESTACIONES)"},null,1,"N/A",1,1,{"$f":"VLOOKUP(A51,TABLAS!$A$2:$G$44,4,FALSE)","v":1228000},{"$f":"VLOOKUP(A51,TABLAS!$A$2:$G$44,5)","v":1.6096999999999999},23,3,51394502,null,1]
[null,null,"SUBTOTAL COSTOS DE PERSONAL",null,null,null,null,null,null,null,null,null,{"$f":"SUM(M25:M51)","v":3194101336}]
[null,null,null,null,null,null,null,null,null,null,null,null,null,null,{"$f":"SUM(O25:O51)","v":25.45}]
["CÓD. IDU",2,"GASTOS OPERACIONALES",null,"CANT.","ÁREA (M2)","DEDICACIÓN\nFASE DE OBRA","DEDICACIÓN\nFASE DE RECIBO","DEDICACIÓN X ÁREA (M2)\nOBRA","COSTO ($/M2.MES)","N. MESES\nOBRA","N. MESES\nRECIBO","VALOR ($)"]
[9576,{"$f":"B54+0.001","v":2.0009999999999999},{"$f":"VLOOKUP(A55,TABLAS!$A$48:$D$61,2,FALSE)","v":"ALQUILER MES - ARRIENDO OFICINA INCL. ADMINISTRACIÓN, SERVICIOS PÚBLICOS, COMUNICACIONES"},null,1,150,1,0.7,{"$f":"F55*G55*E55","v":150},{"$f":"VLOOKUP(A55,TABLAS!$A$49:$D$64,4,0)","v":32508},{"$f":"$E$12","v":23},{"$f":"$E$13","v":3},{"$f":"ROUND(J55*(I55*K55+E55*F55*H55*L55),0)","v":122392620}]
[9577,2.0019999999999998,{"$f":"VLOOKUP(A56,TABLAS!$A$48:$D$61,2,FALSE)","v":"ALQUILER MES - CAMPAMENTOS INCL. SERVICIOS PÚBLICOS PROVISIONALES"},null,1,300,1,0.25,{"$f":"E56*F56*G56","v":300},{"$f":"VLOOKUP(A56,TABLAS!$A$49:$D$64,4,0)","v":26189},{"$f":"$E$12","v":23},{"$f":"$E$13","v":3},{"$f":"ROUND(J56*(I56*K56+E56*F56*H56*L56),0)","v":186596625}]
[9578,{"$f":"B56+0.001","v":2.0029999999999997},{"$f":"VLOOKUP(A57,TABLAS!$A$48:$D$61,2,FALSE)","v":"GASTOS OFICINA (PAPELERIA, FOTOCOPIAS Y OTROS)"},null,2,"N/A",1,0.25,"N/A",{"$f":"VLOOKUP(A57,TABLAS!$A$49:$D$64,4,0)","v":922582},{"$f":"$E$12","v":23},{"$f":"$E$13","v":3},{"$f":"ROUND(E57*J57*(G57*K57+L57*H57),0)","v":43822645}]
[9456,2.0039999999999996,{"$f":"VLOOKUP(A58,TABLAS!$A$48:$D$61,2,FALSE)","v":"ALQUILER DE VEHICULO: CAMPERO, PICK-UP, CAMIONETA, CAMION O SIMILAR DE 1300cc A 2000cc DE CILINDRADA, MODELO 2014 A 2011. 75% DE LA TARIFA ESTABLECIDA. INCLUYE TODOS LOS COSTOS DE OPERACIÓN Y MANTENIMIENTO EXCEPTO EL SALARIO DEL CONDUCTOR"},null,{"$f":"E46","v":1},"N/A",{"$f":"G50","v":1},{"$f":"H50","v":0.5},"N/A",{"$f":"VLOOKUP(A58,TABLAS!$A$49:$D$64,4,0)","v":4816500},{"$f":"$E$12","v":23},{"$f":"$E$13","v":3},{"$f":"ROUND(E58*J58*(G58*K58+L58*H58),0)","v":118004250}]
[9117,2.0049999999999994,{"$f":"VLOOKUP(A59,TABLAS!$A$48:$D$61,2,FALSE)","v":"EQUIPO COMPLETO DE LABORATORIO - ESTUDIOS - MES"},null,{"$f":"E46","v":1},"N/A",{"$f":"G46","v":1},{"$f":"H46","v":0.5},"N/A",{"$f":"VLOOKUP(A59,TABLAS!$A$49:$D$64,4,0)","v":5657000},{"$f":"$E$12","v":23},{"$f":"$E$13","v":3},{"$f":"ROUND(E59*J59*(G59*K59+L59*H59),0)","v":138596500}]
[9115,2.0059999999999993,{"$f":"VLOOKUP(A60,TABLAS!$A:$G,2,FALSE)","v":"EQUIPO DE TOPOGRAFÍA. INCLUYE TRÁNSITO, NIVEL Y ELEMENTOS COMPLEMENTARIOS - MES"},null,{"$f":"E43","v":2},"N/A",{"$f":"G43","v":1},{"$f":"H43","v":1},"N/A",{"$f":"VLOOKUP(A60,TABLAS!$A$49:$D$64,4,0)","v":3627000},23,3,{"$f":"ROUND(E60*J60*(G60*K60+L60*H60),0)","v":188604000}]
[null,null,"SUBTOTAL GASTOS OPERACIONALES",null,null,null,null,null,null,null,null,null,{"$f":"SUM(M55:M60)","v":798016640}]
[]
[null,null,"TOTAL COSTOS PERSONAL + GASTOS OPERACIONALES POR EL TÉRMINO DE EJECUCIÓN DE OBRA (INCLUYE PLAZO DE RECIBO DE OBRA)",null,null,null,null,null,null,null,null,null,{"$f":"(M52+M61)","v":3992117976}]
[null,null,"TOTAL COSTOS PERSONAL + GASTOS OPERACIONALES POR EL TÉRMINO DE EJECUCIÓN EN PORCENTAJE DEL COSTO DIRECTO",null,null,null,null,null,null,null,null,null,{"$f":"ROUND(M63/E10,5)","v":7.3910000000000003E-2}]
[]
[null,"3. IMPUESTOS Y GARANTÍAS"]
[null,3.1,"IMPUESTOS"]
[null,"ÍTEM","DESCRIPCIÓN",null,null,null,null,null,null,"IMPUESTO",null,null,"VALOR ($)"]
[null,{"$f":"B67+0.001","v":3.101},"Contribución Especial (Impuesto de Guerra Ley 1738 DIC18-2014 prorroga 4 años)",null,null,null,null,null,null,0.05,null,null,{"$f":"+$O$69*J69","v":3474562396.8000002},"ok",{"$f":"+'PPTO GRAL CAPEX CIVIL'!I867","v":69491247936}]
[null,{"$f":"B69+0.001","v":3.1019999999999999},"ICA (Ley 14 6jul1983, Res 219 25feb2004)",null,null,null,null,null,null,{"$f":"6.9/1000","v":6.9000000000000008E-3},null,null,{"$f":"+$O$69*J70","v":479489610.75840002},"ok"]
[null,3.1029999999999998,"GMF (Ley 1739 23dic2014 modifica el Estatuto Tributario)",null,null,null,null,null,null,{"$f":"(4/1000)","v":4.0000000000000001E-3},null,null,277964991.74400002,"ok"]
[null,3.1039999999999996,"Estampilla Universidad Distrital (Acuerdo 696 de 2017)",null,null,null,null,null,null,1.0999999999999999E-2,null,null,764403727.296,"ok"]
[null,3.1049999999999995,"Estampilla procultura (Acuerdo 187  20 dic 2005)",null,null,null,null,null,null,5.0000000000000001E-3,null,null,347456239.68000001,"ok"]
[null,3.1059999999999994,"Estampilla pro personas Mayores (Acuerdo 645 de 9 de junio de 2016)",null,null,null,null,null,null,0.02,null,null,1389824958.72,"ok"]
[null,3.1069999999999993,"Estampilla Unipedagógica (Dec 584 de 19 dic 2014)",null,null,null,null,null,null,5.0000000000000001E-3,null,null,347456239.68000001,"ok"]
[null,null,"SUBTOTAL IMPUESTOS",null,null,null,null,null,null,null,null,null,{"$f":"SUM(M69:M75)","v":7081158164.678401},{"$f":"+M76/O69","v":0.10190000000000002}]
[]
[null,{"$f":"B67+0.1","v":3.2},"GARANTÍAS"]
[null,"ÍTEM","DESCRIPCIÓN",null,"VR. BASE",null,"% ASEGURADO",null,"VIGENCIA AMPARO (MESES)","TASA ASEGURADORA",null,null,"VALOR ($)"]
[null,{"$f":"B78+0.001","v":3.2010000000000001},"Cumplimiento","GARANTÍA ÚNICA",{"$f":"+O80","v":69491247936},null,0.3,null,{"$f":"$E$11+$E$12+$E$13+8","v":40.33},2E-3,null,null,{"$f":"ROUND((((((E80*G80)*J80)/12)*I80)+2500)*1.19,0)","v":166756606},"ok",{"$f":"+O69","v":69491247936}]
[null,{"$f":"B80+0.001","v":3.202},"Buen Manejo de Anticipo (20%)",null,{"$f":"ROUND(E80*'DATOS ENTRADA'!C29,0)","v":13898249587},null,1,null,{"$f":"$E$11+$E$12+$E$13+8","v":40.33},2E-3,null,null,{"$f":"ROUND((((((E81*G81)*J81)/12)*I81)+2500)*1.19,0)","v":111172062},null,null,{"$f":"+TABLAS!J64","v":908526},"SMMLV 2021"]
[null,{"$f":"B81+0.001","v":3.2029999999999998},"Salarios y Prestaciones Sociales",null,{"$f":"$E$80","v":69491247936},null,0.1,null,{"$f":"$E$11+$E$12+$E$13+36","v":68.33},2E-3,null,null,{"$f":"ROUND((((((E82*G82)*J82)/12)*I82)+2500)*1.19,0)","v":94178325}]
[null,{"$f":"B82+0.001","v":3.2039999999999997},"Estabilidad de la Obra",null,{"$f":"'PPTO GRAL CAPEX CIVIL'!I867","v":69491247936},null,0.3,null,60,2E-3,null,null,{"$f":"ROUND((((((E83*G83)*J83)/12)*I83)+2500)*1.19,0)","v":248086730}]
[null,{"$f":"B83+0.001","v":3.2049999999999996},"Predios, labores y Operaciones- Vigencia (Decreto 1082 de 2015 Sección III)","RESPONSABILIDAD CIVIL EXTRACONTRACTUAL",{"$f":"$E$80","v":69491247936},null,0.05,null,{"$f":"$E$11+$E$12+$E$13","v":32.33},3.0000000000000001E-3,null,null,{"$f":"ROUND((((((E84*G84)*J84)/12)*I84)+2500)*1.19,0)","v":33421924},"Revisar con monto del proyecto - hoja tablas",null,{"$f":"P81*500","v":454263000},{"$f":"P84=P85","v":{"$error":"#REF!"}}]
[null,{"$f":"B84+0.001","v":3.2059999999999995},"Colocación de elemento de publicidad exterior tipo valla de construcción (Resolución 931 de 2008, numeral 7 del artículo 7)",null,{"$f":"ROUND($P$88,0)","v":90852600},null,"100 SMMLV",null,{"$f":"$E$11+$E$12+$E$13+3","v":35.33},3.0000000000000001E-3,null,null,{"$f":"ROUND((((((E85)*J85)/12)*I85)+2500)*1.19,0)","v":957897},null,null,{"$f":"E84+'AIU AMBIENTAL SST BIOSEG'!E31+'AIU DIALOGO CYC'!E29+#REF!","v":{"$error":"#REF!"}}]
[null,null,"SUBTOTAL GARANTÍAS",null,null,null,null,null,null,null,null,null,{"$f":"ROUND(SUM(M80:M85),0)","v":654573544},{"$f":"+M86/O69","v":9.4195105634431644E-3}]
[]
[null,null,"TOTAL IMPUESTOS Y GARANTÍAS",null,null,null,null,null,null,null,null,null,{"$f":"ROUND(M76+M86,0)","v":7735731709},null,null,{"$f":"P81*100","v":90852600}]
[null,null,"TOTAL IMPUESTOS Y GARANTÍAS EN PORCENTAJE DEL COSTO DIRECTO",null,null,null,null,null,null,null,null,null,{"$f":"ROUND(M88/E10,5)","v":0.14323},null,null,{"$f":"E85+'AIU AMBIENTAL SST BIOSEG'!E32+'AIU DIALOGO CYC'!E30+#REF!","v":{"$error":"#REF!"}}]
[]
[null,null,"A. ADMINISTRACIÓN (1 + 2 + 3)",null,null,null,null,null,null,null,null,null,{"$f":"+M64+M89","v":0.21714}]
[null,null,"I. IMPREVISTOS ",null,null,null,null,null,null,null,null,null,0.01]
[null,null,"U. UTILIDAD",null,null,null,null,null,null,null,null,null,0.05,"Revisar con monto del proyecto - hoja tablas"]
[]
[null,null,"IVA SOBRE UTILIDAD (19%)",null,null,null,null,null,null,null,null,null,{"$f":"+M93*0.19","v":9.5000000000000015E-3}]
[]
[null,null,"A.I.U. (ADMINISTRACIÓN, IMPREVISTOS Y UTILIDAD)",null,null,null,null,null,null,null,null,null,{"$f":"SUM(M91:M95)","v":0.28664000000000001},0.28664000000000001]
[]
[]
[null,null,"NOTA:","LA EDICIÓN DE LAS FÓRMULAS COMPROMETE LA RESPONSABILIDAD DEL USUARIO DE LA MATRIZ."]
[null,null,"NOTA:","* INCLUYE EN F.P. HORAS EXTRAS."]

{"sheet":"AMBIENTAL Y SST","index":9,"n_rows":191,"n_cols":16,"rows_kept":191,"cut":false,"hidden":false,"merged":[[9,1,9,4],[10,1,10,4],[11,1,11,4],[12,1,12,4],[13,1,13,4],[14,1,14,4],[0,6,0,7],[2,0,2,12],[4,0,4,12],[6,0,6,12],[7,1,7,4],[8,1,8,4],[25,1,25,4],[26,1,26,4],[27,1,27,4],[28,1,28,4],[29,1,29,4],[30,1,30,4],[15,1,15,4],[16,0,16,11],[19,0,19,12],[22,0,22,10],[23,1,23,4],[24,1,24,4],[38,0,38,10],[39,1,39,4],[40,1,40,4],[41,1,41,4],[42,1,42,4],[43,1,43,4],[31,1,31,4],[32,1,32,4],[33,1,33,4],[34,1,34,4],[35,1,35,4],[36,0,36,9],[52,0,52,10],[53,1,53,4],[54,1,54,4],[55,1,55,4],[56,0,56,9],[59,0,59,10],[44,1,44,4],[45,1,45,4],[46,1,46,4],[47,1,47,4],[48,1,48,4],[49,0,49,9],[66,1,66,4],[67,1,67,4],[68,1,68,4],[69,1,69,4],[70,1,70,4],[71,0,71,9],[60,1,60,4],[61,1,61,4],[62,1,62,4],[63,1,63,4],[64,1,64,4],[65,1,65,4],[80,1,80,4],[81,1,81,4],[82,1,82,4],[83,1,83,4],[84,1,84,4],[85,1,85,4],[74,0,74,10],[75,1,75,4],[76,1,76,4],[77,1,77,4],[78,1,78,4],[79,1,79,4],[93,1,93,4],[94,1,94,4],[95,1,95,4],[96,1,96,4],[97,1,97,4],[98,1,98,4],[86,1,86,4],[87,0,87,9],[89,0,89,10],[90,0,90,7],[91,1,91,4],[92,1,92,4],[105,1,105,4],[106,1,106,4],[107,1,107,4],[108,1,108,4],[109,1,109,4],[110,1,110,4],[99,1,99,4],[100,1,100,4],[101,1,101,4],[102,0,102,9],[103,0,103,7],[104,1,104,4],[117,1,117,4],[118,1,118,4],[119,1,119,4],[120,1,120,4],[121,1,121,4],[122,1,122,4],[111,1,111,4],[112,1,112,4],[113,1,113,4],[114,1,114,4],[115,1,115,4],[116,1,116,4],[130,0,130,10],[131,1,131,4],[132,1,132,4],[133,1,133,4],[134,1,134,4],[135,1,135,4],[123,1,123,4],[124,1,124,4],[125,1,125,4],[126,1,126,4],[127,1,127,4],[128,0,128,9],[143,0,143,10],[144,1,144,4],[145,1,145,4],[146,1,146,4],[147,1,147,4],[148,1,148,4],[136,1,136,4],[137,1,137,4],[138,1,138,4],[139,1,139,4],[140,1,140,4],[141,0,141,9],[155,1,155,4],[156,1,156,4],[157,1,157,4],[158,1,158,4],[159,1,159,4],[160,1,160,4],[149,1,149,4],[150,1,150,4],[151,1,151,4],[152,1,152,4],[153,1,153,4],[154,1,154,4],[167,1,167,4],[168,1,168,4],[169,0,169,9],[171,0,171,10],[172,1,172,4],[173,1,173,4],[161,1,161,4],[162,1,162,4],[163,1,163,4],[164,1,164,4],[165,1,165,4],[166,1,166,4],[182,2,182,9],[183,2,183,9],[184,2,184,9],[185,2,185,9],[186,2,187,9],[188,2,188,9],[174,1,174,4],[175,1,175,4],[176,0,176,9],[179,2,179,9],[180,2,180,9],[181,2,181,9]]}
[null,null,null,null,null,"ACTUALIZACIÓN, AJUSTES Y COMPLEMENTACIÓN DE LA FACTIBILIDAD Y LOS ESTUDIOS Y DISEÑOS DEL CABLE AÉREO EN SAN CRISTÓBAL, EN BOGOTÁ D.C.",null,null,null,null,null,null,"V1."]
[]
["PRESUPUESTO AMBIENTAL"]
[]
["COMPONENTE A. CUMPLIMIENTO A LAS OBLIGACIONES AMBIENTALES Y SST"]
[null,null,null,null,null,null,null,null,null,null,"Duracion Construcción",{"$f":"+AIU!E12","v":23},"MESES"]
["PERSONAL"]
["COD. IDU","ITEM",null,null,null,"ESPECIFICACIÓN","UN","CANTIDAD","CATEGORÍA","DEDICACIÓN","TOTAL","PRECIO","PRECIO TOTAL "]
[9469,"RESIDENTE AMBIENTAL",null,null,null,"Ingeniero sanitario y/o ambiental, ingeniero civil, ingeniero geólogo, ingeniero de minas, ingeniero de vías, ingeniero forestal o arquitecto. Con especialización, maestría o doctorado en el área ambiental, con cuatro (4) años de experiencia general y tres (3) años de experiencia específica en interventoría ambiental de construcción de obras de infraestructura vial.","UN/MES",0.99900000000000011,5,1,{"$f":"+H9*J9","v":0.99900000000000011},{"$f":"VLOOKUP(A9,'Listado Ins Ana'!$G$2:$J$3331,4,FALSE)","v":9123740},{"$f":"+$L$6*K9*L9","v":209636173.98000005}]
[9469,"RESIDENTE SST",null,null,null,"Profesional ingeniero ambiental, ingeniero civil, ingeniero sanitario y/o ambiental, ingeniero de recursos hídricos y gestión ambiental, administrador ambiental, profesional en seguridad y salud en el trabajo; o ingeniero civil, ingeniero industrial, ingeniero geógrafo, ingeniero de vías, ingeniero topográfico, ingeniero forestal o arquitecto con especialización, maestría o doctorado en el área de seguridad y salud en el trabajo (antes programas de salud ocupacional), con cuatro (4) años de experiencia general y tres (3) años de experiencia específica en manejo de sistemas de gestión de la seguridad y salud en el trabajo (antes programas de salud ocupacional) en la interventoría de construcción de infraestructura vial urbana para tráfico automotor o sistemas BRT como especialista en SST.","UN/MES",0.99900000000000011,5,1,{"$f":"+H10*J10","v":0.99900000000000011},{"$f":"VLOOKUP(A10,'Listado Ins Ana'!$G$2:$J$3331,4,FALSE)","v":9123740},{"$f":"+$L$6*K10*L10","v":209636173.98000005}]
[9469,"RESIDENTE DE MAQUINARIA Y EQUIPOS",null,null,null,"Ingeniero mecánico, con mínimo cuatro (4) años de experiencia profesional general (contados a partir de la expedición de la matricula profesional) y tres (3) años de experiencia especifica. la experiencia específica debe certificarse en administración de programas de mantenimiento de maquinaria de obras de infraestructura. Solo serán homologables títulos de posgrado relacionados con la experiencia específica señalada.","UN/MES",0.99900000000000011,5,0.5,0.49950000000000006,{"$f":"VLOOKUP(A11,'Listado Ins Ana'!$G$2:$J$3331,4,FALSE)","v":9123740},104818086.99000002]
[9470,"INSPECTOR AMBIENTAL",null,null,null,"IngenieroForestal con 2 años de experiencia general y 1 años de experiencia específica en manejo silvicultural en proyectos de infraestructura.","UN",0.49980000000000002,6,1,0.49980000000000002,{"$f":"VLOOKUP(A12,'Listado Ins Ana'!$G$2:$J$3331,4,FALSE)","v":8139250},93563934.450000003]
[9469,"RESIDENTE FORESTAL",null,null,null,"Ingeniero forestal. Categoría cinco (5), es decir con cuatro (4) años de experiencia general y tres (3) años de experiencia específica en interventoría forestal de cobertura vegetal en áreas urbanas. ","UN/MES",1,5,0.5,0.5,{"$f":"VLOOKUP(A13,'Listado Ins Ana'!$G$2:$J$3331,4,FALSE)","v":9123740},104923010]
[9469,"BIÓLOGO",null,null,null,"Biólogo. Categoría cinco (5), es decir con cuatro (4) años de experiencia general y tres (3) años de experiencia específica en manejo de fauna silvestre urbana.","UN/MES",0.49980000000000002,5,0.5,0.24990000000000001,{"$f":"VLOOKUP(A14,'Listado Ins Ana'!$G$2:$J$3331,4,FALSE)","v":9123740},52440520.398000002]
[9424,"BRIGADA DE ORDEN, ASEO Y LIMPIEZA.  PERSONAL DE OBRA - AYUDANTE ",null,null,null,"Personal de brigada y aseo (Incluye herramienta menor). Suministro.\nDedicación del 100%.\n* La brigada de orden y aseo esta conformada por 4 operarios, y se define una brigada por cada 5000 m2 (en estaciones. En Pilonas, 1 Brigada de aseo por cada cuatro (4) pilonas o fracción). ","MES",7,"NA",1,7,{"$f":"4*VLOOKUP(A15,'Listado Ins Ana'!$G$2:$J$3331,4,FALSE)","v":6606400},1063630400]
[12782,"CAMIONETA CON PLATON 4X4",null,null,null,"ALQUILER MES - CAMPERO PICK-UP, CAMIONETA DE 1300-2000cc - TARIFA PLENA","MES",1,"NA",1,1,{"$f":"VLOOKUP(A16,'Listado Ins Ana'!$G$2:$J$3331,4,FALSE)","v":5119000},117737000]
["TOTAL",null,null,null,null,null,null,null,null,null,null,null,{"$f":"SUM(M9:M16)","v":1956385299.7980001},null,{"$f":"SUM(K9:K16)","v":11.747199999999999},{"$f":"+O17*L6","v":270.18559999999997}]
[]
[]
["COMPONENTE B. MANEJO AMBIENTAL EN LA EJECUCIÓN DE ACTIVIDADES CONSTRUCTIVAS"]
[]
[]
["B1. MANEJO DE CAMPAMENTOS FIJOS Y/O TEMPORALES Y CENTROS DE ACOPIO"]
["COD. IDU","ITEM",null,null,null,"ESPECIFICACIÓN","UN","CANTIDAD","TOTAL","PRECIO","PRECIO TOTAL "]
[7852,"POLISOMRA VERDE ",null,null,null,"TELA VERDE PARA CERRAMIENTO 2.10 METRO DE ANCHO DE 60GR","m",1381,{"$f":"+H25","v":1381},{"$f":"VLOOKUP(A25,'Listado Ins Ana'!G2:J3331,4,FALSE)","v":2214},{"$f":"+I25*J25","v":3057534}]
[7850,"CINTA DE DEMARCACION",null,null,null,"CINTA PARA SEÑALIZACION DE 500MT X 4\" PELIGRO CALIBRE 3.5","Und",2407,{"$f":"+H26","v":2407},{"$f":"VLOOKUP(A26,'Listado Ins Ana'!G3:J3332,4,FALSE)","v":20598},{"$f":"+I26*J26","v":49579386}]
[7562,"MADERA ROLLIZA",null,null,null,"POSTE ROLLIZO D= 12cm a 15cm","m",1864.5,1864.5,{"$f":"VLOOKUP(A27,'Listado Ins Ana'!G4:J3333,4,FALSE)","v":8715},{"$f":"+I27*J27","v":16249117.5}]
[12507,"ALQUILER BAÑO PORTATIL",null,null,null,"BAÑO TIPO FLUSHING - ALQUILER MANTENIMIENTO Y ASEO DE BAÑOS PORTÁTILES VIP MENSUAL_(Según Apéndice Bioseguridad Covid 19_V1 y V2)","Und/Mes",21,315,{"$f":"VLOOKUP(A28,'Listado Ins Ana'!G5:J3333,4,FALSE)","v":391120},{"$f":"+I28*J28","v":123202800}]
[9287,"PALA",null,null,null,"PALA REDONDA No.  2 CON CABO","Und",40,{"$f":"+H29","v":40},{"$f":"VLOOKUP(A29,'Listado Ins Ana'!G6:J3964,4,FALSE)","v":31189},{"$f":"+I29*J29","v":1247560}]
["NP2","PALA",null,null,null,"PALA CUADRADA CON CABO","Und",40,{"$f":"+H30","v":40},{"$f":"+J29","v":31189},1247560]
[7813,"BARRA",null,null,null,"BARRA DE 18LB CON PUNTA Y PALA 150CM X 10CM","Und",40,{"$f":"+H31","v":40},{"$f":"VLOOKUP(A31,'Listado Ins Ana'!G8:J3964,4,FALSE)","v":87296},{"$f":"+I31*J31","v":3491840}]
[7815,"MARTILLO",null,null,null,"MARTILLO DE BOLA DE 2LB","Und",40,40,{"$f":"VLOOKUP(A32,'Listado Ins Ana'!G9:J3964,4,FALSE)","v":37900},{"$f":"+I32*J32","v":1516000}]
[7814,"SERRUCHO",null,null,null,"SERRUCHO DE 20\" DIENTE ENDURECIDO","Und",40,40,{"$f":"VLOOKUP(A33,'Listado Ins Ana'!G10:J3964,4,FALSE)","v":16964},678560]
[7811,"CEPILLO INDUSTRIAL",null,null,null,"CEPILLO INDUSTRIAL DE NYLON CON CABO DE 35CM A 42CM X 9CM X 17CM","Und",80,80,{"$f":"VLOOKUP(A34,'Listado Ins Ana'!G11:J3964,4,FALSE)","v":12910},{"$f":"+I34*J34","v":1032800}]
[7812,"CARRETILLA",null,null,null,"CARRETILLA  RUEDA NEUMATICA PLATON METALICO CAPACIDAD CINCO PIES CUBICOS MANGO MADERA TIPO BUGGY","Und",10,10,{"$f":"VLOOKUP(A35,'Listado Ins Ana'!G12:J3964,4,FALSE)","v":123283},{"$f":"+I35*J35","v":1232830}]
[7993,"CARPA VESTIER",null,null,null,"CARPA VESTIER 2.0m x 2.0m TECHO Y ESTRUCTURA CON LATERALES EN LONA","Und",21,10,{"$f":"VLOOKUP(A36,'Listado Ins Ana'!G13:J3964,4,FALSE)","v":963900},{"$f":"+I36*J36","v":9639000}]
["TOTAL",null,null,null,null,null,null,null,null,null,{"$f":"SUM(K25:K36)","v":212174987.5}]
[]
["B2. MANEJO DE MATERIALES DE CONSTRUCCIÓN"]
["COD. IDU","ITEM",null,null,null,"ESPECIFICACIÓN","UN","CANTIDAD","TOTAL","PRECIO","PRECIO TOTAL "]
["NP3","MONITOREO DE RUIDO AMBIENTAL  ",null,null,null,"Muestra punto de acuerdo con lo establecido en ele Título III del Anexo 2 de la Res. 627/06 (MAVDT).","MUEST",14,{"$f":"+H41","v":14},450000,{"$f":"+I41*J41","v":6300000}]
["NP3","INFORME DE RUIDO AMBIENTAL  ",null,null,null,"Informe Tácnico de la campaña de medición","Un",2,2,1400000,2800000]
["NP3","COSTOS OPERATIVOS MONITOREO DE RUIDO AMBIENTAL  ",null,null,null,"Incluye transporte personal técnico x 4 días, honorarios personal técnico x 8 días,","Un",2,2,2400000,4800000]
[7554,"SEÑALIZADOR TUBULAR REFLECTIVO (COLOMBINA)",null,null,null,"SEÑALIZACION TUBULAR COLOMBINA PLASTICA","Un",801.85,801.85,27370,21946634.5]
[7850,"CINTA DE DEMARCACION",null,null,null,"CINTA PARA SEÑALIZACION DE 500MT X 4\" PELIGRO CALIBRE 3.5","UN",15,15,19798,296970]
[5169,"PLAFONADO DE POZOS",null,null,null,"PLAFONADO DE POZOS (INCLUYE SUMINISTRO Y COLOCACIÓN DE PUNTILLA, TABLA BURRA DE 2.90 X0.28X0.025M, CINTA DE SEÑALIZACION CAL 4 ROLLO 500MX0.10M Y SEÑALIZACIÓN TUBULAR COLOMBINA PLÁSTICA).","Un",108,108,135469,14630652]
[7266,"TABLA BURRA (Para fabricación de contenedores de materiales granulares y RCD)",null,null,null,"TABLA BURRA EN ORDINARIO 2.90 X 0.28 X 0.025","UN",450,450,20954,9429300]
[7259,"REPISA (Para fabricación de contenedores de materiales granulares y RCD)",null,null,null,"REPISA EN ORDINARIO 5.90 X 0.08 X 0.04","UN",25,25,44625,1115625]
[7279,"LIMATON X 6m (Para fabricación de burros para almacenar tubería)",null,null,null,"LIMATON 6.00 M","UN",12,12,21083,252996]
["TOTAL",null,null,null,null,null,null,null,null,null,{"$f":"SUM(K41:K49)","v":61572177.5}]
[]
[]
["B3. MANEJO INTEGRAL DE RESIDUOS SÓLIDOS"]
["COD. IDU","ITEM",null,null,null,"ESPECIFICACIÓN","UN","CANTIDAD","TOTAL","PRECIO","PRECIO TOTAL "]
[11794,"PUNTO ECOLÓGICO DE 35 LTS 4 PUESTOS (Suministro e Instalación)",null,null,null,"PUNTO ECOLÓGICO COMPUESTO POR 3 CANECAS TIPO BARCELONA M-121 (Canecas, blanca, negra y verde).\n*Un (1) Punto Ecológico cada 5000m2)","Und",26,{"$f":"+H55","v":26},{"$f":"VLOOKUP(A55,'Listado Ins Ana'!G2:J3331,4,FALSE)","v":1762688},{"$f":"+I55*J55","v":45829888}]
[12431,"BOLSAS PLÁSTICAS PARA RESIDUOS SÓLIDOS",null,null,null,"BOLSA PARA BASURA TIPO INDUSTRIAL NEGRA DE 60 x 90 Cm CALIBRE 2 (PAQUETE DE 30 UNIDADES)_(Según Apéndice Bioseguridad Covid 19_V2)","Und",{"$f":"1.5*H55","v":39},{"$f":"1.5*((22*3)+(4*15))","v":189},{"$f":"VLOOKUP(A56,'Listado Ins Ana'!G3:J3332,4,FALSE)","v":11881},{"$f":"+I56*J56","v":2245509}]
["TOTAL",null,null,null,null,null,null,null,null,null,{"$f":"SUM(K55:K56)","v":48075397}]
[]
[]
["B4. CONTROL DE EMISIONES ATMOSFÉRICAS"]
["COD. IDU","ITEM",null,null,null,"ESPECIFICACIÓN","UN","CANTIDAD","TOTAL","PRECIO","PRECIO TOTAL "]
[9325,"EJECUCION DE HUMECTACIÓN DESDE CARROTANQUE",null,null,null,"CARROTANQUE IRRIGADOR DE AGUA - VIAJE","Viaje",13,13,{"$f":"VLOOKUP(A62,'Listado Ins Ana'!G9:J3964,4,FALSE)","v":195000},{"$f":"+I62*J62","v":2535000}]
["NP","EJECUCION DE HUMECTACIÓN CON HIDROLAVADORA",null,null,null,"Humectación de materiales granulares y RCD con hidrolavadora de 1300W con boquilla de 65º (6,5 L/min).","m3",6,{"$f":"+H63","v":6},10000,{"$f":"+I63*J63","v":60000}]
[7556,"POLIETILENO",null,null,null,"ROLLO PLASTICO NEGRO CALIBRE 6. 4 METROS DE ANCHO X 30 METROSS DE LONGITUD.","m2",{"$f":"840+1300","v":2140},{"$f":"+H64","v":2140},{"$f":"VLOOKUP(A64,'Listado Ins Ana'!G11:J3964,4,FALSE)","v":1188},{"$f":"+I64*J64","v":2542320}]
["NP3","MATERIAL PARTICULADO PM2,5 ",null,null,null,"PARÁMETRO - MONITOREO CALIDAD DEL AIRE. Incluye unidad móvil, técnico de campo, comisión de campo, informe técnico, desplazamiento unidades móviles y transporte). Muestra 24h.","MUEST/DIA",120,{"$f":"+H65","v":120},94000,{"$f":"+I65*J65","v":11280000}]
["NP3","MATERIAL PARTICULADO PM 10 ",null,null,null,"PARÁMETRO - MONITOREO CALIDAD DEL AIRE. Incluye unidad móvil, técnico de campo, comisión de campo, informe técnico, desplazamiento unidades móviles y transporte). Muestra 24h.","MUEST/DIA",120,{"$f":"+H66","v":120},57000,6840000]
["NP3","SO2",null,null,null,"PARÁMETRO - MONITOREO CALIDAD DEL AIRE. Incluye unidad móvil, técnico de campo, comisión de campo, informe técnico, desplazamiento unidades móviles y transporte).","MUEST/DIA",120,{"$f":"+H67","v":120},48000,5760000]
["NP3","NO2 ",null,null,null,"PARÁMETRO - MONITOREO CALIDAD DEL AIRE. Incluye unidad móvil, técnico de campo, comisión de campo, informe técnico, desplazamiento unidades móviles y transporte). Muestra 3h.","MUEST/DIA",120,{"$f":"+H68","v":120},207000,24840000]
["NP3","CO",null,null,null,"PARÁMETRO - MONITOREO CALIDAD DEL AIRE. Incluye unidad móvil, técnico de campo, comisión de campo, informe técnico, desplazamiento unidades móviles y transporte). Muestra 3h.","MUEST/DIA",120,120,207000,{"$f":"+I69*J69","v":24840000}]
["NP3","O3",null,null,null,"PARÁMETRO - MONITOREO CALIDAD DEL AIRE.  Incluye unidad móvil, técnico de campo, comisión de campo, informe técnico, desplazamiento unidades móviles y transporte). Muestra 8h.","MUEST/DIA",120,120,245000,29400000]
["NP3","COSTOS OPERATIVOS CAMPAÑA MONITOREO AIRE",null,null,null,"Incluye 2 estaciones meteorológicas, alquiler 3 andamios x 20 días, pago (3) servidumbres x 20 días, transporte personal técnico x 20 días, honorarios personal técnico x 20 días, otros costos.","Un",2,2,40080000,80160000]
["TOTAL",null,null,null,null,null,null,null,null,null,{"$f":"SUM(K62:K71)","v":188257320}]
[]
[]
["B5. MANEJO INTEGRAL DE CUERPOS DE AGUA Y SUMIDEROS"]
["COD. IDU","ITEM",null,null,null,"ESPECIFICACIÓN","UN","CANTIDAD","TOTAL","PRECIO","PRECIO TOTAL "]
[12380,"KIT CONTRA DERRAMES DE SUSTANCIAS OLEAGINOSAS",null,null,null,"Proyecto factibilidad, estudios y diseños para la construcción de los puntos inestables de la vía Bogotá - La Calera: KIT PARA ATENCIÓN DE DERRAMES OLEOFILICO (20 GALONES). INCLUYE 2 Absorbente granulado orgánico PEAT MOSS x 1 kilo, 3 Barrera Oleofílico 3\" x 4' (7,7 cm x 1,20m), 6 Bolsas Hazmat rojas 70x100 cm con amarre plástico, 1 Caneca plástica de 20 gl tapa de seguridad, 1 Chaleco reflectivo, , Desengrasante biodegradable certificado x 1 gl 1 Gafas de seguridad Ansi z87.1, 1 Guantes de nitrilo de 13”,1 Tacos de madera x 5 piezas, 1 Linterna recargable tipo LED, 1 Martillo de caucho, 1 Masilla Epoxica pequeña, 1 Pala antichispa naranja o negra, 30 Paños absorbentes Oleofílicos 50x40 cm, 1 Respirador doble cartucho con filtro de carbón activo, 1 Cinta de señalización x 50m, Instructivo uso","Un",7,{"$f":"+H77","v":7},{"$f":"VLOOKUP(A77,'Listado Ins Ana'!G24:J3964,4,FALSE)","v":279888},{"$f":"+I77*J77","v":1959216}]
[7798,"PH",null,null,null,"PH. Norma técnica: SM 4500 - H + B  ASTM D 1293 2012.","MUEST",8,{"$f":"+H78","v":8},{"$f":"VLOOKUP(A78,'Listado Ins Ana'!G25:J3964,4,FALSE)","v":3332},{"$f":"+I78*J78","v":26656}]
[7772,"OXIGENO DISUELTO",null,null,null,"DEMANDA BIOQUÍMICA DE OXIGENO (DBO5). Norma técnica: SM 5210 B.","MUEST",8,{"$f":"+H79","v":8},{"$f":"VLOOKUP(A79,'Listado Ins Ana'!G26:J3964,4,FALSE)","v":38080},{"$f":"+I79*J79","v":304640}]
[7772,"DBO5",null,null,null,"DEMANDA BIOQUÍMICA DE OXIGENO (DBO5). Norma técnica: SM 5210 B.","MUEST",8,8,{"$f":"VLOOKUP(A80,'Listado Ins Ana'!G27:J3964,4,FALSE)","v":38080},{"$f":"+I80*J80","v":304640}]
[7773,"DQO ",null,null,null,"DEMANDA QUÍMICA DE OXIGENO (DQO). Norma técnica: SM 5220 D.","MUEST",8,8,{"$f":"VLOOKUP(A81,'Listado Ins Ana'!G28:J3964,4,FALSE)","v":38080},304640]
[7785,"SOLIDOS SUSPENDIDOS TOTALES. ",null,null,null,"SOLIDOS SUSPENDIDOS TOTALES, SECADO A 103°C - 105°C. Norma técnica: SM 2540 D.","MUEST",8,8,{"$f":"VLOOKUP(A82,'Listado Ins Ana'!G29:J3964,4,FALSE)","v":21420},171360]
[7788,"SOLIDOS SEDIMENTABLES. ",null,null,null,"SOLIDOS SEDIMENTABLES. Norma técnica: SM 2540 F.","MUEST",8,8,{"$f":"VLOOKUP(A83,'Listado Ins Ana'!G30:J3964,4,FALSE)","v":18862},150896]
[7786,"SOLIDOS DISULETOS TOTALES.",null,null,null,"SOLIDOS DISUELTOS TOTALES. Norma técnica: SM 2540 C.","MUEST",8,8,{"$f":"VLOOKUP(A84,'Listado Ins Ana'!G31:J3964,4,FALSE)","v":21420},171360]
[7784,"GRASAS Y ACEITES. ",null,null,null,"GRASAS Y ACEITES. Norma técnica: SM 5520 B.","MUEST",8,8,{"$f":"VLOOKUP(A85,'Listado Ins Ana'!G32:J3964,4,FALSE)","v":42840},342720]
[7800,"TEMPERATURA. ",null,null,null,"PARÁMETRO - MONITOREO CALIDAD DEL AGUA SUPERFICIAL. INCLUYE TOMA MUESTRA, ANÁLISIS, INFORME Y COSTOS OPERATIVOS (TRANSPORTES Y PERSONAL).","MUEST",8,8,{"$f":"VLOOKUP(A86,'Listado Ins Ana'!G33:J3964,4,FALSE)","v":2618},20944]
[7783,"TURBIEDAD.",null,null,null,"TURBIEDAD, MÉTODO NEFELOMÉTRICO. Norma técnica: SM 2130 B.","MUEST",8,8,{"$f":"VLOOKUP(A87,'Listado Ins Ana'!G34:J3964,4,FALSE)","v":6466},{"$f":"+I87*J87","v":51728}]
["TOTAL",null,null,null,null,null,null,null,null,null,{"$f":"SUM(K77:K87)","v":3808800}]
[]
["COMPONENTE C. MANEJO DE LA VEGETACIÓN Y PAISAJE"]
["FICHA C.2: Manejo del arbolado"]
["COD. IDU","ITEM",null,null,null,"ESPECIFICACIÓN","UN","CANTIDAD","TOTAL","PRECIO","PRECIO TOTAL "]
[9030,"EVALUACION Y SEGUIMIENTO SILVICULTURAL",null,null,null,"EVALUACION PARA TRATAMIENTOS A LA VEGETACION DE LA SDA . CANTIDAD 500 - 999 ARBOLES (SEGUN RESOLUCION SDA No. 5589 DEL 30/09/11)","UN",1,{"$f":"+H93","v":1},{"$f":"VLOOKUP(A93,'Listado Ins Ana'!G40:J3964,4,FALSE)","v":852000},{"$f":"+I93*J93","v":852000}]
[9031,"EVALUACION Y SEGUIMIENTO SILVICULTURAL",null,null,null,"SEGUIMIENTO PARA TRATAMIENTOS A LA VEGETACION DE LA . CANTIDAD 500 - 999 ARBOLES (SEGUN RESOLUCION SDA No. 5589 DEL 30/09/2011)","UN",1,{"$f":"+H94","v":1},{"$f":"VLOOKUP(A94,'Listado Ins Ana'!G41:J3964,4,FALSE)","v":1935000},1935000]
[3699,"EVALUACION Y SEGUIMIENTO SILVICULTURAL",null,null,null,"TALA DE ARBOLES CLASE I (H<5M. INCLUYE DESENRAÍCE, RETIRO Y DISPOSICIÓN FINAL)","UN",10,10,145400,{"$f":"+I95*J95","v":1454000}]
[7820,"EVALUACION Y SEGUIMIENTO SILVICULTURAL",null,null,null,"PROTECCIÓN A ÁRBOLES (INCLUYE SUMINISTRO Y COLOCACIÓN DE DURMIENTES DE 2.90M X 0.04M X 0.04M Y POLISOMBRA AL 47% DE TAL MANERA QUE GARANTICE LA PROTECCIÓN AL INDIVIDUO VEGETAL.","UN",10,10,19533,195330]
[11922,"EVALUACION Y SEGUIMIENTO SILVICULTURAL",null,null,null,"PODA DE ESPECÍMENES MAYORES A 5M (Incluye mano de obra)","UN",10,10,{"$f":"VLOOKUP(A97,'Listado Ins Ana'!G44:J3964,4,FALSE)","v":120000},{"$f":"+I97*J97","v":1200000}]
[7723,"EVALUACION Y SEGUIMIENTO SILVICULTURAL",null,null,null,"BLOQUEO Y TRANSPLANTE DE ARBOLES DE 1-5mt (Incluye transporte, recolección)","UN",2,2,{"$f":"VLOOKUP(A98,'Listado Ins Ana'!G45:J3964,4,FALSE)","v":1000000},{"$f":"+I98*J98","v":2000000}]
[9008,"COMPENSACIÓN FORESTAL",null,null,null,"VALOR IVP POR TALA DE INDIVIDUOS VEGETALES NO INCLUIDOS EN EL MANUAL DE SILVICULTURA URBANA CON ALTURA < 5m SEGUN RESOLUCION 7132 DEL 30/12/2011 DE LA SDA","UN",5,5,988385,{"$f":"+I99*J99","v":4941925}]
[9009,"COMPENSACIÓN FORESTAL",null,null,null,"VALOR IVP POR TALA DE INDIVIDUOS VEGETALES NO INCLUIDOS EN EL MANUAL DE SILVICULTURA URBANA CON ALTURA > 5m SEGUN RESOLUCION 7132 DEL 30/12/2011 DE LA SDA","UN",5,5,1033812,{"$f":"+I100*J100","v":5169060}]
[6086,"SIGAU",null,null,null,"ACTUALIZACION DE SISTEMA DE GESTION DEL ARBOLADO URBANO UBICADO EN TERRENO. SIGAU POR ARBOL PARA TALA, BLOQUEO Y TRASLADO","UN",22,22,11179,245938]
[6087,"SIGAU",null,null,null,"ACTUALIZACION DE SISTEMA DE GESTION DEL ARBOLADO URBANO UBICADO EN TERRENO. SIGAU POR ARBOL PARA PLANTACION","UN",76,76,{"$f":"VLOOKUP(A102,'Listado Ins Ana'!G49:J3964,4,FALSE)","v":55053},4184028]
["TOTAL",null,null,null,null,null,null,null,null,null,{"$f":"SUM(K93:K102)","v":22177281}]
["FICHA C.3: PLANTACIÓN Y MANTENIMIENTO"]
["COD. IDU","ITEM",null,null,null,"ESPECIFICACIÓN","UN","CANTIDAD","TOTAL","PRECIO","PRECIO TOTAL "]
[5036,"DISEÑO PAISAJISTICO",null,null,null,"GUAYACAN H=1.5MT (INCLUYE TIERRA, ABONO, TUTOR, TRANSPORTE Y DISPOSICIÓN FINAL DE ESCOMBROS A 28 KM). SUMINISTRO Y PLANTACION.","UN",13,{"$f":"+H106","v":13},195944,{"$f":"+I106*J106","v":2547272}]
[8094,"DISEÑO PAISAJISTICO",null,null,null,"PINO ROMERON H=1.5M (INCLUYE EXCAVACIÓN MANUAL, SIEMBRA, CAJA, TIERRA, ABONO, TUTOR, TRANSPORTE Y DISPOSICIÓN FINAL DE ESCOMBROS EN SITIO AUTORIZADO A 28 KM). SUMINISTRO Y PLANTACIÓN.","UN",3,{"$f":"+H107","v":3},{"$f":"VLOOKUP(A107,'Listado Ins Ana'!G54:J3964,4,FALSE)","v":128500},385500]
[4798,"DISEÑO PAISAJISTICO",null,null,null,"CHICALA H=1.5MT (INCLUYE SIEMBRA, CAJA, TIERRA, ABONO, TUTOR, TRANSPORTE Y DISPOSICIÓN FINAL DE ESCOMBROS 28 KM). SUMINISTRO Y PLANTACION.","UN",29,29,155444,4507876]
[5037,"DISEÑO PAISAJISTICO",null,null,null,"ARRAYAN H=1.3MT (INCLUYE TIERRA, ABONO, TUTOR, TRANSPORTE Y DISPOSICIÓN FINAL DE ESCOMBROS A 28 KM). SUMINISTRO Y PLANTACION.","UN",15,15,122944,1844160]
[8991,"DISEÑO PAISAJISTICO",null,null,null,"Proyecto Intersección a Desnivel Autopista Sur (NQS) con Av. Bosa: ROBLE AUSTRALIANO H=1.5 (Incluye siembra, tierra, abono, transporte y tutor)","UN",7,7,119657,837599]
["NA","DISEÑO PAISAJISTICO",null,null,null,"CALISTEMO LLORÓN H= 1.5 mt. INCLUYE SIEMBRA, CAJA, TIERRA, ABONO Y TUTOR","UN",9,9,20000,180000]
[7953,"DISEÑO PAISAJISTICO",null,null,null,"PASTO KIKUYO CORTADO A MÁQUINA (INCLUYE SUMINISTRO Y RIEGO DE TIERRA FERTIL DE 10 cm DE ESPESOR E INSTALACIÓN Y SIEMBRA DE PASTO Y SALADO Y NIVELACIÓN","M2",4577.51,4577.51,{"$f":"VLOOKUP(A112,'Listado Ins Ana'!G59:J3964,4,FALSE)","v":9585},43875433.350000001]
[7229,"DISEÑO PAISAJISTICO",null,null,null,"TIERRA NEGRA","M3",1916.17,1916.17,{"$f":"VLOOKUP(A113,'Listado Ins Ana'!G60:J3964,4,FALSE)","v":42000},80479140]
[10421,"DISEÑO PAISAJISTICO",null,null,null,"HIEDRA MIAMI (12 Unidades por m2)","M2",528,{"$f":"+H114","v":528},{"$f":"VLOOKUP(A114,'Listado Ins Ana'!G61:J3964,4,FALSE)","v":14000},7392000]
[10825,"DISEÑO PAISAJISTICO",null,null,null,"ESPECIES DE JARDINERÍA PORTE BAJO (CINTAS)","M2",4073,{"$f":"+H115","v":4073},{"$f":"VLOOKUP(A115,'Listado Ins Ana'!G62:J3964,4,FALSE)","v":2000},8146000]
[7715,"DISEÑO PAISAJISTICO",null,null,null,"COLA DE ZORRO (Suministro y plantación, incluye tierra negra , transporte y disposición final de escombros)","M2",1981,1981,{"$f":"VLOOKUP(A116,'Listado Ins Ana'!G63:J3964,4,FALSE)","v":55000},108955000]
["NP4","DISEÑO PAISAJISTICO",null,null,null,"Especie Jardinera Porte Alto - Agapanto (Agapanthus orientalis)","UN",1226,1226,2500,3065000]
["NP5","DISEÑO PAISAJISTICO",null,null,null,"Especie Jardinera Porte Medio Ajo Ornamental (Allium spp.)","UN",1246,1246,2000,2492000]
["NP6","DISEÑO PAISAJISTICO",null,null,null,"Especie Jardinera Porte Medio BELLAHELENA(Impatiens spp.)","UN",{"$f":"2799+871","v":3670},3670,1500,5505000]
["NP7","DISEÑO PAISAJISTICO",null,null,null,"Especie Jardinera Porte Alto Dietes (Moraea vegeta)","UN",948,948,5000,4740000]
["NP8","DISEÑO PAISAJISTICO",null,null,null,"Especie Jardinera Porte Alto AYER,\nHOY Y MAÑANA (Brunfelsia australis)","UN",3,3,12000,36000]
["NP9","DISEÑO PAISAJISTICO",null,null,null,"Especie Jardinera Porte Bajo Manto de Maria (Solanum laxum)","UN",732,732,2000,1464000]
["NP10","DISEÑO PAISAJISTICO",null,null,null,"Especie Jardinera Porte  Bajo Begonia de Invierno (Bergenia crassifolia)","UN",490,490,2500,1225000]
["NP11","DISEÑO PAISAJISTICO",null,null,null,"Especie Jardinera Porte Medio Incienso (Plectranthus glabratus)","UN",341,341,1500,511500]
["NP12","DISEÑO PAISAJISTICO",null,null,null,"Especie Jardinera Porte Bajo Escarcha (Mesembryanthemum cordifolium)","UN",511,511,1500,766500]
["NP13","DISEÑO PAISAJISTICO",null,null,null,"Especie Jardinera Porte Bajo Bella de las Once (Lampranthus spectabillis)","UN",427,427,1500,640500]
["NP","Riego cespedón instalado",null,null,null,"Riego cespedon instalado (12L/m2)","M2",{"$f":"+ROUNDUP(184.29,0)","v":185},{"$f":"+(H127*10)+(H127*12)","v":4070},500,2035000]
["NP","cespedón instalado",null,null,null,"Riego cespedon instalado (12L/m2)","M2",{"$f":"+ROUNDUP(184.29,0)","v":185},{"$f":"+(H128*10)+(H128*12)","v":4070},500,2035000]
["TOTAL",null,null,null,null,null,null,null,null,null,{"$f":"SUM(K106:K128)","v":283665480.35000002}]
[]
["COMPONENTE. MANEJO FAUNA"]
["COD. IDU","ITEM",null,null,null,"ESPECIFICACIÓN","UN","CANTIDAD","TOTAL","PRECIO","PRECIO TOTAL "]
["NP14","HERRAMIENTAS MANEJO FAUNA",null,null,null,"Sin especificación","UN",2,{"$f":"+H133","v":2},180000,{"$f":"+I133*J133","v":360000}]
["NP15","FUNDAS PARA MANEJO DE HERPETOFAUNA",null,null,null,"Sin especificación","UN",2,{"$f":"+H134","v":2},150000,300000]
["NP16","BAJA RAMAS PARA EL MANEJO DE AVES Y NIDOS",null,null,null,"Sin especificación","UN",2,2,220000,440000]
["NP17","CAJAS PARA TRANSPORTE DE NIDOS",null,null,null,"Sin especificación","UN",2,2,80000,160000]
[7993,"CARPA PARA RESCATE DE FAUNA",null,null,null,"CARPA VESTIER 2.0m x 2.0m TECHO Y ESTRUCTURA CON LATERALES EN LONA","UN",2,2,963900,1927800]
["NP18","SILLAS",null,null,null,"Sin especificación","UN",2,2,120000,240000]
["NP19","RED PARA MANEJO DE NIDOS",null,null,null,"Sin especificación","UN",2,2,500000,1000000]
[11816,"GUACALES",null,null,null,"GUACAL PARA TRASLADO DE FAUNA","UN",2,2,{"$f":"VLOOKUP(A140,'Listado Ins Ana'!G87:J3964,4,FALSE)","v":315772},631544]
[11818,"HERRAMIENTAS AHUYENTAMIENTO ",null,null,null,"ELEMENTOS PARA AHUYENTAMIENTO DE AVIFAUNA","UN",2,2,{"$f":"VLOOKUP(A141,'Listado Ins Ana'!G88:J3964,4,FALSE)","v":1047200},2094400]
["TOTAL",null,null,null,null,null,null,null,null,null,{"$f":"SUM(K133:K141)","v":7153744}]
[]
["COMPONENTE E. SST (DOTACIONES, EPP, EMO)"]
["COD. IDU","ITEM",null,null,null,"ESPECIFICACIÓN","UN","CANTIDAD","TOTAL","PRECIO","PRECIO TOTAL "]
[7569,"BOTIQUIN PRIMEROS AUXILIOS CON MEDICAMENTOS DE 22CM X 27CM",null,null,null,"BOTIQUIN PRIMEROS AUXILIOS CON MEDICAMENTOS DE 22CM X 27CM","UN",4,{"$f":"+H146","v":4},51308,{"$f":"+I146*J146","v":205232}]
[7570,"CAMILLA MADERA PRIMEROS AUXILIOS INMOVILIZADOR CABEZA",null,null,null,"CAMILLA EN MADERA NUEVA 0.70 x 1.4MT","DIA",4,{"$f":"+H147*4","v":16},1757998,{"$f":"+I147*J147","v":28127968}]
[7819,"EXTINTOR POLVO QUIMICO SECO DE 20LB TIPO ABC METALICO CON GANCHO Y AVISO",null,null,null,"EXTINTOR POLVO QUIMICO SECO DE 20LB TIPO ABC METALICO CON GANCHO Y AVISO","UN",9,{"$f":"+H148","v":9},82185,{"$f":"+I148*J148","v":739665}]
[7822,"BOTA CUERO LISA NEGRA SEGURIDAD PUNTERA DE ACERO",null,null,null,"BOTA CUERO LISA NEGRA SEGURIDAD PUNTERA DE ACERO","PAR",313,{"$f":"+H149","v":313},60216,{"$f":"+I149*J149","v":18847608}]
[7823,"BOTA DE CAUCHO, CINTA AMARILLA, PUNTERA Y PLANTILLA EN ACERO",null,null,null,"BOTA DE CAUCHO, CINTA AMARILLA, PUNTERA Y PLANTILLA EN ACERO","PAR",604,{"$f":"+H150","v":604},112415,{"$f":"+I150*J150","v":67898660}]
[7827,"PROTECTOR AUDITIVO TIPO TAPON INSERCION EN SILICONA CON CORDEL EN ESTUCHE 25DB",null,null,null,"PROTECTOR AUDITIVO TIPO TAPON INSERCION EN SILICONA CON CORDEL EN ESTUCHE","PAR",4116,{"$f":"+H151","v":4116},2142,8816472]
[7583,"PROTECTOR AUDITIVO TIPO COPA",null,null,null,"PROTECTOR AUDITIVO TIPO COPA","UN",150,150,20690,{"$f":"+I152*J152","v":3103500}]
[7528,"MASCARILLA DESECHABLE CONTRA POLVOS Y PARTICULAS NO TOXICAS",null,null,null,"MASCARILLA DESECHABLE CONTRA POLVOS Y PARTICULAS NO TOXICAS","UN",3000,{"$f":"+H153*4","v":12000},1300,{"$f":"+I153*J153","v":15600000}]
[7851,"RESPIRADOR PARA GASES DOBLE SIN CARTUCHO",null,null,null,"RESPIRADOR PARA GASES DOBLE SIN CARTUCHO","UN",150,150,28000,{"$f":"+I154*J154","v":4200000}]
[9289,"FILTRO CONTRA POLVO PARA RESPIRADORES",null,null,null,"FILTRO CONTRA POLVO PARA RESPIRADORES","UN",300,300,1904,{"$f":"+I155*J155","v":571200}]
[7580,"CASCO DE SEGURIDAD DIELECTRICO",null,null,null,"CASCO DE SEGURIDAD DIELECTRICO","UN",210,210,14250,{"$f":"+I156*J156","v":2992500}]
[7832,"BARBUQUEJO EN REATA CON MENTONERA CON TRES APOYOS PARA CASCO",null,null,null,"BARBUQUEJO EN REATA CON MENTONERA CON TRES APOYOS PARA CASCO","UN",300,300,4590,{"$f":"+I157*J157","v":1377000}]
[7577,"GAFAS DE SEGURIDAD",null,null,null,"GAFAS DE SEGURIDAD","UN",450,450,5230,{"$f":"+I158*J158","v":2353500}]
[7836,"ARNES MULTIPROPOSITO CON ESLINGA - 4 ANILLOS - PARA RESTRICCION Y DETENCION DE CAIDAS CON ESLINGA",null,null,null,"ARNES MULTIPROPOSITO CON ESLINGA - 4 ANILLOS - PARA RESTRICCION Y DETENCION DE CAIDAS CON PUNTO FIJO","UN",30,30,135641,4069230]
[9286,"OVEROL EN DRILL DOS PIEZAS, CAMISA Y PANTALÓN",null,null,null,"OVEROL EN DRILL DOS PIEZAS, CAMISA Y PANTALÓN","UN",80,{"$f":"+H160","v":80},50575,4046000]
[7839,"OVEROL IMPERMEABLE INDUSTRIAL AMARILLO 2 PIEZAS CON CAPUCHA",null,null,null,"OVEROL IMPERMEABLE INDUSTRIAL AMARILLO 2 PIEZAS CON CAPUCHA","UN",80,{"$f":"+H161","v":80},37997,3039760]
[7846,"GUANTE CARNAZA REFORZADO EN CARNAZA LARGO",null,null,null,"GUANTE CARNAZA REFORZADO EN CARNAZA LARGO","PAR",300,{"$f":"+H162","v":300},9990,{"$f":"+I162*J162","v":2997000}]
[7578,"GUANTES DE VAQUETA",null,null,null,"GUANTES DE VAQUETA","UN",1200,1200,9890,{"$f":"+I163*J163","v":11868000}]
[9283,"GUANTE CAUCHO NEGRO CORRUGADO CALIBRE 35",null,null,null,"GUANTE CAUCHO NEGRO CORRUGADO CALIBRE 35","PAR",300,300,4811,{"$f":"+I164*J164","v":1443300}]
[7844,"GUANTE NITRILO 13\" RESISTENTE CONTRA QUIMICOS COMBUSTIBLES SOLVENTES GRASAS",null,null,null,"GUANTE NITRILO 13\" RESISTENTE CONTRA QUIMICOS COMBUSTIBLES SOLVENTES GRASAS","PAR",90,90,7158,{"$f":"+I165*J165","v":644220}]
[7904,"EXÁMEN MÉDICO OCUPACIONAL DE INGRESO O RETIRO",null,null,null,"EXÁMEN MÉDICO OCUPACIONAL DE INGRESO O RETIRO","UN",200,200,25000,{"$f":"+I166*J166","v":5000000}]
[7906,"EXAMEN DE AUDIOMETRÍA DE INGRESO O EGRESO",null,null,null,"EXAMEN DE AUDIOMETRÍA DE INGRESO O EGRESO","UN",200,200,18000,{"$f":"+I167*J167","v":3600000}]
[7908,"EXAMEN DE OPTOMETRÍA DE INGRESO O EGRESO",null,null,null,"EXAMEN DE OPTOMETRÍA DE INGRESO O EGRESO","UN",200,200,18000,{"$f":"+I168*J168","v":3600000}]
[7910,"EXAMEN DE ESPIROMETRÍA DE INGRESO O EGRESO",null,null,null,"EXAMEN DE ESPIROMETRÍA DE INGRESO O EGRESO","UN",200,200,16000,3200000]
["TOTAL",null,null,null,null,null,null,null,null,null,{"$f":"SUM(K146:K169)","v":198340815}]
[]
["COMPONENTE F. PLAN DE SEÑALIZACIÓN"]
["COD. IDU","ITEM",null,null,null,"ESPECIFICACIÓN","UN","CANTIDAD","TOTAL","PRECIO","PRECIO TOTAL "]
[7554,"SEÑALIZADOR TUBULAR REFLECTIVO (COLOMBINA)",null,null,null,"SEÑALIZACION TUBULAR COLOMBINA PLASTICA","Un",150,{"$f":"+H174","v":150},27370,{"$f":"+I174*J174","v":4105500}]
[7850,"CINTA DE DEMARCACION",null,null,null,"CINTA PARA SEÑALIZACION DE 500MT X 4\" PELIGRO CALIBRE 3.5","UN",30,30,19798,{"$f":"+I175*J175","v":593940}]
["NP20","SEÑALES DE CAMPAMENTO Y FRENTES DE OBRA",null,null,null,"SEÑALIZACIÓN SISO EN LÁMINA POLÍMERO SEMIRÍGIDO 0.7mm Y FOTOLUMINISCENTE DE 150/20 MILICANALES (32 HORAS DE LUMINOSIDAD)","UN",90,90,13900,{"$f":"+I176*J176","v":1251000}]
["TOTAL",null,null,null,null,null,null,null,null,null,{"$f":"SUM(K174:K176)","v":5950440}]
[]
[]
[null,null,"TOTAL COMPONENTE A",null,null,null,null,null,null,null,{"$f":"+M17","v":1956385299.7980001}]
[null,null,"TOTAL COMPONENTE B",null,null,null,null,null,null,null,{"$f":"+K37+K50+K57+K72+K88","v":513888682}]
[null,null,"TOTAL COMPONENTE C",null,null,null,null,null,null,null,{"$f":"+K103+K129","v":305842761.35000002}]
[null,null,"TOTAL COMPONENTE FAUNA D",null,null,null,null,null,null,null,{"$f":"+K142","v":7153744}]
[null,null,"TOTAL COMPONENTE SST DOTACIONES, EPP, EXAMENES MEDICOS OCUPACIONALES E",null,null,null,null,null,null,null,{"$f":"+K170","v":198340815}]
[null,null,"TOTAL COMPONENTE SEÑALIZACION SST F",null,null,null,null,null,null,null,{"$f":"+K177","v":5950440}]
[null,null,"TOTAL AMBIENTAL Y SST",null,null,null,null,null,null,null,{"$f":"SUM(K180:K185)","v":2987561742.1480002}]
[null,null,"**AIU",null,null,null,null,null,null,null,0.18463000000000002]
[null,null,null,null,null,null,null,null,null,null,{"$f":"+K186*K187","v":551593524.45278537}]
[null,null,"TOTAL AMBIENTAL Y SST",null,null,null,null,null,null,null,{"$f":"+K188+K186","v":3539155266.6007857}]
[]
[null,null,"** De acuerdo con el presupuesto oficial"]

{"sheet":"BIOSEGURIDAD","index":10,"n_rows":46,"n_cols":24,"rows_kept":46,"cut":false,"hidden":false,"merged":[[18,3,18,6],[19,3,19,6],[17,3,17,6],[11,2,11,17],[20,3,20,6],[21,3,21,6],[29,3,29,6],[22,3,22,6],[23,3,23,6],[25,3,25,6],[26,3,26,6],[1,2,1,4],[1,6,1,12],[7,2,8,4],[7,5,8,17],[10,2,10,17],[1,13,1,14],[1,15,6,17],[2,2,2,4],[2,6,2,12],[2,13,2,14],[3,2,3,14],[4,2,4,14],[5,2,5,14],[6,2,6,14],[33,3,33,6],[35,3,35,6],[30,3,30,6],[32,3,32,6],[27,3,27,6],[28,3,28,6],[38,3,38,6],[39,7,39,15],[39,16,39,17],[36,3,36,6],[37,3,37,6],[40,7,40,12],[40,13,40,15],[40,16,40,17],[43,7,43,15],[43,16,43,17],[41,7,41,15],[41,16,41,17]]}
[]
[null,null,"FORMATO",null,null,"CÓDIGO","PROCESO",null,null,null,null,null,null,"VERSIÓN"]
[null,null,null,null,null,null,"Proyectos"]
[null,null,{"$f":"'DATOS ENTRADA'!$C$2","v":"INSTITUTO DE DESARROLLO URBANO"}]
[null,null,{"$f":"'DATOS ENTRADA'!$C$3","v":"SUBDIRECCIÓN GENERAL DE DESARROLLO URBANO"}]
[null,null,{"$f":"'DATOS ENTRADA'!$C$4","v":"DIRECCIÓN TÉCNICA DE PROYECTOS"}]
[null,null,""]
[null,null,{"$f":"'DATOS ENTRADA'!B7","v":"OBJETO DE LA CONTRATACIÓN:"},null,null,{"$f":"'DATOS ENTRADA'!$C$7","v":"\"ACTUALIZACIÓN, AJUSTES Y COMPLEMENTACIÓN DE LA FACTIBILIDAD Y ESTUDIOS Y DISEÑOS DEL CABLE AÉREO EN SAN CRISTÓBAL, EN BOGOTÁ D.C.\""}]
[]
[]
[null,null,"IMPLEMENTACIÓN DE MEDIDAS DE BIOSEGURIDAD"]
[]
[null,null,null,null,null,null,"PLAZO BIOSEGURIDAD PRELIMINARES",{"$f":"'DATOS ENTRADA'!C14","v":6.33},"MESES"]
[null,null,null,null,null,null,"PLAZO BIOSEGURIDAD OBRA:",4,"MESES",null,null,null,null,null,null,null,null,null,null,"Si inicia en septiembre, los 2 1ros meses son de preliminares y bioseguridad solo hasta xxMESxx por eso es 4 meses el plazo de bioseguridad."]
[]
[null,null,"ÍTEMS",null,null,null,null,"UN.","CANTIDAD MES","CANTIDAD ESTIMADA PERSONAL - PRELIMINARES\n(UND-10 PERSONAS)","CANTIDAD ESTIMADA PERSONAL - OBRA\n(UND-10 PERSONAS)","MES\nPRELIMINARES","MES\nOBRA","VALOR UNITARIO (INCLUYE IVA)",null,null,"VALOR TOTAL",null,null,null,null,"PERSONAL EYD / PRELIMINARES","PERSONAL OBRA\nAIU+CUADRILLAS","PERSONAL APOYO OBRA\nPALET-BOAL / PMA-PGS-PMT"]
[null,"CÓD. IDU",null,"ELEMENTOS PARA LIMPIEZA Y DESINFECCIÓN",null,null,null,null,null,null,null,null,null,null,null,null,null,null,null,"TOTAL PERSONAL PRELIMIN","TOTAL PERSONAL OBRA","PERS/MES","PERS/MES","PERS/MES"]
[null,8964,1.01,{"$f":"VLOOKUP(B18,'Listado Ins Ana'!$G$3966:$J$7715,2,FALSE)","v":"PAQUETE DE ELEMENTOS PARA LIMPIEZA Y DESINFECCIÓN PARA 10 TRABAJADORES EN OBRA (INCLUYE ALCOHOL, TOALLAS DE PAPEL, JABON LIQUIDO, GEL ANTIBACTERIAL, SUMINISTRO AGUA PARA EL LAVAMANOS)"},null,null,null,{"$f":"VLOOKUP(B18,'Listado Ins Ana'!$G$3966:$J$7715,3,FALSE)","v":"UN/MES"},1,{"$f":"ROUND($T$18/10,1)","v":6.5},{"$f":"ROUND($U$18/10,1)","v":36.4},{"$f":"$H$13","v":6.33},{"$f":"$H$14","v":4},{"$f":"VLOOKUP(B18,'Listado Ins Ana'!$G$3966:$J$7715,4,FALSE)","v":417536},null,null,{"$f":"+ROUND((I18*J18*L18*N18)+(I18*K18*M18*N18),0)","v":77972760},null,null,{"$f":"V18","v":65.300000000000011},{"$f":"SUM(W18:X18)","v":364.38559999999995},{"$f":"PRELIMINARES!M68+'DIALOGO CYC'!O25+PMT!N39","v":65.300000000000011},{"$f":"AIU!O53+(3*6)","v":43.45},{"$f":"'AMBIENTAL Y SST'!P17+'DIALOGO CYC'!O38+PMT!N39","v":320.93559999999997}]
[null,8965,{"$f":"C18+0.01","v":1.02},{"$f":"VLOOKUP(B19,'Listado Ins Ana'!$G$3966:$J$7715,2,FALSE)","v":"RECOLECCION, TRANSPORTE Y DISPOSICION DE RESIDUOS LÍQUIDOS PROVENIENTES DE LAVAMANOS PORTATILES. (INCLUYE EQUIPO DE SUCCIÓN)"},null,null,null,{"$f":"VLOOKUP(B19,'Listado Ins Ana'!$G$3966:$J$7715,3,FALSE)","v":"M3"},{"$f":"ROUND(0.4*6,1)","v":2.4},"N.A",36.4,"N.A",4,{"$f":"VLOOKUP(B19,'Listado Ins Ana'!$G$3966:$J$7715,4,FALSE)","v":297500},null,null,{"$f":"+ROUND(I19*K19*M19*N19,0)","v":103958400},null,null,null,null,{"$f":"20.55+2.8+4.3+4.875","v":32.525000000000006}]
[null,8960,1.03,{"$f":"VLOOKUP(B20,'Listado Ins Ana'!$G$3966:$J$7715,2,FALSE)","v":"ALQUILER DE LAVAMANOS PORTATIL DE PEDAL TIPO MANOS LIBRES"},null,null,null,{"$f":"VLOOKUP(B20,'Listado Ins Ana'!$G$3966:$J$7715,3,FALSE)","v":"UN/MES"},1,"N.A",36.4,"N.A",4,{"$f":"VLOOKUP(B20,'Listado Ins Ana'!$G$3966:$J$7715,4,FALSE)","v":70868},null,null,{"$f":"+ROUND(I20*K20*M20*N20,0)","v":10318381}]
[null,8962,1.04,{"$f":"VLOOKUP(B21,'Listado Ins Ana'!$G$3966:$J$7715,2,FALSE)","v":"ALQUILER DE DISPENSADOR DE JABÓN LÍQUIDO O GEL ANTIBACTERIAL - ALCOHOL, CON PEDAL METÁLICO"},null,null,null,{"$f":"VLOOKUP(B21,'Listado Ins Ana'!$G$3966:$J$7715,3,FALSE)","v":"UN/MES"},1,{"$f":"ROUND($T$18/10,1)","v":6.5},36.4,{"$f":"$H$13","v":6.33},4,{"$f":"VLOOKUP(B21,'Listado Ins Ana'!$G$3966:$J$7715,4,FALSE)","v":6995},null,null,{"$f":"+ROUND((I21*J21*L21*N21)+(I21*K21*M21*N21),0)","v":1306281}]
[null,8963,1.05,{"$f":"VLOOKUP(B22,'Listado Ins Ana'!$G$3966:$J$7715,2,FALSE)","v":"ALQUILER DE DISPENSADOR PLÁSTICO DE TOALLAS DE PAPEL"},null,null,null,{"$f":"VLOOKUP(B22,'Listado Ins Ana'!$G$3966:$J$7715,3,FALSE)","v":"UN/MES"},1,{"$f":"ROUND($T$18/10,1)","v":6.5},36.4,{"$f":"$H$13","v":6.33},4,{"$f":"VLOOKUP(B22,'Listado Ins Ana'!$G$3966:$J$7715,4,FALSE)","v":3143},null,null,{"$f":"+ROUND((I22*J22*L22*N22)+(I22*K22*M22*N22),0)","v":586940}]
[null,8775,1.06,{"$f":"VLOOKUP(B23,'Listado Ins Ana'!$G$3966:$J$7715,2,FALSE)","v":"ALQUILER DE FUMIGADORA DE ESPALDA. ASPERSOR BOMBA MANUAL 20 LITROS. DESINFECCIÓN_ (Según Apéndice Bioseguridad Covid 19) INCLUYE MEZCLA AGUA-HIPOCLORITO 20 mml/LITRO"},null,null,null,{"$f":"VLOOKUP(B23,'Listado Ins Ana'!$G$3966:$J$7715,3,FALSE)","v":"UN/MES"},1,"N.A",36.4,"N.A",4,{"$f":"VLOOKUP(B23,'Listado Ins Ana'!$G$3966:$J$7715,4,FALSE)","v":44360},null,null,{"$f":"+ROUND(I23*K23*M23*N23,0)","v":6458816},null,null,null,null,null,null,{"$f":"31/850","v":3.6470588235294116E-2}]
[null,9280,1.07,{"$f":"VLOOKUP(B24,'Listado Ins Ana'!$G$2:$J$3331,2,FALSE)","v":"BOLSA PARA BASURA TIPO INDUSTRIAL NEGRA DE 60 x 90 Cm CALIBRE 2 (PAQUETE DE 30 UNIDADES)"},null,null,null,{"$f":"VLOOKUP(B24,'Listado Ins Ana'!$G$2:$J$3331,3,FALSE)","v":"UN"},1,"N.A",36.4,"N.A",4,{"$f":"VLOOKUP(B24,'Listado Ins Ana'!$G$2:$J$3331,4,FALSE)","v":14138},null,null,{"$f":"+ROUND(I24*K24*M24*N24,0)","v":2058493}]
[null,null,null,"PUNTO DE CONTROL DE OBRA"]
[null,8765,{"$f":"C20+0.01","v":1.04},{"$f":"VLOOKUP(B26,'Listado Ins Ana'!$G$3966:$J$7715,2,FALSE)","v":"ALQUILER DE MESA PLÁSTICA DE 0.72m x 0.72m x 0.72m_(Según Apéndice Bioseguridad Covid 19)"},null,null,null,{"$f":"VLOOKUP(B26,'Listado Ins Ana'!$G$3966:$J$7715,3,FALSE)","v":"UN/MES"},1,"N.A","N.A",{"$f":"$H$13","v":6.33},{"$f":"$H$14","v":4},{"$f":"VLOOKUP(B26,'Listado Ins Ana'!$G$3966:$J$7715,4,FALSE)","v":4872},null,null,{"$f":"+ROUND(I26*L26*N26+I26*M26*N26,0)","v":50328}]
[null,8961,{"$f":"C26+0.01","v":1.05},{"$f":"VLOOKUP(B27,'Listado Ins Ana'!$G$3966:$J$7715,2,FALSE)","v":"ALQUILER DE TERMOMETRO DIGITAL, INFRAROJO PARA USO EN HUMANOS, LIBRE DE CONTACTO, IMPERMEABLE. (INCLUYE CALIBRACION)"},null,null,null,{"$f":"VLOOKUP(B27,'Listado Ins Ana'!$G$3966:$J$7715,3,FALSE)","v":"UN/MES"},1,"N.A","N.A",6.33,4,{"$f":"VLOOKUP(B27,'Listado Ins Ana'!$G$3966:$J$7715,4,FALSE)","v":37536},null,null,{"$f":"+ROUND(I27*L27*N27+I27*M27*N27,0)","v":387747}]
[null,4934,{"$f":"C27+0.01","v":1.06},{"$f":"VLOOKUP(B28,'Listado Ins Ana'!$G$3966:$J$7715,2,FALSE)","v":"ALQUILER CARPA VESTIER 2.0M X 2.0M CON ESTRUCTURA, TECHO Y LATERALES EN LONA."},null,null,null,{"$f":"VLOOKUP(B28,'Listado Ins Ana'!$G$3966:$J$7715,3,FALSE)","v":"UN/MES"},1,"N.A","N.A","N.A",4,{"$f":"VLOOKUP(B28,'Listado Ins Ana'!$G$3966:$J$7715,4,FALSE)","v":80390},null,null,{"$f":"ROUND(I28*M28*N28,0)","v":321560}]
[null,8771,{"$f":"C28+0.01","v":1.07},{"$f":"VLOOKUP(B29,'Listado Ins Ana'!$G$3966:$J$7715,2,FALSE)","v":"ALQUILER CAMILLA EN FIBRA CON ARNÉS - INMOVILIZADOR Y SEÑAL. _(Según Apéndice Bioseguridad Covid 19)"},null,null,null,{"$f":"VLOOKUP(B29,'Listado Ins Ana'!$G$3966:$J$7715,3,FALSE)","v":"UN/MES"},1,"N.A","N.A",6.33,4,{"$f":"VLOOKUP(B29,'Listado Ins Ana'!$G$3966:$J$7715,4,FALSE)","v":12715},null,null,{"$f":"+ROUND(I29*L29*N29+I29*M29*N29,0)","v":131346}]
["N109",8966,{"$f":"C29+0.01","v":1.08},{"$f":"VLOOKUP(B30,'Listado Ins Ana'!$G$3966:$J$7715,2,FALSE)","v":"ALQUILER DE BOTIQUIN TIPO B DOTADO PORTATIL"},null,null,null,{"$f":"VLOOKUP(B30,'Listado Ins Ana'!$G$3966:$J$7715,3,FALSE)","v":"UN/MES"},1,"N.A","N.A",6.33,4,{"$f":"VLOOKUP(B30,'Listado Ins Ana'!$G$3966:$J$7715,4,FALSE)","v":28125},null,null,{"$f":"+ROUND(I30*L30*N30+I30*M30*N30,0)","v":290531}]
[null,6172,{"$f":"C30+0.01","v":1.0900000000000001},{"$f":"VLOOKUP(B31,'Listado Ins Ana'!$G$3966:$J$7715,2,FALSE)","v":"ALQUILER DE SILLA PLÁSTICA SIN BRAZOS"},null,null,null,{"$f":"VLOOKUP(B31,'Listado Ins Ana'!$G$3966:$J$7715,3,FALSE)","v":"UN/MES"},2,"N.A","N.A",6.33,4,{"$f":"VLOOKUP(B31,'Listado Ins Ana'!$G$3966:$J$7715,4,FALSE)","v":1663},null,null,{"$f":"+ROUND(I31*L31*N31+I31*M31*N31,0)","v":34358}]
[null,null,null,"PUNTO DE  AISLAMIENTO"]
[null,4934,{"$f":"C31+0.01","v":1.1000000000000001},{"$f":"VLOOKUP(B33,'Listado Ins Ana'!$G$3966:$J$7715,2,FALSE)","v":"ALQUILER CARPA VESTIER 2.0M X 2.0M CON ESTRUCTURA, TECHO Y LATERALES EN LONA."},null,null,null,{"$f":"VLOOKUP(B33,'Listado Ins Ana'!$G$3966:$J$7715,3,FALSE)","v":"UN/MES"},1,"N.A","N.A","N.A",{"$f":"$H$14","v":4},{"$f":"VLOOKUP(B33,'Listado Ins Ana'!$G$3966:$J$7715,4,FALSE)","v":80390},null,null,{"$f":"ROUND(I33*M33*N33,0)","v":321560}]
[null,6172,{"$f":"C33+0.01","v":1.1100000000000001},{"$f":"VLOOKUP(B34,'Listado Ins Ana'!$G$3966:$J$7715,2,FALSE)","v":"ALQUILER DE SILLA PLÁSTICA SIN BRAZOS"},null,null,null,{"$f":"VLOOKUP(B34,'Listado Ins Ana'!$G$3966:$J$7715,3,FALSE)","v":"UN/MES"},2,"N.A","N.A","N.A",{"$f":"$H$14","v":4},{"$f":"VLOOKUP(B34,'Listado Ins Ana'!$G$3966:$J$7715,4,FALSE)","v":1663},null,null,{"$f":"ROUND(I34*M34*N34,0)","v":13304}]
[null,null,null,"ELEMENTOS DE PROTECCIÓN INDIVIDUAL"]
[null,11450,{"$f":"C34+0.01","v":1.1200000000000001},{"$f":"VLOOKUP(B36,'Listado Ins Ana'!$G$2:$J$3331,2,FALSE)","v":"CHALECO REFLECTIVO EN TELA"},null,null,null,{"$f":"VLOOKUP(B36,'Listado Ins Ana'!$G$2:$J$3331,3,FALSE)","v":"UN"},2,{"$f":"ROUND($T$18/10,1)","v":6.5},{"$f":"ROUND($U$18/10,1)","v":36.4},"N.A","N.A",{"$f":"VLOOKUP(B36,'Listado Ins Ana'!$G$2:$J$3331,4,FALSE)","v":15900},null,null,{"$f":"+ROUND(I36*J36*N36+I36*K36*N36,0)","v":1364220}]
[null,9286,{"$f":"C36+0.01","v":1.1300000000000001},{"$f":"VLOOKUP(B37,'Listado Ins Ana'!$G$2:$J$3331,2,FALSE)","v":"OVEROL EN DRILL DOS PIEZAS, CAMISA Y PANTALÓN"},null,null,null,{"$f":"VLOOKUP(B37,'Listado Ins Ana'!$G$2:$J$3331,3,FALSE)","v":"UN"},8,"N.A",{"$f":"ROUND($U$18/10,1)","v":36.4},"N.A","N.A",{"$f":"VLOOKUP(B37,'Listado Ins Ana'!$G$2:$J$3331,4,FALSE)","v":50575},null,null,{"$f":"+ROUND(I37*K37*N37,0)","v":14727440}]
[null,12039,{"$f":"C37+0.01","v":1.1400000000000001},{"$f":"VLOOKUP(B38,'Listado Ins Ana'!$G$2:$J$3331,2,FALSE)","v":"TAPABOCAS DESECHABLE. (Según Apéndice Bioseguridad Covid 19)_ Exento de IVA de forma temporal"},null,null,null,{"$f":"VLOOKUP(B38,'Listado Ins Ana'!$G$2:$J$3331,3,FALSE)","v":"UN"},{"$f":"300*2","v":600},{"$f":"ROUND($T$18/10,1)","v":6.5},{"$f":"ROUND($U$18/10,1)","v":36.4},{"$f":"$H$13","v":6.33},{"$f":"$H$14","v":4},{"$f":"VLOOKUP(B38,'Listado Ins Ana'!$G$2:$J$3331,4,FALSE)","v":460},null,null,{"$f":"+ROUND(I38*J38*L38*N38+I38*K38*M38*N38,0)","v":51541620},null,null,{"$f":"Q38/Q40","v":0.16094263631096672}]
[null,7579,{"$f":"C38+0.01","v":1.1500000000000001},{"$f":"VLOOKUP(B39,'Listado Ins Ana'!$G$2:$J$3331,2,FALSE)","v":"MASCARILLA DESECHABLE"},null,null,null,{"$f":"VLOOKUP(B39,'Listado Ins Ana'!$G$2:$J$3331,3,FALSE)","v":"UN"},600,{"$f":"ROUND($T$18/10,1)","v":6.5},{"$f":"ROUND($U$18/10,1)","v":36.4},{"$f":"$H$13","v":6.33},{"$f":"$H$14","v":4},{"$f":"VLOOKUP(B39,'Listado Ins Ana'!$G$2:$J$3331,4,FALSE)","v":432},null,null,{"$f":"+ROUND(I39*J39*L39*N39+I39*K39*M39*N39,0)","v":48404304}]
[null,null,null,null,null,null,null,"SUBTOTAL COSTOS DEL PROGRAMA",null,null,null,null,null,null,null,null,{"$f":"SUM(Q18:R39)","v":320248389}]
[null,null,null,null,null,null,null,"COSTOS ADMINISTRATIVOS",null,null,null,null,null,{"$f":"+'AIU AMBIENTAL SST BIOSEG'!M42","v":0.17696999999999999},null,null,{"$f":"ROUND((Q40)*N41,0)","v":56674357}]
[null,null,null,null,null,null,null,"FONDO POR CAMBIO DE VIGENCIA",null,null,null,null,null,null,null,null,{"$f":"U42","v":4540810},null,null,2.5600000000000001E-2,{"$f":"ROUND((Q40+Q41)/17*8*T42,0)","v":4540810}]
[]
[null,null,null,null,null,null,null,"MEDIDAS DE BIOSEGURIDAD",null,null,null,null,null,null,null,null,{"$f":"SUM(Q40:R42)","v":381463556}]
[]
[null,null,null,null,null,null,null,null,null,null,null,null,null,null,null,null,null,{"$f":"Q44","v":381463556}]

{"sheet":"AIU AMBIENTAL SST BIOSEG","index":11,"n_rows":53,"n_cols":14,"rows_kept":53,"cut":false,"hidden":false,"merged":[[43,3,43,11],[44,3,44,11],[30,6,30,7],[31,6,31,7],[7,1,7,11],[32,2,32,10],[33,2,33,11],[36,2,36,11],[40,2,40,11],[27,2,27,3],[27,4,27,5],[27,6,27,7],[27,9,27,10],[12,5,12,7],[9,1,9,3],[9,4,9,7],[31,4,31,5],[30,4,30,5],[10,4,10,7],[1,9,4,11],[1,1,1,8],[2,1,2,8],[3,1,3,8],[4,1,4,8],[9,9,9,11],[10,8,12,11],[5,1,5,2],[5,3,5,11],[8,9,8,11],[12,1,12,3],[8,1,8,3],[11,1,11,3],[11,5,11,7],[8,4,8,7],[14,1,14,11],[15,2,15,11],[10,1,10,3],[28,4,28,5],[26,2,26,11],[29,4,29,5],[16,2,16,3],[16,6,16,7],[16,9,16,10],[17,9,17,10],[18,9,18,10],[28,3,29,3],[29,6,29,7],[29,9,29,10],[50,4,50,5],[52,4,52,5],[48,4,48,5],[49,4,49,5],[19,9,19,10],[28,6,28,7],[28,9,28,10],[20,9,20,10],[21,9,21,10],[22,9,22,10],[23,9,23,10],[24,2,24,10],[30,3,31,3],[31,9,31,10],[30,9,30,10],[45,3,45,11]]}
[]
[null,{"$f":"'DATOS ENTRADA'!$C$2","v":"INSTITUTO DE DESARROLLO URBANO"}]
[null,{"$f":"'DATOS ENTRADA'!$C$3","v":"SUBDIRECCIÓN GENERAL DE DESARROLLO URBANO"}]
[null,{"$f":"'DATOS ENTRADA'!$C$4","v":"DIRECCIÓN TÉCNICA DE PROYECTOS"}]
[null,{"$f":"IF('DATOS ENTRADA'!C5=0,\"\",'DATOS ENTRADA'!C5)","v":""}]
[null,{"$f":"'DATOS ENTRADA'!B7","v":"OBJETO DE LA CONTRATACIÓN:"},null,{"$f":"'DATOS ENTRADA'!$C$7","v":"\"ACTUALIZACIÓN, AJUSTES Y COMPLEMENTACIÓN DE LA FACTIBILIDAD Y ESTUDIOS Y DISEÑOS DEL CABLE AÉREO EN SAN CRISTÓBAL, EN BOGOTÁ D.C.\""}]
[]
[null,"MATRIZ PARA CÁLCULO DE AIU- AMBIENTAL"]
[null,"SUBTOTAL COMPONENTES A+B+C+D+E+F",null,null,{"$f":"+'AMBIENTAL Y SST'!K186","v":2987561742.1480002},null,null,null,"FECHA:",{"$f":"'DATOS ENTRADA'!C11","v":"2022-03-22"}]
[null,"SUBTOTAL COSTOS DIRECTOS BIOSEGURIDAD",null,null,{"$f":"BIOSEGURIDAD!Q40","v":320248389},null,null,null,"CONTRATO No.",{"$f":"IF('DATOS ENTRADA'!C9=0,\"\",'DATOS ENTRADA'!C9)","v":"1630 de 2020"}]
[null,"SUBTOTAL COSTOS FONDO CAMBIO VIGENCIA BIOSEGURIDAD",null,null,{"$f":"BIOSEGURIDAD!Q42","v":4540810}]
[null,"TERMINO ESTIMADO PRELIMINARES",null,null,{"$f":"'DATOS ENTRADA'!C14","v":6.33},"MESES"]
[null,"TERMINO ESTIMADO DE EJECUCIÓN DE OBRA + ENTREGA DE OBRA",null,null,{"$f":"'DATOS ENTRADA'!C15+'DATOS ENTRADA'!C16","v":26},"MESES"]
[]
[null,"3. IMPUESTOS Y GARANTÍAS"]
[null,3.1,"IMPUESTOS"]
[null,"ÍTEM","DESCRIPCIÓN",null,null,null,null,null,null,"IMPUESTO",null,"VALOR ($)"]
[null,{"$f":"B16+0.001","v":3.101},"Contribución Especial (Impuesto de Guerra Ley 1738 DIC18-2014 prorroga 4 años)",null,null,null,null,null,null,{"$f":"AIU!$J69","v":0.05},null,{"$f":"ROUND($E$29*J18,0)","v":182499833}]
[null,{"$f":"B18+0.001","v":3.1019999999999999},"ICA (Ley 14 6jul1983, Res 219 25feb2004)",null,null,null,null,null,null,{"$f":"AIU!$J70","v":6.9000000000000008E-3},null,{"$f":"ROUND($E$29*J19,0)","v":25184977}]
[null,3.1029999999999998,"GMF (Ley 1739 23dic2014 modifica el Estatuto Tributario)",null,null,null,null,null,null,{"$f":"AIU!$J71","v":4.0000000000000001E-3},null,14599987]
[null,3.1039999999999996,"Estampilla Universidad Distrital (Acuerdo 696 de 2017)",null,null,null,null,null,null,{"$f":"AIU!$J72","v":1.0999999999999999E-2},null,40149963]
[null,3.1049999999999995,"Estampilla procultura (Acuerdo 187  20 dic 2005)",null,null,null,null,null,null,{"$f":"AIU!$J73","v":5.0000000000000001E-3},null,18249983]
[null,3.1059999999999994,"Estampilla pro personas Mayores (Acuerdo 645 de 9 de junio de 2016)",null,null,null,null,null,null,{"$f":"AIU!$J74","v":0.02},null,72999933]
[null,3.1069999999999993,"Estampilla Unipedagógica (Dec 584 de 19 dic 2014)",null,null,null,null,null,null,{"$f":"AIU!$J75","v":5.0000000000000001E-3},null,18249983]
[null,null,"SUBTOTAL IMPUESTOS",null,null,null,null,null,null,null,null,{"$f":"SUM(L18:L24)","v":371934659}]
[]
[null,{"$f":"B16+0.1","v":3.2},"GARANTÍAS"]
[null,"ÍTEM","DESCRIPCIÓN",null,"VR. BASE",null,"% ASEGURADO",null,"VIGENCIA AMPARO (MESES)","TASA ASEGURADORA",null,"VALOR ($)",null,"VR. BIOSEG"]
[null,{"$f":"B27+0.001","v":3.2010000000000001},"Cumplimiento","GARANTÍA ÚNICA",{"$f":"ROUND(($E$9*(1+$M$42))+N29,0)","v":3649996663},null,0.3,null,{"$f":"$E$12+$E$13+8","v":40.33},2E-3,null,{"$f":"ROUND((((((E29*G29)*J29)/12)*I29)+2500)*1.19,0)","v":8761635},null,133726119]
[null,{"$f":"B29+0.001","v":3.202},"Salarios y Prestaciones Sociales",null,{"$f":"$E$29","v":3649996663},null,0.1,null,{"$f":"$E$12+$E$13+36","v":68.33},2E-3,null,{"$f":"ROUND((((((E30*G30)*J30)/12)*I30)+2500)*1.19,0)","v":4949493}]
[null,{"$f":"B30+0.001","v":3.2029999999999998},"Predios, labores y Operaciones- Vigencia (Decreto 1082 de 2015 Sección III)","RESPONSABILIDAD CIVIL EXTRACONTRACTUAL",{"$f":"$E$29","v":3649996663},null,{"$f":"AIU!G84","v":0.05},null,{"$f":"$E$12+$E$13","v":32.33},3.0000000000000001E-3,null,{"$f":"ROUND((((((E31*G31)*J31)/12)*I31)+2500)*1.19,0)","v":1758290}]
[null,{"$f":"B31+0.001","v":3.2039999999999997},"Colocación de elemento de publicidad exterior tipo vaya de construcción (Resolución 931 de 2008, numeral 7 del artículo 7)",null,{"$f":"ROUND(AIU!P88*(('AMBIENTAL Y SST'!K189+BIOSEGURIDAD!Q44)/'PPTO GRAL CAPEX CIVIL'!$I$865),0)","v":5125803},null,{"$f":"AIU!G85","v":"100 SMMLV"},null,{"$f":"$E$12+$E$13+3","v":35.33},3.0000000000000001E-3,null,{"$f":"ROUND((((((E32)*J32)/12)*I32)+2500)*1.19,0)","v":56851}]
[null,null,"SUBTOTAL GARANTÍAS",null,null,null,null,null,null,null,null,{"$f":"ROUND(SUM(L29:L32),0)","v":15526269}]
[]
[null,null,"TOTAL IMPUESTOS Y GARANTÍAS",null,null,null,null,null,null,null,null,{"$f":"ROUND(L25+L33,0)","v":387460928}]
[null,null,"TOTAL IMPUESTOS Y GARANTÍAS EN PORCENTAJE DEL COSTO DIRECTO",null,null,null,null,null,null,null,null,{"$f":"ROUND(L35/(E9+E10+E11),5)","v":0.11697}]
[]
[null,null,"A. ADMINISTRACIÓN (1 + 2 + 3)",null,null,null,null,null,null,null,null,{"$f":"L36","v":0.11697},0.12463]
[null,null,"I. IMPREVISTOS ",null,null,null,null,null,null,null,null,{"$f":"AIU!M92","v":0.01}]
[null,null,"U. UTILIDAD",null,null,null,null,null,null,null,null,{"$f":"+AIU!M93","v":0.05}]
[]
[null,null,"A.I.U. (ADMINISTRACIÓN, IMPREVISTOS Y UTILIDAD)",null,null,null,null,null,null,null,null,{"$f":"SUM(L38:L40)","v":0.17697000000000002},0.17696999999999999]
[]
[]
[null,null,"NOTA:","LA EDICIÓN DE LAS FÓRMULAS COMPROMETE LA RESPONSABILIDAD DEL USUARIO DE LA MATRIZ."]
[null,null,"NOTA:","* INCLUYE EN F.P. HORAS EXTRAS."]
[]
[]
[null,null,null,"VR. PMA",{"$f":"#REF!","v":{"$error":"#REF!"}}]
[null,null,null,"VR. BIOSEG",{"$f":"BIOSEGURIDAD!Q44","v":381463556}]
[null,null,null,"TOTAL",{"$f":"E49+E50","v":{"$error":"#REF!"}}]
[]
[null,null,null,null,{"$f":"E51-E29","v":{"$error":"#REF!"}}]

{"sheet":"TABLAS","index":12,"n_rows":109,"n_cols":10,"rows_kept":109,"cut":false,"hidden":true,"merged":[[63,2,63,3],[73,2,74,3],[74,4,76,4],[74,6,76,6],[75,2,76,2],[75,3,76,3],[91,2,91,5],[92,2,93,5],[103,2,103,3],[104,2,105,3],[82,2,82,6],[83,2,84,2],[83,3,84,3],[83,4,83,5]]}
["COD","CARGO","CATEGORÍA","TOPE MÁXIMO SALARIO","FACTOR PRESTACIONAL 2021- SIN EXTRAS","FACTOR PRESTACIONAL 2021 - NOCTURNO"]
[9084,{"$f":"VLOOKUP($A2,'Listado Ins Ana'!$G$2:$J$3331,2,FALSE)","v":"TARIFA MES - PERSONAL TÉCNICO-TECNÓLOGO EN ÁREAS DE INGENIERÍA (NO INCLUYE FACTOR DE PRESTACIONES)"},{"$f":"VLOOKUP($A2,'Listado Ins Ana'!$G$2:$J$3331,3,FALSE)","v":"MES"},{"$f":"VLOOKUP($A2,'Listado Ins Ana'!$G$2:$J$3331,4,FALSE)","v":2622000},1.4571000000000001,1.8101]
[9085,{"$f":"VLOOKUP($A3,'Listado Ins Ana'!$G$2:$J$3331,2,FALSE)","v":"TARIFA MES - PERSONAL TÉCNICO - AUXILIAR DE INGENIERÍA (NO INCLUYE FACTOR DE PRESTACIONES)"},{"$f":"VLOOKUP($A3,'Listado Ins Ana'!$G$2:$J$3331,3,FALSE)","v":"MES"},{"$f":"VLOOKUP($A3,'Listado Ins Ana'!$G$2:$J$3331,4,FALSE)","v":2305000},1.4582999999999999,1.8112999999999999]
[9086,{"$f":"VLOOKUP($A4,'Listado Ins Ana'!$G$2:$J$3331,2,FALSE)","v":"TARIFA MES - PERSONAL TÉCNICO - DIBUJANTE 1 (NO INCLUYE FACTOR DE PRESTACIONES)"},{"$f":"VLOOKUP($A4,'Listado Ins Ana'!$G$2:$J$3331,3,FALSE)","v":"MES"},{"$f":"VLOOKUP($A4,'Listado Ins Ana'!$G$2:$J$3331,4,FALSE)","v":2417000},1.4578,1.8108]
[9087,{"$f":"VLOOKUP($A5,'Listado Ins Ana'!$G$2:$J$3331,2,FALSE)","v":"TARIFA MES - PERSONAL TÉCNICO - DIBUJANTE 2 (NO INCLUYE FACTOR DE PRESTACIONES)"},{"$f":"VLOOKUP($A5,'Listado Ins Ana'!$G$2:$J$3331,3,FALSE)","v":"MES"},{"$f":"VLOOKUP($A5,'Listado Ins Ana'!$G$2:$J$3331,4,FALSE)","v":1953000},1.4601999999999999,1.8131999999999999]
[9088,{"$f":"VLOOKUP($A6,'Listado Ins Ana'!$G$2:$J$3331,2,FALSE)","v":"TARIFA MES - PERSONAL TÉCNICO - TOPÓGRAFO INSPECTOR (NO INCLUYE FACTOR DE PRESTACIONES)"},{"$f":"VLOOKUP($A6,'Listado Ins Ana'!$G$2:$J$3331,3,FALSE)","v":"MES"},{"$f":"VLOOKUP($A6,'Listado Ins Ana'!$G$2:$J$3331,4,FALSE)","v":2733000},1.4567000000000001,1.8097000000000001]
[9089,{"$f":"VLOOKUP($A7,'Listado Ins Ana'!$G$2:$J$3331,2,FALSE)","v":"TARIFA MES - PERSONAL TÉCNICO - LABORATORISTA INSPECTOR (NO INCLUYE FACTOR DE PRESTACIONES)"},{"$f":"VLOOKUP($A7,'Listado Ins Ana'!$G$2:$J$3331,3,FALSE)","v":"MES"},{"$f":"VLOOKUP($A7,'Listado Ins Ana'!$G$2:$J$3331,4,FALSE)","v":2421000},1.4578,1.8108]
[9090,{"$f":"VLOOKUP($A8,'Listado Ins Ana'!$G$2:$J$3331,2,FALSE)","v":"TARIFA MES - PERSONAL TÉCNICO - LABORATORISTA AUXILIAR (NO INCLUYE FACTOR DE PRESTACIONES)"},{"$f":"VLOOKUP($A8,'Listado Ins Ana'!$G$2:$J$3331,3,FALSE)","v":"MES"},{"$f":"VLOOKUP($A8,'Listado Ins Ana'!$G$2:$J$3331,4,FALSE)","v":1695000},1.5651999999999999,1.9181999999999999]
[9459,{"$f":"VLOOKUP($A9,'Listado Ins Ana'!$G$2:$J$3331,2,FALSE)","v":"TARIFA MES - PERSONAL TÉCNICO - OPERADOR EQUIPO PERFORACIÓN (NO INCLUYE FACTOR DE PRESTACIONES)"},{"$f":"VLOOKUP($A9,'Listado Ins Ana'!$G$2:$J$3331,3,FALSE)","v":"MES"},{"$f":"VLOOKUP($A9,'Listado Ins Ana'!$G$2:$J$3331,4,FALSE)","v":2066000},1.4589000000000001,1.8119000000000001]
[9460,{"$f":"VLOOKUP($A10,'Listado Ins Ana'!$G$2:$J$3331,2,FALSE)","v":"TARIFA MES - PERSONAL TÉCNICO - OPERADOR AUXILIAR DE EQUIPO (NO INCLUYE FACTOR DE PRESTACIONES)"},{"$f":"VLOOKUP($A10,'Listado Ins Ana'!$G$2:$J$3331,3,FALSE)","v":"MES"},{"$f":"VLOOKUP($A10,'Listado Ins Ana'!$G$2:$J$3331,4,FALSE)","v":1381000},1.5846,1.9376]
[9093,{"$f":"VLOOKUP($A11,'Listado Ins Ana'!$G$2:$J$3331,2,FALSE)","v":"TARIFA MES - PERSONAL TÉCNICO - INSPECTOR 1 (NO INCLUYE FACTOR DE PRESTACIONES)"},{"$f":"VLOOKUP($A11,'Listado Ins Ana'!$G$2:$J$3331,3,FALSE)","v":"MES"},{"$f":"VLOOKUP($A11,'Listado Ins Ana'!$G$2:$J$3331,4,FALSE)","v":1988000},1.46,1.8129999999999999]
[9094,{"$f":"VLOOKUP($A12,'Listado Ins Ana'!$G$2:$J$3331,2,FALSE)","v":"TARIFA MES - PERSONAL TÉCNICO - INSPECTOR 2 (NO INCLUYE FACTOR DE PRESTACIONES)"},{"$f":"VLOOKUP($A12,'Listado Ins Ana'!$G$2:$J$3331,3,FALSE)","v":"MES"},{"$f":"VLOOKUP($A12,'Listado Ins Ana'!$G$2:$J$3331,4,FALSE)","v":1790000},1.5589,1.9118999999999999]
[9095,{"$f":"VLOOKUP($A13,'Listado Ins Ana'!$G$2:$J$3331,2,FALSE)","v":"TARIFA MES - PERSONAL TÉCNICO - TOPÓGRAFO AUXILIAR (NO INCLUYE FACTOR DE PRESTACIONES)"},{"$f":"VLOOKUP($A13,'Listado Ins Ana'!$G$2:$J$3331,3,FALSE)","v":"MES"},{"$f":"VLOOKUP($A13,'Listado Ins Ana'!$G$2:$J$3331,4,FALSE)","v":2242000},1.4585999999999999,1.8116000000000001]
[9096,{"$f":"VLOOKUP($A14,'Listado Ins Ana'!$G$2:$J$3331,2,FALSE)","v":"TARIFA MES - PERSONAL TÉCNICO - BATIMETRISTA INSPECTOR (NO INCLUYE FACTOR DE PRESTACIONES)"},{"$f":"VLOOKUP($A14,'Listado Ins Ana'!$G$2:$J$3331,3,FALSE)","v":"MES"},{"$f":"VLOOKUP($A14,'Listado Ins Ana'!$G$2:$J$3331,4,FALSE)","v":2733000},1.4567000000000001,1.8097000000000001]
[9097,{"$f":"VLOOKUP($A15,'Listado Ins Ana'!$G$2:$J$3331,2,FALSE)","v":"TARIFA MES - PERSONAL TÉCNICO - BATIMETRISTA AUXILIAR (NO INCLUYE FACTOR DE PRESTACIONES)"},{"$f":"VLOOKUP($A15,'Listado Ins Ana'!$G$2:$J$3331,3,FALSE)","v":"MES"},{"$f":"VLOOKUP($A15,'Listado Ins Ana'!$G$2:$J$3331,4,FALSE)","v":2242000},1.4585999999999999,1.8116000000000001]
[9098,{"$f":"VLOOKUP($A16,'Listado Ins Ana'!$G$2:$J$3331,2,FALSE)","v":"TARIFA MES - PERSONAL AUXILIAR TÉCNICO - CADENERO 1 (NO INCLUYE FACTOR DE PRESTACIONES)"},{"$f":"VLOOKUP($A16,'Listado Ins Ana'!$G$2:$J$3331,3,FALSE)","v":"MES"},{"$f":"VLOOKUP($A16,'Listado Ins Ana'!$G$2:$J$3331,4,FALSE)","v":1695000},1.5651999999999999,1.9181999999999999]
[9099,{"$f":"VLOOKUP($A17,'Listado Ins Ana'!$G$2:$J$3331,2,FALSE)","v":"TARIFA MES - PERSONAL AUXILIAR TÉCNICO - CADENERO 2 (NO INCLUYE FACTOR DE PRESTACIONES)"},{"$f":"VLOOKUP($A17,'Listado Ins Ana'!$G$2:$J$3331,3,FALSE)","v":"MES"},{"$f":"VLOOKUP($A17,'Listado Ins Ana'!$G$2:$J$3331,4,FALSE)","v":1476000},1.5825,1.9355]
[9100,{"$f":"VLOOKUP($A18,'Listado Ins Ana'!$G$2:$J$3331,2,FALSE)","v":"TARIFA MES - PERSONAL AUXILIAR TÉCNICO - CONDUCTOR O MOTORISTA (NO INCLUYE FACTOR DE PRESTACIONES)"},{"$f":"VLOOKUP($A18,'Listado Ins Ana'!$G$2:$J$3331,3,FALSE)","v":"MES"},{"$f":"VLOOKUP($A18,'Listado Ins Ana'!$G$2:$J$3331,4,FALSE)","v":1228000},1.6096999999999999,1.9626999999999999]
[9101,{"$f":"VLOOKUP($A19,'Listado Ins Ana'!$G$2:$J$3331,2,FALSE)","v":"TARIFA MES - PERSONAL DE OBRA - MAESTRO DE OBRA (NO INCLUYE FACTOR DE PRESTACIONES)"},{"$f":"VLOOKUP($A19,'Listado Ins Ana'!$G$2:$J$3331,3,FALSE)","v":"MES"},{"$f":"VLOOKUP($A19,'Listado Ins Ana'!$G$2:$J$3331,4,FALSE)","v":3000000},1.4562999999999999,1.8092999999999999]
[9102,{"$f":"VLOOKUP($A20,'Listado Ins Ana'!$G$2:$J$3331,2,FALSE)","v":"TARIFA MES - PERSONAL ADMINISTRATIVO - ADMINISTRADOR (NO INCLUYE FACTOR DE PRESTACIONES)"},{"$f":"VLOOKUP($A20,'Listado Ins Ana'!$G$2:$J$3331,3,FALSE)","v":"MES"},{"$f":"VLOOKUP($A20,'Listado Ins Ana'!$G$2:$J$3331,4,FALSE)","v":2454000},1.4573,1.8103]
[9103,{"$f":"VLOOKUP($A21,'Listado Ins Ana'!$G$2:$J$3331,2,FALSE)","v":"TARIFA MES - PERSONAL ADMINISTRATIVO - AUXILIAR ADMINISTRATIVO-ALMACENISTA (NO INCLUYE FACTOR DE PRESTACIONES)"},{"$f":"VLOOKUP($A21,'Listado Ins Ana'!$G$2:$J$3331,3,FALSE)","v":"MES"},{"$f":"VLOOKUP($A21,'Listado Ins Ana'!$G$2:$J$3331,4,FALSE)","v":1815000},1.5573999999999999,1.9104000000000001]
[9104,{"$f":"VLOOKUP($A22,'Listado Ins Ana'!$G$2:$J$3331,2,FALSE)","v":"TARIFA MES - PERSONAL ADMINISTRATIVO - SECRETARIA 1 (NO INCLUYE FACTOR DE PRESTACIONES)"},{"$f":"VLOOKUP($A22,'Listado Ins Ana'!$G$2:$J$3331,3,FALSE)","v":"MES"},{"$f":"VLOOKUP($A22,'Listado Ins Ana'!$G$2:$J$3331,4,FALSE)","v":1476000},1.5825,1.9355]
[9105,{"$f":"VLOOKUP($A23,'Listado Ins Ana'!$G$2:$J$3331,2,FALSE)","v":"TARIFA MES - PERSONAL ADMINISTRATIVO - SECRETARIA 2 (NO INCLUYE FACTOR DE PRESTACIONES)"},{"$f":"VLOOKUP($A23,'Listado Ins Ana'!$G$2:$J$3331,3,FALSE)","v":"MES"},{"$f":"VLOOKUP($A23,'Listado Ins Ana'!$G$2:$J$3331,4,FALSE)","v":1228000},1.6096999999999999,1.9626999999999999,null,null,"PROFESIONAL (Años)","EXPERIENCIA ESPECIFICA (Años)"]
[9107,{"$f":"VLOOKUP($A24,'Listado Ins Ana'!$G$2:$J$3331,2,FALSE)","v":"TARIFA MES - PROFESIONAL CATEGORÍA 1 (NO INCLUYE FACTOR DE PRESTACIONES)"},1,{"$f":"VLOOKUP($A24,'Listado Ins Ana'!$G$2:$J$3331,4,FALSE)","v":12721000},1.5848,null,null,{"$f":"A24","v":9107},"Mínimo 12","Mínimo 10"]
[9108,{"$f":"VLOOKUP($A25,'Listado Ins Ana'!$G$2:$J$3331,2,FALSE)","v":"TARIFA MES - PROFESIONAL CATEGORÍA 2 (NO INCLUYE FACTOR DE PRESTACIONES)"},2,{"$f":"VLOOKUP($A25,'Listado Ins Ana'!$G$2:$J$3331,4,FALSE)","v":9695000},1.5853999999999999,null,null,9108,"Mínimo 10","Mínimo 7"]
[9109,{"$f":"VLOOKUP($A26,'Listado Ins Ana'!$G$2:$J$3331,2,FALSE)","v":"TARIFA MES - PROFESIONAL CATEGORÍA 3 (NO INCLUYE FACTOR DE PRESTACIONES)"},3,{"$f":"VLOOKUP($A26,'Listado Ins Ana'!$G$2:$J$3331,4,FALSE)","v":8182000},1.4509000000000001,null,null,9109,"Mínimo 8","Mínimo 5"]
[9110,{"$f":"VLOOKUP($A27,'Listado Ins Ana'!$G$2:$J$3331,2,FALSE)","v":"TARIFA MES - PROFESIONAL CATEGORÍA 4 (NO INCLUYE FACTOR DE PRESTACIONES)"},4,{"$f":"VLOOKUP($A27,'Listado Ins Ana'!$G$2:$J$3331,4,FALSE)","v":6967000},1.4514,null,null,9110,"Mínimo 6","Mínimo 4"]
[9111,{"$f":"VLOOKUP($A28,'Listado Ins Ana'!$G$2:$J$3331,2,FALSE)","v":"TARIFA MES - PROFESIONAL CATEGORÍA 5 (NO INCLUYE FACTOR DE PRESTACIONES)"},5,{"$f":"VLOOKUP($A28,'Listado Ins Ana'!$G$2:$J$3331,4,FALSE)","v":6284000},1.4517,null,null,9111,"Mínimo 4","Mínimo 3"]
[9112,{"$f":"VLOOKUP($A29,'Listado Ins Ana'!$G$2:$J$3331,2,FALSE)","v":"TARIFA MES - PROFESIONAL CATEGORÍA 6 (NO INCLUYE FACTOR DE PRESTACIONES)"},6,{"$f":"VLOOKUP($A29,'Listado Ins Ana'!$G$2:$J$3331,4,FALSE)","v":5604000},1.4521999999999999,null,null,9112,"Mínimo 3"]
[9113,{"$f":"VLOOKUP($A30,'Listado Ins Ana'!$G$2:$J$3331,2,FALSE)","v":"TARIFA MES - PROFESIONAL CATEGORÍA 7 (NO INCLUYE FACTOR DE PRESTACIONES)"},7,{"$f":"VLOOKUP($A30,'Listado Ins Ana'!$G$2:$J$3331,4,FALSE)","v":4237000},1.4536,null,null,9113,"Mínimo 2"]
[9114,{"$f":"VLOOKUP($A31,'Listado Ins Ana'!$G$2:$J$3331,2,FALSE)","v":"TARIFA MES - PROFESIONAL CATEGORÍA 8 (NO INCLUYE FACTOR DE PRESTACIONES)"},8,{"$f":"VLOOKUP($A31,'Listado Ins Ana'!$G$2:$J$3331,4,FALSE)","v":3998000},1.4539,null,null,9114,"Hasta 2"]
[]
[9465,{"$f":"VLOOKUP($A33,'Listado Ins Ana'!$G$2:$J$3331,2,FALSE)","v":"TARIFA MES - PROFESIONAL CATEGORÍA 1 (INCLUYE FACTOR DE PRESTACIONES)"},{"$f":"C24","v":1},{"$f":"VLOOKUP($A33,'Listado Ins Ana'!$G$2:$J$3331,4,FALSE)","v":20161513},null,null,null,9465]
[9466,{"$f":"VLOOKUP($A34,'Listado Ins Ana'!$G$2:$J$3331,2,FALSE)","v":"TARIFA MES - PROFESIONAL CATEGORÍA 2 (INCLUYE FACTOR DE PRESTACIONES)"},{"$f":"C25","v":2},{"$f":"VLOOKUP($A34,'Listado Ins Ana'!$G$2:$J$3331,4,FALSE)","v":14062598},null,null,null,9466]
[9467,{"$f":"VLOOKUP($A35,'Listado Ins Ana'!$G$2:$J$3331,2,FALSE)","v":"TARIFA MES - PROFESIONAL CATEGORÍA 3 (INCLUYE FACTOR DE PRESTACIONES)"},3,{"$f":"VLOOKUP($A35,'Listado Ins Ana'!$G$2:$J$3331,4,FALSE)","v":11871264},null,null,null,9467]
[9468,{"$f":"VLOOKUP($A36,'Listado Ins Ana'!$G$2:$J$3331,2,FALSE)","v":"TARIFA MES - PROFESIONAL CATEGORÍA 4 (INCLUYE FACTOR DE PRESTACIONES)"},4,{"$f":"VLOOKUP($A36,'Listado Ins Ana'!$G$2:$J$3331,4,FALSE)","v":10112601},null,null,null,9468]
[9469,{"$f":"VLOOKUP($A37,'Listado Ins Ana'!$G$2:$J$3331,2,FALSE)","v":"TARIFA MES - PROFESIONAL CATEGORÍA 5 (INCLUYE FACTOR DE PRESTACIONES)"},5,{"$f":"VLOOKUP($A37,'Listado Ins Ana'!$G$2:$J$3331,4,FALSE)","v":9123740},null,null,null,9469]
[9470,{"$f":"VLOOKUP($A38,'Listado Ins Ana'!$G$2:$J$3331,2,FALSE)","v":"TARIFA MES - PROFESIONAL CATEGORÍA 6 (INCLUYE FACTOR DE PRESTACIONES)"},6,{"$f":"VLOOKUP($A38,'Listado Ins Ana'!$G$2:$J$3331,4,FALSE)","v":8139250},null,null,null,9470]
[9471,{"$f":"VLOOKUP($A39,'Listado Ins Ana'!$G$2:$J$3331,2,FALSE)","v":"TARIFA MES - PROFESIONAL CATEGORÍA 7 (INCLUYE FACTOR DE PRESTACIONES)"},7,{"$f":"VLOOKUP($A39,'Listado Ins Ana'!$G$2:$J$3331,4,FALSE)","v":6159751},null,null,null,9471]
[9472,{"$f":"VLOOKUP($A40,'Listado Ins Ana'!$G$2:$J$3331,2,FALSE)","v":"TARIFA MES - PROFESIONAL CATEGORÍA 8 (INCLUYE FACTOR DE PRESTACIONES)"},8,{"$f":"VLOOKUP($A40,'Listado Ins Ana'!$G$2:$J$3331,4,FALSE)","v":5813892},null,null,null,9472]
[]
[9455,{"$f":"VLOOKUP($A42,'Listado Ins Ana'!$G$2:$J$3331,2,FALSE)","v":"TARIFA MES - PERSONAL DE OBRA - AYUDANTE (NO INCLUYE FACTOR DE PRESTACIONES)"},{"$f":"VLOOKUP($A42,'Listado Ins Ana'!$G$2:$J$3331,3,FALSE)","v":"MES"},{"$f":"VLOOKUP($A42,'Listado Ins Ana'!$G$2:$J$3331,4,FALSE)","v":1000000},1.6556999999999999,2.0087000000000002]
[9457,{"$f":"VLOOKUP($A43,'Listado Ins Ana'!$G$2:$J$3331,2,FALSE)","v":"TARIFA MES - PERSONAL DE OBRA - INSPECTOR 1 HORARIO NOCTURNO (NO INCLUYE FACTOR DE PRESTACIONES)"},{"$f":"VLOOKUP($A43,'Listado Ins Ana'!$G$2:$J$3331,3,FALSE)","v":"MES"},{"$f":"VLOOKUP($A43,'Listado Ins Ana'!$G$2:$J$3331,4,FALSE)","v":2683800}]
[9575,{"$f":"VLOOKUP($A44,'Listado Ins Ana'!$G$2:$J$3331,2,FALSE)","v":"TARIFA MES - PERSONAL TÉCNICO - CELADOR ARMADO (24 horas por 30 dias dividos en 3 turnos de 8 horas diarias. Incluye prestaciones de ley, Administraciòn y servicios)."},{"$f":"VLOOKUP($A44,'Listado Ins Ana'!$G$2:$J$3331,3,FALSE)","v":"MES"},{"$f":"VLOOKUP($A44,'Listado Ins Ana'!$G$2:$J$3331,4,FALSE)","v":9460000}]
[]
[]
[4928,{"$f":"VLOOKUP($A47,'Listado Ins Ana'!$G$3332:$J$7715,2,FALSE)","v":"CANALIZACIÓN DE TRÁFICO (INSTALACIÓN, MANTENIMIENTO Y DESINSTALACIÓN MENSUAL) CON SEÑALIZADORES TUBULARES COLOMBINA PLÁSTICA Y TRIPLE CINTA DE SEÑALIZACIÓN (INCLUYE ALQUILER DE SEÑALIZADORES TUBULARES). LONGITUD 3 METROS."},{"$f":"VLOOKUP($A47,'Listado Ins Ana'!$G$3332:$J$7715,3,FALSE)","v":"UN/MES"},{"$f":"VLOOKUP($A47,'Listado Ins Ana'!$G$3332:$J$7715,4,FALSE)","v":5545}]
[4934,{"$f":"VLOOKUP($A48,'Listado Ins Ana'!$G$3332:$J$7715,2,FALSE)","v":"ALQUILER CARPA VESTIER 2.0M X 2.0M CON ESTRUCTURA, TECHO Y LATERALES EN LONA."},{"$f":"VLOOKUP($A48,'Listado Ins Ana'!$G$3332:$J$7715,3,FALSE)","v":"UN/MES"},{"$f":"VLOOKUP($A48,'Listado Ins Ana'!$G$3332:$J$7715,4,FALSE)","v":80390}]
[6318,{"$f":"VLOOKUP($A49,'Listado Ins Ana'!$G$3332:$J$7715,2,FALSE)","v":"ALQUILER DE PORTATIL. CARACTERÍSTICAS: PROCESADOR INTEL, CORE I3 4005U, CELERON O SIMILAR, MEMORIA RAM DE 4 GB ( 2 X 2048 MB)DISCO DURO DE 500GB A 7200 RPMPANTALLA LED HP BRIGHTVIEW WIDESCREEN DE ALTA DEFINICIÓN CON 35,6 CM (14\") O SIMILAR, HD INTEL GRAPHIC HD4400UNIDAD DE DVD QUEMADORBLUETOOTH"},{"$f":"VLOOKUP($A49,'Listado Ins Ana'!$G$3332:$J$7715,3,FALSE)","v":"UN/MES"},{"$f":"VLOOKUP($A49,'Listado Ins Ana'!$G$3332:$J$7715,4,FALSE)","v":136170}]
[9576,{"$f":"VLOOKUP($A50,'Listado Ins Ana'!$G$2:$J$3331,2,FALSE)","v":"ALQUILER MES - ARRIENDO OFICINA INCL. ADMINISTRACIÓN, SERVICIOS PÚBLICOS, COMUNICACIONES"},{"$f":"VLOOKUP($A50,'Listado Ins Ana'!$G$2:$J$3331,3,FALSE)","v":"M2/MES"},{"$f":"VLOOKUP($A50,'Listado Ins Ana'!$G$2:$J$3331,4,FALSE)","v":32508}]
[9577,{"$f":"VLOOKUP($A51,'Listado Ins Ana'!$G$2:$J$3331,2,FALSE)","v":"ALQUILER MES - CAMPAMENTOS INCL. SERVICIOS PÚBLICOS PROVISIONALES"},{"$f":"VLOOKUP($A51,'Listado Ins Ana'!$G$2:$J$3331,3,FALSE)","v":"M2/MES"},{"$f":"VLOOKUP($A51,'Listado Ins Ana'!$G$2:$J$3331,4,FALSE)","v":26189}]
[9578,{"$f":"VLOOKUP($A52,'Listado Ins Ana'!$G$2:$J$3331,2,FALSE)","v":"GASTOS OFICINA (PAPELERIA, FOTOCOPIAS Y OTROS)"},{"$f":"VLOOKUP($A52,'Listado Ins Ana'!$G$2:$J$3331,3,FALSE)","v":"GLB/MS"},{"$f":"VLOOKUP($A52,'Listado Ins Ana'!$G$2:$J$3331,4,FALSE)","v":922582}]
[9840,{"$f":"VLOOKUP($A53,'Listado Ins Ana'!$G$2:$J$3331,2,FALSE)","v":"EDICIÓN DE INFORME MENSUAL DE INTERVENTORÍA O CONSULTORÍA. Incluye 4 tapas plastificadas tamaño carta color blanco, con 6 tornillos, hojas de papel bond tamaño carta 75 gramos, 170 folios"},{"$f":"VLOOKUP($A53,'Listado Ins Ana'!$G$2:$J$3331,3,FALSE)","v":"UN/MES"},{"$f":"VLOOKUP($A53,'Listado Ins Ana'!$G$2:$J$3331,4,FALSE)","v":193678}]
[9117,{"$f":"VLOOKUP($A54,'Listado Ins Ana'!$G$2:$J$3331,2,FALSE)","v":"EQUIPO COMPLETO DE LABORATORIO - ESTUDIOS - MES"},{"$f":"VLOOKUP($A54,'Listado Ins Ana'!$G$2:$J$3331,3,FALSE)","v":"MES"},{"$f":"VLOOKUP($A54,'Listado Ins Ana'!$G$2:$J$3331,4,FALSE)","v":5657000}]
[9119,{"$f":"VLOOKUP($A55,'Listado Ins Ana'!$G$2:$J$3331,2,FALSE)","v":"EQUIPO COMPLETO DE LABORATORIO - INTERVENTORIAS - MES"},{"$f":"VLOOKUP($A55,'Listado Ins Ana'!$G$2:$J$3331,3,FALSE)","v":"MES"},{"$f":"VLOOKUP($A55,'Listado Ins Ana'!$G$2:$J$3331,4,FALSE)","v":10000033}]
[9115,{"$f":"VLOOKUP($A56,'Listado Ins Ana'!$G$2:$J$3331,2,FALSE)","v":"EQUIPO DE TOPOGRAFÍA. INCLUYE TRÁNSITO, NIVEL Y ELEMENTOS COMPLEMENTARIOS - MES"},{"$f":"VLOOKUP($A56,'Listado Ins Ana'!$G$2:$J$3331,3,FALSE)","v":"MES"},{"$f":"VLOOKUP($A56,'Listado Ins Ana'!$G$2:$J$3331,4,FALSE)","v":3627000}]
[9123,{"$f":"VLOOKUP($A57,'Listado Ins Ana'!$G$2:$J$3331,2,FALSE)","v":"PLOTTER - MES"},{"$f":"VLOOKUP($A57,'Listado Ins Ana'!$G$2:$J$3331,3,FALSE)","v":"MES"},{"$f":"VLOOKUP($A57,'Listado Ins Ana'!$G$2:$J$3331,4,FALSE)","v":1109440}]
[9125,{"$f":"VLOOKUP($A58,'Listado Ins Ana'!$G$2:$J$3331,2,FALSE)","v":"DISTANCIOMETRO  (Incluyendo tránsito y Estación Total) - Capacidad de Lectura hasta 1500m."},{"$f":"VLOOKUP($A58,'Listado Ins Ana'!$G$2:$J$3331,3,FALSE)","v":"MES"},{"$f":"VLOOKUP($A58,'Listado Ins Ana'!$G$2:$J$3331,4,FALSE)","v":7000086}]
[5993,{"$f":"VLOOKUP($A59,'Listado Ins Ana'!$G$3332:$J$7715,2,FALSE)","v":"TORRE DE ILUMINACIÓN DE 4 BOMBILLAS DE 1000 WATS CADA UNA. ALQUILER. INCLUYE COMBUSTIBLE A.C.P.M."},{"$f":"VLOOKUP($A59,'Listado Ins Ana'!$G$3332:$J$7715,3,FALSE)","v":"UN/MES"},{"$f":"VLOOKUP($A59,'Listado Ins Ana'!$G$3332:$J$7715,4,FALSE)","v":5229760}]
[9456,{"$f":"VLOOKUP($A60,'Listado Ins Ana'!$G$2:$J$3331,2,FALSE)","v":"ALQUILER DE VEHICULO: CAMPERO, PICK-UP, CAMIONETA, CAMION O SIMILAR DE 1300cc A 2000cc DE CILINDRADA, MODELO 2014 A 2011. 75% DE LA TARIFA ESTABLECIDA. INCLUYE TODOS LOS COSTOS DE OPERACIÓN Y MANTENIMIENTO EXCEPTO EL SALARIO DEL CONDUCTOR"},{"$f":"VLOOKUP($A60,'Listado Ins Ana'!$G$2:$J$3331,3,FALSE)","v":"MES"},{"$f":"VLOOKUP($A60,'Listado Ins Ana'!$G$2:$J$3331,4,FALSE)","v":4816500}]
[9165,{"$f":"VLOOKUP($A61,'Listado Ins Ana'!$G$2:$J$3331,2,FALSE)","v":"ALQUILER DE VEHICULO: CAMPERO, PICK-UP, CAMIONETA, CAMION O SIMILAR DE 1300cc A 2000cc DE CILINDRADA, MODELO 2022 A 2019. 100% DE LA TARIFA ESTABLECIDA. INCLUYE TODOS LOS COSTOS DE OPERACIÓN Y MANTENIMIENTO EXCEPTO EL SALARIO DEL CONDUCTOR"},{"$f":"VLOOKUP($A61,'Listado Ins Ana'!$G$2:$J$3331,3,FALSE)","v":"MES"},{"$f":"VLOOKUP($A61,'Listado Ins Ana'!$G$2:$J$3331,4,FALSE)","v":6422000}]
[]
[]
[null,null,"VALOR DEL CONTRATO DE CONSTRUCCIÓN (SMLMV)",null,"UTILIDAD",null,null,null,"Valor SMLMV",908526]
[null,null,"desde ","hasta"]
[null,null,0,1500,0.09,null,null,null,{"$f":"$J$64*C66","v":0},1362789000]
[null,null,1501,30000,7.0000000000000007E-2,null,null,null,1363697526,27255780000]
[null,null,30001,60000,0.06,null,null,null,27256688526,54511560000]
[null,null,60001,200000,0.05,null,null,null,54512468526,181705200000]
[null,null,200001,"en adelante",4.4999999999999998E-2,null,null,null,{"$f":"$J$64*C70","v":181706108526}]
[]
[]
[]
[null,null,"VALOR DEL CONTRATO DE OBRA EN SMLMV",null,"CATEGORIA PROFESIONALES OBRA"]
[null,null,null,null,"DIRECTOR","COORDINADOR/","ESPECIALISTA"]
[null,null,"DESDE","HASTA",null,"RESIDENTE/"]
[null,null,null,null,null,"SUPERVISOR"]
[null,null,2,23057,4,6,4,null,{"$f":"$J$64*C78","v":1817052},20947883982]
[null,null,23058,46115,3,5,3,null,20948792508,41896676490]
[null,null,46116,115287,3,4,3,null,41897585016,104741236962]
[null,null,115288,"En Adelante",2,4,3,null,{"$f":"$J$64*C81","v":104742145488}]
[]
[null,null,"SOLO PARA ESTUDIOS Y DISEÑOS E INTERV DE EYD"]
[null,null,"Presupuesto. Oficial Estudios y Diseños    DESDE SMMLV","HASTA  SMMLV","CATEGORIAS PROFESIONALES"]
[null,null,null,null,"DIRECTOR","COORDINADOR/SUPERVISOR/ ESPECIALISTA","ESPECIALISTA"]
[null,null,0,2305,4,6,4,null,{"$f":"$J$64*C86","v":0},2094152430]
[null,null,2306,4611,3,5,3,null,2095060956,4189213386]
[null,null,4612,11528,3,4,3,null,4190121912,10473487728]
[null,null,11529,"En adelante",2,4,3,null,{"$f":"$J$64*C89","v":10474396254}]
[]
[]
[null,null,"Decreto 1082 de 2015 SECCION III GARANTIAS"]
[null,null,"Suficiencia del seguro de responsabilidad civil extracontractual. El valor asegurado por los contratos de seguro que amparan la RCE No debe ser inferior a:"]
[]
[null,null,"ITEM","CONTRATOS","SMLMV","VALOR ASEGURABLE NO INFERIOR A:",null,"Desde","Hasta"]
[null,null,1,"<=1,500 SMLMV",200,137891000,null,null,{"$f":"1500*J64","v":1362789000}]
[null,null,2,">1,500 A 2,500 SMLMV",300,206836500,null,{"$f":"1500*J64","v":1362789000},{"$f":"2500*J64","v":2271315000}]
[null,null,3,">2,500 A 5,000 SMLMV",400,275782000,null,{"$f":"2500*J64","v":2271315000},{"$f":"5000*J64","v":4542630000}]
[null,null,4,">5,000 A 10,000 SMLMV",500,344727500,null,{"$f":"5000*J64","v":4542630000},{"$f":"10000*J64","v":9085260000}]
[null,null,5,">10,000 SMLMV",0.05,"DEL VALOR DEL CONTRATO","Minimo",{"$f":"10000*J64","v":9085260000}]
[null,null,null,null,75000,51709125000,"Maximo"]
[]
[null,null,null,null,null,null,null,"SMLMV 2021",{"$f":"J64","v":908526}]
[null,null,"RANGO",null,1,2,3,4,5]
[null,null,"FACTOR MULTIPLICADOR",null,1500,3000,6000,10000,"> 10.000"]
[null,null,null,null,{"$f":"+E105*$I$103","v":1362789000},{"$f":"+F105*$I$103","v":2725578000},{"$f":"+G105*$I$103","v":5451156000},{"$f":"+H105*$I$103","v":9085260000}]
[null,null,"<=2 SMLMV",{"$f":"+I103*2","v":1817052},2.4500000000000002,2.4,2.36,2.3199999999999998,2.2799999999999998]
[null,null,">2 A 10 SMLMV",{"$f":"+I103*10","v":9085260},2.2999999999999998,2.2599999999999998,2.23,2.1800000000000002,2.14]
[null,null,"> 10 SMLMV",{"$f":"+D108+1","v":9085261},2.4700000000000002,2.4300000000000002,2.39,2.35,2.31]

{"sheet":"DIALOGO CYC","index":13,"n_rows":85,"n_cols":15,"rows_kept":85,"cut":false,"hidden":false,"merged":[[2,14,7,14],[3,2,3,3],[4,2,4,10],[5,2,5,10],[6,2,6,10],[7,2,7,10],[2,5,2,8],[3,5,3,8],[28,2,28,3],[59,8,59,9],[2,2,2,3],[2,9,2,10],[81,4,81,10],[8,4,8,12],[8,2,8,3],[3,9,3,10],[2,11,7,12],[9,8,9,10],[10,8,10,10],[79,4,79,10],[41,8,41,9],[46,8,46,9],[59,6,59,7],[73,8,73,9]]}
[]
[]
[null,null,"FORMATO",null,"CÓDIGO","PROCESO",null,null,null,"VERSIÓN"]
[null,null,null,null,null,"Proyectos"]
[null,null,{"$f":"'DATOS ENTRADA'!$C$2","v":"INSTITUTO DE DESARROLLO URBANO"}]
[null,null,{"$f":"'DATOS ENTRADA'!$C$3","v":"SUBDIRECCIÓN GENERAL DE DESARROLLO URBANO"}]
[null,null,{"$f":"'DATOS ENTRADA'!$C$4","v":"DIRECCIÓN TÉCNICA DE PROYECTOS"}]
[null,null,{"$f":"IF('DATOS ENTRADA'!D6=0,\"\",'DATOS ENTRADA'!D6)","v":""}]
[null,null,{"$f":"'DATOS ENTRADA'!B7","v":"OBJETO DE LA CONTRATACIÓN:"},null,{"$f":"'DATOS ENTRADA'!$C$7","v":"\"ACTUALIZACIÓN, AJUSTES Y COMPLEMENTACIÓN DE LA FACTIBILIDAD Y ESTUDIOS Y DISEÑOS DEL CABLE AÉREO EN SAN CRISTÓBAL, EN BOGOTÁ D.C.\""}]
[null,null,null,null,null,null,null,null,"PRELIMINARES",null,null,{"$f":"'DATOS ENTRADA'!C14","v":6.33},"MESES"]
[null,null,null,null,null,null,null,null,"EJECUCIÓN DE OBRA",null,null,{"$f":"'DATOS ENTRADA'!C15+'DATOS ENTRADA'!C16","v":26},"MESES"]
[]
[null,null,"CONTROL DE INVERSIÓN DIÁLOGO CIUDADANO Y COMUNICACIÓN ESTRATÉGICA PARA OBRAS DEL IDU"]
[null,null,"PRELIMINARES"]
[null,"CÓD. IDU","COMPONENTE",null,"Unidad","TARIFA\n(MES)","Factor prestacional","CATEGORIA","Cantidad","Dedicación H/Mes","Plazo (Meses)","Dedicación Total (Meses)","Subtotal",null,"CANTID MES"]
[null,null,"Componente A. Personal Profesional de Gestión Social"]
[null,{"$f":"VLOOKUP(H17,TABLAS!$C$24:$H$31,6,FALSE)","v":9112},"A.1","RESIDENTE SOCIAL","MES",{"$f":"VLOOKUP(B17,TABLAS!$A:$G,4,0)","v":5604000},{"$f":"VLOOKUP(B17,TABLAS!$A:$G,5,0)","v":1.4521999999999999},6,1,1,{"$f":"$L$10","v":6.33},{"$f":"I17*J17*K17","v":6.33},{"$f":"ROUND(F17*L17*G17,0)","v":51514355},null,{"$f":"(I17*J17*$L$10)/$L$10","v":1}]
[null,{"$f":"VLOOKUP(H18,TABLAS!$C$24:$H$31,6,FALSE)","v":9114},"A.2","ASISTENTE SOCIAL","MES",{"$f":"VLOOKUP(B18,TABLAS!$A:$G,4,0)","v":3998000},{"$f":"VLOOKUP(B18,TABLAS!$A:$G,5,0)","v":1.4539},8,1,1,{"$f":"$L$10","v":6.33},{"$f":"I18*J18*K18","v":6.33},{"$f":"ROUND(F18*L18*G18,0)","v":36794342},null,{"$f":"(I18*J18*$L$10)/$L$10","v":1}]
[null,{"$f":"VLOOKUP(H19,TABLAS!$C$24:$H$31,6,FALSE)","v":9113},"A.3","COMUNICADOR SOCIAL ","MES",{"$f":"VLOOKUP(B19,TABLAS!$A:$G,4,0)","v":4237000},{"$f":"VLOOKUP(B19,TABLAS!$A:$G,5,0)","v":1.4536},7,1,0.3,6.33,{"$f":"I19*J19*K19","v":1.899},{"$f":"ROUND(F19*L19*G19,0)","v":11695757},null,0.3]
[null,null,null,"ACTAS DE VECINDAD",null,null,null,null,null,null,null,null,null,null,0]
[null,{"$f":"VLOOKUP(H21,TABLAS!$C$24:$H$31,6,FALSE)","v":9113},"A.4","Profesional social para actas de vecindad","MES",{"$f":"VLOOKUP(B21,TABLAS!$A:$G,4,0)","v":4237000},{"$f":"VLOOKUP(B21,TABLAS!$A:$G,5,0)","v":1.4536},7,2,1,6.33,{"$f":"I21*J21*K21","v":12.66},{"$f":"ROUND(F21*L21*G21,0)","v":77971715},null,2]
[null,{"$f":"VLOOKUP(H22,TABLAS!$C$24:$H$31,6,FALSE)","v":9112},"A.5","Profesional Técnico para actas de vecindad","MES",{"$f":"VLOOKUP(B22,TABLAS!$A:$G,4,0)","v":5604000},{"$f":"VLOOKUP(B22,TABLAS!$A:$G,5,0)","v":1.4521999999999999},6,2,1,6.33,{"$f":"I22*J22*K22","v":12.66},{"$f":"ROUND(F22*L22*G22,0)","v":103028711},null,2]
[null,null,null,"GUÍA CÍVICO",null,null,null,null,null,null,null,null,null,null,0]
[null,9455,"A.6",{"$f":"VLOOKUP(B24,TABLAS!$A$2:$G$44,2,FALSE)","v":"TARIFA MES - PERSONAL DE OBRA - AYUDANTE (NO INCLUYE FACTOR DE PRESTACIONES)"},{"$f":"VLOOKUP(B24,TABLAS!$A$2:$G$44,3,FALSE)","v":"MES"},{"$f":"VLOOKUP(B24,TABLAS!$A$2:$G$44,4,FALSE)","v":1000000},{"$f":"VLOOKUP(B24,TABLAS!$A:$G,5,0)","v":1.6556999999999999},null,1,1,6.33,{"$f":"I24*J24*K24","v":6.33},{"$f":"ROUND(F24*L24*G24,0)","v":10480581},null,1]
[null,null,null,null,null,null,null,null,null,null,null,"Subtotal Componente personal Fase Preliminares",{"$f":"SUM(M17:M24)","v":291485461},null,{"$f":"SUM(O17:O24)","v":7.3}]
[]
[null,null,"EJECUCIÓN DE OBRA"]
[null,"CÓD. IDU","COMPONENTE",null,"Unidad","\nTARIFA\n(MES)","Factor prestacional","CATEGORIA","Cantidad","Dedicación H/Mes","Plazo (Meses)","Dedicación Total (Meses)","Subtotal"]
[null,null,"Componente A. Personal Profesional de Gestión Social"]
[null,{"$f":"VLOOKUP(H30,TABLAS!$C$24:$H$31,6,FALSE)","v":9112},"A.1","RESIDENTE SOCIAL","MES",{"$f":"VLOOKUP(B30,TABLAS!$A:$G,4,0)","v":5604000},{"$f":"VLOOKUP(B30,TABLAS!$A:$G,5,0)","v":1.4521999999999999},6,1,1,{"$f":"$L$11","v":26},{"$f":"I30*J30*K30","v":26},{"$f":"ROUND(F30*L30*G30,0)","v":211591349},null,{"$f":"(I30*J30*$L$11)/$L$11","v":1}]
[null,{"$f":"VLOOKUP(H31,TABLAS!$C$24:$H$31,6,FALSE)","v":9114},"A.2","ASISTENTE SOCIAL","MES",{"$f":"VLOOKUP(B31,TABLAS!$A:$G,4,0)","v":3998000},{"$f":"VLOOKUP(B31,TABLAS!$A:$G,5,0)","v":1.4539},8,2,1,{"$f":"$L$11","v":26},{"$f":"I31*J31*K31","v":52},{"$f":"ROUND(F31*L31*G31,0)","v":302259994},null,{"$f":"(I31*J31*$L$11)/$L$11","v":2}]
[null,{"$f":"VLOOKUP(H32,TABLAS!$C$24:$H$31,6,FALSE)","v":9113},"A.3","COMUNICADOR SOCIAL ","MES",{"$f":"VLOOKUP(B32,TABLAS!$A:$G,4,0)","v":4237000},{"$f":"VLOOKUP(B32,TABLAS!$A:$G,5,0)","v":1.4536},7,1,0.3,26,{"$f":"I32*J32*K32","v":7.8},{"$f":"ROUND(F32*L32*G32,0)","v":48039445},null,0.3]
[null,null,null,"ACTIVIDADES PEDAGOGICAS",null,null,null,null,null,null,null,null,null,null,0]
[null,{"$f":"VLOOKUP(H34,TABLAS!$C$24:$H$31,6,FALSE)","v":9114},"A.4","Profesional pedagogo ","MES",{"$f":"VLOOKUP(B34,TABLAS!$A:$G,4,0)","v":3998000},{"$f":"VLOOKUP(B34,TABLAS!$A:$G,5,0)","v":1.4539},8,1,0.25,26,{"$f":"I34*J34*K34","v":6.5},{"$f":"ROUND(F34*L34*G34,0)","v":37782499},null,0.25]
[null,null,null,null,null,null,null,null,null,null,null,null,null,null,0]
[null,null,null,"GUÍA CÍVICO",null,null,null,null,null,null,null,null,null,null,0]
[null,9455,"A.6",{"$f":"VLOOKUP(B37,TABLAS!$A$2:$G$44,2,FALSE)","v":"TARIFA MES - PERSONAL DE OBRA - AYUDANTE (NO INCLUYE FACTOR DE PRESTACIONES)"},{"$f":"VLOOKUP(B37,TABLAS!$A$2:$G$44,3,FALSE)","v":"MES"},{"$f":"VLOOKUP(B37,TABLAS!$A$2:$G$44,4,FALSE)","v":1000000},{"$f":"VLOOKUP(B37,TABLAS!$A:$G,5,0)","v":1.6556999999999999},null,1,1,26,{"$f":"I37*J37*K37","v":26},{"$f":"ROUND(F37*L37*G37,0)","v":43048200},null,1]
[null,null,null,null,null,null,null,null,null,null,null,"Subtotal Componente personal Fase Obra",{"$f":"SUM(M30:M37)","v":642721487},null,{"$f":"SUM(O30:O37)","v":4.55}]
[]
[null,null,"Componente B.  Plan de Gestión social"]
[null,null,"COMPONENTE",null,"Unidad","Valor Unitario",null,null,"Cantidad Obra",null,null,null,"Subtotal"]
[null,null,"B.1","Programa de Información"]
[null,7870,"B.1.1",{"$f":"VLOOKUP(B43,'Listado Ins Ana'!$G$2:$J$3331,2,FALSE)","v":"VÍDEO BEAM - ALQUILER POR DIA"},{"$f":"VLOOKUP(B43,'Listado Ins Ana'!$G$2:$J$3331,3,FALSE)","v":"DIA"},{"$f":"VLOOKUP(B43,'Listado Ins Ana'!$G$2:$J$3331,4,FALSE)","v":107171},null,null,15,null,null,null,{"$f":"ROUND(F43*I43,0)","v":1607565}]
[null,5928,"B.1.2",{"$f":"VLOOKUP(B44,'Listado Ins Ana'!$G$3000:$J$8331,2,FALSE)","v":"CAMARA FOTOGRAFICA DIGITAL COMPACTA. ALQUILER. DE 16.2 MEGAPIXELES. MEMORIA DE 6 GB. VIDEO HD CON PAUSA Y ZOOM. INCLUYE TRANSPORTE, SOPORTE TECNICO."},{"$f":"VLOOKUP(B44,'Listado Ins Ana'!$G$3000:$J$8331,3,FALSE)","v":"MES"},{"$f":"VLOOKUP(B44,'Listado Ins Ana'!$G$3000:$J$8331,4,FALSE)","v":16423},null,null,{"$f":"22+6","v":28},null,null,null,{"$f":"ROUND(F44*I44,0)","v":459844}]
[null,null,"B.1.3","CUÑAS RADIALES DE 15 SEGUNDOS","UN",3750,null,null,{"$f":"28*24*6","v":4032},null,null,null,{"$f":"ROUND(F45*I45,0)","v":15120000}]
[null,null,null,null,null,null,null,null,null,null,null,"Subtotal programa de información",{"$f":"SUM(M43:M45)","v":17187409}]
[null,null,"B.2","Programa de Divulgación al ciudadano"]
[null,7897,"B.2.1",{"$f":"VLOOKUP(B48,'Listado Ins Ana'!$G$2:$J$3331,2,FALSE)","v":"AFICHE TAMAÑO MEDIO PLIEGO A 4X0 TINTAS EN PROPALCOTE DE 115 GR."},{"$f":"VLOOKUP(B48,'Listado Ins Ana'!$G$2:$J$3331,3,FALSE)","v":"UN"},{"$f":"VLOOKUP(B48,'Listado Ins Ana'!$G$2:$J$3331,4,FALSE)","v":572},null,null,500,null,null,null,{"$f":"ROUND(F48*I48,0)","v":286000}]
[null,7898,"B.2.2",{"$f":"VLOOKUP(B49,'Listado Ins Ana'!$G$2:$J$3331,2,FALSE)","v":"PLEGABLES DE SOSTENIBILIDAD EN TRES CUERPOS TAMAÑO CARTA A 4X4 TINTAS EN PROPALCOTE."},{"$f":"VLOOKUP(B49,'Listado Ins Ana'!$G$2:$J$3331,3,FALSE)","v":"UN"},{"$f":"VLOOKUP(B49,'Listado Ins Ana'!$G$2:$J$3331,4,FALSE)","v":280},null,null,10000,null,null,null,2800000]
[null,7901,"B.2.3",{"$f":"VLOOKUP(B50,'Listado Ins Ana'!$G$2:$J$3331,2,FALSE)","v":"VOLANTES TAMAÑO 1/2 CARTA POLICROMÍA COTE DE 115 GR."},{"$f":"VLOOKUP(B50,'Listado Ins Ana'!$G$2:$J$3331,3,FALSE)","v":"UN"},{"$f":"VLOOKUP(B50,'Listado Ins Ana'!$G$2:$J$3331,4,FALSE)","v":86},null,null,10000,null,null,null,860000]
[null,7896,"B.2.4",{"$f":"VLOOKUP(B51,'Listado Ins Ana'!$G$2:$J$3331,2,FALSE)","v":"IMPRESIÓN HOJA CARTA, A 1X0 TINTAS EN PAPEL BOND DE 75 GR."},{"$f":"VLOOKUP(B51,'Listado Ins Ana'!$G$2:$J$3331,3,FALSE)","v":"UN"},{"$f":"VLOOKUP(B51,'Listado Ins Ana'!$G$2:$J$3331,4,FALSE)","v":159},null,null,10000,null,null,null,1590000]
[null,7900,"B.2.5",{"$f":"VLOOKUP(B52,'Listado Ins Ana'!$G$2:$J$3331,2,FALSE)","v":"VOLANTES TAMAÑO CARTA POLICROMÍA DE 114 GR."},{"$f":"VLOOKUP(B52,'Listado Ins Ana'!$G$2:$J$3331,3,FALSE)","v":"UN"},{"$f":"VLOOKUP(B52,'Listado Ins Ana'!$G$2:$J$3331,4,FALSE)","v":159},null,null,5000,null,null,null,795000]
[null,11085,"B.2.6",{"$f":"VLOOKUP(B53,'Listado Ins Ana'!$G$2:$J$3331,2,FALSE)","v":"VALLA DE 3.0m x 6.0m CON ESTRUCTURA METÁLICA - ESTRUCTURA TIPO VALLA EN CERCHA + BANNER. Incluye suministro e instalación. Impresión 720 DPI; Tintas para exteriores."},{"$f":"VLOOKUP(B53,'Listado Ins Ana'!$G$2:$J$3331,3,FALSE)","v":"UN"},{"$f":"VLOOKUP(B53,'Listado Ins Ana'!$G$2:$J$3331,4,FALSE)","v":3786580},null,null,2,null,null,null,7573160]
[null,7903,"B.2.7",{"$f":"VLOOKUP(B54,'Listado Ins Ana'!$G$3000:$J$8331,2,FALSE)","v":"PENDONES ELABORADOS EN BANNER, CON UNA DIMENSIÓN DE 1.00 M DE ANCHO POR 1.50 M DE LARGO. IMPRESIÓN A FULL COLOR SEGÚN DISEÑOS DE OJALETES."},{"$f":"VLOOKUP(B54,'Listado Ins Ana'!$G$3000:$J$8331,3,FALSE)","v":"UN"},{"$f":"VLOOKUP(B54,'Listado Ins Ana'!$G$3000:$J$8331,4,FALSE)","v":75650},null,null,22,null,null,null,{"$f":"ROUND(F54*I54,0)","v":1664300}]
[null,11086,"B.2.8",{"$f":"VLOOKUP(B55,'Listado Ins Ana'!$G$2:$J$3331,2,FALSE)","v":"VALLA MÓVIL DE 1.20m x 1.20m EN LÁMINA GALVANIZADA CALIBRE 20, ÁNGULO EN HIERRO DE 2 x 1-1/8\" IMPRESO EN VINILO ADHESIVO. Incluye suministro e instalación. Impresión 720 DPI; Tintas para exteriores."},{"$f":"VLOOKUP(B55,'Listado Ins Ana'!$G$2:$J$3331,3,FALSE)","v":"UN"},{"$f":"VLOOKUP(B55,'Listado Ins Ana'!$G$2:$J$3331,4,FALSE)","v":318820},null,null,12,null,null,null,3825840]
[null,null,null,null,null,null,null,null,null,null,null,"Subtotal programa de divulgación al ciudadano",{"$f":"SUM(M48:M55)","v":19394300}]
[]
[null,null,"B.3","Programa de Atención al ciudadano"]
[null,null,"COMPONENTE",null,"Unidad","Valor Unitario","Cantidad",null,"Dedicación Mes",null,"Plazo (Meses)","Dedicación Total (Meses)","Subtotal"]
[null,null,"B.3.1","Adecuación del punto IDU-Atención al ciudadano"]
[null,9840,"B.3.1.1",{"$f":"VLOOKUP(B61,'Listado Ins Ana'!$G$2:$J$3331,2,FALSE)","v":"EDICIÓN DE INFORME MENSUAL DE INTERVENTORÍA O CONSULTORÍA. Incluye 4 tapas plastificadas tamaño carta color blanco, con 6 tornillos, hojas de papel bond tamaño carta 75 gramos, 170 folios"},{"$f":"VLOOKUP(B61,'Listado Ins Ana'!$G$2:$J$3331,3,FALSE)","v":"UN/MES"},{"$f":"VLOOKUP(B61,'Listado Ins Ana'!$G$2:$J$3331,4,FALSE)","v":193678},1,null,1,null,{"$f":"$L$10+$L$11","v":32.33},{"$f":"G61*I61*K61","v":32.33},{"$f":"+ROUND(F61*L61,0)","v":6261610}]
[null,6169,"B.3.1.2",{"$f":"VLOOKUP(B62,'Listado Ins Ana'!$G$3966:$J$7715,2,FALSE)","v":"ALQUILER DE PUESTO DE TRABAJO - ESCRITORIO 75X120X50CM"},{"$f":"VLOOKUP(B62,'Listado Ins Ana'!$G$3966:$J$7715,3,FALSE)","v":"UN/MES"},{"$f":"VLOOKUP(B62,'Listado Ins Ana'!$G$3966:$J$7715,4,FALSE)","v":9030},2,null,1,null,32.33,{"$f":"G62*I62*K62","v":64.66},{"$f":"+ROUND(F62*L62,0)","v":583880}]
[null,6170,"B.3.1.3",{"$f":"VLOOKUP(B63,'Listado Ins Ana'!$G$3966:$J$7715,2,FALSE)","v":"ALQUILER DE SILLA PARA ESCRITORIO PARA PUESTO DE TRABAJO"},{"$f":"VLOOKUP(B63,'Listado Ins Ana'!$G$3966:$J$7715,3,FALSE)","v":"UN/MES"},{"$f":"VLOOKUP(B63,'Listado Ins Ana'!$G$3966:$J$7715,4,FALSE)","v":5245},2,null,1,null,32.33,{"$f":"G63*I63*K63","v":64.66},{"$f":"+ROUND(F63*L63,0)","v":339142}]
[null,6172,"B.3.1.4",{"$f":"VLOOKUP(B64,'Listado Ins Ana'!$G$3966:$J$7715,2,FALSE)","v":"ALQUILER DE SILLA PLÁSTICA SIN BRAZOS"},{"$f":"VLOOKUP(B64,'Listado Ins Ana'!$G$3966:$J$7715,3,FALSE)","v":"UN/MES"},{"$f":"VLOOKUP(B64,'Listado Ins Ana'!$G$3966:$J$7715,4,FALSE)","v":1663},10,null,1,null,32.33,323.29999999999995,537648]
[null,9836,"B.3.1.5",{"$f":"VLOOKUP(B65,'Listado Ins Ana'!$G$2:$J$3331,2,FALSE)","v":"SERVICIO TELEFONIA LOCAL ILIMITADA E INTERNET ILIMITADO VELOCIDAD PROMEDIO (80-500 MB) ESTRATO 4"},{"$f":"VLOOKUP(B65,'Listado Ins Ana'!$G$2:$J$3331,3,FALSE)","v":"MES"},{"$f":"VLOOKUP(B65,'Listado Ins Ana'!$G$2:$J$3331,4,FALSE)","v":115900},1,null,1,null,{"$f":"$L$10+$L$11","v":32.33},{"$f":"G65*I65*K65","v":32.33},{"$f":"+ROUND(F65*L65,0)","v":3747047}]
[null,6318,"B.3.1.6",{"$f":"VLOOKUP(B66,'Listado Ins Ana'!$G$3966:$J$7715,2,FALSE)","v":"ALQUILER DE PORTATIL. CARACTERÍSTICAS: PROCESADOR INTEL, CORE I3 4005U, CELERON O SIMILAR, MEMORIA RAM DE 4 GB ( 2 X 2048 MB)DISCO DURO DE 500GB A 7200 RPMPANTALLA LED HP BRIGHTVIEW WIDESCREEN DE ALTA DEFINICIÓN CON 35,6 CM (14\") O SIMILAR, HD INTEL GRAPHIC HD4400UNIDAD DE DVD QUEMADORBLUETOOTH"},{"$f":"VLOOKUP(B66,'Listado Ins Ana'!$G$3966:$J$7715,3,FALSE)","v":"UN/MES"},{"$f":"VLOOKUP(B66,'Listado Ins Ana'!$G$3966:$J$7715,4,FALSE)","v":136170},2,null,1,null,32.33,{"$f":"G66*I66*K66","v":64.66},{"$f":"+ROUND(F66*L66,0)","v":8804752}]
[null,9048,"B.3.1.7",{"$f":"VLOOKUP(B67,'Listado Ins Ana'!$G$2:$J$3331,2,FALSE)","v":"CARTELERA CON MARCO EN ALUMINIO ANODIZADO, PAÑO COLOR GRIS CON CENEFA SUPERIOR, PUERTAS CORREDIZAS. Incl. transporte"},{"$f":"VLOOKUP(B67,'Listado Ins Ana'!$G$2:$J$3331,3,FALSE)","v":"UN"},{"$f":"VLOOKUP(B67,'Listado Ins Ana'!$G$2:$J$3331,4,FALSE)","v":736610},1,null,1,null,1,1,736610]
[null,7992,"B.3.1.8",{"$f":"VLOOKUP(B68,'Listado Ins Ana'!$G$2:$J$3331,2,FALSE)","v":"AVISO PUNTO CREA 1.50m x 0.90m EN LÁMINA GALVANIZADA CAL. 24. INCLUYE SUMINISTRO E INSTALACIÓN"},{"$f":"VLOOKUP(B68,'Listado Ins Ana'!$G$2:$J$3331,3,FALSE)","v":"UN"},{"$f":"VLOOKUP(B68,'Listado Ins Ana'!$G$2:$J$3331,4,FALSE)","v":416500},1,null,1,null,1,1,416500]
[null,9576,"B.3.1.9",{"$f":"VLOOKUP(B69,'Listado Ins Ana'!$G$2:$J$3331,2,FALSE)","v":"ALQUILER MES - ARRIENDO OFICINA INCL. ADMINISTRACIÓN, SERVICIOS PÚBLICOS, COMUNICACIONES"},{"$f":"VLOOKUP(B69,'Listado Ins Ana'!$G$2:$J$3331,3,FALSE)","v":"M2/MES"},{"$f":"VLOOKUP(B69,'Listado Ins Ana'!$G$2:$J$3331,4,FALSE)","v":32508},20,null,1,null,32.33,646.59999999999991,21019673]
[null,null,null,null,null,null,null,null,null,null,null,"Subtotal programa de atención al ciudadano",{"$f":"SUM(M61:M69)","v":42446862}]
[]
[null,null,"B.4","Medición de percepción ciudadana y monitoreo de impacto"]
[null,null,"COMPONENTE",null,"Unidad","Valor Unitario","Cantidad Obra",null,null,null,null,null,"Subtotal"]
[null,null,"B.4.1","Encuesta de percepción ciudadana"]
[null,10203,"B.4.1",{"$f":"VLOOKUP(B75,'Listado Ins Ana'!$G$2:$J$3331,2,FALSE)","v":"ENCUESTA DE PERCEPCIÓN CIUDADANA. Incl. formato de encuesta de percepción ciudadana, diseño de muestra y metodología de recolección en campo, base de datos en formato excel, presentación de resultados"},{"$f":"VLOOKUP(B75,'Listado Ins Ana'!$G$2:$J$3331,3,FALSE)","v":"UN"},{"$f":"VLOOKUP(B75,'Listado Ins Ana'!$G$2:$J$3331,4,FALSE)","v":77350},650,null,null,null,null,null,{"$f":"+ROUND(F75*G75,0)","v":50277500}]
[null,null,null,null,null,null,null,null,null,null,null,"Subtotal programa de medición",{"$f":"SUM(M75:M75)","v":50277500}]
[]
[null,null,null,"SUBTOTAL COSTO DE PERSONAL PARA EL PLAN DE GESTIÓN SOCIAL",null,null,null,null,null,null,null,null,{"$f":"M25+M38","v":934206948}]
[null,null,null,"SUBTOTAL COSTOS DE SUBPROGRAMAS DE PLAN DE GESTIÓN SOCIAL",null,null,null,null,null,null,null,null,{"$f":"M46+M56+M70+M76","v":129306071}]
[]
[null,null,null,"SUBTOTAL COSTO DEL PLAN DE GESTIÓN SOCIAL",null,null,null,null,null,null,null,null,{"$f":"+M78+M79","v":1063513019}]
[]
[null,null,null,"AIU",null,null,null,null,null,null,null,{"$f":"'AIU DIALOGO CYC'!M40","v":0.18589},{"$f":"ROUND(M81*L83,0)","v":197696435}]
[]
[null,null,null,"TOTAL COSTO DEL PLAN DE GESTIÓN SOCIAL",null,null,null,null,null,null,null,null,{"$f":"ROUND(M81+M83,0)","v":1261209454}]

{"sheet":"AIU DIALOGO CYC","index":14,"n_rows":44,"n_cols":13,"rows_kept":44,"cut":false,"hidden":false,"merged":[[29,4,29,5],[29,6,29,7],[29,9,29,10],[28,3,29,3],[43,3,43,11],[30,2,30,10],[31,2,31,11],[34,2,34,11],[38,2,38,11],[41,3,41,11],[42,3,42,11],[28,4,28,5],[28,6,28,7],[28,9,28,10],[26,4,26,5],[26,6,26,7],[26,9,26,10],[27,4,27,5],[27,6,27,7],[27,9,27,10],[20,9,20,10],[21,9,21,10],[22,2,22,10],[24,2,24,11],[25,2,25,3],[25,4,25,5],[25,6,25,7],[25,9,25,10],[15,9,15,10],[16,9,16,10],[17,9,17,10],[18,9,18,10],[19,9,19,10],[8,1,8,3],[12,1,12,11],[13,2,13,11],[10,5,10,7],[14,2,14,3],[14,6,14,7],[14,9,14,10],[26,3,27,3],[1,9,4,11],[1,1,1,8],[2,1,2,8],[3,1,3,8],[4,1,4,8],[5,1,5,2],[5,3,5,11],[8,9,8,11],[10,1,10,3],[10,9,10,11],[9,1,9,3],[9,9,9,11],[9,5,9,7],[8,4,8,7],[7,1,7,11]]}
[]
[null,{"$f":"'DATOS ENTRADA'!$C$2","v":"INSTITUTO DE DESARROLLO URBANO"}]
[null,{"$f":"'DATOS ENTRADA'!$C$3","v":"SUBDIRECCIÓN GENERAL DE DESARROLLO URBANO"}]
[null,{"$f":"'DATOS ENTRADA'!$C$4","v":"DIRECCIÓN TÉCNICA DE PROYECTOS"}]
[null,{"$f":"IF('DATOS ENTRADA'!C5=0,\"\",'DATOS ENTRADA'!C5)","v":""}]
[null,{"$f":"'DATOS ENTRADA'!B7","v":"OBJETO DE LA CONTRATACIÓN:"},null,{"$f":"'DATOS ENTRADA'!$C$7","v":"\"ACTUALIZACIÓN, AJUSTES Y COMPLEMENTACIÓN DE LA FACTIBILIDAD Y ESTUDIOS Y DISEÑOS DEL CABLE AÉREO EN SAN CRISTÓBAL, EN BOGOTÁ D.C.\""}]
[]
[null,"MATRIZ PARA CÁLCULO DE AIU- DIALOGO CIUDADANO Y COMUNICACIÓN ESTRATÉGICA"]
[null,"COSTO DIRECTO ESTIMADO DCyCE (CD)",null,null,{"$f":"'DIALOGO CYC'!M81","v":1063513019},null,null,null,"FECHA:",{"$f":"'DATOS ENTRADA'!C11","v":"2022-03-22"}]
[null,"TERMINO ESTIMADO DE PRELIMINARES",null,null,{"$f":"'DATOS ENTRADA'!C14","v":6.33},"MESES",null,null,"CONTRATO No."]
[null,"TERMINO ESTIMADO DE EJECUCIÓN DE OBRA",null,null,{"$f":"'DATOS ENTRADA'!C15+'DATOS ENTRADA'!C16","v":26},"MESES",null,null,null,{"$f":"IF('DATOS ENTRADA'!C9=0,\"\",'DATOS ENTRADA'!C9)","v":"1630 de 2020"}]
[]
[null,"3. IMPUESTOS Y GARANTÍAS"]
[null,3.1,"IMPUESTOS"]
[null,"ÍTEM","DESCRIPCIÓN",null,null,null,null,null,null,"IMPUESTO",null,"VALOR ($)"]
[null,{"$f":"B14+0.001","v":3.101},"Contribución Especial (Impuesto de Guerra Ley 1738 DIC18-2014 prorroga 4 años)",null,null,null,null,null,null,{"$f":"AIU!$J69","v":0.05},null,{"$f":"ROUND($E$27*J16,0)","v":63060473}]
[null,{"$f":"B16+0.001","v":3.1019999999999999},"ICA (Ley 14 6jul1983, Res 219 25feb2004)",null,null,null,null,null,null,{"$f":"AIU!$J70","v":6.9000000000000008E-3},null,{"$f":"ROUND($E$27*J17,0)","v":8702345}]
[null,3.1029999999999998,"GMF (Ley 1739 23dic2014 modifica el Estatuto Tributario)",null,null,null,null,null,null,{"$f":"AIU!$J71","v":4.0000000000000001E-3},null,5044838]
[null,3.1039999999999996,"Estampilla Universidad Distrital (Acuerdo 696 de 2017)",null,null,null,null,null,null,{"$f":"AIU!$J72","v":1.0999999999999999E-2},null,13873304]
[null,3.1049999999999995,"Estampilla procultura (Acuerdo 187  20 dic 2005)",null,null,null,null,null,null,{"$f":"AIU!$J73","v":5.0000000000000001E-3},null,6306047]
[null,3.1059999999999994,"Estampilla pro personas Mayores (Acuerdo 645 de 9 de junio de 2016)",null,null,null,null,null,null,{"$f":"AIU!$J74","v":0.02},null,25224189]
[null,3.1069999999999993,"Estampilla Unipedagógica (Dec 584 de 19 dic 2014)",null,null,null,null,null,null,{"$f":"AIU!$J75","v":5.0000000000000001E-3},null,6306047]
[null,null,"SUBTOTAL IMPUESTOS",null,null,null,null,null,null,null,null,{"$f":"SUM(L16:L22)","v":128517243}]
[]
[null,{"$f":"B14+0.1","v":3.2},"GARANTÍAS"]
[null,"ÍTEM","DESCRIPCIÓN",null,"VR. BASE",null,"% ASEGURADO",null,"VIGENCIA AMPARO (MESES)","TASA ASEGURADORA",null,"VALOR ($)"]
[null,{"$f":"B25+0.001","v":3.2010000000000001},"Cumplimiento","GARANTIA UNICA",{"$f":"ROUND(($E$9*(1+$M$40)),0)","v":1261209454},null,0.3,null,{"$f":"$E$10+$E$11+8","v":40.33},2E-3,null,{"$f":"ROUND((((((E27*G27)*J27)/12)*I27)+2500)*1.19,0)","v":3029417}]
[null,{"$f":"B27+0.001","v":3.202},"Salarios y Prestaciones Sociales",null,{"$f":"$E$27","v":1261209454},null,0.1,null,{"$f":"$E$10+$E$11+36","v":68.33},2E-3,null,{"$f":"ROUND((((((E28*G28)*J28)/12)*I28)+2500)*1.19,0)","v":1712181}]
[null,{"$f":"B28+0.001","v":3.2029999999999998},"Predios, labores y Operaciones- Vigencia (Decreto 1082 de 2015 Sección III)","RESPONSABILIDAD CIVIL EXTRACONTRACTUAL",{"$f":"$E$27","v":1261209454},null,{"$f":"AIU!G84","v":0.05},null,{"$f":"$E$10+$E$11","v":32.33},3.0000000000000001E-3,null,{"$f":"ROUND((((((E29*G29)*J29)/12)*I29)+2500)*1.19,0)","v":609502}]
[null,{"$f":"B29+0.001","v":3.2039999999999997},"Colocación de elemento de publicidad exterior tipo vaya de construcción (Resolución 931 de 2008, numeral 7 del artículo 7)",null,{"$f":"ROUND(AIU!P88*('DIALOGO CYC'!M85/'PPTO GRAL CAPEX CIVIL'!$I$865),0)","v":1648901},null,{"$f":"AIU!G85","v":"100 SMMLV"},null,{"$f":"$E$10+$E$11+3","v":35.33},3.0000000000000001E-3,null,{"$f":"ROUND((((((E30)*J30)/12)*I30)+2500)*1.19,0)","v":20306}]
[null,null,"SUBTOTAL GARANTÍAS",null,null,null,null,null,null,null,null,{"$f":"ROUND(SUM(L27:L30),0)","v":5371406}]
[]
[null,null,"TOTAL IMPUESTOS Y GARANTÍAS",null,null,null,null,null,null,null,null,{"$f":"ROUND(L23+L31,0)","v":133888649}]
[null,null,"TOTAL IMPUESTOS Y GARANTÍAS EN PORCENTAJE DEL COSTO DIRECTO",null,null,null,null,null,null,null,null,{"$f":"ROUND(L33/E9,5)","v":0.12589}]
[]
[null,null,"A. ADMINISTRACIÓN (1 + 2 + 3)",null,null,null,null,null,null,null,null,{"$f":"L34","v":0.12589}]
[null,null,"I. IMPREVISTOS ",null,null,null,null,null,null,null,null,{"$f":"AIU!M92","v":0.01}]
[null,null,"U. UTILIDAD",null,null,null,null,null,null,null,null,{"$f":"AIU!M93","v":0.05}]
[]
[null,null,"A.I.U. (ADMINISTRACIÓN, IMPREVISTOS Y UTILIDAD)",null,null,null,null,null,null,null,null,{"$f":"SUM(L36:L38)","v":0.18589},0.18589]
[]
[]
[null,null,"NOTA:","LA EDICIÓN DE LAS FÓRMULAS COMPROMETE LA RESPONSABILIDAD DEL USUARIO DE LA MATRIZ."]
[null,null,"NOTA:","* INCLUYE EN F.P. HORAS EXTRAS."]

{"sheet":"PMT","index":15,"n_rows":69,"n_cols":14,"rows_kept":69,"cut":false,"hidden":false,"merged":[[14,1,14,11],[2,1,5,2],[2,4,2,11],[3,4,3,11],[4,4,4,11],[5,4,5,11],[7,1,7,2],[7,4,7,11],[8,1,8,2],[8,4,8,11],[9,1,10,2],[9,4,10,11],[12,1,12,11],[68,1,68,4],[68,5,68,9],[58,2,58,9],[44,1,44,9],[45,2,45,9],[52,1,52,9],[47,2,47,5],[48,1,48,9],[50,2,50,9],[51,2,51,5],[61,2,61,5],[62,1,62,9],[64,1,64,9],[66,1,66,9],[54,2,54,9],[57,2,57,9],[15,1,16,1],[15,2,16,2],[15,4,16,4],[23,2,23,9],[27,2,27,9],[15,7,16,7],[18,2,18,9],[15,5,16,5],[15,6,16,6],[15,8,16,8],[15,9,16,9],[17,2,17,9],[41,2,41,5],[42,2,42,5],[38,1,38,9],[39,2,39,9],[40,2,40,5],[59,2,59,5],[60,2,60,5],[43,2,43,5],[46,2,46,5],[55,2,55,5],[56,2,56,5]]}
[]
[]
[null,null,null,null,"INSTITUTO DE DESARROLLO URBANO"]
[null,null,null,null,"SUBDIRECCIÓN GENERAL DE DESARROLLO URBANO"]
[null,null,null,null,"DIRECCIÓN TÉCNICA DE PROYECTOS"]
[]
[]
[null,"CONTRATO No."]
[null,"OBJETO DEL CONTRATO"]
[null,"OBJETO DE LA LICITACIÓN:",null,null,"ESTUDIOS Y DISEÑOS CABLE AÉREO DE SAN CRISTÓBAL"]
[]
[]
[null,"COSTOS ESTIMADOS PLAN DE MANEJO DE TRÁFICO"]
[]
[null,"PROYECTO COMPLETO"]
[null,"Código Ítem","DESCRIPCIÓN",null,"CATEGORIA","FACTOR PREST","CANTIDAD","UNIDAD","VALOR UNITARIO  ","DEDICACIÓN","DURACIÓN CONSTRUCCIÓN:",{"$f":"+'DATOS ENTRADA'!C15","v":23}]
[null,null,null,null,null,null,null,null,null,null,"DEDICACIÓN TOTAL MESES","VALOR PARCIAL"]
[null,null,"PERSONAL "]
[null,null,"PERSONAL PROFESIONAL ETAPA PRECONSTRUCCIÓN"]
[null,9467,{"$f":"+VLOOKUP(B20,'Insumos IDU'!$C:$F,2,FALSE)","v":"TARIFA MES - PROFESIONAL CATEGORÍA 3 (INCLUYE FACTOR DE PRESTACIONES)"},"ESPECIALISTA EN TRÁNSITO Y TRANSPORTE",3,1,{"$f":"'Tramo 1'!G20+'Tramo 2 '!G20","v":2},{"$f":"+VLOOKUP(B20,'Insumos IDU'!$C:$F,3,FALSE)","v":"MES"},{"$f":"+VLOOKUP(B20,'Insumos IDU'!$C:$F,4,FALSE)","v":11871264},0.1,"Variable",{"$f":"'Tramo 1'!L20+'Tramo 2 '!L20","v":33239539},null,{"$f":"+J20*G20","v":0.2}]
[null,9468,{"$f":"+VLOOKUP(B21,'Insumos IDU'!$C:$F,2,FALSE)","v":"TARIFA MES - PROFESIONAL CATEGORÍA 4 (INCLUYE FACTOR DE PRESTACIONES)"},"INGENIERO MODELADOR",4,1,{"$f":"'Tramo 1'!G21+'Tramo 2 '!G21","v":2},{"$f":"+VLOOKUP(B21,'Insumos IDU'!$C:$F,3,FALSE)","v":"MES"},{"$f":"+VLOOKUP(B21,'Insumos IDU'!$C:$F,4,FALSE)","v":10112601},0.1,"Variable",{"$f":"'Tramo 1'!L21+'Tramo 2 '!L21","v":28315283},null,{"$f":"+J21*G21","v":0.2}]
[null,null,"AFORADOR",null,null,null,null,null,null,null,null,null,null,0]
[null,9424,{"$f":"+VLOOKUP(B23,'Insumos IDU'!$C:$F,2,FALSE)","v":"TARIFA MES - PERSONAL DE OBRA - AYUDANTE (INCLUYE FACTOR DE PRESTACIONES)"},null,null,1,{"$f":"'Tramo 1'!G23+'Tramo 2 '!G23","v":43},{"$f":"+VLOOKUP(B23,'Insumos IDU'!$C:$F,3,FALSE)","v":"MES"},{"$f":"+VLOOKUP(B23,'Insumos IDU'!$C:$F,4,FALSE)","v":1651600},7.0000000000000007E-2,"Variable",{"$f":"'Tramo 1'!L23+'Tramo 2 '!L23","v":95132160},null,3.0100000000000002]
[null,null,"PERSONAL PROFESIONAL ETAPA CONSTRUCCIÓN",null,null,null,null,null,null,null,null,null,null,0]
[null,9467,{"$f":"+VLOOKUP(B25,'Insumos IDU'!$C:$F,2,FALSE)","v":"TARIFA MES - PROFESIONAL CATEGORÍA 3 (INCLUYE FACTOR DE PRESTACIONES)"},"ESPECIALISTA EN TRÁNSITO Y TRANSPORTE",3,1,{"$f":"'Tramo 1'!G25+'Tramo 2 '!G25","v":2},{"$f":"+VLOOKUP(B25,'Insumos IDU'!$C:$F,3,FALSE)","v":"MES"},{"$f":"+VLOOKUP(B25,'Insumos IDU'!$C:$F,4,FALSE)","v":11871264},0.1,"Variable",{"$f":"'Tramo 1'!L25+'Tramo 2 '!L25","v":60543446},null,0.2]
[null,9468,{"$f":"+VLOOKUP(B26,'Insumos IDU'!$C:$F,2,FALSE)","v":"TARIFA MES - PROFESIONAL CATEGORÍA 4 (INCLUYE FACTOR DE PRESTACIONES)"},"INGENIERO MODELADOR",4,1,{"$f":"'Tramo 1'!G26+'Tramo 2 '!G26","v":2},{"$f":"+VLOOKUP(B26,'Insumos IDU'!$C:$F,3,FALSE)","v":"MES"},{"$f":"+VLOOKUP(B26,'Insumos IDU'!$C:$F,4,FALSE)","v":10112601},0.1,"Variable",{"$f":"'Tramo 1'!L26+'Tramo 2 '!L26","v":51574266},null,0.2]
[null,9468,{"$f":"+VLOOKUP(B27,'Insumos IDU'!$C:$F,2,FALSE)","v":"TARIFA MES - PROFESIONAL CATEGORÍA 4 (INCLUYE FACTOR DE PRESTACIONES)"},"INGENIERO RESIDENTE EN TRÁNSITO Y TRANSPORTE",4,1,{"$f":"'Tramo 1'!G27+'Tramo 2 '!G27","v":2},{"$f":"+VLOOKUP(B27,'Insumos IDU'!$C:$F,3,FALSE)","v":"MES"},{"$f":"+VLOOKUP(B27,'Insumos IDU'!$C:$F,4,FALSE)","v":10112601},0.25,"Variable",{"$f":"'Tramo 1'!L27+'Tramo 2 '!L27","v":131463813},null,0.5]
[null,null,"PERSONAL BRIGADA DE MANTENIMIENTO DE SEÑALIZACION Y APOYO",null,null,null,null,null,null,null,null,null,null,0]
[null,null,"RECORREDOR MOTORIZADO",null,null,null,null,null,null,null,null,null,null,0]
[null,9100,{"$f":"+VLOOKUP(B30,'Insumos IDU'!$C:$F,2,FALSE)","v":"TARIFA MES - PERSONAL AUXILIAR TÉCNICO - CONDUCTOR O MOTORISTA (NO INCLUYE FACTOR DE PRESTACIONES)"},null,null,1,{"$f":"'Tramo 1'!G30+'Tramo 2 '!G30","v":4},{"$f":"+VLOOKUP(B30,'Insumos IDU'!$C:$F,3,FALSE)","v":"MES"},{"$f":"+VLOOKUP(B30,'Insumos IDU'!$C:$F,4,FALSE)","v":1228000},1,"Variable",{"$f":"'Tramo 1'!L30+'Tramo 2 '!L30","v":68768000},null,4]
[null,null,"CONDUCTOR CAMIONETA",null,null,null,null,null,null,null,null,null,null,0]
[null,9100,{"$f":"+VLOOKUP(B32,'Insumos IDU'!$C:$F,2,FALSE)","v":"TARIFA MES - PERSONAL AUXILIAR TÉCNICO - CONDUCTOR O MOTORISTA (NO INCLUYE FACTOR DE PRESTACIONES)"},null,null,1,{"$f":"'Tramo 1'!G32+'Tramo 2 '!G32","v":2},{"$f":"+VLOOKUP(B32,'Insumos IDU'!$C:$F,3,FALSE)","v":"MES"},{"$f":"+VLOOKUP(B32,'Insumos IDU'!$C:$F,4,FALSE)","v":1228000},0.5,"Variable",{"$f":"'Tramo 1'!L32+'Tramo 2 '!L32","v":17192000},null,1]
[null,null,"BRIGADAS MANTENIMIENTO",null,null,null,null,null,null,null,null,null,null,0]
[null,9424,{"$f":"+VLOOKUP(B34,'Insumos IDU'!$C:$F,2,FALSE)","v":"TARIFA MES - PERSONAL DE OBRA - AYUDANTE (INCLUYE FACTOR DE PRESTACIONES)"},null,null,1,{"$f":"'Tramo 1'!G34+'Tramo 2 '!G34","v":8},{"$f":"+VLOOKUP(B34,'Insumos IDU'!$C:$F,3,FALSE)","v":"MES"},{"$f":"+VLOOKUP(B34,'Insumos IDU'!$C:$F,4,FALSE)","v":1651600},1,"Variable",{"$f":"'Tramo 1'!L34+'Tramo 2 '!L34","v":198192000},null,8]
[null,null,"PALETERO",null,null,null,null,null,null,null,null,null,null,0]
[null,9424,{"$f":"+VLOOKUP(B36,'Insumos IDU'!$C:$F,2,FALSE)","v":"TARIFA MES - PERSONAL DE OBRA - AYUDANTE (INCLUYE FACTOR DE PRESTACIONES)"},null,null,1,{"$f":"'Tramo 1'!G36+'Tramo 2 '!G36","v":27},{"$f":"+VLOOKUP(B36,'Insumos IDU'!$C:$F,3,FALSE)","v":"MES"},{"$f":"+VLOOKUP(B36,'Insumos IDU'!$C:$F,4,FALSE)","v":1651600},1,"Variable",{"$f":"'Tramo 1'!L36+'Tramo 2 '!L36","v":644124000},null,27]
[null,null,"AFORADOR",null,null,null,null,null,null,null,null,null,null,0]
[null,9424,{"$f":"+VLOOKUP(B38,'Insumos IDU'!$C:$F,2,FALSE)","v":"TARIFA MES - PERSONAL DE OBRA - AYUDANTE (INCLUYE FACTOR DE PRESTACIONES)"},null,null,1,{"$f":"'Tramo 1'!G38+'Tramo 2 '!G38","v":27},{"$f":"+VLOOKUP(B38,'Insumos IDU'!$C:$F,3,FALSE)","v":"MES"},{"$f":"+VLOOKUP(B38,'Insumos IDU'!$C:$F,4,FALSE)","v":1651600},7.0000000000000007E-2,"Variable",{"$f":"'Tramo 1'!L38+'Tramo 2 '!L38","v":58466640},null,1.8900000000000001]
[null,"SUBTOTAL COSTOS PERSONAL",null,null,null,null,null,null,null,null,null,{"$f":"SUM(L20:L38)","v":1387011147},null,{"$f":"SUM(N20:N38)","v":46.2}]
[null,null,"SEÑALIZACION Y DEMARCACIÓN TEMPORAL"]
[null,6178,{"$f":"+VLOOKUP(B41,'Item IDU'!$C:$F,2,FALSE)","v":"ALQUILER SEÑAL VERTICAL GRUPO I (75X75CM) (INCLUYE SUMINISTRO E INSTALACIÓN)"},null,null,null,{"$f":"'Tramo 1'!G41+'Tramo 2 '!G41","v":247},{"$f":"+VLOOKUP(B41,'Item IDU'!$C:$F,3,FALSE)","v":"UN/MES"},{"$f":"+VLOOKUP(B41,'Item IDU'!$C:$F,4,FALSE)","v":14380},null,{"$f":"+G41","v":247},{"$f":"'Tramo 1'!L41+'Tramo 2 '!L41","v":52774600}]
[null,6186,{"$f":"+VLOOKUP(B42,'Item IDU'!$C:$F,2,FALSE)","v":"ALQUILER BARRERA RELLENABLE (2.00X0.55X1.00M)"},null,null,null,{"$f":"'Tramo 1'!G42+'Tramo 2 '!G42","v":50},{"$f":"+VLOOKUP(B42,'Item IDU'!$C:$F,3,FALSE)","v":"UN/MES"},{"$f":"+VLOOKUP(B42,'Item IDU'!$C:$F,4,FALSE)","v":11901},null,{"$f":"+G42","v":50},{"$f":"'Tramo 1'!L42+'Tramo 2 '!L42","v":8806740}]
[null,7444,{"$f":"+'Tramo 1'!C43:F43","v":"CERRAMIENTO EN POLISOMBRA VERDE. h= 2.0m INCLUYE SUMINISTRO E INSTALACIÓN."},null,null,null,{"$f":"'Tramo 1'!G43+'Tramo 2 '!G43","v":2700},{"$f":"+'Tramo 1'!H43","v":"ML"},{"$f":"+'Tramo 1'!I43","v":6114},null,{"$f":"+G43","v":2700},{"$f":"'Tramo 1'!L43+'Tramo 2 '!L43","v":16507800}]
[null,6181,{"$f":"+VLOOKUP(B44,'Item IDU'!$C:$F,2,FALSE)","v":"ALQUILER DE PALETA PARE-SIGA EN POLIETILENO."},null,null,null,{"$f":"'Tramo 1'!G44+'Tramo 2 '!G44","v":55},{"$f":"+VLOOKUP(B44,'Item IDU'!$C:$F,3,FALSE)","v":"UN/MES"},{"$f":"+VLOOKUP(B44,'Item IDU'!$C:$F,4,FALSE)","v":2736},null,{"$f":"+G44","v":55},{"$f":"'Tramo 1'!L44+'Tramo 2 '!L44","v":2161440}]
[null,"SUBTOTAL COSTOS SEÑALIZACION Y DEMARCACIÓN TEMPORAL",null,null,null,null,null,null,null,null,null,{"$f":"SUM(L41:L44)","v":80250580}]
[null,null,"CANALIZACIÓN DEL TRÁNSITO"]
[null,4928,{"$f":"+VLOOKUP(B47,'Item IDU'!$C:$F,2,FALSE)","v":"CANALIZACIÓN DE TRÁFICO (INSTALACIÓN, MANTENIMIENTO Y DESINSTALACIÓN MENSUAL) CON SEÑALIZADORES TUBULARES COLOMBINA PLÁSTICA Y TRIPLE CINTA DE SEÑALIZACIÓN (INCLUYE ALQUILER DE SEÑALIZADORES TUBULARES). LONGITUD 3 METROS."},null,null,null,{"$f":"'Tramo 1'!G47+'Tramo 2 '!G47","v":1210},{"$f":"+VLOOKUP(B47,'Item IDU'!$C:$F,3,FALSE)","v":"UN/MES"},{"$f":"+VLOOKUP(B47,'Item IDU'!$C:$F,4,FALSE)","v":5545},null,{"$f":"+G47","v":1210},{"$f":"'Tramo 1'!L47+'Tramo 2 '!L47","v":96372100}]
[null,7571,{"$f":"+VLOOKUP(B48,'Insumos IDU'!$C:$F,2,FALSE)","v":"CONOS H= 0,9- 1,0mt"},null,null,null,{"$f":"'Tramo 1'!G48+'Tramo 2 '!G48","v":170},{"$f":"+VLOOKUP(B48,'Insumos IDU'!$C:$F,3,FALSE)","v":"UN"},{"$f":"+VLOOKUP(B48,'Insumos IDU'!$C:$F,4,FALSE)","v":77350},null,{"$f":"+G48","v":170},{"$f":"'Tramo 1'!L48+'Tramo 2 '!L48","v":13149500}]
[null,"SUBTOTAL COSTOS CANALIZACIÓN DEL TRÁFICO",null,null,null,null,null,null,null,null,null,{"$f":"SUM(L47:L48)","v":109521600}]
[]
[null,null,"DISPOSITIVOS LUMINOSOS"]
[null,6187,{"$f":"+VLOOKUP(B52,'Item IDU'!$C:$F,2,FALSE)","v":"ALQUILER DE SEÑAL LUMINOSA BIDIRECCIONAL 1.50M X 0.50M (INCLUYE INSTALACIÓN, MANTENIMIENTO Y DESINSTALACIÓN)."},null,null,null,{"$f":"'Tramo 1'!G52+'Tramo 2 '!G52","v":55},{"$f":"+VLOOKUP(B52,'Item IDU'!$C:$F,3,FALSE)","v":"UN/MES"},{"$f":"+VLOOKUP(B52,'Item IDU'!$C:$F,4,FALSE)","v":237610},null,{"$f":"+G52","v":55},{"$f":"'Tramo 1'!L52+'Tramo 2 '!L52","v":187711900}]
[null,"SUBTOTAL COSTOS DISPOSITIVOS LUMINOSOS",null,null,null,null,null,null,null,null,null,{"$f":"SUM(L52)","v":187711900}]
[]
[null,null,"SEMAFORIZACIÓN TEMPORAL"]
[null,6057,"SEMAFORO VEHICULAR DE POLICARBONATO (3x200) (ALQUILER) LENTES DE POLICARBONATO DE 8\" TRES LUCES, SISTEMA DE ILUMINACIÓN A LEDS, INCLUYE SUMINISTRO, INSTALACION Y TRASLADO INTERNO EN OBRA. ELEMENTOS DE FIJACION.",null,null,null,{"$f":"'Tramo 1'!G56+'Tramo 2 '!G56","v":18},{"$f":"+'Tramo 1'!H56","v":"UN/MES"},{"$f":"+'Tramo 1'!I56","v":145061},null,{"$f":"+G56","v":18},{"$f":"'Tramo 1'!L56+'Tramo 2 '!L56","v":37715860}]
[null,6058,"SEMAFORO PEATONAL DE POLICARBONATO (2x200) (ALQUILER) LENTES DE POLICARBONATO DE 8\" DOS LUCES, SISTEMA DE ILUMINACIÓN A LEDS, INCLUYE SUMINISTRO, INSTALACION Y TRASLADO INTERNO EN OBRA. ELEMENTOS DE FIJACION.",null,null,null,{"$f":"'Tramo 1'!G57+'Tramo 2 '!G57","v":14},{"$f":"+'Tramo 1'!H57","v":"UN/MES"},{"$f":"+'Tramo 1'!I57","v":106435},null,{"$f":"+G57","v":14},{"$f":"'Tramo 1'!L57+'Tramo 2 '!L57","v":21712740}]
[null,null,"SUBTOTAL COSTOS SEMAFORIZACIÓN TEMPORAL",null,null,null,null,null,null,null,null,{"$f":"SUM(L56)","v":37715860}]
[null,null,"OTROS"]
[null,9211,{"$f":"+VLOOKUP(B60,'Insumos IDU'!$C:$F,2,FALSE)","v":"PASACALLE  IMPRESO EN LONA BANNER (7.00m x 1.00m) INCLUYE PALOS A LOS EXTREMOS"},null,null,null,{"$f":"'Tramo 1'!G60+'Tramo 2 '!G60","v":35},{"$f":"+VLOOKUP(B60,'Insumos IDU'!$C:$F,3,FALSE)","v":"UN"},{"$f":"+VLOOKUP(B60,'Insumos IDU'!$C:$F,4,FALSE)","v":285705},null,{"$f":"+G60","v":35},{"$f":"'Tramo 1'!L60+'Tramo 2 '!L60","v":9999675}]
[null,6216,{"$f":"+VLOOKUP(B61,'Item IDU'!$C:$F,2,FALSE)","v":"ADECUACIÓN DE TERRENO (MOVIMIENTO DE TIERRA Y OBRAS DE ADECUACIÓN PARA ACCESO A MAQUINARIA)"},null,null,null,{"$f":"'Tramo 1'!G61+'Tramo 2 '!G61","v":1400},{"$f":"+VLOOKUP(B61,'Item IDU'!$C:$F,3,FALSE)","v":"M3"},{"$f":"+VLOOKUP(B61,'Item IDU'!$C:$F,4,FALSE)","v":53769},null,{"$f":"+G61","v":1400},{"$f":"'Tramo 1'!L61+'Tramo 2 '!L61","v":75276600}]
[null,9427,{"$f":"+VLOOKUP(B62,'Insumos IDU'!$C:$F,2,FALSE)","v":"COSTO DE LA REPRODUCCIÓN DE PLANOS TAMAÑO PLIEGO"},null,null,null,{"$f":"'Tramo 1'!G62+'Tramo 2 '!G62","v":170},{"$f":"+VLOOKUP(B62,'Insumos IDU'!$C:$F,3,FALSE)","v":"UN"},{"$f":"+VLOOKUP(B62,'Insumos IDU'!$C:$F,4,FALSE)","v":8263},null,{"$f":"+G62","v":170},{"$f":"'Tramo 1'!L62+'Tramo 2 '!L62","v":1404710}]
[null,"SUBTOTAL OTROS COSTOS ",null,null,null,null,null,null,null,null,null,{"$f":"SUM(L60:L62)","v":86680985}]
[]
[null,"TOTAL COSTOS PMT",null,null,null,null,null,null,null,null,null,{"$f":"+L39+L45+L49+L53+L58+L63","v":1888892072}]
[]
[null,"AIU PMT",null,null,null,null,null,null,null,null,{"$f":"+'AIU PMT'!M42","v":0.18748000000000004},{"$f":"+ROUND(L65*K67,0)","v":354129486}]
[]
[null,"VALOR GLOBAL PARA PLAN DE MANEJO DE TRAFICO Y DESVIOS ",null,null,null,"CABLE SAN CRISTÓBAL TRAMOS 1 Y 2",null,null,null,null,null,{"$f":"SUM(L65:L68)","v":2243021558}]

{"sheet":"AIU PMT","index":16,"n_rows":46,"n_cols":15,"rows_kept":46,"cut":false,"hidden":false,"merged":[[5,1,5,2],[5,3,5,11],[1,1,1,8],[1,9,4,11],[2,1,2,8],[3,1,3,8],[4,1,4,8],[7,1,7,11],[8,1,8,3],[8,4,8,6],[8,9,8,11],[9,1,9,3],[9,4,9,6],[22,2,22,10],[20,9,20,10],[10,1,10,3],[10,5,10,6],[10,9,10,11],[12,1,12,11],[13,2,13,11],[14,2,14,3],[14,6,14,7],[14,9,14,10],[15,9,15,10],[16,9,16,10],[17,9,17,10],[18,9,18,10],[19,9,19,10],[21,9,21,10],[26,3,29,3],[26,4,26,5],[26,6,26,7],[26,9,26,10],[27,4,27,5],[27,6,27,7],[27,9,27,10],[28,4,28,5],[28,6,28,7],[28,9,28,10],[24,2,24,11],[25,2,25,3],[25,4,25,5],[25,6,25,7],[25,9,25,10],[30,4,30,5],[30,6,30,7],[30,9,30,10],[29,4,29,5],[29,6,29,7],[29,9,29,10],[45,3,45,11],[32,2,32,10],[33,2,33,11],[36,2,36,11],[40,2,40,11],[43,3,43,11],[44,3,44,11]]}
[]
[null,"INSTITUTO DE DESARROLLO URBANO"]
[null,"SUBDIRECCIÓN GENERAL DE DESARROLLO URBANO"]
[null,"DIRECCIÓN TÉCNICA DE PROYECTOS"]
[null,""]
[null,"OBJETO DE LA LICITACIÓN:",null,"ESTUDIOS Y DISEÑOS CABLE AÉREO DE SAN CRISTÓBAL"]
[]
[null,"CÁLCULO DE AIU-  PLAN DE MANEJO DE TRÁFICO"]
[null,"COSTOS DIRECTOS PMT",null,null,{"$f":"+PMT!L65","v":1888892072},null,null,null,"FECHA:",{"$f":"+'DATOS ENTRADA'!C11","v":"2022-03-22"}]
[]
[null,"TERMINO ESTIMADO DE EJECUCIÓN DE OBRA",null,null,23,"MESES",null,null,"CONTRATO No.",""]
[]
[null,"3. IMPUESTOS Y GARANTÍAS"]
[null,3.1,"IMPUESTOS"]
[null,"ÍTEM","DESCRIPCIÓN",null,null,null,null,null,null,"IMPUESTO",null,"VALOR ($)"]
[null,3.101,"Contribución Especial (Impuesto de Guerra Ley 1738 DIC18-2014 prorroga 4 años)",null,null,null,null,null,null,0.05,null,{"$f":"+ROUND(($O$37)*J16,0)","v":112464634}]
[null,3.1019999999999999,"ICA (Ley 14 6jul1983, Res 219 25feb2004)",null,null,null,null,null,null,6.9000000000000008E-3,null,15520119]
[null,3.1029999999999998,"GMF (Ley 1739 23dic2014 modifica el Estatuto Tributario)",null,null,null,null,null,null,4.0000000000000001E-3,null,8997171]
[null,3.1039999999999996,"Estampilla Universidad Distrital (Acuerdo 53 de 10ene2002)",null,null,null,null,null,null,0.01,null,22492927]
[null,3.1049999999999995,"Estampilla procultura (Acuerdo 187  20 dic 2005)",null,null,null,null,null,null,5.0000000000000001E-3,null,11246463]
[null,3.1059999999999994,"Estampilla pro personas Mayores (Acuerdo 645 de 9 de junio de 2016)",null,null,null,null,null,null,0.02,null,44985854]
[null,3.1069999999999993,"Estampilla Unipedagógica (Dec 584 de 19 dic 2014)",null,null,null,null,null,null,5.0000000000000001E-3,null,11246463]
[null,null,"SUBTOTAL IMPUESTOS",null,null,null,null,null,null,null,null,{"$f":"SUM(L16:L22)","v":226953631}]
[]
[null,3.2,"GARANTIAS"]
[null,"ÍTEM","DESCRIPCIÓN",null,"VR. BASE",null,"% ASEGURADO",null,"VIGENCIA AMPARO (MESES)","TASA ASEGURADORA",null,"VALOR ($)"]
[null,3.2010000000000001,"Cumplimiento","GARANTIA UNICA",{"$f":"+O37","v":2249292679},null,0.1,null,{"$f":"+E11+4","v":27},2.0000000000000001E-4,null,{"$f":"+ROUND(E27*G27*I27*J27,0)","v":1214618}]
[null,3.202,"Buen Manejo de Anticipo (20%)",null,{"$f":"+E27*20%","v":449858535.80000001},null,1,null,{"$f":"+E11+4","v":27},2.0000000000000001E-4,null,{"$f":"+ROUND(E28*G28*I28*J28,0)","v":2429236}]
[null,3.2029999999999998,"Salarios y Prestaciones Sociales",null,{"$f":"+$O$37","v":2249292679},null,0.05,null,{"$f":"+E11+3*12","v":59},2.0000000000000001E-4,null,{"$f":"+ROUND(E29*G29*I29*J29,0)","v":1327083}]
[null,3.2039999999999997,"Estabilidad y calidad de la Obra",null,{"$f":"+$O$37","v":2249292679},null,0.3,null,60,2.0000000000000001E-4,null,{"$f":"+ROUND(E30*G30*I30*J30,0)","v":8097454}]
[null,3.2050000000000001,"Predios, labores y Operaciones- Vigencia (Decreto 1082 de 2015 Sección III)","RESPONSABILIDAD CIVIL EXTRACONTRACTUAL",{"$f":"+$O$37","v":2249292679},null,0.05,null,{"$f":"+E11","v":23},2.9999999999999997E-4,null,{"$f":"+ROUND(E31*G31*I31*J31,0)","v":776006}]
[]
[null,null,"SUBTOTAL GARANTÍAS",null,null,null,null,null,null,null,null,{"$f":"SUM(L27:L32)","v":13844397}]
[]
[null,null,"TOTAL IMPUESTOS Y GARANTÍAS",null,null,null,null,null,null,null,null,{"$f":"+L23+L33","v":240798028},null,"Base",{"$f":"+E9+E10","v":1888892072}]
[null,null,"TOTAL IMPUESTOS Y GARANTÍAS EN PORCENTAJE DEL COSTO DIRECTO",null,null,null,null,null,null,null,null,{"$f":"ROUND(L35/E9,5)","v":0.12748000000000001},null,0.1908,{"$f":"+ROUND(O35*N36,0)","v":360400607}]
[null,null,null,null,null,null,null,null,null,null,null,null,null,null,{"$f":"+O35+O36","v":2249292679}]
[null,null,"A. ADMINISTRACIÓN (1 + 2 + 3)",null,null,null,null,null,null,null,null,{"$f":"+L36","v":0.12748000000000001}]
[null,null,"I. IMPREVISTOS ",null,null,null,null,null,null,null,null,0.01]
[null,null,"U. UTILIDAD",null,null,null,null,null,null,null,null,0.05]
[]
[null,null,"A.I.U. (ADMINISTRACIÓN, IMPREVISTOS Y UTILIDAD)",null,null,null,null,null,null,null,null,{"$f":"SUM(L38:L41)","v":0.18748000000000004},0.18748000000000004]
[]
[]
[null,null,"NOTA:","LA EDICIÓN DE LAS FÓRMULAS COMPROMETE LA RESPONSABILIDAD DEL USUARIO DE LA MATRIZ."]
[null,null,"NOTA:","* INCLUYE EN F.P HORAS EXTRAS."]

{"sheet":"Tramo 1","index":17,"n_rows":65,"n_cols":12,"rows_kept":65,"cut":false,"hidden":true,"merged":[[14,1,14,11],[2,1,5,2],[2,4,2,11],[3,4,3,11],[4,4,4,11],[5,4,5,11],[7,1,7,2],[7,4,7,11],[8,1,8,2],[8,4,8,11],[9,1,10,2],[9,4,10,11],[12,1,12,11],[15,9,16,9],[17,2,17,9],[18,2,18,9],[15,5,16,5],[15,6,16,6],[15,1,16,1],[15,2,16,2],[15,4,16,4],[58,2,58,9],[44,1,44,9],[45,2,45,9],[46,2,46,5],[47,2,47,5],[23,2,23,9],[27,2,27,9],[15,7,16,7],[38,1,38,9],[39,2,39,9],[40,2,40,5],[43,2,43,5],[15,8,16,8],[57,2,57,9],[55,2,55,5],[56,2,56,5],[41,2,41,5],[42,2,42,5],[48,1,48,9],[50,2,50,9],[51,2,51,5],[52,1,52,9],[54,2,54,9],[59,2,59,5],[60,2,60,5],[61,2,61,5],[62,1,62,9],[64,1,64,9]]}
[]
[]
[null,null,null,null,"INSTITUTO DE DESARROLLO URBANO"]
[null,null,null,null,"SUBDIRECCIÓN GENERAL DE DESARROLLO URBANO"]
[null,null,null,null,"DIRECCIÓN TÉCNICA DE PROYECTOS"]
[]
[]
[null,"CONTRATO No."]
[null,"OBJETO DEL CONTRATO"]
[null,"OBJETO DE LA LICITACIÓN:",null,null,"CABLE AÉREO DE SAN CRISTÓBAL - TRAMO 1 \"ESTACIÓN DE TRANSFERENCIA A ESTACIÓN LA VICTORIA (incluida)\""]
[]
[]
[null,"COSTOS ESTIMADOS PLAN GENERAL DE MANEJO DE TRÁFICO"]
[]
[null,"TRAMO 1"]
[null,"Código Ítem","DESCRIPCIÓN",null,"CATEGORIA","FACTOR PREST","CANTIDAD","UNIDAD","VALOR UNITARIO  ","DEDICACIÓN","DURACIÓN CONSTRUCCIÓN:",18]
[null,null,null,null,null,null,null,null,null,null,"DEDICACIÓN TOTAL MESES","VALOR PARCIAL"]
[null,null,"PERSONAL "]
[null,null,"PERSONAL PROFESIONAL ETAPA PRECONSTRUCCIÓN"]
[null,9467,{"$f":"+VLOOKUP(B20,'Insumos IDU'!$C:$F,2,FALSE)","v":"TARIFA MES - PROFESIONAL CATEGORÍA 3 (INCLUYE FACTOR DE PRESTACIONES)"},"ESPECIALISTA EN TRÁNSITO Y TRANSPORTE",3,1,1,{"$f":"+VLOOKUP(B20,'Insumos IDU'!$C:$F,3,FALSE)","v":"MES"},{"$f":"+VLOOKUP(B20,'Insumos IDU'!$C:$F,4,FALSE)","v":11871264},0.1,{"$f":"+G20*J20*$L$16","v":1.8},{"$f":"+ROUND(I20*K20,0)","v":21368275}]
[null,9468,{"$f":"+VLOOKUP(B21,'Insumos IDU'!$C:$F,2,FALSE)","v":"TARIFA MES - PROFESIONAL CATEGORÍA 4 (INCLUYE FACTOR DE PRESTACIONES)"},"INGENIERO MODELADOR",4,1,1,{"$f":"+VLOOKUP(B21,'Insumos IDU'!$C:$F,3,FALSE)","v":"MES"},{"$f":"+VLOOKUP(B21,'Insumos IDU'!$C:$F,4,FALSE)","v":10112601},0.1,{"$f":"+G21*J21*$L$16","v":1.8},{"$f":"+ROUND(I21*K21,0)","v":18202682}]
[null,null,"AFORADOR"]
[null,9424,{"$f":"+VLOOKUP(B23,'Insumos IDU'!$C:$F,2,FALSE)","v":"TARIFA MES - PERSONAL DE OBRA - AYUDANTE (INCLUYE FACTOR DE PRESTACIONES)"},null,null,1,25,{"$f":"+VLOOKUP(B23,'Insumos IDU'!$C:$F,3,FALSE)","v":"MES"},{"$f":"+VLOOKUP(B23,'Insumos IDU'!$C:$F,4,FALSE)","v":1651600},0.1,{"$f":"+G23*J23*$L$16","v":45},{"$f":"+ROUND(I23*K23,0)","v":74322000}]
[null,null,"PERSONAL PROFESIONAL ETAPA CONSTRUCCIÓN"]
[null,9467,{"$f":"+VLOOKUP(B25,'Insumos IDU'!$C:$F,2,FALSE)","v":"TARIFA MES - PROFESIONAL CATEGORÍA 3 (INCLUYE FACTOR DE PRESTACIONES)"},"ESPECIALISTA EN TRÁNSITO Y TRANSPORTE",3,1,1,{"$f":"+VLOOKUP(B25,'Insumos IDU'!$C:$F,3,FALSE)","v":"MES"},{"$f":"+VLOOKUP(B25,'Insumos IDU'!$C:$F,4,FALSE)","v":11871264},0.2,{"$f":"+G25*J25*$L$16","v":3.6},{"$f":"+ROUND(I25*K25,0)","v":42736550}]
[null,9468,{"$f":"+VLOOKUP(B26,'Insumos IDU'!$C:$F,2,FALSE)","v":"TARIFA MES - PROFESIONAL CATEGORÍA 4 (INCLUYE FACTOR DE PRESTACIONES)"},"INGENIERO MODELADOR",4,1,1,{"$f":"+VLOOKUP(B26,'Insumos IDU'!$C:$F,3,FALSE)","v":"MES"},{"$f":"+VLOOKUP(B26,'Insumos IDU'!$C:$F,4,FALSE)","v":10112601},0.2,{"$f":"+G26*J26*$L$16","v":3.6},{"$f":"+ROUND(I26*K26,0)","v":36405364}]
[null,9468,{"$f":"+VLOOKUP(B27,'Insumos IDU'!$C:$F,2,FALSE)","v":"TARIFA MES - PROFESIONAL CATEGORÍA 4 (INCLUYE FACTOR DE PRESTACIONES)"},"INGENIERO RESIDENTE EN TRÁNSITO Y TRANSPORTE",4,1,1,{"$f":"+VLOOKUP(B27,'Insumos IDU'!$C:$F,3,FALSE)","v":"MES"},{"$f":"+VLOOKUP(B27,'Insumos IDU'!$C:$F,4,FALSE)","v":10112601},0.5,{"$f":"+G27*J27*$L$16","v":9},{"$f":"+ROUND(I27*K27,0)","v":91013409}]
[null,null,"PERSONAL BRIGADA DE MANTENIMIENTO DE SEÑALIZACION Y APOYO"]
[null,null,"RECORREDOR MOTORIZADO"]
[null,9100,{"$f":"+VLOOKUP(B30,'Insumos IDU'!$C:$F,2,FALSE)","v":"TARIFA MES - PERSONAL AUXILIAR TÉCNICO - CONDUCTOR O MOTORISTA (NO INCLUYE FACTOR DE PRESTACIONES)"},null,null,1,2,{"$f":"+VLOOKUP(B30,'Insumos IDU'!$C:$F,3,FALSE)","v":"MES"},{"$f":"+VLOOKUP(B30,'Insumos IDU'!$C:$F,4,FALSE)","v":1228000},1,{"$f":"+G30*J30*$L$16","v":36},{"$f":"+ROUND(I30*K30,0)","v":44208000}]
[null,null,"CONDUCTOR CAMIONETA"]
[null,9100,{"$f":"+VLOOKUP(B32,'Insumos IDU'!$C:$F,2,FALSE)","v":"TARIFA MES - PERSONAL AUXILIAR TÉCNICO - CONDUCTOR O MOTORISTA (NO INCLUYE FACTOR DE PRESTACIONES)"},null,null,1,1,{"$f":"+VLOOKUP(B32,'Insumos IDU'!$C:$F,3,FALSE)","v":"MES"},{"$f":"+VLOOKUP(B32,'Insumos IDU'!$C:$F,4,FALSE)","v":1228000},0.5,{"$f":"+G32*J32*$L$16","v":9},{"$f":"+ROUND(I32*K32,0)","v":11052000}]
[null,null,"BRIGADAS MANTENIMIENTO"]
[null,9424,{"$f":"+VLOOKUP(B34,'Insumos IDU'!$C:$F,2,FALSE)","v":"TARIFA MES - PERSONAL DE OBRA - AYUDANTE (INCLUYE FACTOR DE PRESTACIONES)"},null,null,1,5,{"$f":"+VLOOKUP(B34,'Insumos IDU'!$C:$F,3,FALSE)","v":"MES"},{"$f":"+VLOOKUP(B34,'Insumos IDU'!$C:$F,4,FALSE)","v":1651600},1,{"$f":"+G34*J34*$L$16","v":90},{"$f":"+ROUND(I34*K34,0)","v":148644000}]
[null,null,"PALETERO"]
[null,9424,{"$f":"+VLOOKUP(B36,'Insumos IDU'!$C:$F,2,FALSE)","v":"TARIFA MES - PERSONAL DE OBRA - AYUDANTE (INCLUYE FACTOR DE PRESTACIONES)"},null,null,1,15,{"$f":"+VLOOKUP(B36,'Insumos IDU'!$C:$F,3,FALSE)","v":"MES"},{"$f":"+VLOOKUP(B36,'Insumos IDU'!$C:$F,4,FALSE)","v":1651600},1,{"$f":"+G36*J36*$L$16","v":270},{"$f":"+ROUND(I36*K36,0)","v":445932000}]
[null,null,"AFORADOR"]
[null,9424,{"$f":"+VLOOKUP(B38,'Insumos IDU'!$C:$F,2,FALSE)","v":"TARIFA MES - PERSONAL DE OBRA - AYUDANTE (INCLUYE FACTOR DE PRESTACIONES)"},null,null,1,15,{"$f":"+VLOOKUP(B38,'Insumos IDU'!$C:$F,3,FALSE)","v":"MES"},{"$f":"+VLOOKUP(B38,'Insumos IDU'!$C:$F,4,FALSE)","v":1651600},0.1,{"$f":"+G38*J38*$L$16","v":27},{"$f":"+ROUND(I38*K38,0)","v":44593200}]
[null,"SUBTOTAL COSTOS PERSONAL",null,null,null,null,null,null,null,null,null,{"$f":"SUM(L20:L38)","v":978477480}]
[null,null,"SEÑALIZACION Y DEMARCACIÓN TEMPORAL"]
[null,6178,{"$f":"+VLOOKUP(B41,'Item IDU'!$C:$F,2,FALSE)","v":"ALQUILER SEÑAL VERTICAL GRUPO I (75X75CM) (INCLUYE SUMINISTRO E INSTALACIÓN)"},null,null,null,150,{"$f":"+VLOOKUP(B41,'Item IDU'!$C:$F,3,FALSE)","v":"UN/MES"},{"$f":"+VLOOKUP(B41,'Item IDU'!$C:$F,4,FALSE)","v":14380},null,{"$f":"+G41*$L$16","v":2700},{"$f":"+ROUND(I41*K41,0)","v":38826000}]
[null,6186,{"$f":"+VLOOKUP(B42,'Item IDU'!$C:$F,2,FALSE)","v":"ALQUILER BARRERA RELLENABLE (2.00X0.55X1.00M)"},null,null,null,30,{"$f":"+VLOOKUP(B42,'Item IDU'!$C:$F,3,FALSE)","v":"UN/MES"},{"$f":"+VLOOKUP(B42,'Item IDU'!$C:$F,4,FALSE)","v":11901},null,{"$f":"+G42*$L$16","v":540},{"$f":"+ROUND(I42*K42,0)","v":6426540}]
[null,7444,"CERRAMIENTO EN POLISOMBRA VERDE. h= 2.0m INCLUYE SUMINISTRO E INSTALACIÓN.",0,0,0,1500,"ML",6114,null,{"$f":"+G43","v":1500},{"$f":"+ROUND(I43*K43,0)","v":9171000}]
[null,6181,{"$f":"+VLOOKUP(B44,'Item IDU'!$C:$F,2,FALSE)","v":"ALQUILER DE PALETA PARE-SIGA EN POLIETILENO."},null,null,null,30,{"$f":"+VLOOKUP(B44,'Item IDU'!$C:$F,3,FALSE)","v":"UN/MES"},{"$f":"+VLOOKUP(B44,'Item IDU'!$C:$F,4,FALSE)","v":2736},null,{"$f":"+G44*$L$16","v":540},{"$f":"+ROUND(I44*K44,0)","v":1477440}]
[null,"SUBTOTAL COSTOS SEÑALIZACION Y DEMARCACIÓN TEMPORAL",null,null,null,null,null,null,null,null,null,{"$f":"SUM(L41:L44)","v":55900980}]
[null,null,"CANALIZACIÓN DEL TRÁNSITO"]
[null,4928,{"$f":"+VLOOKUP(B47,'Item IDU'!$C:$F,2,FALSE)","v":"CANALIZACIÓN DE TRÁFICO (INSTALACIÓN, MANTENIMIENTO Y DESINSTALACIÓN MENSUAL) CON SEÑALIZADORES TUBULARES COLOMBINA PLÁSTICA Y TRIPLE CINTA DE SEÑALIZACIÓN (INCLUYE ALQUILER DE SEÑALIZADORES TUBULARES). LONGITUD 3 METROS."},null,null,null,660,{"$f":"+VLOOKUP(B47,'Item IDU'!$C:$F,3,FALSE)","v":"UN/MES"},{"$f":"+VLOOKUP(B47,'Item IDU'!$C:$F,4,FALSE)","v":5545},null,{"$f":"+G47*$L$16","v":11880},{"$f":"+ROUND(I47*K47,0)","v":65874600}]
[null,7571,{"$f":"+VLOOKUP(B48,'Insumos IDU'!$C:$F,2,FALSE)","v":"CONOS H= 0,9- 1,0mt"},null,null,null,100,{"$f":"+VLOOKUP(B48,'Insumos IDU'!$C:$F,3,FALSE)","v":"UN"},{"$f":"+VLOOKUP(B48,'Insumos IDU'!$C:$F,4,FALSE)","v":77350},null,{"$f":"+G48","v":100},{"$f":"+ROUND(I48*K48,0)","v":7735000}]
[null,"SUBTOTAL COSTOS CANALIZACIÓN DEL TRÁFICO",null,null,null,null,null,null,null,null,null,{"$f":"SUM(L47:L48)","v":73609600}]
[]
[null,null,"DISPOSITIVOS LUMINOSOS"]
[null,6187,{"$f":"+VLOOKUP(B52,'Item IDU'!$C:$F,2,FALSE)","v":"ALQUILER DE SEÑAL LUMINOSA BIDIRECCIONAL 1.50M X 0.50M (INCLUYE INSTALACIÓN, MANTENIMIENTO Y DESINSTALACIÓN)."},null,null,null,30,{"$f":"+VLOOKUP(B52,'Item IDU'!$C:$F,3,FALSE)","v":"UN/MES"},{"$f":"+VLOOKUP(B52,'Item IDU'!$C:$F,4,FALSE)","v":237610},null,{"$f":"+G52*$L$16","v":540},{"$f":"+ROUND(I52*K52,0)","v":128309400}]
[null,"SUBTOTAL COSTOS DISPOSITIVOS LUMINOSOS",null,null,null,null,null,null,null,null,null,{"$f":"SUM(L52)","v":128309400}]
[]
[null,null,"SEMAFORIZACIÓN TEMPORAL"]
[null,6057,"SEMAFORO VEHICULAR DE POLICARBONATO (3x200) (ALQUILER) LENTES DE POLICARBONATO DE 8\" TRES LUCES, SISTEMA DE ILUMINACIÓN A LEDS, INCLUYE SUMINISTRO, INSTALACION Y TRASLADO INTERNO EN OBRA. ELEMENTOS DE FIJACION.",0,0,0,10,"UN/MES",145061,null,{"$f":"+G56*$L$16","v":180},{"$f":"+ROUND(I56*K56,0)","v":26110980}]
[null,6058,"SEMAFORO PEATONAL DE POLICARBONATO (2x200) (ALQUILER) LENTES DE POLICARBONATO DE 8\" DOS LUCES, SISTEMA DE ILUMINACIÓN A LEDS, INCLUYE SUMINISTRO, INSTALACION Y TRASLADO INTERNO EN OBRA. ELEMENTOS DE FIJACION.",0,0,0,8,"UN/MES",106435,null,{"$f":"+G57*$L$16","v":144},{"$f":"+ROUND(I57*K57,0)","v":15326640}]
[null,null,"SUBTOTAL COSTOS SEMAFORIZACIÓN TEMPORAL",null,null,null,null,null,null,null,null,{"$f":"SUM(L56:L57)","v":41437620}]
[null,null,"OTROS"]
[null,9211,{"$f":"+VLOOKUP(B60,'Insumos IDU'!$C:$F,2,FALSE)","v":"PASACALLE  IMPRESO EN LONA BANNER (7.00m x 1.00m) INCLUYE PALOS A LOS EXTREMOS"},null,null,null,20,{"$f":"+VLOOKUP(B60,'Insumos IDU'!$C:$F,3,FALSE)","v":"UN"},{"$f":"+VLOOKUP(B60,'Insumos IDU'!$C:$F,4,FALSE)","v":285705},null,{"$f":"+G60","v":20},{"$f":"+ROUND(I60*K60,0)","v":5714100}]
[null,6216,{"$f":"+VLOOKUP(B61,'Item IDU'!$C:$F,2,FALSE)","v":"ADECUACIÓN DE TERRENO (MOVIMIENTO DE TIERRA Y OBRAS DE ADECUACIÓN PARA ACCESO A MAQUINARIA)"},null,null,null,800,{"$f":"+VLOOKUP(B61,'Item IDU'!$C:$F,3,FALSE)","v":"M3"},{"$f":"+VLOOKUP(B61,'Item IDU'!$C:$F,4,FALSE)","v":53769},null,{"$f":"+G61","v":800},{"$f":"+ROUND(I61*K61,0)","v":43015200}]
[null,9427,{"$f":"+VLOOKUP(B62,'Insumos IDU'!$C:$F,2,FALSE)","v":"COSTO DE LA REPRODUCCIÓN DE PLANOS TAMAÑO PLIEGO"},null,null,null,100,{"$f":"+VLOOKUP(B62,'Insumos IDU'!$C:$F,3,FALSE)","v":"UN"},{"$f":"+VLOOKUP(B62,'Insumos IDU'!$C:$F,4,FALSE)","v":8263},null,{"$f":"+G62","v":100},{"$f":"+ROUND(I62*K62,0)","v":826300}]
[null,"SUBTOTAL OTROS COSTOS ",null,null,null,null,null,null,null,null,null,{"$f":"SUM(L60:L62)","v":49555600}]
[]
[null,"TOTAL COSTOS PMT",null,null,null,null,null,null,null,null,null,{"$f":"+L39+L45+L49+L53+L58+L63","v":1327290680}]

{"sheet":"Tramo 2 ","index":18,"n_rows":65,"n_cols":12,"rows_kept":65,"cut":false,"hidden":true,"merged":[[9,1,10,2],[9,4,10,11],[51,2,51,5],[52,1,52,9],[17,2,17,9],[15,2,16,2],[12,1,12,11],[14,1,14,11],[23,2,23,9],[27,2,27,9],[15,1,16,1],[15,9,16,9],[7,1,7,2],[7,4,7,11],[8,1,8,2],[2,1,5,2],[2,4,2,11],[3,4,3,11],[4,4,4,11],[5,4,5,11],[8,4,8,11],[64,1,64,9],[47,2,47,5],[61,2,61,5],[44,1,44,9],[38,1,38,9],[39,2,39,9],[40,2,40,5],[41,2,41,5],[42,2,42,5],[59,2,59,5],[62,1,62,9],[43,2,43,5],[45,2,45,9],[46,2,46,5],[60,2,60,5],[54,2,54,9],[57,2,57,9],[58,2,58,9],[48,1,48,9],[50,2,50,9],[15,4,16,4],[15,5,16,5],[15,6,16,6],[15,7,16,7],[15,8,16,8],[18,2,18,9],[55,2,55,5],[56,2,56,5]]}
[]
[]
[null,null,null,null,"INSTITUTO DE DESARROLLO URBANO"]
[null,null,null,null,"SUBDIRECCIÓN GENERAL DE DESARROLLO URBANO"]
[null,null,null,null,"DIRECCIÓN TÉCNICA DE PROYECTOS"]
[]
[]
[null,"CONTRATO No."]
[null,"OBJETO DEL CONTRATO"]
[null,"OBJETO DE LA LICITACIÓN:",null,null,"CABLE AÉREO DE SAN CRISTÓBAL - TRAMO 1 \"ESTACIÓN DE LA VICTORIA (sin incluir) A ESTACIÓN DE ALTAMIRA\""]
[]
[]
[null,"COSTOS ESTIMADOS PLAN DE MANEJO DE TRÁFICO"]
[]
[null,"TRAMO 2"]
[null,"Código Ítem","DESCRIPCIÓN",null,"CATEGORIA","FACTOR PREST","CANTIDAD","UNIDAD","VALOR UNITARIO  ","DEDICACIÓN","DURACIÓN CONSTRUCCIÓN:",10]
[null,null,null,null,null,null,null,null,null,null,"DEDICACIÓN TOTAL MESES","VALOR PARCIAL"]
[null,null,"PERSONAL "]
[null,null,"PERSONAL PROFESIONAL ETAPA PRECONSTRUCCIÓN"]
[null,9467,{"$f":"+VLOOKUP(B20,'Insumos IDU'!$C:$F,2,FALSE)","v":"TARIFA MES - PROFESIONAL CATEGORÍA 3 (INCLUYE FACTOR DE PRESTACIONES)"},"ESPECIALISTA EN TRÁNSITO Y TRANSPORTE",3,1,1,{"$f":"+VLOOKUP(B20,'Insumos IDU'!$C:$F,3,FALSE)","v":"MES"},{"$f":"+VLOOKUP(B20,'Insumos IDU'!$C:$F,4,FALSE)","v":11871264},0.1,{"$f":"+G20*J20*$L$16","v":1},{"$f":"+ROUND(I20*K20,0)","v":11871264}]
[null,9468,{"$f":"+VLOOKUP(B21,'Insumos IDU'!$C:$F,2,FALSE)","v":"TARIFA MES - PROFESIONAL CATEGORÍA 4 (INCLUYE FACTOR DE PRESTACIONES)"},"INGENIERO MODELADOR",4,1,1,{"$f":"+VLOOKUP(B21,'Insumos IDU'!$C:$F,3,FALSE)","v":"MES"},{"$f":"+VLOOKUP(B21,'Insumos IDU'!$C:$F,4,FALSE)","v":10112601},0.1,{"$f":"+G21*J21*$L$16","v":1},{"$f":"+ROUND(I21*K21,0)","v":10112601}]
[null,null,"AFORADOR"]
[null,9424,{"$f":"+VLOOKUP(B23,'Insumos IDU'!$C:$F,2,FALSE)","v":"TARIFA MES - PERSONAL DE OBRA - AYUDANTE (INCLUYE FACTOR DE PRESTACIONES)"},null,null,1,18,{"$f":"+VLOOKUP(B23,'Insumos IDU'!$C:$F,3,FALSE)","v":"MES"},{"$f":"+VLOOKUP(B23,'Insumos IDU'!$C:$F,4,FALSE)","v":1651600},7.0000000000000007E-2,{"$f":"+G23*J23*$L$16","v":12.600000000000001},{"$f":"+ROUND(I23*K23,0)","v":20810160}]
[null,null,"PERSONAL PROFESIONAL ETAPA CONSTRUCCIÓN"]
[null,9467,{"$f":"+VLOOKUP(B25,'Insumos IDU'!$C:$F,2,FALSE)","v":"TARIFA MES - PROFESIONAL CATEGORÍA 3 (INCLUYE FACTOR DE PRESTACIONES)"},"ESPECIALISTA EN TRÁNSITO Y TRANSPORTE",3,1,1,{"$f":"+VLOOKUP(B25,'Insumos IDU'!$C:$F,3,FALSE)","v":"MES"},{"$f":"+VLOOKUP(B25,'Insumos IDU'!$C:$F,4,FALSE)","v":11871264},0.15,{"$f":"+G25*J25*$L$16","v":1.5},{"$f":"+ROUND(I25*K25,0)","v":17806896}]
[null,9468,{"$f":"+VLOOKUP(B26,'Insumos IDU'!$C:$F,2,FALSE)","v":"TARIFA MES - PROFESIONAL CATEGORÍA 4 (INCLUYE FACTOR DE PRESTACIONES)"},"INGENIERO MODELADOR",4,1,1,{"$f":"+VLOOKUP(B26,'Insumos IDU'!$C:$F,3,FALSE)","v":"MES"},{"$f":"+VLOOKUP(B26,'Insumos IDU'!$C:$F,4,FALSE)","v":10112601},0.15,{"$f":"+G26*J26*$L$16","v":1.5},{"$f":"+ROUND(I26*K26,0)","v":15168902}]
[null,9468,{"$f":"+VLOOKUP(B27,'Insumos IDU'!$C:$F,2,FALSE)","v":"TARIFA MES - PROFESIONAL CATEGORÍA 4 (INCLUYE FACTOR DE PRESTACIONES)"},"INGENIERO RESIDENTE EN TRÁNSITO Y TRANSPORTE",4,1,1,{"$f":"+VLOOKUP(B27,'Insumos IDU'!$C:$F,3,FALSE)","v":"MES"},{"$f":"+VLOOKUP(B27,'Insumos IDU'!$C:$F,4,FALSE)","v":10112601},0.4,{"$f":"+G27*J27*$L$16","v":4},{"$f":"+ROUND(I27*K27,0)","v":40450404}]
[null,null,"PERSONAL BRIGADA DE MANTENIMIENTO DE SEÑALIZACION Y APOYO"]
[null,null,"RECORREDOR MOTORIZADO"]
[null,9100,{"$f":"+VLOOKUP(B30,'Insumos IDU'!$C:$F,2,FALSE)","v":"TARIFA MES - PERSONAL AUXILIAR TÉCNICO - CONDUCTOR O MOTORISTA (NO INCLUYE FACTOR DE PRESTACIONES)"},null,null,1,2,{"$f":"+VLOOKUP(B30,'Insumos IDU'!$C:$F,3,FALSE)","v":"MES"},{"$f":"+VLOOKUP(B30,'Insumos IDU'!$C:$F,4,FALSE)","v":1228000},1,{"$f":"+G30*J30*$L$16","v":20},{"$f":"+ROUND(I30*K30,0)","v":24560000}]
[null,null,"CONDUCTOR CAMIONETA"]
[null,9100,{"$f":"+VLOOKUP(B32,'Insumos IDU'!$C:$F,2,FALSE)","v":"TARIFA MES - PERSONAL AUXILIAR TÉCNICO - CONDUCTOR O MOTORISTA (NO INCLUYE FACTOR DE PRESTACIONES)"},null,null,1,1,{"$f":"+VLOOKUP(B32,'Insumos IDU'!$C:$F,3,FALSE)","v":"MES"},{"$f":"+VLOOKUP(B32,'Insumos IDU'!$C:$F,4,FALSE)","v":1228000},0.5,{"$f":"+G32*J32*$L$16","v":5},{"$f":"+ROUND(I32*K32,0)","v":6140000}]
[null,null,"BRIGADAS MANTENIMIENTO"]
[null,9424,{"$f":"+VLOOKUP(B34,'Insumos IDU'!$C:$F,2,FALSE)","v":"TARIFA MES - PERSONAL DE OBRA - AYUDANTE (INCLUYE FACTOR DE PRESTACIONES)"},null,null,1,3,{"$f":"+VLOOKUP(B34,'Insumos IDU'!$C:$F,3,FALSE)","v":"MES"},{"$f":"+VLOOKUP(B34,'Insumos IDU'!$C:$F,4,FALSE)","v":1651600},1,{"$f":"+G34*J34*$L$16","v":30},{"$f":"+ROUND(I34*K34,0)","v":49548000}]
[null,null,"PALETERO"]
[null,9424,{"$f":"+VLOOKUP(B36,'Insumos IDU'!$C:$F,2,FALSE)","v":"TARIFA MES - PERSONAL DE OBRA - AYUDANTE (INCLUYE FACTOR DE PRESTACIONES)"},null,null,1,12,{"$f":"+VLOOKUP(B36,'Insumos IDU'!$C:$F,3,FALSE)","v":"MES"},{"$f":"+VLOOKUP(B36,'Insumos IDU'!$C:$F,4,FALSE)","v":1651600},1,{"$f":"+G36*J36*$L$16","v":120},{"$f":"+ROUND(I36*K36,0)","v":198192000}]
[null,null,"AFORADOR"]
[null,9424,{"$f":"+VLOOKUP(B38,'Insumos IDU'!$C:$F,2,FALSE)","v":"TARIFA MES - PERSONAL DE OBRA - AYUDANTE (INCLUYE FACTOR DE PRESTACIONES)"},null,null,1,12,{"$f":"+VLOOKUP(B38,'Insumos IDU'!$C:$F,3,FALSE)","v":"MES"},{"$f":"+VLOOKUP(B38,'Insumos IDU'!$C:$F,4,FALSE)","v":1651600},7.0000000000000007E-2,{"$f":"+G38*J38*$L$16","v":8.4},{"$f":"+ROUND(I38*K38,0)","v":13873440}]
[null,"SUBTOTAL COSTOS PERSONAL",null,null,null,null,null,null,null,null,null,{"$f":"SUM(L20:L38)","v":408533667}]
[null,null,"SEÑALIZACION Y DEMARCACIÓN TEMPORAL"]
[null,6178,{"$f":"+VLOOKUP(B41,'Item IDU'!$C:$F,2,FALSE)","v":"ALQUILER SEÑAL VERTICAL GRUPO I (75X75CM) (INCLUYE SUMINISTRO E INSTALACIÓN)"},null,null,null,97,{"$f":"+VLOOKUP(B41,'Item IDU'!$C:$F,3,FALSE)","v":"UN/MES"},{"$f":"+VLOOKUP(B41,'Item IDU'!$C:$F,4,FALSE)","v":14380},null,{"$f":"+G41*$L$16","v":970},{"$f":"+ROUND(I41*K41,0)","v":13948600}]
[null,6186,{"$f":"+VLOOKUP(B42,'Item IDU'!$C:$F,2,FALSE)","v":"ALQUILER BARRERA RELLENABLE (2.00X0.55X1.00M)"},null,null,null,20,{"$f":"+VLOOKUP(B42,'Item IDU'!$C:$F,3,FALSE)","v":"UN/MES"},{"$f":"+VLOOKUP(B42,'Item IDU'!$C:$F,4,FALSE)","v":11901},null,{"$f":"+G42*$L$16","v":200},{"$f":"+ROUND(I42*K42,0)","v":2380200}]
[null,7444,{"$f":"+'Tramo 1'!C43:F43","v":"CERRAMIENTO EN POLISOMBRA VERDE. h= 2.0m INCLUYE SUMINISTRO E INSTALACIÓN."},null,null,null,1200,{"$f":"+'Tramo 1'!H43","v":"ML"},{"$f":"+'Tramo 1'!I43","v":6114},null,{"$f":"+G43","v":1200},{"$f":"+ROUND(I43*K43,0)","v":7336800}]
[null,6181,{"$f":"+VLOOKUP(B44,'Item IDU'!$C:$F,2,FALSE)","v":"ALQUILER DE PALETA PARE-SIGA EN POLIETILENO."},null,null,null,25,{"$f":"+VLOOKUP(B44,'Item IDU'!$C:$F,3,FALSE)","v":"UN/MES"},{"$f":"+VLOOKUP(B44,'Item IDU'!$C:$F,4,FALSE)","v":2736},null,{"$f":"+G44*$L$16","v":250},{"$f":"+ROUND(I44*K44,0)","v":684000}]
[null,"SUBTOTAL COSTOS SEÑALIZACION Y DEMARCACIÓN TEMPORAL",null,null,null,null,null,null,null,null,null,{"$f":"SUM(L41:L44)","v":24349600}]
[null,null,"CANALIZACIÓN DEL TRÁNSITO"]
[null,4928,{"$f":"+VLOOKUP(B47,'Item IDU'!$C:$F,2,FALSE)","v":"CANALIZACIÓN DE TRÁFICO (INSTALACIÓN, MANTENIMIENTO Y DESINSTALACIÓN MENSUAL) CON SEÑALIZADORES TUBULARES COLOMBINA PLÁSTICA Y TRIPLE CINTA DE SEÑALIZACIÓN (INCLUYE ALQUILER DE SEÑALIZADORES TUBULARES). LONGITUD 3 METROS."},null,null,null,550,{"$f":"+VLOOKUP(B47,'Item IDU'!$C:$F,3,FALSE)","v":"UN/MES"},{"$f":"+VLOOKUP(B47,'Item IDU'!$C:$F,4,FALSE)","v":5545},null,{"$f":"+G47*$L$16","v":5500},{"$f":"+ROUND(I47*K47,0)","v":30497500}]
[null,7571,{"$f":"+VLOOKUP(B48,'Insumos IDU'!$C:$F,2,FALSE)","v":"CONOS H= 0,9- 1,0mt"},null,null,null,70,{"$f":"+VLOOKUP(B48,'Insumos IDU'!$C:$F,3,FALSE)","v":"UN"},{"$f":"+VLOOKUP(B48,'Insumos IDU'!$C:$F,4,FALSE)","v":77350},null,{"$f":"+G48","v":70},{"$f":"+ROUND(I48*K48,0)","v":5414500}]
[null,"SUBTOTAL COSTOS CANALIZACIÓN DEL TRÁFICO",null,null,null,null,null,null,null,null,null,{"$f":"SUM(L47:L48)","v":35912000}]
[]
[null,null,"DISPOSITIVOS LUMINOSOS"]
[null,6187,{"$f":"+VLOOKUP(B52,'Item IDU'!$C:$F,2,FALSE)","v":"ALQUILER DE SEÑAL LUMINOSA BIDIRECCIONAL 1.50M X 0.50M (INCLUYE INSTALACIÓN, MANTENIMIENTO Y DESINSTALACIÓN)."},null,null,null,25,{"$f":"+VLOOKUP(B52,'Item IDU'!$C:$F,3,FALSE)","v":"UN/MES"},{"$f":"+VLOOKUP(B52,'Item IDU'!$C:$F,4,FALSE)","v":237610},null,{"$f":"+G52*$L$16","v":250},{"$f":"+ROUND(I52*K52,0)","v":59402500}]
[null,"SUBTOTAL COSTOS DISPOSITIVOS LUMINOSOS",null,null,null,null,null,null,null,null,null,{"$f":"SUM(L52)","v":59402500}]
[]
[null,null,"SEMAFORIZACIÓN TEMPORAL"]
[null,6057,"SEMAFORO VEHICULAR DE POLICARBONATO (3x200) (ALQUILER) LENTES DE POLICARBONATO DE 8\" TRES LUCES, SISTEMA DE ILUMINACIÓN A LEDS, INCLUYE SUMINISTRO, INSTALACION Y TRASLADO INTERNO EN OBRA. ELEMENTOS DE FIJACION.",0,0,0,8,"UN/MES",145061,null,{"$f":"+G56*$L$16","v":80},{"$f":"+ROUND(I56*K56,0)","v":11604880}]
[null,6058,"SEMAFORO PEATONAL DE POLICARBONATO (2x200) (ALQUILER) LENTES DE POLICARBONATO DE 8\" DOS LUCES, SISTEMA DE ILUMINACIÓN A LEDS, INCLUYE SUMINISTRO, INSTALACION Y TRASLADO INTERNO EN OBRA. ELEMENTOS DE FIJACION.",0,0,0,6,"UN/MES",106435,null,{"$f":"+G57*$L$16","v":60},{"$f":"+ROUND(I57*K57,0)","v":6386100}]
[null,null,"SUBTOTAL COSTOS SEMAFORIZACIÓN TEMPORAL",null,null,null,null,null,null,null,null,{"$f":"SUM(L56)","v":11604880}]
[null,null,"OTROS"]
[null,9211,{"$f":"+VLOOKUP(B60,'Insumos IDU'!$C:$F,2,FALSE)","v":"PASACALLE  IMPRESO EN LONA BANNER (7.00m x 1.00m) INCLUYE PALOS A LOS EXTREMOS"},null,null,null,15,{"$f":"+VLOOKUP(B60,'Insumos IDU'!$C:$F,3,FALSE)","v":"UN"},{"$f":"+VLOOKUP(B60,'Insumos IDU'!$C:$F,4,FALSE)","v":285705},null,{"$f":"+G60","v":15},{"$f":"+ROUND(I60*K60,0)","v":4285575}]
[null,6216,{"$f":"+VLOOKUP(B61,'Item IDU'!$C:$F,2,FALSE)","v":"ADECUACIÓN DE TERRENO (MOVIMIENTO DE TIERRA Y OBRAS DE ADECUACIÓN PARA ACCESO A MAQUINARIA)"},null,null,null,600,{"$f":"+VLOOKUP(B61,'Item IDU'!$C:$F,3,FALSE)","v":"M3"},{"$f":"+VLOOKUP(B61,'Item IDU'!$C:$F,4,FALSE)","v":53769},null,{"$f":"+G61","v":600},{"$f":"+ROUND(I61*K61,0)","v":32261400}]
[null,9427,{"$f":"+VLOOKUP(B62,'Insumos IDU'!$C:$F,2,FALSE)","v":"COSTO DE LA REPRODUCCIÓN DE PLANOS TAMAÑO PLIEGO"},null,null,null,70,{"$f":"+VLOOKUP(B62,'Insumos IDU'!$C:$F,3,FALSE)","v":"UN"},{"$f":"+VLOOKUP(B62,'Insumos IDU'!$C:$F,4,FALSE)","v":8263},null,{"$f":"+G62","v":70},{"$f":"+ROUND(I62*K62,0)","v":578410}]
[null,"SUBTOTAL OTROS COSTOS ",null,null,null,null,null,null,null,null,null,{"$f":"SUM(L60:L62)","v":37125385}]
[]
[null,"TOTAL COSTOS PMT",null,null,null,null,null,null,null,null,null,{"$f":"+L39+L45+L49+L53+L58+L63","v":576928032}]

{"sheet":"Item IDU","index":19,"n_rows":3721,"n_cols":7,"rows_kept":3721,"cut":false,"hidden":true,"merged":[[2,0,2,3],[0,0,0,6]]}
["ÍTEM IDU"]
[]
[]
[null,null,null,"Fecha de publicación: 24 enero 2022"]
[]
["Origen - Categoría ","CAPÍTULO","COD.","NOMBRE","UM","PRECIO","Fecha de actualización"]
["Antiguo","EXCAVACIONES",3007,"REPLANTEO GENERAL","M2",671,"Actualización MO 2022"]
["Antiguo","EXCAVACIONES",3009,"EXCAVACION MANUAL PARA REDES PROFUNDIDAD 0M - 2M (INCLUYE CARGUE)","M3",31876,"Actualización MO 2022"]
["Antiguo","DEMOLICIONES",3010,"DEMOLICION PAVIMENTO ASFALTICO (INCLUYE CARGUE). NO INCLUYE TRANSPORTE Y DISPOSICIÓN FINAL DE SOBRANTES.","M3",34485,"Actualización MO 2022"]
["Antiguo","DEMOLICIONES",3011,"DEMOLICION MANUAL SARDINEL EXISTENTE (INCLUYE CARGUE). NO INCLUYE TRANSPORTE Y DISPOSICIÓN FINAL DE SOBRANTES.","ML",4523,"Actualización MO 2022"]
["Antiguo","DEMOLICIONES",3012,"DEMOLICIÓN PISOS DE CONCRETO (ESPESOR VARIABLE HASTA 0.10 M. INCLUYE CARGUE). NO INCLUYE TRANSPORTE Y DISPOSICIÓN FINAL DE SOBRANTES.","M2",6982,"Actualización MO 2022"]
["Antiguo","REDES ELECTRICAS",3015,"RETIRO DE POSTES DE AP/LA (INCLUYE TRASLADO A SITIO DE ACOPIO)","UN",241284,"Actualización MO 2022"]
["Antiguo","TRANSPORTES Y ACARREOS",3017,"TRANSPORTE Y DISPOSICIÓN FINAL DE ESCOMBROS EN SITIO AUTORIZADO (DISTANCIA DE TRANSPORTE 21 KM). A DISTANCIA MAYOR DEL ACARREO LIBRE (90 M) EN SITIO AUTORIZADO POR LA ENTIDAD AMBIENTAL COMPETENTE.","M3",34429,"Actualización MO 2022"]
["Antiguo","RELLENOS Y CAPAS GRANULARES",3018,"RELLENO EN TIERRA NEGRA PARA EMPRADIZACION (SUMINISTRO Y EXTENDIDO)","M3",53505,"Actualización MO 2022"]
["Antiguo","DEMOLICIONES",3021,"DEMOLICION PAVIMENTO ASFALTICO (ESPESOR VARIABLE. INCLUYE CARGUE). NO INCLUYE TRANSPORTE Y DISPOSICIÓN FINAL DE SOBRANTES.","M2",6160,"Actualización MO 2022"]
["Antiguo","DEMOLICIONES",3022,"DEMOLICIÓN PISOS DE CONCRETO (INCLUYE CARGUE). NO INCLUYE TRANSPORTE Y DISPOSICIÓN FINAL DE SOBRANTES.","M3",52942,"Actualización MO 2022"]
["Antiguo","RELLENOS Y CAPAS GRANULARES",3024,"RELLENO PARA REDES EN ARENA DE PEÑA (SUMINISTRO, EXTENDIDO, HUMEDECIMIENTO Y COMPACTACIÓN)","M3",105361,"Actualización MO 2022"]
["Antiguo","ANDENES Y SARDINELES",3027,"SARDINEL TIPO A10 (SUMINISTRO E INSTALACIÓN. INCLUYE 3CM MORTERO 1:5)","ML",52710,"Actualización MO 2022"]
["Antiguo","REDES ALCANTARILLADO / DRENAJE",3041,"TUBERIA PVC U.M. EXT CORRUGADO/INT LISO U.M. NORMA NTC 3722-1 D=4\" (INCLUYE SUMINISTRO E INSTALACIÓN)","ML",24472,"Actualización MO 2022"]
["Antiguo","REDES ALCANTARILLADO / DRENAJE",3042,"TUBERIA PVC U.M. EXT CORRUGADO/INT LISO U.M. NORMA NTC 3722-1 D=6\" (INCLUYE SUMINISTRO E INSTALACIÓN)","ML",42064,"Actualización MO 2022"]
["Antiguo","REDES ALCANTARILLADO / DRENAJE",3043,"TUBERIA PVC U.M. EXT CORRUGADO/INT LISO U.M. NORMA NTC 3722-1 D=8\" (INCLUYE SUMINISTRO E INSTALACIÓN)","ML",58296,"Actualización MO 2022"]
["Antiguo","REDES ALCANTARILLADO / DRENAJE",3044,"TUBERIA PVC U.M. EXT CORRUGADO/INT LISO U.M. NORMA NTC 3722-1 D=10\" (INCLUYE SUMINISTRO E INSTALACIÓN)","ML",82315,"Actualización MO 2022"]
["Antiguo","REDES ALCANTARILLADO / DRENAJE",3045,"TUBERIA PVC U.M. EXT CORRUGADO/INT LISO U.M. NORMA NTC 3722-1 D=12\" (INCLUYE SUMINISTRO E INSTALACIÓN)","ML",115102,"Actualización MO 2022"]
["Antiguo","REDES ALCANTARILLADO / DRENAJE",3046,"TUBERIA PVC U.M. EXT CORRUGADO/INT LISO U.M. NORMA NTC 3722-1 D=16\" (INCLUYE SUMINISTRO E INSTALACIÓN)","ML",204264,"Actualización MO 2022"]
["Antiguo","REDES ALCANTARILLADO / DRENAJE",3047,"TUBERIA PVC U.M. EXT CORRUGADO/INT LISO U.M. NORMA NTC 3722-1 D=18\" (INCLUYE SUMINISTRO E INSTALACIÓN)","ML",261492,"Actualización MO 2022"]
["Antiguo","REDES ALCANTARILLADO / DRENAJE",3048,"TUBERIA PVC U.M. EXT CORRUGADO/INT LISO U.M. NORMA NTC 3722-1 D=20\" (INCLUYE SUMINISTRO E INSTALACIÓN)","ML",338191,"Actualización MO 2022"]
["Antiguo","RELLENOS Y CAPAS GRANULARES",3050,"RELLENO EN MATERIAL SELECCIONADO PROVENIENTE DE LA EXCAVACIÓN (EXTENDIDO MANUAL, HUMEDECIMIENTO Y COMPACTACIÓN)","M3",28444,"Actualización MO 2022"]
["Antiguo","RELLENOS Y CAPAS GRANULARES",3052,"RELLENO PARA REDES EN SUBBASE GRANULAR B-200 (SUMINISTRO, EXTENDIDO, HUMEDECIMIENTO Y COMPACTACIÓN)","M3",81951,"Actualización MO 2022"]
["Antiguo","REDES TELEFONICAS / DATOS",3055,"12 DUCTOS D=4\" PVC-TDP (INCLUYE SUMINISTRO E INSTALACIÓN. NO INCLUYE RELLENOS)","ML",232815,"Actualización MO 2022"]
["Antiguo","REDES TELEFONICAS / DATOS",3056,"16 DUCTOS D=4\" PVC-TDP (INCLUYE SUMINISTRO E INSTALACIÓN. NO INCLUYE RELLENOS)","ML",308903,"Actualización MO 2022"]
["Antiguo","REDES TELEFONICAS / DATOS",3057,"CAMARA DE INSPECCIÓN T-13 ETB (H=2.3M. INCLUYE BASE, MUROS, CUBIERTA, ARO-BASE Y ARO-TAPA)","UN",3416142,"Actualización MO 2022"]
["Antiguo","REDES TELEFONICAS / DATOS",3058,"CAMARA DE INSPECCIÓN T-13A ETB (H=2.3M. INCLUYE BASE, MUROS, CUBIERTA, ARO-BASE Y ARO-TAPA)","UN",5623531,"Actualización MO 2022"]
["Antiguo","REDES TELEFONICAS / DATOS",3059,"CAMARA DE INSPECCIÓN T-14 ETB (H=2.3M. INCLUYE BASE, MUROS, CUBIERTA, ARO-BASE Y ARO-TAPA)","UN",3371644,"Actualización MO 2022"]
["Antiguo","ANDENES Y SARDINELES",3062,"PISO EN LOSETA PREFABRICADA A30 (SUMINISTRO E INSTALACIÓN. INCLUYE BASE 4CM ARENA NIVELACIÓN Y ARENA DE SELLO)","M2",63026,"Actualización MO 2022"]
["Antiguo","REDES ALCANTARILLADO / DRENAJE",3064,"TUBERIA CONCRETO D=8\" CL. I SIN REFUERZO (INCLUYE SUMINISTRO E INSTALACIÓN)","ML",62970,"Actualización MO 2022"]
["Antiguo","REDES ALCANTARILLADO / DRENAJE",3065,"TUBERIA CONCRETO D=10\" CL. I SIN REFUERZO (INCLUYE SUMINISTRO E INSTALACIÓN)","ML",75344,"Actualización MO 2022"]
["Antiguo","REDES ALCANTARILLADO / DRENAJE",3066,"TUBERIA CONCRETO D=12\" CL. I SIN REFUERZO (INCLUYE SUMINISTRO E INSTALACIÓN)","ML",106079,"Actualización MO 2022"]
["Antiguo","REDES ALCANTARILLADO / DRENAJE",3067,"TUBERIA CONCRETO D=14\" CL. I SIN REFUERZO (INCLUYE SUMINISTRO E INSTALACIÓN)","ML",125358,"Actualización MO 2022"]
["Antiguo","REDES ALCANTARILLADO / DRENAJE",3068,"TUBERIA CONCRETO D=16\" CL. I SIN REFUERZO (INCLUYE SUMINISTRO E INSTALACIÓN)","ML",160301,"Actualización MO 2022"]
["Antiguo","REDES ALCANTARILLADO / DRENAJE",3069,"TUBERIA CONCRETO D=18\" CL. I SIN REFUERZO (INCLUYE SUMINISTRO E INSTALACIÓN)","ML",200831,"Actualización MO 2022"]
["Antiguo","REDES ALCANTARILLADO / DRENAJE",3070,"TUBERIA CONCRETO D=20\" CL. I SIN REFUERZO (INCLUYE SUMINISTRO E INSTALACIÓN)","ML",256634,"Actualización MO 2022"]
["Antiguo","REDES ALCANTARILLADO / DRENAJE",3071,"TUBERIA CONCRETO D=24\" CL. I SIN REFUERZO (INCLUYE SUMINISTRO E INSTALACIÓN)","ML",369051,"Actualización MO 2022"]
["Antiguo","REDES ALCANTARILLADO / DRENAJE",3151,"SUMIDERO LATERAL SL-100, H=1.25M (FUNDIDO EN SITIO, CONCRETO PREMEZCLADO. INCL. SUMIN, FORM, REF. Y CONSTR. INCL. TAPA)","UN",1855831,"Actualización MO 2022"]
["Antiguo","REDES ALCANTARILLADO / DRENAJE",3155,"DEMOLICION SUMIDERO EXISTENTE (INCLUYE CARGUE)","UN",180844,"Actualización MO 2022"]
["Antiguo","REDES ELECTRICAS",3159,"2 DUCTOS D=3\" PVC-EB (INCLUYE SUMINISTRO E INSTALACIÓN. NO INCLUYE RELLENOS). NORMA CS207.","ML",27724,"Actualización MO 2022"]
["Antiguo","ANDENES Y SARDINELES",3163,"SEPARADOR 'NEW JERSEY' BIDIRECCIONAL 1.5M X 0.6M X 1.1M (PREFABRICADO. INCLUYE SUM. E INST. NO INC. MATERIAL DE BASE)","ML",293732,"Actualización MO 2022"]
["Antiguo","MOBILIARIO URBANO - ARBOLES Y GRAMAS",3172,"SIEMBRA DE GRAMA (INCLUYE SUMINISTRO E INSTALACIÓN. NO INCLUYE TIERRA NEGRA)","M2",9776,"Actualización MO 2022"]
["Antiguo","SEÑALIZACIÓN",3178,"DEMARCACION PASO PEATONAL-CEBRA (E=15 MILS, ACRÍLICA BASE AGUA. INC. SUMIN. Y APLIC. CON EQUIPO. INCL. MICROESFERAS)","M2",28560,"Actualización MO 2022"]
["Antiguo","SEÑALIZACIÓN",3180,"DEMARCACION PASO PEATONAL-LINEA CONT. A=0.15M (E=15 MILS, ACRÍLICA B. AGUA. INC. SUM Y APLIC. CON EQUIPO. INC MICROESF.)","ML",1299,"Actualización MO 2022"]
["Antiguo","REDES ELECTRICAS",3189,"6 DUCTOS D=4\" Y 3 DUCTOS D=6\" PVC-TDP (INCLUYE SUMINISTRO E INSTALACIÓN. NO INCLUYE RELLENOS). NORMA CS215.","ML",245824,"Actualización MO 2022"]
["Antiguo","REDES TELEFONICAS / DATOS",3194,"6 DUCTOS D=3\" PVC-TDP (INCLUYE SUMINISTRO E INSTALACIÓN. NO INCLUYE RELLENOS)","ML",95152,"Actualización MO 2022"]
["Antiguo","REDES TELEFONICAS / DATOS",3195,"2 DUCTOS D=4\" PVC-TDP (INCLUYE SUMINISTRO E INSTALACIÓN. NO INCLUYE RELLENOS)","ML",41059,"Actualización MO 2022"]
["Antiguo","REDES ACUEDUCTO",3196,"UNION GIBAULT D=3\" (SUMINISTRO E INSTALACIÓN)","UN",123293,"Actualización MO 2022"]
["Antiguo","REDES ACUEDUCTO",3197,"UNION GIBAULT D=4\" (SUMINISTRO E INSTALACIÓN)","UN",150792,"Actualización MO 2022"]
["Antiguo","REDES ACUEDUCTO",3198,"UNION GIBAULT D=6\" (SUMINISTRO E INSTALACIÓN)","UN",260914,"Actualización MO 2022"]
["Antiguo","REDES ACUEDUCTO",3199,"UNION GIBAULT D=8\" (SUMINISTRO E INSTALACIÓN)","UN",312884,"Actualización MO 2022"]
["Antiguo","REDES ACUEDUCTO",3200,"UNION GIBAULT D=10\" (SUMINISTRO E INSTALACIÓN)","UN",528169,"Actualización MO 2022"]
["Antiguo","REDES ACUEDUCTO",3201,"UNION GIBAULT D=12\" (SUMINISTRO E INSTALACIÓN)","UN",753989,"Actualización MO 2022"]
["Antiguo","CONCRETO Y ACERO PARA ESTRUCTURAS",3202,"CONCRETO 3000 PSI HECHO EN OBRA PARA REDES (SUMINISTRO Y COLOCACIÓN)","M3",523590,"Actualización MO 2022"]
["Antiguo","CONCRETO Y ACERO PARA ESTRUCTURAS",3203,"CONCRETO 2500 PSI HECHO EN OBRA PARA REDES (SUMINISTRO Y COLOCACIÓN)","M3",448368,"Actualización MO 2022"]
["Antiguo","PAVIMENTOS",3204,"LOSA DE CONCRETO MR43 (SUMINISTRO, FORMALETEADO, COLOCACIÓN Y ACABADO. NO INCLUYE ACERO, CURADO, JUNTAS)","M3",550742,"Actualización MO 2022"]
["Antiguo","ANDENES Y SARDINELES",3207,"SARDINEL ESPECIAL A100 PARA RAMPA TIPO A (SUMINISTRO E INSTALACIÓN. INCLUYE 3CM MORTERO 1:5)","UN",41323,"Actualización MO 2022"]
["Antiguo","ANDENES Y SARDINELES",3209,"BORDE SEPARADOR VERDE TIPO A170 (SUMINISTRO E INSTALACIÓN. INCLUYE 3CM MORTERO 1:5)","ML",200325,"Actualización MO 2022"]
["Antiguo","ANDENES Y SARDINELES",3210,"BORDILLO PREFABRICADO A80 (SUMINISTRO E INSTALACIÓN. INCLUYE 3CM MORTERO DE NIVELACIÓN 2000 PSI)","ML",43753,"Actualización MO 2022"]
["Antiguo","REDES ELECTRICAS",3221,"CAJA DE INSPECCIÓN PARA ALUMBRADO PÚBLICO NORMA CODENSA CS 274 (ZVERDE. INCLUYE BASE, MUROS, PAÑETE, MARCO Y TAPA). MEDIDAS EXTERNAS: 0.90 X 0.90M. MEDIDAS INTERNAS: 0.60 X 0.60M. ALTURA: 0.93M.","UN",458365,"Actualización MO 2022"]
["Antiguo","REDES ACUEDUCTO",3223,"TUBERIA PVC D=2\" TIPO U.M. RDE 21 (SUMINISTRO E INSTALACIÓN)","ML",15721,"Actualización MO 2022"]
["Antiguo","REDES ACUEDUCTO",3224,"TUBERIA PVC D=2 1/2\" TIPO U.M. RDE 21 (SUMINISTRO E INSTALACIÓN)","ML",21248,"Actualización MO 2022"]
["Antiguo","REDES ACUEDUCTO",3225,"TUBERIA PVC D=3\" TIPO U.M. RDE 21 (SUMINISTRO E INSTALACIÓN)","ML",30037,"Actualización MO 2022"]
["Antiguo","REDES ACUEDUCTO",3226,"TUBERIA PVC D=4\" TIPO U.M. RDE 21 (SUMINISTRO E INSTALACIÓN)","ML",48060,"Actualización MO 2022"]
["Antiguo","REDES ACUEDUCTO",3227,"TUBERIA PVC D=6\" TIPO U.M. RDE 21 (SUMINISTRO E INSTALACIÓN)","ML",101319,"Actualización MO 2022"]
["Antiguo","REDES ACUEDUCTO",3228,"TUBERIA PVC D=8\" TIPO U.M. RDE 21 (SUMINISTRO E INSTALACIÓN)","ML",167848,"Actualización MO 2022"]
["Antiguo","REDES ACUEDUCTO",3229,"TUBERIA PVC D=10\" TIPO U.M. RDE 21 (SUMINISTRO E INSTALACIÓN)","ML",261574,"Actualización MO 2022"]
["Antiguo","REDES ACUEDUCTO",3230,"TUBERIA PVC D=12\" TIPO U.M. RDE 21 (SUMINISTRO E INSTALACIÓN)","ML",359188,"Actualización MO 2022"]
["Antiguo","REDES ACUEDUCTO",3231,"TUBERIA PVC D=2\" TIPO U.M. RDE 26 (SUMINISTRO E INSTALACIÓN)","ML",13711,"Actualización MO 2022"]
["Antiguo","REDES ACUEDUCTO",3232,"TUBERIA PVC D=2 1/2\" TIPO U.M. RDE 26 (SUMINISTRO E INSTALACIÓN)","ML",18393,"Actualización MO 2022"]
["Antiguo","REDES ACUEDUCTO",3233,"TUBERIA PVC D=3\" TIPO U.M. RDE 26 (SUMINISTRO E INSTALACIÓN)","ML",25747,"Actualización MO 2022"]
["Antiguo","REDES ACUEDUCTO",3234,"TUBERIA PVC D=4\" TIPO U.M. RDE 26 (SUMINISTRO E INSTALACIÓN)","ML",41019,"Actualización MO 2022"]
["Antiguo","REDES ACUEDUCTO",3235,"TUBERIA PVC D=6\" TIPO U.M. RDE 26 (SUMINISTRO E INSTALACIÓN)","ML",84474,"Actualización MO 2022"]
["Antiguo","REDES ACUEDUCTO",3236,"TUBERIA PVC D=8\" TIPO U.M. RDE 26 (SUMINISTRO E INSTALACIÓN)","ML",139873,"Actualización MO 2022"]
["Antiguo","REDES ACUEDUCTO",3237,"TUBERIA PVC D=10\" TIPO U.M. RDE 26 (SUMINISTRO E INSTALACIÓN)","ML",215244,"Actualización MO 2022"]
["Antiguo","REDES ACUEDUCTO",3238,"TUBERIA PVC D=12\" TIPO U.M. RDE 26 (SUMINISTRO E INSTALACIÓN)","ML",296474,"Actualización MO 2022"]
["Antiguo","REDES ACUEDUCTO",3239,"TUBERIA PVC D=3\" TIPO U.M. RDE 32.5 (SUMINISTRO E INSTALACIÓN)","ML",21509,"Actualización MO 2022"]
["Antiguo","REDES ACUEDUCTO",3240,"TUBERIA PVC D=4\" TIPO U.M. RDE 32.5 (SUMINISTRO E INSTALACIÓN)","ML",33959,"Actualización MO 2022"]
["Antiguo","REDES ACUEDUCTO",3241,"TUBERIA PVC D=6\" TIPO U.M. RDE 32.5 (SUMINISTRO E INSTALACIÓN)","ML",70436,"Actualización MO 2022"]
["Antiguo","REDES ACUEDUCTO",3242,"TUBERIA PVC D=8\" TIPO U.M. RDE 32.5 (SUMINISTRO E INSTALACIÓN)","ML",116014,"Actualización MO 2022"]
["Antiguo","REDES ACUEDUCTO",3243,"TUBERIA PVC D=10\" TIPO U.M. RDE 32.5 (SUMINISTRO E INSTALACIÓN)","ML",178808,"Actualización MO 2022"]
["Antiguo","REDES ACUEDUCTO",3245,"TUBERIA PVC D=12\" TIPO U.M. RDE 32.5 (SUMINISTRO E INSTALACIÓN)","ML",244959,"Actualización MO 2022"]
["Antiguo","REDES ACUEDUCTO",3246,"TUBERIA PVC D=4\" TIPO U.M. RDE 41 (SUMINISTRO E INSTALACIÓN)","ML",29080,"Actualización MO 2022"]
["Antiguo","REDES ACUEDUCTO",3247,"TUBERIA PVC D=6\" TIPO U.M. RDE 41 (SUMINISTRO E INSTALACIÓN)","ML",58372,"Actualización MO 2022"]
["Antiguo","REDES ACUEDUCTO",3248,"TUBERIA PVC D=8\" TIPO U.M. RDE 41 (SUMINISTRO E INSTALACIÓN)","ML",94858,"Actualización MO 2022"]
["Antiguo","REDES ACUEDUCTO",3249,"TUBERIA PVC D=10\" TIPO U.M. RDE 41 (SUMINISTRO E INSTALACIÓN)","ML",145789,"Actualización MO 2022"]
["Antiguo","REDES ACUEDUCTO",3250,"TUBERIA PVC D=12\" TIPO U.M. RDE 41 (SUMINISTRO E INSTALACIÓN)","ML",196091,"Actualización MO 2022"]
["Antiguo","REDES ACUEDUCTO",3251,"TEE HD EXTREMO LISO 6\"X2\" (SUMINISTRO E INSTALACIÓN)","UN",421554,"Actualización MO 2022"]
["Antiguo","REDES ACUEDUCTO",3252,"TEE HD EXTREMO LISO 6\"X3\" (SUMINISTRO E INSTALACIÓN)","UN",409711,"Actualización MO 2022"]
["Antiguo","REDES ACUEDUCTO",3253,"TEE HD EXTREMO LISO 6\"X4\" (SUMINISTRO E INSTALACIÓN)","UN",441657,"Actualización MO 2022"]
["Antiguo","REDES ACUEDUCTO",3254,"TEE HD EXTREMO LISO 6\"X6\" (SUMINISTRO E INSTALACIÓN)","UN",546885,"Actualización MO 2022"]
["Antiguo","REDES ACUEDUCTO",3255,"TEE HD EXTREMO LISO 8\"X2\" (SUMINISTRO E INSTALACIÓN)","UN",662858,"Actualización MO 2022"]
["Antiguo","REDES ACUEDUCTO",3256,"TEE HD EXTREMO LISO 8\"X3\" (SUMINISTRO E INSTALACIÓN)","UN",761968,"Actualización MO 2022"]
["Antiguo","REDES ACUEDUCTO",3257,"TEE HD EXTREMO LISO 8\"X4\" (SUMINISTRO E INSTALACIÓN)","UN",861078,"Actualización MO 2022"]
["Antiguo","REDES ACUEDUCTO",3258,"TEE HD EXTREMO LISO 8\"X6\" (SUMINISTRO E INSTALACIÓN)","UN",900233,"Actualización MO 2022"]
["Antiguo","REDES ACUEDUCTO",3259,"TEE HD EXTREMO LISO 8\"X8\" (SUMINISTRO E INSTALACIÓN)","UN",939388,"Actualización MO 2022"]
["Antiguo","REDES ACUEDUCTO",3260,"TEE HD EXTREMO LISO 10\"X2\" (SUMINISTRO E INSTALACIÓN)","UN",934006,"Actualización MO 2022"]
["Antiguo","REDES ACUEDUCTO",3261,"TEE HD EXTREMO LISO 10\"X3\" (SUMINISTRO E INSTALACIÓN)","UN",1119990,"Actualización MO 2022"]
["Antiguo","REDES ACUEDUCTO",3262,"TEE HD EXTREMO LISO 10\"X4\" (SUMINISTRO E INSTALACIÓN)","UN",1160369,"Actualización MO 2022"]
["Antiguo","REDES ACUEDUCTO",3263,"TEE HD EXTREMO LISO 10\"X6\" (SUMINISTRO E INSTALACIÓN)","UN",1215430,"Actualización MO 2022"]
["Antiguo","REDES ACUEDUCTO",3264,"TEE HD EXTREMO LISO 10\"X8\" (SUMINISTRO E INSTALACIÓN)","UN",1400190,"Actualización MO 2022"]
["Antiguo","REDES ACUEDUCTO",3265,"TEE HD EXTREMO LISO 10\"X10\" (SUMINISTRO E INSTALACIÓN)","UN",1505418,"Actualización MO 2022"]
["Antiguo","REDES ACUEDUCTO",3267,"TEE HD EXTREMO LISO 12\"X3\" (SUMINISTRO E INSTALACIÓN)","UN",1620014,"Actualización MO 2022"]
["Antiguo","REDES ACUEDUCTO",3268,"TEE HD EXTREMO LISO 12\"X4\" (SUMINISTRO E INSTALACIÓN)","UN",1686088,"Actualización MO 2022"]
["Antiguo","REDES ACUEDUCTO",3269,"TEE HD EXTREMO LISO 12\"X6\" (SUMINISTRO E INSTALACIÓN)","UN",2016454,"Actualización MO 2022"]
["Antiguo","REDES ACUEDUCTO",3270,"TEE HD EXTREMO LISO 12\"X8\" (SUMINISTRO E INSTALACIÓN)","UN",2214674,"Actualización MO 2022"]
["Antiguo","REDES ACUEDUCTO",3271,"TEE HD EXTREMO LISO 12\"X10\" (SUMINISTRO E INSTALACIÓN)","UN",2611114,"Actualización MO 2022"]
["Antiguo","REDES ACUEDUCTO",3272,"TEE HD EXTREMO LISO 12\"X12\" (SUMINISTRO E INSTALACIÓN)","UN",2743261,"Actualización MO 2022"]
["Antiguo","REDES ACUEDUCTO",3273,"TEE HD EXTREMO LISO 24\"X8\" (SUMINISTRO E INSTALACIÓN)","UN",9616214,"Actualización MO 2022"]
["Antiguo","REDES ACUEDUCTO",3274,"TEE HD EXTREMO LISO 24\"X10\" (SUMINISTRO E INSTALACIÓN)","UN",10506664,"Actualización MO 2022"]
["Antiguo","REDES ACUEDUCTO",3275,"TEE HD EXTREMO LISO 24\"X12\" (SUMINISTRO E INSTALACIÓN)","UN",10758710,"Actualización MO 2022"]
["Antiguo","REDES ACUEDUCTO",3276,"TEE HD EXTREMO LISO 24\"X14\" (SUMINISTRO E INSTALACIÓN)","UN",11191499,"Actualización MO 2022"]
["Antiguo","REDES ACUEDUCTO",3277,"TEE HD EXTREMO LISO 24\"X16\" (SUMINISTRO E INSTALACIÓN)","UN",12743570,"Actualización MO 2022"]
["Antiguo","REDES ACUEDUCTO",3278,"TEE HD EXTREMO LISO 24\"X18\" (SUMINISTRO E INSTALACIÓN)","UN",14250871,"Actualización MO 2022"]
["Antiguo","REDES ACUEDUCTO",3279,"TEE HD EXTREMO LISO 24\"X20\" (SUMINISTRO E INSTALACIÓN)","UN",15894143,"Actualización MO 2022"]
["Antiguo","REDES ACUEDUCTO",3280,"TEE HD EXTREMO LISO 24\"X24\" (SUMINISTRO E INSTALACIÓN)","UN",17424657,"Actualización MO 2022"]
["Antiguo","REDES ACUEDUCTO",3281,"TEE HD EXTREMO LISO 4\"X3\" (SUMINISTRO E INSTALACIÓN)","UN",292161,"Actualización MO 2022"]
["Antiguo","REDES ACUEDUCTO",3282,"TEE HD EXTREMO LISO 4\"X4\" (SUMINISTRO E INSTALACIÓN)","UN",302812,"Actualización MO 2022"]
["Antiguo","REDES ELECTRICAS",3283,"TUBERIA CONDUIT PVC D=1\" (INCLUYE SUMINISTRO E INSTALACIÓN)","ML",6253,"Actualización MO 2022"]
["Antiguo","REDES ELECTRICAS",3284,"TUBERIA CONDUIT PVC D=1 1/2\" (INCLUYE SUMINISTRO E INSTALACIÓN)","ML",10059,"Actualización MO 2022"]
["Antiguo","REDES ELECTRICAS",3285,"TUBERIA CONDUIT PVC D=1 1/4\" (INCLUYE SUMINISTRO E INSTALACIÓN)","ML",8392,"Actualización MO 2022"]
["Antiguo","REDES ELECTRICAS",3286,"TUBERIA CONDUIT PVC D=2\" (INCLUYE SUMINISTRO E INSTALACIÓN)","ML",14219,"Actualización MO 2022"]
["Antiguo","REDES ELECTRICAS",3287,"TUBERIA CONDUIT METALICO D=1 1/2\" TIPO RMC (INCLUYE SUMINISTRO E INSTALACIÓN)","ML",40863,"Actualización MO 2022"]
["Antiguo","REDES ELECTRICAS",3288,"TUBERIA CONDUIT METALICO D=1\" TIPO RMC (INCLUYE SUMINISTRO E INSTALACIÓN)","ML",25501,"Actualización MO 2022"]
["Antiguo","REDES ACUEDUCTO",3291,"CODO HD 90° EXTREMO LISO PARA PVC D=2\" (SUMINISTRO E INSTALACIÓN)","UN",98140,"Actualización MO 2022"]
["Antiguo","REDES ACUEDUCTO",3292,"CODO HD 90° EXTREMO LISO PARA PVC D=3\" (SUMINISTRO E INSTALACIÓN)","UN",133654,"Actualización MO 2022"]
["Antiguo","REDES ACUEDUCTO",3293,"CODO HD 90° EXTREMO LISO PARA PVC D=4\" (SUMINISTRO E INSTALACIÓN)","UN",206511,"Actualización MO 2022"]
["Antiguo","REDES ACUEDUCTO",3294,"CODO HD 90° EXTREMO LISO PARA PVC D=6\" (SUMINISTRO E INSTALACIÓN)","UN",412356,"Actualización MO 2022"]
["Antiguo","REDES ACUEDUCTO",3295,"CODO HD 90° EXTREMO LISO PARA PVC D=8\" (SUMINISTRO E INSTALACIÓN)","UN",752126,"Actualización MO 2022"]
["Antiguo","REDES ACUEDUCTO",3296,"CODO HD 90° EXTREMO LISO PARA PVC D=10\" (SUMINISTRO E INSTALACIÓN)","UN",1347274,"Actualización MO 2022"]
["Antiguo","REDES ACUEDUCTO",3297,"CODO HD 90° EXTREMO LISO PARA PVC D=12\" (SUMINISTRO E INSTALACIÓN)","UN",1633547,"Actualización MO 2022"]
["Antiguo","REDES ACUEDUCTO",3298,"CODO HD 90° EXTREMO LISO PARA PVC D=14\" (SUMINISTRO E INSTALACIÓN)","UN",2538403,"Actualización MO 2022"]
["Antiguo","REDES ACUEDUCTO",3299,"CODO HD 90° EXTREMO LISO PARA PVC D=16\" (SUMINISTRO E INSTALACIÓN)","UN",3542089,"Actualización MO 2022"]
["Antiguo","REDES ACUEDUCTO",3300,"CODO HD 90° EXTREMO LISO PARA PVC D=18\" (SUMINISTRO E INSTALACIÓN)","UN",4296396,"Actualización MO 2022"]
["Antiguo","REDES ACUEDUCTO",3301,"CODO HD 90° EXTREMO LISO PARA PVC D=20\" (SUMINISTRO E INSTALACIÓN)","UN",5376985,"Actualización MO 2022"]
["Antiguo","REDES ACUEDUCTO",3303,"CODO HD 45° EXTREMO LISO PARA PVC D=2\" (SUMINISTRO E INSTALACIÓN)","UN",111599,"Actualización MO 2022"]
["Antiguo","REDES ACUEDUCTO",3304,"CODO HD 45° EXTREMO LISO PARA PVC D=3\" (SUMINISTRO E INSTALACIÓN)","UN",131206,"Actualización MO 2022"]
["Antiguo","REDES ACUEDUCTO",3305,"CODO HD 45° EXTREMO LISO PARA PVC D=4\" (SUMINISTRO E INSTALACIÓN)","UN",173474,"Actualización MO 2022"]
["Antiguo","REDES ACUEDUCTO",3306,"CODO HD 45° EXTREMO LISO PARA PVC D=6\" (SUMINISTRO E INSTALACIÓN)","UN",352401,"Actualización MO 2022"]
["Antiguo","REDES ACUEDUCTO",3307,"CODO HD 45° EXTREMO LISO PARA PVC D=8\" (SUMINISTRO E INSTALACIÓN)","UN",711748,"Actualización MO 2022"]
["Antiguo","REDES ACUEDUCTO",3308,"CODO HD 45° EXTREMO LISO PARA PVC D=10\" (SUMINISTRO E INSTALACIÓN)","UN",1148954,"Actualización MO 2022"]
["Antiguo","REDES ACUEDUCTO",3309,"CODO HD 45° EXTREMO LISO PARA PVC D=12\" (SUMINISTRO E INSTALACIÓN)","UN",1602712,"Actualización MO 2022"]
["Antiguo","REDES ACUEDUCTO",3310,"CODO HD 45° EXTREMO LISO PARA PVC D=14\" (SUMINISTRO E INSTALACIÓN)","UN",1824934,"Actualización MO 2022"]
["Antiguo","REDES ACUEDUCTO",3311,"CODO HD 45° EXTREMO LISO PARA PVC D=16\" (SUMINISTRO E INSTALACIÓN)","UN",2689058,"Actualización MO 2022"]
["Antiguo","REDES ACUEDUCTO",3312,"CODO HD 45° EXTREMO LISO PARA PVC D=18\" (SUMINISTRO E INSTALACIÓN)","UN",3598898,"Actualización MO 2022"]
["Antiguo","REDES ACUEDUCTO",3313,"CODO HD 45° EXTREMO LISO PARA PVC D=20\" (SUMINISTRO E INSTALACIÓN)","UN",5194893,"Actualización MO 2022"]
["Antiguo","REDES ACUEDUCTO",3315,"CODO HD 22.5° EXTREMO LISO PARA PVC D=6\" (SUMINISTRO E INSTALACIÓN)","UN",292445,"Actualización MO 2022"]
["Antiguo","REDES ACUEDUCTO",3316,"CODO HD 22.5° EXTREMO LISO PARA PVC D=12\" (SUMINISTRO E INSTALACIÓN)","UN",1404492,"Actualización MO 2022"]
["Antiguo","REDES ACUEDUCTO",3317,"CODO HD 11.25° EXTREMO LISO PARA PVC D=6\" (SUMINISTRO E INSTALACIÓN)","UN",286327,"Actualización MO 2022"]
["Antiguo","REDES ACUEDUCTO",3318,"CODO HD 11.25° EXTREMO LISO PARA PVC D=12\" (SUMINISTRO E INSTALACIÓN)","UN",1219732,"Actualización MO 2022"]
["Antiguo","REDES ACUEDUCTO",3320,"TAPON HD EXTREMO LISO D=6\" (SUMINISTRO E INSTALACIÓN)","UN",253291,"Actualización MO 2022"]
["Antiguo","REDES ACUEDUCTO",3322,"VALVULA COMPUERTA ELASTICA VASTAGO NO ASCENDENTE EXTREMO LISO D=2\" (SUMINISTRO E INSTALACIÓN)","UN",374962,"Actualización MO 2022"]
["Antiguo","REDES ACUEDUCTO",3323,"VALVULA COMPUERTA ELASTICA VASTAGO NO ASCENDENTE EXTREMO LISO D=3\" (SUMINISTRO E INSTALACIÓN)","UN",526790,"Actualización MO 2022"]
["Antiguo","REDES ACUEDUCTO",3324,"VALVULA COMPUERTA ELASTICA VASTAGO NO ASCENDENTE EXTREMO LISO D=6\" (SUMINISTRO E INSTALACIÓN)","UN",1304166,"Actualización MO 2022"]
["Antiguo","REDES ACUEDUCTO",3325,"VALVULA COMPUERTA ELASTICA VASTAGO NO ASCENDENTE EXTREMO LISO D=8\" (SUMINISTRO E INSTALACIÓN)","UN",1961778,"Actualización MO 2022"]
["Antiguo","REDES ACUEDUCTO",3327,"HIDRANTE EXTREMO BRIDA D=3\" (SUMINISTRO E INSTALACIÓN. NO INCLUYE KIT DE NIVELACIÓN)","UN",2455650,"Actualización MO 2022"]
["Antiguo","REDES ACUEDUCTO",3328,"HIDRANTE EXTREMO BRIDA D=4\" TIPO POSTE (SUMINISTRO E INSTALACIÓN. NO INCLUYE KIT DE NIVELACIÓN)","UN",2372575,"Actualización MO 2022"]
["Antiguo","REDES ACUEDUCTO",3329,"HIDRANTE EXTREMO BRIDA D=6\" TIPO POSTE (SUMINISTRO E INSTALACIÓN. NO INCLUYE KIT DE NIVELACIÓN)","UN",3311973,"Actualización MO 2022"]
["Antiguo","REDES ACUEDUCTO",3330,"HIDRANTE EXTREMO BRIDA D=4\" TIPO TRÁFICO (SUMINISTRO E INSTALACIÓN. NO INCLUYE KIT DE NIVELACIÓN)","UN",3525408,"Actualización MO 2022"]
["Antiguo","REDES ACUEDUCTO",3331,"HIDRANTE EXTREMO BRIDA D=6\" TIPO TRAFICO (SUMINISTRO E INSTALACIÓN. NO INCLUYE KIT DE NIVELACIÓN)","UN",4833764,"Actualización MO 2022"]
["Antiguo","REDES ELECTRICAS",3347,"POSTE EN CONCRETO AP, H=8M, CR=510 KG (INC. SUMINISTRO, IZAJE, HINCADO, APLOMADO Y CIMENTACIÓN SEGÚN NORMA LA009)","UN",742187,"Actualización MO 2022"]
["Antiguo","REDES ELECTRICAS",3348,"POSTE EN CONCRETO AP, H=8M, CR=750 KG (INC. SUMINISTRO, IZAJE, HINCADO, APLOMADO Y CIMENTACIÓN SEGÚN NORMA LA009)","UN",853920,"Actualización MO 2022"]
["Antiguo","REDES ELECTRICAS",3350,"POSTE EN CONCRETO AP, H=10M, CR=510 KG (INC. SUMINISTRO, IZAJE, HINCADO, APLOMADO Y CIMENTACIÓN SEGÚN NORMA LA009)","UN",869113,"Actualización MO 2022"]
["Antiguo","REDES ELECTRICAS",3351,"POSTE EN CONCRETO AP, H=10M, CR=750 KG (INC. SUMINISTRO, IZAJE, HINCADO, APLOMADO Y CIMENTACIÓN SEGÚN NORMA LA009)","UN",1025204,"Actualización MO 2022"]
["Antiguo","REDES ELECTRICAS",3352,"POSTE EN CONCRETO AP, H=10M, CR=1050 KG (INC. SUMINISTRO, IZAJE, HINCADO, APLOMADO Y CIMENTACIÓN SEGÚN NORMA LA009)","UN",1150740,"Actualización MO 2022"]
["Antiguo","REDES ELECTRICAS",3353,"POSTE EN CONCRETO AP, H=12M, CR=510 KG (INC. SUMINISTRO, IZAJE, HINCADO, APLOMADO Y CIMENTACIÓN SEGÚN NORMA LA009)","UN",1048340,"Actualización MO 2022"]
["Antiguo","REDES ELECTRICAS",3354,"POSTE EN CONCRETO AP, H=12M, CR=1050 KG (INC. SUMINISTRO, IZAJE, HINCADO, APLOMADO Y CIMENTACIÓN SEGÚN NORMA LA009)","UN",1421610,"Actualización MO 2022"]
["Antiguo","REDES ELECTRICAS",3355,"POSTE EN CONCRETO AP, H=14M, CR=750 KG (INC. SUMINISTRO, IZAJE, HINCADO, APLOMADO Y CIMENTACIÓN SEGÚN NORMA LA009)","UN",1516550,"Actualización MO 2022"]
["Antiguo","REDES ELECTRICAS",3356,"POSTE EN CONCRETO AP, H=14M, CR=1050 KG (INC. SUMINISTRO, IZAJE, HINCADO, APLOMADO Y CIMENTACIÓN SEGÚN NORMA LA009)","UN",1882435,"Actualización MO 2022"]
["Antiguo","REDES ELECTRICAS",3357,"POSTE EN CONCRETO AP, H=14M, CR=1350 KG (INC. SUMINISTRO, IZAJE, HINCADO, APLOMADO Y CIMENTACIÓN SEGÚN NORMA LA009)","UN",1949340,"Actualización MO 2022"]
["Antiguo","REDES ELECTRICAS",3358,"POSTE METALICO AP, H=6M TIPO M130 SENCILLO (INC. SUMIN., IZAJE, APLOMADO, INST., BASE SEGÚN NORMA AP330 Y LUMINARIA 70W)","UN",1371479,"Actualización MO 2022"]
["Antiguo","REDES ELECTRICAS",3359,"POSTE METALICO AP, H=6M TIPO M130 DOBLE (INC. SUMIN., IZAJE, APLOMADO, INST., BASE SEGÚN NORMA AP330 Y LUMINARIAS 70W)","UN",1832248,"Actualización MO 2022"]
["Antiguo","REDES ELECTRICAS",3360,"POSTE METALICO AP, H=9M (INC. SUMINISTRO, IZAJE, APLOMADO E INSTALACIÓN. INC. BRAZO SENCILLO Y BASE SEGÚN NORMA AP802)","UN",2051600,"Actualización MO 2022"]
["Antiguo","REDES ELECTRICAS",3361,"POSTE METALICO AP, H=10M (INC. SUMINISTRO, IZAJE, APLOMADO E INSTALACIÓN. INCLUYE BRAZO DOBLE Y BASE SEGÚN NORMA AP802)","UN",2194292,"Actualización MO 2022"]
["Antiguo","REDES ELECTRICAS",3363,"POSTE METALICO AP, H=12M (INC. SUMINISTRO, IZAJE, APLOMADO E INSTALACIÓN. INC. BRAZO DOBLE Y BASE SEGÚN NORMA AP802)","UN",2428084,"Actualización MO 2022"]
["Antiguo","REDES ELECTRICAS",3364,"POSTE EN CONCRETO LA, H=8M, CR=510 KG (INC. SUMINISTRO, IZAJE, HINCADO, APLOMADO Y CIMENTACIÓN SEGÚN NORMA LA009)","UN",728606,"Actualización MO 2022"]
["Antiguo","REDES ELECTRICAS",3365,"POSTE EN CONCRETO LA, H=8M, CR=750 KG (INC. SUMINISTRO, IZAJE, HINCADO, APLOMADO Y CIMENTACIÓN SEGÚN NORMA LA009)","UN",914129,"Actualización MO 2022"]
["Antiguo","REDES ELECTRICAS",3366,"POSTE EN CONCRETO LA, H=8M, CR=1050 KG (INC. SUMINISTRO, IZAJE, HINCADO, APLOMADO Y CIMENTACIÓN SEGÚN NORMA LA009)","UN",1013348,"Actualización MO 2022"]
["Antiguo","REDES ELECTRICAS",3368,"POSTE EN CONCRETO LA, H=10M, CR=510 KG (INC. SUMINISTRO, IZAJE, HINCADO, APLOMADO Y CIMENTACIÓN SEGÚN NORMA LA009)","UN",907935,"Actualización MO 2022"]
["Antiguo","REDES ELECTRICAS",3369,"POSTE EN CONCRETO LA, H=10M, CR=750 KG (INC. SUMINISTRO, IZAJE, HINCADO, APLOMADO Y CIMENTACIÓN SEGÚN NORMA LA009)","UN",1032450,"Actualización MO 2022"]
["Antiguo","REDES ELECTRICAS",3370,"POSTE EN CONCRETO LA, H=10M, CR=1050 KG (INC. SUMINISTRO, IZAJE, HINCADO, APLOMADO Y CIMENTACIÓN SEGÚN NORMA LA009)","UN",1163657,"Actualización MO 2022"]
["Antiguo","REDES ELECTRICAS",3371,"POSTE EN CONCRETO LA, H=12M, CR=510 KG (INC. SUMINISTRO, IZAJE, HINCADO, APLOMADO Y CIMENTACIÓN SEGÚN NORMA LA009)","UN",1014212,"Actualización MO 2022"]
["Antiguo","REDES ELECTRICAS",3372,"POSTE EN CONCRETO LA, H=12M, CR=750 KG (INC. SUMINISTRO, IZAJE, HINCADO, APLOMADO Y CIMENTACIÓN SEGÚN NORMA LA009)","UN",1159482,"Actualización MO 2022"]
["Antiguo","REDES ELECTRICAS",3373,"POSTE EN CONCRETO LA, H=12M, CR=1050 KG (INC. SUMINISTRO, IZAJE, HINCADO, APLOMADO Y CIMENTACIÓN SEGÚN NORMA LA009)","UN",1421610,"Actualización MO 2022"]
["Antiguo","REDES ELECTRICAS",3374,"POSTE EN CONCRETO LA, H=14M, CR=750 KG (INC. SUMINISTRO, IZAJE, HINCADO, APLOMADO Y CIMENTACIÓN SEGÚN NORMA LA009)","UN",1456072,"Actualización MO 2022"]
["Antiguo","REDES ELECTRICAS",3375,"POSTE EN CONCRETO LA, H=14M, CR=1050 KG (INC. SUMINISTRO, IZAJE, HINCADO, APLOMADO Y CIMENTACIÓN SEGÚN NORMA LA009)","UN",1740725,"Actualización MO 2022"]
["Antiguo","REDES ELECTRICAS",3376,"POSTE EN CONCRETO LA, H=14M, CR=1350 KG (INC. SUMINISTRO, IZAJE, HINCADO, APLOMADO Y CIMENTACIÓN SEGÚN NORMA LA009)","UN",2158231,"Actualización MO 2022"]
["Antiguo","EXCAVACIONES",3378,"DESCAPOTE A MANO EN MATERIAL COMUN (E=0.1M. INCLUYE CARGUE)","M2",2786,"Actualización MO 2022"]
["Antiguo","REDES ELECTRICAS",3379,"4 DUCTOS D=6\" PVC-TDP (INCLUYE SUMINISTRO E INSTALACIÓN. NO INCLUYE RELLENOS). NORMA CS217.","ML",174584,"Actualización MO 2022"]
["Antiguo","REDES ELECTRICAS",3380,"4 DUCTOS D=4\" PVC-TDP (INCLUYE SUMINISTRO E INSTALACIÓN. NO INCLUYE RELLENOS) NORMA CS209.","ML",79103,"Actualización MO 2022"]
["Antiguo","REDES ELECTRICAS",3382,"1 DUCTO D=3\" PVC-TDP (INCLUYE SUMINISTRO E INSTALACIÓN. NO INCLUYE RELLENOS) NORMA CS220.","ML",18371,"Actualización MO 2022"]
["Antiguo","REDES TELEFONICAS / DATOS",3385,"6 DUCTOS D=4\" PVC-TDP (INCLUYE SUMINISTRO E INSTALACIÓN. NO INCLUYE RELLENOS)","ML",117147,"Actualización MO 2022"]
["Antiguo","REDES ELECTRICAS",3388,"9 DUCTOS D=6\" PVC-TDP (INCLUYE SUMINISTRO E INSTALACIÓN. NO INCLUYE RELLENOS) NORMA CS213.","ML",389045,"Actualización MO 2022"]
["Antiguo","REDES ACUEDUCTO",3391,"CODO HD 22.5° EXTREMO LISO PARA PVC D=4\" (SUMINISTRO E INSTALACIÓN)","UN",173474,"Actualización MO 2022"]
["Antiguo","REDES ACUEDUCTO",3393,"UNION DE REPARACION PVC TIPO U.M. D=12\" (SUMINISTRO E INSTALACIÓN)","UN",810029,"Actualización MO 2022"]
["Antiguo","PAVIMENTOS",3394,"LOSA DE CONCRETO MR41 (SUMINISTRO, FORMALETEADO, COLOCACIÓN Y ACABADO. NO INCLUYE ACERO, CURADO, JUNTAS)","M3",517006,"Actualización MO 2022"]
["Antiguo","MOBILIARIO URBANO - ARBOLES Y GRAMAS",3396,"BANCA EN CONCRETO TIPO M30 (SUMINISTRO E INSTALACIÓN. NO INCLUYE MATERIAL DE BASE)","UN",635120,"Actualización MO 2022"]
["Antiguo","MOBILIARIO URBANO - ARBOLES Y GRAMAS",3397,"CANECA TIPO M120 (EN MALLA METÁLICA. INCLUYE SUMINISTRO E INSTALACIÓN. INCLUYE BASE EN CONCRETO 1500 PSI, HECHO EN OBRA)","UN",307945,"Actualización MO 2022"]
["Antiguo","MOBILIARIO URBANO - ARBOLES Y GRAMAS",3400,"BANCA EN CONCRETO TIPO M40 (SUMINISTRO E INSTALACIÓN)","UN",146010,"Actualización MO 2022"]
["Antiguo","MOBILIARIO URBANO - ARBOLES Y GRAMAS",3401,"BANCA EN CONCRETO TIPO M31 (SUMINISTRO E INSTALACIÓN)","UN",325720,"Actualización MO 2022"]
["Antiguo","MOBILIARIO URBANO - ARBOLES Y GRAMAS",3403,"CONTENEDOR DE RAICES TIPO B20 (TIPO A) (1.2X1.2X1.40M. INC. SUMINISTRO, CONSTRUCCIÓN Y FILTRO EN GRAVILLA. NO INC. TIERRA)","UN",653018,"Actualización MO 2022"]
["Antiguo","REDES ACUEDUCTO",3404,"TAPON HD EXTREMO LISO D=4\" (SUMINISTRO E INSTALACIÓN)","UN",117189,"Actualización MO 2022"]
["Antiguo","REDES ACUEDUCTO",3405,"UNION DE REPARACION HD EL D=6\" (SUMINISTRO E INSTALACIÓN)","UN",225213,"Actualización MO 2022"]
["Antiguo","REDES ELECTRICAS",3408,"6 DUCTOS D=6\" PVC-TDP (INCLUYE SUMINISTRO E INSTALACIÓN. NO INCLUYE RELLENOS). NORMA CS212.","ML",260368,"Actualización MO 2022"]
["Antiguo","REDES TELEFONICAS / DATOS",3410,"CAMARA DE INSPECCIÓN T-14A ETB (H=2.3M. INCLUYE BASE, MUROS, CUBIERTA, ARO-BASE Y ARO-TAPA)","UN",5608133,"Actualización MO 2022"]
["Antiguo","REDES TELEFONICAS / DATOS",3411,"CAMARA DE INSPECCIÓN T-18A ETB (H=2.3M. INCLUYE BASE, MUROS, CUBIERTA, ARO-BASE Y ARO-TAPA)","UN",5810900,"Actualización MO 2022"]
["Antiguo","REDES ACUEDUCTO",3412,"UNION DE REPARACION PVC TIPO U.M. D=8\" (SUMINISTRO E INSTALACIÓN)","UN",297483,"Actualización MO 2022"]
["Antiguo","REDES ACUEDUCTO",3413,"ADAPTADOR TERMINAL CAMPANA PVC D=3\" (SUMINISTRO E INSTALACIÓN)","UN",8973,"Actualización MO 2022"]
["Antiguo","REDES ACUEDUCTO",3414,"ADAPTADOR TERMINAL CAMPANA PVC D=4\" (SUMINISTRO E INSTALACIÓN)","UN",15527,"Actualización MO 2022"]
["Antiguo","REDES TELEFONICAS / DATOS",3415,"2 DUCTOS D=3\" PVC-TDP (INCLUYE SUMINISTRO E INSTALACIÓN. NO INCLUYE RELLENOS)","ML",32856,"Actualización MO 2022"]
["Antiguo","ANDENES Y SARDINELES",3425,"ANDEN CONCRETO GRAVA COMÚN DE 3000 PSI (210 KG/CM2) PREMEZCLADO E=0.10M (INCLUYE SUMINISTRO, FORMALETEO, FUNDIDA Y CURADO)","M2",56241,"Actualización MO 2022"]
["Antiguo","ANDENES Y SARDINELES",3426,"SARDINEL H=0.40M, E=0.15M CONCRETO 3000 PSI (FUNDIDO EN SITIO, CONCRETO HECHO EN OBRA. INC. SUMIN, FORMALET. Y CONST.)","ML",35563,"Actualización MO 2022"]
["Antiguo","SEÑALIZACIÓN",3429,"SEÑAL DOBLE DE CICLORUTA (INCLUYE SUMINISTRO E INSTALACIÓN)","UN",434489,"Actualización MO 2022"]
["Antiguo","SEÑALIZACIÓN",3430,"SEÑAL VERTICAL GRUPO I (60X60CM) (INCLUYE SUMINISTRO E INSTALACIÓN)","UN",285739,"Actualización MO 2022"]
["Antiguo","SEÑALIZACIÓN",3431,"SEÑAL VERTICAL GRUPO I (75X75CM) (INCLUYE SUMINISTRO E INSTALACIÓN)","UN",345239,"Actualización MO 2022"]
["Antiguo","SEÑALIZACIÓN",3432,"SEÑAL VERTICAL GRUPO I (90X90CM) (INCLUYE SUMINISTRO E INSTALACIÓN)","UN",410647,"Actualización MO 2022"]
["Antiguo","SEÑALIZACIÓN",3433,"TACHA REFLECTIVA UNIDIRECCIONAL (INCLUYE SUMINISTRO E INSTALACIÓN)","UN",6280,"Actualización MO 2022"]
["Antiguo","SEÑALIZACIÓN",3434,"TACHÓN EN CONCRETO L=0.40M HI=0.15M, HS=0.08M (INCLUYE SUMINISTRO E INSTALACIÓN) INCLUYE PINTURA PARA INSTALAR","UN",57837,"Actualización MO 2022"]
["Antiguo","RELLENOS Y CAPAS GRANULARES",3436,"RELLENO PARA REDES EN SUBBASE GRANULAR B-400 (SUMINISTRO, EXTENDIDO, HUMEDECIMIENTO Y COMPACTACIÓN)","M3",89881,"Actualización MO 2022"]
["Antiguo","CONCRETO Y ACERO PARA ESTRUCTURAS",3442,"CONCRETO 2000 PSI PARA REDES (Hecho en Obra 1:3:3 con arena de río y triturado de 3/4\")  (Suministro y Colocación)","M3",468756,"Actualización MO 2022"]
["Antiguo","RELLENOS Y CAPAS GRANULARES",3443,"SUBBASE GRANULAR B-200 (SUMINISTRO, EXTENDIDO, NIVELACIÓN, HUMEDECIMIENTO Y COMPACTACIÓN CON VIBROCOMPACTADOR)","M3",68135,"Actualización MO 2022"]
["Antiguo","REDES ELECTRICAS",3450,"LUMINARIA DE SODIO 70W PARA AP (INC. SUMINISTRO E INSTALACIÓN. INC. BOMBILLO Y FOTOCELDA CON BASE. NO INC BRAZO SOPORTE)","UN",331659,"Actualización MO 2022"]
["Antiguo","REDES ELECTRICAS",3451,"LUMINARIA DE SODIO 250W PARA AP (INC.SUMINISTRO E INSTALACIÓN. INC. BOMBILLO Y FOTOCELDA CON BASE. NO INC BRAZO SOPORTE)","UN",511772,"Actualización MO 2022"]
["Antiguo","REDES ELECTRICAS",3452,"LUMINARIA DE SODIO 150W PARA AP (INC.SUMINISTRO E INSTALACIÓN. INC. BOMBILLO Y FOTOCELDA CON BASE. NO INC BRAZO SOPORTE)","UN",399727,"Actualización MO 2022"]
["Antiguo","RELLENOS Y CAPAS GRANULARES",3454,"ESTABILIZACIÓN DE SUBRASANTE CON RAJÓN (SUMINISTRO, EXTENDIDO, NIVELACIÓN Y COMPACTACIÓN MANUAL)","M3",81709,"Actualización MO 2022"]
["Antiguo","REDES ACUEDUCTO",3463,"UNION DE REPARACION PVC TIPO U.M. D=6\" (SUMINISTRO E INSTALACIÓN)","UN",164813,"Actualización MO 2022"]
["Antiguo","EXCAVACIONES",3464,"EXCAVACION MANUAL EN MATERIAL COMUN. INCLUYE CARGUE.","M3",31876,"Actualización MO 2022"]
["Antiguo","CONCRETO Y ACERO PARA ESTRUCTURAS",3465,"CONCRETO 3000 PSI (HECHO EN OBRA 1:2:2 CON ARENA DE RÍO Y TRITURADO DE 3/4\")","M3",420997,"Actualización MO 2022"]
["Antiguo","CONCRETO Y ACERO PARA ESTRUCTURAS",3466,"CONCRETO 4000 PSI (HECHO EN OBRA CON ARENA DE RÍO Y TRITURADO DE 3/4\")","M3",433638,"Actualización MO 2022"]
["Antiguo","CONCRETO Y ACERO PARA ESTRUCTURAS",3467,"CONCRETO 3500 PSI (HECHO EN OBRA CON ARENA DE RÍO Y TRITURADO DE 3/4\")","M3",420488,"Actualización MO 2022"]
["Antiguo","CONCRETO Y ACERO PARA ESTRUCTURAS",3468,"CONCRETO 2000 PSI (HECHO EN OBRA 1:3:3 CON ARENA DE RÍO Y TRITURADO DE 3/4\")","M3",366280,"Actualización MO 2022"]
["Antiguo","REDES ALCANTARILLADO / DRENAJE",3470,"CILINDRO POZO INSP. EN MAMPOSTERIA E=0.37M (INC. SUMIN. Y CONST, ACERO PARA ESCALERAS, GEOTEXTIL Y PAÑETE IMPERMEAB.)","ML",727611,"Actualización MO 2022"]
["Antiguo","REDES ALCANTARILLADO / DRENAJE",3471,"CILINDRO POZO INSP. EN MAMPOSTERIA E=0.25M (INC. SUMIN. Y CONST, ACERO PARA ESCALERAS, GEOTEXTIL Y PAÑETE IMPERMEAB.)","ML",500429,"Actualización MO 2022"]
["Antiguo","REDES ALCANTARILLADO / DRENAJE",3472,"PLACA CUBIERTA D=1.70M POZO INSPEC. (FUNDIDA EN SITIO. INC. SUMINISTRO, FORMALETEO, REFUERZO E INSTALACIÓN. NO INC.TAPA)","UN",425923,"Actualización MO 2022"]
["Antiguo","REDES ALCANTARILLADO / DRENAJE",3473,"PLACA FONDO D=1.70M POZO INSPEC. (FUNDIDA EN SITIO. INCL. SUMIN, FORMALET, REF, INST. INCL. CONCRETO 2000 PSI DE BASE)","UN",575207,"Actualización MO 2022"]
["Antiguo","REDES ALCANTARILLADO / DRENAJE",3474,"PLACA FONDO D=1.95M POZO INSPEC. (FUNDIDA EN SITIO. INCL. SUMIN, FORMALET, REF, INST. INCL. CONCRETO 2000 PSI DE BASE)","UN",704282,"Actualización MO 2022"]
["Antiguo","CONCRETO Y ACERO PARA ESTRUCTURAS",3475,"MORTERO 1:4 (HECHO EN OBRA)","M3",298160,"Actualización MO 2022"]
["Antiguo","CONCRETO Y ACERO PARA ESTRUCTURAS",3476,"MORTERO 1:3 (HECHO EN OBRA)","M3",338830,"Actualización MO 2022"]
["Antiguo","CONCRETO Y ACERO PARA ESTRUCTURAS",3477,"MORTERO 1:2 (HECHO EN OBRA)","M3",421319,"Actualización MO 2022"]
["Antiguo","RELLENOS Y CAPAS GRANULARES",3478,"RELLENO PARA REDES EN GRAVILLA 1/2\" (SUMINISTRO, DISPOSICIÓN Y EXTENDIDO MANUAL)","M3",98373,"Actualización MO 2022"]
["Antiguo","DEMOLICIONES",3486,"DEMOLICIÓN CONCRETO ESTRUCTURAL (INCLUYE CARGUE MANUAL). NO INCLUYE TRANSPORTE Y DISPOSICIÓN FINAL DE SOBRANTES.","M3",179912,"Actualización MO 2022"]
["Antiguo","REDES ELECTRICAS",3487,"LUMINARIA DE SODIO 400W PARA AP (INC.SUMINISTRO E INSTALACIÓN. INC. BOMBILLO Y FOTOCELDA CON BASE. NO INC BRAZO SOPORTE)","UN",636162,"Actualización MO 2022"]
["Antiguo","SEÑALIZACIÓN",3490,"FLECHA DIRECCIONAL \"A LA DERECHA\" (E=15 MILS, ACRÍLICA BASE AGUA. INC. SUMIN. Y APLIC. CON EQUIPO. INCL. MICROESFERAS)","UN",43126,"Actualización MO 2022"]
["Antiguo","SEÑALIZACIÓN",3491,"FLECHA DIRECCIONAL \"DE FRENTE\" (E=15 MILS, ACRÍLICA BASE AGUA. INC. SUMIN. Y APLIC. CON EQUIPO. INCL. MICROESFERAS)","UN",34273,"Actualización MO 2022"]
["Antiguo","SEÑALIZACIÓN",3492,"FLECHA DIRECCIONAL \"DE FRENTE A LA DERECHA\" (E=15 MILS, ACRÍLICA BASE AGUA. INC. SUMIN. Y APLIC. CON EQUIPO. INCL. MICR","UN",62261,"Actualización MO 2022"]
["Antiguo","REDES ACUEDUCTO",3499,"UNION DE REPARACION HD EL D=8\" (SUMINISTRO E INSTALACIÓN)","UN",417664,"Actualización MO 2022"]
["Antiguo","REDES ACUEDUCTO",3500,"UNION DE REPARACION HD EL D=10\" (SUMINISTRO E INSTALACIÓN)","UN",694884,"Actualización MO 2022"]
["Antiguo","REDES ACUEDUCTO",3501,"UNION DE REPARACION HD EL D=12\" (SUMINISTRO E INSTALACIÓN)","UN",828957,"Actualización MO 2022"]
["Antiguo","REDES ACUEDUCTO",3502,"UNION DE REPARACION HD EL D=14\" (SUMINISTRO E INSTALACIÓN)","UN",976173,"Actualización MO 2022"]
["Antiguo","REDES ACUEDUCTO",3503,"UNION DE REPARACION HD EL D=16\" (SUMINISTRO E INSTALACIÓN)","UN",1410858,"Actualización MO 2022"]
["Antiguo","REDES ALCANTARILLADO / DRENAJE",3504,"YEE EN CONCRETO 8\" X 6\" X 0.60M (INCLUYE SUMINISTRO E INSTALACIÓN)","UN",96648,"Actualización MO 2022"]
["Antiguo","REDES ALCANTARILLADO / DRENAJE",3505,"YEE EN CONCRETO 10\" X 6\" X 1.25M (INCLUYE SUMINISTRO E INSTALACIÓN)","UN",195306,"Actualización MO 2022"]
["Antiguo","REDES ALCANTARILLADO / DRENAJE",3506,"YEE EN CONCRETO 12\" X 6\" X 1.25 M (INCLUYE SUMINISTRO E INSTALACIÓN)","UN",252635,"Actualización MO 2022"]
["Antiguo","REDES ALCANTARILLADO / DRENAJE",3507,"YEE EN CONCRETO 14\" X 6\" X 1.25M (INCLUYE SUMINISTRO E INSTALACIÓN)","UN",300634,"Actualización MO 2022"]
["Antiguo","REDES ALCANTARILLADO / DRENAJE",3508,"YEE EN CONCRETO 16\" X 6\" X 1.25 M (INCLUYE SUMINISTRO E INSTALACIÓN)","UN",378194,"Actualización MO 2022"]
["Antiguo","REDES ALCANTARILLADO / DRENAJE",3509,"YEE EN CONCRETO 18\" X 6\" X 1.25M (INCLUYE SUMINISTRO E INSTALACIÓN)","UN",438054,"Actualización MO 2022"]
["Antiguo","REDES ALCANTARILLADO / DRENAJE",3510,"YEE EN CONCRETO 20\" X 6\" X 1.25M (INCLUYE SUMINISTRO E INSTALACIÓN)","UN",516773,"Actualización MO 2022"]
["Antiguo","REDES ALCANTARILLADO / DRENAJE",3511,"YEE EN CONCRETO 24\" X 6\" X 1.25M (INCLUYE SUMINISTRO E INSTALACIÓN)","UN",735754,"Actualización MO 2022"]
["Antiguo","REDES ACUEDUCTO",3512,"CODO G.RAD. PVC 90º TIPO U.M. D=2\" (SUMINISTRO E INSTALACIÓN)","UN",23130,"Actualización MO 2022"]
["Antiguo","REDES ACUEDUCTO",3513,"CODO G.RAD. PVC 90º TIPO U.M. D=2 1/2\" (SUMINISTRO E INSTALACIÓN)","UN",60379,"Actualización MO 2022"]
["Antiguo","REDES ACUEDUCTO",3514,"CODO G.RAD. PVC 90º TIPO U.M. D=3\" (SUMINISTRO E INSTALACIÓN)","UN",85209,"Actualización MO 2022"]
["Antiguo","REDES ACUEDUCTO",3515,"CODO G.RAD. PVC 90º TIPO U.M. D=4\" (SUMINISTRO E INSTALACIÓN)","UN",126555,"Actualización MO 2022"]
["Antiguo","REDES ACUEDUCTO",3516,"CODO G.RAD. PVC 90º TIPO U.M. D=6\" (SUMINISTRO E INSTALACIÓN)","UN",252912,"Actualización MO 2022"]
["Antiguo","REDES ACUEDUCTO",3517,"CODO G.RAD. PVC 90º TIPO U.M. D=8\" (SUMINISTRO E INSTALACIÓN)","UN",915413,"Actualización MO 2022"]
["Antiguo","REDES ACUEDUCTO",3518,"CODO G.RAD. PVC 90º TIPO U.M. D=10\" (SUMINISTRO E INSTALACIÓN)","UN",1981583,"Actualización MO 2022"]
["Antiguo","REDES ACUEDUCTO",3519,"CODO G.RAD. PVC 90º TIPO U.M. D=12\" (SUMINISTRO E INSTALACIÓN)","UN",2686428,"Actualización MO 2022"]
["Antiguo","REDES ACUEDUCTO",3520,"CODO G.RAD. PVC 45º TIPO U.M. D=2\" (SUMINISTRO E INSTALACIÓN)","UN",54209,"Actualización MO 2022"]
["Antiguo","REDES ACUEDUCTO",3521,"CODO G.RAD. PVC 45º TIPO U.M. D=2 1/2\" (SUMINISTRO E INSTALACIÓN)","UN",42014,"Actualización MO 2022"]
["Antiguo","REDES ACUEDUCTO",3522,"CODO G.RAD. PVC 45º TIPO U.M. D=3\" (SUMINISTRO E INSTALACIÓN)","UN",81804,"Actualización MO 2022"]
["Antiguo","REDES ACUEDUCTO",3523,"CODO G.RAD. PVC 45º TIPO U.M. D=4\" (SUMINISTRO E INSTALACIÓN)","UN",118668,"Actualización MO 2022"]
["Antiguo","REDES ACUEDUCTO",3524,"CODO G.RAD. PVC 45º TIPO U.M. D=6\" (SUMINISTRO E INSTALACIÓN)","UN",223146,"Actualización MO 2022"]
["Antiguo","REDES ACUEDUCTO",3525,"CODO G.RAD. PVC 45º TIPO U.M. D=8\" (SUMINISTRO E INSTALACIÓN)","UN",611847,"Actualización MO 2022"]
["Antiguo","REDES ACUEDUCTO",3526,"CODO G.RAD. PVC 45º TIPO U.M. D=10\" (SUMINISTRO E INSTALACIÓN)","UN",1301304,"Actualización MO 2022"]
["Antiguo","REDES ACUEDUCTO",3527,"CODO G.RAD. PVC 45º TIPO U.M. D=12\" (SUMINISTRO E INSTALACIÓN)","UN",1823035,"Actualización MO 2022"]
["Antiguo","REDES ACUEDUCTO",3528,"CODO G.RAD. PVC 22.5° TIPO U.M. D=2\" (SUMINISTRO E INSTALACIÓN)","UN",28166,"Actualización MO 2022"]
["Antiguo","REDES ACUEDUCTO",3529,"CODO G.RAD. PVC 22.5° TIPO U.M. D=2 1/2\" (SUMINISTRO E INSTALACIÓN)","UN",38243,"Actualización MO 2022"]
["Antiguo","REDES ACUEDUCTO",3530,"CODO G.RAD. PVC 22.5° TIPO U.M. D=3\" (SUMINISTRO E INSTALACIÓN)","UN",52972,"Actualización MO 2022"]
["Antiguo","REDES ACUEDUCTO",3531,"CODO G.RAD. PVC 22.5° TIPO U.M. D=4\" (SUMINISTRO E INSTALACIÓN)","UN",94806,"Actualización MO 2022"]
["Antiguo","REDES ACUEDUCTO",3532,"CODO G.RAD. PVC 22.5° TIPO U.M D=6\" (SUMINISTRO E INSTALACIÓN)","UN",228833,"Actualización MO 2022"]
["Antiguo","REDES ACUEDUCTO",3533,"CODO G.RAD. PVC 22.5° TIPO U.M. D=8\" (SUMINISTRO E INSTALACIÓN)","UN",470921,"Actualización MO 2022"]
["Antiguo","REDES ACUEDUCTO",3534,"CODO G.RAD. PVC 22.5° TIPO U.M. D=10\" (SUMINISTRO E INSTALACIÓN)","UN",1059358,"Actualización MO 2022"]
["Antiguo","REDES ACUEDUCTO",3535,"CODO G.RAD. PVC 22.5° TIPO U.M. D=12\" (SUMINISTRO E INSTALACIÓN)","UN",1415539,"Actualización MO 2022"]
["Antiguo","REDES ACUEDUCTO",3536,"CODO G.RAD. PVC 11.25° TIPO U.M. D=2\" (SUMINISTRO E INSTALACIÓN)","UN",32066,"Actualización MO 2022"]
["Antiguo","REDES ACUEDUCTO",3537,"CODO G.RAD. PVC 11.25° TIPO U.M. D=2 1/2\" (SUMINISTRO E INSTALACIÓN)","UN",36386,"Actualización MO 2022"]
["Antiguo","REDES ACUEDUCTO",3538,"CODO G.RAD. PVC 11.25° TIPO U.M. D=3\" (SUMINISTRO E INSTALACIÓN)","UN",48972,"Actualización MO 2022"]
["Antiguo","REDES ACUEDUCTO",3539,"CODO G.RAD. PVC 11.25° TIPO U.M. D=4\" RDE 21 (SUMINISTRO E INSTALACIÓN)","UN",90807,"Actualización MO 2022"]
["Antiguo","REDES ACUEDUCTO",3540,"CODO G.RAD. PVC 11.25° TIPO U.M. D=6\" (SUMINISTRO E INSTALACIÓN)","UN",205833,"Actualización MO 2022"]
["Antiguo","REDES ACUEDUCTO",3541,"CODO G.RAD. PVC 11.25° TIPO U.M. D=8\" (SUMINISTRO E INSTALACIÓN)","UN",409921,"Actualización MO 2022"]
["Antiguo","REDES ACUEDUCTO",3542,"CODO G.RAD. PVC 11.25° TIPO U.M. D=10\" (SUMINISTRO E INSTALACIÓN)","UN",869358,"Actualización MO 2022"]
["Antiguo","REDES ACUEDUCTO",3543,"CODO G.RAD. PVC 11.25° TIPO U.M. D=12\" (SUMINISTRO E INSTALACIÓN)","UN",1151266,"Actualización MO 2022"]
["Antiguo","REDES ACUEDUCTO",3544,"ADAPTADOR AC-PVC TIPO U.S. D=3\" (SUMINISTRO E INSTALACIÓN) REVISAR LIMPIADOR SOLDADURA","UN",30655,"Actualización MO 2022"]
["Antiguo","REDES ACUEDUCTO",3545,"ADAPTADOR AC-PVC TIPO U.S. D=4\" (SUMINISTRO E INSTALACIÓN) REVISAR SOLDADURA LIMPIADOR","UN",52094,"Actualización MO 2022"]
["Antiguo","REDES ACUEDUCTO",3546,"ADAPTADOR AC-PVC TIPO U.S. D=2\" (SUMINISTRO E INSTALACIÓN) REVISAR SOLDADURA LIMPIADOR","UN",12083,"Actualización MO 2022"]
["Antiguo","MOBILIARIO URBANO - ARBOLES Y GRAMAS",3548,"BOLARDO EN HIERRO TIPO M63 (SUMINISTRO E INSTALACIÓN. INCLUYE BASE EN CONCRETO 1500 PSI, HECHO EN OBRA)","UN",142720,"Actualización MO 2022"]
["Antiguo","MOBILIARIO URBANO - ARBOLES Y GRAMAS",3549,"BOLARDO EN CONCRETO TIPO M60 (SUMINISTRO E INSTALACIÓN. INCLUYE BASE EN CONCRETO 1500 PSI, PREMEZCLADO)","UN",123562,"Actualización MO 2022"]
["Antiguo","MOBILIARIO URBANO - ARBOLES Y GRAMAS",3550,"BANCA EN MADERA TIPO M50 (SUMINISTRO E INSTALACIÓN)","UN",517963,"Actualización MO 2022"]
["Antiguo","MOBILIARIO URBANO - ARBOLES Y GRAMAS",3551,"PROTECTOR DE ARBOL TIPO M90 (INCLUYE SUMINISTRO E INSTALACIÓN. NO INCLUYE BASES)","UN",610270,"Actualización MO 2022"]
["Antiguo","MOBILIARIO URBANO - ARBOLES Y GRAMAS",3552,"PROTECTOR DE ARBOL DE DOS TUBOS TIPO M91 (INCLUYE SUMINISTRO E INSTALACIÓN. NO INCLUYE BASES)","UN",181870,"Actualización MO 2022"]
["Antiguo","MOBILIARIO URBANO - ARBOLES Y GRAMAS",3554,"CICLO-PARQUEADERO TIPO M100 (TIPO 1) (H=1M, L=2M. INCLUYE SUMINISTRO E INSTALACIÓN. NO INCLUYE BASES)","UN",407530,"Actualización MO 2022"]
["Antiguo","MOBILIARIO URBANO - ARBOLES Y GRAMAS",3555,"CICLO-PARQUEADERO TIPO M101 (TIPO 2) (H=0.6M, L=2M, A=0.6M. INCLUYE SUMINISTRO E INSTALACIÓN. NO INCLUYE BASES)","UN",586983,"Actualización MO 2022"]
["Antiguo","MOBILIARIO URBANO - ARBOLES Y GRAMAS",3556,"TELEFONO PUBLICO DE PEDESTAL TIPO M20 (INCLUYE SUMINISTRO E INSTALACIÓN. NO INCLUYE BASE)","UN",4501822,"Actualización MO 2022"]
["Antiguo","MOBILIARIO URBANO - ARBOLES Y GRAMAS",3557,"PARADERO TIPO M10 (INC. SUM. E INST. INC. BASES EN CONCRETO 3000 PSI, HECHO EN OBRA. NO INCLUYE LOSAS DE CONCRETO)","UN",10599659,"Actualización MO 2022"]
["Antiguo","MOBILIARIO URBANO - ARBOLES Y GRAMAS",3559,"POSTE LUMINARIA HISTÓRICA TIPO M131 H=5M (INC. SUMINISTRO E INSTALACIÓN. NO INC.: LUMINARIAS, CABLEADO Y BASE PEDESTAL)","UN",3936957,"Actualización MO 2022"]
["Antiguo","MOBILIARIO URBANO - ARBOLES Y GRAMAS",3560,"BOLARDO EN CONCRETO TIPO M61 (SUMINISTRO E INSTALACIÓN. INCLUYE BASE EN CONCRETO 1500 PSI, PREMEZCLADO)","UN",119558,"Actualización MO 2022"]
["Antiguo","MOBILIARIO URBANO - ARBOLES Y GRAMAS",3561,"BOLARDO EN HIERRO TIPO M62 (SUMINISTRO E INSTALACIÓN. INCLUYE BASE EN CONCRETO 1500 PSI, PREMEZCLADO)","UN",162221,"Actualización MO 2022"]
["Antiguo","REDES ELECTRICAS",3562,"9 DUCTOS D=4\" PVC-TDP (INCLUYE SUMINISTRO E INSTALACION. NORMA CS211.","ML",174213,"Actualización MO 2022"]
["Antiguo","CONCRETO Y ACERO PARA ESTRUCTURAS",3567,"MURO EN BLOQUE ESTRUCTURAL TIPO PIEDRA GRIS (REFERENCIA: PI-16. INCLUYE SUMINISTRO Y CONSTRUCCIÓN)","M2",78609,"Actualización MO 2022"]
["Antiguo","REDES ELECTRICAS",3569,"POSTE METALICO AP, H=10M (INC. SUMINISTRO, IZAJE, APLOMADO E INSTALACIÓN. INC. BRAZO SENCILLO Y BASE SEGÚN NORMA AP802)","UN",2156467,"Actualización MO 2022"]
["Antiguo","REDES ACUEDUCTO",3589,"TAPON HD EXTREMO LISO D=8\" (SUMINISTRO E INSTALACIÓN)","UN",490280,"Actualización MO 2022"]
["Antiguo","REDES ELECTRICAS",3591,"2 DUCTOS D=4\" PVC-TDP (INCLUYE SUMINISTRO E INSTALACIÓN. NO INCLUYE RELLENOS). NORMA CS208.","ML",41059,"Actualización MO 2022"]
["Antiguo","REDES TELEFONICAS / DATOS",3599,"36 DUCTOS D=4\" PVC-TDP (INCLUYE SUMINISTRO E INSTALACIÓN. NO INCLUYE RELLENOS). SUMINISTRO Y COLOCACION SIN EXCAVACION.","ML",697625,"Actualización MO 2022"]
["Antiguo","REDES ACUEDUCTO",3600,"UNION PVC TIPO U.M. D= 2\" (SUMINISTRO E INSTALACIÓN)","UN",27355,"Actualización MO 2022"]
["Antiguo","REDES ACUEDUCTO",3601,"UNION PVC TIPO U.M. D= 3\" (SUMINISTRO E INSTALACIÓN)","UN",44472,"Actualización MO 2022"]
["Antiguo","REDES ACUEDUCTO",3602,"UNION PVC TIPO U.M. D= 4\" (SUMINISTRO E INSTALACIÓN)","UN",70893,"Actualización MO 2022"]
["Antiguo","REDES ACUEDUCTO",3603,"UNION PVC TIPO U.M. D= 6\" (SUMINISTRO E INSTALACIÓN)","UN",160350,"Actualización MO 2022"]
["Antiguo","REDES ACUEDUCTO",3604,"UNION PVC TIPO U.M. D= 8\" (SUMINISTRO E INSTALACIÓN)","UN",292109,"Actualización MO 2022"]
["Antiguo","REDES ACUEDUCTO",3605,"UNION PVC TIPO U.M. D= 10\" (SUMINISTRO E INSTALACIÓN)","UN",526352,"Actualización MO 2022"]
["Antiguo","REDES ACUEDUCTO",3606,"UNION PVC TIPO U.M. D= 12\" (SUMINISTRO E INSTALACIÓN)","UN",810019,"Actualización MO 2022"]
["Antiguo","REDES ACUEDUCTO",3607,"UNION PVC TIPO U.M. D= 2 1/2\" (SUMINISTRO E INSTALACIÓN)","UN",21880,"Actualización MO 2022"]
["Antiguo","CONCRETO Y ACERO PARA ESTRUCTURAS",3611,"ANCLAJE PARA TUBERIA EN CONCRETO PREMEZCLADO DE 2500 PSI GRAVA COMUN (Incluye, suministro, formaleteo, curado y colocacion. No incluye refuerzo)","M3",425318,"Actualización MO 2022"]
["Antiguo","REDES ACUEDUCTO",3618,"CODO HD 11.25° EXTREMO LISO PARA PVC D=3\" (SUMINISTRO E INSTALACIÓN)","UN",125088,"Actualización MO 2022"]
["Antiguo","REDES ACUEDUCTO",3619,"CODO HD 11.25° EXTREMO LISO PARA PVC D=2\" (SUMINISTRO E INSTALACIÓN)","UN",90798,"Actualización MO 2022"]
["Antiguo","REDES ACUEDUCTO",3620,"CODO HD 11.25° EXTREMO LISO PARA PVC D=4\" (SUMINISTRO E INSTALACIÓN)","UN",167356,"Actualización MO 2022"]
["Antiguo","ANDENES Y SARDINELES",3621,"RAMPA TIPO A B10 INCLUYE BASE EN MORTERO 1:5, DESARROLLO: 1M.","UN",634405,"Actualización MO 2022"]
["Antiguo","CONCRETO Y ACERO PARA ESTRUCTURAS",3636,"SUPER ESTRUCTURA EN CONCRETO DE 5000 PSI PREMEZCLADO, GRAVA COMÚN (Incluye Sumin, bombeo, Formaleteo, Colocación y Curado. No incl. Refuerzo).","M3",720125,"Actualización MO 2022"]
["Antiguo","CONCRETO Y ACERO PARA ESTRUCTURAS",3637,"DADO EN CONCRETO 4000 PSI, (27 Mpa) PREMEZCLADO, GRAVA COMÚN (Incluye Suministro, Formaleteo en madera, Bombeo, colocación y Curado. No incluye refuerzo)","M3",591365,"Actualización MO 2022"]
["Antiguo","CONCRETO Y ACERO PARA ESTRUCTURAS",3639,"VIGA EN CONCRETO PREMEZCLADO DE 3500 PSI (24 Mpa) GRAVA COMUN (Incluye Sumin., bombeo con autobomba, Formaleteo en madera, Colocación y Curado. No incl. Refuerzo)","M3",580109,"Actualización MO 2022"]
["Antiguo","CONCRETO Y ACERO PARA ESTRUCTURAS",3641,"CONCRETO 3000 PSI GRAVA FINA PARA ESTRUCTURA DE TRANSICIÓN (PREMEZCLADO. INCL. SUMIN, FORMALETA, BOMBEO CON AUTOBOMBA Y COLOCACIÓN. NO INCL. REFUERZO, CURADO)","M3",630834,"Actualización MO 2022"]
["Antiguo","CONCRETO Y ACERO PARA ESTRUCTURAS",3642,"CONCRETO 3000 PSI GRAVA FINA PARA ESTRIBOS (PREMEZCLADO. INCLUYE SUMINISTRO, BOMBEO CON AUTOBOMBA, FORMALETEO Y COLOCACIÓN. NO INCL. REFUERZO, CURADO)","M3",630834,"Actualización MO 2022"]
["Antiguo","CONCRETO Y ACERO PARA ESTRUCTURAS",3643,"CONCRETO 3000 PSI GRAVA FINA PARA PUENTE CAJÓN (PREMEZCLADO. INCLUYE SUMIN., BOMBEO CON AUTOBOMBA, FORMALETEO Y COLOCACIÓN. NO INCL. REFUERZO, CURADO)","M3",629691,"Actualización MO 2022"]
["Antiguo","CONCRETO Y ACERO PARA ESTRUCTURAS",3644,"MURO DE CONTENCIÓN EN CONCRETO 3000 PSI PREMEZCLADO, GRAVA FINA. (Incluye suministro, formaleteo, bombeo, colocación y curado. No incl. Refuerzo)","M3",702460,"Actualización MO 2022"]
["Antiguo","CONCRETO Y ACERO PARA ESTRUCTURAS",3645,"CONCRETO 3000 PSI GRAVA FINA PARA BOX CULVERT (PREMEZCLADO. INCLUYE SUMIN., FORMALETEO, BOMBEO CON AUTOBOMBA Y COLOCACIÓN. NO INCL. REFUERZO, CURADO)","M3",671798,"Actualización MO 2022"]
["Antiguo","CONCRETO Y ACERO PARA ESTRUCTURAS",3646,"ALETA VIGA SOLERA EN CONCRETO PREMEZCLADO DE 3000 PSI (21Mpa) GRAVA FINA (Incl. Sumin., bombeo con autobomba, Formaleteo madera, Colocación y Curado. No incl. Refuerzo)","M3",603391,"Actualización MO 2022"]
["Antiguo","CONCRETO Y ACERO PARA ESTRUCTURAS",3647,"CONCRETO 2000 PSI GRAVA COMÚN PARA SUB-BASE PUENTE (PREMEZCLADO. INCLUYE SUMIN., FORMALETEO Y COLOCACIÓN. NO INCL. REFUERZO, CURADO)","M3",503308,"Actualización MO 2022"]
["Antiguo","CONCRETO Y ACERO PARA ESTRUCTURAS",3649,"CONCRETO 2500 PSI (HECHO EN OBRA CON ARENA DE RÍO Y TRITURADO DE 3/4\")","M3",349357,"Actualización MO 2022"]
["Antiguo","CONCRETO Y ACERO PARA ESTRUCTURAS",3650,"CONCRETO 1500 PSI (HECHO EN OBRA) 1:3:5 CON ARENA DE RÍO Y TRITURADO DE 3/4\")","M3",321153,"Actualización MO 2022"]
["Antiguo","REDES ELECTRICAS",3652,"CAJA DE INSPECCIÓN TIPO VEHICULAR NORMA CODENSA CS 280 (INCLUYE BASE, MUROS, PASOS, PAÑETE, CUBIERTA, ARO Y TAPA)","UN",3295851,"Actualización MO 2022"]
["Antiguo","REDES TELEFONICAS / DATOS",3653,"CAMARA DE INSPECCIÓN T-16 ETB (H=2.3M. INCLUYE BASE, MUROS, CUBIERTA, ARO-BASE Y ARO-TAPA)","UN",4328385,"Actualización MO 2022"]
["Antiguo","REDES TELEFONICAS / DATOS",3654,"CAMARA DE INSPECCIÓN T-18 ETB (H=2.3M. INCLUYE BASE, MUROS, CUBIERTA, ARO-BASE Y ARO-TAPA)","UN",2947664,"Actualización MO 2022"]
["Antiguo","REDES TELEFONICAS / DATOS",3655,"CAMARA DE INSPECCIÓN T-16A ETB (H=2.3M. INCLUYE BASE, MUROS, CUBIERTA, ARO-BASE Y ARO-TAPA)","UN",5319384,"Actualización MO 2022"]
["Antiguo","CONCRETO Y ACERO PARA ESTRUCTURAS",3665,"CONCRETO CICLOPEO (60%-40%) (CONCRETO PREMEZCLADO. INCLUYE SUMINISTRO Y COLOCACIÓN)","M3",272293,"Actualización MO 2022"]
["Antiguo","REDES ACUEDUCTO",3684,"CODO HD 22.5° EXTREMO LISO PARA PVC D=3\" (SUMINISTRO E INSTALACIÓN)","UN",131206,"Actualización MO 2022"]
["Antiguo","REDES ACUEDUCTO",3685,"CODO HD 11.25° EXTREMO LISO PARA PVC D=8\" (SUMINISTRO E INSTALACIÓN)","UN",474373,"Actualización MO 2022"]
["Antiguo","REDES ACUEDUCTO",3687,"CAJA PARA VALVULA 0.4X0.4M H=0.8M (INCLUYE MARCO Y TAPA)","UN",164409,"Actualización MO 2022"]
["Antiguo","SEÑALIZACIÓN",3688,"DESMONTE Y REINSTALACION DE SEÑALES VIALES (INCLUYE DADO DE ANCLAJE)","UN",41633,"Actualización MO 2022"]
["Antiguo","RELLENOS Y CAPAS GRANULARES",3689,"BASE GRANULAR B-600 (SUMINISTRO, TRANSPORTE, EXTENDIDO, NIVELACIÓN, HUMEDECIMIENTO Y COMPACTACIÓN CON VIBROCOMPACTADOR)","M3",98165,"Actualización MO 2022"]
["Antiguo","MOBILIARIO URBANO - ARBOLES Y GRAMAS",3695,"TALA DE ARBOLES CLASE IV (20M<H<30M. INCLUYE DESENRAÍCE, RETIRO Y DISPOSICIÓN FINAL)","UN",592634,"Actualización MO 2022"]
["Antiguo","ANDENES Y SARDINELES",3696,"PISO EN ADOQUIN DE ARCILLA 26X6X6CM (SUMINISTRO E INSTALACIÓN. INCLUYE BASE 4CM ARENA NIVELACIÓN Y ARENA DE SELLO)","M2",61396,"Actualización MO 2022"]
["Antiguo","MOBILIARIO URBANO - ARBOLES Y GRAMAS",3698,"TALA DE ARBOLES CLASE III (10M < H < 20 M. INCLUYE DESENRAÍCE, RETIRO Y DISPOSICIÓN FINAL)","UN",273788,"Actualización MO 2022"]
["Antiguo","MOBILIARIO URBANO - ARBOLES Y GRAMAS",3699,"TALA DE ARBOLES CLASE I (H<5M. INCLUYE DESENRAÍCE, RETIRO Y DISPOSICIÓN FINAL)","UN",153522,"Actualización MO 2022"]
["Antiguo","REDES ALCANTARILLADO / DRENAJE",3704,"SUBDREN EN GRAVILLA 3/4\", 0.5X1M (INC. SUMIN. Y EXTENDIDO MANUAL. INC. GEOTEXTIL NT CR=700N Y TUBERÍA PVC CORRUG.-FILTRO D=6\")","ML",167395,"Actualización MO 2022"]
["Antiguo","ACERO DE REFUERZO",3708,"ACERO DE REFUERZO FY=60000 PSI. SUMINISTRO E INSTALACIÓN.  DE ACUERDO A LO ESTIPULADO POR LA NSR-10, NORMA ASTM A-706, ICONTEC 2289 PARA EL ACERO PDR-60. INCLUYE TODOS LOS COSTOS DE SUMINISTRO DE MATERIALES (REFUERZO (G60) FIGURADO, CORRUGADO, INCLUYE EL ALAMBRE DE AMARRE), EQUIPOS, TRANSPORTES, MANEJO, ALMACENAMIENTO, DESPERDICIOS Y MANO DE OBRA. ","KG",3979,"Actualización MO 2022"]
["Antiguo","EXCAVACIONES",3710,"EXCAVACIÓN MECÁNICA EN MATERIAL COMÚN (INCLUYE CARGUE)","M3",4965,"Actualización MO 2022"]
["Antiguo","REDES ALCANTARILLADO / DRENAJE",3712,"SUMIDERO LATERAL SL-100, H=0.85M (PREFABRICADO. INCLUYE SUMINISTRO E INSTALACIÓN. INCLUYE SOBRETAPA Y TAPA)","UN",1960755,"Actualización MO 2022"]
["Antiguo","REDES ALCANTARILLADO / DRENAJE",3716,"CILINDRO POZO INSPECCION PREFABRICADO D=1.2M, H=1M, E=0.10M (INCLUYE SUMINISTRO E INSTALACIÓN. NO INC. ARO DE AJUSTE)","UN",1040490,"Actualización MO 2022"]
["Antiguo","MOBILIARIO URBANO - ARBOLES Y GRAMAS",3721,"SIEMBRA DE GRAMA (INCLUYE SUMINISTRO E INSTALACIÓN. INCLUYE 10CM DE TIERRA NEGRA)","M2",15040,"Actualización MO 2022"]
["Antiguo","REDES ALCANTARILLADO / DRENAJE",3722,"NIVELACIÓN DE POZO (HASTA RASANTE EN CONCRETO 3000 PSI HECHO EN OBRA, H=0.15M. INCLUYE SUMINISTRO Y CONSTRUCCIÓN)","UN",102241,"Actualización MO 2022"]
["Antiguo","REDES ALCANTARILLADO / DRENAJE",3723,"LIMPIEZA DE POZOS (INCLUYE CARGUE, RETIRO Y DISPOSICIÓN FINAL DE SOBRANTES)","UN",74937,"Actualización MO 2022"]
["Antiguo","REDES ALCANTARILLADO / DRENAJE",3724,"LIMPIEZA DE SUMIDEROS (INCLUYE CARGUE, RETIRO Y DISPOSICIÓN FINAL DE SOBRANTES)","UN",74937,"Actualización MO 2022"]
["Antiguo","ANDENES Y SARDINELES",3727,"CENEFA EN ADOQUIN DE ARCILLA A=6CM (SUMINISTRO E INSTALACIÓN. NO INCLUYE MATERIAL DE BASE)","ML",5314,"Actualización MO 2022"]
["Antiguo","CONCRETO Y ACERO PARA ESTRUCTURAS",3729,"CONCRETO 1500 PSI GRAVA COMÚN PARA SOLADOS (PREMEZCLADO. INCLUYE SUMINISTRO Y COLOCACIÓN)","M3",396931,"Actualización MO 2022"]
["Antiguo","CONCRETO Y ACERO PARA ESTRUCTURAS",3730,"GROUTING 1500 PSI (INCLUYE SUMINISTRO Y COLOCACIÓN)","M3",459249,"Actualización MO 2022"]
["Antiguo","REDES ALCANTARILLADO / DRENAJE",3733,"SUMIDERO TRANSVERSAL ST-1, H=1.9M (FUNDIDO EN SITIO, CONCRETO HECHO EN OBRA. INCL. SUM, FORM, REF. Y CONST. INCL. REJA)","ML",1417558,"Actualización MO 2022"]
["Antiguo","REDES ACUEDUCTO",3735,"TUBERIA PF D=1/2\" PARA ACOMETIDA DOMICILIARIA (SUMINISTRO E INSTALACIÓN)","ML",2000,"Actualización MO 2022"]
["Antiguo","ANDENES Y SARDINELES",3745,"PISO EN ADOQUIN DE CONCRETO A25 20X10X6CM (SUMINISTRO E INSTALACIÓN. INCLUYE BASE 3CM ARENA NIVELACIÓN Y ARENA DE SELLO)","M2",65780,"Actualización MO 2022"]
["Antiguo","PAVIMENTOS",3748,"LOSA DE CONCRETO MR45 (SUMINISTRO, FORMALETEADO, COLOCACIÓN Y ACABADO. NO INCLUYE ACERO, CURADO, JUNTAS)","M3",559489,"Actualización MO 2022"]
["Antiguo","MANTENIMIENTO Y REHABILITACION DE VIAS",3749,"LOSA DE CONCRETO MR50 (SUMINISTRO, FORMALETEADO, COLOCACIÓN Y ACABADO. NO INCLUYE ACERO, CURADO, JUNTAS)","M3",543837,"Actualización MO 2022"]
["Antiguo","ANDENES Y SARDINELES",3751,"CAÑUELA TIPO A120 (SUMINISTRO E INSTALACIÓN. INCLUYE 3CM MORTERO 1:5)","ML",46122,"Actualización MO 2022"]
["Antiguo","ANDENES Y SARDINELES",3753,"SARDINEL H=0.20M, E=0.15M CONCRETO 3000 PSI (FUNDIDO EN SITIO, CONCRETO HECHO EN OBRA. INC. SUMIN, FORMALET. Y CONST.)","ML",22302,"Actualización MO 2022"]
["Antiguo","CONCRETO Y ACERO PARA ESTRUCTURAS",3758,"PILOTE D=40 CM CONCRETO TREMIE DE 3000 PSI. (INCL. EXCAVACIÓN, CARGUE Y RETIRO DE SOBRANTES, MOVILIZACIÓN, MONTAJE Y DESMONTAJE EQUIPO, Y CONCRETO). INCLUYE MOVILIZACIÓN HACIA Y DESDE LA OBRA Y ENTRE PERFORACIONES, MONTAJE Y DESMONTAJE, REGISTRO DE MUESTRAS CORRESPONDIENTES AL PERFIL ESTRATIGRÁFICO. TAMBIÉN INCLUYE EL CARGUE, RETIRO Y DISPOSICIÓN FINAL DE ESCOMBROS, SUMINISTRO Y COLOCACIÓN DEL CONCRETO.","ML",347157,"Actualización MO 2022"]
["Antiguo","CONCRETO Y ACERO PARA ESTRUCTURAS",3760,"PILOTE D=50 CM CONCRETO TREMIE DE 3000 PSI. (INCL. EXCAVACIÓN, CONCRETO, CARGUE Y RETIRO DE SOBRANTES, MOVILIZACIÓN, MONTAJE Y DESMONTAJE EQUIPO. INCLUYE , MOVILIZACIÓN HACIA Y DESDE LA OBRA Y ENTRE PERFORACIONES, MONTAJE Y DESMONTAJE, REGISTRO DE MUESTRAS CORRESPONDIENTES AL PERFIL ESTRATIGRÁFICO. TAMBIÉN INCLUYE EL CARGUE, RETIRO Y DISPOSICIÓN FINAL DE ESCOMBROS, SUMINISTRO Y COLOCACIÓN DEL CONCRETO.","ML",419159,"Actualización MO 2022"]
["Antiguo","CONCRETO Y ACERO PARA ESTRUCTURAS",3761,"PILOTE D=60 CM CONCRETO TREMIE DE 3000 PSI. (INCL. EXCAVACIÓN, CONCRETO, CARGUE Y RETIRO DE SOBRANTES, MOVILIZACIÓN, MONTAJE Y DESMONTAJE EQUIPO. INCLUYE , MOVILIZACIÓN HACIA Y DESDE LA OBRA Y ENTRE PERFORACIONES, MONTAJE Y DESMONTAJE, REGISTRO DE MUESTRAS CORRESPONDIENTES AL PERFIL ESTRATIGRÁFICO. TAMBIÉN INCLUYE EL CARGUE, RETIRO Y DISPOSICIÓN FINAL DE ESCOMBROS, SUMINISTRO Y COLOCACIÓN DEL CONCRETO.","ML",511323,"Actualización MO 2022"]
["Antiguo","ANÁLISIS AUXILIARES",3770,"CUADRILLA (OFICIAL + 6 AYUDANTES). INCLUYE FACTOR DE PRESTACIONES.","JR",409501,"Actualización MO 2022"]
["Antiguo","REDES ALCANTARILLADO / DRENAJE",3776,"ENTIBADO TIPO ED1, DISCONTINUO EN MADERA (INCLUYE SUMINISTRO E INSTALACIÓN)","M2",34493,"Actualización MO 2022"]
["Antiguo","REDES ELECTRICAS",3777,"CIMENTACION DE POSTES H=8M, CR=510KG (INCLUYE IZAJE, APLOMADO E HINCADO. INCLUYE RELLENOS). NORMA LA009.","UN",324921,"Actualización MO 2022"]
["Antiguo","REDES ALCANTARILLADO / DRENAJE",3779,"CAJA DE INSPECCIÓN DE 0.6X0.6M (H=0.6M. INCLUYE SUMINISTRO Y CONSTRUCCIÓN. INCLUYE MARCO Y TAPA. NO INC. BASE Y CAÑUELA)","UN",344479,"Actualización MO 2022"]
["Antiguo","REDES TELEFONICAS / DATOS",3780,"3 DUCTOS D=4\" PVC-TDP (INCLUYE SUMINISTRO E INSTALACIÓN. NO INCLUYE RELLENOS)","ML",60081,"Actualización MO 2022"]
["Antiguo","ANDENES Y SARDINELES",3784,"SARDINEL H=0.25M, E=0.15M CONCRETO 3000 PSI (FUNDIDO EN SITIO, CONCRETO HECHO EN OBRA. INC. SUMIN, FORMALET. Y CONST.)","ML",25628,"Actualización MO 2022"]
["Antiguo","REDES ALCANTARILLADO / DRENAJE",3787,"TUBERIA PVC PARA DRENAJE D=2 1/2\" CON FILTRO (INCLUYE SUMINISTRO E INSTALACIÓN)","ML",14169,"Actualización MO 2022"]
["Antiguo","REDES TELEFONICAS / DATOS",3795,"8 DUCTOS D=4\" PVC-EB (INCLUYE SUMINISTRO E INSTALACIÓN. NO INCLUYE RELLENOS)","ML",161313,"Actualización MO 2022"]
["Antiguo","REDES TELEFONICAS / DATOS",3796,"12 DUCTOS D=4\" PVC-EB (LIVIANO) (INCLUYE SUMINISTRO E INSTAL","ML",241998,"Actualización MO 2022"]
["Antiguo","REDES TELEFONICAS / DATOS",3797,"16 DUCTOS D=4\" PVC-EB (LIVIANO) (INCLUYE SUMINISTRO E INSTALACIÓN. NO INCLUYE RELLENOS)","ML",321148,"Actualización MO 2022"]
["Antiguo","REDES TELEFONICAS / DATOS",3798,"24 DUCTOS D=4\" PVC-EB (LIVIANO) (INCLUYE SUMINISTRO E INSTALACIÓN. NO INCLUYE RELLENOS)","ML",480629,"Actualización MO 2022"]
["Antiguo","RELLENOS Y CAPAS GRANULARES",3800,"NIVELACION Y COMPACTACIÓN DE SUBRASANTE","M2",1094,"Actualización MO 2022"]
["Antiguo","PAVIMENTOS",3806,"CURADO DE LOSAS DE CONCRETO (SUMINISTRO Y APLICACIÓN)","M2",1529,"Actualización MO 2022"]
["Antiguo","PAVIMENTOS",3811,"CORTE DE PAVIMENTO - INCLUYE EQUIPO: CORTADORA DE CONCRETO INCLUYE OPERARIO Y COMBUSTIBLE. INCLUYE DISCO DIAMANTADO ASFALTO-CONCRETO 350 MM, AGUA Y MANO DE OBRA","ML",1886,"Actualización MO 2022"]
["Antiguo","CONCRETO Y ACERO PARA ESTRUCTURAS",3819,"PINTURA EN ESMALTE URETANO GRIS (E=1MIL. INC. SUMIN. Y APLIC. NO INC. IMPRIMANTE, BARRERA, ESMALTE EPÓXICO O SIMILARES)","ML",4623,"Actualización MO 2022"]
["Antiguo","PAVIMENTOS",3837,"SELLADO DE JUNTAS EN PAVIMENTO DE CONCRETO HIDRAULICO (INCLUYE LIMPIEZA, SUMINISTRO E INSTALACIÓN DE FONDO Y SELLANTE)","ML",9210,"Actualización MO 2022"]
["Antiguo","PAVIMENTOS",3841,"MEZCLA DENSA EN CALIENTE MD20 ASFALTO 80-100 (SUMINISTRO, EXTENDIDO, NIVELACIÓN Y COMPACTACIÓN MECANICA)","M3",752500,"Actualización MO 2022"]
["Antiguo","RELLENOS Y CAPAS GRANULARES",3847,"RELLENO PARA REDES EN BASE GRANULAR B-600 (SUMINISTRO, TRANSPORTE, EXTENDIDO, HUMEDECIMIENTO Y COMPACTACIÓN)","M3",111981,"Actualización MO 2022"]
["Antiguo","RELLENOS Y CAPAS GRANULARES",3851,"RELLENO PARA ANDENES EN SUBBASE GRANULAR B-400 (SUMINISTRO, EXTENDIDO, HUMEDECIMIENTO Y COMPACTACIÓN)","M3",83064,"Actualización MO 2022"]
["Antiguo","PAVIMENTOS",3864,"IMPRIMACION CON EMULSION ASFALTICA CRL-0 (SUMINISTRO, BARRIDO SUPERFICIE Y RIEGO MECANICO)","M2",2065,"Actualización MO 2022"]
["Antiguo","PAVIMENTOS",3866,"RIEGO DE LIGA CON EMULSION ASFALTICA CRR-1 (SUMINISTRO, BARRIDO SUPERFICIE Y RIEGO MECANICO)","M2",1939,"Actualización MO 2022"]
["Antiguo","PAVIMENTOS",3867,"RIEGO DE LIGA CON EMULSION ASFALTICA CRR-2 (SUMINISTRO, BARRIDO SUPERFICIE Y RIEGO MECANICO)","M2",2559,"Actualización MO 2022"]
["Antiguo","SEÑALIZACIÓN",3872,"DEMARCACION LINEA DISCONTINUA A=0.12M (E=15 MILS, ACRÍLICA BASE AGUA. INC. SUMIN. Y APLIC. CON EQUIPO. INC MICROESFERAS)","ML",2154,"Actualización MO 2022"]
["Antiguo","CONCRETO Y ACERO PARA ESTRUCTURAS",3873,"CONCRETO CICLOPEO (60%-40%) (CONCRETO HECHO EN OBRA. INCLUYE SUMINISTRO Y COLOCACIÓN)","M3",261995,"Actualización MO 2022"]
["Antiguo","CONCRETO Y ACERO PARA ESTRUCTURAS",3874,"MORTERO 1:5 (HECHO EN OBRA)","M3",268426,"Actualización MO 2022"]
["Antiguo","CONCRETO Y ACERO PARA ESTRUCTURAS",3875,"ANCLAJE PARA TUBERIA EN CONCRETO DE 2500 PSI HECHO EN OBRA (Incluye suministro, formaleteo y colocacion)","M3",407297,"Actualización MO 2022"]
["Antiguo","REDES ALCANTARILLADO / DRENAJE",3876,"SUBDREN EN GRAVILLA 1/2\", 0.4X0.8M (INC. SUMIN. Y COMPACT. INC. GEOTEXTIL NT CR=700N Y TUBERÍA PVC CORRUG.-FILTRO D=4\")","ML",122690,"Actualización MO 2022"]
["Antiguo","REDES ALCANTARILLADO / DRENAJE",3877,"SUBDREN EN GRAVILLA 1/2\", 0.5X1M (INC. SUMIN. Y COMPACT. INC. GEOTEXTIL NT CR=700N Y TUBERÍA PVC CORRUG.-FILTRO D=6\")","ML",168704,"Actualización MO 2022"]
["Antiguo","REDES ALCANTARILLADO / DRENAJE",3878,"PLACA CUBIERTA D=1.70M POZO INSPEC. (PREFABRICADA. INCLUYE SUMINISTRO E INSTALACIÓN. INCLUYE TAPA)","UN",1121072,"Actualización MO 2022"]
["Antiguo","REDES ALCANTARILLADO / DRENAJE",3879,"PLACA FONDO D=1.70M POZO INSPEC. (PREFABRICADA. INCL. SUMIN, INST.)","UN",801768,"Actualización MO 2022"]
["Antiguo","REDES ALCANTARILLADO / DRENAJE",3880,"CILINDRO POZO INSPECCION PREFABRICADO D=1.2M, H=0.5M, E=0.10M (INCLUYE SUMINISTRO E INSTALACIÓN. NO INC. ARO DE AJUSTE)","UN",459834,"Actualización MO 2022"]
["Antiguo","REDES ALCANTARILLADO / DRENAJE",3881,"CILINDRO POZO INSPECCION PREFABRICADO D=1.2M, H=0.25M, E=0.10M (INCLUYE SUMINISTRO E INSTALACIÓN. NO INC. ARO DE AJUSTE)","UN",329130,"Actualización MO 2022"]
["Antiguo","REDES ALCANTARILLADO / DRENAJE",3882,"SUMIDERO LATERAL SL-100, H=1.25M (FUNDIDO EN SITIO, CONCRETO HECHO EN OBRA. INCL. SUMIN, FORM, REF. Y CONST. INCL. TAPA)","UN",1907530,"Actualización MO 2022"]
["Antiguo","REDES ALCANTARILLADO / DRENAJE",3883,"SUMIDERO LATERAL SL-150A, H=1.7M (FUNDIDO EN SITIO, CONCRETO PREMEZCLADO. INCL. SUMIN, FORM, REF. Y CONSTR. INCL. TAPA)","UN",2578816,"Actualización MO 2022"]
["Antiguo","REDES ALCANTARILLADO / DRENAJE",3884,"SUMIDERO LATERAL SL-150, H=1.25M (FUNDIDO EN SITIO, CONCRETO HECHO EN OBRA. INCL. SUMIN, FORM, REF. Y CONST. INCL. TAPA)","UN",2428012,"Actualización MO 2022"]
["Antiguo","REDES ALCANTARILLADO / DRENAJE",3885,"SUMIDERO LATERAL SL-200, H=1.25M (FUNDIDO EN SITIO, CONCRETO PREMEZCLADO. INCL. SUMIN, FORM, REF. Y CONSTR. INCL. TAPA)","UN",2938257,"Actualización MO 2022"]
["Antiguo","REDES ALCANTARILLADO / DRENAJE",3886,"SUMIDERO LATERAL SL-200, H=1.25M (FUNDIDO EN SITIO, CONCRETO HECHO EN OBRA. INCL. SUMIN, FORM, REF. Y CONST. INCL. TAPA)","UN",3027337,"Actualización MO 2022"]
["Antiguo","REDES ALCANTARILLADO / DRENAJE",3887,"SUMIDERO LATERAL SL-250, H=1.25M (FUNDIDO EN SITIO, CONCRETO HECHO EN OBRA. INCL. SUMIN, FORM, REF. Y CONST. INCL. TAPA)","UN",3330829,"Actualización MO 2022"]
["Antiguo","REDES ALCANTARILLADO / DRENAJE",3888,"SUMIDERO LATERAL SL-250, H=1.25M (FUNDIDO EN SITIO, CONCRETO PREMEZCLADO. INCL. SUMIN, FORM, REF. Y CONSTR. INCL. TAPA)","UN",3228493,"Actualización MO 2022"]
["Antiguo","REDES ALCANTARILLADO / DRENAJE",3889,"SUMIDERO LATERAL SL-100A, H=1.7M (FUNDIDO EN SITIO, CONCRETO HECHO EN OBRA. INCL. SUM, FORM, REF. Y CONST. INCL. TAPA)","UN",1988330,"Actualización MO 2022"]
["Antiguo","REDES ALCANTARILLADO / DRENAJE",3890,"SUMIDERO LATERAL SL-100A, H=1.7M (FUNDIDO EN SITIO, CONCRETO PREMEZCLADO. INCL. SUMIN, FORM, REF. Y CONSTR. INCL. TAPA)","UN",1933981,"Actualización MO 2022"]
["Antiguo","REDES ALCANTARILLADO / DRENAJE",3891,"SUMIDERO LATERAL SL-150A, H=1.7M (FUNDIDO EN SITIO, CONCRETO HECHO EN OBRA. INCL. SUM, FORM, REF. Y CONST. INCL. TAPA)","UN",2664185,"Actualización MO 2022"]
["Antiguo","REDES ALCANTARILLADO / DRENAJE",3892,"SUMIDERO LATERAL SL-200A, H=1.7M (FUNDIDO EN SITIO, CONCRETO HECHO EN OBRA. INCL. SUM, FORM, REF. Y CONST. INCL. TAPA)","UN",3295487,"Actualización MO 2022"]
["Antiguo","REDES ALCANTARILLADO / DRENAJE",3893,"SUMIDERO LATERAL SL-200A, H=1.7M (FUNDIDO EN SITIO, CONCRETO PREMEZCLADO. INCL. SUMIN, FORM, REF. Y CONSTR. INCL. TAPA)","UN",3193151,"Actualización MO 2022"]
["Antiguo","REDES ALCANTARILLADO / DRENAJE",3894,"SUMIDERO LATERAL SL-250A, H=1.7M (FUNDIDO EN SITIO, CONCRETO HECHO EN OBRA. INCL. SUM, FORM, REF. Y CONST. INCL. TAPA)","UN",3649815,"Actualización MO 2022"]
["Antiguo","REDES ALCANTARILLADO / DRENAJE",3895,"SUMIDERO LATERAL SL-250A, H=1.7M (FUNDIDO EN SITIO, CONCRETO PREMEZCLADO. INCL. SUMIN, FORM, REF. Y CONSTR. INCL. TAPA)","UN",3534217,"Actualización MO 2022"]
["Antiguo","REDES ALCANTARILLADO / DRENAJE",3896,"SUMIDERO LATERAL SL-150, H=1.25M (FUNDIDO EN SITIO, CONCRETO PREMEZCLADO. INCL. SUMIN, FORM, REF. Y CONSTR. INCL. TAPA)","UN",2355900,"Actualización MO 2022"]
["Antiguo","REDES ALCANTARILLADO / DRENAJE",3897,"SUMIDERO LATERAL SL-150, H=0.85M (PREFABRICADO. INCLUYE SUMINISTRO E INSTALACIÓN. INCLUYE SOBRETAPA Y TAPA)","UN",2969973,"Actualización MO 2022"]
["Antiguo","REDES ALCANTARILLADO / DRENAJE",3898,"SUMIDERO LATERAL SL-200, H=0.85M (PREFABRICADO. INCLUYE SUMINISTRO E INSTALACIÓN. INCLUYE SOBRETAPA Y TAPA)","UN",3224521,"Actualización MO 2022"]
["Antiguo","REDES ALCANTARILLADO / DRENAJE",3899,"SUMIDERO LATERAL SL-250, H=0.85M (PREFABRICADO. INCLUYE SUMINISTRO E INSTALACIÓN. INCLUYE SOBRETAPA Y TAPA)","UN",4288931,"Actualización MO 2022"]
["Antiguo","REDES ALCANTARILLADO / DRENAJE",3900,"SUMIDERO TRANSVERSAL ST-1, H=1.9M (FUNDIDO EN SITIO, CONCRETO PREMEZCLADO. INCL. SUMIN, FORM, REF. Y CONST. INCL. REJA)","ML",1378063,"Actualización MO 2022"]
["Antiguo","REDES ALCANTARILLADO / DRENAJE",3901,"TUBERIA PVC PARA DRENAJE D=2 1/2\" SIN FILTRO (INCLUYE SUMINISTRO E INSTALACIÓN)","ML",15896,"Actualización MO 2022"]
["Antiguo","REDES ALCANTARILLADO / DRENAJE",3902,"TUBERIA PVC PARA DRENAJE D=4\" CON FILTRO (INCLUYE SUMINISTRO E INSTALACIÓN)","ML",29773,"Actualización MO 2022"]
["Antiguo","REDES ALCANTARILLADO / DRENAJE",3903,"TUBERIA PVC PARA DRENAJE D=6\" SIN FILTRO (INCLUYE SUMINISTRO E INSTALACIÓN)","ML",54279,"Actualización MO 2022"]
["Antiguo","REDES ALCANTARILLADO / DRENAJE",3904,"TUBERIA PVC PARA DRENAJE D=4\" SIN FILTRO (INCLUYE SUMINISTRO E INSTALACIÓN)","ML",23329,"Actualización MO 2022"]
["Antiguo","REDES ALCANTARILLADO / DRENAJE",3905,"TUBERIA PVC PARA DRENAJE D=6\" CON FILTRO (INCLUYE SUMINISTRO E INSTALACIÓN)","ML",44137,"Actualización MO 2022"]
["Antiguo","REDES ALCANTARILLADO / DRENAJE",3906,"SUMIDERO TRANSVERSAL ST-2, H=1.77M (FUNDIDO EN SITIO, CONCRETO HECHO EN OBRA. INCL. SUM, FORM, REF. Y CONST. INCL. REJA)","ML",1141493,"Actualización MO 2022"]
["Antiguo","REDES ALCANTARILLADO / DRENAJE",3907,"SUMIDERO TRANSVERSAL ST-2, H=1.77M (FUNDIDO EN SITIO, CONCRETO PREMEZCLADO. INCL. SUMIN, FORM, REF. Y CONST. INCL. REJA)","ML",1113424,"Actualización MO 2022"]
["Antiguo","REDES ALCANTARILLADO / DRENAJE",3908,"SUMIDERO ESPECIAL TIPO 1, H=1.65M (FUNDIDO EN SITIO, CONCRETO HECHO EN OBRA. INCL. SUM, FORM, REF. Y CONST. INCL. REJA)","UN",2385826,"Actualización MO 2022"]
["Antiguo","REDES ALCANTARILLADO / DRENAJE",3909,"SUMIDERO ESPECIAL TIPO 1, H=1.65M (FUNDIDO EN SITIO, CONCRETO PREMEZCLADO. INCL. SUM, FORM, REF. Y CONST. INCL. REJA)","UN",2091974,"Actualización MO 2022"]
["Antiguo","CONCRETO Y ACERO PARA ESTRUCTURAS",3910,"CONCRETO 4000 PSI IMPERMEABILIZADO (HECHO EN OBRA)","M3",531473,"Actualización MO 2022"]
["Antiguo","REDES ALCANTARILLADO / DRENAJE",3919,"TUBERIA PVC U.M. EXT/INT LISO NORMA NTC 5070 D=24\" (INCLUYE SUMINISTRO E INSTALACIÓN)","ML",502649,"Actualización MO 2022"]
["Antiguo","REDES ALCANTARILLADO / DRENAJE",3920,"TUBERIA PVC U.M. EXT/INT LISO NORMA NTC 5070 D=27\" (INCLUYE SUMINISTRO E INSTALACIÓN)","ML",595431,"Actualización MO 2022"]
["Antiguo","REDES ALCANTARILLADO / DRENAJE",3921,"TUBERIA PVC U.M. EXT/INT LISO NORMA NTC 5070 D=30\" (INCLUYE SUMINISTRO E INSTALACIÓN)","ML",735797,"Actualización MO 2022"]
["Antiguo","REDES ALCANTARILLADO / DRENAJE",3922,"TUBERIA PVC U.M. EXT/INT LISO NORMA NTC 5070 D=33\" (INCLUYE SUMINISTRO E INSTALACIÓN)","ML",975464,"Actualización MO 2022"]
["Antiguo","REDES ALCANTARILLADO / DRENAJE",3923,"TUBERIA PVC U.M. EXT/INT LISO NORMA NTC 5070 D=36\" (INCLUYE SUMINISTRO E INSTALACIÓN)","ML",1337957,"Actualización MO 2022"]
["Antiguo","REDES ALCANTARILLADO / DRENAJE",3924,"TUBERIA PVC U.M. EXT/INT LISO NORMA NTC 5070 D=39\" (INCLUYE SUMINISTRO E INSTALACIÓN)","ML",1773978,"Actualización MO 2022"]
["Antiguo","REDES ALCANTARILLADO / DRENAJE",3925,"TUBERIA PVC U.M. EXT/INT LISO NORMA NTC 5070 D=42\" (INCLUYE SUMINISTRO E INSTALACIÓN)","ML",2072018,"Actualización MO 2022"]
["Antiguo","REDES ALCANTARILLADO / DRENAJE",3932,"TUBERIA CONCRETO D=6\" CL. II SIN REFUERZO (INCLUYE SUMINISTRO E INSTALACIÓN)","ML",48770,"Actualización MO 2022"]
["Antiguo","REDES ALCANTARILLADO / DRENAJE",3933,"TUBERIA CONCRETO D=8\" CL. II SIN REFUERZO (INCLUYE SUMINISTRO E INSTALACIÓN)","ML",74566,"Actualización MO 2022"]
["Antiguo","REDES ALCANTARILLADO / DRENAJE",3934,"TUBERIA CONCRETO D=12\" CL. II SIN REFUERZO (INCLUYE SUMINISTRO E INSTALACIÓN)","ML",134327,"Actualización MO 2022"]
["Antiguo","REDES ALCANTARILLADO / DRENAJE",3935,"TUBERIA CONCRETO D=14\" CL. II SIN REFUERZO (INCLUYE SUMINISTRO E INSTALACIÓN)","ML",167900,"Actualización MO 2022"]
["Antiguo","REDES ALCANTARILLADO / DRENAJE",3936,"TUBERIA CONCRETO D=16\" CL. II SIN REFUERZO (INCLUYE SUMINISTRO E INSTALACIÓN)","ML",214206,"Actualización MO 2022"]
["Antiguo","REDES ALCANTARILLADO / DRENAJE",3937,"TUBERIA CONCRETO D=18\" CL. II SIN REFUERZO (INCLUYE SUMINISTRO E INSTALACIÓN)","ML",279320,"Actualización MO 2022"]
["Antiguo","REDES ALCANTARILLADO / DRENAJE",3938,"TUBERIA CONCRETO D=20\" CL. II SIN REFUERZO (INCLUYE SUMINISTRO E INSTALACIÓN)","ML",335003,"Actualización MO 2022"]
["Antiguo","REDES ALCANTARILLADO / DRENAJE",3939,"TUBERIA CONCRETO D=24\" CL. II SIN REFUERZO (INCLUYE SUMINISTRO E INSTALACIÓN)","ML",474343,"Actualización MO 2022"]
["Antiguo","REDES ALCANTARILLADO / DRENAJE",3944,"TUBERIA CONCRETO D=24\" CL. I REFORZADO (INCLUYE SUMINISTRO E INSTALACIÓN)","ML",483656,"Actualización MO 2022"]
["Antiguo","REDES ALCANTARILLADO / DRENAJE",3945,"TUBERIA CONCRETO D=27\" CL. I REFORZADO (INCLUYE SUMINISTRO E INSTALACIÓN)","ML",585534,"Actualización MO 2022"]
["Antiguo","REDES ALCANTARILLADO / DRENAJE",3946,"TUBERIA CONCRETO D=32\" CL. I REFORZADO (INCLUYE SUMINISTRO E INSTALACIÓN)","ML",703980,"Actualización MO 2022"]
["Antiguo","REDES ALCANTARILLADO / DRENAJE",3947,"TUBERIA CONCRETO D=36\" CL. I REFORZADO (INCLUYE SUMINISTRO E INSTALACIÓN)","ML",884379,"Actualización MO 2022"]
["Antiguo","REDES ALCANTARILLADO / DRENAJE",3948,"TUBERIA CONCRETO D=40\" CL. I REFORZADO (INCLUYE SUMINISTRO E INSTALACIÓN)","ML",1092784,"Actualización MO 2022"]
["Antiguo","REDES ALCANTARILLADO / DRENAJE",3949,"TUBERIA CONCRETO D=44\" CL. I REFORZADO (INCLUYE SUMINISTRO E INSTALACIÓN)","ML",1239035,"Actualización MO 2022"]
["Antiguo","REDES ALCANTARILLADO / DRENAJE",3950,"TUBERIA CONCRETO D=48\" CL. I REFORZADO (INCLUYE SUMINISTRO E INSTALACIÓN)","ML",1476692,"Actualización MO 2022"]
["Antiguo","REDES ALCANTARILLADO / DRENAJE",3951,"TUBERIA CONCRETO D=52\" CL. I REFORZADO (INCLUYE SUMINISTRO E INSTALACIÓN)","ML",1666620,"Actualización MO 2022"]
["Antiguo","REDES ALCANTARILLADO / DRENAJE",3952,"TUBERIA CONCRETO D=56\" CL. I REFORZADO (INCLUYE SUMINISTRO E INSTALACIÓN)","ML",1891178,"Actualización MO 2022"]
["Antiguo","REDES ALCANTARILLADO / DRENAJE",3953,"TUBERIA CONCRETO D=60\" CL. I REFORZADO (INCLUYE SUMINISTRO E INSTALACIÓN)","ML",2121505,"Actualización MO 2022"]
["Antiguo","REDES ALCANTARILLADO / DRENAJE",3954,"TUBERIA CONCRETO D=64\" CL. I REFORZADO (INCLUYE SUMINISTRO E INSTALACIÓN)","ML",2364871,"Actualización MO 2022"]
["Antiguo","REDES ALCANTARILLADO / DRENAJE",3955,"TUBERIA CONCRETO D=68\" CL. I REFORZADO (INCLUYE SUMINISTRO E INSTALACIÓN)","ML",2639308,"Actualización MO 2022"]
["Antiguo","REDES ALCANTARILLADO / DRENAJE",3956,"TUBERIA CONCRETO D=72\" CL. I REFORZADO (INCLUYE SUMINISTRO E INSTALACIÓN)","ML",2943877,"Actualización MO 2022"]
["Antiguo","REDES ALCANTARILLADO / DRENAJE",3957,"TUBERIA CONCRETO D=80\" CL. I REFORZADO (INCLUYE SUMINISTRO E INSTALACIÓN)","ML",3628660,"Actualización MO 2022"]
["Antiguo","REDES ALCANTARILLADO / DRENAJE",3958,"TUBERIA CONCRETO D=86\" CL. I REFORZADO (INCLUYE SUMINISTRO E INSTALACIÓN)","ML",4065237,"Actualización MO 2022"]
["Antiguo","REDES ALCANTARILLADO / DRENAJE",3959,"TUBERIA CONCRETO D=92\" CL. I REFORZADO (INCLUYE SUMINISTRO E INSTALACIÓN)","ML",4543526,"Actualización MO 2022"]
["Antiguo","REDES ALCANTARILLADO / DRENAJE",3960,"TUBERIA CONCRETO D=24\" CL. II REFORZADO (INCLUYE SUMINISTRO E INSTALACIÓN)","ML",483656,"Actualización MO 2022"]
["Antiguo","REDES ALCANTARILLADO / DRENAJE",3961,"TUBERIA CONCRETO D=27\" CL. II REFORZADO (INCLUYE SUMINISTRO E INSTALACIÓN)","ML",600428,"Actualización MO 2022"]
["Antiguo","REDES ALCANTARILLADO / DRENAJE",3963,"TUBERIA CONCRETO D=36\" CL. II REFORZADO (INCLUYE SUMINISTRO E INSTALACIÓN)","ML",905099,"Actualización MO 2022"]
["Antiguo","REDES ALCANTARILLADO / DRENAJE",3964,"TUBERIA CONCRETO D=40\" CL. II REFORZADO (INCLUYE SUMINISTRO E INSTALACIÓN)","ML",1119224,"Actualización MO 2022"]
["Antiguo","REDES ALCANTARILLADO / DRENAJE",3965,"TUBERIA CONCRETO D=44\" CL. II REFORZADO (INCLUYE SUMINISTRO E INSTALACIÓN)","ML",1263226,"Actualización MO 2022"]
["Antiguo","REDES ALCANTARILLADO / DRENAJE",3966,"TUBERIA CONCRETO D=48\" CL. II REFORZADO (INCLUYE SUMINISTRO E INSTALACIÓN)","ML",1511179,"Actualización MO 2022"]
["Antiguo","REDES ALCANTARILLADO / DRENAJE",3967,"TUBERIA CONCRETO D=52\" CL. II REFORZADO (INCLUYE SUMINISTRO E INSTALACIÓN)","ML",1708004,"Actualización MO 2022"]
["Antiguo","REDES ALCANTARILLADO / DRENAJE",3968,"TUBERIA CONCRETO D=56\" CL. II REFORZADO (INCLUYE SUMINISTRO E INSTALACIÓN)","ML",1915418,"Actualización MO 2022"]
["Antiguo","REDES ALCANTARILLADO / DRENAJE",3969,"TUBERIA CONCRETO D=60\" CL. III REFORZADO (INCLUYE SUMINISTRO E INSTALACIÓN)","ML",2397495,"Actualización MO 2022"]
["Antiguo","REDES ALCANTARILLADO / DRENAJE",3970,"TUBERIA CONCRETO D=64\" CL. II REFORZADO (INCLUYE SUMINISTRO E INSTALACIÓN)","ML",2419393,"Actualización MO 2022"]
["Antiguo","REDES ALCANTARILLADO / DRENAJE",3971,"TUBERIA CONCRETO D=68\" CL. III REFORZADO (INCLUYE SUMINISTRO E INSTALACIÓN)","ML",2808290,"Actualización MO 2022"]
["Antiguo","REDES ALCANTARILLADO / DRENAJE",3972,"TUBERIA CONCRETO D=72\" CL. II REFORZADO (INCLUYE SUMINISTRO E INSTALACIÓN)","ML",2956472,"Actualización MO 2022"]
["Antiguo","REDES ALCANTARILLADO / DRENAJE",3973,"TUBERIA CONCRETO D=80\" CL. II REFORZADO (INCLUYE SUMINISTRO E INSTALACIÓN)","ML",3644704,"Actualización MO 2022"]
["Antiguo","REDES ALCANTARILLADO / DRENAJE",3974,"TUBERIA CONCRETO D=86\" CL. II REFORZADO (INCLUYE SUMINISTRO E INSTALACIÓN)","ML",4127312,"Actualización MO 2022"]
["Antiguo","REDES ALCANTARILLADO / DRENAJE",3975,"TUBERIA CONCRETO D=24\" CL. III REFORZADO (INCLUYE SUMINISTRO E INSTALACIÓN)","ML",483656,"Actualización MO 2022"]
["Antiguo","REDES ALCANTARILLADO / DRENAJE",3976,"TUBERIA CONCRETO D=27\" CL. III REFORZADO (INCLUYE SUMINISTRO E INSTALACIÓN)","ML",631615,"Actualización MO 2022"]
["Antiguo","REDES ALCANTARILLADO / DRENAJE",3978,"TUBERIA CONCRETO D=36\" CL. III REFORZADO (INCLUYE SUMINISTRO E INSTALACIÓN)","ML",952280,"Actualización MO 2022"]
["Antiguo","REDES ALCANTARILLADO / DRENAJE",3979,"TUBERIA CONCRETO D=40\" CL. III REFORZADO (INCLUYE SUMINISTRO E INSTALACIÓN)","ML",1180099,"Actualización MO 2022"]
["Antiguo","REDES ALCANTARILLADO / DRENAJE",3980,"TUBERIA CONCRETO D=44\" CL. III REFORZADO (INCLUYE SUMINISTRO E INSTALACIÓN)","ML",1329799,"Actualización MO 2022"]
["Antiguo","REDES ALCANTARILLADO / DRENAJE",3981,"TUBERIA CONCRETO D=48\" CL. III REFORZADO (INCLUYE SUMINISTRO E INSTALACIÓN)","ML",1590547,"Actualización MO 2022"]
["Antiguo","REDES ALCANTARILLADO / DRENAJE",3982,"TUBERIA CONCRETO D=52\" CL. III REFORZADO (INCLUYE SUMINISTRO E INSTALACIÓN)","ML",1795419,"Actualización MO 2022"]
["Antiguo","REDES ALCANTARILLADO / DRENAJE",3983,"TUBERIA CONCRETO D=56\" CL. III REFORZADO (INCLUYE SUMINISTRO E INSTALACIÓN)","ML",2009680,"Actualización MO 2022"]
["Antiguo","REDES ALCANTARILLADO / DRENAJE",3984,"TUBERIA CONCRETO D=60\" CL. II REFORZADO (INCLUYE SUMINISTRO E INSTALACIÓN)","ML",2159490,"Actualización MO 2022"]
["Antiguo","REDES ALCANTARILLADO / DRENAJE",3985,"TUBERIA CONCRETO D=64\" CL. III REFORZADO (INCLUYE SUMINISTRO E INSTALACIÓN)","ML",2514855,"Actualización MO 2022"]
["Antiguo","REDES ALCANTARILLADO / DRENAJE",3986,"TUBERIA CONCRETO D=72\" CL. III REFORZADO (INCLUYE SUMINISTRO E INSTALACIÓN)","ML",3233611,"Actualización MO 2022"]
["Antiguo","REDES ALCANTARILLADO / DRENAJE",3987,"TUBERIA CONCRETO D=68\" CL. II REFORZADO (INCLUYE SUMINISTRO E INSTALACIÓN)","ML",2699034,"Actualización MO 2022"]
["Antiguo","REDES ALCANTARILLADO / DRENAJE",3988,"TUBERIA CONCRETO D=80\" CL. III REFORZADO (INCLUYE SUMINISTRO E INSTALACIÓN)","ML",3790745,"Actualización MO 2022"]
["Antiguo","REDES ALCANTARILLADO / DRENAJE",3989,"TUBERIA CONCRETO D=86\" CL. III REFORZADO (INCLUYE SUMINISTRO E INSTALACIÓN)","ML",4227322,"Actualización MO 2022"]
["Antiguo","REDES ALCANTARILLADO / DRENAJE",3990,"TUBERIA CONCRETO D=92\" CL. II REFORZADO (INCLUYE SUMINISTRO E INSTALACIÓN)","ML",4612549,"Actualización MO 2022"]
["Antiguo","REDES ALCANTARILLADO / DRENAJE",3991,"TUBERIA CONCRETO D=92\" CL. III REFORZADO (INCLUYE SUMINISTRO E INSTALACIÓN)","ML",4687269,"Actualización MO 2022"]
["Antiguo","REDES ALCANTARILLADO / DRENAJE",3992,"TUBERIA CONCRETO D=24\" CL. IV REFORZADO (INCLUYE SUMINISTRO E INSTALACIÓN)","ML",539983,"Actualización MO 2022"]
["Antiguo","REDES ALCANTARILLADO / DRENAJE",3993,"TUBERIA CONCRETO D=27\" CL. IV REFORZADO (INCLUYE SUMINISTRO E INSTALACIÓN)","ML",708535,"Actualización MO 2022"]
["Antiguo","REDES ALCANTARILLADO / DRENAJE",3994,"TUBERIA CONCRETO D=30\" CL. IV REFORZADO (INCLUYE SUMINISTRO E INSTALACIÓN)","ML",860318,"Actualización MO 2022"]
["Antiguo","REDES ALCANTARILLADO / DRENAJE",3995,"TUBERIA CONCRETO D=36\" CL. IV REFORZADO (INCLUYE SUMINISTRO E INSTALACIÓN)","ML",1077480,"Actualización MO 2022"]
["Antiguo","REDES ALCANTARILLADO / DRENAJE",3996,"TUBERIA CONCRETO D=40\" CL. IV REFORZADO (INCLUYE SUMINISTRO E INSTALACIÓN)","ML",1335387,"Actualización MO 2022"]
["Antiguo","REDES ALCANTARILLADO / DRENAJE",3997,"TUBERIA CONCRETO D=44\" CL. IV REFORZADO (INCLUYE SUMINISTRO E INSTALACIÓN)","ML",1504579,"Actualización MO 2022"]
["Antiguo","REDES ALCANTARILLADO / DRENAJE",3998,"TUBERIA CONCRETO D=48\" CL. IV REFORZADO (INCLUYE SUMINISTRO E INSTALACIÓN)","ML",1795315,"Actualización MO 2022"]
["Antiguo","REDES ALCANTARILLADO / DRENAJE",3999,"TUBERIA CONCRETO D=52\" CL. IV REFORZADO (INCLUYE SUMINISTRO E INSTALACIÓN)","ML",2036872,"Actualización MO 2022"]
["Antiguo","REDES ALCANTARILLADO / DRENAJE",4000,"TUBERIA CONCRETO D=56\" CL. IV REFORZADO (INCLUYE SUMINISTRO E INSTALACIÓN)","ML",2191307,"Actualización MO 2022"]
["Antiguo","REDES ALCANTARILLADO / DRENAJE",4001,"TUBERIA CONCRETO D=60\" CL. IV REFORZADO (INCLUYE SUMINISTRO E INSTALACIÓN)","ML",2522794,"Actualización MO 2022"]
["Antiguo","REDES ALCANTARILLADO / DRENAJE",4002,"TUBERIA CONCRETO D=64\" CL. IV REFORZADO (INCLUYE SUMINISTRO E INSTALACIÓN)","ML",2833327,"Actualización MO 2022"]
["Antiguo","REDES ALCANTARILLADO / DRENAJE",4004,"TUBERIA CONCRETO D=68\" CL. IV REFORZADO (INCLUYE SUMINISTRO E INSTALACIÓN)","ML",3170495,"Actualización MO 2022"]
["Antiguo","REDES ALCANTARILLADO / DRENAJE",4005,"TUBERIA CONCRETO D=72\" CL. IV REFORZADO (INCLUYE SUMINISTRO E INSTALACIÓN)","ML",3512103,"Actualización MO 2022"]
["Antiguo","REDES ALCANTARILLADO / DRENAJE",4006,"TUBERIA CONCRETO D=80\" CL. IV REFORZADO (INCLUYE SUMINISTRO E INSTALACIÓN)","ML",4289846,"Actualización MO 2022"]
["Antiguo","REDES ALCANTARILLADO / DRENAJE",4007,"TUBERIA CONCRETO D=86\" CL. IV REFORZADO (INCLUYE SUMINISTRO E INSTALACIÓN)","ML",5091926,"Actualización MO 2022"]
["Antiguo","REDES ALCANTARILLADO / DRENAJE",4008,"TUBERIA CONCRETO D=92\" CL. IV REFORZADO (INCLUYE SUMINISTRO E INSTALACIÓN)","ML",5542676,"Actualización MO 2022"]
["Antiguo","GEOSINTETICOS",4009,"GEOTEXTIL NT 3000 PARA SUBDRENES/FILTROS (INCLUYE SUMINISTRO E INSTALACIÓN)","M2",7864,"Actualización MO 2022"]
["Antiguo","GEOSINTETICOS",4010,"GEOTEXTIL NT 4000 PARA SUBDRENES/FILTROS (INCLUYE SUMINISTRO E INSTALACIÓN)","M2",8313,"Actualización MO 2022"]
["Antiguo","GEOSINTETICOS",4011,"GEOTEXTIL NT 5000 PARA SUBDRENES/FILTROS (INCLUYE SUMINISTRO E INSTALACIÓN)","M2",12036,"Actualización MO 2022"]
["Antiguo","GEOSINTETICOS",4012,"GEOTEXTIL NT 6000 PARA SUBDRENES/FILTROS (INCLUYE SUMINISTRO E INSTALACIÓN)","M2",11710,"Actualización MO 2022"]
["Antiguo","GEOSINTETICOS",4013,"GEOTEXTIL NT 7000 PARA SEPARACION SUBRASANTE/CAPAS GRANULARES (INCLUYE SUMINISTRO E INSTALACIÓN)","M2",17374,"Actualización MO 2022"]
["Antiguo","GEOSINTETICOS",4014,"GEOTEXTIL NT 3000 PARA SEPARACION SUBRASANTE/CAPAS GRANULARES (INCLUYE SUMINISTRO E INSTALACIÓN)","M2",7864,"Actualización MO 2022"]
["Antiguo","GEOSINTETICOS",4015,"GEOTEXTIL NT 4000 PARA SEPARACION SUBRASANTE/CAPAS GRANULARES (INCLUYE SUMINISTRO E INSTALACIÓN)","M2",8313,"Actualización MO 2022"]
["Antiguo","GEOSINTETICOS",4016,"GEOTEXTIL NT 5000 PARA SEPARACION SUBRASANTE/CAPAS GRANULARES (INCLUYE SUMINISTRO E INSTALACIÓN)","M2",12036,"Actualización MO 2022"]
["Antiguo","GEOSINTETICOS",4017,"GEOTEXTIL NT 6000 PARA SEPARACION SUBRASANTE/CAPAS GRANULARES (INCLUYE SUMINISTRO E INSTALACIÓN)","M2",11710,"Actualización MO 2022"]
["Antiguo","GEOSINTETICOS",4018,"GEOTEXTIL NT 7000 PARA SUBDRENES/FILTROS (INCLUYE SUMINISTRO E INSTALACIÓN)","M2",17374,"Actualización MO 2022"]
["Antiguo","GEOSINTETICOS",4019,"GEOTEXTIL REPAV 400 PARA PAVIMENTACION Y REPAVIMENTACION (INCLUYE SUMINISTRO E INSTALACIÓN)","M2",5440,"Actualización MO 2022"]
["Antiguo","GEOSINTETICOS",4020,"GEOTEXTIL REPAV 450 PARA PAVIMENTACION Y REPAVIMENTACION (INCLUYE SUMINISTRO E INSTALACIÓN)","M2",6492,"Actualización MO 2022"]
["Antiguo","GEOSINTETICOS",4021,"GEOTEXTIL NT 4000 PARA ESTABILIZACION SUBRASANTE/CAPAS GRANULARES (INC. SUMINISTRO E INSTALACIÓN)","M2",8313,"Actualización MO 2022"]
["Antiguo","GEOSINTETICOS",4022,"GEOTEXTIL NT 5000 PARA ESTABILIZACION SUBRASANTE/CAPAS GRANULARES (INC. SUMINISTRO E INSTALACIÓN)","M2",12036,"Actualización MO 2022"]
["Antiguo","GEOSINTETICOS",4023,"GEOTEXTIL NT 6000 PARA ESTABILIZACION SUBRASANTE/CAPAS GRANULARES (INC. SUMINISTRO E INSTALACIÓN)","M2",11710,"Actualización MO 2022"]
["Antiguo","GEOSINTETICOS",4024,"GEOTEXTIL NT 7000 PARA ESTABILIZACION SUBRASANTE/CAPAS GRANULARES (INC. SUMINISTRO E INSTALACIÓN)","M2",17374,"Actualización MO 2022"]
["Antiguo","GEOSINTETICOS",4026,"GEOTEXTIL T, RESIST. ULTIMA (TIRA ANCHA)=30 KN/M PARA SUBDRENES/FILTROS (INCLUYE SUMINISTRO E INSTALACIÓN)","M2",8077,"Actualización MO 2022"]
["Antiguo","GEOSINTETICOS",4027,"GEOTEXTIL T, RESIST. ULTIMA (TIRA ANCHA)=40 KN/M PARA SUBDRENES/FILTROS (INCLUYE SUMINISTRO E INSTALACIÓN)","M2",8040,"Actualización MO 2022"]
["Antiguo","GEOSINTETICOS",4028,"GEOTEXTIL T, RESIST. ULTIMA (TIRA ANCHA)=60 KN/M PARA SUBDRENES/FILTROS (INCLUYE SUMINISTRO E INSTALACIÓN)","M2",12652,"Actualización MO 2022"]
["Antiguo","GEOSINTETICOS",4029,"GEOTEXTIL T, RESIST. ULTIMA (TIRA ANCHA)=90 KN/M PARA SUBDRENES/FILTROS (INCLUYE SUMINISTRO E INSTALACIÓN)","M2",16118,"Actualización MO 2022"]
["Antiguo","GEOSINTETICOS",4030,"GEOTEXTIL T, RESIST. ULTIMA (TIRA ANCHA)=30 KN/M PARA SEPARACION SUBRASANTE/CAPAS GRANULARES (INC. SUMIN. E INSTALACIÓN)","M2",8077,"Actualización MO 2022"]
["Antiguo","GEOSINTETICOS",4032,"GEOTEXTIL T, RESIST. ULTIMA (TIRA ANCHA)=40 KN/M PARA SEPARACION SUBRASANTE/CAPAS GRANULARES (INC. SUMIN. E INSTALACIÓN)","M2",8040,"Actualización MO 2022"]
["Antiguo","GEOSINTETICOS",4033,"GEOTEXTIL T, RESIST. ULTIMA (TIRA ANCHA)=60 KN/M PARA SEPARACION SUBRASANTE/CAPAS GRANULARES (INC. SUMIN. E INSTALACIÓN)","M2",12652,"Actualización MO 2022"]
["Antiguo","GEOSINTETICOS",4034,"GEOTEXTIL T, RESIST. ULTIMA (TIRA ANCHA)=90 KN/M PARA SEPARACION SUBRASANTE/CAPAS GRANULARES (INC. SUMIN. E INSTALACIÓN)","M2",16118,"Actualización MO 2022"]
["Antiguo","GEOSINTETICOS",4036,"GEOTEXTIL T, RESIST. ULTIMA (TIRA ANCHA)=40 KN/M PARA ESTABILIZACION SUBRASANTE/CAPAS GRANULARES (INC. SUMIN. E INST.)","M2",8040,"Actualización MO 2022"]
["Antiguo","GEOSINTETICOS",4037,"GEOTEXTIL T, RESIST. ULTIMA (TIRA ANCHA)=60 KN/M PARA ESTABILIZACION SUBRASANTE/CAPAS GRANULARES (INC. SUMIN. E INST.)","M2",12652,"Actualización MO 2022"]
["Antiguo","GEOSINTETICOS",4038,"GEOTEXTIL T, RESIST. ULTIMA (TIRA ANCHA)=90 KN/M PARA ESTABILIZACION SUBRASANTE/CAPAS GRANULARES (INC. SUMIN. E INST.)","M2",16118,"Actualización MO 2022"]
["Antiguo","ANDENES Y SARDINELES",4039,"SARDINEL H=0.20M, E=0.15M CONCRETO 3000 PSI (FUNDIDO EN SITIO, CONCRETO PREMEZCLADO. INC. SUMIN, FORMALET. Y CONST.)","ML",21467,"Actualización MO 2022"]
["Antiguo","ANDENES Y SARDINELES",4040,"SARDINEL H=0.25M, E=0.15M CONCRETO 3000 PSI (FUNDIDO EN SITIO, CONCRETO PREMEZCLADO. INC. SUMIN, FORMALET. Y CONST.)","ML",24583,"Actualización MO 2022"]
["Antiguo","ANDENES Y SARDINELES",4041,"SARDINEL H=0.40M, E=0.15M CONCRETO 3000 PSI (FUNDIDO EN SITIO, CONCRETO PREMEZCLADO. INC. SUMIN, FORMALET. Y CONST.)","ML",33893,"Actualización MO 2022"]
["Antiguo","ANDENES Y SARDINELES",4042,"SARDINEL H=0.30M, E=0.15M CONCRETO 3000 PSI (FUNDIDO EN SITIO, CONCRETO HECHO EN OBRA. INC. SUMIN, FORMALET. Y CONST.)","ML",28954,"Actualización MO 2022"]
["Antiguo","ANDENES Y SARDINELES",4043,"SARDINEL H=0.30M, E=0.15M CONCRETO 3000 PSI (FUNDIDO EN SITIO, CONCRETO PREMEZCLADO. INC. SUMIN, FORMALET. Y CONST.)","ML",27700,"Actualización MO 2022"]
["Antiguo","ANDENES Y SARDINELES",4044,"BORDE SEPARADOR VERDE TIPO A170 (SUMINISTRO E INSTALACIÓN. INCLUYE 3CM MORTERO 2000 PSI)","ML",201904,"Actualización MO 2022"]
["Antiguo","ANDENES Y SARDINELES",4045,"SEPARADOR 'NEW JERSEY' MONODIRECCIONAL 1.5M X 0.6M X 1.1M (PREFABRICADO. INCLUYE SUM. E INST. NO INC. MATERIAL DE BASE)","ML",278995,"Actualización MO 2022"]
["Antiguo","ANDENES Y SARDINELES",4046,"BORDE SEPARADOR VERDE TIPO A170 (SUMINISTRO E INSTALACIÓN. NO INCLUYE MATERIAL DE BASE)","ML",197184,"Actualización MO 2022"]
["Antiguo","ANDENES Y SARDINELES",4047,"BORDILLO PREFABRICADO A80 (SUMINISTRO E INSTALACIÓN. INCLUYE 3CM MORTERO DE NIVELACIÓN 1:5)","ML",42862,"Actualización MO 2022"]
["Antiguo","ANDENES Y SARDINELES",4048,"BORDILLO PREFABRICADO A80 (SUMINISTRO E INSTALACIÓN. NO INCLUYE MATERIAL DE BASE)","ML",41090,"Actualización MO 2022"]
["Antiguo","ANDENES Y SARDINELES",4049,"CAÑUELA TIPO A120 (SUMINISTRO E INSTALACIÓN. INCLUYE 3CM MORTERO 2000 PSI)","ML",47458,"Actualización MO 2022"]
["Antiguo","ANDENES Y SARDINELES",4050,"CAÑUELA TIPO A120 (SUMINISTRO E INSTALACIÓN. NO INCLUYE MATERIAL DE BASE)","ML",43464,"Actualización MO 2022"]
["Antiguo","ANDENES Y SARDINELES",4051,"ANDEN CONCRETO 3000 PSI (210 KG/CM2) HECHO EN OBRA E=0.10M (INCLUYE MEZCLA, FORMALETEO, FUNDIDA Y CURADO)","M2",59025,"Actualización MO 2022"]
["Antiguo","ANDENES Y SARDINELES",4052,"SARDINEL ESPECIAL A100 PARA RAMPA TIPO A (SUMINISTRO E INSTALACIÓN. INCLUYE 3CM MORTERO 2000 PSI)","UN",41863,"Actualización MO 2022"]
["Antiguo","ANDENES Y SARDINELES",4053,"SARDINEL ESPECIAL A100 PARA RAMPA TIPO A (SUMINISTRO E INSTALACIÓN. NO INCLUYE MATERIAL DE BASE)","UN",40249,"Actualización MO 2022"]
["Antiguo","ANDENES Y SARDINELES",4054,"SARDINEL TIPO A10 (SUMINISTRO E INSTALACIÓN. INCLUYE 3CM MORTERO 2000 PSI)","ML",53601,"Actualización MO 2022"]
["Antiguo","ANDENES Y SARDINELES",4055,"SARDINEL TIPO A10 (SUMINISTRO E INSTALACIÓN. NO INCLUYE MATERIAL DE BASE)","ML",50938,"Actualización MO 2022"]
["Antiguo","PAVIMENTOS",4061,"ADOQUIN DE ARCILLA TR. PESADO 20X10X8CM (SUMINISTRO E INSTALACIÓN. INCLUYE BASE 4CM ARENA NIVELACIÓN Y ARENA DE SELLO)","M2",73036,"Actualización MO 2022"]
["Antiguo","ANDENES Y SARDINELES",4064,"PISO EN ADOQUIN DE ARCILLA 20X10X6CM (SUMINISTRO E INSTALACIÓN. INCLUYE BASE 3CM ARENA NIVELACION Y ARENA DE SELLO)","M2",53872,"Actualización MO 2022"]
["Antiguo","ANDENES Y SARDINELES",4068,"PISO EN LOSETA PREFABRICADA A30 (SUMINISTRO E INSTALACIÓN. INCLUYE BASE 4CM MORTERO 1:5 Y ARENA DE SELLO)","M2",70155,"Actualización MO 2022"]
["Antiguo","ANDENES Y SARDINELES",4069,"PISO EN LOSETA PREFABRICADA A30 (SUMINISTRO E INSTALACIÓN. INCLUYE BASE 4CM MORTERO 2000 PSI Y ARENA DE SELLO)","M2",76095,"Actualización MO 2022"]
["Antiguo","ANDENES Y SARDINELES",4073,"PISO EN LOSETA PREFABRICADA A50 (SUMINISTRO E INSTALACIÓN. INCLUYE BASE 4CM MORTERO 2000 PSI Y ARENA DE SELLO)","M2",75345,"Actualización MO 2022"]
["Antiguo","ANDENES Y SARDINELES",4074,"PISO EN LOSETA PREFABRICADA A50 (SUMINISTRO E INSTALACIÓN. INCLUYE BASE 4CM ARENA NIVELACION Y ARENA DE SELLO)","M2",63083,"Actualización MO 2022"]
["Antiguo","ANDENES Y SARDINELES",4075,"PISO EN LOSETA PREFABRICADA A50 (SUMINISTRO E INSTALACIÓN. INCLUYE BASE 4CM MORTERO 1:5 Y ARENA DE SELLO)","M2",70212,"Actualización MO 2022"]
["Antiguo","ANDENES Y SARDINELES",4077,"PISO EN LOSETA PREFABRICADA A60 (SUMINISTRO E INSTALACIÓN. INCLUYE BASE 4CM ARENA NIVELACION Y ARENA DE SELLO)","M2",79607,"Actualización MO 2022"]
["Antiguo","ANDENES Y SARDINELES",4078,"PISO EN LOSETA PREFABRICADA A60 (SUMINISTRO E INSTALACIÓN. INCLUYE BASE 4CM MORTERO 1:5 Y ARENA DE SELLO)","M2",86736,"Actualización MO 2022"]
["Antiguo","ANDENES Y SARDINELES",4079,"PISO EN LOSETA PREFABRICADA A60 (SUMINISTRO E INSTALACIÓN. INCLUYE BASE 4CM MORTERO 2000 PSI Y ARENA DE SELLO)","M2",92676,"Actualización MO 2022"]
["Antiguo","MOBILIARIO URBANO - ARBOLES Y GRAMAS",4080,"BOLARDO EN CONCRETO TIPO M60 (SUMINISTRO E INSTALACIÓN. INCLUYE BASE EN CONCRETO 1500 PSI, HECHO EN OBRA)","UN",122472,"Actualización MO 2022"]
["Antiguo","MOBILIARIO URBANO - ARBOLES Y GRAMAS",4081,"BOLARDO EN CONCRETO TIPO M61 (SUMINISTRO E INSTALACIÓN. INCLUYE BASE EN CONCRETO 1500 PSI, HECHO EN OBRA)","UN",119558,"Actualización MO 2022"]
["Antiguo","MOBILIARIO URBANO - ARBOLES Y GRAMAS",4082,"BOLARDO EN HIERRO TIPO M62 (SUMINISTRO E INSTALACIÓN. INCLUYE BASE EN CONCRETO 1500 PSI, HECHO EN OBRA)","UN",161979,"Actualización MO 2022"]
["Antiguo","MOBILIARIO URBANO - ARBOLES Y GRAMAS",4083,"BOLARDO EN HIERRO TIPO M63 (SUMINISTRO E INSTALACIÓN. INCLUYE BASE EN CONCRETO 1500 PSI PREMEZCLADO)","UN",142993,"Actualización MO 2022"]
["Antiguo","ANDENES Y SARDINELES",4085,"PIEZA REMATE A105 PARA RAMPA TIPO A (SUMINISTRO E INSTALACIÓN. INCLUYE 3CM MORTERO 2000 PSI)","UN",70279,"Actualización MO 2022"]
["Antiguo","ANDENES Y SARDINELES",4086,"PIEZA REMATE A105 PARA RAMPA TIPO A (SUMINISTRO E INSTALACIÓN. NO INCLUYE MATERIAL DE BASE)","UN",65962,"Actualización MO 2022"]
["Antiguo","ANDENES Y SARDINELES",4087,"PIEZA REMATE A105 PARA RAMPA TIPO A (SUMINISTRO E INSTALACIÓN. INCLUYE 3CM MORTERO 1:5)","UN",68835,"Actualización MO 2022"]
["Antiguo","ANDENES Y SARDINELES",4088,"SARDINEL BAJO A85 PARA RAMPAS (SUMINISTRO E INSTALACIÓN. INCLUYE 3CM MORTERO 2000 PSI)","ML",42000,"Actualización MO 2022"]
["Antiguo","ANDENES Y SARDINELES",4089,"SARDINEL BAJO A85 PARA RAMPAS (SUMINISTRO E INSTALACIÓN. INCLUYE 3CM MORTERO 1:5)","ML",41109,"Actualización MO 2022"]
["Antiguo","ANDENES Y SARDINELES",4090,"SARDINEL BAJO A85 PARA RAMPAS (SUMINISTRO E INSTALACIÓN. NO INCLUYE MATERIAL DE BASE)","ML",39337,"Actualización MO 2022"]
["Antiguo","MOBILIARIO URBANO - ARBOLES Y GRAMAS",4091,"RAMPA TIPO A (B10) (BASE EN MORTERO 2000 PSI, DESARROLLO: 1 M.","UN",607722,"Actualización MO 2022"]
["Antiguo","MOBILIARIO URBANO - ARBOLES Y GRAMAS",4100,"TALA DE ARBOLES CLASE V (H>30M. INCLUYE DESENRAÍCE, CARGUE, TRANSPORTE Y DISPOSICIÓN FINAL)","UN",767260,"Actualización MO 2022"]
["Antiguo","MOBILIARIO URBANO - ARBOLES Y GRAMAS",4101,"TALA DE ARBOLES CLASE II (5M < H < 10M. INCLUYE DESENRAÍCE, RETIRO Y DISPOSICIÓN FINAL)","UN",264563,"Actualización MO 2022"]
["Antiguo","REDES ELECTRICAS",4102,"3 DUCTOS D=4\" Y 3 DUCTOS D=3\" PVC-TDP (INCLUYE SUMINISTRO E INSTALACIÓN. NO INCLUYE RELLENOS) NORMA CS214","ML",106150,"Actualización MO 2022"]
["Antiguo","REDES ELECTRICAS",4103,"6 DUCTOS D=4\" PVC-TDP (INCLUYE SUMINISTRO E INSTALACIÓN. NO INCLUYE RELLENOS) NORMA CS210.","ML",117147,"Actualización MO 2022"]
["Antiguo","REDES ELECTRICAS",4104,"CAJA DE INSPECCIÓN PARA ALUMBRADO PÚBLICO NORMA CODENSA CS 274 (ANDEN. INCLUYE BASE, MUROS, PAÑETE, MARCO Y TAPA). MEDIDAS EXTERNAS: 0.90 X 0.90M. MEDIDAS INTERNAS: 0.60 X 0.60M. ALTURA: 0.93M.","UN",449919,"Actualización MO 2022"]
["Antiguo","REDES ELECTRICAS",4105,"CAJA DE INSPECCIÓN SENCILLA PARA CANALIZACIÓN NORMA CODENSA CS 275 (ZVERDE. INCLUYE BASE, MUROS, PAÑETE, MARCO Y TAPA). MEDIDAS EXTERNAS: 1.49 X 0.99M. MEDIDAS INTERNAS: 1.19 X 0.69M. ALTURA: 1.37M.","UN",803776,"Actualización MO 2022"]
["Antiguo","REDES ELECTRICAS",4106,"CAJA DE INSPECCIÓN SENCILLA PARA CANALIZACIÓN NORMA CODENSA CS 275 (ANDEN. INCLUYE BASE, MUROS, PAÑETE, MARCO Y TAPA). MEDIDAS EXTERNAS: 1.49 X 0.99M. MEDIDAS INTERNAS: 1.19 X 0.69M. ALTURA: 1.37M.","UN",778552,"Actualización MO 2022"]
["Antiguo","REDES ELECTRICAS",4107,"CAJA DE INSPECCIÓN DOBLE PARA CANALIZACIÓN NORMA CODENSA CS 276 (ZVERDE. INCLUYE BASE, MUROS, PAÑETE, MARCO Y TAPAS). MEDIDAS EXTERNAS: 1.79 X 1.49M. MEDIDAS INTERNAS: 1.49 X 1.19M. ALTURA: 1.22M.","UN",1145705,"Actualización MO 2022"]
["Antiguo","REDES ELECTRICAS",4108,"CAJA DE INSPECCIÓN DOBLE PARA CANALIZACIÓN NORMA CODENSA CS 276 (ANDEN. INCLUYE BASE, MUROS, PAÑETE, MARCO Y TAPAS). MEDIDAS EXTERNAS: 1.79 X 1.49M. MEDIDAS INTERNAS: 1.49 X 1.19M. ALTURA: 1.22M.","UN",1070731,"Actualización MO 2022"]
["Antiguo","REDES ELECTRICAS",4110,"CAJA DE INSPECCIÓN TRIPLE PARA CANALIZACIÓN NORMA CODENSA CS 277 (INCLUYE BASE, MUROS, PAÑETE, MARCOS Y TAPAS). MEDIDAS EXTERNAS: 2.59 X 1.69M. MEDIDAS INTERNAS: 2.29 X 1.19M. ALTURA: 1.37M.","UN",2014037,"Actualización MO 2022"]
["Antiguo","CONCRETO Y ACERO PARA ESTRUCTURAS",4111,"MORTERO 1:4 IMPERMEABILIZADO (HECHO EN OBRA)","M3",435129,"Actualización MO 2022"]
["Antiguo","REDES ELECTRICAS",4113,"CIMENTACION DE POSTES H=10M, CR=1050KG (INCLUYE IZAJE, APLOMADO E HINCADO. INCLUYE RELLENOS) NORMA LA009.","UN",399497,"Actualización MO 2022"]
["Antiguo","REDES ELECTRICAS",4114,"CIMENTACION DE POSTES H=12M, CR=510KG (INCLUYE IZAJE, APLOMADO E HINCADO. INCLUYE RELLENOS) NORMA LA009.","UN",333936,"Actualización MO 2022"]
["Antiguo","REDES ELECTRICAS",4115,"CIMENTACION DE POSTES H=12M, CR=750KG (INCLUYE IZAJE, APLOMADO E HINCADO. INCLUYE RELLENOS) NORMA LA009.","UN",359341,"Actualización MO 2022"]
["Antiguo","REDES ELECTRICAS",4116,"CIMENTACION DE POSTES H=12M, CR=1050KG (INCLUYE IZAJE, APLOMADO E HINCADO. INCLUYE RELLENOS) NORMA LA009.","UN",411789,"Actualización MO 2022"]
["Antiguo","REDES ELECTRICAS",4117,"CIMENTACION DE POSTES H=12M, CR=1350KG (INCLUYE IZAJE, APLOMADO E HINCADO. INCLUYE RELLENOS) NORMA LA009.","UN",438014,"Actualización MO 2022"]
["Antiguo","REDES ELECTRICAS",4118,"CIMENTACION DE POSTES H=14M, CR=750KG (INCLUYE IZAJE, APLOMADO E HINCADO. INCLUYE RELLENOS) NORMA LA009.","UN",365897,"Actualización MO 2022"]
["Antiguo","REDES ELECTRICAS",4119,"CIMENTACION DE POSTES H=14M, CR=1050KG (INCLUYE IZAJE, APLOMADO E HINCADO. INCLUYE RELLENOS) NORMA LA009.","UN",424902,"Actualización MO 2022"]
["Antiguo","REDES ELECTRICAS",4120,"CIMENTACION DE POSTES H=14M, CR=1350KG (INCLUYE IZAJE, APLOMADO E HINCADO. INCLUYE RELLENOS) NORMA LA009.","UN",453584,"Actualización MO 2022"]
["Antiguo","REDES ELECTRICAS",4121,"CIMENTACION DE POSTES H=10M, CR=750KG (INCLUYE IZAJE, APLOMADO E HINCADO. INCLUYE RELLENOS) NORMA LA009.","UN",351146,"Actualización MO 2022"]
["Antiguo","REDES ELECTRICAS",4122,"CIMENTACION DE POSTES H=10M, CR=510KG (INCLUYE IZAJE, APLOMADO E HINCADO. INCLUYE RELLENOS) NORMA LA009.","UN",329838,"Actualización MO 2022"]
["Antiguo","REDES ELECTRICAS",4123,"CIMENTACION DE POSTES H=8M, CR=750KG (INCLUYE IZAJE, APLOMADO E HINCADO. INCLUYE RELLENOS) NORMA LA009.","UN",343770,"Actualización MO 2022"]
["Antiguo","REDES ELECTRICAS",4124,"CIMENTACION DE POSTES H=8M, CR=1050KG (INCLUYE IZAJE, APLOMADO E HINCADO. INCLUYE RELLENOS) NORMA LA009.","UN",386385,"Actualización MO 2022"]
["Antiguo","REDES ELECTRICAS",4125,"BASE EN CONCRETO 3000 PSI HECHO EN OBRA PARA POSTE METÁLICO H=12M (INCLUYE SUMINISTRO Y CONSTRUCCIÓN. INCLUYE REFUERZO) NORMA AP802.","UN",242176,"Actualización MO 2022"]
["Antiguo","REDES ELECTRICAS",4126,"BASE EN CONCRETO 3000 PSI HECHO EN OBRA PARA POSTE METÁLICO H=8, 9 Y 10M (INC. SUMINISTRO Y CONSTRUCCIÓN. INC. REFUERZO) NORMA AP802.","UN",216422,"Actualización MO 2022"]
["Antiguo","REDES ELECTRICAS",4127,"BASE EN CONCRETO 3000 PSI HECHO EN OBRA PARA POSTE METÁLICO H=14M (INCLUYE SUMINISTRO Y CONSTRUCCIÓN. INCLUYE REFUERZO) NORMA AP802.","UN",324357,"Actualización MO 2022"]
["Antiguo","REDES TELEFONICAS / DATOS",4128,"4 DUCTOS D=4\" PVC-TDP (INCLUYE SUMINISTRO E INSTALACIÓN. NO INCLUYE RELLENOS)","ML",79103,"Actualización MO 2022"]
["Antiguo","REDES TELEFONICAS / DATOS",4129,"8 DUCTOS D=4\" PVC-TDP (INCLUYE SUMINISTRO E INSTALACIÓN)","ML",159890,"Actualización MO 2022"]
["Antiguo","REDES TELEFONICAS / DATOS",4130,"CAJA DE PASO SENCILLA ANDEN CONCRETO ETB (INCLUYE BASE, MUROS, PAÑETE, BORDILLO PERIMETRAL, MARCO Y TAPA). MEDIDAS EXTERNAS: 0.90 X 0.79M. MEDIDAS INTERNAS 0.60X0.50M. ALTURA: 0.96M.","UN",477722,"Actualización MO 2022"]
["Antiguo","REDES TELEFONICAS / DATOS",4131,"CAJA DE PASO DOBLE ANDEN CONCRETO ETB (INCLUYE BASE, MUROS, PAÑETE, BORDILLO PERIMETRAL, MARCO Y TAPA). MEDIDAS EXTERNAS 1.36 X 0.89M. MEDIDAS INTERNAS: 1.06 X 0.60M. ALTURA: 0.96M.","UN",727802,"Actualización MO 2022"]
["Antiguo","REDES TELEFONICAS / DATOS",4132,"CAJA DE PASO SENCILLA EN CALZADA ETB (INCLUYE BASE, MUROS, PAÑETE, BORDILLO PERIMETRAL, MARCO Y TAPA). MEDIDAS EXTERNAS: 1.10 X 1.00M. MEDIDAS INTERNAS 0.60X0.50M. ALTURA: 1.33M.","UN",942637,"Actualización MO 2022"]
["Antiguo","REDES TELEFONICAS / DATOS",4133,"CAJA DE PASO DOBLE EN CALZADA ETB (INCLUYE BASE, MUROS, PAÑETE, BORDILLO PERIMETRAL, MARCO Y TAPA). MEDIDAS EXTERNAS: 1.80 X 1.01M. MEDIDAS INTERNAS: 1.30 X 0.50M. ALTURA: 1.33M.","UN",1251739,"Actualización MO 2022"]
["Antiguo","CONCRETO Y ACERO PARA ESTRUCTURAS",4134,"GROUTING 2000 PSI (INCLUYE SUMINISTRO Y COLOCACIÓN)","M3",494792,"Actualización MO 2022"]
["Antiguo","CONCRETO Y ACERO PARA ESTRUCTURAS",4135,"GROUTING 2500 PSI (INCLUYE SUMINISTRO Y COLOCACIÓN)","M3",507132,"Actualización MO 2022"]
["Antiguo","REDES ACUEDUCTO",4136,"UNION PVC D=1/2\" TIPO U.S. (SUMINISTRO E INSTALACIÓN)","UN",4636,"Actualización MO 2022"]
["Antiguo","PAVIMENTOS",4137,"ADOQUIN DE CONCRETO COLOR 20X10X8CM (SUMINISTRO E INSTALACIÓN. INCLUYE BASE 4CM ARENA NIVELACIÓN Y ARENA DE SELLO)","M2",79588,"Actualización MO 2022"]
["Antiguo","REDES ACUEDUCTO",4138,"UNION DE REPARACION HD EL D=3\" (SUMINISTRO E INSTALACIÓN)","UN",123440,"Actualización MO 2022"]
["Antiguo","RELLENOS Y CAPAS GRANULARES",4140,"BASE GRANULAR BG-A (SUMINISTRO, EXTENDIDO, NIVELACIÓN, HUMEDECIMIENTO Y COMPACTACIÓN CON VIBROCOMPACTADOR BENITIN DE 1 TONELADA)","M3",152454,"Actualización MO 2022"]
["Antiguo","RELLENOS Y CAPAS GRANULARES",4142,"SUBBASE GRANULAR SBG-A (SUMINISTRO, EXTENDIDO, NIVELACIÓN, HUMEDECIMIENTO Y COMPACTACIÓN CON VIBROCOMPACTADOR)","M3",146192,"Actualización MO 2022"]
["Antiguo","REDES ALCANTARILLADO / DRENAJE",4143,"TUBERIA PVC SANITARIA D=4\" TIPO U.S. (INCLUYE SUMINISTRO E INSTALACIÓN)","ML",31808,"Actualización MO 2022"]
["Antiguo","REDES ALCANTARILLADO / DRENAJE",4144,"TUBERIA PVC SANITARIA D=6\" TIPO U.S. (INCLUYE SUMINISTRO E INSTALACIÓN)","ML",64731,"Actualización MO 2022"]
["Antiguo","EXCAVACIONES",4154,"DESCAPOTE A MAQUINA EN MATERIAL COMUN (E=0.1M. INCLUYE CARGUE)","M2",813,"Actualización MO 2022"]
["Antiguo","EXCAVACIONES",4155,"EXCAVACION MECANICA EN ROCA (INCLUYE CARGUE)","M3",88843,"Actualización MO 2022"]
["Antiguo","RELLENOS Y CAPAS GRANULARES",4156,"BASE GRANULAR CLASE C (BG_C) (SUMINISTRO, EXTENDIDO, NIVELACIÓN, HUMEDECIMIENTO Y COMPACTACIÓN CON VIBROCOMPACTADOR)","M3",126921,"Actualización MO 2022"]
["Antiguo","RELLENOS Y CAPAS GRANULARES",4157,"BASE GRANULAR CLASE B (BG_B) (SUMINISTRO, EXTENDIDO, NIVELACIÓN, HUMEDECIMIENTO Y COMPACTACIÓN CON VIBROCOMPACTADOR)","M3",130015,"Actualización MO 2022"]
["Antiguo","RELLENOS Y CAPAS GRANULARES",4158,"BASE GRANULAR CLASE A (BG_A) (SUMINISTRO, EXTENDIDO, NIVELACIÓN, HUMEDECIMIENTO Y COMPACTACIÓN CON VIBROCOMPACTADOR)","M3",137750,"Actualización MO 2022"]
["Antiguo","RELLENOS Y CAPAS GRANULARES",4159,"SUBBASE GRANULAR CLASE C (SBG_C) (SUMINISTRO, EXTENDIDO, NIVELACIÓN, HUMEDECIMIENTO Y COMPACTACIÓN CON VIBROCOMPACTADOR)","M3",122280,"Actualización MO 2022"]
["Antiguo","RELLENOS Y CAPAS GRANULARES",4160,"SUBBASE GRANULAR CLASE B (SBG_B) (SUMINISTRO, EXTENDIDO, NIVELACIÓN, HUMEDECIMIENTO Y COMPACTACIÓN CON VIBROCOMPACTADOR)","M3",125374,"Actualización MO 2022"]
["Antiguo","RELLENOS Y CAPAS GRANULARES",4161,"SUBBASE GRANULAR CLASE A (SBG_A) (SUMINISTRO, EXTENDIDO, NIVELACIÓN, HUMEDECIMIENTO Y COMPACTACIÓN CON VIBROCOMPACTADOR)","M3",133109,"Actualización MO 2022"]
["Antiguo","PAVIMENTOS",4195,"AGREGADO PÉTREO DE PROTECCIÓN. (SUMINISTRO Y EXTENDIDO MANUAL)","M2",477,"Actualización MO 2022"]
["Antiguo","PAVIMENTOS",4197,"RIEGO DE LIGA CON EMULSION MODIFICADA CON POLIMEROS CRR-1M (SUMINISTRO, BARRIDO SUPERFICIE Y RIEGO MECANICO)","M2",1661,"Actualización MO 2022"]
["Antiguo","PAVIMENTOS",4198,"RIEGO DE LIGA CON EMULSION MODIFICADA CON POLIMEROS CRR-2M (SUMINISTRO, BARRIDO SUPERFICIE Y RIEGO MECANICO)","M2",2693,"Actualización MO 2022"]
["Antiguo","PAVIMENTOS",4200,"MEZCLA ASFÁLTICA EN CALIENTE TIPO DENSO MD20 ASFALTO CONVENCIONAL 60-70 (SUMINISTRO, EXTENDIDO, NIVELACIÓN Y COMPACTACIÓN  MECANICA CON VIBROCOMPACTADOR Y COMPACTADOR DE LLANTAS)","M3",615782,"Actualización MO 2022"]
["Antiguo","PAVIMENTOS",4203,"MEZCLA ASFÁLTICA EN CALIENTE TIPO DENSO MD12 ASFALTO CONVENCIONAL 80-100 (CEMENTO ASFÁLTICO 80-100) (SUMINISTRO, EXTENDIDO, NIVELACIÓN Y COMPACTACIÓN MECANICA CON VIBROCOMPACTADOR Y COMPACTADOR DE LLANTAS)","M3",767375,"Actualización MO 2022"]
["Antiguo","PAVIMENTOS",4207,"MEZCLA ASFÁLTICA EN CALIENTE TIPO DENSO MD10 ASFALTO CONVENCIONAL (CEMENTO ASFÁLTICO 80-100) (SUMINISTRO, EXTENDIDO, NIVELACIÓN Y COMPACTACIÓN MECANICA CON VIBROCOMPACTADOR Y COMPACTADOR DE LLANTAS)","M3",797125,"Actualización MO 2022"]
["Antiguo","PAVIMENTOS",4229,"LOSA DE CONCRETO MR39 (SUMINISTRO, FORMALETEADO, COLOCACIÓN Y ACABADO. NO INCLUYE ACERO, CURADO, JUNTAS)","M3",500762,"Actualización MO 2022"]
["Antiguo","PAVIMENTOS",4230,"LOSA DE CONCRETO MR36 (SUMINISTRO, FORMALETEADO, COLOCACIÓN Y ACABADO. NO INCLUYE ACERO, CURADO, JUNTAS)","M3",512008,"Actualización MO 2022"]
["Antiguo","ACERO DE REFUERZO",4232,"MALLA ELECTROSOLDADA 0.15X0.15M, D=5MM, 5MM (INCLUYE SUMINISTRO, FIJACIÓN E INSTALACIÓN)","KG",4622,"Actualización MO 2022"]
["Antiguo","ACERO DE REFUERZO",4233,"MALLA ELECTROSOLDADA 0.15X0.15M, D=6MM, 6MM (INCLUYE SUMINISTRO, FIJACIÓN E INSTALACIÓN)","KG",4497,"Actualización MO 2022"]
["Antiguo","ACERO DE REFUERZO",4234,"MALLA ELECTROSOLDADA 0.15X0.15M, D=7MM, 7MM (INCLUYE SUMINISTRO, FIJACIÓN E INSTALACIÓN)","KG",4497,"Actualización MO 2022"]
["Antiguo","ACERO DE REFUERZO",4235,"MALLA ELECTROSOLDADA 0.15X0.15M, D=8MM, 8MM (INCLUYE SUMINISTRO, FIJACIÓN E INSTALACIÓN)","KG",4497,"Actualización MO 2022"]
["Antiguo","ACERO DE REFUERZO",4236,"MALLA ELECTROSOLDADA 0.15X0.15M, D=4MM, 4MM (INCLUYE SUMINISTRO, FIJACIÓN E INSTALACIÓN)","KG",4197,"Actualización MO 2022"]
["Antiguo","ACERO DE REFUERZO",4237,"MALLA ELECTROSOLDADA 0.20X0.20M, D=4MM, 4MM (INCLUYE SUMINISTRO, FIJACIÓN E INSTALACIÓN)","KG",4622,"Actualización MO 2022"]
["Antiguo","ACERO DE REFUERZO",4238,"MALLA ELECTROSOLDADA 0.25X0.25M, D=4MM, 4MM (INCLUYE SUMINISTRO, FIJACIÓN E INSTALACIÓN)","KG",4622,"Actualización MO 2022"]
["Antiguo","PAVIMENTOS",4239,"CORTE Y AMPLIACIÓN DE JUNTA EN PAVIMENTO DE CONCRETO HIDRAULICO","ML",4566,"Actualización MO 2022"]
["Antiguo","SEÑALIZACIÓN",4240,"DEMARCACION LINEA CONTINUA A=0.12M (E=2.3MM,TERMOPLÁSTICA. INC. SUMINISTRO Y APLICACIÓN CON EQUIPO. INCL. MICROESFERAS)","ML",11792,"Actualización MO 2022"]
["Antiguo","SEÑALIZACIÓN",4241,"DEMARCACION LINEA DISCONTINUA A=0.12M (E=2.3MM,TERMOPLÁSTICA. INC. SUMINISTRO Y APLICACIÓN CON EQUIPO. INCL. MICROESFERA","ML",11792,"Actualización MO 2022"]
["Antiguo","SEÑALIZACIÓN",4242,"DEMARCACION LINEA CONTINUA A=0.15M (E=2.3MM,TERMOPLÁSTICA. INC. SUMINISTRO Y APLICACIÓN CON EQUIPO. INCL. MICROESFERAS)","ML",14739,"Actualización MO 2022"]
["Antiguo","SEÑALIZACIÓN",4243,"DEMARCACION LINEA DISCONTINUA A=0.15M (E=2.3MM,TERMOPLÁSTICA. INC. SUMINISTRO Y APLICACIÓN CON EQUIPO. INC MICROESFERAS)","ML",14739,"Actualización MO 2022"]
["Antiguo","SEÑALIZACIÓN",4244,"FLECHA DIRECCIONAL \"A LA DERECHA\" (E=2.3MM,TERMOPLÁSTICA. INC. SUMINISTRO Y APLICACIÓN CON EQUIPO. INC MICROESFERAS). MARCA VIAL PARA VELOCIDADES MENORES O IGUALES A 60 KM/H AREA DE LA MARCA: 1.51M2","UN",148372,"Actualización MO 2022"]
["Antiguo","SEÑALIZACIÓN",4245,"FLECHA DIRECCIONAL \"DE FRENTE A LA DERECHA\" (E=2.3MM,TERMOPLÁSTICA. INC. SUMIN. Y APLIC. CON EQUIPO. INC. MICROESFERAS). MARCA VIAL PARA VELOCIDADES MENORES O IGUALES A 60 KM/H AREA DE LA MARCA: 2.18M2","UN",214205,"Actualización MO 2022"]
["Antiguo","SEÑALIZACIÓN",4246,"FLECHA DIRECCIONAL \"DE FRENTE\" (E=2.3MM,TERMOPLÁSTICA. INC. SUMINISTRO Y APLICACIÓN CON EQUIPO. INC MICROESFERAS). MARCA VIAL PARA VELOCIDADES MENORES O IGUALES A 60 KM/H AREA DE LA MARCA: 1.20 M2.","UN",117911,"Actualización MO 2022"]
["Antiguo","SEÑALIZACIÓN",4247,"PINTURA TERMOPLASTICA (E=2.3MM. INCLUYE SUMINISTRO Y APLICACIÓN CON EQUIPO. INCLUYE MICROESFERAS)","M2",98259,"Actualización MO 2022"]
["Antiguo","SEÑALIZACIÓN",4248,"DEMARCACION PASO PEATONAL-CEBRA (E=2.3MM,TERMOPLÁSTICA. INC. SUMINISTRO Y APLICACIÓN CON EQUIPO. INC MICROESFERAS)","M2",98259,"Actualización MO 2022"]
["Antiguo","SEÑALIZACIÓN",4249,"DEMARCACION PASO PEATONAL-LINEA CONT. A=0.15M (E=2.3MM,TERMOPLÁSTICA. INC. SUMIN. Y APLIC. CON EQUIPO. INC MICROESFERAS)","ML",14739,"Actualización MO 2022"]
["Antiguo","REDES ALCANTARILLADO / DRENAJE",4252,"PLACA CUBIERTA D=1.70M POZO INSPEC. (FUNDIDA EN SITIO. INC. SUM, FORMALET., REFUERZO E INST. INCL.TAPA EN POLIPROPILENO)","UN",1519533,"Actualización MO 2022"]
["Antiguo","REDES ALCANTARILLADO / DRENAJE",4253,"PLACA CUBIERTA D=1.70M POZO INSPEC. (FUNDIDA EN SITIO. INC. SUMIN, FORMALET., REFUERZO E INST. INC. TAPA EN CONCRETO)","UN",578862,"Actualización MO 2022"]
["Antiguo","CONCRETO Y ACERO PARA ESTRUCTURAS",4261,"MORTERO 1:3 IMPERMEABILIZADO (HECHO EN OBRA)","M3",508410,"Actualización MO 2022"]
["Antiguo","EXCAVACIONES",4262,"EXCAVACION MECANICA PARA REDES PROFUNDIDAD 0M - 3.5M (INCLUYE CARGUE)","M3",4965,"Actualización MO 2022"]
["Antiguo","REDES ALCANTARILLADO / DRENAJE",4264,"TUBERIA CONCRETO D=6\" CL.I SIN REFUERZO (INCLUYE SUMINISTRO E INSTALACIÓN)","ML",42173,"Actualización MO 2022"]
["Antiguo","REDES ALCANTARILLADO / DRENAJE",4265,"TUBERIA CONCRETO D=10\" CL. II SIN REFUERZO (INCLUYE SUMINISTRO E INSTALACIÓN)","ML",93285,"Actualización MO 2022"]
["Antiguo","EXCAVACIONES",4266,"EXCAVACION MANUAL PARA REDES PROFUNDIDAD 2M - 3.50M (INCLUYE CARGUE)","M3",41273,"Actualización MO 2022"]
["Antiguo","ANÁLISIS AUXILIARES",4273,"CUADRILLA (OFICIAL + AYUDANTE).","JR",134238,"Actualización MO 2022"]
["Antiguo","ANÁLISIS AUXILIARES",4274,"CUADRILLA (OFICIAL + 2 AYUDANTES).","JR",189291,"Actualización MO 2022"]
["Antiguo","ANÁLISIS AUXILIARES",4275,"CUADRILLA (TUBERO + AYUDANTE)","JR",146303,"Actualización MO 2022"]
["Antiguo","ANÁLISIS AUXILIARES",4276,"CUADRILLA (TUBERO + 2 AYUDANTES).","JR",201356,"Actualización MO 2022"]
["Antiguo","ANÁLISIS AUXILIARES",4277,"CUADRILLA (TECNICO ELECTRICO + AYUDANTE).","JR",146303,"Actualización MO 2022"]
["Antiguo","ANÁLISIS AUXILIARES",4278,"CUADRILLA (OFICIAL + AYUDANTE)","HR",16780,"Actualización MO 2022"]
["Antiguo","ANÁLISIS AUXILIARES",4279,"CUADRILLA (OFICIAL + 2 AYUDANTES)","HR",23662,"Actualización MO 2022"]
["Antiguo","ANÁLISIS AUXILIARES",4280,"CUADRILLA (TUBERO + AYUDANTE).","HR",18289,"Actualización MO 2022"]
["Antiguo","ANÁLISIS AUXILIARES",4281,"CUADRILLA (TUBERO + 2 AYUDANTES)","HR",25171,"Actualización MO 2022"]
["Antiguo","ANÁLISIS AUXILIARES",4282,"CUADRILLA (TECNICO ELECTRICO + AYUDANTE)","HR",18289,"Actualización MO 2022"]
["Antiguo","ANÁLISIS AUXILIARES",4283,"CUADRILLA (TECNICO ELECTRICO + 2 AYUDANTES)","JR",201356,"Actualización MO 2022"]
["Antiguo","ANÁLISIS AUXILIARES",4284,"CUADRILLA (OFICIAL + 4 AYUDANTES).","HR",37424,"Actualización MO 2022"]
["Antiguo","ANÁLISIS AUXILIARES",4285,"CUADRILLA (OFICIAL + 4 AYUDANTES)","JR",299397,"Actualización MO 2022"]
["Antiguo","ANÁLISIS AUXILIARES",4286,"CUADRILLA (3 OFICIALES + 6 AYUDANTES).","JR",567871,"Actualización MO 2022"]
["Antiguo","ANÁLISIS AUXILIARES",4287,"CUADRILLA (OFICIAL + 3 AYUDANTES)","HR",30544,"Actualización MO 2022"]
["Antiguo","ANÁLISIS AUXILIARES",4288,"CUADRILLA (OFICIAL + 3 AYUDANTES).","JR",244344,"Actualización MO 2022"]
["Antiguo","DEMOLICIONES",4289,"DEMOLICIÓN MUROS E=0.15M (INCLUYE CARGUE)","M2",19930,"Actualización MO 2022"]
["Antiguo","DEMOLICIONES",4290,"DEMOLICIÓN MUROS E=0.25M (INCLUYE CARGUE)","M2",28050,"Actualización MO 2022"]
["Antiguo","REDES ACUEDUCTO",4291,"CARCAMO PROTECCIÓN DE TUBERÍA Ø 8\" NORMA EAAB NS-090 . 3V.2","ML",405713,"Actualización MO 2022"]
["Antiguo","REDES ACUEDUCTO",4292,"CARCAMO DE PROTECCIÓN DE TUBERÍA Ø 10\" NORMA EAAB NS-090 V. 1.2","ML",422488,"Actualización MO 2022"]
["Antiguo","REDES ACUEDUCTO",4294,"CARCAMO DE PROTECCIÓN DE TUBERÍA Ø 16\" NORMA EAAB NS-090 V. 1.2","ML",516556,"Actualización MO 2022"]
["Antiguo","REDES ACUEDUCTO",4295,"CARCAMO DE PROTECCIÓN DE TUBERÍA Ø 18\" NORMA EAAB NS-090 V. 1.2","ML",534736,"Actualización MO 2022"]
["Antiguo","REDES ACUEDUCTO",4296,"CARCAMO DE PROTECCIÓN DE TUBERÍA Ø 20\" NORMA EAAB NS-090 V. 1.2","ML",559749,"Actualización MO 2022"]
["Antiguo","REDES ACUEDUCTO",4297,"CARCAMO DE PROTECCIÓN DE TUBERÍA Ø 24\" NORMA EAAB NS-090 V. 1.2","ML",751259,"Actualización MO 2022"]
["Antiguo","REDES ACUEDUCTO",4298,"CARCAMO DE PROTECCIÓN DE TUBERÍA Ø 27\" NORMA EAAB NS-090 V. 1.2","ML",992769,"Actualización MO 2022"]
["Antiguo","REDES ACUEDUCTO",4299,"CARCAMO DE PROTECCIÓN DE TUBERÍA Ø 30\" NORMA EAAB NS-090 V. 1.2","ML",1106429,"Actualización MO 2022"]
["Antiguo","REDES TELEFONICAS / DATOS",4300,"CARCAMO 2 A 4 VIAS COLOMBIA TELECOMUNICACIONES","ML",268024,"Actualización MO 2022"]
["Antiguo","REDES TELEFONICAS / DATOS",4301,"CARCAMO 6 A 9 VIAS COLOMBIA TELECOMUNICACIONES","ML",297072,"Actualización MO 2022"]
["Antiguo","REDES TELEFONICAS / DATOS",4302,"CARCAMO 12 A 20 VIAS COLOMBIA TELECOMUNICACIONES","ML",348387,"Actualización MO 2022"]
["Antiguo","REDES TELEFONICAS / DATOS",4303,"CARCAMO 20 A 24 VIAS COLOMBIA TELECOMUNICACIONES","ML",398324,"Actualización MO 2022"]
["Antiguo","REDES TELEFONICAS / DATOS",4304,"CARCAMO 24 A 36 VIAS COLOMBIA TELECOMUNICACIONES","ML",412985,"Actualización MO 2022"]
["Antiguo","REDES TELEFONICAS / DATOS",4305,"CAMARA DOBLE TIPO \"FS\" COLOMBIA TELECOMUNICACIONES ESQUEMA CT-018","UN",286586,"Actualización MO 2022"]
["Antiguo","REDES TELEFONICAS / DATOS",4306,"CAMARA TIPO \"2FR\" COLOMBIA TELECOMUNICACIONES DIBUJO CT-019","UN",658000,"Actualización MO 2022"]
["Antiguo","REDES TELEFONICAS / DATOS",4307,"CAMARA TIPO \"FR\" COLOMBIA TELECOMUNICACIONES ESQUEMA CT-021","UN",403010,"Actualización MO 2022"]
["Antiguo","REDES TELEFONICAS / DATOS",4308,"CAMARA TIPO \"A\" COLOMBIA TELECOMUNICACIONES DIBUJO CT-022","UN",4130887,"Actualización MO 2022"]
["Antiguo","REDES TELEFONICAS / DATOS",4309,"CAMARA TIPO \"LA\" COLOMBIA TELECOMUNICACIONES DIBUJO CT-023","UN",4130887,"Actualización MO 2022"]
["Antiguo","REDES TELEFONICAS / DATOS",4310,"CAMARA TIPO \"ZA\" COLOMBIA TELECOMUNICACIONES DIBUJO CT-024","UN",4491465,"Actualización MO 2022"]
["Antiguo","REDES TELEFONICAS / DATOS",4311,"CAMARA TIPO \"JA\" COLOMBIA TELECOMUNICACIONES DIBUJO CT-025","UN",4123871,"Actualización MO 2022"]
["Antiguo","REDES TELEFONICAS / DATOS",4312,"CAMARA TIPO \"TA\" COLOMBIA TELECOMUNICACIONES DIBUJO CT-026","UN",4123871,"Actualización MO 2022"]
["Antiguo","REDES TELEFONICAS / DATOS",4313,"CAMARA TIPO \"XA\" COLOMBIA TELECOMUNICACIONES DIBUJO CT-027","UN",4116855,"Actualización MO 2022"]
["Antiguo","REDES TELEFONICAS / DATOS",4314,"CAMARA TIPO \"B\" COLOMBIA TELECOMUNICACIONES DIBUJO CT-028","UN",3758729,"Actualización MO 2022"]
["Antiguo","REDES TELEFONICAS / DATOS",4315,"CAMARA TIPO \"LB\" COLOMBIA TELECOMUNICACIONES DIBUJO CT-029","UN",3758729,"Actualización MO 2022"]
["Antiguo","REDES TELEFONICAS / DATOS",4316,"CAMARA TIPO \"ZB\" COLOMBIA TELECOMUNICACIONES DIBUJO CT-030","UN",4147172,"Actualización MO 2022"]
["Antiguo","REDES TELEFONICAS / DATOS",4317,"CAMARA TIPO \"JB\" COLOMBIA TELECOMUNICACIONES DIBUJO CT-031","UN",3745106,"Actualización MO 2022"]
["Antiguo","REDES TELEFONICAS / DATOS",4318,"CAMARA TIPO \"TB\" COLOMBIA TELECOMUNICACIONES DIBUJO CT-032","UN",3745106,"Actualización MO 2022"]
["Antiguo","REDES TELEFONICAS / DATOS",4319,"CAMARA TIPO \"XB\" COLOMBIA TELECOMUNICACIONES DIBUJO CT-033","UN",3738259,"Actualización MO 2022"]
["Antiguo","REDES TELEFONICAS / DATOS",4320,"CAMARA TIPO \"C\" COLOMBIA TELECOMUNICACIONES DIBUJO CT-034","UN",3169047,"Actualización MO 2022"]
["Antiguo","REDES TELEFONICAS / DATOS",4321,"CAMARA TIPO \"LC\" COLOMBIA TELECOMUNICACIONES DIBUJO CT-035","UN",3169047,"Actualización MO 2022"]
["Antiguo","REDES TELEFONICAS / DATOS",4322,"CAMARA TIPO \"ZC\" COLOMBIA TELECOMUNICACIONES DIBUJO CT-036","UN",3169047,"Actualización MO 2022"]
["Antiguo","REDES TELEFONICAS / DATOS",4323,"CAMARA TIPO \"JC\" COLOMBIA TELECOMUNICACIONES DIBUJO CT-037","UN",3151479,"Actualización MO 2022"]
["Antiguo","REDES TELEFONICAS / DATOS",4324,"CAMARA TIPO \"TC\" COLOMBIA TELECOMUNICACIONES DIBUJO CT-038","UN",3151479,"Actualización MO 2022"]
["Antiguo","REDES TELEFONICAS / DATOS",4325,"CAMARA TIPO \"XC\" COLOMBIA TELECOMUNICACIONES DIBUJO CT-039","UN",3144632,"Actualización MO 2022"]
["Antiguo","REDES TELEFONICAS / DATOS",4326,"CAMARA TIPO \"2XA\" COLOMBIA TELECOMUNICACIONES DIBUJO CT-040","UN",5190629,"Actualización MO 2022"]
["Antiguo","REDES TELEFONICAS / DATOS",4327,"CAMARA TIPO \"2TA\" COLOMBIA TELECOMUNICACIONES DIBUJO CT-041","UN",5168980,"Actualización MO 2022"]
["Antiguo","REDES TELEFONICAS / DATOS",4328,"CAMARA TIPO \"D\" COLOMBIA TELECOMUNICACIONES DIBUJO CT-042","UN",2883735,"Actualización MO 2022"]
["Antiguo","REDES TELEFONICAS / DATOS",4329,"CAMARA TIPO \"F1\" COLOMBIA TELECOMUNICACIONES DIBUJO CT-050","UN",409680,"Actualización MO 2022"]
["Antiguo","REDES TELEFONICAS / DATOS",4330,"CAMARA DOBLE TIPO \"F1\" COLOMBIA TELECOMUNICACIONES ESQUEMA CT-049","UN",677086,"Actualización MO 2022"]
["Antiguo","REDES TELEFONICAS / DATOS",4331,"CAMARA DOBLE TIPO \"2FS\" COLOMBIA TELECOMUNICACIONES ESQUEMA CT-055","UN",703436,"Actualización MO 2022"]
["Antiguo","REDES TELEFONICAS / DATOS",4332,"CAMARA TIPO \"JD\" COLOMBIA TELECOMUNICACIONES DIBUJO CT-045","UN",2731353,"Actualización MO 2022"]
["Antiguo","REDES TELEFONICAS / DATOS",4333,"CAMARA TIPO \"LD\" COLOMBIA TELECOMUNICACIONES DIBUJO CT-043","UN",2720025,"Actualización MO 2022"]
["Antiguo","REDES TELEFONICAS / DATOS",4334,"CAMARA TIPO \"XD\" COLOMBIA TELECOMUNICACIONES ESQUEMA CT-047","UN",2727169,"Actualización MO 2022"]
["Antiguo","REDES TELEFONICAS / DATOS",4335,"CAMARA TIPO \"TD\" COLOMBIA TELECOMUNICACIONES DIBUJO CT-046","UN",2722181,"Actualización MO 2022"]
["Antiguo","REDES TELEFONICAS / DATOS",4336,"CAMARA TIPO \"D/2\" COLOMBIA TELECOMUNICACIONES DIBUJO CT-048","UN",1713666,"Actualización MO 2022"]
["Antiguo","REDES TELEFONICAS / DATOS",4337,"CAMARA TIPO \"F2\" COLOMBIA TELECOMUNICACIONES DIBUJO CT-051","UN",255936,"Actualización MO 2022"]
["Antiguo","REDES TELEFONICAS / DATOS",4338,"CAMARA TIPO \"ZD\" COLOMBIA TELECOMUNICACIONES DIBUJO CT-044","UN",2720025,"Actualización MO 2022"]
["Antiguo","REDES TELEFONICAS / DATOS",4340,"INSTALACIÓN DUCTO DE PVC TIPOS DB O TDP Ø 4\" A Ø 6\"","ML",3102,"Actualización MO 2022"]
["Antiguo","REDES ELECTRICAS",4341,"CANALIZACION VIA PUBLICA UN (1) DUCTO PVC TIPO DB-60 Ø6\" EPM NORMA RS1-001. INCLUYE: EXCAVACIÓN, RELLENOS EN ARENA DE PEÑA Y EN SUB-BASE GRANULAR TIPO B-400 Y TRANSPORTE Y DISPOSICIÓN FINAL DE ESCOMBROS. NO INCLUYE: DEMOLICIÓN NI RECONSTRUCCIÓN DE ANDEN O PAVIMENTO, ENTIBADOS.","ML",174148,"Actualización MO 2022"]
["Antiguo","REDES ELECTRICAS",4342,"CANALIZACION VIA PUBLICA DOS (2) DUCTOS PVC TIPO DB-60 Ø6\" EPM NORMA RS1-002. INCLUYE: EXCAVACIÓN, RELLENOS EN ARENA DE PEÑA Y EN SUB-BASE GRANULAR TIPO B-400 Y TRANSPORTE Y DISPOSICIÓN FINAL DE ESCOMBROS. NO INCLUYE: DEMOLICIÓN NI RECONSTRUCCIÓN DE ANDEN O PAVIMENTO, ENTIBADOS.","ML",235442,"Actualización MO 2022"]
["Antiguo","REDES ELECTRICAS",4343,"CANALIZACION VIA PUBLICA TRES (3) DUCTOS PVC TIPO DB-60 Ø6\" EPM NORMA RS1-003. INCLUYE: EXCAVACIÓN, RELLENOS EN ARENA DE PEÑA Y EN SUB-BASE GRANULAR TIPO B-400 Y TRANSPORTE Y DISPOSICIÓN FINAL DE ESCOMBROS. NO INCLUYE: DEMOLICIÓN NI RECONSTRUCCIÓN DE ANDEN O PAVIMENTO, ENTIBADOS.","ML",383066,"Actualización MO 2022"]
["Antiguo","REDES ELECTRICAS",4344,"CANALIZACION VIA PUBLICA CUATRO (4) DUCTOS PVC TIPO DB-60 Ø6\" DISPOSICIÓN CUADRADA EPM NORMA RS1-004. DISPOSICIÓN CUADRADA. INCLUYE: EXCAVACIÓN, RELLENOS EN ARENA DE PEÑA Y EN SUB-BASE GRANULAR TIPO B-400 Y TRANSPORTE Y DISPOSICIÓN FINAL DE ESCOMBROS. NO INCLUYE: DEMOLICIÓN NI RECONSTRUCCIÓN DE ANDEN O PAVIMENTO, ENTIBADOS.","ML",429694,"Actualización MO 2022"]
["Antiguo","REDES ELECTRICAS",4345,"CANALIZACION VIA PUBLICA CUATRO (4) DUCTOS PVC TIPO DB-60 Ø6\" DISPOSICIÓN LINEAL EPM NORMA RS1-005. DISPOSICIÓN LINEAL. INCLUYE: EXCAVACIÓN, RELLENOS EN ARENA DE PEÑA Y EN SUB-BASE GRANULAR TIPO B-400 Y TRANSPORTE Y DISPOSICIÓN FINAL DE ESCOMBROS. NO INCLUYE: DEMOLICIÓN NI RECONSTRUCCIÓN DE ANDEN O PAVIMENTO, ENTIBADOS.","ML",450364,"Actualización MO 2022"]
["Antiguo","REDES ELECTRICAS",4346,"CANALIZACION VIA PUBLICA SEIS (6) DUCTOS PVC TIPO DB-60 Ø6\" EPM NORMA RS1-006. INCLUYE: EXCAVACIÓN, RELLENOS EN ARENA DE PEÑA Y EN SUB-BASE GRANULAR TIPO B-400 Y TRANSPORTE Y DISPOSICIÓN FINAL DE ESCOMBROS. NO INCLUYE: DEMOLICIÓN NI RECONSTRUCCIÓN DE ANDEN O PAVIMENTO, ENTIBADOS.","ML",609477,"Actualización MO 2022"]
["Antiguo","REDES ELECTRICAS",4347,"CANALIZACION VIA PUBLICA OCHO (8) DUCTOS PVC TIPO DB-60 Ø6\" EPM NORMA RS1-007. INCLUYE: EXCAVACIÓN, RELLENOS EN ARENA DE PEÑA Y EN SUB-BASE GRANULAR TIPO B-400 Y TRANSPORTE Y DISPOSICIÓN FINAL DE ESCOMBROS. NO INCLUYE: DEMOLICIÓN NI RECONSTRUCCIÓN DE ANDEN O PAVIMENTO, ENTIBADOS.","ML",796762,"Actualización MO 2022"]
["Antiguo","REDES ELECTRICAS",4348,"CANALIZACION VIA PUBLICA NUEVE (9) DUCTOS PVC TIPO DB-60 Ø6\" EPM NORMA RS1-008. INCLUYE: EXCAVACIÓN, RELLENOS EN ARENA DE PEÑA Y EN SUB-BASE GRANULAR TIPO B-400 Y TRANSPORTE Y DISPOSICIÓN FINAL DE ESCOMBROS. NO INCLUYE: DEMOLICIÓN NI RECONSTRUCCIÓN DE ANDEN O PAVIMENTO, ENTIBADOS.","ML",844548,"Actualización MO 2022"]
["Antiguo","REDES ELECTRICAS",4349,"CANALIZACION VIA PUBLICA DOCE (12) DUCTOS PVC TIPO DB-60 Ø6\" EPM NORMA RS1-009. INCLUYE: EXCAVACIÓN, RELLENOS EN ARENA DE PEÑA Y EN SUB-BASE GRANULAR TIPO B-400 Y TRANSPORTE Y DISPOSICIÓN FINAL DE ESCOMBROS. NO INCLUYE: DEMOLICIÓN NI RECONSTRUCCIÓN DE ANDEN O PAVIMENTO, ENTIBADOS.","ML",996193,"Actualización MO 2022"]
["Antiguo","REDES ELECTRICAS",4350,"CANALIZACION VIA PUBLICA DIECISEIS (16) DUCTOS PVC TIPO DB-60 Ø6\" EPM NORMA RS1-010. INCLUYE: EXCAVACIÓN, RELLENOS EN ARENA DE PEÑA Y EN SUB-BASE GRANULAR TIPO B-400 Y TRANSPORTE Y DISPOSICIÓN FINAL DE ESCOMBROS. NO INCLUYE: DEMOLICIÓN NI RECONSTRUCCIÓN DE ANDEN O PAVIMENTO, ENTIBADOS.","ML",1416110,"Actualización MO 2022"]
["Antiguo","REDES ELECTRICAS",4351,"CANALIZACION VIA PUBLICA TRES (3) DUCTOS PVC TIPO DB-60 Ø4\" EPM NORMA RS1-011. INCLUYE: EXCAVACIÓN, RELLENOS EN ARENA DE PEÑA Y EN SUB-BASE GRANULAR TIPO B-400 Y TRANSPORTE Y DISPOSICIÓN FINAL DE ESCOMBROS. NO INCLUYE: DEMOLICIÓN NI RECONSTRUCCIÓN DE ANDEN O PAVIMENTO, ENTIBADOS.","ML",247840,"Actualización MO 2022"]
["Antiguo","REDES ELECTRICAS",4352,"CANALIZACION VIA PUBLICA CUATRO (4) DUCTOS PVC TIPO DB-60 Ø4\" EPM NORMA RS1-012. INCLUYE: EXCAVACIÓN, RELLENOS EN ARENA DE PEÑA Y EN SUB-BASE GRANULAR TIPO B-400 Y TRANSPORTE Y DISPOSICIÓN FINAL DE ESCOMBROS. NO INCLUYE: DEMOLICIÓN NI RECONSTRUCCIÓN DE ANDEN O PAVIMENTO, ENTIBADOS.","ML",266564,"Actualización MO 2022"]
["Antiguo","REDES ELECTRICAS",4353,"CANALIZACION VIA PUBLICA SEIS (6) DUCTOS PVC TIPO DB-60 Ø4\" EPM NORMA RS1-013. INCLUYE: EXCAVACIÓN, RELLENOS EN ARENA DE PEÑA Y EN SUB-BASE GRANULAR TIPO B-400 Y TRANSPORTE Y DISPOSICIÓN FINAL DE ESCOMBROS. NO INCLUYE: DEMOLICIÓN NI RECONSTRUCCIÓN DE ANDEN O PAVIMENTO, ENTIBADOS.","ML",368874,"Actualización MO 2022"]
["Antiguo","REDES ELECTRICAS",4354,"CANALIZACION VIA PUBLICA NUEVE (9) DUCTOS PVC TIPO DB-60 Ø4\" EPM NORMA RS1-014. INCLUYE: EXCAVACIÓN, RELLENOS EN ARENA DE PEÑA Y EN SUB-BASE GRANULAR TIPO B-400 Y TRANSPORTE Y DISPOSICIÓN FINAL DE ESCOMBROS. NO INCLUYE: DEMOLICIÓN NI RECONSTRUCCIÓN DE ANDEN O PAVIMENTO, ENTIBADOS.","ML",490717,"Actualización MO 2022"]
["Antiguo","REDES ELECTRICAS",4355,"CANALIZACION VIA PUBLICA OCHO (8) DUCTOS PVC TIPO DB-60 Ø4\" EPM NORMA RS1-015. INCLUYE: EXCAVACIÓN, RELLENOS EN ARENA DE PEÑA Y EN SUB-BASE GRANULAR TIPO B-400 Y TRANSPORTE Y DISPOSICIÓN FINAL DE ESCOMBROS. NO INCLUYE: DEMOLICIÓN NI RECONSTRUCCIÓN DE ANDEN O PAVIMENTO, ENTIBADOS.","ML",469606,"Actualización MO 2022"]
["Antiguo","REDES ELECTRICAS",4356,"CANALIZACION VIA PUBLICA DOCE (12) DUCTOS PVC TIPO DB-60 Ø4\" EPM NORMA RS1-016. INCLUYE: EXCAVACIÓN, RELLENOS EN ARENA DE PEÑA Y EN SUB-BASE GRANULAR TIPO B-400 Y TRANSPORTE Y DISPOSICIÓN FINAL DE ESCOMBROS. NO INCLUYE: DEMOLICIÓN NI RECONSTRUCCIÓN DE ANDEN O PAVIMENTO, ENTIBADOS.","ML",620992,"Actualización MO 2022"]
["Antiguo","REDES ELECTRICAS",4357,"CANALIZACION VIA PUBLICA TRES (3) DUCTOS PVC TIPO DB-60 Ø4\" MAS UN (1) DUCTO PVC TIPO DB-60 Ø6\" EPM NORMA RS1-017. INCLUYE: EXCAVACIÓN, RELLENOS EN ARENA DE PEÑA Y EN SUB-BASE GRANULAR TIPO B-400 Y TRANSPORTE Y DISPOSICIÓN FINAL DE ESCOMBROS. NO INCLUYE: DEMOLICIÓN NI RECONSTRUCCIÓN DE ANDEN O PAVIMENTO, ENTIBADOS.","ML",349128,"Actualización MO 2022"]
["Antiguo","REDES ELECTRICAS",4358,"CANALIZACION VIA PUBLICA SEIS (6) DUCTOS PVC TIPO DB-60 Ø4\" MAS UN (1) DUCTO PVC TIPO DB-60 Ø6\" EPM NORMA RS1-018. INCLUYE: EXCAVACIÓN, RELLENOS EN ARENA DE PEÑA Y EN SUB-BASE GRANULAR TIPO B-400 Y TRANSPORTE Y DISPOSICIÓN FINAL DE ESCOMBROS. NO INCLUYE: DEMOLICIÓN NI RECONSTRUCCIÓN DE ANDEN O PAVIMENTO, ENTIBADOS.","ML",470898,"Actualización MO 2022"]
["Antiguo","REDES ELECTRICAS",4359,"CANALIZACION VIA PUBLICA TRES (3) DUCTOS PVC TIPO DB-60 Ø4\" MAS DOS (2) DUCTOS PVC TIPO DB-60 Ø6\" EPM NORMA RS1-019. INCLUYE: EXCAVACIÓN, RELLENOS EN ARENA DE PEÑA Y EN SUB-BASE GRANULAR TIPO B-400 Y TRANSPORTE Y DISPOSICIÓN FINAL DE ESCOMBROS. NO INCLUYE: DEMOLICIÓN NI RECONSTRUCCIÓN DE ANDEN O PAVIMENTO, ENTIBADOS.","ML",370991,"Actualización MO 2022"]
["Antiguo","REDES ELECTRICAS",4360,"CANALIZACION VIA PUBLICA SEIS (6) DUCTOS PVC TIPO DB-60 Ø4\" MAS DOS (2) DUCTOS PVC TIPO DB-60 Ø6\" EPM NORMA RS1-020. INCLUYE: EXCAVACIÓN, RELLENOS EN ARENA DE PEÑA Y EN SUB-BASE GRANULAR TIPO B-400 Y TRANSPORTE Y DISPOSICIÓN FINAL DE ESCOMBROS. NO INCLUYE: DEMOLICIÓN NI RECONSTRUCCIÓN DE ANDEN O PAVIMENTO, ENTIBADOS.","ML",535161,"Actualización MO 2022"]
["Antiguo","REDES ELECTRICAS",4361,"CANALIZACION VIA PUBLICA CUATRO (4) DUCTOS PVC TIPO DB-60 Ø4\" MAS TRES (3) DUCTOS PVC TIPO DB-60 Ø6\" EPM NORMA RS1-021. INCLUYE: EXCAVACIÓN, RELLENOS EN ARENA DE PEÑA Y EN SUB-BASE GRANULAR TIPO B-400 Y TRANSPORTE Y DISPOSICIÓN FINAL DE ESCOMBROS. NO INCLUYE: DEMOLICIÓN NI RECONSTRUCCIÓN DE ANDEN O PAVIMENTO, ENTIBADOS.","ML",552071,"Actualización MO 2022"]
["Antiguo","REDES ELECTRICAS",4362,"CANALIZACION VIA PUBLICA OCHO (8) DUCTOS PVC TIPO DB-60 Ø4\" MAS TRES (3) DUCTOS PVC TIPO DB-60 Ø6\" EPM NORMA RS1-022. INCLUYE: EXCAVACIÓN, RELLENOS EN ARENA DE PEÑA Y EN SUB-BASE GRANULAR TIPO B-400 Y TRANSPORTE Y DISPOSICIÓN FINAL DE ESCOMBROS. NO INCLUYE: DEMOLICIÓN NI RECONSTRUCCIÓN DE ANDEN O PAVIMENTO, ENTIBADOS.","ML",711695,"Actualización MO 2022"]
["Antiguo","REDES ELECTRICAS",4363,"CANALIZACION VIA PUBLICA TRES (3) DUCTOS PVC TIPO DB-60 Ø4\" MAS CUATRO (4) DUCTOS PVC TIPO DB-60 Ø6\" EPM NORMA RS1-023. INCLUYE: EXCAVACIÓN, RELLENOS EN ARENA DE PEÑA Y EN SUB-BASE GRANULAR TIPO B-400 Y TRANSPORTE Y DISPOSICIÓN FINAL DE ESCOMBROS. NO INCLUYE: DEMOLICIÓN NI RECONSTRUCCIÓN DE ANDEN O PAVIMENTO, ENTIBADOS.","ML",573737,"Actualización MO 2022"]
["Antiguo","REDES ACUEDUCTO",4384,"UNION DRESSER D=3\" (SUMINISTRO E INSTALACIÓN)","UN",123293,"Actualización MO 2022"]
["Antiguo","REDES ACUEDUCTO",4385,"UNION DRESSER D=4\" (SUMINISTRO E INSTALACIÓN)","UN",125413,"Actualización MO 2022"]
["Antiguo","REDES ACUEDUCTO",4386,"UNION DRESSER D=6\" (SUMINISTRO E INSTALACIÓN)","UN",248678,"Actualización MO 2022"]
["Antiguo","REDES ACUEDUCTO",4387,"UNION DRESSER D=8\" (SUMINISTRO E INSTALACIÓN)","UN",306205,"Actualización MO 2022"]
["Antiguo","REDES ACUEDUCTO",4388,"UNION DRESSER D=10\" (SUMINISTRO E INSTALACIÓN)","UN",423484,"Actualización MO 2022"]
["Antiguo","REDES ACUEDUCTO",4389,"UNION DRESSER D=12\" (SUMINISTRO E INSTALACIÓN)","UN",710465,"Actualización MO 2022"]
["Antiguo","EXCAVACIONES",4390,"EXCAVACIÓN MANUAL EN MATERIAL COMÚN (INCL CARGUE, TRANSPORTE Y DISPOSICION FINAL)","M3",76634,"Actualización MO 2022"]
["Antiguo","RELLENOS Y CAPAS GRANULARES",4391,"ARENA LAVADA DE PEÑA PARA EMBOQUILLADO (INCLUYE SUMINISTRO, BARRIDO PARA SELLADO DE JUNTAS Y COMPACTACIÓN)","M3",129426,"Actualización MO 2022"]
["Antiguo","ANÁLISIS AUXILIARES",4392,"CUADRILLA (OFICIAL + 6 AYUDANTES)","HR",51187,"Actualización MO 2022"]
["Antiguo","ANÁLISIS AUXILIARES",4393,"CUADRILLA (3 OFICIALES + 6 AYUDANTES)","HR",70984,"Actualización MO 2022"]
["Antiguo","PAVIMENTOS",4394,"ADOQUIN DE CONCRETO TR. PESADO 20X10X8CM (SUMINISTRO E INSTALACIÓN. INCLUYE BASE 4CM ARENA NIVELACIÓN Y ARENA DE SELLO)","M2",70436,"Actualización MO 2022"]
["Antiguo","PAVIMENTOS",4395,"ADOQUIN DE CONCRETO TR. LIVIANO 20X10X6CM (SUMINISTRO E INSTALACIÓN. INCLUYE BASE 4CM ARENA NIVELACIÓN Y ARENA DE SELLO)","M2",66692,"Actualización MO 2022"]
["Antiguo","PAVIMENTOS",4396,"ADOQUIN DE ARCILLA TR. LIVIANO 20X10X6CM (SUMINISTRO E INSTALACIÓN. INCLUYE BASE 4CM ARENA NIVELACION Y ARENA DE SELLO)","M2",54784,"Actualización MO 2022"]
["Antiguo","REDES ACUEDUCTO",4402,"VALVULA COMPUERTA ELASTICA VASTAGO NO ASCENDENTE EXTREMO LISO D=4\" (SUMINISTRO E INSTALACIÓN)","UN",739484,"Actualización MO 2022"]
["Antiguo","REDES ACUEDUCTO",4403,"VALVULA COMPUERTA ELASTICA VASTAGO NO ASCENDENTE EXTREMO LISO D=12\" (SUMINISTRO E INSTALACIÓN)","UN",4684545,"Actualización MO 2022"]
["Antiguo","REDES ACUEDUCTO",4404,"CODO HD 11.25° JUNTA HIDRAULICA PARA PVC D=2\" (SUMINISTRO E INSTALACIÓN)","UN",90798,"Actualización MO 2022"]
["Antiguo","REDES ACUEDUCTO",4405,"CODO HD 11.25° JUNTA HIDRAULICA PARA PVC D=3\" (SUMINISTRO E INSTALACIÓN)","UN",140995,"Actualización MO 2022"]
["Antiguo","REDES ACUEDUCTO",4406,"CODO HD 11.25° JUNTA HIDRAULICA PARA PVC D=6\" (SUMINISTRO E INSTALACIÓN)","UN",365860,"Actualización MO 2022"]
["Antiguo","REDES ACUEDUCTO",4407,"CODO HD 11.25° JUNTA HIDRAULICA PARA PVC D=4\" (SUMINISTRO E INSTALACIÓN)","UN",193051,"Actualización MO 2022"]
["Antiguo","REDES ACUEDUCTO",4408,"CODO HD 11.25° JUNTA HIDRAULICA PARA PVC D=8\" (SUMINISTRO E INSTALACIÓN)","UN",540446,"Actualización MO 2022"]
["Antiguo","REDES ACUEDUCTO",4409,"REDUCCION PVC TIPO U.M. 4\"X2\" (SUMINISTRO E INSTALACIÓN)","UN",155813,"Actualización MO 2022"]
["Antiguo","REDES ACUEDUCTO",4410,"REDUCCION PVC TIPO U.M. 4\"X3\" (SUMINISTRO E INSTALACIÓN)","UN",100007,"Actualización MO 2022"]
["Antiguo","REDES ACUEDUCTO",4411,"REDUCCION PVC TIPO U.M. 6\"X4\" (SUMINISTRO E INSTALACIÓN)","UN",174780,"Actualización MO 2022"]
["Antiguo","REDES ACUEDUCTO",4412,"REDUCCION CONCENTRICA HD 6\"X3\" (SUMINISTRO E INSTALACIÓN)","UN",168864,"Actualización MO 2022"]
["Antiguo","REDES ACUEDUCTO",4413,"REDUCCION CONCENTRICA HD 12\"X6\" (SUMINISTRO E INSTALACIÓN)","UN",1078424,"Actualización MO 2022"]
["Antiguo","REDES ACUEDUCTO",4414,"REDUCCION CONCENTRICA HD 12\"X8\" (SUMINISTRO E INSTALACIÓN)","UN",1312724,"Actualización MO 2022"]
["Antiguo","REDES ACUEDUCTO",4415,"TAPON PVC TIPO U.M. D=3\" (SUMINISTRO E INSTALACIÓN)","UN",52468,"Actualización MO 2022"]
["Antiguo","REDES ACUEDUCTO",4416,"TAPON PVC TIPO U.M. D=4\" (SUMINISTRO E INSTALACIÓN)","UN",61806,"Actualización MO 2022"]
["Antiguo","REDES ACUEDUCTO",4417,"TAPON PVC TIPO U.M. D=6\" (SUMINISTRO E INSTALACIÓN)","UN",163493,"Actualización MO 2022"]
["Antiguo","REDES ACUEDUCTO",4418,"UNION DE REPARACION PVC TIPO U.M. D=2\" (SUMINISTRO E INSTALACIÓN)","UN",31666,"Actualización MO 2022"]
["Antiguo","REDES ACUEDUCTO",4419,"UNION DE REPARACION PVC TIPO U.M. D=3\" (SUMINISTRO E INSTALACIÓN)","UN",49972,"Actualización MO 2022"]
["Antiguo","REDES ACUEDUCTO",4420,"UNION DE REPARACION PVC TIPO U.M. D=4\" (SUMINISTRO E INSTALACIÓN)","UN",84699,"Actualización MO 2022"]
["Antiguo","REDES ACUEDUCTO",4421,"ACOPLE UNIVERSAL, UNION ALFA O MULTIUSOS D=3\" (SUMINISTRO E INSTALACIÓN)","UN",116251,"Actualización MO 2022"]
["Antiguo","REDES ACUEDUCTO",4422,"ACOPLE UNIVERSAL, UNION ALFA O MULTIUSOS D=4\" (SUMINISTRO E INSTALACIÓN)","UN",132889,"Actualización MO 2022"]
["Antiguo","REDES ACUEDUCTO",4423,"ACOPLE UNIVERSAL, UNION ALFA O MULTIUSOS D=6\" (SUMINISTRO E INSTALACIÓN)","UN",262525,"Actualización MO 2022"]
["Antiguo","REDES ACUEDUCTO",4424,"ACOPLE UNIVERSAL, UNION ALFA O MULTIUSOS D=8\" (SUMINISTRO E INSTALACIÓN)","UN",306873,"Actualización MO 2022"]
["Antiguo","REDES ACUEDUCTO",4425,"ACOPLE UNIVERSAL, UNION ALFA O MULTIUSOS D=10\" (SUMINISTRO E INSTALACIÓN)","UN",588668,"Actualización MO 2022"]
["Antiguo","REDES ACUEDUCTO",4426,"ACOPLE UNIVERSAL, UNION ALFA O MULTIUSOS D=12\" (SUMINISTRO E INSTALACIÓN)","UN",715012,"Actualización MO 2022"]
["Antiguo","CONCRETO Y ACERO PARA ESTRUCTURAS",4427,"ZAPATA EN CONCRETO PREMEZCLADO DE 3000 PSI (21Mpa), GRAVA COMÚN (Incluye Sumin., Formaleteo en madera, Colocación y Curado. No incl. Refuerzo ni bombeo).","M3",542766,"Actualización MO 2022"]
["Antiguo","CONCRETO Y ACERO PARA ESTRUCTURAS",4428,"VIGA DE AMARRE EN CONCRETO DE 3000 PSI GRAVA COMÚN SECCIÓN 20X20 (Para cerramiento de predios lotes IDU)","ML",34021,"Actualización MO 2022"]
["Antiguo","CONCRETO Y ACERO PARA ESTRUCTURAS",4429,"COLUMNA EN CONCRETO DE 3000 PSI GRAVA COMÚN SECCIÓN 20X20 (Para cerramiento de predios lotes IDU)","ML",40316,"Actualización MO 2022"]
["Antiguo","CONCRETO Y ACERO PARA ESTRUCTURAS",4431,"PAÑETE LISO MURO 1:3 (NO INCLUYE ANDAMIO)","M2",21790,"Actualización MO 2022"]
["Antiguo","REDES ELECTRICAS",4433,"CANALIZACION VIA PUBLICA SEIS (6) DUCTOS PVC TIPO DB-60 Ø4\" MAS CUATRO (4) DUCTOS PVC TIPO DB-60 Ø6\" EPM NORMA RS1-024. INCLUYE: EXCAVACIÓN, RELLENOS EN ARENA DE PEÑA Y EN SUB-BASE GRANULAR TIPO B-400 Y TRANSPORTE Y DISPOSICIÓN FINAL DE ESCOMBROS. NO INCLUYE: DEMOLICIÓN NI RECONSTRUCCIÓN DE ANDEN O PAVIMENTO, ENTIBADOS.","ML",701902,"Actualización MO 2022"]
["Antiguo","REDES ELECTRICAS",4434,"CANALIZACION VIA PUBLICA CINCO (5) DUCTOS PVC TIPO DB-60 Ø4\" MAS CUATRO (4) DUCTOS PVC TIPO DB-60 Ø6\" EPM NORMA RS1-025. INCLUYE: EXCAVACIÓN, RELLENOS EN ARENA DE PEÑA Y EN SUB-BASE GRANULAR TIPO B-400 Y TRANSPORTE Y DISPOSICIÓN FINAL DE ESCOMBROS. NO INCLUYE: DEMOLICIÓN NI RECONSTRUCCIÓN DE ANDEN O PAVIMENTO, ENTIBADOS.","ML",702540,"Actualización MO 2022"]
["Antiguo","REDES ELECTRICAS",4435,"CANALIZACION VIA PUBLICA DIEZ (10) DUCTOS PVC TIPO DB-60 Ø4\" MAS CUATRO (4) DUCTOS PVC TIPO DB-60 Ø6\" EPM NORMA RS1-026. INCLUYE: EXCAVACIÓN, RELLENOS EN ARENA DE PEÑA Y EN SUB-BASE GRANULAR TIPO B-400 Y TRANSPORTE Y DISPOSICIÓN FINAL DE ESCOMBROS. NO INCLUYE: DEMOLICIÓN NI RECONSTRUCCIÓN DE ANDEN O PAVIMENTO, ENTIBADOS.","ML",901189,"Actualización MO 2022"]
["Antiguo","REDES ELECTRICAS",4436,"CANALIZACION VIA PUBLICA CUATRO (4) DUCTOS PVC TIPO DB-60 Ø4\" MAS SEIS (6) DUCTOS PVC TIPO DB-60 Ø6\" EPM NORMA RS1-027. INCLUYE: EXCAVACIÓN, RELLENOS EN ARENA DE PEÑA Y EN SUB-BASE GRANULAR TIPO B-400 Y TRANSPORTE Y DISPOSICIÓN FINAL DE ESCOMBROS. NO INCLUYE: DEMOLICIÓN NI RECONSTRUCCIÓN DE ANDEN O PAVIMENTO, ENTIBADOS.","ML",783818,"Actualización MO 2022"]
["Antiguo","REDES ELECTRICAS",4437,"CANALIZACION VIA PUBLICA OCHO (8) DUCTOS PVC TIPO DB-60 Ø4\" MAS SEIS (6) DUCTOS PVC TIPO DB-60 Ø6\" EPM NORMA RS1-028. INCLUYE: EXCAVACIÓN, RELLENOS EN ARENA DE PEÑA Y EN SUB-BASE GRANULAR TIPO B-400 Y TRANSPORTE Y DISPOSICIÓN FINAL DE ESCOMBROS. NO INCLUYE: DEMOLICIÓN NI RECONSTRUCCIÓN DE ANDEN O PAVIMENTO, ENTIBADOS.","ML",950974,"Actualización MO 2022"]
["Antiguo","REDES ELECTRICAS",4438,"CANALIZACION VIA PUBLICA CINCO (5) DUCTOS PVC TIPO DB-60 Ø4\" MAS OCHO (8) DUCTOS PVC TIPO DB-60 Ø6\" EPM NORMA RS1-029. INCLUYE: EXCAVACIÓN, RELLENOS EN ARENA DE PEÑA Y EN SUB-BASE GRANULAR TIPO B-400 Y TRANSPORTE Y DISPOSICIÓN FINAL DE ESCOMBROS. NO INCLUYE: DEMOLICIÓN NI RECONSTRUCCIÓN DE ANDEN O PAVIMENTO, ENTIBADOS.","ML",1007577,"Actualización MO 2022"]
["Antiguo","REDES ELECTRICAS",4439,"CANALIZACION VIA PUBLICA DIEZ (10) DUCTOS PVC TIPO DB-60 Ø4\" MAS OCHO (8) DUCTOS PVC TIPO DB-60 Ø6\" EPM NORMA RS1-030. INCLUYE: EXCAVACIÓN, RELLENOS EN ARENA DE PEÑA Y EN SUB-BASE GRANULAR TIPO B-400 Y TRANSPORTE Y DISPOSICIÓN FINAL DE ESCOMBROS. NO INCLUYE: DEMOLICIÓN NI RECONSTRUCCIÓN DE ANDEN O PAVIMENTO, ENTIBADOS.","ML",1216192,"Actualización MO 2022"]
["Antiguo","REDES ELECTRICAS",4440,"CANALIZACION VIA PUBLICA CUATRO (4) DUCTOS PVC TIPO DB-60 Ø4\" MAS NUEVE (9) DUCTOS PVC TIPO DB-60 Ø6\" EPM NORMA RS1-031. INCLUYE: EXCAVACIÓN, RELLENOS EN ARENA DE PEÑA Y EN SUB-BASE GRANULAR TIPO B-400 Y TRANSPORTE Y DISPOSICIÓN FINAL DE ESCOMBROS. NO INCLUYE: DEMOLICIÓN NI RECONSTRUCCIÓN DE ANDEN O PAVIMENTO, ENTIBADOS.","ML",1014733,"Actualización MO 2022"]
["Antiguo","REDES ELECTRICAS",4441,"CANALIZACION VIA PUBLICA CINCO (5) DUCTOS PVC TIPO DB-60 Ø4\" MAS DOCE (12) DUCTOS PVC TIPO DB-60 Ø6\" EPM NORMA RS1-032. INCLUYE: EXCAVACIÓN, RELLENOS EN ARENA DE PEÑA Y EN SUB-BASE GRANULAR TIPO B-400 Y TRANSPORTE Y DISPOSICIÓN FINAL DE ESCOMBROS. NO INCLUYE: DEMOLICIÓN NI RECONSTRUCCIÓN DE ANDEN O PAVIMENTO, ENTIBADOS.","ML",1311746,"Actualización MO 2022"]
["Antiguo","REDES ELECTRICAS",4442,"CANALIZACION VIA PUBLICA CUATRO (4) DUCTOS PVC TIPO DB-60 Ø4\" EPM NORMA RS1-033. INCLUYE: EXCAVACIÓN, RELLENOS EN ARENA DE PEÑA Y EN SUB-BASE GRANULAR TIPO B-400 Y TRANSPORTE Y DISPOSICIÓN FINAL DE ESCOMBROS. NO INCLUYE: DEMOLICIÓN NI RECONSTRUCCIÓN DE ANDEN O PAVIMENTO, ENTIBADOS.","ML",311870,"Actualización MO 2022"]
["Antiguo","REDES ELECTRICAS",4447,"CANALIZACION ZONA VERDE CUATRO (4) DUCTOS PVC TIPO DB-60 Ø6\" DISPOSICIÓN LINEAL EPM NORMA RS1-005. DISPOSICIÓN LINEAL. INCLUYE: EXCAVACIÓN, RELLENOS, SIEMBRA DE GRAMA Y TRANSPORTE Y DISPOSICIÓN FINAL DE ESCOMBROS. NO INCLUYE: ENTIBADOS.","ML",438435,"Actualización MO 2022"]
["Antiguo","REDES ELECTRICAS",4461,"CANALIZACION ZONA VERDE TRES (3) DUCTOS PVC TIPO DB-60 Ø4\" MAS DOS (2) DUCTOS PVC TIPO DB-60 Ø6\" EPM NORMA RS1-019. INCLUYE: EXCAVACIÓN, RELLENOS, SIEMBRA DE GRAMA Y TRANSPORTE Y DISPOSICIÓN FINAL DE ESCOMBROS. NO INCLUYE: ENTIBADOS.","ML",370259,"Actualización MO 2022"]
["Antiguo","RELLENOS Y CAPAS GRANULARES",4477,"SUBBASE GRANULAR B-400 (SUMINISTRO, EXTENDIDO, NIVELACIÓN, HUMEDECIMIENTO Y COMPACTACIÓN CON VIBROCOMPACTADOR)","M3",76065,"Actualización MO 2022"]
["Antiguo","ANÁLISIS AUXILIARES",4478,"CUADRILLA (2 AYUDANTES).","JR",110106,"Actualización MO 2022"]
["Antiguo","ANÁLISIS AUXILIARES",4479,"CUADRILLA (2 AYUDANTES)","HR",13764,"Actualización MO 2022"]
["Antiguo","REDES TELEFONICAS / DATOS",4481,"CARCAMO DOCE DUCTOS ETB","ML",219585,"Actualización MO 2022"]
["Antiguo","PAVIMENTOS",4485,"MEZCLA ASFÁLTICA EN CALIENTE TIPO DENSO MD20 ASF CONVENCIONAL 80-100 (SUMINISTRO, EXTENDIDO Y NIVELACIÓN MANUAL Y COMPACTACIÓN MECANICA) INCLUYE: VIBRO COMPACTADOR BENITIN DE 1 TONELADA - INCLUYE OPERARIO Y COMBUSTIBLE","M3",775334,"Actualización MO 2022"]
["Antiguo","PAVIMENTOS",4486,"MEZCLA ASFÁLTICA EN CALIENTE TIPO DENSO MD10 ASF CONVENCIONAL (CEMENTO ASFÁLTICO 80-100) (SUMINISTRO, EXTENDIDO Y NIVELACIÓN MANUAL Y COMPACTACIÓN MECANICA CON VIBROCOMPACTADOR BENITIN DE 1 TONELADA)","M3",807002,"Actualización MO 2022"]
["Antiguo","RELLENOS Y CAPAS GRANULARES",4487,"BASE GRANULAR CLASE A (BG_A) (SUMINISTRO, EXTENDIDO MANUAL, HUMEDECIMIENTO Y COMPACTACIÓN)","M3",144749,"Actualización MO 2022"]
["Antiguo","RELLENOS Y CAPAS GRANULARES",4488,"BASE GRANULAR CLASE B (BG_B) (SUMINISTRO, EXTENDIDO MANUAL, HUMEDECIMIENTO Y COMPACTACIÓN)","M3",137014,"Actualización MO 2022"]
["Antiguo","RELLENOS Y CAPAS GRANULARES",4489,"SUBBASE GRANULAR CLASE B (SBG_B) (SUMINISTRO, EXTENDIDO MANUAL, HUMEDECIMIENTO Y COMPACTACIÓN)","M3",132373,"Actualización MO 2022"]
["Antiguo","MANTENIMIENTO Y REHABILITACION DE VIAS",4490,"BACHEO EN PAVIMENTO FLEXIBLE E= 0.12M. (INCLUYE DEMOLICIÓN MANUAL Y CARGUE DE PAVIMENTO FLEXIBLE DE E=0.12M, TRANSPORTE Y DISPOSICIÓN FINAL DE ESCOMBROS, EXCAVACIÓN Y REPOSICIÓN BASE GRANULAR CLASE B (BG_B) E=0.25M, BASE ASFALTICA MD10)","M2",161973,"Actualización MO 2022"]
["Valor de referencia","MANTENIMIENTO Y REHABILITACION DE VIAS",4491,"REHABILITACIÓN DE PAVIMENTO FLEXIBLE E= 0.12M","M2",200718,"Actualización MO 2022"]
["Antiguo","MANTENIMIENTO Y REHABILITACION DE VIAS",4501,"FRESADO Y REPOSICIÓN DE PAVIMENTO FLEXIBLE E=0.12M","M2",101184,"Actualización MO 2022"]
["Antiguo","MANTENIMIENTO Y REHABILITACION DE VIAS",4502,"DEMOLICIÓN Y RECONSTRUCCIÓN DE LOSAS EN CONCRETO HIDRÁULICO MR45 E=0.18M","M2",200424,"Actualización MO 2022"]
["Valor de referencia","MANTENIMIENTO Y REHABILITACION DE VIAS",4503,"REHABILITACIÓN DE PAVIMENTO RÍGIDO: LOSAS EN CONCRETO HIDRÁULICO MR45 E=0.18M","M2",212944,"Actualización MO 2022"]
["Valor de referencia","MANTENIMIENTO Y REHABILITACION DE VIAS",4504,"CONSTRUCCIÓN DE PAVIMENTO RÍGIDO: LOSAS EN CONCRETO HIDRÁULICO MR45 E=0.18M","M2",247207,"Actualización MO 2022"]
["Antiguo","MANTENIMIENTO Y REHABILITACION DE VIAS",4505,"PARCHEO EN PAVIMENTO FLEXIBLE E=10CM. (INCLUYE DEMOLICIÓN MANUAL Y CARGUE DE PAVIMENTO FLEXIBLE DE E=0.10M, TRANSPORTE Y DISPOSICIÓN FINAL DE ESCOMBROS, IMPRIMACIÓN, COLOCACIÓN Y COMPACTACIÓN MD20 E=6CM Y MD12 E=4CM , RIEGO CRR-1, IMPRIMA CLR-0)","M2",100985,"Actualización MO 2022"]
["Antiguo","MANTENIMIENTO Y REHABILITACION DE VIAS",4506,"BACHEO EN PAVIMENTO FLEXIBLE E= 0.10M. (INCLUYE DEMOLICIÓN MANUAL Y CARGUE DE PAVIMENTO FLEXIBLE DE E=0.10M, TRANSPORTE Y DISPOSICIÓN FINAL DE ESCOMBROS, EXCAVACIÓN Y REPOSICIÓN BASE GRANULAR CLASE C (BG_C) E=0.25M, BASE ASFALTICA MD10)","M2",152058,"Actualización MO 2022"]
["Valor de referencia","MANTENIMIENTO Y REHABILITACION DE VIAS",4507,"DEMOLICIÓN Y RECONSTRUCCIÓN DE LOSAS EN CONCRETO HIDRÁULICO MR41 E=0.18M","M2",191230,"Actualización MO 2022"]
["Valor de referencia","MANTENIMIENTO Y REHABILITACION DE VIAS",4508,"REHABILITACIÓN DE PAVIMENTO FLEXIBLE E= 0.10M B= 0.20M SBG= 0.20M","M2",177288,"Actualización MO 2022"]
["Valor de referencia","MANTENIMIENTO Y REHABILITACION DE VIAS",4509,"REHABILITACIÓN DE PAVIMENTO RÍGIDO: LOSAS EN CONCRETO HIDRÁULICO MR41 E=0.18M. INCLUYE SARDINEL, GEOTEXTIL Y EXCAVACIÓN EN BASE E=30CM., BASE BG_A E=30CM","M2",225831,"Actualización MO 2022"]
["Antiguo","MANTENIMIENTO Y REHABILITACION DE VIAS",4510,"FRESADO Y REPOSICIÓN DE PAVIMENTO FLEXIBLE E=0.10M","M2",86308,"Actualización MO 2022"]
["Valor de referencia","MANTENIMIENTO Y REHABILITACION DE VIAS",4511,"CONSTRUCCIÓN DE PAVIMENTO FLEXIBLE E= 0.10M INCLUYE SARDINEL","M2",223686,"Actualización MO 2022"]
["Valor de referencia","MANTENIMIENTO Y REHABILITACION DE VIAS",4512,"CONSTRUCCIÓN DE PAVIMENTO RÍGIDO: LOSAS EN CONCRETO HIDRÁULICO MR41 E=0.18M","M2",246937,"Actualización MO 2022"]
["Antiguo","RELLENOS Y CAPAS GRANULARES",4513,"BASE GRANULAR CLASE C (BG_C) (SUMINISTRO, EXTENDIDO MANUAL, HUMEDECIMIENTO Y COMPACTACIÓN)","M3",133920,"Actualización MO 2022"]
["Antiguo","MANTENIMIENTO Y REHABILITACION DE VIAS",4514,"PARCHEO EN PAVIMENTO FLEXIBLE E=0.14M. (INCLUYE DEMOLICIÓN MANUAL Y CARGUE DE PAVIMENTO FLEXIBLE DE E=0.14M, TRANSPORTE Y DISPOSICIÓN FINAL DE ESCOMBROS, IMPRIMACIÓN, COLOCACIÓN Y COMPACTACIÓN MD20 E=10CM Y MD12 E=4CM , RIEGO CRR-1, IMPRIMA CLR-0)","M2",133789,"Actualización MO 2022"]
["Antiguo","MANTENIMIENTO Y REHABILITACION DE VIAS",4515,"BACHEO EN PAVIMENTO FLEXIBLE E= 0.14M. (INCLUYE DEMOLICIÓN MANUAL Y CARGUE DE PAVIMENTO FLEXIBLE DE E=0.14M, TRANSPORTE Y DISPOSICIÓN FINAL DE ESCOMBROS, EXCAVACIÓN Y REPOSICIÓN BASE GRANULAR CLASE A (BG_A) E=0.20M, BASE ASFALTICA MD10)","M2",178738,"Actualización MO 2022"]
["Antiguo","MANTENIMIENTO Y REHABILITACION DE VIAS",4516,"FRESADO Y REPOSICIÓN DE PAVIMENTO FLEXIBLE E=0.14M","M2",116061,"Actualización MO 2022"]
["Valor de referencia","MANTENIMIENTO Y REHABILITACION DE VIAS",4517,"DEMOLICIÓN Y RECONSTRUCCIÓN DE LOSAS EN CONCRETO HIDRÁULICO MR45 E=0.20M","M2",216107,"Actualización MO 2022"]
["Antiguo","MANTENIMIENTO Y REHABILITACION DE VIAS",4518,"SOBRECARPETA: RODADURA ASFÁLTICA E=0.04M","M2",34495,"Actualización MO 2022"]
["Antiguo","MANTENIMIENTO Y REHABILITACION DE VIAS",4519,"SOBRECARPETA: RODADURA ASFÁLTICA E=0.06M","M2",48653,"Actualización MO 2022"]
["Antiguo","MANTENIMIENTO Y REHABILITACION DE VIAS",4520,"SOBRECARPETA: RODADURA ASFÁLTICA e=0.08M","M2",51873,"Actualización MO 2022"]
["Antiguo","MANTENIMIENTO Y REHABILITACION DE VIAS",4522,"BACHEO EN PAVIMENTO FLEXIBLE E= 0.12M (ESTABILIZACIÓN DE BASE GRANULAR CON EMULSIÓN + CEMENTO 5% E=0.10M. INCLUYE DEMOLICIÓN Y CARGUE DE PAVIMENTO FLEXIBLE DE E=0.12M, TRANSPORTE Y DISPOSICIÓN ESCOMBROS, EXCAVACIÓN Y BASE (BG-B) E=0.10, MD 10)","M2",166719,"Actualización MO 2022"]
["Valor de referencia","MANTENIMIENTO Y REHABILITACION DE VIAS",4523,"CONSTRUCCIÓN PAVIMENTO ARTICULADO EN ADOQUIN DE ARCILLA - TRAFICO LIVIANO","M2",179601,"Actualización MO 2022"]
["Valor de referencia","MANTENIMIENTO Y REHABILITACION DE VIAS",4524,"CONSTRUCCIÓN PAVIMENTO ARTICULADO EN ADOQUIN DE ARCILLA - TRAFICO PESADO","M2",197952,"Actualización MO 2022"]
["Antiguo","PAVIMENTOS",4525,"SELLADO DE JUNTAS EN PAVIMENTO FLEXIBLE (INCLUYE LIMPIEZA, SUMINISTRO E INSTALACIÓN DE FONDO Y EMULSIÓN ASFÁLTICA CRR-1)","ML",6085,"Actualización MO 2022"]
["Antiguo","MANTENIMIENTO Y REHABILITACION DE VIAS",4541,"PARCHEO EN PAVIMENTO FLEXIBLE CON MD12. (INCLUYE DEMOLICIÓN MANUAL Y CARGUE DE PAVIMENTO FLEXIBLE, TRANSPORTE Y DISPOSICIÓN FINAL DE ESCOMBROS, IMPRIMACIÓN, COLOCACIÓN Y COMPACTACIÓN BASE ASFÁLTICA MD12, RIEGO CRR-1)","M3",913835,"Actualización MO 2022"]
["Antiguo","MANTENIMIENTO Y REHABILITACION DE VIAS",4542,"PARCHEO EN PAVIMENTO FLEXIBLE CON MD-12. (INCLUYE DEMOLICIÓN MANUAL Y CARGUE DE PAVIMENTO FLEXIBLE, TRANSPORTE Y DISPOSICIÓN FINAL DE ESCOMBROS, IMPRIMACIÓN, COLOCACIÓN Y COMPACTACIÓN BASE ASFÁLTICA MD-12, RIEGO CRR-1)","M3",913826,"Actualización MO 2022"]
["Antiguo","ANDENES Y SARDINELES",4543,"SARDINEL PREFABRICADO ALTO RAMPAS A86 (SUMINISTRO E INSTALACIÓN. INCLUYE 3CM MORTERO DE NIVELACIÓN 1:5)","ML",45050,"Actualización MO 2022"]
["Antiguo","ANDENES Y SARDINELES",4544,"SARDINEL PREFABRICADO ALTO RAMPAS A86 (SUMINISTRO E INSTALACIÓN. INCLUYE 3CM MORTERO DE NIVELACIÓN 2000 PSI)","ML",45941,"Actualización MO 2022"]
["Antiguo","ANDENES Y SARDINELES",4545,"SARDINEL PREFABRICADO ALTO RAMPAS A86 (SUMINISTRO E INSTALACIÓN. SIN MATERIAL DE BASE)","ML",43278,"Actualización MO 2022"]
["Antiguo","REDES ALCANTARILLADO / DRENAJE",4549,"SUMIDERO ALCANTARILLADO COMBINADO EN ANDEN NS-047-1V4 EAAB","UN",4720096,"Actualización MO 2022"]
["Antiguo","REDES ALCANTARILLADO / DRENAJE",4550,"SUMIDERO ALCANTARILLADO COMBINADO EN VIA NS-047-1V4 EAAB","UN",3391286,"Actualización MO 2022"]
["Antiguo","REDES ALCANTARILLADO / DRENAJE",4551,"SUMIDERO ALCANTARILLADO PLUVIAL EN ANDEN NS-047-1V4 EAAB","UN",3694972,"Actualización MO 2022"]
["Antiguo","REDES ALCANTARILLADO / DRENAJE",4553,"POZO DE INSPECCION D=1.7 M (INCL. SUMINISTRO E INSTALACION). INCLUYE CILINDRO POZO DE INSPECCION EN MAMPOSTERIA, CONO PREFABRICADO, PLACA FONDO.","UN",2656054,"Actualización MO 2022"]
["Antiguo","PAVIMENTOS",4555,"LOSA DE PAVIMENTO EN CONCRETO HIDRAULICO MR50 CON FORMALETA FIJA, HIERROS DE TRANSFERENCIA, HIERROS DE AMARRE, ADITIVOS","M3",587575,"Actualización MO 2022"]
["Antiguo","RELLENOS Y CAPAS GRANULARES",4556,"SUBBASE GRANULAR CLASE A (SBG_A) (SUMINISTRO, EXTENDIDO MANUAL, HUMEDECIMIENTO Y COMPACTACIÓN)","M3",140108,"Actualización MO 2022"]
["Antiguo","RELLENOS Y CAPAS GRANULARES",4557,"SUBBASE GRANULAR CLASE C (SBG_C) (SUMINISTRO, EXTENDIDO MANUAL, HUMEDECIMIENTO Y COMPACTACIÓN)","M3",129279,"Actualización MO 2022"]
["Antiguo","REDES ALCANTARILLADO / DRENAJE",4558,"SUMIDERO ALCANTARILLADO PLUVIAL EN VIA NS-047-1V4 EAAB","UN",4696824,"Actualización MO 2022"]
["Antiguo","CONCRETO Y ACERO PARA ESTRUCTURAS",4559,"CONCRETO 1500 PSI (HECHO EN OBRA 1:3:5 CON ARENA Y GRAVILLA DE RÍO)","M3",323343,"Actualización MO 2022"]
["Antiguo","CONCRETO Y ACERO PARA ESTRUCTURAS",4560,"CONCRETO 2500 PSI (HECHO EN OBRA CON MATERIAL DE RÍO)","M3",351617,"Actualización MO 2022"]
["Antiguo","CONCRETO Y ACERO PARA ESTRUCTURAS",4561,"CONCRETO 3000 PSI (HECHO EN OBRA 1:2:2 CON MATERIAL DE RÍO)","M3",422592,"Actualización MO 2022"]
["Antiguo","RELLENOS Y CAPAS GRANULARES",4562,"RELLENO PARA ANDENES EN SUBBASE GRANULAR B-600 (SUMINISTRO, TRANSPORTE, EXTENDIDO, HUMEDECIMIENTO Y COMPACTACIÓN)","M3",105164,"Actualización MO 2022"]
["Antiguo","RELLENOS Y CAPAS GRANULARES",4563,"RELLENO PARA ANDENES EN SUBBASE GRANULAR B-200 (SUMINISTRO, EXTENDIDO, HUMEDECIMIENTO Y COMPACTACIÓN)","M3",75134,"Actualización MO 2022"]
["Antiguo","CONCRETO Y ACERO PARA ESTRUCTURAS",4564,"CONCRETO 2000 PSI (HECHO EN OBRA 1:3:3 CON MATERIAL DE RÍO)","M3",367982,"Actualización MO 2022"]
["Antiguo","CONCRETO Y ACERO PARA ESTRUCTURAS",4565,"CONCRETO 3500 PSI (HECHO EN OBRA CON MATERIAL DE RÍO)","M3",422081,"Actualización MO 2022"]
["Antiguo","CONCRETO Y ACERO PARA ESTRUCTURAS",4566,"CONCRETO 4000 PSI (HECHO EN OBRA CON MATERIAL DE RÍO)","M3",435233,"Actualización MO 2022"]
["Antiguo","PAVIMENTOS",4567,"MEZCLA ASFÁLTICA EN CALIENTE TIPO DENSO MD12 ASF CONVENCIONAL CON CEMENTO ASFÁLTICO 80-100 (SUMINISTRO, EXTENDIDO Y NIVELACIÓN MANUAL Y COMPACTACIÓN MECANICA CON VIBROCOMPACTADOR BENITIN DE 1 TONELADA INCLUYE OPERARIO Y COMBUSTIBLE)","M3",790209,"Actualización MO 2022"]
["Antiguo","PAVIMENTOS",4568,"MEZCLA DENSA EN CALIENTE MD-12 Asfalto 80-100 (Suministro, Extendido y Nivelación Manual y Compactación mecánica con Vibrocompactador Benitín de 1 Tonelada, incluye operario y combustible)","M3",790209,"Actualización MO 2022"]
["Antiguo","SEÑALIZACIÓN",4569,"ESTOPEROLES DE 10 CM X 2.5 CM. SUMINISTRO E INSTALACION.","UN",5945,"Actualización MO 2022"]
["Valor de referencia","INDICES",4575,"CONSTRUCCION DE ANDEN EN ADOQUIN DE ARCILLA SOBRE ARENA. NO INCLUYE BORDILLO. NO INCLUYE REDES","M2",151115,"Actualización MO 2022"]
["Valor de referencia","INDICES",4576,"CONSTRUCCIÓN DE ANDEN EN LOSA DE CONCRETO DE 3000 PSI HECHO EN OBRA. NO INCLUYE BORDILLO. NO INCLUYE REDES.","M2",155356,"Actualización MO 2022"]
["Valor de referencia","INDICES",4577,"CONSTRUCCION DE CICLORUTA. NO INCLUYE REDES.","M2",125213,"Actualización MO 2022"]
["Antiguo","INDICES",4578,"CONSTRUCCION DE BORDILLO PREFABRICADO A80. NO INCLUYE REDES","ML",62616,"Actualización MO 2022"]
["Valor de referencia","INDICES",4579,"REHABILITACION ANDEN ADOQUIN ARCILLA TR LIVIANO SOBRE MORTERO. NO INCL BORDILLO. INCL. RETIRO ADOQUIN E INSTALAR NUEVO. NO INCLUYE REDES.","M2",116804,"Actualización MO 2022"]
["Antiguo","ANDENES Y SARDINELES",4581,"RETIRO DE ADOQUIN SOBRE MORTERO","M2",2180,"Actualización MO 2022"]
["Valor de referencia","INDICES",4582,"REHABILITACIÓN DE ANDEN EN LOSA DE CONCRETO DE 3000 PSI HECHO EN OBRA. NO INCLUYE BORDILLO. NO INCLUYE REDES.","M2",110886,"Actualización MO 2022"]
["Valor de referencia","INDICES",4583,"REHABILITACION ZONA VERDE E=10 CM. INCLUYE DESCAPOTE, SIEMBRA DE GRAMA, TIERRA NEGRA Y RETIRO DE MATERIAL ORGANICO. NO INCLUYE REDES.","M2",22302,"Actualización MO 2022"]
["Valor de referencia","INDICES",4584,"REHABILITACION DE CICLORUTA. NO INCLUYE REDES.","M2",81901,"Actualización MO 2022"]
["Valor de referencia","REHABILITACION DE PAVIMENTO RÍGIDO",4585,"REHABILITACIÓN DE PAVIMENTO RÍGIDO: LOSAS EN CONCRETO HIDRÁULICO MR41 E=0.18M. EXCAVACIÓN EN BASE E=15CM., BASE BG_B E=15CM. NO INCLUYE SARDINEL, GEOTEXTIL.","M2",175462,"Actualización MO 2022"]
["Valor de referencia","MANTENIMIENTO Y REHABILITACION DE VIAS",4586,"REHABILITACION PAVIMENTO ARTICULADO EN ADOQUIN DE ARCILLA - TRAFICO PESADO","M2",103134,"Actualización MO 2022"]
["Antiguo","INDICES",4588,"CONSTRUCCIÓN DE ESCALERAS EN CONCRETO 3000 PSI GRAVA COMÚN. INCLUYE EXCAVACIÓN MANUAL, SUBBASE GRANULAR CLASE B, ACERO DE REFUERZO Y TRANSPORTE Y DISPOSICIÓN FINAL DE ESCOMBROS.","M2",313615,"Actualización MO 2022"]
["Valor de referencia","INDICES",4589,"MANTENIMIENTO PREVENTIVO ESPACIO PUBLICO EN ADOQUIN INCLUYE SELLO DE JUNTAS, BARRIDO, Y RETIRO MANUAL DE CAPA VEGETAL","M2",1526,"Actualización MO 2022"]
["Antiguo","ANDENES Y SARDINELES",4592,"RETIRO DE ADOQUIN SOBRE ARENA","M2",1389,"Actualización MO 2022"]
["Antiguo","PAVIMENTOS",4593,"ADOQUIN DE ARCILLA TR. LIVIANO 20X10X6CM (SUMINISTRO E INSTALACIÓN. INCLUYE BASE 4CM MORTERO 2000 Y ARENA DE SELLO)","M2",71156,"Actualización MO 2022"]
["Valor de referencia","INDICES",4594,"REHABILITACION ANDEN ADOQUIN ARCILLA TR LIVIANO SOBRE ARENA NO INCL BORDILLO. INCL. DEMOLICION ADOQUIN E INSTALAR NUEVO. NO INCLUYE REDES.","M2",102327,"Actualización MO 2022"]
["Valor de referencia","INDICES",4595,"MANTENIMIENTO CORRECTIVO DE ESPACIO PUBLICO ADOQUIN DE ARCILLA LIVIANO SOBRE MORTERO. INCL. RETIRO ADOQUIN E INSTALAR NUEVO. NO INCLUYE REDES.","M2",76779,"Actualización MO 2022"]
["Valor de referencia","INDICES",4596,"MANTENIMIENTO CORRECTIVO ESPACIO PUBLICO EN ADOQUIN DE ARCILLA LIVIANO SOBRE ARENA. INCL. RETIRO ADOQUIN E INSTALAR NUEVO. NO INCLUYE REDES.","M2",59616,"Actualización MO 2022"]
["Valor de referencia","INDICES",4597,"MANTENIMIENTO PREVENTIVO PARA CICLORUTAS","M2",12826,"Actualización MO 2022"]
["Antiguo","ANÁLISIS AUXILIARES",4598,"SELLO DE GRIETAS","ML",8107,"Actualización MO 2022"]
["Antiguo","ANÁLISIS AUXILIARES",4599,"TRATAMIENTO SUPERFICIAL SIMPLE","M2",36654,"Actualización MO 2022"]
["Antiguo","ANÁLISIS AUXILIARES",4600,"TRATAMIENTO SUPERFICIAL DOBLE","M2",82976,"Actualización MO 2022"]
["Antiguo","ANÁLISIS AUXILIARES",4601,"SOBRECARPETA: RODADURA ASFÁLTICA E=0.05M","M2",40979,"Actualización MO 2022"]
["Antiguo","ANÁLISIS AUXILIARES",4602,"RECONSTRUCCION TRATAMIENTO SUPERFICIAL DOBLE","M2",101427,"Actualización MO 2022"]
["Valor de referencia","ANÁLISIS AUXILIARES",4603,"CONSTRUCCION DE CAMINO EN GRAVA","M2",1094,"Actualización MO 2022"]
["Antiguo","EXCAVACIONES",4604,"DESCAPOTE A MAQUINA EN MATERIAL COMUN (E=0.1M. INCLUYE CARGUE). INCLUYE DISPOSICION FINAL DE ESCOMBROS","M2",5289,"Actualización MO 2022"]
["Valor de referencia","MANTENIMIENTO Y REHABILITACION DE VIAS",4605,"CONSTRUCCIÓN DE PAVIMENTO FLEXIBLE E= 0.10M (NO INCLUYE SARDINEL)","M2",195869,"Actualización MO 2022"]
["Antiguo","RELLENOS Y CAPAS GRANULARES",4606,"TRITURADO 3/4\" E=0.1M. SUMINISTRO E INSTALACION.","M2",17261,"Actualización MO 2022"]
["Valor de referencia","ANÁLISIS AUXILIARES",4607,"CONSTRUCCION DE CAMINO CON SUBBASE GRANULAR TIPO C SBG-C E=0.30MT","M2",51603,"Actualización MO 2022"]
["Valor de referencia","ANÁLISIS AUXILIARES",4608,"REHABILITACION DE CAMINO CON SUBBASE GRANULAR TIPO C SBG-C E=0.30MT","M2",25802,"Actualización MO 2022"]
["Valor de referencia","ANÁLISIS AUXILIARES",4609,"CONSTRUCCIÓN DE CAMINO CON SUBBASE GRANULAR TIPO C SBG-C E=0.30MT INCLUYE TRANSPORTE Y DISPOSICIÓN DE ESCOMBRO Y TRATAMIENTO SUPERFICIAL SIMPLE","M2",89251,"Actualización MO 2022"]
["Valor de referencia","ANÁLISIS AUXILIARES",4610,"MANTENIMIENTO CORRECTIVO DE CICLORUTAS (SOBRECARPETA: RODADURA ASFÁLTICA E=0.04M)","M2",42446,"Actualización MO 2022"]
["Antiguo","REDES ACUEDUCTO",4611,"CARCAMO TIPO PLACA DE PROTECCIÓN PARA TUBERÍA Ø 8\" NORMA EAAB NS-090 . 3V.2. INCLUYE: DESPERDICIOS, COMPACTACIÓN Y DESPUNTES.","ML",128245,"Actualización MO 2022"]
["Antiguo","REDES ACUEDUCTO",4612,"CARCAMO TIPO PLACA DE PROTECCIÓN PARA TUBERÍA Ø 10\" NORMA EAAB NS-090 . 3V.2. INCLUYE: DESPERDICIOS, COMPACTACIÓN Y DESPUNTES.","ML",128680,"Actualización MO 2022"]
["Antiguo","TRANSPORTES Y ACARREOS",4613,"TRANSPORTE Y DISPOSICION FINAL DE ESCOMBROS EN SITIO AUTORIZADO (DISTANCIA DE TRANSPORTE 28 KM)","M3",44572,"Actualización MO 2022"]
["Antiguo","REDES ACUEDUCTO",4614,"CARCAMO TIPO PLACA DE PROTECCIÓN PARA TUBERÍA Ø 12\" NORMA EAAB NS-090 . 3V.2. INCLUYE: DESPERDICIOS, COMPACTACIÓN Y DESPUNTES.","ML",129106,"Actualización MO 2022"]
["Antiguo","REDES ACUEDUCTO",4615,"CARCAMO TIPO PLACA DE PROTECCIÓN PARA TUBERÍA Ø 16\" NORMA EAAB NS-090 . 3V.2. INCLUYE: DESPERDICIOS, COMPACTACIÓN Y DESPUNTES.","ML",166431,"Actualización MO 2022"]
["Antiguo","REDES ACUEDUCTO",4616,"CARCAMO TIPO PLACA DE PROTECCIÓN PARA TUBERÍA Ø 18\" NORMA EAAB NS-090 . 3V.2. INCLUYE: DESPERDICIOS, COMPACTACIÓN Y DESPUNTES.","ML",166862,"Actualización MO 2022"]
["Antiguo","REDES ACUEDUCTO",4617,"CARCAMO TIPO PLACA DE PROTECCIÓN PARA TUBERÍA Ø 20\" NORMA EAAB NS-090 . 3V.2. INCLUYE: DESPERDICIOS, COMPACTACIÓN Y DESPUNTES.","ML",199689,"Actualización MO 2022"]
["Antiguo","REDES ACUEDUCTO",4618,"CARCAMO TIPO PLACA DE PROTECCIÓN PARA TUBERÍA Ø 24\" NORMA EAAB NS-090 . 3V.2. INCLUYE: DESPERDICIOS, COMPACTACIÓN Y DESPUNTES.","ML",207777,"Actualización MO 2022"]
["Antiguo","REDES ACUEDUCTO",4619,"CARCAMO TIPO PLACA DE PROTECCIÓN PARA TUBERÍA Ø 27\" NORMA EAAB NS-090 . 3V.2. INCLUYE: DESPERDICIOS, COMPACTACIÓN Y DESPUNTES.","ML",228511,"Actualización MO 2022"]
["Antiguo","REDES ACUEDUCTO",4620,"CARCAMO TIPO PLACA DE PROTECCIÓN PARA TUBERÍA Ø 30\" NORMA EAAB NS-090 . 3V.2. INCLUYE: DESPERDICIOS, COMPACTACIÓN Y DESPUNTES.","ML",247105,"Actualización MO 2022"]
["Antiguo","REDES ACUEDUCTO",4621,"CARCAMO TIPO PLACA DE PROTECCIÓN PARA TUBERÍA Ø 32\" NORMA EAAB NS-090 . 3V.2. INCLUYE: DESPERDICIOS, COMPACTACIÓN Y DESPUNTES.","ML",275161,"Actualización MO 2022"]
["Antiguo","REDES ACUEDUCTO",4622,"CARCAMO TIPO PLACA DE PROTECCIÓN PARA TUBERÍA Ø 36\" NORMA EAAB NS-090 . 3V.2. INCLUYE: DESPERDICIOS, COMPACTACIÓN Y DESPUNTES.","ML",289553,"Actualización MO 2022"]
["Antiguo","REDES ACUEDUCTO",4624,"TUBERIA GRP 300MM (INCLUYE TRANSPORTE). SUMINISTRO E INSTALACION.","ML",533865,"Actualización MO 2022"]
["Antiguo","REDES ACUEDUCTO",4625,"TUBERIA GRP 400MM (INCLUYE TRANSPORTE). SUMINISTRO E INSTALACION.","ML",612935,"Actualización MO 2022"]
["Antiguo","REDES ACUEDUCTO",4626,"TUBERIA GRP 500MM (INCLUYE TRANSPORTE). SUMINISTRO E INSTALACION.","ML",700113,"Actualización MO 2022"]
["Antiguo","REDES ACUEDUCTO",4627,"TUBERIA GRP 600MM (INCLUYE TRANSPORTE). SUMINISTRO E INSTALACION.","ML",799085,"Actualización MO 2022"]
["Antiguo","REDES ACUEDUCTO",4628,"TUBERIA GRP 700MM (INCLUYE TRANSPORTE). SUMINISTRO E INSTALACION.","ML",1046824,"Actualización MO 2022"]
["Antiguo","REDES ACUEDUCTO",4629,"TUBERIA GRP 800MM (INCLUYE TRANSPORTE). SUMINISTRO E INSTALACION.","ML",1170495,"Actualización MO 2022"]
["Antiguo","REDES ACUEDUCTO",4630,"TUBERIA GRP 900MM (INCLUYE TRANSPORTE). SUMINISTRO E INSTALACION.","ML",1367020,"Actualización MO 2022"]
["Antiguo","REDES ACUEDUCTO",4631,"TUBERIA GRP 1000MM (INCLUYE TRANSPORTE). SUMINISTRO E INSTALACION.","ML",1552369,"Actualización MO 2022"]
["Antiguo","REDES ACUEDUCTO",4632,"TUBERIA GRP 1100MM (INCLUYE TRANSPORTE). SUMINISTRO E INSTALACION.","ML",1732768,"Actualización MO 2022"]
["Antiguo","REDES ACUEDUCTO",4633,"TUBERIA GRP 1200MM (INCLUYE TRANSPORTE). SUMINISTRO E INSTALACION.","ML",2067433,"Actualización MO 2022"]
["Antiguo","REDES ACUEDUCTO",4634,"TUBERIA GRP 1300MM (INCLUYE TRANSPORTE). SUMINISTRO E INSTALACION.","ML",2283731,"Actualización MO 2022"]
["Antiguo","REDES ACUEDUCTO",4635,"TUBERIA GRP 1400MM (INCLUYE TRANSPORTE). SUMINISTRO E INSTALACION.","ML",2534999,"Actualización MO 2022"]
["Antiguo","REDES ACUEDUCTO",4636,"TUBERIA GRP 1500MM (INCLUYE TRANSPORTE). SUMINISTRO E INSTALACION.","ML",2806725,"Actualización MO 2022"]
["Antiguo","REDES ACUEDUCTO",4637,"TUBERIA GRP 1600MM (INCLUYE TRANSPORTE). SUMINISTRO E INSTALACION.","ML",3142919,"Actualización MO 2022"]
["Antiguo","REDES ACUEDUCTO",4638,"TUBERIA GRP 1700MM (INCLUYE TRANSPORTE). SUMINISTRO E INSTALACION.","ML",3514649,"Actualización MO 2022"]
["Antiguo","MANTENIMIENTO Y REHABILITACION DE VIAS",4639,"CONSTRUCCIÓN DE PAVIMENTO FLEXIBLE MD10 E=0.08M Y MD20 E= 0.18M (NO INCLUYE SARDINEL)","M2",288788,"Actualización MO 2022"]
["Antiguo","MANTENIMIENTO Y REHABILITACION DE VIAS",4640,"CONSTRUCCIÓN DE PAVIMENTO FLEXIBLE MD10 E=0.06M Y MD20 E= 0.18M (NO INCLUYE SARDINEL)","M2",269241,"Actualización MO 2022"]
["Antiguo","REDES ACUEDUCTO",4641,"ACOPLE GRP 300MM. SUMINISTRO E INSTALACION.","UN",501480,"Actualización MO 2022"]
["Antiguo","REDES ACUEDUCTO",4642,"ACOPLE GRP 350MM. SUMINISTRO E INSTALACION.","UN",507822,"Actualización MO 2022"]
["Antiguo","REDES ACUEDUCTO",4643,"ACOPLE GRP 400MM. SUMINISTRO E INSTALACION.","UN",568974,"Actualización MO 2022"]
["Antiguo","REDES ACUEDUCTO",4644,"ACOPLE GRP 500MM. SUMINISTRO E INSTALACION.","UN",602001,"Actualización MO 2022"]
["Antiguo","REDES ACUEDUCTO",4645,"ACOPLE GRP 600MM. SUMINISTRO E INSTALACION.","UN",870513,"Actualización MO 2022"]
["Antiguo","REDES ACUEDUCTO",4646,"ACOPLE GRP 700MM. SUMINISTRO E INSTALACION.","UN",1102941,"Actualización MO 2022"]
["Antiguo","REDES ACUEDUCTO",4647,"ACOPLE GRP 800MM. SUMINISTRO E INSTALACION.","UN",1278054,"Actualización MO 2022"]
["Antiguo","REDES ACUEDUCTO",4648,"ACOPLE GRP 900MM. SUMINISTRO E INSTALACION.","UN",1343211,"Actualización MO 2022"]
["Antiguo","REDES ACUEDUCTO",4649,"ACOPLE GRP 1000MM. SUMINISTRO E INSTALACION.","UN",1501472,"Actualización MO 2022"]
["Antiguo","REDES ACUEDUCTO",4650,"ACOPLE GRP 1100MM. SUMINISTRO E INSTALACION.","UN",1618295,"Actualización MO 2022"]
["Antiguo","REDES ACUEDUCTO",4651,"ACOPLE GRP 1200MM. SUMINISTRO E INSTALACION.","UN",1857047,"Actualización MO 2022"]
["Antiguo","REDES ACUEDUCTO",4652,"ACOPLE GRP 1300MM. SUMINISTRO E INSTALACION.","UN",1760807,"Actualización MO 2022"]
["Antiguo","REDES ACUEDUCTO",4653,"ACOPLE GRP 1400MM. SUMINISTRO E INSTALACION.","UN",1841553,"Actualización MO 2022"]
["Antiguo","REDES ACUEDUCTO",4654,"ACOPLE GRP 1500MM. SUMINISTRO E INSTALACION.","UN",2040014,"Actualización MO 2022"]
["Antiguo","REDES ACUEDUCTO",4655,"ACOPLE GRP 1600MM. SUMINISTRO E INSTALACION.","UN",2384510,"Actualización MO 2022"]
["Antiguo","REDES ACUEDUCTO",4656,"ACOPLE GRP 1700MM. SUMINISTRO E INSTALACION.","UN",2520027,"Actualización MO 2022"]
["Antiguo","REDES ACUEDUCTO",4657,"ACOPLE GRP 1800MM. SUMINISTRO E INSTALACION.","UN",3193866,"Actualización MO 2022"]
["Antiguo","REDES ACUEDUCTO",4658,"ACOPLE GRP 2000MM. SUMINISTRO E INSTALACION.","UN",3488954,"Actualización MO 2022"]
["Antiguo","REDES ACUEDUCTO",4659,"TUBERIA GRP 1800MM (INCLUYE TRANSPORTE). SUMINISTRO E INSTALACION.","ML",3948581,"Actualización MO 2022"]
["Antiguo","REDES ACUEDUCTO",4660,"TUBERIA GRP 2000MM (INCLUYE TRANSPORTE). SUMINISTRO E INSTALACION.","ML",4923487,"Actualización MO 2022"]
["Antiguo","REDES ACUEDUCTO",4661,"TUBERIA GRP 2400MM (INCLUYE TRANSPORTE). SUMINISTRO E INSTALACION.","ML",7224504,"Actualización MO 2022"]
["Antiguo","REDES ACUEDUCTO",4662,"ACOPLE GRP 2400MM. SUMINISTRO E INSTALACION.","UN",4606855,"Actualización MO 2022"]
["Antiguo","MANTENIMIENTO Y REHABILITACION DE VIAS",4663,"PARCHEO EN PAVIMENTO FLEXIBLE E=0.12M. (INCLUYE DEMOLICIÓN MANUAL Y CARGUE DE PAVIMENTO FLEXIBLE DE E=0.12M, TRANSPORTE Y DISPOSICIÓN FINAL DE ESCOMBROS, IMPRIMACIÓN, COLOCACIÓN Y COMPACTACIÓN MD20 E=8CM Y MD12 E=4CM , RIEGO CRR-1, IMPRIMA CLR-0)","M2",117386,"Actualización MO 2022"]
["Valor de referencia","MANTENIMIENTO Y REHABILITACION DE VIAS",4664,"CONSTRUCCIÓN DE PAVIMENTO FLEXIBLE E= 0.15M (NO INCLUYE SARDINEL)","M2",244849,"Actualización MO 2022"]
["Valor de referencia","MANTENIMIENTO Y REHABILITACION DE VIAS",4665,"REHABILITACIÓN DE PAVIMENTO FLEXIBLE E= 0.18M BG=25CM, SBG=30CM","M2",266009,"Actualización MO 2022"]
["Valor de referencia","MANTENIMIENTO Y REHABILITACION DE VIAS",4666,"REHABILITACIÓN DE PAVIMENTO RÍGIDO: LOSAS EN CONCRETO HIDRÁULICO MR45 E=0.20M","M2",217706,"Actualización MO 2022"]
["Valor de referencia","MANTENIMIENTO Y REHABILITACION DE VIAS",4667,"CONSTRUCCIÓN DE PAVIMENTO RÍGIDO: LOSAS EN CONCRETO HIDRÁULICO MR45 E=0.20M (NO INCLUYE SARDINEL)","M2",259348,"Actualización MO 2022"]
["Antiguo","GEOSINTETICOS",4668,"GEOTEXTIL NT 1600 PARA SEPARACION SUBRASANTE/CAPAS GRANULARES (INCLUYE SUMINISTRO E INSTALACIÓN)","M2",4850,"Actualización MO 2022"]
["Antiguo","GEOSINTETICOS",4669,"GEOTEXTIL NT 1800 PARA SEPARACION SUBRASANTE/CAPAS GRANULARES (INCLUYE SUMINISTRO E INSTALACIÓN)","M2",5990,"Actualización MO 2022"]
["Antiguo","GEOSINTETICOS",4670,"GEOTEXTIL NT 2000 PARA SEPARACION SUBRASANTE/CAPAS GRANULARES (INCLUYE SUMINISTRO E INSTALACIÓN)","M2",5679,"Actualización MO 2022"]
["Antiguo","GEOSINTETICOS",4671,"GEOTEXTIL NT 2500 PARA SEPARACION SUBRASANTE/CAPAS GRANULARES (INCLUYE SUMINISTRO E INSTALACIÓN)","M2",6630,"Actualización MO 2022"]
["Antiguo","GEOSINTETICOS",4672,"GEOTEXTIL NT 1600 PARA SUBDRENES/FILTROS (INCLUYE SUMINISTRO E INSTALACIÓN)","M2",4850,"Actualización MO 2022"]
["Antiguo","GEOSINTETICOS",4673,"GEOTEXTIL NT 1800 PARA SUBDRENES/FILTROS (INCLUYE SUMINISTRO E INSTALACIÓN)","M2",5990,"Actualización MO 2022"]
["Antiguo","GEOSINTETICOS",4674,"GEOTEXTIL NT 2000 PARA SUBDRENES/FILTROS (INCLUYE SUMINISTRO E INSTALACIÓN)","M2",6255,"Actualización MO 2022"]
["Antiguo","MOBILIARIO URBANO - ARBOLES Y GRAMAS",4675,"CANECA TIPO M120 (EN MALLA METÁLICA. INCLUYE SUMINISTRO E INSTALACIÓN. INCLUYE BASE EN CONCRETO 3000 PSI, PREMEZCLADO","UN",308759,"Actualización MO 2022"]
["Antiguo","GEOSINTETICOS",4676,"GEOTEXTIL NT 2500 PARA SUBDRENES/FILTROS (INCLUYE SUMINISTRO E INSTALACIÓN)","M2",6630,"Actualización MO 2022"]
["Valor de referencia","INDICES",4677,"MANTENIMIENTO CORRECTIVO DE ESPACIO PUBLICO ADOQUIN DE ARCILLA PESADO SOBRE MORTER. INCL. RETIRO ADOQUIN E INSTALAR NUEVO","M2",95031,"Actualización MO 2022"]
["Antiguo","PAVIMENTOS",4678,"ADOQUIN DE ARCILLA TR.PESADO 0.20X10X8CM (SUMINISTRO E INSTALACIÓN. INCLUYE BASE 4CM MORTERO 2000 Y ARENA DE SELLO)","M2",89408,"Actualización MO 2022"]
["Valor de referencia","INDICES",4679,"MANTENIMIENTO CORRECTIVO ESPACIO PUBLICO EN ADOQUIN DE ARCILLA TRAFICO PESADO SOBRE ARENA. INCL. RETIRO ADOQUIN E INSTALAR NUEVO","M2",77868,"Actualización MO 2022"]
["Valor de referencia","INDICES",4680,"MANTENIMIENTO CORRECTIVO ESPACIO PUBLICO EN ADOQUIN DE CONCRETO TRAFICO LIVIANO SOBRE ARENA. INCL. RETIRO ADOQUIN E INSTALAR NUEVO","M2",71524,"Actualización MO 2022"]
["Valor de referencia","INDICES",4681,"MANTENIMIENTO CORRECTIVO ESPACIO PUBLICO EN ADOQUIN DE CONCRETO TRAFICO PESADO 20X10X8CM SOBRE ARENA. INCL. RETIRO ADOQUIN E INSTALAR NUEVO","M2",75268,"Actualización MO 2022"]
["Valor de referencia","INDICES",4682,"REHABILITACION ANDEN ADOQUIN ARCILLA TR. PESADO SOBRE ARENA NO INCL BORDILLO. INCL. DEMOLICION ADOQUIN E INSTALAR NUEVO","M2",120579,"Actualización MO 2022"]
["Valor de referencia","INDICES",4683,"REHABILITACION DE ANDEN EN ADOQUIN DE ARCILLA SOBRE MORTER. NO INCL BORDILLO. INCL. RETIRO ADOQUIN E INSTALAR NUEVO","M2",135056,"Actualización MO 2022"]
["Valor de referencia","INDICES",4684,"REHABILITACIÓN DE ANDEN EN ADOQUIN DE CONCRETO TRAFICO PESADO (20X10X8CM) BASE ARENA. NO INCL BORDILLO. INCL. DEMOLICIÓN ADOQUIN E INSTALAR NUEVO","M2",117979,"Actualización MO 2022"]
["Valor de referencia","INDICES",4685,"REHABILITACION DE ANDEN EN ADOQUIN DE CONCRETO L BASE ARENA. NO INCL BORDILLO. INCL. DEMOLICION ADOQUIN E INSTALAR NUEVO","M2",114235,"Actualización MO 2022"]
["Antiguo","MOBILIARIO URBANO - ARBOLES Y GRAMAS",4686,"REPOSICION BOLARDO M63 INCLUYE EXCAVACION CARGUE Y DISPOSICION FINAL DE ESCOMBROS Y BASE EN CONCRETO DE 1500PSI","UN",157246,"Actualización MO 2022"]
["Antiguo","INDICES",4687,"REPOSICION BOLARDO M61 INCLUYE EXCAVACION CARGUE Y DISPOSICION FINAL DE ESCOMBROS Y BASE EN CONCRETO DE 1500PSI","UN",96078,"Actualización MO 2022"]
["Antiguo","MOBILIARIO URBANO - ARBOLES Y GRAMAS",4688,"REPOSICION DE PROTECTOR DE ARBOL DE UN TUBO M91. INCLUYE EXCAVACION. TRANSPORTE Y DISPOSICION FINAL, INSTALA. NUEVO PROT","UN",179264,"Actualización MO 2022"]
["Antiguo","MOBILIARIO URBANO - ARBOLES Y GRAMAS",4689,"BOLARDO EN CONCRETO TIPO M60 (SUMINISTRO E INSTALACIÓN. INCLUYE BASE EN CONCRETO 3000 PSI, HECHO EN OBRA)","UN",130140,"Actualización MO 2022"]
["Antiguo","MOBILIARIO URBANO - ARBOLES Y GRAMAS",4690,"BOLARDO EN CONCRETO TIPO M60 (SUMINISTRO E INSTALACIÓN. INCLUYE BASE EN CONCRETO 3000 PSI, PREMEZCLADO)","UN",128016,"Actualización MO 2022"]
["Antiguo","MOBILIARIO URBANO - ARBOLES Y GRAMAS",4691,"BOLARDO EN CONCRETO TIPO M60 (SUMINISTRO E INSTALACIÓN. NO INCLUYE BASE EN CONCRETO)","UN",93159,"Actualización MO 2022"]
["Antiguo","MOBILIARIO URBANO - ARBOLES Y GRAMAS",4692,"BOLARDO EN CONCRETO TIPO M61 (SUMINISTRO E INSTALACIÓN. INCLUYE BASE EN CONCRETO 3000 PSI, HECHO EN OBRA)","UN",127226,"Actualización MO 2022"]
["Antiguo","MOBILIARIO URBANO - ARBOLES Y GRAMAS",4693,"BOLARDO EN CONCRETO TIPO M61 (SUMINISTRO E INSTALACIÓN. INCLUYE BASE EN CONCRETO 3000 PSI, PREMEZCLADO)","UN",125102,"Actualización MO 2022"]
["Antiguo","MOBILIARIO URBANO - ARBOLES Y GRAMAS",4694,"BOLARDO EN CONCRETO TIPO M61 (SUMINISTRO E INSTALACIÓN. NO INCLUYE BASE EN CONCRETO 3000)","UN",95278,"Actualización MO 2022"]
["Antiguo","CONCRETO Y ACERO PARA ESTRUCTURAS",4695,"PINTURA SOBRE ESTRUCTURA METÁLICA GALVANIZADA. INCLUYE LIMPIEZA SSPC-SP3, BARRERA EPOXICA e=3mils, ACABADO URETANO e=3mils","KG",1672,"Actualización MO 2022"]
["Antiguo","CONCRETO Y ACERO PARA ESTRUCTURAS",4696,"PINTURA SOBRE ESTRUCTURA METÁLICA . INCLUYE LIMPIEZA SSPC-SP5, IMPRIMANTE EPOXICO RICO ZINC Y BARRERA EPOXICA, ACABADO URETANO e=3mils POR CAPA","KG",2287,"Actualización MO 2022"]
["Antiguo","MOBILIARIO URBANO - ARBOLES Y GRAMAS",4697,"BOLARDO EN HIERRO TIPO M62 (SUMINISTRO E INSTALACIÓN. INCLUYE BASE EN CONCRETO 3000 PSI, PREMEZCLADO)","UN",163211,"Actualización MO 2022"]
["Antiguo","MOBILIARIO URBANO - ARBOLES Y GRAMAS",4698,"BOLARDO EN HIERRO TIPO M62 (SUMINISTRO E INSTALACIÓN. INCLUYE BASE EN CONCRETO 3000 PSI, HECHO EN OBRA)","UN",163656,"Actualización MO 2022"]
["Antiguo","MOBILIARIO URBANO - ARBOLES Y GRAMAS",4699,"BOLARDO EN HIERRO TIPO M63 (SUMINISTRO E INSTALACIÓN. INCLUYE BASE EN CONCRETO 3000 PSI PREMEZCLADO)","UN",148130,"Actualización MO 2022"]
["Antiguo","MOBILIARIO URBANO - ARBOLES Y GRAMAS",4700,"BOLARDO EN HIERRO TIPO M63 (SUMINISTRO E INSTALACIÓN. INCLUYE BASE EN CONCRETO 3000 PSI, HECHO EN OBRA)","UN",144637,"Actualización MO 2022"]
["Valor de referencia","MANTENIMIENTO Y REHABILITACION DE VIAS",4702,"MANTENIMIENTO PREVENTIVO ESPACIO PUBLICO. INCLUYE LIMPIEZA E INSTALACION DE SELLO DE ARENA","M2",2739,"Actualización MO 2022"]
["Antiguo","ANDENES Y SARDINELES",4703,"RETIRO DE LOSETA A-50 SOBRE ARENA","M2",2339,"Actualización MO 2022"]
["Antiguo","ANDENES Y SARDINELES",4704,"RETIRO DE LOSETA A-50 SOBRE MORTERO","M2",2474,"Actualización MO 2022"]
["Valor de referencia","INDICES",4705,"MANTENIMIENTO CORRECTIVO DE ESPACIO PUBLICO LOSETA A-50 SOBRE ARENA. INCL. RETIRO LOSETA E INSTALAR NUEVA","M2",68865,"Actualización MO 2022"]
["Valor de referencia","INDICES",4706,"MANTENIMIENTO CORRECTIVO DE ESPACIO PUBLICO LOSETA A-50 SOBRE MORTERO. INCL. RETIRO LOSETA E INSTALAR NUEVA","M2",69000,"Actualización MO 2022"]
["Valor de referencia","MANTENIMIENTO Y REHABILITACION DE VIAS",4708,"REHABILITACIÓN DE PAVIMENTO RÍGIDO: LOSAS EN CONCRETO HIDRÁULICO MR45 E=0.27M PARA TRONCAL","M2",341712,"Actualización MO 2022"]
["Antiguo","MANTENIMIENTO Y REHABILITACION DE VIAS",4709,"PARCHEO EN PAVIMENTO FLEXIBLE E=0.10M CON MD12. (INCLUYE DEMOLICIÓN MANUAL Y CARGUE DE PAVIMENTO FLEXIBLE DE E=0.10M, TRANSPORTE Y DISPOSICIÓN FINAL DE ESCOMBROS, IMPRIMACIÓN, COLOCACIÓN Y COMPACTACIÓN BASE ASFÁLTICA MD20, IMPRIMA CLR-0)","M2",99937,"Actualización MO 2022"]
["Antiguo","SEÑALIZACIÓN",4710,"DEMARCACION CON PINTURA TERMOPLASTICA PARA CICLORUTAS (INCLUYE SUMINISTRO, APLICACION CON MICROESFERA) A=10 CM","ML",9826,"Actualización MO 2022"]
["Antiguo","SEÑALIZACIÓN",4711,"FLECHA DE FRENTE PARA CICLORRUTA EN PINTURA TERMOPLASTICA. (INCLUYE SUMINISTRO, APLICACION CON MICROESFERA)","UN",28889,"Actualización MO 2022"]
["Antiguo","PAVIMENTOS",4712,"MEZCLA ASFALTICA CON ASFALTO CAUCHO (SUMINISTRO, EXTENDIDO, NIVELACIÓN Y COMPACTACIÓN MECANICA)","M3",1088656,"Actualización MO 2022"]
["Antiguo","CONCRETO Y ACERO PARA ESTRUCTURAS",4737,"PILOTE D=80 CM CONCRETO TREMIE DE 3000 PSI. (INCL. EXCAVACIÓN, CARGUE, MOVILIZACIÓN, MONTAJE Y DESMONTAJE EQUIPO, Y CONCRETO)","ML",797707,"Actualización MO 2022"]
["Antiguo","CONCRETO Y ACERO PARA ESTRUCTURAS",4738,"PILOTE D=70 CM CONCRETO TREMIE DE 3000 PSI. (INCL. EXCAVACIÓN, CARGUE, MOVILIZACIÓN, MONTAJE Y DESMONTAJE EQUIPO, Y CONCRETO)","ML",605298,"Actualización MO 2022"]
["Antiguo","CONCRETO Y ACERO PARA ESTRUCTURAS",4739,"PILOTE D=90 CM CONCRETO TREMIE DE 3000 PSI. (INCL. EXCAVACIÓN, CARGUE, MOVILIZACIÓN, MONTAJE Y DESMONTAJE EQUIPO, Y CONCRETO)","ML",868504,"Actualización MO 2022"]
["Antiguo","CONCRETO Y ACERO PARA ESTRUCTURAS",4740,"PILOTE D=100 CM CONCRETO TREMIE DE 3000 PSI. (INCL. EXCAVACIÓN, CARGUE, MOVILIZACIÓN, MONTAJE Y DESMONTAJE EQUIPO, Y CONCRETO)","ML",947593,"Actualización MO 2022"]
["Antiguo","CONCRETO Y ACERO PARA ESTRUCTURAS",4741,"PILOTE D=110 CM CONCRETO TREMIE DE 3000 PSI. (INCL. EXCAVACIÓN, CARGUE, MOVILIZACIÓN, MONTAJE Y DESMONTAJE EQUIPO, Y CONCRETO)","ML",1294880,"Actualización MO 2022"]
["Antiguo","CONCRETO Y ACERO PARA ESTRUCTURAS",4742,"PILOTE D=120 CM CONCRETO TREMIE DE 3000 PSI. (INCL. EXCAVACIÓN, CARGUE, MOVILIZACIÓN, MONTAJE Y DESMONTAJE EQUIPO, Y CONCRETO)","ML",1390644,"Actualización MO 2022"]
["Antiguo","RELLENOS Y CAPAS GRANULARES",4743,"BASE GRANULAR CLASE B (BG_B) CON RECICLADO DE CONCRETO (SUMINISTRO, EXTENDIDO, NIVELACIÓN, HUMEDECIMIENTO Y COMPACTACIÓN CON VIBROCOMPACTADOR)","M3",137750,"Actualización MO 2022"]
["Antiguo","RELLENOS Y CAPAS GRANULARES",4744,"BASE GRANULAR CLASE A (BG_A) CON RECICLADO DE CONCRETO HIDRAULICO (SUMINISTRO, EXTENDIDO, NIVELACIÓN, HUMEDECIMIENTO Y COMPACTACIÓN CON VIBROCOMPACTADOR)","M3",153220,"Actualización MO 2022"]
["Antiguo","RELLENOS Y CAPAS GRANULARES",4745,"BASE GRANULAR CLASE C (BG_C) CON RECICLADO DE CONCRETO (SUMINISTRO, EXTENDIDO, NIVELACIÓN, HUMEDECIMIENTO Y COMPACTACIÓN CON VIBROCOMPACTADOR)","M3",133109,"Actualización MO 2022"]
["Antiguo","RELLENOS Y CAPAS GRANULARES",4746,"SUBBASE GRANULAR CLASE A (SBG_A) CON RECICLADO DE CONCRETO HIDRAULICO (SUMINISTRO, EXTENDIDO, NIVELACIÓN, HUMEDECIMIENTO Y COMPACTACIÓN CON VIBROCOMPACTADOR)","M3",133109,"Actualización MO 2022"]
["Antiguo","RELLENOS Y CAPAS GRANULARES",4747,"SUBBASE GRANULAR CLASE B (SBG_B) CON RECICLADO DE CONCRETO (SUMINISTRO, EXTENDIDO, NIVELACIÓN, HUMEDECIMIENTO Y COMPACTACIÓN CON VIBROCOMPACTADOR)","M3",130015,"Actualización MO 2022"]
["Antiguo","RELLENOS Y CAPAS GRANULARES",4748,"SUBBASE GRANULAR CLASE C (SBG_C) CON RECICLADO DE CONCRETO HIDRAULICO (SUMINISTRO, EXTENDIDO, NIVELACIÓN, HUMEDECIMIENTO Y COMPACTACIÓN CON VIBROCOMPACTADOR)","M3",130015,"Actualización MO 2022"]
["Antiguo","RELLENOS Y CAPAS GRANULARES",4749,"SUBBASE GRANULAR CON RECICLADO DE CONCRETO ASFALTICO (SUMINISTRO, EXTENDIDO, NIVELACIÓN, HUMEDECIMIENTO Y COMPACTACIÓN CON VIBROCOMPACTADOR)","M3",124066,"Actualización MO 2022"]
["Valor de referencia","MANTENIMIENTO Y REHABILITACION DE VIAS",4750,"REHABILITACION CON MATERIAL RECICLADO CON EMULSION Y SOBRECARPETA DE 5CM","M3",358685,"Actualización MO 2022"]
["Antiguo","ANDENES Y SARDINELES",4751,"FRANJA DE AJUSTE EN CONCRETO 3000 PSI E= 10 CM ANCHO ENTRE 12-20CM","ML",10918,"Actualización MO 2022"]
["Valor de referencia","INDICES",4752,"CONSTRUCCION DE ANDEN EN LOSETA CON ESTRUCTURA EN MATERIAL RECICLADO DE CONCRETO HIDRAULICO","M2",100864,"Actualización MO 2022"]
["Antiguo","RELLENOS Y CAPAS GRANULARES",4753,"SUBBASE GRANULAR CLASE A (SBG_A) CON RECICLADO DE CONCRETO HIDRAULICO (SUMINISTRO, EXTENDIDO MANUAL, HUMEDECIMIENTO Y COMPACTACIÓN CON VIBROCOMPACTADOR)","M3",140108,"Actualización MO 2022"]
["Antiguo","RELLENOS Y CAPAS GRANULARES",4754,"SUBBASE GRANULAR CLASE B (SBG_B) CON RECICLADO DE CONCRETO HIDRAULICO (SUMINISTRO, EXTENDIDO MANUAL, HUMEDECIMIENTO Y COMPACTACIÓN)","M3",137014,"Actualización MO 2022"]
["Antiguo","RELLENOS Y CAPAS GRANULARES",4755,"SUBBASE GRANULAR CLASE C (SBG_C) CON RECICLADO DE CONCRETO HIDRAULICO (SUMINISTRO, EXTENDIDO MANUAL, HUMEDECIMIENTO Y COMPACTACIÓN)","M3",137014,"Actualización MO 2022"]
["Valor de referencia","INDICES",4756,"CONSTRUCCION DE ANDEN EN ADOQUIN DE ARCILLA Y FRANJA DE AJUSTE CON ESTRUCTURA EN MATERIAL RECICLADO DE CONCRETO HIDRAULICO","M2",93297,"Actualización MO 2022"]
["Valor de referencia","INDICES",4757,"CONSTRUCCION DE ANDEN EN ADOQUIN DE ARCILLA Y FRANJA DE AJUSTE Y ZONA VERDE CON ESTRUCTURA EN MATERIAL RECICLADO DE CONCRETO HIDRAULICO","M2",81375,"Actualización MO 2022"]
["Antiguo","ANÁLISIS AUXILIARES",4758,"SELLO DE FISURAS","ML",6806,"Actualización MO 2022"]
["Antiguo","PUENTES",4759,"RETIRO DE PISO EN ALUMINIO EN PUENTE PEATONAL TIPO TRANSMILENIO PARA TABLERO Y ESCALERA","ML",36492,"Actualización MO 2022"]
["Antiguo","PUENTES",4760,"PISO EN LAMINA DE ALUMINIO PARA TABLERO DE PUENTE PEATONAL TIPO TRANSMILENIO. SUMINISTRO E INSTALACION.","M2",490107,"Actualización MO 2022"]
["Antiguo","PUENTES",4761,"PISO EN LAMINA DE ALUMINIO PARA ESCALERA DE PUENTE PEATONAL TIPO TRANSMILENIO. SUMINISTRO E INSTALACION.","ML",227098,"Actualización MO 2022"]
["Antiguo","PUENTES",4762,"RETIRO DE PISOS EN PANELES PREFABRICADOS EN CONCRETO REFORZADO PARA ESTACIONES TRANSMILENIO","ML",31940,"Actualización MO 2022"]
["Antiguo","PUENTES",4764,"AJUSTE DE TORNILLO EN PISO DE PUENTES PEATONALES METALICOS TIPO TRANSMILENIO","UN",1434,"Actualización MO 2022"]
["Antiguo","PUENTES",4765,"TORNILLO EN PISO DE PUENTES PEATONALES METALICOS TIPO TRANSMILENIO. SUMINISTRO E INSTALACION.","UN",1710,"Actualización MO 2022"]
["Antiguo","RELLENOS Y CAPAS GRANULARES",4767,"BASE GRANULAR CLASE A (BG_A) (SUMINISTRO, EXTENDIDO, NIVELACIÓN, HUMEDECIMIENTO Y COMPACTACIÓN CON COMPACTADOR NEUMÁTICO)","M3",136942,"Actualización MO 2022"]
["Antiguo","RELLENOS Y CAPAS GRANULARES",4768,"BASE GRANULAR CLASE B (BG_B) (SUMINISTRO, EXTENDIDO, NIVELACIÓN, HUMEDECIMIENTO Y COMPACTACIÓN CON COMPACTADOR NEUMÁTICO)","M3",129207,"Actualización MO 2022"]
["Antiguo","RELLENOS Y CAPAS GRANULARES",4769,"BASE GRANULAR CLASE C (BG_C) (SUMINISTRO, EXTENDIDO, NIVELACIÓN, HUMEDECIMIENTO Y COMPACTACIÓN CON COMPACTADOR NEUMÁTICO)","M3",126113,"Actualización MO 2022"]
["Antiguo","RELLENOS Y CAPAS GRANULARES",4770,"SUBBASE GRANULAR CLASE A (SBG_A) (SUMINISTRO, EXTENDIDO, NIVELACIÓN, HUMEDECIMIENTO Y COMPACTACIÓN CON COMPACTADOR NEUMÁTICO)","M3",132301,"Actualización MO 2022"]
["Antiguo","RELLENOS Y CAPAS GRANULARES",4771,"SUBBASE GRANULAR CLASE B (SBG_B) (SUMINISTRO, EXTENDIDO, NIVELACIÓN, HUMEDECIMIENTO Y COMPACTACIÓN CON COMPACTADOR NEUMÁTICO)","M3",124566,"Actualización MO 2022"]
["Antiguo","RELLENOS Y CAPAS GRANULARES",4772,"SUBBASE GRANULAR CLASE C (SBG_C) (SUMINISTRO, EXTENDIDO, NIVELACIÓN, HUMEDECIMIENTO Y COMPACTACIÓN CON COMPACTADOR NEUMÁTICO)","M3",121472,"Actualización MO 2022"]
["Antiguo","MALLA VIAL RURAL",4776,"LIMPIEZA DE CUNETAS (INCLUYE CARGUE DE MATERIAL)","M2",2102,"Actualización MO 2022"]
["Antiguo","MALLA VIAL RURAL",4777,"LIMPIEZA DE VALLADOS (INCLUYE CARGUE DE MATERIAL)","M2",4431,"Actualización MO 2022"]
["Antiguo","MALLA VIAL RURAL",4778,"LIMPIEZA DE ALCANTARILLAS (INCLUYE LIMPIEZA DE TUBERIA DE 24\", BOX, RECTIFICACION DE DESCOLES PARA UN ANCHO DE VIA PROMEDIO DE 10MT. (INCLUYE CARGUE DE MATERIAL)","UN",49171,"Actualización MO 2022"]
["Antiguo","MALLA VIAL RURAL",4779,"LIMPIEZA DE ALCANTARILLAS (INCLUYE LIMPIEZA DE TUBERIA DE 36\", BOX, RECTIFICACION DE DESCOLES PARA UN ANCHO DE VIA PROMEDIO DE 10MT. (INCLUYE CARGUE DE MATERIAL)","UN",111105,"Actualización MO 2022"]
["Antiguo","MALLA VIAL RURAL",4780,"LIMPIEZA DE DERECHOS DE VIA (INCLUYE CARGUE)","KM",255090,"Actualización MO 2022"]
["Antiguo","MALLA VIAL RURAL",4781,"REMOCION DE DERRUMBES MENORES (INCLUYE CARGUE DE MATERIAL)","M3",11322,"Actualización MO 2022"]
["Antiguo","MALLA VIAL RURAL",4782,"CONFORMACION DE LA CALZADA EXISTENTE","M2",732,"Actualización MO 2022"]
["Antiguo","MALLA VIAL RURAL",4783,"CONSTRUCCIÓN DE CUNETA EN CONCRETO 3000 PSI HECHO EN OBRA.","M3",571237,"Actualización MO 2022"]
["Antiguo","ANÁLISIS AUXILIARES",4784,"PROCESO DE INSTALACION DE RECICLADO DE MATERIAL DE PAVIMENTO ASFALTICO (INCLUYE EXTENDIDO, NIVELACION Y COMPACTACION)","M3",15064,"Actualización MO 2022"]
["Antiguo","REDES ALCANTARILLADO / DRENAJE",4786,"CONSTRUCCIÓN CANALETA DE AGUAS LLUVIAS DE 0.4 X 0.4 MT EN CONCRETO DE 3000 PSI GRAVA COMÚN INCLUYE REJILLA PREFABRICADA.","ML",210848,"Actualización MO 2022"]
["Antiguo","REDES ACUEDUCTO",4787,"CODO PVC 45° D=1 1/2\" (SUMINISTRO E INSTALACIÓN)","UN",13672,"Actualización MO 2022"]
["Antiguo","GEOSINTETICOS",4788,"GEODREN PLANAR H=1.0 M. SUMINISTRO E INSTALACION.","ML",34254,"Actualización MO 2022"]
["Antiguo","REDES TELEFONICAS / DATOS",4789,"1 DUCTO D=1 1/2\" CONDUIT PVC (NO INCLUYE RELLENOS). SUMINISTRO E INSTALACION.","ML",9389,"Actualización MO 2022"]
["Antiguo","REDES ELECTRICAS",4790,"1 DUCTO D= 2\" PVC PESADO DB (NO INCLUYE RELLENOS). SUMINISTRO E INSTALACION.","ML",9359,"Actualización MO 2022"]
["Antiguo","REDES ELECTRICAS",4791,"1 DUCTO D= 4\" PVC TDP (NO INCLUYE RELLENOS). SUMINISTRO E INSTALACION.","ML",21868,"Actualización MO 2022"]
["Antiguo","RELLENOS Y CAPAS GRANULARES",4792,"RELLENO EN RECEBO COMUN (SUMINISTRO E INSTALACIÓN EXTENDIDO MANUAL, HUMEDECIMIENTO Y COMPACTACIÓN TRANSPORTE A 28 KM).","M3",78768,"Actualización MO 2022"]
["Antiguo","MOBILIARIO URBANO - ARBOLES Y GRAMAS",4794,"LLAMA AMARILLA (INCLUYE TIERRA NEGRA, TRANSPORTE Y DISPOSICIÓN FINA DE ESCOMBROS A 28 KM. SUMINISTRO Y PLANTACION.","M2",48952,"Actualización MO 2022"]
["Antiguo","MOBILIARIO URBANO - ARBOLES Y GRAMAS",4795,"COLA DE ZORRO (INCLUYE TIERRA NEGRA, TRANSPORTE Y DISPOSICIÓN FINA DE ESCOMBROS A 28 KM). SUMINISTRO Y PLANTACION.","M2",65952,"Actualización MO 2022"]
["Antiguo","MOBILIARIO URBANO - ARBOLES Y GRAMAS",4797,"EUCALIPTO POMARROSO H=1.5MT (INCLUYE SIEMBRA, CAJA, TIERRA, ABONO, TUTOR, TRANSPORTE Y DISPOSICIÓN FINA DE ESCOMBROS A 21 KM). SUMINISTRO Y PLANTACION.","UN",99758,"Actualización MO 2022"]
["Antiguo","MOBILIARIO URBANO - ARBOLES Y GRAMAS",4798,"CHICALA H=1.5MT (INCLUYE SIEMBRA, CAJA, TIERRA, ABONO, TUTOR, TRANSPORTE Y DISPOSICIÓN FINAL DE ESCOMBROS 28 KM). SUMINISTRO Y PLANTACION.","UN",155444,"Actualización MO 2022"]
["Antiguo","MOBILIARIO URBANO - ARBOLES Y GRAMAS",4800,"JAZMIN CHINO H=1.5MT (INCLUYE SIEMBRA, CAJA, TIERRA, ABONO, TUTOR, TRANSPORTE Y DISPOSICIÓN FINAL DE ESCOMBROS 28KM. SUMINISTRO Y PLANTACION.","UN",183844,"Actualización MO 2022"]
["Antiguo","REDES ACUEDUCTO",4801,"TUBERIA PVC PRESION E.L. D=1 1/2\" RDE 21 PSI 200 (INCLUYE LIMPIEZA Y SOLDADURA). SUMINISTRO E INSTALACION.","ML",14402,"Actualización MO 2022"]
["Antiguo","MOBILIARIO URBANO - ARBOLES Y GRAMAS",4802,"BLOQUEO Y TRANSPLANTE DE ARBOLES 1 - 5MT (INCLUYE TRANSPORTE, RECOLECCIÓN).","UN",1000000,"Actualización MO 2022"]
["Antiguo","MOBILIARIO URBANO - ARBOLES Y GRAMAS",4803,"BLOQUEO Y TRANSPLANTE DE ARBOLES 5 - 10 MT (INCLUYE TRANSPORTE, RECOLECCIÓN).","UN",1500000,"Actualización MO 2022"]
["Antiguo","MOBILIARIO URBANO - ARBOLES Y GRAMAS",4804,"BLOQUEO Y TRANSPLANTE DE ARBOLES 10 - 15 MT (INCLUYE TRANSPORTE, RECOLECCIÓN).","UN",2000000,"Actualización MO 2022"]
["Antiguo","REDES ACUEDUCTO",4805,"TUBERIA DE ACERO AL CARBON SIN COSTURA SCH40 D=3\". SUMINISTRO E INSTALACION.","ML",114018,"Actualización MO 2022"]
["Antiguo","ANÁLISIS AUXILIARES",4806,"CUADRILLA (TUBERO + 4 AYUDANTES).","JR",311462,"Actualización MO 2022"]
["Antiguo","ANÁLISIS AUXILIARES",4807,"CUADRILLA (TUBERO + 4 AYUDANTES)","HR",38933,"Actualización MO 2022"]
["Antiguo","REDES ACUEDUCTO",4808,"TUBERIA DE ACERO AL CARBON SIN COSTURA SCH40 D=4\". SUMINISTRO E INSTALACION.","ML",152876,"Actualización MO 2022"]
["Antiguo","REDES ACUEDUCTO",4809,"TUBERIA DE ACERO AL CARBON SIN COSTURA SCH40 D=6\". SUMINISTRO E INSTALACION.","ML",228765,"Actualización MO 2022"]
["Antiguo","REDES ACUEDUCTO",4810,"TUBERIA DE ACERO AL CARBON SIN COSTURA SCH40 D=8\". SUMINISTRO E INSTALACION.","ML",303355,"Actualización MO 2022"]
["Antiguo","ANDENES Y SARDINELES",4812,"SARDINEL ESPECIAL A 110 PARA RAMPA TIPO B (SUMINISTRO E INSTALACION. INCLUYE 3CM MORTERO 1:5 HECHO EN OBRA).","ML",112019,"Actualización MO 2022"]
["Antiguo","MOBILIARIO URBANO - ARBOLES Y GRAMAS",4813,"RETIRO DE BOLARDO EN CONCRETO TIPO M-60. INCLUYE REPARACION DEL SITIO CON CONCRETO DE 1500PSI HECHO EN OBRA (40X40X10CM) Y SUBBASE GRANULAR SBG_200 E=0.35. NO INCLUYE RETIRO DE ESCOMBROS. INCLUYE DEMOLICION Y EXCAVACION.","UN",22223,"Actualización MO 2022"]
["Antiguo","ANDENES Y SARDINELES",4814,"FRANJA DE AJUSTE DE ANCHO VARIABLE ENTRE 0.10 A 0.18MT Y PROFUNDIDAD VARIABLE ENTRE 0.06 Y 0.15MT EN CONCRETO DE 2500 PSI PREMEZCLADO.","ML",8164,"Actualización MO 2022"]
["Valor de referencia","INDICES",4815,"MANTENIMIENTO RUTINARIO DE ANDENES EN ADOQUÍN O LOSETA INCLUYE SELLO DE JUNTAS, BARRIDO, RETIRO MANUAL DE CAPA VEGETAL Y TRANSPORTE Y DISPOSICION DE ESCOMBROS A 21KM.","M2",2559,"Actualización MO 2022"]
["Valor de referencia","INDICES",4816,"MANTENIMIENTO RUTINARIO PARA CICLORUTAS INCLUYE SELLO DE FISURAS, BARRIDO, RETIRO MANUAL DE CAPA VEGETAL. ANCHO DE CICLORRUTA 2.5MT. RETIRO Y TRANSPORTE Y DISPOSICIÓN FINAL DE ESCOMBROS A 21 KM.","ML",20352,"Actualización MO 2022"]
["Valor de referencia","INDICES",4817,"MANTENIMIENTO RUTINARIO DE ANDENES EN CONCRETO INCLUYE SELLO DE JUNTAS Y RETIRO MANUAL DE CAPA VEGETAL, TRANSPORTE Y DISPOSICION DE ESCOMBROS A 21KM.","M2",8199,"Actualización MO 2022"]
["Valor de referencia","INDICES",4818,"MANTENIMIENTO CORRECTIVO DE ANDENES EN CONCRETO INCLUYE CORTE RETIRO Y REEMPLAZO DEL MATERIAL, TRANSPORTE Y DISPOSICION DE ESCOMBROS A 21KM.","M2",67401,"Actualización MO 2022"]
["Valor de referencia","INDICES",4819,"MANTENIMIENTO CORRECTIVO DE CICLORUTAS EN PAVIMENTO ASFALTICO ANCHO 2.5MT. INCLUYE SELLO DE FISURAS EN EL 50% DEL AREA Y REPOSICION DE CARPETA EN EL 50% DEL AREA RESTANTE TRANSP. Y DISPOSICIÓN FINAL DE ESCOMBROS A 21 KM.","ML",122110,"Actualización MO 2022"]
["Valor de referencia","INDICES",4820,"REHABILITACION DE ANDENES EN ADOQUIN DE ARCILLA SOBRE ARENA, INCLUYE DEMOLICIONES, EXCAVACION, RELLENO DE MATERIAL. SELECCIONADO PARA UN ANDEN DE 3.5MT. INCLUYE MOBILIARIO. INCLUYE TRANSP. Y DISPOSIC. DE ESCOMBROS 21 KM.","M2",124593,"Actualización MO 2022"]
["Valor de referencia","INDICES",4821,"REHABILITACION DE ANDENES EN ADOQUIN DE ARCILLA SOBRE MORTERO, INCLUYE DEMOLICIONES, EXCAVACION, RELLENO DE MATERIAL SELECCIONADO PARA UN ANDEN DE 3.5MT. INCLUYE MOBILIARIO. INCLUYE TRANSP. Y DISP. DE ESCOMBROS A 21 KM.","M2",141023,"Actualización MO 2022"]
["Valor de referencia","INDICES",4822,"REHABILITACION DE ANDENES EN LOSETA SOBRE ARENA, INCLUYE DEMOLICIONES, EXCAVACION, RELLENO DE MATERIAL SELECCIONADO PARA UN ANDEN DE 3.5MT. INCLUYE MOBILIARIO. INCLUYE TRANSPORTE Y DISPOSICION DE ESCOMBROS A 21 KM.","M2",130781,"Actualización MO 2022"]
["Valor de referencia","INDICES",4823,"REHABILITACION DE ANDENES EN LOSETA SOBRE MORTERO, INCLUYE DEMOLICIONES, EXCAVACION, RELLENO DE MATERIAL SELECCIONADO PARA UN ANDEN DE 3.5MT. INCLUYE MOBILIARIO. INCLUYE TRANSPORTE Y DISPOSICION DE ESCOMBROS A 21 KM.","M2",144272,"Actualización MO 2022"]
["Valor de referencia","INDICES",4824,"REHABILITACION DE ANDENES EN CONCRETO, INCLUYE DEMOLICIONES, EXCAVACION, RELLENO DE MATERIAL SELECCIONADO PARA UN ANDEN DE 3.5MT. INCLUYE MOBILIARIO. INCLUYE TRANSPORTE Y DISPOSICION DE ESCOMBROS A 21 KM.","M2",133276,"Actualización MO 2022"]
["Valor de referencia","INDICES",4825,"REHABILITACIÓN DE CICLORRUTAS EN CONCRETO ASFÁLTICO MD 12. INCLUYE DEMOLICIONES, EXCAVACIÓN, RELLENOS EN MATERIAL SELECCIONADO. ANCHO CICLORRUTA 2.5MT. TRANSPORTE Y DISPOSICIÓN DE ESCOMBROS A 21KM.","ML",274594,"Actualización MO 2022"]
["Antiguo","SEÑALIZACIÓN",4826,"RESINA TERMOPLASTICA COLOR BLANCO PARA PICTOGRAMA BICICLETA (0.8X1.2MT) EN CICLORRUTAS. SUMINISTRO Y APLICACION.","UN",94329,"Actualización MO 2022"]
["Antiguo","SEÑALIZACIÓN",4827,"PINTURA ACRILICA DE TRAFICO COLOR BLANCA PARA CUADROS CRUCE CICLORRUTA DE 0.4MT X 0.4MT. SUMINISTRO Y APLICACION.","UN",4570,"Actualización MO 2022"]
["Antiguo","CONCRETO Y ACERO PARA ESTRUCTURAS",4828,"PINTURA EN ESMALTE ALQUÍDICO DE 3 MILS ESP. DE PINTURA SECA PARA BARANDAS EXISTENTES, INCL. SUM. DE MATERIALES, ESMALTE, PREPAR. DE SUPERFICIE MEDIANTE LIMPIEZA MANUAL O MECÁNICA, EQUIPO DE PINTURA, M DE O HERRAMIENTA MENOR.","ML",16603,"Actualización MO 2022"]
["Antiguo","CONCRETO Y ACERO PARA ESTRUCTURAS",4829,"PLACA EN CONCRETO MR41 ACELERADO A TRES DIAS PARA LOSAS REFORZADAS PARA PUENTES PEATONALES EN CONCRETO. SUMINISTRO E INSTALACION. INCLUYE CORTE Y SELLO DE JUNTAS.","M3",721325,"Actualización MO 2022"]
["Valor de referencia","PUENTES",4830,"MANTENIMIENTO RUTINARIO PARA PUENTE PEATONAL, INCLUYE LAVADO DE ESTRUCTURAS EN CONCRETO Y/O METALICAS A PRESION, INCLUYE ALQUILER DE HIDROLAVADORA 1300W..","M2",10162,"Actualización MO 2022"]
["Valor de referencia","PUENTES",4831,"MANTENIMIENTO CORRECTIVO PARA PUENTE PEATONAL EN CONCRETO, INCLUYE REEMPLAZO DE PELDAÑOS DE ESCALERAS Y PISO DE PUENTE, SELLO DE JUNTAS AJUSTE Y PINTURA DE BARANDAS Y PINTURA DEL PUENTE.","M2",120830,"Actualización MO 2022"]
["Antiguo","SEÑALIZACIÓN",4832,"SEGREGADOR BICICLETA (TACHON PLASTICO O CAUCHO ALTA RESISTENCIA COMO POLIPROPILENO DE ALTO IMPACTO, CON ESTRUCTURA DE REFUERZO, ELEMENTOS REFLECTIVOS DE ALTA EFICIENCIA. TIPO TRANSMILENIO 40.5CMX15CMX8.5CM). SUMIN. E INSTAL.","UN",34266,"Actualización MO 2022"]
["Antiguo","MOBILIARIO URBANO - ARBOLES Y GRAMAS",4833,"RETIRO DE CANECAS, SEÑALES DE TRANSITO PROTECTORES DE ARBOLES. INCLUYE REPARACION DEL SITIO EN CONCRETO DE 1500 PSI HECHO EN OBRA Y SUBBASE GRANULAR B-200 E=0.35M DISTANCIA DE TRANSPORTE 21KM.","UN",9329,"Actualización MO 2022"]
["Antiguo","ANDENES Y SARDINELES",4834,"PIEZA DE REMATE PARA RAMPA PEATONAL, LONGITUD 1,40MTS FUNDIDO EN SITIO EN CONCRETO PREMEZCLADO DE 3000 PSI (GRAVA COMUN) INCLUYE FORMALETA EN MADERA. SUMINISTRO Y CONSTRUCCION.","UN",106732,"Actualización MO 2022"]
["Antiguo","RELLENOS Y CAPAS GRANULARES",4835,"BASE GRANULAR BG-A ESTABILIZADA CON CEMENTO AL 5% (INCLUYE SUMINISTRO TRANSPORTE, COLOCACIÓN Y COMPACTACION).","M3",233368,"Actualización MO 2022"]
["Antiguo","RELLENOS Y CAPAS GRANULARES",4836,"BASE GRANULAR CLASE A (BG_A) ESTABILIZADA AL 4% CON EMULSIÓN ASFÁLTICA CRL-1 (INCLUYE SUMINISTRO TRANSPORTE, COLOCACION Y COMPACTACION).","M3",326165,"Actualización MO 2022"]
["Antiguo","RELLENOS Y CAPAS GRANULARES",4837,"RELLENO CON MEZCLA DE GRAVILLA DE 3/4\" Y ARENA DE RIO (RELACIÓN 1:1) SUMINISTRO Y COLOCACIÓN. (INCLUYE TRANSPORTE, SUMINISTRO, EXTENDIDO MANUAL Y COLOCACIÓN).","M3",165189,"Actualización MO 2022"]
["Antiguo","RELLENOS Y CAPAS GRANULARES",4838,"RELLENO CON GRAVA ENTRE 3/4\" Y 1/2\" PARA FILTROS (RELACIÓN 1:1) SUMINISTRO Y COLOCACIÓN. (INCLUYE TRANSPORTE, SUMINISTRO, EXTENDIDO MANUAL Y COLOCACIÓN).","M3",124280,"Actualización MO 2022"]
["Antiguo","REDES ACUEDUCTO",4839,"EMPATES DE TUBERÍA EN PVC A PVC 6\" LINEAL SEGÚN NORMA NS-023. SUMINISTRO E INSTALACIÓN. (INCLUYE ACCESORIOS).","UN",421580,"Actualización MO 2022"]
["Antiguo","REDES ACUEDUCTO",4840,"EMPATES DE TUBERÍA EN PVC A PVC 3\" LINEAL SEGÚN NORMA NS-023 (INCLUYE ACCESORIOS). SUMINISTRO E INSTALACIÓN.","UN",118121,"Actualización MO 2022"]
["Antiguo","REDES ACUEDUCTO",4841,"EMPATES DE TUBERÍA EN PVC A PVC 4\" LINEAL SEGÚN NORMA NS-023 (INCLUYE ACCESORIOS). SUMINISTRO E INSTALACIÓN.","UN",195079,"Actualización MO 2022"]
["Antiguo","REDES ACUEDUCTO",4842,"EMPATES DE TUBERÍA EN PVC A AC 4\" LINEAL SEGÚN NORMA NS-023 SUMINISTRO E INSTALACIÓN. (INCLUYE ACCESORIOS).","UN",294108,"Actualización MO 2022"]
["Antiguo","REDES ACUEDUCTO",4843,"EMPATES DE TUBERÍA EN PVC A AC 3\" LINEAL SEGÚN NORMA NS-023. SUMINISTRO E INSTALACIÓN. (INCLUYE ACCESORIOS).","UN",205421,"Actualización MO 2022"]
["Antiguo","REDES ACUEDUCTO",4844,"EMPATES DE TUBERÍA EN PVC A PVC 12\" LINEAL SEGÚN NORMA NS-023 (INCLUYE ACCESORIOS). SUMINISTRO E INSTALACIÓN.","UN",2044999,"Actualización MO 2022"]
["Antiguo","REDES ACUEDUCTO",4845,"EMPATES DE TUBERÍA EN PVC A PVC 8\" LINEAL SEGÚN NORMA NS-023. SUMINISTRO E INSTALACIÓN. (INCLUYE ACCESORIOS).","UN",764587,"Actualización MO 2022"]
["Antiguo","DEMOLICIONES",4846,"DEMOLICIÓN MANUAL DE CAJA DOBLE CS 276 (INCLUYE DEMOLICIÓN DE PLACA PISO, TAPA, MUROS Y CAÑUELAS Y CARGUE).","UN",113507,"Actualización MO 2022"]
["Antiguo","DEMOLICIONES",4848,"DEMOLICION DE TUBERIAS DE ACUEDUCTO Y ALCANTARILLADO Ø < 36\" (INCLUYE MARTILLO NEUMÁTICO DE 60 LB Y CARGUE).","ML",8712,"Actualización MO 2022"]
["Antiguo","DEMOLICIONES",4849,"DEMOLICION O RETIRO MANUAL DE TUBERIAS DE AC Ø < 12\" (INCLUYE CARGUE).","ML",2272,"Actualización MO 2022"]
["Antiguo","DEMOLICIONES",4850,"DEMOLICION DE POZOS, CAJAS Y CAMARAS DE EMPRESAS DE SERVICIOS PÚBLICOS (INCLUYE MARTILLO NEUMÁTICO DE 60 LB, COMPRESOR Y CARGUE).","M3",257859,"Actualización MO 2022"]
["Antiguo","REDES ACUEDUCTO",4851,"REPARACIÓN DE ACOMETIDA HIDRÁULICA DE LA CAJILLA HACIA EL PREDIO (INCLUYE EL RETIRO DE LA TUBERÍA EXISTENTE E INSTALACIÓN DE TUBERÍA NUEVA).","UN",24665,"Actualización MO 2022"]
["Antiguo","CONCRETO Y ACERO PARA ESTRUCTURAS",4853,"CONCRETO GRAVA COMÚN 3500 PSI (245 KG/CM2) PARA ESTRIBOS Y SUPERESTRUCTURA, SUMINISTRO Y COLOCACIÓN. (INCLUYE FORMALETA. NO INCLUYE REFUERZO NI CURADO).","M3",478487,"Actualización MO 2022"]
["Antiguo","CONCRETO Y ACERO PARA ESTRUCTURAS",4854,"CONCRETO GRAVA COMÚN 4000 PSI (280 KG/CM2) PARA ESTRIBOS Y SUPERESTRUCTURA, SUMINISTRO Y COLOCACIÓN. (INCLUYE FORMALETA. NO INCLUYE REFUERZO NI CURADO).","M3",513472,"Actualización MO 2022"]
["Antiguo","ANDENES Y SARDINELES",4855,"CONSTRUCCIÓN DE FRANJA DE AJUSTE EN CONCRETO PREMEZCLADO GRAVA COMÚN 3000 PSI, ESPESOR PROMEDIO 10 CM..","M2",42017,"Actualización MO 2022"]
["Antiguo","ANDENES Y SARDINELES",4856,"PISOS EN LOSETA PREFABRICADA A55 TÁCTIL ALERTA O A56 GUIA 40X40X6 CM. SUMINISTRO E INSTALACIÓN. (INCLUYE 4CM DE MORTERO 1:5 HECHO EN OBRA PARA BASE Y ARENA DE PEÑA PARA SELLO).","M2",69957,"Actualización MO 2022"]
["Antiguo","PAVIMENTOS",4857,"IMPRIMACIÓN CON EMULSIÓN ASFÁLTICA CRL-1 (INCLUYE SUMINISTRO, BARRIDO DE SUPERFICIE Y RIEGO MECANICO).","M2",1826,"Actualización MO 2022"]
["Antiguo","REDES ACUEDUCTO",4858,"KIT DE NIVELACIÓN PARA HIDRANTE DE DIÁMETRO DE 6\", LONGITUD 400MM. SUMINISTRO E INSTALACIÓN. (INCLUYE TRANSPORTE Y TODOS LOS ELEMENTOS NECESARIOS PARA SU INSTALACIÓN).","UN",774755,"Actualización MO 2022"]
["Antiguo","ANDENES Y SARDINELES",4859,"BORDE CONTENEDOR DE RAICES A 70 (INCLUYE SUMINISTRO E INSTALACIÓN, INCLUYE BASE DE 3CM EN MORTERO 1:3 HECHO EN OBRA)","ML",31890,"Actualización MO 2022"]
["Antiguo","SEÑALIZACIÓN",4860,"DEMARCACIÓN PICTOGRAMA TRIÁNGULOS CEDA EL PASO EN PINTURA TERMOPLÁSTICA. (E=2.3MM. INCLUYE SUMINISTRO Y APLICACIÓN CON EQUIPO. INCLUYE MICROESFERAS( (A= 1.434M2). INCLUYE PICTOGRAMA.","UN",140904,"Actualización MO 2022"]
["Antiguo","CONCRETO Y ACERO PARA ESTRUCTURAS",4861,"GRAVILLA DE 3/4\" PEGADA CON MORTERO 1:3, E= 0.20M PARA ENTREGA A CANAL (INCLUYE SUMINISTRO E INSTALACIÓN).","M2",102558,"Actualización MO 2022"]
["Antiguo","REDES ALCANTARILLADO / DRENAJE",4862,"TUBERÍA CONCRETO D= 32\" CL. III REFORZADA. SUMINISTRO E INSTALACIÓN.","ML",788562,"Actualización MO 2022"]
["Antiguo","SEÑALIZACIÓN",4863,"DEMARCACIÓN DE LINEA DE PASO PEATONAL CONTINUA A= 0.3MT, E= 2.3MM TERMOPLÁSTICA. INCLUYE SUMINISTRO Y APLICACIÓN CON EQUIPO. INCLUYE MICROESFERAS.","ML",29478,"Actualización MO 2022"]
["Antiguo","SEÑALIZACIÓN",4864,"DEMARCACIÓN DE LINEA SENDERO PEATONAL CONTINUA A= 0.4MT, E= 2.3MM TERMOPLÁSTICA. INCLUYE SUMINISTRO Y APLICACIÓN CON EQUIPO. INCLUYE MICROESFERAS.","ML",39304,"Actualización MO 2022"]
["Antiguo","SEÑALIZACIÓN",4865,"DEMARCACIÓN LINEA DE CANALIZACIÓN A= 0.2MT, E= 2.3MM TERMOPLÁSTICA. INCLUYE SUMINISTRO Y APLICACIÓN CON EQUIPO. INCLUYE MICROESFERAS.","ML",19652,"Actualización MO 2022"]
["Antiguo","SEÑALIZACIÓN",4866,"DEMARCACIÓN ZONA ANTIBLOQUEO A= 0.4MT, E= 2.3MM TERMOPLÁSTICA. INCLUYE SUMINISTRO Y APLICACIÓN CON EQUIPO. INCLUYE MICROESFERAS.","ML",39304,"Actualización MO 2022"]
["Antiguo","SEÑALIZACIÓN",4867,"DEMARCACIÓN LINEA DE PARE A= 0.6MT, E= 2.3MM TERMOPLÁSTICA. INCLUYE SUMINISTRO Y APLICACIÓN CON EQUIPO. INCLUYE MICROESFERAS.","ML",58956,"Actualización MO 2022"]
["Antiguo","DEMOLICIONES",4869,"DEMOLICIÓN MANUAL DE CAJA SENCILLA CS 275 (INCLUYE DEMOLICIÓN DE PLACA PISO, TAPA, MUROS Y CAÑUELAS Y CARGUE).","UN",56754,"Actualización MO 2022"]
["Antiguo","DEMOLICIONES",4870,"DEMOLICIÓN MANUAL DE CÁMARA T-14 (INCLUYE DEMOLICIÓN DE PLACA PISO, TAPA, MUROS Y CAÑUELAS Y CARGUE).","UN",56754,"Actualización MO 2022"]
["Antiguo","DEMOLICIONES",4871,"DEMOLICIÓN MANUAL DE CÁMARA DE PASO SENCILLA ETB (INCLUYE DEMOLICIÓN DE PLACA PISO, TAPA, MUROS Y CAÑUELAS Y CARGUE).","UN",28378,"Actualización MO 2022"]
["Antiguo","REDES ACUEDUCTO",4872,"REDUCCIÓN CONCENTRICA HD EL 4\" X 3\". SUMINISTRO E INSTALACIÓN.","UN",154641,"Actualización MO 2022"]
["Antiguo","REDES ACUEDUCTO",4873,"REDUCCIÓN CONCENTRICA HD EL 8\" X 6\". SUMINISTRO E INSTALACIÓN.","UN",439754,"Actualización MO 2022"]
["Antiguo","REDES ACUEDUCTO",4874,"REDUCCIÓN HD 6\" X 4\" J.H. SUMINISTRO E INSTALACIÓN.","UN",333468,"Actualización MO 2022"]
["Antiguo","REDES ACUEDUCTO",4875,"REDUCCIÓN HD 4\" X 2\" J.H. SUMINISTRO E INSTALACIÓN.","UN",111202,"Actualización MO 2022"]
["Antiguo","REDES ACUEDUCTO",4876,"RELOCALIZACIÓN DE MEDIDOR DE ACUEDUCTO D= 3/4\" (INCLUYE: 1MT TUBERÍA GALVANIZADA D= 3/4\", SOLDADURA, CINTA DE TEFLON, REPOSICIÓN DE CAJILLA EN POLIPROPILENO DE ALTA RESISTENCIA CON TAPA. NO INCLUYE MEDIDOR).","UN",245102,"Actualización MO 2022"]
["Antiguo","REDES ACUEDUCTO",4877,"RELOCALIZACIÓN DE MEDIDOR DE ACUEDUCTO D= 1\" (INCLUYE: 1MT TUBERÍA GALVANIZADA D= 1\", SOLDADURA, CINTA DE TEFLON, REPOSICIÓN DE CAJILLA EN POLIPROPILENO DE ALTA RESISTENCIA CON TAPA. NO INCLUYE MEDIDOR).","UN",234830,"Actualización MO 2022"]
["Antiguo","REDES ACUEDUCTO",4878,"CONEXIONES KIT SILLA YEE 200 X 160 PVC. SUMINISTRO E INSTALACIÓN.","UN",95268,"Actualización MO 2022"]
["Antiguo","REDES ACUEDUCTO",4879,"CONEXIONES KIT SILLA YEE 315 X 160 PVC. SUMINISTRO E INSTALACIÓN.","UN",168768,"Actualización MO 2022"]
["Antiguo","REDES ACUEDUCTO",4880,"26 DUCTOS D= 4\" DE PVC TDP. SUMINISTRO E INSTALACIÓN. (NO INCLUYE RELLENO).","ML",531560,"Actualización MO 2022"]
["Antiguo","MOBILIARIO URBANO - ARBOLES Y GRAMAS",4882,"EUCALIPTO POMARROSO H= 1.5M (INCLUYE SIEMBRA, CAJA, TIERRA NEGRA, ABONO Y TUTOR. INCLUYE TRANSPORTE Y DISPOSICIÓN FINAL DE ESCOMBROS EN SITIO AUTORIZADO (DISTANCIA DE TRANSPORTE 28 KM). SUMINISTRO Y PLANTACION.","UN",112944,"Actualización MO 2022"]
["Antiguo","MOBILIARIO URBANO - ARBOLES Y GRAMAS",4883,"PASTO KYKUYO CORTADO A MÁQUINA (INCLUYE SUMINISTRO Y RIEGO DE TIERRA FÉRTIL DE 10CM DE ESPESOR E INSTALACIÓN Y SIEMBRA DE PASTO Y SALADO Y NIVELACIÓN. SUMINISTRO Y PLANTACION.","M2",9585,"Actualización MO 2022"]
["Antiguo","MOBILIARIO URBANO - ARBOLES Y GRAMAS",4884,"NOGAL H= 1.5M (INCLUYE SIEMBRA, CAJA, TIERRA NEGRA, ABONO Y TUTOR. INCLUYE TRANSPORTE Y DISPOSICIÓN FINAL DE ESCOMBROS EN SITIO AUTORIZADO (DISTANCIA DE TRANSPORTE 28 KM). SUMINISTRO Y PLANTACION.","UN",186844,"Actualización MO 2022"]
["Antiguo","MOBILIARIO URBANO - ARBOLES Y GRAMAS",4885,"ROBLE H= 1.5M (INCLUYE SIEMBRA, CAJA, TIERRA NEGRA, ABONO Y TUTOR. INCLUYE TRANSPORTE Y DISPOSICIÓN FINAL DE ESCOMBROS EN SITIO AUTORIZADO (DISTANCIA DE TRANSPORTE 28 KM). SUMINISTRO Y PLANTACION.","UN",207944,"Actualización MO 2022"]
["Antiguo","MOBILIARIO URBANO - ARBOLES Y GRAMAS",4886,"CAUCHO SABANERO H= 1.5M (INCLUYE SIEMBRA, CAJA, TIERRA NEGRA, ABONO Y TUTOR. INCLUYE TRANSPORTE Y DISPOSICIÓN FINAL DE ESCOMBROS EN SITIO AUTORIZADO (DISTANCIA DE TRANSPORTE 28 KM). SUMINISTRO Y PLANTACION.","UN",205944,"Actualización MO 2022"]
["Antiguo","MOBILIARIO URBANO - ARBOLES Y GRAMAS",4887,"MAGNÓLIO H= 1.5M (INCLUYE SIEMBRA, CAJA, TIERRA NEGRA, ABONO Y TUTOR. INCLUYE TRANSPORTE Y DISPOSICIÓN FINAL DE ESCOMBROS EN SITIO AUTORIZADO (DISTANCIA DE TRANSPORTE 28 KM). SUMINISTRO Y PLANTACION.","UN",257944,"Actualización MO 2022"]
["Antiguo","MOBILIARIO URBANO - ARBOLES Y GRAMAS",4888,"YARUMO H= 1.5M (INCLUYE SIEMBRA, CAJA, TIERRA NEGRA, ABONO Y TUTOR. INCLUYE TRANSPORTE Y DISPOSICIÓN FINAL DE ESCOMBROS EN SITIO AUTORIZADO (DISTANCIA DE TRANSPORTE 28 KM). SUMINISTRO Y PLANTACION.","UN",237944,"Actualización MO 2022"]
["Antiguo","REDES ELECTRICAS",4889,"CONSTRUCCIÓN DE CAJA DE INSPECCIÓN CS 285. INCLUYE TAPA PREFABRICADA Y MARCO.","UN",1051310,"Actualización MO 2022"]
["Antiguo","REDES ELECTRICAS",4890,"NIVELACIÓN DE CAJA CS 274 EN ANDEN H= 0.40M (INCLUYE CONCRETO 2500 PSI HECHO EN OBRA, LADRILLO TOLETE RECOCIDO 24X12X6. MORTERO 1:5 HECHO EN OBRA. INCLUYE REPOSICIÓN DE MARCO Y TAPA PREFABRICADA).","UN",330811,"Actualización MO 2022"]
["Antiguo","REDES ELECTRICAS",4891,"NIVELACIÓN DE CAJA CS 275 EN ANDEN H= 0.40M (INCLUYE CONCRETO 2500 PSI HECHO EN OBRA, LADRILLO TOLETE RECOCIDO 24X12X6. MORTERO 1:5 HECHO EN OBRA. INCLUYE REPOSICIÓN DE MARCO Y TAPA PREFABRICADA).","UN",515980,"Actualización MO 2022"]
["Antiguo","REDES ALCANTARILLADO / DRENAJE",4892,"TUBERIA CONCRETO ALTA RESISTENCIA D= 10\" (INCLUYE SUMINISTRO, INSTALACIÓN Y MORTERO 2000 PSI PARA RECUBRIMIENTO DE JUNTA).","ML",241749,"Actualización MO 2022"]
["Antiguo","ANÁLISIS AUXILIARES",4894,"CUADRILLA (TUBERO + 3 AYUDANTES).","JR",256409,"Actualización MO 2022"]
["Antiguo","ANÁLISIS AUXILIARES",4895,"CUADRILLA (TUBERO + 3 AYUDANTES)","HR",32053,"Actualización MO 2022"]
["Antiguo","REDES ALCANTARILLADO / DRENAJE",4896,"TUBERIA CONCRETO ALTA RESISTENCIA D= 12\" (INCLUYE SUMINISTRO, INSTALACIÓN Y MORTERO 2000 PSI PARA RECUBRIMIENTO DE JUNTA).","ML",300764,"Actualización MO 2022"]
["Antiguo","REDES ALCANTARILLADO / DRENAJE",4897,"TUBERIA CONCRETO ALTA RESISTENCIA D= 14\" (INCLUYE SUMINISTRO, INSTALACIÓN Y MORTERO 2000 PSI PARA RECUBRIMIENTO DE JUNTA).","ML",369442,"Actualización MO 2022"]
["Antiguo","REDES ACUEDUCTO",4898,"REDUCCION HD 4\"X2\" J.H. (SUMINISTRO E INSTALACIÓN).","UN",106230,"Actualización MO 2022"]
["Antiguo","REDES ACUEDUCTO",4899,"REDUCCION HD 4\"X 3\" J.H. (SUMINISTRO E INSTALACIÓN).","UN",135458,"Actualización MO 2022"]
["Antiguo","REDES ACUEDUCTO",4900,"REDUCCION HD 8\"X 6\" J.H. (SUMINISTRO E INSTALACIÓN).","UN",419328,"Actualización MO 2022"]
["Antiguo","REDES ACUEDUCTO",4901,"KIT DE NIVELACIÓN PARA HIDRANTE TRÁFICO DE DIÁMETRO DE 4\", LONGITUD 400MM. SUMINISTRO E INSTALACIÓN (INCLUYE TRANSPORTE Y TODOS LOS ELEMENTOS NECESARIOS PARA SU INSTALACIÓN).","UN",779922,"Actualización MO 2022"]
["Antiguo","ANDENES Y SARDINELES",4902,"RAMPA TIPO A (B5) (BASE EN MORTERO 2000 PSI, DESARROLLO DE 1.40M).","UN",828314,"Actualización MO 2022"]
["Antiguo","ANDENES Y SARDINELES",4903,"PIEZA DE REMATE PARA RAMPA PEATONAL, SUMINISTRO Y CONSTRUCCION. LONGITUD 1,20MTS FUNDIDO EN SITIO EN CONCRETO PREMEZCLADO DE 3000 PSI (GRAVA COMUN) INCLUYE FORMALETA EN MADERA","UN",96207,"Actualización MO 2022"]
["Antiguo","ANDENES Y SARDINELES",4904,"PISO EN CONCRETO COLOR OCRE 4000 PSI ESTAMPADO TIPO ESPINA DE PESCADO E=0.12M (INCLUYE SUMINISTRO Y COLOCACIÓN DE CONCRETO, MOLDE DESMOLDANTE, COLOR ENDURECEDOR DE CUARZO, SELLANTE. INCLUYE CORTE Y SELLADO DE JUNTAS..","M2",151329,"Actualización MO 2022"]
["Antiguo","GEOSINTETICOS",4905,"GEODREN VIAL DE 100MM X 1.0M. SUMINISTRO E INSTALACIÓN. (INCLUYE EXCAVACIÓN MANUAL E= 30CM Y RELLENO EN MATERIAL SELECCIONADO PROVENIENTE DE EXCAVACIÓN..","ML",76674,"Actualización MO 2022"]
["Antiguo","RELLENOS Y CAPAS GRANULARES",4907,"SUBBASE GRANULAR PEATONAL SBG_PEA. SUMINISTRO, EXTENDIDO MANUAL, NIVELACIÓN, HUMEDECIMIENTO Y COMPACTACIÓN","M3",113809,"Actualización MO 2022"]
["Antiguo","RELLENOS Y CAPAS GRANULARES",4908,"MATERIAL SELECCIONADO. SUMINISTRO, EXTENDIDO MANUAL, NIVELACIÓN, HUMEDECIMIENTO Y COMPACTACIÓN.","M3",79657,"Actualización MO 2022"]
["Antiguo","MOBILIARIO URBANO - ARBOLES Y GRAMAS",4909,"RAMPA VEHICULAR FUNDIDA EN EL SITIO EN CONCRETO PREMEZCLADO DE 3000 PSI (GRAVA COMUN) SUM, CONSTR. E INSTALACIÓN. INCLUYE ACABADO EN ADOQUIN DE ARCILLA TIPO TRÁFICO PESADO O SIMILAR, BASE DE 4CM EN MORTERO DE 2000 PSI.","M2",144812,"Actualización MO 2022"]
["Antiguo","PAVIMENTOS",4910,"CONCRETO GRAVA COMUN DE 3000 PSI (210 KG/CM2) PARA RAMPAS DE EMPALME E= 0.20M PROMEDIO, SUMINISTRO Y COLOCACIÓN (INCLUYE EQUIPOS, SUMINISTRO E INSTALACIÓN DE FORMALETA, CURADO DE CONCRETO, MANO DE OBRA).","M2",116678,"Actualización MO 2022"]
["Antiguo","ANDENES Y SARDINELES",4911,"SARDINEL CHAFLANADO DE H-MAX 0.50M Y A- PROM 0.15M PARA SEPARADORES. SUM. Y CONST. FUNDIDO EN SITIO EN CONCRETO PREMEZCLADO DE 3000 PSI (GRAVA COMUN) INCLUYE FORMALETA METÁLICA PARA SARDINEL. NO INCLUYE REFUERZO.","ML",45555,"Actualización MO 2022"]
["Antiguo","REDES TELEFONICAS / DATOS",4912,"NIVELACIÓN DE CAJA ETB T-14 H= 0.30M INCLUYE PLACA SUPERIOR EN CONCRETO DE 3000 PSI HECHO EN OBRA 1:2:2, ACERO DE REFUERZO, BLOQUE PARA CÁMARA TELEFÓNICA.","UN",1775284,"Actualización MO 2022"]
["Antiguo","REDES TELEFONICAS / DATOS",4913,"NIVELACIÓN DE CAJA ETB T-13 H= 0.30M (INCLUYE CONCRETO, ACERO DE REFUERZO, BLOQUE PARA CÁMARA TELEFÓNICA, MORTERO, ARO Y TAPA ETB).","UN",1411112,"Actualización MO 2022"]
["Antiguo","REDES TELEFONICAS / DATOS",4914,"NIVELACIÓN DE CAJA DOBLE DE PASO ETB H= 0.30M (INCLUYE REPOSICIÓN DE MARCO Y TAPA Y BORDILLO PERIMETRAL EN CONCRETO DE 3000 PSI HECHO EN OBRA 1:2:2 CON ARENA DE RIO Y TRITURADO DE 3/4\", ACERO DE REFUERZO DE 3/8\" Y 1/2\".","UN",661183,"Actualización MO 2022"]
["Antiguo","ANDENES Y SARDINELES",4915,"SARDINEL CURVO FUNDIDO EN SITIO EN CONCRETO PREMEZCLADO DE 3000 PSI (GRAVA COMUN) E= 0.20M H= 0.35M SUMINISTRO Y CONSTRUCCIÓN (INCLUYE FORMALETA METÁLICA, ACERO DE REFUERZO Y ALAMBRE NEGRO.","ML",40713,"Actualización MO 2022"]
["Antiguo","PAVIMENTOS",4918,"JUNTA DE DILATACIÓN ELASTOMÉRICA 250 TAMAÑO 64 X 70 MM (INCLUYE SUMINISTRO E INSTALACIÓN Y TODOS LOS COSTOS DE SUMINISTRO E INSTALACIÓN DE MATERIAL PARA ANCLAJE..","ML",137670,"Actualización MO 2022"]
["Antiguo","ANDENES Y SARDINELES",4919,"ADOQUIN EN CONCRETO 200X100X60MM A25 (SUMINISTRO E INSTALACIÓN. INCLUYE BASE 4CM MORTERO 2000 PSI Y ARENA DE SELLO).","M2",77488,"Actualización MO 2022"]
["Antiguo","MOBILIARIO URBANO - ARBOLES Y GRAMAS",4920,"CANECA DE ACERO INOXIDABLE M121 TIPO BARCELONA (SUMINISTRO E INSTALACIÓN. INCLUYE CONCRETO PARA ANCLAJE DE 3000 PSI PREMEZCLADO GRAVA COMÚN.","UN",485601,"Actualización MO 2022"]
["Antiguo","SEÑALIZACIÓN",4921,"POSTE DE REFERENCIA TIPO INVIAS. INCLUYE SUMINISTRO E INSTALACIÓN. (INCLUYE CONCRETO 2000 PSI PARA ANCLAJE , CONCRETO 2500 PSI PARA POSTE, CONCRETOS HECHOS EN OBRA, INCLUYE REFUERZO, FORMALETA Y PINTURA REFLECTIVA.","UN",103811,"Actualización MO 2022"]
["Antiguo","ANÁLISIS AUXILIARES",4922,"CUADRILLA (3 AYUDANTES)","JR",165159,"Actualización MO 2022"]
["Antiguo","ANÁLISIS AUXILIARES",4923,"CUADRILLA (3 AYUDANTES).","HR",20646,"Actualización MO 2022"]
["Antiguo","PAVIMENTOS",4925,"FRESADO ESTABILIZADO AL 5% CON EMULSIÓN CRL-1 (INCLUYE TRANSPORTE DE MATERIAL FRESADO AL FRENTE DE OBRA DE 40 KM, SUMINISTRO DE EMULSIÓN, INSTALACIÓN MECANICA DE MATERIAL ESTABILIZADO).","M3",230814,"Actualización MO 2022"]
["Antiguo","PAVIMENTOS",4926,"FRESADO ESTABILIZADO AL 5% CON EMULSIÓN CRL-1 (INCLUYE TRANSPORTE DE MATERIAL FRESADO AL FRENTE DE OBRA DE 10 KM, SUMINISTRO DE EMULSIÓN, INSTALACIÓN MECANICO DE MATERIAL ESTABILIZADO).","M3",187344,"Actualización MO 2022"]
["Antiguo","GESTIÓN SOCIAL",4928,"CANALIZACIÓN DE TRÁFICO (INSTALACIÓN, MANTENIMIENTO Y DESINSTALACIÓN MENSUAL) CON SEÑALIZADORES TUBULARES COLOMBINA PLÁSTICA Y TRIPLE CINTA DE SEÑALIZACIÓN (INCLUYE ALQUILER DE SEÑALIZADORES TUBULARES). LONGITUD 3 METROS.","UN/MES",5545,"Actualización MO 2022"]
["Antiguo","SEÑALIZACIÓN",4930,"BANDERERO (INCLUYE ALQUILER DE PALETA PARE-SIGA EN POLIETILENO).","H/ME",1651764,"Actualización MO 2022"]
["Antiguo","GESTIÓN SOCIAL",4931,"ALQUILER KIT DE EMERGENCIAS (INCLUYE EXTINTOR DE 5 LBS, CAMILLA EN MADERA PRIMEROS AUXILIOS, INMOVILIZADOR CABEZA, CONO DE H= 1.0M Y BOTIQUÍN.","UN/MES",30757,"Actualización MO 2022"]
["Antiguo","GESTIÓN SOCIAL",4933,"AVISO PUNTO CREA 1.50M X 0.90M (MATERIAL DE IMPRESIÓN VINILO PARA EXTERIORES. INCLUYE SUMINISTRO E INSTALACIÓN).","UN",416500,"Actualización MO 2022"]
["Antiguo","GESTIÓN AMBIENTAL",4934,"ALQUILER CARPA VESTIER 2.0M X 2.0M CON ESTRUCTURA, TECHO Y LATERALES EN LONA.","UN/MES",80390,"Actualización MO 2022"]
["Antiguo","GESTIÓN AMBIENTAL",4936,"ACCESO TEMPORAL A VIVIENDA EN MADERA. SUMINISTRO Y CONSTRUCCIÓN.","UN",27411,"Actualización MO 2022"]
["Antiguo","GESTIÓN AMBIENTAL",4937,"BARRERA DE CONTENCIÓN MATERIAL DE ARRASTRE (INCLUYE SUMINISTRO Y COLOCACIÓN DE MALLA DE GALLINERO 1 1/4\" Y POLISOMBRA 47%).","M2",7401,"Actualización MO 2022"]
["Antiguo","RELLENOS Y CAPAS GRANULARES",4943,"ESTABILIZACIÓN DE BASE GRANULAR CON ADITIVO POTENCIALIZADOR FLEXIBILIZANTE + CEMENTO 5%","M3",239691,"Actualización MO 2022"]
["Antiguo","GESTIÓN AMBIENTAL",4945,"ALQUILER DE CERRAMIENTO TIPO 1: CONSTA DE SEÑALIZADORES TUBULARES PLÁSTICOS, TRIPLE CINTA PELIGRO CAL. 4, POLISOMBRA 65% PARA CERRAMIENTO. (INCLUYE INSTALACIÓN, MANTENIMIENTO Y DESINSTALACIÓN).","ML/ME",6500,"Actualización MO 2022"]
["Antiguo","GESTIÓN AMBIENTAL",4946,"ALQUILER DE CERRAMIENTO TIPO 2: CONSTA DE POSTES ROLLIZOS DE 1.90MT DE ALTURA LIBRE CON BASE EN CONCRETO 1500 PSI DE 30CM X 30CM, DOBLE CINTA PELIGRO CAL. 4, TELA PARA CERRAMIENTO.(INCL INSTALACION, MANTENIMIENTO Y DESINSTALACIÓN).","ML/ME",17627,"Actualización MO 2022"]
["Antiguo","ANÁLISIS AUXILIARES",4947,"LAVADO DE ESTRUCTURA EN CONCRETO Y/O METÁLICAS. INCLUYE ALQUILER DE HIDROLAVADORA 1300W MOTOR A GASOLINA PRESIÓN 3200 PSI. INCLUYE IMPLEMENTOS DE ASEO (DETERGENTE INDUSTRIAL), AGUA, COMBUSTIBLE Y MANO DE OBRA.","M2",6376,"Actualización MO 2022"]
["Antiguo","MOBILIARIO URBANO - ARBOLES Y GRAMAS",4949,"CONTENEDOR DE RAÍCES TIPO B21 (TIPO B) (1.40M X 1.40M X 1.40M)INCLUYE MUROS EN CONCRETO GRAVA COMÚN 3000 PSI (210 KG/CM2), SUMINISTRO CONSTRUCCIÓN Y FILTRO EN GRAVILLA 1/2\", FORMALETA Y REFUERZO. NO INCLUYE TIERRA NEGRA.","UN",725763,"Actualización MO 2022"]
["Antiguo","REDES TELEFONICAS / DATOS",4950,"SEMÁFORO VEHICULAR DE POLICARBONATO (3X200), LENTES DE POLICARBONATO DE 8\", TRES LUCES, SISTEMA DE ILUMINACIÓN A LEDS. SUMINISTRO E INSTALACIÓN.","UN",3617304,"Actualización MO 2022"]
["Antiguo","REDES TELEFONICAS / DATOS",4951,"SEMÁFORO PEATONAL DE POLICARBONATO (2X200), LENTES DE POLICARBONATO DE 8\", DOS LUCES, SISTEMA DE ILUMINACIÓN A LEDS. SUMINISTRO E INSTALACIÓN.","UN",2634715,"Actualización MO 2022"]
["Antiguo","REDES TELEFONICAS / DATOS",4952,"POSTE TIPO MASTIL T1 (3.60M) EN TUBO SCH 40 GALVANIZADO Y PINTADO. SUMINISTRO E INSTALACIÓN.","UN",1573061,"Actualización MO 2022"]
["Antiguo","REDES TELEFONICAS / DATOS",4953,"POSTE TIPO MENSULA T2 (5.50M) EN TUBO SCH 40 GALVANIZADO Y PINTADO. SUMINISTRO E INSTALACIÓN.","UN",3338426,"Actualización MO 2022"]
["Antiguo","ACERO DE REFUERZO",4959,"ACERO LISO PARA TRANSFERENCIA DE LOSAS D= 1 1/4\" (NO INCLUYE CANASTILLA). SUMINISTRO E INSTALACIÓN.","KG",3220,"Actualización MO 2022"]
["Antiguo","SEÑALIZACIÓN",4960,"FLECHA DIRECCIONAL \"DE FRENTE A LA IZQUIERDA\" (E=2.3MM,TERMOPLÁSTICA. INC. SUMIN. Y APLIC. CON EQUIPO. INC. MICROESFERAS).","UN",214205,"Actualización MO 2022"]
["Antiguo","SEÑALIZACIÓN",4961,"DEMARCACIÓN LINEA DE CRUCE DE BICICLETA A= 0.4MT, E= 2.3MM TERMOPLÁSTICA. INCLUYE SUMINISTRO Y APLICACIÓN CON EQUIPO. INCLUYE MICROESFERAS..","ML",39304,"Actualización MO 2022"]
["Antiguo","SEÑALIZACIÓN",4962,"DEMARCACIÓN LINEAL CARRIL CICLORRUTA A= 0.1MT, L= 1.20MT E= 2.3MM EN PINTURA TERMOPLÁSTICA. INCLUYE SUMINISTRO Y APLICACIÓN CON EQUIPO. INCLUYE MICROESFERAS..","ML",9826,"Actualización MO 2022"]
["Antiguo","SEÑALIZACIÓN",4963,"DEMARCACIÓN LINEAL BORDE CICLORRUTA A= 0.1MT, E= 2.3MM EN PINTURA TERMOPLÁSTICA. INCLUYE SUMINISTRO Y APLICACIÓN CON EQUIPO. INCLUYE MICROESFERAS..","ML",9826,"Actualización MO 2022"]
["Antiguo","SEÑALIZACIÓN",4964,"DEMARCACIÓN LINEAL PARADA CICLORRUTA A= 0.1MT, E= 2.3MM EN PINTURA TERMOPLÁSTICA. INCLUYE SUMINISTRO Y APLICACIÓN CON EQUIPO. INCLUYE MICROESFERAS..","ML",9826,"Actualización MO 2022"]
["Antiguo","GEOSINTETICOS",4965,"NEOPRENO REFORZADO 0.40 X 0.90 X 1\" DOBLE REFUERZO SUMINISTRO E INSTALACIÓN (INCLUYE LIMPIEZA DE LA SUPERFICIE CON CHORRO DE AIRE A PRESIÓN, HERRAMIENTA MENOR Y COMPRESOR).","UN",677855,"Actualización MO 2022"]
["Antiguo","SEÑALIZACIÓN",4966,"DESMONTE SEÑAL VERTICAL.","UN",3497,"Actualización MO 2022"]
["Antiguo","REDES ALCANTARILLADO / DRENAJE",4967,"EMPATE EN LÍNEA DE TUBERÍA DE ACERO (HA) A TUBERÍA PVC 8\". SUMINISTRO E INSTALACIÓN. (INCLUYE ACOPLE UNIVERSAL D= 8\" R1, UNIÓN DE REPARACIÓN D=8\" Y 1MT DE TUBERÍA PVC D= 8\" RDE 21).","UN",793954,"Actualización MO 2022"]
["Antiguo","REDES ALCANTARILLADO / DRENAJE",4968,"EMPATE EN LÍNEA DE TUBERÍA DE ACERO (HA) A TUBERÍA PVC 4\". SUMINISTRO E INSTALACIÓN. (INCLUYE ACOPLE UNIVERSAL D= 4\", UNIÓN DE REPARACIÓN D=4\" Y 1MT DE TUBERÍA PVC D= 4\" RDE 21).","UN",263420,"Actualización MO 2022"]
["Antiguo","REDES ALCANTARILLADO / DRENAJE",4969,"EMPATE EN LÍNEA DE TUBERÍA DE ACERO (HA) A TUBERÍA PVC 3\". SUMINISTRO E INSTALACIÓN. (INCLUYE ACOPLE UNIVERSAL D= 3\", UNIÓN DE REPARACIÓN D=3\" Y 1MT DE TUBERÍA PVC D= 3\" RDE 21).","UN",195671,"Actualización MO 2022"]
["Antiguo","REDES ALCANTARILLADO / DRENAJE",4970,"EMPATE EN LÍNEA DE TUBERÍA DE ACERO (HA) A ASBESTO CEMENTO (AC) 8\".SUMINISTRO E INSTALACIÓN. (INCLUYE DOS ACOPLES UNIVERSAL D= 8\" R1 Y 1MT DE TUBERÍA PVC D= 8\" RDE 21).","UN",493742,"Actualización MO 2022"]
["Antiguo","REDES ALCANTARILLADO / DRENAJE",4971,"EMPATES EN LÍNEA DE TUBERÍA EN PVC A HD 12\". SUMINISTRO E INSTALACIÓN. (INCLUYE ADAPTADOR BRIDA 12\" R2, UNIÓN DE REPARACIÓN 12\" Y 1MT DE TUBERÍA PVC D= 12\" RDE 21).","UN",2032120,"Actualización MO 2022"]
["Antiguo","REDES ALCANTARILLADO / DRENAJE",4972,"EMPATES EN LÍNEA DE TUBERÍA EN PVC A AC 6\". SUM E INST. (INCL ACOPLE UNIVERSAL R1 - R2 D= 6\", UNIÓN PVC U.M. D= 6\", UNIÓN GIBAULT HD PARA AC CL. 25 D= 6\", UNION DE REPARACIÓN D= 6 Y 1 METRO DE TUBERÍA PVC D= 6\" RDE 21).","UN",918803,"Actualización MO 2022"]
["Antiguo","REDES ALCANTARILLADO / DRENAJE",4973,"EMPATES EN LÍNEA DE TUBERÍA EN PVC A AC 8\". SUM E INST. (INCL ACOPLE UNIVERSAL R1- R2 D= 8\", UNIÓN PVC U.M. D= 8\", UNIÓN GIBAULT HD PARA AC CL. 25 D= 8\", UNION DE REPARACIÓN D= 8 Y 1 METRO DE TUBERÍA PVC D= 8\" RDE 21).","UN",1411483,"Actualización MO 2022"]
["Antiguo","REDES ALCANTARILLADO / DRENAJE",4974,"EMPATES EN LÍNEA DE TUBERÍA EN PVC A AC 12\". SUM E INST. (INCL ACOPLE UNIVERSAL R1- R2 D= 12\", UNIÓN PVC U.M. D= 12\", UNIÓN GIBAULT HD PARA AC CL. 25 D= 12\", UNION DE REPARACIÓN D= 12 Y 1 METRO DE TUB PVC D= 12\" RDE 21).","UN",3422435,"Actualización MO 2022"]
["Antiguo","REDES ALCANTARILLADO / DRENAJE",4975,"EMPATE EN LÍNEA DE TUBERÍA EN PVC A HF 4\". SUM E INST. (INCL UNIÓN DE REPARACIÓN PVC U.M. D=4\", ADAPTADOR MACHO PVC US D=4\", UNIÓN GIBAULT HD CL. 25 D= 4\" Y 1MT DE TUBERÍA PVC D= 4\" RDE 21).","UN",303869,"Actualización MO 2022"]
["Antiguo","REDES ALCANTARILLADO / DRENAJE",4976,"EMPATES EN LÍNEA DE TUBERÍA EN PVC A HF 6\". SUM E INST. (INCL UNIÓN GIBAULT D=6\", UNIÓN PVC U.M. D= 6\", UNIÓN, UNION DE REPARACIÓN D= 6 Y 1 METRO DE TUBERÍA PVC D= 6\" RDE 21).","UN",664375,"Actualización MO 2022"]
["Antiguo","REDES ALCANTARILLADO / DRENAJE",4977,"EMPATE EN LÍNEA DE TUBERÍA EN PVC A HG 4\". SUM E INST. (INCL UNIÓN DE REPARACIÓN PVC U.M. D=4\", ADAPTADOR MACHO PVC US D=4\", UNIÓN GIBAULT HD CL. 25 D= 4\" Y 1MT DE TUBERÍA PVC D= 4\" RDE 21).","UN",303869,"Actualización MO 2022"]
["Antiguo","REDES ACUEDUCTO",4978,"CONSTRUCCIÓN DE CAJA PARA VALVULA D= 3\", D= 4\", D= 6\" Y D= 8\" (NORMA EAAB NS-027) DE 0.4M X0.5M H=2.0M (INCLUYE MARCO Y TAPA).","UN",496112,"Actualización MO 2022"]
["Antiguo","REDES ACUEDUCTO",4979,"CONSTRUCCIÓN DE CAJA PARA VALVULA D= 10\", D= 12\" DE 0.5M X0.6M H=2.0M (INCLUYE TAPA VÁLVULA DE SEGURIDAD).","UN",537761,"Actualización MO 2022"]
["Antiguo","REDES ELECTRICAS",4980,"2 DUCTOS D=3\" Y 9 DUCTOS D=6\" PVC A TDP. SUMINISTRO E INSTALACIÓN. (NO INCLUYE RELLENOS).","ML",452573,"Actualización MO 2022"]
["Antiguo","EXCAVACIONES",4981,"ENTIBADO EC-2 CONTÍNUO MADERA CON PERFILES METÁLICOS Y PARALES TELESCÓPICOS. SUMINISTRO E INSTALACIÓN.","M2",59304,"Actualización MO 2022"]
["Antiguo","REDES ACUEDUCTO",4982,"ACOMETIDA DOMICILIARIA DE 1/2\". SUMINISTRO E INSTALACIÓN. (INCLUYE TUBERIA PF D=1/2\", REGISTROS Y ACCESORIOS, LOG. PROM. = 6.50M).","UN",126677,"Actualización MO 2022"]
["Antiguo","MOBILIARIO URBANO - ARBOLES Y GRAMAS",4983,"PROTECTOR DE RAMPA EN TUBERÍA A.N. 2\". SUMINISTRO E INSTALACIÓN. INCLUYE ANCLAJES EN CONCRETO PREMEZCLADO DE 3000 PSI (GRAVA COMUN).","UN",42922,"Actualización MO 2022"]
["Antiguo","REDES ACUEDUCTO",4984,"RELOCALIZACIÓN DE MEDIDOR DE ACUEDUCTO D= 1/2\" (INCLUYE 1.0M TUBERÍA GALVANIZADA D= 1/2\", SOLDADURA, CINTA DE TEFLON, Y REPOSICIÓN DE CAJILLA EN POLIPROPILENO DE ALTA RESISTENCIA CON TAPA, NO INCLUYE MEDIDOR.).","UN",230939,"Actualización MO 2022"]
["Antiguo","PAVIMENTOS",4985,"CONCRETO GRAVA COMÚN 4000 PSI (280 KG/CM2) PARA PLACAS DE ACCESO. SUMINISTRO Y COLOCACIÓN. (INCLUYE EQUIPOS, SUMINISTRO E INSTALACIÓN DE FORMALETA, CURADO DEL CONCRETO, MANO DE OBRA).","M3",531894,"Actualización MO 2022"]
["Antiguo","CONCRETO Y ACERO PARA ESTRUCTURAS",4986,"CONCRETO GRAVA COMÚN 4000 PSI (280 KG/CM2) PARA CÁMARAS ESPECIALES DE INTERCONEXIÓN DE ALCANTARILLADO (PREMEZCLADO, INCLUYE SUMINISTRO, FORMALETA Y COLOCACIÓN. NO INCLUYE REFUERZO NI CURADO).","M3",685085,"Actualización MO 2022"]
["Antiguo","REDES TELEFONICAS / DATOS",4987,"PEDESTAL PARA EQUIPO DE CONTROL EN CONCRETO DE 3000 PSI (1.0M X 1.0M X 1.0M).","UN",1174598,"Actualización MO 2022"]
["Antiguo","TRANSPORTES Y ACARREOS",4988,"MOVILIZACIÓN DE EQUIPO DESDE LA OBRA HASTA SITIO AUTORIZADO EN CUMPLIMIENTO DEL PMT DENTRO DEL AREA DE INFLUENCIA DE LA OBRA (INCLUYE CARGUE, DESCARGUE Y CARROS ESCOLTA). EL VIAJE ES IDA Y VUELTA.","VIAJE",863643,"Actualización MO 2022"]
["Antiguo","ANDENES Y SARDINELES",4989,"SARDINEL ESPECIAL A 110 PARA RAMPA TIPO B (SUMINISTRO E INSTALACION. INCLUYE 3CM MORTERO 2000 PSI)","ML",113801,"Actualización MO 2022"]
["Antiguo","MOBILIARIO URBANO - ARBOLES Y GRAMAS",4990,"RAMPA TIPO B (B12) LONGITUD=3.00M, DESARROLLO=0.40MT (INCLUYE MATERIAL DE BASE MORTERO 2000 PSI)","UN",341403,"Actualización MO 2022"]
["Antiguo","ANDENES Y SARDINELES",4991,"SARDINEL ESPECIAL A 110 PARA RAMPA TIPO B (SUMINISTRO E INSTALACION. NO INCLUYE MATERIAL DE BASE)","ML",108475,"Actualización MO 2022"]
["Antiguo","ANDENES Y SARDINELES",4992,"RAMPA TIPO B (B12) LONGITUD=3.00M, DESARROLLO=0.40MT (INCLUYE MATERIAL DE BASE MORTERO 1:5 HECHO EN OBRA)","UN",336057,"Actualización MO 2022"]
["Antiguo","ANDENES Y SARDINELES",4993,"RAMPA TIPO B (B12) LONGITUD=3.00M, DESARROLLO=0.40MT (NO INCLUYE MATERIAL DE BASE)","UN",325425,"Actualización MO 2022"]
["Antiguo","RELLENOS Y CAPAS GRANULARES",4994,"SUBBASE GRANULAR CLASE A (SBG_A) ESTABILIZADA CON CEMENTO AL 4% (SUMINISTRO, EXTENDIDO, NIVELACIÓN, HUMEDECIMIENTO Y COMPACTACIÓN CON VIBROCOMPACTADOR)","M3",133109,"Actualización MO 2022"]
["Antiguo","RELLENOS Y CAPAS GRANULARES",4995,"SUBBASE GRANULAR CLASE A (SBG_A) ESTABILIZADA CON CEMENTO AL 4% (SUMINISTRO, EXTENDIDO, NIVELACIÓN, HUMEDECIMIENTO Y COMPACTACIÓN CON VIBROCOMPACTADOR) DISTANCIA DE TRANSPORTE 28 KM","M3",195167,"Actualización MO 2022"]
["Antiguo","REDES ACUEDUCTO",4996,"CODO HD 22,5° EXTREMO LISO PARA PVC D=8\" (SUMINISTRO E INSTALACIÓN)","UN",478997,"Actualización MO 2022"]
["Antiguo","MOBILIARIO URBANO - ARBOLES Y GRAMAS",4997,"ELIMINACIÓN DE SETO (H> 2M) INCLUYE DESENRAIZAMIENTO, TRANSPORTE Y DISPOSICIÓN FINAL DE ESCOMBROS EN SITIO AUTORIZADO (DISTANCIA DE TRANSPORTE 28 KM)","ML",19890,"Actualización MO 2022"]
["Antiguo","REDES ELECTRICAS",5000,"1 DUCTO D= 3\" PVC-TDP CON 3 CABLES. SUMINISTRO E INSTALACIÓN. INCL. EXCAV. EXTENDIDO, HUMEDECIMIENTO Y COMPACTACIÓN DE RELLENOS PARA REDES EN ARENA DE PEÑA Y EN MATERIAL SELECC. PROVENIENTE DE LA EXCAVACIÓN.","ML",88346,"Actualización MO 2022"]
["Antiguo","REDES ELECTRICAS",5001,"CONSTRUCCIÓN DE BASE MOTOR. INCLUYE SUMINISTRO Y COLOCACIÓN DE CONCRETO 3000 PSI HECHO EN OBRA 1:2:2, ARENA DE RIO Y TRITURADO 3/4\". INCLUYE ACERO DE REFUERZO Y SISTEMA DE ANCLAJE PARA POSTE METÁLICO.","UN",761242,"Actualización MO 2022"]
["Antiguo","REDES ELECTRICAS",5002,"1 DUCTO D= 3\" PVC-TDP CON 2 CABLES. SUMINISTRO E INSTALACIÓN. INCL. EXCAV. EXTENDIDO, HUMEDECIMIENTO Y COMPACTACIÓN DE RELLENOS PARA REDES EN ARENA DE PEÑA Y EN MATERIAL SELECC. PROVENIENTE DE LA EXCAVACIÓN.","ML",71657,"Actualización MO 2022"]
["Antiguo","VIAS FERREAS",5003,"CONSTRUCCIÓN DE BASE PARA INSTALACIÓN DE SEMÁFORO FERROVIARIO. INCLUYE SUMINISTRO Y COLOCACIÓN DE CONCRETO 3000 PSI HECHO EN OBRA 1:2:2, ARENA DE RIO Y TRITURADO DE 3/4\". INCLUYE ACERO DE REFUERZO.","UN",43308,"Actualización MO 2022"]
["Antiguo","VIAS FERREAS",5004,"CUADRILLA (OFICIAL + 10 AYUDANTES)","HR",78713,"Actualización MO 2022"]
["Antiguo","VIAS FERREAS",5005,"CUADRILLA (OFICIAL + 10 AYUDANTES).","JR",629711,"Actualización MO 2022"]
["Antiguo","VIAS FERREAS",5010,"DESMONTE, INSTALACIÓN Y NIVELACIÓN DE RIELES (INCLUYE EQUIPO DE OXICORTE Y RETIRO CON EQUIPO)","UN",272449,"Actualización MO 2022"]
["Antiguo","REDES ALCANTARILLADO / DRENAJE",5015,"CAJA DE INSPECCION 0.80X0.8M. SUMINISTRO Y CONSTRUCCION. (H=0.6M. INCLUYE MARCO Y TAPA, NO INCLUYE BASE Y CAÑUELA).","UN",409097,"Actualización MO 2022"]
["Antiguo","REDES ACUEDUCTO",5017,"CONEXIÓN GEODRÉN VIAL 100MMX1.00M A POZO EXISTENTE (INC. EXCAVACION MANUAL, TRANSPORTE Y DISPOSICIÓN FINAL, RELLENOS EN BASE GRANULAR CLASE B,SUMINISTRO E INSTALACION TUBERIA SANITARIA PVC D=4\" Y ACCESORIOS PVC SANITARIA.","UN",365376,"Actualización MO 2022"]
["Antiguo","REDES ACUEDUCTO",5019,"TEE HD 22,5° EXTREMO LISO 4\"X2\" (SUMINISTRO E INSTALACION).","UN",225560,"Actualización MO 2022"]
["Antiguo","REDES ACUEDUCTO",5021,"TUBERIA DE ACERO SIN COSTURAS ASTM-A-53 SCH40 D=12\". SUMINISTRO E INSTALACION. (INCLUYE TRANSPORTE).","ML",504053,"Actualización MO 2022"]
["Antiguo","REDES TELEFONICAS / DATOS",5023,"2 DUCTOS D=2\" PVC PESADO DB. SUMINISTRO E INSTALACION. (NO INCLUYE RELLENOS).","ML",19332,"Actualización MO 2022"]
["Antiguo","MANTENIMIENTO Y REHABILITACION DE VIAS",5024,"VADO PARA ACCESIBILIDAD A MOVILIDAD REDUCIDA EN ANCHO=3.20M, DESARROLLO=2.00M, SUMINISTRO Y CONSTRUCCION, EN ESPACIO PUBLICO EXISTENTE. ALTO ESTANDAR DE ANDEN DE 0.20M (INC. BASE ARENA NIVELADA, ARENA SELLO, RELLENO.","UN",1143824,"Actualización MO 2022"]
["Antiguo","MANTENIMIENTO Y REHABILITACION DE VIAS",5025,"VADO PARA ACCESIBILIDAD A MOVILIDAD REDUCIDA EN ANCHO=3.20M, DESARROLLO=2.00M, SUMINISTRO Y CONSTRUCCION, EN ESPACIO PUBLICO EXISTENTE. ALTO ESTANDAR DE ANDEN DE 0.20M (INC. BASE ARENA NIVELADA, ARENA SELLO, (A=1M2).","M2",192732,"Actualización MO 2022"]
["Antiguo","MANTENIMIENTO Y REHABILITACION DE VIAS",5026,"ESQUINA DEPRIMIDA ANCHO DE ANDEN =4.50M. SUMINISTRO Y CONSTRUCCION. (INCLUYE RELLENO DE 1.70M PENDIENTE 10% H ANDEN=0.20M(INCLUYE RELLENO, LOSETA PREFABRICADA,BASE ARENA NIVELACION Y SELLO, LOSA EN CONCRETO).","UN",4219337,"Actualización MO 2022"]
["Antiguo","MANTENIMIENTO Y REHABILITACION DE VIAS",5028,"CONSTRUCCION Y ADECUACION DE SEPARADOR CENTRAL CON PASO A NIVEL CERO PARA ACCESIBILIDAD A MOVILIDAD REDUCIDA DE ANCHO=4,00M. EN ESPACIO PUBLICO EXISTENTE ALTO ESTANDAR DE ANDEN EN CONCRETRO DE 0.20M.","UN",3736752,"Actualización MO 2022"]
["Antiguo","MOBILIARIO URBANO - ARBOLES Y GRAMAS",5032,"FUCCIA H=1.3MT (INCLUYE TIERRA, ABONO, TUTOR, TRANSPORTE Y DISPOSICIÓN FINAL DE ESCOMBROS A 28 KM). SUMINISTRO Y PLANTACION.","UN",205944,"Actualización MO 2022"]
["Antiguo","MOBILIARIO URBANO - ARBOLES Y GRAMAS",5033,"DURAZNILLO H=1.5MT (INCLUYE TIERRA, ABONO, TUTOR, TRANSPORTE Y DISPOSICIÓN FINAL DE ESCOMBROS A 28 KM). SUMINISTRO Y PLANTACION.","UN",207944,"Actualización MO 2022"]
["Antiguo","MOBILIARIO URBANO - ARBOLES Y GRAMAS",5036,"GUAYACAN H=1.5MT (INCLUYE TIERRA, ABONO, TUTOR, TRANSPORTE Y DISPOSICIÓN FINAL DE ESCOMBROS A 28 KM). SUMINISTRO Y PLANTACION.","UN",195944,"Actualización MO 2022"]
["Antiguo","MOBILIARIO URBANO - ARBOLES Y GRAMAS",5037,"ARRAYAN H=1.3MT (INCLUYE TIERRA, ABONO, TUTOR, TRANSPORTE Y DISPOSICIÓN FINAL DE ESCOMBROS A 28 KM). SUMINISTRO Y PLANTACION.","UN",122944,"Actualización MO 2022"]
["Antiguo","MOBILIARIO URBANO - ARBOLES Y GRAMAS",5038,"CARBONERO H=1.5MT (INCLUYE TIERRA, ABONO, TUTOR, TRANSPORTE Y DISPOSICIÓN FINAL DE ESCOMBROS A 28 KM). SUMINISTRO Y PLANTACION.","UN",206644,"Actualización MO 2022"]
["Antiguo","MOBILIARIO URBANO - ARBOLES Y GRAMAS",5044,"CUBRESUELOS BALSAMINA (INCLUYE 20 UNIDADES POR M2 Y TRANSPORTE Y DISPOSICIÓN FINAL DE ESCOMBROS A 28 KM). SUMINISTRO Y PLANTACION.","M2",153752,"Actualización MO 2022"]
["Antiguo","MOBILIARIO URBANO - ARBOLES Y GRAMAS",5045,"FALSO PIMIENTO H=1.3M (INCLUYE SIEMBRA, TIERRA, ABONO Y TUTOR) INCLUYE TRANSPORTE Y DISPOSICIÓN FINAL DE ESCOMBROS EN SITIO AUTORIZADO A 28 KM). SUMINISTRO Y PLANTACION.","UN",186444,"Actualización MO 2022"]
["Antiguo","MOBILIARIO URBANO - ARBOLES Y GRAMAS",5046,"CUBRESUELOS SUELDA (INCLUYE 20 UNIDADES POR M2 Y TRANSPORTE Y DISPOSICIÓN FINAL DE ESCOMBROS EN SITIO AUTORIZADO (DISTANCIA DE TRANSPORTE 28 KM)). SUMINISTRO Y PLANTACION.","M2",153752,"Actualización MO 2022"]
["Antiguo","PAVIMENTOS",5047,"ADOQUIN EN CONCRETO COLOR OCRE A25 (20X10X6cm) (Suministro e instalación. Incluye base 4cm mortero 2000 PSI y arena de sello)","M2",83191,"Actualización MO 2022"]
["Antiguo","PAVIMENTOS",5048,"ADOQUIN ECOLOGICO EN CONCRETO DE 40 X 40 X 8CM. SUMINISTRO E INSTALACION. (INCLUYE SUMINISTRO, EXTENDIDO, NIVELACIÓN Y COMPACTACIÓN DE RECEBO E=0,15M, 0,02M DE TIERRA, GRAMA Y MANO DE OBRA)","M2",66839,"Actualización MO 2022"]
["Antiguo","MANTENIMIENTO Y REHABILITACION DE VIAS",5049,"REDUCTOR DE VELOCIDAD BAJO EN CONCRETO PREMEZCLADO 4000 PSI GRAVA COMÚN. SUMINISTRO E INSTALACION. (INCLUYE FORMALETA, REFUERZO, CURADO Y PINTURA.","M2",266992,"Actualización MO 2022"]
["Antiguo","DEMOLICIONES",5050,"DEMOLICIÓN MANUAL DE CAMARA DE PASO DOBLE ETB (INCLUYE DEMOLICIÓN DE PLACA PISO, TAPA, MUROS Y CAÑUELAS Y CARGUE)","UN",113507,"Actualización MO 2022"]
["Antiguo","CONCRETO Y ACERO PARA ESTRUCTURAS",5051,"PILOTE PREEXCAVADOS EN CONCRETO TREMIE DE 3000PSI (210 KG/CM2) ACELERADO A 2 DIAS (INC. ACELERANTE, ALQUILER DE EQUIPO DE PERFORACION CON OPERARIO, MANO DE OBRA, TRANSPORTE Y DISPOSICION FINAL DE ESCOMBROS AUTORIZADOA 21KM.","M3",1451262,"Actualización MO 2022"]
["Antiguo","CONCRETO Y ACERO PARA ESTRUCTURAS",5052,"ESTRIBOS CONCRETO GRAVA COMUN 3000PSI (210KG/CM2) ACELERADO A 2 DIAS (INCLUYE ACELERANTE, FORMALETA, CURADO DE CONCRETO Y MANO DE OBRA).","M3",713895,"Actualización MO 2022"]
["Antiguo","PUENTES",5053,"IZAJE Y MONTAJE DE VIGA EN CONCRETO L=30MT APROX INCLUYE DOS GRUAS TELESCOPICAS 50TON PERSONAL PARA IZAJE Y MONTAJE","UN",8905481,"Actualización MO 2022"]
["Antiguo","ANÁLISIS AUXILIARES",5054,"CUADRILLA (2OFICIAL + 4 AYUDANTES)","JR",378582,"Actualización MO 2022"]
["Antiguo","CONCRETO Y ACERO PARA ESTRUCTURAS",5055,"DESCABECE DE PILOTES (INCLUYE TRANSPORTE Y DISPOSICIÓN FINAL DE ESCOMBROS EN SITIO AUTORIZADO A 21 KM.","M3",166049,"Actualización MO 2022"]
["Antiguo","ANÁLISIS AUXILIARES",5056,"ESQUINA DEPRIMIDA ANCHO DE ANDEN =4.50M RAMPA L=1.7M. SUMINISTRO Y CONSTRUCCION.(INCLUYE RELLENO DE 1.70M PENDIENTE 10% H ANDEN=0.20M(INCLUYE RELLENO, LOSETA PREFABRICADA,BASE ARENA NIVELACION Y SELLO, LOSA EN CONCRETO).","M2",208730,"Actualización MO 2022"]
["Antiguo","OBRAS DE ARTE Y EDIFICACIONES",5057,"PANEL PREFABRICADO EN CONCRETO REFORZADO CON FIBRA DE VIDRIO PARA CONFORMACION DE MUROS, PARA ESTACIONES DEL SISTEMA TRANSMILENIO. SUMINISTRO E INSTALACION.","M2",237308,"Actualización MO 2022"]
["Antiguo","OBRAS DE ARTE Y EDIFICACIONES",5058,"FILOS (INCLUYE SUMINISTRO Y COLOCACIÓN DE MORTERO 1:4 IMPERMEABILIZADO HECHO EN OBRA)","ML",6901,"Actualización MO 2022"]
["Antiguo","OBRAS DE ARTE Y EDIFICACIONES",5060,"PINTURA BASE AGUA SOBRE MUROS 3 MANOS (INCLUYE SUMINISTRO Y COLOCACIÓN DE PINTURA BASE EN AGUA PARA EXTERIORES)","M2",7792,"Actualización MO 2022"]
["Antiguo","OBRAS DE ARTE Y EDIFICACIONES",5061,"ENCHAPE EN GRANITO PARA INTERIORES 33 X 33 CM2 (INCLUYE SUMINISTRO Y COLOCACIÓN DE 3CM DE ADHESIVO PREMEZCLADO, LECHADA DE CEMENTO Y BOQUILLA)","M2",60079,"Actualización MO 2022"]
["Antiguo","OBRAS DE ARTE Y EDIFICACIONES",5062,"ZOCALO MEDIA CAÑA EN GRANITO PARA INTERIORES H=7.2CM (INCLUYE SUMINISTRO Y COLOCACIÓN DE MATERIAL DE PEGA)","ML",29597,"Actualización MO 2022"]
["Antiguo","OBRAS DE ARTE Y EDIFICACIONES",5063,"ENCHAPE EN PORCELANATO BEIGE 60 X 60CM2 (INCLUYE SUMINISTRO Y COLOCACIÓN DE 3CM DE ADHESIVO PREMEZCLADO, LECHADA DE CEMENTO, BOQUILLA)","M2",38947,"Actualización MO 2022"]
["Antiguo","OBRAS DE ARTE Y EDIFICACIONES",5064,"GUARDA ESCOBA EN PORCELANATO H=10CM (INCLUYE SUMINISTRO Y COLOCACIÓN DE 3CM DE ADHESIVO PREMEZCLADO, LECHADA DE CEMENTO Y BOQUILLA)","ML",7333,"Actualización MO 2022"]
["Antiguo","OBRAS DE ARTE Y EDIFICACIONES",5066,"FLANCHE LATERAL, REMATE DE CUBIERTA EN LAMINA GALVANIZADA CAL. 16 Y PINTADA. DESARROLLO 0.30M. SUMINISTRO E INSTALACIÓN. (NO INCLUYE ANDAMIO)","ML",31512,"Actualización MO 2022"]
["Antiguo","OBRAS DE ARTE Y EDIFICACIONES",5067,"REMATE DE CUBIERTA Y CORTAGOTERA EN LAMINA GALVANIZADA CAL. 16 Y PINTADA. DESARROLLO 0.15M (NO INCLUYE ANDAMIO). SUMINISTRO E INSTALACION.","ML",23310,"Actualización MO 2022"]
["Antiguo","OBRAS DE ARTE Y EDIFICACIONES",5068,"DISPENSADOR METALICO PARA JABON LIQUIDO PARA INSTALAR EN MESON RECARGA DE JABON INFERIOR PUSH SUPERIOR DOCOL O SIMILAR. SUMINISTRO E INSTALACION.","UN",91578,"Actualización MO 2022"]
["Antiguo","OBRAS DE ARTE Y EDIFICACIONES",5069,"JUEGO DE INCRUSTACIONES COMPLETO (INCLUYE JABONERA, PORTAROLLO Y TOALLERO). SUMINISTRO E INSTALACION.","UN",54568,"Actualización MO 2022"]
["Antiguo","OBRAS DE ARTE Y EDIFICACIONES",5070,"LAVAPLATOS EN ACERO INOXIDABLE DE SOBREPONER CON ALETA CR DE 1.0 X 0.50 MTS. SUMINISTRO E INSTALACION.","UN",127071,"Actualización MO 2022"]
["Antiguo","CONCRETO Y ACERO PARA ESTRUCTURAS",5071,"CONCRETO 2000PSI PARA MUERTOS (PREMEZCLADO. INCLUYE SUMINISTRO FORMALETEO Y COLOCACIÓN. NO INCLUYE REFUERZO, CURADO)","M3",717787,"Actualización MO 2022"]
["Antiguo","REDES ALCANTARILLADO / DRENAJE",5073,"TUBERIA PVC SANITARIA D=2\" (INCLUYE SUMINISTRO E INSTALACIÓN)","ML",15664,"Actualización MO 2022"]
["Antiguo","REDES ALCANTARILLADO / DRENAJE",5074,"TAPON DE PRUEBA PVC SANITARIA D=2\" (INCLUYE SUMINISTRO E INSTALACIÓN)","UN",4066,"Actualización MO 2022"]
["Antiguo","REDES ALCANTARILLADO / DRENAJE",5075,"TAPON DE PRUEBA PVC SANITARIA D=4\" (INCLUYE SUMINISTRO E INSTALACIÓN)","UN",7114,"Actualización MO 2022"]
["Antiguo","REDES ALCANTARILLADO / DRENAJE",5076,"CODO 45° PVC SANITARIA D=4\" (INCLUYE SUMINISTRO E INSTALACIÓN).","UN",19324,"Actualización MO 2022"]
["Antiguo","REDES ALCANTARILLADO / DRENAJE",5077,"CODO 45°CXE PVC SANITARIA D=2\" (INCLUYE SUMINISTRO E INSTALACIÓN).","UN",6890,"Actualización MO 2022"]
["Antiguo","REDES ALCANTARILLADO / DRENAJE",5078,"CODO 90° CXE PVC SANITARIA D=4\" (INCLUYE SUMINISTRO E INSTALACIÓN).","UN",20789,"Actualización MO 2022"]
["Antiguo","REDES ALCANTARILLADO / DRENAJE",5079,"YEE PVC SANITARIA D=2\" (INCLUYE SUMINISTRO E INSTALACIÓN).","UN",10646,"Actualización MO 2022"]
["Antiguo","REDES ALCANTARILLADO / DRENAJE",5080,"YEE PVC SANITARIA D=4\" (INCLUYE SUMINISTRO E INSTALACIÓN).","UN",31779,"Actualización MO 2022"]
["Antiguo","REDES ALCANTARILLADO / DRENAJE",5081,"YEE DOBLE PVC SANITARIA D=4\" (INCLUYE SUMINISTRO E INSTALACIÓN).","UN",52977,"Actualización MO 2022"]
["Antiguo","REDES ALCANTARILLADO / DRENAJE",5082,"PUNTO SANITARIO 4\" PARA FLUXOMETRO ( INCLUYE SUMINISTRO E INSTALACIÓN. INCLUYE CODO 45°, TUBERIA PVC SANITARIA, UNION, SOLDADURA Y CINTA TEFLON).","UN",83348,"Actualización MO 2022"]
["Antiguo","REDES ACUEDUCTO",5083,"TUBERIA PVC E.L. D= 1 1/4\" 200 PSI (INCLUYE SUMINISTRO E INSTALACIÓN, SOLDADURA).","ML",12572,"Actualización MO 2022"]
["Antiguo","REDES ACUEDUCTO",5084,"TUBERIA PVC E.L. D= 1 RDE 13.5 - 315 PSI (INCLUYE SUMINISTRO E INSTALACIÓN, SOLDADURA).","ML",10581,"Actualización MO 2022"]
["Antiguo","REDES ACUEDUCTO",5085,"TEE PVC E.L. D= 1 1/2\" (INCLUYE SUMINISTRO E INSTALACIÓN, SOLDADURA).","UN",14002,"Actualización MO 2022"]
["Antiguo","REDES ACUEDUCTO",5086,"TEE PVC E.L. D= 1 1/4\" (INCLUYE SUMINISTRO E INSTALACIÓN, SOLDADURA).","UN",10802,"Actualización MO 2022"]
["Antiguo","REDES ACUEDUCTO",5087,"TEE PVC E.L. D= 1\" (INCLUYE SUMINISTRO E INSTALACIÓN, SOLDADURA).","UN",6064,"Actualización MO 2022"]
["Antiguo","REDES ACUEDUCTO",5088,"CODO 90° PVC E.L. D= 1 1/4\" (INCLUYE SUMINISTRO E INSTALACIÓN, SOLDADURA).","UN",7321,"Actualización MO 2022"]
["Antiguo","REDES ACUEDUCTO",5089,"CODO 90° PVC E.L. D= 1\" (INCLUYE SUMINISTRO E INSTALACIÓN, SOLDADURA).","UN",5248,"Actualización MO 2022"]
["Antiguo","REDES ACUEDUCTO",5090,"CODO 90° PVC E.L. D= 1 1/2\" (INCLUYE SUMINISTRO E INSTALACIÓN, SOLDADURA).","UN",11646,"Actualización MO 2022"]
["Antiguo","REDES ACUEDUCTO",5091,"REDUCCION PVC E.L. D= 1 1/2\" A 1 1/4\" (INCLUYE SUMINISTRO E INSTALACIÓN, SOLDADURA).","UN",7975,"Actualización MO 2022"]
["Antiguo","REDES ACUEDUCTO",5092,"REDUCCION PVC E.L. D= 1 1/4\" A 1\" (INCLUYE SUMINISTRO E INSTALACIÓN, SOLDADURA).","UN",5781,"Actualización MO 2022"]
["Antiguo","REDES ACUEDUCTO",5093,"REDUCCION PVC E.L. D= 1\" A 3/4\" (INCLUYE SUMINISTRO E INSTALACIÓN, SOLDADURA).","UN",4447,"Actualización MO 2022"]
["Antiguo","REDES ACUEDUCTO",5094,"REDUCCION PVC E.L. D=3/4\" A 1/2\" (INCLUYE SUMINISTRO E INSTALACIÓN, SOLDADURA).","UN",3707,"Actualización MO 2022"]
["Antiguo","REDES ACUEDUCTO",5095,"REGISTRO BOLA 1/2\" TIPO PESADO (INCLUYE SUMINISTRO E INSTALACIÓN, SOLDADURA Y CINTA TEFLON)","UN",25740,"Actualización MO 2022"]
["Antiguo","REDES ACUEDUCTO",5096,"REGISTRO BOLA 1\" TIPO PESADO (INCLUYE SUMINISTRO E INSTALACIÓN, SOLDADURA Y CINTA TEFLÓN)","UN",24755,"Actualización MO 2022"]
["Antiguo","REDES ACUEDUCTO",5097,"REGISTRO DE BOLA 1 1/4\" TIPO PESADO (INCLUYE SUMINISTRO E INSTALACIÓN, SOLDADURA Y CINTA TEFLON)","UN",30174,"Actualización MO 2022"]
["Antiguo","REDES ACUEDUCTO",5098,"PUNTO HIDRAULICO D=1\" PARA SANITARIO FLUXOMETRO (INCLUYE SUMINISTRO E INSTALACIÓN, INCLUYE CODO 45°, TUBERIA PVC E.L., TEE PVC E.L., SOLDADURA Y CINTA TEFLON)","UN",47325,"Actualización MO 2022"]
["Antiguo","REDES ACUEDUCTO",5099,"PUNTO HIDRAULICO D=1/2\" PARA SANITARIO FLUXOMETRO (INCLUYE SUMINISTRO E INSTALACIÓN, INCLUYE CODO 45°, TUBERIA PVC E.L., TEE PVC E.L., SOLDADURA Y CINTA TEFLON)","UN",42051,"Actualización MO 2022"]
["Antiguo","REDES ELECTRICAS",5101,"CONDUCTOR RED DE BAJA TENSION 31/0 + 12 600V CU CONDUCTORES DE LA PARCIAL ENTRE LOS VAGONES NORTE Y SUR. SUMINISTRO E INSTALACION.","ML",96294,"Actualización MO 2022"]
["Antiguo","REDES ELECTRICAS",5102,"ACOMETIDA TRIFASICA 36+18AWG THHN-600VCU. SUMINISTRO E INSTALACION. ACOMETIDA DESDE EL ARMARIO VAGON NORTE QUE ALIMENTA LAS TOMAS MONOFASICAS Y TRIFASICAS DE SERVICIO POR DEBAJO DEL PISO INSTALADO EN TUBERIA METALICA DE 1\"","ML",35257,"Actualización MO 2022"]
["Antiguo","REDES ELECTRICAS",5103,"ACOMETIDA TRIFASICA 3X2/0+1X1/0AWG THHN600V CU, SUMINISTRO E INSTALACION, ACOMETIDA PARCIAL ENTRE ARMARIOS DE VAGON NORTE Y SUR PARA ALIMENTACION DE TABLERO DE NORMAL DE VAGON SUR, VA POR TUBERIA EMT 2\" POR DEBAJO DEL PISO.","ML",125044,"Actualización MO 2022"]
["Antiguo","REDES ELECTRICAS",5105,"SALIDA PARA TOMA MONOFASICA DOBLE (TOMA DE SERVICIO VAGONES) ES LA SALIDA DESDE LA CAJA METALICA MAS CERCANA EN EL PISO DEL VAGON HASTA LA TOMA EN LA COLUMNA INTERIOR DEL VAGON.","UN",89613,"Actualización MO 2022"]
["Antiguo","REDES ELECTRICAS",5106,"SALIDA PARA TOMA TRIFASICA DE SEGURIDAD 1\" EMT ES LA SALIDA DESDE LA CAJA METALICA MAS CERCANA EN EL PISO DEL VAGON (CORRESPONDIENTE A LA ACOMETIDA DE TOMA DE SERV) HASTA LA TOMA EN LA COLUMNA INTERIOR DEL VAGON.","UN",234832,"Actualización MO 2022"]
["Antiguo","REDES ELECTRICAS",5107,"SALIDA PARA TOTEMS NORTE Y SUR EN TUBERIA EMT DE 1\" Y CONDUCTOR 2X10 CU. INCLUYE SUMINISTRO DE SOPORTARIA, ANDAMIO Y PERSONAL PARA TRABAJO EN ALTURA. SUMINISTRO E INSTALACION.","ML",40967,"Actualización MO 2022"]
["Antiguo","REDES ELECTRICAS",5108,"BALA CON BOMBILLOS AHORRADORES 2X20 W 120V INSTALADOS EN EL TECHO DE LAS TAQUILLAS. SUMINISTRO E INSTALACION. INCLUYE SUMINISTRO E INSTALACION DE INTERRUPTOR Y APERTURA DE HUECO EN CIELO RASO FALSO PARA FIJACION.","UN",108576,"Actualización MO 2022"]
["Antiguo","REDES ELECTRICAS",5109,"SALIDA PARA MOTORES PUERTAS EMT 3/4\" ES LA SALIDA DESDE LA CAJA METALICA MAS CERCANA EN EL TECHO DEL VAGON, HASTA LA SALIDA EN EL COSTADO DEL VAGON. INCLUYE TUBERIA PARA EL CIRCUITO DIGITAL DE MANDO.","UN",77485,"Actualización MO 2022"]
["Antiguo","REDES ELECTRICAS",5110,"2 DUCTOS D= 3\" PVC SE INSTALA EN EL PISO AL LADO DE LOS VAGONES PARA EL SISTEMA DE ENERGIA Y/O COMUNICACIONES. INCLUYE APERTURA DE ZANJA, COMPACTACION Y RETIRO DE ESCOMBROS","ML",36209,"Actualización MO 2022"]
["Antiguo","REDES ELECTRICAS",5111,"1 DUCTO DE 3/4\" EMT (PARA SALIDAS DE PUBLICIDAD) CON ESTA TUBERIA SE ALIMENTAN LAS SALIDAS DE PUBLIMILENIO EN CADA VAGON, SALIENDO DE LOS ARMARIOS.","ML",8128,"Actualización MO 2022"]
["Antiguo","REDES ELECTRICAS",5112,"1 DUCTO DE 1\" EMT CON ESTA TUBERIA SE INTERCONECTAN LAS PARCIALES DE VAGONES NORTE Y SUR Y LA ACOMETIDA DE LAS LAMPARAS EN LAS TRANSICIONES POR DEBAJO DEL PISO DE LOS VAGONES.","ML",15434,"Actualización MO 2022"]
["Antiguo","REDES ELECTRICAS",5113,"SALIDA PARA LAMPARA FLUORESCENTE EMT 3/4\". ES LA SALIDA DESDE LA CAJA METALICA ANTERIOR EN EL TECHO DEL VAGON HASTA LA CAJA DE SALIDA PROPIA DE LA LAMPARA.","UN",135712,"Actualización MO 2022"]
["Antiguo","OBRAS DE ARTE Y EDIFICACIONES",5117,"LAMPARA FLUORESCENTE 4X54 W, T5, 120V. INSTALADA EN LOS TECHOS DE LOS VAGONES. SUMINISTRO E INSTALACION.","UN",199245,"Actualización MO 2022"]
["Antiguo","OBRAS DE ARTE Y EDIFICACIONES",5122,"SANITARIO LINEA INSTITUCIONAL COLOR BLANCO (VALVULA ANTIVANDALICA TIPO PUSH METALICO, CROMADO) SUMINISTRO E INSTALACION","UN",335266,"Actualización MO 2022"]
["Antiguo","OBRAS DE ARTE Y EDIFICACIONES",5123,"SANITARIO LINEA INSTITUCIONAL PARA DISCAPACITADOS COLOR BLANCO (VALVULA ANTIVANDALICA TIPO PUSH METALICO, CROMADO) SUMINISTRO E INSTALACION.","UN",1060622,"Actualización MO 2022"]
["Antiguo","OBRAS DE ARTE Y EDIFICACIONES",5124,"ORINAL MEDIANO DE COLGAR TIPO INSTITUCIONAL COLOR BLANCO (VALVULA ANTIVANDALICA TIPO PUSH METALICO, CROMADO) SUMINISTRO E INSTALACION","UN",352219,"Actualización MO 2022"]
["Antiguo","OBRAS DE ARTE Y EDIFICACIONES",5125,"DISPENSADOR PARA PAPEL HIGIENICO DE SOBREPONER EN LA PARED PARA ROLLO DE 200M Y 400M EN ACERO INOXIDABLE 304 SATINADO CON LLAVE. SUMINISTRO E INSTALACION.","UN",79598,"Actualización MO 2022"]
["Antiguo","OBRAS DE ARTE Y EDIFICACIONES",5126,"GRIFERIA PARA LAVAMANOS DE MESON TIPO PUSH METALICO CROMADO. SUMINISTRO E INSTALACION.","UN",109589,"Actualización MO 2022"]
["Antiguo","OBRAS DE ARTE Y EDIFICACIONES",5127,"SECADOR ELECTRICO PARA MANOS TIPO MANOS LIBRES, CARCAZA OVALADA METALICA ACERO INOXIDABLE 304 SATINADO CAL. 1.2MM MOTOR SIN ESCOBILLAS, RANGO DE DETECCION DEL SENSOR AJUSTABLE, DE 10 CM A 30 CM. SUMINISTRO E INSTALACION.","UN",365992,"Actualización MO 2022"]
["Antiguo","OBRAS DE ARTE Y EDIFICACIONES",5128,"VALVULA ANTIVANDALICA PARA ORINAL. SUMINISTRO E INSTALACION.","UN",291826,"Actualización MO 2022"]
["Antiguo","CONCRETO Y ACERO PARA ESTRUCTURAS",5129,"PISO EN LAMINA ALFAJOR CAL. 3MM ANCHO 31CM PARA PLATAFORMA DE DESCENSO PASAJEROS VAGONES. INCLUYE ANGULO 1/8\" X 1\", IMPRIMANTE EPOXICO, PINTURA EPOXICA PARA BARRERAS Y SOLDADURA. SUMINISTRO E INSTALACION.","ML",178476,"Actualización MO 2022"]
["Antiguo","CONCRETO Y ACERO PARA ESTRUCTURAS",5131,"BARANDA METALICA M-82 PREFABRICADA (INCLUYE INSTALACIÓN, DADOS DE CONCRETO 3000 PSI GRAVA COMÚN DE 0.20 X 0.20 MT Y PINTURA). SUMINISTRO E INSTALACION.","ML",140380,"Actualización MO 2022"]
["Antiguo","REDES ALCANTARILLADO / DRENAJE",5132,"BAJANTE ALL PVC SANITARIA D=4\" (INCLUYE SUMINISTRO E INSTALACIÓN, INCLUYE UNIÓN PROPORCIONAL CADA 6MT, INCLUYE SOPORTE Y DOS TORNILLOS INOXIDABLES PROPORCIONALES CADA 3MT, SOLDADURA Y CITA TEFLON).","ML",49750,"Actualización MO 2022"]
["Antiguo","SEÑALIZACIÓN",5135,"DEMARCACION LINEA CEDA EL PASO DISCONTINUA DE 0.8MT ESPACIADO 0.4MT E=2.3MM EN PINTURA TERMOPLASTICA, INCLUYE SUMINISTRO Y APLICACION CON EQUIPO, INCLUYE MICROESFERAS.","ML",22491,"Actualización MO 2022"]
["Antiguo","SEÑALIZACIÓN",5136,"DEMARCACION LINEA CARRIL A=0.12M L=3.0 SEPARACION=5.0M E=2.3MM, EN PINTURA TERMOPLASTICA. INCLUYE SUMINISTRO Y APLICACION CON EQUIPO. INCLUYE MICROESFERAS.","M2",11745,"Actualización MO 2022"]
["Antiguo","SEÑALIZACIÓN",5143,"FRANJA EN ADHESIVO VINILICO ESMERILADO EFECTO STAND BLASTED FROSTED CRYSTAL, SUMINISTRO E INSTALACION, GARANTIA DE 5 AÑOS AL EXTERIOR. SEGUN MANUAL DE IMAGEN DE TRANSMILENIO S.A.","UN",71400,"Actualización MO 2022"]
["Antiguo","SEÑALIZACIÓN",5144,"FRANJA EN VINILO CON ADHESIVO EN VINILO ALTO 6CM, GARANTIA DE 5 AÑOS AL EXTERIOR SEGUN COLOR. SUMINISTRO E INSTALACION. SEGUN MANUAL DE IMAGEN DE TRANSMILENIO S.A.","UN",22967,"Actualización MO 2022"]
["Antiguo","SEÑALIZACIÓN",5145,"FRANJA EN VINILO CON ADHESIVO EN VINILO ALTO 3CM, SUMINISTRO E INSTALACION, GARANTIA DE 5 AÑOS AL EXTERIOR SEGUN COLOR. SEGUN MANUAL DE IMAGEN DE TRANSMILENIO S.A.","UN",13447,"Actualización MO 2022"]
["Antiguo","REDES ALCANTARILLADO / DRENAJE",5159,"YEE REDUCIDA PVC SANITARIA 4\" X 2\" (INCLUYE SUMINISTRO E INSTALACIÓN)","UN",27831,"Actualización MO 2022"]
["Antiguo","REDES ALCANTARILLADO / DRENAJE",5160,"PUNTO SANITARIO 2\" PARA LAVAMANOS, LAVAPLATOS, ORINALES Y POCETAS (INCLUYE SUMINISTRO E INSTALACIÓN, INCLUYE CODO DE 45°, TUBERIA PVC SANITARIA, SIFON, UNIÓN, SOLDADURA Y CINTA TEFLON).","UN",58031,"Actualización MO 2022"]
["Antiguo","ENSAYOS - LABORATORIOS",5161,"INSPECCION VISUAL PARA MALLA VIAL ARTERIAL NO TRONCAL, BRIGADA DE REACCION REALIZACION INVENTARIO DE HUECOS Y PROCESAMIENTO DE LA INFORMACION.","M2",253,"Actualización MO 2022"]
["Antiguo","PAVIMENTOS",5162,"PAVIMENTO ASF RECICLADO EN FRIO CEMENTO 3% (ADICIÓN EMULSIÓN ASFÁLTICA CRL-1 RECICLAJE EXTENDER, NIVELAR, Y COMPACTAR MECANICAMENTE. NO INCLUYE AGREGADOS PETREOS DE ADICIÓN).","M3",247203,"Actualización MO 2022"]
["Antiguo","PAVIMENTOS",5163,"PAVIMENTO ASF RECICLADO EN FRIO CEMENTO 5% (ADICIÓN EMULSIÓN ASFALTICA CRL-1, RECICLAJE, EXTENDER, NIVELAR Y COMPACTAR MECANICAMENTE. NO INCLUYE AGREGADOS PETREOS DE ADICIÓN).","M3",265562,"Actualización MO 2022"]
["Antiguo","PAVIMENTOS",5164,"PAVIMENTO ASF RECICLADO EN FRIO EMULSIÓN CRL-1 AL 3% (SUMINISTRO EMULSIÓN ASFÁLTICA CRL-1 RECICLAJE, EXTENDIDA, NIVELACIÓN Y COMPACTACIÓN MECANICA. NO INCLUYE AGREGADOS PETREOS DE ADICIÓN).","M3",130629,"Actualización MO 2022"]
["Antiguo","PAVIMENTOS",5165,"PAVIMENTO ASF RECICLADO EN FRIO EMULSION CRL-1 AL 5% (SUMINISTRO EMULSIÓN ASFÁLTICA CRL-1, RECICLAJE, EXTENDIDA, NIVELACIÓN Y COMPACTACIÓN MECANICA. NO INCLUYE AGREGADOS PETREOS DE ADICIÓN).","M3",189167,"Actualización MO 2022"]
["Antiguo","GESTIÓN AMBIENTAL",5166,"ALQUILER DE CERRAMIENTO TIPO 3, CONSTA DE SEÑALIZADORES TUBULARES PLASTICOS SEPARADOS ENTRE SI MAXIMO 3MTS TRIPLE CINTA PELIGRO CAL 4 (INCLUYE INSTALACIÓN, MANTENIMEINTO Y DESINSTALACIÓN).","ML/ME",3713,"Actualización MO 2022"]
["Antiguo","GESTIÓN AMBIENTAL",5167,"PERSONAL DE BRIGADA Y ASEO (INCLUYE HERRAMIENTA MENOR). SUMINISTRO.","H/ME",1664078,"Actualización MO 2022"]
["Antiguo","GESTIÓN AMBIENTAL",5168,"PROTECCION A SUMIDEROS (INCLUYE SUMINISTRO Y COLOCACIÓN DE BOLSAS DE LONA Y GEOTEXTIL NT 1600 O SIMILAR).","UN/MES",9151,"Actualización MO 2022"]
["Antiguo","GESTIÓN AMBIENTAL",5169,"PLAFONADO DE POZOS (INCLUYE SUMINISTRO Y COLOCACIÓN DE PUNTILLA, TABLA BURRA DE 2.90 X0.28X0.025M, CINTA DE SEÑALIZACION CAL 4 ROLLO 500MX0.10M Y SEÑALIZACIÓN TUBULAR COLOMBINA PLÁSTICA).","UN",135681,"Actualización MO 2022"]
["Antiguo","GESTIÓN AMBIENTAL",5170,"ALQUILER ELEMENTOS DE PROTECCION PERSONAL BASICO CONSTRUCCION VIAS CUADRILLAS 5 PERSONAS (PARA PERSONAL OPERATIVO DE LOS FRENTES DE OBRA).","UN/MES",316764,"Actualización MO 2022"]
["Antiguo","REDES ACUEDUCTO",5171,"ACOMETIDA DOMICILIARIA DE 3\" A 1/2\". SUMINISTRO E INSTALACION. (INCLUYE TUBERIA PF, REPOSICIÓN DE CAJILLA EN POLIPROPILENO PARA MEDIDOR, REGISTROS Y ACCESORIOS. LONGITUD PROMEDIO =6.5MT).","UN",321596,"Actualización MO 2022"]
["Antiguo","REDES ACUEDUCTO",5172,"ACOMETIDA DOMICILIARIA DE 4\" A 1/2\". SUMINISTRO E INSTALACION. (INCLUYE TUBERIA PF, REPOSICIÓN DE CAJILLA EN POLIPROPILENO PARA MEDIDOR, REGISTROS Y ACCESORIOS, LONGITUD PROMEDIO = 6.5MT).","UN",302856,"Actualización MO 2022"]
["Antiguo","REDES ACUEDUCTO",5173,"ACOMETIDA DOMICILIARIA DE 6\" A 1/2\". SUMINISTRO E INSTALACION. (INCLUYE TUBERIA PF REPOSICIÓN DE CAJILLA EN POLIPROPILENO PARA MEDIDOR, REGISTROS Y ACCESORIOS. LONGITUD PROMEDIO=6.5 MT).","UN",306203,"Actualización MO 2022"]
["Antiguo","MOBILIARIO URBANO - ARBOLES Y GRAMAS",5174,"JARDIN VERTICAL, INCLUYE ESTRUCTURA Y/O PANEL DE SOPORTE INDEPENDIENTE ELEM.PARA SOPORTE Y SUJECIÓN DE JARDIN, SACOS Y/O CANGUROS PARA SIEMBRA DE JARDIN VERTICAL, MATERIAL VEGETAL. SUMINISTRO CONSTRUCCION E INSTALACION.","M2",300000,"Actualización MO 2022"]
["Antiguo","MANTENIMIENTO Y REHABILITACION DE VIAS",5175,"MURETE CONTENEDOR DE ZONA VERDE H=0.60M A=0.40M. SUMINISTRO Y CONSTRUCCION. (INCLUYE SUMINISTRO Y COLOCACIÓN DE RECEBO COMÚN, GEOMEMBRANA HDPE 30MIL O SIMILAR Y ACERO DE REFUERZO PARA ANCLAJE)","ML",134167,"Actualización MO 2022"]
["Antiguo","MANTENIMIENTO Y REHABILITACION DE VIAS",5176,"ELEMENTO SEGREGADOR DE CICLO RUTA TIPO PIEZA A130 EN CONCRETO DE 3000PSI (FUNDIDO EN SITIO, CONCRETO PREMEZCLADO. INCLUYE SUMINISTRO, FORMALETA Y CONSTRUCCIÓN).","ML",129695,"Actualización MO 2022"]
["Antiguo","PAVIMENTOS",5177,"PARCHEO EN PAVIMENTO FLEXIBLE PARA ACCIONES DE MOVILIDAD. (INCLUYE CORTE, DEMOLICIÓN, CARGUE, TRANSPORTE Y DISPOSICIÓN FINAL DE ESCOMBROS, IMPRIMACIÓN, SUMINISTRO, EXTENDIDO Y COMPACTACIÓN MECANICA DE MEZCLA ASFÁLTICA) TRABAJO NOCTURNO.","M3",1197316,"Actualización MO 2022"]
["Antiguo","ANÁLISIS AUXILIARES",5178,"CUADRILLA (OFICIAL + 6 AYUDANTES) HORARIO NOCTURNO","JR",552835,"Actualización MO 2022"]
["Antiguo","REDES ALCANTARILLADO / DRENAJE",5180,"FILTRO DE DRENAJE DE 0.6M X 1.0M. SUMINISTRO E INSTALACION. (INCLUYE TUBERIA PERFORADA D=4\", GRAVA COMUN 1/2\" Y GEOTEXTIL NT 4000 O SIMILAR).","ML",188130,"Actualización MO 2022"]
["Antiguo","ANDENES Y SARDINELES",5181,"SARDINEL FUNDIDO EN SITIO EN CONCRETO PREMEZCLADO DE 3000PSI. SUMINISTRO Y CONSTRUCCION. (GRAVA COMÚN) E=0.20M H=0.35M (INCLUYE FORMALETA METÁLICA, ACERO DE REFUERZO Y ALAMBRE NEGRO).","ML",40721,"Actualización MO 2022"]
["Antiguo","REDES TELEFONICAS / DATOS",5182,"6 DUCTOS D=6\" + 2 DUCTOS D=3\" PVC TDP. SUMINISTRO E INSTALACION. (NO INCLUYE RELLENOS).","ML",311004,"Actualización MO 2022"]
["Antiguo","REDES TELEFONICAS / DATOS",5183,"7 DUCTOS D=4\" PVC TDP. SUMINISTRO E INSTALACION. (NO INCLUYE RELLENOS).","ML",144342,"Actualización MO 2022"]
["Antiguo","REDES TELEFONICAS / DATOS",5184,"3 DUCTOS DE D=3\" PVC TDP. SUMINISTRO E INSTALACION. (NO INCLUYE RELLENOS).","ML",50204,"Actualización MO 2022"]
["Antiguo","GEOSINTETICOS",5185,"NEOPRENO REFORZADO A 0.30 X 0.65 X 1\" DOBLE REFUERZO, SUMINISTRO E INSTALACION (INCLUYE LIMPIEZA DE LA SUPERFICIE CON CHORRO DE AIRE A PRESION, HERRAMIENTA MENOR Y COMPRESOR).","UN",410974,"Actualización MO 2022"]
["Antiguo","REDES ACUEDUCTO",5186,"ACOMETIDA DOMICILIARIA DE 1/2\" CON COLLAR DE DERIVACION DE 4\" X 1/2\". SUMINISTRO E INSTALACION. (INCLUYE TUBERIA PF, REGISTROS Y ACCESORIOS, LONGITUD PROMEDIO DE 6.5M, INCLUYE CAJILLA EN POLIPROPILENO PARA MEDIDOR)","UN",290054,"Actualización MO 2022"]
["Antiguo","REDES ACUEDUCTO",5187,"ACOMETIDA DOMICILIARIA DE 1/2\" CON COLLAR DE DERIVACION DE 6\" X 1/2\". SUMINISTRO E INSTALACION. (INCLUYE TUBERIA PF, REGISTROS Y ACCESORIOS, LONGITUD PROMEDIO 6.5MT. INCLUYE CAJILLA EN POLIPROPILENO PARA MEDIDOR).","UN",310286,"Actualización MO 2022"]
["Antiguo","SEÑALIZACIÓN",5188,"BOYA PLASTICA DE 20 X 20 X 9CM DE ALTURA. SUMINISTRO E INSTALACION.","UN",35699,"Actualización MO 2022"]
["Antiguo","SEÑALIZACIÓN",5189,"HITO DE 75CM DE ALTURA Y 8 CM DE DIAMETRO CON REFLECTIVOS DE COLOR AMARILLO. SUMINISTRO E INSTALACION.","UN",54982,"Actualización MO 2022"]
["Antiguo","PUENTES",5190,"CORTE CON EQUIPO DE OXICORTE PARA EL RETIRO DE LA JUNTA METALICA EXISTENTE EN EL PUENTE.","ML",8594,"Actualización MO 2022"]
["Antiguo","SEÑALIZACIÓN",5191,"DEMARCACION PICTOGRAMA CICLORUTA EN PINTURA TERMOPLASTICA (E=2.3MM INCLUYE SUMINISTRO Y APLICACIÓN CON EQUIPO, INCLUYE MICROESFERAS. AREA =2MT2).","UN",196518,"Actualización MO 2022"]
["Antiguo","PAVIMENTOS",5195,"RETIRO, DEMONTE DE MATERIAL DE JUNTA DE DILATACIÓN EXISTENTE Y DEMOLICIÓN DE CONCRETO ADYACENTE A LA JUNTA, ANCHO VARIABLE DE 80 A 90CM. (INCLUYE CARGUE, TRANSPORTE Y RETIRO DE ESCOMBROS).","ML",43699,"Actualización MO 2022"]
["Antiguo","DEMOLICIONES",5196,"DEMOLICIÓN DE CONCRETO: ESPESORES 8CM A 15CM. (INCLUYE RETIRO DE MATERIAL, TRANSPORTE Y DISPOSICIÓN FINAL DE ESCOMBROS EN SITIO AUTORIZADO).","M3",83562,"Actualización MO 2022"]
["Antiguo","DEMOLICIONES",5197,"DEMOLICIÓN DE CONCRETO: ESPESORES 16CM A 25CM. (INCLUYE RETIRO DE MATERIAL, TRANSPORTE Y DISPOSICIÓN FINAL DE ESCOMBROS EN SITIO AUTORIZADO).","M3",90778,"Actualización MO 2022"]
["Antiguo","CONCRETO Y ACERO PARA ESTRUCTURAS",5199,"CONCRETO SIN RETRACCIÓN, SUMINISTRO Y COLOCACIÓN, (CONCRELISTO RE 5000 O SIMILAR) CON FIBRA METÁLICA 80-60 O SIMILAR PARA VIGAS DE SOPORTE JUNTAS DE DILATACIÓN","M3",4104346,"Actualización MO 2022"]
["Antiguo","CONCRETO Y ACERO PARA ESTRUCTURAS",5200,"GROUTING DE ALTA RESISTENCIA SIN RETRACCIÓN PARA RELLENO DE ZONA DE ANCLAJE PARA REEMPLAZO DE JUNTA EXISTENTE H=0.05M. SUMINISTRO Y COLOCACIÓN. (INCLUYE IMPRIMANTE DE ALTA ADHERENCIA Y CURADOR).","M2",531866,"Actualización MO 2022"]
["Antiguo","PAVIMENTOS",5201,"JUNTA ELASTOMERICA TIPO AWGJ 70 DE 70MM DE RECORRIDO O SIMILAR. SUMINISTRO Y COLOCACIÓN. (INCLUYE PERNOS Y SOLDADURA).","ML",114312,"Actualización MO 2022"]
["Antiguo","PAVIMENTOS",5202,"JUNTA METÁLICA CON ÁNGULO DE 3\"X1/4\". SUMINISTRO Y COLOCACIÓN. (PARA UN SOLO COSTADO DE LA JUNTA).","ML",52415,"Actualización MO 2022"]
["Antiguo","PAVIMENTOS",5204,"LIMPIEZA PROFUNDA DE LA JUNTA PARA ANCHOS VARIABLES DE 5 A 30CM. (RETIRO DEL MATERIAL EN LA CAVIDAD EXISTENTE ENTRE LA SUPERFICIE EXTERNA DE LA VIGA Y EL ESPALDAR DEL ESTRIBO MEDIANTE EL USO DE HIDROLAVADO Y TALADRO LUEGO DEL VACIADO DE ESCOMBROS).","ML",6622,"Actualización MO 2022"]
["Antiguo","ANÁLISIS AUXILIARES",5205,"SELLANTE BASE EN POLIMERO PARA SELLO DE FISURAS, SUMINISTRO Y COLOCACIÓN, (ANCHO JUNTA APROX. 25MM PROFUNDIDAD APROX. 12MM).","ML",28887,"Actualización MO 2022"]
["Antiguo","ANÁLISIS AUXILIARES",5207,"SANEADO DE CONCRETO DE RECUBRIMIENTO. INCLUYE ESCARIFICACIÓN DE CONCRETO PROFUNDIDAD ENTRE 2CM Y 7CM, LIMPIEZA Y APLICACIÓN DE RECUBRIMIENTO ANTICORROSIVO PARA EL ACERO DE REFUERZO EXISTENTE Y MORTERO DE REPARACIÓN ESTRUCTURAL. NIVEL DE TRABAJO+3.0M","M2",167937,"Actualización MO 2022"]
["Antiguo","ANÁLISIS AUXILIARES",5208,"LIMPIEZA MECÁNICA DE ACERO DE REFUERZO CON PULIDORA Y SUMINISTRO Y APLICACIÓN DE INHIBIDOR DE CORROSIÓN. NIVEL DE TRABAJO +3.0M.","ML",87919,"Actualización MO 2022"]
["Antiguo","ANÁLISIS AUXILIARES",5209,"IMPRIMANTE Y PUENTE DE ADHERENCIA ENTRE CONCRETO FRESCO Y ENDURECIDO DE FRAGUADO LENTO. SUMINISTRO Y APLICACIÓN. EPÓXICO DE PEGA CONCRETO NUEVO A VIEJO QUE CUMPLA CON LA NORMA ASTM C-881 TIPO 5 GRADO II","M2",40161,"Actualización MO 2022"]
["Antiguo","ANÁLISIS AUXILIARES",5210,"ESCARIFICACIÓN MECÁNICA ABUZARDADO Y CORTE CON DISCO DIAMANTADO PARA RECALCE DE ELEMENTOS ESTRUCTURALES PROFUNDIDAD VARIABLE ENTRE 5CM Y 20CM. INCLUYE TRANSPORTE DE ESCOMBROS.","M2",53105,"Actualización MO 2022"]
["Antiguo","ANÁLISIS AUXILIARES",5211,"MORTERO ACRILICO DE REPARACIÓN ALTA RESISTENCIA, AUTOIMPRIMANTE. SUMINISTRO Y APLICACIÓN. INCLUYE COSTOS DE SUMINISTRO DE MATERIALES (RECUBRIMIENTO ANTICORROSIVO EN DOS CAPAS.","M2",38245,"Actualización MO 2022"]
["Antiguo","PAVIMENTOS",5212,"MASILLA DE POLIURETANO MONOCOMPONENTE PARA SELLADO DE JUNTAS DE CONSTRUCCIÓN. SELLADOR ELÁSTICO DE POLIURETANO. SUMINISTRO Y COLOCACIÓN.","ML",14482,"Actualización MO 2022"]
["Antiguo","PAVIMENTOS",5214,"LAMINA ALFAJOR 6MM CON SOPORTE EN NEOPRENO PARA PERMITIR FLUJO VEHICULAR SOBRE JUNTAS DEMOLIDAS. INCLUYE RETIRO Y POSTERIOR COLOCACIÓN Y TRANSPORTE.","M2",159143,"Actualización MO 2022"]
["Antiguo","CONCRETO Y ACERO PARA ESTRUCTURAS",5216,"PINTURA EPÓXICA A DOS MANOS. SUMINISTRO Y APLICACIÓN.","M2",15996,"Actualización MO 2022"]
["Antiguo","SEÑALIZACIÓN",5217,"PINTURA ACRÍLICA BASE AGUA A=10CM PARA LINEAS DE DEMARCACIÓN, CON MICROESFERAS, ESPESOR SECO DE 9MILS Y 60% DE SÓLIDOS POR VOLUMEN, EN CALZADA. SUMINISTRO Y APLICACIÓN.","ML",3006,"Actualización MO 2022"]
["Antiguo","SEÑALIZACIÓN",5218,"PINTURA ACRILÍCA BASE AGUA A=10CM PARA LINEAS DE DEMARCACIÓN, EN CICLORUTA (EN ANDÉN), SIN MICROESFERAS, ESPESOR SECO DE 9MILS Y 60% DE SÓLIDOS POR VOLUMEN. SUMINISTRO Y APLICACIÓN.","ML",3279,"Actualización MO 2022"]
["Antiguo","SEÑALIZACIÓN",5220,"PINTURA EN PLASTICO EN FRIO METILMETACRILATO DE A=12CM PARA LINEAS DE DEMARCACIÓN, CON MICROESFERAS Y ESPESOR SECO SEGÚN NORMA NTC 4744. SUMINISTRO Y APLICACIÓN.","ML",11342,"Actualización MO 2022"]
["Antiguo","SEÑALIZACIÓN",5221,"PINTURA EN PLASTICO EN FRIO METILMETACRILATO DE A=15CM PARA LINEAS DE DEMARCACIÓN, CON MICROESFERAS Y ESPESOR SECO SEGÚN NORMA NTC 4744. SUMINISTRO Y APLICACIÓN.","ML",12842,"Actualización MO 2022"]
["Antiguo","SEÑALIZACIÓN",5225,"PINTURA DE TRÁFICO - IMPRIMANTE NEGRO A=15CM. SUMINISTRO Y APLICACIÓN.","ML",3646,"Actualización MO 2022"]
["Antiguo","SEÑALIZACIÓN",5226,"PINTURA DE TRÁFICO - IMPRIMANTE NEGRO A=20CM. SUMINISTRO Y APLICACIÓN.","ML",4927,"Actualización MO 2022"]
["Antiguo","SEÑALIZACIÓN",5227,"PINTURA DE TRÁFICO - IMPRIMANTE NEGRO. SUMINISTRO Y APLICACIÓN.","M2",21182,"Actualización MO 2022"]
["Antiguo","SEÑALIZACIÓN",5228,"BORRADO DE DEMARCACIÓN VIAL POR FRESADO CON MÁQUINA PARA LINEA A=0.12M.","ML",5891,"Actualización MO 2022"]
["Antiguo","SEÑALIZACIÓN",5229,"BORRADO DE DEMARCACIÓN VIAL POR FRESADO CON MÁQUINA PARA LINEA A=0.15M.","ML",7364,"Actualización MO 2022"]
["Antiguo","SEÑALIZACIÓN",5230,"BORRADO DE DEMARCACIÓN VIAL POR FRESADO CON MÁQUINA PARA LINEA A=0.20M.","ML",9838,"Actualización MO 2022"]
["Antiguo","SEÑALIZACIÓN",5241,"TACHA REFLECTIVA BIDIRECCIONAL (INCLUYE SUMINISTRO E INSTALACIÓN).","UN",9742,"Actualización MO 2022"]
["Antiguo","SEÑALIZACIÓN",5242,"RESALTOS EN CAUCHO ANCLADOS, LONGITUD 1M, ANCHO 30CM, ANCHO 4.5CM. (INCLUYE SUMINISTRO E INSTALACIÓN).","UN",162129,"Actualización MO 2022"]
["Antiguo","EXCAVACIONES",5244,"ENTIBADO EC-1 CONTÍNUO MADERA CON PERFILES DE MADERA Y PARALES TELESCÓPICOS. SUMINISTRO E INSTALACIÓN.","M2",45965,"Actualización MO 2022"]
["Antiguo","REDES ALCANTARILLADO / DRENAJE",5245,"EMPATE EN LÍNEA DE TUBERÍA DE ACERO (HA) A TUBERÍA PVC 6\". SUMINISTRO E INSTALACIÓN. (INCLUYE ACOPLE UNIVERSAL D= 6\" R1, UNIÓN DE REPARACIÓN D=6\" Y 1MT DE TUBERÍA PVC D= 6\" RDE 21).","UN",466529,"Actualización MO 2022"]
["Antiguo","REDES ALCANTARILLADO / DRENAJE",5246,"EMPATE EN LÍNEA DE TUBERÍA DE ACERO (HA) A TUBERÍA PVC 12\". SUMINISTRO E INSTALACIÓN. (INCLUYE ACOPLE UNIVERSAL D= 12\" R1, UNIÓN DE REPARACIÓN D=12\" Y 1MT DE TUBERÍA PVC D= 12\" RDE 21).","UN",1811884,"Actualización MO 2022"]
["Antiguo","REDES ALCANTARILLADO / DRENAJE",5247,"EMPATE EN LÍNEA DE TUBERÍA DE ACERO (HA) A ASBESTO CEMENTO (AC) 6\". SUMINISTRO E INSTALACIÓN. (INCLUYE DOS ACOPLES UNIVERSAL D= 6\" R1 Y 1MT DE TUBERÍA PVC D= 6\" RDE 21).","UN",502211,"Actualización MO 2022"]
["Antiguo","REDES ACUEDUCTO",5248,"TUBERIA CONDUIT PVC D= 1/2\" (NO INCLUYE RELLENOS). SUMINISTRO E INSTALACIÓN.","ML",4048,"Actualización MO 2022"]
["Antiguo","REDES ELECTRICAS",5249,"TUBERIA EN ACERO GALVANIZADA D= 2\" (NO INCLUYE RELLENOS). SUMINISTRO E INSTALACIÓN.","ML",13916,"Actualización MO 2022"]
["Antiguo","REDES ACUEDUCTO",5250,"CARCAMO TIPO PLACA DE PROTECCIÓN DE TUBO EN POLIETILENO D= 2\", 3\", 4\", 6\" Y 8\". (INCLUYE RELLENO EN ARENA DE PEÑA, REFUERZO, CONCRETO DE 2000 PSI Y 4000 PSI, FORMALETA Y TRANSPORTE DE PETREOS).","ML",139256,"Actualización MO 2022"]
["Antiguo","REDES ACUEDUCTO",5251,"CARCAMO TIPO PLACA PARA PROTECCIÓN DE TUBO EN POLIETILENO D= 10\", 12\", 14\" Y 16\" (INCLUYE RELLENO EN ARENA DE PEÑA, REFUERZO, CONCRETO DE 2000 PSI Y 4000 PSI, FORMALETA Y TRANSPORTE DE PETREOS).","ML",209468,"Actualización MO 2022"]
["Antiguo","REDES ELECTRICAS",5252,"CAJA PARA SECCIONADOR MANIOBRA SUBESTACIÓN SEMISUMERGIBLE NORMA CODENSA CS290 (ANDEN. INCL BASE EN CONCRETO DE 1500 PSI. RECEBO COMPACTADO, MUROS, PAÑETE EN MORTERO IMPERMEAB. ACERO REFUERZO, ESCALERA DE GATO, MARCO Y TAPAS.","UN",2513538,"Actualización MO 2022"]
["Antiguo","REDES ELECTRICAS",5253,"CAJA DE MANIOBRA ENTRADA Y SALIDA SUBESTACION SEMISUMERGIBLE NORMA CODENSA CTS535. SUMINISTRO E INSTALACION.","UN",10201465,"Actualización MO 2022"]
["Antiguo","REDES ALCANTARILLADO / DRENAJE",5254,"TUBERIA CONCRETO D=36\" CL. V REFORZADO (INCLUYE SUMINISTRO, INSTALACIÓN, MORTERO 2000 PSI PARA CUBRIMIENTO DE JUNTA).","ML",1321541,"Actualización MO 2022"]
["Antiguo","CONCRETO Y ACERO PARA ESTRUCTURAS",5271,"CONCRETO 2000 PSI GRAVA COMUN 1\" (SUMINISTRO Y COLOCACIÓN. INCLUYE SUMINISTRO DE CONCRETO, FORMALETEADO, FUNDIDA Y CURADO.)","M3",455945,"Actualización MO 2022"]
["Antiguo","REDES ELECTRICAS",5272,"2 DUCTOS D=6\" PVC-TDP (NO INCLUYE RELLENOS NI EXCAVACIÓN). SUMINISTRO E INSTALACIÓN.","ML",88225,"Actualización MO 2022"]
["Antiguo","REDES ELECTRICAS",5273,"3 DUCTOS D=6\" PVC-TDP (NO INCLUYE RELLENOS NI EXCAVACIÓN). SUMINISTRO E INSTALACIÓN.","ML",132337,"Actualización MO 2022"]
["Antiguo","REDES ELECTRICAS",5274,"5 DUCTOS D=6\" PVC-TDP (NO INCLUYE RELLENOS NI EXCAVACIÓN). SUMINISTRO E INSTALACIÓN.","ML",220563,"Actualización MO 2022"]
["Antiguo","REDES ELECTRICAS",5275,"10 DUCTOS D=6\" PVC-TDP (NO INCLUYE RELLENOS NI EXCAVACIÓN). SUMINISTRO E INSTALACIÓN.","ML",441121,"Actualización MO 2022"]
["Antiguo","REDES ELECTRICAS",5276,"11 DUCTOS D=6\" PVC-TDP (NO INCLUYE RELLENOS NI EXCAVACIÓN). SUMINISTRO E INSTALACIÓN.","ML",485234,"Actualización MO 2022"]
["Antiguo","REDES ELECTRICAS",5277,"20 DUCTOS D=4\" PVC-TDP (NO INCLUYE RELLENOS NI EXCAVACIÓN). SUMINISTRO E INSTALACIÓN.","ML",404843,"Actualización MO 2022"]
["Antiguo","REDES ELECTRICAS",5278,"28 DUCTOS D=4\" PVC-TDP (NO INCLUYE RELLENOS NI EXCAVACIÓN). SUMINISTRO E INSTALACIÓN.","ML",566940,"Actualización MO 2022"]
["Antiguo","REDES ELECTRICAS",5279,"5 DUCTOS D=4\" PVC-TDP (NO INCLUYE RELLENOS NI EXCAVACIÓN). SUMINISTRO E INSTALACIÓN.","ML",101213,"Actualización MO 2022"]
["Antiguo","REDES TELEFONICAS / DATOS",5280,"CARCAMO DE PROTECCIÓN PARA TUBERIA DE TELEFONOS (DE 9 A 12 TUBOS). SUMINISTRO E INSTALACIÓN.","ML",191915,"Actualización MO 2022"]
["Antiguo","RELLENOS Y CAPAS GRANULARES",5286,"ESTABILIZACIÓN DE BASE GRANULAR CON EMULSIÓN + CEMENTO 5% E= 0.20M","M2",11968,"Actualización MO 2022"]
["Antiguo","CONCRETO Y ACERO PARA ESTRUCTURAS",5312,"CONCRETO 4000 PSI (280 KG/CM2) GRAVA COMUN PARA ALETAS Y ESPALDAR (INCLUYE FORMALETA. NO INCLUYE REFUERZO NI CURADO. INCLUYE SUMINISTRO Y COLOCACION).","M3",513509,"Actualización MO 2022"]
["Antiguo","CONCRETO Y ACERO PARA ESTRUCTURAS",5313,"CONCRETO 3500 PSI (245 KG/CM2) GRAVA COMUN PARA CIMENTACIONES (INCLUYE FORMALETA. NO INCLUYE REFUERZO NI CURADO. INCLUYE SUMINISTRO Y COLOCACION).","M3",478525,"Actualización MO 2022"]
["Antiguo","ANDENES Y SARDINELES",5314,"SEPARADOR NEW JERSEY MONODIRECCIONAL 0.375M X 0.90M X 0.15M (FUNDIDO EN SITIO. INCLUYE SUM. E INST. NO INC. MATERIAL DE BASE).","ML",482312,"Actualización MO 2022"]
["Antiguo","CONCRETO Y ACERO PARA ESTRUCTURAS",5315,"CONCRETO 4000 PSI (280 KG/CM2) PARA MURO DE CONTENCION (GRAVA COMUN) SUMINISTRO Y COLOCACIÓN. INCLUYE FORMALETA. NO INCLUYE REFUERZO, NI CURADO). PARA TRABAJOS A NIVEL MENOR DE 1.50M.","M3",785534,"Actualización MO 2022"]
["Antiguo","REDES ELECTRICAS",5316,"NIVELACION DE CAJA CS276 EN ANDEN H= 0.42M (INCLUYE CONCRETO 2500 PSI HECHO EN OBRA, LADRILLO TOLETE RECOCIDO 24X12X6. MORTERO 1:5 HECHO EN OBRA. INCL. REPOSICION DE MARCO Y TAPA PREFABRICADA","UN",961771,"Actualización MO 2022"]
["Antiguo","CONCRETO Y ACERO PARA ESTRUCTURAS",5317,"CONCRETO GRAVA COMÚN DE 5000 PSI (350 KG/CM2) PARA SUPER ESTRUCTURA ACELERADO A 2 DÍAS. (CONCRETO GRAVA COMÚN.INCLUYE ACELERANTE, FORMALETA, CURADO DE CONCRETO Y MANO DE OBRA).","M3",697783,"Actualización MO 2022"]
["Antiguo","REDES ALCANTARILLADO / DRENAJE",5318,"CAMARA GRP 2500 * 2500 * 1200 (INCLUYE TUBERIA , CHIMENEA 2.5M Y ACCESORIOS. SUMINISTRO E INSTALACION.","UN",43201289,"Actualización MO 2022"]
["Antiguo","REDES ALCANTARILLADO / DRENAJE",5319,"CAMARA GRP 2600 * 2600 * 1200 (INCLUYE TUBERIA , CHIMENEA 2.5M Y ACCESORIOS. SUMINISTRO E INSTALACION.","UN",46605760,"Actualización MO 2022"]
["Antiguo","REDES ACUEDUCTO",5320,"TUBERIA GRP 350MM (INCLUYE TRANSPORTE). SUMINISTRO E INSTALACION.","ML",621924,"Actualización MO 2022"]
["Antiguo","REDES ACUEDUCTO",5321,"TUBERIA GRP 450MM (INCLUYE TRANSPORTE). SUMINISTRO E INSTALACION.","ML",720422,"Actualización MO 2022"]
["Antiguo","REDES ACUEDUCTO",5322,"TUBERIA GRP 550MM (INCLUYE TRANSPORTE). SUMINISTRO E INSTALACION.","ML",879009,"Actualización MO 2022"]
["Antiguo","REDES ACUEDUCTO",5324,"TUBERIA GRP 750MM (INCLUYE TRANSPORTE). SUMINISTRO E INSTALACION.","ML",1165779,"Actualización MO 2022"]
["Antiguo","REDES ACUEDUCTO",5325,"TUBERIA GRP 850MM (INCLUYE TRANSPORTE). SUMINISTRO E INSTALACION.","ML",1348646,"Actualización MO 2022"]
["Antiguo","REDES ACUEDUCTO",5326,"TUBERIA GRP 2500MM (INCLUYE TRANSPORTE). SUMINISTRO E INSTALACION.","ML",7673434,"Actualización MO 2022"]
["Antiguo","REDES ACUEDUCTO",5327,"TUBERIA GRP 2600MM (INCLUYE TRANSPORTE). SUMINISTRO E INSTALACION.","ML",8147478,"Actualización MO 2022"]
["Antiguo","REDES ALCANTARILLADO / DRENAJE",5328,"CAMARA GRP 900 * 900 * 1200 (INCLUYE TUBERIA , CHIMENEA 1.0M Y ACCESORIOS. SUMINISTRO E INSTALACION.","UN",16531723,"Actualización MO 2022"]
["Antiguo","REDES ALCANTARILLADO / DRENAJE",5329,"CAMARA GRP 900 * 900 * 1200 (INCLUYE TUBERIA , CHIMENEA 2.50M Y ACCESORIOS. SUMINISTRO E INSTALACION.","UN",18143221,"Actualización MO 2022"]
["Antiguo","REDES ALCANTARILLADO / DRENAJE",5330,"CAMARA GRP 1000 * 1000 * 1200 (INCLUYE TUBERIA , CHIMENEA 2.50M Y ACCESORIOS. SUMINISTRO E INSTALACION.","UN",19660352,"Actualización MO 2022"]
["Antiguo","REDES ALCANTARILLADO / DRENAJE",5331,"CAMARA GRP 1100 * 1100 * 1200 (INCLUYE TUBERIA , CHIMENEA 2.50M Y ACCESORIOS. SUMINISTRO E INSTALACION.","UN",21322663,"Actualización MO 2022"]
["Antiguo","REDES ALCANTARILLADO / DRENAJE",5332,"CAMARA GRP 1300 * 1300 * 1200 (INCLUYE TUBERIA , CHIMENEA 5.0M Y ACCESORIOS. SUMINISTRO E INSTALACION.","UN",20124928,"Actualización MO 2022"]
["Antiguo","REDES ALCANTARILLADO / DRENAJE",5333,"CAMARA GRP 1500 * 1500 * 1200 (INCLUYE TUBERIA , CHIMENEA 2.50M Y ACCESORIOS. SUMINISTRO E INSTALACION.","UN",20378993,"Actualización MO 2022"]
["Antiguo","REDES ALCANTARILLADO / DRENAJE",5334,"CAMARA GRP 1600 * 1600 * 1200 (INCLUYE TUBERIA , CHIMENEA 2.50M Y ACCESORIOS. SUMINISTRO E INSTALACION.","UN",22026786,"Actualización MO 2022"]
["Antiguo","REDES ALCANTARILLADO / DRENAJE",5335,"CAMARA GRP 1800 * 1800 * 1200 (INCLUYE TUBERIA , CHIMENEA 2.50M Y ACCESORIOS. SUMINISTRO E INSTALACION.","UN",25598214,"Actualización MO 2022"]
["Antiguo","REDES ALCANTARILLADO / DRENAJE",5336,"CAMARA GRP 1800 * 1800 * 1200 (INCLUYE TUBERIA , CHIMENEA 5.0M Y ACCESORIOS. SUMINISTRO E INSTALACION.","UN",33343567,"Actualización MO 2022"]
["Antiguo","ENSAYOS - LABORATORIOS",5338,"PARAMETRO DE RESISTENCIA DEL SUELO MEDIANTE COMPRESION TRIAXIAL: COMPRESION TRIAXIAL ESTÁTICA CONSOLIDADA NO DRENADO UU (TRES PUNTOS)","UN",1227100,"Actualización MO 2022"]
["Antiguo","REDES ACUEDUCTO",5339,"REDUCCION CONCENTRICA HD 8\"X4\" (SUMINISTRO E INSTALACIÓN)","UN",388529,"Actualización MO 2022"]
["Antiguo","REDES ELECTRICAS",5340,"MALLA PUESTA A TIERRA SUBESTACIONES (INCLUYE SUMINISTRO E INSTALACION).","UN",1764207,"Actualización MO 2022"]
["Antiguo","REDES ELECTRICAS",5341,"VARILLA COOPER WELD 5/8\" X 2.44M. (INCLUYE SUMINISTRO E INSTALACION).","UN",449091,"Actualización MO 2022"]
["Antiguo","REDES TELEFONICAS / DATOS",5342,"MASCARILLA DE GIRO PARA SEMÁFORO DE 200MM. (INCLUYE SUMINISTRO E INSTALACION).","UN",111009,"Actualización MO 2022"]
["Antiguo","REDES TELEFONICAS / DATOS",5343,"MODULO ROJO PARA SEMÁFOROS DE 200MM (TIPO LED, SEMÁFORO TIPO MENSULA). SUMINISTRO E INSTALACION.","UN",621180,"Actualización MO 2022"]
["Antiguo","GEOSINTETICOS",5344,"GEOMALLA TENSAR BX 1200 PARA REFUERZO DE MATERIALES GRANULARES. SUMINISTRO E INSTALACION.","M2",14179,"Actualización MO 2022"]
["Antiguo","RELLENOS Y CAPAS GRANULARES",5345,"CAPAS GRANULARES DE SUBBASE CLASE A (SBG_A) PRODUCIDAS CON RCD. (SUMINISTRO, EXTENDIDO, NIVELACIÓN, HUMEDECIMIENTO Y COMPACTACIÓN CON VIBROCOMPACTADOR) IDU ET-400-11, TRÁFICO T4 - T5. TRANSPORTE PETREOS 28KM.","M3",143759,"Actualización MO 2022"]
["Antiguo","RELLENOS Y CAPAS GRANULARES",5346,"CAPAS GRANULARES DE BASE CLASE A (BG_A) PRODUCIDAS CON RCD. (SUMINISTRO, EXTENDIDO, NIVELACIÓN, HUMEDECIMIENTO Y COMPACTACIÓN CON VIBROCOMPACTADOR) IDU ET-400-11, TRÁFICO T4 - T5. TRANSPORTE PETREOS 28KM.","M3",163833,"Actualización MO 2022"]
["Antiguo","RELLENOS Y CAPAS GRANULARES",5347,"RECICLAJE DE PAVIMENTO ASFALTICO EN EL SITIO CON 3% DE EMULSION ASFALTICA, INCLUYE 0.5% DE CEMENTO PORTLAND. TRANSPORTE PETREOS 23 KM.","M3",213465,"Actualización MO 2022"]
["Antiguo","RELLENOS Y CAPAS GRANULARES",5348,"RECICLAJE DE PAVIMENTO ASFALTICO EN EL SITIO CON 3% DE EMULSION ASFALTICA, INCLUYE 1.0% DE CEMENTO PORTLAND. TRANSPORTE PETREOS 23 KM.","M3",220121,"Actualización MO 2022"]
["Antiguo","RELLENOS Y CAPAS GRANULARES",5349,"RECICLAJE DE PAVIMENTO ASFALTICO EN EL SITIO CON 3% DE EMULSION ASFALTICA, INCLUYE 1.5% DE CEMENTO PORTLAND. TRANSPORTE PETREOS 23 KM.","M3",226816,"Actualización MO 2022"]
["Antiguo","RELLENOS Y CAPAS GRANULARES",5350,"RECICLAJE DE PAVIMENTO ASFALTICO EN EL SITIO CON 4% DE EMULSION ASFALTICA, INCLUYE 0.5% DE CEMENTO PORTLAND. TRANSPORTE PETREOS 23 KM.","M3",256110,"Actualización MO 2022"]
["Antiguo","RELLENOS Y CAPAS GRANULARES",5351,"RECICLAJE DE PAVIMENTO ASFALTICO EN EL SITIO CON 4% DE EMULSION ASFALTICA, INCLUYE 1.0% DE CEMENTO PORTLAND. TRANSPORTE PETREOS 23 KM.","M3",262803,"Actualización MO 2022"]
["Antiguo","RELLENOS Y CAPAS GRANULARES",5352,"RECICLAJE DE PAVIMENTO ASFALTICO EN EL SITIO CON 4% DE EMULSION ASFALTICA, INCLUYE 1.5% DE CEMENTO PORTLAND. TRANSPORTE PETREOS 23 KM.","M3",269498,"Actualización MO 2022"]
["Antiguo","RELLENOS Y CAPAS GRANULARES",5353,"RECICLAJE DE PAVIMENTO ASFALTICO EN EL SITIO CON 5% DE EMULSION ASFALTICA, INCLUYE 0.5% DE CEMENTO PORTLAND. TRANSPORTE PETREOS 23 KM.","M3",298793,"Actualización MO 2022"]
["Antiguo","RELLENOS Y CAPAS GRANULARES",5354,"RECICLAJE DE PAVIMENTO ASFALTICO EN EL SITIO CON 5% DE EMULSION ASFALTICA, INCLUYE 1.0% DE CEMENTO PORTLAND. TRANSPORTE PETREOS 23 KM.","M3",306022,"Actualización MO 2022"]
["Antiguo","RELLENOS Y CAPAS GRANULARES",5355,"RECICLAJE DE PAVIMENTO ASFALTICO EN EL SITIO CON 5% DE EMULSION ASFALTICA, INCLUYE 1.5% DE CEMENTO PORTLAND. TRANSPORTE PETREOS 23 KM.","M3",312181,"Actualización MO 2022"]
["Antiguo","RELLENOS Y CAPAS GRANULARES",5356,"RECICLAJE DE PAVIMENTO ASFALTICO EN EL SITIO CON 3% DE CEMENTO PORTLAND. SUMINISTRO, EXTENDIDO, NIVELACION, HUMEDECIMIENTO Y COMPACTACION CON VIBROCOMPACTADOR. IDU ET-454-11, TRÁFICO T4 - T5. TRANSPORTE PETREOS 23 KM.","M3",118531,"Actualización MO 2022"]
["Antiguo","RELLENOS Y CAPAS GRANULARES",5357,"RECICLAJE DE PAVIMENTO ASFALTICO EN EL SITIO CON 4% DE CEMENTO PORTLAND. SUMINISTRO, EXTENDIDO, NIVELACION, HUMEDECIMIENTO Y COMPACTACION CON VIBROCOMPACTADOR. IDU ET-454-11, TRÁFICO T4 - T5. TRANSPORTE PETREOS 23 KM.","M3",134347,"Actualización MO 2022"]
["Antiguo","RELLENOS Y CAPAS GRANULARES",5358,"RECICLAJE DE PAVIMENTO ASFALTICO EN EL SITIO CON 5% DE CEMENTO PORTLAND. SUMINISTRO, EXTENDIDO, NIVELACION, HUMEDECIMIENTO Y COMPACTACION CON VIBROCOMPACTADOR. IDU ET-454-11, TRÁFICO T4 - T5. TRANSPORTE PETREOS 23 KM.","M3",145735,"Actualización MO 2022"]
["Antiguo","RELLENOS Y CAPAS GRANULARES",5359,"RECICLAJE DE PAVIMENTO ASFALTICO EN EL SITIO CON 6% DE CEMENTO PORTLAND. SUMINISTRO, EXTENDIDO, NIVELACION, HUMEDECIMIENTO Y COMPACTACION CON VIBROCOMPACTADOR. IDU ET-454-11, TRÁFICO T4 - T5. TRANSPORTE PETREOS 23 KM.","M3",158694,"Actualización MO 2022"]
["Antiguo","PAVIMENTOS",5360,"ACOPIO Y TRASIEGO MECANICO DE MATERIAL DE FRESADO EN EL SITIO DE ALMACENAMIENTO TRANSITORIO.","HR",148947,"Actualización MO 2022"]
["Antiguo","PAVIMENTOS",5361,"CLASIFICACION MECANICA DE MATERIAL DE FRESADO EN EL SITIO DE ALMACENAMIENTO TRANSITORIO PARA ACCIONES DE MOVILIDAD.","M3",11322,"Actualización MO 2022"]
["Antiguo","PAVIMENTOS",5362,"FRESADO ESTABILIZADO AL 5% CON EMULSIÓN CRL-1 PARA ACCIÓN DE MOVILIDAD (INCLUYE MATERIAL PÉTREO DE ADICIÓN (ARENA DE RIO) - DISTANCIA A 28 KM.","M3",265888,"Actualización MO 2022"]
["Antiguo","PAVIMENTOS",5363,"FRESADO ESTABILIZADO AL 5% CON EMULSIÓN CRL-1 PARA ACCION DE MOVILIDAD (INCLUYE MATERIAL PETREO DE ADICION (ARENA LAVADA) - DISTACIO A 28 KM.","M3",254769,"Actualización MO 2022"]
["Antiguo","PAVIMENTOS",5364,"FRESADO ESTABILIZADO AL 5% CON EMULSIÓN CRL-1 PARA ACCIÓN DE MOVILIDAD (INCLUYE MATERIAL PÉTREO DE ADICIÓN (SUBBASE GRANULAR TIPO A - SBG A)) - DISTANCIA A 28 KM.","M3",251246,"Actualización MO 2022"]
["Antiguo","GESTIÓN AMBIENTAL",5365,"MALLA ESLABONADA CALIBRE 10.5 2\" ALTURA MAYOR A 2.20M. SUMINISTRO E INSTALACION.","M2",28980,"Actualización MO 2022"]
["Antiguo","GESTIÓN AMBIENTAL",5366,"POLISOMBRA VERDE PARA CERRAMIENTO. SUMINISTRO E INSTALACION.","M2",2617,"Actualización MO 2022"]
["Antiguo","OBRAS DE ARTE Y EDIFICACIONES",5368,"TEJA DE ZINC. SUMINISTRO E INSTALACION. INCLUYE ESTRUCTURAS CUARTONES EN MADERA X 3.0M Y AMARRES.","M2",17911,"Actualización MO 2022"]
["Antiguo","CONCRETO Y ACERO PARA ESTRUCTURAS",5369,"PINTURA ACEITE SOBRE LAMINA (INCLUYE ANTICORROSIVO). SUMINISTRO Y APLICACION.","UN",3677,"Actualización MO 2022"]
["Antiguo","OBRAS DE ARTE Y EDIFICACIONES",5370,"PINTURA VINILO TIPO 1 (2 MANOS).","M2",8950,"Actualización MO 2022"]
["Antiguo","OBRAS DE ARTE Y EDIFICACIONES",5371,"MURO EN LADRILLO TOLETE COMUN.","M2",49824,"Actualización MO 2022"]
["Antiguo","REDES ACUEDUCTO",5372,"TANQUE DE AGUA DE 500 LT. SUMINISTRO E INSTALACION.","UN",171957,"Actualización MO 2022"]
["Antiguo","ACERO DE REFUERZO",5373,"ZARANDA DE 6X3 PARA CLASIFICACIÓN MATERIAL. SUMINISTRO E INSTALACIÓN.","UN",30271515,"Actualización MO 2022"]
["Antiguo","PAVIMENTOS",5374,"PARCHEO CON PAVIMENTO ASFALTICO RECICLADO ESTABILIZADO AL 5% CON EMULSION CRL-1 PARA ACCION DE MOVILIDAD. SIN CORTE NI DEMOLICIÓN EXTENDIDO MANUAL. HASTA 28KM. HORARIO DIURNO.","M3",159061,"Actualización MO 2022"]
["Antiguo","PAVIMENTOS",5375,"PARCHEO CON PAVIMENTO ASFALTICO RECICLADO ESTABILIZADO AL 5% CON EMULSION CRL-1 PARA ACCION DE MOVILIDAD. SIN CORTE NI DEMOLICIÓN. EXTENDIDO MANUAL. HASTA 28KM. HORARIO NOCTURNO.","M3",193649,"Actualización MO 2022"]
["Antiguo","ANÁLISIS AUXILIARES",5376,"CUADRILLA (OFICIAL + 4 AYUDANTES) HORARIO NOCTURNO","JR",404191,"Actualización MO 2022"]
["Antiguo","PAVIMENTOS",5377,"PARCHEO CON FRESADO ESTABILIZADO AL 5% CON EMULSIÓN CRL-1 PARA ACCIÓN DE MOVILIDAD. EXTENDIDO MANUAL. INCLUYE CORTE, DEMOLICIÓN. HASTA 28KM. HORARIO DIURNO. SOLO INSTALACIÓN DEL MATERIAL","M3",246232,"Actualización MO 2022"]
["Antiguo","PAVIMENTOS",5378,"PARCHEO CON FRESADO ESTABILIZADO AL 5% CON EMULSIÓN CRL-1 PARA ACCIÓN DE MOVILIDAD. EXTENDIDO MANUAL. INCLUYE CORTE, DEMOLICIÓN. HASTA 28KM. HORARIO NOCTURNO. SOLO INSTALACIÓN DEL MATERIAL","M3",270214,"Actualización MO 2022"]
["Antiguo","TRANSPORTES Y ACARREOS",5380,"TRANSPORTE DE MATERIAL PROVENIENTE DE SITIO DE OBRA AL SITIO DISPUESTO PARA MEZCLAS, ESTABILIZAR O DEJAR EN PATIOS DE ACOPIO DEL IDU, EN DISTANCIA HASTA 21 KM.","M3",35470,"Actualización MO 2022"]
["Valor de referencia","ANÁLISIS AUXILIARES",5381,"CONSTRUCCIÓN DE CICLORUTA, INCLUYE OBRAS CIVILES, DEMARCACIÓN, SEÑALIZAN VERTICAL (CALCULADO PARA UN TRAMO REPRESENTATIVO DE 100 MT.)","ML",377230,"Actualización MO 2022"]
["Antiguo","ANÁLISIS AUXILIARES",5382,"BICICARRIL BIDIRECCIONAL SEGREGADA (INCLUYE DEMARCACIÓN Y ELEMENTOS CANALIZADORES) (CALCULADO PARA UN TRAMO REPRESENTATIVO DE 100 MT.)","ML",62051,"Actualización MO 2022"]
["Antiguo","SEÑALIZACIÓN",5383,"BICICARRIL UNIDIRECCIONAL (INCLUYE DEMARCACIÓN) (CALCULADO PARA UN TRAMO REPRESENTATIVO DE 100 MT.)","ML",9018,"Actualización MO 2022"]
["Antiguo","ANÁLISIS AUXILIARES",5384,"INTERSECCIÓN PARA BICICARRIL BIDIRECCIONAL(INCLUYE DEMARCACIÓN, SEÑALIZACIÓN VERTICAL, ELEMENTOS CANALIZADORES) (CALCULADO INCLUYENDO UN TRAMO DE 10 MT. ANTES Y DESPUÉS DE LA INTERSECCIÓN)","UN",9472101,"Actualización MO 2022"]
["Antiguo","ANÁLISIS AUXILIARES",5385,"INTERSECCION PARA BICICARRIL UNIDIRECCIONAL, INCLUYE DEMARCACION, SEÑALIZACION VERTICAL, ELEMENTOS CANALIZADORES (CALCULADO INCLUYENDO UN TRAMO DE 10 MT. ANTES Y DESPUES DE LA INTERSECCIÓN)","UN",7173271,"Actualización MO 2022"]
["Antiguo","REDES TELEFONICAS / DATOS",5387,"REUBICACION DE POSTE TIPO MASTIL (INCLUYE DESMONTE).","UN",346088,"Actualización MO 2022"]
["Antiguo","REDES TELEFONICAS / DATOS",5388,"BASE PARA POSTE METALICO DE 0.80M X 0.80M H= 0.80M. EN CONCRETO PREMEZCLADO DE 3000 PSI (210 KG/CM2). CONSTRUCCION. INCLUYE ESTRUCTURA DE REFUERZO Y SBG_A.","UN",541556,"Actualización MO 2022"]
["Antiguo","ANÁLISIS AUXILIARES",5391,"CUADRILLA (4 AYUDANTES).","HR",27528,"Actualización MO 2022"]
["Antiguo","ANÁLISIS AUXILIARES",5392,"CUADRILLA (4 AYUDANTES)","JR",220212,"Actualización MO 2022"]
["Antiguo","REDES ALCANTARILLADO / DRENAJE",5394,"MANEJO DE AGUAS PARA TRABAJOS SOBRE CANAL. ALTURA DE LA BARRERA 1.50M (INCLUYE EQUIPO, SUMINISTRO Y MANO DE OBRA.","ML",182709,"Actualización MO 2022"]
["Antiguo","OBRAS DE ARTE Y EDIFICACIONES",5395,"BARANDAS. DESMONTE E INSTALACION. INCLUYE ACOPIO EN EL FRENTE DE OBRA. (NO INCLUYE TRASLADO DEL MATERIAL SOBRANTE, NI RETIRO DE ESCOMBROS).","ML",33852,"Actualización MO 2022"]
["Antiguo","CONCRETO Y ACERO PARA ESTRUCTURAS",5396,"CONCRETO IMPERMEABILIZADO GRAVA FINA DE 3000 PSI PARA BOX CULVERT (PREMEZCLADO. INCLUYE SUMINISTRO, FORMALETEO Y COLOCACIÓN. NO INCLUYE REFUERZO, CURADO).","M3",774963,"Actualización MO 2022"]
["Antiguo","INDICES",5397,"DEMARCACION LINEA DE CANALIZACION BICICARRIL A= 0.25M EN PINTURA TERMOPLASTICA (INCLUYE SUMINISTRO Y APLICACION CON EQUIPO. INCLUYE MICROESFERA)","ML",24565,"Actualización MO 2022"]
["Antiguo","REDES TELEFONICAS / DATOS",5398,"9 DUCTOS D= 4\" SUSPENDIDOS EN PUENTES NORMA CS218. SUMINISTRO E INSTALACION.","ML",957144,"Actualización MO 2022"]
["Antiguo","ACERO DE REFUERZO",5404,"CANASTILLA PASAJUNTAS (INCLUYE SUMINISTRO Y FIJACIÓN)","KG",4994,"Actualización MO 2022"]
["Antiguo","SEÑALIZACIÓN",5409,"FLECHA DIRECCIONAL \"FRENTE, DERECHA E IZQUIERDA\" PARA PAVIMENTO FLEXIBLE (E= 15 MILS. ACRILICA BASE AGUA. INCLUYE SUMINISTRO Y APLICACIÓN CON EQUIPO. INCLUYE MICROESFERAS.","UN",315412,"Actualización MO 2022"]
["Antiguo","RELLENOS Y CAPAS GRANULARES",5412,"RELLENO EN TRITURADO DE 3/4`` (INCLUYE TRANSPORTE, SUMINISTRO, EXTENDIDO MANUAL Y COLOCACIÓN)","M3",107123,"Actualización MO 2022"]
["Antiguo","EXCAVACIONES",5413,"EXCAVACIÓN MANUAL DE DADOS Y COLUMNAS DE APOYO. INCLUYE MOTOBOMBA SUMERGIBLE Ø 2\" O 3\" - INCLUYE COMBUSTIBLE","M3",71593,"Actualización MO 2022"]
["Antiguo","RELLENOS Y CAPAS GRANULARES",5415,"RELLENO EN ARENA DE PEÑA (INCLUYE TRANSPORTE, SUMINISTRO, EXTENDIDO MANUAL Y COMPACTACIÓN).","M3",62232,"Actualización MO 2022"]
["Antiguo","EXCAVACIONES",5416,"EXCAVACIÓN MECÁNICA PARA DADOS (NIVEL DE FUNCIONAMIENTO. INCLUYE CARGUE).","M3",41264,"Actualización MO 2022"]
["Antiguo","EXCAVACIONES",5418,"EXCAVACIÓN MECÁNICA EN TÚNEL.","M3",59126,"Actualización MO 2022"]
["Antiguo","CONCRETO Y ACERO PARA ESTRUCTURAS",5421,"MURO ESTRUCTURAL EN CONCRETO 4000 PSI PREMEZCLADO, GRAVA COMÚN. (Incluye suministro, formaleteo, bombeo, colocación y curado. No incl. Refuerzo).","M3",725470,"Actualización MO 2022"]
["Antiguo","CONCRETO Y ACERO PARA ESTRUCTURAS",5422,"MURO DE CONTENCIÓN EN CONCRETO 4000 PSI PREMEZCLADO, GRAVA COMÚN.  (Incluye suministro, formaleteo, bombeo, colocación y curado. No incl. Refuerzo). Para trabajos en altura mayor a 1.50m.","M3",733697,"Actualización MO 2022"]
["Antiguo","CONCRETO Y ACERO PARA ESTRUCTURAS",5426,"CONCRETO 4000 PSI GRAVA COMÚN PARA RAMPAS Y ESCALERAS (PREMEZCLADO. INCL. SUMINISTRO, FORMALETEO Y COLOCACIÓN. NO INCL. REFUERZO, CURADO).","M3",628524,"Actualización MO 2022"]
["Antiguo","CONCRETO Y ACERO PARA ESTRUCTURAS",5428,"CONCRETO 4000 PSI GRAVA COMÚN PARA BOX CULVERT (PREMEZCLADO. INCLUYE SUMINISTRO, FORMALETEO Y COLOCACIÓN. NO INCL. REFUERZO, CURADO).","M3",725382,"Actualización MO 2022"]
["Antiguo","CONCRETO Y ACERO PARA ESTRUCTURAS",5431,"DINTEL EN CONCRETO DE 3000 PSI 10CM X 10CM (SUMINISTRO E INSTALACIÓN).","ML",52937,"Actualización MO 2022"]
["Antiguo","CONCRETO Y ACERO PARA ESTRUCTURAS",5432,"TALÓN EN CONCRETO DE 3000 PSI (SUMINISTRO E INSTALACIÓN).","ML",59623,"Actualización MO 2022"]
["Antiguo","CONCRETO Y ACERO PARA ESTRUCTURAS",5433,"SILLA EN CONCRETO DE 3000 PSI 10CM X 15CM (SUMINISTRO E INSTALACIÓN).","ML",55047,"Actualización MO 2022"]
["Antiguo","OBRAS DE ARTE Y EDIFICACIONES",5442,"MAMPOSTERIA EN BLOQUE DE CONCRETO 15X20X40 DE DOS PERFORACIONES TIPO INDURAL O SIMILAR, ACABADO DOBLE CARA (COLOR A DEFINIR SEGÚN MUESTRA) INCLUYE MORTERO 1:4 HECHO EN OBRA.","M2",62330,"Actualización MO 2022"]
["Antiguo","OBRAS DE ARTE Y EDIFICACIONES",5443,"SOBRECIMIENTO EN BLOQUE DE 20CM (2 HILADAS) INCLUYE MORTERO DE PEGA 1:4 HECHO EN OBRA.","ML",25556,"Actualización MO 2022"]
["Antiguo","OBRAS DE ARTE Y EDIFICACIONES",5452,"PISO EN CONCRETO 3000 PSI PREMEZCLADO, ENDURECIDO Y ESMALTADO MAS VARILLAS EN ALUMINIO O PLÁSTICAS DE DILATACIÓN COLOR GRIS CADA 1,00M EN DOS DIRECCIONES. (SUMINISTRO E INSTALACION. NO INCL CURADO.","M2",62140,"Actualización MO 2022"]
["Antiguo","OBRAS DE ARTE Y EDIFICACIONES",5455,"PISO EN GRANITO ESMERILADO, VACIADO Y PULIDO EN SITIO E=1.5CM. INCLUYE JUNTAS DE DILATACIÓN RADIALES Y VACIADOS TRAPEZOIDALMENTE. COLOR Y DIMENSIONES ACORDE CON LOS PLANOS Y ESPECIFICACIONES TÉCNICAS.","M2",142822,"Actualización MO 2022"]
["Antiguo","OBRAS DE ARTE Y EDIFICACIONES",5456,"BOCAPUERTA EN GRANITO VACIADO. ANCHO 15 CM. (SUMINISTRO E INSTALACIÓN) INCLUYE MORTERO DE PEGA 1:2 HECHO EN OBRA.","ML",36722,"Actualización MO 2022"]
["Antiguo","OBRAS DE ARTE Y EDIFICACIONES",5459,"PELDAÑO EN GRANITO PULIDO. (SUMINISTRO E INSTALACIÓN. INCLUYE VARILLA DE ALUMINIO PARA DILATACION).","M2",64052,"Actualización MO 2022"]
["Antiguo","REDES ALCANTARILLADO / DRENAJE",5461,"TUBERIA PVC SANITARIA D=3`` TIPO U.S. (INCLUYE SUMINISTRO E INSTALACIÓN).","ML",22135,"Actualización MO 2022"]
["Antiguo","REDES ALCANTARILLADO / DRENAJE",5462,"SALIDA SANITARIA D=2``. (SUMINISTRO E INSTALACIÓN. INCLUYE TUBERÍA DE HASTA 3.0M DE LONGITUD Y ACCESORIOS DESDE EL RAMAL PRINCIPAL QUE RECIBE, HASTA LA BOCA PARA CONEXIÓN).","UN",115495,"Actualización MO 2022"]
["Antiguo","REDES ALCANTARILLADO / DRENAJE",5463,"SALIDA SANITARIA D=4``. (SUMINISTRO E INSTALACIÓN. INCLUYE TUBERÍA DE HASTA 3.0M DE LONGITUD Y ACCESORIOS DESDE EL RAMAL PRINCIPAL QUE RECIBE, HASTA LA BOCA PARA CONEXIÓN).","UN",171746,"Actualización MO 2022"]
["Antiguo","REDES ALCANTARILLADO / DRENAJE",5466,"TUBERIA PVC SANITARIA D=1 1/2`` TIPO U.S. (INCLUYE SUMINISTRO E INSTALACIÓN)","ML",13119,"Actualización MO 2022"]
["Antiguo","REDES ALCANTARILLADO / DRENAJE",5467,"TUBERIA PVC SANITARIA D=8`` TIPO U.S. (INCLUYE SUMINISTRO E INSTALACIÓN).","ML",110513,"Actualización MO 2022"]
["Antiguo","REDES ALCANTARILLADO / DRENAJE",5469,"TUBERIA PVC VENTILACIÓN D=3`` TIPO U.S. (INCLUYE SUMINISTRO E INSTALACIÓN).","ML",13524,"Actualización MO 2022"]
["Antiguo","REDES ACUEDUCTO",5471,"TUBERÍA PVC D=1\" TIPO U.M. RDE 21 (SUMINISTRO E INSTALACIÓN).","ML",8133,"Actualización MO 2022"]
["Antiguo","REDES ACUEDUCTO",5472,"TUBERIA PVC E.L. D= 1/2`` RDE 13.5 - 315 PSI (INCLUYE SUMINISTRO E INSTALACIÓN, SOLDADURA).","ML",6119,"Actualización MO 2022"]
["Antiguo","OBRAS DE ARTE Y EDIFICACIONES",5494,"LAVAMANOS INSTITUCIONAL DE EMPOTRAR. (SUMINISTRO E INSTALACIÓN. INCLUYE GRIFERÍA TIPO PUSH O SIMILAR Y TUBERÍA DE CONEXIÓN).","UN",365827,"Actualización MO 2022"]
["Antiguo","OBRAS DE ARTE Y EDIFICACIONES",5501,"LAVAMANOS CERÁMICO DE SOBREPONER (SUMINISTRO E INSTALACIÓN. INCLUYE GRIFERÍA TIPO PUSH ANTIVANDÁLICO).","UN",312698,"Actualización MO 2022"]
["Antiguo","OBRAS DE ARTE Y EDIFICACIONES",5502,"LAVAMANOS DE COLGAR PARA PERSONAS EN CONDICIÓN DE MOVILIDAD REDUCIDA. (SUMINISTRO E INSTALACIÓN. INCLUYE GRIFERÍA TIPO PUSH ANTIVANDÁLICO).","UN",348801,"Actualización MO 2022"]
["Antiguo","REDES ELECTRICAS",5523,"TOMACORRIENTES CON CONEXIÓN A TIERRA, MONOFÁSICO DOBLE, 15 A, 125 VC.A. (LÍNEA NEMA 5), PARA TRABAJO PESADO. (INCLUYE INSTALACIÓN, CAJA DE SALIDA, ELEMENTOS DE CONEXIÓN, DE EMPALME Y DE MONTAJE).","UN",17589,"Actualización MO 2022"]
["Antiguo","REDES ELECTRICAS",5524,"TOMACORRIENTES CON PROTECCIÓN DE FALLA A TIERRA (GFCI), MONOFÁSICO DOBLE, 20 A, 125 VC.A. (LÍNEA NEMA 5), PARA TRABAJO LIVIANO. (INCLUYE INSTALACIÓN, CAJA DE SALIDA, ELEMENTOS DE CONEXIÓN, DE EMPALME Y DE MONTAJE).","UN",44661,"Actualización MO 2022"]
["Antiguo","REDES ELECTRICAS",5525,"TOMACORRIENTES CON CONEXIÓN A TIERRA, BIFÁSICOS, DOS POLOS, 3 HILOS, 20 A, 250 VC.A., (LÍNEA NEMA 6), PARA TRABAJO PESADO. (INCLUYE INSTALACIÓN, CAJA DE SALIDA, ELEMENTOS DE CONEXIÓN, DE EMPALME Y DE MONTAJE).","UN",50457,"Actualización MO 2022"]
["Antiguo","REDES ACUEDUCTO",5527,"TUBERÍA DE ACERO GALVANIZADO, LIVIANA TIPO EMT, D=1\". (SUMINISTRO E INSTALACIÓN).","ML",15304,"Actualización MO 2022"]
["Antiguo","REDES ACUEDUCTO",5528,"TUBERÍA DE ACERO GALVANIZADO, LIVIANA TIPO EMT, D=3/4\". (SUMINISTRO E INSTALACIÓN).","ML",11143,"Actualización MO 2022"]
["Antiguo","ANÁLISIS AUXILIARES",5535,"CUADRILLA (2 OFICIALES)","JR",158370,"Actualización MO 2022"]
["Antiguo","ANÁLISIS AUXILIARES",5536,"CUADRILLA (2 OFICIALES).","HR",19796,"Actualización MO 2022"]
["Antiguo","REDES ELECTRICAS",5540,"CONDUCTORES MONOPOLARES DE COBRE, AISLADOS PARA 600 V C.A., CALIBRE NO 12 AWG. (INCLUYE SUMINISTRO E INSTALACIÓN).","ML",2004,"Actualización MO 2022"]
["Antiguo","REDES ELECTRICAS",5541,"CONDUCTORES MONOPOLARES DE COBRE, AISLADOS PARA 600 V C.A., CALIBRE NO 10 AWG. (INCLUYE SUMINISTRO E INSTALACIÓN).","ML",2841,"Actualización MO 2022"]
["Antiguo","REDES ELECTRICAS",5542,"CONDUCTORES MONOPOLARES DE COBRE, AISLADOS PARA 600 V C.A., CALIBRE NO 8 AWG. (INCLUYE SUMINISTRO E INSTALACIÓN).","ML",3915,"Actualización MO 2022"]
["Antiguo","REDES ELECTRICAS",5543,"CONDUCTORES MONOPOLARES DE COBRE, AISLADOS PARA 600 V C.A., CALIBRE NO 6 AWG. (INCLUYE SUMINISTRO E INSTALACIÓN).","ML",5943,"Actualización MO 2022"]
["Antiguo","REDES ELECTRICAS",5545,"ACOMETIDA EN CONDUCTORES DE COBRE, (4NO. 4 + 1NO. 8) AWG, AISLADOS PARA 600 V C.A. INCLUYE CONDUCTORES, CONEXIONES, ACCESORIOS DE MONTAJE, ELEMENTOS DE CONEXIÓN Y DE MARCACIÓN.(INCLUYE SUMINISTRO E INSTALACIÓN).","ML",40472,"Actualización MO 2022"]
["Antiguo","REDES ELECTRICAS",5546,"ACOMETIDA EN CONDUCTORES DE COBRE, (4NO. 2 + 1NO. 4) AWG, AISLADOS PARA 600 V C.A. INCLUYE CONDUCTORES, CONEXIONES, ACCESORIOS DE MONTAJE, ELEMENTOS DE CONEXIÓN Y DE MARCACIÓN.(INCLUYE SUMINISTRO E INSTALACIÓN).","ML",59311,"Actualización MO 2022"]
["Antiguo","REDES ELECTRICAS",5547,"ACOMETIDA A TABLERO TATR, EN CONDUCTORES DE COBRE, (4NO.4 + 1NO. 8) AWG, AISLADOS PARA 600 V C.A. INCL CONDUCTORES, CONEXIONES, ACCESORIOS DE MONTAJE, ELEMENTOS DE CONEXIÓN Y MARCACIÓN.(INCL SUMINISTRO E INSTALACIÓN).","ML",39520,"Actualización MO 2022"]
["Antiguo","REDES ELECTRICAS",5548,"ALIMENTACIÓN EN CONDUCTORES DE COBRE, (3NO. 8 + 1NO. 10) AWG, AISLADOS PARA 600 V C.A., INCLUYE CONDUCTORES, CONEXIONES, ACCESORIOS DE MONTAJE, ELEMENTOS DE CONEXIÓN Y DE MARCACIÓN. (INCLUYE SUMINISTRO E INSTALACIÓN).","ML",16957,"Actualización MO 2022"]
["Antiguo","REDES ELECTRICAS",5549,"ALIMENTACIÓN EN CONDUCTORES DE COBRE, (4NO. 2/0 + 1NO.6) AWG, AISLADOS PARA 600 V C.A., INCLUYE CONDUCTORES, CONEXIONES, ACCESORIOS DE MONTAJE, ELEMENTOS DE CONEXIÓN Y DE MARCACIÓN. (INCLUYE SUMINISTRO E INSTALACIÓN)","ML",129112,"Actualización MO 2022"]
["Antiguo","REDES ELECTRICAS",5550,"ALIMENTACIÓN EN CONDUCTORES DE COBRE, (4NO. 1/0 + 1NO.6) AWG, AISLADOS PARA 600 V C.A., INCLUYE CONDUCTORES, CONEXIONES, ACCESORIOS DE MONTAJE, ELEMENTOS DE CONEXIÓN Y DE MARCACIÓN. (INCLUYE SUMINISTRO E INSTALACIÓN)","ML",96628,"Actualización MO 2022"]
["Antiguo","REDES ELECTRICAS",5551,"ALIMENTACIÓN EN CONDUCTORES DE COBRE, (4NO. 8+ 1NO.10) AWG, AISLADOS PARA 600 V C.A. INCLUYE CONDUCTORES, CONEXIONES, ACCESORIOS DE MONTAJE, ELEMENTOS DE CONEXIÓN Y DE MARCACIÓN. (INCLUYE SUMINISTRO E INSTALACIÓN)","ML",22846,"Actualización MO 2022"]
["Antiguo","REDES ELECTRICAS",5552,"CAJAS DE EMPALME Y SALIDA, EN FUNDICIÓN DE ACERO GALVANIZADO DE 4\"X4\", DEL DIAMETRO DE LA TUBERÍA(INCLUYE SUMINISTRO E INSTALACIÓN)","UN",12410,"Actualización MO 2022"]
["Antiguo","REDES ELECTRICAS",5556,"TUBERÍA SEMIPESADA IMC, DE 3/4`` DE DIÁMETRO, EXPUESTA, CON SUS ACCESORIOS DE MONTAJE. (INCLUYE SUMINISTRO E INSTALACIÓN)","ML",22536,"Actualización MO 2022"]
["Antiguo","REDES ELECTRICAS",5557,"TUBERÍA SEMIPESADA IMC, DE 2\" DE DIÁMETRO, EXPUESTA, CON SUS ACCESORIOS DE MONTAJE. (INCLUYE SUMINISTRO E INSTALACIÓN)","ML",50394,"Actualización MO 2022"]
["Antiguo","REDES ELECTRICAS",5558,"TUBERÍA EMT DE 3\" DE DIÁMETRO, EXPUESTA, CON SUS ACCESORIOS DE MONTAJE. (INCLUYE SUMINISTRO E INSTALACIÓN)","ML",71686,"Actualización MO 2022"]
["Antiguo","REDES ELECTRICAS",5561,"ACOMETIDA EN CONDUCTORES DE COBRE, (4NO. 1/0 + 1NO. 4) AWG, AISLADOS PARA 600 V C.A. INCLUYE CONDUCTORES, CONEXIONES, ACCESORIOS DE MONTAJE, ELEMENTOS DE CONEXIÓN Y DE MARCACIÓN. (INCLUYE SUMINISTRO E INSTALACIÓN)","ML",97649,"Actualización MO 2022"]
["Antiguo","REDES ELECTRICAS",5562,"ACOMETIDA EN CONDUCTORES DE COBRE, (5 NO. 4) AWG, AISLADOS PARA 600 V C.A. INCLUYE CONDUCTORES, CONEXIONES, ACCESORIOS DE MONTAJE, ELEMENTOS DE CONEXIÓN Y DE MARCACIÓN. (INCLUYE SUMINISTRO E INSTALACIÓN)","ML",40155,"Actualización MO 2022"]
["Antiguo","REDES ELECTRICAS",5567,"CONDUCTORES MONOPOLARES DE COBRE, AISLADOS PARA 600 V C.A., CALIBRE NO 4 AWG. (INCLUYE SUMINISTRO E INSTALACIÓN)","ML",8425,"Actualización MO 2022"]
["Antiguo","REDES ELECTRICAS",5570,"ALIMENTACIÓN EN CONDUCTORES DE COBRE, (4NO. 4/0 + 1NO.4) AWG, AISLADOS PARA 600 V C.A., INCLUYE CONDUCTORES, CONEXIONES, ACCESORIOS DE MONTAJE, ELEMENTOS DE CONEXIÓN Y DE MARCACIÓN. (INCLUYE SUMINISTRO E INSTALACIÓN)","ML",188912,"Actualización MO 2022"]
["Antiguo","REDES ELECTRICAS",5571,"ALIMENTACIÓN EN CONDUCTORES DE COBRE, (4NO. 6 + 1NO.8) AWG, AISLADOS PARA 600 V C.A., INCLUYE CONDUCTORES, CONEXIONES, ACCESORIOS DE MONTAJE, ELEMENTOS DE CONEXIÓN Y DE MARCACIÓN. (INCLUYE SUMINISTRO E INSTALACIÓN)","ML",37613,"Actualización MO 2022"]
["Antiguo","REDES ELECTRICAS",5572,"ALIMENTACIÓN EN CONDUCTORES DE COBRE, (3NO. 10 + 1NO.12) AWG, AISLADOS PARA 600 V C.A., INCLUYE CONDUCTORES, CONEXIONES, ACCESORIOS DE MONTAJE, ELEMENTOS DE CONEXIÓN Y DE MARCACIÓN. (INCLUYE SUMINISTRO E INSTALACIÓN)","ML",21217,"Actualización MO 2022"]
["Antiguo","REDES ELECTRICAS",5573,"ACOMETIDA EN CONDUCTORES DE COBRE, (5NO. 10) AWG, AISLADOS PARA 600 V C.A. INCLUYE CONDUCTORES, CONEXIONES, ACCESORIOS DE MONTAJE, ELEMENTOS DE CONEXIÓN Y DE MARCACIÓN. (INCLUYE SUMINISTRO E INSTALACIÓN)","ML",13565,"Actualización MO 2022"]
["Antiguo","REDES ELECTRICAS",5574,"ACOMETIDA EN CONDUCTORES DE COBRE, (3NO. 10) AWG, AISLADOS PARA 600 V C.A. INCLUYE CONDUCTORES, CONEXIONES, ACCESORIOS DE MONTAJE, ELEMENTOS DE CONEXIÓN Y DE MARCACIÓN. (INCLUYE SUMINISTRO E INSTALACIÓN)","ML",9515,"Actualización MO 2022"]
["Antiguo","REDES ELECTRICAS",5575,"ALIMENTACIÓN EN CONDUCTORES DE COBRE, (3NO. 6 + 1NO.8) AWG, AISLADOS PARA 600 V C.A., INCLUYE CONDUCTORES, CONEXIONES, ACCESORIOS DE MONTAJE, ELEMENTOS DE CONEXIÓN Y DE MARCACIÓN. (INCLUYE SUMINISTRO E INSTALACIÓN)","ML",31901,"Actualización MO 2022"]
["Antiguo","REDES ELECTRICAS",5576,"ACOMETIDA EN CONDUCTORES DE COBRE, (4NO. 10) AWG, AISLADOS PARA 600 V C.A. INCLUYE CONDUCTORES, CONEXIONES, ACCESORIOS DE MONTAJE, ELEMENTOS DE CONEXIÓN Y DE MARCACIÓN. (INCLUYE SUMINISTRO E INSTALACIÓN)","ML",11540,"Actualización MO 2022"]
["Antiguo","REDES ELECTRICAS",5577,"ALIMENTACIÓN EN CONDUCTORES DE COBRE, (3NO. 4/0 + 1NO.2) AWG, AISLADOS PARA 600 V C.A., INCLUYE CONDUCTORES, CONEXIONES, ACCESORIOS DE MONTAJE, ELEMENTOS DE CONEXIÓN Y DE MARCACIÓN. (INCLUYE SUMINISTRO E INSTALACIÓN)","ML",150307,"Actualización MO 2022"]
["Antiguo","REDES ELECTRICAS",5581,"ACOMETIDA EN CONDUCTORES DE COBRE, (4NO. 2 + 1NO. 8) AWG, AISLADOS PARA 600 V C.A. INCLUYE CONDUCTORES, CONEXIONES, ACCESORIOS DE MONTAJE, ELEMENTOS DE CONEXIÓN Y DE MARCACIÓN. (INCLUYE SUMINISTRO E INSTALACIÓN)","ML",270842,"Actualización MO 2022"]
["Antiguo","REDES ELECTRICAS",5582,"ALIMENTACIÓN EN CONDUCTORES DE COBRE, (4NO. 6+ 1NO.10) AWG, AISLADOS PARA 600 V C.A. INCLUYE CONDUCTORES, CONEXIONES, ACCESORIOS DE MONTAJE, ELEMENTOS DE CONEXIÓN Y DE MARCACIÓN. (INCLUYE SUMINISTRO E INSTALACIÓN)","ML",30575,"Actualización MO 2022"]
["Antiguo","REDES ELECTRICAS",5585,"TOMACORRIENTES CON CONEXIÓN A TIERRA, TRIFÁSICOS, TRES POLOS, 3 HILOS, 20 A, 250 VC.A., (LÍNEA NEMA 6), PARA TRABAJO PESADO. INCLUYE LA CAJA DE SALIDA, ELEMENTOS DE CONEXIÓN, DE EMPALME Y DE MONTAJE.","UN",46031,"Actualización MO 2022"]
["Antiguo","REDES ELECTRICAS",5586,"TUBERÍA EMT DE 1 1/4\" DE DIÁMETRO, EXPUESTA, CON SUS ACCESORIOS DE MONTAJE. (INCLUYE SUMINISTRO E INSTALACIÓN).","ML",23247,"Actualización MO 2022"]
["Antiguo","REDES ELECTRICAS",5587,"TUBERÍA EMT DE 2\" DE DIÁMETRO, EXPUESTA, CON SUS ACCESORIOS DE MONTAJE. (INCLUYE SUMINISTRO E INSTALACIÓN)","ML",33026,"Actualización MO 2022"]
["Antiguo","REDES ELECTRICAS",5588,"ACOMETIDA EN CONDUCTORES DE COBRE, (4NO. 1/0 + 1NO.2) AWG, AISLADOS PARA 600 V C.A., INCLUYE CONDUCTORES, CONEXIONES, ACCESORIOS DE MONTAJE, ELEMENTOS DE CONEXIÓN Y DE MARCACIÓN. (INCLUYE SUMINISTRO E INSTALACIÓN)","ML",99745,"Actualización MO 2022"]
["Antiguo","REDES ELECTRICAS",5591,"ACOMETIDA EN MEDIA TENSIÓN DESDE LA RED PÚBLICA, EN CONDUCTORES 3 NO. 1/0AWG, XLPE, 15KV, 133%, 1 NO. 2 CU DESNUDO, CON CONOS DE ALIVIO, TERMINALES Y ACCESORIOS (INCLUYE SUMINISTRO E INSTALACIÓN)","ML",218881,"Actualización MO 2022"]
["Antiguo","REDES ELECTRICAS",5595,"CANALIZACIÓN SUBTERRÁNEA CON 2 DUCTOS DE 4\" PVC DB, ACCESORIOS, EXCAVACIÓN, LLENOS Y ACABADO (INCLUYE SUMINISTRO E INSTALACIÓN)","ML",105322,"Actualización MO 2022"]
["Antiguo","REDES ELECTRICAS",5599,"ACOMETIDAS EN MEDIA TENSIÓN DESDE LA RED PÚBLICA, EN CONDUCTORES 3 NO. 2/0AWG, XLPE, 15KV, 133%, 1 NO. 2 CU DESNUDO, CON CONOS DE ALIVIO, TERMINALES Y ACCESORIOS (INCLUYE SUMINISTRO E INSTALACIÓN) DTD-20143150598263","ML",243544,"Actualización MO 2022"]
["Antiguo","REDES ELECTRICAS",5602,"ALIMENTACIÓN A ARMARIOS DE POTENCIA, EN CABLE DE CU, AISLADO A 600V, 3 X (3NO. 500MCM Y 1NO. 4/0AWG, THWN), INCLUYE TERMINALES DE CONEXIÓN. (INCLUYE SUMINISTRO E INSTALACIÓN)","ML",2502436,"Actualización MO 2022"]
["Antiguo","REDES ELECTRICAS",5603,"ALIMENTACIÓN A ARMARIOS EQUIPOS AUXILIARES , EN CABLE DE CU, AISLADO A 600V, 3 X (3NO. 4 + 1NO. 8AWG, THWN), INCLUYE TERMINALES DE CONEXIÓN. (INCLUYE SUMINISTRO E INSTALACIÓN)","ML",63899,"Actualización MO 2022"]
["Antiguo","REDES TELEFONICAS / DATOS",5604,"CANALIZACIÓN SUBTERRÁNEA CON 3 DUCTOS DE 4`` PVC DB, ACCESORIOS, EXCAVACIÓN, LLENOS Y ACABADO. DISTANCIA TRANSPORTE 28 KM. (INCLUYE SUMINISTRO E INSTALACIÓN)","ML",73126,"Actualización MO 2022"]
["Antiguo","REDES TELEFONICAS / DATOS",5606,"CANALIZACIÓN SUBTERRÁNEA CON 3 DUCTOS DE 6`` PVC DB, ACCESORIOS, EXCAVACIÓN, LLENOS Y ACABADO (INCLUYE SUMINISTRO E INSTALACIÓN) TRANSPORTE A 28 KM.","ML",141592,"Actualización MO 2022"]
["Antiguo","REDES ELECTRICAS",5610,"CABLE DE COBRE DESNUDO CALIBRE 1/0 AWG, ENTERRADO EN TERRENO NATURAL INCLUYE EXCAVACIÓN, LLENOS Y COMPACTACIÓN DEL PISO. (INCLUYE SUMINISTRO E INSTALACIÓN) DISTANCIA DE TRANSPORTE 28 KM.","ML",122821,"Actualización MO 2022"]
["Antiguo","REDES ELECTRICAS",5611,"CABLE DE COBRE DESNUDO CALIBRE 1/0 AWG EXPUESTO (INCLUYE SUMINISTRO E INSTALACIÓN) (INCLUYE 3MT DE CABLE 1/0 POR ML).","ML",56574,"Actualización MO 2022"]
["Antiguo","REDES ELECTRICAS",5616,"CABLE DE ALUMINIO AISLADO THW CALIBRE 1/0 AWG, INSTALADO EXPUESTO SOBRE CUBIERTA DE ESTRUCTURA. INCLUYE ELEMENTOS DE FIJACIÓN. (INCLUYE SUMINISTRO E INSTALACIÓN)","ML",8143,"Actualización MO 2022"]
["Antiguo","REDES ELECTRICAS",5621,"CABLE DE COBRE DESNUDO CALIBRE 1/0 AWG, EMBEBIDO EN EL CONCRETO. (INCLUYE SUMINISTRO E INSTALACIÓN)","ML",19414,"Actualización MO 2022"]
["Antiguo","REDES ELECTRICAS",5625,"CONEXIÓN AL ACERO DE REFUERZO; INCL. SOLDADURA EXOTÉRMICA DE CABLE CALIBRE 2/0 AWG A VARILLA DE ACERO DE REFUERZO 4 DE 90GR, VARILLA DE ACERO ADICIONAL Y SOLDADURAS ELÉCTRICAS ENTRE VARILLAS DE ACERO. (INCL. SUMIN. E INSTAL.)","UN",127138,"Actualización MO 2022"]
["Antiguo","REDES ELECTRICAS",5626,"TERMINAL DE COBRE ELECTROPLATEADO PARA CABLE CALIBRE 2/0AWG, DE UN TORNILLO. INCLUYE MONTAJE, TORNILLOS, TUERCA Y ARANDELAS DE ACERO INOXIDABLE. (INCLUYE SUMINISTRO E INSTALACIÓN)","UN",8002,"Actualización MO 2022"]
["Antiguo","REDES ELECTRICAS",5628,"CABLE DE ALUMINIO AISLADO THW-SR CALIBRE 1/0 AWG, INSTALADO EXPUESTO SOBRE CUBIERTA DE ESTRUCTURA. INCLUYE ELEMENTOS DE FIJACIÓN. (INCLUYE SUMINISTRO E INSTALACIÓN)","ML",8526,"Actualización MO 2022"]
["Antiguo","REDES ELECTRICAS",5629,"CABLE DE COBRE DESNUDO CALIBRE 2/0 AWG, EMBEBIDO EN EL CONCRETO. (INCLUYE SUMINISTRO E INSTALACIÓN)","ML",29584,"Actualización MO 2022"]
["Antiguo","REDES ELECTRICAS",5630,"CABLE DE COBRE DESNUDO CALIBRE 2/0 AWG EXPUESTO (INCLUYE SUMINISTRO E INSTALACIÓN)","ML",28732,"Actualización MO 2022"]
["Antiguo","REDES ELECTRICAS",5634,"CABLE DE 4 PARES UTP CAT.6A, INCLUYE MARCACIÓN Y CORREAS DE AMARRE TIPO ``VELCRO`` (INCLUYE SUMINISTRO E INSTALACIÓN)","ML",3039,"Actualización MO 2022"]
["Antiguo","OBRAS DE ARTE Y EDIFICACIONES",5641,"ENCHAPE DE PISO Y PARED EN CERAMICA 30X30 CM COLOR BLANCO, H=2,10 (INCLUYE SUMINISTRO E INSTALACIÓN).","M2",80147,"Actualización MO 2022"]
["Antiguo","OBRAS DE ARTE Y EDIFICACIONES",5642,"PAÑETE LISO O RÚSTICO 1:4 PARA MUROS. LAVADO O RÚSTICO. (INCLUYE SUMINISTRO E INSTALACIÓN)","M2",15863,"Actualización MO 2022"]
["Antiguo","OBRAS DE ARTE Y EDIFICACIONES",5644,"PINTURA AL AGUA TIPO EMULSIÓN CON RESINA DE POLIVINIL ACETATO MODIFICADA CON ACRÍLICA PARA INTERIORES. (INCLUYE SUMINISTRO E INSTALACIÓN)","M2",11489,"Actualización MO 2022"]
["Antiguo","OBRAS DE ARTE Y EDIFICACIONES",5645,"IMPERMEABILIZACIÓN FACHADA (INCLUYE SUMINISTRO E INSTALACIÓN)","M2",7752,"Actualización MO 2022"]
["Antiguo","OBRAS DE ARTE Y EDIFICACIONES",5646,"PINTURA AMARILLA FRANJA DE SEGURIDAD (INCLUYE SUMINISTRO E INSTALACIÓN)","ML",6767,"Actualización MO 2022"]
["Antiguo","OBRAS DE ARTE Y EDIFICACIONES",5647,"PINTURA CIELO FALSO (INCLUYE SUMINISTRO E INSTALACIÓN).","M2",9194,"Actualización MO 2022"]
["Antiguo","SEÑALIZACIÓN",5683,"SEPARADOR TIPO TRANSMILENIO (BLOQUE CANALIZADOR AMARILLO) SUMINISTRO E INSTALACIÓN (1.75MX0.25MX0.15M) PINTADO CON PINTURA DE TRAFICO AMARILLA CON MICROESFERAS DE VIDRIO.","UN",205929,"Actualización MO 2022"]
["Antiguo","SEÑALIZACIÓN",5684,"RETIRO Y REINSTALACIÓN DE SEÑAL BANDERA. INCLUYE SERVICIO DE GRUA. (DISTANCIA MAXIMA DE REUBICACION 200M).","UN",328472,"Actualización MO 2022"]
["Antiguo","SEÑALIZACIÓN",5686,"CIMENTACION TIPO PILOTE PREEXCAVADO PARA SEÑAL ELEVADA TIPO BANDERA (LONGITUD ENTRE 4 Y 9 M). INCLUYE EXCAVACION","M3",816765,"Actualización MO 2022"]
["Antiguo","REDES TELEFONICAS / DATOS",5688,"SEMAFORO (3X200) S1. LENTES DE POLICARBONATO DE 8\" BICICLETAS LUCES, SISTEMA DE ILUMINACIÓN A LEDS, COMPATIBILIDAD C800/900, FIJACION A MASTIL. INCLUYE ELEMENTOS DE FIJACION.","UN",3122735,"Actualización MO 2022"]
["Antiguo","REDES ELECTRICAS",5690,"SALIDA PARA DATOS EMT 3/4\" (EN TAQUILLAS Y TORNIQUETES) DESDE EL RACK DE COMUNICACIONES HASTA EL SITIO DE LA SALIDA EN EL PISO DEL TORNIQUETE O HASTA EL PUESTO EN LA TAQUILLA. INCL. PONCHADO DE LOS JACKS EN LOS EXTREMOS .","UN",265705,"Actualización MO 2022"]
["Antiguo","REDES ELECTRICAS",5691,"SALIDA PARA SONIDO EMT 3/4\" (POR EL TECHO DEL VAGON) DESDE EL ARMARIO DE COMUNICACIONES HASTA EL SITIO DE LA SALIDA EN EL TECHO DEL VAGON, EN LA MITAD Y EN LOS EXTREMOS DEL MISMO .","UN",455981,"Actualización MO 2022"]
["Antiguo","REDES ELECTRICAS",5692,"SALIDA PARA CCTV EMT 3/4\" (POR EL TECHO DEL VAGON) DESDE EL ARMARIO DE COMUNICACIONES HASTA EL SITIO DE LA SALIDA EN EL TECHO EN LOS EXTREMOS DE CADA VAGON.","UN",793312,"Actualización MO 2022"]
["Antiguo","REDES ELECTRICAS",5693,"SALIDA PARA EL MASTIL DEL GPS EN TUBERIA EMT 1\" INCL PEDESTAL EN CONCRETO DE 1.0MX0.80MX0.80M. ESTA SALIDA VA DESDE EL MASTIL DEL GPS A SALIDA DE LA RAMPA NORTE HASTA EL RACK DE DATOS DEL VAGON Y EMBEBIDA EN EL PISO.","UN",809689,"Actualización MO 2022"]
["Antiguo","REDES ELECTRICAS",5696,"CAJA DE INSPECCION AP-280. SUMINISTRO E INSTALACION. SE CONSTRUYEN EN EL PISO AL LADO DE LOS VAGONES PARA EL SISTEMA DE ENERGIA Y/O COMUNICACIONES.","UN",498194,"Actualización MO 2022"]
["Antiguo","REDES ELECTRICAS",5697,"CAJA PARA MEDIDORES DE ENERGIA. SUMINISTRO E INSTALACION. ESTA CAJA ESTA UBICADA EN EL ARMARIO DEL VAGON NORTE. CONTIENE LOS MEDIDORES DE ENERGIA DE LA ESTACION, PUBLICIDAD Y ANGELCOM.","UN",485119,"Actualización MO 2022"]
["Antiguo","REDES ELECTRICAS",5698,"POZO DE TIERRA CON VARILLA DE COBRE DE 2.40M, GEL, CABLE NO. 2/0 AWG. CONSTRUCCION. SON LAS PUESTAS A TIERRA DE LOS VAGONES Y RAMPAS NUEVAS DE CONEXION A PUENTES PEATONALES.","UN",235427,"Actualización MO 2022"]
["Antiguo","REDES ELECTRICAS",5699,"MEDIDORES DE ENERGIA TRIFASICO 20-80 AMP PARA LA CUENTA DE LA ESTACION. SUMINISTRO E INSTALACION. SE UBICA EN EL ARMARIO DEL VAGON NORTE. SE ENERGIZARA CUANDO LA CUENTA SEA LEGALIZADA ANTE CODENSA.","UN",329333,"Actualización MO 2022"]
["Antiguo","REDES ELECTRICAS",5700,"MEDIDORES DE ENERGIA MONOFASICO PARA LAS CUENTAS DE PUBLICIDAD Y ANGELCOM. SUMINISTRO E INSTALACION. SE UBICA EN EL ARMARIO DEL VAGON NORTE. SE ENERGIZARAN CUANDO LAS CUENTAS SEAN LEGALIZADAS ANTE CODENSA.","UN",129296,"Actualización MO 2022"]
["Antiguo","REDES ELECTRICAS",5701,"ACOMETIDA PARCIAL 3NO. 1/0 + 1NO. 2 - 600V-CU. SUMINISTRO E INSTALACION. ACOMETIDA PARCIAL ENTRE ARMARIOS NORTE Y SUR PARA ALIMENTACION ENTRE LOS VAGONES. INSTALADOS POR DEBAJO DEL PISO DE LOS VAGONES.","ML",78755,"Actualización MO 2022"]
["Antiguo","REDES ELECTRICAS",5702,"BAJANTE PARA ACOMETIDA 1 D= 3\" CALIBRE 14 (L= 4.98) HG, CAPACETE, CINTA BAND IT, CURVA PVC. SUMINISTRO E INSTALACION. INCLUYE APERTURA DE ZANJA PARA INSTALACION DE CURVA Y TUBERIA GALVANIZADA, RESANE Y RETIRO DE ESCOMBROS.","UN",185587,"Actualización MO 2022"]
["Antiguo","GEOSINTETICOS",5705,"NEOPRENO REFORZADO 0.50 X 0.50 X 2\" DOBLE REFUERZO. SUMINISTRO E INSTALACION. (INCLUYE LIMPIEZA DE LA SUPERFICIE CON CHORRO DE AIRE A PRESIÓN, HERRAMIENTA MENOR Y COMPRESOR).","UN",904317,"Actualización MO 2022"]
["Antiguo","RELLENOS Y CAPAS GRANULARES",5708,"RELLENO EN ARENA DE RIO. INCLUYE TRANSPORTE, SUMINISTRO, EXTENDIDO MANUAL Y COMPACTACION.","M3",167662,"Actualización MO 2022"]
["Antiguo","RELLENOS Y CAPAS GRANULARES",5710,"GRAVILLA DE 1/2\" SUELTA - SUMINISTRO E INSTALACION.","M3",56452,"Actualización MO 2022"]
["Antiguo","MOBILIARIO URBANO - ARBOLES Y GRAMAS",5712,"DOTACION ABDOMINALES PARA ADULTOS/MAYORES SEGUN ESPECIFICACIONES IDRD - SUMINISTRO E INSTALACION.","UN",1279068,"Actualización MO 2022"]
["Antiguo","MOBILIARIO URBANO - ARBOLES Y GRAMAS",5713,"JUEGO BALANCIN PARA NIÑOS (1-5 AÑOS) SEGUN ESPECIFICACIONES IDRD - SUMINISTRO E INSTALACION.","UN",1428000,"Actualización MO 2022"]
["Antiguo","MOBILIARIO URBANO - ARBOLES Y GRAMAS",5714,"DOTACION BARRAS PARA ADULTOS.SEGUN ESPECIFICACIONES IDRD - SUMINISTRO E INSTALACION.","UN",2261000,"Actualización MO 2022"]
["Antiguo","MOBILIARIO URBANO - ARBOLES Y GRAMAS",5715,"DOTACION CAMINADOR PARA ADULTOS.SEGUN ESPECIFICACIONES IDRD - SUMINISTRO E INSTALACION.","UN",2737000,"Actualización MO 2022"]
["Antiguo","MOBILIARIO URBANO - ARBOLES Y GRAMAS",5717,"DOTACIÓN GIRO DE CADERA PARA ADULTOS. SEGÚN ESPECIFICACIONES IDRD - SUMINISTRO E INSTALACIÓN.","UN",2380000,"Actualización MO 2022"]
["Antiguo","GEOSINTETICOS",5727,"GEODREN VIAL DE 160MM X 1.0M. SUMINISTRO E INSTALACION. (INCLUYE EXCAVACION MANUAL (ANCHO = 30CM) Y RELLENO EN MATERIAL SELECCIONADO PROVENIENTE DE EXCAVACION.","ML",108005,"Actualización MO 2022"]
["Antiguo","GEOSINTETICOS",5728,"GEODREN VIAL DE 200MM X 1.0M. SUMINISTRO E INSTALACION. (INCLUYE EXCAVACION MANUAL (ANCHO = 30CM) Y RELLENO EN MATERIAL SELECCIONADO PROVENIENTE DE EXCAVACION.","ML",121302,"Actualización MO 2022"]
["Antiguo","SEÑALIZACIÓN",5729,"DEMARCACION PICTOGRAMA ZONA ESCOLAR EN PINTURA TERMOPLASTICA. (INCLUYE SUMINISTRO Y APLICACION CON EQUIPO. INCLUYE MICROESFERAS).","UN",1061198,"Actualización MO 2022"]
["Antiguo","SEÑALIZACIÓN",5730,"DEMARCACION METROS LINEALES EN PINTURA TIPO TRAFICO BASE SOLVENTE COLOR BLANCO Y/O AMARILLA. LINEA 0.12M Y 16 MILS (INCLUYE SUMINISTRO Y APLICACION CON EQUIPO. INCLUYE MICROESFERAS TIPO DROP ON PARA LINEAS DE BORDE Y DE CARRIL). HORARIO NOCTURNO","ML",4932,"Actualización MO 2022"]
["Antiguo","ANÁLISIS AUXILIARES",5731,"CUADRILLA (3 AYUDANTES) HORARIO NOCTURNO","JR",222966,"Actualización MO 2022"]
["Antiguo","ANÁLISIS AUXILIARES",5732,"CUADRILLA (4 AYUDANTES) HORARIO NOCTURNO","JR",297288,"Actualización MO 2022"]
["Antiguo","SEÑALIZACIÓN",5733,"DEMARCACION EN PINTURA TIPO TRAFICO BASE SOLVENTE COLOR BLANCO. LINEA 0.20M Y 16 MILS (INCLUYE SUMINISTRO Y APLICACION CON EQUIPO. INCLUYE MICROESFERAS TIPO DROP ON PARA LINEAS DE CARRIL). HORARIO NOCTURNO.","M2",41921,"Actualización MO 2022"]
["Antiguo","SEÑALIZACIÓN",5734,"DEMARCACION EN IMPRIMANTE TIPO TRAFICO BASE SOLVENTE COLOR NEGRO. ANCHO 0.25M (INCLUYE SUMINISTRO Y APLICACION CON EQUIPO. NO INCLUYE MICROESFERAS).","M2",42124,"Actualización MO 2022"]
["Antiguo","SEÑALIZACIÓN",5735,"DEMARCACION EN IMPRIMANTE TIPO TRAFICO BASE SOLVENTE COLOR NEGRO. PARADEROS (INCLUYE SUMINISTRO Y APLICACION CON EQUIPO. NO INCLUYE MICROESFERAS).","M2",39713,"Actualización MO 2022"]
["Antiguo","SEÑALIZACIÓN",5736,"DEMARCACION METROS LINEALES EN PINTURA TIPO TRAFICO BASE SOLVENTE COLOR NEGRO. LINEA 0.15M (INCLUYE SUMINISTRO Y APLICACION CON EQUIPO. NO INCLUYE MICROESFERAS).","ML",8279,"Actualización MO 2022"]
["Antiguo","SEÑALIZACIÓN",5737,"DEMARCACION METROS CUADRADO EN PINTURA TIPO TRAFICO BASE SOLVENTE COLOR AZUL 16 MILS PARA PRIMERA CAPA. (PARADEROS) (INCLUYE SUMINISTRO Y APLICACION CON EQUIPO. INCLUYE MICROESFERAS).","M2",40635,"Actualización MO 2022"]
["Antiguo","SEÑALIZACIÓN",5738,"DEMARCACION METROS CUADRADO EN PINTURA TIPO TRAFICO BASE SOLVENTE COLOR AZUL 16 MILS Y 18 MILS (PARADEROS) (INCLUYE SUMINISTRO Y APLICACION CON EQUIPO. INCLUYE MICROESFERAS).","M2",105198,"Actualización MO 2022"]
["Antiguo","REDES ACUEDUCTO",5746,"EMPATES DE TUBERÍA EN PVC A PVC 2\" LINEAL SEGÚN NORMA NS-023 (INCLUYE ACCESORIOS). SUMINISTRO E INSTALACIÓN.","UN",69181,"Actualización MO 2022"]
["Antiguo","REDES ACUEDUCTO",5747,"EMPATES EN LINEA DE TUBERÍA EN PVC A AC 14\" (INCL UNION GIBAULT HD PARA AC CL.25 D=14\", UNION DE CONSTRUCCION Y REPARACION PARA PVC D=14\", UNION DE TRANSICION PCV-AC CL.25 Y 1M TUB PVC D=14 RDE 21). SUMINISTRO E INSTALACIÓN.","UN",4357893,"Actualización MO 2022"]
["Antiguo","REDES ACUEDUCTO",5748,"EMPATES EN LINEA DE TUBERÍA EN PVC A HF 3\" (INCL UNION DE REPARACION PVC U.M. D=3\", ADAPTADOR MACHO PVC US D=3\" UNION GIBAULT HD CL.25 CL.25 D=3\" Y 1M TUB PVC D=3\" RDE 21). SUMINISTRO E INSTALACIÓN.","UN",203408,"Actualización MO 2022"]
["Antiguo","REDES ACUEDUCTO",5749,"REDUCCION CONCENTRICA HD 4\" X 2\" (SUMINISTRO E INSTALACIÓN).","UN",125603,"Actualización MO 2022"]
["Antiguo","REDES ACUEDUCTO",5750,"REDUCCION CONCENTRICA HD 6\" X 4\" (SUMINISTRO E INSTALACIÓN).","UN",305848,"Actualización MO 2022"]
["Antiguo","REDES ACUEDUCTO",5751,"REDUCCION CONCENTRICA HD 14\" X 12\" (SUMINISTRO E INSTALACIÓN).","UN",2141324,"Actualización MO 2022"]
["Antiguo","MOBILIARIO URBANO - ARBOLES Y GRAMAS",5752,"DESMONTE Y UBICACIÓN PARADEROS SITP TRASLADO. DE PARADERO EXISTENTE. INCLUYE CONCRETO 3000 PSI HECHO EN OBRA 1:2:2 CON ARENA DE RIO Y TRITURADO 3/4\" PARA ANCLAJE. TRANSPORTE Y DISPOSICIÓN DE ESCOMBROS A 21 KM.","UN",574170,"Actualización MO 2022"]
["Antiguo","MOBILIARIO URBANO - ARBOLES Y GRAMAS",5753,"CASETAS TELEFONICAS. REUBICACION O RETIRO. DESMONTE Y REUBICACION DE CASETA EXISTENTE. INCLUYE CONCRETO 3000 PSI HECHO EN OBRA 1:2:2 CON ARENA DE RIO Y TRITURADO 3/4\" PARA ANCLAJE. TRANSP Y DISPOS. DE ESCOMBROS A 21 KM.","UN",309312,"Actualización MO 2022"]
["Antiguo","MOBILIARIO URBANO - ARBOLES Y GRAMAS",5754,"DESMONTE Y REUBICACIÓN MODULO SERVICIO AL CIUDADANO (REDEP). DE MODULO EXISTENTE. INCLUYE CONCRETO 3000 PSI HECHO EN OBRA 1:2:2 CON ARENA DE RIO Y TRITURADO 3/4\" PARA ANCLAJE. TRANSP Y DISPOS. DE ESCOMBROS A 21 KM.","UN",518333,"Actualización MO 2022"]
["Antiguo","REDES ELECTRICAS",5759,"SALIDA PARA TOMA MONOFASICA DOBLE. SUMINISTRO E INSTALACION. (INCLUYE ACCESORIOS DE INSTALACION Y FIJACION. NO INCLUYE TUBERIA NI CABLEADO).","UN",10608,"Actualización MO 2022"]
["Antiguo","REDES ELECTRICAS",5760,"TUBERIA METALICA EMT DE D= 3/4\". SUMINISTRO E INSTALACION. (INCLUYE ACCESORIOS DE INSTALACION Y FIJACION).","ML",13239,"Actualización MO 2022"]
["Antiguo","REDES ELECTRICAS",5761,"CABLE THHN NO.10 EN COBRE. SUMINISTRO E INSTALACION. (INCLUYE ACCESORIOS DE INSTALACION).","ML",4521,"Actualización MO 2022"]
["Antiguo","REDES ELECTRICAS",5762,"SALIDA PARA TOMA TRIFASICA DE SEGURIDAD. SUMINISTRO E INSTALACION. (INCLUYE ACCESORIOS DE INSTALACION Y FIJACION. NO INCLUYE TUBERIA NI CABLEADO).","UN",25116,"Actualización MO 2022"]
["Antiguo","REDES ELECTRICAS",5763,"CABLE NO.2 AWG-THHN-600V EN COBRE. SUMINISTRO E INSTALACION. (INCLUYE ACCESORIOS DE INSTALACION).","ML",14493,"Actualización MO 2022"]
["Antiguo","REDES ELECTRICAS",5764,"CABLE NO.14 AWG-THHN-600V EN COBRE. SUMINISTRO E INSTALACION. (INCLUYE ACCESORIOS DE INSTALACION).","ML",3775,"Actualización MO 2022"]
["Antiguo","REDES ELECTRICAS",5765,"CABLE NO.12 AWG-THHN-600V EN COBRE. SUMINISTRO E INSTALACION. (INCLUYE ACCESORIOS DE INSTALACION).","ML",3638,"Actualización MO 2022"]
["Antiguo","REDES ELECTRICAS",5766,"SALIDA PARA AVISO PUBLICITARIO. SUMINISTRO E INSTALACION. (INCLUYE ACCESORIOS DE INSTALACION Y FIJACION. NO INCLUYE TUBERIA NI CABLEADO).","UN",10608,"Actualización MO 2022"]
["Antiguo","REDES ELECTRICAS",5767,"CABLE NO.6 AWG-THHN-600V EN COBRE. SUMINISTRO E INSTALACION. (INCLUYE ACCESORIOS DE INSTALACION).","ML",9755,"Actualización MO 2022"]
["Antiguo","REDES ELECTRICAS",5768,"SALIDA PARA TOMA REGULADA. SUMINISTRO E INSTALACIÓN. SALIDA EN PISO DE LA TAQUILLA O TORNIQUETE O CCTV.(INCLUYE ACCESORIOS DE INSTALACION Y FIJACION. NO INCLUYE TUBERIA NI CABLEADO).","UN",21393,"Actualización MO 2022"]
["Antiguo","REDES ELECTRICAS",5769,"SALIDA PARA INFORMADORES. SUMINISTRO E INSTALACION. SALIDA EN PISO DE LA TAQUILLA O TORNIQUETE O CCTV.(INCLUYE ACCESORIOS DE INSTALACION Y FIJACION. NO INCLUYE TUBERIA NI CABLEADO).","UN",10608,"Actualización MO 2022"]
["Antiguo","REDES ELECTRICAS",5770,"SALIDA PARA BOMBA RIEGO ZONAS VERDES. SUMINISTRO E INSTALACION. ES LA SALIDA AL TAQUE.(INCLUYE ACCESORIOS DE INSTALACION Y FIJACION. NO INCLUYE TUBERIA NI CABLEADO).","UN",21257,"Actualización MO 2022"]
["Antiguo","REDES ELECTRICAS",5771,"CABLE NO.8 AWG-THHN-600V EN COBRE. SUMINISTRO E INSTALACION. (INCLUYE ACCESORIOS DE INSTALACION).","ML",6842,"Actualización MO 2022"]
["Antiguo","REDES ELECTRICAS",5772,"SALIDA PARA CONTROLADOR. SUMINISTRO E INSTALACION. (INCLUYE ACCESORIOS DE INSTALACION Y FIJACION. NO INCLUYE TUBERIA NI CABLEADO).","UN",10608,"Actualización MO 2022"]
["Antiguo","REDES ELECTRICAS",5773,"SALIDA PARA DATOS EN TAQUILLAS O CCTV. SUMIN E INSTAL. INCL. CAJA GALVANIZADA. TOMA DE SALIDA DE DATOS. PONCHADO DE LOS JACKS EN LOS EXTREMOS DEL CABLE Y LA CERTIFICACION DE LAS SALIDAS. (NO INCLUYE TUBERIA NI CABLEADO UTP).","UN",33895,"Actualización MO 2022"]
["Antiguo","REDES ELECTRICAS",5774,"CABLE UTP CATEGORIA 6A. SUMINISTRO E INSTALACION. (INCLUYE ACCESORIOS DE INSTALACION).","ML",7496,"Actualización MO 2022"]
["Antiguo","REDES ELECTRICAS",5775,"SALIDA PARA SONIDO (POR EL TECHO DE LA ESTACIÓN). SUMINISTRO E INSTALACIÓN. (INCLUYE ACCESORIOS DE INSTALACIÓN. NO INCLUYE TUBERÍA NI CABLEADO).","UN",17874,"Actualización MO 2022"]
["Antiguo","REDES ELECTRICAS",5776,"CABLE POLARIZADO 2 NO.14. SUMINISTRO E INSTALACION. (INCLUYE ACCESORIOS DE INSTALACION).","ML",6427,"Actualización MO 2022"]
["Antiguo","REDES ELECTRICAS",5777,"SALIDA PARA CCTV (POR EL TECHO DE LA ESTACION). SUMINISTRO E INSTALACION. ES LA SALIDA POR EL TECHO EN LOS EXTREMOS DE CADA ESTACION. (INCLUYE ACCESORIOS DE INSTALACION. NO INCLUYE TUBERIA NI CABLEADO).","UN",15771,"Actualización MO 2022"]
["Antiguo","REDES ELECTRICAS",5778,"SALIDA PARA EL MASTIL DEL GPS. INCL PEDESTAL EN CONCRETO DE 1.0MX0.8MX0.8M. SUMIN E INSTAL. EMBEBIDA EN EL PISO. (NO INCLUYE TUBERIA NI CABLEADO).","UN",274483,"Actualización MO 2022"]
["Antiguo","REDES ELECTRICAS",5779,"ACOMETIDA TRIFASICA (3 NO.4 + 1 NO.4 + 1NO.4T AWG-THHN-600V-CU). SUMINISTRO E INSTALACION. EN TUBERIA PVC 4\".","ML",65733,"Actualización MO 2022"]
["Antiguo","REDES ELECTRICAS",5780,"ACOMETIDA TRIFASICA (3 NO.6 + 1 NO.6 + 1NO.8T AWG-THHN-600V-CU). SUMINISTRO E INSTALACION. ACOMETIDAS PARCIALES PARA LOS TABLEROS BRAKERS DE TRANSMILENIO, EN TUBERIA EMT 1 1/4\".","ML",48910,"Actualización MO 2022"]
["Antiguo","REDES ELECTRICAS",5781,"ACOMETIDA MONOFASICA (1 NO.8 + 1 NO.6 + 1NO.8T AWG-THHN-600V-CU). SUMINISTRO E INSTALACION. ACOMETIDAS PARCIALES PARA LOS TABLEROS BRAKERS DE TABLERO REGULADO MONOFASICO, EN TUBERIA EMT 1\".","ML",28441,"Actualización MO 2022"]
["Antiguo","REDES ELECTRICAS",5782,"ACOMETIDA MONOFASICA (1 NO.8 + 1 NO.8 + 1NO.8T AWG-THHN-600V-CU). SUMINISTRO E INSTALACION. ACOMETIDAS PARCIALES PARA LOS TABLEROS BRAKERS DE TABLERO PRINCIPAL REGULADO MONOFASICO, EN TUBERIA EMT 1\".","ML",28087,"Actualización MO 2022"]
["Antiguo","REDES ELECTRICAS",5783,"ACOMETIDA MONOFASICA (1 NO.10 + 1 NO.10 + 1NO.10T AWG-THHN-600V-CU). SUMINISTRO E INSTALACION. ACOMETIDAS PARCIALES PARA LOS TABLEROS BRAKERS DE PUBLICIDAD, EN TUBERIA EMT 3/4\".","ML",20529,"Actualización MO 2022"]
["Antiguo","REDES ELECTRICAS",5784,"ACOMETIDA (1 NO.8 + 1 NO.8 + 1NO.10 AWG-THHN-600V-CU). SUMINISTRO E INSTALACION.TUBERIA EMT 3/4\" DESDE EL TOTALIZADOR DE LA PLANTA ELECTRICA HASTA LA TRANSFERENCIA.","ML",23706,"Actualización MO 2022"]
["Antiguo","REDES ELECTRICAS",5785,"2 DUCTOS D=2\" GALVANIZADOS. SUMINISTRO E INSTALACION. INCLUYE ELEMENTOS DE FIJACION Y ACCESORIOS.","ML",30407,"Actualización MO 2022"]
["Antiguo","REDES ELECTRICAS",5786,"2 DUCTOS D=3\" GALVANIZADOS. SUMINISTRO E INSTALACION. INCLUYE ELEMENTOS DE FIJACION Y ACCESORIOS.","ML",67620,"Actualización MO 2022"]
["Antiguo","REDES ELECTRICAS",5788,"TABLERO TRIFASICO DE 18 CIRCUITOS, CON ESPACIO PARA TOTALIZADOR. SUMINISTRO E INSTALACION. CORRESPONDE AL TABLERO DE ENERGIA REGULADA DE LOS MODULOS.","UN",270294,"Actualización MO 2022"]
["Antiguo","REDES ELECTRICAS",5789,"MEDIDOR DE ENERGIA TRIFASICO 20-80 AMP. SUMINISTRO E INSTALACION. PARALA CUENTA DE LA ESTACION UBICADA EN EL ARMARIO DEL CUARTO ELECTRICO DE TAQUILLAS. SE ENERGIZARA CUANDO LA CUENTA SEA LEGALIZADA ANTE CODENSA.","UN",311781,"Actualización MO 2022"]
["Antiguo","REDES ELECTRICAS",5790,"MEDIDOR DE ENERGIA MONOFASICO. SUMINISTRO E INSTALACION. PARA LAS CUENTA DE PUBLICIDAD Y REGULADA. SE UBICA EN EL CUARTO ELECTRICO DE TAQUILLAS. SE ENERGIZARA CUANDO LA CUENTA SEA LEGALIZADA ANTE CODENSA.","UN",130034,"Actualización MO 2022"]
["Antiguo","REDES ELECTRICAS",5791,"CABLE DE COBRE DESNUDO NO.2/0 AWG. SUMINISTRO E INSTALACION. PARA EL ANILLO EQUIPOTENCIAL DE LA ESTACION, UNIENDO LOS ELECTRODOS DE CAJA DE 3 MEDIDORES CON LOS DE LOS MODULOS. INCLUYE SOLDADURA EXOTERMICA.","UN",64336,"Actualización MO 2022"]
["Antiguo","REDES ELECTRICAS",5792,"CABLE DE MEDIA TENSION XLPE 4/0 ALUMINIO. SUMINISTRO E INSTALACION.","ML",31792,"Actualización MO 2022"]
["Antiguo","REDES ELECTRICAS",5793,"DUCTO PVC DB 6\". SUMINISTRO E INSTALACION.","ML",57756,"Actualización MO 2022"]
["Antiguo","REDES ELECTRICAS",5794,"CONDUCTOR RED BAJA TENSION (3 NO.4 + 1 NO.6 600V- CU THHN). SUMIN E INSTAL. CONDUCTORES DE LA PARCIAL ENTRE TRAFO Y GABINETE DE 3 MEDIDORES, INSTALADOS EN TUBERIA DE 2X4\" PVC BAJO EL PISO INSTAL CON GRADO DE DIFICULTAD.","ML",80743,"Actualización MO 2022"]
["Valor de referencia","MANTENIMIENTO Y REHABILITACION DE VIAS",5798,"REHABILITACIÓN DE PAVIMENTO RÍGIDO: LOSAS EN CONCRETO HIDRÁULICO MR50 E=0.27M PARA TRONCAL.","M2",337485,"Actualización MO 2022"]
["Valor de referencia","MANTENIMIENTO Y REHABILITACION DE VIAS",5799,"REHABILITACION PAVIMENTO ARTICULADO EN ADOQUIN DE ARCILLA - TRAFICO LIVIANO","M2",84882,"Actualización MO 2022"]
["Valor de referencia","MANTENIMIENTO Y REHABILITACION DE VIAS",5800,"REHABILITACIÓN DE PAVIMENTO FLEXIBLE E= 0.18M BG_B=25CM","M2",259740,"Actualización MO 2022"]
["Valor de referencia","MANTENIMIENTO Y REHABILITACION DE VIAS",5801,"REHABILITACIÓN DE PAVIMENTO FLEXIBLE E= 0.12M BG_B=25CM","M2",175643,"Actualización MO 2022"]
["Valor de referencia","MANTENIMIENTO Y REHABILITACION DE VIAS",5802,"REHABILITACIÓN DE PAVIMENTO FLEXIBLE E= 0.10M BG_B= 0.25M","M2",159946,"Actualización MO 2022"]
["Antiguo","REDES ELECTRICAS",5825,"CAJA ESPACIO 4 MEDIDORES ENERGIA, BARRAJES INDEPENDIENTES NEUTRO Y TIERRA Y ESPACIO TOTALIZADORES. SUM. E INSTAL. INCL. 1 TOTALIZADOR INDUSTRIAL 3X80A, 1 SUB-BREAKER ENCHUFABLE 3X60A, 1 DE 1X50A Y 1 DE 1X15A. CAJA 0.80X0.18M.","UN",701095,"Actualización MO 2022"]
["Antiguo","REDES ELECTRICAS",5826,"TABLERO TRIFASICO 18 CIRCUITOS, ESPACIO TOTALIZADORES. SUM. E INSTAL. INCL. 10 BREAKERS ENCHUFABLES MONOPOLARES 1X15A, 1 BREAKER ENCHUFABLE BIPOLAR 2X15A, 1 DE 1X20A. INCL 1 TOTALIZADOR INDUSTRIAL DE 30A PARA PROTECCION.","UN",813886,"Actualización MO 2022"]
["Antiguo","REDES ELECTRICAS",5827,"TABLERO MONOFASICO CON ESPACIO PARA 6 CIRCUITOS. SUM. E INSTAL. INCL. 3 BREAKERS ENCHUFABLES MONOPOLARES DE 1X15A PARA TOMAS DE AVISOS PUBLICITARIOS Y MUPI.","UN",175484,"Actualización MO 2022"]
["Antiguo","REDES ELECTRICAS",5830,"SALIDA PARA LUMINARIA CUADRADA LED 35 W. ES LA CAJA DE SALIDA PROPIA DE LA LAMPARA EN LAS TAQUILLAS. INCLUYE LUMINARIA. INCL. ACCESORIOS DE FIJACION E INSTALACION. NO INCL. TUBERIA NI CABLEADO.","UN",279552,"Actualización MO 2022"]
["Antiguo","REDES ELECTRICAS",5831,"TUBERIA EMT D= 1 1/2\". SUMINISTRO E INSTALACION. (INCLUYE ACCESORIOS DE INSTALACION Y FIJACION).","ML",21122,"Actualización MO 2022"]
["Antiguo","REDES ELECTRICAS",5832,"ACOMETIDA MONOFASICA (18+18+110T AWG-THHN-600V-CU) SUMINISTRO E INSTALACION (ACOMETIDAS PARCIALES PARA LOS TABLEROS BREAKERS DE TAQUILLA Y UPS, EN TUBERIA EMT 1\". INCLUYE ACCESORIOS DE INSTALACION Y FIJACION.","ML",25547,"Actualización MO 2022"]
["Antiguo","REDES ELECTRICAS",5833,"ACOMETIDA MONOFASICA (14+14+16T AWG-THHN-600V-CU) SUMINISTRO E INSTALACION (ACOMETIDAS PARCIALES PARA LOS TABLEROS REGULADOS DE MODULOS, EN TUBERIA EMT 1 1/2\". INCLUYE ACCESORIOS DE INSTALACION Y FIJACION.","ML",45658,"Actualización MO 2022"]
["Antiguo","REDES ELECTRICAS",5834,"ACOMETIDA MONOFASICA (110+110+112T AWG-THHN-600V-CU) SUMINISTRO E INSTALACION (ACOMETIDAS PARCIALES PARA LOS TABLEROS BREAKERS DE PUBLICIDAD, EN TUBERIA EMT 3/4\". INCLUYE ACCESORIOS DE INSTALACION Y FIJACION.","ML",19357,"Actualización MO 2022"]
["Antiguo","REDES ELECTRICAS",5835,"CABLE COBRE DESNUDO 1/0 AWG PARA EL ANILLO EQUIPOTENCIAL DE LA ESTACION, UNIENDO LOS ELECTRODOS DE CAJA DE 4 MEDIDORES CON LOS DE LOS MODULOS EN TUBERIA EMT 1\". INCLUYE ACCESORIOS DE FIJACION E INSTALACION.","ML",35477,"Actualización MO 2022"]
["Antiguo","REDES ELECTRICAS",5836,"ACOMETIDA TRIFASICA (36+16+18T AWG-THHN-600V-CU) SUMINISTRO E INSTALACION (ACOMETIDAS PARCIALES PARA LOS TABLEROS BREAKERS DE TRANSMILENIO, EN TUBERIA EMT 1 1/2\". INCLUYE ACCESORIOS DE INSTALACION Y FIJACION.","ML",50103,"Actualización MO 2022"]
["Antiguo","REDES ELECTRICAS",5837,"ACOMETIDA MONOFASICA (16+16+18T AWG-THHN-600V-CU) SUMINISTRO E INSTALACION (ACOMETIDAS PARCIALES PARA LOS TABLEROS BREAKERS DE TAQUILLA Y UPS, EN TUBERIA EMT 1 1/4\". INCLUYE ACCESORIOS DE INSTALACION Y FIJACION.","ML",36773,"Actualización MO 2022"]
["Antiguo","REDES ELECTRICAS",5838,"ACOMETIDA MONOFASICA (12+12+14T AWG-THHN-600V-CU) SUMINISTRO E INSTALACION (ACOMETIDAS PARCIALES PARA LOS TABLEROS REGULADOS DE LOS MODULOS, EN TUBERIA EMT 3\". INCLUYE ACCESORIOS DE INSTALACION Y FIJACION.","ML",99050,"Actualización MO 2022"]
["Antiguo","REDES ELECTRICAS",5839,"CONDUCTOR ACOMETIDA EN BAJA TENSION (44+14T AWG-THHN-600V-CU) SUMINISTRO E INSTALACION (CONDUCTORES DE LA ACOMETIDA ENTRE EL PUNTO DE CONEXION CODENSA Y CAJA DE 4 MEDIDORES INSTALADOS EN TUBERIA DE 2X4\" PVC.","ML",85695,"Actualización MO 2022"]
["Antiguo","REDES ELECTRICAS",5840,"TUBERIA METALICA EMT DE D= 1\". SUMINISTRO E INSTALACION. (INCLUYE ACCESORIOS DE INSTALACION Y FIJACION).","ML",14912,"Actualización MO 2022"]
["Antiguo","REDES ELECTRICAS",5841,"CONDUCTOR ACOMETIDA EN BAJA TENSION (42+12T AWG-THHN-600V-CU) SUMINISTRO E INSTALACION (CONDUCTORES DE LA ACOMETIDA ENTRE EL PUNTO DE CONEXION CODENSA Y CAJA DE 4 MEDIDORES INSTALADOS EN TUBERIA DE 2X4\" PVC.","ML",110498,"Actualización MO 2022"]
["Antiguo","EXCAVACIONES",5842,"ESCARIFICACION, HUMEDECIMIENTO, NIVELACION Y COMPACTACION CON VIBROCOMPACTADOR DEL MATERIAL GRANULAR EXISTENTE.","M3",16826,"Actualización MO 2022"]
["Antiguo","GEOSINTETICOS",5843,"GEOMALLAS CON FIBRAS CONTINUAS DE MULTIFILAMENTOS DE POLIESTER DE ALTA TENACIDAD (IDU ET SECCION 342-11 TRAFICO T4 - T5, RESISTENCIA ULTIMA > 100KN/M). SUMINISTRO E INSTALACION.","M2",18620,"Actualización MO 2022"]
["Antiguo","GEOSINTETICOS",5844,"GEOMALLAS CON FIBRAS CONTINUAS DE MULTIFILAMENTOS DE POLIESTER DE ALTA TENACIDAD (IDU ET SECCION 342-11 TRAFICO T4 - T5, RESISTENCIA ULTIMA > 75KN/M). SUMINISTRO E INSTALACION.","M2",18671,"Actualización MO 2022"]
["Antiguo","GEOSINTETICOS",5845,"GEODREN VIAL CON TUBERIA CIRCULAR 100MM H= 2.0M. SUMINISTRO E INSTALACION. (NO INCLUYE EXCAVACION NI RELLENOS)","ML",99336,"Actualización MO 2022"]
["Antiguo","SEÑALIZACIÓN",5846,"SEPARADORES TIPO TRANSMILENIO DELINEADOR TIPO A EN POLIETILENO (0.77M X 0.15M X 0.10M) Y 4 TORNILLOS EN ACERO INOXIDABLE DE 1/2\" DE ANCHO Y 4 TORNILLOS DE 1/2\" DE LARGO. SUMINISTRO E INSTALACION.","UN",134785,"Actualización MO 2022"]
["Antiguo","SEÑALIZACIÓN",5847,"SEPARADORES TIPO TRANSMILENIO DELINEADOR TIPO B EN POLIETILENO (0.78M X 0.20M X 0.15M) Y 4 TORNILLOS EN ACERO INOXIDABLE DE 1/2\" DE ANCHO Y 5 TORNILLOS DE 1/2\" DE LARGO. SUMINISTRO E INSTALACION.","UN",226831,"Actualización MO 2022"]
["Antiguo","SEÑALIZACIÓN",5848,"SEPARADORES TIPO TRANSMILENIO DELINEADOR TIPO C EN POLIETILENO (0.405M X 0.15M X 0.85M) Y 2 TORNILLOS EN ACERO INOXIDABLE DE 1/2\" DE ANCHO Y 4 TORNILLOS DE 1/2\" DE LARGO. SUMINISTRO E INSTALACION.","UN",49640,"Actualización MO 2022"]
["Antiguo","SEÑALIZACIÓN",5850,"FLECHA DIRECCIONAL \"A LA IZQUIERDA\" (E= 15 MILS. TERMOPLASTICA. AREA: 1.5037 M2 SEGUN EL MANUAL DE SEÑALIZACION VIAL. SUMINISTRO Y APLICACION CON EQUIPO. INCLUYE MICROESFERAS.","UN",156402,"Actualización MO 2022"]
["Antiguo","SEÑALIZACIÓN",5851,"DEMARCACION DE FLECHA DE TERMINACION DE CARRIL (E= 2.3 MILS. TERMOPLASTICA. AREA: 4.1850 M2 SEGUN EL MANUAL DE SEÑALIZACION VIAL. SUMINISTRO Y APLICACION CON EQUIPO. INCLUYE MICROESFERAS.","UN",419863,"Actualización MO 2022"]
["Antiguo","SEÑALIZACIÓN",5852,"FLECHA DIRECCIONAL \"FRENTE, DERECHA E IZQUIERDA\" (E= 2.3 MILS. TERMOPLASTICA. AREA: 3.2095 M2 SEGUN EL MANUAL DE SEÑALIZACION VIAL. SUMINISTRO Y APLICACION CON EQUIPO. INCLUYE MICROESFERAS.","UN",324012,"Actualización MO 2022"]
["Antiguo","SEÑALIZACIÓN",5854,"DEMARCACION TEXTO PARE. AREA: 1.48 M2. (E= 2.3 MILS, TERMOPLASTICA. SUMINISTRO Y APLICACION CON EQUIPO. INCLUYE MICROESFERAS.","UN",149384,"Actualización MO 2022"]
["Antiguo","SEÑALIZACIÓN",5856,"DEMARCACION DE ACHURADO. AREA: 1.0 M2. (E= 2.3 MILS, TERMOPLASTICA. SUMINISTRO Y APLICACION CON EQUIPO. INCLUYE MICROESFERAS.","M2",106909,"Actualización MO 2022"]
["Antiguo","SEÑALIZACIÓN",5858,"DEMARCACION DE LINEA LOGARITMICA. AREA: 0.60 M2. (E= 2.3 MILS, TERMOPLASTICA. SUMINISTRO Y APLICACION CON EQUIPO. INCLUYE MICROESFERAS.","ML",62914,"Actualización MO 2022"]
["Antiguo","SEÑALIZACIÓN",5860,"DEMARCACION DE LINEA DE PARE. AREA: 0.60 M2. (E= 2.3 MILS, TERMOPLASTICA. SUMINISTRO Y APLICACION CON EQUIPO. INCLUYE MICROESFERAS.","M2",67604,"Actualización MO 2022"]
["Antiguo","SEÑALIZACIÓN",5862,"DEMARCACION DE LINEA SENDERO PEATONAL. AREA: 0.30 M2. (E= 2.3 MILS, TERMOPLASTICA. SUMINISTRO Y APLICACION CON EQUIPO. INCLUYE MICROESFERAS.","ML",33118,"Actualización MO 2022"]
["Antiguo","SEÑALIZACIÓN",5864,"DEMARCACION ZONA ANTIBLOQUEO. AREA: 0.30 M2. (E= 2.3 MILS, TERMOPLASTICA. SUMINISTRO Y APLICACION CON EQUIPO. INCLUYE MICROESFERAS.","ML",33118,"Actualización MO 2022"]
["Antiguo","SEÑALIZACIÓN",5866,"DEMARCACION DE LINEA DE PARADERO DE BUSES. AREA: 5.5775 M2. (E= 2.3 MILS, TERMOPLASTICA. SUMINISTRO Y APLICACION CON EQUIPO. INCLUYE MICROESFERAS.","UN",582600,"Actualización MO 2022"]
["Antiguo","SEÑALIZACIÓN",5868,"DEMARCACION PICTOGRAMA TRIANGULOS CEDA EL PASO. (E= 2.3 MILS, TERMOPLASTICA. SUMINISTRO Y APLICACION CON EQUIPO. INCLUYE MICROESFERAS.","M2",101138,"Actualización MO 2022"]
["Antiguo","SEÑALIZACIÓN",5870,"DEMARCACION LINEA DE CEDA EL PASO DISCONTINUA. AREA: 0.32M2. (E= 2.3 MILS, TERMOPLASTICA. SUMINISTRO Y APLICACION CON EQUIPO. INCLUYE MICROESFERAS.","UN",34321,"Actualización MO 2022"]
["Antiguo","CONCRETO Y ACERO PARA ESTRUCTURAS",5871,"BASE DE CONCRETO PARA POSTE TIPO T1 O T2 (0.80M X 0.80M X 0.80M). CONSTRUCCIÓN. INCLUYE EXCAVACIÓN, CONCRETO 3000 PSI HECHO EN OBRA, FUNDIDA, ARMADURA Y CURVA 90° PVC D= 2\". HASTA MÉNSULA DE 6.5M.","UN",384817,"Actualización MO 2022"]
["Antiguo","CONCRETO Y ACERO PARA ESTRUCTURAS",5872,"BASE DE CONCRETO PARA POSTE TIPO T1 O T2 (0.80M X 0.80M X 0.80M). CONSTRUCCIÓN. INCLUYE EXCAVACIÓN, CONCRETO 3000 PSI HECHO EN OBRA, FUNDIDA, ARMADURA Y CURVA 90° PVC D= 2\". HASTA MÉNSULA DE 8.5M.","UN",402465,"Actualización MO 2022"]
["Antiguo","REDES TELEFONICAS / DATOS",5873,"CURVA 90° PVC D= 2\". SUMINISTRO E INSTALACION. NO INCLUYE RELLENOS.","UN",21139,"Actualización MO 2022"]
["Antiguo","CONCRETO Y ACERO PARA ESTRUCTURAS",5874,"PEDESTAL EN CONCRETO DE 3500 PSI GRAVA COMÚN (0.30 M X 0.40 M X 1.00 M) O MEDIDAS SIMILARES. CONSTRUCCIÓN. CON DOS DUCTOS PESADOS DE PVC TIPO DB D= 2\".","UN",169933,"Actualización MO 2022"]
["Antiguo","REDES TELEFONICAS / DATOS",5875,"RETIRO DE POSTES T1, T1X Y T2 (INCLUYE GRUA).","UN",197960,"Actualización MO 2022"]
["Antiguo","REDES TELEFONICAS / DATOS",5876,"RETIRO Y REUBICACION DE POSTES T1, T1X Y T2 (INCLUYE GRUA).","UN",322953,"Actualización MO 2022"]
["Antiguo","REDES TELEFONICAS / DATOS",5877,"REUBICACION DE SEMAFORO PEATONAL.","UN",58743,"Actualización MO 2022"]
["Antiguo","REDES TELEFONICAS / DATOS",5878,"POSTE TIPO MASTIL T1X (5.00M) EN TUBO SCH 40 GALVANIZADO Y PINTADO. SUMINISTRO E INSTALACIÓN.","UN",2234342,"Actualización MO 2022"]
["Antiguo","REDES TELEFONICAS / DATOS",5879,"REUBICACION DE SEMAFORO VEHICULAR PARA FIJACION DE MASTIL.","UN",219116,"Actualización MO 2022"]
["Antiguo","REDES TELEFONICAS / DATOS",5880,"REUBICACION DE SEMAFORO VEHICULAR PARA FIJACION DE MENSULA.","UN",273891,"Actualización MO 2022"]
["Antiguo","REDES TELEFONICAS / DATOS",5881,"RETIRO DE SOLDADURA PARA TAPAS RECTANGULARES DE CAJAS DE PASO.","UN",2720,"Actualización MO 2022"]
["Antiguo","CONCRETO Y ACERO PARA ESTRUCTURAS",5882,"PLATINA DE POSTE (CUADRADA DE 0.30M X 0.30M FABRICADA EN HIERRO DE 3/8\" DE ESPESOR CON 4 ORIFICIOS DE 3/4\" Y UNA PERFORACION CENTRAL DE 3\" PARA FIJACION DEL POSTE AL ANCLAJE BASE).","UN",92355,"Actualización MO 2022"]
["Antiguo","REDES TELEFONICAS / DATOS",5883,"COLOCACION DE SOLDADURA E-7018 PARA TAPAS RECTANGULARES DE CAJAS DE PASO.","UN",9004,"Actualización MO 2022"]
["Antiguo","CONCRETO Y ACERO PARA ESTRUCTURAS",5884,"APLICACION DE PINTURA EN VIA DE POSTES TIPO MASTIL T1 Y T1X.","UN",68572,"Actualización MO 2022"]
["Antiguo","CONCRETO Y ACERO PARA ESTRUCTURAS",5885,"PINTURA EN VIA DE POSTES TIPO MENSULA T2 (L= 4.50M A 6.50M).","UN",75027,"Actualización MO 2022"]
["Antiguo","REDES ALCANTARILLADO / DRENAJE",5886,"TUBERIA DE CONCRETO DE ALTA RESISTENCIA D= 8\" (INCLUYE MORTERO DE INSTALACION). SUMINISTRO E INSTALACION.","ML",259469,"Actualización MO 2022"]
["Antiguo","REDES ALCANTARILLADO / DRENAJE",5887,"TUBERIA DE CONCRETO DE ALTA RESISTENCIA D= 16\" (INCLUYE MORTERO DE INSTALACION). SUMINISTRO E INSTALACION.","ML",467973,"Actualización MO 2022"]
["Antiguo","REDES ALCANTARILLADO / DRENAJE",5888,"TUBERIA DE CONCRETO DE ALTA RESISTENCIA D= 18\" (INCLUYE MORTERO DE INSTALACION). SUMINISTRO E INSTALACION.","ML",560838,"Actualización MO 2022"]
["Antiguo","REDES ALCANTARILLADO / DRENAJE",5889,"TUBERIA DE CONCRETO DE ALTA RESISTENCIA D= 20\" (INCLUYE MORTERO DE INSTALACION). SUMINISTRO E INSTALACION.","ML",647372,"Actualización MO 2022"]
["Antiguo","EXCAVACIONES",5890,"ENTIBADO TIPO ED2, DISCONTINUO EN MADERA, CON PERFILES METALICOS Y PARALES TELESCOPICOS (INCLUYE SUMINISTRO E INSTALACION).","M2",26600,"Actualización MO 2022"]
["Antiguo","EXCAVACIONES",5891,"EXCAVACION MECANICA PARA REDES PROFUNDIDAD MAYORES A 3.5M (INCLUYE CARGUE).","M3",2443,"Actualización MO 2022"]
["Antiguo","REDES ALCANTARILLADO / DRENAJE",5892,"EMPATE EN LÍNEA DE TUBERÍA DE ACERO (HA) A ASBESTO CEMENTO (AC) 3\". SUMINISTRO E INSTALACIÓN. (INCLUYE DOS ACOPLES UNIVERSAL D= 3\" R1 Y 1MT DE TUBERÍA PVC D= 3\" RDE 21).","UN",259551,"Actualización MO 2022"]
["Antiguo","REDES ALCANTARILLADO / DRENAJE",5893,"EMPATE EN LÍNEA DE TUBERÍA DE ACERO (HA) A ASBESTO CEMENTO (AC) 4\". SUMINISTRO E INSTALACIÓN. (INCLUYE DOS ACOPLES UNIVERSAL D= 4\" R1 Y 1MT DE TUBERÍA PVC D= 4\" RDE 21).","UN",307913,"Actualización MO 2022"]
["Antiguo","REDES ALCANTARILLADO / DRENAJE",5894,"EMPATE EN LÍNEA DE TUBERÍA DE ACERO (HA) A ASBESTO CEMENTO (AC) 12\". SUMINISTRO E INSTALACIÓN. (INCLUYE DOS ACOPLES UNIVERSAL D= 12\" R1 Y 1MT DE TUBERÍA PVC D= 12\" RDE 21).","UN",1570837,"Actualización MO 2022"]
["Antiguo","MOBILIARIO URBANO - ARBOLES Y GRAMAS",5903,"EVALUACION PARA TRATAMIENTOS A LA VEGETACION DE LA SDA. CANTIDAD < 25 ARBOLES (SEGUN RESOLUCION SDA NO. 5589 DEL 30/09/2011.","UN",92000,"Actualización MO 2022"]
["Antiguo","MOBILIARIO URBANO - ARBOLES Y GRAMAS",5904,"SEGUIMIENTO PARA TRATAMIENTOS A LA VEGETACION DE LA SDA. CANTIDAD < 25 ARBOLES (SEGUN RESOLUCION SDA NO. 5589 DEL 30/09/2011.","UN",194000,"Actualización MO 2022"]
["Antiguo","MOBILIARIO URBANO - ARBOLES Y GRAMAS",5905,"EVALUACION PARA TRATAMIENTOS A LA VEGETACION DE LA SDA. CANTIDAD 25 - 49 ARBOLES (SEGUN RESOLUCION SDA NO. 5589 DEL 30/09/2011.","UN",126000,"Actualización MO 2022"]
["Antiguo","MOBILIARIO URBANO - ARBOLES Y GRAMAS",5906,"SEGUIMIENTO PARA TRATAMIENTOS A LA VEGETACION DE LA SDA. CANTIDAD 25 - 49 ARBOLES (SEGUN RESOLUCION SDA NO. 5589 DEL 30/09/2011.","UN",261000,"Actualización MO 2022"]
["Antiguo","MOBILIARIO URBANO - ARBOLES Y GRAMAS",5907,"EVALUACION PARA TRATAMIENTOS A LA VEGETACION DE LA SDA. CANTIDAD 50 - 99 ARBOLES (SEGUN RESOLUCION SDA NO. 5589 DEL 30/09/2011.","UN",160000,"Actualización MO 2022"]
["Antiguo","MOBILIARIO URBANO - ARBOLES Y GRAMAS",5908,"SEGUIMIENTO PARA TRATAMIENTOS A LA VEGETACION DE LA SDA. CANTIDAD 50 - 99 ARBOLES (SEGUN RESOLUCION SDA NO. 5589 DEL 30/09/2011.","UN",329000,"Actualización MO 2022"]
["Antiguo","MOBILIARIO URBANO - ARBOLES Y GRAMAS",5909,"EVALUACION PARA TRATAMIENTOS A LA VEGETACION DE LA SDA. CANTIDAD 100 - 199 ARBOLES (SEGUN RESOLUCION SDA NO. 5589 DEL 30/09/2011.","UN",194000,"Actualización MO 2022"]
["Antiguo","MOBILIARIO URBANO - ARBOLES Y GRAMAS",5910,"SEGUIMIENTO PARA TRATAMIENTOS A LA VEGETACION DE LA SDA. CANTIDAD 100 - 199 ARBOLES (SEGUN RESOLUCION SDA NO. 5589 DEL 30/09/2011.","UN",397000,"Actualización MO 2022"]
["Antiguo","MOBILIARIO URBANO - ARBOLES Y GRAMAS",5911,"EVALUACION PARA TRATAMIENTOS A LA VEGETACION DE LA SDA. CANTIDAD 200 - 299 ARBOLES (SEGUN RESOLUCION SDA NO. 5589 DEL 30/09/2011.","UN",261000,"Actualización MO 2022"]
["Antiguo","MOBILIARIO URBANO - ARBOLES Y GRAMAS",5912,"SEGUIMIENTO PARA TRATAMIENTOS A LA VEGETACION DE LA SDA. CANTIDAD 200 - 299 ARBOLES (SEGUN RESOLUCION SDA NO. 5589 DEL 30/09/2011.","UN",532000,"Actualización MO 2022"]
["Antiguo","MOBILIARIO URBANO - ARBOLES Y GRAMAS",5913,"EVALUACION PARA TRATAMIENTOS A LA VEGETACION DE LA SDA. CANTIDAD 300 - 399 ARBOLES (SEGUN RESOLUCION SDA NO. 5589 DEL 30/09/2011.","UN",387000,"Actualización MO 2022"]
["Antiguo","MOBILIARIO URBANO - ARBOLES Y GRAMAS",5914,"SEGUIMIENTO PARA TRATAMIENTOS A LA VEGETACION DE LA SDA. CANTIDAD 300 - 399 ARBOLES (SEGUN RESOLUCION SDA NO. 5589 DEL 30/09/2011.","UN",667000,"Actualización MO 2022"]
["Antiguo","MOBILIARIO URBANO - ARBOLES Y GRAMAS",5915,"EVALUACION PARA TRATAMIENTOS A LA VEGETACION DE LA SDA. CANTIDAD 400 - 499 ARBOLES (SEGUN RESOLUCION SDA NO. 5589 DEL 30/09/2011.","UN",513000,"Actualización MO 2022"]
["Antiguo","MOBILIARIO URBANO - ARBOLES Y GRAMAS",5916,"SEGUIMIENTO PARA TRATAMIENTOS A LA VEGETACION DE LA SDA. CANTIDAD 400 - 499 ARBOLES (SEGUN RESOLUCION SDA NO. 5589 DEL 30/09/2011.","UN",1006000,"Actualización MO 2022"]
["Antiguo","MOBILIARIO URBANO - ARBOLES Y GRAMAS",5917,"EVALUACION PARA TRATAMIENTOS A LA VEGETACION DE LA SDA. CANTIDAD 500 - 999 ARBOLES (SEGUN RESOLUCION SDA NO. 5589 DEL 30/09/2011.","UN",852000,"Actualización MO 2022"]
["Antiguo","MOBILIARIO URBANO - ARBOLES Y GRAMAS",5918,"SEGUIMIENTO PARA TRATAMIENTOS A LA VEGETACION DE LA SDA. CANTIDAD 500 - 999 ARBOLES (SEGUN RESOLUCION SDA NO. 5589 DEL 30/09/2011.","UN",1935000,"Actualización MO 2022"]
["Antiguo","MOBILIARIO URBANO - ARBOLES Y GRAMAS",5919,"EVALUACION PARA TRATAMIENTOS A LA VEGETACION DE LA SDA. CANTIDAD > 1000 ARBOLES (SEGUN RESOLUCION SDA NO. 5589 DEL 30/09/2011.","UN",1055000,"Actualización MO 2022"]
["Antiguo","MOBILIARIO URBANO - ARBOLES Y GRAMAS",5920,"SEGUIMIENTO PARA TRATAMIENTOS A LA VEGETACION DE LA SDA. CANTIDAD >1000 ARBOLES (SEGUN RESOLUCION SDA NO. 5589 DEL 30/09/2011.","UN",2273000,"Actualización MO 2022"]
["Antiguo","MOBILIARIO URBANO - ARBOLES Y GRAMAS",5921,"DESMONTE DE PARADERO URBANO TIPO M10 (INCLUYE CARGUE Y TRANSPORTE A ALMACEN AUTORIZADO POR EL IDU.","UN",408687,"Actualización MO 2022"]
["Antiguo","MOBILIARIO URBANO - ARBOLES Y GRAMAS",5922,"DESMONTE DE TELÉFONO PUBLICO DE PEDESTAL TIPO M20 (INCLUYE CARGUE Y TRANSPORTE A ALMACÉN AUTORIZADO POR EL IDU (NO INCLUYE REPARACIÓN DEL SITIO).","UN",67546,"Actualización MO 2022"]
["Antiguo","MOBILIARIO URBANO - ARBOLES Y GRAMAS",5923,"DESMONTE DE BANCA EN CONCRETO TIPO M30 (INCLUYE CARGUE Y TRANSPORTE A ALMACEN AUTORIZADO POR EL IDU (NO INCLUYE REPARACION DEL SITIO).","UN",84632,"Actualización MO 2022"]
["Antiguo","MOBILIARIO URBANO - ARBOLES Y GRAMAS",5924,"DESMONTE DE PROTECTOR DE ARBOL TIPO M90 (INCLUYE CARGUE Y TRANSPORTE A ALMACEN AUTORIZADO POR EL IDU (NO INCLUYE REPARACION DEL SITIO).","UN",20547,"Actualización MO 2022"]
["Antiguo","GESTIÓN SOCIAL",5927,"CARTELERA TIPO PUNTO CREA DE 1.00M X 1.00M EN ALUMINIO ANODIZADO, CON PAÑO COLOR GRIS, CENEFA SUPERIOR, PUERTAS CORREDIZAS, LOGO INSTITUCIONAL. INCLUYE SUMINISTRO E INSTALACION.","UN",739483,"Actualización MO 2022"]
["Antiguo","GESTIÓN SOCIAL",5928,"CAMARA FOTOGRAFICA DIGITAL COMPACTA. ALQUILER. DE 16.2 MEGAPIXELES. MEMORIA DE 6 GB. VIDEO HD CON PAUSA Y ZOOM. INCLUYE TRANSPORTE, SOPORTE TECNICO.","MES",16423,"Actualización MO 2022"]
["Antiguo","OBRAS DE ARTE Y EDIFICACIONES",5933,"CUBIERTA 333C SENCILLA EN ALUZINC CAL. 24. SUM E INSTAL. PANEL SIN TRASLAPOS LONGITUDINALES. PINTURA PLASTISOL/DURANAR POR 1 CARA. COLOR A ESCOGER (E= 24 MICRONES). CLIPS METALICOS OCULTOS AISLANTE EN FIBRA DE VIDRIO DE 38MM.","M2",229154,"Actualización MO 2022"]
["Antiguo","OBRAS DE ARTE Y EDIFICACIONES",5935,"CIELO RASO BAFFLE EN ALUZINC LISO COLOR ALUMINIO MEDIO. SUMINISTRO E INSTALACION. INCL FIJACION CON SISTEMA DE TRABA DE PRESION A UN RIEL PORTAPANEL. SECCION 25MM CON DISTANCIA CADA 100MM Y ALTURA 100MM.","M2",311611,"Actualización MO 2022"]
["Antiguo","OBRAS DE ARTE Y EDIFICACIONES",5936,"CIELO 84R EN ALUZINC LISO COLOR ALUMINIO MEDIO. SUMINISTRO E INSTALACION. INCL FIJACION ALA ESTRUCTURA DEL PORTAPANEL POR MEDIO DE AMARRES CADA METRO. ANCHO DEL PANEL DE 84MM","M2",250400,"Actualización MO 2022"]
["Antiguo","CONCRETO Y ACERO PARA ESTRUCTURAS",5939,"PILOTE D=20 CM CONCRETO TREMIE DE 3000 PSI. (INCL. EXCAVACIÓN, CARGUE Y RETIRO DE SOBRANTES, MOVILIZACIÓN, MONTAJE Y DESMONTAJE EQUIPO, Y CONCRETO).","ML",295217,"Actualización MO 2022"]
["Antiguo","CONCRETO Y ACERO PARA ESTRUCTURAS",5940,"ZAPATA EN CONCRETO PREMEZCLADO DE 3000 PSI (21Mpa), GRAVA COMÚN (Incluye bombeo, Sumin., Formaleteo en madera, Colocación y Curado. No incl. Refuerzo).","M3",654201,"Actualización MO 2022"]
["Antiguo","CONCRETO Y ACERO PARA ESTRUCTURAS",5941,"VIGAS DE CIMENTACIÓN ESTACIONES DE TRANSMILENIO DE 0.45m x 0.45m EN CONCRETO PREMEZCLADO DE 3000 PSI (21 Mpa) GRAVA COMUN (Incluye Sumin., Formaleteo en madera, Colocación y Curado. No incl. Refuerzo)","M3",656235,"Actualización MO 2022"]
["Antiguo","CONCRETO Y ACERO PARA ESTRUCTURAS",5944,"CONCRETO 4000 PSI GRAVA COMÚN PARA TABLERO PUENTE DE 5.30M X 0.20M X 27.00M (PREMEZCLADO. INCLUYE SUMIN., FORMALETEO Y COLOCACIÓN. NO INCL. REFUERZO, CURADO).","M3",668051,"Actualización MO 2022"]
["Antiguo","CONCRETO Y ACERO PARA ESTRUCTURAS",5945,"CONCRETO 3500 PSI GRAVA COMÚN PARA RECALCE DE 0.05M X 0.50M X 1.20M (PREMEZCLADO. INCLUYE SUMIN., FORMALETEO Y COLOCACIÓN. NO INCL. REFUERZO, CURADO).","M3",589457,"Actualización MO 2022"]
["Antiguo","CONCRETO Y ACERO PARA ESTRUCTURAS",5946,"CONCRETO 3500 PSI GRAVA COMÚN PARA TOPE SISMICO DE 0.35M X 0.80M X 1.00M (PREMEZCLADO. INCLUYE SUMIN., FORMALETEO Y COLOCACIÓN. NO INCL. REFUERZO, CURADO).","M3",788488,"Actualización MO 2022"]
["Antiguo","CONCRETO Y ACERO PARA ESTRUCTURAS",5947,"CONCRETO 3000 PSI GRAVA COMÚN PARA PLACA DE APROXIMACIÓN PUENTE VEHICULAR DE 5.00M X 3.50M X 0.20M (PREMEZCLADO. INCLUYE SUMIN., FORMALETEO Y COLOCACIÓN. NO INCL. REFUERZO, CURADO).","M3",691234,"Actualización MO 2022"]
["Antiguo","CONCRETO Y ACERO PARA ESTRUCTURAS",5948,"CONCRETO 3500 PSI GRAVA COMÚN PARA ESPALDAR ESTRIBOS CON MÉNSULA SECCIÓN 5.30M X 1.70M X 0.30M (PREMEZCLADO. INCLUYE SUMIN., FORMALETEO Y COLOCACIÓN. NO INCL. REFUERZO, CURADO).","M3",695947,"Actualización MO 2022"]
["Antiguo","CONCRETO Y ACERO PARA ESTRUCTURAS",5949,"DADO DE CIMENTACION EN CONCRETO 3500 PSI, (24 Mpa) PREMEZCLADO, GRAVA COMÚN. Incluye Suministro, Formaleteo en madera, Bombeo, colocación y curado. (No incl. Refuerzo).","M3",641759,"Actualización MO 2022"]
["Antiguo","CONCRETO Y ACERO PARA ESTRUCTURAS",5950,"CONCRETO 3500 PSI GRAVA COMÚN PARA CONSTRUCCIÓN DE CAISSON DE 1.20M DE DIÁMETRO (INCLUYE EXCAVACIÓN MANUAL, SUMINISTRO DE CAMISA METÁLICA PERDIDA E= 3/8\" FORMALETEO Y COLOCACIÓN. SUMIN DE CONCRETO PREMEZCLADO. NO INCL. REFUERZO, CURADO).","M3",2088487,"Actualización MO 2022"]
["Antiguo","CONCRETO Y ACERO PARA ESTRUCTURAS",5952,"BARANDA METÁLICA M81 (INSTALADO Y PINTADO)","ML",297500,"Actualización MO 2022"]
["Antiguo","REDES ACUEDUCTO",5953,"TUBERIA ACERO CARBON ASTM A=53 SCH 40 DE D=12\"","ML",522081,"Actualización MO 2022"]
["Antiguo","REDES ELECTRICAS",5954,"CANALIZACION VIA PUBLICA NUEVE (9) DUCTOS PVC TIPO TDP 9Ø6\"+2Ø3\"","ML",877404,"Actualización MO 2022"]
["Antiguo","SEÑALIZACIÓN",5955,"SEÑAL VERTICAL UNA CARA PARA CICLORUTA PARAL 3M, ÁNGULO DE 2X1/4X3M LAMINA CAL. 16 PINTADA POR UNA CARA 0.60M X 0.60M O 0.75M X 0.75M (INCLUYE SUMINISTRO E INSTALACIÓN)","UN",261939,"Actualización MO 2022"]
["Valor de referencia","ANÁLISIS AUXILIARES",5966,"MANTENIMIENTO RUTINARIO DE CALZADA EN ADOQUÍN Y/O LOSETA. INCLUYE LIMPIEZA DE SUMIDEROS, POZOS, SELLOS DE JUNTA Y RETIRO MANUAL DE CAPA VEGETAL.","M2",2839,"Actualización MO 2022"]
["Valor de referencia","ANÁLISIS AUXILIARES",5967,"MANTENIMIENTO RUTINARIO DE CALZADA EN CONCRETO HIDRÁULICO. INCLUYE LIMPIEZA DE SUMIDEROS, POZOS, SELLO DE JUNTAS Y RETIRO MANUAL DE CAPA VEGETAL","M2",20091,"Actualización MO 2022"]
["Valor de referencia","ANÁLISIS AUXILIARES",5968,"MANTENIMIENTO CORRECTIVO DE CALZADA EN ADOQUIN DE ARCILLA PESADO SOBRE MORTERO. INCLUYE RETIRO DE ADOQUIN E INSTALAR NUEVO","M2",78659,"Actualización MO 2022"]
["Valor de referencia","ANÁLISIS AUXILIARES",5969,"MANTENIMIENTO CORRECTIVO DE CALZADA EN ADOQUÍN DE ARCILLA SOBRE ARENA. INCLUYE RETIRO DE ADOQUIN E INSTALAR NUEVO","M2",77868,"Actualización MO 2022"]
["Valor de referencia","ANÁLISIS AUXILIARES",5970,"MANTENIMIENTO CORRECTIVO DE CALZADA EN CONCRETO RÍGIDO. INCLUYE RETIRO, REEMPLAZO DE LOSA, RENIVELACIÓN Y RECOMPACTACIÓN DE CAPAS GRANULARES","M2",237970,"Actualización MO 2022"]
["Valor de referencia","ANÁLISIS AUXILIARES",5971,"REHABILITACIÓN DE PAVIMENTO ESTAMPADO EN LOSA DE CONCRETO HIDRÁULICO MR45 E= 0.20M. (INCLUYE SUMINISTRO Y APLICACIÓN DE ENDURECEDOR EN POLVO FOTORESISTENTE Y ALCALIRESISTENTE, DESMOLDANTE PIGMENTADO, SELLADOR ACRÍLICO, RETARDANTE DE EVAPORACIÓN Y ESTAMPADO CON TEXTURA DE ADOQUIN DE 10CM X 20CM EN ESPINA DE PESCADO","M2",269977,"Actualización MO 2022"]
["Valor de referencia","ANÁLISIS AUXILIARES",5972,"MANTENIMIENTO CORRECTIVO DE CALZADA EN CONCRETO ESTAMPADO. INCLUYE RETIRO, REEMPLAZO DE LOSA, RENIVELACIÓN Y RECOMPACTACIÓN DE CAPAS GRANULARES","M2",266267,"Actualización MO 2022"]
["Antiguo","ANÁLISIS AUXILIARES",5975,"CUADRILLA (TECNICO ELECTRICO + 2 AYUDANTES).","HR",25171,"Actualización MO 2022"]
["Antiguo","CONCRETO Y ACERO PARA ESTRUCTURAS",5976,"TUBERIA GALVANIZADA 2\" PARA ANCLAJES","ML",16371,"Actualización MO 2022"]
["Antiguo","REDES ALCANTARILLADO / DRENAJE",5992,"TUBERIA CONCRETO D= 32\" CL. II REFORZADO. INCLUYE SUMINISTRO E INSTALACIÓN","ML",749989,"Actualización MO 2022"]
["Antiguo","SEÑALIZACIÓN",5993,"TORRE DE ILUMINACIÓN DE 4 BOMBILLAS DE 1000 WATS CADA UNA. ALQUILER. INCLUYE COMBUSTIBLE A.C.P.M.","UN/MES",5229760,"Actualización MO 2022"]
["Antiguo","REDES ALCANTARILLADO / DRENAJE",5994,"TUBERIA CONCRETO D= 8\" CL. V EXTRARREFORZADA PARA INSTALACIÓN SUPERFICIAL (SUMINISTRO E INSTALACIÓN). INCLUYE MORTERO 2000 PSI PARA RECUBRIMIENTO DE JUNTA.","ML",190677,"Actualización MO 2022"]
["Antiguo","REDES ALCANTARILLADO / DRENAJE",5995,"TUBERIA CONCRETO D= 16\" CL. V EXTRARREFORZADA PARA INSTALACIÓN SUPERFICIAL (SUMINISTRO E INSTALACIÓN). INCLUYE MORTERO 2000 PSI PARA RECUBRIMIENTO DE JUNTA.","ML",392239,"Actualización MO 2022"]
["Antiguo","PAVIMENTOS",5996,"SELLO PVC FLEXIBLE PARA SELLOS DE JUNTAS SOMETIDAS A PRESIÓN HIDRÁULICA, ANCHO = 15CM. SUMINISTRO Y COLOCACIÓN","ML",26897,"Actualización MO 2022"]
["Antiguo","RELLENOS Y CAPAS GRANULARES",5997,"GRAVILLA DE 3/4\" PEGADA CON MORTERO 1:3 E= 0.15M PARA ENTREGA A CANAL. SUMINISTRO E INSTALACIÓN","M2",71320,"Actualización MO 2022"]
["Antiguo","REDES ACUEDUCTO",5998,"TAPÓN EXTREMO LISO D= 3\". SUMINISTRO E INSTALACIÓN","UN",72604,"Actualización MO 2022"]
["Antiguo","REDES ACUEDUCTO",5999,"PRUEBA HIDROSTÁTICA EN TUBERÍAS HASTA 12\" DE DIÁMETRO, TRAMOS MÁXIMOS DE 500M. INCLUYE DESINFECCIÓN DE TUBERÍA.","UN",1031225,"Actualización MO 2022"]
["Antiguo","REDES TELEFONICAS / DATOS",6001,"CONTROLADOR C900V CON CAPACIDAD PARA 16 GRUPOS VEHICULARES O PEATONALES. (SUMINISTRO, INSTALACIÓN Y PUESTA EN FUNCIONAMIENTO). CON POSIBILIDAD DE AMPLIACIÓN HASTA 32 GRUPOS, RELOJ EN TIEMPO REAL, 32 PROGRAMAS, AUTOMÁTICO SEMANAL PROGRAMABLE CON DÍAS FESTIVOS, MODO DE OPERACIÓN COORDINADA CON CENTRAL DE TRÁFICO, LOCAL CON AUTOMÁTICO DE SEMANA, MANUAL O CON DEPENDENCIA DE TRÁFICO, CIRCUÍTOS DE SUPERVISIÓN DE VERDES CONFLICTIVOS, RUTINA DE SEGURIDAD POR FALLA LÁMPARAS ROJAS, ACTIVACIÓN ERRÓNEAS DE SEÑALES, RUTINAS DE SOFTWARE PARA EL MANEJO PRIORITARIO DE TRANSPORTE PÚBLICO CON EL EMPLEO DE DETECTORES DE TRÁFICO. (INCLUYE SUPRESOR DE PICOS, MÓDULO MOMO Y MÓDULO PCV (SEGÚN ORIGEN HABILITADO PARA COMUNICACIÓN CON PROTOCOLO ABIERTO ESTÁNDAR OCIT). CUMPLE LAS NORMAS DIN VDE 0832 (PREN50278), RILSA, CE, CUBRE EMC Y RECOMENDACIONES DE BAJO VOLTAJE, MEMORIA PRINCIPAL CON SRAM DE 2 MB, CONFIGURACIÓN DE MEMORIA MÍNIMA DE 5.5 MB, EXPANSIBLE A 9.5 MB. ARMARIO EN POLICARBONATO Y CHAPA DE SEGURIDAD, CUMPLE NORMA IP 54, CUMPLE NORMA DIN EN 60439 PARTE 1. DIN VDE 0660 PARTE 503, IEC 93, 112, 250 Y 529. ISO 178, 527, 179 Y UL 94. COLOR RAL, RESISTENCIA UV ASTM G53). KIT PARA COMUNICACIÓN CON CENTRAL SERIE M. COMPUESTO POR LOS SIGUIENTES MÓDULOS: 1X MÓDULO MOMO L24734-A525-A101 1X MÓDULO BBS4 L24734-A610-A104 1X MÓDULO DONGLE L24734-A610-A205 1X MÓDULO FMD FLASH S24734-A610-A51","UN",132353578,"Actualización MO 2022"]
["Antiguo","REDES TELEFONICAS / DATOS",6002,"CONTROLADOR C900V CON CAPACIDAD PARA 24 GRUPOS VEHICULARES O PEATONALES. (SUMINISTRO, INSTALACIÓN Y PUESTA EN FUNCIONAMIENTO). CON POSIBILIDAD DE AMPLIACIÓN HASTA 32 GRUPOS, RELOJ EN TIEMPO REAL, 32 PROGRAMAS, AUTOMÁTICO SEMANAL PROGRAMABLE CON DÍAS FESTIVOS, MODO DE OPERACIÓN COORDINADA CON CENTRAL DE TRÁFICO, LOCAL CON AUTOMÁTICO DE SEMANA, MANUAL O CON DEPENDENCIA DE TRÁFICO, CIRCUÍTOS DE SUPERVISIÓN DE VERDES CONFLICTIVOS, RUTINA DE SEGURIDAD POR FALLA LÁMPARAS ROJAS, ACTIVACIÓN ERRÓNEAS DE SEÑALES, RUTINAS DE SOFTWARE PARA EL MANEJO PRIORITARIO DE TRANSPORTE PÚBLICO CON EL EMPLEO DE DETECTORES DE TRÁFICO. (INCLUYE SUPRESOR DE PICOS, MÓDULO MOMO Y MÓDULO PCV (SEGÚN ORIGEN HABILITADO PARA COMUNICACIÓN CON PROTOCOLO ABIERTO ESTÁNDAR OCIT). CUMPLE LAS NORMAS DIN VDE 0832 (PREN50278), RILSA, CE, CUBRE EMC Y RECOMENDACIONES DE BAJO VOLTAJE, MEMORIA PRINCIPAL CON SRAM DE 2 MB, CONFIGURACIÓN DE MEMORIA MÍNIMA DE 5.5 MB, EXPANSIBLE A 9.5 MB. ARMARIO EN POLICARBONATO Y CHAPA DE SEGURIDAD, CUMPLE NORMA IP 54, CUMPLE NORMA DIN EN 60439 PARTE 1. DIN VDE 0660 PARTE 503, IEC 93, 112, 250 Y 529. ISO 178, 527, 179 Y UL 94. COLOR RAL, RESISTENCIA UV ASTM G53). KIT PARA COMUNICACIÓN CON CENTRAL SERIE M. COMPUESTO POR LOS SIGUIENTES MÓDULOS: 1X MÓDULO MOMO L24734-A525-A101 1X MÓDULO BBS4 L24734-A610-A104 1X MÓDULO DONGLE L24734-A610-A205 1X MÓDULO FMD FLASH S24734-A610-A51","UN",146953195,"Actualización MO 2022"]
["Antiguo","REDES TELEFONICAS / DATOS",6003,"CONTROLADOR C900V CON CAPACIDAD PARA 32 GRUPOS VEHICULARES O PEATONALES. (SUMINISTRO, INSTALACIÓN Y PUESTA EN FUNCIONAMIENTO). CON POSIBILIDAD DE AMPLIACIÓN HASTA 32 GRUPOS, RELOJ EN TIEMPO REAL, 32 PROGRAMAS, AUTOMÁTICO SEMANAL PROGRAMABLE CON DÍAS FESTIVOS, MODO DE OPERACIÓN COORDINADA CON CENTRAL DE TRÁFICO, LOCAL CON AUTOMÁTICO DE SEMANA, MANUAL O CON DEPENDENCIA DE TRÁFICO, CIRCUÍTOS DE SUPERVISIÓN DE VERDES CONFLICTIVOS, RUTINA DE SEGURIDAD POR FALLA LÁMPARAS ROJAS, ACTIVACIÓN ERRÓNEAS DE SEÑALES, RUTINAS DE SOFTWARE PARA EL MANEJO PRIORITARIO DE TRANSPORTE PÚBLICO CON EL EMPLEO DE DETECTORES DE TRÁFICO. (INCLUYE SUPRESOR DE PICOS, MÓDULO MOMO Y MÓDULO PCV (SEGÚN ORIGEN HABILITADO PARA COMUNICACIÓN CON PROTOCOLO ABIERTO ESTÁNDAR OCIT). CUMPLE LAS NORMAS DIN VDE 0832 (PREN50278), RILSA, CE, CUBRE EMC Y RECOMENDACIONES DE BAJO VOLTAJE, MEMORIA PRINCIPAL CON SRAM DE 2 MB, CONFIGURACIÓN DE MEMORIA MÍNIMA DE 5.5 MB, EXPANSIBLE A 9.5 MB. ARMARIO EN POLICARBONATO Y CHAPA DE SEGURIDAD, CUMPLE NORMA IP 54, CUMPLE NORMA DIN EN 60439 PARTE 1. DIN VDE 0660 PARTE 503, IEC 93, 112, 250 Y 529. ISO 178, 527, 179 Y UL 94. COLOR RAL, RESISTENCIA UV ASTM G53). KIT PARA COMUNICACIÓN CON CENTRAL SERIE M. COMPUESTO POR LOS SIGUIENTES MÓDULOS: 1X MÓDULO MOMO L24734-A525-A101 1X MÓDULO BBS4 L24734-A610-A104 1X MÓDULO DONGLE L24734-A610-A205 1X MÓDULO FMD FLASH S24734-A610-A51","UN",167294732,"Actualización MO 2022"]
["Antiguo","REDES TELEFONICAS / DATOS",6004,"DETECTORES DE DEMANDA VEHICULAR (CÁMARA). NO INCLUYE CABLES. SUMINISTRO E INSTALACIÓN","UN",12575682,"Actualización MO 2022"]
["Antiguo","REDES TELEFONICAS / DATOS",6006,"PUESTA A TIERRA PARA CENTRO DE TRANSFORMACIÓN SUBTERRÁNEO PARCIALMENTE SUMERGIBLE CON TRES PUNTOS A TIERRA. SUMINISTRO, TRANSPORTE Y CONSTRUCCIÓN. INCLUYE SOLDADURA EXOTÉRMICA Y TERMINALES.","UN",1458140,"Actualización MO 2022"]
["Antiguo","CONCRETO Y ACERO PARA ESTRUCTURAS",6007,"PILOTE PREEXCAVADO EN CONCRETO TREMIE DE 4000 PSI (280 KG/CM2) ACELERADO A 2 DÍAS. INCLUYE ACELERANTE, ALQUILER DE EQUIPO DE PERFORACIÓN CON OPERARIO, MOTOBOMBA, BENTONITA, MANO DE OBRA, TRANSPORTE Y DISPOSICIÓN FINAL DE ESCOMBROS EN SITIO AUTORIZADO. DISTANCIA DE TRANSPORTE 21 KM.","M3",1480735,"Actualización MO 2022"]
["Antiguo","OBRAS DE ARTE Y EDIFICACIONES",6008,"IMPERMEABILIZANTE PARA CONCRETO. SUMINISTRO Y APLICACIÓN","M2",1822,"Actualización MO 2022"]
["Antiguo","OBRAS DE ARTE Y EDIFICACIONES",6009,"ADITIVO DESENCOFRANTE. SUMINISTRO Y APLICACIÓN DE MATERIAL","M2",2056,"Actualización MO 2022"]
["Antiguo","DEMOLICIONES",6010,"REGATA, ANCHO PROMEDIO 5CM POR 5CM DE PROFUNDIDAD. INCLUYE MATERIALES, EQUIPOS, TRANSPORTE Y DISPOSICIÓN FINAL DE ESCOMBROS A SITIO AUTORIZADO.","ML",28213,"Actualización MO 2022"]
["Antiguo","PAVIMENTOS",6011,"RESTITUCIÓN DE ESTRUCTURA DE PAVIMENTO FLEXIBLE, PARA APIQUE DE 0.60M X 0.60M (PROFUNDIDAD 1.50M). INCLUYE BASE GRANULAR CLASE A (BG_A) E= 1.35, MEZCLA DENSA EN CALIENTE TIPO MD12 E= 0.05M, MEZCLA DENSA EN CALIENTE TIPO MD20 E= 0.10M, IMPRIMANTE Y RIEGO DE LIGA.","UN",113929,"Actualización MO 2022"]
["Antiguo","EXCAVACIONES",6015,"ENTIBADO TIPO EC3 CONTINUO METÁLICO CON PARALES METÁLICOS. INCLUYE SUMINISTRO E INSTALACIÓN","M2",41542,"Actualización MO 2022"]
["Antiguo","RELLENOS Y CAPAS GRANULARES",6016,"ESTABILIZACIÓN DE SUBRASANTE CON RAJÓN, INCLUYE EQUIPO DE COMPACTACIÓN (SUMINISTRO, EXTENDIDO, NIVELACIÓN Y COMPACTACIÓN CON EQUIPO MECÁNICO)","M3",105441,"Actualización MO 2022"]
["Antiguo","RELLENOS Y CAPAS GRANULARES",6020,"RELLENO EN RECEBO COMUN (SUMINISTRO E INSTALACIÓN EXTENDIDO MANUAL, HUMEDECIMIENTO Y COMPACTACIÓN. NO INCLUYE TRANSPORTE)","M3",28053,"Actualización MO 2022"]
["Antiguo","CONCRETO Y ACERO PARA ESTRUCTURAS",6021,"CONCRETO DE NIVELACIÓN 2000 PSI GRAVA COMÚN (140 KG/CM2) (PREMEZCLADO. INCLUYE SUMINISTRO, FUNDIDA Y NIVELACIÓN Y COLOCACIÓN. NO INCLUYE REFUERZO, CURADO) PARA MEJORAMIENTO, ADECUACIÓN Y REHABILITACIÓN DE ESPACIO PÚBLICO.","M3",501815,"Actualización MO 2022"]
["Antiguo","SEÑALIZACIÓN",6029,"SEÑAL VERTICAL GRUPO DE PREVENTIVAS TIPO CUADRADO (75CM X 75CM). INCLUYE SUMONISTRO E INSTALACION.","UN",344684,"Actualización MO 2022"]
["Antiguo","SEÑALIZACIÓN",6030,"SEÑAL VERTICAL GRUPO DE REGLAMENTARIAS TIPO CIRCULO D=75CM. INCLUYE SUMINISTRO E INSTALACION.","UN",344684,"Actualización MO 2022"]
["Antiguo","SEÑALIZACIÓN",6031,"SEÑAL VERTICAL GRUPO DE PREVENTIVA SP-40 TIPO RECTANGULO (120CM X 40CM). INCLUYE SUMINISTRO E INSTALACION.","UN",344684,"Actualización MO 2022"]
["Antiguo","SEÑALIZACIÓN",6032,"SEÑAL VERTICAL GRUPO DE REGLAMENTARIAS SR-01 TIPO OCTAGONO CON ALTURA DE 75CM. INCLUYE SUMINISTRO E INSTALACION.","UN",344684,"Actualización MO 2022"]
["Antiguo","SEÑALIZACIÓN",6033,"SEÑAL VERTICAL GRUPO DE REGLAMENTARIAS SR-02 TIPO TRIANGULO EQUILATERO 75CM. DE LADO. INCLUYE SUMINISTRO E INSTALACION.","UN",344684,"Actualización MO 2022"]
["Antiguo","SEÑALIZACIÓN",6034,"SEÑAL VERTICAL GRUPO DE INFORMATIVAS TIPO RECTANGULO (60CM X 75CM). INCLUYE SUMINISTRO E INSTALACION.","UN",285184,"Actualización MO 2022"]
["Antiguo","REDES ELECTRICAS",6036,"TRANSFORMADOR MONOFASICO 15 KVA (TENSION PRIMARIA DE 13.200, TENSION SECUNDARIA 240-120. (INCLUYE SUMINISTRO E INSTALACIÓN)","UN",2338697,"Actualización MO 2022"]
["Antiguo","REDES ELECTRICAS",6037,"POSTE TIPO MENSULA T2 (3.50M) EN TUBO SCH 40 GALVANIZADO Y PINTADO. SUMINISTRO E INSTALACIÓN.","UN",2732828,"Actualización MO 2022"]
["Antiguo","REDES ELECTRICAS",6038,"POSTE TIPO MENSULA T2 (4.50M) EN TUBO SCH 40 GALVANIZADO Y PINTADO. SUMINISTRO E INSTALACIÓN.","UN",2977611,"Actualización MO 2022"]
["Antiguo","REDES ELECTRICAS",6039,"POSTE TIPO MENSULA T2 (6.50M) EN TUBO SCH 40 GALVANIZADO Y PINTADO. SUMINISTRO E INSTALACIÓN.","UN",3601528,"Actualización MO 2022"]
["Antiguo","REDES ELECTRICAS",6040,"POSTE TIPO MENSULA T2 (8.50M) EN TUBO SCH 40 GALVANIZADO Y PINTADO. SUMINISTRO E INSTALACIÓN.","UN",5091051,"Actualización MO 2022"]
["Antiguo","REDES TELEFONICAS / DATOS",6041,"SEMAFORO VEHICULAR DE POLICARBONATO (3X200) LENTES DE POLICARBONATO DE 8\" TRES LUCES, SISTEMA DE ILUMINACIÓN A LEDS, TIPO MASTIL. INCLUYE ELEMENTOS DE FIJACION.","UN",3829299,"Actualización MO 2022"]
["Antiguo","REDES TELEFONICAS / DATOS",6042,"SEMAFORO VEHICULAR DE POLICARBONATO (3X200) LENTES DE POLICARBONATO DE 8\" TRES LUCES, SISTEMA DE ILUMINACIÓN A LEDS, TIPO MENSULA. INCLUYE ELEMENTOS DE FIJACION.","UN",4160673,"Actualización MO 2022"]
["Antiguo","REDES TELEFONICAS / DATOS",6043,"SEMAFORO VEHICULAR DE POLICARBONATO (3X200) LENTES DE POLICARBONATO DE 8\" TRES LUCES, SISTEMA DE ILUMINACIÓN A LEDS, FLECHA DE GIRO TIPO MENSULA. INCLUYE ELEMENTOS DE FIJACION.","UN",4009368,"Actualización MO 2022"]
["Antiguo","REDES TELEFONICAS / DATOS",6044,"SEMAFORO VEHICULAR DE POLICARBONATO (3X200) LENTES DE POLICARBONATO DE 8\" TRES LUCES, SISTEMA DE ILUMINACIÓN A LEDS, FLECHA DE GIRO TIPO MASTIL. INCLUYE ELEMENTOS DE FIJACION.","UN",3672686,"Actualización MO 2022"]
["Antiguo","REDES TELEFONICAS / DATOS",6045,"SONORIZADORES PARA INVIDENTES (SUMINISTRO E INSTALACION)","UN",4664975,"Actualización MO 2022"]
["Antiguo","SEÑALIZACIÓN",6046,"DEMARCACION LINEA DE PARADA DE TRANSMILENIO. AREA: 3.96 M2 SEGUN PARAMETROS DE DISEÑO DE TRANSMILENIO (E= 2.3 MILS, TERMOPLASTICA. SUMINISTRO Y APLICACION CON EQUIPO. INCLUYE MICROESFERAS.","UN",423704,"Actualización MO 2022"]
["Antiguo","PAVIMENTOS",6047,"PISO EN CONCRETO COLOR OCRE MR41 (280 Kg/Cm2) GRAVA 1\" 28 DIAS  ESTAMPADO e=0.10m (INCLUYE SUMINISTRO Y COLOCACIÓN DE CONCRETO, JUEGO DE MOLDES,  DESMOLDANTE EN POLVO, CURADOR PARA CONCRETO, INCLUYE CORTE Y SELLADO DE JUNTAS.","M2",209325,"Actualización MO 2022"]
["Antiguo","ANÁLISIS AUXILIARES",6053,"CAPA DE SUELO DE SUBRASANTE ESTABILIZADA CON CAL HIDRATADA TIPO N, IN SITU AL 4%. (SUMINISTRO, EXTENDIDO, NIVELACION, HUMEDECIMIENTO Y COMPACTACION).","M3",97330,"Actualización MO 2022"]
["Antiguo","REDES TELEFONICAS / DATOS",6057,"SEMAFORO VEHICULAR DE POLICARBONATO (3X200) (ALQUILER) LENTES DE POLICARBONATO DE 8\" TRES LUCES, SISTEMA DE ILUMINACIÓN A LEDS, INCLUYE SUMINISTRO, INSTALACION Y TRASLADO INTERNO EN OBRA. ELEMENTOS DE FIJACION.","UN/MES",154280,"Actualización MO 2022"]
["Antiguo","REDES TELEFONICAS / DATOS",6058,"SEMAFORO PEATONAL DE POLICARBONATO (2X200) (ALQUILER) LENTES DE POLICARBONATO DE 8\" DOS LUCES, SISTEMA DE ILUMINACIÓN A LEDS, INCLUYE SUMINISTRO, INSTALACION Y TRASLADO INTERNO EN OBRA. ELEMENTOS DE FIJACION.","UN/MES",113339,"Actualización MO 2022"]
["Antiguo","SEÑALIZACIÓN",6059,"BARRICADA METÁLICAS C-20 CON TRES BANDEJAS DE 23CM X 150CM. (ALQUILER). INCLUYE TABLERO DE 60CM DE DIAMETRO \"DESVIO\" REFLECTIVO GRADO INGENIERIA COMERCIAL. SUMINISTRO E INSTALACION Y TRASLADO INTERNO EN OBRA.","UN/MES",48458,"Actualización MO 2022"]
["Antiguo","TRANSPORTES Y ACARREOS",6060,"GRUA PARA REMOLQUE DE VEHICULOS (ALQUILER). INCLUYE CONDUCTOR Y COMBUSTIBLE. TIEMPO 12 HORAS DIARIAS.","UN/MES",1161869,"Actualización MO 2022"]
["Antiguo","GESTIÓN SOCIAL",6061,"PASACALLES IMPRESO EN LONA BANNER (7.0M X 1.0M) TERMINADO CON PALOS EN LOS EXTREMOS. INCLUYE SUMINISTRO E INSTALACION.","UN",303028,"Actualización MO 2022"]
["Antiguo","CONCRETO Y ACERO PARA ESTRUCTURAS",6062,"CONCRETO 3000 PSI GRAVA COMÚN PARA BARRERA NEW JERSEY MONODIRECCIONAL DE 0.90M DE ALTURA X 0.375 DE BASE X 4.76M DE LONG. (PREMEZCLADO. INCLUYE SUMINISTRO, FORMALETEO, COLOCACIÓN. NO INCLUYE REFUERZO NI CURADO).","M3",566287,"Actualización MO 2022"]
["Antiguo","CONCRETO Y ACERO PARA ESTRUCTURAS",6065,"LAMINA MACIZA HR PARA BOCATOMA, INCLUYE MANO DE OBRA, ACCESORIOS E INSTALACION SEGUN DETALLE EN PLANOS Y ESPECIFICACIONES TECNICAS","UN",647588,"Actualización MO 2022"]
["Antiguo","OBRAS DE ARTE Y EDIFICACIONES",6070,"ELEMENTO ENVOLVENTE PEINAZO PARA MODULO. SUMINISTRO E INSTALACION. INCLUYE MANO DE OBRA.","M2",75756,"Actualización MO 2022"]
["Antiguo","OBRAS DE ARTE Y EDIFICACIONES",6073,"MODULO DE PERSIANA DE 1.80 X 2.35 GALVANIZADO PARA CERRAMIENTO, INCLUYE MANO DE OBRA, ACCESORIOS E INSTALACION, SEGUN DETALLE EN PLANOS Y ESPECIFICACIONES TECNICAS. SUMINISTRO E INSTALACION.","UN",3653519,"Actualización MO 2022"]
["Antiguo","OBRAS DE ARTE Y EDIFICACIONES",6074,"MODULO DE PERSIANA DE 1.80 X 1.20 GALVANIZADO PARA FACHADA COMERCIAL, INCLUYE MANO DE OBRA, ACCESORIOS SEGUN DETALLE EN PLANOS Y ESPECIFICACIONES TECNICAS. SUMINISTRO E INSTALACION.","UN",1786896,"Actualización MO 2022"]
["Antiguo","OBRAS DE ARTE Y EDIFICACIONES",6078,"CUBIERTA EN LAMINA ALVEOLAR EN POLICARBONATO. SUMINISTRO E INSTALACION. INCLUYE MANO DE OBRA Y ACCESORIOS","M2",125464,"Actualización MO 2022"]
["Antiguo","OBRAS DE ARTE Y EDIFICACIONES",6079,"ELEMENTO ENVOLVENTE REMATE PARA CUBIERTA. SUMINISTRO E INSTALACION. INCLUYE MANO DE OBRA","M2",99595,"Actualización MO 2022"]
["Antiguo","REDES TELEFONICAS / DATOS",6080,"ALQUILER CONTROLADOR C900V CON CAPACIDAD PARA 16 GRUPOS VEHICULARES O PEATONALES. (SUMINISTRO, INSTALACIÓN Y PUESTA EN FUNCIONAMIENTO). CON POSIBILIDAD DE AMPLIACIÓN HASTA 32 GRUPOS, RELOJ EN TIEMPO REAL, 32 PROGRAMAS, AUTOMÁTICO SEMANAL PROGRAMABLE CON DÍAS FESTIVOS, MODO DE OPERACIÓN COORDINADA CON CENTRAL DE TRÁFICO, LOCAL CON AUTOMÁTICO DE SEMANA, MANUAL O CON DEPENDENCIA DE TRÁFICO, CIRCUÍTOS DE SUPERVISIÓN DE VERDES CONFLICTIVOS, RUTINA DE SEGURIDAD POR FALLA LÁMPARAS ROJAS, ACTIVACIÓN ERRÓNEAS DE SEÑALES, RUTINAS DE SOFTWARE PARA EL MANEJO PRIORITARIO DE TRANSPORTE PÚBLICO CON EL EMPLEO DE DETECTORES DE TRÁFICO. (INCLUYE SUPRESOR DE PICOS, MÓDULO MOMO Y MÓDULO PCV (SEGÚN ORIGEN HABILITADO PARA COMUNICACIÓN CON PROTOCOLO ABIERTO ESTÁNDAR OCIT). CUMPLE LAS NORMAS DIN VDE 0832 (PREN50278), RILSA, CE, CUBRE EMC Y RECOMENDACIONES DE BAJO VOLTAJE, MEMORIA PRINCIPAL CON SRAM DE 2 MB, CONFIGURACIÓN DE MEMORIA MÍNIMA DE 5.5 MB, EXPANSIBLE A 9.5 MB. ARMARIO EN POLICARBONATO Y CHAPA DE SEGURIDAD, CUMPLE NORMA IP 54, CUMPLE NORMA DIN EN 60439 PARTE 1. DIN VDE 0660 PARTE 503, IEC 93, 112, 250 Y 529. ISO 178, 527, 179 Y UL 94. COLOR RAL, RESISTENCIA UV ASTM G53). KIT PARA COMUNICACIÓN CON CENTRAL SERIE M. COMPUESTO POR LOS SIGUIENTES MÓDULOS: 1X MÓDULO MOMO L24734-A525-A101 1X MÓDULO BBS4 L24734-A610-A104 1X MÓDULO DONGLE L24734-A610-A205 1X MÓDULO FMD FLASH S24734-A610-A51","UN",1071607,"Actualización MO 2022"]
["Antiguo","OBRAS DE ARTE Y EDIFICACIONES",6082,"MAMPOSTERIA EN BLOQUE e = 0.12m (INCLUYE SUMINISTRO, INSUMOS Y CONSTRUCCIÓN)","M2",46443,"Actualización MO 2022"]
["Valor de referencia","ANÁLISIS AUXILIARES",6083,"MANTENIMIENTO DEL ESPACIO PUBLICO PARA EL COBRO DE LA RETRIBUCION POR APROVECHAMIENTO ECONOMICO. COSTO DEL MANTENIMIENTO POR M2","M2",187011,"Actualización MO 2022"]
["Antiguo","GESTIÓN SOCIAL",6084,"EDICION, IMPRESION Y DISTRIBUCION DE PIEZAS DE DIVULGACION (PIEZAS EN PAPEL BOND, TAMAÑO CARTA, TIPO FOTOCOPIA).","UN",583,"Actualización MO 2022"]
["Antiguo","GESTIÓN SOCIAL",6085,"LEVANTAMIENTO DE ACTA DE VECINDAD COMPLETA. (INCLUYE PERSONAL, LOGISTICA, ELABORACION DE FORMATO, PAPELERIA, FOTOGRAFIA Y VIDEO).","UN PRE",30144,"Actualización MO 2022"]
["Antiguo","GESTIÓN AMBIENTAL",6086,"ACTUALIZACION DE SISTEMA DE GESTION DEL ARBOLADO URBANO UBICADO EN TERRENO. SIGAU POR ARBOL PARA TALA, BLOQUEO Y TRASLADO","UN",11765,"Actualización MO 2022"]
["Antiguo","GESTIÓN AMBIENTAL",6087,"ACTUALIZACION DE SISTEMA DE GESTION DEL ARBOLADO URBANO UBICADO EN TERRENO. SIGAU POR ARBOL PARA PLANTACION","UN",10899,"Actualización MO 2022"]
["Antiguo","GESTIÓN AMBIENTAL",6088,"LEVANTAMIENTO DE INVENTARIO FORESTAL. INCLUYE ELABORACION FICHA FORESTAL Y VISITA A TERRENO","FICHA",17596,"Actualización MO 2022"]
["Antiguo","REDES TELEFONICAS / DATOS",6089,"NIVELACIÓN DE CAJA ETB T-13 H= 0.30M (INCLUYE DEMOLICION, FORMALETA, COMPRESOR, TRANSPORTE, PLACA SUPERIOR EN CONCRETO DE 3000 PSI, ACERO DE REFUERZO, BLOQUE PARA CÁMARA TELEFÓNICA TELECOM RESISTENCIA 3000 PSI, MORTERO, ARO Y TAPA ETB, TRANSPORTE Y DISPOSICION DE ESCOMBROS Y MANO DE OBRA ).","UN",2072436,"Actualización MO 2022"]
["Antiguo","REDES TELEFONICAS / DATOS",6090,"NIVELACIÓN DE CAJA ETB T-14 H= 0.30M (INCLUYE DEMOLICION, FORMALETA, COMPRESOR, TRANSPORTE, PLACA SUPERIOR EN CONCRETO DE 3000 PSI, ACERO DE REFUERZO, BLOQUE PARA CÁMARA TELEFÓNICA TELECOM RESISTENCIA 3000 PSI, MORTERO, ARO Y TAPA ETB, TRANSPORTE Y DISPOSICION DE ESCOMBROS Y MANO DE OBRA ).","UN",2265598,"Actualización MO 2022"]
["Antiguo","REDES TELEFONICAS / DATOS",6091,"NIVELACIÓN DE CAJA DOBLE DE PASO ETB H= 0.30M (INCLUYE FORMALETA, JUEGO DE MARCO Y TAPA DOBLE PARA CAJA DE PASO DOBLE GALVANIZADA NORMA ETB, BORDILLO PERIMETRAL EN CONCRETO DE 3000 PSI HECHO EN OBRA 1:2:2 CON ARENA DE RIO Y TRITURADO DE 3/4\", ACERO DE REFUERZO DE 3/8\" Y 1/2\", TRANSPORTE Y DISPOSICION FINAL DE ESCOMBROS .","UN",1082170,"Actualización MO 2022"]
["Antiguo","REDES ACUEDUCTO",6092,"RELOCALIZACIÓN DE MEDIDOR DE ACUEDUCTO D= 1/2\" (INCLUYE 1.0M TUBERÍA GALVANIZADA D= 1/2\", SOLDADURA, CINTA DE TEFLON, Y CAJILLA PLASTICA FABRICADA EN POLIPROPILENO DE ALTO IMPACTO CON MATERIAL ORIGINAL, DE MEDIDAS 34CM X50.5CM X 3.5CM DE ALTO, Y CAJILLA DE MEDIDAS 34CM X 50.5CM X 28CM DE ALTO","UN",283866,"Actualización MO 2022"]
["Antiguo","REDES ACUEDUCTO",6093,"RELOCALIZACIÓN DE MEDIDOR DE ACUEDUCTO D= 1\" (INCLUYE 1.0M TUBERÍA GALVANIZADA D= 1\", SOLDADURA, CINTA DE TEFLON, Y CAJILLA PLASTICA FABRICADA EN POLIPROPILENO DE ALTO IMPACTO CON MATERIAL ORIGINAL, DE MEDIDAS 34CM X 50.5CM X 3.5CM DE ALTO, Y CAJILLA DE MEDIDAS 34CM X 50.5CM X 28CM DE ALTO.","UN",292346,"Actualización MO 2022"]
["Antiguo","REDES ACUEDUCTO",6094,"RELOCALIZACIÓN DE MEDIDOR DE ACUEDUCTO D= 3/4\" (INCLUYE 1.0M TUBERÍA GALVANIZADA D= 1/2\", SOLDADURA, CINTA DE TEFLON, Y CAJILLA PLASTICA FABRICADA EN POLIPROPILENO DE ALTO IMPACTO CON MATERIAL ORIGINAL, DE MEDIDAS 34CM X50.5CM X 3.5CM DE ALTO, Y CAJILLA DE MEDIDAS 34CM X 50.5CM X 28CM DE ALTO.","UN",288843,"Actualización MO 2022"]
["Antiguo","PAVIMENTOS",6095,"PISO EN CONCRETO MR43 (315 KG/CM2) GRAVA COMÚN ACELERADO A 7 DÍAS, ESTAMPADO PARA POMPEYANOS, e=0.23m (INCLUYE SUMINISTRO Y COLOCACIÓN DE CONCRETO, JUEGO DE MOLDES, DESMOLDANTE EN POLVO, CURADOR PARA CONCRETO, CORTE Y SELLADO DE JUNTAS.","M2",245086,"Actualización MO 2022"]
["Antiguo","PAVIMENTOS",6096,"PISO EN CONCRETO MR43 (315 KG/CM2) GRAVA COMÚN ACELERADO A 7 DÍAS, ESTAMPADO PARA POMPEYANOS, E=0.20M (INCLUYE SUMINISTRO Y COLOCACIÓN DE CONCRETO, JUEGO DE MOLDES, DESMOLDANTE EN POLVO, CURADOR PARA CONCRETO, CORTE Y SELLADO DE JUNTAS.","M2",224841,"Actualización MO 2022"]
["Antiguo","PAVIMENTOS",6098,"ADOQUIN EN CONCRETO A-25 (20X10X6cm)  (Suministro e instalación. Incluye base 4cm mortero 2500 PSI y arena de sello)","M2",79055,"Actualización MO 2022"]
["Antiguo","ANDENES Y SARDINELES",6099,"ESTAMPADO PARA CONCRETO MR DE POMPEYANOS, ACCESOS VEHICULARES A PREDIOS Y VÍAS (ACABADO Y CURADO, SUMINISTRO Y MANO DE OBRA. INCLUYE JUEGO DE MOLDES, COLOR ENDURECEDOR DE CUARZO, DESMOLDANTE EN POLVO COLOR, SELLADOR ACRÍLICO TRANSPARENTE SEMILUSTRE).","M2",35260,"Actualización MO 2022"]
["Antiguo","ANDENES Y SARDINELES",6100,"CENEFA LINEAL EN ADOQUÍN DE CONCRETO (20cm X 10cm X 6cm) COLOR ROJO (SUMINISTRO E INSTALACIÓN. INCLUYE BASE EN ARENA DE NIVELACIÓN e= 4cm Y ARENA DE SELLO).","ML",8779,"Actualización MO 2022"]
["Antiguo","ANDENES Y SARDINELES",6101,"CENEFA LINEAL EN ADOQUÍN DE CONCRETO (20cm X 10cm X 8cm) COLOR ROJO PARA RAMPAS DE ACCESO VEHICULAR A PREDIOS (SUMINISTRO E INSTALACIÓN. INCLUYE BASE EN ARENA DE NIVELACIÓN e= 4cm Y ARENA DE SELLO).","ML",10056,"Actualización MO 2022"]
["Antiguo","ANDENES Y SARDINELES",6102,"CENEFA LINEAL EN LOSETA PREFABRICADA TÁCTIL ALERTA Y GUÍA A55 / A56 ANCHO 0.40m (SUMINISTRO E INSTALACIÓN. INCLUYE BASE EN ARENA DE NIVELACIÓN e= 4cm Y ARENA DE SELLO).","ML",25646,"Actualización MO 2022"]
["Antiguo","REDES ALCANTARILLADO / DRENAJE",6103,"CUNETA DE DRENAJE ANCHO= 0.50m EN CONCRETO PREMEZCLADO DE 3000 PSI FUNDIDO EN SITIO. PROFUNDIDAD VARIABLE (ENTRE 0.10m Y 0.50m). (INCLUYE CONSTRUCCIÓN DE PLACA DE FONDO Y MUROS EN CONCRETO IMPERMEABILIZADO, MEDIACAÑAS Y MORTERO DE NIVELACIÓN, ÁNGULOS METÁLICOS PARA SOPORTE DE REJILLAS PREFABRICADAS).","ML",106107,"Actualización MO 2022"]
["Antiguo","OBRAS DE ARTE Y EDIFICACIONES",6104,"MURO EN BLOQUE DE CONCRETO ESTRIADO. CONSTRUCCIÓN. SUMINISTRO E INSTALACIÓN. INCLUYE BLOQUE ESTRUCTURAL (19cm X 19cm X 39cm) MORTERO 1:3 HECHO EN OBRA PARA PEGA, CORTADORA Y DISCO DIAMANTADO. NO INCLUYE ACERO DE REFUERZO, CONCRETO PARA INYECCIÓN DE DOVELAS REFORZADAS NI MANO DE OBRA PARA EL REFORZAMIENTO DE LAS DOVELAS.","M2",88492,"Actualización MO 2022"]
["Antiguo","MOBILIARIO URBANO - ARBOLES Y GRAMAS",6105,"REJA DE PROTECCIÓN PARA PARQUES VECINALES Y DE BOLSILLO. SEGÚN ESPECIFICACIONES IDRD. (SUMINISTRO E INSTALACIÓN. INCLUYE BASE EN CONCRETO DE 3000 PSI. NO INCLUYE ACERO DE REFUERZO).","ML",1272700,"Actualización MO 2022"]
["Antiguo","MOBILIARIO URBANO - ARBOLES Y GRAMAS",6106,"ESTRUCTURA DE BALONCESTO CON TABLERO ANTIVANDÁLICO SEGÚN ESPECIFICACIONES IDRD. (SUMINISTRO E INSTALACIÓN. INCLUYE EXCAVACIÓN, TRANSPORTE DE MATERIAL PROVENIENTE DE LA EXCAVACIÓN, CONCRETO DE LIMPIEZA Y DADO EN CONCRETO DE 3000 PSI).","UN",3893737,"Actualización MO 2022"]
["Antiguo","MOBILIARIO URBANO - ARBOLES Y GRAMAS",6107,"ESTRUCTURA DE MICROFUTBOL SEGÚN ESPECIFICACIONES IDRD. (SUMINISTRO E INSTALACIÓN. INCLUYE EXCAVACIÓN, TRANSPORTE DE MATERIAL PROVENIENTE DE LA EXCAVACIÓN, CONCRETO DE LIMPIEZA Y DADO EN CONCRETO DE 3000 PSI).","PAR",2320738,"Actualización MO 2022"]
["Antiguo","MOBILIARIO URBANO - ARBOLES Y GRAMAS",6110,"RUEDA PARA NIÑOS DE 1 A 5 AÑOS. SEGÚN ESPECIFICACIONES IDRD. (SUMINISTRO E INSTALACIÓN. INCLUYE EXCAVACIÓN Y CONCRETO DE 3000 PSI. NO INCLUYE ACERO DE REFUERZO).","UN",4497493,"Actualización MO 2022"]
["Antiguo","REDES ALCANTARILLADO / DRENAJE",6115,"TUBERÍA CONCRETO CLASE V D= 24\" (INCLUYE MORTERO DE INSTALACIÓN. SUMINISTRO E INSTALACIÓN).","ML",625086,"Actualización MO 2022"]
["Antiguo","REDES ALCANTARILLADO / DRENAJE",6116,"TUBERÍA CONCRETO CLASE V D= 27\" (INCLUYE MORTERO DE INSTALACIÓN. SUMINISTRO E INSTALACIÓN).","ML",833842,"Actualización MO 2022"]
["Antiguo","REDES ALCANTARILLADO / DRENAJE",6118,"TUBERÍA CONCRETO CLASE V D= 40\" (INCLUYE MORTERO DE INSTALACIÓN. SUMINISTRO E INSTALACIÓN).","ML",1615506,"Actualización MO 2022"]
["Antiguo","CONCRETO Y ACERO PARA ESTRUCTURAS",6120,"BARANDA METÁLICA M80 (SUMINISTRO E INSTALACIÓN. INCLUYE BASE EN CONCRETO).","ML",182181,"Actualización MO 2022"]
["Antiguo","REDES ACUEDUCTO",6121,"CRUZ HD 12\" X 6\" JUNTA HIDRÁULICA (SUMINISTRO E INSTALACIÓN)","UN",2450825,"Actualización MO 2022"]
["Antiguo","OBRAS DE ARTE Y EDIFICACIONES",6122,"CUBIERTA VERDE (INCLUYE GEOTEXTIL 1800 PARA BASE, LÁMINA DE DRENAJE DE BAJA RETENCIÓN DE AGUA, GEOTEXTIL 1800 PARA RETENCIÓN DE FINOS, TAPETE TIPO CRASSULACEA EXL, TRANSPORTE Y MANO DE OBRA. SUMINISTRO E INSTALACIÓN.","M2",370240,"Actualización MO 2022"]
["Antiguo","ANÁLISIS AUXILIARES",6126,"CUADRILLA (2 OFICIAL + 2 AYUDANTES)","JR",268475,"Actualización MO 2022"]
["Antiguo","REDES ELECTRICAS",6127,"ACOMETIDA A TABLERO 3X2 + 1X4. THW. COBRE","UN",56611,"Actualización MO 2022"]
["Antiguo","CONCRETO Y ACERO PARA ESTRUCTURAS",6135,"SUPER ESTRUCTURA EN CONCRETO DE 6000 PSI PREMEZCLADO, GRAVA COMÚN (Incluye Sumin, bombeo, Formaleteo, Colocación y Curado. No incl. Refuerzo).","M3",763698,"Actualización MO 2022"]
["Antiguo","MOBILIARIO URBANO - ARBOLES Y GRAMAS",6136,"TUBO EN U SEPARADOR DE CICLORUTA. (SUMINISTRO E INSTALACIÓN. INCLUYE BASE EN CONCRETO DE 3000 PSI HECHO EN OBRA).","UN",223624,"Actualización MO 2022"]
["Antiguo","PAVIMENTOS",6137,"PISO EN CONCRETO COLOR GRIS MR41 (280 Kg/Cm2) GRAVA 1\" 28 DIAS  ESTAMPADO e=0.10m (INCLUYE SUMINISTRO Y COLOCACIÓN DE CONCRETO, JUEGO DE MOLDES,  DESMOLDANTE EN POLVO, CURADOR PARA CONCRETO, INCLUYE CORTE Y SELLADO DE JUNTAS.","M2",175792,"Actualización MO 2022"]
["Antiguo","DEMOLICIONES",6141,"DEMOLICIÓN CONSTRUCCIONES DE 1 PISO TEJA. INCLUYEN EL CARGUE, TRANSPORTE Y DISPOSICIÓN FINAL DE ESCOMBROS EN SITIO AUTORIZADO (DISTANCIA DE TRANSPORTE 28 KM.). INCLUYE MUROS INTERNOS, EXTERNOS, PLACAS Y CUBIERTAS, ADEMÁS DE LOS ELEMENTOS INTERNOS QUE SE ENCUENTREN EN LOS MISMOS.","M2",37392,"Actualización MO 2022"]
["Antiguo","DEMOLICIONES",6142,"DEMOLICIÓN CONSTRUCCIONES DE 1 PISO PLACA. INCLUYEN EL CARGUE, TRANSPORTE Y DISPOSICIÓN FINAL DE ESCOMBROS EN SITIO AUTORIZADO (DISTANCIA DE TRANSPORTE 28 KM.). INCLUYE MUROS INTERNOS, EXTERNOS, PLACAS Y CUBIERTAS, ADEMÁS DE LOS ELEMENTOS INTERNOS QUE SE ENCUENTREN EN LOS MISMOS.","M2",39285,"Actualización MO 2022"]
["Antiguo","DEMOLICIONES",6143,"DEMOLICIÓN CONSTRUCCIONES DE 2 HASTA 3 PISOS. INCLUYEN EL CARGUE, TRANSPORTE Y DISPOSICIÓN FINAL DE ESCOMBROS EN SITIO AUTORIZADO (DISTANCIA DE TRANSPORTE 28 KM.). INCLUYE MUROS INTERNOS, EXTERNOS, PLACAS Y CUBIERTAS, ADEMÁS DE LOS ELEMENTOS INTERNOS QUE SE ENCUENTREN EN LOS MISMOS.","M2",65379,"Actualización MO 2022"]
["Antiguo","DEMOLICIONES",6144,"DEMOLICIÓN CONSTRUCCIONES DE 4 HASTA 6 PISOS. INCLUYEN EL CARGUE, TRANSPORTE Y DISPOSICIÓN FINAL DE ESCOMBROS EN SITIO AUTORIZADO (DISTANCIA DE TRANSPORTE 28 KM.). INCLUYE MUROS INTERNOS, EXTERNOS, PLACAS Y CUBIERTAS, ADEMÁS DE LOS ELEMENTOS INTERNOS QUE SE ENCUENTREN EN LOS MISMOS.","M2",75758,"Actualización MO 2022"]
["Antiguo","DEMOLICIONES",6145,"DEMOLICIÓN DE BODEGAS CON DOBLE ALTURA. INCLUYEN EL CARGUE, TRANSPORTE Y DISPOSICIÓN FINAL DE ESCOMBROS EN SITIO AUTORIZADO (DISTANCIA DE TRANSPORTE 28 KM.). INCLUYE MUROS INTERNOS, EXTERNOS, PLACAS Y CUBIERTAS, ADEMÁS DE LOS ELEMENTOS INTERNOS QUE SE ENCUENTREN EN LOS MISMOS.","M2",46842,"Actualización MO 2022"]
["Antiguo","DEMOLICIONES",6146,"DEMOLICIÓN MEZANINE EN MADERA Y/O PREFABRICADO. INCLUYEN EL CARGUE, TRANSPORTE Y DISPOSICIÓN FINAL DE ESCOMBROS EN SITIO AUTORIZADO (DISTANCIA DE TRANSPORTE 28 KM.). INCLUYE MUROS INTERNOS, EXTERNOS, PLACAS Y CUBIERTAS, ADEMÁS DE LOS ELEMENTOS INTERNOS QUE SE ENCUENTREN EN LOS MISMOS.","M2",31889,"Actualización MO 2022"]
["Antiguo","ANÁLISIS AUXILIARES",6147,"CERRAMIENTO (8 HILERAS DE ALAMBRE DE PÚAS CALIBRE 12.5, CON PINTURA BLANCA 3 MANOS 60 CM, EN LA PARTE SUPERIOR, CON POSTES DE CONCRETO H=2.5 M Y SECCIÓN DE 10CM X 10CM, INSTALADOS CADA 2.00 M. INCLUYE DADOS DE CIMENTACIÓN 0.30 M X 0.30 M X 0.50 M)","ML",83293,"Actualización MO 2022"]
["Antiguo","ANÁLISIS AUXILIARES",6148,"CERRAMIENTO (8 HILERAS DE ALAMBRE DE PÚAS CALIBRE 12.5, CON POSTE DE MADERA ROLLIZA DE 8cm DE DIÁMETRO Y 2.00m DE ALTURA, ENTERRADO COMO MIN. 0.40, CON 2.00m., ENTRE POSTES)","ML",29700,"Actualización MO 2022"]
["Antiguo","OBRAS DE ARTE Y EDIFICACIONES",6149,"CERRAMIENTO EN BLOQUE NO.5, DE ALTURA TOTAL DE 1.80 M, CON CIMENTACIÓN CICLÓPEA DE 0.35 M X 0.35 M Y VIGA DE AMARRE DE 0.12 M X 0.15 M Y COLUMNETAS DE 0.20 M X 0.12 M., CADA 3.50 M., ENTRE SÍ. INCLUYE TODOS LOS REFUERZOS EN HIERRO NECESARIOS.","ML",183757,"Actualización MO 2022"]
["Antiguo","CONCRETO Y ACERO PARA ESTRUCTURAS",6150,"CERRAMIENTO EN MALLA ESLABONADA CALIBRE 10.5 Y ALAMBRE DE PUAS (3 HILERAS) INCLUYE AMARRES DE ALAMBRE GALVANIZADO SOLDADO A POSTES EN ACERO INOXIDABLE EN TUBO DE 1-1/2\", CADA 2 MTS, ANGULO DE REMATE. EXCAVACIÓN DE 0.20 X 0.20 X 0.40 PARA ANCLAJE Y CONCRETO DE 3000 PSI PARA VIGA.","ML",290242,"Actualización MO 2022"]
["Antiguo","EXCAVACIONES",6151,"EXPLANACIÓN Y EXTENDIDA MECÁNICA.","M3",6139,"Actualización MO 2022"]
["Antiguo","ANÁLISIS AUXILIARES",6152,"LIMPIEZA Y ACOPIO MANUAL DE BASURAS","M2",233,"Actualización MO 2022"]
["Antiguo","ANÁLISIS AUXILIARES",6153,"CORTE Y RETIRO DE CÉSPED (HASTA 40 CM - INCLUYE RETIRO DE DESPERDICIOS). NO INCLUYE TRANSPORTE Y RETIRO DE SOBRANTES.","M2",616,"Actualización MO 2022"]
["Antiguo","ANÁLISIS AUXILIARES",6154,"MATA MALEZA (UNA APLICACIÓN)","M2",292,"Actualización MO 2022"]
["Antiguo","ANÁLISIS AUXILIARES",6155,"PODA DE ÁRBOLES MEDIANOS, ALTURA : 8 MTS (ELIMINAR RAMAS SECAS, CON RIESGO DE ROTURA, RAMAS QUE ESTORBEN EL PASO DE PERSONAS O TOQUEN CABLES O EDIFICIOS)","UN",151923,"Actualización MO 2022"]
["Antiguo","ANÁLISIS AUXILIARES",6156,"FUMIGACIÓN CONTRA ROEDORES (RATICIDA - UNA APLICACIÓN)","M2",318,"Actualización MO 2022"]
["Antiguo","ANÁLISIS AUXILIARES",6157,"FUMIGACIÓN CONTRA INSECTOS (INSECTICIDAS- INCLUYE LEVANTAMIENTO DE ANIMALES Y BASURAS, DESINFECTACIÓN CONTRA VIRUS, BACTERIAS Y HONGOS)","M2",579,"Actualización MO 2022"]
["Antiguo","MANTENIMIENTO Y REHABILITACION DE VIAS",6159,"DIAGNOSTICO DE ESPACIO PUBLICO Y CICLORRUTA Y PUENTES PEATONALES (VISUAL)","M2",82,"Actualización MO 2022"]
["Antiguo","REDES ALCANTARILLADO / DRENAJE",6160,"INSPECCIÓN DE REDES DE ALCANTARILLADO CON SISTEMAS CCTV PARA DIÁMETROS MAYORES A 36\"","ML",11305,"Actualización MO 2022"]
["Antiguo","REDES ALCANTARILLADO / DRENAJE",6161,"INSPECCIÓN DE REDES DE ALCANTARILLADO CON SISTEMAS CCTV PARA DIÁMETROS ENTRE 6\" A 36\"","ML",10591,"Actualización MO 2022"]
["Antiguo","MANTENIMIENTO Y REHABILITACION DE VIAS",6162,"DIAGNOSTICO DE ESPACIO PUBLICO Y CICLORRUTA Y PUENTES PEATONALES (VISUAL). INCLUYE LEVANTAMIENTO TOPOGRÁFICO Y GEORREFERENCIACIÓN DE ELEMENTOS","M2",120,"Actualización MO 2022"]
["Antiguo","MANTENIMIENTO Y REHABILITACION DE VIAS",6163,"BACHEO EN PAVIMENTO FLEXIBLE E= 0.14M CON ASFALTO CAUCHO E=0.10M. (INCLUYE DEMOLICIÓN MANUAL Y CARGUE DE PAVIMENTO FLEXIBLE DE E=0.14M, TRANSPORTE Y DISPOSICIÓN FINAL DE ESCOMBROS, EXCAVACIÓN Y REPOSICIÓN BASE GRANULAR CLASE A (BG_A) E=0.20M, BASE ASFÁLTICA MD10 E= 0.04M, BASE ASFÁLTICA CON ASFALTO CAUCHO E=0.10M )","M2",210070,"Actualización MO 2022"]
["Antiguo","MANTENIMIENTO Y REHABILITACION DE VIAS",6164,"BACHEO EN PAVIMENTO FLEXIBLE CON ASFALTO CAUCHO E= 0.14M. (INCLUYE DEMOLICIÓN MANUAL Y CARGUE DE PAVIMENTO FLEXIBLE DE E=0.14M, TRANSPORTE Y DISPOSICIÓN FINAL DE ESCOMBROS, EXCAVACIÓN Y REPOSICIÓN BASE GRANULAR CLASE A (BG_A) E=0.20M, BASE ASFÁLTICA CON ASFALTO CAUCHO E=0.14M )","M2",221335,"Actualización MO 2022"]
["Antiguo","MOBILIARIO URBANO - ARBOLES Y GRAMAS",6165,"RETIRO DE BOLARDO (O RESTOS). INCLUYE REPARACIÓN DEL SITIO CON CONCRETO DE 1500 PSI HECHO EN OBRA (40X40X10CM) Y SUBBASE GRANULAR B-200 E=0.35. INCLUYE RETIRO DE ESCOMBROS. INCLUYE DEMOLICIÓN Y EXCAVACIÓN.","UN",24730,"Actualización MO 2022"]
["Valor de referencia","INDICES",6166,"MANTENIMIENTO CORRECTIVO ESPACIO PUBLICO EN ADOQUÍN DE ARCILLA LIVIANO SOBRE ARENA. INCL. RETIRO ADOQUÍN E INSTALAR EL MISMO. NO INCLUYE REDES.","M2",27012,"Actualización MO 2022"]
["Valor de referencia","INDICES",6167,"MANTENIMIENTO CORRECTIVO DE ESPACIO PUBLICO LOSETA A-50 SOBRE ARENA. INCL. RETIRO LOSETA E INSTALAR LA MISMA.","M2",21724,"Actualización MO 2022"]
["Valor de referencia","ANDENES Y SARDINELES",6168,"MANTENIMIENTO CORRECTIVO, RETIRO Y REINSTALACIÓN DE BORDILLO PREFABRICADO A80 (RETIRO E INSTALACIÓN. INCLUYE MATERIAL DE BASE)","ML",15480,"Actualización MO 2022"]
["Antiguo","ANÁLISIS AUXILIARES",6169,"ALQUILER DE PUESTO DE TRABAJO - ESCRITORIO 75X120X50CM","UN/MES",9030,"Actualización MO 2022"]
["Antiguo","ANÁLISIS AUXILIARES",6170,"ALQUILER DE SILLA PARA ESCRITORIO PARA PUESTO DE TRABAJO","UN/MES",5245,"Actualización MO 2022"]
["Antiguo","ANÁLISIS AUXILIARES",6172,"ALQUILER DE SILLA PLÁSTICA SIN BRAZOS","UN/MES",1663,"Actualización MO 2022"]
["Antiguo","ANÁLISIS AUXILIARES",6175,"EVALUACION SUPERFICIAL. INCLUYE LEVANTAMIENTO DE FALLAS (AUSCULTACIÓN VISUAL) PARA DETERMINAR EL PCI (NORMA ASTM D 6433-07) PARA CALZADA SEGMENTO","Clz/Sg",78241,"Actualización MO 2022"]
["Antiguo","ANÁLISIS AUXILIARES",6176,"PROCESAMIENTO Y ANALISIS DE INFORMACION PARA EL DIAGNOSTICO","SEG",24388,"Actualización MO 2022"]
["Antiguo","SEÑALIZACIÓN",6178,"ALQUILER SEÑAL VERTICAL GRUPO I (75X75CM) (INCLUYE SUMINISTRO E INSTALACIÓN)","UN/MES",14380,"Actualización MO 2022"]
["Antiguo","SEÑALIZACIÓN",6179,"ALQUILER SEÑAL VERTICAL GRUPO I (60X60CM) (INCLUYE SUMINISTRO E INSTALACIÓN)","UN/MES",11901,"Actualización MO 2022"]
["Antiguo","SEÑALIZACIÓN",6180,"ALQUILER SEÑAL VERTICAL GRUPO I (90X90CM) (INCLUYE SUMINISTRO E INSTALACIÓN)","UN/MES",17106,"Actualización MO 2022"]
["Antiguo","SEÑALIZACIÓN",6181,"ALQUILER DE PALETA PARE-SIGA EN POLIETILENO.","UN/MES",2736,"Actualización MO 2022"]
["Valor de referencia","ANÁLISIS AUXILIARES",6184,"MANTENIMIENTO RUTINARIO DE CALZADA EN PAVIMENTO FLEXIBLE. INCLUYE LIMPIEZA DE SUMIDEROS, POZOS, SELLO DE JUNTAS Y RETIRO MANUAL DE CAPA VEGETAL.","M2",15283,"Actualización MO 2022"]
["Antiguo","REDES ALCANTARILLADO / DRENAJE",6185,"CONO POZO INSPECCIÓN PREFABRICADO D= 1.20M X 0.60M E=0.10M H= 0.75M (INC. SUMINISTRO E INST. NO INC. ARO DE AJUSTE, ARO-TAPA Y TAPA)","UN",625625,"Actualización MO 2022"]
["Antiguo","SEÑALIZACIÓN",6186,"ALQUILER BARRERA RELLENABLE (2.00X0.55X1.00M)","UN/MES",11901,"Actualización MO 2022"]
["Antiguo","SEÑALIZACIÓN",6187,"ALQUILER DE SEÑAL LUMINOSA BIDIRECCIONAL 1.50M X 0.50M (INCLUYE INSTALACIÓN, MANTENIMIENTO Y DESINSTALACIÓN).","UN/MES",237610,"Actualización MO 2022"]
["Antiguo","REDES ACUEDUCTO",6188,"CARCAMO TIPO PLACA DE PROTECCIÓN PARA TUBERÍA Ø 14\" NORMA EAAB NS-090 . 3V.2. INCLUYE: DESPERDICIOS, COMPACTACIÓN Y DESPUNTES.","ML",128602,"Actualización MO 2022"]
["Antiguo","SEÑALIZACIÓN",6189,"BANDERERO (INCLUYE ALQUILER DE PALETA PARE-SIGA EN POLIETILENO). HORARIO NOCTURNO","H/ME",2229860,"Actualización MO 2022"]
["Antiguo","GESTIÓN SOCIAL",6190,"CANALIZACIÓN DE TRÁFICO (INSTALACIÓN, MANTENIMIENTO Y DESINSTALACIÓN DIARIO) CON SEÑALIZADORES TUBULARES COLOMBINA PLÁSTICA Y TRIPLE CINTA DE SEÑALIZACIÓN (INCLUYE ALQUILER DE SEÑALIZADORES TUBULARES). LONGITUD 50 METROS.","UN/DIA",440,"Actualización MO 2022"]
["Antiguo","PUENTES",6191,"PISOS EN METALDECK 2\" CALIBRE 16 (1.50MM) PARA PUENTES VEHICULARES. (INCLUYE TRANSPORTE, HERRAMIENTA MENOR, MANO DE OBRA)","M2",100458,"Actualización MO 2022"]
["Antiguo","PUENTES",6192,"PISOS EN METALDECK 2\" CALIBRE 18 (1.50MM) PARA PUENTES PEATONALES. (INCLUYE TRANSPORTE, HERRAMIENTA MENOR, MANO DE OBRA)","M2",83609,"Actualización MO 2022"]
["Antiguo","CONCRETO Y ACERO PARA ESTRUCTURAS",6193,"CONCRETO 3000 PSI GRAVA FINA PARA BARANDAS (PREMEZCLADO. INCLUYE SUMIN., FORMALETEO Y COLOCACIÓN. NO INCL. REFUERZO, CURADO).","M3",526731,"Actualización MO 2022"]
["Antiguo","PUENTES",6194,"BARANDA METÁLICA PARA PUENTE PEATONAL (INCLUYE DADOS DE CONCRETO 3000 PSI GRAVA COMÚN DE 0.20M X 0.20M, RECUBRIMIENTO EN BARRERA EPÓXICA Y ESMALTE URETANO GRIS. INCLUYE TUBO DE CERRAMIENTO NEGRO DE Ø 2\" Y Ø 1/2\" - 1.9MM, PLATINA METÁLICA). SUMINISTRO E INSTALACIÓN.","ML",392222,"Actualización MO 2022"]
["Antiguo","OBRAS DE ARTE Y EDIFICACIONES",6196,"PISOS EN TABLILLA DE MADERA TECA TIPO DECK. SUMINISTRO E INSTALACIÓN. (INCLUYE HERRAMIENTA MENOR, TRANSPORTE, MANO DE OBRA).","M2",240051,"Actualización MO 2022"]
["Antiguo","CONCRETO Y ACERO PARA ESTRUCTURAS",6198,"PILOTE D=25 CM CONCRETO TREMIE DE 3000 PSI. (INCL. EXCAVACIÓN, CONCRETO, CARGUE Y RETIRO DE SOBRANTES, DESMOVILIZACIÓN, MONTAJE Y DESMONTAJE DE EQUIPO. INCLUYE MOVILIZACIÓN HACIA Y DESDE LA OBRA Y ENTRE PERFORACIONES, MONTAJE Y DESMONTAJE, REGISTRO DE MUESTRAS CORRESPONDIENTES AL PERFIL ESTRATIGRÁFICO. TAMBIÉN INCLUYE EL CARGUE, RETIRO Y DISPOSICIÓN FINAL DE ESCOMBROS. SUMINISTRO Y COLOCACIÓN DEL CONCRETO).","ML",187217,"Actualización MO 2022"]
["Antiguo","CONCRETO Y ACERO PARA ESTRUCTURAS",6200,"COLUMNA EN CONCRETO DE 3500 PSI, (24 MPa) PREMEZCLADO, GRAVA COMÚN (Incluye suministro, Bombeo, formaleteo en madera, colocación y curado, No incluye refuerzo).","M3",635361,"Actualización MO 2022"]
["Antiguo","CONCRETO Y ACERO PARA ESTRUCTURAS",6201,"MURO ESTRUCTURAL EN CONCRETO 3500 PSI PREMEZCLADO, GRAVA COMÚN. (Incluye suministro, formaleteo, bombeo, colocación y curado. No incl. Refuerzo).","M3",691043,"Actualización MO 2022"]
["Antiguo","OBRAS DE ARTE Y EDIFICACIONES",6202,"ENCHAPE PARA COLUMNAS Y VIGAS EN BLOQUE DE CONCRETO ESTRIADO. MORTERO 1:3 HECHO EN OBRA PARA PEGA, CORTADORA Y DISCO DIAMANTADO (INCLUYE SUMINISTRO E INSTALACIÓN).","ML",25556,"Actualización MO 2022"]
["Antiguo","ANÁLISIS AUXILIARES",6203,"HIDROPROTECCIÓN Y LAVADO (INCLUYE ALQUILER DE HIDROLAVADORA 1300W. INCLUYE HIDROSELLANTE, ELEMENTOS DE ASEO (DETERGENTE INDUSTRIAL). TRANSPORTE, AGUA, COMBUSTIBLE Y MANO DE OBRA).","M2",23181,"Actualización MO 2022"]
["Antiguo","ANÁLISIS AUXILIARES",6204,"SELLO DE JUNTAS CON ICOPOR Y SIKAFLEX 1A SELLADO DE JUNTAS (300CC) (INCLUYE SUMINISTRO E INSTALACIÓN)","ML",18115,"Actualización MO 2022"]
["Antiguo","OBRAS DE ARTE Y EDIFICACIONES",6206,"CANAL Y FLANCHE EN LAMINA GALVANIZADA. (INCLUYE SUMINISTRO E INSTALACIÓN)","ML",87798,"Actualización MO 2022"]
["Antiguo","OBRAS DE ARTE Y EDIFICACIONES",6207,"MURO EN DIAGONALES EN BLOQUE DE CONCRETO ESTRIADO DIAGONAL. CONSTRUCCIÓN. SUMINISTRO E INSTALACIÓN. INCLUYE BLOQUE ESTRUCTURAL (19CM X 19CM X 39CM) MORTERO 1:3 HECHO EN OBRA PARA PEGA, CORTADORA Y DISCO DIAMANTADO. NO INCLUYE ACERO DE REFUERZO, CONCRETO PARA INYECCIÓN DE DOVELAS REFORZADAS NI MANO DE OBRA PARA EL REFORZAMIENTO DE LAS DOVELAS.","M2",124402,"Actualización MO 2022"]
["Antiguo","CONCRETO Y ACERO PARA ESTRUCTURAS",6211,"CUNETAS EN MANTO DE HORMIGÓN DE E= 8MM (INCLUYE SUMINISTRO E INSTALACIÓN). ESTA ACTIVIDAD SE REQUIERE PARA EL CONTRATO DE CONSULTORÍA Y OBRA N° IDU 1920 DE 2013.","ML",286468,"Actualización MO 2022"]
["Antiguo","ANÁLISIS AUXILIARES",6212,"CANALETA PORTACABLES DE 20CM PVC CON ADHESIVO. INCLUYE UNIÓN PROPORCIONAL CADA 2M. SUMINISTRO E INSTALACIÓN","ML",9554,"Actualización MO 2022"]
["Antiguo","MANTENIMIENTO Y REHABILITACION DE VIAS",6213,"CANALETA PORTACABLES DE 32CM PVC CON ADHESIVO. INCLUYE UNIÓN PROPORCIONAL CADA 2M. SUMINISTRO E INSTALACIÓN","ML",10857,"Actualización MO 2022"]
["Antiguo","REDES ELECTRICAS",6214,"3 DUCTOS D= 2\" PVC PESADO DB (NO INCLUYE RELLENOS). SUMINISTRO E INSTALACIÓN.","ML",29459,"Actualización MO 2022"]
["Antiguo","REDES ELECTRICAS",6215,"2 DUCTOS D= 1 1/4\" CONDUIT PVC (NO INCLUYE RELLENOS). SUMINISTRO E INSTALACIÓN.","ML",14166,"Actualización MO 2022"]
["Antiguo","EXCAVACIONES",6216,"ADECUACIÓN DE TERRENO (MOVIMIENTO DE TIERRA Y OBRAS DE ADECUACIÓN PARA ACCESO A MAQUINARIA)","M3",53769,"Actualización MO 2022"]
["Antiguo","EXCAVACIONES",6217,"BOLSA DE LONA CON SUELO-CEMENTO (CONFINAMIENTO DE TALUDES. PROPORCIÓN 1:0:2.SUMINISTRO, MEZCLADO, LLENADO Y COLOCACIÓN.","UN",15213,"Actualización MO 2022"]
["Antiguo","EXCAVACIONES",6218,"BOLSA DE LONA CON SUELO-CEMENTO (CONFINAMIENTO DE TALUDES. PROPORCIÓN 1:0:4.SUMINISTRO, MEZCLADO, LLENADO Y COLOCACIÓN.","UN",17763,"Actualización MO 2022"]
["Antiguo","MOBILIARIO URBANO - ARBOLES Y GRAMAS",6219,"TRATAMIENTO SILVICULTURAL PODA DE RAÍCES (INCLUYE EXCAVACIÓN MANUAL, CORTE, CICATRIZACIÓN Y DISPOSICIÓN FINAL DE ESCOMBROS A 28 KILÓMETROS)","UN",431687,"Actualización MO 2022"]
["Antiguo","PUENTES",6221,"PISO PRETENSADO E= 70 MM PARA ESTACIONES Y PUENTES TIPO TRANSMILENIO. SUMINISTRO E INSTALACIÓN.","M2",362863,"Actualización MO 2022"]
["Antiguo","PUENTES",6224,"DEMOLICIÓN RECUBRIMIENTO ESTRUCTURAL DE ZONAS CON DESCASCARAMIENTO, HASTA DESCUBRIR EL REFUERZO EXISTENTE VERIFICANDO PH EN CONCRETO. INCLUYE TODOS LOS COSTOS DE SUMINISTRO DE MATERIALES, EQUIPOS, CARGUE Y TRANSPORTE DE MATERIALES SOBRANTES A BOTADERO AUTORIZADO Y MANO DE OBRA.","M2",11465,"Actualización MO 2022"]
["Antiguo","DEMOLICIONES",6225,"DEMOLICIÓN DE CONCRETO REFORZADO DE BARRERA LATERAL DE SECCIÓN 0.18M. INCLUYE TODOS LOS COSTOS DE SUMINISTRO DE MATERIALES, EQUIPOS (HERRAMIENTA MENOR, CORTADORA,COMPRESOR, PROVISIONAL DE ENERGÍA), TRANSPORTE, MANEJO, ALMACENAMIENTO, DESPERDICIOS, CARGUE Y TRANSPORTE DE MATERIALES SOBRANTES A ESCOMBRERA AUTORIZADA Y MANO DE OBRA.","ML",15712,"Actualización MO 2022"]
["Antiguo","DEMOLICIONES",6226,"DEMOLICIÓN PAVIMENTO ASFÁLTICO DE ESPESOR 10 CM. INCLUYE TODOS LOS COSTOS DE SUMINISTRO DE EQUIPOS (HERRAMIENTA MENOR, MARTILLO NEUMÁTICO, COMPRESOR, PROVISIONAL DE ENERGÍA), TRANSPORTE, MANEJO, ALMACENAMIENTO, DESPERDICIOS, CARGUE Y TRANSPORTE DE MATERIALES SOBRANTES A ESCOMBRERA AUTORIZADA Y MANO DE OBRA.","M2",10614,"Actualización MO 2022"]
["Antiguo","DEMOLICIONES",6227,"DEMOLICIÓN DE CONCRETO REFORZADO DE TABLERO. INCLUYE DEMOLICIÓN DEL CONCRETO EXISTENTE EMPLEANDO MARTILLOS NEUMÁTICOS O HIDRÁULICOS, RETIRO Y MANEJO DE ESCOMBROS, SUMINISTRO DE EQUIPOS, PERSONAL, TRANSPORTE, ENERGÍA Y MANO DE OBRA.","M3",59519,"Actualización MO 2022"]
["Antiguo","DEMOLICIONES",6228,"DEMOLICIÓN DE CONCRETO REFORZADO DE TABLERO, CAJUELA DOBLE 0.08M X 0.20M. INCLUYE EL RETIRO DE ÁNGULOS METÁLICOS DE JUNTAS EXISTENTES, LA DEMOLICIÓN DEL CONCRETO EXISTENTE Y EL RETIRO DE ESCOMBROS Y TODOS LOS COSTOS DE SUMINISTRO DE MATERIALES, EQUIPOS, TRANSPORTES, MANEJO, ALMACENAMIENTO, DESPERDICIOS, CARGUE Y TRANSPORTE DE MATERIALES SOBRANTES A ESCOMBRERAS AUTORIZADAS Y MANO DE OBRA.","M3",59038,"Actualización MO 2022"]
["Antiguo","DEMOLICIONES",6229,"DEMOLICIÓN RECUBRIMIENTO COLUMNAS PARA ADICIÓN DE REFUERZO, HASTA DESCUBRIR EL REFUERZO EXISTENTE VERIFICANDO PH EN CONCRETO. INCLUYE TODOS LOS COSTOS DE SUMINISTRO DE MATERIALES (COLORANTE INDICADOR DE PH), EQUIPOS (HERRAMIENTA MENOR, MARTILLO DEMOLEDOR DE BAJO IMPACTO 1.5 WATTS, COMPRESOR, PROVISIONAL DE ENERGÍA), CARGUE Y TRANSPORTE DE MATERIALES SOBRANTES A BOTADERO AUTORIZADO Y MANO DE OBRA.","M2",7910,"Actualización MO 2022"]
["Antiguo","DEMOLICIONES",6230,"DEMOLICIÓN RECUBRIMIENTO VIGAS CABEZAL PARA SANEADO DE REFUERZO, HASTA DESCUBRIR EL REFUERZO EXISTENTE VERIFICANDO PH EN CONCRETO. INCLUYE TODOS LOS COSTOS DE SUMINISTRO DE MATERIALES (COLORANTE INDICADOR DE PH), EQUIPOS (HERRAMIENTA MENOR, ANDAMIOS, MARTILLO DEMOLEDOR DE BAJO IMPACTO 1.5 WATTS, COMPRESOR, PROVISIONAL DE ENERGÍA), CARGUE Y TRANSPORTE DE MATERIALES SOBRANTES A BOTADERO AUTORIZADO Y MANO DE OBRA.","M2",6432,"Actualización MO 2022"]
["Antiguo","DEMOLICIONES",6231,"DEMOLICIÓN RECUBRIMIENTO DE ÁREAS DE TRABAJO AFECTADAS POR DEGRADACIÓN DEL CONCRETO, HASTA DESCUBRIR EL REFUERZO EXISTENTE VERIFICANDO PH EN CONCRETO. INCLUYE TODOS LOS COSTOS DE SUMINISTRO DE MATERIALES (COLORANTE INDICADOR DE PH), EQUIPOS (HERRAMIENTA MENOR, ANDAMIOS, MARTILLO DEMOLEDOR DE BAJO IMPACTO 1.5 WATTS, COMPRESOR, PROVISIONAL DE ENERGÍA), CARGUE Y TRANSPORTE DE MATERIALES SOBRANTES A BOTADERO AUTORIZADO Y MANO DE OBRA.","M2",8976,"Actualización MO 2022"]
["Antiguo","DEMOLICIONES",6232,"DEMOLICIÓN POR TRAMOS ALTERNANDO COSTADOS IZQUIERDOS Y DERECHOS Y GARANTIZANDO EL SERVICIO DEL PUENTE A LOS PEATONES DE PLACA REFORZADA E= 1.10M DE TABLERO DE PUENTE CONSTRUIDA SOBRE METALDECK, INCLUYE TRASIEGO DE ESCOMBROS (DESDE PUENTE Y DESCENSO POR RAMPAS HASTA ANDEN), CARGUE MANUAL Y RETIRO HASTA BOTADERO AUTORIZADO. INCLUYE DESMONTE Y RETIRO DE LOSA EXISTENTE Y CONECTORES DE CORTANTE.","M3",79124,"Actualización MO 2022"]
["Antiguo","DEMOLICIONES",6233,"DEMOLICIÓN DE CONCRETO DE RECUBRIMIENTO DE ZAPATAS PARA ADICIÓN DE REFUERZO. INCLUYE LA DEMOLICIÓN DE CONCRETO EXISTENTE EMPLEANDO MARTILLOS NEUMÁTICOS O HIDRÁULICOS, RETIRO Y MANEJO DE ESCOMBROS, SUMINISTRO DE MATERIALES, EQUIPO, PERSONAL, ENERGÍA Y MANO DE OBRA.","M3",89583,"Actualización MO 2022"]
["Antiguo","DEMOLICIONES",6234,"DEMOLICIÓN DE TOPES SISMICOS TRANSVERSALES EN LOS ESTRIBOS, HASTA DESCUBRIR EN SU TOTALIDAD Y SEGÚN LO ESPECIFICADO, EL REFUERZO EXISTENTE VERIFICANDO EL PH EN CONCRETO. INCLUYE TODOS LOS COSTOS DE SUMINISTRO DE MATERIALES (COLORANTE INDICADOR DE PH), EQUIPOS (HERRAMIENTA MENOR, ANDAMIOS, MARTILLO DEMOLEDOR DE BAJO IMPACTO DE 1.5 WATTS, COMPRESOR, PROVISIONAL DE ENERGÍA), CARGUE Y TRANSPORTE DE MATERIALES SOBRANTES A BOTADERO AUTORIZADO Y MANO DE OBRA.","M3",72979,"Actualización MO 2022"]
["Antiguo","DEMOLICIONES",6235,"DEMOLICIÓN DE MUROS EN MAMPOSTERÍA EN CONCRETO EN SU TOTALIDAD PARA INTERVENCIÓN DE LOS TRABAJOS EN TOPES SÍSMICOS. INCLUYE TODOS LOS COSTOS DE SUMINISTRO DE MATERIALES (COLORANTE INDICADOR DE PH), EQUIPOS (HERRAMIENTA MENOR, ANDAMIOS, MARTILLO DEMOLEDOR DE BAJO IMPACTO DE 1.5 WATTS, COMPRESOR, PROVISIONAL DE ENERGÍA), CARGUE Y TRANSPORTE DE MATERIALES SOBRANTES A BOTADERO AUTORIZADO Y MANO DE OBRA.","M2",11067,"Actualización MO 2022"]
["Antiguo","DEMOLICIONES",6236,"REGATAS PARA DESCUBRIR EL ACERO PERIMETRALMENTE DE 10 CM DE PROFUNDIDAD Y 10 CM DE ANCHO VERIFICANDO PH EN CONCRETO Y LIMPIEZA SUPERFICIAL DE ACERO DE REFUERZO. ACTIVIDAD ADICIONAL A LA ACTIVIDAD DE DEMOLICIÓN DE RECUBRIMIENTO. INCLUYE TODOS LOS COSTOS DE SUMINISTRO DE MATERIALES (COLORANTE INDICADOR DE PH), EQUIPOS (HERRAMIENTA MENOR, ANDAMIOS, LIMPIEZA AIRE A PRESIÓN, GRATA), CARGUE Y TRANSPORTE DE MATERIALES SOBRANTES A BOTADERO AUTORIZADO Y MANO DE OBRA.","ML",31156,"Actualización MO 2022"]
["Antiguo","DEMOLICIONES",6237,"REGATAS PARA DESCUBRIR EL ACERO PERIMETRALMENTE DE 5 CM DE PROFUNDIDAD Y 10 CM DE ANCHO APROX. VERIFICANDO PH EN CONCRETO Y LIMPIEZA SUPERFICIAL DE ACERO DE REFUERZO. ACTIVIDAD ADICIONAL A LA ACTIVIDAD DE DEMOLICIÓN DE RECUBRIMIENTO. INCLUYE TODOS LOS COSTOS DE SUMINISTRO DE MATERIALES (COLORANTE INDICADOR DE PH), EQUIPOS (HERRAMIENTA MENOR, ANDAMIOS, PROVISIONAL DE ENERGÍA, LIMPIEZA AIRE A PRESIÓN, GRATA), CARGUE Y TRANSPORTE DE MATERIALES SOBRANTES A BOTADERO AUTORIZADO Y MANO DE OBRA.","ML",32691,"Actualización MO 2022"]
["Antiguo","DEMOLICIONES",6238,"REGATAS PARA LA COLOCACIÓN DE REFUERZO ADICIONAL EN EL TABLERO 10 CM DE PROFUNDIDAD Y 10 CM DE ANCHO.","ML",5213,"Actualización MO 2022"]
["Antiguo","CONCRETO Y ACERO PARA ESTRUCTURAS",6239,"REVESTIMIENTO DE COLUMNAS EN CONCRETO DE 3500 PSI, EN ZONAS DE ADICIÓN DE REFUERZO. INCLUYE TODOS LOS COSTOS DE SUMINISTRO DE MATERIALES (RECUBRIMIENTO ANTICORROSIVO EN DOS MANOS), EQUIPOS (HERRAMIENTA MENOR, ANDAMIOS, LIMPIEZA AIRE A PRESIÓN), TRANSPORTES, MANEJO, ALMACENAMIENTO, DESPERDICIOS, CARGUE Y TRANSPORTE DE MATERIALES SOBRANTES A BOTADERO AUTORIZADO Y MANO DE OBRA.","M2",78131,"Actualización MO 2022"]
["Antiguo","PAVIMENTOS",6246,"IMPRIMANTE Y PUENTE DE ADHERENCIA ENTRE CONCRETO FRESCO Y ENDURECIDO DE FRAGUADO LENTO. EPÓXICO DE PEGA CONCRETO NUEVO A VIEJO QUE CUMPLA CON LA NORMA ASTM C - 881 TIPO 5 GRADO II, Y LA COLOCACIÓN EN EL SITIO ESPECIFICADO EN LOS DISEÑOS. INCLUYE TODOS LOS COSTOS DE SUMINISTRO DE MATERIALES, EQUIPOS, TRANSPORTES, MANEJO, ALMACENAMIENTO, MANEJO DE DESPERDICIOS Y MANO DE OBRA.","M2",138819,"Actualización MO 2022"]
["Antiguo","CONCRETO Y ACERO PARA ESTRUCTURAS",6247,"ANCLAJE EPÓXICO DE VARILLA DE 1/2\" SUMINISTRO E INSTALACIÓN EN ALTURA. (incluye la detección de refuerzo para perforacion, la perforacion, limpieza de la perforacion con chorro de aire, suministro de materiales (relleno epoxico ET o equivalente, brocas), equipos, transportes, manejo, almacenamiento, manejo de desperdicios, mano de obra y andamio tubular)","CM.PER",1644,"Actualización MO 2022"]
["Antiguo","CONCRETO Y ACERO PARA ESTRUCTURAS",6249,"ANCLAJE EPÓXICO DE VARILLA DE 3/8\" SUMINISTRO E INSTALACIÓN EN ALTURA. (incluye la deteccion de refuerzo para perforacion, la perforacion, limpieza de la perforacion con chorro de aire, suministro de materiales (relleno epoxico ETo equivalente, brocas), equipos, transportes, manejo, almacenamiento, manejo de desperdicios, mano de obra y andamio tubular)","CM.PER",1580,"Actualización MO 2022"]
["Antiguo","CONCRETO Y ACERO PARA ESTRUCTURAS",6250,"ANCLAJE EPÓXICO DE VARILLA DE 5/8\" SUMINISTRO E INSTALACIÓN EN ALTURA. (incluye la deteccion de refuerzo para perforacion, la perforacion, limpieza de la perforacion con chorro de aire, suministro de materiales (relleno epoxico ETo equivalente, brocas), equipos, transportes, manejo, almacenamiento, manejo de desperdicios, mano de obra y andamio tubular)","CM.PER",1750,"Actualización MO 2022"]
["Antiguo","CONCRETO Y ACERO PARA ESTRUCTURAS",6251,"ANCLAJE EPÓXICO DE VARILLA DE 7/8\" SUMINISTRO E INSTALACIÓN EN ALTURA. (incluye la deteccion de refuerzo para perforacion, la perforacion, limpieza de la perforacion con chorro de aire, suministro de materiales (relleno epoxico ETo equivalente, brocas), equipos, transportes, manejo, almacenamiento, manejo de desperdicios, mano de obra y andamio tubular)","CM.PER",2000,"Actualización MO 2022"]
["Antiguo","PAVIMENTOS",6253,"JUNTA ELASTOMÉRICA ANCLADA APROXIMADAMENTE 30MM DE LONGITUD. SUMINISTRO E INSTALACIÓN. INCLUYE TODOS LOS COSTOS DE SUMINISTRO DE MATERIALES (JUNTA TIPO FREYSSINET M60 O EQUIVALENTE CON ACCESORIOS DE FIJACIÓN), EQUIPOS (HERRAMIENTA MENOR), TRANSPORTES, MANEJO, ALMACENAMIENTO, DESPERDICIOS Y MANO DE OBRA.","ML",547339,"Actualización MO 2022"]
["Antiguo","PAVIMENTOS",6254,"JUNTA ELASTOMÉRICA ANCLADA APROXIMADAMENTE 35MM DE LONGITUD. SUMINISTRO E INSTALACIÓN. INCLUYE TODOS LOS COSTOS DE SUMINISTRO DE MATERIALES (JUNTA TIPO FREYSSINET M60 O EQUIVALENTE CON ACCESORIOS DE FIJACIÓN), EQUIPOS (HERRAMIENTA MENOR), TRANSPORTES, MANEJO, ALMACENAMIENTO, DESPERDICIOS Y MANO DE OBRA.","ML",544587,"Actualización MO 2022"]
["Antiguo","GEOSINTETICOS",6255,"NEOPRENO DE 35X25X4,6, DUREZA 60 EN LA CARA POSTERIOR DE CADA TOPE SÍSMICO. SUMINISTRO E INSTALACIÓN. INCLUYE INSTALACIÓN DE NEOPRENOS NUEVOS, Y TODOS LOS COSTOS DE SUMINISTRO DE MATERIALES, EQUIPOS (HERRAMIENTA MENOR, ANDAMIOS), TRANSPORTES, MANEJO, ALMACENAMIENTO, DESPERDICIOS Y MANO DE OBRA.","UN",229982,"Actualización MO 2022"]
["Antiguo","GEOSINTETICOS",6256,"NEOPRENO DE 2,0 CM DE ESPESOR, SECCIÓN 60 CM POR 30 CM, DUREZA 50 EN LOS COSTADOS DE CADA TOPE SÍSMICO. SUMINISTRO E INSTALACIÓN. INCLUYE LIMPIEZA DE LA SUPERFICIE CON CHORRO DE AIRE A PRESIÓN, PEGANTE E INSTALACIÓN DE NEOPRENOS NUEVOS, Y TODOS LOS COSTOS DE SUMINISTRO DE MATERIALES, EQUIPOS (HERRAMIENTA MENOR, ANDAMIOS), TRANSPORTES, MANEJO, ALMACENAMIENTO, DESPERDICIOS Y MANO DE OBRA.","UN",207267,"Actualización MO 2022"]
["Antiguo","GEOSINTETICOS",6257,"NEOPRENO DE 2,5 CM DE ESPESOR, SECCIÓN 30 CM POR 15 CM, DUREZA 50 EN LOS COSTADOS DE CADA TOPE SÍSMICO. SUMINISTRO E INSTALACIÓN. INCLUYE LIMPIEZA DE LA SUPERFICIE CON CHORRO DE AIRE A PRESIÓN, PEGANTE E INSTALACIÓN DE NEOPRENOS NUEVOS, Y TODOS LOS COSTOS DE SUMINISTRO DE MATERIALES, EQUIPOS (HERRAMIENTA MENOR, ANDAMIOS), TRANSPORTES, MANEJO, ALMACENAMIENTO, DESPERDICIOS Y MANO DE OBRA.","UN",143133,"Actualización MO 2022"]
["Antiguo","GEOSINTETICOS",6258,"NEOPRENO DE 20X35X4 DUREZA 60 SIN REFUERZO ENTRE LA VIGA Y LA MÉNSULA. SUMINISTRO E INSTALACIÓN. INCLUYE TODOS LOS COSTOS DE SUMINISTRO DE MATERIALES, EQUIPOS, TRANSPORTES, MANEJO, ALMACENAMIENTO, DESPERDICIOS Y MANO DE OBRA.","UN",159818,"Actualización MO 2022"]
["Antiguo","GEOSINTETICOS",6259,"NEOPRENO DE 4,0 CM DE ESPESOR, SECCIÓN 80 CM POR 50 CM, DUREZA 50 EN LOS COSTADOS DE CADA TOPE SÍSMICO. SUMINISTRO E INSTALACIÓN. INCLUYE LIMPIEZA DE LA SUPERFICIE CON CHORRO DE AIRE A PRESIÓN, PEGANTE E INSTALACIÓN DE NEOPRENOS NUEVOS, Y TODOS LOS COSTOS DE SUMINISTRO DE MATERIALES, EQUIPOS (HERRAMIENTA MENOR, ANDAMIOS), TRANSPORTES, MANEJO, ALMACENAMIENTO, DESPERDICIOS Y MANO DE OBRA.","UN",901749,"Actualización MO 2022"]
["Antiguo","GEOSINTETICOS",6260,"NEOPRENO DE 5,0 CM DE ESPESOR, SECCIÓN 40 CM POR 50 CM, DUREZA 60. CON REFUERZO DE 2 LÁMINAS DE 1/4\" EN LOS COSTADOS DE CADA TOPE SÍSMICO. SUMINISTRO E INSTALACIÓN. INCLUYE LIMPIEZA DE LA SUPERFICIE CON CHORRO DE AIRE A PRESIÓN, PEGANTE E INSTALACIÓN DE NEOPRENOS NUEVOS, Y TODOS LOS COSTOS DE SUMINISTRO DE MATERIALES, EQUIPOS (HERRAMIENTA MENOR, ANDAMIOS), TRANSPORTES, MANEJO, ALMACENAMIENTO, DESPERDICIOS Y MANO DE OBRA.","UN",720284,"Actualización MO 2022"]
["Antiguo","GEOSINTETICOS",6261,"NEOPRENO DE 60 X 20 X 1,5 D 50 CON PLATINA 3 MM ENTRE LA VIGA METÁLICA Y ESTRIBO. SUMINISTRO E INSTALACIÓN. INCLUYE TODOS LOS COSTOS DE SUMINISTRO DE MATERIALES, EQUIPOS, TRANSPORTES, MANEJO, ALMACENAMIENTO, DESPERDICIOS Y MANO DE OBRA.","UN",113579,"Actualización MO 2022"]
["Antiguo","CONCRETO Y ACERO PARA ESTRUCTURAS",6262,"PINTURA ACRÍLICA, MONOCOMPONENTE, IMPERMEABLE, ELÁSTICO, DE ALTA RESISTENCIA A LA CARBONATACIÓN, LAVABLE, CONSUMO DE 0,32 GL/M2, PARA UN ESPESOR DE PELÍCULA SECA DE 12 MILS. INCLUYE TODOS LOS COSTOS DE SUMINISTRO DE MATERIALES, EQUIPOS (COMPRESOR, PISTOLA, RODILLO, ANDAMIOS, PROVISIONAL DE ENERGÍA), TRANSPORTES, MANEJO, ALMACENAMIENTO, DESPERDICIOS Y MANO DE OBRA.","M2",25304,"Actualización MO 2022"]
["Antiguo","CONCRETO Y ACERO PARA ESTRUCTURAS",6263,"SUMINISTRO Y APLICACIÓN MEDIANTE IMPREGNACIÓN ACUOSA DE INHIBIDOR DE CORROSIÓN. INCLUYE TODOS LOS COSTOS DE SUMINISTRO DE MATERIALES, EQUIPOS (COMPRESOR, PISTOLA, RODILLO, ANDAMIOS, PROVISIONAL DE ENERGÍA), TRANSPORTES, MANEJO, ALMACENAMIENTO, DESPERDICIOS Y MANO DE OBRA.","M2",9163,"Actualización MO 2022"]
["Antiguo","CONCRETO Y ACERO PARA ESTRUCTURAS",6264,"MÉNSULAS METÁLICAS EN ACERO A-36 CALIBRE DE 1/2\" SEGÚN PLANOS DE DISEÑO. SUMINISTRO, FABRICACIÓN E INSTALACIÓN. INCLUYE SUMINISTRO DE MATERIALES, EQUIPOS, TRANSPORTES, MANEJO, ALMACENAMIENTO, DESPERDICIOS Y MANO DE OBRA.","UN",10844,"Actualización MO 2022"]
["Antiguo","CONCRETO Y ACERO PARA ESTRUCTURAS",6265,"ESMALTE TIPO POLIURETANO EN DOS COMPONENTES. COMPONENTE A: ESMALTE POLIESTÉRICO CON PIGMENTOS DE ALTA RESISTENCIA A AGENTES FÍSICOS Y QUÍMICOS Y COMPONENTE B: UN CATALIZADOR OSOCIANATO TIPO PINTUCO REF. 113XX O SIMILAR EN ESPESOR DE 2 MILS. PARA LAS BARANDAS. SUMINISTRO, TRANSPORTE, ALMACENAMIENTO, PREPARACIÓN Y APLICACIÓN. INCLUYE LIMPIEZA MANUAL PREVIA DE SUPERFICIE A PINTAR","M2",12843,"Actualización MO 2022"]
["Antiguo","CONCRETO Y ACERO PARA ESTRUCTURAS",6266,"PREPARACIÓN Y APLICACIÓN DE RECUBRIMIENTO INHIBIDOR DE CORROSIÓN EN DOS COMPONENTES PARA LAS SUPERFICIE DE ACERO QUE CONFORMAN LA ESTRUCTURA DEL PUENTE, EN ESPESOR DE 3 MILS Y DE ESMALTE TIPO POLIURETANO EN DOS COMPONENTES. COMPONENTE A: ESMALTE POLIESTÉRICO CON PIGMENTOS DE ALTA RESISTENCIA A AGENTES FÍSICOS Y QUÍMICOS Y COMPONENTE B: UN CATALIZADOR OSOCIANATO EN ESPESOR DE 2 MILS. INCLUYE LIMPIEZA MANUAL PREVIA DE SUPERFICIE A PINTAR. SUMINISTRO, TRANSPORTE, ALMACENAMIENTO.","M2",16756,"Actualización MO 2022"]
["Antiguo","PUENTES",6267,"IZAJE DE VIGA PARA REEMPLAZO DE APOYOS DE NEOPRENO.","UN",2212402,"Actualización MO 2022"]
["Antiguo","ANDENES Y SARDINELES",6269,"LEVANTAMIENTO Y REUTILIZACIÓN DE ADOQUÍN. INCLUYE TODOS LOS COSTOS DE SUMINISTRO DE LEVANTAMIENTO DE LADRILLO EXISTENTE, TRANSPORTE, BODEGAJE Y REINSTALACIÓN UNA VEZ CULMINADAS LAS LABORES DE REFORZAMIENTO DE COLUMNAS Y ZAPATAS, MATERIALES (REUTILIZACIÓN DE LADRILLO EXISTENTE, CAMA DE MORTERO SIMPLE 1:4 E=5CM HECHO EN OBRA, EMBOQUILLADO, ETC.), EQUIPOS (HERRAMIENTA MENOR), MANO DE OBRA Y TRANSPORTE.","M2",40385,"Actualización MO 2022"]
["Antiguo","PUENTES",6270,"LÁMINAS PLATINA DE FIBRA DE CARBONO PARA REFUERZO ESTRUCTURAL. (PRECIO UNITARIO POR UNA CAPA). SUMINISTRO E INSTALACIÓN. INCLUYE TODOS LOS COSTOS DE PREPARACIÓN SUPERFICIE, SUMINISTRO DE MATERIALES, THINER, ESTOPA, EQUIPOS, ADHESIÓN TEST, TRANSPORTES, MANEJO ALMACENAMIENTO, DESPERDICIOS, CARGUE Y TRANSPORTE DE MATERIALES SOBRANTES A BOTADERO AUTORIZADO Y MANO DE OBRA.","ML",263273,"Actualización MO 2022"]
["Antiguo","GEOSINTETICOS",6271,"NEOPRENO DE 30 X 35 X 4 DUREZA 60 SIN REFUERZO ENTRE LA VIGA Y LA MÉNSULA. SUMINISTRO E INSTALACIÓN. INCLUYE TODOS LOS COSTOS DE SUMINISTRO DE MATERIALES, EQUIPOS, TRANSPORTES, MANEJO, ALMACENAMIENTO, DESPERDICIOS Y MANO DE OBRA.","UN",160987,"Actualización MO 2022"]
["Antiguo","CONCRETO Y ACERO PARA ESTRUCTURAS",6272,"TORONES POSTENSADOS PARA REFORZAMIENTO EXTERNO DE 1/2\" TENSIONADO 16,9 TON. SUMINISTRO E INSTALACIÓN, TENSIONAMIENTO, MANO DE OBRA, EQUIPOS EN GENERAL.","TON-M",3131,"Actualización MO 2022"]
["Antiguo","CONCRETO Y ACERO PARA ESTRUCTURAS",6273,"CABLE DE REFORZAMIENTO EXTERNO DE 5/8\" TENSIONADO 46,5 TON. TENSIONAMIENTO, MANO DE OBRA, EQUIPOS EN GENERAL.","TON-M",1372,"Actualización MO 2022"]
["Antiguo","CONCRETO Y ACERO PARA ESTRUCTURAS",6274,"HERRAJES. SUMINISTRO E INSTALACIÓN. INCLUYE MATERIALES Y MANO DE OBRA.","KG",20242,"Actualización MO 2022"]
["Antiguo","PUENTES",6275,"REPARACIÓN DE SOLDADURAS JUNTAS A FILETE, CON REMOCIÓN DE PINTURA EXISTENTE, REMOCIÓN DEL DEFECTO MEDIANTE DISCO DE CORTE DE 1/8\" PARA GENERAR BISEL Y LUEGO DISCO DE PULIDO DE 1/4\" PARA MEJORAR INCLINACIÓN DE CARAS Y FACILITAR PROCESO DE COLOCACIÓN DE MATERIAL DE APORTE. INCLUYE: GATEO MEDIANTE TUBERÍA Y GATOS HIDRÁULICO DE 100 TON EN 2 PUNTOS PARA SOPORTE DE TRAMOS A REPARAR; REMOCIÓN DE PINTURA, APLICACIÓN DE CORDÓN DE SOLDADURA 7018 X1/8\" CON ADECUADA PENETRACIÓN; APLICACIÓN DE CORDÓN DE PRESENTACIÓN EN 5/32\", APLICACIÓN DE ANTICORROSIVO A BASE DE CROMATO DE ZINC Y ESMALTE EN 5 MILS; EQUIPO, ANDAMIO, MATERIALES, HERRAMIENTA Y MANO DE OBRA.","ML",75210,"Actualización MO 2022"]
["Antiguo","PUENTES",6276,"REPARACIÓN DE SOLDADURAS JUNTAS A TOPE, CON REMOCIÓN DE PINTURA EXISTENTE, REMOCIÓN DEL DEFECTO MEDIANTE DISCO DE CORTE DE 1/8\" PARA GENERAR BISEL Y LUEGO DISCO DE PULIDO PARA AMPLIAR EL TAMAÑO DEL MISMO. INCLUYE: GATEO MEDIANTE TUBERÍA Y GATOS HIDRÁULICO DE 100 TON EN 2 PUNTOS PARA SOPORTE DE TRAMOS A REPARAR; REMOCIÓN DE PINTURA, APLICACIÓN DE CORDÓN DE SOLDADURA (PASE A RAÍZ) CON ELECTRODO E-6010 DE 1/8\", Y APLICACIÓN DE PASES SUCESIVOS NECESARIOS CON ELECTRO E-7018 DE 1/8\" Y 5/32\" PARA LLENAR EL BISEL GENERADO HASTA UN MÁXIMO DE 12 MM; APLICACIÓN DE ANTICORROSIVO A BASE DE CROMATO DE ZINC Y ESMALTE EN 5 MILS; EQUIPO, ANDAMIO, MATERIALES, HERRAMIENTA Y MANO DE OBRA.","ML",81704,"Actualización MO 2022"]
["Antiguo","PUENTES",6278,"MORTERO MODIFICADO CON RESINA ACRÍLICA DE DOS COMPONENTES PARA REPARACIONES ESTRUCTURALES. RESTITUCIÓN DE VOLUMEN REGATAS, EN TABLERO. INCLUYE TODOS LOS COSTOS DE SUMINISTRO DE MATERIALES, EQUIPOS (HERRAMIENTA MENOR, ANDAMIOS, LIMPIEZA AIRE A PRESIÓN), TRANSPORTES, MANEJO, ALMACENAMIENTO, DESPERDICIOS, CARGUE Y TRANSPORTE DE MATERIALES SOBRANTES A BOTADERO AUTORIZADO Y MANO DE OBRA.","ML",48950,"Actualización MO 2022"]
["Antiguo","PUENTES",6279,"RESTITUCIÓN DE VOLUMEN REGATAS, EN ZONAS DE SANEADO DE REFUERZO CON MORTERO MODIFICADO CON RESINA ACRÍLICA DE DOS COMPONENTES PARA REPARACIONES ESTRUCTURALES. INCLUYE TODOS LOS COSTOS DE SUMINISTRO DE MATERIALES, EQUIPOS, HERRAMIENTA MENOR, ANDAMIOS, LIMPIEZA AIRE A PRESIÓN, TRANSPORTES, MANEJO, ALMACENAMIENTO, DESPERDICIOS, CARGUE Y TRANSPORTE DE MATERIALES SOBRANTES A BOTADERO AUTORIZADO Y MANO DE OBRA.","ML",47314,"Actualización MO 2022"]
["Antiguo","PUENTES",6280,"CONSTRUCCIÓN EN TRAMOS DE PLACA DE PISO DE PUENTE E=0,10M CONCRETO FC=21,1 MPA, CONFORMADA CON METALDECK 2\", CAL 20. INCLUYE SELLO ELASTOMÉRICO DE JUNTAS ENTRE LÁMINAS, ADHESIVO ESPECIAL PARA EL PEGADO PLÁSTICO DE METALES MONOCOMPONENTE Y LIBRE DE SOLVENTES. INCLUYE INSTALACIÓN DE CONECTORES DE CORTANTE EN ÁNGULO DE 2-1/2\"X3/16\" H=9CM, EN CADA VALLE Y SELLO ENTRE LÁMINAS.","M2",144160,"Actualización MO 2022"]
["Antiguo","PUENTES",6281,"RESTITUCIÓN RECUBRIMIENTO DE TABLERO O VIGAS CABEZAL, EN ZONAS DE SANEADO DE REFUERZO O DONDE EXISTA PÉRDIDA DE RECUBRIMIENTO, CON MORTERO MODIFICADO CON RESINA ACRÍLICA DE DOS COMPONENTES PARA REPARACIONES ESTRUCTURALES. INCLUYE TODOS LOS COSTOS DE SUMINISTRO DE MATERIALES, EQUIPOS, HERRAMIENTA MENOR, ANDAMIOS, LIMPIEZA AIRE A PRESIÓN, TRANSPORTES, MANEJO, ALMACENAMIENTO, DESPERDICIOS, CARGUE Y TRANSPORTE DE MATERIALES SOBRANTES A BOTADERO AUTORIZADO Y MANO DE OBRA.","M2",55223,"Actualización MO 2022"]
["Antiguo","PUENTES",6282,"RESTITUCIÓN RECUBRIMIENTO COLUMNAS, EN ZONAS DE ADICIÓN DE REFUERZO CON MORTERO MODIFICADO CON RESINA ACRÍLICA DE DOS COMPONENTES PARA REPARACIONES ESTRUCTURALES. INCLUYE TODOS LOS COSTOS DE SUMINISTRO DE MATERIALES, EQUIPOS, HERRAMIENTA MENOR, ANDAMIOS, LIMPIEZA AIRE A PRESIÓN, TRANSPORTES, MANEJO, ALMACENAMIENTO, DESPERDICIOS, CARGUE Y TRANSPORTE DE MATERIALES SOBRANTES A BOTADERO AUTORIZADO Y MANO DE OBRA.","M2",54890,"Actualización MO 2022"]
["Antiguo","PUENTES",6283,"RESTITUCIÓN RECUBRIMIENTO EN ZONAS DE DESCASCARAMIENTOS O FISURAMIENTOS SUPERFICIALES EN BORDILLOS O SEPARADORES CON SANEADO DE REFUERZO DONDE EXISTA PÉRDIDA DE RECUBRIMIENTO. INCLUYE TODOS LOS COSTOS DE SUMINISTRO DE MATERIALES, EQUIPOS, TRANSPORTES, MANEJO, ALMACENAMIENTO, DESPERDICIOS, CARGUE Y TRANSPORTE DE MATERIALES SOBRANTES A BOTADERO AUTORIZADO Y MANO DE OBRA.","M2",157784,"Actualización MO 2022"]
["Antiguo","PUENTES",6284,"RESTITUCIÓN RECUBRIMIENTO VIGAS CABEZAL, EN ZONAS DE SANEADO DE REFUERZO O DONDE EXISTA PÉRDIDA DE RECUBRIMIENTO CON MORTERO MODIFICADO CON RESINA ACRÍLICA DE DOS COMPONENTES PARA REPARACIONES ESTRUCTURALES. INCLUYE TODOS LOS COSTOS DE SUMINISTRO DE MATERIALES, EQUIPOS HERRAMIENTA MENOR, ANDAMIOS, LIMPIEZA AIRE A PRESIÓN, TRANSPORTES, MANEJO, ALMACENAMIENTO, DESPERDICIOS, CARGUE Y TRANSPORTE DE MATERIALES SOBRANTES A BOTADERO AUTORIZADO Y MANO DE OBRA.","M2",55381,"Actualización MO 2022"]
["Antiguo","PUENTES",6285,"RESTITUCIÓN CONCRETO DE TOPES SÍSMICOS CON MORTERO MODIFICADO CON RESINA ACRÍLICA DE DOS COMPONENTES PARA REPARACIONES ESTRUCTURALES. INCLUYE TODOS LOS COSTOS DE SUMINISTRO DE MATERIALES, EQUIPOS, HERRAMIENTA MENOR, ANDAMIOS, LIMPIEZA AIRE A PRESIÓN, TRANSPORTES, MANEJO, ALMACENAMIENTO, DESPERDICIOS, CARGUE Y TRANSPORTE DE MATERIALES SOBRANTES A BOTADERO AUTORIZADO Y MANO DE OBRA.","M3",481770,"Actualización MO 2022"]
["Antiguo","PUENTES",6286,"RESTITUCIÓN DE MURO EN MAMPOSTERÍA ESTRUCTURAL, PARA PROTECCIÓN DE ZONAS ALEDAÑAS A LOS ESTRIBOS, INCLUYE MANO DE OBRA, MATERIALES NECESARIOS, ACERO DE REFUERZO Y GROUTING DE RELLENO.","M2",86649,"Actualización MO 2022"]
["Antiguo","PUENTES",6287,"SELLADO DE FISURAS DE ESPESOR MAYOR A 0,5 MM, CON MASILLA ELÁSTICA, SELLANTE DE UN COMPONENTE, CON BASE EN POLIURETANO, CON PROCESO DE CURADO EN PRESENCIA DE HUMEDAD DEL AMBIENTE. MEDIANTE INSTALACIÓN DE BOQUILLAS Y APLICACIÓN DE GEL SELLANTE SUPERFICIAL, RECUBRIMIENTO INHIBIDOR PROTECTOR DE CORROSIÓN MODIFICADO CON RESINA ACRÍLICA DE DOS COMPONENTES QUE IMPIDA LA OXIDACIÓN DEL ACERO DE REFUERZO. INCLUYE TODOS LOS COSTOS DE SUMINISTRO DE MATERIALES, BOQUILLAS, APLICACIÓN, EQUIPOS, TRANSPORTES, MANEJO, ALMACENAMIENTO, DESPERDICIOS Y MANO DE OBRA.","ML",21466,"Actualización MO 2022"]
["Antiguo","PUENTES",6288,"SELLADO DE FISURAS ENTRE 0,1 Y 1,0 MM MEDIANTE INYECCIÓN DE RESINA EPÓXICA DE BAJA VISCOSIDAD, ALTA RESISTENCIA, INSENSIBLE A LA HUMEDAD Y ALTO MÓDULO ELÁSTICO SEGÚN NORMA ASTM C-88-1-90 TIPO IV. INCLUYE TODOS LOS COSTOS DE SUMINISTRO DE MATERIALES, APLICACIÓN, EQUIPOS, TRANSPORTES, MANEJO, ALMACENAMIENTO, DESPERDICIOS Y MANO DE OBRA.","ML",18232,"Actualización MO 2022"]
["Antiguo","PUENTES",6289,"SELLADO DE FISURAS ESPESOR MENOR A 1 MM MEDIANTE INYECCIÓN DE RESINA EPÓXICA DE BAJA VISCOSIDAD, ALTA RESISTENCIA, INSENSIBLE A LA HUMEDAD Y ALTO MÓDULO ELÁSTICO SEGÚN NORMA ASTM C-88-1-90 TIPO IV . INCLUYE TODOS LOS COSTOS DE SUMINISTRO DE MATERIALES, APLICACIÓN, EQUIPOS, TRANSPORTES, MANEJO, ALMACENAMIENTO, DESPERDICIOS Y MANO DE OBRA.","ML",22825,"Actualización MO 2022"]
["Antiguo","PUENTES",6290,"SUMINISTRO DE CONECTORES DE CORTANTES O PLATINAS EN ACERO A-36. (INCLUYE MATERIAL, CORTE CON TORTUGA, TRANSPORTES REQUERIDOS DESDE ALMACÉN A TALLER Y A OBRA)","KG",24845,"Actualización MO 2022"]
["Antiguo","PUENTES",6291,"DEMARCACIÓN DE DILATACIÓN MEDIANTE CORTE DEL CONCRETO Y RELLENO CON CINTA O FONDO DE JUNTA EN ESPUMA DE POLIETILENO DE BAJA DENSIDAD DE CELDA CERRADA PREFORMADO, PARA APLICAR MASILLAS EN FRÍO. DE Ø1/4\" (6MM).","ML",12211,"Actualización MO 2022"]
["Antiguo","PUENTES",6292,"CINTA FLEXIBLE PARA SELLO PRIMARIO DE PVC. BANDA ELABORADA CON RESINAS DE CLORURO DE POLIVINILO TERMOPLÁSTICO. NORMA CRD-C 572-74. SUMINISTRO E INSTALACIÓN. PARA EVITAR LA FILTRACIÓN DE HUMEDAD A TRAVÉS DE LA CONTINUIDAD DE PLACA CONSTRUIDA EN LAS ZONAS DE JUNTA. INCLUYE TODOS LOS COSTOS DE SUMINISTRO DE MATERIALES, EQUIPOS, TRANSPORTES, MANEJO, ALMACENAMIENTO, DESPERDICIOS Y MANO DE OBRA.","KG",19776,"Actualización MO 2022"]
["Antiguo","PUENTES",6294,"REPARACIÓN DE BARANDAS EXISTENTES. INCLUYE LIMPIEZA, MORTERO DE REPARACIÓN, INHIBIDOR DE CORROSIÓN, PINTURA ANTICARBONATACIÓN, SUMINISTRO DE MANO DE OBRA, EQUIPOS Y MANEJO DE DESPERDICIOS.","ML",34502,"Actualización MO 2022"]
["Antiguo","PUENTES",6295,"REPARACIÓN DE BARANDAS EXISTENTES TYPO NEW JERSEY. INCLUYE LIMPIEZA, MORTERO DE REPARACIÓN, INHIBIDOR DE CORROSIÓN, PINTURA ANTICARBONATACIÓN, PINTURA REFLECTIVA, SUMINISTRO DE MANO DE OBRA, EQUIPOS Y MANEJO DE DESPERDICIOS.","ML",34461,"Actualización MO 2022"]
["Antiguo","PUENTES",6296,"BARRERA DE SEGURIDAD LATERAL EN CONCRETO 3500 PSI SEGÚN DISEÑO. INCLUYE ANCLAJES A ESTRUCTURA EXISTENTE, COLOCACIÓN DE REFUERZO, FUNDICIÓN EN CONCRETO, CURADO, SUMINISTRO DE MANO DE OBRA, EQUIPOS, MATERIALES Y MANEJO DE DESPERDICIOS.","ML",48887,"Actualización MO 2022"]
["Antiguo","PUENTES",6297,"RECALCE DE COLUMNA EN CONCRETO DE FC= 4000 PSI HECHO EN OBRA AUTOCOMPACTANTE DE BAJA RETRACCIÓN GRAVA FINA NORMA ASTM 1107 Y ASTM C-827 CON A/C <0.45m. INCLUYE TODOS LOS COSTOS DE SUMINISTRO MATERIALES (HERRAMIENTA MENOR, FORMALETA, PARALES, VIBRADORES, CAMISAS PARA CILINDROS-8 UNIDADES, PROVISIONAL DE ENERGÍA), TRANSPORTES, MANEJO, ALMACENAMIENTO, DESPERDICIOS, CARGUE Y TRANSPORTE DE MATERIALES SOBRANTES Y  MANO DE OBRA.","M3",541845,"Actualización MO 2022"]
["Antiguo","PUENTES",6298,"CONCRETO DE FC=3500 PSI GRAVA FINA PARA MÉNSULAS Y TOPES SÍSMICOS. CONCRETO PREMEZCLADO SEGÚN LA ESPECIFICACIÓN PARTICULAR DEL DISEÑO. SUMINISTRO E INSTALACIÓN. INCLUYE TODOS LOS COSTOS DE SUMINISTRO DE MATERIALES, EQUIPOS, TRANSPORTES, MANEJO, ALMACENAMIENTO, DESPERDICIOS, CARGUE Y TRANSPORTE DE MATERIALES SOBRANTES, MANO DE OBRA Y LA COLOCACIÓN EN EL SITIO ESPECIFICADO EN LOS DISEÑOS.","M3",452203,"Actualización MO 2022"]
["Antiguo","ANDENES Y SARDINELES",6299,"CONCRETO PARA ANDENES, ESCOBEADO Y FUNDIDO EN SITIO E= 0,10 M. SUMINISTRO Y COLOCACIÓN.","M3",464908,"Actualización MO 2022"]
["Antiguo","PUENTES",6300,"CONCRETO DE FC=3500 PSI GRAVA COMÚN ADICIONANDO MICROFIBRA DE POLIPROPILENO PARA CONCRETO Y MORTERO, PARA TABLERO DE PUENTE. SUMINISTRO Y COLOCACIÓN. CONCRETO PREMEZCLADO SEGÚN LA ESPECIFICACIÓN PARTICULAR DEL DISEÑO. INCLUYE TODOS LOS COSTOS DE SUMINISTRO DE MANO DE OBRA, MATERIALES, EQUIPOS, TRANSPORTES, MANEJO, ALMACENAMIENTO, DESPERDICIOS, CARGUE Y TRANSPORTE DE MATERIALES SOBRANTES. PROYECTO EL TUNAL","M3",527019,"Actualización MO 2022"]
["Antiguo","PUENTES",6301,"RECALCE Y REFORZAMIENTO DE ZAPATAS, EN ZONAS DE ADICIÓN DE REFUERZO, CON CONCRETO DE FC=3500 PSI GRAVA COMÚN Y MORTERO MODIFICADO CON RESINA ACRÍLICA DE DOS COMPONENTES PARA REPARACIONES ESTRUCTURALES. SUMINISTRO Y COLOCACIÓN. INCLUYE TODOS LOS COSTOS DE SUMINISTRO DE MATERIALES, EQUIPOS, HERRAMIENTA MENOR, ANDAMIOS, LIMPIEZA, ETC.","M3",675891,"Actualización MO 2022"]
["Antiguo","PUENTES",6302,"RECALCE Y REFORZAMIENTO DE ZAPATAS, EN ZONAS DE ADICIÓN DE REFUERZO, CON CONCRETO DE FC=3000 PSI GRAVA COMÚN Y MORTERO MODIFICADO CON RESINA ACRÍLICA DE DOS COMPONENTES PARA REPARACIONES ESTRUCTURALES. SUMINISTRO Y COLOCACIÓN. INCLUYE TODOS LOS COSTOS DE SUMINISTRO DE MATERIALES, EQUIPOS, HERRAMIENTA MENOR, ANDAMIOS, LIMPIEZA, ETC.","M3",572952,"Actualización MO 2022"]
["Antiguo","PAVIMENTOS",6303,"FRESADO PAVIMENTO EXISTENTE, E= 5 CM, INCLUYE CARGUE Y TRANSPORTE A ESCOMBRERA DE MATERIAL SOBRANTE.","M2",6199,"Actualización MO 2022"]
["Antiguo","ANÁLISIS AUXILIARES",6304,"LIMPIEZA MECÁNICA MEDIANTE PULIDORA CON CEPILLO DE CERDAS DE ALAMBRE EN SITIOS CON PRESENCIA DE CORROSIÓN ELIMINANDO COMPLETAMENTE CORROSIÓN Y ÓXIDO DEL ELEMENTO","M2",6220,"Actualización MO 2022"]
["Antiguo","ANÁLISIS AUXILIARES",6305,"SANDBLASTING APLICADO EN SITIO GRADO SSPC-SP6 (METAL GRIS COMERCIAL) EN ELEMENTOS TIPO VIGA PARA REMOCIÓN DE OXIDACIÓN.","M2",14784,"Actualización MO 2022"]
["Antiguo","ANÁLISIS AUXILIARES",6306,"LIMPIEZA PROFUNDA DE LA JUNTA. INCLUYE RETIRO DE MATERIAL EN LA CAVIDAD EXISTENTE ENTRE LA SUPERFICIE EXTERNA DE LA VIGA Y EL ESPALDAR DEL ESTRIBO MEDIANTE HIDROLAVADO Y TALADRO LUEGO DEL VACIADO DE LOS PRIMEROS 8 CMS DE LA CAJUELA DE LA JUNTA, EN FORMA TAL QUE SE PERMITA LA INSTALACIÓN DE LOS NEOPRENOS PROYECTADOS; INCLUYE TODOS LOS COSTOS DE SUMINISTRO DE MATERIALES, EQUIPOS, TRANSPORTES, MANEJO, ALMACENAMIENTO, DESPERDICIOS, CARGUE Y TRANSPORTE DE MATERIALES SOBRANTES A ESCOMBRERAS AUTORIZADAS Y MANO DE OBRA.","ML",8427,"Actualización MO 2022"]
["Antiguo","PAVIMENTOS",6307,"IMPRIMACIÓN CON EMULSIÓN ASFÁLTICA CRR-1 (SUMINISTRO, BARRIDO SUPERFICIE Y RIEGO)","M2",1939,"Actualización MO 2022"]
["Antiguo","ANÁLISIS AUXILIARES",6308,"LAVADO DE ESTRUCTURA EN CONCRETO Y/O METÁLICAS. INCLUYE ALQUILER DE HIDROLAVADORA A GASOLINA PRESION 3200 PSI. INCLUYE ANDAMIO TUBULAR, PLANTA ELÉCTRICA, CARROTANQUE IRRIGADOR DE AGUA, COMBUSTIBLE Y MANO DE OBRA.","M2",3022,"Actualización MO 2022"]
["Antiguo","GEOSINTETICOS",6309,"GEOMALLA FORTGRID BX-50. SUMINISTRO E INSTALACIÓN.","M2",12330,"Actualización MO 2022"]
["Valor de referencia","MANTENIMIENTO Y REHABILITACION DE VIAS",6311,"REHABILITACIÓN DE PAVIMENTO RÍGIDO: LOSAS EN CONCRETO HIDRÁULICO MR45 E=0.24M PARA TRONCAL","M2",323339,"Actualización MO 2022"]
["Antiguo","PAVIMENTOS",6313,"MEZCLA ASFÁLTICA DENSA EN CALIENTE MD12 CON CEMENTO ASFÁLTICO 60-70 (SUMINISTRO, EXTENDIDO, NIVELACIÓN Y COMPACTACIÓN MECANICA CON VIBROCOMPACTADOR Y COMPACTADOR DE LLANTAS)","M3",630525,"Actualización MO 2022"]
["Antiguo","PAVIMENTOS",6314,"MEZCLA ASFÁLTICA EN CALIENTE TIPO DENSO MD10 ASFALTO CONVENCIONAL (CEMENTO ASFÁLTICO 60-70) (SUMINISTRO, EXTENDIDO, NIVELACIÓN Y COMPACTACIÓN MECANICA CON VIBROCOMPACTADOR Y COMPACTADOR DE LLANTAS)","M3",645400,"Actualización MO 2022"]
["Antiguo","PAVIMENTOS",6315,"MEZCLA ASFÁLTICA EN CALIENTE TIPO DENSO MD10 ASF CONVENCIONAL (CEMENTO ASFÁLTICO 60-70) (SUMINISTRO, EXTENDIDO Y NIVELACIÓN MANUAL Y COMPACTACIÓN MECANICA CON VIBROCOMPACTADOR BENITIN DE 1 TONELADA)","M3",655277,"Actualización MO 2022"]
["Antiguo","PAVIMENTOS",6316,"MEZCLA ASFALTICA EN CALIENTE TIPO DENSO MD12 ASF CONVENCIONAL CON CEMENTO ASFÁLTICO 60-70 (SUMINISTRO, EXTENDIDO Y NIVELACIÓN MANUAL Y COMPACTACIÓN MECANICA CON VIBROCOMPACTADOR BENITIN DE 1 TONELADA INCLUYE OPERARIO Y COMBUSTIBLE)","M3",686282,"Actualización MO 2022"]
["Antiguo","CONCRETO Y ACERO PARA ESTRUCTURAS",6317,"CONCRETO TREMIE DE 3000 PSI PARA CAISSON D= 1.50M. SUMINISTRO Y COLOCACIÓN. INCLUYE ACELERANTE, ALQUILER DE EQUIPO DE PERFORACIÓN CON OPERARIO, MOTOBOMBA, BENTONITA, MANO DE OBRA, TRANSPORTE Y DISPOSICIÓN FINAL DE ESCOMBROS EN SITIO AUTORIZADO, DISTANCIA DE TRANSPORTE 21 KM Y CAMISA METÁLICA PERDIDA.","ML",4809630,"Actualización MO 2022"]
["Antiguo","ANÁLISIS AUXILIARES",6318,"ALQUILER DE PORTATIL. CARACTERÍSTICAS: PROCESADOR INTEL, CORE I3 4005U, CELERON O SIMILAR, MEMORIA RAM DE 4 GB ( 2 X 2048 MB)DISCO DURO DE 500GB A 7200 RPMPANTALLA LED HP BRIGHTVIEW WIDESCREEN DE ALTA DEFINICIÓN CON 35,6 CM (14\") O SIMILAR, HD INTEL GRAPHIC HD4400UNIDAD DE DVD QUEMADORBLUETOOTH","UN/MES",136170,"Actualización MO 2022"]
["Antiguo","CONCRETO Y ACERO PARA ESTRUCTURAS",6319,"CONCRETO TREMIE DE 3000 PSI PARA CAISSON D= 1.20 M. SUMINISTRO E INSTALACIÓN. INCLUYE ACELERANTE, ALQUILER DE EQUIPO DE PERFORACIÓN CON OPERARIO, MOTOBOMBA, MANO DE OBRA, TRANSPORTE Y DISPOSICIÓN FINAL DE ESCOMBROS EN SITIO AUTORIZADO, DISTANCIA DE TRANSPORTE 21 KM Y CAMISA METÁLICA PERDIDA.","ML",3248619,"Actualización MO 2022"]
["Antiguo","REDES ELECTRICAS",6320,"POSTE METÁLICO AP, H=12M (INC. SUMINISTRO, IZAJE, APLOMADO E INSTALACIÓN. INC. BRAZO SENCILLO Y BASE SEGÚN NORMA AP802)","UN",2390259,"Actualización MO 2022"]
["Antiguo","CONCRETO Y ACERO PARA ESTRUCTURAS",6321,"CONCRETO 4000 PSI GRAVA COMÚN PREMEZCLADO PARA TABLERO PUENTE (INCLUYE SUMINISTRO E INSTALACIÓN, BOMBEO DE CONCRETO, ADITIVO PARA PUENTE DE ADHERENCIA DE CONCRETO FRESCO Y ENDURECIDO).","M3",624873,"Actualización MO 2022"]
["Antiguo","GEOSINTETICOS",6322,"NEOPRENO REFORZADO 0.30X0.30X3 CM DOBLE REFUERZO DUREZA 60. SUMINISTRO E INSTALACIÓN. (INCLUYE LIMPIEZA DE LA SUPERFICIE CON CHORRO DE AIRE A PRESIÓN, HERRAMIENTA MENOR Y COMPRESOR).","UN",200578,"Actualización MO 2022"]
["Antiguo","CONCRETO Y ACERO PARA ESTRUCTURAS",6323,"CONCRETO 3000 PSI HECHO EN OBRA PARA MURO (HASTA 3.70 M DE ALTO. INCL. SUMINISTRO E INSTALACIÓN, GEODREN PLANAR _H= 1.0 M, EXCAVACIÓN, RETIRO DE ESCOMBROS, MORTERO, RECEBO COMPACTADO Y ACERO DE REFUERZO)","ML",669146,"Actualización MO 2022"]
["Antiguo","GEOSINTETICOS",6324,"NEOPRENO REFORZADO 0.30X0.30X1 CM DOBLE REFUERZO DUREZA 60. SUMINISTRO E INSTALACIÓN. (INCLUYE LIMPIEZA DE LA SUPERFICIE CON CHORRO DE AIRE A PRESIÓN, HERRAMIENTA MENOR Y COMPRESOR).","UN",81524,"Actualización MO 2022"]
["Antiguo","REDES ELECTRICAS",6325,"DESMONTE DE LUMINARIA DE 70 W","UN",83496,"Actualización MO 2022"]
["Antiguo","ACTIVIDADES DE CONSERVACION",6326,"PIEDRA RAJÓN PARA PROTECCIÓN DEL CANAL E= 30 CM INCLUYE MORTERO 2500 PSI PARA PEGA E= 10 CM (INCLUYE SUMINISTRO E INSTALACIÓN)","M3",127098,"Actualización MO 2022"]
["Antiguo","REDES ALCANTARILLADO / DRENAJE",6327,"PRUEBA DE HERMETICIDAD POR EL MÉTODO DE PRESIÓN POSITIVA CON AIRE PARA LAS REDES DE ALCANTARILLADO SANITARIO DE ACUERDO A LAS NORMAS TÉCNICAS VIGENTES (E.A.A.B - SISTECNE_12). TRAMO DE Ø6\" A Ø12\".","TRAMO",571200,"Actualización MO 2022"]
["Antiguo","REDES ALCANTARILLADO / DRENAJE",6328,"PRUEBA DE HERMETICIDAD POR EL MÉTODO DE PRESIÓN POSITIVA CON AIRE PARA LAS REDES DE ALCANTARILLADO SANITARIO DE ACUERDO A LAS NORMAS TÉCNICAS VIGENTES (E.A.A.B - SISTECNE_12). TRAMO DE Ø14\" A Ø24\".","TRAMO",642600,"Actualización MO 2022"]
["Antiguo","REDES ALCANTARILLADO / DRENAJE",6329,"PRUEBA DE HERMETICIDAD POR EL MÉTODO DE PRESIÓN POSITIVA CON AIRE PARA LAS REDES DE ALCANTARILLADO SANITARIO DE ACUERDO A LAS NORMAS TÉCNICAS VIGENTES (E.A.A.B - SISTECNE_12). TRAMO DE Ø42\" A Ø50\".","TRAMO",757125,"Actualización MO 2022"]
["Antiguo","ANÁLISIS AUXILIARES",6333,"GAVIONES - SUMINISTRO Y CONSTRUCCIÓN. INCLUYE RAJÓN, MALLA PARA GAVIONES Y ALAMBRE RECOCIDO.","M3",178264,"Actualización MO 2022"]
["Antiguo","CONCRETO Y ACERO PARA ESTRUCTURAS",6335,"TUBO GALVANIZADO 3\". GOTERO. INCLUYE SUMINISTRO E INSTALACIÓN","ML",32984,"Actualización MO 2022"]
["Antiguo","PUENTES",6339,"IZAJE Y DESMONTAJE DE VIGA METÁLICA EXISTENTE. INCLUYE GRÚAS TELESCÓPICAS 50 TON, CARGUE Y TRANSPORTE DE ESTRUCTURA METÁLICA EN CAMA BAJA.","UN",5912655,"Actualización MO 2022"]
["Antiguo","ANÁLISIS AUXILIARES",6340,"SUELO MECÁNICAMENTE REFORZADO. (SUMINISTRO E INSTALACIÓN, INCLUYE GEOTEXTIL NT 2500, GEOMALLA BIAXIAL BX-60, MATERIAL SELECCIONADO, TRANSPORTE Y DISPOSICIÓN DE ESCOMBROS)","M3",186989,"Actualización MO 2022"]
["Antiguo","REDES ALCANTARILLADO / DRENAJE",6341,"CAJA DESARENADORA - SUMINISTRO Y CONSTRUCCIÓN SEGÚN DISEÑO. INCLUYE LADRILLO TOLETE COMÚN, MORTERO 1:3 IMPERMEABILIZADO, CONCRETO DE LIMPIEZA 2500 PSI, PLACA INFERIOR Y ACERO DE REFUERZO.","UN",562440,"Actualización MO 2022"]
["Antiguo","REDES ALCANTARILLADO / DRENAJE",6342,"ESTRUCTURA DE DISIPACIÓN COLECTOR DE 1.20 M EN CONCRETO IMPERMEABILIZADO 4000 PSI, SEGÚN DISEÑO. INCLUYE SUMINISTRO, CONSTRUCCIÓN, ACERO DE REFUERZO Y FORMALETA, ENCOFRADO Y DESENCOFRADO.","UN",5482831,"Actualización MO 2022"]
["Antiguo","PAVIMENTOS",6343,"JUNTA DE DILATACIÓN TRAMOS 1.00 M (MOVIMIENTO +/- 25 MM)","ML",781340,"Actualización MO 2022"]
["Antiguo","PAVIMENTOS",6344,"MEZCLA ASFÁLTICA EN FRÍO. (SUMINISTRO, EXTENDIDO, NIVELACIÓN Y COMPACTACIÓN MECANICA CON VIBROCOMPACTADOR Y COMPACTADOR DE LLANTAS)","M3",2425095,"Actualización MO 2022"]
["Antiguo","PAVIMENTOS",6345,"MEZCLA ASFÁLTICA EN FRÍO. E= 0.05 M - 0.10 M (SUMINISTRO, EXTENDIDO, NIVELACIÓN Y COMPACTACIÓN MECANICA CON VIBROCOMPACTADOR Y COMPACTADOR DE LLANTAS).","M2",289950,"Actualización MO 2022"]
["Antiguo","DEMOLICIONES",6346,"RETIRO DE TUBERÍA METÁLICA EXISTENTE. INCLUYE TRANSPORTE Y DISPOSICIÓN FINAL.","ML",27789,"Actualización MO 2022"]
["Antiguo","SEÑALIZACIÓN",6352,"PINTURA RECUBRIMIENTO ELÁSTICO EN RESINA ACRÍLICA APLICADA SOBRE CONCRETO. DOS (2) MANOS. INCLUYE SUMINISTRO Y COLOCACIÓN DE PINTURA.","M2",61396,"Actualización MO 2022"]
["Antiguo","CONCRETO Y ACERO PARA ESTRUCTURAS",6353,"ANCLAJE EPÓXICO DE VARILLA DE 3/4\" SUMINISTRO E INSTALACIÓN EN ALTURA. (incluye la deteccion de refuerzo para perforacion, la perforacion, limpieza de la perforacion con chorro de aire, suministro de materiales (relleno epoxico ETo equivalente, brocas), equipos, transportes, manejo, almacenamiento, manejo de desperdicios, mano de obra y andamio tubular)","CM.PER",1866,"Actualización MO 2022"]
["Antiguo","SEÑALIZACIÓN",6364,"SEÑAL ELEVADA BS, TABLERO 3.097M X 2.228M REFLECTIVO DIAMANTE, SOPORTE EN TUBO GALVANIZADO DE 12\" EN 7M. CERCHA EN TUBO DE 4\" EN 3MM Y 2\" EN 2MM. INCLUYE SUMINISTRO E INSTALACIÓN","UN",6069476,"Actualización MO 2022"]
["Antiguo","SEÑALIZACIÓN",6365,"SEÑAL INFORMATIVA SI-05, TABLERO 1.401M X 0.512M REFLECTIVO ALTA INTENSIDAD, PEDESTAL EN ÁNGULO DE 2\"X2\"X1/4\" H= 2.60M EN PINTURA ELECTROSTÁTICA. INCLUYE SUMINISTRO E INSTALACIÓN","UN",719667,"Actualización MO 2022"]
["Antiguo","SEÑALIZACIÓN",6366,"SEÑAL INFORMATIVA SI-05, TABLERO 1.167M X 0.512M REFLECTIVO ALTA INTENSIDAD, PEDESTAL EN ÁNGULO DE 2\"X2\"X1/4\" H= 2.60M EN PINTURA ELECTROSTÁTICA. INCLUYE SUMINISTRO E INSTALACIÓN","UN",719667,"Actualización MO 2022"]
["Antiguo","SEÑALIZACIÓN",6367,"SEÑAL INFORMATIVA SI-05, TABLERO 1.190M X 0.512M REFLECTIVO ALTA INTENSIDAD, PEDESTAL EN ÁNGULO DE 2\"X2\"X1/4\" H= 2.60M EN PINTURA ELECTROSTÁTICA. INCLUYE SUMINISTRO E INSTALACIÓN","UN",719667,"Actualización MO 2022"]
["Antiguo","SEÑALIZACIÓN",6371,"SEÑAL ELEVADA BS, TABLERO 2.414M X 1.380M REFLECTIVO DIAMANTE, SOPORTE EN TUBO GALVANIZADO DE 12\" EN 7M. CERCHA EN TUBO DE 4\" EN 3MM Y 2\" EN 2MM. INCLUYE SUMINISTRO E INSTALACIÓN","UN",6069476,"Actualización MO 2022"]
["Antiguo","SEÑALIZACIÓN",6372,"SEÑAL ELEVADA BS, TABLERO 3.322M X 2.111M REFLECTIVO DIAMANTE, SOPORTE EN TUBO GALVANIZADO DE 12\" EN 7M. CERCHA EN TUBO DE 4\" EN 3MM Y 2\" EN 2MM. INCLUYE SUMINISTRO E INSTALACIÓN","UN",6903071,"Actualización MO 2022"]
["Antiguo","SEÑALIZACIÓN",6373,"REEMPLAZO DE TABLERO SEÑAL ELEVADA BS, POR TABLERO GALVANIZADO CALIBRE 20 3.914M X 1.972M REFLECTIVO DIAMANTE. INCLUYE SUMINISTRO E INSTALACIÓN","UN",3808000,"Actualización MO 2022"]
["Antiguo","SEÑALIZACIÓN",6374,"SEÑAL INFORMATIVA SI-05C, TABLERO 60.64CM X 82.50CM REFLECTIVO ALTA INTENSIDAD, PEDESTAL EN ÁNGULO DE 2\"X2\"X1/4\" H= 2.60M EN PINTURA ELECTROSTÁTICA. INCLUYE SUMINISTRO E INSTALACIÓN","UN",493493,"Actualización MO 2022"]
["Antiguo","SEÑALIZACIÓN",6375,"SEÑAL INFORMATIVA SI-05C, TABLERO 75.09CM X 82.50CM REFLECTIVO ALTA INTENSIDAD, PEDESTAL EN ÁNGULO DE 2\"X2\"X1/4\" H= 2.60M EN PINTURA ELECTROSTÁTICA. INCLUYE SUMINISTRO E INSTALACIÓN","UN",493493,"Actualización MO 2022"]
["Antiguo","SEÑALIZACIÓN",6376,"SEÑAL INFORMATIVA SI-05C, TABLERO 76.09CM X 97.51CM REFLECTIVO ALTA INTENSIDAD, PEDESTAL EN ÁNGULO DE 2\"X2\"X1/4\" H= 2.60M EN PINTURA ELECTROSTÁTICA. INCLUYE SUMINISTRO E INSTALACIÓN","UN",493493,"Actualización MO 2022"]
["Antiguo","SEÑALIZACIÓN",6377,"SEÑAL INFORMATIVA SI-05C, TABLERO 75.01CM X 82.50CM REFLECTIVO ALTA INTENSIDAD, PEDESTAL EN ÁNGULO DE 2\"X2\"X1/4\" H= 2.60M EN PINTURA ELECTROSTÁTICA. INCLUYE SUMINISTRO E INSTALACIÓN","UN",493493,"Actualización MO 2022"]
["Antiguo","SEÑALIZACIÓN",6379,"SEÑAL INFORMATIVA SI-05, TABLERO 1.119M X 0.512M REFLECTIVO ALTA INTENSIDAD, PEDESTAL EN ÁNGULO DE 2\"X2\"X1/4\" H= 2.60M EN PINTURA ELECTROSTÁTICA. INCLUYE SUMINISTRO E INSTALACIÓN","UN",779450,"Actualización MO 2022"]
["Antiguo","REDES ELECTRICAS",6380,"4 DUCTOS D=3\" PVC-TDP (NO INCLUYE RELLENOS NI EXCAVACIÓN). SUMINISTRO E INSTALACIÓN.","ML",66231,"Actualización MO 2022"]
["Antiguo","REDES ELECTRICAS",6381,"9 DUCTOS D=6\" + 2 DUCTOS DE 3\" - IMC EN CERCHA METÁLICA. SUMINISTRO E INSTALACIÓN. INCLUYE CONECTOR METÁLICO DE PUESTA A TIERRA DE 3\" Y 6\" EN CADA EXTREMO.","ML",3791223,"Actualización MO 2022"]
["Antiguo","REDES ACUEDUCTO",6382,"TUBERIA PVC D=14\" TIPO U.M. RDE 21 (SUMINISTRO E INSTALACIÓN)","ML",434350,"Actualización MO 2022"]
["Antiguo","REDES ELECTRICAS",6383,"9 DUCTOS D=6\" + 2 DUCTOS DE 3\" - PVC-TDP INCLUYE SUMINISTRO E INSTALACIÓN.","ML",431329,"Actualización MO 2022"]
["Antiguo","REDES ALCANTARILLADO / DRENAJE",6387,"CÁMARA DE INSPECCIÓN (30P) EN MAMPOSTERÍA (E= 0.26M ALTURA 1.80M) Y CONCRETO PARA ALCANTARILLADO, CON DIÁMETRO 1.20M (SUMINISTRO E INSTALACIÓN. INCLUYE PLACA DE CUBIERTA PREFABRICADA D= 1.70M, ESCALERA DE GATO NORMA NORMA EAAB NS-029-11V.3.4, MATERIAL DE RELLENO ESTRUCTURAL, GEOTEXTIL, CONCRETO Y MORTERO IMPERMEABILIZADO, MATERIAL DE REEMPLAZO, EXCAVACION, ACERO DE REFUERZO, TAPA PARA POZO PLASTICA EN POLIPROPILENO, LADRILLO TOLETE RECOCIDO 24X12X6 Y EQUIPOS)","UN",13979180,"Actualización MO 2022"]
["Antiguo","REDES ALCANTARILLADO / DRENAJE",6388,"CÁMARA DE INSPECCIÓN (6P) EN MAMPOSTERÍA (E= 0.26M ALTURA 1.80M) Y CONCRETO PARA ALCANTARILLADO, CON DIÁMETRO 1.20M (SUMINISTRO E INSTALACIÓN. INCLUYE PLACA DE CUBIERTA PREFABRICADA D= 1.70M, ESCALERA DE GATO NORMA NORMA EAAB NS-029-11V.3.4, MATERIAL DE RELLENO ESTRUCTURAL, GEOTEXTIL, CONCRETO Y MORTERO IMPERMEABILIZADO, MATERIAL DE REEMPLAZO, EXCAVACION, ACERO DE REFUERZO, TAPA PARA POZO PLASTICA EN POLIPROPILENO, LADRILLO TOLETE RECOCIDO 24X12X6 Y EQUIPOS)","UN",18250625,"Actualización MO 2022"]
["Antiguo","REDES ALCANTARILLADO / DRENAJE",6389,"CÁMARA DE INSPECCIÓN (7P) EN MAMPOSTERÍA (E= 0.26M ALTURA 1.80M) Y CONCRETO PARA ALCANTARILLADO, CON DIÁMETRO 1.20M (SUMINISTRO E INSTALACIÓN. INCLUYE PLACA DE CUBIERTA PREFABRICADA D= 1.70M, ESCALERA DE GATO NORMA NORMA EAAB NS-029-11V.3.4, MATERIAL DE RELLENO ESTRUCTURAL, GEOTEXTIL, CONCRETO Y MORTERO IMPERMEABILIZADO, MATERIAL DE REEMPLAZO, EXCAVACIÓN, ACERO DE REFUERZO, TAPA PARA POZO PLÁSTICA EN POLIPROPILENO, LADRILLO TOLETE RECOCIDO 24X12X6 Y EQUIPOS)","UN",19600915,"Actualización MO 2022"]
["Antiguo","CONCRETO Y ACERO PARA ESTRUCTURAS",6392,"PILOTE PREEXCAVADO DE DIÁMETRO 30 CM CONCRETO TREMIE DE 4000 PSI (280 KG/CM2) ACELERADO A 2 DÍAS. INCLUYE ACELERANTE, ALQUILER DE EQUIPO DE PERFORACIÓN CON OPERARIO, MOTOBOMBA, BENTONITA, MANO DE OBRA, TRANSPORTE Y DISPOSICIÓN FINAL DE ESCOMBROS EN SITIO AUTORIZADO. DISTANCIA DE TRANSPORTE 21 KM.","M3",1636274,"Actualización MO 2022"]
["Antiguo","CONCRETO Y ACERO PARA ESTRUCTURAS",6393,"PILOTE PREEXCAVADO DE DIÁMETRO 45 CM CONCRETO TREMIE 4000 PSI. ACELERADO A 2 DIAS. INCL. ACERO DE 60000 PSI 103.50 KG/M3, TRANSPORTE Y DISPOSICIÓN FINAL DE ESCOMBROS EN SITIO AUTORIZADO. DISTANCIA DE TRANSPORTE 21 KM. MOVILIZACIÓN, MONTAJE Y DESMONTAJE DE EQUIPOS.","M3",1905020,"Actualización MO 2022"]
["Antiguo","CONCRETO Y ACERO PARA ESTRUCTURAS",6394,"TORONES POSTENSADOS PARA REFORZAMIENTO EXTERNO DE 5/8\" TENSIONADO 16,9 TON. SUMINISTRO E INSTALACIÓN, TENSIONAMIENTO, MANO DE OBRA, EQUIPOS EN GENERAL.","ML",22164,"Actualización MO 2022"]
["Antiguo","CONCRETO Y ACERO PARA ESTRUCTURAS",6395,"PILOTE PREEXCAVADO DE DIÁMETRO 45 CM CONCRETO TREMIE 4000 PSI. ACELERADO A 2 DIAS. INCL. ACERO DE 60000 PSI 257 KG/M3, TRANSPORTE Y DISPOSICIÓN FINAL DE ESCOMBROS EN SITIO AUTORIZADO. DISTANCIA DE TRANSPORTE 21 KM. MOVILIZACIÓN, MONTAJE Y DESMONTAJE DE EQUIPOS.","M3",2424473,"Actualización MO 2022"]
["Antiguo","GEOSINTETICOS",6396,"APOYO ELASTOMERICO DE 30CM X 30CM X 5CM. DUREZA 60 CON REFUERZOS 1/8\" INCLUYE SUMINISTRO E INSTALACIÓN","UN",329315,"Actualización MO 2022"]
["Antiguo","GEOSINTETICOS",6397,"APOYO ELASTOMERICO DE 20CM X 20CM X 5CM. DUREZA 60 CON REFUERZOS 1/8\" INCLUYE SUMINISTRO E INSTALACIÓN","UN",209238,"Actualización MO 2022"]
["Antiguo","EXCAVACIONES",6400,"EXCAVACIÓN PARA CAISSON D=1.50M (INCL. EXCAVACIÓN, CARGUE Y RETIRO DE SOBRANTES)","ML",625638,"Actualización MO 2022"]
["Antiguo","MOBILIARIO URBANO - ARBOLES Y GRAMAS",6401,"TOTEM H=12M, DESMONTE.INCLUYE TRASLADO Y MONTAJE EN SITIO SELECCIONADO TRANSPORTE DE ESTRUCTURA DE TOTEM SEGUN PLANOS DE DISEÑO, INCLUYE TODOS LOS ACABADOS, LOGOS Y MAPA, SIN RELOJ PARA EXTERIORES DE DOBLE CARA.","UN",25301572,"Actualización MO 2022"]
["Antiguo","ANÁLISIS AUXILIARES",6402,"DESMONTE Y TRASLADO CABINA PARA PAGO. INCLUYE VENTANAS PUNTO DE PAGO. SUMINISTRO E INSTALACION. (VENTANA FIJA MONTANTE Y VIDRIO TEMPLADO DE 6MM V-2 CUERPO DE 1.0MX0.36M); MESON EN ACERO DE 0.43MX2.56M, CAL. 18 4\"X8\" SATINADO. SOLDADURA PARA ACERO INOXIDABLE Y REFUERZOS EN ACERO INOXIDABLES CAL. 18; PANEL EN LAMINA DE ACERO INOXIDABLE CAL. 18 MURO ANCHO. INCLUYE LAMINA DE 4\"X8\" PARA PANELES ENTAMBORADOS Y REFUERZOS INTERNOS, PLATINAS DE ANCLAJE, PASAVIDRIOS EN LAMINA CR CAL 18, TORNILLO, PINTURA ELECTROSTATICA Y LIMPIEZA QUIMICA; PUERTA METALICA ENTAMBORADA CAL. 18 DE 4\"X8\", PINTURA ELECTROSTATICA COLOR GRIS 7014, A= 83M. INCLUYE MARCO EN LAMINA CAL. 18 DESARROLLO 0.20M, VISAGFRAS REDONDAS 3/4\", CERRADURA PICO DE LORO, ANCLAJE Y PINTURA ELECTROSTATICA; CAJONES PARA CAMBIOS, MONEDEROS EN ACERO INOXIDABLE 0.20M X 0.20M. EN LAMINA DE ACERO INOXIDABLE CAL. 18 4\" X 8\" SATINADO Y SOLDADURA PARA ACERO INOXIDABLE.","UN",4301902,"Actualización MO 2022"]
["Antiguo","ANÁLISIS AUXILIARES",6403,"DESMONTE DE TORNIQUETES EN ÁREA DE ACCESO A ESTACIONES DE TRANSMILENIO","UN",405496,"Actualización MO 2022"]
["Antiguo","OBRAS DE ARTE Y EDIFICACIONES",6407,"CIELO RASO EN BANDEJA TILE DE 610 MM X 610MM EN ALUZINC PERFORADO PERFIL CLP INCLUYE PERFILES DE FIJACIÓN SISTEMA DE SUSPENSIÓN Y ESPACIO PARA LAMPARAS. SUMINISTRO E INSTALACIÓN.","M2",209841,"Actualización MO 2022"]
["Antiguo","CONCRETO Y ACERO PARA ESTRUCTURAS",6409,"BARANDAS EN ACERO INOXIDABLE PARA VAGÓN (BARANDAS INTERNAS. TUBERIA ACERO INOX. D=2\" CAL 16. 1 DIVISORIO HORIZONTAL. H= 0,80M L= 2,00M). SUMINISTRO E INSTALACIÓN.","UN",563703,"Actualización MO 2022"]
["Antiguo","CONCRETO Y ACERO PARA ESTRUCTURAS",6410,"LUCERNARIO EN POLICARBONATO MACIZO DE 3 MM DE ESPESOR COLOR CRISTAL CON SOPORTES EN PERFIL TUBULAR DE 0,25M X 0,25M CADA 1,20M POR ENCIMA Y POR DEBAJO Y CON CONECTOR TIPO OMEGA O EQUIVALENTE CADA 2,05M INCLUYE FLANCHES LATERALES INTERNOS DE POLICARBONATO. SUMINISTRO E INSTALACIÓN.","M2",533705,"Actualización MO 2022"]
["Antiguo","ANÁLISIS AUXILIARES",6411,"VENTANAS EN ALUMINIO TIPO LENHER DE 1,20M X 0,30M CON ALFAJÍA EN ALUMINIO Y VIDRIO LAMINADO DE 3+3 (6 MM). SUMINISTRO E INSTALACIÓN.","UN",279194,"Actualización MO 2022"]
["Antiguo","SEÑALIZACIÓN",6413,"VINILO ADHESIVO FABRICADA EN LAMINA DE ALUMINIO PARA SALIDAS LATERALES (275CM X 31,6CM) SEGÚN MANUAL DE IMAGEN DE TRANSMILENIO. SUMINISTRO E INSTALACIÓN.","UN",1276275,"Actualización MO 2022"]
["Antiguo","OBRAS DE ARTE Y EDIFICACIONES",6416,"PINTURA ANTIGRAFITI SOBRE MURO DOS (2) MANOS(APLICACIÓN CON BROCHA. RENDIMIENTO APROX. DE 6.0M2 A 10.0M2 POR GALÓN. INCLUYE SUMINISTRO Y COLOCACION DE PINTURA, LAVADO DE LA SUPERFICIE, PINTURA GRIS BASALTO (LÁTEX ACRÍLICO BASE AGUA - PINTURA BASE AGUA CON TECNOLOGÍA ACRÍLICA AVANZADA DE USO EXTERIOR QUE OFRECE PROTECCIÓN A RAYOS ULTRAVIOLETA Y FACTORES CLIMÁTICOS. PARA APLICAR SOBRE CONCRETO, APLICACIÓN CON BROCHA O RODILLO), AGUA, COMBUSTIBLE Y MANO DE OBRA)","M2",71437,"Actualización MO 2022"]
["Antiguo","CONCRETO Y ACERO PARA ESTRUCTURAS",6421,"CONSTRUCCIÓN PIEZA FUNDIDA EN SITIO SIMILAR A SARDINEL BAJO RAMPA. (INCLUYE SUMINISTRO Y COLOCACIÓN DE CONCRETO DE 3000 PSI GRAVA COMÚN, FORMALETA Y MANO DE OBRA)","ML",36818,"Actualización MO 2022"]
["Antiguo","REDES ALCANTARILLADO / DRENAJE",6422,"REJILLA PREFABRICADA EN CONCRETO 0,4M X 0,4M. (INCLUYE SUMINISTRO Y COLOCACIÓN, MORTERO DE 2000 PSI Y MANO DE OBRA)","UN",49806,"Actualización MO 2022"]
["Antiguo","REDES ELECTRICAS",6423,"NIVELACIÓN DE CAJA DE INSPECCIÓN TIPO VEHICULAR NORMA CODENSA CS 280 H=0,5M (INCLUYE CONCRETO 3000 PSI PREMEZCLADO, LADRILLO TOLETE RECOCIDO 24X12X6. MORTERO 1:4 IMPERMEABILIZADO HECHO EN OBRA. INCL. REPOSICIÓN DE MARCO Y TAPA PREFABRICADA)","UN",2053372,"Actualización MO 2022"]
["Antiguo","RELLENOS Y CAPAS GRANULARES",6424,"SUBBASE GRANULAR CLASE C - CAPA GRANULAR - LECHO FILTRANTE E=150 MM (INCLUYE TRANSPORTE Y SUMINISTRO, EXTENDIDO, NIVELACIÓN, HUMEDECIMIENTO Y COMPACTACIÓN)","M3",127891,"Actualización MO 2022"]
["Antiguo","GEOSINTETICOS",6425,"GEODRÉN VIAL H= 1.0M O DRENAFLEX PLANAR H= 1.0M, TUBERÍA DE 100MM (INCLUYE COLOCACIÓN BASE GRANULAR CLASE C, SUMINISTRO Y COLOCACIÓN GEODREN)","ML",83800,"Actualización MO 2022"]
["Antiguo","MOBILIARIO URBANO - ARBOLES Y GRAMAS",6426,"CONTENEDOR DE RAICES TIPO B24 (TIPO E) DE 2,80M X 1,20M H=1,00 M. (INCLUYE CONSTRUCCIÓN DE MUROS EN LADRILLO TOLETE, COLOCACIÓN DE FILTRO EN GRAVILLA. INCLUYE TIERRA NEGRA)","UN",858100,"Actualización MO 2022"]
["Antiguo","ANDENES Y SARDINELES",6427,"BORDE CONTENEDOR DE RAÍCES A-70 (INCLUYE SUMINISTRO E INSTALACIÓN, INCLUYE BASE DE 3CM EN MORTERO 1:3 HECHO EN OBRA)","ML",27733,"Actualización MO 2022"]
["Antiguo","CONCRETO Y ACERO PARA ESTRUCTURAS",6428,"MURO DE CONTENCIÓN EN CONCRETO 3000 PSI PREMEZCLADO, GRAVA FINA.  CON ADICIÓN DE MICROFIBRA DE POLIPROPILENO, . (Incluye suministro, formaleteo, bombeo, colocación y curado. (No incluye refuerzo)","M3",732210,"Actualización MO 2022"]
["Antiguo","ANÁLISIS AUXILIARES",6429,"DENSIFICACIÓN DE TERRENO CON PILOTES EN MADERA INMUNIZADA DIÁMETRO DE 12 CM (INCLUYE TRANSPORTE)","ML",38557,"Actualización MO 2022"]
["Antiguo","CONCRETO Y ACERO PARA ESTRUCTURAS",6430,"PILOTES DE CONCRETO GRAVA FINA DE 3000 PSI (PREBARRENADOS) CON DIÁMETRO 0.30M (INCLUYE: EXCAVACIÓN, FUNDIDA, LOCALIZACIÓN, PREHUECOS, AGUA DE CARROTANQUES, RETIRO DE LODOS Y DESCABECE DE PILOTES)","ML",245140,"Actualización MO 2022"]
["Antiguo","ANÁLISIS AUXILIARES",6431,"MEZCLA ASFÁLTICA ALTO MÓDULO MAM-20 (SUMINISTRO, EXTENDIDO, NIVELACIÓN Y COMPACTACIÓN. INCLUYE EMULSIÓN ASFÁLTICA CRL-1 - CRR-1)","M3",1363071,"Actualización MO 2022"]
["Antiguo","CONCRETO Y ACERO PARA ESTRUCTURAS",6433,"ACERO ESTRUCTURAL PARA PUENTE PEATONAL TIPO TRANSMILENIO. SUMINISTRO, FABRICACIÓN, TRANSPORTE Y MONTAJE DE ESTRUCTURA METÁLICA CON EL SIGUIENTE ESQUEMA DE PROTECCIÓN Y PINTURA: SISTEMA DE PROTECCIÓN BÁSICA: (GUÍA 6.7.1) GALVANIZADO EN CALIENTE (DE ACUERDO CON GUÍA Y CARTILLA).BARRERA: BARRERA EPÓXICA CON POLIAMIDA DE 1.5 A 2.0 MILS DE PELÍCULA SECA.ACABADO: RECUBRIMIENTO URETANO BRILLANTE TIPO ALIFÁTICO RAL 7045 (GRIS) DE 1.5 A 2.0 MILS.","KG",13633,"Actualización MO 2022"]
["Antiguo","CONCRETO Y ACERO PARA ESTRUCTURAS",6434,"ACERO ESTRUCTURAL PARA PUENTE PEATONAL TIPO TRANSMILENIO. SUMINISTRO, FABRICACIÓN, TRANSPORTE Y MONTAJE DE ESTRUCTURA METÁLICA CON EL SIGUIENTE ESQUEMA DE PROTECCIÓN Y PINTURA: SISTEMA DE PROTECCIÓN BÁSICA: (GUÍA 6.7.2) LIMPIEZA: SP10.PRIMER: IMPRIMANTE EPÓXICO RICO EN ZINC DE 3.5 A 4.0 MILS PELÍCULA SECA.BARRERA: BARRERA EPÓXICA CON CURADOR POLIAMIDA DE 3.5 A 4.0 MILS PELÍCULA SECA.ACABADO: RECUBRIMIENTO URETANO BRILLANTE ALIFÁTICOS DE 2.5 A 3.0 MILS.EL ESPESOR TOTAL DEL SISTEMA DE PROTECCIÓN DEBE SER AL MENOS 10 MILS (DFT)CHORRO ABRASIVO METAL CASI BLANCO.","KG",14273,"Actualización MO 2022"]
["Antiguo","CONCRETO Y ACERO PARA ESTRUCTURAS",6435,"ACERO ESTRUCTURAL PARA ESTACIÓN TIPO TRANSMILENIO. SUMINISTRO, FABRICACIÓN, TRANSPORTE Y MONTAJE DE ESTRUCTURA METÁLICA CON EL SIGUIENTE ESQUEMA DE PROTECCIÓN Y PINTURA: SISTEMA DE PROTECCIÓN BÁSICA: (GUÍA 6.7.1).PINTURA: SISTEMA DE PROTECCIÓN BÁSICA: (GUÍA 6.7.1)GALVANIZADO EN CALIENTE (DE ACUERDO GUÍA Y CARTILLA).BARRERA: BARRERA EPÓXICA CON POLIAMIDA DE 1.5 A 2.0 MILS DE PELÍCULA SECA.ACABADO: RECUBRIMIENTO URETANO BRILLANTE TIPO ALIFÁTICO RAL 7045 (GRIS) DE 1.5 A 2.0 MILS.","KG",13492,"Actualización MO 2022"]
["Antiguo","CONCRETO Y ACERO PARA ESTRUCTURAS",6436,"ACERO ESTRUCTURAL PARA ESTACIÓN TIPO TRANSMILENIO. SUMINISTRO, FABRICACIÓN, TRANSPORTE Y MONTAJE DE ESTRUCTURA METÁLICA CON EL SIGUIENTE ESQUEMA DE PROTECCIÓN Y PINTURA: SISTEMA DE PROTECCIÓN BÁSICA: (GUÍA 6.7.2) LIMPIEZA: SP10.PRIMER: IMPRIMANTE EPÓXICO RICO EN ZINC DE 3.5 A 4.0 MILS PELÍCULA SECA.BARRERA: BARRERA EPÓXICA CON CURADOR POLIAMIDA DE 3.5 A 4.0 MILS PELÍCULA SECA.ACABADO: RECUBRIMIENTO URETANO BRILLANTE ALIFÁTICO DE 2.5 A 3.0 MILS.EL ESPESOR TOTAL DEL SISTEMA DE PROTECCIÓN DEBE SER AL MENOS 10 MILS (DFT)","KG",11889,"Actualización MO 2022"]
["Antiguo","CONCRETO Y ACERO PARA ESTRUCTURAS",6437,"ACERO ESTRUCTURAL PARA ESTACIÓN TIPO TRANSMILENIO. SUMINISTRO, FABRICACIÓN, MONTAJE Y TRANSPORTE DE ESTRUCTURA METÁLICA CON EL SIGUIENTE ESQUEMA DE PROTECCIÓN Y PINTURA: SISTEMA DE PROTECCIÓN ALTERN. ESTACIÓN LIMPIEZA: SP6.PRIMER: IMPRIMANTE EPÓXICO FOSFATO DE ZINC DE 3.0 MILS PELÍCULA SECA.ACABADO: RECUBRIMIENTO ESMALTE URETANO SERIE 36 RAL 7045 (GRIS) DE 3.0 MILS ESPESOR DE PELÍCULA SECA.CHORRO ABRASIVO COMERCIAL.","KG",11638,"Actualización MO 2022"]
["Antiguo","REDES ALCANTARILLADO / DRENAJE",6438,"LAVADO Y SONDEO DE REDES DE ALCANTARILLADO ENTRE 6\" Y 18\" DE DIÁMETRO Y CON GRADO DE COLMATACIÓN MENOR DEL 30%. INCL MANO DE OBRA IDÓNEA, SEÑALIZACIÓN BÁSICA, SUMIN DE COMBUSTIBLE Y AGUA. INCL. IVA","ML",16363,"Actualización MO 2022"]
["Antiguo","REDES ALCANTARILLADO / DRENAJE",6439,"LAVADO Y SONDEO DE REDES DE ALCANTARILLADO ENTRE 16\" Y 36\" DE DIÁMETRO Y CON GRADO DE COLMATACIÓN MENOR DEL 30%. INCLUYE MANO DE OBRA IDÓNEA, SEÑALIZACIÓN BÁSICA, SUMIN DE COMBUSTIBLE Y AGUA. INCL IVA","ML",17672,"Actualización MO 2022"]
["Antiguo","CONCRETO Y ACERO PARA ESTRUCTURAS",6440,"LIMPIEZA GRADO DE LIMPIEZA SEGÚN NORMA SSPC-SP1 - LIMPIEZA CON SOLVENTES PARA ESTRUCTURA PESADA","KG",152,"Actualización MO 2022"]
["Antiguo","CONCRETO Y ACERO PARA ESTRUCTURAS",6441,"LIMPIEZA GRADO DE LIMPIEZA SEGÚN NORMA SSPC-SP2 - LIMPIEZA MANUAL PARA ESTRUCTURA PESADA","KG",152,"Actualización MO 2022"]
["Antiguo","CONCRETO Y ACERO PARA ESTRUCTURAS",6442,"LIMPIEZA GRADO DE LIMPIEZA SEGÚN NORMA SSPC-SP3 - LIMPIEZA CON HERRAMIENTAS ELÉCTRICAS PARA ESTRUCTURA PESADA","KG",154,"Actualización MO 2022"]
["Antiguo","CONCRETO Y ACERO PARA ESTRUCTURAS",6443,"LIMPIEZA GRADO DE LIMPIEZA SEGÚN NORMA SSPC-SP5 - LIMPIEZA CON ABRASIVO METAL BLANCO PARA ESTRUCTURA PESADA.","KG",166,"Actualización MO 2022"]
["Antiguo","CONCRETO Y ACERO PARA ESTRUCTURAS",6444,"LIMPIEZA GRADO DE LIMPIEZA SEGÚN NORMA SSPC-SP7 - LIMPIEZA CON CHORRO ABRASIVO BRUSH-OFF PARA ESTRUCTURA PESADA.","KG",182,"Actualización MO 2022"]
["Antiguo","CONCRETO Y ACERO PARA ESTRUCTURAS",6445,"LIMPIEZA GRADO DE LIMPIEZA SEGÚN NORMA SSPC-SP6 - LIMPIEZA CON CHORRO ABRASIVO COMERCIAL PARA ESTRUCTURA PESADA.","KG",172,"Actualización MO 2022"]
["Antiguo","CONCRETO Y ACERO PARA ESTRUCTURAS",6446,"LIMPIEZA GRADO DE LIMPIEZA SEGÚN NORMA SSPC-SP10 - LIMPIEZA CON CHORRO ABRASIVO METAL CASI BLANCO PARA ESTRUCTURA PESADA.","KG",177,"Actualización MO 2022"]
["Antiguo","REDES ACUEDUCTO",6448,"EMPATES DE TUBERÍA EN PVC A PVC 10\" LINEAL SEGÚN NORMA NS-023 (INCLUYE ACCESORIOS). SUMINISTRO E INSTALACIÓN.","UN",1338147,"Actualización MO 2022"]
["Antiguo","REDES ALCANTARILLADO / DRENAJE",6449,"MARCO Y TAPA PARA SUMIDERO 0.52M X 0.90M EAAB NP-023. SUMINISTRO E INSTALACIÓN","UN",294471,"Actualización MO 2022"]
["Antiguo","ANÁLISIS AUXILIARES",6450,"LAVADO DE ANDENES. INCLUYE ALQUILER DE HIDROLAVADORA 1300W. INCLUYE IMPLEMENTOS DE ASEO (DETERGENTE INDUSTRIAL), TRANSPORTE, AGUA, COMBUSTIBLE Y MANO DE OBRA.","M2",6376,"Actualización MO 2022"]
["Antiguo","ANÁLISIS AUXILIARES",6451,"LIMPIEZA DE CÁRCAMOS (INCLUYE CARGUE, RETIRO Y DISPOSICIÓN FINAL DE SOBRANTES, CON EL 60% DE COLMATACIÓN)","ML",11347,"Actualización MO 2022"]
["Valor de referencia","INDICES",6452,"MANTENIMIENTO RUTINARIO PARA CICLORUTAS INCLUYE, BARRIDO, RETIRO MANUAL DE CAPA VEGETAL. RETIRO Y TRANSPORTE Y DISPOSICIÓN FINAL DE ESCOMBROS A 21 KM.","M2",3337,"Actualización MO 2022"]
["Antiguo","PAVIMENTOS",6456,"ATENCIÓN DE EMERGENCIAS CON MEZCLA ASFÁLTICA EN CALIENTE TIPO DENSO MD12 ASFALTO CONVENCIONAL 80-100 (CEMENTO ASFÁLTICO 80-100) (SUMINISTRO, EXTENDIDO, NIVELACIÓN Y COMPACTACIÓN MECANICA CON VIBROCOMPACTADOR Y COMPACTADOR DE LLANTAS) JORNADA NOCTURNA PARA ACTIVIDADES INMEDIATAS DE JORNADA TAPAHUECOS.","M3",768617,"Actualización MO 2022"]
["Antiguo","ANÁLISIS AUXILIARES",6457,"CUADRILLA (OFICIAL + 6 AYUDANTES) HORARIO NOCTURNO INCLUYE PRESTACIONES","HR",69105,"Actualización MO 2022"]
["Antiguo","SEÑALIZACIÓN",6458,"PINTURA EN PLASTICO EN FRIO METILMETACRILATO DE A=10 CM PARA LÍNEAS DE DEMARCACIÓN, CON MICROESFERAS Y ESPESOR SECO SEGÚN NORMA NTC 4744. SUMINISTRO Y APLICACIÓN.","ML",10016,"Actualización MO 2022"]
["Antiguo","PAVIMENTOS",6459,"INSTALACIÓN ADOQUÍN DE ARCILLA TR. LIVIANO 20X10X6CM (INCLUYE BASE 4CM MORTERO 2000 Y ARENA DE SELLO)","M2",38552,"Actualización MO 2022"]
["Valor de referencia","INDICES",6460,"MANTENIMIENTO CORRECTIVO ESPACIO PÚBLICO EN ADOQUÍN DE ARCILLA LIVIANO SOBRE MORTERO. INCL. RETIRO Y LIMPIEZA ADOQUÍN E INSTALAR EL MISMO. NO INCLUYE REDES.","M2",46245,"Actualización MO 2022"]
["Antiguo","GESTIÓN SOCIAL",6461,"CANALIZACIÓN DE TRÁFICO CON SEÑALIZADORES TUBULARES COLOMBINA PLÁSTICA Y TRIPLE CINTA DE SEÑALIZACIÓN (INCLUYE ALQUILER DE SEÑALIZADORES TUBULARES). (NO INCLUYE INSTALACIÓN, MANTENIMIENTO Y DESINSTALACIÓN)","UN/MES",4694,"Actualización MO 2022"]
["Nuevo ","TRANSPORTES Y ACARREOS",6462,"TRANSPORTE DE ESCOMBROS EN SITIO AUTORIZADO (DISTANCIA DE TRANSPORTE 1 KM). A DISTANCIA MAYOR DEL ACARREO LIBRE (90 M) EN SITIO AUTORIZADO POR LA ENTIDAD AMBIENTAL COMPETENTE.","M3-KM",1449,"Actualización MO 2022"]
["Nuevo ","TRANSPORTES Y ACARREOS",6463,"DERECHO DE BOTADERO DE ESCOMBROS EN SITIO AUTORIZADO POR M3 EN SITIO AUTORIZADO POR LA ENTIDAD AMBIENTAL COMPETENTE.","M3-KM",4000,"Actualización MO 2022"]
["Nuevo ","PAVIMENTOS",6464,"RIEGO DE LIGA CON EMULSIÓN ASFÁLTICA CRR-1 - HORARIO NOCTURNO. (SUMINISTRO, BARRIDO SUPERFICIE Y RIEGO)","M2",1921,"Actualización MO 2022"]
["Nuevo ","ANÁLISIS AUXILIARES",6465,"CUADRILLA (2 AYUDANTES) HORARIO NOCTURNO - HR","HR",18580,"Actualización MO 2022"]
["Nuevo ","PAVIMENTOS",6466,"ATENCIÓN DE EMERGENCIAS CON MEZCLA ASFÁLTICA EN CALIENTE TIPO DENSO MD12 ASFALTO CONVENCIONAL 80-100 CON EMULSIÓN CRR-1 (CEMENTO ASFÁLTICO 80-100) (SUMINISTRO, EXTENDIDO, NIVELACIÓN Y COMPACTACIÓN MECANICA CON VIBROCOMPACTADOR Y COMPACTADOR DE LLANTAS) JORNADA NOCTURNA INCLUYE CARGUE Y DISPOSICIÓN DE ESCOMBROS.","M3",770358,"Actualización MO 2022"]
["Nuevo ","SEÑALIZACIÓN",6467,"PINTURA EN PLASTICO EN FRIO METILMETACRILATO DE A=10 CM PARA LÍNEAS DE DEMARCACIÓN, SIN MICROESFERAS Y ESPESOR SECO SEGÚN NORMA NTC 4744. SUMINISTRO Y APLICACIÓN.","ML",9770,"Actualización MO 2022"]
["Nuevo ","OBRAS DE ARTE Y EDIFICACIONES",6469,"CUBIERTA LISA TIPO SÁNDWICH DECK, SUM E INST, EN ALUZINC CAL 26 PINTADA AL HORNO POR LAS DOS CARAS COLOR A ELEGIR CON AISLAMIENTO ACÚSTICO EN FIBRA DE VIDRIO DE 30 MM. CON SUS CLIPS DE FIJACIÓN INCL REMATES DE CUBIERTA","M2",185779,"Actualización MO 2022"]
["Nuevo ","RELLENOS Y CAPAS GRANULARES",6471,"SUBBASE GRANULAR PEATONAL SBG_PEA. SUMINISTRO, EXTENDIDO MANUAL, NIVELACIÓN, HUMEDECIMIENTO Y COMPACTACIÓN CON VIBROCOMPACTADOR BENITÍN DE 1 TONELADA INCLUYE OPERARIO Y COMBUSTIBLE.","M3",129379,"Actualización MO 2022"]
["Nuevo ","PAVIMENTOS",6472,"MEZCLA ASFÁLTICA EN CALIENTE TIPO DENSO MD20 ASFALTO CONVENCIONAL 80-100 (SUMINISTRO, EXTENDIDO Y NIVELACIÓN MANUAL Y COMPACTACIÓN  MECANICA CON VIBROCOMPACTADOR BENITÍN DE 1 TONELADA Y COMPACTADOR DE LLANTAS INCLUYEN OPERARIO Y COMBUSTIBLE.","M3",823944,"Actualización MO 2022"]
["Nuevo ","RELLENOS Y CAPAS GRANULARES",6473,"ESTABILIZACIÓN DE SUBRASANTE CON RAJÓN, INCLUYE EQUIPO DE COMPACTACIÓN (SUMINISTRO, EXTENDIDO A MANO, NIVELACIÓN Y COMPACTACIÓN CON RETROEXCAVADORA SOBRE ORUGA Y BENITÍN DE 1 TONELADA INCLUYEN OPERARIO Y COMBUSTIBLE.","M3",110486,"Actualización MO 2022"]
["Nuevo ","RELLENOS Y CAPAS GRANULARES",6474,"SUBBASE GRANULAR CLASE C (SBG_C) (SUMINISTRO, EXTENDIDO MANUAL, NIVELACIÓN, HUMEDECIMIENTO Y COMPACTACIÓN CON VIBROCOMPACTADOR BENITÍN DE 1 TONELADA).","M3",135849,"Actualización MO 2022"]
["Nuevo ","ANDENES Y SARDINELES",6475,"BORDILLO PREFABRICADO A80 (SUMINISTRO E INSTALACIÓN. INCLUYE 3CM MORTERO DE PEGA 2000 PSI Y NIVELACIÓN DEL TERRENO CON RELLENO EN MATERIAL SELECCIONADO PROVENIENTE DE EXCAVACIÓN).","ML",49074,"Actualización MO 2022"]
["Nuevo ","MANTENIMIENTO Y REHABILITACION DE VIAS",6476,"FRESADO Y REPOSICIÓN DE PAVIMENTO FLEXIBLE E=0.18 M (INCLUYE CARGUE)","M2",121147,"Actualización MO 2022"]
["Nuevo ","RELLENOS Y CAPAS GRANULARES",6480,"ESTABILIZACIÓN DE SUBRASANTE CON RECICLADO DE CONCRETO (INCLUYE DEMOLICIÓN, EXTENDIDO, NIVELACIÓN Y COMPACTACIÓN CON RETROEXCAVADORA SOBRE ORUGA Y COMPACTADOR)","M3",15973,"Actualización MO 2022"]
["Nuevo ","RELLENOS Y CAPAS GRANULARES",6481,"ESTABILIZACIÓN DE SUBRASANTE A MANO CON MATERIAL DE CONCRETO HIDRÁULICO RECICLADO","M3",36905,"Actualización MO 2022"]
["Nuevo ","ENSAYOS - LABORATORIOS",6482,"TARIFA HORA DE RECOLECCIÓN DE MATERIAL DE MUESTREO EN PLANTA U OBRA. (INCLUYE TRANSPORTE, LABORATORISTA, INSPECTOR, 2 AYUDANTES, HERRAMIENTA MENOR Y LONAS).","HR",77653,"Actualización MO 2022"]
["Nuevo ","SEÑALIZACIÓN",6483,"ALQUILER SEÑAL TEMPORAL MÓVIL ECONÓMICA CON TRÍPODE TIPO SIO - SP - SI - SR DE (100 X 50 CM - 75 X 75 CM - 80 X 50 CM) LÁMINA GALVANIZADA CAL. 20 Y ÁNGULOS DE 1\" X 1/2\" X 1/8\"","UN/MES",29769,"Actualización MO 2022"]
["Nuevo ","SEÑALIZACIÓN",6484,"ALQUILER DE BARRICADA METÁLICA CON SEÑAL DE DESVÍO O VÍA CERRADA DE 2.40 M CINTA GRADO INGENIERÍA SHEETING","UN/MES",122481,"Actualización MO 2022"]
["Nuevo ","REDES ELECTRICAS",6485,"UNIÓN DE REPARACIÓN EXOTÉRMICA PARA UNIÓN DE CONDUCTORES. CAPACIDAD DE 90 GR. INCLUYE MOLDE, CARGA, CHISPERO, PINZAS Y DEMÁS ACCESORIOS DE INSTALACIÓN. SUMINISTRO E INSTALACIÓN.","UN",42762,"Actualización MO 2022"]
["Nuevo ","RELLENOS Y CAPAS GRANULARES",6486,"ESTABILIZACIÓN CON RCD. INCLUYE TRASIEGO INTERNO, NIVELACIÓN Y COMPACTACIÓN.","M3",43957,"Actualización MO 2022"]
["Nuevo ","REDES ELECTRICAS",6487,"LUMINARIA DE EMERGENCIA LED R2 2.4 W UNV P24255, 120 V C.A. 180 LM. INCLUYE ACCESORIOS DE FIJACIÓN E INSTALACIÓN. NO INCLUYE TUBERÍA NI CABLEADO.","UN",78097,"Actualización MO 2022"]
["Nuevo ","REDES ELECTRICAS",6488,"CABLE DE COBRE DESNUDO CALIBRE NO.2/0 AWG. ENTERRADO EN TERRENO NATURAL. INCLUYE EXCAVACIÓN, RELLENOS Y COMPACTACIÓN DEL PISO. SUMINISTRO E INSTALACIÓN. DISTANCIA DE TRANSPORTE 28 KM.","ML",177269,"Actualización MO 2022"]
["Nuevo ","REDES ELECTRICAS",6489,"CANALIZACIÓN SUBTERRÁNEA CON 2 DUCTOS DE 2\" PVC DB, ACCESORIOS, EXCAVACIÓN, RELLENOS Y ACABADO (INCLUYE SUMINISTRO E INSTALACIÓN)","ML",76916,"Actualización MO 2022"]
["Nuevo ","REDES ELECTRICAS",6494,"ACOMETIDA DE TRANSFORMADOR A TABLERO DE MEDIA EN CONDUCTORES DE ALUMINIO, 4 CABLES NO. 4/0 AWG, AISLADOS HFFR PARA 600 V C.A.. INCLUYE CONDUCTORES, CONEXIONES, ACCESORIOS DE MONTAJE, ELEMENTOS DE CONEXIÓN Y DE MARCACIÓN. INCLUYE SUMINISTRO E INSTALACIÓN.","ML",142840,"Actualización MO 2022"]
["Nuevo ","REDES ELECTRICAS",6495,"ACOMETIDA DE GENERADOR DE EMERGENCIA A TRANSFERENCIA EN CONDUCTORES DE ALUMINIO, 4 CABLES NO. 4/0 AWG, AISLADOS HFFR PARA 600 V C.A. INCLUYE CONDUCTORES, CONEXIONES, ACCESORIOS DE MONTAJE, ELEMENTOS DE CONEXIÓN Y DE MARCACIÓN. INCLUYE SUMINISTRO E INSTALACIÓN.","ML",142840,"Actualización MO 2022"]
["Nuevo ","REDES ELECTRICAS",6498,"INTERRUPTOR SENCILLO PARA CONTROL DE ALUMBRADO INTERIOR. INCLUYE ACCESORIOS DE INSTALACIÓN.","UN",11054,"Actualización MO 2022"]
["Nuevo ","REDES ELECTRICAS",6499,"CABLE HFFR NO.10 EN COBRE. SUMINISTRO E INSTALACIÓN. INCLUYE ACCESORIOS DE INSTALACIÓN.","ML",10876,"Actualización MO 2022"]
["Nuevo ","REDES ELECTRICAS",6500,"SALIDA PARA SONIDO EMT 3/4\" (POR EL TECHO DE LA PLATAFORMA). INCLUYE SUMINISTRO E INSTALACIÓN","UN",131526,"Actualización MO 2022"]
["Nuevo ","REDES ELECTRICAS",6501,"SALIDA EMT 3/4\" PARA CCTV POR EL TECHO EN TAQUILLA. INCLUYE SUMINISTRO E INSTALACIÓN","UN",182008,"Actualización MO 2022"]
["Nuevo ","MANTENIMIENTO Y REHABILITACION DE VIAS",6505,"ROCERÍA EN LOTE PORTAL","M2",1623,"Actualización MO 2022"]
["Nuevo ","ANÁLISIS AUXILIARES",6506,"BAJANTE EN LÁMINA GALVANIZADA CAL. 22 INSPECCIONABLE, INCLUYE PINTURA EPÓXICA GRIS HUMO PARA RECUBRIMIENTO.","ML",130141,"Actualización MO 2022"]
["Nuevo ","ANÁLISIS AUXILIARES",6507,"VIDRIO TEMPLADO DE 10 MM CON PERFORACIONES DE 1\" PARA PERMITIR INTERLOCUCIÓN","M2",224934,"Actualización MO 2022"]
["Nuevo ","INDICES",6510,"CONSTRUCCIÓN DE BORDILLO EN CONCRETO MR36 FUNDIDO IN SITU. INCLUYE LA PREPARACIÓN DE LA SUPERFICIE DE APOYO","ML",39670,"Actualización MO 2022"]
["Nuevo ","OBRAS DE ARTE Y EDIFICACIONES",6511,"PISO EN MÁRMOL ROYAL VETA. ESPESOR MÍNIMO DE 15 MM","M2",239109,"Actualización MO 2022"]
["Nuevo ","CONCRETO Y ACERO PARA ESTRUCTURAS",6512,"ANCLAJE PARA TUBERIA EN CONCRETO PREMEZCLADO DE 3000 PSI GRAVA COMUN (Incluye Suministro, formaleteo y colocacion)","M3",454682,"Actualización MO 2022"]
["Nuevo ","REDES ACUEDUCTO",6514,"TEE PVC SOLDAR DE 1/2\". SUMINISTRO EN INSTALACIÓN","UN",3428,"Actualización MO 2022"]
["Nuevo ","REDES ELECTRICAS",6515,"TUBERÍA CONDUIT PVC D=3/4\" (INCLUYE SUMINISTRO E INSTALACIÓN)","ML",6927,"Actualización MO 2022"]
["Nuevo ","CONCRETO Y ACERO PARA ESTRUCTURAS",6517,"TORNILLOS A 325. INCLUYE MATERIALES, INSUMOS, HERRAMIENTAS Y EQUIPOS, ANDAMIOS, MANO DE OBRA CALIFICADA Y TODO LO NECESARIO PARA DESARROLLAR LA OBRA.","KG",9975,"Actualización MO 2022"]
["Nuevo ","REDES ALCANTARILLADO / DRENAJE",6518,"CODO 90° CXE PVC SANITARIA D=6\" (INCLUYE SUMINISTRO E INSTALACIÓN).","UN",120676,"Actualización MO 2022"]
["Nuevo ","REDES ALCANTARILLADO / DRENAJE",6519,"TRAGANTE CÚPULA DE 6\" X 4\" EN ALUMINIO. INCLUYE SUMINISTRO E INSTALACIÓN","UN",32661,"Actualización MO 2022"]
["Nuevo ","REDES ALCANTARILLADO / DRENAJE",6520,"TRAGANTE CÚPULA DE 5\" X 4\" PLÁSTICA. INCLUYE SUMINISTRO E INSTALACIÓN","UN",7042,"Actualización MO 2022"]
["Nuevo ","REDES ALCANTARILLADO / DRENAJE",6521,"TEE REDUCIDA PVC SOLDAR DE 1\" X 1/2\". SUMINISTRO E INSTALACIÓN","UN",5864,"Actualización MO 2022"]
["Nuevo ","REDES ACUEDUCTO",6523,"UNIÓN UNIVERSAL D=1\" (SUMINISTRO E INSTALACIÓN)","UN",11465,"Actualización MO 2022"]
["Nuevo ","REDES ACUEDUCTO",6524,"VÁLVULA CHEQUE 1\" (INCLUYE SUMINISTRO E INSTALACIÓN)","UN",49216,"Actualización MO 2022"]
["Nuevo ","REDES ACUEDUCTO",6525,"FLOTADOR MECÁNICO 1\" (INCLUYE SUMINISTRO E INSTALACIÓN)","UN",97976,"Actualización MO 2022"]
["Nuevo ","REDES ELECTRICAS",6526,"CELDA TRIPLEX CON FUSIBLES 17.5 KV AISLADA EN AIRE. INCLUYE SUMINISTRO E INSTALACIÓN","UN",35966510,"Actualización MO 2022"]
["Nuevo ","REDES ELECTRICAS",6527,"CAJA PARA 2 MEDIDORES DE ENERGÍA TRIFÁSICO 5 AMP. 208 V / 120 V, PARA OPERACIÓN CON CT Y PARA LA CUENTA DE LA ESTACIÓN. SUMINISTRO E INSTALACIÓN. INCLUYE MEDIDOR DE ENERGÍA TRIFÁSICO 20-80 AMP, CAJA CONTADOR TRIFÁSICO PARA 2 MEDIDORES","UN",467406,"Actualización MO 2022"]
["Nuevo ","REDES ELECTRICAS",6528,"ACOMETIDA DESDE TABLERO DE MEDIA A TABLERO DE TRANSFERENCIA EN CONDUCTORES DE ALUMINIO, 4 CABLES NO. 4/0 AWG, AISLADOS HFFR PARA 600 V C.A. INCLUYE CONDUCTORES, CONEXIONES, ACCESORIOS DE MONTAJE, ELEMENTOS DE CONEXIÓN Y DE MARCACIÓN. INCLUYE SUMINISTRO E INSTALACIÓN.","ML",144304,"Actualización MO 2022"]
["Nuevo ","REDES ELECTRICAS",6529,"ACOMETIDA DE TABLERO DE TRANSFERENCIA A TDP EN CONDUCTORES DE ALUMINIO, 4 CABLES NO. 4/0 AWG, AISLADOS HFFR PARA 600 V C.A. INCLUYE CONDUCTORES, CONEXIONES, ACCESORIOS DE MONTAJE, ELEMENTOS DE CONEXIÓN Y DE MARCACIÓN. INCLUYE SUMINISTRO E INSTALACIÓN.","ML",147413,"Actualización MO 2022"]
["Nuevo ","REDES ELECTRICAS",6532,"SALIDA PARA DATOS PCV 3/4\" DESDE TORNIQUETE HASTA CAJA DE HALADO. INCLUYE SUMINISTRO E INSTALACIÓN","UN",46482,"Actualización MO 2022"]
["Nuevo ","SEÑALIZACIÓN",6533,"DEMARCACIÓN LÍNEA DE INICIO O FIN CARRIL, A= 0.20M L= 1.0M SEPARACIÓN= 1.0M E= 2.3MM EN PINTURA TERMOPLÁSTICA. INCLUYE SUMINISTRO Y APLICACIÓN CON EQUIPO. INCLUYE MICROESFERAS","M2",19753,"Actualización MO 2022"]
["Nuevo ","OBRAS DE ARTE Y EDIFICACIONES",6534,"ENCHAPE DE PISO PIZARRA MULTICOLOR DE 30CM X 60CM ESPESOR 7MM O MAYOR. SUMINISTRO E INSTALACIÓN","M2",131093,"Actualización MO 2022"]
["Nuevo ","OBRAS DE ARTE Y EDIFICACIONES",6535,"PISO EN CONCRETO DE 3000 PSI GRAVA COMÚN FUNDIDO EN SITIO","M2",34742,"Actualización MO 2022"]
["Nuevo ","OBRAS DE ARTE Y EDIFICACIONES",6536,"PAÑETE LISO O RÚSTICO 1:4 IMPERMEABILIZADO. (INCLUYE SUMINISTRO E INSTALACIÓN HECHO EN OBRA)","M2",35253,"Actualización MO 2022"]
["Nuevo ","REDES ALCANTARILLADO / DRENAJE",6538,"TUBERIA PVC U.M. EXT CORRUGADO/INT LISO U.M. NORMA NTC 3722-1 D=14\" (INCLUYE SUMINISTRO E INSTALACIÓN)","ML",169046,"Actualización MO 2022"]
["Nuevo ","CONCRETO Y ACERO PARA ESTRUCTURAS",6541,"LAMINA ALFAJOR DE 6MM PARA TAPA DE TANQUE DE 1.0 M X 1.0 M. SUMINISTRO E INSTALACIÓN.","ML",163779,"Actualización MO 2022"]
["Nuevo ","REDES ALCANTARILLADO / DRENAJE",6542,"CODO 45° CXE PVC SANITARIA D=6\" (INCLUYE SUMINISTRO E INSTALACIÓN).","UN",61120,"Actualización MO 2022"]
["Nuevo ","REDES ACUEDUCTO",6543,"TUBERÍA PVC E.L. PARA SOLDAR DE 1/2\" RDE 13.5 315 PSI. SUMINISTRO EN INSTALACIÓN.","UN",6125,"Actualización MO 2022"]
["Nuevo ","REDES ACUEDUCTO",6544,"CODO 90° PVC SOLDAR DE 1/2\". SUMINISTRO EN INSTALACIÓN.","UN",5583,"Actualización MO 2022"]
["Nuevo ","REDES ELECTRICAS",6547,"CAJA DE INSPECCIÓN. MEDIDAS INTERNAS DE 0.3MX0.3M MEDIDAS EXTERNAS 0.50M X 0.50M (H=0.50M). INCLUYE SUMINISTRO Y CONSTRUCCIÓN. INCLUYE MARCO Y TAPA. NO INC. BASE Y CAÑUELA)","UN",225767,"Actualización MO 2022"]
["Nuevo ","REDES ELECTRICAS",6548,"SALIDA EMT 3/4\" PARA CCTV E INFORMADORES POR EL TECHO DE LA PLATAFORMA. INCLUYE SUMINISTRO E INSTALACIÓN","UN",138942,"Actualización MO 2022"]
["Nuevo ","REDES ELECTRICAS",6549,"SALIDA PARA DISPOSITIVOS DE DETECCIÓN, ALARMA Y SUPERVISIÓN DE EXTINCIÓN DE INCENDIOS HASTA EL PANEL DE CONTROL. INCLUYE TUBERÍA DE 3/4\" EMT, UNIÓN Y CURVA CONDUIT EMT DE 3/4\", EQUIPOS, ACCESORIOS DE INSTALACIÓN Y CABLEADO FPLP.","UN",1125366,"Actualización MO 2022"]
["Nuevo ","REDES ELECTRICAS",6550,"PANEL DE CONTROL DE ALARMA CONTRA INCENDIOS. INCLUYE SUMINISTRO E INSTALACIÓN, TUBERÍA DE 3/4\" EMT, UNIÓN Y CURVA CONDUIT EMT DE 3/4\", EQUIPOS, ACCESORIOS DE INSTALACIÓN Y CABLEADO FPLP.","UN",8348197,"Actualización MO 2022"]
["Nuevo ","OBRAS DE ARTE Y EDIFICACIONES",6551,"PLACA DE CONCRETO DE 3000 PSI GRAVA COMÚN DE 8CM DE ESPESOR CON LÁMINA EN METALDECK 2\" CALIBRE 22. (INCLUYE TRANSPORTE, HERRAMIENTA MENOR, MANO DE OBRA)","M2",102225,"Actualización MO 2022"]
["Nuevo ","REDES ALCANTARILLADO / DRENAJE",6553,"TAPÓN DE PRUEBA PVC SANITARIA D=6\" (INCLUYE SUMINISTRO E INSTALACIÓN)","UN",22667,"Actualización MO 2022"]
["Nuevo ","SEÑALIZACIÓN",6554,"SEÑALIZACIÓN PREVENTIVA PARA REDES DE SERVICIOS PÚBLICOS CON CINTA DE 500 MT X 4\" PELIGRO CALIBRE 3.5 (INCLUYE SUMINISTRO Y COLOCACIÓN)","ML",309,"Actualización MO 2022"]
["Nuevo ","REDES ACUEDUCTO",6555,"REDUCCION PVC E.L. D=1\" A 1/2\" (INCLUYE SUMINISTRO E INSTALACIÓN).","UN",3128,"Actualización MO 2022"]
["Nuevo ","REDES ACUEDUCTO",6556,"REGISTRO DE PASO DIRECTO EN BRONCE DE 1/2\". SUMINISTRO EN INSTALACIÓN.","UN",64311,"Actualización MO 2022"]
["Nuevo ","REDES ELECTRICAS",6557,"TRANSFORMADOR SECO TRIFASICO 150 KVA, 11400 V - 208 / 120 V. EN CELDA PARA TRANSFORMADOR (INCLUYE SUMINISTRO E INSTALACIÓN)","UN",17234399,"Actualización MO 2022"]
["Nuevo ","ANÁLISIS AUXILIARES",6559,"MARCO EN LÁMINA COLD ROLLED CAL. 20 ANCLADO A MURO CON CHAZOS EXPANSIVOS DE 1/2\" - 3\" - HOJA EN LÁMINA CELOSÍA COLD ROLLED CAL. 1894.20","UN",522086,"Actualización MO 2022"]
["Nuevo ","REDES ELECTRICAS",6560,"TABLERO DE ALUMBRADO Y FUERZA A 208 / 120 VC. A. TRIFÁSICOS 5 HILOS, CON BARRA NEUTRO Y TIERRA, 40 BREAKERS DE 16A MONOFÁSICOS TIPO INDUSTRIAL, 2 BREAKERS TRIFASICOS DE 40A TIPO INDUSTRIAL, 24 CIRCUÍTOS; TTN CON TOTALIZADOR DE 200A. SUMINISTRO E INSTALACIÓN, INCLUYE CONTACTORES Y SELECTORES PARA ALUMBRADOS, DPS Y CONEXIÓN A TIERRA, SEGÚN DISEÑO. PROYECTO AMPLIACIÓN DEL PORTAL TUNAL.","UN",4316662,"Actualización MO 2022"]
["Nuevo ","ANÁLISIS AUXILIARES",6562,"REHABILITACIÓN ANDEN ADOQUÍN ARCILLA TR LIVIANO SOBRE MORTERO. NO INCL BORDILLO. INCL. RETIRO ADOQUIN E INSTALAR EL MISMO. NO INCLUYE REDES.","M2",61037,"Actualización MO 2022"]
["Nuevo ","REDES TELEFONICAS / DATOS",6563,"TRITUBO PE 100 FOPT DE 40MM (1 1/4\") RDE 13.5 MULTF. D= 40 X 40 X 40 MM POLIETILENO DE ALTA DENSIDAD. INCLUYE SUMINISTRO E INSTALACIÓN. NO INCLUYE RELLENO.","ML",14677,"Actualización MO 2022"]
["Nuevo ","SEÑALIZACIÓN",6564,"BANDAS SONORAS REDUCTORAS DE VELOCIDAD DE 3CM DE ALTURA, CONSTRUIDA CON GRAVILLA DE 1/2\", PINTURA DE LARGA DURACIÓN BLANCA Y RESINA EPÓXICA","M2",369477,"Actualización MO 2022"]
["Nuevo ","DEMOLICIONES",6565,"DESMONTE Y RETIRO DE REJA DE CERRAMIENTO. INCLUYE DEMOLICIÓN DE CIMENTACIÓN, BASE Y REJA. INCLUYE TRANSPORTE A 21 KM Y DISPOSICIÓN DE MATERIALES EN SITIO AUTORIZADO.","ML",41632,"Actualización MO 2022"]
["Nuevo ","OBRAS DE ARTE Y EDIFICACIONES",6567,"BANDEJA PARA INTERCAMBIO DE MONEDAS EN ACERO INOXIDABLE CAL. 18 SOPORTADO CON ÁNGULOS METÁLICOS A ANTEPECHO EN MAMPOSTERÍA. SUMINISTRO E INSTALACIÓN.","ML",232939,"Actualización MO 2022"]
["Nuevo ","OBRAS DE ARTE Y EDIFICACIONES",6568,"CANALETA METÁLICA DE 12 CM X 5 CM CON TAPA. SUMINISTRO E INSTALACIÓN. INCLUYE TROQUE EN TAQUILLAS PARA ALOJAR LOS CONDUCTORES DE VOZ, DATOS Y ENERGÍA ENTRE LOS PUESTOS DE LAS TAQUILLAS.","ML",29314,"Actualización MO 2022"]
["Nuevo ","SEÑALIZACIÓN",6569,"CHEVRON 90 CM X 40 CM, REFLECTIVO PRISMÁTICO TIPO VII O SUPERIOR, AMARILLO LIMÓN FLUORESCENTE EN LÁMINA GALVANIZADA, PEDESTAL EN ÁNGULO. SUMINISTRO E INSTALACIÓN.","UN",237905,"Actualización MO 2022"]
["Nuevo ","SEÑALIZACIÓN",6570,"PINTURA ACRÍLICA BASE AGUA (E=15MILS. INCLUYE SUMINISTRO Y APLICACIÓN CON EQUIPO. INCLUYE MICROESFERAS).","M2",28560,"Actualización MO 2022"]
["Nuevo ","SEÑALIZACIÓN",6571,"DEMARCACION LINEA CONTINUA A=0.12M (E=15 MILS, ACRÍLICA BASE AGUA. INC. SUMIN. Y APLIC. CON EQUIPO. INCL. MICROESFERAS)","ML",2154,"Actualización MO 2022"]
["Nuevo ","SEÑALIZACIÓN",6572,"DEMARCACION LINEA CONTINUA A=0.15M (E=15 MILS, ACRÍLICA BASE AGUA. INC. SUMIN. Y APLIC. CON EQUIPO. INCL. MICROESFERAS)","ML",1299,"Actualización MO 2022"]
["Nuevo ","SEÑALIZACIÓN",6573,"PINTURA EN PLASTICO EN FRIO METILMETACRILATO PARA MARCAS VIALES, SIN MICROESFERAS Y ESPESOR SECO SEGÚN NORMA NTC 4744. SUMINISTRO Y APLICACIÓN. (CEBRAS, FLECHAS, PICTOGRAMAS, LINEAS DE PARE, SENDEROS PEATONALES, ACHURADOS, ETC).","M2",49048,"Actualización MO 2022"]
["Nuevo ","REDES ELECTRICAS",6574,"RECONSTRUCCIÓN POR HILADA PARA CAJA DE INSPECCIÓN SENCILLA PARA CANALIZACIÓN (1.49M X 0.99M) NORMA CODENSA CS275. INCLUYE MORTERO DE PEGA Y PAÑETE IMPERMEABILIZADO DE 2500 PSI, LADRILLO TOLETE RECOCIDO, MORTERO DE PEGA 1:5. (NO INCLUYE MARCO, TAPA, EXCAVACIONES, RELLENOS, TRANSPORTE Y DISPOSICIÓN DE ESCOMBROS).","UN",41662,"Actualización MO 2022"]
["Nuevo ","REDES ELECTRICAS",6575,"RECONSTRUCCIÓN POR HILADA PARA CAJA DE INSPECCIÓN DE ALUMBRADO PÚBLICO (0.90M X 0.90M) NORMA CODENSA CS274. INCLUYE MORTERO DE PEGA Y PAÑETE IMPERMEABILIZADO DE 2500 PSI, LADRILLO TOLETE RECOCIDO, MORTERO DE PEGA 1:5. (NO INCLUYE MARCO, TAPA, EXCAVACIONES, RELLENOS, TRANSPORTE Y DISPOSICIÓN DE ESCOMBROS).","UN",32868,"Actualización MO 2022"]
["Nuevo ","REDES ELECTRICAS",6576,"RECONSTRUCCIÓN POR HILADA PARA CAJA DE INSPECCIÓN (2.00M X 2.00M) NORMA CODENSA CS280. INCLUYE MORTERO DE PEGA Y PAÑETE IMPERMEABILIZADO DE 2500 PSI, LADRILLO TOLETE RECOCIDO, MORTERO DE PEGA 1:5. (NO INCLUYE MARCO, TAPA, EXCAVACIONES, RELLENOS, TRANSPORTE Y DISPOSICIÓN DE ESCOMBROS).","UN",78187,"Actualización MO 2022"]
["Nuevo ","MOBILIARIO URBANO - ARBOLES Y GRAMAS",6577,"CONTENEDOR DE RAICES TIPO B22 (TIPO C) (1.60M X 1.60M X 1.60M) INCLUYE MUROS EN CONCRETO GRAVA COMÚN 3000 PSI (210 KG/CM2), SUMINISTRO CONSTRUCCIÓN Y FILTRO EN GRAVILLA 1/2\", FORMALETA Y REFUERZO. NO INCLUYE TIERRA NEGRA.","UN",777736,"Actualización MO 2022"]
["Nuevo ","SEÑALIZACIÓN",6579,"DEMARCACIÓN LINEA CONTINUA A= 0.2MT, (E= 15 MILS ACRÍLICA BASE AGUA. INCLUYE SUMINISTRO Y APLICACIÓN CON EQUIPO. INCLUYE MICROESFERAS.","ML",5713,"Actualización MO 2022"]
["Nuevo ","SEÑALIZACIÓN",6580,"SÍMBOLO DE DEMARCACIÓN CORREDOR EXCLUSIVO DE BICICLETA 1.60M X 2.40M (E= 15 MILS. INCLUYE SUMINISTRO Y APLICACIÓN CON EQUIPO. INCLUYE MICROESFERAS.","UN",25704,"Actualización MO 2022"]
["Nuevo ","SEÑALIZACIÓN",6581,"SÍMBOLO DE DEMARCACIÓN CORREDOR EXCLUSIVO DE BICICLETA 0.80M X 1.20M (E= 15 MILS. INCLUYE SUMINISTRO Y APLICACIÓN CON EQUIPO. INCLUYE MICROESFERAS.","UN",7712,"Actualización MO 2022"]
["Nuevo ","SEÑALIZACIÓN",6582,"DEMARCACIÓN DE LETRERO \"SOLO BUS\" (E= 15 MILS. INCLUYE SUMINISTRO Y APLICACIÓN CON EQUIPO. INCLUYE MICROESFERAS.","UN",129374,"Actualización MO 2022"]
["Nuevo ","SEÑALIZACIÓN",6583,"FLECHA DIRECCIONAL \"FRENTE, DERECHA E IZQUIERDA\" PARA PAVIMENTO RÍGIDO (E= 15 MILS. ACRÍLICA BASE AGUA. INCLUYE SUMINISTRO Y APLICACIÓN CON EQUIPO. INCLUYE MICROESFERAS.","UN",91678,"Actualización MO 2022"]
["Nuevo ","SEÑALIZACIÓN",6584,"PICTOGRAMA DE CEDA EL PASO EN CICLORRUTA (4 TRIÁNGULOS), (PINTURA ACRÍLICA BASE AGUA (E= 15 MILS. INCLUYE SUMINISTRO Y APLICACIÓN CON EQUIPO. INCLUYE MICROESFERAS.","UN",11082,"Actualización MO 2022"]
["Nuevo ","SEÑALIZACIÓN",6585,"DEMARCACIÓN DE FLECHA DE TERMINACIÓN DE CARRIL (E= 15 MILS. ACRÍLICA BASE AGUA. INCLUYE SUMINISTRO Y APLICACIÓN CON EQUIPO. INCLUYE MICROESFERAS.","UN",119524,"Actualización MO 2022"]
["Nuevo ","SEÑALIZACIÓN",6586,"FLECHA DIRECCIONAL \"A LA IZQUIERDA\" (E= 15 MILS. ACRÍLICA BASE AGUA. ÁREA: 1.5037 M2 SEGÚN EL MANUAL DE SEÑALIZACIÓN VIAL. SUMINISTRO Y APLICACIÓN CON EQUIPO. INCLUYE MICROESFERAS.","UN",51595,"Actualización MO 2022"]
["Nuevo ","SEÑALIZACIÓN",6587,"DEMARCACIÓN TEXTO PARE. ÁREA: 1.48 M2 (E= 15 MILS, ACRÍLICA BASE AGUA. SUMINISTRO Y APLICACIÓN CON EQUIPO. INCLUYE MICROESFERAS.","UN",46211,"Actualización MO 2022"]
["Nuevo ","SEÑALIZACIÓN",6588,"DEMARCACIÓN DE ACHURADO. AREA: 1.0 M2 (E= 15 MILS, ACRÍLICA BASE AGUA. SUMINISTRO Y APLICACIÓN CON EQUIPO. INCLUYE MICROESFERAS.","M2",37210,"Actualización MO 2022"]
["Nuevo ","SEÑALIZACIÓN",6589,"DEMARCACIÓN DE LINEA LOGARÍTMICA. ÁREA: 0.60 M2 (E= 15 MILS, ACRÍLICA BASE AGUA. SUMINISTRO Y APLICACIÓN CON EQUIPO. INCLUYE MICROESFERAS.","ML",21096,"Actualización MO 2022"]
["Nuevo ","SEÑALIZACIÓN",6590,"DEMARCACION LINEA DE PARE. ÁREA: 0.60 M2 (E= 15 MILS, ACRÍLICA BASE AGUA. SUMINISTRO Y APLICACIÓN CON EQUIPO. INCLUYE MICROESFERAS.","M2",25786,"Actualización MO 2022"]
["Nuevo ","SEÑALIZACIÓN",6591,"DEMARCACION LINEA DE LINEA SENDERO PEATONAL CONTINUA. ÁREA: 0.30 M2 (E= 15 MILS, ACRÍLICA BASE AGUA. SUMINISTRO Y APLICACIÓN CON EQUIPO. INCLUYE MICROESFERAS.","ML",11643,"Actualización MO 2022"]
["Nuevo ","SEÑALIZACIÓN",6592,"DEMARCACION ZONA ANTIBLOQUEO. AREA: 0.30 M2 (E= 15 MILS, ACRILICA BASE AGUA. SUMINISTRO Y APLICACION CON EQUIPO. INCLUYE MICROESFERAS.","ML",11643,"Actualización MO 2022"]
["Nuevo ","SEÑALIZACIÓN",6593,"DEMARCACIÓN DE LINEA DE PARADERO DE BUSES. ÁREA: 5.5775 M2 (E= 15 MILS, ACRÍLICA BASE AGUA. SUMINISTRO Y APLICACIÓN CON EQUIPO. INCLUYE MICROESFERAS.","UN",193855,"Actualización MO 2022"]
["Nuevo ","SEÑALIZACIÓN",6594,"DEMARCACIÓN PICTOGRAMA TRIÁNGULOS CEDA EL PASO. (E= 15 MILS, ACRÍLICA BASE AGUA. SUMINISTRO Y APLICACIÓN CON EQUIPO. INCLUYE MICROESFERAS.","UN",31439,"Actualización MO 2022"]
["Nuevo ","SEÑALIZACIÓN",6595,"DEMARCACION LINEA DE CEDA EL PASO DISCONTINUA. AREA: 0.32M2. (E= 15 MILS, ACRILICA BASE AGUA. SUMINISTRO Y APLICACION CON EQUIPO. INCLUYE MICROESFERAS.","UN",12018,"Actualización MO 2022"]
["Nuevo ","SEÑALIZACIÓN",6596,"DEMARCACION LINEA DE PARADA DE TRANSMILENIO. AREA: 3.96 M2 SEGUN PARAMETROS DE DISEÑO DE TRANSMILENIO (E= 15 MILS, ACRILICA BASE AGUA. SUMINISTRO Y APLICACION CON EQUIPO. INCLUYE MICROESFERAS.","UN",147696,"Actualización MO 2022"]
["Nuevo ","REDES ELECTRICAS",6598,"TRANSFORMADOR SECO CLASE F TRIFASICO DE 45 KVA, 11.4/0.480-277 KV ZCC 4% (NORMA CODENSA CTS-535) (INCLUYE SUMINISTRO E INSTALACIÓN)","UN",21076615,"Actualización MO 2022"]
["Nuevo Carrera 7a. ","REDES ACUEDUCTO",6600,"REDUCCION PVC E.L. D= 1 1/2\" X 1/2\" (INCLUYE SUMINISTRO E INSTALACIÓN, SOLDADURA).","UN",10315,"Actualización MO 2022"]
["Nuevo Carrera 7a. ","CONCRETO Y ACERO PARA ESTRUCTURAS",6648,"VIGA CABEZAL SOBRE PILOTES Y/O COLUMNAS EN CONCRETO PREMEZCLADO DE 3500 PSI (24 Mpa) (Incluye suministro, formaleteo metalico, bombeo, colocacion y curado. No incluye refuerzo)","M3",597089,"Actualización MO 2022"]
["Nuevo Carrera 7a. ","CONCRETO Y ACERO PARA ESTRUCTURAS",6656,"COLUMNA EN CONCRETO DE 3000 PSI, (21 MPa) PREMEZCLADO, GRAVA COMÚN (Incluye suministro, Bombeo formaleteo en madera, colocación y curado, No incluye refuerzo).","M3",634903,"Actualización MO 2022"]
["Nuevo Carrera 7a. ","REDES ELECTRICAS",6658,"CABLE MONOPOLAR DE ALUMINIO, HF FR PARA 600V C.A. CALIBRE NO. 4/0 AWG (INCLUYE SUMINISTRO E INSTALACIÓN)","ML",15205,"Actualización MO 2022"]
["Nuevo Carrera 7a. ","CONCRETO Y ACERO PARA ESTRUCTURAS",6661,"VIGAS DE CIMENTACION EN CONCRETO PREMEZCLADO DE 3000  PSI (21 Mpa), GRAVA COMUN (Incluye Sumin., Formaleteo metalico, Colocación y Curado. No incl. Refuerzo).","M3",589427,"Actualización MO 2022"]
["Nuevo Carrera 7a. ","CONCRETO Y ACERO PARA ESTRUCTURAS",6665,"VIGA CABEZAL SOBRE PILOTES Y/O COLUMNAS EN CONCRETO PREMEZCLADO DE 4000 PSI (28Mpa) (Incluye suministro, Formaleteo metalico, bombeo, colocacion y curado. No incluye Refuerzo)","M3",632075,"Actualización MO 2022"]
["Nuevo Carrera 7a. ","REDES ELECTRICAS",6673,"DEMOLICION MANUAL DE CAJA SENCILLA CS 274 (INCLUYE DEMOLICIÓN DE PLACA PISO, TAPA, MUROS Y CAÑUELAS Y CARGUE)","UN",187027,"Actualización MO 2022"]
["Nuevo Carrera 7a. ","REDES ELECTRICAS",6675,"RETIRO DE TRANSFORMADOR AISLADO EN ACEITE (DE 30 KVA A 225 KVA), 11.400 VC.A./208-120 VC.A. INSTALADO EN POSTE (INCLUYE TRASLADO A SITIO DE ACOPIO).","UN",238418,"Actualización MO 2022"]
["Nuevo Carrera 7a. ","REDES ELECTRICAS",6676,"DEMOLICION MANUAL DE CAJA SENCILLA CS 280 (INCLUYE DEMOLICIÓN DE PLACA PISO, TAPA, MUROS Y CAÑUELA Y CARGUE).","UN",134282,"Actualización MO 2022"]
["Nuevo Carrera 7a. ","REDES TELEFONICAS / DATOS",6687,"RECONSTRUCCIÓN CÁMARA DE INSPECCIÓN T-13 ETB (H=2.3M. INCLUYE BASE, MUROS, CUBIERTA, ARO-BASE Y ARO-TAPA)","UN",1668750,"Actualización MO 2022"]
["Nuevo Carrera 7a. ","CONCRETO Y ACERO PARA ESTRUCTURAS",6710,"VIGA DE CIMENTACION EN CONCRETO PREMEZCLADO DE 4000 PSI (28 Mpa) GRAVA COMUN (Incluye Sumin., Formaleteo metalico, Colocación y Curado. No incl. Refuerzo).","M3",612542,"Actualización MO 2022"]
["Nuevo Carrera 7a. ","REDES TELEFONICAS / DATOS",6715,"RECONSTRUCCIÓN CÁMARA DE INSPECCIÓN T-13A ETB (H=2.3M. INCLUYE BASE, MUROS, CUBIERTA, ARO-BASE Y ARO-TAPA)","UN",2079872,"Actualización MO 2022"]
["Nuevo Carrera 7a. ","REDES TELEFONICAS / DATOS",6717,"RECONSTRUCCIÓN CÁMARA DE INSPECCIÓN T-14 ETB (H=2.3M. INCLUYE BASE, MUROS, CUBIERTA, ARO-BASE Y ARO-TAPA)","UN",1875859,"Actualización MO 2022"]
["Nuevo Carrera 7a. ","REDES TELEFONICAS / DATOS",6718,"RECONSTRUCCIÓN CÁMARA DE INSPECCIÓN T-14A ETB (H=2.3M. INCLUYE BASE, MUROS, CUBIERTA, ARO-BASE Y ARO-TAPA)","UN",1936984,"Actualización MO 2022"]
["Nuevo Carrera 7a. ","REDES TELEFONICAS / DATOS",6719,"RECONSTRUCCIÓN CÁMARA DE INSPECCIÓN T-16 ETB (H=2.3M. INCLUYE BASE, MUROS, CUBIERTA, ARO-BASE Y ARO-TAPA)","UN",2266040,"Actualización MO 2022"]
["Nuevo Carrera 7a. ","REDES TELEFONICAS / DATOS",6720,"RECONSTRUCCIÓN CÁMARA DE INSPECCIÓN T-16A ETB (H=2.3M. INCLUYE BASE, MUROS, CUBIERTA, ARO-BASE Y ARO-TAPA)","UN",2603767,"Actualización MO 2022"]
["Nuevo Carrera 7a. ","REDES TELEFONICAS / DATOS",6742,"24 DUCTOS D=4\" PVC-TDP (INCLUYE SUMINISTRO E INSTALACIÓN. NO INCLUYE RELLENOS)","ML",470548,"Actualización MO 2022"]
["Nuevo Carrera 7a. ","REDES ACUEDUCTO",6755,"TEE PVC SOLDAR DE 2\". (SUMINISTRO EN INSTALACIÓN)","UN",21304,"Actualización MO 2022"]
["Nuevo Carrera 7a. ","CONCRETO Y ACERO PARA ESTRUCTURAS",6763,"VIGAS Y PLACAS AÉREAS EN CONCRETO PREMEZCLADO DE 3000 PSI (21Mpa), GRAVA COMÚN  (Incluye Suministro, Formaleteo en madera, curado y Colocación. No incluye Refuerzo).","M3",685652,"Actualización MO 2022"]
["Nuevo Carrera 7a. ","CONCRETO Y ACERO PARA ESTRUCTURAS",6765,"VIGAS Y PLACAS AÉREAS EN CONCRETO PREMEZCLADO DE 4000 PSI (28 Mpa) GRAVA COMUN (Incluye suministro, formaleteo en madera, colocacion, andamio, cerchas, parales y curado. No incluye refuerzo)","M3",632318,"Actualización MO 2022"]
["Nuevo Carrera 7a. ","CONCRETO Y ACERO PARA ESTRUCTURAS",6774,"DADO EN CONCRETO DE 3000 PSI, (21 MPa) PREMEZCLADO, GRAVA COMÚN (Incluye suministro, formaleteo en madera, Bombeo, colocación y curado, No incluye refuerzo).","M3",569690,"Actualización MO 2022"]
["Nuevo Carrera 7a. ","CONCRETO Y ACERO PARA ESTRUCTURAS",6775,"VIGAS DE CUBIERTA REFORZADAS EN CONCRETO PREMEZCLADO DE 4000 PSI (Incluye suministro, formaleteo metalico, bombeo, colocacion, andamios y curado. No incluye refuerzo)","M3",649298,"Actualización MO 2022"]
["Nuevo Carrera 7a. ","SEÑALIZACIÓN",6779,"PICTOGRAMA PEATONAL AMARILLO/NEGRO. (INCLUYE SUMINISTRO E INSTALACIÓN)","UN",414427,"Actualización MO 2022"]
["Nuevo Carrera 7a. ","REDES ACUEDUCTO",6801,"REDUCCION PVC E.L. D= 1 1/2\" X 1\" (SUMINISTRO E INSTALACIÓN)","UN",9136,"Actualización MO 2022"]
["Nuevo Carrera 7a. ","SEÑALIZACIÓN",6848,"SEÑAL VERTICAL GRUPO PREVENTIVA SR-38 Y SR-39 TIPO RECTÁNGULO (75X25CM) (INCLUYE SUMINISTRO E INSTALACIÓN)","UN",313376,"Actualización MO 2022"]
["Nuevo Carrera 7a. ","SEÑALIZACIÓN",6856,"DEMARCACION TEXTO VEL MAX 30 KM/H AREA: 4.80 M2. (E=2.3 MM, TERMOPLASTICA INCLUYE SUMINISTRO Y APLICACIÓN CON EQUIPO. INCLUYE MICROESFERAS).","UN",473605,"Actualización MO 2022"]
["Nuevo Carrera 7a. ","REDES ACUEDUCTO",6857,"LLAVE MANGUERA 1/2\". SUMINISTRO E INSTALACIÓN","UN",49432,"Actualización MO 2022"]
["Nuevo Carrera 7a. ","SEÑALIZACIÓN",6864,"PICTOGRAMA TRIANGULAR POMPEYANO. (E=2.3 MM, TERMOPLÁSTICA.) (INCLUYE SUMINISTRO Y APLICACIÓN CON EQUIPO, INCLUYE MICROESFERAS). AREA DE LA MARCA: 0.35 M2.","UN",36352,"Actualización MO 2022"]
["Nuevo Carrera 7a. ","PUENTES",6866,"CINTA FLEXIBLE PARA SELLO DE JUNTAS A=15CM (SUMINISTRO E INSTALACIÓN).","ML",27491,"Actualización MO 2022"]
["Nuevo Carrera 7a. ","CONCRETO Y ACERO PARA ESTRUCTURAS",6868,"VIGAS Y PLACAS AÉREAS EN CONCRETO PREMEZCLADO DE 5000 PSI (34 Mpa) GRAVA COMUN (Incluye suministro, formaleteo en madera, colocacion y curado. No incluye Refuerzo)","M3",728026,"Actualización MO 2022"]
["Nuevo Carrera 7a. ","CONCRETO Y ACERO PARA ESTRUCTURAS",6869,"COLUMNA EN CONCRETO DE 5000 PSI, (35 MPa) PREMEZCLADO, GRAVA COMÚN (Incluye suministro, Bombeo, formaleteo en madera, colocación y curado, No incluye refuerzo).","M3",666758,"Actualización MO 2022"]
["Nuevo","GESTIÓN SOCIAL",6874,"ENCUESTA DE PERCEPCIÓN CIUDADANA. INCL. FORMATO DE ENCUESTA DE PERCEPCIÓN CIUDADANA, DISEÑO DE MUESTRA Y METODOLOGÍA DE RECOLECCIÓN EN CAMPO, BASE DE DATOS EN FORMATO EXCEL, PRESENTACIÓN DE RESULTADOS.","UN",77350,"Actualización MO 2022"]
["Nuevo Carrera 7a. ","CONCRETO Y ACERO PARA ESTRUCTURAS",6878,"CONCRETO 3000 PSI (21 MPA) GRAVA COMÚN PARA ANDENES (PREMEZCLADO. INCLUYE SUMINISTRO, FORMALETEO, COLOCACIÓN Y CURADO. NO INCLUYE REFUERZO).","M3",469382,"Actualización MO 2022"]
["Nuevo Carrera 7a. ","CONCRETO Y ACERO PARA ESTRUCTURAS",6880,"CONCRETO MR41 COLOR OCRE PARA RAMPAS Y ESCALERAS (PREMEZCLADO. INCLUYE SUMINISTRO, FORMALETEO, COLOCACIÓN Y CURADO. NO INCLUYE REFUERZO).","M3",925793,"Actualización MO 2022"]
["Nuevo Carrera 7a. ","REDES ELECTRICAS",6959,"CONDUCTOR MONOPOLAR DE COBRE, AISLADOS PARA 600 V C.A., CALIBRE NO. 2 AWG. (INCLUYE SUMINISTRO E INSTALACIÓN).","ML",13386,"Actualización MO 2022"]
["Nuevo Carrera 7a. ","REDES ACUEDUCTO",6968,"TUBERÍA PVC D=3/4\" RDE 21 (SUMINISTRO E INSTALACIÓN)","ML",6582,"Actualización MO 2022"]
["Nuevo Carrera 7a. ","OBRAS DE ARTE Y EDIFICACIONES",7026,"PISO EN PIEDRA MUÑECA BOGOTANA PULIDA (600X400X60MM). INCLUYE MORTERO 1:4, E=6 CM PROMEDIO (SUMINISTRO E INSTALACIÓN)","M2",223759,"Actualización MO 2022"]
["Nuevo Carrera 7a. ","ANDENES Y SARDINELES",7028,"BORDILLO PREFABRICADO A81 (SUMINISTRO E INSTALACIÓN. INCLUYE 3CM MORTERO DE NIVELACIÓN 2000 PSI)","ML",51810,"Actualización MO 2022"]
["Nuevo Carrera 7a. ","MOBILIARIO URBANO - ARBOLES Y GRAMAS",7047,"LIQUIDAMBAR H=2.5M (INCLUYE EXCAVACIÓN MANUAL, SIEMBRA, CAJA, TIERRA, ABONO, TUTOR, TRANSPORTE Y DISPOSICIÓN FINAL DE ESCOMBROS EN SITIO AUTORIZADO A 28 KM). SUMINISTRO Y PLANTACION.","UN",227903,"Actualización MO 2022"]
["Nuevo Carrera 7a. ","REDES ELECTRICAS",7057,"SALIDA PARA ILUMINACIÓN (SUMINISTRO E INSTALACIÓN)","UN",32327,"Actualización MO 2022"]
["Nuevo Carrera 7a. ","MOBILIARIO URBANO - ARBOLES Y GRAMAS",7090,"HIEDRA MIAMI (INCLUYE 12 UNIDADES POR M2 Y TRANSPORTE Y DISPOSICIÓN FINAL DE ESCOMBROS A 28 KM). SUMINISTRO Y PLANTACIÓN.","M2",52905,"Actualización MO 2022"]
["Nuevo Carrera 7a. ","REDES ELECTRICAS",7113,"CABLE CONDUCTOR MONOPOLAR DE 3X6 + 1X6 + 1X8T AWG AL THWN, 600 V.(ALUMINIO Y COBRE) (INCLUYE SUMINISTRO E INSTALACIÓN)","ML",35497,"Actualización MO 2022"]
["Nuevo Carrera 7a. ","PUENTES",7136,"DESMONTE Y TRASLADO DE ESTRUCTURAS METALICAS","KG",1323,"Actualización MO 2022"]
["Nuevo Carrera 7a. ","CONCRETO Y ACERO PARA ESTRUCTURAS",7202,"FACHADA EN PANELES DE VIDRIO LAMINADO DE SEGURIDAD EN 3 MÓDULOS VERTICALES CON BORDE PERIMETRAL EN NEOPRENO+ESTRUCTURA METÁLICA EXTERIOR TRAPEZOIDAL, FIJACIÓN A ESTRUCTURA CON BUJES. ESTRUCTURA METÁLICA EXTERIOR Y PERIMETRAL (SUMINISTRO E INSTALACIÓN)","M2",654930,"Actualización MO 2022"]
["Nuevo Carrera 7a. ","ANÁLISIS AUXILIARES",7267,"PERSIANA EN ALUMINIO EXTRUIDO NATURAL MATE O ACERO GALVANIZADO (INCLUYE SUMINISTRO E INSTALACIÓN)","M2",233090,"Actualización MO 2022"]
["Nuevo Carrera 7a. ","GEOSINTETICOS",7283,"APOYO ELASTOMÉRICO EN NEOPRENO REFORZADO DUREZA 60 PARA APOYO SUPERESTRUCTURA. (SUMINISTRO E INSTALACIÓN).","dm3",70983,"Actualización MO 2022"]
["Nuevo Carrera 7a. ","ANÁLISIS AUXILIARES",7308,"BARANDA EN VIDRIO TEMPLADO OPALIZADO DE 10MM H=1.00M Y PASAMANOS CILINDRICO EN ACERO INOXIDABLE MATE DE D=1 1/2\" EDIFICIO ACCESO (ESCALERAS, RAMPAS, TERRAZAS, TORNIQUETES) (SUMINISTRO E INSTALACIÓN).","ML",503407,"Actualización MO 2022"]
["Nuevo Carrera 7a. ","REDES ELECTRICAS",7332,"CABLE MONOPOLAR DE COBRE, HF FR PARA 600V C.A. CALIBRE NO. 8 AWG. (INCLUYE SUMINISTRO E INSTALACIÓN)","ML",9496,"Actualización MO 2022"]
["Nuevo - Tintal Alsacia","REDES ELECTRICAS",7336,"BARRA DE UNION 5/8\". (INCLUYE SUMINISTRO E INSTALACIÓN).","KG",3978,"Actualización MO 2022"]
["Nuevo - Tintal Alsacia","REDES ACUEDUCTO",7337,"BRIDA CIEGA EN ACERO D= 24\". PRESIÓN DE TRABAJO= 150 PSI.","UN",3362910,"Actualización MO 2022"]
["Nuevo - Tintal Alsacia","SEÑALIZACIÓN",7338,"BARRICADA METALICA TIPO IDU CON CERRADO REFLECTIVO NARANJA Y BLANCO GRADO INGENIERIA, MEDIDAS: 2.40M X 1.50M - 3 BANDEJAS DE 20CM X 2.40M. TABLERO DE DESVIO DE 60CM. (INCLUYE CABALLETE, SUMINISTRO E INSTALACIÓN)","UN/MES",279487,"Actualización MO 2022"]
["Nuevo - Tintal Alsacia","REDES ELECTRICAS",7339,"FIBRA ÓPTICA MONOMODO DE 4 HILOS (INCLUYE SUMINISTRO E INSTALACIÓN)","ML",3320,"Actualización MO 2022"]
["Nuevo - Tintal Alsacia","REDES TELEFONICAS / DATOS",7340,"CAMARA DE PASO NO. 2 UNE-EPM TELECOMUNICACIONES NORMA TEL NIN-105.(INCLUYE SUMINISTRO E INSTALACIÓN, NO INCLUYE RELLENOS).","UN",2640537,"Actualización MO 2022"]
["Nuevo - Tintal Alsacia","REDES ACUEDUCTO",7341,"CARCAMO AGUAS LLUVIAS 0.45 X 0.60 M. (INCLUYE REJILLA) SUMINISTRO E INSTALACIÓN","ML",620571,"Actualización MO 2022"]
["Nuevo - Tintal Alsacia","CONCRETO Y ACERO PARA ESTRUCTURAS",7342,"CERRAMIENTO CONTRA IMPACTO IDRD H=5.00 M. (TUBO GALVANIZADO, VARILLA REDONDA, MALLA ESLABONADA Y ÁNGULO. ACABADO SUPERFICIAL EN PINTURA LÍQUIDA RESISTENTE A LA INTEMPERIE, INCLUYE VIGA DE CIMENTACIÓN) (INCLUYE SUMINISTRO E INSTALACIÓN)","ML",1099768,"Actualización MO 2022"]
["Nuevo - Tintal Alsacia","SEÑALIZACIÓN",7344,"SEÑALIZACIÓN CON CINTA DE DEMARCACION CALIBRE 3 (INCLUYE SUMINISTRO Y COLOCACIÓN)","ML",578,"Actualización MO 2022"]
["Nuevo - Tintal Alsacia","CONCRETO Y ACERO PARA ESTRUCTURAS",7345,"CONCRETO 3000 PSI (21 MPA) GRAVA COMÚN PARA MATERA (PREMEZCLADO. INCLUYE SUMINISTRO, FORMALETEO, COLOCACIÓN Y CURADO. NO INCLUYE REFUERZO).","M3",528683,"Actualización MO 2022"]
["Nuevo - Tintal Alsacia","SEÑALIZACIÓN",7346,"DEMARCACIÓN LÍNEA DE INICIO O FIN CARRIL, A= 0.20M L= 1.0M SEPARACIÓN= 1.0M E= 2.3MM EN PINTURA TERMOPLÁSTICA. INCLUYE SUMINISTRO Y APLICACIÓN CON EQUIPO. INCLUYE MICROESFERAS.","M2",19753,"Actualización MO 2022"]
["Nuevo - Tintal Alsacia","REDES ACUEDUCTO",7347,"NIPLE 16\" ACERO CARBON EXTREMOS BRIDA/CAMPANA CON SALIDA TANGENCIAL PARA PURGA 4\" L= 2500MM. SUMINISTRO E INSTALACIÓN","UN",2196048,"Actualización MO 2022"]
["Nuevo - Tintal Alsacia","CONCRETO Y ACERO PARA ESTRUCTURAS",7348,"CONCRETO 4000 PSI (28 MPa) GRAVA COMÚN PARA BARRERA NEW JERSEY MONODIRECCIONAL DE 0.90M DE ALTURA X 0.375M DE BASE. (PREMEZCLADO. INCLUYE SUMINISTRO, FORMALETEO, COLOCACIÓN Y CURADO. NO INCLUYE REFUERZO).","M3",570012,"Actualización MO 2022"]
["Nuevo - Tintal Alsacia","CONCRETO Y ACERO PARA ESTRUCTURAS",7349,"CONCRETO 4000 PSI (28 Mpa) GRAVA COMÚN PARA CÁMARA (PREMEZCLADO. INCLUYE SUMINISTRO, FORMALETEO, COLOCACIÓN Y CURADO. NO INCLUYE REFUERZO).","M3",558780,"Actualización MO 2022"]
["Nuevo - Tintal Alsacia","CONCRETO Y ACERO PARA ESTRUCTURAS",7351,"CONCRETO 4000 PSI (28 MPA) GRAVA COMÚN PARA CÁRCAMO (PREMEZCLADO. INCLUYE SUMINISTRO, FORMALETEO, COLOCACIÓN Y CURADO. NO INCLUYE REFUERZO).","M3",575984,"Actualización MO 2022"]
["Nuevo - Tintal Alsacia","MOBILIARIO URBANO - ARBOLES Y GRAMAS",7353,"CONTENEDOR DE RAICES TIPO B23 (TIPO D) (2.00M X 2.00M X 1.40M). (INCLUYE FILTRO EN GRAVILLA, TIERRA NEGRA. SUMINISTRO Y CONSTRUCCIÓN).","UN",1251043,"Actualización MO 2022"]
["Nuevo - Tintal Alsacia","REDES ACUEDUCTO",7354,"NIPLE 12\" ACERO CARBON EXTREMO BRIDA Y EXTREMO LISO PARA CINTURÓN DE CIERRE L= 1500MM. (A) SUMINISTRO E INSTALACIÓN","UN",1279286,"Actualización MO 2022"]
["Nuevo - Tintal Alsacia","REDES ACUEDUCTO",7355,"NIPLE 4\" ACERO CARBON BRIDA Y EXTREMO LISO L= 300MM. (A) SUMINISTRO E INSTALACIÓN","UN",216862,"Actualización MO 2022"]
["Nuevo - Tintal Alsacia","REDES TELEFONICAS / DATOS",7356,"DETECTOR DE DEMANDA PEATONAL (BOTONES) NO INCLUYE CABLES. (INCLUYE SUMINISTRO E INSTALACIÓN).","UN",1881398,"Actualización MO 2022"]
["Nuevo - Tintal Alsacia","REDES ACUEDUCTO",7357,"NIPLE 4\" ACERO CARBON BRIDA/BRIDA L= 250MM. (A) SUMINISTRO E INSTALACIÓN","UN",270035,"Actualización MO 2022"]
["Nuevo - Tintal Alsacia","REDES ACUEDUCTO",7358,"NIPLE 4\" ACERO CARBON BRIDA/EXTREMO LISO L= 200MM. (A) SUMINISTRO E INSTALACIÓN","UN",208707,"Actualización MO 2022"]
["Nuevo - Tintal Alsacia","SEÑALIZACIÓN",7359,"SEÑAL VERTICAL DE TRÁNSITO TIPO SP/SR CON LÁMINA RETRORREFLECTIVA PARA CICLORUTA DE 0.45 M X 0.45 M, INCLUYE POSTE. SUMINISTRO E INSTALACIÓN.","UN",316497,"Actualización MO 2022"]
["Nuevo - Tintal Alsacia","GEOSINTETICOS",7362,"GEOMALLA TENSAR BX 1100 PARA REFUERZO DE MATERIALES GRANULARES. (INCLUYE SUMINISTRO E INSTALACIÓN).","M2",9100,"Actualización MO 2022"]
["Nuevo - Tintal Alsacia","RELLENOS Y CAPAS GRANULARES",7364,"RELLENO EN RECEBO COMUN (SUMINISTRO E INSTALACIÓN EXTENDIDO MECANICO, HUMEDECIMIENTO, COMPACTACIÓN Y TRANSPORTE A 28 KM).","M3",70963,"Actualización MO 2022"]
["Nuevo - Tintal Alsacia","GEOSINTETICOS",7365,"NEOPRENO REFORZADO 30CMX30CMX4\" DOBLE REFUERZO DUREZA 60. SUMINISTRO E INSTALACIÓN. (INCLUYE LIMPIEZA DE LA SUPERFICIE CON CHORRO DE AIRE A PRESIÓN, HERRAMIENTA MENOR Y COMPRESOR).","UN",674532,"Actualización MO 2022"]
["Nuevo - Tintal Alsacia","GEOSINTETICOS",7366,"NEOPRENO REFORZADO 60CMX15CMX1\" DOBLE REFUERZO DUREZA 60. SUMINISTRO E INSTALACIÓN. (INCLUYE LIMPIEZA DE LA SUPERFICIE CON CHORRO DE AIRE A PRESIÓN, HERRAMIENTA MENOR Y COMPRESOR).","UN",213053,"Actualización MO 2022"]
["Nuevo - Tintal Alsacia","ANÁLISIS AUXILIARES",7368,"PIEDRA CASCAJO (RAJÓN) (INCLUYE SUMINISTRO E INSTALACIÓN)","M2",37603,"Actualización MO 2022"]
["Nuevo - Tintal Alsacia","DEMOLICIONES",7369,"DEMOLICION DE CANALIZACION DE REDES DE COMUNICACIONES DUCTOS PVC-TDP (INCLUYE RETIRO Y DISPOSICION DE ESCOMBROS)","ML",8281,"Actualización MO 2022"]
["Nuevo - Tintal Alsacia","REDES ALCANTARILLADO / DRENAJE",7370,"CÁMARA DE CAIDA D=10\" H=1.70M (INCLUYE SUMINISTRO E INSTALACIÓN)","UN",1068181,"Actualización MO 2022"]
["Nuevo - Tintal Alsacia","REDES ALCANTARILLADO / DRENAJE",7371,"CÁMARA DE CAIDA D=12\" H=0.75M - 3.00M (INCLUYE SUMINISTRO E INSTALACIÓN)","UN",1267133,"Actualización MO 2022"]
["Nuevo - Tintal Alsacia","REDES ALCANTARILLADO / DRENAJE",7372,"CÁMARA DE CAIDA D=16\" H=0.85M - 3.15M (INCLUYE SUMINISTRO E INSTALACIÓN)","UN",3299507,"Actualización MO 2022"]
["Nuevo - Tintal Alsacia","SEÑALIZACIÓN",7374,"SEÑALIZACIÓN CON COLOMBINA TUBULAR PLASTICA (INCLUYE SUMINISTRO E INSTALACIÓN)","UN",31062,"Actualización MO 2022"]
["Nuevo - Tintal Alsacia","REDES ACUEDUCTO",7375,"EMPATES DE TUBERÍA EN CCP A CCP 16\" LINEAL (INCLUYE ACCESORIOS).SUMINISTRO E INSTALACIÓN","UN",849990,"Actualización MO 2022"]
["Nuevo - Tintal Alsacia","REDES ACUEDUCTO",7376,"EMPATES DE TUBERÍA EN CCP A CCP 24\" LINEAL (INCLUYE ACCESORIOS).SUMINISTRO E INSTALACIÓN","UN",1056192,"Actualización MO 2022"]
["Nuevo - Tintal Alsacia","SEÑALIZACIÓN",7377,"FLECHA LUMINOSA INTERMITENTE DE 1.10 MTS DE LONGITUD Y 40 CMS DE ANCHO CON ESTRUCTURA EN TUBO CUADRADO DE 1\" DE 1.60 CMS DE ALTO. (SUMINISTRO E INSTALACIÓN)","UN",709044,"Actualización MO 2022"]
["Nuevo - Tintal Alsacia","GEOSINTETICOS",7378,"GEOMALLA UNIAXIAL RESISTENCIA ÚLTIMA 60KN/MK PARA REFUERZO DE MATERIALES GRANULARES. (INCLUYE SUMINISTRO E INSTALACIÓN)","M2",18173,"Actualización MO 2022"]
["Nuevo - Tintal Alsacia","MOBILIARIO URBANO - ARBOLES Y GRAMAS",7379,"PALMA DE CERA (INCLUYE SIEMBRA Y TIERRA NEGRA, TRANSPORTE Y DISPOSICIÓN FINAL DE ESCOMBROS EN SITIO AUTORIZADO). DISTANCIA DE TRANSPORTE 28 KM. SUMINISTRO Y PLANTACIÓN","UN",350985,"Actualización MO 2022"]
["Nuevo - Tintal Alsacia","PMT",7380,"TOMA DE INFORMACION DE TRANSITO DURANTE LA OBRA (INCLUYE PROCESAMIENTO Y LOGISTICA)","HR",12914,"Actualización MO 2022"]
["Nuevo - Tintal Alsacia","MOBILIARIO URBANO - ARBOLES Y GRAMAS",7381,"JUEGO INFANTIL TIPO M-5A DE TRES PUESTOS, ACABADO SUPERFICIAL EN PINTURA EN POLVO SECO TGIC RESISTENTE A LA INTERPERIE. (INCLUYE SUMINISTRO E INSTALACIÓN)","UN",2261000,"Actualización MO 2022"]
["Nuevo - Tintal Alsacia","MOBILIARIO URBANO - ARBOLES Y GRAMAS",7382,"JUEGO INFANTIL TIPO M-3 METÁLICO. INCLUYE RODADERO, BARRAS DE FLEXIÓN, ESCALADOR ÁRBOL Y ARCO, PASAMANOS Y ANGULATADO, PLATAFORMAS CUBIERTAS, ACABDO SUPERFICIAL EN PINTURA EN POLVO EN SECO TGIC","UN",6247500,"Actualización MO 2022"]
["Nuevo - Tintal Alsacia","REDES ACUEDUCTO",7384,"VÁLVULA TIPO MARIPOSA DE Ø 12\" CON EXTREMOS LISOS TUBERIA EN PVC, INCLUYE UNIONES (INCLUYE SUMINISTRO E INSTALACIÓN).","UN",6257824,"Actualización MO 2022"]
["Nuevo - Tintal Alsacia","CONCRETO Y ACERO PARA ESTRUCTURAS",7387,"BARRA DE ACERO GRADO 50 F 2-1/2\" (SUMINISTRO E INSTALACIÓN).","KG",4137,"Actualización MO 2022"]
["Nuevo - Tintal Alsacia","REDES ACUEDUCTO",7388,"PERFORACIÓN HORIZONTAL DIRIGIDA PARA DUCTO CCP D=16\" (INCLUYE TUBERÍA).SUMINISTRO E INSTALACIÓN","ML",3164457,"Actualización MO 2022"]
["Nuevo - Tintal Alsacia","REDES ACUEDUCTO",7389,"PERFORACIÓN HORIZONTAL DIRIGIDA PARA DUCTO CCP D=24\" (INCLUYE TUBERÍA).SUMINISTRO E INSTALACIÓN","ML/DIAMETRO",4350905,"Actualización MO 2022"]
["Nuevo - Tintal Alsacia","ANDENES Y SARDINELES",7390,"BORDE CONTENEDOR DE RAICES (2000X120X135) (INCLUYE SUMINISTRO E INSTALACIÓN, INCLUYE BASE DE 3CM EN MORTERO 1:3 HECHO EN OBRA)","ML",42943,"Actualización MO 2022"]
["Nuevo - Tintal Alsacia","REDES ACUEDUCTO",7391,"REDUCCION HD 24\" X 16\" (SUMINISTRO E INSTALACIÓN)","UN",6628983,"Actualización MO 2022"]
["Nuevo - Tintal Alsacia","REDES ACUEDUCTO",7392,"REDUCCION HD 12\" X 6\" (SUMINISTRO E INSTALACIÓN)","UN",1228311,"Actualización MO 2022"]
["Nuevo - Tintal Alsacia","REDES ACUEDUCTO",7393,"VÁLVULA TIPO MARIPOSA DE Ø 12\" CON EXTREMOS LISOS TUBERIA EN PVC INCLUYE UNIONES Y TAPA DE SEGURIDAD CIERRE PERMANENTE (INCLUYE SUMINISTRO E INSTALACIÓN).","UN",6470073,"Actualización MO 2022"]
["Nuevo - Tintal Alsacia","REDES ACUEDUCTO",7395,"REDUCCION PVC TIPO U.M. 12\" X 8\" (SUMINISTRO E INSTALACIÓN)","UN",1528444,"Actualización MO 2022"]
["Nuevo - Tintal Alsacia","REDES ACUEDUCTO",7396,"REDUCCION PVC TIPO U.M. 6\" X 3\" (SUMINISTRO E INSTALACIÓN)","UN",270605,"Actualización MO 2022"]
["Nuevo - Tintal Alsacia","SEÑALIZACIÓN",7397,"SEÑAL CICLORUTA SIC-02, TABLERO 0.70M X 0.18M. INCLUYE POSTE. SUMINISTRO E INSTALACIÓN","UN",446250,"Actualización MO 2022"]
["Nuevo - Tintal Alsacia","SEÑALIZACIÓN",7398,"SEÑAL CICLORUTA SIC-02, TABLERO 0.70M X 0.30M. INCLUYE POSTE. SUMINISTRO E INSTALACIÓN","UN",446250,"Actualización MO 2022"]
["Nuevo - Tintal Alsacia","SEÑALIZACIÓN",7399,"SEÑAL CICLORUTA SIC-02, TABLERO 0.70M X 0.40M. EN LÁMINA GALVANIZADA CAL-16. INCLUYE SOPORTE EN TUBO REDONDO 2\" EN REFLECTIVO CON PINTURA ELECTROSTÁTICA. SUMINISTRO E INSTALACIÓN","UN",666788,"Actualización MO 2022"]
["Nuevo - Tintal Alsacia","SEÑALIZACIÓN",7400,"SEÑAL CICLORUTA SIC-02, TABLERO 0.80M X 0.18M. INCLUYE POSTE. SUMINISTRO E INSTALACIÓN","UN",470050,"Actualización MO 2022"]
["Nuevo - Tintal Alsacia","SEÑALIZACIÓN",7401,"SEÑAL CICLORUTA SIC-02, TABLERO 0.80M X 0.80M. EN LÁMINA GALVANIZADA C-16. INCLUYE SOPORTE EN TUBO REDONDO 2\" EN REFLECTIVO CON PINTURA ELECTROSTÁTICA. SUMINISTRO E INSTALACIÓN","UN",700584,"Actualización MO 2022"]
["Nuevo - Tintal Alsacia","SEÑALIZACIÓN",7406,"SEÑAL VERTICAL SR 90X30 , INCLUYE POSTE. SUMINISTRO E INSTALACIÓN","UN",470883,"Actualización MO 2022"]
["Nuevo - Tintal Alsacia","SEÑALIZACIÓN",7407,"SEÑAL VERTICAL DE TRÁNSITO TIPO SR CON LÁMINA REFLECTIVA PARA CICLORUTA D=0.45M. INCLUYE POSTE. SUMINISTRO E INSTALACIÓN","UN",489359,"Actualización MO 2022"]
["Nuevo - Tintal Alsacia","REDES ELECTRICAS",7408,"ACOMETIDA SUBTERRÁNEA DE BAJA TENSIÓN (2 TUBOS DE 2\" PVC) INCLUYE SUMINISTRO E INSTALACIÓN.","UN",543050,"Actualización MO 2022"]
["Nuevo - Tintal Alsacia","REDES ELECTRICAS",7409,"RECONSTRUCCIÓN CAJA DE INSPECCIÓN TRIPLE PARA CANALIZACIÓN NORMA CODENSA CS 277 (INCLUYE MUROS , PAÑETE, MARCO Y TAPAS) MEDIDAS EXTERNAS: 2.79M X 1.69M. MEDIDAS INTERNAS: 2.29M X 1.19M. ALTURA 1.85M","UN",2325311,"Actualización MO 2022"]
["Nuevo - Tintal Alsacia","REDES ELECTRICAS",7410,"RECONSTRUCCIÓN CAJA DE INSPECCIÓN DOBLE PARA CANALIZACIÓN NORMA CODENSA CS 276 (INCLUYE MUROS , PAÑETE, MARCO Y TAPAS) MEDIDAS EXTERNAS: 1.79M X 1.49M. MEDIDAS INTERNAS: 1.49M X 1.19M. ALTURA 1.22M","UN",1328638,"Actualización MO 2022"]
["Nuevo - Tintal Alsacia","REDES ELECTRICAS",7411,"RECONSTRUCCIÓN CAJA DE INSPECCIÓN SENCILLA PARA CANALIZACIÓN NORMA CODENSA CS 275 (INCLUYE MUROS , PAÑETE, MARCO Y TAPAS) MEDIDAS EXTERNAS: 1.69M X 1.19M. MEDIDAS INTERNAS: 0.69M X 1.19M. ALTURA 1.22M.","UN",906127,"Actualización MO 2022"]
["Nuevo - Tintal Alsacia","REDES ACUEDUCTO",7412,"VÁLVULA TIPO MARIPOSA DE Ø 4\" CON EXTREMOS LISOS TUBERIA EN PVC INCLUYE UNIONES (INCLUYE SUMINISTRO E INSTALACIÓN).","UN",848757,"Actualización MO 2022"]
["Nuevo - Tintal Alsacia","REDES ELECTRICAS",7413,"RECONSTRUCCIÓN CAJA DE INSPECCIÓN TIPO VEHICULAR (INCLUYE MUROS , PAÑETE, MARCO Y TAPAS) MEDIDAS EXTERNAS: 2.00M X 2.00M. MEDIDAS INTERNAS: 1.50M X 1.50M. ALTURA 1.80M.","UN",1615501,"Actualización MO 2022"]
["Nuevo - Tintal Alsacia","REDES ACUEDUCTO",7414,"VÁLVULA TIPO MARIPOSA DE Ø 6\" CON EXTREMOS LISOS TUBERIA EN PVC INCLUYE UNIONES (INCLUYE SUMINISTRO E INSTALACIÓN).","UN",1597649,"Actualización MO 2022"]
["Nuevo - Tintal Alsacia","REDES ACUEDUCTO",7415,"REDUCCION PVC TIPO U.M. 8\"X6\". (SUMINISTRO E INSTALACIÓN)","UN",404463,"Actualización MO 2022"]
["Nuevo - Tintal Alsacia","CONCRETO Y ACERO PARA ESTRUCTURAS",7417,"ANCLAJE PARA TUBERIA EN CONCRETO PREMEZCLADO DE 4000 PSI GRAVA COMUN (Incluye suministro, formaleteo, colocacion y curado. No incluye refuerzo)","M3",563091,"Actualización MO 2022"]
["Nuevo - Tintal Alsacia","REDES ACUEDUCTO",7419,"TEE PVC U.M. 4\" X 4\" (SUMINISTRO E INSTALACIÓN)","UN",193817,"Actualización MO 2022"]
["Nuevo - Tintal Alsacia","REDES ACUEDUCTO",7420,"TEE PVC U.M. 6\" X 3\" (SUMINISTRO E INSTALACIÓN)","UN",419971,"Actualización MO 2022"]
["Nuevo - Tintal Alsacia","REDES ACUEDUCTO",7421,"TEE PVC U.M. 6\" X 4\" (SUMINISTRO E INSTALACIÓN)","UN",425921,"Actualización MO 2022"]
["Nuevo - Tintal Alsacia","REDES ACUEDUCTO",7422,"VÁLVULA TIPO MARIPOSA DE Ø 6\" CON EXTREMOS LISOS TUBERIA EN PVC INCLUYE UNIONES Y TAPA DE SEGURIDAD CIERRE PERMANENTE (INCLUYE SUMINISTRO E INSTALACIÓN).","UN",1809898,"Actualización MO 2022"]
["Nuevo - Tintal Alsacia","REDES ACUEDUCTO",7423,"TEE PVC U.M. 6\" X 6\" (SUMINISTRO E INSTALACIÓN)","UN",510802,"Actualización MO 2022"]
["Nuevo - Tintal Alsacia","REDES ACUEDUCTO",7424,"VÁLVULA TIPO MARIPOSA DE Ø 8\" CON EXTREMOS LISOS TUBERIA EN PVC INCLUYE UNIONES (INCLUYE SUMINISTRO E INSTALACIÓN).","UN",2514136,"Actualización MO 2022"]
["Nuevo - Tintal Alsacia","REDES ACUEDUCTO",7425,"VÁLVULA TIPO MARIPOSA DE Ø 8\" CON EXTREMOS LISOS TUBERIA EN PVC INCLUYE UNIONES Y TAPA DE SEGURIDAD CIERRE PERMANENTE (INCLUYE SUMINISTRO E INSTALACIÓN).","UN",2726382,"Actualización MO 2022"]
["Nuevo - Tintal Alsacia","CONCRETO Y ACERO PARA ESTRUCTURAS",7426,"CABEZAL EN CONCRETO PREMEZCLADO DE 4000 PSI (28Mpa) GRAVA COMUN (Incluye suministro, formaleteo metalico, colocacion y curado. No incluye refuerzo)","M3",568837,"Actualización MO 2022"]
["Nuevo - Tintal Alsacia","REDES ACUEDUCTO",7427,"TEE PVC U.M. 8\" X 6\" (SUMINISTRO E INSTALACIÓN)","UN",875741,"Actualización MO 2022"]
["Nuevo - Tintal Alsacia","REDES ACUEDUCTO",7428,"TEE PVC U.M. 8\" X 8\" (SUMINISTRO E INSTALACIÓN)","UN",913821,"Actualización MO 2022"]
["Nuevo - Tintal Alsacia","REDES ACUEDUCTO",7429,"NIPLE 24\" ACERO CARBON EXTREMOS ESPIGO/CAMPANA L= 3000MM CON SALIDA PARA BOCA DE ACCESO 24\" (ACERO). SUMINISTRO E INSTALACIÓN.","UN",2659605,"Actualización MO 2022"]
["Nuevo - Tintal Alsacia","REDES ELECTRICAS",7430,"BAJANTE DE ALIMENTACION DE LONGITUD=6M, D=2\", GALVANIZADA (INCLUYE CODO DE ACOMETIDA). (INCLUYE SUMINISTRO E INSTALACIÓN)","UN",116098,"Actualización MO 2022"]
["Nuevo - Tintal Alsacia","REDES ACUEDUCTO",7431,"TUBERÍA EN ACERO Ø24\" CON UNIONES ESPIGO/CAMPANA CON EMPAQUE DE CAUCHO. REVEST.INTERIOR Y RECUBR EXT. EN MORTERO CEMENTO. L= 6.00M PRESIÓN TRABAJO 150 PSI. SUMINISTRO E INSTALACIÓN","ML",865468,"Actualización MO 2022"]
["Nuevo - Tintal Alsacia","REDES ALCANTARILLADO / DRENAJE",7432,"TUBERIA PVC U.M. EXT CORRUGADO/INT LISO U.M. NORMA NTC 3722-1 D=24\" (INCLUYE SUMINISTRO E INSTALACIÓN)","ML",505716,"Actualización MO 2022"]
["Nuevo - Tintal Alsacia","REDES ALCANTARILLADO / DRENAJE",7433,"TUBERIA PVC U.M. EXT CORRUGADO/INT LISO U.M. NORMA NTC 3722-1 D=27\" (INCLUYE SUMINISTRO E INSTALACIÓN)","ML",594175,"Actualización MO 2022"]
["Nuevo - Tintal Alsacia","REDES ALCANTARILLADO / DRENAJE",7434,"TUBERIA PVC U.M. EXT CORRUGADO/INT LISO U.M. NORMA NTC 3722-1 D=30\" (INCLUYE SUMINISTRO E INSTALACIÓN)","ML",729177,"Actualización MO 2022"]
["Nuevo - Tintal Alsacia","REDES ALCANTARILLADO / DRENAJE",7435,"TUBERIA PVC U.M. EXT CORRUGADO/INT LISO U.M. NORMA NTC 3722-1 D=36\" (INCLUYE SUMINISTRO E INSTALACIÓN)","ML",1308541,"Actualización MO 2022"]
["Nuevo - Tintal Alsacia","SEÑALIZACIÓN",7436,"SEÑAL VERTICAL DE PEDESTAL SITP 1-2 RUTAS H=3.75. (INCLUYE CENEFA, FABRICACIÓN, SUMINISTRO E INSTALACIÓN).","UN",1001544,"Actualización MO 2022"]
["Nuevo - Tintal Alsacia","CONCRETO Y ACERO PARA ESTRUCTURAS",7437,"CONCRETO 6000 PSI GRAVA COMÚN PARA TAPAS CÁMARA (PREMEZCLADO. INCLUYE SUMINISTRO, FORMALETEO Y COLOCACIÓN. NO INCLUYE REFUERZO).","M3",651666,"Actualización MO 2022"]
["Nuevo - Tintal Alsacia","REDES ACUEDUCTO",7438,"NIPLE 16\" ACERO CARBON EXTREMOS BRIDA/CAMPANA L= 2000MM CON SALIDA PARA VENTOSA 2\" Y BY-PASS Ø=2\". (SUMINISTRO E INSTALACIÓN).","UN",1905892,"Actualización MO 2022"]
["Nuevo - Tintal Alsacia","REDES ALCANTARILLADO / DRENAJE",7439,"TAPA CIRCULAR DE SEGURIDAD PARA TRÁFICO PESADO D= 0.60M. SUMINISTRO E INSTALACIÓN","UN",265749,"Actualización MO 2022"]
["Nuevo - Tintal Alsacia","REDES ACUEDUCTO",7440,"NIPLE 16\" ACERO CARBON EXTREMOS BRIDA/CAMPANA L= 2000MM CON SALIDA PARA VENTOSA 2\"(ACERO). (SUMINISTRO E INSTALACIÓN).","UN",1895684,"Actualización MO 2022"]
["Nuevo - Tintal Alsacia","REDES ACUEDUCTO",7441,"NIPLE 16\" ACERO CARBON EXTREMOS ESPIGO/BRIDA L= 2000MM CON SALIDA PARA VENTOSA 2\"(ACERO). (SUMINISTRO E INSTALACIÓN).","UN",1895684,"Actualización MO 2022"]
["Nuevo - Tintal Alsacia","REDES ACUEDUCTO",7442,"NIPLE 16\" ACERO CARBON EXTREMOS ESPIGO/BRIDA L= 2000MM CON SALIDA PARA VENTOSA 2\" Y BY-PASS Ø=2\". (SUMINISTRO E INSTALACIÓN).","UN",1905892,"Actualización MO 2022"]
["Nuevo - Tintal Alsacia","ANDENES Y SARDINELES",7443,"CAÑUELA TIPO CU 004 (SUMINISTRO E INSTALACIÓN. INCLUYE 3CM MORTERO 1:5)","ML",45171,"Actualización MO 2022"]
["Nuevo - Tintal Alsacia","GESTIÓN AMBIENTAL",7445,"CERRAMIENTO EN MALLA ELECTROSOLDADA H= 1.50M CALIBRE 10.5 HUECO DE 2\". SUMINISTRO E INSTALACIÓN.","M2",185322,"Actualización MO 2022"]
["Nuevo - Tintal Alsacia","REDES ALCANTARILLADO / DRENAJE",7447,"TUBERIA PVC U.M. EXT CORRUGADO/INT LISO U.M. NORMA NTC 3722-1 D=48\" (INCLUYE SUMINISTRO E INSTALACIÓN)","ML",2637082,"Actualización MO 2022"]
["Nuevo - Tintal Alsacia","REDES ACUEDUCTO",7448,"VÁLVULA 1 1/2\" PARA EXPULSIÓN DE AIRE (SUMINISTRO E INSTALACIÓN)","UN",338737,"Actualización MO 2022"]
["Nuevo - Tintal Alsacia","REDES ACUEDUCTO",7451,"VÁLVULA COMPUERTA D=2\" EXTREMOS BRIDADOS (A) (150 PSI). SUMINISTRO E INSTALACIÓN","UN",425611,"Actualización MO 2022"]
["Nuevo - Tintal Alsacia","REDES ELECTRICAS",7452,"MALLA DE PUESTA A TIERRA PARA EQUIPOS AEREOS EN POSTE COMO SECCIONALIZADORES, RECONECTADORES Y GRUPOS DE MEDIDA MT, RESISTIVIDAD DE TERRENO DE 24.62 OMNIOS-M. (INCLUYE SISTEMA DE PUESTA A TIERRA, POZOS CAPACITIVOS, TRATAMIENTO DE SUELO TIPO HIDROSOLTA, CABLE 2/0 CU DESNUDO, CONECTOTRES CERTIFICADOS.) ( INCLUYE SUMINISTRO E INSTALACIÓN).","UN",2706815,"Actualización MO 2022"]
["Nuevo - Tintal Alsacia","REDES ACUEDUCTO",7453,"VÁLVULA COMPUERTA D=4\" EXTREMOS BRIDADOS (A) (150 PSI). SUMINISTRO E INSTALACIÓN","UN",905766,"Actualización MO 2022"]
["Nuevo - Tintal Alsacia","REDES ACUEDUCTO",7454,"VÁLVULA DE GLOBO DE 4\" (A). SUMINISTRO E INSTALACIÓN","UN",2048817,"Actualización MO 2022"]
["Nuevo - Tintal Alsacia","REDES ACUEDUCTO",7455,"VÁLVULA DE MARIPOSA Ø 12\"A BRIDA - BRIDA (A) (150 PSI). SUMINISTRO E INSTALACIÓN","UN",2221971,"Actualización MO 2022"]
["Nuevo - Tintal Alsacia","REDES ELECTRICAS",7458,"MALLA DE PUESTA A TIERRA PARA EQUIPOS AEREOS EN POSTE COMO SECCIONALIZADORES, RECONECTADORES Y GRUPOS DE MEDIDA MT, RESISTIVIDAD DE TERRENO DE 39.6 OMNIOS-M. (INCLUYE SISTEMA DE PUESTA A TIERRA, POZOS CAPACITIVOS, TRATAMIENTO DE SUELO TIPO HIDROSOLTA, CABLE 2/0 CU DESNUDO, CONECTOTRES CERTIFICADOS.) ( INCLUYE SUMINISTRO E INSTALACIÓN).","UN",7388661,"Actualización MO 2022"]
["Nuevo - Tintal Alsacia","REDES ACUEDUCTO",7459,"NIPLE 16\" ACERO CARBON EXTREMOS ESPIGO/CAMPANA L= 3000MM CON SALIDA BRIDADA PARA BOCA DE ACCESO 16\" Y SALIDA PARA VENTOSA 2\"(ACERO). (SUMINISTRO E INSTALACIÓN)","UN",2565207,"Actualización MO 2022"]
["Nuevo - Tintal Alsacia","REDES ELECTRICAS",7460,"MALLA DE PUESTA A TIERRA PARA EQUIPOS AEREOS EN POSTE COMO SECCIONALIZADORES, RECONECTADORES Y GRUPOS DE MEDIDA MT, RESISTIVIDAD DE TERRENO DE 25.15 OMNIOS-M. (INCLUYE SISTEMA DE PUESTA A TIERRA, POZOS CAPACITIVOS, TRATAMIENTO DE SUELO TIPO HIDROSOLTA, CABLE 2/0 CU DESNUDO, CONECTOTRES CERTIFICADOS.) ( INCLUYE SUMINISTRO E INSTALACIÓN).","UN",3185501,"Actualización MO 2022"]
["Nuevo - Tintal Alsacia","REDES ACUEDUCTO",7462,"NIPLE 16\" ACERO CARBON EXTREMOS ESPIGO/CAMPANA L= 3000MM CON SALIDA PARA BOCA DE ACCESO 16\" (ACERO). (SUMINISTRO E INSTALACIÓN)","UN",2133552,"Actualización MO 2022"]
["Nuevo - Tintal Alsacia","REDES ELECTRICAS",7464,"MALLA DE PUESTA A TIERRA PARA EQUIPOS AEREOS EN POSTE COMO SECCIONALIZADORES, RECONECTADORES Y GRUPOS DE MEDIDA MT, RESISTIVIDAD DE TERRENO DE 42.42 OMNIOS-M. (INCLUYE SISTEMA DE PUESTA A TIERRA, POZOS CAPACITIVOS, TRATAMIENTO DE SUELO TIPO HIDROSOLTA, CABLE 2/0 CU DESNUDO, CONECTOTRES CERTIFICADOS.) ( INCLUYE SUMINISTRO E INSTALACIÓN).","UN",3318705,"Actualización MO 2022"]
["Nuevo - Tintal Alsacia","REDES ACUEDUCTO",7465,"NIPLE 4\" DE ACERO SCH-40 S/C EXTREMOS LISO, L=360MM. (SUMINISTRO E INSTALACIÓN)","UN",105619,"Actualización MO 2022"]
["Nuevo - Tintal Alsacia","REDES ACUEDUCTO",7468,"NIPLE 24\" ACERO CARBON EXTREMOS LISOS CON SALIDA PARA PITÓMETRO 1\" Y DOS SALIDAS 1 1/2\". L= 2000 MM. SUMINISTRO E INSTALACIÓN","UN",1803731,"Actualización MO 2022"]
["Nuevo - Tintal Alsacia","SEÑALIZACIÓN",7469,"DELINEADOR DE OBSTÁCULO PARA EL TRÁSITO POR UN LADO DEL OBTÁCULO DE 90CM X 20CM, REFLECTIVO PRISMÁTICO TIPO VII O SUPERIOR, AMARILLO LIMÓN FLUORESCENTE EN LÁMINA GALVANIZADA, PEDESTAL EN ÁNGULO. SUMINISTRO E INSTALACIÓN.","UN",299388,"Actualización MO 2022"]
["Nuevo - Tintal Alsacia","SEÑALIZACIÓN",7470,"DELINEADOR DE CURVA HORIZONTAL DE 40CM X 50CM. REFLECTIVO PRISMÁTICO TIPO VII O SUPERIOR, AMARILLO LIMÓN FLUORESCENTE EN LÁMINA GALVANIZADA, PEDESTAL EN ÁNGULO. SUMINISTRO E INSTALACIÓN","UN",272827,"Actualización MO 2022"]
["Nuevo - Tintal Alsacia","REDES ACUEDUCTO",7471,"TEE PVC U.M. 12\" X 6\" (SUMINISTRO E INSTALACIÓN)","UN",1877721,"Actualización MO 2022"]
["Nuevo - Tintal Alsacia","REDES ALCANTARILLADO / DRENAJE",7472,"TUBERIA PVC U.M. EXT CORRUGADO/INT LISO U.M. NORMA NTC 3722-1 D=33\". (INCLUYE SUMINISTRO E INSTALACIÓN)","ML",830345,"Actualización MO 2022"]
["Nuevo - Tintal Alsacia","REDES ACUEDUCTO",7473,"TEE PVC U.M. 12\" X 4\" (SUMINISTRO E INSTALACIÓN)","UN",1620681,"Actualización MO 2022"]
["Nuevo - Tintal Alsacia","REDES ALCANTARILLADO / DRENAJE",7474,"TUBERIA PVC U.M. EXT CORRUGADO/INT LISO U.M. NORMA NTC 3722-1 D=42\". (INCLUYE SUMINISTRO E INSTALACIÓN)","ML",1749013,"Actualización MO 2022"]
["Nuevo - Tintal Alsacia","REDES ACUEDUCTO",7477,"REDUCCION CONCENTRICA HD EXTREMO LISO 12\"X4\" (SUMINISTRO E INSTALACIÓN)","UN",1004644,"Actualización MO 2022"]
["Nuevo - Tintal Alsacia","REDES ACUEDUCTO",7480,"UNIÓN JUNTA DE DESMONTAJE Ø 12 (A) (SUMINISTRO E INSTALACIÓN)","UN",2175807,"Actualización MO 2022"]
["Nuevo - Tintal Alsacia","REDES ACUEDUCTO",7482,"UNIÓN JUNTA DE DESMONTAJE Ø 16 (A) (SUMINISTRO E INSTALACIÓN)","UN",3422927,"Actualización MO 2022"]
["Nuevo - Tintal Alsacia","REDES ACUEDUCTO",7483,"TAPON PVC TIPO U.M. D=2\" (SUMINISTRO E INSTALACIÓN)","UN",22381,"Actualización MO 2022"]
["Nuevo - Tintal Alsacia","REDES ACUEDUCTO",7485,"NIPLE 16\" ACERO CARBON EXTREMOS BRIDA/EXTREMO LISO PARA CINTURON DE CIERRE L=1500MM (A). (ACERO). SUMINISTRO E INSTALACIÓN","UN",1449050,"Actualización MO 2022"]
["Nuevo - Tintal Alsacia","REDES ACUEDUCTO",7486,"UNIÓN JUNTA DE DESMONTAJE Ø 24 (A) (SUMINISTRO E INSTALACIÓN)","UN",7466428,"Actualización MO 2022"]
["Nuevo - Tintal Alsacia","REDES ACUEDUCTO",7487,"VÁLVULA DE COMPUERTA DE Ø 4\" (A) CON SELLO EN BRONCE. (SUMINISTRO E INSTALACIÓN)","UN",713664,"Actualización MO 2022"]
["Nuevo - Tintal Alsacia","REDES ACUEDUCTO",7488,"VENTOSA DE DOBLE ACCIÓN DE Ø 2\" DE BRIDA (A). (SUMINISTRO E INSTALACIÓN)","UN",470883,"Actualización MO 2022"]
["Nuevo - Tintal Alsacia","REDES ACUEDUCTO",7492,"CODO CCP EN ACERO D=16\" ENTRE 67.5° Y 90° L= 1.25M X 1.25M CON REVESTIMIENTO INTERIOR Y EXTERIOR EN MORTERO DE CEMENTO. INCLUYE UNIONES (ESPIGO CAMPANA), EMPAQUES DE CAUCHO, MORTERO PARA UNIÓN. PRESIÓN DE TRABAJO = 150 PSI. (NO INCLUYE MATERIALES PARA ANCLAJE). SUMINISTRO E INSTALACIÓN","UN",5553439,"Actualización MO 2022"]
["Nuevo - Tintal Alsacia","REDES ACUEDUCTO",7493,"CODO EN ACERO Ø=4\" (INCLUYE SUMINISTRO E INSTALACIÓN)","UN",93970,"Actualización MO 2022"]
["Nuevo - Tintal Alsacia","SEÑALIZACIÓN",7494,"SEÑAL DOBLE DE 0.75X0.75M REFLECTIVO ALTA DENSIDAD TIPO IV EN LÁMINA GALVANIZADA, PEDESTAL EN ÁNGULO SP/SR/SI. SUMINISTRO E INSTALACIÓN.","UN",578515,"Actualización MO 2022"]
["Nuevo - Tintal Alsacia","REDES ACUEDUCTO",7495,"CODO EN ACERO D=16\" ENTRE 45° Y 67.5° JUNTA ESPIGO-CAMPANA CON EMPAQUE CAUCHO. REVESTIMIENTO INTERIOR Y EXTERIOR EN MORTERO DE CEMENTO. L=0.85X0.85M PRESIÓN TRABAJO 150 PSI","UN",4571135,"Actualización MO 2022"]
["Nuevo - Tintal Alsacia","SEÑALIZACIÓN",7497,"SEÑAL DOBLE DE 60 CM, REFLECTIVO ALTA DENSIDAD TIPO IV EN LAMINA GALVANIZADA, PEDESTAL EN ANGULO SP/SR/SI. (INCLUYE SUMINISTRO E INSTALACIÓN)","UN",363664,"Actualización MO 2022"]
["Nuevo - Tintal Alsacia","SEÑALIZACIÓN",7498,"SEÑAL VERTICAL REGLAMENTARIA CICLORUTA (D= 45 CM) CON PLAQUETA. INCLUYE POSTE. SUMINISTRO E INSTALACIÓN.","UN",434020,"Actualización MO 2022"]
["Nuevo - Tintal Alsacia","SEÑALIZACIÓN",7500,"SEÑAL VERTICAL INFORMATIVA CICLORUTA (D= 45CMX45CM) CON PLAQUETA. INCLUYE POSTE. SUMINISTRO E INSTALACIÓN.","UN",451156,"Actualización MO 2022"]
["Nuevo - Tintal Alsacia","SEÑALIZACIÓN",7501,"SEÑAL VERTICAL GRUPO DE REGLAMENTARIAS TIPO CIRCULO (D= 60CM). INCLUYE POSTE. SUMINISTRO E INSTALACIÓN.","UN",364405,"Actualización MO 2022"]
["Nuevo - Tintal Alsacia","REDES ELECTRICAS",7502,"MALLA DE PUESTA A TIERRA PARA CENTRO DE TRANSFORMACION SUBTERRANEO RED DISTRIBUCION O ALUMBRADO PUBLICO, RESISTIVIDAD DE TERRENO DE 24.62 O-M. (INCLUYE SISTEMA DE PUESTA A TIERRA, POZOS CAPACITIVOS, TRATAMIENTO DE SUELO TIPO HIDROSOLTA, CABLE 2/0 CU DESNUDO, CONECTORES CERTIFICADOS.) (INCLUYE SUMINISTRO E INSTALACIÓN).","UN",2706815,"Actualización MO 2022"]
["Nuevo - Tintal Alsacia","SEÑALIZACIÓN",7503,"SEÑAL VERTICAL GRUPO DE REGLAMENTARIAS TIPO CIRCULO (D= 60CM). CON PLAQUETA INCLUYE POSTE. SUMINISTRO E INSTALACIÓN.","UN",436638,"Actualización MO 2022"]
["Nuevo - Tintal Alsacia","REDES ELECTRICAS",7504,"MALLA DE PUESTA A TIERRA PARA CENTRO DE TRANSFORMACION SUBTERRANEO RED DISTRIBUCION O ALUMBRADO PUBLICO, RESISTIVIDAD DE TERRENO DE 39.6 O-M. (INCLUYE SISTEMA DE PUESTA A TIERRA, POZOS CAPACITIVOS, TRATAMIENTO DE SUELO TIPO HIDROSOLTA, CABLE 2/0 CU DESNUDO, CONECTORES CERTIFICADOS.) (INCLUYE SUMINISTRO E INSTALACIÓN).","UN",10254441,"Actualización MO 2022"]
["Nuevo - Tintal Alsacia","REDES ELECTRICAS",7505,"MALLA DE PUESTA A TIERRA PARA CENTRO DE TRANSFORMACIÓN SUBTERRÁNEO RED DISTRIBUCIÓN O ALUMBRADO PUBLICO, RESISTIVIDAD DE TERRENO DE 25.15 O-M. (INCLUYE SISTEMA DE PUESTA A TIERRA, POZOS CAPACITIVOS, TRATAMIENTO DE SUELO TIPO HIDROSOLTA, CABLE 2/0 CU DESNUDO, CONECTORES CERTIFICADOS.) (INCLUYE SUMINISTRO E INSTALACIÓN).","UN",3185501,"Actualización MO 2022"]
["Nuevo - Tintal Alsacia","REDES ELECTRICAS",7506,"MALLA DE PUESTA A TIERRA PARA CENTRO DE TRANSFORMACIÓN SUBTERRÁNEO RED DISTRIBUCIÓN O ALUMBRADO PUBLICO, RESISTIVIDAD DE TERRENO DE 42.42 O-M. (INCLUYE SISTEMA DE PUESTA A TIERRA, POZOS CAPACITIVOS, TRATAMIENTO DE SUELO TIPO HIDROSOLTA, CABLE 2/0 CU DESNUDO, CONECTORES CERTIFICADOS.) (INCLUYE SUMINISTRO E INSTALACIÓN).","UN",5891961,"Actualización MO 2022"]
["Nuevo - Tintal Alsacia","REDES ELECTRICAS",7507,"MALLA DE PUESTA A TIERRA PARA CAJAS DE MANIOBRA SEMISUMERGIBLE EN CAJA CS 290, RESISTIVIDADES DE TERRENO ENTRE (24.62 Y 42.42) OMNIOS-M. (INCLUYE SISTEMA DE PUESTA A TIERRA, POZOS CAPACITIVOS, TRATAMIENTO DE SUELO TIPO HIDROSOLTA, CABLE 2/0 CU DESNUDO, CONECTORES CERTIFICADOS.) ( INCLUYE SUMINISTRO E INSTALACIÓN).","UN",2691612,"Actualización MO 2022"]
["Nuevo - Tintal Alsacia","SEÑALIZACIÓN",7508,"BARRERA RELLENABLE (2.00X0.55X1.00M) CON CINTA REFLECTIVA (INCLUYE SUMINISTRO E INSTALACIÓN)","UN",325812,"Actualización MO 2022"]
["Nuevo - Tintal Alsacia","REDES ELECTRICAS",7510,"3 DUCTOS DE D=4\" Y 3 DUCTOS DE D=6\" PVC-TDP (INCLUYE SUMINISTRO E INSTALACIÓN. NO INCLUYE RELLENOS)","ML",183123,"Actualización MO 2022"]
["Nuevo - Tintal Alsacia","DEMOLICIONES",7512,"DEMOLICION DE POZO, DIAMETRO INTERIOR D=1.20M, DIAMETRO EXTERIOR D=1.70M, H=1.50M (INCLUYE CARGUE, RETIRO DE MATERIAL, TRANSPORTE Y DISPOSICIÓN FINAL DE ESCOMBROS EN SITIO AUTORIZADO).","UN",515798,"Actualización MO 2022"]
["Nuevo - Tintal Alsacia","DEMOLICIONES",7513,"DEMOLICIÓN DE PLACA (INCLUYE CARGUE, RETIRO DE MATERIAL, TRANSPORTE Y DISPOSICIÓN FINAL DE ESCOMBROS EN SITIO AUTORIZADO).","M2",25050,"Actualización MO 2022"]
["Nuevo - Tintal Alsacia","REDES ACUEDUCTO",7514,"TAPA VALVULA TIPO CHOROTE TRAFICO PESADO (INCLUYE SUMINISTRO E INSTALACIÓN)","UN",445477,"Actualización MO 2022"]
["Nuevo - Tintal Alsacia","REDES ALCANTARILLADO / DRENAJE",7515,"CÁMARA DE CAIDA D=8\" H=1.86M (INCLUYE SUMINISTRO E INSTALACIÓN)","UN",808938,"Actualización MO 2022"]
["Nuevo - Tintal Alsacia","CONCRETO Y ACERO PARA ESTRUCTURAS",7519,"CERCHA METÁLICA CUBIERTA CON LÁMINA GALVANIZADA CAL. 18 H=0.80M, EN CRUCE DE PUENTE PARA RED HIDRÁULICA. SUMINISTRO E INSTALACIÓN.","ML",475049,"Actualización MO 2022"]
["Nuevo - Tintal Alsacia","CONCRETO Y ACERO PARA ESTRUCTURAS",7521,"CERCHA METÁLICA CUBIERTA CON LÁMINA GALVANIZADA CAL. 18 H=2.00M, EN CRUCE DE PUENTE PARA RED HIDRÁULICA. SUMINISTRO E INSTALACIÓN.","ML",768035,"Actualización MO 2022"]
["Nuevo - Tintal Alsacia","REDES TELEFONICAS / DATOS",7522,"POSTE TIPO MASTIL T1X (3.80M) EN TUBO SCH 40 GALVANIZADO Y PINTADO. SUMINISTRO E INSTALACIÓN.","UN",1997978,"Actualización MO 2022"]
["Nuevo - Tintal Alsacia","SEÑALIZACIÓN",7524,"SEÑAL VERTICAL GRUPO I (60X60CM) CON PLAQUETA INCLUYE POSTE (INCLUYE SUMINISTRO E INSTALACIÓN)","UN",428063,"Actualización MO 2022"]
["Nuevo - Tintal Alsacia","REDES ALCANTARILLADO / DRENAJE",7525,"TUBERIA PVC U.M. EXT CORRUGADO/INT LISO U.M. NORMA NTC 3722-1 D=39\" (INCLUYE SUMINISTRO E INSTALACIÓN)","ML",1728621,"Actualización MO 2022"]
["Nuevo - Av. Rincón","EXCAVACIONES",7527,"ENTIBADO EC-5 CONTINUO MADERA CON PERFILES DE METÁLICOS Y PARALES TELESCÓPICOS. SUMINISTRO E INSTALACIÓN.","M2",66657,"Actualización MO 2022"]
["Nuevo - Av. Rincón","EXCAVACIONES",7528,"ENTIBADO EC-6 CONTINUO MADERA CON PERFILES DE METÁLICOS Y PARALES TELESCÓPICOS. SUMINISTRO E INSTALACIÓN.","M2",76232,"Actualización MO 2022"]
["Nuevo - Av. Rincón","EXCAVACIONES",7529,"ENTIBADO TIPO H> 8.50 M. SUMINISTRO E INSTALACIÓN.","M2",74291,"Actualización MO 2022"]
["Nuevo - Av. Rincón","GEOSINTETICOS",7531,"APOYO FIJO EN NEOPRENO DE 0.30M X 0.50M X 0.072M, DUREZA 60 REFORZADO CON 2 PLATINAS DE 1/4\" - EJE 1. SUMINISTRO E INSTALACIÓN","UN",821730,"Actualización MO 2022"]
["Nuevo - Av. Rincón","REDES ACUEDUCTO",7532,"VÁLVULA COMPUERTA ELÁSTICA HD DN Ø 12\" PVC L.F. SUMINISTRO E INSTALACIÓN","UN",4689058,"Actualización MO 2022"]
["Nuevo - Av. Rincón","GEOSINTETICOS",7533,"APOYO FIJO EN NEOPRENO DE 0.40M X 0.60M X 0.047M, DUREZA 60 REFORZADO CON 2 PLATINAS DE 1/4\" - EJES 2,3, 4 Y 5. SUMINISTRO E INSTALACIÓN","UN",878105,"Actualización MO 2022"]
["Nuevo - Av. Rincón","GEOSINTETICOS",7534,"APOYO MÓVIL EN NEOPRENO DE 0.30M X 0.50M X 0.072M, DUREZA 60 REFORZADO CON 2 PLATINAS DE 1/4\" - EJE 6. SUMINISTRO E INSTALACIÓN","UN",821730,"Actualización MO 2022"]
["Nuevo - Av. Rincón","REDES ACUEDUCTO",7535,"VÁLVULA COMPUERTA ELÁSTICA HD DN Ø 8\" PVC L.F. SUMINISTRO E INSTALACIÓN","UN",2046125,"Actualización MO 2022"]
["Nuevo - Av. Rincón","REDES ACUEDUCTO",7536,"VÁLVULA COMPUERTA ELÁSTICA HD DN Ø 6\" PVC L.F. SUMINISTRO E INSTALACIÓN","UN",1418428,"Actualización MO 2022"]
["Nuevo - Av. Rincón","REDES ACUEDUCTO",7537,"VÁLVULA COMPUERTA ELÁSTICA HD DN Ø 4\" PVC L.F. SUMINISTRO E INSTALACIÓN","UN",765036,"Actualización MO 2022"]
["Nuevo - Av. Rincón","ANÁLISIS AUXILIARES",7538,"RECUBRIMIENTO DE TALUDES CON MALLA Y MORTERO 1:4 DE E= 3CM (INCLUYE SUMINISTRO, EQUIPOS, MATERIALES Y MANO DE OBRA)","M2",36733,"Actualización MO 2022"]
["Nuevo - Av. Rincón","REDES ACUEDUCTO",7546,"CODO G.RAD. PVC 22.50° TIPO U.M. D=4\" (SUMINISTRO E INSTALACIÓN)","UN",99282,"Actualización MO 2022"]
["Nuevo - Troncal Caracas","ANÁLISIS AUXILIARES",7548,"CELOSÍA 40MM. CORTASOL EN ALUZINC 0.50M LISO SIN TENSOR COLOR ESTÁNDAR. SUMINISTRO E INSTALACIÓN.","M2",130680,"Actualización MO 2022"]
["Nuevo - Troncal Caracas","ANÁLISIS AUXILIARES",7549,"ESCALERA METÁLICA PARA ACCESO A CUBIERTA (SUMINISTRO E INSTALACIÓN)","UN",3240097,"Actualización MO 2022"]
["Nuevo - Av. Rincón","REDES ACUEDUCTO",7553,"REDUCCIÓN EXCÉNTRICA D= 27\" - D= 24\". SUMINISTRO E INSTALACIÓN.","UN",9780668,"Actualización MO 2022"]
["Nuevo - Av. Rincón","REDES ACUEDUCTO",7555,"VÁLVULA DE CHEQUE 4\" (150PSI) EXTREMOS BRIDADOS (SUMINISTRO E INSTALACIÓN)","UN",942474,"Actualización MO 2022"]
["Nuevo - Av. Rincón","REDES ACUEDUCTO",7558,"VÁLVULA VENTOSA HD COMBINADA TRIPLE ACCIÓN (TRIPLE EFECTO) D=3\" EXTREMO BRIDA CLASE 150 (Suministro e instalacion)","UN",1070524,"Actualización MO 2022"]
["Nuevo - Av. Rincón","REDES ACUEDUCTO",7566,"VÁLVULA COMPUERTA ELÁSTICA EXTREMOS BRIDADOS D=3\" 150 PSI (SUMINISTRO E INSTALACIÓN)","UN",674667,"Actualización MO 2022"]
["Nuevo - Av. Rincón","REDES ACUEDUCTO",7567,"UNIÓN JUNTA DE DESMONTAJE TIPO DRESSER Ø 4\" 150 PSI (SUMINISTRO E INSTALACIÓN)","UN",453393,"Actualización MO 2022"]
["Nuevo - Av. Rincón","REDES ALCANTARILLADO / DRENAJE",7569,"CAJA EN CONCRETO PARA DERIVACIÓN DE 2.40 M X 2.40 M X 2.20 M. E= 0.20M. INCLUYE MARCO Y TAPA CAJA INSPECCIÓN CS 275. (SUMINISTRO Y CONSTRUCCIÓN)","UN",738068,"Actualización MO 2022"]
["Nuevo - Troncal Caracas","SEÑALIZACIÓN",7577,"PINTURA DE TRÁFICO ESPESOR SECO 4MILS PARA SEÑALIZACIÓN DE PISO EN PUERTA CORREDIZA SENCILLA, SEGÚN MANUAL DE IMAGEN DE TRANSMILENIO - INCLUYE SUMINISTRO Y APLICACIÓN","UN",102229,"Actualización MO 2022"]
["Nuevo - Troncal Caracas","SEÑALIZACIÓN",7578,"PINTURA DE TRÁFICO ESPESOR SECO 4MILS PARA SEÑALIZACIÓN DE PISO EN PUERTA CORREDIZA TELESCÓPICA, SEGÚN MANUAL DE IMAGEN DE TRANSMILENIO - INCLUYE SUMINISTRO Y APLICACIÓN","UN",146527,"Actualización MO 2022"]
["Nuevo - Troncal Caracas","SEÑALIZACIÓN",7580,"SEÑAL TIPO DE FRECUENCIA EN LÁMINA, RECUBRIMIENTO POR AMBAS CARAS EN PELÍCULA REFLECTORA GRADO INGENIERÍA AZUL PARA EL FONDO Y BLANCO PARA NÚMERO O LETRA. SEGÚN MANUAL DE IMAGEN TRANSMILENIO. SUMINISTRO E INSTALACIÓN.","UN",77350,"Actualización MO 2022"]
["Nuevo - Troncal Caracas","SEÑALIZACIÓN",7584,"RUTEROS MONTANTE RUTA FÁCIL EN VINILO CON ADHESIVO EN VINILO FUNDIDO 32CM X 16CM SOBRE IMPRESIÓN. SEGÚN MANUAL DE IMAGEN TRANSMILENIO. SUMINISTRO E INSTALACIÓN","UN",65807,"Actualización MO 2022"]
["Nuevo - Troncal Caracas","SEÑALIZACIÓN",7586,"RUTEROS MONTANTE SERVICIOS Y HORARIOS + INFORMACIÓN + RIELES. SEGÚN MANUAL DE IMAGEN TRANSMILENIO. SUMINISTRO E INSTALACIÓN.","UN",79647,"Actualización MO 2022"]
["Nuevo - Troncal Caracas","REDES ELECTRICAS",7587,"BAJANTE DE ALIMENTACIÓN D=2\"EN TUBERÍA METÁLICA (INCLUYE CURVA EMT 2\" PARA ACOMETIDA). (INCLUYE SUMINISTRO E INSTALACIÓN)","ML",31901,"Actualización MO 2022"]
["Nuevo - Troncal Caracas","TRANSPORTES Y ACARREOS",7589,"RECOLECCIÓN DE TACHONES DE CONCRETO EN LAS TRONCALES (1.75M X 0.25M X 0.15M)","UN",5410,"Actualización MO 2022"]
["Nuevo - Portal Américas","REDES ALCANTARILLADO / DRENAJE",7590,"YEE REDUCIDA PVC SANITARIA 4\" X 3\" (INCLUYE SUMINISTRO E INSTALACIÓN)","UN",27831,"Actualización MO 2022"]
["Nuevo - Portal Américas","RELLENOS Y CAPAS GRANULARES",7591,"COLUMNAS DE GRAVA F= 0.60M (INCLUYE EXCAVACIÓN Y MATERIAL DE GRAVA ENTRE 2\" Y 3/4\" DESGASTE LOS ÁNGELES MENOR AL 20%, TRANSPORTE, SUMINISTRO, PILOTEADORA Y COLOCACIÓN).","M3",137355,"Actualización MO 2022"]
["Nuevo - Portal Américas","CONCRETO Y ACERO PARA ESTRUCTURAS",7597,"BARRA SOPORTE BAÑO MOVILIDAD REDUCIDA","UN",373508,"Actualización MO 2022"]
["Nuevo - Portal Américas","ANÁLISIS AUXILIARES",7599,"PUERTA METÁLICA CON REJILLA","M2",413547,"Actualización MO 2022"]
["Nuevo - Portal Américas","REDES ALCANTARILLADO / DRENAJE",7600,"SIFÓN PVC 135° D=3\" (INCLUYE SUMINISTRO E INSTALACIÓN)","UN",15175,"Actualización MO 2022"]
["Nuevo - Portal Américas","REDES ALCANTARILLADO / DRENAJE",7602,"SIFÓN PVC 135° D=4\" (INCLUYE SUMINISTRO E INSTALACIÓN)","UN",29363,"Actualización MO 2022"]
["Nuevo - Portal Américas","REDES ELECTRICAS",7606,"ACOMETIDA EN CONDUCTORES DE ALUMINIO 4X(1X2/0) AWG AISLADO HFFR 600 V C.A. INCLUYE CONDUCTORES, CONEXIONES Y ACCESORIOS DE MONTAJE Y MARCACIÓN (INCLUYE SUMINISTRO Y MONTAJE)","ML",28243,"Actualización MO 2022"]
["Nuevo - Portal Américas","REDES TELEFONICAS / DATOS",7609,"TUBERÍA EMT DE Ø4\", EXPUESTA CON SUS ACCESORIOS DE MONTAJE. INCLUYE SUMINISTRO E INSTALACIÓN.","ML",56517,"Actualización MO 2022"]
["Nuevo - Portal Américas","REDES ELECTRICAS",7615,"LUMINARIA PANEL LED 1.20 X 0.30MT. INSTALADA EN EL TECHO. INCLUYE SUMINISTRO E INSTALACIÓN, 42W 120V C.A 4396LM","UN",116917,"Actualización MO 2022"]
["Nuevo - Portal Américas","REDES ELECTRICAS",7618,"LUMINARIA PANEL LED 60 X 60CM. INSTALADA EN EL TECHO. INCLUYE SUMINISTRO E INSTALACIÓN, 33W 120V C.A 3520LM","UN",84073,"Actualización MO 2022"]
["Nuevo - Portal Américas","REDES ELECTRICAS",7619,"LUMINARIA PANEL LED REDONDO INSTALADA EN EL TECHO. INCLUYE SUMINISTRO E INSTALACIÓN, 12W 120V C.A 710LM","UN",30709,"Actualización MO 2022"]
["Nuevo - Portal Américas","REDES ELECTRICAS",7624,"ACCESORIOS DE INSTALACIÓN ADICIONALES: CONDULETAS, CONECTORES, RECTOS, ADAPTADOR PVC A EMT, CAJAS METÁLICAS 5800 ENTRE OTROS","GLB",70077,"Actualización MO 2022"]
["Nuevo - Portal Américas","REDES ACUEDUCTO",7632,"TUBERIA PVC PRESION E.L. PARA SOLDAR D=1 1/4\" RDE 21 PSI 200 (INCLUYE SUMINISTRO E INSTALACIÓN)","ML",12729,"Actualización MO 2022"]
["Nuevo - Portal Américas","REDES ELECTRICAS",7633,"FOTOCELDA CON BASE (SUMINISTRO E INSTALACIÓN)","UN",76284,"Actualización MO 2022"]
["Nuevo - Portal Américas","CONCRETO Y ACERO PARA ESTRUCTURAS",7636,"LAMINA ALFAJOR (INCLUYE SUMINISTRO E INSTALACIÓN).","KG",19414,"Actualización MO 2022"]
["Nuevo - Portal Américas","OBRAS DE ARTE Y EDIFICACIONES",7637,"PINTURA DEMARCACIÓN CÁRCAMOS (SUMINISTRO E INSTALACIÓN)","ML",28260,"Actualización MO 2022"]
["Nuevo - Portal Américas","REDES ELECTRICAS",7638,"SALIDA DE DATOS PARA CAMARAS EXTERIORES EN POSTE (INCLUYE SUMINISTRO E INSTALACIÓN)","UN",103832,"Actualización MO 2022"]
["Nuevo - Av. Cali/Ferrocarril","PAVIMENTOS",7639,"CONCRETO GRAVA COMÚN DE 3000 PSI (210 KG/CM2) GRAVA COMÚN PARA PLACA. SUMINISTRO Y COLOCACIÓN (INCLUYE FORMALETA, SUMINISTRO, COLOCACIÓN Y CURADO). NO INCLUYE REFUERZO.","M3",472508,"Actualización MO 2022"]
["Nuevo - Av. Cali/Ferrocarril","MOBILIARIO URBANO - ARBOLES Y GRAMAS",7642,"JARDINERÍA DE PORTE BAJO. INCLUYE SUMINISTRO, SIEMBRA, TIERRA NEGRA Y ABONO. EN BOLSA DE 7\" A 15\" DE ALTURA DE 10CM A 20CM","M2",43532,"Actualización MO 2022"]
["Nuevo - Av. Cali/Ferrocarril","REDES ELECTRICAS",7643,"LUMINARIA LED I, 16 LED, RA03SIM, 21W, 4000°K 100-227 V. (INCLUYE LUMINARIA, CABLES Y ELEMENTOS DE CONEXIÓN, OBRAS COMPLEMENTARIAS Y ACCESORIOS. INCLUYE SUMINISTRO, INSTALACIÓN, PRUEBAS Y PUESTA EN FUNCIONAMIENTO).","UN",1334530,"Actualización MO 2022"]
["Nuevo - Av. Cali/Ferrocarril","MOBILIARIO URBANO - ARBOLES Y GRAMAS",7644,"JARDINERÍA DE PORTE ALTO. INCLUYE SUMINISTRO, SIEMBRA, TIERRA NEGRA Y ABONO. EN BOLSA DE 26\" DE ALTURA DE 50CM A 80CM","M2",87764,"Actualización MO 2022"]
["Nuevo - Av. Cali/Ferrocarril","REDES ELECTRICAS",7646,"POSTE METALICO GALVANIZADO EN CALIENTE H=14M CON BRAZO SENCILLO (INCLUYE SUMINISTRO, IZAJE, APLOMADO E INSTALACIÓN).","UN",3950377,"Actualización MO 2022"]
["Nuevo - Av. Cali/Ferrocarril","REDES ELECTRICAS",7648,"POSTE METALICO GALVANIZADO EN CALIENTE H=14M CON BRAZO DOBLE PROPOSITO DE 1.5M. (INCLUYE SUMINISTRO, IZAJE, APLOMADO E INSTALACIÓN).","UN",4108938,"Actualización MO 2022"]
["Nuevo - Av. Cali/Ferrocarril","GEOSINTETICOS",7649,"APOYO DESLIZANTE (SLIDE FLON) DESPLAZAMIENTO TOTAL 220MM, CARGA 230 TF. DE 50X50X6CM SEGÚN PLANO","UN",4571791,"Actualización MO 2022"]
["Nuevo - Av. Cali/Ferrocarril","REDES ELECTRICAS",7651,"POSTE METALICO GALVANIZADO EN CALIENTE H=14M CON BRAZO TRIPLE PROPOSITO DE 1.5M. (INCLUYE SUMINISTRO, IZAJE, APLOMADO E INSTALACIÓN).","UN",4248586,"Actualización MO 2022"]
["Nuevo - Av. Cali/Ferrocarril","REDES ELECTRICAS",7652,"CABLE DE 4X1/0 AWG TTU CU+1X6T (INCLUYE SUMINISTRO E INSTALACIÓN)","ML",87814,"Actualización MO 2022"]
["Nuevo - Av. Cali/Ferrocarril","REDES ELECTRICAS",7653,"BAJANTE GALVANIZADA TIPO PESADO CONDUIT L=6M, Ø=2\". (SUMINISTRO E INSTALACIÓN)","UN",241779,"Actualización MO 2022"]
["Nuevo - Av. Cali/Ferrocarril","REDES ELECTRICAS",7655,"CABLE DE 4X2 AWG TTU CU+1X6T (INCLUYE SUMINISTRO E INSTALACIÓN)","ML",63481,"Actualización MO 2022"]
["Nuevo - Av. Cali/Ferrocarril","REDES ELECTRICAS",7656,"UPS 2KVA. INCLUYE SUMINISTRO E INSTALACIÓN","UN",1742642,"Actualización MO 2022"]
["Nuevo - Av. Cali/Ferrocarril","CONCRETO Y ACERO PARA ESTRUCTURAS",7657,"VIGA CAJON PREESFORZADA EN CONCRETO PREMEZCLADO DE 5000 PSI (34 Mpa) GRAVA COMUN (Incluye suministro, cimbra de soporte, forza andamios, forza acero losa, formaleteo metalico, curado y colocacion. No incluye refuerzo)","M3",1221515,"Actualización MO 2022"]
["Nuevo - Av. Cali/Ferrocarril","REDES ELECTRICAS",7658,"TUBERIA CONDUIT GALVANIZADA IMC D=3\" (INCLUYE SUMINISTRO E INSTALACIÓN, ACCESORIOS DE FIJACIÓN).","ML",86275,"Actualización MO 2022"]
["Nuevo - Av. Cali/Ferrocarril","REDES ACUEDUCTO",7659,"EMPATE ORTOGONAL PVC - PVC 12\"X12\" (INCLUYE SUMINISTRO E INSTALACIÓN DE TEE HD, 3 UNIONES RÁPIDAS, TUBERÍA RDE 21)","UN",5566181,"Actualización MO 2022"]
["Nuevo - Av. Cali/Ferrocarril","REDES ACUEDUCTO",7660,"EMPATE ORTOGONAL PVC - PVC 8\"X8\" (INCLUYE SUMINISTRO E INSTALACIÓN DE TEE HD, 3 UNIONES RÁPIDAS, TUBERÍA RDE 21)","UN",2121185,"Actualización MO 2022"]
["Nuevo - Av. Cali/Ferrocarril","REDES ELECTRICAS",7661,"CABLE DE 3X20 XLPE-15-KV-AL (INCLUYE SUMINISTRO E INSTALACIÓN)","ML",227453,"Actualización MO 2022"]
["Nuevo - Av. Cali/Ferrocarril","CONCRETO Y ACERO PARA ESTRUCTURAS",7662,"BARRERA DE SEGURIDAD LATERAL EN CONCRETO 4000 PSI. PREMEZCLADO. INCLUYE SUMINISTRO, FORMALETEO, CURADO Y COLOCACIÓN. NO INCLUYE REFUERZO.","M3",681521,"Actualización MO 2022"]
["Nuevo - Av. Cali/Ferrocarril","REDES ELECTRICAS",7663,"CABLE DE 3X4/0 XLPE-15-KV-AL (INCLUYE SUMINISTRO E INSTALACIÓN)","ML",94277,"Actualización MO 2022"]
["Nuevo - Av. Cali/Ferrocarril","REDES ELECTRICAS",7665,"CAJA METÁLICA DE PASO 30CMX30CMX10CM (INCLUYE SUMINISTRO E INSTALACIÓN)","UN",65004,"Actualización MO 2022"]
["Nuevo - Av. Cali/Ferrocarril","REDES ELECTRICAS",7671,"LUMINARIA RALED IV 128 LED, RA02SII, 200W. COMPLETA PARA ALUMBRADO PÚBLICO. INCLUYE LUMINARIA, CABLES Y ELEMENTOS DE CONEXIÓN , OBRAS COMPLEMENTARIAS Y ACCESORIOS. (SUMINISTRO, INSTALACIÓN, PRUEBAS PUESTA EN FUNCIONAMIENTO).","UN",3644552,"Actualización MO 2022"]
["Nuevo - Av. Cali/Ferrocarril","REDES ELECTRICAS",7675,"PUESTA A TIERRA PARA CENTRO D3E TRANSFORMACION SUBTERRANEO PARCIALMENTE SUMERGIBLE CON CUATRO PUNTOS A TIERRA. INCLUYE SUMINISTRO, TRANSPORTE Y CONSTRUCCION, VARILLA COOPER WELD 5/8\" 2,44MM, CUARENTA METROS DE CABLE DE COBRE DESNUDO 2/0 AWG, CAJAS DE INSPECCION DEL SISTEMA DE PUESTA A TIERRA, SOLDADURA EXOTERMICA Y TERMINALES.","UN",1897285,"Actualización MO 2022"]
["Nuevo - Av. Cali/Ferrocarril","REDES ELECTRICAS",7676,"RETIRO DE POSTES DE MT (INCLUYE TRASLADO A SITIO DE ACOPIO, RETIRO DE POSTE, RETENIDAS, ESTRUCTURAS DE AMARRE Y SOPORTE DE RED AÉREA).","UN",298097,"Actualización MO 2022"]
["Nuevo - Portal Américas","REDES ELECTRICAS",7679,"CAJA DE EMPALME PARA FIBRA ÓPTICA (INCLUYE SUMINISTRO E INSTALACIÓN)","UN",404364,"Actualización MO 2022"]
["Nuevo - Av. Cali/Ferrocarril","CONCRETO Y ACERO PARA ESTRUCTURAS",7680,"COLUMNA EN CONCRETO DE 4000 PSI, (28 MPa) PREMEZCLADO, GRAVA COMÚN (Incluye suministro, Grúa Telescópica, Bombeo, formaleteo metálico, colocación y curado, No incluye refuerzo).","M3",645251,"Actualización MO 2022"]
["Nuevo - Av. Cali/Ferrocarril","CONCRETO Y ACERO PARA ESTRUCTURAS",7681,"VIGA CABEZAL EN CONCRETO PREMEZCLADO DE 4000 PSI (28 Mpa) GRAVA COMUN (Incluye grua telescopica, bombeo, suministro, formaleteo metalico, colocacion y curado. No incluye refuerzo)","M3",720894,"Actualización MO 2022"]
["Nuevo - Av. Rincón","REDES ELECTRICAS",7687,"2 DUCTOS DE 3\" EN TUBERÍA IMC, TIPO PESADO, CON CERTIFICADO DE PRODUCTO RETIE (INCLUYE SUMINISTRO E INSTALACIÓN, ACCESORIOS DE FIJACIÓN).","ML",164429,"Actualización MO 2022"]
["Nuevo - Portal Américas","REDES ELECTRICAS",7689,"POSTE METALICO H=21M. INCLUYE CANASTILLA Y BRAZO SENCILLO. (INC. SUMINISTRO, IZAJE, APLOMADO E INSTALACIÓN. INC. BRAZO SENCILLO Y BASE EN CONCRETO Y BASE GRANULAR B-600)","UN",11229582,"Actualización MO 2022"]
["Nuevo - Portal Américas","REDES ELECTRICAS",7690,"PROYECTOR LED PRO 600W 5000K, 120-277V, 6000 LM, CON DIFUSOR DE VIDRIO PLANO (INCLUYE ACCESORIOS DE FIJACION) (INCLUYE SUMINISTRO E INSTALACIÓN).","UN",3792180,"Actualización MO 2022"]
["Nuevo - Portal Tunal ","REDES ALCANTARILLADO / DRENAJE",7691,"TRAGANTE CÚPULA DE 4\" X 3\" PLÁSTICA. (INCLUYE SUMINISTRO E INSTALACIÓN).","UN",11855,"Actualización MO 2022"]
["Nuevo - Portal Américas","RELLENOS Y CAPAS GRANULARES",7693,"MATERIAL GRANULAR TIPO B-400 PROVENIENTE DE CENTROS DE TRATAMIENTO Y/O APROVECHAMIENTO DE RCD (INCLUYE SUMINISTRO, EXTENDIDO, NIVELACIÓN, HUMEDECIMIENTO Y COMPACTACIÓN CON VIBROCOMPACTADOR)","M3",48130,"Actualización MO 2022"]
["Nuevo - Portal Américas","REDES ELECTRICAS",7697,"ACOMETIDA EN BAJA TENSIÓN EN CONDUCTORES ALUMINIO 6X150 MM^2 + 1X70 MM^2, THHN, 600 V, INCLUYE CONECTORES, ACCESORIOS, ELEMENTOS DE MARCACION Y FIJACION (INCLUYE SUMINISTRO E INSTALACIÓN) DESDE TRANSFORMADOR HACIA TABLERO SISTEMA CONTRA INCENDIO.","ML",1450219,"Actualización MO 2022"]
["Nuevo - Portal Américas","ACERO DE REFUERZO",7713,"(DOVELAS) ACERO LISO PARA TRANSFERENCIA DE LOSAS D= 1 1/2\" (NO INCLUYE CANASTILLA). SUMINISTRO E INSTALACIÓN.","KG",4043,"Actualización MO 2022"]
["Nuevo - Portal Américas","ACERO DE REFUERZO",7714,"(DOVELAS) ACERO LISO PARA TRANSFERENCIA DE LOSAS D= 1\" (NO INCLUYE CANASTILLA). SUMINISTRO E INSTALACIÓN.","KG",3720,"Actualización MO 2022"]
["Nuevo - Portal Américas","CONCRETO Y ACERO PARA ESTRUCTURAS",7715,"PERFILES DE ACERO A36. INCLUYE MANO DE OBRA, FABRICACIÓN, TRANSPORTE Y MONTAJE. INCLUYE RECUBRIMIENTO TRICAPA, ANTICORROSIVO, PINTURA EPÓXICA Y ESMALTE URETANO, ACCESORIOS E INSTALACIÓN SEGÚN DETALLE EN PLANOS Y ESPECIFICACIONES TÉCNICAS.","UN",3945,"Actualización MO 2022"]
["Nuevo - Av. Cali/Ferrocarril","CONCRETO Y ACERO PARA ESTRUCTURAS",7717,"CONCRETO 3500 PSI GRAVA COMÚN PARA CONSTRUCCIÓN DE CAISSON DE 2.00M DE DIÁMETRO (INCLUYE EXCAVACIÓN MANUAL, SUMINISTRO DE CAMISA METÁLICA PERDIDA E= 3/8\" FORMALETEO Y COLOCACIÓN. SUMIN DE CONCRETO PREMEZCLADO. NO INCL. REFUERZO, CURADO).","M3",1585966,"Actualización MO 2022"]
["Nuevo","CONCRETO Y ACERO PARA ESTRUCTURAS",7720,"CURADO DE ELEMENTOS DE CONCRETO (SUMINISTRO Y APLICACIÓN)","M3",6185,"Actualización MO 2022"]
["Nuevo ","TRANSPORTES Y ACARREOS",7722,"ALQUILER DE ESTRUCTURA METÁLICA PARA SOPORTE PROVISIONAL DE VIGAS DE PUENTE VEHICULAR. INCLUYE MANO DE OBRA, EQUIPOS Y MATERIALES.","KG",2569,"Actualización MO 2022"]
["Nuevo ","PUENTES",7723,"MONTAJE Y DESMONTAJE DE ESTRUCTURA METÁLICA EN ALQUILER PARA SOPORTE PROVISIONAL DE VIGAS DE PUENTE VEHICULAR. INCLUYE CARGUE, DESCARGUE Y TRANSPORTE DESDE BODEGA; MONTAJE Y DESMONTAJE, CARGUE Y DESMONTE, CARGUE, DESCARGUE Y TRANSPORTE A BODEGA.","KG",5663,"Actualización MO 2022"]
["Nuevo ","CONCRETO Y ACERO PARA ESTRUCTURAS",7725,"PILOTE D=100 CM CON CONCRETO TREMIE DE 4000 PSI. (INCL. EXCAVACIÓN, CARGUE, MOVILIZACIÓN, MONTAJE Y DESMONTAJE EQUIPO Y CONCRETO)","ML",950676,"Actualización MO 2022"]
["Nuevo","REDES ACUEDUCTO",7726,"BRIDA CIEGA EN ACERO D= 16\". PRESIÓN DE TRABAJO= 150 PSI.","UN",1857386,"Actualización MO 2022"]
["Nuevo","REDES ACUEDUCTO",7727,"TEE PVC U.M. 8\" X 4\" (SUMINISTRO E INSTALACIÓN)","UN",837661,"Actualización MO 2022"]
["Nuevo","REDES ACUEDUCTO",7739,"BRIDA CIEGA EN ACERO (HD), PN 10, D= 2\". PRESIÓN DE TRABAJO= 150 PSI. SUMINISTRO E INSTALACIÓN.","UN",103960,"Actualización MO 2022"]
["Nuevo","REDES ACUEDUCTO",7740,"BRIDA CIEGA EN ACERO (HD), PN 10, D= 4\". PRESIÓN DE TRABAJO= 150 PSI. SUMINISTRO E INSTALACIÓN.","UN",165336,"Actualización MO 2022"]
["Nuevo","REDES ACUEDUCTO",7741,"BRIDA CIEGA EN ACERO (HD), PN 10, D= 12\". PRESIÓN DE TRABAJO= 150 PSI. SUMINISTRO E INSTALACIÓN.","UN",1010315,"Actualización MO 2022"]
["Nuevo","REDES ALCANTARILLADO / DRENAJE",7744,"PASO ESCALERA DE GATO EN POLIPROPILENO DE ALTO IMPACTO CON ALMA DE ACERO S/NS-07. SUMINISTRO E INSTALACIÓN.","UN",116861,"Actualización MO 2022"]
["Nuevo","REDES ALCANTARILLADO / DRENAJE",7745,"ELEMENTO DE VENTILACIÓN PARA CÁMARA DE ACCESORIOS EN HG D= 4\". (INCLUYE SUMINISTRO E INSTALACIÓN).","UN",247963,"Actualización MO 2022"]
["Nuevo","OTROS-SEÑALIZACIÓN",7750,"CERRAMIENTO ANTICOLADO, INCLUYE PERFIL TUBULAR 3\" ALTURA 2.50 M EMBEBIDOS EN CONCRETO CON SEPARACIÓN ENTRE TUBOS DE 19 CM, EXCAVACIÓN, VIGA DE PISO (0.45 M X 0.20 M). SUMINISTRO E INSTALACIÓN","ML",651795,"Actualización MO 2022"]
["Nuevo","PAVIMENTOS",7751,"FRESADO PAVIMENTO ASFÁLTICO (INCLUYE CARGUE) INCLUYE AGUA, PUNTAS. NO INCLUYE TRANSPORTE DE MAQUINARIA, TRANSPORTE DEL FRESADO NI DISPOSICIÓN FINAL).","M3",83248,"Actualización MO 2022"]
["Nuevo - Carrera 7a","CONCRETO Y ACERO PARA ESTRUCTURAS",7768,"COLUMNA EN CONCRETO DE 3000 PSI, (21 MPa) PREMEZCLADO, GRAVA COMÚN (Incluye suministro, Grúa Telescópica, Bombeo, formaleteo metálico, colocación y curado, No incluye refuerzo).","M3",604783,"Actualización MO 2022"]
["Nuevo - Recurrente DTM","ANDENES Y SARDINELES",7771,"CAÑUELA TIPO FUNDIDA EN SITIO 1000X300X225 CON CONCRETO 3000 PSI HECHO EN OBRA (SUMINISTRO Y CONSTRUCCIÓN. INCLUYE CONCRETO DE 3000 PSI HECHO EN OBRA, IMPERMEABILIZANTE PARA CONCRETO).","ML",78246,"Actualización MO 2022"]
["Nuevo - Recurrente DTM","GESTION SOCIAL",7772,"ALQUILER KIT DE EMERGENCIAS (INCLUYE EXTINTOR DE 10 LBS, CAMILLA EN POLIETILENO PRIMEROS AUXILIOS, INMOVILIZADOR CABEZA, CONO DE H= 1.0M Y BOTIQUÍN.","UN/MES",31864,"Actualización MO 2022"]
["Nuevo","GESTION SOCIAL",7773,"VALLA DE 3.00 M X 6.00 M CON ESTRUCTURA METÁLICA - ESTRUCTURA TIPO VALLA EN CERCHA + BANNER. INCLUYE SUMINISTRO E INSTALACIÓN. IMPRESIÓN 720 DPI; TINTAS PARA EXTERIORES.","UN",3786580,"Actualización MO 2022"]
["Nuevo","GESTION SOCIAL",7774,"VALLA MÓVIL DE 1.20M X 1.20M EN LÁMINA GALVANIZADA CALIBRE 20, ÁNGULO EN HIERRO DE 2 X 1-1/8\" IMPRESO EN VINILO ADHESIVO. INCLUYE SUMINISTRO E INSTALACIÓN. IMPRESIÓN 720 DPI; TINTAS PARA EXTERIORES.","UN",318820,"Actualización MO 2022"]
["Nuevo","GEOSINTETICOS",7775,"GEOMEMBRANA LISA HDPE 30 MILS. (SUMINISTRO E INSTALACIÓN).","M2",9996,"Actualización MO 2022"]
["Nuevo","RELLENOS Y CAPAS GRANULARES",7776,"ARENA DE RÍO PARA EMBOQUILLADO (INCLUYE SUMINISTRO, BARRIDO PARA SELLADO DE JUNTAS Y COMPACTACIÓN)","M3",176759,"Actualización MO 2022"]
["Nuevo","GEOSINTETICOS",7777,"GEODREN CON TUBERÍA CIRCULAR 100MM H=0.5 O DRENAFLEX CON TUBERÍA CIRCULAR 100MM H=0.5. SUMINISTRO E INSTALACION.","ML",35754,"Actualización MO 2022"]
["Nuevo","ANÁLISIS AUXILIARES",7778,"CUADRILLA (OFICIAL + 4 AYUDANTES) HORARIO NOCTURNO INCLUYE PRESTACIONES","HR",50523,"Actualización MO 2022"]
["Nuevo","ANÁLISIS AUXILIARES",7779,"CUADRILLA (2 AYUDANTES) HORARIO NOCTURNO - JR","JR",148644,"Actualización MO 2022"]
["Nuevo","ANÁLISIS AUXILIARES",7780,"CUADRILLA (OFICIAL + AYUDANTES) HORARIO NOCTURNO INCLUYE PRESTACIONES","HR",22653,"Actualización MO 2022"]
["Nuevo","ANÁLISIS AUXILIARES",7781,"CUADRILLA (OFICIAL + 2 AYUDANTES) HORARIO NOCTURNO","JR",255544,"Actualización MO 2022"]
["Nuevo","ANÁLISIS AUXILIARES",7782,"CUADRILLA (OFICIAL + 2 AYUDANTES) HORARIO NOCTURNO INCLUYE PRESTACIONES","HR",31943,"Actualización MO 2022"]
["Nuevo","ANÁLISIS AUXILIARES",7783,"CUADRILLA (3 OFICIAL + 6 AYUDANTES) HORARIO NOCTURNO","JR",766632,"Actualización MO 2022"]
["Nuevo","ANÁLISIS AUXILIARES",7784,"CUADRILLA (OFICIAL + AYUDANTES) HORARIO NOCTURNO","JR",181222,"Actualización MO 2022"]
["Nuevo","PAVIMENTOS",7785,"LOSA DE CONCRETO MR45 (SUMINISTRO, FORMALETEADO, COLOCACIÓN, CURADO, JUNTAS Y ACABADO. INCLUYE CANASTILLA PASA JUNTA.","M3",707383,"Actualización MO 2022"]
["Nuevo","PAVIMENTOS",7786,"CURADO DE LOSAS DE CONCRETO - HORARIO NOCTURNO. (SUMINISTRO Y APLICACIÓN)","M2",1553,"Actualización MO 2022"]
["Nuevo","ACERO DE REFUERZO",7787,"CANASTILLA PASAJUNTAS - HORARIO NOCTURNO. (INCLUYE SUMINISTRO Y FIJACIÓN)","KG",5112,"Actualización MO 2022"]
["Nuevo","PAVIMENTOS",7788,"CORTE DE PAVIMENTO (HORARIO NOCTURNO) - INCLUYE EQUIPO: CORTADORA DE CONCRETO INCLUYE OPERARIO Y COMBUSTIBLE. INCLUYE DISCO DIAMANTADO ASFALTO-CONCRETO 350 MM, AGUA Y MANO DE OBRA.","ML",2168,"Actualización MO 2022"]
["Nuevo","PAVIMENTOS",7789,"SELLADO DE JUNTAS EN PAVIMENTO FLEXIBLE - HORARIO NOCTURNO (INCLUYE LIMPIEZA, SUMINISTRO E INSTALACIÓN DE FONDO Y EMULSIÓN ASFÁLTICA CRR-1)","ML",6278,"Actualización MO 2022"]
["Nuevo","EXCAVACIONES",7790,"EXCAVACIÓN MANUAL EN MATERIAL COMÚN. HORARIO NOCTURNO. INCLUYE CARGUE.","M3",42682,"Actualización MO 2022"]
["Nuevo","RELLENOS Y CAPAS GRANULARES",7791,"BASE GRANULAR CLASE B (BG_B) - HORARIO NOCTURNO. (SUMINISTRO, EXTENDIDO MANUAL, HUMEDECIMIENTO Y COMPACTACIÓN)","M3",142533,"Actualización MO 2022"]
["Nuevo","PAVIMENTOS",7792,"FRESADO PAVIMENTO ASFÁLTICO - HORARIO NOCTURNO. (INCLUYE CARGUE) INCLUYE AGUA, PUNTAS. NO INCLUYE TRANSPORTE DE MAQUINARIA, TRANSPORTE DEL FRESADO NI DISPOSICIÓN FINAL).","M3",83933,"Actualización MO 2022"]
["Nuevo","PAVIMENTOS",7793,"IMPRIMACIÓN CON EMULSIÓN ASFÁLTICA CRL-0 - HORARIO NOCTURNO. (SUMINISTRO, BARRIDO SUPERFICIE Y RIEGO)","M2",2084,"Actualización MO 2022"]
["Nuevo","PAVIMENTOS",7794,"MEZCLA ASFÁLTICA EN CALIENTE TIPO DENSO MD20 ASFALTO CONVENCIONAL 60-70 - HORARIO NOCTURNO. (SUMINISTRO, EXTENDIDO, NIVELACIÓN Y COMPACTACIÓN MECANICA CON VIBROCOMPACTADOR Y COMPACTADOR DE LLANTAS)","M3",692787,"Actualización MO 2022"]
["Nuevo","PAVIMENTOS",7795,"MEZCLA ASFÁLTICA EN CALIENTE TIPO DENSO MD10 ASFALTO CONVENCIONAL - HORARIO NOCTURNO. (CEMENTO ASFÁLTICO 80-100) (SUMINISTRO, EXTENDIDO, NIVELACIÓN Y COMPACTACIÓN MECANICA CON VIBROCOMPACTADOR Y COMPACTADOR DE LLANTAS)","M3",798321,"Actualización MO 2022"]
["Nuevo","EXCAVACIONES",7796,"EXCAVACIÓN MECÁNICA EN MATERIAL COMÚN - HORARIO NOCTURNO. (INCLUYE CARGUE)","M3",5112,"Actualización MO 2022"]
["Nuevo","RELLENOS Y CAPAS GRANULARES",7797,"BASE GRANULAR BG-A - HORARIO NOCTURNO. (SUMINISTRO, EXTENDIDO, NIVELACIÓN, HUMEDECIMIENTO Y COMPACTACIÓN CON VIBROCOMPACTADOR BENITIN DE 1 TONELADA)","M3",152785,"Actualización MO 2022"]
["Nuevo","DEMOLICIONES",7798,"DEMOLICIÓN PAVIMENTO ASFÁLTICO. HORARIO NOCTURNO. (INCLUYE CARGUE). NO INCLUYE TRANSPORTE Y DISPOSICIÓN FINAL DE SOBRANTES.","M3",38626,"Actualización MO 2022"]
["Nuevo","DEMOLICIONES",7799,"DEMOLICIÓN PAVIMENTO ASFÁLTICO - HORARIO NOCTURNO. (ESPESOR VARIABLE. INCLUYE CARGUE). NO INCLUYE TRANSPORTE Y DISPOSICIÓN FINAL DE SOBRANTES.","M2",7208,"Actualización MO 2022"]
["Nuevo","PAVIMENTOS",7800,"MEZCLA ASFÁLTICA EN CALIENTE TIPO DENSO MD12 CON CEMENTO ASFÁLTICO 60-70 - HORARIO NOCTURNO. (SUMINISTRO, EXTENDIDO Y NIVELACIÓN MANUAL Y COMPACTACIÓN MECANICA CON VIBROCOMPACTADOR BENITIN DE 1 TONELADA INCLUYE OPERARIO Y COMBUSTIBLE)","M3",706766,"Actualización MO 2022"]
["Nuevo","DEMOLICIONES",7801,"DEMOLICIÓN PISOS DE CONCRETO - HORARIO NOCTURNO. (INCLUYE CARGUE). NO INCLUYE TRANSPORTE Y DISPOSICIÓN FINAL DE SOBRANTES.","M3",58490,"Actualización MO 2022"]
["Nuevo","MANTENIMIENTO Y REHABILITACION DE VIAS",7802,"FRESADO Y REPOSICIÓN DE PAVIMENTO FLEXIBLE E=0.18 M - HORARIO NOCTURNO. (INCLUYE CARGUE)","M2",129071,"Actualización MO 2022"]
["Nuevo","EXCAVACIONES",7803,"REPLANTEO GENERAL - HORARIO NOCTURNO","M2",723,"Actualización MO 2022"]
["Nuevo","MANTENIMIENTO Y REHABILITACION DE VIAS",7804,"REPOSICIÓN DE LOSA DE CONCRETO MR45 E=0.20 M - HORARIO NOCTURNO. INCLUYE ACERO DE REFUERZO, DEMOLICIÓN DE PISOS DE CONCRETO, TRANSPORTE Y DISPOSICIÓN FINAL DE ESCOMBROS.","M2",193755,"Actualización MO 2022"]
["Nuevo","ACERO DE REFUERZO",7805,"ACERO DE REFUERZO - HORARIO NOCTURNO. (INCLUYE SUMINISTRO, FIGURADO Y FIJACIÓN)","KG",4104,"Actualización MO 2022"]
["Nuevo","PAVIMENTOS",7806,"LOSA DE CONCRETO MR45 - HORARIO NOCTURNO. (SUMINISTRO, FORMALETEADO, COLOCACIÓN, CURADO, JUNTAS Y ACABADO. INCLUYE CANASTILLA PASA JUNTA.","M3",730523,"Actualización MO 2022"]
["Nuevo","RELLENOS Y CAPAS GRANULARES",7807,"BASE GRANULAR CLASE A (BG_A)- HORARIO NOCTURNO. (SUMINISTRO, EXTENDIDO, NIVELACIÓN, HUMEDECIMIENTO Y COMPACTACIÓN CON VIBROCOMPACTADOR)","M3",138081,"Actualización MO 2022"]
["Nuevo","REDES TELEFONICAS / DATOS",7808,"INSTALACION Y PUESTA EN SERVICIO DE CONTROLADOR DE TRAFICO C900 EN LA CIUDAD DE BOGOTÁ, (INCLUYE TRANSPORTE DE CONTROLADOR DESDE LA SDM HASTA LUGAR DE INSTALACIÓN EN BOGOTÁ, MANO DE OBRA E IVA, NO INCLUYE SUMINISTRO DE CONTROLADOR.","UN",1499162,"Actualización MO 2022"]
["Nuevo","CONCRETO Y ACERO PARA ESTRUCTURAS",7809,"DEFENSA VIAL METÁLICA DOBLE CRESTA EN ACERO LAMINADO EN FRÍO, VIGAS EN FORMA DOBLE HONDA O W, PARALES Y SEPARADORES METÁLICOS - APLICA NORMAS AASTHO M-180/NTC3755, NTC3783, ARTÍCULO 730 Y 740 DEL INVIAS Y MANUAL DE SEÑALIZACIÓN DEL MINISTERIO DE TRANSPORTE.","ML",241969,"Actualización MO 2022"]
["Nuevo","PROYECTO ESPECÍFICO",7810,"LEVANTAMIENTO TOPOGRÁFICO A TODO COSTO. NIVEL DE COMPLEJIDAD ALTO. INCLUYE PERSONAL, EQUIPOS, COSTOS OPERACIONALES, PROCESAMIENTO Y ENTREGA DE LA INFORMACIÓN, TODOS LOS COSTOS INDIRECTOS E IVA.","M2",1471,"Actualización MO 2022"]
["Nuevo","PROYECTO ESPECÍFICO",7811,"LEVANTAMIENTO TOPOGRÁFICO A TODO COSTO. NIVEL DE COMPLEJIDAD MEDIO. INCLUYE PERSONAL, EQUIPOS, COSTOS OPERACIONALES, PROCESAMIENTO Y ENTREGA DE LA INFORMACIÓN, TODOS LOS COSTOS INDIRECTOS E IVA.","M2",1087,"Actualización MO 2022"]
["Nuevo","PROYECTO ESPECÍFICO",7812,"LEVANTAMIENTO TOPOGRÁFICO A TODO COSTO. NIVEL DE COMPLEJIDAD BAJO. INCLUYE PERSONAL, EQUIPOS, COSTOS OPERACIONALES, PROCESAMIENTO Y ENTREGA DE LA INFORMACIÓN, TODOS LOS COSTOS INDIRECTOS E IVA.","M2",870,"Actualización MO 2022"]
["Nuevo","GESTIÓN AMBIENTAL",7818,"PROTECCIÓN A ALCANTARILLAS (INCLUYE SUMINISTRO Y COLOCACIÓN DE BOLSAS DE LONA Y GEOTEXTIL NT 1600 O SIMILAR).","UN/MES",9151,"Actualización MO 2022"]
["Nuevo","GESTIÓN AMBIENTAL",7819,"PROTECCIÓN A SUMIDEROS CON POLISOMBRA 47% (INCLUYE SUMINISTRO Y COLOCACIÓN DE POLISOMBRA 47% ASEGURADO CON PUNTILLA GRAPA).","UN/MES",3461,"Actualización MO 2022"]
["Nuevo","GESTIÓN AMBIENTAL",7820,"PROTECCIÓN A ÁRBOLES (INCLUYE SUMINISTRO Y COLOCACIÓN DE DURMIENTES DE 2.90M X 0.04M X 0.04M Y POLISOMBRA AL 47% DE TAL MANERA QUE GARANTICE LA PROTECCIÓN AL INDIVIDUO VEGETAL.","UN",20313,"Actualización MO 2022"]
["Nuevo - DTM","REDES ALCANTARILLADO / DRENAJE",7821,"INSTALACIÓN DE TUBERÍA PVC U.M. EXT CORRUGADO/INT LISO U.M. NORMA NTC 3722-1 D=ENTRE 0\" HASTA 10\" (INCLUYE TRANSPORTE)","ML",8252,"Actualización MO 2022"]
["Nuevo - DTM","REDES ALCANTARILLADO / DRENAJE",7822,"INSTALACIÓN DE TUBERÍA PVC U.M. EXT CORRUGADO/INT LISO U.M. NORMA NTC 3722-1 D=ENTRE 12\" HASTA 24\" (INCLUYE TRANSPORTE)","ML",8471,"Actualización MO 2022"]
["Nuevo - DTM","REDES ALCANTARILLADO / DRENAJE",7823,"INSTALACIÓN DE TUBERÍA PVC U.M. EXT CORRUGADO/INT LISO U.M. NORMA NTC 3722-1 D=MÁS DE 24\" (INCLUYE TRANSPORTE)","ML",9156,"Actualización MO 2022"]
["Nuevo - DTM","SEÑALIZACIÓN",7824,"TACHÓN EN CONCRETO L=0.40M HI=0.15M, HS=0.08M (INCLUYE SUMINISTRO E INSTALACIÓN) INCLUYE PEGANTE EPÓXICO Y EQUIPOS PARA LA INSTALACIÓN Y ANCLAJE.","UN",56094,"Actualización MO 2022"]
["Valor de referencia","INDICES",7825,"MANTENIMIENTO CORRECTIVO ESPACIO PÚBLICO EN ADOQUÍN DE CONCRETO SOBRE MORTERO. INCL. RETIRO Y LIMPIEZA ADOQUÍN E INSTALAR EL MISMO. EMBOQUILLADA CON ARENA CEMENTO 5:1.","M2",45515,"Actualización MO 2022"]
["Nuevo - DTM","PAVIMENTOS",7826,"INSTALACIÓN ADOQUÍN DE CONCRETO 20X10X6CM (INCLUYE BASE 4CM MORTERO 2000 Y ARENA DE SELLO)","M2",37031,"Actualización MO 2022"]
["Valor de referencia","INDICES",7827,"MANTENIMIENTO CORRECTIVO ESPACIO PUBLICO LOSETA A-50 SOBRE MORTERO. INCL. RETIRO LOSETA E INSTALAR LA MISMA.","M2",17482,"Actualización MO 2022"]
["Nuevo - DTM","ANDENES Y SARDINELES",7828,"RETIRO Y REINSTALACIÓN DE SARDINEL TIPO A10 (INSTALACIÓN. NO INCLUYE MATERIAL DE BASE)","ML",23295,"Actualización MO 2022"]
["Nuevo - DTM","ANDENES Y SARDINELES",7829,"RETIRO O REINSTALACIÓN DE SARDINEL TIPO A10 (INSTALACIÓN. NO INCLUYE MATERIAL DE BASE)","ML",11648,"Actualización MO 2022"]
["Nuevo - DTM","REDES ACUEDUCTO",7830,"CONEXIONES KIT SILLA YEE 250 X 200 PVC. SUMINISTRO E INSTALACIÓN.","UN",180985,"Actualización MO 2022"]
["Nuevo - DTM","REDES ACUEDUCTO",7831,"CONEXIONES KIT SILLA YEE 315 X 200 PVC. SUMINISTRO E INSTALACIÓN.","UN",247063,"Actualización MO 2022"]
["Nuevo - DTM","REDES ACUEDUCTO",7832,"CONEXIONES KIT SILLA YEE 400 X 200 PVC. SUMINISTRO E INSTALACIÓN.","UN",296828,"Actualización MO 2022"]
["Nuevo - DTM","REDES ACUEDUCTO",7833,"CONEXIONES KIT SILLA YEE 450 X 200 PVC. SUMINISTRO E INSTALACIÓN.","UN",314985,"Actualización MO 2022"]
["Nuevo - DTM","PAVIMENTOS",7857,"JUNTAS DE DILATACIÓN PARA PUENTES PEATONALES TIPO TRANSMILENIO CON LÁMINA GALVANIZADA (JUNTA TIPO 1). FABRICACIÓN EN TALLER PARA TRABAJOS DE MANTENIMIENTO EN PUENTE PEATONAL CON PMT APROBADO. SUMINISTRO Y CONSTRUCCIÓN. (INCLUYE SUMINISTRO, FABRICACIÓN EN TALLER, ADECUACIÓN DE ESTRUCTURA EXISTENTE E INSTALACIÓN DE JUNTA EN PUNTO CRÍTICO DEL PUENTE EN LÁMINA GALVANIZADA). ELEMENTO INSTALADO DE 2.50 M X 0.90 M.","UN",5392058,"Actualización MO 2022"]
["Nuevo - DTM","SEÑALIZACIÓN",7858,"BANDAS SONORAS REDUCTORAS DE VELOCIDAD DE 2CM DE ALTURA, CONSTRUIDA CON GRAVILLA DE 1/2\", PINTURA DE LARGA DURACIÓN BLANCA Y RESINA EPÓXICA.","M2",316451,"Actualización MO 2022"]
["Nuevo - DTM","PAVIMENTOS",7859,"JUNTAS DE DILATACIÓN PARA PUENTES PEATONALES TIPO TRANSMILENIO CON NEOPRENO (JUNTA TIPO 2 DOBLE NEOPRENO). SUMINISTRO Y CONSTRUCCIÓN. FABRICACIÓN EN TALLER PARA TRABAJOS DE MANTENIMIENTO EN PUENTE PEATONAL CON PMT APROBADO. (INCLUYE SUMINISTRO, FABRICACIÓN EN TALLER, ADECUACIÓN DE ESTRUCTURA EXISTENTE E INSTALACIÓN DE JUNTA EN PUNTO CRÍTICO DEL PUENTE).","UN",3465590,"Actualización MO 2022"]
["Nuevo - DTM","PAVIMENTOS",7860,"JUNTAS DE DILATACIÓN PARA PUENTES PEATONALES TIPO TRANSMILENIO CON NEOPRENO (JUNTA TIPO 3 NEOPRENO). SUMINISTRO Y CONSTRUCCIÓN. FABRICACIÓN EN TALLER PARA TRABAJOS DE MANTENIMIENTO EN PUENTE PEATONAL CON PMT APROBADO. (INCLUYE SUMINISTRO, FABRICACIÓN EN TALLER, ADECUACIÓN DE ESTRUCTURA EXISTENTE E INSTALACIÓN DE JUNTA EN PUNTO CRÍTICO DEL PUENTE EN NEOPRENO).","UN",3479012,"Actualización MO 2022"]
["Nuevo - DTM","CONCRETO Y ACERO PARA ESTRUCTURAS",7861,"RETIRO DE PISO EN LAMINA ALFAJOR","ML",43392,"Actualización MO 2022"]
["Nuevo - DTM","SEÑALIZACIÓN",7862,"DEMARCACION METROS LINEALES EN PINTURA TIPO TRAFICO BASE SOLVENTE COLOR BLANCO Y/O AMARILLA. LINEA 0.12M Y 16 MILS (INCLUYE SUMINISTRO Y APLICACION CON EQUIPO. INCLUYE MICROESFERAS TIPO DROP ON PARA LINEAS DE BORDE Y DE CARRIL).","ML",4825,"Actualización MO 2022"]
["Nuevo - DTM","SEÑALIZACIÓN",7863,"DEMARCACIÓN EN PINTURA TIPO TRAFICO BASE SOLVENTE COLOR BLANCO. LINEA 0.20M Y 16 MILS (INCLUYE SUMINISTRO Y APLICACIÓN CON EQUIPO. INCLUYE MICROESFERAS TIPO DROP ON PARA LINEAS DE CARRIL).","M2",39538,"Actualización MO 2022"]
["Nuevo - DTM","ANÁLISIS AUXILIARES",7864,"LAVADO DE ESTRUCTURA EN CONCRETO Y/O METÁLICAS CON ANDAMIO CERTIFICADO. INCLUYE ALQUILER DE HIDROLAVADORA A GASOLINA PRESIÓN 3200 PSI. INCLUYE PLANTA ELÉCTRICA, AGUA Y MANO DE OBRA.","M2",5866,"Actualización MO 2022"]
["Nuevo - DTM","REDES ALCANTARILLADO / DRENAJE",7865,"MARCO REJILLA SUMIDERO LATERAL 100 X 65 (SUMINISTRO E INSTALACIÓN)","UN",96175,"Actualización MO 2022"]
["Nuevo - DTM","REDES ALCANTARILLADO / DRENAJE",7869,"LIMPIEZA MANUAL DE SUMIDERO TIPO ST-1 , ST-2. INCLUYE CARGUE, RETIRO Y DISPOSICIÓN FINAL DE ESCOMBROS.","M3",57350,"Actualización MO 2022"]
["Nuevo - DTM","REDES ALCANTARILLADO / DRENAJE",7870,"RECONSTRUCCIÓN DE LA TAPA DE SUMIDERO SL-100. CONCRETO 3000 PSI HECHO EN OBRA (INCLUYE DEMOLICIÓN DE LA PLACA DE CONCRETO EXISTENTE. INCLUYE ANCLAJES, ACERO DE REFUERZO, FORMALETA, ADHESIVO ESTRUCTURAL, CURADO, MARCO Y REJILLA) ALTURA=20 CM.","UN",778197,"Actualización MO 2022"]
["Nuevo - DTM","REDES ALCANTARILLADO / DRENAJE",7871,"DESINSTALACIÓN DE SEPARADOR TIPO TRANSMILENIO (BLOQUE CANALIZADOR AMARILLO, INCLUYE CORTE DE ANCLAJES, CARGUE Y DISPOSICIÓN FINAL.","ML",28606,"Actualización MO 2022"]
["Nuevo - DTM","PAVIMENTOS",7873,"TRATAMIENTO Y DISPOSICIÓN FINAL DE RESIDUOS PELIGROSOS.","KG",952,"Actualización MO 2022"]
["Nuevo - DTM","CONCRETO Y ACERO PARA ESTRUCTURAS",7874,"CERRAMIENTO NYLOFOR 3D PRO ALTURA 2.00 M FABRICADA EN ALAMBRE DE ACERO GALVANIZADO DE 5MM, RECUBIERTO CON PINTURA DE POLIÉSTER VERDE, DE 4.75 MM DE DIÁMETRO.CONCRETO DE 3000 PSI. INCLUYE MANO DE OBRA PARA CERRAMIENTO NYLOFOR 3D PRO ALTURA 2.00 M. INCLUYE EXCAVACIÓN PARA BASE, FUNDIDA EN CONCRETO HECHO EN OBRA, ARMADO DE LA ESTRUCTURA, HUECOS DE 200 X 50 MM, NIVELACIÓN E INSTALACIÓN.","ML",302937,"Actualización MO 2022"]
["Nuevo - DTM","REDES ACUEDUCTO",7875,"COLLAR DE DERIVACIÓN DE 4\" X 1/2\". SUMINISTRO E INSTALACION. (INCLUYE TALADRO ROTOPERCUTOR 3/4\", PLANTA ELÉCTRICA 4KW).","UN",29393,"Actualización MO 2022"]
["Nuevo - DTM","REDES ACUEDUCTO",7876,"CÁRCAMO DE PROTECCION EN TUBERÍA Ø 12\" NORMA EAAB NS-090 version 2 V.2 (incluye Formaleta, Concreto de 2000 y 3000 PSI, Acero de Refuerzo, curado y Manijas en varilla lisa de 1\").","ML",1041222,"Actualización MO 2022"]
["Nuevo - DTM","REDES ALCANTARILLADO / DRENAJE",7877,"INSTALACIÓN DE TUBERÍA PVC D=12\" TIPO U.M. RDE 21 (Solo incluye la mano de obra)","ML",4239,"Actualización MO 2022"]
["Nuevo - DTM","ANDENES Y SARDINELES",7878,"RELLENO EN GRAVILLA FINA DIÁMETRO 1/2” MEZCLADO CON RESMA DE LÁTEX EN PROPORCIÓN DE GRAVILLA FINA 58-65 KG/M2 Y RESINE LÁTEX 7 A 8 KG/M2 ESPESOR APROXIMADO E: 0.07 M.","M2",56640,"Actualización MO 2022"]
["Nuevo - DTM","REDES ALCANTARILLADO / DRENAJE",7879,"DEMOLICIÓN Y REPOSICIÓN DE TAPAS PARA POZO (en concreto).","UN",160021,"Actualización MO 2022"]
["Nuevo - DTM","REDES ACUEDUCTO",7880,"INSTALACION CODO HD DE 22.5° O 45°, EXTREMO LISO PARA PVC D= 8” (SOLO INCLUYE MANO DE OBRA).","UN",29210,"Actualización MO 2022"]
["Nuevo - DTM","SEÑALIZACIÓN",7881,"ESTOPEROLES METÁLICOS CON ESPIGO. INCLUYE SUMINISTRO E INSTALACIÓN.","UN",7378,"Actualización MO 2022"]
["Nuevo - DTM","CONCRETO Y ACERO PARA ESTRUCTURAS",7883,"PERFORACIÓN PARA ANCLAJE DE VARILLA DE D=1 1/4\" INCLUYE ADHESIVO ESTRUCTURAL. SUMINISTRO E INSTALACIÓN. INCLUYE LA PERFORACIÓN, LIMPIEZA DE LA PERFORACIÓN CON CHORRO DE AIRE, SUMINISTRO DE BROCAS, EQUIPOS, TRANSPORTES, MANEJO, ALMACENAMIENTO, MANO DE OBRA. PARA UTILIZAR EN LOSAS DE CONCRETO.","CM.PER",1867,"Actualización MO 2022"]
["Nuevo - DTM","CONCRETO Y ACERO PARA ESTRUCTURAS",7884,"ANCLAJE EPÓXICO DE VARILLA DE 5/8\" SUMINISTRO E INSTALACIÓN. Incluye la detección de refuerzo para perforación, la perforación, limpieza de la perforación con chorro de aire, suministro de materiales (relleno epóxico et o equivalente, brocas), equipos, transportes, manejo, almacenamiento, manejo de desperdicios, mano de obra.","CM.PER",1592,"Actualización MO 2022"]
["Nuevo - DTM","CONCRETO Y ACERO PARA ESTRUCTURAS",7885,"ANCLAJE EPÓXICO DE VARILLA DE 3/4\" SUMINISTRO E INSTALACIÓN. Incluye la detección de refuerzo para perforación, la perforación, limpieza de la perforación con chorro de aire, suministro de materiales (relleno epóxico ET o equivalente, brocas), equipos, transportes, manejo, almacenamiento, manejo de desperdicios, mano de obra. ","CM.PER",1757,"Actualización MO 2022"]
["Nuevo - DTM","CONCRETO Y ACERO PARA ESTRUCTURAS",7886,"ANCLAJE EPÓXICO DE VARILLA DE 1/4\" SUMINISTRO E INSTALACIÓN. Incluye la detección de refuerzo para perforación, la perforación, limpieza de la perforación con chorro de aire, suministro de materiales (relleno epóxico et o equivalente, brocas), equipos, transportes, manejo, almacenamiento, manejo de desperdicios, mano de obra. ","CM.PER",1413,"Actualización MO 2022"]
["Nuevo - DTM","CONCRETO Y ACERO PARA ESTRUCTURAS",7887,"ANCLAJE EPÓXICO DE VARILLA DE 1/2\" SUMINISTRO E INSTALACIÓN. Incluye la detección de refuerzo para perforación, la perforación, limpieza de la perforación con chorro de aire, suministro de materiales (relleno epóxico et o equivalente, brocas), equipos, transportes, manejo, almacenamiento, manejo de desperdicios, mano de obra. ","CM.PER",1493,"Actualización MO 2022"]
["Nuevo - DTM","REDES ALCANTARILLADO / DRENAJE",7888,"TAPAS PARA POZO DE INSPECCIÓN. SUMINISTRO E INSTALACIÓN.","UN",153560,"Actualización MO 2022"]
["Nuevo - DTM","CONCRETO Y ACERO PARA ESTRUCTURAS",7889,"PERFORACIÓN PARA ANCLAJE DE VARILLA DE 1\" INCLUYE ADHESIVO ESTRUCTURAL. SUMINISTRO E INSTALACIÓN. INCLUYE LA PERFORACIÓN, LIMPIEZA DE LA PERFORACIÓN CON CHORRO DE AIRE, SUMINISTRO DE BROCAS, EQUIPOS, TRANSPORTES, MANEJO, ALMACENAMIENTO MANO DE OBRA.","CM.PER",1867,"Actualización MO 2022"]
["Nuevo - DTM","REDES TELEFONICAS / DATOS",7892,"REPARADUCTO PVC D=4\" - DUCTO TELEFÓNICO. SUMINISTRO E INSTALACIÓN","ML",74636,"Actualización MO 2022"]
["Nuevo - DTM","REDES ALCANTARILLADO / DRENAJE",7893,"DEMOLICIÓN MANUAL DE TAPA EXISTENTE DE POZO DE INSPECCIÓN Y REPOSICIÓN TAPA PARA POZO DE D= 0.70 M. SUMINISTRO E INSTALACIÓN.","UN",161530,"Actualización MO 2022"]
["Nuevo - DTM","GESTION SOCIAL",7894,"AVISO PUNTO IDU 1.50M X 0.90M (MATERIAL DE IMPRESIÓN VINILO PARA EXTERIORES. INCLUYE SUMINISTRO E INSTALACIÓN).","UN",267750,"Actualización MO 2022"]
["Nuevo - DTM","SEÑALIZACIÓN",7895,"CARTELERA TIPO PUNTO IDU DE 1.00M X 1.00M EN ALUMINIO ANODIZADO, CON PAÑO COLOR GRIS, CENEFA SUPERIOR, PUERTAS CORREDIZAS, LOGO INSTITUCIONAL. INCLUYE SUMINISTRO E INSTALACION.","UN",739483,"Actualización MO 2022"]
["Nuevo - DTM","PAVIMENTOS",7896,"CORTE DE VARILLA DE DIÁMETRO VARIADO ENTRE 1/2\" A 1 1/4\".","UN",723,"Actualización MO 2022"]
["Nuevo - DTM","PAVIMENTOS",7898,"LOSA DE CONCRETO MR45 ACELERADO A 3 DÍAS (SUMINISTRO, FORMALETEADO, COLOCACIÓN Y ACABADO. NO INCLUYE ACERO, CURADO Y JUNTAS).","M3",597196,"Actualización MO 2022"]
["Nuevo - DTM","PAVIMENTOS",7899,"LOSA DE CONCRETO MR50 ACELERADO A 3 DÍAS (SUMINISTRO, FORMALETEADO, COLOCACIÓN Y ACABADO. NO INCLUYE ACERO, CURADO Y JUNTAS).","M3",618840,"Actualización MO 2022"]
["Nuevo - DTM","GEOSINTETICOS",7900,"GEOCELDA HDPE PERFORADA, ALTURA 15 CM (SUMINISTRO E INSTALACIÓN).","M2",51770,"Actualización MO 2022"]
["Nuevo - DTM","REDES ALCANTARILLADO / DRENAJE",7901,"MANEJO DE AGUAS (INCLUYE MOTOBOMBA CON COMBUSTIBLE Y OPERADOR)","HR",10012,"Actualización MO 2022"]
["Nuevo - DTM","GEOSINTETICOS",7902,"GEODREN CON TUBERÍA CIRCULAR 100 MM H=1.0 O DRENAFLEX CON TUBERÍA CIRCULAR 100 MM H=1.0 (SUMINISTRO E INSTALACIÓN).","ML",45189,"Actualización MO 2022"]
["Nuevo - DTM","SEÑALIZACIÓN",7903,"PENDONES ELABORADOS EN BANNER, CON UNA DIMENSIÓN DE 1.00 M DE ANCHO POR 1.50 M DE LARGO. IMPRESIÓN A FULL COLOR SEGÚN DISEÑOS DE OJALETES.","UN",75650,"Actualización MO 2022"]
["Nuevo - DTM","SEÑALIZACIÓN",7904,"ALQUILER BASTÓN LUMINOSO 5 FUNCIONES GRANDE ST -900 -1 55 X 4.5 CM RECARGABLE.","UN/MES",4461,"Actualización MO 2022"]
["Nuevo","EXCAVACIONES",7905,"EXCAVACIÓN MECÁNICA EN MATERIAL DE ROCA PARA CONFORMACIÓN DE LA SUBRASANTE (EXCAVACIÓN, PERFORACIÓN, REMOCIÓN, CARGUE)","M3",59650,"Actualización MO 2022"]
["Nuevo","EXCAVACIONES",7944,"EXCAVACIÓN MECÁNICA EN MATERIAL COMÚN PARA CONFORMACIÓN DE LA SUBRASANTE CON RETROEXCAVADORA (EXCAVACIÓN, REMOCIÓN Y CARGUE)","M3",4256,"Actualización MO 2022"]
["Nuevo","EXCAVACIONES",7945,"EXCAVACIONES VARIAS SIN CLASIFICAR CON RETROEXCAVADORA (INCLUYE: EXCAVACIÓN, REMOCIÓN Y CARGUE)","M3",3476,"Actualización MO 2022"]
["Nuevo","EXCAVACIONES",7946,"EXCAVACIONES VARIAS SIN CLASIFICAR CON RETROCARGADOR (INCLUYE: EXCAVACIÓN, REMOCIÓN Y CARGUE)","M3",6028,"Actualización MO 2022"]
["Nuevo - DTM","REDES ELECTRICAS",7947,"CANALIZACIÓN SUBTERRÁNEA CON 1 DUCTO DE 2 \" PVC DB, ACCESORIOS, EXCAVACIÓN, RELLENOS Y ACABADO (INCLUYE SUMINISTRO E INSTALACIÓN)","ML",55133,"Actualización MO 2022"]
["Nuevo - DTM","REDES ELECTRICAS",7948,"CANALIZACIÓN SUBTERRÁNEA CON 1 DUCTO DE 3\" PVC TDP, ACCESORIOS, EXCAVACIÓN, RELLENOS Y ACABADO (INCLUYE SUMINISTRO E INSTALACIÓN)","ML",63012,"Actualización MO 2022"]
["Nuevo - DTM","REDES ELECTRICAS",7949,"CANALIZACIÓN SUBTERRÁNEA CON 1 DUCTO DE 4\" PVC TDP, ACCESORIOS, EXCAVACIÓN, RELLENOS Y ACABADO (INCLUYE SUMINISTRO E INSTALACIÓN)","ML",66678,"Actualización MO 2022"]
["Nuevo - DTM","REDES ELECTRICAS",7950,"CANALIZACIÓN SUBTERRÁNEA CON 2 DUCTOS DE 3\" PVC TDP, ACCESORIOS, EXCAVACIÓN, RELLENOS Y ACABADO (INCLUYE SUMINISTRO E INSTALACIÓN)","ML",81477,"Actualización MO 2022"]
["Nuevo - DTM","REDES ELECTRICAS",7951,"CANALIZACIÓN SUBTERRÁNEA CON 3 DUCTOS DE 3\" PVC TDP, ACCESORIOS, EXCAVACIÓN, RELLENOS Y ACABADO (INCLUYE SUMINISTRO E INSTALACIÓN)","ML",111138,"Actualización MO 2022"]
["Nuevo - DTM","MANTENIMIENTO Y REHABILITACION DE VIAS",7953,"REDUCTOR DE VELOCIDAD TIPO RESALTO PARABOLICO DE 4 METROS DE ANCHO. EN CONCRETO PREMEZCLADO 4000 PSI  (280 Kg/cm2) GRAVA COMÚN.  SUMINISTRO E INSTALACION. (INCLUYE FORMALETA,  REFUERZO, CURADO Y PINTURA).","ML",1100085,"Actualización MO 2022"]
["Nuevo - DTM","MANTENIMIENTO Y REHABILITACION DE VIAS",7954,"CAJA DE PASO SENCILLA PARA SEMAFORIZACIÓN PARA ANDÉN, MEDIDAS INTERNAS (60 CM X 50 CM), MEDIDAS EXTERNAS (75 CM X 85 CM) , ALTURA: 70 CM. INCLUYE BASE, FILTRO, MUROS EN LADRILLO PRECOCIDO, PAÑETE, BORDILLO PERIMETRAL, MARCO Y TAPA SEGÚN ESPECIFICACIONES DE LA SDM.","UN",498636,"Actualización MO 2022"]
["Nuevo - DTM","REDES TELEFONICAS / DATOS",7955,"CAJA DE PASO SENCILLA PARA SEMAFORIZACIÓN (60 CM X 50 CM, ALTURA 120CM) PARA CALZADA . INCLUYE BASE, FILTRO, MUROS EN LADRILLO PRECOCIDO, PAÑETE, BORDILLO PERIMETRAL, MARCO Y TAPA SEGÚN ESPECIFICACIONES DE LA SDM.","UN",688683,"Actualización MO 2022"]
["Nuevo - DTM","REDES TELEFONICAS / DATOS",7956,"CAJA DE PASO SENCILLA PARA SEMAFORIZACIÓN (70 CM X 120 CM, ALTURA 120CM) PARA ANDÉN . INCLUYE BASE, FILTRO, MUROS EN LADRILLO PRECOCIDO, PAÑETE, BORDILLO PERIMETRAL, MARCO Y TAPA SEGÚN ESPECIFICACIONES DE LA SDM.","UN",1068306,"Actualización MO 2022"]
["Nuevo - DTM","SEÑALIZACIÓN",7957,"BANDAS SONORAS REDUCTORAS DE VELOCIDAD DE 5CM DE ALTURA POR 10CM DE ANCHO, CONSTRUIDA CON GRAVILLA DE 1/2\", PINTURA DE LARGA DURACIÓN BLANCA Y RESINA EPÓXICA","ML",53379,"Actualización MO 2022"]
["Nuevo - DTM","SEÑALIZACIÓN",7958,"DEMARCACIÓN LINEA DISCONTINUA A=0.10 M (E=2.3 MM,TERMOPLÁSTICA. INCLUYE SUMINISTRO Y APLICACIÓN CON EQUIPO. INCLUYE MICROESFERA","ML",9826,"Actualización MO 2022"]
["Nuevo - DTM","SEÑALIZACIÓN",7959,"DEMARCACIÓN LINEA CONTINUA BLANCA O AMARILLA A=0.12 M (E=2.3 MM, TERMOPLÁSTICA. INCLUYE SUMINISTRO Y APLICACIÓN CON EQUIPO. INCLUYE MICROESFERAS)","ML",11792,"Actualización MO 2022"]
["Nuevo - DTM","SEÑALIZACIÓN",7960,"DEMARCACIÓN LINEA CONTINUA BLANCA O AMARILLA A=0.10 M (E=2.3 MM, TERMOPLÁSTICA. INCLUYE SUMINISTRO Y APLICACIÓN CON EQUIPO. INCLUYE MICROESFERAS)","ML",9826,"Actualización MO 2022"]
["Nuevo - DTM","SEÑALIZACIÓN",7961,"DEMARCACIÓN LINEA CONTINUA BLANCA O AMARILLA A=0.15 M (E=2.3 MM, TERMOPLÁSTICA. INCLUYE SUMINISTRO Y APLICACIÓN CON EQUIPO. INCLUYE MICROESFERAS)","ML",14739,"Actualización MO 2022"]
["Nuevo - DTM","SEÑALIZACIÓN",7962,"TACHA REFLECTIVA UNIDIRECCIONAL BLANCA/ROJA (INCLUYE SUMINISTRO E INSTALACIÓN)","UN",8181,"Actualización MO 2022"]
["Nuevo - DTM","SEÑALIZACIÓN",7963,"SEÑAL VERTICAL INFORMATIVA SI-27C (70 CM X 100 CM). INCLUYE SUMINISTRO E INSTALACION.","UN",279650,"Actualización MO 2022"]
["Nuevo - DTM","SEÑALIZACIÓN",7964,"SEÑAL VERTICAL PREVENTIVA SP-47B TIPO PENTÁGONO CON FLECHA. (INCLUYE SUMINISTRO E INSTALACION).","UN",571379,"Actualización MO 2022"]
["Nuevo - DTM","SEÑALIZACIÓN",7965,"POSTE TIPO MENSULA T2 (2.50M) EN TUBO SCH 40 GALVANIZADO Y PINTADO. INCLUYE SUMINISTRO E INSTALACIÓN.","UN",2720928,"Actualización MO 2022"]
["Nuevo - DTM","REDES TELEFONICAS / DATOS",7966,"PEDESTAL EN CONCRETO DE 3000 PSI PARA EQUIPO DE CONTROL C800VK, ARMARIO PEQUEÑO (0.33 M X 0.60 M X 0.70 M) . CONSTRUCCIÓN. CON CUATRO DUCTOS PESADOS DE PVC TIPO DB D= 2\".","UN",141644,"Actualización MO 2022"]
["Nuevo - DTM","TRANSPORTES Y ACARREOS",7967,"TRANSPORTE DE MATERIAL FRESADO PROVENIENTE DE SITIO DE OBRA AL SITIO DISPUESTO PARA MEZCLAS, ESTABILIZAR O DEJAR EN PATIOS DE ACOPIO DEL IDU.","M3",6490,"Actualización MO 2022"]
["Nuevo - DTM","CONCRETO Y ACERO PARA ESTRUCTURAS",7968,"PERFORACIÓN PARA ANCLAJE DE VARILLA DE 1\". NO INCLUYE ADHESIVO ESTRUCTURAL. INCLUYE LA PERFORACIÓN, LIMPIEZA DE LA PERFORACIÓN CON CHORRO DE AIRE, SUMINISTRO DE BROCAS, EQUIPOS, TRANSPORTES, MANEJO, ALMACENAMIENTO MANO DE OBRA.","CM.PER",1768,"Actualización MO 2022"]
["Nuevo - DTM","CONCRETO Y ACERO PARA ESTRUCTURAS",7969,"PERFORACIÓN PARA ANCLAJE DE VARILLA DE D=1 1/4\" NO INCLUYE ADHESIVO ESTRUCTURAL. INCLUYE LA PERFORACIÓN, LIMPIEZA DE LA PERFORACIÓN CON CHORRO DE AIRE, SUMINISTRO DE BROCAS, EQUIPOS, TRANSPORTES, MANEJO, ALMACENAMIENTO, MANO DE OBRA. PARA UTILIZAR EN LOSAS DE CONCRETO.","CM.PER",1768,"Actualización MO 2022"]
["Nuevo - DTM","CONCRETO Y ACERO PARA ESTRUCTURAS",7970,"PILOTES DE CONCRETO GRAVA COMÚN DE 2000 PSI (PREBARRENADOS) CON DIÁMETRO 0.30 M (INCLUYE: EXCAVACIÓN, FUNDIDA, LOCALIZACIÓN, PREHUECOS, AGUA DE CARROTANQUES, RETIRO DE LODOS Y DESCABECE DE PILOTES)","ML",194878,"Actualización MO 2022"]
["Nuevo","PAVIMENTOS",7972,"INSTALACIÓN DE MATERIAL DE FRESADO. (EXTENDIDO Y COMPACTACIÓN CON VIBROCOMPACTADOR).","M3",17005,"Actualización MO 2022"]
["Nuevo","REDES TELEFONICAS / DATOS",7974,"PEDESTAL EN CONCRETO DE 3000 PSI PARA EQUIPO DE CONTROL (1.20 M X 0.93 M X 0.65 M)","UN",524317,"Actualización MO 2022"]
["Nuevo","ANÁLISIS AUXILIARES",7975,"MODULO DE PAGO PARA TAQUILLA EXTERIOR PARA ESTACIONES DEL SISTEMA TRANSMILENIO EN ACERO INOXIDABLE 304 B CONTRA ÁCIDOS Y VIDRIO, CON DIVISIONES INTERNAS CON PUERTA PARA DIVIDIR Y ESTRUCTURA METÁLICA PARA PISO DE 7.95 M X 3.68 M PARA SOPORTAR LA MADERA TEKA. (INCLUYE FABRICACIÓN, TRANSPORTE Y MONTAJE. NO INCLUYE OBRAS DE MAMPOSTERÍA).","UN",94895401,"Actualización MO 2022"]
["Nuevo","REDES ELECTRICAS",7989,"5 DUCTOS D=3\" PVC-TDP (NO INCLUYE RELLENOS NI EXCAVACIÓN). SUMINISTRO E INSTALACIÓN.","ML",83187,"Actualización MO 2022"]
["Nuevo","ENSAYOS - LABORATORIOS",7990,"MEDICIÓN DE LA RESISTENCIA AL DESLIZAMIENTO EN ESTRUCTURA DE PAVIMENTO RÍGIDOS Y FLEXIBLES (COEFICIENTE DE FRICCIÓN) CON EQUIPO DE ALTO RENDIMIENTO. INCLUYE MOVILIZACIÓN, TOMA DE INFORMACIÓN, PROCESAMIENTO, ANÁLISIS Y ENTREGA DE RESULTADOS. NO INCLUYE VEHÍCULO ESCOLTA.","Km-Car",116025,"Actualización MO 2022"]
["Nuevo","ENSAYOS - LABORATORIOS",7991,"MEDICIÓN DEL PERFIL TRANSVERSAL (AHUELLAMIENTO) Y DE LA REGULARIDAD SUPERFICIAL (IRI) EN PAVIMENTOS RÍGIDOS Y FLEXIBLES CON EQUIPO DE ALTO RENDIMIENTO. INCLUYE MOVILIZACIÓN, TOMA DE INFORMACIÓN, PROCESAMIENTO, ANÁLISIS Y ENTREGA DE RESULTADOS. NO INCLUYE VEHÍCULO ESCOLTA.","Km-Car",89250,"Actualización MO 2022"]
["Nuevo - Proyecto","ANÁLISIS AUXILIARES",7992,"REPOSICIÓN DE SELLO DE JUNTAS DE PAVIMENTO DE CONCRETO HIDRÁULICO, ANCHO HASTA DE 5/8\" (16 MM). (INCLUYE LIMPIEZA, SUMINISTRO E INSTALACIÓN DE FONDO Y SELLANTE).","ML",12672,"Actualización MO 2022"]
["Nuevo - Proyecto","ANÁLISIS AUXILIARES",7993,"REPOSICIÓN DE SELLO DE JUNTAS DE PAVIMENTO DE CONCRETO HIDRÁULICO, ANCHO HASTA DE 7/8\" (16 MM). (INCLUYE LIMPIEZA, SUMINISTRO E INSTALACIÓN DE FONDO Y SELLANTE).","ML",17047,"Actualización MO 2022"]
["Nuevo - Proyecto","ANÁLISIS AUXILIARES",7994,"REPOSICIÓN DE SELLO DE JUNTAS DE PAVIMENTO DE CONCRETO HIDRÁULICO, ANCHO HASTA DE 1 1/4\" (32 MM). (INCLUYE LIMPIEZA, SUMINISTRO E INSTALACIÓN DE FONDO Y SELLANTE).","ML",37048,"Actualización MO 2022"]
["Nuevo - Proyecto","ANÁLISIS AUXILIARES",7995,"RETIRO DE SELLO EXISTENTE DE JUNTAS DE PAVIMENTO DE CONCRETO HIDRÁULICO (INCLUYE DISCO DIAMANTADO ASFALTO-CONCRETO 350 MM, AGUA Y MANO DE OBRA).","ML",1186,"Actualización MO 2022"]
["Nuevo - Proyecto","RELLENOS Y CAPAS GRANULARES",7996,"MATERIAL ADECUADO. SUMINISTRO, EXTENDIDO MANUAL, NIVELACIÓN, HUMEDECIMIENTO Y COMPACTACIÓN.","M3",78228,"Actualización MO 2022"]
["Nuevo - Proyecto","RELLENOS Y CAPAS GRANULARES",7997,"MATERIAL TOLERABLE. SUMINISTRO, EXTENDIDO MANUAL, NIVELACIÓN, HUMEDECIMIENTO Y COMPACTACIÓN.","M3",72659,"Actualización MO 2022"]
["Nuevo - Proyecto","PRUEBAS DE CARGA ESTÁTICA PUENTES",7998,"PRUEBA DE CARGA DINÁMICA PARA PUENTE PEATONAL METÁLICO TIPO TRANSMILENIO (INCLUYE: EJECUCIÓN DE LAS PRUEBAS MEDIANTE NIVELACIÓN DE PRECISIÓN Y TRANSPORTE DE EQUIPOS DE MEDIDA A OBRA).","UN",17000000,"Actualización MO 2022"]
["Nuevo - Proyecto","PRUEBAS DE CARGA ESTÁTICA PUENTES",7999,"PRUEBA DE CARGA ESTÁTICA PARA PUENTE PEATONAL METÁLICO TIPO TRANSMILENIO (INCLUYE: EJECUCIÓN DE LAS PRUEBAS MEDIANTE NIVELACIÓN DE PRECISIÓN Y TRANSPORTE DE EQUIPOS DE MEDIDA A OBRA).","UN",4000000,"Actualización MO 2022"]
["Nuevo - Proyecto","GESTIÓN AMBIENTAL",8000,"PROTECCIÓN A ALCANTARILLAS CON POLISOMBRA 47%. (INCLUYE SUMINISTRO Y COLOCACIÓN DE POLISOMBRA 47%)","UN/MES",3461,"Actualización MO 2022"]
["Nuevo - Proyecto","REDES ALCANTARILLADO / DRENAJE",8001,"REHABILITACIÓN RED DE ALCANTARILLADO CON TECNOLOGÍA CIPP, CON RESINA DE GRP CURADA CON RAYOS UV, INCLUYE EQUIPOS, MATERIALES, TRANSPORTES Y PERSONAL. DIÁMETRO 8”. ESPESOR 3,00 MM. EC = 14.200 MPA. (INCLUYE: FABRICACIÓN, IMPORTACIÓN, NACIONALIZACIÓN, LOGÍSTICA Y SUMINISTRO DE MATERIALES (LINER), PROCESO INSTALACIÓN, CURADO CON LUZ ULTRAVIOLETA, PERSONAL Y ACTIVIDADES COMPLEMENTARIAS PARA FINALIZAR LA REHABILITACIÓN, INSPECCIÓN FINAL CON EQUIPO CCTV. (ENTREGA DE VIDEO, INFORME POS REHABILITACIÓN E INFORME DE PROTOCOLO DEL PROCESO DE REHABILITACIÓN CON NORMA TÉCNICA EAB)).","ML",846336,"Actualización MO 2022"]
["Nuevo - Proyecto","REDES ALCANTARILLADO / DRENAJE",8002,"REHABILITACIÓN RED DE ALCANTARILLADO CON TECNOLOGÍA CIPP, CON RESINA DE GRP CURADA CON RAYOS UV, INCLUYE EQUIPOS, MATERIALES, TRANSPORTES Y PERSONAL. DIÁMETRO 10”. ESPESOR 3,00 MM. EC = 14.200 MPA. (INCLUYE: FABRICACIÓN, IMPORTACIÓN, NACIONALIZACIÓN, LOGÍSTICA Y SUMINISTRO DE MATERIALES (LINER), PROCESO INSTALACIÓN, CURADO CON LUZ ULTRAVIOLETA, PERSONAL Y ACTIVIDADES COMPLEMENTARIAS PARA FINALIZAR LA REHABILITACIÓN, INSPECCIÓN FINAL CON EQUIPO CCTV. (ENTREGA DE VIDEO, INFORME POS REHABILITACIÓN E INFORME DE PROTOCOLO DEL PROCESO DE REHABILITACIÓN CON NORMA TÉCNICA EAB)).","ML",900757,"Actualización MO 2022"]
["Nuevo - Proyecto","REDES ALCANTARILLADO / DRENAJE",8003,"REHABILITACIÓN RED DE ALCANTARILLADO CON TECNOLOGÍA CIPP, CON RESINA DE GRP CURADA CON RAYOS UV, INCLUYE EQUIPOS, MATERIALES, TRANSPORTES Y PERSONAL. DIÁMETRO 12”. ESPESOR 3,00 MM. EC = 14.200 MPA. (INCLUYE: FABRICACIÓN, IMPORTACIÓN, NACIONALIZACIÓN, LOGÍSTICA Y SUMINISTRO DE MATERIALES (LINER), PROCESO INSTALACIÓN, CURADO CON LUZ ULTRAVIOLETA, PERSONAL Y ACTIVIDADES COMPLEMENTARIAS PARA FINALIZAR LA REHABILITACIÓN, INSPECCIÓN FINAL CON EQUIPO CCTV. (ENTREGA DE VIDEO, INFORME POS REHABILITACIÓN E INFORME DE PROTOCOLO DEL PROCESO DE REHABILITACIÓN CON NORMA TÉCNICA EAB)).","ML",998154,"Actualización MO 2022"]
["Nuevo - Proyecto","REDES ALCANTARILLADO / DRENAJE",8004,"REHABILITACIÓN RED DE ALCANTARILLADO CON TECNOLOGÍA CIPP, CON RESINA DE GRP CURADA CON RAYOS UV, INCLUYE EQUIPOS, MATERIALES, TRANSPORTES Y PERSONAL. DIÁMETRO 14”. ESPESOR 3,50 MM. EC = 14.200 MPA. (INCLUYE: FABRICACIÓN, IMPORTACIÓN, NACIONALIZACIÓN, LOGÍSTICA Y SUMINISTRO DE MATERIALES (LINER), PROCESO INSTALACIÓN, CURADO CON LUZ ULTRAVIOLETA, PERSONAL Y ACTIVIDADES COMPLEMENTARIAS PARA FINALIZAR LA REHABILITACIÓN, INSPECCIÓN FINAL CON EQUIPO CCTV. (ENTREGA DE VIDEO, INFORME POS REHABILITACIÓN E INFORME DE PROTOCOLO DEL PROCESO DE REHABILITACIÓN CON NORMA TÉCNICA EAB)).","ML",1189885,"Actualización MO 2022"]
["Nuevo - Proyecto","REDES ALCANTARILLADO / DRENAJE",8005,"REHABILITACIÓN RED DE ALCANTARILLADO CON TECNOLOGÍA CIPP, CON RESINA DE GRP CURADA CON RAYOS UV, INCLUYE EQUIPOS, MATERIALES, TRANSPORTES Y PERSONAL. DIÁMETRO 16”. ESPESOR 4.20 MM. EC = 14.200 MPA. (INCLUYE: FABRICACIÓN, IMPORTACIÓN, NACIONALIZACIÓN, LOGÍSTICA Y SUMINISTRO DE MATERIALES (LINER), PROCESO INSTALACIÓN, CURADO CON LUZ ULTRAVIOLETA, PERSONAL Y ACTIVIDADES COMPLEMENTARIAS PARA FINALIZAR LA REHABILITACIÓN, INSPECCIÓN FINAL CON EQUIPO CCTV. (ENTREGA DE VIDEO, INFORME POS REHABILITACIÓN E INFORME DE PROTOCOLO DEL PROCESO DE REHABILITACIÓN CON NORMA TÉCNICA EAB)).","ML",1399885,"Actualización MO 2022"]
["Nuevo - Proyecto","REDES ALCANTARILLADO / DRENAJE",8006,"REHABILITACIÓN RED DE ALCANTARILLADO CON TECNOLOGÍA CIPP, CON RESINA DE GRP CURADA CON RAYOS UV, INCLUYE EQUIPOS, MATERIALES, TRANSPORTES Y PERSONAL. DIÁMETRO 18”. ESPESOR 4.20 MM. EC = 14.200 MPA. (INCLUYE: FABRICACIÓN, IMPORTACIÓN, NACIONALIZACIÓN, LOGÍSTICA Y SUMINISTRO DE MATERIALES (LINER), PROCESO INSTALACIÓN, CURADO CON LUZ ULTRAVIOLETA, PERSONAL Y ACTIVIDADES COMPLEMENTARIAS PARA FINALIZAR LA REHABILITACIÓN, INSPECCIÓN FINAL CON EQUIPO CCTV. (ENTREGA DE VIDEO, INFORME POS REHABILITACIÓN E INFORME DE PROTOCOLO DEL PROCESO DE REHABILITACIÓN CON NORMA TÉCNICA EAB)).","ML",1513624,"Actualización MO 2022"]
["Nuevo - Proyecto","REDES ALCANTARILLADO / DRENAJE",8007,"REHABILITACIÓN RED DE ALCANTARILLADO CON TECNOLOGÍA CIPP, CON RESINA DE GRP CURADA CON RAYOS UV, INCLUYE EQUIPOS, MATERIALES, TRANSPORTES Y PERSONAL. DIÁMETRO 20”. ESPESOR 4.90 MM. EC = 14.200 MPA. (INCLUYE: FABRICACIÓN, IMPORTACIÓN, NACIONALIZACIÓN, LOGÍSTICA Y SUMINISTRO DE MATERIALES (LINER), PROCESO INSTALACIÓN, CURADO CON LUZ ULTRAVIOLETA, PERSONAL Y ACTIVIDADES COMPLEMENTARIAS PARA FINALIZAR LA REHABILITACIÓN, INSPECCIÓN FINAL CON EQUIPO CCTV. (ENTREGA DE VIDEO, INFORME POS REHABILITACIÓN E INFORME DE PROTOCOLO DEL PROCESO DE REHABILITACIÓN CON NORMA TÉCNICA EAB)).","ML",1836421,"Actualización MO 2022"]
["Nuevo - Proyecto","REDES ALCANTARILLADO / DRENAJE",8008,"REHABILITACIÓN RED DE ALCANTARILLADO CON TECNOLOGÍA CIPP, CON RESINA DE GRP CURADA CON RAYOS UV, INCLUYE EQUIPOS, MATERIALES, TRANSPORTES Y PERSONAL. DIÁMETRO 24”. ESPESOR 5.60 MM. EC = 14.200 MPA. (INCLUYE: FABRICACIÓN, IMPORTACIÓN, NACIONALIZACIÓN, LOGÍSTICA Y SUMINISTRO DE MATERIALES (LINER), PROCESO INSTALACIÓN, CURADO CON LUZ ULTRAVIOLETA, PERSONAL Y ACTIVIDADES COMPLEMENTARIAS PARA FINALIZAR LA REHABILITACIÓN, INSPECCIÓN FINAL CON EQUIPO CCTV. (ENTREGA DE VIDEO, INFORME POS REHABILITACIÓN E INFORME DE PROTOCOLO DEL PROCESO DE REHABILITACIÓN CON NORMA TÉCNICA EAB)).","ML",2142340,"Actualización MO 2022"]
["Nuevo - Proyecto","REDES ALCANTARILLADO / DRENAJE",8009,"REHABILITACIÓN RED DE ALCANTARILLADO CON TECNOLOGÍA CIPP, CON RESINA DE GRP CURADA CON RAYOS UV, INCLUYE EQUIPOS, MATERIALES, TRANSPORTES Y PERSONAL. DIÁMETRO 27”. ESPESOR 6.30 MM. EC = 14.200 MPA. (INCLUYE: FABRICACIÓN, IMPORTACIÓN, NACIONALIZACIÓN, LOGÍSTICA Y SUMINISTRO DE MATERIALES (LINER), PROCESO INSTALACIÓN, CURADO CON LUZ ULTRAVIOLETA, PERSONAL Y ACTIVIDADES COMPLEMENTARIAS PARA FINALIZAR LA REHABILITACIÓN, INSPECCIÓN FINAL CON EQUIPO CCTV. (ENTREGA DE VIDEO, INFORME POS REHABILITACIÓN E INFORME DE PROTOCOLO DEL PROCESO DE REHABILITACIÓN CON NORMA TÉCNICA EAB)).","ML",2645302,"Actualización MO 2022"]
["Nuevo - Proyecto","REDES ALCANTARILLADO / DRENAJE",8010,"REHABILITACIÓN RED DE ALCANTARILLADO CON TECNOLOGÍA CIPP, CON RESINA DE GRP CURADA CON RAYOS UV, INCLUYE EQUIPOS, MATERIALES, TRANSPORTES Y PERSONAL. DIÁMETRO 30”. ESPESOR 7.00 MM. EC = 14.200 MPA. (INCLUYE: FABRICACIÓN, IMPORTACIÓN, NACIONALIZACIÓN, LOGÍSTICA Y SUMINISTRO DE MATERIALES (LINER), PROCESO INSTALACIÓN, CURADO CON LUZ ULTRAVIOLETA, PERSONAL Y ACTIVIDADES COMPLEMENTARIAS PARA FINALIZAR LA REHABILITACIÓN, INSPECCIÓN FINAL CON EQUIPO CCTV. (ENTREGA DE VIDEO, INFORME POS REHABILITACIÓN E INFORME DE PROTOCOLO DEL PROCESO DE REHABILITACIÓN CON NORMA TÉCNICA EAB)).","ML",3044775,"Actualización MO 2022"]
["Nuevo - Proyecto","REDES ALCANTARILLADO / DRENAJE",8011,"REHABILITACIÓN RED DE ALCANTARILLADO CON TECNOLOGÍA CIPP, CON RESINA DE GRP CURADA CON RAYOS UV, INCLUYE EQUIPOS, MATERIALES, TRANSPORTES Y PERSONAL. DIÁMETRO 36”. ESPESOR 9.10 MM. EC = 16.875 MPA. (INCLUYE: FABRICACIÓN, IMPORTACIÓN, NACIONALIZACIÓN, LOGÍSTICA Y SUMINISTRO DE MATERIALES (LINER), PROCESO INSTALACIÓN, CURADO CON LUZ ULTRAVIOLETA, PERSONAL Y ACTIVIDADES COMPLEMENTARIAS PARA FINALIZAR LA REHABILITACIÓN, INSPECCIÓN FINAL CON EQUIPO CCTV. (ENTREGA DE VIDEO, INFORME POS REHABILITACIÓN E INFORME DE PROTOCOLO DEL PROCESO DE REHABILITACIÓN CON NORMA TÉCNICA EAB)).","ML",4003252,"Actualización MO 2022"]
["Nuevo - Proyecto","REDES ALCANTARILLADO / DRENAJE",8012,"REHABILITACIÓN RED DE ALCANTARILLADO CON TECNOLOGÍA CIPP, CON RESINA DE GRP CURADA CON RAYOS UV, INCLUYE EQUIPOS, MATERIALES, TRANSPORTES Y PERSONAL. DIÁMETRO 40”. ESPESOR 9.80 MM. EC = 16.875 MPA. (INCLUYE: FABRICACIÓN, IMPORTACIÓN, NACIONALIZACIÓN, LOGÍSTICA Y SUMINISTRO DE MATERIALES (LINER), PROCESO INSTALACIÓN, CURADO CON LUZ ULTRAVIOLETA, PERSONAL Y ACTIVIDADES COMPLEMENTARIAS PARA FINALIZAR LA REHABILITACIÓN, INSPECCIÓN FINAL CON EQUIPO CCTV. (ENTREGA DE VIDEO, INFORME POS REHABILITACIÓN E INFORME DE PROTOCOLO DEL PROCESO DE REHABILITACIÓN CON NORMA TÉCNICA EAB)).","ML",5092690,"Actualización MO 2022"]
["Nuevo - Proyecto","REDES ALCANTARILLADO / DRENAJE",8013,"REHABILITACIÓN RED DE ALCANTARILLADO CON TECNOLOGÍA CIPP, CON RESINA DE GRP CURADA CON RAYOS UV, INCLUYE EQUIPOS, MATERIALES, TRANSPORTES Y PERSONAL. DIÁMETRO 42”. ESPESOR 10.50 MM. EC = 16.875 MPA. (INCLUYE: FABRICACIÓN, IMPORTACIÓN, NACIONALIZACIÓN, LOGÍSTICA Y SUMINISTRO DE MATERIALES (LINER), PROCESO INSTALACIÓN, CURADO CON LUZ ULTRAVIOLETA, PERSONAL Y ACTIVIDADES COMPLEMENTARIAS PARA FINALIZAR LA REHABILITACIÓN, INSPECCIÓN FINAL CON EQUIPO CCTV. (ENTREGA DE VIDEO, INFORME POS REHABILITACIÓN E INFORME DE PROTOCOLO DEL PROCESO DE REHABILITACIÓN CON NORMA TÉCNICA EAB)).","ML",5613029,"Actualización MO 2022"]
["Nuevo - Proyecto","REDES ALCANTARILLADO / DRENAJE",8016,"CANAL DE DRENAJE PREFABRICADO EN POLYCONCRETO, PD-150V, CLASE DE CARGA D400, INCLUYE REJILLA, LONG=1000 MM, H= 270 MM, ANCHO= 200MM, EN COLOR NATURAL, (NO INCLUYE: EXCAVACIÓN, CONCRETO, DRENAJE, RELLENOS, TAPAS O ACCESORIOS)","ML",456876,"Actualización MO 2022"]
["Nuevo - Proyecto","REDES ALCANTARILLADO / DRENAJE",8017,"CANAL DE INSPECCIÓN DE DRENAJE PREFABRICADO EN POLYCONCRETO , PD-150V, CLASE DE CARGA D400, INCLUYE REJILLA, LONG=500 MM, H= 270 MM, ANCHO= 200MM, EN COLOR NATURAL, (NO INCLUYE: EXCAVACIÓN, CONCRETO, DRENAJE, RELLENOS, TAPAS O ACCESORIOS)","UN",449083,"Actualización MO 2022"]
["Nuevo - Proyecto","REDES ALCANTARILLADO / DRENAJE",8018,"SUMIDERO PARA CANAL DE DRENAJE PREFABRICADO EN POLYCONCRETO CON REJA DE FUNDICIÓN, PD-150V, CLASE DE CARGA D400, LONG=500MM, H= 575 MM, ANCHO= 180 MM, EN COLOR NATURAL, (NO INCLUYE: EXCAVACIÓN, CONCRETO, DRENAJE, RELLENOS, TAPAS O ACCESORIOS)","UN",628773,"Actualización MO 2022"]
["Nuevo - Proyecto","REDES ALCANTARILLADO / DRENAJE",8019,"CANAL DE DRENAJE PREFABRICADO EN POLYCONCRETO, RD-200V, CLASE DE CARGA F900, INCLUYE REJILLA, LONG=1000MM, H= 530 MM, ANCHO= 260 MM, EN COLOR NATURAL, (NO INCLUYE: EXCAVACIÓN, CONCRETO, DRENAJE, RELLENOS, TAPAS O ACCESORIOS)","ML",961795,"Actualización MO 2022"]
["Nuevo - Proyecto","REDES ALCANTARILLADO / DRENAJE",8020,"CANAL DE INSPECCIÓN DE DRENAJE PREFABRICADO EN POLYCONCRETO, RD-200V, CLASE DE CARGA F900, INCLUYE REJILLA, LONG=660 MM, H= 530 MM, ANCHO= 260 MM, EN COLOR NATURAL, (NO INCLUYE: EXCAVACIÓN, CONCRETO, DRENAJE, RELLENOS, TAPAS O ACCESORIOS)","UN",1189177,"Actualización MO 2022"]
["Nuevo - Proyecto","REDES ACUEDUCTO",8022,"NIPLE HD Ø4\" BRIDA B16.5 X LISO LONG. 816 MM. CON PASAMURO Z=665MM(INCLUYE SUMINISTRO E INSTALACIÓN)","UN",1106658,"Actualización MO 2022"]
["Nuevo - Proyecto","REDES ACUEDUCTO",8023,"NIPLE HD Ø4\" BRIDA B16.5 X LISO LONG. 1274 MM. CON PASAMURO Z=824MM(INCLUYE SUMINISTRO E INSTALACIÓN)","UN",1552041,"Actualización MO 2022"]
["Nuevo - Proyecto","REDES ACUEDUCTO",8025,"NIPLE HD Ø4\" BRIDA B16.5 X LISO LONG. 500 MM. CON PASAMURO Z=310MM (INCLUYE SUMINISTRO E INSTALACIÓN)","UN",821140,"Actualización MO 2022"]
["Nuevo - Proyecto","REDES ACUEDUCTO",8026,"NIPLE HD Ø4\" BRIDA B16.5 X LISO LONG. 1020 MM. CON PASAMURO Z=820MM (INCLUYE SUMINISTRO E INSTALACIÓN)","UN",1266523,"Actualización MO 2022"]
["Nuevo - Proyecto","REDES ACUEDUCTO",8029,"PIEZA ESPECIAL CCP Ø24\" LISOXLISO CL 300 LONGITUD 4000MM CON (1) SALIDA VERTICAL SOBRE LOMO DE Ø3\" LONGITUD 200MM DE LA CAJA EXTERNA DEL TUBO A BRIDA B.16.5 Y (2) RUANAS PASAMURO Ø24\" E=1\" HA SOLDADAS. (INCLUYE SUMINISTRO E INSTALACIÓN).","UN",16181081,"Actualización MO 2022"]
["Nuevo - Proyecto","REDES ACUEDUCTO",8033,"PIEZA ESPECIAL CCP Ø18\" CL300 TIPO NIPLE LISO-BRIDA LONGITUD= 2300MM, (1) RUANA PASAMURO Ø18\" HA E=1\" SOLDADA A DISTANCIA Z=0.85M (1) AMPLIACIÓN Ø18\"A Ø24\" LONGITUD=450MM SOLDADA A 1150MM DE LA BRIDA Ø18\", CON (1) SALIDA VERTICAL SOBRE LOMO DE Ø2\" LISO BRIDAB.16.5 SOLDADA A 0.25M DE LA CARA DE LA BRIDA Ø18\". (INCLUYE SUMINISTRO E INSTALACIÓN).","UN",12233011,"Actualización MO 2022"]
["Nuevo - Proyecto","REDES ACUEDUCTO",8042,"TUBO EN ACERO F 20\" CON UNIONES ESPIGO / CAMPANA CON EMPAQUE DE CAUCHO, CON REVESTIMIENTO INTERIOR Y RECUBRIMIENTO EXTERIOR EN MORTERO DE CEMENTO. FABRICADO DE CONFORMIDAD CON LA NORMA AWWA C 200 A PARTIR DE LÁMINA ASTM A 36 DE ESPESOR 4MM. L=6,00M. PRESIÓN DE TRABAJO HASTA = 250 PSI. (INCLUYE SUMINISTRO E INSTALACIÓN).","ML",914665,"Actualización MO 2022"]
["Nuevo - Proyecto","REDES ACUEDUCTO",8043,"TUBO EN ACERO F 24\" CON UNIONES ESPIGO / CAMPANA CON EMPAQUE DE CAUCHO, CON REVESTIMIENTO INTERIOR Y RECUBRIMIENTO EXTERIOR EN MORTERO DE CEMENTO. FABRICADO DE CONFORMIDAD CON LA NORMA AWWA C 200 A PARTIR DE LÁMINA ASTM A 36 DE ESPESOR 6MM. L=6,00M. PRESIÓN DE TRABAJO HASTA = 250 PSI. (INCLUYE SUMINISTRO E INSTALACIÓN).","ML",1493333,"Actualización MO 2022"]
["Nuevo - Proyecto","REDES ACUEDUCTO",8044,"CODO EN ACERO F 18\" ENTRE 5° Y 22½° JUNTA ESPIGO / CAMPANA CON EMPAQUE DE CAUCHO, CON REVESTIMIENTO INTERIOR Y RECUBRIMIENTO EXTERIOR EN MORTERO DE CEMENTO. L=0,4 X 0,4M. PRESIÓN DE TRABAJO HASTA = 250 PSI . (INCLUYE SUMINISTRO E INSTALACIÓN).","UN",3122832,"Actualización MO 2022"]
["Nuevo - Proyecto","REDES ACUEDUCTO",8045,"CODO EN ACERO F 18\" ENTRE 22½° Y 45° JUNTA ESPIGO / CAMPANA CON EMPAQUE DE CAUCHO, CON REVESTIMIENTO INTERIOR Y RECUBRIMIENTO EXTERIOR EN MORTERO DE CEMENTO. L=0,60 X 0,60M. PRESIÓN DE TRABAJO HASTA = 250 PSI. (INCLUYE SUMINISTRO E INSTALACIÓN).","UN",4007955,"Actualización MO 2022"]
["Nuevo - Proyecto","REDES ACUEDUCTO",8046,"CODO EN ACERO F 18\" ENTRE 45° Y 67½° JUNTA ESPIGO / CAMPANA CON EMPAQUE DE CAUCHO, CON REVESTIMIENTO INTERIOR Y RECUBRIMIENTO EXTERIOR EN MORTERO DE CEMENTO. L=0,90 X 0,90M. (INCLUYE SUMINISTRO E INSTALACIÓN).","UN",4982440,"Actualización MO 2022"]
["Nuevo - Proyecto","REDES ACUEDUCTO",8047,"CODO EN ACERO F 18\" ENTRE 45° Y 67½° JUNTA ESPIGO / CAMPANA CON EMPAQUE DE CAUCHO, CON REVESTIMIENTO INTERIOR Y RECUBRIMIENTO EXTERIOR EN MORTERO DE CEMENTO. L=1,35 X 1,35M. PRESIÓN DE TRABAJO HASTA = 250 PSI. (INCLUYE SUMINISTRO E INSTALACIÓN).","UN",5672531,"Actualización MO 2022"]
["Nuevo - Proyecto","REDES ACUEDUCTO",8048,"CODO EN ACERO F 20\" ENTRE 5° Y 22½° JUNTA ESPIGO / CAMPANA CON EMPAQUE DE CAUCHO, CON REVESTIMIENTO INTERIOR Y RECUBRIMIENTO EXTERIOR EN MORTERO DE CEMENTO. L=0,4 X 0,4M. PRESIÓN DE TRABAJO HASTA = 250 PSI. (INCLUYE SUMINISTRO E INSTALACIÓN).","UN",3495179,"Actualización MO 2022"]
["Nuevo - Proyecto","REDES ACUEDUCTO",8049,"CODO EN ACERO F 20\" ENTRE 22½° Y 45° JUNTA ESPIGO / CAMPANA CON EMPAQUE DE CAUCHO, CON REVESTIMIENTO INTERIOR Y RECUBRIMIENTO EXTERIOR EN MORTERO DE CEMENTO. L=0,65 X 0,65M. PRESIÓN DE TRABAJO = 250 PSI. (INCLUYE SUMINISTRO E INSTALACIÓN).","UN",4628955,"Actualización MO 2022"]
["Nuevo - Proyecto","REDES ACUEDUCTO",8050,"CODO EN ACERO F 24\" ENTRE 5° Y 22½° JUNTA ESPIGO / CAMPANA CON EMPAQUE DE CAUCHO, CON REVESTIMIENTO INTERIOR Y RECUBRIMIENTO EXTERIOR EN MORTERO DE CEMENTO. L=0,45 X 0,45M. PRESIÓN DE TRABAJO HASTA = 250 PSI . (INCLUYE SUMINISTRO E INSTALACIÓN).","UN",4608120,"Actualización MO 2022"]
["Nuevo - Proyecto","REDES ACUEDUCTO",8051,"CODO EN ACERO F 24\" ENTRE 22½° Y 45° JUNTA ESPIGO / CAMPANA CON EMPAQUE DE CAUCHO, CON REVESTIMIENTO INTERIOR Y RECUBRIMIENTO EXTERIOR EN MORTERO DE CEMENTO. L=0,80 X 0,80M. PRESIÓN DE TRABAJO = 250 PSI. (INCLUYE SUMINISTRO E INSTALACIÓN).","UN",5996827,"Actualización MO 2022"]
["Nuevo - Proyecto","REDES ACUEDUCTO",8052,"CODO EN ACERO F 24\" ENTRE 45° Y 67½° JUNTA ESPIGO / CAMPANA CON EMPAQUE DE CAUCHO, CON REVESTIMIENTO INTERIOR Y RECUBRIMIENTO EXTERIOR EN MORTERO DE CEMENTO. L=1,20 X 1,20M. PRESIÓN DE TRABAJO = 250 PSI. (INCLUYE SUMINISTRO E INSTALACIÓN).","UN",8172593,"Actualización MO 2022"]
["Nuevo - Proyecto","REDES ACUEDUCTO",8053,"CINTURÓN DE CIERRE HA Ø24\" E=1/4\" (INCLUYE SUMINISTRO E INSTALACIÓN).","UN",600199,"Actualización MO 2022"]
["Nuevo - Proyecto","REDES ACUEDUCTO",8058,"TUBERÍA HG Ø1 1/2\". (INCLUYE SUMINISTRO E INSTALACIÓN).","ML",34666,"Actualización MO 2022"]
["Nuevo - Proyecto","REDES ACUEDUCTO",8060,"UNIÓN DE DESMONTAJE AUTOPORTANTE HD Ø4\" BRIDA B16.5. (INCLUYE SUMINISTRO E INSTALACIÓN).","UN",674272,"Actualización MO 2022"]
["Nuevo - Proyecto","REDES ELECTRICAS",8076,"SALIDA PARA ILUMINACIÓN, TUBO PVC 3/4\" (LONG= 3M) (INCLUYE SUMINISTRO E INSTALACIÓN).","UN",28739,"Actualización MO 2022"]
["Nuevo - Proyecto","REDES ELECTRICAS",8077,"SALIDA PARA MOTORES PUERTAS, TUBO EMT 3/4\", (LONG=10M) (INCLUYE SUMINISTRO E INSTALACIÓN).","UN",109034,"Actualización MO 2022"]
["Nuevo - Proyecto","REDES ELECTRICAS",8078,"SALIDA PARA PUBLICIDAD, TUBO EMT 3/4\", (LONG= 10M) (INCLUYE SUMINISTRO E INSTALACIÓN).","UN",118704,"Actualización MO 2022"]
["Nuevo - Proyecto","REDES ELECTRICAS",8079,"SALIDA PARA CCTV E INFORMADORES, TUBO EMT 3/4\", (LONG=10M) (INCLUYE SUMINISTRO E INSTALACIÓN).","UN",187817,"Actualización MO 2022"]
["Nuevo - Proyecto","MOBILIARIO URBANO - ARBOLES Y GRAMAS",8080,"PLANTACIÓN DE ÁRBOL LIQUIDÁMBAR H=1.5MT (INCLUYE EXCAVACIÓN MANUAL, SIEMBRA, CAJA, TIERRA ABONADA, TUTOR, TRANSPORTE Y DISPOSICIÓN FINAL DE ESCOMBROS EN SITIO AUTORIZADO (DISTANCIA DE TRANSPORTE 28 KM). SUMINISTRO Y PLANTACIÓN","UN",154000,"Actualización MO 2022"]
["Nuevo - Proyecto","REDES ACUEDUCTO",8081,"ADAPTADOR TERMINAL CAMPANA PVC D=6\" (SUMINISTRO E INSTALACIÓN)","UN",23125,"Actualización MO 2022"]
["Nuevo - Proyecto","MOBILIARIO URBANO - ARBOLES Y GRAMAS",8082,"PLANTACIÓN DE PENNISETUM (INCLUYE 16 UNIDADES POR M2) (INCLUYE TRANSPORTE Y DISPOSICIÓN FINAL DE ESCOMBROS EN SITIO AUTORIZADO (DISTANCIA DE TRANSPORTE 28 KM). SUMINISTRO Y PLANTACIÓN","M2",34367,"Actualización MO 2022"]
["Nuevo - Proyecto","MOBILIARIO URBANO - ARBOLES Y GRAMAS",8083,"PLANTACIÓN DE LIRIOPE (INCLUYE 16 UNIDADES POR M2) (INCLUYE TRANSPORTE Y DISPOSICIÓN FINAL DE ESCOMBROS EN SITIO AUTORIZADO (DISTANCIA DE TRANSPORTE 28 KM). SUMINISTRO Y PLANTACIÓN","M2",31167,"Actualización MO 2022"]
["Nuevo - Proyecto","MOBILIARIO URBANO - ARBOLES Y GRAMAS",8084,"PLANTACIÓN DE CLAVEL CHINO (INCLUYE 16 UNIDADES POR M2) (INCLUYE TRANSPORTE Y DISPOSICIÓN FINAL DE ESCOMBROS EN SITIO AUTORIZADO (DISTANCIA DE TRANSPORTE 28 KM). SUMINISTRO Y PLANTACIÓN","M2",31167,"Actualización MO 2022"]
["Nuevo - Proyecto","CONCRETO Y ACERO PARA ESTRUCTURAS",8086,"CONCRETO 5000 PSI GRAVA COMÚN PARA CÁMARA (PREMEZCLADO. INCLUYE SUMINISTRO, FORMALETEO, COLOCACIÓN Y CURADO. NO INCLUYE REFUERZO).","M3",658669,"Actualización MO 2022"]
["Nuevo - Proyecto","CONCRETO Y ACERO PARA ESTRUCTURAS",8087,"ZAPATA EN CONCRETO PREMEZCLADO DE 4000 PSI (28Mpa), GRAVA COMÚN (Incluye bombeo, Sumin., Formaleteo en madera, Colocación y Curado. No incl. Refuerzo).","M3",677316,"Actualización MO 2022"]
["Nuevo - Proyecto","CONCRETO Y ACERO PARA ESTRUCTURAS",8088,"DADO DE CIMENTACION EN CONCRETO 4000 PSI, (28 Mpa) GRAVA COMÚN. Premezclado. Incluye Sumin, Formaleteo en madera, Bombeo, Colocación y curado. (No incl. Refuerzo).","M3",648817,"Actualización MO 2022"]
["Nuevo - Proyecto","PRUEBAS DE CARGA ESTÁTICA PUENTES",8089,"PRUEBA DE CARGA ESTÁTICA Y DINÁMICA PARA PUENTE PEATONAL EN ESTRUCTURA METÁLICA Y CONCRETO REFORZADO. (INCL. LOGÍSTICA, EQUIPOS Y PERSONAL PARA TOMA INFORMACIÓN, PROCESAMIENTO Y ENTREGA INFORME FINAL.","UN",32130000,"Actualización MO 2022"]
["Nuevo Troncal Caracas","ANDENES Y SARDINELES",8090,"PISO EN PORCELANATO COLOR GRIS OSCURO TIPO BARI PLUS, ACABADO PULIDO, FORMATO 0,60 CM X 0,60 CM LÍNEA CONVENCIONAL. (INCLUYE SUMINISTRO E INSTALACIÓN).","M2",278927,"Actualización MO 2022"]
["Nuevo Troncal Caracas","EXCAVACIONES",8091,"BOLSA DE LONA RELLENA DE ARENA DE PEÑA. (INCLUYE SUMINISTRO E INSTALACIÓN).","UN",6753,"Actualización MO 2022"]
["Nuevo Troncal Caracas","SEÑALIZACIÓN",8092,"RETIRO DE SEÑAL VERTICAL CON ENTREGA A ALMACÉN DE LA SDM (APLICA PARA SEÑALES SENCILLAS Y DÚPLEX) (INCLUYE RETIRO DE PEDESTAL Y TABLERO. INCLUYE DEMOLICIÓN DE PISO, RETIRO Y DISPOSICIÓN FINAL DE ESCOMBROS)","UN",32300,"Actualización MO 2022"]
["Nuevo Troncal Caracas","SEÑALIZACIÓN",8093,"REUBICACIÓN DE SEÑALES VERTICALES (APLICA PARA RETIRO Y REINSTALACIÓN DE SEÑALES SENCILLAS Y DÚPLEX. INCLUYE DEMOLICIÓN DE PISO, RETIRO Y DISPOSICIÓN FINAL DE ESCOMBROS)","UN",36138,"Actualización MO 2022"]
["Nuevo Troncal Caracas","MOBILIARIO URBANO - ARBOLES Y GRAMAS",8094,"PINO ROMERON H=1.5M (INCLUYE EXCAVACIÓN MANUAL, SIEMBRA, CAJA, TIERRA, ABONO, TUTOR, TRANSPORTE Y DISPOSICIÓN FINAL DE ESCOMBROS EN SITIO AUTORIZADO A 28 KM). SUMINISTRO Y PLANTACIÓN.","UN",205076,"Actualización MO 2022"]
["Nuevo - DTP","ENSAYOS - LABORATORIOS",8098,"APIQUE MANUAL HASTA 2 M DE 1.5 M X 1.5 M - RELLENO Y ADECUACIÓN DEL SITIO - INCLUYE TRANSPORTE","UN",428400,"Actualización MO 2022"]
["Nuevo - DTP","GEOSINTETICOS",8099,"BOLSACRETO 1.20M X 2.40M X 0.40M. SUMINISTRO E INSTALACIÓN. INCLUYE MORTERO 1:3 HECHO EN OBRA.","M3",161369,"Actualización MO 2022"]
["Nuevo - DTP","REDES ALCANTARILLADO / DRENAJE",8100,"CANAL DE INICIO / FIN DE DRENAJE PREFABRICADO EN POLYCONCRETO , PD-150V, CLASE DE CARGA D400, INCLUYE REJILLA, LONG=500 MM, H= 270 MM, ANCHO= 200MM, EN COLOR NATURAL. INCLUYE TAPA CIEGA (NO INCLUYE: EXCAVACIÓN, CONCRETO, DRENAJE, RELLENOS U OTROS ACCESORIOS)","UN",551258,"Actualización MO 2022"]
["Nuevo - DTP","REDES ALCANTARILLADO / DRENAJE",8101,"CANAL DE INICIO / FIN DE DRENAJE PREFABRICADO EN POLYCONCRETO, RD-200V, CLASE DE CARGA F900, INCLUYE REJILLA, LONG=660 MM, H= 530 MM, ANCHO= 260 MM, EN COLOR NATURAL. INCLUYE TAPA CIEGA (NO INCLUYE: EXCAVACIÓN, CONCRETO, DRENAJE, RELLENOS, U OTROS ACCESORIOS)","UN",1572828,"Actualización MO 2022"]
["Nuevo - Troncal Caracas","ANDENES Y SARDINELES",8102,"LOSETA PODOTACTIL EN POLIPROPILENO. ANCHO 0,40M. ACABADOS SEGÚN NORMA NTC 5610. DEC. 308/2018. INCLUYE LIMPIEZA Y ALISTAMIENTO DE SUPERFICIE. INCLUYE TODOS LOS ELEMENTOS DE COLOCACIÓN, FIJACIÓN Y MANO DE OBRA. SUMINISTRO E INSTALACIÓN.","ML",151130,"Actualización MO 2022"]
["Nuevo - Troncal Caracas","ANÁLISIS AUXILIARES",8103,"RETIRO Y LAVADO DE SUPERFICIE DE BIOCAPAS MEDIANTE PRODUCTO LIMPIADOR NEW O SIMILAR. LIMPIADOR PARA CONCRETO-LADRILLO","M2",14718,"Actualización MO 2022"]
["Nuevo - Troncal Caracas","ANÁLISIS AUXILIARES",8104,"APLICACIÓN DE CAPA INHIBIDORA DE CORROSIÓN POR IMPREGNACIÓN (FORMULACIÓN MEJORADA) MÁS RECUBRIMIENTO PROTECTOR EPÓXICO APLICABLE EN ELEMENTOS DE CONCRETO Y METAL BAJO AGUA.","M2",73403,"Actualización MO 2022"]
["Nuevo Proyecto ","PAVIMENTOS",8106,"ADOQUIN DE CONCRETO COLOR 20X10X8CM (SUMINISTRO E INSTALACIÓN. INCLUYE BASE 4CM, MORTERO 2000 PSI Y ARENA DE SELLO)","M2",90380,"Actualización MO 2022"]
["Nuevo Proyecto ","ANDENES Y SARDINELES",8107,"PIEZA DE REMATE FUNDIDA EN SITIO PARA CAÑUELA TIPO A121 DE 0.3X0.5X0.4 M EN CONCRETO DE 3000 PSI (INCLUYE SUMINISTRO E INSTALACIÓN)","UN",37650,"Actualización MO 2022"]
["Nuevo Proyecto ","REDES ELECTRICAS",8109,"ACOMETIDA EN BAJA TENSIÓN EN CONDUCTORES CU 3X6+8 AWG, 600 V (INCLUYE SUMINISTRO E INSTALACIÓN TUBERIA PVC 3\" Y CABLES)","ML",38144,"Actualización MO 2022"]
["Nuevo Proyecto ","REDES ELECTRICAS",8110,"ACOMETIDA EN BAJA TENSIÓN EN CONDUCTORES CU 3X4+8 AWG, 600 V (INCLUYE SUMINISTRO E INSTALACIÓN TUBERIA PVC 3\" Y CABLES)","ML",45590,"Actualización MO 2022"]
["Nuevo Proyecto ","REDES ELECTRICAS",8111,"ACOMETIDA EN MEDIA TENSIÓN EN CONDUCTORES ALUMINIO 3X185 MM^2, XLPE, 15KV, 133%, +1 NO. 2 CU DESNUDO, CON CONOS DE ALIVIO, TERMINALES Y ACCESORIOS (INCLUYE SUMINISTRO E INSTALACIÓN TUBERIA PVC 3\" Y CABLES)","ML",118437,"Actualización MO 2022"]
["Nuevo Proyecto ","REDES TELEFONICAS / DATOS",8112,"REUBICACION DE SONORIZADORES PARA INVIDENTES (INCLUYE DESMONTE).","UN",152346,"Actualización MO 2022"]
["Nuevo Proyecto ","REDES TELEFONICAS / DATOS",8113,"REUBICACION DE DETECTOR DE DEMANDA PEATONAL (BOTONES) NO INCLUYE CABLES. (INCLUYE DESMONTE).","UN",76174,"Actualización MO 2022"]
["Nuevo Proyecto ","SEÑALIZACIÓN",8114,"PINTURA EN PLASTICO EN FRIO METILMETACRILATO DE A=20CM PARA LINEAS DE DEMARCACIÓN, CON MICROESFERAS Y ESPESOR SECO SEGÚN NORMA NTC 4744. SUMINISTRO Y APLICACIÓN.","ML",15322,"Actualización MO 2022"]
["Nuevo Proyecto ","SEÑALIZACIÓN",8115,"SEPARADORES TIPO TRANSMILENIO DELINEADOR TIPO C EN POLIETILENO (1M X 0.15M X 0.8M) Y 2 TORNILLOS EN ACERO INOXIDABLE DE 1/2\" DE ANCHO Y 4 TORNILLOS DE 1/2\" DE LARGO. SUMINISTRO E INSTALACION.","UN",150306,"Actualización MO 2022"]
["Nuevo Proyecto ","REDES TELEFONICAS / DATOS",8116,"SEMAFORO (3X200) S2. LENTES DE POLICARBONATO DE 8\" BICICLETAS LUCES, SISTEMA DE ILUMINACIÓN A LEDS, COMPATIBILIDAD C800/900, FIJACION A MENSULA. INCLUYE ELEMENTOS DE FIJACION.","UN",3215725,"Actualización MO 2022"]
["Nuevo Proyecto ","REDES ELECTRICAS",8117,"ACOMETIDA EN BAJA TENSIÓN EN CONDUCTORES CU 2X8+8 AWG, 600 V (INCLUYE SUMINISTRO E INSTALACIÓN TUBERIA PVC 3\" Y CABLES)","ML",28300,"Actualización MO 2022"]
["Nuevo Proyecto ","REDES ELECTRICAS",8118,"ACOMETIDA EN BAJA TENSIÓN EN CONDUCTORES CU 1X8+8 AWG, 600 V (INCLUYE SUMINISTRO E INSTALACIÓN TUBERIA PVC 3\" Y CABLES)","ML",24738,"Actualización MO 2022"]
["Nuevo Proyecto ","REDES ELECTRICAS",8119,"PUESTA A TIERRA PARA BARRAJES PREFORMADOS DE BAJA TENSION CS340","UN",257589,"Actualización MO 2022"]
["Nuevo Proyecto ","REDES TELEFONICAS / DATOS",8120,"NIVELACIÓN DE CÁMARA ETB T-16 H= 0.30M (DIMENSIONES INTERNAS LARGO:2,66M, ANCHO:2,66M, ALTO 1,80M SEGÚN NORMA ETB) (INCLUYE DEMOLICION, TRANSPORTE Y DISPOSICION DE ESCOMBROS, SUMINISTROS E INSTALACIÓN BLOQUE, CONCRETO PLACA SUPERIOR, REFUERZO,MORTERO, ARO Y TAPA ETB).","UN",1547118,"Actualización MO 2022"]
["Nuevo Proyecto ","REDES TELEFONICAS / DATOS",8121,"NIVELACIÓN DE CÁMARA ETB T-18 H= 0.30M (DIMENSIONES INTERNAS LARGO:2,20M, ANCHO:2,20M, ALTO 1,80M SEGÚN NORMA ETB) ((INCLUYE DEMOLICION, TRANSPORTE Y DISPOSICION DE ESCOMBROS, SUMINISTROS E INSTALACIÓN BLOQUE, CONCRETO PLACA SUPERIOR, REFUERZO,MORTERO, ARO Y TAPA ETB).","UN",1692437,"Actualización MO 2022"]
["Nuevo Proyecto ","REDES TELEFONICAS / DATOS",8122,"NIVELACIÓN DE CAJA SENCILLA DE PASO ETB H= 0.30M (DIMENSIONES INTERNAS LARGO:0,53M, ANCHO:0,53M, ALTO 1,08M SEGÚN NORMA ETB) (INCLUYE DEMOLICION, TRANSPORTE Y DISPOSICION DE ESCOMBROS, SUMINISTROS E INSTALACIÓN BLOQUE, MORTERO, MARCO Y TAPA).","UN",607539,"Actualización MO 2022"]
["Nuevo Proyecto ","ANDENES Y SARDINELES",8123,"LOSETA ACHURADO TIPO A20 ( INCLUYE SUMINISTRO E INSTALACIÓN.INCLUYE BASE 4CM MORTERO 1:5 Y ARENA DE SELLO)","M2",71262,"Actualización MO 2022"]
["Nuevo Proyecto ","REDES ELECTRICAS",8124,"TRANSFORMADOR SEMISUMERGIBLE 115 KVA 11.4 /0.208-0.120 KV DYN5. (SUMINISTRO E INSTALACIÓN)","UN",20971354,"Actualización MO 2022"]
["Nuevo Proyecto ","REDES TELEFONICAS / DATOS",8125,"RETIRO DE TELÉFONOS PÚBLICOS (INCLUYE DESCONEXIÓN, DEMOLICIÓN CONCRETO, EXCAVACIÓN, RELLENO CON MATERIAL DE LA EXCAVACIÓN Y DISPOSICIÓN FINAL)","UN",59718,"Actualización MO 2022"]
["Nuevo Proyecto ","REDES ELECTRICAS",8126,"ACOMETIDA EN BAJA TENSIÓN EN CONDUCTORES CU 3X2/0 + 1X2 AWG, 600 V (INCLUYE SUMINISTRO E INSTALACIÓN TUBERIA PVC 3\" Y CABLES).","ML",110882,"Actualización MO 2022"]
["Nuevo Proyecto ","REDES ELECTRICAS",8127,"TRANSFORMADOR SEMISUMERGIBLE 150 KVA 11.4 /0.208-0.120 KV DYN5. (SUMINISTRO E INSTALACIÓN)","UN",22339357,"Actualización MO 2022"]
["Nuevo Proyecto ","REDES ELECTRICAS",8128,"SECCIONADOR O CAJA DE MANIOBRA DE 6 VÍAS, E-S 600, D200, SERIE 15 KV. SUMINISTRO E INSTALACIÓN","UN",25568690,"Actualización MO 2022"]
["Nuevo Proyecto ","REDES ELECTRICAS",8129,"CONDUCTOR MONOPOLAR DE ALUMINIO, AISLADO PARA 15 KV - XLPE, SECCION 95 MM2. (INCLUYE SUMINISTRO E INSTALACIÓN).","ML",67243,"Actualización MO 2022"]
["Nuevo Proyecto ","REDES ELECTRICAS",8130,"ACOMETIDA EN BAJA TENSIÓN EN CONDUCTORES 3X8+8 AWG (INCLUYE SUMINISTRO E INSTALACIÓN).","ML",32773,"Actualización MO 2022"]
["Nuevo Proyecto ","REDES ELECTRICAS",8131,"RETIRO DE RED AÉREA (INCLUYE TRANSPORTE Y DISPOSICIÓN DE SOBRANTES)","ML",2239,"Actualización MO 2022"]
["Nuevo Proyecto ","REDES ELECTRICAS",8132,"SECCIONADOR O CAJA DE MANIOBRA DE 4 VÍAS, E-S 600, D200, SERIE 15 KV. SUMINISTRO E INSTALACIÓN","UN",20449707,"Actualización MO 2022"]
["Nuevo Proyecto ","REDES ELECTRICAS",8133,"TUBERÍA EN POLIETILENO DE 1\" (INCLUYE SUMINISTRO E INSTALACIÓN HASTA DOS UNIONES Y 10 M DE TUBERÍA)","ML",5983,"Actualización MO 2022"]
["Nuevo Proyecto ","REDES TELEFONICAS / DATOS",8134,"NIVELACIÓN DE CÁMARA DOBLE TIPO 2\"F1\" COLOMBIA TELECOMUNICACIONES (DIMENSIONES INTERNAS LARGO: 1.56M, ANCHO:0,50M, ALTO 0,90M SEGÚN NORMA TELECOM) (INCLUYE DEMOLICIÓN, TRANSPORTE Y DISPOSICIÓN DE ESCOMBROS, SUMINISTROS E INSTALACIÓN BLOQUE, MORTERO, MARCO Y TAPA).","UN",606538,"Actualización MO 2022"]
["Nuevo Proyecto ","CONCRETO Y ACERO PARA ESTRUCTURAS",8135,"PILOTE D=0.70 M DE CONCRETO TREMIE 4000 PSI (28 MPA) (INCL. EXCAVACIÓN, CARGUE, MOVILIZACIÓN, MONTAJE, DESCABECE Y DESMONTAJE EQUIPO).","ML",580049,"Actualización MO 2022"]
["Nuevo Proyecto ","REDES ELECTRICAS",8136,"ACOMETIDA EN BAJA TENSIÓN EN CONDUCTORES 3X4+6 AWG (INCLUYE SUMINISTRO E INSTALACIÓN).","ML",48587,"Actualización MO 2022"]
["Nuevo Proyecto ","REDES ELECTRICAS",8138,"ACOMETIDA EN BAJA TENSIÓN EN CONDUCTORES 3X2+4 AWG (INCLUYE SUMINISTRO E INSTALACIÓN).","ML",65565,"Actualización MO 2022"]
["Nuevo Proyecto ","CONCRETO Y ACERO PARA ESTRUCTURAS",8139,"CONCRETO 4000 PSI GRAVA COMÚN PARA TOPE SÍSMICO (PREMEZCLADO. INCLUYE SUMIN., FORMALETEO Y COLOCACIÓN. NO INCL. REFUERZO, CURADO).","M3",489538,"Actualización MO 2022"]
["Nuevo Proyecto ","REDES TELEFONICAS / DATOS",8140,"NIVELACIÓN DE CAMARA TIPO \"D\" COLOMBIA TELECOMUNICACIONES (DIMENSIONES INTERNAS LARGO:1,90M, ANCHO:1,06M, ALTO:1,60M SEGÚN NORMA TELECOM)(INCLUYE DEMOLICION, TRANSPORTE Y DISPOSICION DE ESCOMBROS, SUMINISTROS E INSTALACIÓN BLOQUE, MORTERO, MARCO Y TAPA).","UN",801784,"Actualización MO 2022"]
["Nuevo Proyecto ","REDES ALCANTARILLADO / DRENAJE",8142,"TUBERÍA FLEXIBLE DE ALTA DENSIDAD NEGRA. TUBO Ø6\", TUBERÍA PEAD, PE100, SDR17, DN50, PE.","ML",81069,"Actualización MO 2022"]
["Nuevo Proyecto ","REDES TELEFONICAS / DATOS",8143,"NIVELACIÓN DE CÁMARA ETB T-18A H= 0.30M (DIMENSIONES INTERNAS LARGO:2,20M, ANCHO:2,20M, ALTO 1,80M SEGÚN NORMA ETB) (INCLUYE DEMOLICION, TRANSPORTE Y DISPOSICION DE ESCOMBROS, SUMINISTROS E INSTALACIÓN BLOQUE, CONCRETO PLACA SUPERIOR, REFUERZO,MORTERO, ARO Y TAPA ETB).","UN",1995688,"Actualización MO 2022"]
["Nuevo Proyecto ","REDES ELECTRICAS",8144,"NIVELACIÓN DE CAMARA TIPO \"JC\" COLOMBIA TELECOMUNICACIONES (DIMENSIONES INTERNAS LARGO:2,12M, ANCHO:1,26M, ALTO:1,60M SEGÚN NORMA TELECOM)(INCLUYE DEMOLICION, TRANSPORTE Y DISPOSICION DE ESCOMBROS, SUMINISTROS E INSTALACIÓN BLOQUE, CONCRETO PLACA SUPERIOR, REFUERZO,MORTERO, ARO Y TAPA ).","UN",896452,"Actualización MO 2022"]
["Nuevo Proyecto ","REDES TELEFONICAS / DATOS",8145,"NIVELACIÓN DE CAMARA TIPO \"F1\" COLOMBIA TELECOMUNICACIONES (DIMENSIONES INTERNAS LARGO:0,69M, ANCHO:0,56M, ALTO 0,90M) (INCLUYE DEMOLICION, TRANSPORTE Y DISPOSICION DE ESCOMBROS, SUMINISTROS E INSTALACIÓN BLOQUE, MORTERO, MARCO Y TAPA).","UN",565843,"Actualización MO 2022"]
["Nuevo Proyecto ","REDES TELEFONICAS / DATOS",8146,"NIVELACIÓN DE CAMARA TIPO \"F2\" COLOMBIA TELECOMUNICACIONES (DIMENSIONES INTERNAS LARGO:0,41M, ANCHO:0,36M, ALTO:0,90M SEGÚN NORMA TELECOM) (INCLUYE DEMOLICION, TRANSPORTE Y DISPOSICION DE ESCOMBROS, SUMINISTROS E INSTALACIÓN BLOQUE, MORTERO, MARCO Y TAPA).","UN",271390,"Actualización MO 2022"]
["Nuevo Proyecto ","REDES ALCANTARILLADO / DRENAJE",8148,"ACOMETIDA DOMICILIARIA DE 1\" CON COLLAR DE DERIVACION DE 4\" X 1/2\". SUMINISTRO E INSTALACION. (INCLUYE TUBERIA PF, REGISTROS Y ACCESORIOS, LONGITUD PROMEDIO DE 6.5M, INCLUYE CAJILLA EN POLIPROPILENO PARA MEDIDOR).","UN",314375,"Actualización MO 2022"]
["Nuevo Proyecto ","REDES TELEFONICAS / DATOS",8150,"RECONSTRUCCIÓN CAJA DE INSPECCIÓN DOBLE PARA CANALIZACIÓN RED ETB (DIMENSIONES INTERNAS LARGO:1,02M, ANCHO:0,60M, ALTO:0,81M SEGÚN NORMA ETB) (INCLUYE MUROS , PAÑETE, MARCO Y TAPAS)","UN",788340,"Actualización MO 2022"]
["Nuevo Proyecto ","REDES ACUEDUCTO",8151,"EMPATES DE TUBERÍA EN PVC A PEAD 6\" LINEAL SEGÚN NORMA NS-023 (INCLUYE ACCESORIOS). SUMINISTRO E INSTALACIÓN.","UN",1233881,"Actualización MO 2022"]
["Nuevo Proyecto ","REDES ALCANTARILLADO / DRENAJE",8152,"RENIVELACIÓN DE ACOMETIDA DOMICILIARIA.","UN",37200,"Actualización MO 2022"]
["Nuevo Proyecto ","REDES ELECTRICAS",8153,"TRANSFORMADOR SEMISUMERGIBLE 75 KVA 11.4 /0.208-0.120 KV DYN5. (SUMINISTRO E INSTALACIÓN)","UN",19739299,"Actualización MO 2022"]
["Nuevo Proyecto ","REDES TELEFONICAS / DATOS",8154,"RECONSTRUCCIÓN CAJA DE INSPECCIÓN SENCILLA PARA CANALIZACIÓN RED ETB (DIMENSIONES INTERNAS LARGO:0,53M, ANCHO:0,53M, ALTO 1,08M SEGÚN NORMA ETB) (INCLUYE MUROS , PAÑETE, MARCO Y TAPAS)","UN",509548,"Actualización MO 2022"]
["Nuevo Proyecto ","REDES TELEFONICAS / DATOS",8155,"NIVELACIÓN DE CÁMARA ETB T-13A H= 0.30M (DIMENSIONES INTERNAS LARGO:2,55M, ANCHO:1,85M, ALTO 1,80M SEGÚN NORMA ETB) (INCLUYE DEMOLICION, TRANSPORTE Y DISPOSICION DE ESCOMBROS, SUMINISTROS E INSTALACIÓN BLOQUE, CONCRETO PLACA SUPERIOR, REFUERZO,MORTERO, ARO Y TAPA ETB).","UN",1186894,"Actualización MO 2022"]
["Nuevo Proyecto ","REDES ALCANTARILLADO / DRENAJE",8156,"LAVADO Y MANTENIMIENTO DE SEÑAL VERTICAL (SP-SR-SI), SENCILLA O DUPLEX.","UN",3957,"Actualización MO 2022"]
["Nuevo Proyecto ","REDES ELECTRICAS",8157,"TRANSFORMADOR SEMISUMERGIBLE 45 KVA 11.4 /0.208-0.120 KV DYN5. (SUMINISTRO E INSTALACIÓN)","UN",20629343,"Actualización MO 2022"]
["Nuevo Proyecto ","CONCRETO Y ACERO PARA ESTRUCTURAS",8158,"CONCRETO 3000 PSI GRAVA COMÚN PARA PIEZA REMATE TIPO HOMBROS PARA RAMPA (PREMEZCLADO. INCLUYE SUMIN., BOMBEO CON AUTOBOMBA, FORMALETEO Y COLOCACIÓN. NO INCL. REFUERZO, CURADO).","M3",506403,"Actualización MO 2022"]
["Nuevo Proyecto ","REDES ELECTRICAS",8159,"TRANSFORMADOR SEMISUMERGIBLE 225 KVA 11.4 /0.208-0.120 KV DYN5. (SUMINISTRO E INSTALACIÓN)","UN",28965036,"Actualización MO 2022"]
["Nuevo Proyecto ","PAVIMENTOS",8160,"ADOQUÍN DE CONCRETO A26 (20X10X6) CM (SUMINISTRO E INSTALACIÓN. INCLUYE BASE 3CM ARENA NIVELACIÓN Y ARENA DE SELLO)","ML",14453,"Actualización MO 2022"]
["Nuevo Proyecto ","REDES TELEFONICAS / DATOS",8161,"NIVELACIÓN DE CÁMARA ETB T-16A H= 0.30M (DIMENSIONES INTERNAS LARGO:2,66M, ANCHO:2,66M, ALTO 1,80M SEGÚN NORMA ETB) (INCLUYE DEMOLICION, TRANSPORTE Y DISPOSICION DE ESCOMBROS, SUMINISTROS E INSTALACIÓN BLOQUE, CONCRETO PLACA SUPERIOR, REFUERZO,MORTERO, ARO Y TAPA ETB).","UN",1342733,"Actualización MO 2022"]
["Nuevo Proyecto ","REDES ALCANTARILLADO / DRENAJE",8162,"TUBERÍA FLEXIBLE DE ALTA DENSIDAD NEGRA. TUBO Ø4\", TUBERÍA PEAD, PE100, SDR17, DN50, PE.","ML",41795,"Actualización MO 2022"]
["Nuevo Proyecto ","REDES ALCANTARILLADO / DRENAJE",8163,"TUBERÍA FLEXIBLE DE ALTA DENSIDAD NEGRA. TUBO Ø8\", TUBERÍA PEAD, PE100, SDR17, DN50, PE.","ML",131465,"Actualización MO 2022"]
["Nuevo Proyecto ","ANÁLISIS AUXILIARES",8165,"CAJA PARA VALVULAS GN EN MAMPOSTERÍA 0,5M X 0,5M X 0,7M (INCLUYE SUMINISTRO DE MATERIALES E INSTALACIÓN)","UN",321091,"Actualización MO 2022"]
["Nuevo Proyecto ","ANDENES Y SARDINELES",8166,"CENEFA EN LOSETA PREFABRICADA A58 GUIA (20X20X6) CM. SUMINISTRO E INSTALACIÓN. (INCLUYE 4CM DE MORTERO 1:5 HECHO EN OBRA PARA BASE Y ARENA DE PEÑA PARA SELLO)","M2",68735,"Actualización MO 2022"]
["Nuevo Proyecto ","MOBILIARIO URBANO - ARBOLES Y GRAMAS",8167,"BLOQUE DE CONCRETO ESTRUCTURAL (0.12X0.2X0.4)M PARA CONTENEDOR DE RAICES (INCLUYE SUMINISTRO E INSTALACIÓN, GROUTING 14 MPA Y GRAFIL D=6 MM PARA REFUERZO HORIZONTAL)","M2",109138,"Actualización MO 2022"]
["Nuevo Proyecto ","REDES TELEFONICAS / DATOS",8168,"NIVELACIÓN DE CÁMARA ETB T-14A H= 0.30M (DIMENSIONES INTERNAS LARGO:2,55M, ANCHO:2,24M, ALTO 1,80M SEGÚN NORMA ETB) (INCLUYE DEMOLICION, TRANSPORTE Y DISPOSICION DE ESCOMBROS, SUMINISTROS E INSTALACIÓN BLOQUE, CONCRETO PLACA SUPERIOR, REFUERZO,MORTERO, ARO Y TAPA ETB).","UN",1708425,"Actualización MO 2022"]
["Nuevo Proyecto ","ANDENES Y SARDINELES",8169,"CENEFA EN LOSETA PREFABRICADA A57 TÁCTIL ALERTA (20X20X6) CM. SUMINISTRO E INSTALACIÓN. (INCLUYE 4CM DE MORTERO 1:5 HECHO EN OBRA PARA BASE Y ARENA DE PEÑA PARA SELLO)","M2",68735,"Actualización MO 2022"]
["Nuevo Proyecto ","REDES ELECTRICAS",8170,"LUMINARIA LED 103W, 48 LED. 120-227 V. (INCLUYE LUMINARIA, CABLES Y ELEMENTOS DE CONEXIÓN, OBRAS COMPLEMENTARIAS Y ACCESORIOS. INCLUYE SUMINISTRO, INSTALACIÓN, PRUEBAS Y PUESTA EN FUNCIONAMIENTO).","UN",960016,"Actualización MO 2022"]
["Nuevo Proyecto ","REDES ALCANTARILLADO / DRENAJE",8171,"TUBERÍA FLEXIBLE DE ALTA DENSIDAD NEGRA. TUBO Ø12\", TUBERÍA PEAD, PE100, SDR17, DN50, PE.","ML",344334,"Actualización MO 2022"]
["Nuevo Proyecto ","REDES ELECTRICAS",8172,"LUMINARIA LED 37W, 16 LED. 100-227 V. (INCLUYE LUMINARIA, CABLES Y ELEMENTOS DE CONEXIÓN, OBRAS COMPLEMENTARIAS Y ACCESORIOS. INCLUYE SUMINISTRO, INSTALACIÓN, PRUEBAS Y PUESTA EN FUNCIONAMIENTO).","UN",539410,"Actualización MO 2022"]
["Nuevo Proyecto ","REDES ELECTRICAS",8173,"LUMINARIA LED 70W, 32 LED. 100-227 V. (INCLUYE LUMINARIA, CABLES Y ELEMENTOS DE CONEXIÓN, OBRAS COMPLEMENTARIAS Y ACCESORIOS. INCLUYE SUMINISTRO, INSTALACIÓN, PRUEBAS Y PUESTA EN FUNCIONAMIENTO).","UN",672174,"Actualización MO 2022"]
["Nuevo Proyecto ","REDES ALCANTARILLADO / DRENAJE",8177,"TUBERÍA FLEXIBLE DE ALTA DENSIDAD NEGRA. TUBO Ø10\", TUBERÍA PEAD, PE100, SDR17, DN50, PE.","ML",217824,"Actualización MO 2022"]
["Nuevo Proyecto ","REDES ACUEDUCTO",8181,"EMPATES DE TUBERÍA EN PVC A PEAD 8\" LINEAL SEGÚN NORMA NS-023 (INCLUYE ACCESORIOS). SUMINISTRO E INSTALACIÓN.","UN",1732373,"Actualización MO 2022"]
["Nuevo Proyecto ","REDES ACUEDUCTO",8182,"EMPATES DE TUBERÍA EN PVC A PEAD 12\" LINEAL SEGÚN NORMA NS-023. SUMINISTRO E INSTALACIÓN. (INCLUYE ACCESORIOS).","UN",4428161,"Actualización MO 2022"]
["Nuevo Proyecto ","OBRAS DE ARTE Y EDIFICACIONES",8183,"CIELO RASO TIPO PANEL 300 C LISO LAMINA ALUMINIO 0.70 MM O SIMILAR. INCLUYE ESTRUCTURA SOPORTE CON PORTAPANEL EN ALUZINC, PINTURA POLIESTER 1 CARA, SOPORTES, ANCLAJES Y REMATES PERIMETRALES. (INCLUYE SUMINISTRO E INSTALACIÓN).","M2",396809,"Actualización MO 2022"]
["Nuevo Proyecto ","OBRAS DE ARTE Y EDIFICACIONES",8184,"ESTUCO PLASTICO EN MUROS (INCLUYE SUMINISTRO E INSTALACIÓN).","M2",5726,"Actualización MO 2022"]
["Nuevo Proyecto ","REDES ALCANTARILLADO / DRENAJE",8185,"TAPA (REJILLA) PARA CAÑUELA A-124. DIMENSIONES: 600X300X100MM. (INCLUYE SUMINISTRO DE MATERIALES E INSTALACIÓN)","UN",39525,"Actualización MO 2022"]
["Nuevo Proyecto ","MOBILIARIO URBANO - ARBOLES Y GRAMAS",8186,"HORTENCIA (INCLUYE TIERRA NEGRA, E=20CM, SUMINISTRO Y PLANTACIÓN).","M2",70465,"Actualización MO 2022"]
["Nuevo Proyecto ","REDES TELEFONICAS / DATOS",8187,"SEMÁFORO CUATRO MÓDULOS FIJACIÓN EN MÁSTIL (INCLUYE SUMINISTRO E INSTALACIÓN)","UN",2738565,"Actualización MO 2022"]
["Nuevo Proyecto ","REDES TELEFONICAS / DATOS",8188,"SEMÁFORO CUATRO MÓDULOS FIJACIÓN EN MÁSTIL CON FLECHA DE GIRO (INCLUYE SUMINISTRO E INSTALACIÓN)","UN",2738565,"Actualización MO 2022"]
["Nuevo Proyecto ","CONCRETO Y ACERO PARA ESTRUCTURAS",8189,"CONCRETO 4000 PSI PARA PLACA SUPERIOR CON RELACIÓN AGUA MATERIAL CEMENTANTE DE < 0,45 Y ADICIÓN DE FIBRE NYCON EN PROPORCIÓN DE 0,6KG/M3 (PREMEZCLADO. INCLUYE SUMINISTRO, FORMALETA, CURADO Y COLOCACIÓN. NO INCLUYE REFUERZO)","M3",2566954,"Actualización MO 2022"]
["Nuevo Proyecto ","CONCRETO Y ACERO PARA ESTRUCTURAS",8190,"CONCRETO 4000 PSI PARA MUROS CON RELACIÓN AGUA MATERIAL CEMENTANTE DE < 0,45 Y ADICIÓN DE FIBRE NYCON EN PROPORCIÓN DE 0,6KG/M3 (PREMEZCLADO. INCLUYE SUMINISTRO, FORMALETA, CURADO Y COLOCACIÓN. NO INCLUYE REFUERZO)","M3",757691,"Actualización MO 2022"]
["Nuevo Proyecto ","CONCRETO Y ACERO PARA ESTRUCTURAS",8192,"CONCRETO 4000 PSI PARA CONTRAFUERTES CON RELACIÓN AGUA MATERIAL CEMENTANTE DE <0,45 (PREMEZCLADO. INCLUYE SUMINISTRO, FORMALETA, CURADO Y COLOCACIÓN. NO INCLUYE REFUERZO).","M3",760929,"Actualización MO 2022"]
["Nuevo Proyecto ","CONCRETO Y ACERO PARA ESTRUCTURAS",8193,"DADO EN CONCRETO 4000 PSI CON RELACIÓN AGUA MATERIAL CEMENTANTE DE <0,45 (Premezclado. Incluye suministro, formaleteo en madera, curado y colocación. (No incluye refuerzo) ","M3",627936,"Actualización MO 2022"]
["Nuevo Proyecto ","GEOSINTETICOS",8194,"APOYO ELASTOMÉRICO EN NEOPRENO REFORZADO CIRCULAR. DIÁMETRO 900MM, H= 200MM, DUREZA-60 (SUMINISTRO E INSTALACIÓN).","UN",8252166,"Actualización MO 2022"]
["Nuevo Proyecto ","CONCRETO Y ACERO PARA ESTRUCTURAS",8195,"SUPER ESTRUCTURA EN CONCRETO DE 7000 PSI PREMEZCLADO, GRAVA COMÚN (Incluye Sumin, bombeo, Formaleteo, Colocación y Curado. No incl. Refuerzo).","M3",862589,"Actualización MO 2022"]
["Nuevo Proyecto ","EXCAVACIONES",8196,"ATAGUÍA (SACOS EN SUELO CEMENTO) (CONFINAMIENTO DE TALUDES. PROPORCIÓN 1:0:2. SUMINISTRO, MEZCLADO, LLENADO Y COLOCACIÓN.","M3",532455,"Actualización MO 2022"]
["Nuevo Proyecto ","REDES TELEFONICAS / DATOS",8197,"TUBERIA METALICA CORRUGADA GALVANIZADA SEGUN NORMA ASTM A-760. DIAMETRO 108\". ESPESOR DE 2,5 MM. (INCLUYE TORNILLERIA PARA EL ARMADO DE LAS LÁMINAS ENTRE SI) (INCLUYE SUMINISTRO E INSTALACIÓN).","ML",1691880,"Actualización MO 2022"]
["Nuevo Proyecto ","CONCRETO Y ACERO PARA ESTRUCTURAS",8200,"PILOTE D=80 CM CON CONCRETO TREMIE DE 4000 PSI. (INCL. EXCAVACIÓN, CARGUE, MOVILIZACIÓN, MONTAJE Y DESMONTAJE EQUIPO Y CONCRETO)","ML",794491,"Actualización MO 2022"]
["Nuevo Proyecto ","REDES ELECTRICAS",8202,"RETIRO Y REUBICACIÓN DE POSTE DE 10 METROS","UN",319456,"Actualización MO 2022"]
["Nuevo Proyecto ","CONCRETO Y ACERO PARA ESTRUCTURAS",8204,"CONCRETO 3000 PSI PARA PEDESTAL (PREMEZCLADO. INCL. SUMINISTRO, FORMALETEO Y COLOCACIÓN. NO INCL. REFUERZO, CURADO).","M3",558723,"Actualización MO 2022"]
["Nuevo Proyecto ","CONCRETO Y ACERO PARA ESTRUCTURAS",8205,"CONCRETO 3000 PSI (21 MPA) PARA PLACA DE PISO INCLUYENDO STEEL DECK DE 2\" C-22 Y CONECTORES (PREMEZCLADO. INCLUYE SUMINISTRO, FORMALETEO Y COLOCACIÓN. NO INCL. REFUERZO, CURADO).","M2",151774,"Actualización MO 2022"]
["Nuevo Proyecto ","CONCRETO Y ACERO PARA ESTRUCTURAS",8209,"PEDESTAL EN CONCRETO DE 3000 PSI IMPERMEABLE CON ACERO DE REFUERZO DE 3/8\", ESPESOR DE PARED DE 80MM PARA EQUIPO DE CONTROL (1.20 M X 0.90 M X 0.75 M). CONSTRUCCIÓN. CON CUATRO DUCTOS PESADOS DE PVC TIPO DB D= 2\".","UN",424092,"Actualización MO 2022"]
["Nuevo Proyecto ","ANÁLISIS AUXILIARES",8210,"RETIRO DE CERCA EN MADERA. (INCLUYE CARGUE MANUAL). NO INCLUYE TRANSPORTE Y DISPOSICIÓN FINAL DE SOBRANTES","ML",4377,"Actualización MO 2022"]
["Nuevo Proyecto ","ANDENES Y SARDINELES",8212,"LOSETA DE CONCRETO A20 TR. LIVIANO 20X20X6CM COLOR GRIS (SUMINISTRO E INSTALACIÓN. INCLUYE BASE 4CM ARENA NIVELACIÓN Y ARENA DE SELLO)","M2",59223,"Actualización MO 2022"]
["Nuevo Proyecto ","REDES ELECTRICAS",8213,"CONDUCTOR RED DE BAJA TENSIÓN 3N2/0+1N1/0 -600V-CU","ML",108488,"Actualización MO 2022"]
["Nuevo Proyecto ","REDES ELECTRICAS",8214,"CONDUCTOR RED DE B.T. 3N1/0+1N2 -600V-CU","ML",92246,"Actualización MO 2022"]
["Nuevo Proyecto ","REDES ELECTRICAS",8217,"ACOMETIDA TRIFASICA (4N8 AWG-THW-600V-CU)","ML",298940,"Actualización MO 2022"]
["Nuevo Proyecto ","REDES ELECTRICAS",8218,"ACOMETIDA TRIFASICA (3N2/0+1N1/0) AWG-THW-600V-CU","UN",1005610,"Actualización MO 2022"]
["Nuevo Proyecto ","REDES ELECTRICAS",8219,"ACOMETIDA TRIFASICA (3N1/0+1N2) AWG-THW-600V-CU","UN",968994,"Actualización MO 2022"]
["Nuevo Proyecto ","REDES ELECTRICAS",8220,"ACOMETIDA TRIFASICA (3N2+1N4) AWG-THW-600V-CU","UN",1025794,"Actualización MO 2022"]
["Nuevo Proyecto ","REDES ELECTRICAS",8221,"ACOMETIDA BIFASICA (3N8) AWG-THW-600V-CU","UN",283613,"Actualización MO 2022"]
["Nuevo Proyecto ","SEÑALIZACIÓN",8222,"DEMARCACION PICTOGRAMA TEXTOS DERECHOS DE LOS NIÑOS CON PINTURA ACRILICA BASE SOLVENTE (INCLUYE SUMINISTRO Y APLICACIÓN MEDIDO COMO EL AREA DEL PAÑO QUE CONTIENE EL TEXTO)","M2",48809,"Actualización MO 2022"]
["Nuevo Proyecto ","SEÑALIZACIÓN",8223,"DEMARCACION PICTOGRAMA NIÑOS CON PINTURA ACRILICA BASE SOLVENTE (INCLUYE SUMINISTRO Y APLICACIÓN MEDIDO COMO EL AREA DEL PAÑO QUE CONTIENE EL DIBUJO)","M2",48809,"Actualización MO 2022"]
["Nuevo Proyecto ","MOBILIARIO URBANO - ARBOLES Y GRAMAS",8224,"CONTENEDOR DE RAICES (2.10X8.50X1.20M. INC. SUMINISTRO, CONSTRUCCIÓN Y FILTRO EN GRAVILLA. NO INC. TIERRA)","UN",5637079,"Actualización MO 2022"]
["Nuevo Proyecto ","MOBILIARIO URBANO - ARBOLES Y GRAMAS",8225,"CONTENEDOR DE RAICES (1.40X1.80X1.20M. INC. SUMINISTRO, CONSTRUCCIÓN Y FILTRO EN GRAVILLA. NO INC. TIERRA)","UN",1187321,"Actualización MO 2022"]
["Nuevo Proyecto ","ANDENES Y SARDINELES",8226,"ACABADO DE PELDAÑOS PARA ESCALAS SOBRE TERRENO EN LADRILLO PRENSADO 24X12X6 PEGADO DE CANTO ACORDE CON DETALLES. (SUMINISTRO E INSTALACION. INCLUYE 4 CM DE MORTERO 3000 PSI PARA BASE Y PEGA)","M2",40515,"Actualización MO 2022"]
["Nuevo Proyecto ","ANDENES Y SARDINELES",8227,"CAÑUELA ESPECIAL A=0.10M, E=0.10M CONCRETO 3000 PSI. (FUNDIDO EN SITIO, CONCRETO HECHO EN OBRA. INC. FORMALET. Y CONST.)","ML",43307,"Actualización MO 2022"]
["Nuevo Proyecto ","ANDENES Y SARDINELES",8228,"CENEFA LINEAL EN LOSETA PREFABRICADA TÁCTIL ALERTA A57 / A58 ANCHO 0.20M COLOR AMARILLO. (SUMINISTRO E INSTALACIÓN. INCLUYE BASE EN ARENA DE NIVELACIÓN E= 4CM Y ARENA DE SELLO).","ML",17698,"Actualización MO 2022"]
["Nuevo Proyecto ","ANDENES Y SARDINELES",8229,"FRANJA EN ADOQUIN DE CONCRETO DEMARCADOR VISUAL A26 20X10X6CM COLOR AMARILLO. (SUMINISTRO E INSTALACIÓN. INCLUYE BASE 3CM ARENA NIVELACIÓN Y ARENA DE SELLO).","ML",13233,"Actualización MO 2022"]
["Nuevo Proyecto ","ANDENES Y SARDINELES",8230,"LOSETA DE CONCRETO A20 TIPO PANOT TR. LIVIANO 20X20X6CM COLOR OCRE Y/O TERRACOTA O SIMILAR (SUMINISTRO E INSTALACIÓN. INCLUYE BASE 4CM ARENA NIVELACIÓN Y ARENA DE SELLO)","M2",90633,"Actualización MO 2022"]
["Nuevo Av. 68","CONCRETO Y ACERO PARA ESTRUCTURAS",8231,"ACERO ESTRUCTURAL A709 GRADO 50. (INCLUYE TRANSPORTE, FABRICACIÓN Y MONTAJE CON ANTICORROSIVO Y PINTURA DE ACABADO EN EPÓXICO) (INCLUYE MATERIALES, INSUMOS, HERRAMIENTAS Y EQUIPOS, ANDAMIOS, MANO DE OBRA CALIFICADA Y TODO LO NECESARIO PARA DESARROLLAR LA OBRA.","KG",11829,"Actualización MO 2022"]
["Nuevo Av. 68","ANÁLISIS AUXILIARES",8232,"PUERTA PUERTA SENCILLA TRANSMILENIO CON TODOS SUS COMPONENTES Y ACCESORIOS. INCLUYE MARCOS PERIMETRALES EN TUBULAR CUADRADO COLD ROLLED SECCIÓN 5CM CAL.16 GALVANIZADO Y ACABADO EN PINTURA ELECTROSTÁTICA: PISAVIDRIO EN PERFILES DE ALUMINIO, PARA VIDRIOS EXISTENTES DE PUERTAS AUTOMÁTICAS DE 0.80 M X 2.40 M./ 0.82 M X 2.40 M/ 0.83 M X 2.40 M/ INCLUYE SISTEMA ANTIVANDÁLICO DE APERTURA. SUMINISTRO E INSTALACION","UN",22610000,"Actualización MO 2022"]
["Nuevo Av. 68","ANÁLISIS AUXILIARES",8233,"PUERTA AUTOMÁTICA DE APERTURA CENTRAL TELESCÓPICA DE 4 HOJAS Y 2 FIJAS, DE LONGITUD HASTA DE 4.76M APROX. INCL. OPERADORES ELÉCTRICOS, MOTOR, UNIDAD DOBLE DE BATERÍA DE EMERGENCIA, 4 HOJAS MÓVILES DE 0.80M DE ANCHO CADA UNA Y 2 FIJAS DE 0.80M. LAS HOJAS MÓVILES Y FIJAS EN VIDRIO TEMPLADO O LAMINADO DE 8MM, CON PELÍCULA DE SEGURIDAD ANTIEXPLOSIVA DE 4 MILS, MARCO PERIMETRAL COLOR NATURAL Y ZÓCALO RESPECTIVAMENTE Y SANDBLASTING. SUMINISTRO E INSTALACIÓN.","UN",35700000,"Actualización MO 2022"]
["Nuevo Av. 68","CONCRETO Y ACERO PARA ESTRUCTURAS",8236,"PERGOLA EN SECCIÓN TUBULAR (100 X 100 MM Y 100MM X 50 MM). FACHADA FIJA EN PANELES DE VIDRIO LAMINADO DE SEGURIDAD EN 3 MÓDULOS VERTICALES CON BORDE PERIMETRAL EN NEOPRENO+ESTRUCTURA METÁLICA EXTER. DE PERFIL TRAPEZ. FIJACIÓN A ESTRUCTURA CON BUJES. SUMINISTRO E INSTALACIÓN","M2",3616851,"Actualización MO 2022"]
["Nuevo Av. 68","OBRAS DE ARTE Y EDIFICACIONES",8237,"ADOQUIN EN CONCRETO COLOR CHOCOLATE A-25 20X10X6CM  (SUMINISTRO E INSTALACIÓN. INCLUYE BASE 4CM MORTERO 2500 PSI Y ARENA DE SELLO)","ML",14802,"Actualización MO 2022"]
["Nuevo Av. 68","GEOSINTETICOS",8238,"NEOPRENO REFORZADO 0.35X0.35X2,5 CM DOBLE REFUERZO DUREZA 60. SUMINISTRO E INSTALACIÓN. (INCLUYE LIMPIEZA DE LA SUPERFICIE CON CHORRO DE AIRE A PRESIÓN, HERRAMIENTA MENOR Y COMPRESOR).","UN",239121,"Actualización MO 2022"]
["Nuevo Av. 68","ENSAYOS - LABORATORIOS",8239,"UNIDAD LECTORA DE PIEZÓMETRO. SUMINISTRO E INSTALACIÓN","UN",7491050,"Actualización MO 2022"]
["Nuevo Av. 68","ENSAYOS - LABORATORIOS",8240,"MÓDULOS SONOROS (INCLUYE SUMINISTRO E INSTALACIÓN)","UN",1247904,"Actualización MO 2022"]
["Nuevo Av. 68","REDES ACUEDUCTO",8241,"CODO EN ACERO D=36\" ENTRE 5° Y 22 1/2°. JUNTA ESPIGO CAMPANA CON EMPAQUE DE CAUCHO, CON REVESTIMIENTO INTERIOR Y EXTERIOR EN MORTERO DE CEMENTO. . L=0.50M X 0.50M.. PRESIÓN DE TRABAJO 150 PSI. SUMINISTRO E INSTALACIÓN","UN",6619565,"Actualización MO 2022"]
["Nuevo Av. 68","REDES ACUEDUCTO",8242,"TUBERÍA EN ACERO Ø36\" CON UNIONES ESPIGO/CAMPANA CON EMPAQUE DE CAUCHO. REVEST. INTERIOR Y RECUBR EXT. EN MORTERO CEMENTO. NORMA AWWA C200. L= 6.00M PRESIÓN TRABAJO 150 PSI. SUMINISTRO E INSTALACIÓN","UN",2175976,"Actualización MO 2022"]
["Nuevo Av. 68","REDES ACUEDUCTO",8243,"CODO EN ACERO D=36\" ENTRE 22 1/2° Y 45°. JUNTA ESPIGO CAMPANA CON EMPAQUE DE CAUCHO, CON REVESTIMIENTO INTERIOR Y EXTERIOR EN MORTERO DE CEMENTO. . L=0.80MX0.80M. PRESIÓN DE TRABAJO 150 PSI. SUMINISTRO E INSTALACIÓN","UN",8724970,"Actualización MO 2022"]
["Nuevo Av. 68","REDES ACUEDUCTO",8244,"CODO EN ACERO D=36\" ENTRE 45° Y 67 1/2°. JUNTA ESPIGO CAMPANA CON EMPAQUE DE CAUCHO, CON REVESTIMIENTO INTERIOR Y EXTERIOR EN MORTERO DE CEMENTO. . L=1.20MX1.20M. PRESIÓN DE TRABAJO 150 PSI. SUMINISTRO E INSTALACIÓN","UN",11212266,"Actualización MO 2022"]
["Nuevo Av. 68","REDES ACUEDUCTO",8245,"CODO EN ACERO Ø=36\" ENTRE 67 1/2° Y 90° JUNTA ESPIGO Y CAMPANA, CON EMPAQUE DE CAUCHO, CON REVEST.INT. Y RECUBR. EXT. EN MORTERO DE CEMENTO. L= 1.65M X 1.65M PRESIÓN DE TRABAJO 150PSI. SUMINISTRO E INSTALACIÓN","UN",13763951,"Actualización MO 2022"]
["Nuevo Av. 68","REDES ACUEDUCTO",8246,"REDUCCION EN ACERO 36\" X 24\" CON EXTREMOS ESPIGO CAMPANA, REVEST.INTERIOR Y RECUBR EXT. EN MORTERO CEMENTO. L= 1,45M PRESIÓN TRABAJO 150 PSI. SUMINISTRO E INSTALACIÓN","UN",7479601,"Actualización MO 2022"]
["Nuevo Av. 68","REDES ACUEDUCTO",8247,"TEE EN ACERO Ø 24\" X 24\" CON EXTREMOS ESPIGO/CAMPANA Y BRIDA EN LA DERIVACIÓN, CON REVESTIMIENTO INTERIOR Y RECUBRIMIENTO EXTERIOR EN MORTERO CEMENTO, L=1,50X0,90M. SUMINISTRO E INSTALACIÓN","UN",13931783,"Actualización MO 2022"]
["Nuevo Av. 68","REDES ACUEDUCTO",8252,"NIPLE EN ACERO Ø 16\" EXTREMOS BRIDA/CAMPANA, CON REVESTIMIENTO INTERIOR Y EXTERIOR EN MORTERO CEMENTO. L= 1500MM. SUMINISTRO E INSTALACIÓN","UN",5097670,"Actualización MO 2022"]
["Nuevo Av. 68","REDES ACUEDUCTO",8253,"NIPLE EN ACERO Ø 24\" EXTREMOS ESPIGO/BRIDA, CON REVESTIMIENTO INTERIOR Y EXTERIOR EN MORTERO CEMENTO. L= 2000MM CON SALIDA PARA VENTOSA Ø=2\". SUMINISTRO E INSTALACIÓN","UN",9034382,"Actualización MO 2022"]
["Nuevo Av. 68","REDES ACUEDUCTO",8254,"TUBERÍA EN ACERO Ø30\" CON UNIONES ESPIGO/CAMPANA CON EMPAQUE DE CAUCHO. REVEST.INTERIOR Y RECUBR EXT. EN MORTERO CEMENTO. NORMA AWWA C200. L= 6.00M PRESIÓN TRABAJO 150 PSI. SUMINISTRO E INSTALACIÓN","ML",1578084,"Actualización MO 2022"]
["Nuevo Av. 68","REDES ACUEDUCTO",8255,"CINTURÓN DE CIERRE EN ACERO PARA EMPATES DE TUBERÍA EN WSP A CCP Ø 24\" LINEAL. SUMINISTRO E INSTALACIÓN","UN",649160,"Actualización MO 2022"]
["Nuevo Av. 68","REDES ACUEDUCTO",8257,"CODO EN ACERO D=30\" ENTRE 45° Y 67 1/2°, JUNTA ESPIGO CAMPANA CON EMPAQUE DE CAUHO, CON REVESTIMIENTO INTERIOR Y EXTERIOR EN MORTERO DE CEMENTO. L=1.00M X 1.00M. PRESIÓN DE TRABAJO 150 PSI. SUMINISTRO E INSTALACIÓN","UN",7963877,"Actualización MO 2022"]
["Nuevo Av. 68","REDES ACUEDUCTO",8258,"REDUCCION EN ACERO 30\" X 24\" REDUCCION EN ACERO 30\" X 24\" CON EXTREMOS ESPIGO CAMPANA, REVEST.INTERIOR Y RECUBR EXT. EN MORTERO CEMENTO. L= 0,84M PRESIÓN TRABAJO 150 PSI. SUMINISTRO E INSTALACIÓN","UN",5749334,"Actualización MO 2022"]
["Nuevo Av. 68","REDES ACUEDUCTO",8259,"UNIÓN DRESSER D=30\" - JUNTA DE MONTAJE (SUMINISTRO E INSTALACIÓN)","UN",3617055,"Actualización MO 2022"]
["Nuevo Av. 68","REDES ACUEDUCTO",8262,"NIPLE EN ACERO Ø=30\" EXTREMOS BRIDA/CAMPANA, REVEST.INTERIOR Y RECUBR EXT. EN MORTERO CEMENTO, CON SALIDA TANGENCIAL PARA PURGA 4\" L= 2500MM. SUMINISTRO E INSTALACIÓN","UN",15698004,"Actualización MO 2022"]
["Nuevo Av. 68","REDES ACUEDUCTO",8263,"TEE EN ACERO Ø 30\"X24\" EXTREMOS ESPIGO/CAMPANA EN LA RAMA PRINCIPAL Y BRIDA EN LA DERIVACIÓN, REVEST.INTERIOR Y RECUBR EXT. EN MORTERO CEMENTO, L= 3000MM. CON SALIDA PARA BOCA DE ACCESO 24\". SUMINISTRO E INSTALACIÓN","UN",18676443,"Actualización MO 2022"]
["Nuevo Av. 68","REDES ACUEDUCTO",8265,"CINTURÓN DE CIERRE EN ACERO Ø 16\" PARA EMPATES DE TUBERÍA EN WSP A CCP LINEAL. SUMINISTRO E INSTALACIÓN","UN",410316,"Actualización MO 2022"]
["Nuevo Av. 68","REDES ACUEDUCTO",8267,"TEE EN ACERO Ø 20\" X 20\" CON EXTREMOS ESPIGO/CAMPANA Y BRIDA EN LA DERIVACIÓN (ACERO). SUMINISTRO E INSTALACIÓN","UN",12614987,"Actualización MO 2022"]
["Nuevo Av. 68","REDES ACUEDUCTO",8273,"UNIÓN DRESSER D=20\" (SUMINISTRO E INSTALACIÓN)","UN",1389518,"Actualización MO 2022"]
["Nuevo Av. 68","REDES ACUEDUCTO",8274,"VÁLVULA DE MARIPOSA Ø 20\" (A) (150 PSI). SUMINISTRO E INSTALACIÓN","ML",8512491,"Actualización MO 2022"]
["Nuevo Av. 68","REDES ACUEDUCTO",8276,"NIPLE EN ACERO Ø 3\" CON BRIDA Y EXTREMO LISO L= 300MM, REVESTIMIENTO INTERIOR Y EXTERIOR EN PINTURA EXPOXICA. SUMINISTRO E INSTALACIÓN","UN",373402,"Actualización MO 2022"]
["Nuevo Av. 68","REDES ACUEDUCTO",8278,"VÁLVULA DE COMPUERTA DE Ø 3\" BRONCE T/P RED WHITE - FIG 236 A. SUMINISTRO E INSTALACIÓN","UN",435891,"Actualización MO 2022"]
["Nuevo Av. 68","REDES ACUEDUCTO",8291,"CODO EN ACERO D=20\" ENTRE 45° Y 67.5° JUNTA ESPIGO-CAMPANA CON EMPAQUE CAUCHO. REVESTIMIENTO INTERIOR Y EXTERIOR EN MORTERO DE CEMENTO. L=1,00X1,00M PRESIÓN TRABAJO 150 PSI. SUMINISTRO E INSTALACIÓN","ML",5915641,"Actualización MO 2022"]
["Nuevo Av. 68","REDES ACUEDUCTO",8298,"CINTURÓN DE CIERRE 16\" (SUMINISTRO E INSTALACIÓN)","UN",1516212,"Actualización MO 2022"]
["Nuevo Av. 68","REDES ACUEDUCTO",8301,"REDUCCIÓN PVC TIPO U.M. 8\"X4\" (SUMINISTRO E INSTALACIÓN)","UN",262648,"Actualización MO 2022"]
["Nuevo Av. 68","MOBILIARIO URBANO - ARBOLES Y GRAMAS",8303,"TOTEM H=7 M, INCLUYE MONTAJE EN SITIO SELECCIONADO TRANSPORTE DE ESTRUCTURA DE TOTEM SEGÚN PLANOS DE DISEÑO, INCLUYE TODOS LOS ACABADOS, LOGOS Y MAPA, SIN RELOJ PARA EXTERIORES DE DOBLE CARA Y JARDINERÍA.","UN",8338370,"Actualización MO 2022"]
["Nuevo Av. 68","REDES ALCANTARILLADO / DRENAJE",8304,"EMPATES DE TUBERÍA EN PVC A HA 12\" LINEAL SEGÚN NORMA NS-023 (INCLUYE TUBERIA PVC U.M. D=12\" RDE 21=1M; TEE HD EXTREMO LISO 12\"X12\" =1UN; UNION DRESSER HD D=12\"=2UN; UNION REPARACION HD EXTREMO LISO D=12\"=1UN; UNION PVC U.M. NORMA NTC 382 D=12\"=1UN). SUMINISTRO E INSTALACIÓN","UN",5801393,"Actualización MO 2022"]
["Nuevo Av. 68","OBRAS DE ARTE Y EDIFICACIONES",8305,"MUEBLE O MESA CON PUERTAS EN ACERO INOXIDABLE 1.23M X 0.60M X 0.90M. SUMINISTRO E INSTALACIÓN","UN",3133415,"Actualización MO 2022"]
["Nuevo Av. 68","REDES ACUEDUCTO",8306,"CODO 45° PVC PRESION E.L. D=1/2\". SUMINISTRO EN INSTALACIÓN","UN",5173,"Actualización MO 2022"]
["Nuevo Av. 68","REDES ALCANTARILLADO / DRENAJE",8307,"TUBERÍA HDPE 1.30M\" (SUMINISTRO E INSTALACIÓN)","ML",1120933,"Actualización MO 2022"]
["Nuevo Av. 68","OBRAS DE ARTE Y EDIFICACIONES",8308,"MUEBLE O MESA CON PUERTAS EN ACERO INOXIDABLE 2.65M X 0.60M X 0.90M. SUMINISTRO E INSTALACIÓN","UN",6717762,"Actualización MO 2022"]
["Nuevo Av. 68","REDES ALCANTARILLADO / DRENAJE",8309,"TUBERÍA HDPE 1.40M\" (SUMINISTRO E INSTALACIÓN)","ML",1237175,"Actualización MO 2022"]
["Nuevo Av. 68","REDES ALCANTARILLADO / DRENAJE",8310,"TUBERÍA HDPE 1.50M\" (SUMINISTRO E INSTALACIÓN)","ML",1381014,"Actualización MO 2022"]
["Nuevo Av. 68","REDES ALCANTARILLADO / DRENAJE",8311,"TUBERÍA HDPE 1.60M\" (SUMINISTRO E INSTALACIÓN)","ML",1547574,"Actualización MO 2022"]
["Nuevo Av. 68","REDES ALCANTARILLADO / DRENAJE",8312,"TUBERÍA HDPE 1.80M\" (SUMINISTRO E INSTALACIÓN)","ML",2011313,"Actualización MO 2022"]
["Nuevo Av. 68","REDES ALCANTARILLADO / DRENAJE",8313,"TUBERÍA HDPE 2.00M\" (SUMINISTRO E INSTALACIÓN)","ML",2550867,"Actualización MO 2022"]
["Nuevo Av. 68","ANÁLISIS AUXILIARES",8314,"GABINETE RED CONTRA INCENDIOS CLASE 2. (INCLUYE ACCESORIOS, SUMINISTRO E INSTALACIÓN)","UN",816663,"Actualización MO 2022"]
["Nuevo Av. 68","REDES ALCANTARILLADO / DRENAJE",8315,"PRUEBA DE HERMETICIDAD POR EL MÉTODO DE PRESIÓN POSITIVA CON AIRE PARA REDES DE ALCANTARILLADO - TRAMOS DE Ø 27\" A Ø 40\"","UN",773500,"Actualización MO 2022"]
["Nuevo Av. 68","REDES ACUEDUCTO",8316,"CODO 45°CXE PVC SANITARIA D=3\" (INCLUYE SUMINISTRO E INSTALACIÓN).","UN",14161,"Actualización MO 2022"]
["Nuevo Av. 68","REDES ACUEDUCTO",8317,"TUBERÍA HDPE Ø 3\" (SUMINISTRO E INSTALACIÓN) TUBO DE POLIPROPILENO HDPE Ø 3\".","ML",36293,"Actualización MO 2022"]
["Nuevo Av. 68","REDES ACUEDUCTO",8318,"TUBERÍA HDPE Ø 4\" (SUMINISTRO E INSTALACIÓN) TUBO DE POLIPROPILENO HDPE Ø 4\".","ML",59572,"Actualización MO 2022"]
["Nuevo Av. 68","REDES ACUEDUCTO",8319,"TUBERÍA HDPE Ø 6\" (SUMINISTRO E INSTALACIÓN) TUBO DE POLIPROPILENO HDPE Ø 6\".","ML",109699,"Actualización MO 2022"]
["Nuevo Av. 68","REDES ACUEDUCTO",8320,"CODO G.RAD. HDPE 45º TIPO U.M. D=4\" (SUMINISTRO E INSTALACIÓN)","UN",190136,"Actualización MO 2022"]
["Nuevo Av. 68","REDES ACUEDUCTO",8321,"CODO G.RAD. HDPE 45º TIPO U.M. D=6\" (SUMINISTRO E INSTALACIÓN)","UN",295136,"Actualización MO 2022"]
["Nuevo Av. 68","REDES ACUEDUCTO",8322,"CODO G.RAD. HDPE 90º TIPO U.M. D=6\" (SUMINISTRO E INSTALACIÓN)","UN",360136,"Actualización MO 2022"]
["Nuevo Av. 68","REDES ACUEDUCTO",8323,"CODO G.RAD. HDPE 45º TIPO U.M. D=8\" (SUMINISTRO E INSTALACIÓN)","UN",360531,"Actualización MO 2022"]
["Nuevo Av. 68","REDES ALCANTARILLADO / DRENAJE",8324,"EMPATE ORTOGONAL PVC-PVC 12\"X8\" (INCLUYE SUMINISTRO E INSTALACIÓN DE TEE 12\"X8\"HD, 4 UNIONES, TUBERÍA RDE 21) (SUMINISTRO E INSTALACIÓN)","UN",3675347,"Actualización MO 2022"]
["Nuevo Av. 68","REDES ALCANTARILLADO / DRENAJE",8325,"EMPATES DE TUBERÍA EN ACERO A AC 6\" LINEAL SEGÚN NORMA NS-023 (INCLUYE ACCESORIOS). SUMINISTRO E INSTALACIÓN.","UN",3675347,"Actualización MO 2022"]
["Nuevo Av. 68","REDES ACUEDUCTO",8328,"TAPÓN PVC TIPO U.M D=12\" (SUMINISTRO E INSTALACIÓN)","UN",1189616,"Actualización MO 2022"]
["Nuevo Av. 68","PUENTES",8330,"JUNTA DE DILATACION JD, CON SELLO PVC O-22, DE ANCHO 2CM, EN AMBAS CARAS INSTALAR RELLENO DE SOPORTE TIPO ROD DE ESPUMA POLIOLEFINA PARA EL SELLADOR ELASTICO DE POLIURETANO (I-CURE) Y ENTRE LOS ROD INSTALAR ICOPOR DE ALTA DENSIDAD DE 2CM DE ESPESOR. COLOCAR UNA BARRA DE ACERO DE REFUERZO 4 DE 1.00M DE LONGITUD CADA 0.40M, CENTRADA EN EL ANCHO DE LA JUNTA, UNO DE LOS EXTREMOS DEBE SER ENGRASADO.","ML",78483,"Actualización MO 2022"]
["Nuevo Av. 68","PUENTES",8331,"JUNTA DE DILATACION JD, SIN SELLO PVC, EN AMBAS CARAS INSTALAR RELLENO DE SOPORTE TIPO ROD DE ESPUMA POLIOLEFINA PARA EL SELLADOR ELASTICO DE POLIURETANO (I-CURE) Y ENTRE LOS ROD INSTALAR ICOPOR DE ALTA DENSIDAD DE 2CM DE ESPESOR. COLOCAR UNA BARRA DE ACERO DE REFUERZO 4 DE 1.00M DE LONGITUD CADA 0.40M, CENTRADA EN EL ANCHO DE LA JUNTA, UNO DE LOS EXTREMOS DEBE SER ENGRASADO.","ML",23501,"Actualización MO 2022"]
["Nuevo Av. 68","PUENTES",8332,"JUNTA DE CONTRACCION JCC, CON SELLO PVC O-22, DE ANCHO 2CM, EN AMBAS CARAS INSTALAR SELLADOR ELASTICO DE POLIURETANO (I-CURE). COLOCAR UNA BARRA DE ACERO DE REFUERZO 4 DE 1.00M DE LONGITUD CADA 0.40M, CENTRADA EN EL ANCHO DE LA JUNTA. SE DEBE APLICAR PINTURA ACEITOSA PARA EVITAR LA ADHERENCIA ENTRE EL CONCRETO FRESCO Y EL ENDURECIDO","ML",77611,"Actualización MO 2022"]
["Nuevo Av. 68","CONCRETO Y ACERO PARA ESTRUCTURAS",8333,"JUNTA DE DILATACION JDE, CON SELLO DE HYPALON, DE ANCHO 20CM, EN AMBAS CARAS INSTALAR RELLENO DE SOPORTE TIPO ROD DE ESPUMA POLIOLEFINA PARA EL SELLADOR ELASTICO DE POLIURETANO (I-CURE) Y ENTRE LOS ROD INSTALAR ICOPOR DE ALTA DENSIDAD DE 2CM DE ESPESOR.","ML",50120,"Actualización MO 2022"]
["Nuevo Av. 68","CONCRETO Y ACERO PARA ESTRUCTURAS",8335,"MORTERO ACRILICO DE REPARACIÓN ALTA RESISTENCIA, AUTOIMPRIMANTE. SUMINISTRO Y APLICACIÓN. INCLUYE COSTOS DE SUMINISTRO DE MATERIALES (RECUBRIMIENTO ANTICORROSIVO EN DOS CAPAS).","M3",764900,"Actualización MO 2022"]
["Nuevo Av. 68","DEMOLICIONES",8336,"DEMOLICIÓN COLECTOR EN MAMPOSTERIA ESPESOR 0.25. INCLUYE TRANSPORTE Y DISPOSICIÓN FINAL DE SOBRANTES.","M3",100125,"Actualización MO 2022"]
["Nuevo Av. 68","PUENTES",8337,"PROTECCIÓN DE BORDES (SUMINISTRO E INSTALACIÓN ÁNGULO 2\"X2\"X 1/4\" + 5 VARILLAS 3/8\" L= 0.40M)","ML",27109,"Actualización MO 2022"]
["Nuevo Av. 68","CONCRETO Y ACERO PARA ESTRUCTURAS",8338,"MANIJA DE IZAJE D= 1\" PARA TAPA DE CAJA VÁLVULA. SUMINISTRO E INSTALACIÓN","UN",60781,"Actualización MO 2022"]
["Nuevo Av. 68","REDES ALCANTARILLADO / DRENAJE",8339,"ELEMENTOS DE VENTILACIÓN 4\" PARA TAPA DE CAJA VÁLVULA. SUMINISTRO E INSTALACIÓN","UN",320956,"Actualización MO 2022"]
["Nuevo Av. 68","GEOSINTETICOS",8340,"NEOPRENO DE 50X12X2 DUREZA 60 SIN REFUERZO. SUMINISTRO E INSTALACIÓN","UN",85702,"Actualización MO 2022"]
["Nuevo Av. 68","GEOSINTETICOS",8341,"NEOPRENO DE 50X10X2 DUREZA 60 SIN REFUERZO. SUMINISTRO E INSTALACIÓN","UN",74703,"Actualización MO 2022"]
["Nuevo Av. 68","REDES ALCANTARILLADO / DRENAJE",8342,"EMPATE ORTOGONAL PVC-PVC 12\"X6\" (INCLUYE SUMINISTRO E INSTALACIÓN DE TEE 12\"X6\" HD, 4 UNIONES, TUBERÍA RDE 21) (SUMINISTRO E INSTALACIÓN)","UN",2787149,"Actualización MO 2022"]
["Nuevo Av. 68","REDES ACUEDUCTO",8344,"TEE PVC U.M. 12\" X 12\" (SUMINISTRO E INSTALACIÓN)","UN",3185731,"Actualización MO 2022"]
["Nuevo Av. 68","REDES ACUEDUCTO",8345,"TAPÓN HD EXTREMO LISO D=2\" (SUMINISTRO E INSTALACIÓN)","UN",61472,"Actualización MO 2022"]
["Nuevo Av. 68","REDES ACUEDUCTO",8346,"EMPATES DE TUBERÍA EN PVC A HA 6\" LINEAL SEGÚN NORMA NS-023 (INCLUYE ACCESORIOS). SUMINISTRO E INSTALACIÓN.","UN",1487862,"Actualización MO 2022"]
["Nuevo Av. 68","REDES ACUEDUCTO",8347,"EMPATE ORTOGONAL PVC-PVC 6\"X4\" (INCLUYE SUMINISTRO E INSTALACIÓN DE TEE 6\"X4\"PVC, 4 UNIONES, TUBERÍA RDE 21) (SUMINISTRO E INSTALACIÓN)","UN",1245395,"Actualización MO 2022"]
["Nuevo Av. 68","REDES ACUEDUCTO",8348,"EMPATE ORTOGONAL PEAD-PEAD 6\"X4\" (INCLUYE SUMINISTRO E INSTALACIÓN DE TEE  6\"X4\"PEAD, 2 UNIONES, TUBERÍA RDE 21) (SUMINISTRO E INSTALACIÓN)","UN",487252,"Actualización MO 2022"]
["Nuevo Av. 68","REDES ACUEDUCTO",8349,"EMPATE ORTOGONAL PEAD-PEAD 8\"X4\" (INCLUYE SUMINISTRO E INSTALACIÓN DE TEE  8\"X4\"PEAD, 2 UNIONES, TUBERÍA RDE 21 (SUMINISTRO E INSTALACIÓN)","UN",720598,"Actualización MO 2022"]
["Nuevo Av. 68","REDES ACUEDUCTO",8350,"YEE PVC SANITARIA D=6\"X 8\" (INCLUYE SUMINISTRO E INSTALACIÓN).","UN",247462,"Actualización MO 2022"]
["Nuevo Av. 68","REDES ACUEDUCTO",8351,"EMPATE ORTOGONAL PVC-PVC 6\"X6\" (INCLUYE SUMINISTRO E INSTALACIÓN DE TEE 6\"X6\"PVC, 4 UNIONES, TUBERÍA RDE 21) (SUMINISTRO E INSTALACIÓN)","UN",1399610,"Actualización MO 2022"]
["Nuevo Av. 68","REDES ACUEDUCTO",8352,"EMPATE ORTOGONAL PVC-PVC 8\"X6\" (INCLUYE SUMINISTRO E INSTALACIÓN DE TEE 8\"X6\"PVC, 4 UNIONES, TUBERÍA RDE 21) (SUMINISTRO E INSTALACIÓN)","UN",403258,"Actualización MO 2022"]
["Nuevo Av. 68","REDES ACUEDUCTO",8353,"EMPATE ORTOGONAL PVC-HA 8\"X6\" (INCLUYE SUMINISTRO E INSTALACIÓN DE TEE 8\"X6\" HD, 2 ADAPTADORES , 1 BRIDA, TUBERÍA RDE 21)(SUMINISTRO E INSTALACIÓN)","UN",1941913,"Actualización MO 2022"]
["Nuevo Av. 68","REDES ACUEDUCTO",8357,"EMPATES DE TUBERÍA EN PVC A HA 8\" LINEAL SEGÚN NORMA NS-023 (INCLUYE ACCESORIOS). SUMINISTRO E INSTALACIÓN.","UN",2357413,"Actualización MO 2022"]
["Nuevo Av. 68","MOBILIARIO URBANO - ARBOLES Y GRAMAS",8359,"GIMNASIO EXTERIOR-DOBLE SWING. SUMINISTRO E INSTALACIÓN","UN",2615495,"Actualización MO 2022"]
["Nuevo Av. 68","REDES ACUEDUCTO",8361,"EMPATES DE TUBERÍA EN PEAD A PEAD 6\" LINEAL SEGÚN NORMA NS-023 (INCLUYE ACCESORIOS). SUMINISTRO E INSTALACIÓN.","UN",623892,"Actualización MO 2022"]
["Nuevo Av. 68","REDES ACUEDUCTO",8362,"EMPATES DE TUBERÍA EN PEAD A PEAD 6\"X6\" LINEAL SEGÚN NORMA NS-023 (INCLUYE ACCESORIOS). SUMINISTRO E INSTALACIÓN.","UN",387974,"Actualización MO 2022"]
["Nuevo Av. 68","CONCRETO Y ACERO PARA ESTRUCTURAS",8363,"MALLA DE CERRAMIENTO M-71. SUMINISTRO E INSTALACIÓN","ML",264312,"Actualización MO 2022"]
["Nuevo Av. 68","REDES ACUEDUCTO",8364,"EMPATES DE TUBERÍA EN PVC A PAD 8\" LINEAL SEGÚN NORMA NS-023 (INCLUYE ACCESORIOS). SUMINISTRO E INSTALACIÓN.","UN",856796,"Actualización MO 2022"]
["Nuevo Av. 68","REDES ALCANTARILLADO / DRENAJE",8365,"REJILLA PREFABRICADA EN CONCRETO 0,5M X 1,0M X 0,1. (INCLUYE SUMINISTRO Y COLOCACIÓN, MORTERO DE 2000 PSI Y MANO DE OBRA)","UN",124515,"Actualización MO 2022"]
["Nuevo Av. 68","REDES ACUEDUCTO",8366,"NIPLE 36\" ACERO CARBON EXTREMOS BRIDA/CAMPANA, CON REVESTIMIENTO INTERIOR Y RECUBRIMIENTO EXTERIOR EN MORTERO CEMENTO, CON SALIDA TANGENCIAL PARA PURGA 4\" L= 2500MM. SUMINISTRO E INSTALACIÓN","UN",24191357,"Actualización MO 2022"]
["Nuevo Av. 68","REDES ALCANTARILLADO / DRENAJE",8367,"TUBERÍA HDPE 8\" (SUMINISTRO E INSTALACIÓN)","ML",60770,"Actualización MO 2022"]
["Nuevo Av. 68","REDES ALCANTARILLADO / DRENAJE",8368,"TUBERÍA HDPE 10\" (SUMINISTRO E INSTALACIÓN)","ML",83853,"Actualización MO 2022"]
["Nuevo Av. 68","REDES ALCANTARILLADO / DRENAJE",8369,"TUBERÍA HDPE 12\" (SUMINISTRO E INSTALACIÓN)","ML",116132,"Actualización MO 2022"]
["Nuevo Av. 68","REDES ALCANTARILLADO / DRENAJE",8370,"TUBERÍA HDPE 14\" (SUMINISTRO E INSTALACIÓN)","ML",168655,"Actualización MO 2022"]
["Nuevo Av. 68","REDES ALCANTARILLADO / DRENAJE",8371,"TUBERÍA HDPE 16\" (SUMINISTRO E INSTALACIÓN)","ML",203874,"Actualización MO 2022"]
["Nuevo Av. 68","CONCRETO Y ACERO PARA ESTRUCTURAS",8382,"CONCRETO 4000 PSI RELACIÓN AGUA MATERIAL CEMENTANTE = 0.45 PARA ESTRUCTURAS HIDRÁULICAS SOBRE REDES DE ACUEDUCTO Y ALCANTARILLADO (PREMEZCLADO. INCLUYE SUMIN., FORMALETEO, COLOCACIÓN Y CURADO. NO INCLUYE REFUERZO).","M3",835637,"Actualización MO 2022"]
["Nuevo Av. 68","CONCRETO Y ACERO PARA ESTRUCTURAS",8383,"CONCRETO F´C 4000 PSI DE BAJA RETRACCIÓN, RELACIÓN AGUA MATERIAL CEMENTANTE = 0.45 PARA ESTRUCTURAS HIDRÁULICAS SOBRE REDES DE ACUEDUCTO Y ALCANTARILLADO (PREMEZCLADO. INCLUYE SUMIN., FORMALETEO, COLOCACIÓN Y CURADO. NO INCLUYE REFUERZO).","M3",835637,"Actualización MO 2022"]
["Nuevo Av. 68","REDES ACUEDUCTO",8384,"TEE EN ACERO Ø 30\" X 12\" CON EXTREMOS ESPIGO/CAMPANA Y BRIDA EN LA DERIVACIÓN, REVESTIMIENTOS INTERIOR Y EXTERIOR EN PINTURA EPÓXICA. SUMINISTRO E INSTALACIÓN","ML",4301808,"Actualización MO 2022"]
["Nuevo Av. 68","REDES ACUEDUCTO",8386,"UNIÓN JUNTA DE DESMONTAJE Ø 8 (A) (SUMINISTRO E INSTALACIÓN)","UN",853855,"Actualización MO 2022"]
["Nuevo Av. 68","REDES ACUEDUCTO",8388,"UNION REPARACION DESLIZANTE PVC D=1\" (SUMINISTRO E INSTALACIÓN)","UN",22219,"Actualización MO 2022"]
["Nuevo Av. 68","REDES ACUEDUCTO",8389,"TUBERIA DE ACERO AL CARBON SIN COSTURA SCH40 D=1\". SUMINISTRO E INSTALACION.","ML",31411,"Actualización MO 2022"]
["Nuevo Av. 68","REDES ACUEDUCTO",8390,"TUBERÍA DE ACERO AL CARBÓN SIN COSTURA SCH40 D=2\"","ML",72381,"Actualización MO 2022"]
["Nuevo Av. 68","REDES ALCANTARILLADO / DRENAJE",8392,"TRAGANTE CÚPULA DE 3\"X 2\" DE ALUMINIO. (INCLUYE SUMINISTRO E INSTALACIÓN)","UN",76998,"Actualización MO 2022"]
["Nuevo Av. 68","REDES ACUEDUCTO",8393,"EMPATES DE TUBERÍA EN PVC A PEAD 3\" LINEAL SEGÚN NORMA NS-023 (INCLUYE ACOPLE UNIVERSAL Ø=3\"=1UN; BRIDA LOCA POLIETILENO Ø=3\"=1UN; PORTABRIDA POLIETILENO Ø=3\"=1UN). SUMINISTRO E INSTALACIÓN.","UN",296820,"Actualización MO 2022"]
["Nuevo Av. 68","REDES ELECTRICAS",8399,"BAJANTE PARA ACOMETIDA IMC 1 D= 6\" , CAPACETE, CINTA BAND IT, CURVA PVC. (INCLUYE APERTURA DE ZANJA PARA INSTALACION DE CURVA Y TUBERIA GALVANIZADA, RESANE Y RETIRO DE ESCOMBROS). SUMINISTRO E INSTALACIÓN.","ML",530654,"Actualización MO 2022"]
["Nuevo Av. 68","REDES ALCANTARILLADO / DRENAJE",8401,"TUBERÍA PVC U.M. EXT CORRUGADO/INT LISO U.M. NORMA NTC 3722-1 D=60\" (INCLUYE SUMINISTRO E INSTALACIÓN)","ML",3818800,"Actualización MO 2022"]
["Nuevo Av. 68","REDES ALCANTARILLADO / DRENAJE",8402,"SOPORTE PARA TUBERÍA DIÁMETRO 3\" (INCLUYE SUMINISTRO E INSTALACIÓN)","UN",4129,"Actualización MO 2022"]
["Nuevo - Av. Cali ","MOBILIARIO URBANO - ARBOLES Y GRAMAS",8406,"PUNTO ECOLÓGICO COMPUESTO POR 3 CANECAS TIPO BARCELONA M-121. (INCLUYE CONCRETO PARA ANCLAJE DE 3000 PSI PREMEZCLADO GRAVA COMÚN Y SUBBASE GRANULAR PEATONAL SBG_PEA). SUMINISTRO E INSTALACIÓN","UN",2178752,"Actualización MO 2022"]
["Nuevo - Av. Cali ","CONCRETO Y ACERO PARA ESTRUCTURAS",8407,"PILOTE D=120 CM CON CONCRETO TREMIE DE 4000 PSI. (INCL. EXCAVACIÓN, CARGUE, MOVILIZACIÓN, MONTAJE Y DESMONTAJE EQUIPO Y CONCRETO)","ML",1348259,"Actualización MO 2022"]
["Nuevo - Av. Cali ","REDES ACUEDUCTO",8409,"CAMARA DE PASO TIPO P1 TIGO-UNE (H=2.5M. INCLUYE BASE, MUROS, CUBIERTA, ARO-BASE Y ARO-TAPA)","UN",4407170,"Actualización MO 2022"]
["Nuevo - Av. Cali ","REDES ACUEDUCTO",8410,"CAMARA DE PASO TIPO P3 TIGO-UNE (H=2.5M. INCLUYE BASE, MUROS, CUBIERTA, ARO-BASE Y ARO-TAPA)","UN",3600994,"Actualización MO 2022"]
["Nuevo - Av. Cali ","CONCRETO Y ACERO PARA ESTRUCTURAS",8411,"PILOTE D=60 CM CON CONCRETO TREMIE DE 4000 PSI. (INCL. EXCAVACIÓN, CARGUE, MOVILIZACIÓN, MONTAJE Y DESMONTAJE EQUIPO Y CONCRETO).","ML",494391,"Actualización MO 2022"]
["Nuevo - Av. Cali ","REDES ACUEDUCTO",8412,"CODO HD 90° EXTREMO JUNTA HIDRÁULICA PARA PVC D= 8\" (SUMINISTRO E INSTALACIÓN)","UN",581170,"Actualización MO 2022"]
["Nuevo - Av. Cali ","REDES ACUEDUCTO",8413,"TAPON HD EXTREMO JUNTA HIDRÁULICA D=8\" (SUMINISTRO E INSTALACIÓN)","UN",283069,"Actualización MO 2022"]
["Nuevo - Av. Cali ","REDES ACUEDUCTO",8414,"TEE HD EXTREMO JUNTA HIDRÁULICA 12\"X 12\" (SUMINISTRO E INSTALACIÓN)","UN",3199283,"Actualización MO 2022"]
["Nuevo - Av. Cali ","REDES ACUEDUCTO",8415,"TEE HD EXTREMO JUNTA HIDRÁULICA 8\"X 4\" (SUMINISTRO E INSTALACIÓN)","UN",691255,"Actualización MO 2022"]
["Nuevo - Av. Cali ","REDES ACUEDUCTO",8416,"TEE HD EXTREMO JUNTA HIDRÁULICA 8\"X 6\" (SUMINISTRO E INSTALACIÓN)","UN",722579,"Actualización MO 2022"]
["Nuevo - Av. Cali ","REDES ACUEDUCTO",8418,"VÁLVULA TIPO MARIPOSA DE Ø 18\" CLASE 150 CON EXTREMOS BRIDADOS (SUMINISTRO E INSTALACIÓN)","UN",11073658,"Actualización MO 2022"]
["Nuevo - Av. Cali ","REDES ACUEDUCTO",8419,"CODO HD 22.5° EXTREMO JUNTA HIDRÁULICA PARA PVC D= 3\" (SUMINISTRO E INSTALACIÓN)","UN",106770,"Actualización MO 2022"]
["Nuevo - Av. Cali ","REDES ACUEDUCTO",8420,"CODO HD 45° EXTREMO JUNTA HIDRÁULICA PARA PVC D= 3\" (SUMINISTRO E INSTALACIÓN)","UN",106770,"Actualización MO 2022"]
["Nuevo - Av. Cali ","REDES ACUEDUCTO",8421,"CODO HD 90° EXTREMO JUNTA HIDRÁULICA PARA PVC D= 3\" (SUMINISTRO E INSTALACIÓN)","UN",131768,"Actualización MO 2022"]
["Nuevo - Av. Cali ","REDES ACUEDUCTO",8422,"EMPATE ORTOGONAL PVC - PVC 4\"X4\" (INCLUYE SUMINISTRO E INSTALACIÓN DE TEE HD, 3 UNIONES RÁPIDAS, TUBERÍA RDE 21)","UN",378893,"Actualización MO 2022"]
["Nuevo - Av. Cali ","REDES ACUEDUCTO",8423,"EMPATE ORTOGONAL PVC - PVC 6\"X6\" (INCLUYE SUMINISTRO E INSTALACIÓN DE TEE HD, 3 UNIONES RÁPIDAS, TUBERÍA RDE 21)","UN",727661,"Actualización MO 2022"]
["Nuevo - Av. Cali ","REDES ACUEDUCTO",8425,"BRIDA FLANGE SLIP ON D=6\" ACERO SOLDABLE RF 150 LB ANSI B16.5 (SUMINISTRO E INSTALACIÓN)","UN",111574,"Actualización MO 2022"]
["Nuevo - Av. Cali ","REDES ACUEDUCTO",8427,"BRIDA FLANGE SLIP ON D=12\" ACERO SOLDABLE RF 150 LB ANSI B16.5 (SUMINISTRO E INSTALACIÓN)","UN",363289,"Actualización MO 2022"]
["Nuevo - Av. Cali ","REDES ACUEDUCTO",8430,"TRASLADO ESTACION REGULADORA DE PRESION AV CIUDAD DE CALI CON AMERICAS COSTADO NORTE","UN",5395714,"Actualización MO 2022"]
["Nuevo - Av. Cali ","REDES ACUEDUCTO",8431,"TRASLADO ESTACION REGULADORA DE PRESION AV CIUDAD DE CALI AMERICAS COSTADO SUR","UN",5078961,"Actualización MO 2022"]
["Nuevo - Av. Cali ","REDES ACUEDUCTO",8432,"TRASLADO ESTACION REGULADORA DE PRESION AV CALI CON AV PRIMERA DE MAYO","UN",10643789,"Actualización MO 2022"]
["Nuevo - Av. Cali ","REDES ELECTRICAS",8433,"LUMINARIA LED 22.7 W, 120 V, 60 HZ (INCLUYE ACCESORIOS DE INSTALACIÓN Y FIJACIÓN, CAJA DE SALIDA, ELEMENTOS DE CONEXIÓN, DE EMPALME Y DE MONTAJE NO INCLUYE TUBERIA NI CABLEADO)","UN",249202,"Actualización MO 2022"]
["Nuevo - Av. Cali ","REDES ELECTRICAS",8434,"LUMINARIA LED 19 W, 120 V, 60 HZ (INCLUYE ACCESORIOS DE INSTALACIÓN Y FIJACIÓN, CAJA DE SALIDA, ELEMENTOS DE CONEXIÓN, DE EMPALME Y DE MONTAJE). NO INCLUYE TUBERIA NI CABLEADO)","UN",748635,"Actualización MO 2022"]
["Nuevo - Av. Cali ","REDES ELECTRICAS",8435,"BATERÍA EXTERNA DE EMERGENCIA 120 V, 60 HZ, (PROPORCIONA ENERGÍA POR 90 MIN A LAS LUMINARIAS)","UN",501611,"Actualización MO 2022"]
["Nuevo - Av. Cali ","REDES TELEFONICAS / DATOS",8436,"REUBICACIÓN DE SEMÁFORO + BASE PEATONAL.","UN",135639,"Actualización MO 2022"]
["Nuevo - Av. Cali ","SEÑALIZACIÓN",8437,"RETIRO SEÑALIZACIÓN TIPO BANDERA","UN",296772,"Actualización MO 2022"]
["Nuevo - Av. Cali ","OBRAS DE ARTE Y EDIFICACIONES",8438,"TABLETA PREFABRICADA EN CONCRETO 6X20X20 CM COLOR CHOCOLATE O SIMILAR (SUMINISTRO E INSTALACIÓN)","M2",65419,"Actualización MO 2022"]
["Nuevo - Av. Cali ","MOBILIARIO URBANO - ARBOLES Y GRAMAS",8439,"TABLETA PREFABRICADA EN CONCRETO 6X20X20 COLOR ARENA O SIMILAR (SUMINISTRO E INSTALACIÓN)","M2",65419,"Actualización MO 2022"]
["Nuevo - Av. Cali ","MOBILIARIO URBANO - ARBOLES Y GRAMAS",8440,"TABLETA PREFABRICADA EN CONCRETO 6X20X20 COLOR OCRE O SIMILAR (SUMINISTRO E INSTALACIÓN)","M2",64899,"Actualización MO 2022"]
["Nuevo - Av. Cali ","REDES ELECTRICAS",8442,"CABLE MONOPOLAR DE COBRE HFFR PARA 600V C.A CALIBRE NO. 6 AWG. (INCLUYE SUMINISTRO, INSTALACIÓN Y ACCESORIOS DE INSTALACIÓN).","ML",4257,"Actualización MO 2022"]
["Nuevo - Av. Cali ","REDES ELECTRICAS",8443,"CABLE MONOPOLAR DE COBRE HFFR PARA 600V C.A CALIBRE NO. 12 AWG. (INCLUYE SUMINISTRO, INSTALACIÓN Y ACCESORIOS DE INSTALACIÓN).","ML",4805,"Actualización MO 2022"]
["Nuevo - Av. Cali ","REDES ELECTRICAS",8444,"POSTE ORNAMENTAL METALICO ALTURA H=5 MTS TIPO M130 BRAZO SENCILLO (INCLUYE SUMINISTRO, IZAJE, APLOMADO E INSTALACIÓN)","UN",884797,"Actualización MO 2022"]
["Nuevo - Av. Cali ","REDES ELECTRICAS",8445,"TABLERO DE DISTRIBUCIÓN CON PUERTA DE 24 CIRCUITOS, ELABORADO EN LÁMINA COLD ROLLED, IP44, 208/120V BARRAJE TRIFÁSICO, 5 HILOS, 3F+N+T, PARA BREAKER TOTALIZADOR DE CAJA MOLDEADA DESDE 3X60A HASTA 3X100A. BREAKERS DE SALIDAS MONOPOLARES 1X20A. BARRAJES INDEPENDIENTES DE FASE, NEUTRO Y TIERRA. (SUMINISTRO E INSTALACIÓN).","UN",799938,"Actualización MO 2022"]
["Nuevo - Av. Cali ","ANÁLISIS AUXILIARES",8446,"TAQUILLA DE PAGO TIPO 2 (SUMINISTRO E INSTALACIÓN)","UN",314813829,"Actualización MO 2022"]
["Nuevo - Av. Cali ","MOBILIARIO URBANO - ARBOLES Y GRAMAS",8448,"TABLETA PREFABRICADA EN CONCRETO 6X20X20 COLOR MARRÓN (SUMINISTRO E INSTALACIÓN)","M2",64899,"Actualización MO 2022"]
["Nuevo - Av. Cali ","MOBILIARIO URBANO - ARBOLES Y GRAMAS",8449,"TABLETA PREFABRICADA EN CONCRETO 6X20X20 COLOR GRIS NATURAL O SIMILAR (SUMINISTRO E INSTALACIÓN)","M2",64899,"Actualización MO 2022"]
["Nuevo - Av. Cali ","SEÑALIZACIÓN",8452,"DEMARCACIÓN DE FRANJA TIPO A55 Y A56 MEDIANTE LA APLICACIÓN DE UNA MEZCLA DE PINTURA, RESINA Y PEGAMENTO EPÓXICO, CON ACABADO REALIZADO CON UNA PLANTILLA SOBRE LA SUPERFICIE DEL ESPACIO PÚBLICO. INCLUYE LIMPIEZA Y ALISTAMIENTO DE SUPERFICIE. INCLUYE TODOS LOS ELEMENTOS DE COLOCACIÓN, FIJACIÓN Y MANO DE OBRA. SUMINISTRO E INSTALACIÓN.","ML",153391,"Actualización MO 2022"]
["Nuevo - Av. Cali ","REDES ELECTRICAS",8453,"1 DUCTO D= 3\" PVC PESADO DB (NO INCLUYE EXCAVACIÓN NI RELLENOS). SUMINISTRO E INSTALACION.","ML",19748,"Actualización MO 2022"]
["Nuevo - Av. Cali ","REDES ELECTRICAS",8455,"TRANSFORMADOR TIPO PEDESTAL PARA AP DE 30 KVA 11.4/0.380-0.220 KV EN ACEITE VEGETAL (INCLUYE SUMINISTRO E INSTALACIÓN).","UN",15799656,"Actualización MO 2022"]
["Nuevo - Av. Cali ","REDES ELECTRICAS",8456,"TRANSFORMADOR TIPO PEDESTAL PARA AP DE 45 KVA 11.4/0.380-0.220 KV EN ACEITE VEGETAL (INCLUYE SUMINISTRO E INSTALACIÓN).","UN",16455289,"Actualización MO 2022"]
["Nuevo - Av. Cali ","REDES ELECTRICAS",8457,"TRANSFORMADOR TIPO PEDESTAL PARA AP DE 75 KVA 11.4/0.380-0.220 KV EN ACEITE VEGETAL (INCLUYE SUMINISTRO E INSTALACIÓN).","UN",18863480,"Actualización MO 2022"]
["Nuevo - Av. Cali ","REDES ELECTRICAS",8458,"TRANSFORMADOR TIPO PEDESTAL PARA AP DE 45 KVA 11.4/0.208-0.120 KV EN ACEITE VEGETAL (INCLUYE SUMINISTRO E INSTALACIÓN).","UN",5044748,"Actualización MO 2022"]
["Nuevo - Av. Cali ","REDES ELECTRICAS",8459,"TRANSFORMADOR TIPO PEDESTAL PARA AP DE 75 KVA 11.4/0.208-0.120 KV EN ACEITE VEGETAL (INCLUYE SUMINISTRO E INSTALACIÓN).","UN",6879261,"Actualización MO 2022"]
["Nuevo - Av. Cali ","REDES ELECTRICAS",8460,"TRANSFORMADOR TIPO PEDESTAL PARA AP DE 150 KVA 11.4/0.208-0.120 KV EN ACEITE VEGETAL (INCLUYE SUMINISTRO E INSTALACIÓN).","UN",10642848,"Actualización MO 2022"]
["Nuevo - Av. Cali ","REDES ELECTRICAS",8461,"CONDUCTOR DE ALUMINIO THHW DE 240 MM2 600 V PVC DE 90° CT (INCLUYE SUMINISTRO E INSTALACIÓN).","ML",18927,"Actualización MO 2022"]
["Nuevo - Av. Cali ","REDES ELECTRICAS",8462,"CABLE CONDUCTOR DE ALUMINIO REFORZADO DESNUDO, CALIBRE NO. 2 AWG (INCLUYE SUMINISTRO E INSTALACIÓN)","ML",7279,"Actualización MO 2022"]
["Nuevo - Ciclo Puentes","ANDENES Y SARDINELES",8464,"BORDILLO EN CONCRETO GRAVA COMÚN 1\" 2000 PSI, FUNDIDO EN SITIO, A LA VISTA, DE 10CM X 35CM. REFUERZO SEGÚN DISEÑO ESTRUCTURAL, SIMILAR O EQUIVALENTE. (INCLUYE SUMINISTRO, FORMALETEO, FUNDIDA Y CURADO E INSTALACIÓN).","ML",39720,"Actualización MO 2022"]
["Nuevo - Ciclo Puentes","ANDENES Y SARDINELES",8465,"PLACA DE CONCRETO LAVADO FUNDIDA EN SITIO DE 3000 PSI (21 MPA), ESPESOR DE PLACA: 10 CM CON MALLA ELECTROSOLDADA DE MM, CON DILATACIONES REMÓVIBLES EN MADERA DE 15 X 15 MM","M2",110965,"Actualización MO 2022"]
["Nuevo - Ciclo Puentes","ANDENES Y SARDINELES",8466,"REMATE RAMPA CONCRETO DE 3000 PSI (21 MPA) GRAVA COMÚN FUNDIDO EN SITIO. PREMEZCLADO. INCLUYE SUMINISTRO, FORMALETEO, COLOCACIÓN Y CURADO. NO INCLUYE REFUERZO).","ML",72728,"Actualización MO 2022"]
["Nuevo - Ciclo Puentes","ANÁLISIS AUXILIARES",8467,"PIEDRA RAJÓN HINCADA SOBRE TERRENO NATURAL (INCLUYE SUMINISTRO E INSTALACIÓN)","M2",19490,"Actualización MO 2022"]
["Nuevo - Ciclo Puentes","REDES ELECTRICAS",8468,"EMPALME DE DERIVACIÓN EN RESINA AP 839 (EMPALME RECTO / DERIVACIÓN RESINA) INCLUYE SUMINISTRO E INSTALACIÓN","UN",162981,"Actualización MO 2022"]
["Nuevo - Ciclo Puentes","ACERO DE REFUERZO",8471,"MALLA ELECTROSOLDADA 0.15 X 0.15 M, D= 8,5 MM, 8,5 MM (INCLUYE SUMINISTRO, FIJACIÓN E INSTALACIÓN)","KG",4222,"Actualización MO 2022"]
["Nuevo - Ciclo Puentes","REDES ELECTRICAS",8472,"LUMINARIA LED RALED II RA02SII 16 LED 72 W. INCLUYE SUMINISTRO LUMINARIA E INSTALACIÓN.","UN",918565,"Actualización MO 2022"]
["Nuevo - Ciclo Puentes","REDES ELECTRICAS",8473,"SUBESTACIÓN SUMERGIBLE NORMA CTS594 (INCLUYE SUMINISTRO, INSTALACIÓN, PRUEBAS Y PUESTA EN FUNCIONAMIENTO).EXCLUSIVA PARA ESPACIO PUBLICO. INCLUYE TRANSFORMADOR 30 KVA TRIFASICO, 11400/380-240V, 60HZ. INCLUYE CELDAS ENTRADA Y SALIDA EN SF6 CON SECCIONADOR MOTORIZADO Y CELDA DE PROTECCIÓN SF6 PARA TRANSFORMADOR CON FUSIBLE HH, UNIDAD O MODULO DE CONTROL REMOTO RMU, NO INCLUYE OBRAS CIVILES. INCLUYE TRANSPORTE (ÍTEM 8), EXCAVACIÓN (ÍTEM 7), PRUEBAS (ÍTEM 6), MANO DE OBRA PARA CONEXIÓN DE LA SUBESTACIÓN (ÍTEM 5), MANO DE OBRA PARA DESCONEXIÓN SUBESTACIÓN EXISTENTE (ÍTEM 4), INTERCONEXIÓN ENTRE CELDA DE PROTECCIÓN Y TRANSFORMADOR ÍTEM 3), TRANSFORMADOR HERMÉTICO Y CENTRO DE TRANSFORMACIÓN SUBTERRÁNEO.","UN",530644031,"Actualización MO 2022"]
["Nuevo - Ciclo Puentes","REDES ELECTRICAS",8474,"TRASLADO POSTE METÁLICO AP, H=12M, (INCLUYE ESTRUCTURAS, RETENIDAS Y SOPORTES DE RED AÉREA).","UN",339262,"Actualización MO 2022"]
["Nuevo - Ciclo Puentes","ANDENES Y SARDINELES",8475,"BORDILLO EN CONCRETO GRAVA COMÚN 1\" 2000 PSI, FUNDIDO EN SITIO, A LA VISTA, DE 20CM X 20CM. REFUERZO SEGÚN DISEÑO ESTRUCTURAL, SIMILAR O EQUIVALENTE. (INCLUYE SUMINISTRO E INSTALACIÓN, FORMALETEO, FUNDIDA Y CURADO, ACERO DE REFUERZO Y NIVELACIÓN EN ARENA)","ML",40989,"Actualización MO 2022"]
["Nuevo - Ciclo Puentes","MOBILIARIO URBANO - ARBOLES Y GRAMAS",8476,"CONTENEDOR DE RAICES DE 2,50M X 2,50M H=1,40 M. (INCLUYE CONSTRUCCIÓN DE MUROS EN CONCRETO, MALLA ELECTROSOLDADA, COLOCACIÓN DE FILTRO EN GRAVILLA. NO INCLUYE TIERRA NEGRA)","UN",1447978,"Actualización MO 2022"]
["Nuevo - Ciclo Puentes","REDES ELECTRICAS",8480,"TRASLADO POSTE METÁLICO AP H= 14 (INCLUYE ESTRUCTURAS, RETENIDAS Y SOPORTES DE RED AÉREAS)","UN",339262,"Actualización MO 2022"]
["Nuevo - Ciclo Puentes","REDES ELECTRICAS",8482,"LUMINARIA LED RALED II 192L T2 103W. SUMINISTRO E INSTALACIÓN EN POSTE.","UN",1229484,"Actualización MO 2022"]
["Nuevo - Ciclo Puentes","REDES ELECTRICAS",8483,"LUMINARIA LED RALED I 64 LED . T2. 37W. SUMINISTRO E INSTALACIÓN EN POSTE.","UN",928573,"Actualización MO 2022"]
["Nuevo - Ciclo Puentes","REDES ELECTRICAS",8484,"CAJA METÁLICA PARA DERIVACIÓN 30X30X15 CM ET925 (INCLUYE SUMINISTRO E INSTALACIÓN)","UN",148268,"Actualización MO 2022"]
["Nuevo - Ciclo Puentes","REDES TELEFONICAS / DATOS",8486,"18 DUCTOS D=6\" PVC-TDP (INCLUYE SUMINISTRO E INSTALACIÓN. NO INCLUYE RELLENOS)","ML",774868,"Actualización MO 2022"]
["Nuevo - Ciclo Puentes","REDES ELECTRICAS",8487,"TUBERÍA DE CORAZA METÁLICA FLEXIBLE 2\". INCLUYE SUMINISTRO E INSTALACIÓN. NO INCLUYE EXCAVACIÓN.","ML",20763,"Actualización MO 2022"]
["Nuevo - Ciclo Puentes","REDES ELECTRICAS",8488,"TUBERÍA DE CORAZA METÁLICA FLEXIBLE 3/4\". INCLUYE SUMINISTRO E INSTALACIÓN. NO INCLUYE EXCAVACIÓN.","ML",14031,"Actualización MO 2022"]
["Nuevo - Ciclo Puentes","MOBILIARIO URBANO - ARBOLES Y GRAMAS",8489,"TRASLADO CANECA ACERO INOXIDABLE M121 (INCLUYE TRANSPORTE A SITIO DE ACOPIO E INSTALACION POSTERIOR)","UN",32510,"Actualización MO 2022"]
["Nuevo - Ciclo Puentes","MOBILIARIO URBANO - ARBOLES Y GRAMAS",8491,"DEMOLICIÓN CICLOPARQUEADERO TIPO 2 REF M101","UN",6994,"Actualización MO 2022"]
["Nuevo - Ciclo Puentes","MOBILIARIO URBANO - ARBOLES Y GRAMAS",8492,"TRASLADO BANCA CONCRETO CON ESPALDAR. (TRASLADO EN CAMIONETA A ALMACÉN Y REUBICACIÓN POSTERIOR).","UN",139510,"Actualización MO 2022"]
["Nuevo - Ciclo Puentes","REDES ELECTRICAS",8493,"SUMINISTRO Y MONTAJE DE FOTOCONTROL INDEPENDIENTE PARA CONTROL MÚLTIPLE DE UN CIRCUITO DE ALUMBRADO CON CARGA MENOR DE 1 000 W (EXISTENTE) AP322","UN",390093,"Actualización MO 2022"]
["Nuevo - Ciclo Puentes","REDES ELECTRICAS",8494,"LUMINARIA LED RALED II RA02SII 32 LED 72 W. SUMINISTRO E INSTALACIÓN","UN",1092208,"Actualización MO 2022"]
["Nuevo - Ciclo Puentes","REDES ELECTRICAS",8495,"CABLE ELÉCTRICO 4X16 AWG PARA CONTROL DE SEMÁFOROS VEHICULARES TIPO ST CU 600V 75°C. SUMINISTRO E INSTALACIÓN.","ML",7439,"Actualización MO 2022"]
["Nuevo - Ciclo Puentes","REDES ELECTRICAS",8496,"CABLE ELÉCTRICO 3X16 AWG PARA CONTROL DE SEMÁFOROS PEATONALES TIPO ST CU 600V 75°C. SUMINISTRO E INSTALACIÓN.","ML",6362,"Actualización MO 2022"]
["Nuevo - Ciclo Puentes","REDES ELECTRICAS",8497,"CABLE ELÉCTRICO 2X8 AWG PARA ACOMETIDA TIPO ST CU 600V 75°C. SUMINISTRO E INSTALACIÓN.","ML",16611,"Actualización MO 2022"]
["Nuevo - Ciclo Puentes","ANDENES Y SARDINELES",8498,"FRANJA DE AJUSTE DE ANCHO VARIABLE ENTRE 0.10 A 0.18MT Y PROFUNDIDAD VARIABLE ENTRE 0.06 Y 0.15MT EN CONCRETO DE 2500 PSI HECHO EN OBRA","ML",7945,"Actualización MO 2022"]
["Nuevo - Ciclo Puentes","ANDENES Y SARDINELES",8499,"LOSETA PREFABRICADA EN CONCRETO A20 TIPO PANOT DE 20X20X6CM COLOR GRIS (SUMINISTRO E INSTALACIÓN. INCLUYE MORTERO DE 1500 PSI DE NIVELACIÓN)","M2",71416,"Actualización MO 2022"]
["Nuevo - Ciclo Puentes","SEÑALIZACIÓN",8500,"BORRADO DE DEMARCACIÓN VIAL POR FRESADO CON MÁQUINA","M2",58254,"Actualización MO 2022"]
["Nuevo - Troncal Caracas","ANDENES Y SARDINELES",8501,"PIEZA DE REMATE CURVA A117 PARA RAMPA VEHICULAR TIPO C (600X400X450MM). INCLUYE SUMINISTRO E INSTALACIÓN. INCLUYE 3CM DE MORTERO 1:5.","UN",106748,"Actualización MO 2022"]
["Nuevo - Troncal Caracas","ANDENES Y SARDINELES",8503,"PIEZA DE REMATE CURVA A115 PARA RAMPA VEHICULAR TIPO C (600X400X450MM). INCLUYE SUMINISTRO E INSTALACIÓN. INCLUYE 3CM DE MORTERO 1:5.","UN",107748,"Actualización MO 2022"]
["Nuevo - Troncal Caracas","REDES ACUEDUCTO",8504,"TEE HD EXTREMO LISO 3\"X3\" (SUMINISTRO E INSTALACIÓN)","UN",214576,"Actualización MO 2022"]
["Nuevo - Troncal Caracas","REDES ACUEDUCTO",8505,"KIT DE NIVELACIÓN PARA HIDRANTE DE DIÁMETRO DE 3\", LONGITUD 300MM. SUMINISTRO E INSTALACIÓN.","UN",421602,"Actualización MO 2022"]
["Nuevo - Troncal Caracas","SEÑALIZACIÓN",8506,"SEÑAL VERTICAL PREVENTIVA SP-46B TIPO CUADRADO CON FLECHA. EN LÁMINA GALVANIZADA CAL. 16, ÁNGULO DE 2X14. REFLECTIVO DIAMANTE TIPO XI, VERDE LIMÓN. PINTURA ELECTROSTÁTICA. (INCLUYE PEDESTAL Y DADO DE CIMENTACIÓN. INCLUYE SUMINISTRO, INSTALACION, TRANSPORTE Y DISPOSICIÓN DE TRANSPORTE.","UN",456792,"Actualización MO 2022"]
["Nuevo - Troncal Caracas","REDES ALCANTARILLADO / DRENAJE",8507,"CANAL DE DRENAJE MONOLÍTICO Y REJA EN CONCRETO POLIMÉRICO RD 100V, H265 F900 (1.00 X 0.16 X 0.265 M)(INCLUYE CONCRETO 21 MPA PARA CAMA Y ATRAQUE. INCLUYE SUMINISTRO, INSTALACIÓN Y PRUEBA DE ESTANQUEIDAD)","ML",539051,"Actualización MO 2022"]
["Nuevo - Troncal Caracas","REDES ALCANTARILLADO / DRENAJE",8508,"CANAL DE DRENAJE MONOLÍTICO Y REJA EN CONCRETO POLIMÉRICO RD 150V, H280 F900 (1.00 X 0.21 X 0.28 M)(INCLUYE CONCRETO 21 MPA PARA CAMA Y ATRAQUE. INCLUYE SUMINISTRO, INSTALACIÓN Y PRUEBA DE ESTANQUEIDAD)","ML",527728,"Actualización MO 2022"]
["Nuevo - Troncal Caracas","REDES ALCANTARILLADO / DRENAJE",8509,"CANAL DE DRENAJE MONOLÍTICO Y REJA EN CONCRETO POLIMÉRICO RD 150V, H380 F900 (1.00 X 0.21 X 0.38 M)(INCLUYE CONCRETO 21 MPA PARA CAMA Y ATRAQUE. INCLUYE SUMINISTRO, INSTALACIÓN Y PRUEBA DE ESTANQUEIDAD)","ML",595862,"Actualización MO 2022"]
["Nuevo - Troncal Caracas","OBRAS DE ARTE Y EDIFICACIONES",8510,"PROTECCIÓN TEMPORAL PARA MONUMENTOS Y/O BIENES MUEBLES CON TELA KAMBEL GRAMAJE 90, COLOR BLANCO. INCLUYE CUERDA NYLON PARA AMARRE. INCLUYE SUMINISTRO Y COLOCACIÓN.","M2",2543,"Actualización MO 2022"]
["Nuevo - Troncal Caracas","REDES ACUEDUCTO",8511,"PERFORACIÓN HORIZONTAL PARA DUCTO DE POLIETILENO D=4\" (INCLUYE TUBERÍA).SUMINISTRO, INSTALACIÓN, TRANSPORTE Y DISPOSICIÓN FINAL DE SOBRANTES.","ML",288413,"Actualización MO 2022"]
["Nuevo - Troncal Caracas","ANDENES Y SARDINELES",8512,"SARDINEL ESPECIAL A116 PARA RAMPA VEHICULAR TIPO C (SUMINISTRO E INSTALACIÓN, INCLUYE 3CM DE MORTERO 1:5","ML",203176,"Actualización MO 2022"]
["Nuevo - Troncal Caracas","REDES ACUEDUCTO",8513,"VÁLVULA DE PIE ANTIGOLPE DE ARIETE - BRONCE D= 3\". SUMINISTRO E INSTALACIÓN","UN",384040,"Actualización MO 2022"]
["Nuevo - Troncal Caracas","REDES ACUEDUCTO",8514,"TUBERÍA CPVC Ø 3/4\". SUMINISTRO E INSTALACIÓN","ML",15480,"Actualización MO 2022"]
["Nuevo - Troncal Caracas","REDES ACUEDUCTO",8515,"PUNTO HIDRÁULICO AGUA CALIENTE CPVC Ø 1/2\" DUCHA. INCLUYE SUMINISTRO E INSTALACIÓN, INCLUYE ACCESORIOS, TUBERÍA, SOLDADURA Y CINTA TEFLÓN.","UN",14682,"Actualización MO 2022"]
["Nuevo - Troncal Caracas","REDES ACUEDUCTO",8516,"PUNTO HIDRÁULICO AGUA CALIENTE CPVC Ø 3/4\" CALENTADOR. INCLUYE SUMINISTRO E INSTALACIÓN, INCLUYE ACCESORIOS, TUBERÍA, SOLDADURA Y CINTA TEFLÓN.","UN",32971,"Actualización MO 2022"]
["Nuevo - Troncal Caracas","REDES ACUEDUCTO",8518,"PUNTO HIDRÁULICO AGUA FRÍA PVCP Ø 1\" ORINAL. INCLUYE SUMINISTRO E INSTALACIÓN, INCLUYE ACCESORIOS, TUBERÍA, SOLDADURA Y CINTA TEFLÓN.","UN",24966,"Actualización MO 2022"]
["Nuevo - Troncal Caracas","REDES ACUEDUCTO",8519,"PUNTO HIDRÁULICO AGUA FRÍA PVCP Ø 1/2\" LAVAPLATOS. INCLUYE SUMINISTRO E INSTALACIÓN, INCLUYE ACCESORIOS, TUBERÍA, SOLDADURA Y CINTA TEFLÓN.","UN",17948,"Actualización MO 2022"]
["Nuevo - Troncal Caracas","ANÁLISIS AUXILIARES",8520,"PUERTA PRACTICABLE DE MADERA 2 HOJAS CON HERRAJE ANTI-PÁNICO. (SUMINISTRO E INSTALACIÓN.","M2",1954921,"Actualización MO 2022"]
["Nuevo - Troncal Caracas","REDES ACUEDUCTO",8521,"UNIÓN UNIVERSAL PVC SOLDAR Ø 2\". SUMINISTRO E INSTALACIÓN.","UN",25772,"Actualización MO 2022"]
["Nuevo - Troncal Caracas","REDES ACUEDUCTO",8522,"TUBERÍA CPVC Ø 1/2\". SUMINISTRO E INSTALACIÓN, SOLDADURA.","ML",10639,"Actualización MO 2022"]
["Nuevo - Troncal Caracas","REDES ACUEDUCTO",8523,"UNIÓN CPVC TIPO U.S.Ø 1/2\". SUMINISTRO E INSTALACIÓN.","UN",4588,"Actualización MO 2022"]
["Nuevo - Troncal Caracas","REDES ACUEDUCTO",8524,"UNIÓN CPVC TIPO U.S. Ø 3/4\". SUMINISTRO E INSTALACIÓN.","UN",5153,"Actualización MO 2022"]
["Nuevo - Troncal Caracas","REDES ACUEDUCTO",8525,"CODO 90° CPVC TIPO E.L. Ø 1/2\". SUMINISTRO E INSTALACIÓN.","UN",5408,"Actualización MO 2022"]
["Nuevo - Troncal Caracas","REDES ACUEDUCTO",8526,"TEE CPVC TIPO E.L. Ø 1/2\". SUMINISTRO E INSTALACIÓN.","UN",12035,"Actualización MO 2022"]
["Nuevo - Troncal Caracas","REDES ACUEDUCTO",8527,"TEE CPVC TIPO E.L. Ø 3/4\". SUMINISTRO E INSTALACIÓN.","UN",13301,"Actualización MO 2022"]
["Nuevo - Troncal Caracas","REDES ACUEDUCTO",8528,"PUNTO HIDRÁULICO AGUA FRÍA PVCP Ø 1/2\" LLAVE MANGUERA. INCLUYE SUMINISTRO E INSTALACIÓN, INCLUYE ACCESORIOS, TUBERÍA, SOLDADURA Y CINTA TEFLÓN.","UN",16712,"Actualización MO 2022"]
["Nuevo - Troncal Caracas","REDES ACUEDUCTO",8529,"BUJE SOLDADO SANITARIA PVCS TIPO U.M. Ø4\" X Ø2\". INCLUYE SUMINISTRO E INSTALACIÓN.","UN",16571,"Actualización MO 2022"]
["Nuevo - Troncal Caracas","REDES ACUEDUCTO",8530,"BUJE SOLDADO SANITARIA PVCS TIPO U.M. Ø6\" X Ø4\". INCLUYE SUMINISTRO E INSTALACIÓN.","UN",39068,"Actualización MO 2022"]
["Nuevo - Troncal Caracas","REDES ACUEDUCTO",8531,"YEE SANITARIA REDUCIDA PVCS TIPO U.M. Ø6\" X Ø4\". INCLUYE SUMINISTRO E INSTALACIÓN.","UN",114032,"Actualización MO 2022"]
["Nuevo - Troncal Caracas","OBRAS DE ARTE Y EDIFICACIONES",8532,"ALFOMBRA MODULAR STRIPES MODULAR. SUMINISTRO E INSTALACIÓN","M2",91437,"Actualización MO 2022"]
["Nuevo - Troncal Caracas","REDES ELECTRICAS",8533,"INTERRUPTOR TRIPLE CONMUTABLE PARA ENCENDIDO/APAGADO DE ILUMINACIÓN. INCLUYE ACCESORIOS DE INSTALACIÓN, FIJACIÓN, CAJA DE SALIDA Y ELEMENTOS DE CONEXIÓN. NO INCLUYE TUBERÍA NI CABLEADO.","UN",20261,"Actualización MO 2022"]
["Nuevo Ciclopuentes","MOBILIARIO URBANO - ARBOLES Y GRAMAS",8534,"TRATAMIENTO INTEGRAL DE ÁRBOLES DE 1M A 5M. (INCLUYE RIEGO, FERTILIZACIÓN EDÁFICA, MANO DE OBRA, PODA GENERAL Y RADICULAR).","UN",243301,"Actualización MO 2022"]
["Nuevo Ciclopuentes","MOBILIARIO URBANO - ARBOLES Y GRAMAS",8535,"TRATAMIENTO INTEGRAL DE ÁRBOLES MAYORES A 5M. (INCLUYE RIEGO, FERTILIZACIÓN EDÁFICA, MANO DE OBRA, PODA GENERAL Y RADICULAR).","UN",262300,"Actualización MO 2022"]
["Nuevo Aceras y CicloRutas","SEÑALIZACIÓN",8536,"PINTURA ACRÍLICA BASE AGUA PARA MARCAS VIALES SIN MICROESFERAS, ESPESOR SECO DE 9 MILS Y 60% DE SÓLIDOS POR VOLUMEN, INCLUYE PICTOGRAMAS (INCLUYE SUMINISTRO Y APLICACIÓN CON EQUIPO).","M2",14457,"Actualización MO 2022"]
["Nuevo Aceras y CicloRutas","REDES TELEFONICAS / DATOS",8537,"UBICACIÓN DE EQUIPO DE CONTROL C900V. (INCLUYE RETIRO E INSTALACIÓN Y PUESTA EN MARCHA).","UN",1566579,"Actualización MO 2022"]
["Nuevo Aceras y CicloRutas","REDES ELECTRICAS",8538,"1 DUCTO D= 4\" PVC PESADO DB (NO INCLUYE EXCAVACIÓN NI RELLENOS). SUMINISTRO E INSTALACION.","ML",34027,"Actualización MO 2022"]
["Nuevo Aceras y CicloRutas","REDES ELECTRICAS",8539,"2 DUCTO D= 3\" PVC PESADO DB (NO INCLUYE EXCAVACIÓN NI RELLENOS). SUMINISTRO E INSTALACION.","ML",37992,"Actualización MO 2022"]
["Nuevo Aceras y CicloRutas","REDES ELECTRICAS",8540,"4 DUCTO D= 3\" PVC PESADO DB (NO INCLUYE EXCAVACIÓN NI RELLENOS). SUMINISTRO E INSTALACION.","ML",78754,"Actualización MO 2022"]
["Nuevo Aceras y CicloRutas","REDES ELECTRICAS",8541,"6 DUCTO D= 6\" + 3 DUCTOS DE 3\" PVC PESADO DB (NO INCLUYE EXCAVACIÓN NI RELLENOS). SUMINISTRO E INSTALACION.","ML",326512,"Actualización MO 2022"]
["Nuevo Aceras y CicloRutas","ANDENES Y SARDINELES",8542,"BORDILLO NO TRASPASABLE (SEPARADOR DE CARRIL NO REBASABLE) EN POLIETILENO DE ALTA DENSIDAD SIN PLOMO DE COLOR AMARILLO, SECCIONADO EN DOS UNIDADES, ALTURA MÍNIMA 15 CM, ANCHO 20 CM Y LARGO 100 CM, CON LENTE SUPERIOR OMNIDIRECCIONAL DE 360°, INCLUYE ANCLAJE EN CHAZO PLÁSTICO Y 4 TORNILLOS TIRAFONDO DE 1/2\" X 4 1/2\" (INCLUYE SUMINISTRO E INSTALACIÓN).","UN",161777,"Actualización MO 2022"]
["Nuevo Aceras y CicloRutas","DEMOLICIONES",8543,"RETIRO DE TACHAS REFLECTIVA O ESTOPEROLES CON SU RESPECTIVO ANCLAJE. INCLUYE REPARACIÓN DEL SITIO. (INCLUYE ENTREGA EN PATIO DE LA SDM)","UN",904,"Actualización MO 2022"]
["Nuevo Aceras y CicloRutas","DEMOLICIONES",8544,"RETIRO DE TACHONES, HITOS O RESALTOS PORTÁTILES CON SU RESPECTIVO ANCLAJE. INCLUYE REPARACIÓN DEL SITIO. (INCLUYE ENTREGA EN PATIO DE LA SDM)","UN",904,"Actualización MO 2022"]
["Nuevo Aceras y CicloRutas","DEMOLICIONES",8545,"DEMOLICIÓN MANUAL DE POZOS, CAJAS O CÁMARAS DE EMPRESAS DE SERVICIOS PÚBLICOS EN MAMPOSTERÍA. (INCLUYE MARTILLO NEUMÁTICO DE 60 LB Y COMPRESOR PARA DEMOLICIÓN DE BASE Y TAPA Y CARGUE). NO INCLUYE TRANSPORTE.","M3",33594,"Actualización MO 2022"]
["Nuevo Aceras y CicloRutas","SEÑALIZACIÓN",8546,"SEÑAL VERTICAL PREVENTIVA DE (60CM X 60CM) EN REFLECTIVO DE ALTA INTENSIDAD TIPO IV O SUPERIOR Y LÁMINA GALVANIZADA CAL. 16. INCLUYE PEDESTAL EN ÁNGULO Y DADO DE CIMENTACIÓN. (INCLUYE SUMINISTRO, INSTALACIÓN, TRANSPORTE Y DISPOSICIÓN DE SOBRANTES).","UN",269299,"Actualización MO 2022"]
["Nuevo Aceras y CicloRutas","SEÑALIZACIÓN",8547,"SEÑAL VERTICAL INFORMATIVA DE (60CM X 60CM) EN REFLECTIVO DE ALTA INTENSIDAD TIPO IV O SUPERIOR Y LÁMINA GALVANIZADA CAL. 16. INCLUYE PEDESTAL EN ÁNGULO Y DADO DE CIMENTACIÓN. (INCLUYE SUMINISTRO, INSTALACIÓN, TRANSPORTE Y DISPOSICIÓN DE SOBRANTES).","UN",285721,"Actualización MO 2022"]
["Nuevo Aceras y CicloRutas","SEÑALIZACIÓN",8548,"SEÑAL VERTICAL INFORMATIVA DE (45CM X 45CM) EN REFLECTIVO DE ALTA INTENSIDAD TIPO I, O SUPERIOR Y LÁMINA GALVANIZADA CAL. 16. INCLUYE TUBO GALVANIZADO DE 2\" DE DIÁMETRO INTERNO Y DADO DE CIMENTACIÓN. (INCLUYE SUMINISTRO, INSTALACIÓN, TRANSPORTE Y DISPOSICIÓN DE SOBRANTES).","UN",289529,"Actualización MO 2022"]
["Nuevo Aceras y CicloRutas","SEÑALIZACIÓN",8549,"SEÑAL VERTICAL PREVENTIVA DE (60CM X 60CM) CON PLAQUETA (ALTO MÍNIMO DE 23 CM) EN REFLECTIVO DE ALTA INTENSIDAD TIPO VI, O SUPERIOR Y LÁMINA GALVANIZADA CAL. 16. INCLUYE PEDESTAL EN ÁNGULO Y DADO DE CIMENTACIÓN. (INCLUYE SUMINISTRO, INSTALACIÓN, TRANSPORTE Y DISPOSICIÓN DE SOBRANTES).","UN",362000,"Actualización MO 2022"]
["Nuevo Centros Fundacionales","PAVIMENTOS",8551,"PISO EN CONCRETO MR 43 (300 Kg/Cm2) GRAVA COMÚN ACELERADO A 7 DÍAS, ESTAMPADO PARA POMPEYANOS Y VIAS A DESNIVEL, COLOR OCRE  (INCLUYE SUMINISTRO Y COLOCACIÓN DE CONCRETO, JUEGO DE MOLDES,  DESMOLDANTE EN POLVO, CURADOR PARA CONCRETO, CORTE Y SELLADO DE JUNTAS.)","M3",1270019,"Actualización MO 2022"]
["Nuevo Centros Fundacionales","PAVIMENTOS",8552,"PISO EN CONCRETO MR 43 (300 KG/CM2) GRAVA COMÚN ACELERADO A 7 DÍAS, LISO PARA POMPEYANOS Y VIAS A DESNIVEL, COLOR OCRE (INCLUYE SUMINISTRO Y COLOCACIÓN DE CONCRETO, DESMOLDANTE EN POLVO, CURADOR PARA CONCRETO, CORTE Y SELLADO DE JUNTAS.)","M3",1019011,"Actualización MO 2022"]
["Nuevo Centros Fundacionales","MOBILIARIO URBANO - ARBOLES Y GRAMAS",8553,"DESMONTE Y RETIRO DE BANCA EN MADERA M50 (INCLUYE TRANSPORTE A SITIO AUTORIZADO)","UN",35549,"Actualización MO 2022"]
["Nuevo Centros Fundacionales","PAVIMENTOS",8554,"PISO EN CONCRETO MR 41 (280 KG/CM2) GRAVA COMÚN ACELERADO A 7 DÍAS, ESTAMPADO PARA POMPEYANOS Y VIAS A DESNIVEL, COLOR OCRE (INCLUYE SUMINISTRO Y COLOCACIÓN DE CONCRETO, JUEGO DE MOLDES, DESMOLDANTE EN POLVO, CURADOR PARA CONCRETO, CORTE Y SELLADO DE JUNTAS.)","M3",1586902,"Actualización MO 2022"]
["Nuevo Centros Fundacionales","PAVIMENTOS",8555,"PISO EN CONCRETO MR 41 (280 Kg/Cm2) GRAVA COMÚN ACELERADO A 7 DÍAS, LISO PARA POMPEYANOS Y VIAS A DESNIVEL, COLOR OCRE (INCLUYE SUMINISTRO Y COLOCACIÓN DE CONCRETO, JUEGO DE MOLDES,  DESMOLDANTE EN POLVO, CURADOR PARA CONCRETO, CORTE Y SELLADO DE JUNTAS.)","M3",1337002,"Actualización MO 2022"]
["Nuevo Centros Fundacionales","OBRAS DE ARTE Y EDIFICACIONES",8556,"MANTENIMIENTO DE PISO EN PIEDRA.(INCLUYE RETIRO DE PIEZAS SUELTAS Y REINSTALACIÓN,INCLUYE MORTERO DE PEGA 1:3, ÁREA DE NIVELACIÓN E HIDROPROTECCIÓN Y LAVADO)","M2",48811,"Actualización MO 2022"]
["Nuevo Centros Fundacionales","INDICES",8557,"ADOQUÍN EN CONCRETO GRIS-EN TRABA COMÚN A-25 10X20X6CM (SUMINISTRO, INSTALACIÓN, INCLUYE MORTERO DE NIVELACIÓN, Y ARENA DE SELLO)","M2",79327,"Actualización MO 2022"]
["Nuevo Centros Fundacionales","REDES ELECTRICAS",8558,"CAJA SUBTERRÁNEA EN VÍA PACIFICADA CST2. INCLUYE CONCRETO GRAVA COMÚN DE 4000 PSI, ADITIVO IMPERMEABILIZANTE, ACERO, MICROFIBRA DE POLIPROPILENO, PASOS DE ESCALERA DE GATO. SUMINISTRO E INSTALACIÓN. ÁREA TANQUE A1-7.30M A2-2.21M PERÍMETRO 18.25M, ALTURA- 2.55M.","UN",15811238,"Actualización MO 2022"]
["Nuevo Centros Fundacionales","REDES ELECTRICAS",8559,"CAJA DE MANIOBRA EN VÍA PACIFICADA CMV. INCLUYE CONCRETO GRAVA COMÚN DE 4000 PSI, MORTERO IMPERMEABILIZADO, ACERO, PASOS DE ESCALERA DE GATO. SUMINISTRO E INSTALACIÓN. ÁREA TANQUE A1-5.50M PERÍMETRO 9.44M, ALTURA- 2.55M.","UN",11810529,"Actualización MO 2022"]
["Nuevo Centros Fundacionales","REDES ELECTRICAS",8560,"CAJA CS 275-MODIFICADA. INCLUYE CONCRETO GRAVA COMÚN 4000 PSI, ACERO, LADRILLO TOLETE RECOCIDO 24X12X6, MORTERO IMPERMEABILIZANTE, MORTERO 3000 PSI, RECEBO COMÚN, MARCO Y TAPA CAJA SENCILLA CS 275. INCLUYE SUMINISTRO Y CONSTRUCCIÓN.","UN",1562352,"Actualización MO 2022"]
["Nuevo Centros Fundacionales","SEÑALIZACIÓN",8561,"SEÑAL VERTICAL GRUPO DE REGLAMENTARIAS TIPO CIRCULO (D= 45CM). SUMINISTRO E INSTALACIÓN.","UN",354382,"Actualización MO 2022"]
["Nuevo Centros Fundacionales","SEÑALIZACIÓN",8562,"SEÑAL VERTICAL GRUPO DE PREVENTIVAS TIPO CUADRADO (45CM X 45CM). INCLUYE SUMINISTRO E INSTALACION.","UN",354382,"Actualización MO 2022"]
["Nuevo Centros Fundacionales","SEÑALIZACIÓN",8563,"SEÑAL VERTICAL GRUPO DE REGLAMENTARIAS SR-01 TIPO OCTAGONO CON ALTURA DE 45CM. INCLUYE SUMINISTRO E INSTALACION.","UN",354382,"Actualización MO 2022"]
["Nuevo Centros Fundacionales","SEÑALIZACIÓN",8564,"SEÑAL DOBLE DE 0.45X0.45M REFLECTIVO ALTA DENSIDAD TIPO IV EN LÁMINA GALVANIZADA, PEDESTAL EN ÁNGULO SP/SR/SI. SUMINISTRO E INSTALACIÓN.","UN",354382,"Actualización MO 2022"]
["Nuevo Centros Fundacionales","SEÑALIZACIÓN",8566,"PINTURA EN PLÁSTICO EN FRÍO METILMETACRILATO PARA MARCAS VIALES, CON MICROESFERAS Y ESPESOR SECO SEGÚN NORMA NTC 4744. SUMINISTRO Y APLICACIÓN. (CEBRAS, FLECHAS, PICTOGRAMAS, LINEAS DE PARE, SENDEROS PEATONALES, ACHURADOS, ETC).","M2",108804,"Actualización MO 2022"]
["Nuevo Centros Fundacionales","REDES ELECTRICAS",8567,"LUMINARIA YOA MAXI 72 W( INCLUYE SUMINISTROS E INSTALACIÓN, FOTOCELDA, DUCTO, SOPORTE)","UN",2644404,"Actualización MO 2022"]
["Nuevo Centros Fundacionales","REDES ELECTRICAS",8568,"POSTE EN FIBRA DE VIDRIO H=6M (INCLUYE SUMINISTRO E INSTALACIÓN, NO INCLUYE PEDESTAL)","UN",2009712,"Actualización MO 2022"]
["Nuevo Centros Fundacionales","REDES ELECTRICAS",8569,"TRANSFORMADOR SEMISUMERGIBLE 112,5 KVA 11,4K/208-120V. (SUMINISTRO E INSTALACIÓN)","UN",20601603,"Actualización MO 2022"]
["Nuevo Troncal Caracas","REDES ACUEDUCTO",8571,"REDUCCIÓN CONCÉNTRICA PVC DE 3\" X 1 1/2\"(SUMINISTRO E INSTALACIÓN)","UN",26235,"Actualización MO 2022"]
["Nuevo Troncal Caracas","REDES ACUEDUCTO",8572,"BUJE SOLDADO PRESIÓN PVC DE 3\" X 1 1/2\" (SUMINISTRO E INSTALACIÓN)","UN",21795,"Actualización MO 2022"]
["Nuevo Troncal Caracas","REDES ACUEDUCTO",8574,"REGISTRO BOLA 3\" TIPO PESADO (INCLUYE SUMINISTRO E INSTALACIÓN, SOLDADURA Y CINTA TEFLON)","UN",432739,"Actualización MO 2022"]
["Nuevo Troncal Caracas","REDES ACUEDUCTO",8575,"BUJE SOLDADO PRESIÓN CPVC D=3/4\" A 1/2\" (INCLUYE SUMINISTRO E INSTALACIÓN).","UN",6274,"Actualización MO 2022"]
["Nuevo Troncal Caracas","REDES ACUEDUCTO",8576,"TEE EXTREMO LISO HD 2\"X2\" (SUMINISTRO E INSTALACIÓN)","UN",92314,"Actualización MO 2022"]
["Nuevo Troncal Caracas","REDES ACUEDUCTO",8579,"REGISTRO BOLA 4\" TIPO PESADO (INCLUYE SUMINISTRO E INSTALACIÓN, SOLDADURA Y CINTA TEFLON)","UN",647237,"Actualización MO 2022"]
["Nuevo Troncal Caracas","REDES ACUEDUCTO",8581,"UNIÓN PVC TIPO U.M. D= 1\" (SUMINISTRO E INSTALACIÓN)","UN",4516,"Actualización MO 2022"]
["Nuevo Troncal Caracas","REDES ACUEDUCTO",8582,"CODO 45° PVC SOLDAR DE 3/4\". (SUMINISTRO E INSTALACIÓN, SOLDADURA)","UN",5965,"Actualización MO 2022"]
["Nuevo Troncal Caracas","REDES ACUEDUCTO",8583,"TUBERÍA PVC PRESIÓN E.L. D= 3/4` RDE 21 - 200 PSI (INCLUYE LIMPIEZA Y SOLDADURA ) SUMINISTRO E INSTALACIÓN","ML",6962,"Actualización MO 2022"]
["Nuevo Troncal Caracas","REDES ACUEDUCTO",8584,"UNIÓN PVC TIPO U.M. D= 1 1/2\" (SUMINISTRO E INSTALACIÓN)","UN",6165,"Actualización MO 2022"]
["Nuevo Troncal Caracas","REDES ACUEDUCTO",8585,"UNIÓN PVC TIPO U.M. D= 3/4\" (SUMINISTRO E INSTALACIÓN)","UN",4088,"Actualización MO 2022"]
["Nuevo Troncal Caracas","REDES ACUEDUCTO",8586,"BUJE SOLDADO PRESIÓN PVC E.L. DE 1 1/4\" X 1/2\"(SUMINISTRO E INSTALACIÓN)","UN",5920,"Actualización MO 2022"]
["Nuevo Troncal Caracas","REDES ACUEDUCTO",8587,"BUJE SOLDADO PRESIÓN PVC E.L. DE 2\" X 1 1/4\" (SUMINISTRO E INSTALACIÓN)","UN",14204,"Actualización MO 2022"]
["Nuevo Troncal Caracas","REDES ACUEDUCTO",8588,"BUJE SOLDADO PRESIÓN PVC E.L. DE 2\" X 1\"(SUMINISTRO E INSTALACIÓN)","UN",14204,"Actualización MO 2022"]
["Nuevo Troncal Caracas","REDES ACUEDUCTO",8589,"BUJE SOLDADO PRESIÓN PVC E.L. DE 2\" X 3/4\"(SUMINISTRO E INSTALACIÓN)","UN",13342,"Actualización MO 2022"]
["Nuevo Troncal Caracas","CONCRETO Y ACERO PARA ESTRUCTURAS",8590,"POZO EYECTOR EN CONCRETO 4000 PSI (28 MPA) GRAVA COMÚN - AGUAS LLUVIAS D 1.2M (PREMEZCLADO. INCLUYE SUMINISTRO, FORMALETEO, COLOCACIÓN Y CURADO Y REFUERZO).","UN",1720055,"Actualización MO 2022"]
["Nuevo Troncal Caracas","OBRAS DE ARTE Y EDIFICACIONES",8591,"MAMPOSTERÍA EN BLOQUE 4 E= 0.10M (INCLUYE SUMINISTRO, INSUMOS Y CONSTRUCCIÓN)","M2",49397,"Actualización MO 2022"]
["Nuevo Troncal Caracas","ANDENES Y SARDINELES",8592,"REALCE DE SARDINEL A UNA ALTURA H= 0.20m, e= 0.20m. CONCRETO DE 3000 PSI. (FUNDIDO EN SITIO). Incluye suministro de concreto, formaleta metálica para sardinel, perforaciones con taladro rotopercutor hasta 3/4\" y epóxico para anclaje de acero. (No incluye acero). OBRAS DE CONSERVACIÓN","ML",82155,"Actualización MO 2022"]
["Nuevo Troncal Caracas","REDES ACUEDUCTO",8593,"COPA REDUCIDA GALVANIZADA HD 2\" x  3/4\". (SUMINISTRO E INSTALACIÓN).","UN",37437,"Actualización MO 2022"]
["Nuevo Troncal Caracas","REDES ACUEDUCTO",8594,"UNIÓN BRIDA x ACOPLE UNIVERSAL 3\"(SUMINISTRO E INSTALACIÓN).","UN",142852,"Actualización MO 2022"]
["Nuevo Troncal Caracas","REDES ACUEDUCTO",8595,"UNIÓN BRIDA x ACOPLE UNIVERSAL 4\"(SUMINISTRO E INSTALACIÓN).","UN",155088,"Actualización MO 2022"]
["Nuevo Troncal Caracas","REDES ACUEDUCTO",8597,"PASAMUROS ACERO INOXIDABLE D= 1 1/2\" x 50 cm PARA TUBO DE 1\" (INCLUYE SUMINISTRO E INSTALACIÓN).","UN",122147,"Actualización MO 2022"]
["Nuevo Troncal Caracas","REDES ACUEDUCTO",8598,"PASAMUROS ACERO INOXIDABLE D= 4\" x 50 cm PARA TUBO DE 3\" (INCLUYE SUMINISTRO E INSTALACIÓN).","UN",282012,"Actualización MO 2022"]
["Nuevo Troncal Caracas","REDES ACUEDUCTO",8599,"MANÓMETRO DE PRESIÓN 0-200 PSI. (INCLUYE SUMINISTRO E INSTALACIÓN).","UN",16174,"Actualización MO 2022"]
["Nuevo Troncal Caracas","REDES ACUEDUCTO",8600,"TEE REDUCIDA PVC U.M. 4\" x 3\" (INCLUYE SUMINISTRO E INSTALACIÓN).","UN",393514,"Actualización MO 2022"]
["Nuevo Troncal Caracas","REDES ACUEDUCTO",8601,"PASAMUROS ACERO INOXIDABLE D= 2 1/2\" x 50 cm PARA TUBO DE 2\" (INCLUYE SUMINISTRO E INSTALACIÓN).","UN",191891,"Actualización MO 2022"]
["Nuevo Troncal Caracas","REDES ALCANTARILLADO / DRENAJE",8602,"BOMBA SUMERGIBLE AGUAS LLUVIAS 2\" - 1.0 HP  110V 12 m ca 416 LPM (INCLUYE SUMINISTRO Y MONTAJE).","UN",738387,"Actualización MO 2022"]
["Nuevo Troncal Caracas","REDES ACUEDUCTO",8603,"PUNTO HIDRÁULICO AGUA FRÍA PVC 1/2\" DUCHA. (INCLUYE SUMINISTRO E INSTALACIÓN, INCLUYE ACCESORIOS, TUBERÍA, SOLDADURA Y CINTA TEFLÓN).","UN",44486,"Actualización MO 2022"]
["Nuevo Troncal Caracas","OBRAS DE ARTE Y EDIFICACIONES",8605,"MAMPOSTERÍA EN BLOQUE  3 e= 0.07 m (Incluye suministro, insumos y construcción)","M2",54516,"Actualización MO 2022"]
["Nuevo Centros Fundacionales","DEMOLICIONES",8606,"DEMOLICIÓN PISOS DE CONCRETO - RAMPAS VEHICULARES Y PEATONALES EXISTENTES. (Espesor variable hasta 0.10 m. Incluye Cargue, transporte y disposición final de sobrantes escombrera autorizada).","M2",10425,"Actualización MO 2022"]
["Nuevo Centros Fundacionales","MOBILIARIO URBANO - ARBOLES Y GRAMAS",8608,"BANCA BOLARDO M41 EN CONCRETO (Incluye suministro e instalación. Incluye base de concreto de 3000 PSI, no incluye descargue).","UN",151559,"Actualización MO 2022"]
["Nuevo Centros Fundacionales","REDES ELECTRICAS",8610,"TRANSFORMADOR SEMISUMERGIBLE 300 KVA 11,4K/208-120V.  (Suministro e instalación)","UN",27926900,"Actualización MO 2022"]
["Nuevo DTE","CONCRETO Y ACERO PARA ESTRUCTURAS",8611,"PINTURA SOBRE ESTRUCTURA METÁLICA GALVANIZADA. INCLUYE LIMPIEZA SSPC-SP7, BARRERA EPOXICA e=3mils, ACABADO URETANO e=3mils","KG",2590,"Actualización MO 2022"]
["Nuevo DTE","MANTENIMIENTO Y REHABILITACION DE VIAS",8612,"PARCHEO EN PAVIMENTO FLEXIBLE e=0.14m.  (Incluye demolición manual y cargue de pavimento flexible de e=0.14m, transporte y disposición final de escombros, imprimación, colocación y compactación MD19 e=7cm y MD25 e=7cm , riego CRR-1, imprima CLR-0)","M2",121767,"Actualización MO 2022"]
["Nuevo DTE","PAVIMENTOS",8613,"MEZCLA ASFÁLTICA EN CALIENTE TIPO DENSO MD19 (Suministro, Extendido y Nivelación Manual y Compactación Mecanica)  Incluye: VIBRO COMPACTADOR BENITIN DE 1 TONELADA - INCLUYE OPERARIO Y COMBUSTIBLE","M3",723471,"Actualización MO 2022"]
["Nuevo DTE","PAVIMENTOS",8614,"MEZCLA ASFÁLTICA EN CALIENTE TIPO DENSO MD25 (Suministro, Extendido y Nivelación Manual y Compactación mecanica con vibrocompactador Benitin de 1 tonelada incluye operario y combustible)","M3",663971,"Actualización MO 2022"]
["Nuevo DTE","RELLENOS Y CAPAS GRANULARES",8615,"BASE GRANULAR CLASE A (BGA_BG38) o (BGB_BG25) - HORARIO NOCTURNO. (Suministro, Extendido Manual, Humedecimiento y Compactación)","M3",165739,"Actualización MO 2022"]
["Nuevo DTE","RELLENOS Y CAPAS GRANULARES",8616,"BASE GRANULAR CLASE A (BGA_BG38) o (BGB_BG25) (Suministro, Extendido, Nivelación, Humedecimiento y Compactación con vibrocompactador)","M3",153220,"Actualización MO 2022"]
["Nuevo DTE","RELLENOS Y CAPAS GRANULARES",8617,"AGREGADOS RECICLADOS PARA SUBBASE GRANULAR (AR_SBG50) (Suministro, Extendido, Nivelación, Humedecimiento y Compactación con vibrocompactador)","M3",156624,"Actualización MO 2022"]
["Nuevo DTE","PAVIMENTOS",8618,"MEZCLA ASFÁLTICA EN CALIENTE DENSA MD19 con Cemento Asfáltico (Suministro, Extendido, Nivelación y Compactación mecánica con vibrocompactador y compactador de llantas)","M3",667712,"Actualización MO 2022"]
["Nuevo DTE","PAVIMENTOS",8619,"MEZCLA ASFÁLTICA EN CALIENTE DENSA MD19 con Cemento Asfáltico - HORARIO NOCTURNO. (Suministro, Extendido y Nivelación Manual y Compactación mecanica con vibrocompactador Benitin de 1 tonelada incluye operario y combustible)","M3",743954,"Actualización MO 2022"]
["Nuevo DTE","PAVIMENTOS",8620,"MEZCLA ASFÁLTICA EN CALIENTE DENSA MD25 CON CEMENTO ASFÁLTICO - HORARIO NOCTURNO. (Suministro, Extendido, Nivelación y Compactación mecanica con vibrocompactador y compactador de llantas)","M3",685349,"Actualización MO 2022"]
["Nuevo DTE","PAVIMENTOS",8621,"MEZCLA ASFÁLTICA EN CALIENTE DENSA MD25 CON CEMENTO ASFÁLTICO (Suministro, Extendido, Nivelación y Compactación mecanica con vibrocompactador y compactador de llantas)","M3",664499,"Actualización MO 2022"]
["Nuevo DTE","GEOSINTETICOS",8622,"GEOTEXTIL TEJIDO PARA SEPARACIÓN SUBRASANTE/CAPAS GRANULARES (Incluye Suministro e Instalación)","M2",7182,"Actualización MO 2022"]
["Nuevo - Aceras y CicloRutas","REDES TELEFONICAS / DATOS",8624,"RECONSTRUCCIÓN CÁMARA DE INSPECCIÓN T-18A ETB (Incluye muros, cubierta, aro-base y aro-tapa)","UN",3732209,"Actualización MO 2022"]
["Nuevo - Aceras y CicloRutas","REDES TELEFONICAS / DATOS",8625,"NIVELACIÓN DE CÁMARA TIPO \"F\" TELECOMUNICACIONES UNE - EPM H= 0.20m (Dimensiones internas L=0.69 m, B=0,56m, A=0.81 m) (Incluye demolición de cinta y retiro de tapa, cargue, transporte y disposición de escombros, suministro e instalación de ladrillos, mortero.","UN",226286,"Actualización MO 2022"]
["Nuevo - Aceras y CicloRutas","REDES TELEFONICAS / DATOS",8626,"NIVELACIÓN DE CÁMARA TIPO \"D\" TELECOMUNICACIONES UNE - EPM H= 0.40m (Dimensiones internas L=1.90 m, B=1,06m, A=1.60 m) (Incluye demolición de cinta y retiro de tapa con martillo 60 Lb, cargue, transporte y disposición de escombros, suministro e instalación","UN",1942569,"Actualización MO 2022"]
["Nuevo - Aceras y CicloRutas","REDES TELEFONICAS / DATOS",8627,"NIVELACIÓN DE CÁMARA TIPO \"2F\" TELECOMUNICACIONES UNE - EPM H= 0.23m (Dimensiones internas L=1.50 m, B=0,56m, A=0.90 m) (Incluye demolición de cinta y retiro de tapa, transporte y disposición de escombros, suministro e instalación de ladrillos, mortero, minicargador, acero de refuerzo.","UN",378627,"Actualización MO 2022"]
["Nuevo - Aceras y CicloRutas","REDES TELEFONICAS / DATOS",8628,"NIVELACIÓN DE CÁMARA TIPO \"F2\" TELECOMUNICACIONES UNE - EPM H= 0.14m (Dimensiones internas L=0.41 m, B=0,36m, A=0.56 m) (Incluye demolición de cinta y retiro de tapa, transporte y disposición de escombros, suministro e instalación de ladrillos, mortero, minicargador, acero de refuerzo.","UN",126024,"Actualización MO 2022"]
["Nuevo - Aceras y CicloRutas","REDES ALCANTARILLADO / DRENAJE",8629,"CANAL DE DRENAJE MONOLÍTICO Y REJA EN CONCRETO POLIMÉRICO RD 150V H480 F900 (1.00 X 0.21 X 0.48) m (Incluye concreto 21 MPa para cama y atraque. Incluye suministro, instalación y prueba de estanqueidad).","ML",517130,"Actualización MO 2022"]
["Nuevo - Aceras y CicloRutas","REDES ACUEDUCTO",8631,"EMPATE ORTOGONAL PVC - AC 4\"X4\" SEGÚN NORMA NS-023, INCLUYE SUMINISTRO E INSTALACIÓN DE TUBERÍA PVC D=4\" U.M RDE 21=1 ML, TEE HD 4\"X4\" PARA AC=1 UN, UG HD D=4\"=3 UN, ADAPTADOR U.S. D=4\"=1 UN, UR HD D=4\"=1 UN (Suministro e instalación).","UN",852967,"Actualización MO 2022"]
["Nuevo - Aceras y CicloRutas","REDES ALCANTARILLADO / DRENAJE",8632,"CANAL DE DRENAJE MONOLÍTICO Y REJA EN CONCRETO POLIMÉRICO PD 100V H230 D400 (1.00 X 0.15 X 0.23) m (Incluye concreto 21 MPa para cama y atraque. Incluye suministro, instalación y prueba de estanqueidad).","ML",209210,"Actualización MO 2022"]
["Nuevo - Aceras y CicloRutas","REDES ALCANTARILLADO / DRENAJE",8633,"CANAL DE DRENAJE MONOLÍTICO Y REJA EN CONCRETO POLIMÉRICO RD 200V H330 F900 (1.00 X 0.26 X 0.33) m, INCLUYE CONCRETO 21 Mpa PARA CAMA Y ATRAQUE (Incluye suministro, instalación y prueba de estanqueidad).","ML",467139,"Actualización MO 2022"]
["Nuevo - Aceras y CicloRutas","REDES ACUEDUCTO",8634,"EMPATE ORTOGONAL PVC - HG 4\"X4\" SEGÚN NORMA NS-023, INCLUYE SUMINISTRO E INSTALACIÓN DE TUBERÍA PVC D=4\" U.M RDE 21=1 ML, TEE HD 4\"X4\" PARA AC=1 UN, UG HD D=4\"=3 UN, ADAPTADOR U.S. D=4\"=1 UN, UR HD D=4\"=1 UN (Suministro e instalación).","UN",868677,"Actualización MO 2022"]
["Nuevo - Aceras y CicloRutas","REDES ACUEDUCTO",8635,"PERFORACIÓN HORIZONTAL PARA DUCTO DE POLIETILENO D=10\", INCLUYE TUBERÍA (Incluye movilización y desmovilización de equipo, suministro e instalación de tubería, transporte y disposición final de sobrantes).","ML",1289769,"Actualización MO 2022"]
["Nuevo - Aceras y CicloRutas","REDES ACUEDUCTO",8636,"EMPATE ORTOGONAL PVC - PVC 4\"X3\" SEGÚN NORMA NS-023, INCLUYE SUMINISTRO E INSTALACIÓN DE TUBERÍA PVC D=4\" U.M RDE 21=1 ML, TEE HD EL 4\"X3\"=1 UN, UZ U.M PVC D=4\"=1 UN, UZ U.M PVC D=3\"=1 UN,  UR U.M PVC D=4\"=1 UN, UR U.M PVC D=3\"=1 UN (Suministro e instalación).","UN",547498,"Actualización MO 2022"]
["Nuevo - Aceras y CicloRutas","REDES ACUEDUCTO",8637,"EMPATE ORTOGONAL PVC - AC 6\"X6\" SEGÚN NORMA NS-023, INCLUYE SUMINISTRO E INSTALACIÓN DE TUBERÍA PVC D=6\" U.M RDE 21=1 ML, TEE HD 6\"X6\" PARA AC=1 UN, UG HD D=6\"=3 UN, UZ U.M PVC D=6\"=1 UN, UR HD D=6\"=1 UN (Suministro e instalación).","UN",1678186,"Actualización MO 2022"]
["Nuevo - Aceras y CicloRutas","REDES ALCANTARILLADO / DRENAJE",8638,"CAJA PARA CONEXIÓN DE DRENAJE EN CONCRETO REFORZADO 28 MPa (Dimensiones internas: (0.9x0.9) m, H=1.94 m, e=0,2 m) (Incluye muros, concreto de limpieza e=0,05 m, placa de base y placa de cubierta e=0,16 m, dos arobases y arotapas HF según NP-024. Suministro y construcción.","UN",3015906,"Actualización MO 2022"]
["Nuevo - Aceras y CicloRutas","REDES ALCANTARILLADO / DRENAJE",8639,"CAJA PARA CONEXIÓN DE DRENAJE EN CONCRETO REFORZADO 28 MPa (Dimensiones internas: (1.4x1.5) m, H=2.23 m, e=0,2 m) (Incluye muros, concreto de limpieza e=0,05 m, placa de base y placa de cubierta e=0,16 m, dos arobases y arotapas HF según NP-024. Suministro y construcción.","UN",5156360,"Actualización MO 2022"]
["Nuevo - Aceras y CicloRutas","REDES ACUEDUCTO",8640,"TAPÓN HD EXTREMO JUNTA HIDRÁULICA D=3\" (Suministro e instalación).","UN",113371,"Actualización MO 2022"]
["Nuevo - Aceras y CicloRutas","REDES ACUEDUCTO",8641,"TEE HD EXTREMO JUNTA HIDRÁULICA 10\"x6\" (Suministro e instalación).","UN",1273860,"Actualización MO 2022"]
["Nuevo - Aceras y CicloRutas","REDES ACUEDUCTO",8642,"CODO HD 22.5° EXTREMO JUNTA HIDRÁULICA PARA PVC D= 2\" (Suministro e instalación)","UN",83109,"Actualización MO 2022"]
["Nuevo - Aceras y CicloRutas","PROYECTO ESPECÍFICO",8643,"Proyecto: factibilidad, estudios y diseños de aceras, ciclorutas y conexiones peatonales en la ciudad de Bogotá D.C. Procesos de contratación vigencia 2020. ALQUILER DE ENTIBADO METÁLICO TIPO CAJÓN (E1A-E1B) O DESLIZANTE (E2) SEGÚN NORMA EAAB (Incluye colocación y transporte)","M2/MES",38117,"Actualización MO 2022"]
["Nuevo - Aceras y CicloRutas","REDES ALCANTARILLADO / DRENAJE",8644,"CAJA PARA CONEXIÓN DE DRENAJE EN CONCRETO REFORZADO 28 MPa (Dimensiones internas: (1.6x0.8) m, H=1.5 m, e=0,2 m) (Incluye muros, concreto de limpieza e=0,05 m, placa de base y placa de cubierta e=0,16 m, dos arobases y arotapas HF según NP-024. Suministro y construcción","UN",3066603,"Actualización MO 2022"]
["Nuevo - Aceras y CicloRutas","REDES ACUEDUCTO",8645,"EMPATE ORTOGONAL PVC - PVC 8\"X4\" SEGÚN NORMA NS-023, INCLUYE SUMINISTRO E INSTALACIÓN DE TUBERÍA PVC D=8\" U.M RDE 21=1 ML, TEE HD EL 8\"X4\"=1 UN, UZ U.M PVC D=8\"=1 UN, UZ U.M PVC D=4\"=1 UN,  UR U.M PVC D=8\"=1 UN, UR U.M PVC D=4\"=1 UN (Suministro e instalación).","UN",1794983,"Actualización MO 2022"]
["Nuevo - Aceras y CicloRutas","REDES ACUEDUCTO",8646,"EMPATE DE TUBERÍA EN PVC A PVC 6\"X4\" LINEAL SEGÚN NORMA NS-023, INCLUYE  REDUCCIÓN U.M PVC 6\"X4\" (Suministro e instalación)","UN",173511,"Actualización MO 2022"]
["Nuevo - Aceras y CicloRutas","REDES ACUEDUCTO",8647,"EMPATE ORTOGONAL PVC - PVC 12\"X4\" SEGÚN NORMA NS-023, INCLUYE SUMINISTRO E INSTALACIÓN DE TUBERÍA PVC D=4\" U.M RDE 21=1 ML, TEE HD EL 12\"X4\"=1 UN, UZ U.M PVC D=12\"=1 UN, UZ U.M PVC D=4\"=1 UN,  UR U.M PVC D=12\"=1 UN, UR U.M PVC D=4\"=1 UN (Suministro e instalación).","UN",3547875,"Actualización MO 2022"]
["Nuevo - Aceras y CicloRutas","CONCRETO Y ACERO PARA ESTRUCTURAS",8648,"PILOTE D=0.50 M DE CONCRETO TREMIE 4000 PSI (28 MPA) (Incl. Excavación, Cargue, movilización, montaje, descabece y desmontaje equipo).","ML",408493,"Actualización MO 2022"]
["Nuevo - Aceras y CicloRutas","CONCRETO Y ACERO PARA ESTRUCTURAS",8649,"PILOTE D=0.40 M DE CONCRETO TREMIE 4000 PSI (28 MPA) (Incl. Excavación, Cargue, movilización, montaje, descabece y desmontaje equipo).","ML",374949,"Actualización MO 2022"]
["Nuevo - Aceras y CicloRutas","ANÁLISIS AUXILIARES",8650,"HUMECTACIÓN CON AGUA PARA CONTROL DE EROSIONES (Incluye suministro y riego manual)","LITRO",36,"Actualización MO 2022"]
["Nuevo - Aceras y CicloRutas","MOBILIARIO URBANO - ARBOLES Y GRAMAS",8651,"PLANTACIÓN DE ÁRBOL CARISECO H= 1.5 m (Incluye aplicación y mezcla se sustrato, tutor, amarre y siembra. Incluye transporte y disposición final de sobrantes en sitio autorizado. Suministro y plantación)","UN",234275,"Actualización MO 2022"]
["Nuevo - Aceras y CicloRutas","MOBILIARIO URBANO - ARBOLES Y GRAMAS",8652,"PLANTACIÓN DE ÁRBOL CEDRO H=1.5mt (Incluye siembra, caja, tierra abonada, tutor) SUMINISTRO Y SIEMBRA.","UN",138000,"Actualización MO 2022"]
["Nuevo - Aceras y CicloRutas","MOBILIARIO URBANO - ARBOLES Y GRAMAS",8653,"PLANTACIÓN DE ÁRBOL SIETECUEROS H= 1.5 m (Incluye aplicación y mezcla se sustrato, tutor, amarre y siembra. Incluye transporte y disposición final de sobrantes en sitio autorizado. Suministro y plantación).","UN",233275,"Actualización MO 2022"]
["Nuevo - Aceras y CicloRutas","MOBILIARIO URBANO - ARBOLES Y GRAMAS",8654,"PALMA ALEJANDRA H= 1.5 m (Incluye aplicación y mezcla se sustrato, tutor, amarre y siembra. Incluye transporte y disposición final de sobrantes en sitio autorizado. Suministro y plantación)","UN",258275,"Actualización MO 2022"]
["Nuevo - Aceras y CicloRutas","RELLENOS Y CAPAS GRANULARES",8655,"GRAVILLA DE 3/4\" - SUMINISTRO E INSTALACIÓN.","M3",54001,"Actualización MO 2022"]
["Nuevo - Aceras y CicloRutas","ANÁLISIS AUXILIARES",8656,"PROCESO DE INSTALACION  DE MATERIAL GRANULAR (INCLUYE EXTENDIDO, NIVELACIÓN Y COMPACTACION)","M3",15064,"Actualización MO 2022"]
["Nuevo DTE","ANÁLISIS AUXILIARES",8657,"CONTROL DE POLVO CON CLORURO DE CALCIO","M2",6308,"Actualización MO 2022"]
["Valor de referencia","ANÁLISIS AUXILIARES",8659,"MANTENIMIENTO RUTINARIO TRONCALES MALLA VIAL URBANA EN CONCRETO HIDRÁULICO","M2",14798,"Actualización MO 2022"]
["Valor de referencia","ANÁLISIS AUXILIARES",8660,"MANTENIMIENTO PERIÓDICO TRONCALES MALLA VIAL URBANA EN CONCRETO ASFÁLTICO (INCLUYE 5% BACHEO, 95% FRESADO Y REPOSICIÓN CARPETA) HORARIO NOCTURNO","M2",101131,"Actualización MO 2022"]
["Valor de referencia","ANÁLISIS AUXILIARES",8661,"MANTENIMIENTO PERIÓDICO TRONCALES MALLA VIAL URBANA EN CONCRETO HIDRÁULICO HORARIO NOCTURNO (incluye limpieza pozos, sellado de juntas y reposición de losas)","M2",218339,"Actualización MO 2022"]
["Valor de referencia","ANÁLISIS AUXILIARES",8662,"REHABILITACIÓN - TRONCALES  MALLA VIAL URBANA - DE PAVIMENTO FLEXIBLE e=0.26 (NO INCLUYE SARDINEL)","M2",351453,"Actualización MO 2022"]
["Valor de referencia","ANÁLISIS AUXILIARES",8663,"REHABILITACIÓN - TRONCALES MALLA VIAL URBANA - DE PAVIMENTO HIDRÁULICO MR 45 e=0.25 (NO INCLUYE SARDINEL)","M2",342197,"Actualización MO 2022"]
["Valor de referencia","ANÁLISIS AUXILIARES",8664,"RECONSTRUCCIÓN - TRONCALES MALLA VIAL URBANA - DE PAVIMENTO FLEXIBLE e=0.26 (NO INCLUYE SARDINEL)","M2",390883,"Actualización MO 2022"]
["Valor de referencia","ANÁLISIS AUXILIARES",8665,"RECONSTRUCCIÓN - TRONCALES MALLA VIAL URBANA - DE PAVIMENTO HIDRÁULICO MR 45 e=0.25 (NO INCLUYE SARDINEL)","M2",396649,"Actualización MO 2022"]
["Valor de referencia","ANÁLISIS AUXILIARES",8667,"MANTENIMIENTO RUTINARIO MALLA VIAL ARTERIAL URBANA EN CONCRETO HIDRÁULICO","M2",12332,"Actualización MO 2022"]
["Valor de referencia","ANÁLISIS AUXILIARES",8668,"MANTENIMIENTO PERIÓDICO MALLA VIAL ARTERIAL URBANA EN CONCRETO ASFÁLTICO (INCLUYE 5% BACHEO, 95% FRESADO Y REPOSICIÓN CARPETA) HORARIO NOCTURNO","M2",99682,"Actualización MO 2022"]
["Valor de referencia","ANÁLISIS AUXILIARES",8669,"MANTENIMIENTO PERIÓDICO MALLA VIAL ARTERIAL URBANA EN CONCRETO HIDRÁULICO  HORARIO NOCTURNO (incluye limpieza pozos, sellado de juntas y reposición de losas)","M2",145311,"Actualización MO 2022"]
["Valor de referencia","ANÁLISIS AUXILIARES",8670,"REHABILITACIÓN DE PAVIMENTO FLEXIBLE MALLA VIAL ARTERIAL URBANA e=0.26","M2",348102,"Actualización MO 2022"]
["Valor de referencia","ANÁLISIS AUXILIARES",8671,"REHABILITACIÓN DE PAVIMENTO HIDRÁULICO MALLA VIAL ARTERIAL URBANA MR 45 e=0.25 (NO INCLUYE SARDINEL)","M2",337123,"Actualización MO 2022"]
["Valor de referencia","ANÁLISIS AUXILIARES",8672,"RECONSTRUCCIÓN  DE PAVIMENTO FLEXIBLE MALLA VIAL ARTERIAL URBANA e=0.26","M2",388111,"Actualización MO 2022"]
["Valor de referencia","ANÁLISIS AUXILIARES",8673,"RECONSTRUCCIÓN DE PAVIMENTO HIDRÁULICO MR 45 e= 0.30 MALLA VIAL ARTERIAL URBANA (NO INCLUYE SARDINEL)","M2",393443,"Actualización MO 2022"]
["Valor de referencia","ANÁLISIS AUXILIARES",8675,"MANTENIMIENTO RUTINARIO MALLA VIAL INTERMEDIA URBANA EN CONCRETO HIDRÁULICO","M2",8354,"Actualización MO 2022"]
["Valor de referencia","ANÁLISIS AUXILIARES",8676,"MANTENIMIENTO PERIÓDICO MALLA VIAL INTERMEDIA URBANA EN CONCRETO ASFÁLTICO HORARIO NOCTURNO (INCLUYE 5% BACHEO Y 95% FRESADO + REPOSICIÓN DE CARPETA)","M2",67744,"Actualización MO 2022"]
["Valor de referencia","ANÁLISIS AUXILIARES",8677,"MANTENIMIENTO PERIÓDICO MALLA VIAL INTERMEDIA URBANA EN CONCRETO HIDRÁULICO HORARIO NOCTURNO (incluye limpieza pozos, sellado de juntas y reposición de losas)","M2",146732,"Actualización MO 2022"]
["Valor de referencia","ANÁLISIS AUXILIARES",8678,"REHABILITACIÓN MALLA VIAL INTERMEDIA URBANA DE PAVIMENTO FLEXIBLE e=0.17 (NO INCLUYE SARDINEL)","M2",272507,"Actualización MO 2022"]
["Valor de referencia","ANÁLISIS AUXILIARES",8679,"REHABILITACIÓN MALLA VIAL INTERMEDIA URBANA DE PAVIMENTO HIDRÁULICO MR 45 e=0.20 (NO INCLUYE SARDINEL)","M2",316379,"Actualización MO 2022"]
["Valor de referencia","ANÁLISIS AUXILIARES",8680,"RECONSTRUCCIÓN MALLA VIAL INTERMEDIA URBANA DE PAVIMENTO FLEXIBLE e=0.17 (NO INCLUYE SARDINEL)","M2",353565,"Actualización MO 2022"]
["Valor de referencia","ANÁLISIS AUXILIARES",8681,"RECONSTRUCCIÓN MALLA VIAL INTERMEDIA URBANA DE PAVIMENTO HIDRÁULICO MR 45 e=0.20 (NO INCLUYE SARDINEL)","M2",369674,"Actualización MO 2022"]
["Valor de referencia","ANÁLISIS AUXILIARES",8683,"MANTENIMIENTO RUTINARIO MALLA VIAL LOCAL URBANA EN CONCRETO HIDRÁULICO","M2",8354,"Actualización MO 2022"]
["Valor de referencia","ANÁLISIS AUXILIARES",8684,"MANTENIMIENTO PERIÓDICO MALLA VIAL LOCAL URBANA EN CONCRETO ASFÁLTICO HORARIO NOCTURNO (INCLUYE 5% BACHEO Y 95% FRESADO + REPOSICIÓN DE CARPETA)","M2",58857,"Actualización MO 2022"]
["Valor de referencia","ANÁLISIS AUXILIARES",8685,"MANTENIMIENTO PERIÓDICO MALLA VIAL LOCAL URBANA EN CONCRETO HIDRÁULICO HORARIO NOCTURNO (incluye limpieza pozos, sellado de juntas y reposición de losas)","M2",146732,"Actualización MO 2022"]
["Valor de referencia","ANÁLISIS AUXILIARES",8686,"REHABILITACIÓN MALLA VIAL LOCAL URBANA DE PAVIMENTO FLEXIBLE e=0.17 (NO INCLUYE SARDINEL)","M2",250194,"Actualización MO 2022"]
["Valor de referencia","ANÁLISIS AUXILIARES",8687,"REHABILITACIÓN MALLA VIAL LOCAL URBANA DE PAVIMENTO HIDRÁULICO MR 45 e=0.20 (NO INCLUYE SARDINEL)","M2",212819,"Actualización MO 2022"]
["Valor de referencia","ANÁLISIS AUXILIARES",8688,"RECONSTRUCCIÓN MALLA VIAL LOCAL URBANA DE PAVIMENTO FLEXIBLE e=0.17 (NO INCLUYE SARDINEL)","M2",331042,"Actualización MO 2022"]
["Valor de referencia","ANÁLISIS AUXILIARES",8689,"RECONSTRUCCIÓN MALLA VIAL LOCAL URBANA DE PAVIMENTO HIDRÁULICO MR 45 e=0.20 (NO INCLUYE SARDINEL)","M2",263446,"Actualización MO 2022"]
["Valor de referencia","ANÁLISIS AUXILIARES",8690,"MANTENIMIENTO RUTINARIO MALLA VIAL RURAL - AFIRMADO NO PRINCIPAL - EN CONCRETO ASFÁLTICO","M2",14501,"Actualización MO 2022"]
["Valor de referencia","ANÁLISIS AUXILIARES",8691,"MANTENIMIENTO PERIÓDICO MALLA VIAL RURAL - AFIRMADO NO PRINCIPAL - EN CONCRETO ASFÁLTICO HORARIO NOCTURNO (INCLUYE 5% BACHEO Y 95% FRESADO + REPOSICIÓN DE CARPETA)","M2",34433,"Actualización MO 2022"]
["Valor de referencia","ANÁLISIS AUXILIARES",8692,"REHABILITACIÓN MALLA VIAL RURAL- AFIRMADO NO PRINCIPAL - DE PAVIMENTO FLEXIBLE e=0.17 (NO INCLUYE SARDINEL)","M2",53775,"Actualización MO 2022"]
["Valor de referencia","ANÁLISIS AUXILIARES",8693,"MANTENIMIENTO RUTINARIO MALLA VIAL RURAL - AFIRMADO PRINCIPAL - EN CONCRETO ASFÁLTICO","M2",14354,"Actualización MO 2022"]
["Valor de referencia","ANÁLISIS AUXILIARES",8694,"MANTENIMIENTO PERIÓDICO MALLA VIAL RURAL - AFIRMADO PRINCIPAL - EN CONCRETO ASFÁLTICO HORARIO NOCTURNO (INCLUYE 5% BACHEO Y 95% FRESADO + REPOSICIÓN DE CARPETA)","M2",36525,"Actualización MO 2022"]
["Valor de referencia","ANÁLISIS AUXILIARES",8695,"REHABILITACIÓN MALLA VIAL RURAL - AFIRMADO PRINCIPAL - DE PAVIMENTO FLEXIBLE e=0.17 (NO INCLUYE SARDINEL)","M2",53775,"Actualización MO 2022"]
["Valor de referencia","ANÁLISIS AUXILIARES",8697,"MANTENIMIENTO RUTINARIO MALLA VIAL RURAL NO PRINCIPAL EN CONCRETO HIDRÁULICO","M2",12695,"Actualización MO 2022"]
["Valor de referencia","ANÁLISIS AUXILIARES",8698,"MANTENIMIENTO PERIÓDICO MALLA VIAL RURAL NO PRINCIPAL EN CONCRETO ASFÁLTICO HORARIO NOCTURNO (INCLUYE 5% BACHEO Y 95% FRESADO + REPOSICIÓN DE CARPETA)","M2",32666,"Actualización MO 2022"]
["Valor de referencia","ANÁLISIS AUXILIARES",8699,"MANTENIMIENTO PERIÓDICO MALLA VIAL RURAL NO PRINCIPAL EN CONCRETO HIDRÁULICO HORARIO NOCTURNO (incluye limpieza pozos, sellado de juntas y reposición de losas)","M2",118780,"Actualización MO 2022"]
["Valor de referencia","ANÁLISIS AUXILIARES",8700,"REHABILITACIÓN MALLA VIAL RURAL NO PRINCIPAL DE PAVIMENTO FLEXIBLE e=0.17 (NO INCLUYE SARDINEL)","M2",256725,"Actualización MO 2022"]
["Valor de referencia","ANÁLISIS AUXILIARES",8701,"REHABILITACIÓN MALLA VIAL RURAL NO PRINCIPAL DE PAVIMENTO HIDRÁULICO MR 45 e=0.20 (NO INCLUYE SARDINEL)","M2",242975,"Actualización MO 2022"]
["Valor de referencia","ANÁLISIS AUXILIARES",8702,"RECONSTRUCCIÓN MALLA VIAL RURAL NO PRINCIPAL DE PAVIMENTO FLEXIBLE e=0.17 (NO INCLUYE SARDINEL)","M2",296303,"Actualización MO 2022"]
["Valor de referencia","ANÁLISIS AUXILIARES",8703,"RECONSTRUCCIÓN MALLA VIAL RURAL NO PRINCIPAL DE PAVIMENTO HIDRÁULICO MR 45 e=0.20 (NO INCLUYE SARDINEL)","M2",282404,"Actualización MO 2022"]
["Valor de referencia","ANÁLISIS AUXILIARES",8705,"MANTENIMIENTO RUTINARIO MALLA VIAL RURAL PRINCIPAL EN CONCRETO HIDRÁULICO","M2",7499,"Actualización MO 2022"]
["Valor de referencia","ANÁLISIS AUXILIARES",8706,"MANTENIMIENTO PERIÓDICO MALLA VIAL RURAL PRINCIPAL EN CONCRETO ASFÁLTICO HORARIO NOCTURNO (INCLUYE 5% BACHEO Y 95% FRESADO + REPOSICIÓN DE CARPETA)","M2",19082,"Actualización MO 2022"]
["Valor de referencia","ANÁLISIS AUXILIARES",8707,"MANTENIMIENTO PERIÓDICO MALLA VIAL RURAL PRINCIPAL EN CONCRETO HIDRÁULICO HORARIO NOCTURNO (incluye limpieza pozos, sellado de juntas y reposición de losas)","M2",122712,"Actualización MO 2022"]
["Valor de referencia","ANÁLISIS AUXILIARES",8708,"REHABILITACIÓN MALLA VIAL RURAL PRINCIPAL DE PAVIMENTO FLEXIBLE e=0.17 (NO INCLUYE SARDINEL)","M2",242576,"Actualización MO 2022"]
["Valor de referencia","ANÁLISIS AUXILIARES",8709,"REHABILITACIÓN MALLA VIAL RURAL PRINCIPAL DE PAVIMENTO HIDRÁULICO MR 45 e=0.20 (NO INCLUYE SARDINEL)","M2",252373,"Actualización MO 2022"]
["Valor de referencia","ANÁLISIS AUXILIARES",8710,"RECONSTRUCCIÓN MALLA VIAL RURAL PRINCIPAL DE PAVIMENTO FLEXIBLE e=0.17 (NO INCLUYE SARDINEL)","M2",282220,"Actualización MO 2022"]
["Valor de referencia","ANÁLISIS AUXILIARES",8711,"RECONSTRUCCIÓN MALLA VIAL RURAL PRINCIPAL DE PAVIMENTO HIDRÁULICO MR 45 e=0.20 (NO INCLUYE SARDINEL)","M2",291802,"Actualización MO 2022"]
["Nuevo - DTP","REDES ELECTRICAS",8712,"5 DUCTOS D=6\" +3 DUCTOS D=3\" PVC-TDP (Incluye Suministro e Instalación. No Incluye Rellenos).","ML",272177,"Actualización MO 2022"]
["Nuevo - DTP","REDES ELECTRICAS",8713,"2 DUCTOS D=6\" +3 DUCTOS D=2\" PVC-TDP (Incluye Suministro e Instalación. No Incluye Rellenos).","ML",113812,"Actualización MO 2022"]
["Nuevo - DTP","REDES ELECTRICAS",8714,"2 DUCTOS D=6\" +3 DUCTOS D=3\" PVC-TDP (Incluye Suministro e Instalación. No Incluye Rellenos).","ML",138510,"Actualización MO 2022"]
["Nuevo - DTP","REDES TELEFONICAS / DATOS",8715,"CAMARA TIPO \"T\" TELECOMUNICACIONES UNE - EPM (Dimensiones internas L=0.69 m, B=0,56m, A=0.81 m) (Incluye base, muros en ladrillo, cubierta, aro-base y aro-tapa. Suministro y construcción).","UN",422224,"Actualización MO 2022"]
["Nuevo - DTP","REDES ELECTRICAS",8716,"1 DUCTOS D=6\" PVC-TDP (Incluye Suministro e Instalación. No Incluye Rellenos).","ML",44754,"Actualización MO 2022"]
["Nuevo - DTP","REDES TELEFONICAS / DATOS",8717,"CAMARA TIPO \"2T\" TELECOMUNICACIONES UNE - EPM  (Dimensiones internas L=1.50 m, B=0,56m, A=0.90 m) (Incluye base, muros en ladrillo, cubierta, aro-base y aro-tapa. Suministro y construcción).","UN",694632,"Actualización MO 2022"]
["Nuevo - DTP","REDES ACUEDUCTO",8718,"REDUCCION CONCENTRICA HD 12\"x10\" (Suministro e Instalación).","UN",1473651,"Actualización MO 2022"]
["Nuevo - DTP","REDES ACUEDUCTO",8719,"EMPATE ORTOGONAL PVC - HG 6\"X6\" SEGÚN NORMA NS-023, INCLUYE SUMINISTRO E INSTALACIÓN DE TUBERÍA PVC D=6\" U.M RDE 21=1 ML, TEE HD 6\"X6\" PARA PVC=1 UN, UR HD D=6\"=1 UN, UZ U.M PVC D=6\"=1 UN, UD HD D=6\"=1 UN (Suministro e instalación).","UN",1144878,"Actualización MO 2022"]
["Nuevo - DTP","REDES ACUEDUCTO",8720,"EMPATE DE TUBERÍA EN PVC A HG 6\" LINEAL TIPO B SEGÚN NORMA NS-023, INCLUYE TUBERÍA PVC D=6\" U.M RDE 21=1 ML, UR HD D=6\"=1 UN, UZ PVC D=6\"=1 UN (Suministro e instalación).","UN",518787,"Actualización MO 2022"]
["Nuevo - DTP","REDES ACUEDUCTO",8721,"PERFORACIÓN HORIZONTAL PARA DUCTO DE POLIETILENO D=8\", INCLUYE TUBERÍA (Incluye movilización y desmovilización de equipo, suministro e instalación de tubería, transporte y disposición final de sobrantes).","ML",1097269,"Actualización MO 2022"]
["Nuevo - DTP","REDES ACUEDUCTO",8722,"UNION DE REPARACION HD EL D=4\" (Suministro e Instalación).","UN",141866,"Actualización MO 2022"]
["Nuevo - DTP","ANDENES Y SARDINELES",8723,"LOSETA PODOTACTIL ALERTA/GUÍA EN POLIURETANO DE ALTA DENSIDAD, ANCHO=0.4 m EN COLOR AMARILLO SEGÚN NTC 5610 (Incluye limpieza y alistamiento de superficie, suministro e instalación).","ML",151414,"Actualización MO 2022"]
["Nuevo - DTP","MOBILIARIO URBANO - ARBOLES Y GRAMAS",8724,"CUCHARO H= 1.5 m (Incluye aplicación y mezcla se sustrato, tutor, amarre y siembra. Incluye transporte y disposición final de sobrantes en sitio autorizado. Suministro y plantación).","UN",132000,"Actualización MO 2022"]
["Nuevo - DTP","GESTIÓN AMBIENTAL",8725,"PROTECCIÓN TEMPORAL PARA CERRAMIENTOS Y/O FACHADAS DE BIENES INMUEBLES DE INTERÉS CULTURAL, INCLUYE VARA MADERA ROLLIZA H=1.22 m, LISTÓN DE MADERA, TELA COLOR BLANCO, ESPUMA DE POLIETILENO e=5 mm (Incluye suministro y colocación).","ML",31349,"Actualización MO 2022"]
["Nuevo - DTP","REDES ALCANTARILLADO / DRENAJE",8726,"CAJA PARA CONEXIÓN DE DRENAJE EN MAMPOSTERÍA (Dimensiones internas: (0.6x0.6) m, H=0.77 m) (Incluye muros, impermeabilización interna y externa, relleno en recebo e=0.10 m, placa de base e=0.20 m, cañuela, placa de cubierta e=0,20 m y tapa en concreto tipo vehicular. Suministro y construcción).","UN",772573,"Actualización MO 2022"]
["Nuevo - DTP","MOBILIARIO URBANO - ARBOLES Y GRAMAS",8727,"HELECHO MACHO, DENSIDAD=6 u/m2 (No incluye tierra negra adicional. No incluye remoción y transporte de sobrantes. Suministro y plantación).","M2",15766,"Actualización MO 2022"]
["Nuevo - DTP","REDES ACUEDUCTO",8728,"PERFORACIÓN HORIZONTAL PARA DUCTO DE POLIETILENO D=6\", INCLUYE TUBERÍA (Incluye suministro, instalación, transporte y disposición final de sobrantes)","ML",424967,"Actualización MO 2022"]
["Nuevo - DTP","REDES ACUEDUCTO",8729,"PERFORACIÓN HORIZONTAL PARA DUCTO DE POLIETILENO D=12\", INCLUYE TUBERÍA (Incluye suministro, instalación, transporte y disposición final de sobrantes)","ML",851885,"Actualización MO 2022"]
["Nuevo - DTP","REDES TELEFONICAS / DATOS",8730,"SEMÁFORO (4x200) S2, LENTES DE POLICARBONATO DE 8\" PARA BICICLETAS LUCES, SISTEMA DE ILUMINACIÓN A LEDS, FLECHA DE GIRO, COMPATIBILIDAD C800/900, FIJACIÓN A MÉNSULA. INCLUYE ELEMENTOS DE FIJACIÓN","UN",3836905,"Actualización MO 2022"]
["Nuevo - DTP","REDES TELEFONICAS / DATOS",8731,"NIVELACIÓN DE CÁMARA TIPO \"T\" TELECOMUNICACIONES UNE - EPM H= 0.20m (Dimensiones internas L=0.69 m, B=0,56m, A=0.81 m) (Incluye demolición de cinta y retiro de tapa, cargue, transporte y disposición de escombros, suministro e instalación de ladrillos, mortero, marco y tapa)","UN",223794,"Actualización MO 2022"]
["Nuevo - DTP","REDES TELEFONICAS / DATOS",8732,"NIVELACIÓN DE CÁMARA TIPO \"2T\" TELECOMUNICACIONES UNE - EPM H= 0.23m (Dimensiones internas L=1.50 m, B=0,56m, A=0.90 m) (Incluye demolición de cinta y retiro de tapa, cargue, transporte y disposición de escombros, suministro e instalación de ladrillos, mortero, marco y tapa)","UN",378501,"Actualización MO 2022"]
["Nuevo - DTP","REDES ELECTRICAS",8733,"3 DUCTOS D=6\" + 2 DUCTOS D=3\" PVC TDP (Incluye suministro e instalación. No Incluye rellenos)","ML",166744,"Actualización MO 2022"]
["Nuevo - DTP","REDES ELECTRICAS",8734,"4 DUCTOS D=6\" + 2 DUCTOS D=3\" PVC TDP (Incluye suministro e instalación. No Incluye rellenos)","ML",211608,"Actualización MO 2022"]
["Nuevo - DTP","REDES ELECTRICAS",8735,"9 DUCTOS D=6\" + 3 DUCTOS D=3\" PVC TDP (Incluye suministro e instalación. No Incluye rellenos)","ML",452077,"Actualización MO 2022"]
["Nuevo - DTP","REDES ELECTRICAS",8736,"4 DUCTOS D=6\" + 3 DUCTOS D=3\" PVC TDP (Incluye suministro e instalación. No Incluye rellenos)","ML",227621,"Actualización MO 2022"]
["Nuevo - DTP","REDES ACUEDUCTO",8737,"ADAPTADOR TERMINAL CAMPANA PVC D=2\" (Suministro e Instalación)","UN",5786,"Actualización MO 2022"]
["Nuevo - DTP","REDES ELECTRICAS",8738,"TRASLADO DE ARMARIOS (Incluye retiro, traslado e instalación de armario. Demolición manual, excavación y colocación de concreto para dados, transporte y disposición de sobrantes)","UN",343261,"Actualización MO 2022"]
["Nuevo - DTP","REDES ELECTRICAS",8739,"2 DUCTOS D=6\" + 2 DUCTOS D=3\" PVC TDP (Incluye suministro e instalación. No Incluye rellenos)","ML",122091,"Actualización MO 2022"]
["Nuevo - DTP","REDES ELECTRICAS",8740,"5 DUCTOS D=6\" + 2 DUCTOS D=3\" PVC TDP (Incluye suministro e instalación. No Incluye rellenos)","ML",255926,"Actualización MO 2022"]
["Nuevo - DTP","REDES ELECTRICAS",8741,"1 DUCTOS D=6\" + 2 DUCTOS D=3\" PVC TDP (Incluye suministro e instalación. No Incluye rellenos)","ML",77283,"Actualización MO 2022"]
["Nuevo - DTP","REDES ELECTRICAS",8742,"3 DUCTOS D=6\" + 3 DUCTOS D=3\" PVC TDP (Incluye suministro e instalación. No Incluye rellenos)","ML",182968,"Actualización MO 2022"]
["Nuevo - DTP","REDES ALCANTARILLADO / DRENAJE",8743,"CAJA DE INSPECCIÓN EN CONCRETO REFORZADO 28 MPa (Dimensiones internas: (1.0x1.0) m, H=2.36 m, e=0,2 m) (Incluye muros, concreto de limpieza e=0,05 m, placa de base e=0,20 m y placa de cubierta e=0,16 m, arobase y arotapa HF según NP-024 y pasos plásticos c/0.40. Suministro y construcción).","UN",3498551,"Actualización MO 2022"]
["Nuevo - DTP","REDES ACUEDUCTO",8744,"EMPATE ORTOGONAL PVC - PEAD 6\"X6\" SEGÚN NORMA NS-023, INCLUYE TEE PE ELECTROFUSIÓN  6\"X6\"=1 UN, TUBERÍiA POLIETILENO D=6\"=2 ML, PORTAFLANCHE PE D=6\"=2 UN, BRIDA LOCA PE D=6\"=2 UN, BRIDA UNIVERSAL POR ACOPLE UNIVERSAL HD D=6\"=2 UN (Suministro e instalación)","UN",1540390,"Actualización MO 2022"]
["Nuevo - DTP","REDES TELEFONICAS / DATOS",8745,"CAMARA TIPO \"D\" TELECOMUNICACIONES UNE - EPM (Dimensiones internas L=1.90 m, B=1,06m, A=1.60 m) (Incluye base, muros en bloque, cubierta, aro-base y aro-tapa. Suministro y construcción)","UN",2802893,"Actualización MO 2022"]
["Nuevo - DTP","REDES TELEFONICAS / DATOS",8746,"CÁMARA TIPO \"2F\" TELECOMUNICACIONES UNE - EPM (Dimensiones internas L=1.50 m, B=0,56m, A=0.90 m) (Incluye base, muros en ladrillo, cubierta, aro-base y aro-tapa. Suministro y construcción)","UN",764522,"Actualización MO 2022"]
["Nuevo - DTP","REDES TELEFONICAS / DATOS",8747,"CÁMARA TIPO \"F\" TELECOMUNICACIONES UNE - EPM (Dimensiones internas L=0.69 m, B=0,56m, A=0.81 m) (Incluye base, muros en ladrillo, cubierta, aro-base y aro-tapa. Suministro y construcción)","UN",495951,"Actualización MO 2022"]
["Nuevo - DTP","REDES ALCANTARILLADO / DRENAJE",8748,"TEE PE TERMOFUSIÓN  6\"X6\" (Incluye suministro e instalación)","UN",358722,"Actualización MO 2022"]
["Nuevo - DTP","REDES ALCANTARILLADO / DRENAJE",8749,"REDUCCIÓN CONCÉNTRICA PE TERMOFUSIÓN 6\"X4\" (Incluye suministro e instalación)","UN",146839,"Actualización MO 2022"]
["Nuevo - DTP","REDES ACUEDUCTO",8750,"TAPÓN HD EXTREMO JUNTA HIDRÁULICA D=12\" (Suministro e instalación)","UN",773270,"Actualización MO 2022"]
["Nuevo","RELLENOS Y CAPAS GRANULARES",8751,"BASE GRANULAR CLASE B (BGB_BG38) o (BGB_BG25) (Suministro, Extendido, Nivelación, Humedecimiento y Compactación con vibrocompactador)","M3",145485,"Actualización MO 2022"]
["Nuevo","RELLENOS Y CAPAS GRANULARES",8752,"BASE GRANULAR CLASE B (BGB_BG38) o (BGB_BG25) - HORARIO NOCTURNO. (Suministro, Extendido Manual, Humedecimiento y Compactación)","M3",158003,"Actualización MO 2022"]
["Nuevo - DTP","OTROS-SEÑALIZACIÓN",8753,"BARRERA DE SEGURIDAD EN CONCRETO A-165 ( 53x60x150cm). (Suministro, transporte e Instalación).","UN",370634,"Actualización MO 2022"]
["Nuevo - DTP","OTROS-SEÑALIZACIÓN",8754,"INSTALACIÓN BARRERA DE SEGURIDAD EN CONCRETO (A-165 - 53*60*150). (Instalación).","UN",67184,"Actualización MO 2022"]
["Nuevo - DTP","OTROS-SEÑALIZACIÓN",8755,"INSTALACIÓN HITO DE 75cm DE ALTURA Y 8 cm DE DIAMETRO CON REFLECTIVOS DE COLOR AMARILLO. (Instalación).","UN",14030,"Actualización MO 2022"]
["Nuevo - DTP","OTROS-SEÑALIZACIÓN",8756,"INSTALACIÓN SEGREGADOR BICICLETA (TACHÓN PLÁSTICO O CAUCHO ALTA RESISTENCIA COMO POLIPROPILENO DE ALTO IMPACTO, CON INSTALACIÓN ESTRUCTURA DE REFUERZO, ELEMENTOS REFLECTIVOS DE ALTA EFICIENCIA. TIPO TRANSMILENIO 40.5cmx15cmx8.5cm).(Instalación).","UN",14030,"Actualización MO 2022"]
["Nuevo - Emergencia Sanitaria","GESTION SOCIAL",8764,"ALQUILER DE DISPENSADOR PLÁSTICO DE TOALLAS TIPO Z_(Según Apéndice Bioseguridad Covid 19)","UN/MES",3143,"Actualización MO 2022"]
["Nuevo - Emergencia Sanitaria","GESTION SOCIAL",8765,"ALQUILER DE MESA PLÁSTICA DE 0.72m x 0.72m x 0.72m_(Según Apéndice Bioseguridad Covid 19)","UN/MES",4872,"Actualización MO 2022"]
["Nuevo - Emergencia Sanitaria","GESTION SOCIAL",8766,"ALQUILER DE TERMÓMETRO INFRARROJO PARA USO EN HUMANOS, LIBRE DE CONTACTO, IMPERMEABLE_(Según Apéndice Bioseguridad Covid 19)","UN/MES",8250,"Actualización MO 2022"]
["Nuevo - Emergencia Sanitaria","GESTION SOCIAL",8768,"ALQUILER LAVAMANOS PORTÁTIL EN ACERO INOXIDABLE CON DOS TANQUES PARA AGUA LIMPIA Y RESIDUAL DE 20 LT C/U_ (Según Apéndice Bioseguridad Covid 19)","UN/MES",84788,"Actualización MO 2022"]
["Nuevo - Emergencia Sanitaria","GESTION SOCIAL",8771,"ALQUILER CAMILLA EN FIBRA CON ARNÉS - INMOVILIZADOR Y SEÑAL. _(Según Apéndice Bioseguridad Covid 19)","UN/MES",12715,"Actualización MO 2022"]
["Nuevo - Emergencia Sanitaria","GESTION SOCIAL",8772,"ALQUILER DE DISPENSADOR DE JABÓN, METÁLICO DE 1LT. _(Según Apéndice Bioseguridad Covid 19)","UN/MES",6350,"Actualización MO 2022"]
["Nuevo - Emergencia Sanitaria","GESTION SOCIAL",8773,"PAQUETE DE ELEMENTOS PARA LIMPIEZA Y DESINFECCIÓN PARA 10 TRABAJADORES DE OBRA - HERRAMIENTAS-MAQUINARIA Y EQUIPO MENOR (INCLUYE ALCOHOL ANTISÉPTICO-70%, TOALLAS DE PAPEL PARA MANOS, JABÓN LIQUIDO PARA MANOS, GEL ANTIBACTERIAL, ALQUILER DE DISPENSADOR DE TOALLAS, ALQUILER DISPENSADOR METÁLICO DE JABÓN, ALQUILER LAVAMANOS PORTÁTIL ACERO INOX. INCLUYE AGUA)","UN/MES",537089,"Actualización MO 2022"]
["Nuevo - Emergencia Sanitaria","GESTION SOCIAL",8774,"PAQUETE DE ELEMENTOS PARA LIMPIEZA Y DESINFECCIÓN PARA 10 TRABAJADORES DE CONSULTORÍA / INTERVENTORÍA (INCLUYE ALCOHOL ANTISÉPTICO-70%, TOALLAS DE PAPEL PARA MANOS, JABÓN LIQUIDO PARA MANOS, GEL ANTIBACTERIAL, ALQUILER DE DISPENSADOR DE TOALLAS, ALQUILER DISPENSADOR METÁLICO DE JABÓN)","UN/MES",374301,"Actualización MO 2022"]
["Nuevo - Emergencia Sanitaria","GESTION SOCIAL",8775,"ALQUILER DE FUMIGADORA DE ESPALDA. ASPERSOR BOMBA MANUAL 20 LITROS. DESINFECCIÓN_ (Según Apéndice Bioseguridad Covid 19) INCLUYE MEZCLA AGUA-HIPOCLORITO 20 mml/LITRO","UN/MES",44360,"Actualización MO 2022"]
["Nuevo - DTP","ANDENES Y SARDINELES",8776,"CENEFA LINEAL EN LOSETA LISA BICAPA TIPO A51 (40 X 20 X 6) cm PARA FRANJA DE SEGURIDAD (Suministro, colocación y compactación con equipo manual. Incluye base en arena de nivelación e=4 cm y arena de sello)","ML",21702,"Actualización MO 2022"]
["Nuevo - DTP","ANDENES Y SARDINELES",8777,"LOSETA LISA BICAPA TPO A40 (60 X 20 X 6) cm TEXTURA DE ANDÉN COLOR GRIS CLARO (Suministro, colocación y compactación con equipo manual. Incluye base en arena de nivelación e=4 cm y arena de sello)","M2",155730,"Actualización MO 2022"]
["Nuevo - DTP","ANDENES Y SARDINELES",8778,"LOSETA LISA BICAPA TPO A40 (60 X 20 X 6) cm TEXTURA DE ANDÉN COLOR GRIS MEDIO (Suministro, colocación y compactación con equipo manual. Incluye base en arena de nivelación e=4 cm y arena de sello)","M2",179176,"Actualización MO 2022"]
["Nuevo - DTP","MOBILIARIO URBANO - ARBOLES Y GRAMAS",8779,"ANGEO PLÁSTICO (Suministro e instalación)","M2",13711,"Actualización MO 2022"]
["Nuevo - DTP","MOBILIARIO URBANO - ARBOLES Y GRAMAS",8780,"ENROCADO EN PIEDRA PARTIDA CON DIÁMETROS DE 25 A 75 MM (Suministro y colocación)","M3",60734,"Actualización MO 2022"]
["Nuevo - DTP","REDES ACUEDUCTO",8781,"TEE PE100 PN16 TERMOFUSIÓN 12\"X6\" (Incluye suministro e instalación)","UN",2045942,"Actualización MO 2022"]
["Nuevo - DTP","REDES ACUEDUCTO",8782,"TRAGANTE CÚPULA CONCÉNTRICA DE 8\"x 6\" EN ALUMINIO (Incluye suministro e instalación)","UN",85307,"Actualización MO 2022"]
["Nuevo - DTP","ANDENES Y SARDINELES",8783,"LOSETA LISA BICAPA TPO A40 (60 X 20 X 6) cm TEXTURA DE ANDÉN COLOR GRIS OSCURO (Suministro, colocación y compactación con equipo manual. Incluye base en arena de nivelación e=4 cm y arena de sello)","M2",185974,"Actualización MO 2022"]
["Nuevo - DTP","REDES ACUEDUCTO",8785,"EMPATE ORTOGONAL PVC - PVC 3\"X3\" SEGÚN NORMA NS-023, INCLUYE SUMINISTRO E INSTALACIÓN DE TUBERÍA PVC D=3\" U.M RDE 21=1 ML, TEE HD EL 3\"X3\"=1 UN, UZ U.M PVC D=3\"=2 UN, UR U.M PVC D=3\"=1 UN (Suministro e instalación)","UN",393766,"Actualización MO 2022"]
["Nuevo - DTP","REDES ACUEDUCTO",8786,"EMPATE DE TUBERÍA EN PVC A HG 8\" LINEAL TIPO B SEGÚN NORMA NS-023, INCLUYE TUBERÍA PVC D=8\" U.M RDE 21=1 ML, UR HD D=8\"=1 UN, UZ PVC D=8\"=1 UN (Suministro e instalación)","UN",838049,"Actualización MO 2022"]
["Nuevo - DTP","REDES ACUEDUCTO",8787,"EMPATE ORTOGONAL PVC - HG 8\"X8\" SEGÚN NORMA NS-023, INCLUYE SUMINISTRO E INSTALACIÓN DE TUBERÍA PVC D=8\" U.M RDE 21=1 ML, TEE HD 8\"X8\" PARA PVC=1 UN, UR U.M PVC D=8\"=1 UN, UZ U.M PVC D=8\"=1 UN, UD HD D=8\"=2 UN (Suministro e instalación)","UN",2199397,"Actualización MO 2022"]
["Nuevo - DTP","REDES ACUEDUCTO",8788,"EMPATE ORTOGONAL PVC - AC 8\"X8\" SEGÚN NORMA NS-023, INCLUYE SUMINISTRO E INSTALACIÓN DE TUBERÍA PVC D=8\" U.M RDE 21=1 ML, TEE HD 8\"X8\" PARA PVC=1 UN, UR U.M PVC D=8\"=1 UN, UZ U.M PVC D=8\"=1 UN, UD HD D=8\"=2 UN (Suministro e instalación)","UN",2199397,"Actualización MO 2022"]
["Nuevo - DTP","MOBILIARIO URBANO - ARBOLES Y GRAMAS",8789,"ABONO ORGÁNICO COMPOST (Incluye suministro, transporte y extendido manual)","M3",1446320,"Actualización MO 2022"]
["Nuevo - DTP","ANÁLISIS AUXILIARES",8790,"PIEDRA PÓMEZ (Incluye suministro, transporte y extendido manual)","M3",1846320,"Actualización MO 2022"]
["Nuevo - DTP","ANÁLISIS AUXILIARES",8791,"REJA TIPO PASARELA FUNDICIÓN CLASE DE CARGA C250, Ancho=323 mm (Incluye suministro e instalación)","ML",625268,"Actualización MO 2022"]
["Nuevo - DTP","REDES ALCANTARILLADO / DRENAJE",8792,"TUBERÍA PVC SANITARIA D=10\" TIPO U.S. (Incluye suministro e instalación)","ML",164374,"Actualización MO 2022"]
["Nuevo - DTP","REDES ALCANTARILLADO / DRENAJE",8793,"TEE PVC SANITARIA D=6\" (Incluye suministro e instalación)","UN",184165,"Actualización MO 2022"]
["Nuevo - DTP","REDES ALCANTARILLADO / DRENAJE",8794,"CODO 22.5° CXC PVC SANITARIA D=6\" (Incluye suministro e instalación).","UN",158694,"Actualización MO 2022"]
["Nuevo - DTP","REDES ACUEDUCTO",8799,"VÁLVULA CHEQUE O ANTIRETORNO DE 2\" CLASE 300 (Incluye suministro e instalación).","UN",367962,"Actualización MO 2022"]
["Nuevo - DTP","CONCRETO Y ACERO PARA ESTRUCTURAS",8827,"RECUBRIMIENTO EPÓXICO DE DOS COMPONENTES, CON ALTA RESISTENCIA AL ATAQUE QUÍMICO Y MECÁNICO EN LOS MUROS INTERNOS DE LOS CÁRCAMOS (DOS CAPAS DE 0.15mm C/U). Suministro e instalación.","M2",76702,"Actualización MO 2022"]
["Valor de referencia","ACTIVIDADES DE CONSERVACION",8830,"MANTENIMIENTO RUTINARIO TRONCALES MALLA VIAL URBANA EN CONCRETO ASFÁLTICO","M2",26388,"Actualización MO 2022"]
["Valor de referencia","ACTIVIDADES DE CONSERVACION",8831,"MANTENIMIENTO RUTINARIO MALLA VIAL ARTERIAL URBANA EN CONCRETO ASFÁLTICO","M2",23648,"Actualización MO 2022"]
["Valor de referencia","ACTIVIDADES DE CONSERVACION",8832,"MANTENIMIENTO RUTINARIO MALLA VIAL INTERMEDIA URBANA EN CONCRETO ASFÁLTICO","M2",7936,"Actualización MO 2022"]
["Valor de referencia","ACTIVIDADES DE CONSERVACION",8833,"MANTENIMIENTO RUTINARIO MALLA VIAL LOCAL URBANA EN CONCRETO ASFÁLTICO","M2",9963,"Actualización MO 2022"]
["Valor de referencia","ACTIVIDADES DE CONSERVACION",8834,"MANTENIMIENTO RUTINARIO MALLA VIAL RURAL NO PRINCIPAL EN CONCRETO ASFÁLTICO","M2",6707,"Actualización MO 2022"]
["Valor de referencia","ACTIVIDADES DE CONSERVACION",8835,"MANTENIMIENTO RUTINARIO MALLA VIAL RURAL PRINCIPAL EN CONCRETO ASFÁLTICO","M2",7970,"Actualización MO 2022"]
["Nuevo - DTP","ANÁLISIS AUXILIARES",8893,"TRASLADO ESTACIÓN REGULADORA DE PRESIÓN CON RAMAL PRINCIPAL Y VRP DE 6\" Y BY PASS DE 3\" (Instalación). PROYECTO. Diseño de la Carrera 4 este entre las diagonales 50 Sur y la Calle 46A Bis Sur - La Victoria","UN",1794287,"Actualización MO 2022"]
["Nuevo - DTP","ANDENES Y SARDINELES",8904,"SARDINEL DRENANTE H=255mm (Suministro e Instalación. Incluye 3cm Mortero 1:5)","ML",434236,"Actualización MO 2022"]
["Nuevo - DTP","ANDENES Y SARDINELES",8920,"SARDINEL DE DRENAJE H=33cm Long=0,5m - INSPECCIÓN (Incluye 3cm Mortero 1:5. Suministro e Instalación.)","UN",1607059,"Actualización MO 2022"]
["Nuevo - DTP","ANDENES Y SARDINELES",8926,"SARDINEL DRENANTE h=255mm, Long=0,5m-INSPECCIÓN (Incluye 3cm Mortero 1:5. Suministro e Instalación)","UN",485792,"Actualización MO 2022"]
["Nuevo - DTP","ANDENES Y SARDINELES",8946,"TAPA INICIO / FINAL PARA SARDINEL DRENANTE h=255mm  (Suministro e Instalación)","UN",408762,"Actualización MO 2022"]
["Nuevo - DTP","ANDENES Y SARDINELES",8951,"TAPA INICIO / FINAL PARA SARDINEL DE DRENAJE RD 200 H33 (Suministro e Instalación) ","UN",429586,"Actualización MO 2022"]
["Nuevo - DTP","CONCRETO Y ACERO PARA ESTRUCTURAS",8953,"BARANDA METALICA M-82 PREFABRICADA MOV. REDUCIDA BORDE DE VIA (Incluye dados de concreto 3000psi grava común de 0.20 x 0.20m y recubrimiento en epóxico y esmalte uretano). Suministro e Instalación","ML",281106,"Actualización MO 2022"]
["Nuevo - DTP","CONCRETO Y ACERO PARA ESTRUCTURAS",8955,"BARANDA METALICA M-82 PREFABRICADA MOV. REDUCIDA ACCESO A PREDIOS (Incluye recubrimiento en epóxico y esmalte uretano). Suministro e Instalación","ML",254617,"Actualización MO 2022"]
["Nuevo - DTP","ANDENES Y SARDINELES",8958,"BLOQUE DE CEMENTO MACIZO PEATONAL COLORES 20X20X6cm (Suministro e Instalación. Arena de sello, corte de adoquin y emboquillado)","M2",63012,"Actualización MO 2022"]
["Nuevo - DTP","GESTION SOCIAL",8960,"ALQUILER DE LAVAMANOS PORTATIL DE PEDAL TIPO MANOS LIBRES","UN/MES",70868,"Actualización MO 2022"]
["Nuevo - DTP","GESTION SOCIAL",8961,"ALQUILER DE TERMOMETRO DIGITAL, INFRAROJO PARA USO EN HUMANOS, LIBRE DE CONTACTO, IMPERMEABLE. (INCLUYE CALIBRACION)","UN/MES",37536,"Actualización MO 2022"]
["Nuevo - DTP","GESTION SOCIAL",8962,"ALQUILER DE DISPENSADOR DE JABÓN LÍQUIDO O GEL ANTIBACTERIAL - ALCOHOL, CON PEDAL METÁLICO","UN/MES",6995,"Actualización MO 2022"]
["Nuevo - DTP","GESTION SOCIAL",8963,"ALQUILER DE DISPENSADOR PLÁSTICO DE TOALLAS DE PAPEL","UN/MES",3143,"Actualización MO 2022"]
["Nuevo - DTP","GESTION SOCIAL",8964,"PAQUETE DE ELEMENTOS PARA LIMPIEZA Y DESINFECCIÓN PARA 10 TRABAJADORES EN OBRA (INCLUYE ALCOHOL, TOALLAS DE PAPEL, JABON LIQUIDO, GEL ANTIBACTERIAL, SUMINISTRO AGUA PARA EL LAVAMANOS)","UN/MES",417536,"Actualización MO 2022"]
["Nuevo - DTP","GESTION SOCIAL",8965,"RECOLECCION, TRANSPORTE Y DISPOSICION DE RESIDUOS LÍQUIDOS PROVENIENTES DE LAVAMANOS PORTATILES. (INCLUYE EQUIPO DE SUCCIÓN)","M3",297500,"Actualización MO 2022"]
["Nuevo - DTP","GESTION SOCIAL",8966,"ALQUILER DE BOTIQUIN TIPO B DOTADO PORTATIL","UN/MES",28125,"Actualización MO 2022"]
["Nuevo - DTP","MOBILIARIO URBANO - ARBOLES Y GRAMAS",8967,"Centro fundacional Usaquen - BOLARDO KINDEN EN CONCRETO. (Incluye suministro e instalación y transporte. No incluye descargue). (Incluye base en concreto de 3000 PSI premezclado).","UN",467174,"Actualización MO 2022"]
["Nuevo - DTP","MOBILIARIO URBANO - ARBOLES Y GRAMAS",8968,"Centro fundacional Usaquen - BANCA VIRO EN CONCRETO DE 3 m DE LONGITUD Y 1730 Kg DE PESO. (Incluye suministro e instalación).","UN",11353107,"Actualización MO 2022"]
["Nuevo - DTP","REDES ALCANTARILLADO / DRENAJE",8969,"Centro fundacional Usaquen - TUBERÍA HDPE 32\" (SUMINISTRO E INSTALACIÓN)","ML",832011,"Actualización MO 2022"]
["Nuevo - DTP","REDES ACUEDUCTO",8970,"CAJILLA PLASTICA Y TAPA EN POLIPROPILENO PARA MEDIDOR. SUMINISTRO E INSTALACION","UN",246174,"Actualización MO 2022"]
["Nuevo - DTP","ANÁLISIS AUXILIARES",8971,"Detección y Georreferenciación con equipos GPR (Radares de penetración terrestre) y de detección EM de tuberías enterradas bajo superficie - Incluye Equipos GNSS, Transporte, Mano de obra, informe, radargrama, planos y demás costos asociados a la actividad.","M2",5730,"Actualización MO 2022"]
["Nuevo - DTP","ANÁLISIS AUXILIARES",8972,"AFOROS DE TRANSITO (MOTORIZADOS Y NO MOTORIZADOS) A PARTIR DE CAPTURA DE VIDEO. Incluye digitación y entrega de base de datos en archivo Excel. Captura día hábil y no hábil, con sus respectivos movimientos. Incluye todos los costos directos e indirectos.","HR",210374,"Actualización MO 2022"]
["Nuevo Demanda Proyecto Av. Boyacá","PROYECTO ESPECÍFICO",8973,"Proyecto Av.Boyacá desde la AC 170 hasta la AC 183: PISOS EN LOSETA PREFABRICADA A51 (20x40x6cm) COLOR OCRE. (Suministro e instalación. Incluye Base 4cm de Mortero 2000 PSI y Arena de Sello)","M2",61485,"Actualización MO 2022"]
["Nuevo Demanda Proyecto Av. Boyacá","PROYECTO ESPECÍFICO",8974,"Proyecto Av.Boyacá desde la AC 170 hasta la AC 183: PISOS EN LOSETA PREFABRICADA A51 (20x40x6cm) COLOR ARENA. (Suministro e instalación. Incluye Base 4cm de Mortero 2000 PSI y Arena de Sello)","M2",61485,"Actualización MO 2022"]
["Nuevo Demanda Proyecto Av. Boyacá","PROYECTO ESPECÍFICO",8975,"Proyecto Av.Boyacá desde la AC 170 hasta la AC 183: PISOS EN LOSETA PREFABRICADA A51 (20x40x6cm) COLOR GRIS. (Suministro e instalación. Incluye Base 4cm de Mortero 2000 PSI y Arena de Sello)","M2",59224,"Actualización MO 2022"]
["Nuevo Demanda Proyecto Av. Boyacá","PROYECTO ESPECÍFICO",8976,"Proyecto Av.Boyacá desde la AC 170 hasta la AC 183: PISO EN LOSETA PREFABRICADA A55 TACTIL ALERTA (40x40x6cm) COLOR AMARILLO. (Suministro e instalación. Incluye Base 4cm de Mortero 2000 PSI y Arena de Sello) ","M2",75678,"Actualización MO 2022"]
["Nuevo Demanda Proyecto Av. Boyacá","PROYECTO ESPECÍFICO",8977,"Proyecto Av.Boyacá desde la AC 170 hasta la AC 183: GEOBLOQUE DE POLIESTIRENO EXPANDIDO EPS DENSIDAD 29 a 30 Kg/m3 (Suministro e Instalación)","M3",554870,"Actualización MO 2022"]
["Nuevo Demanda Proyecto Av. Boyacá","PROYECTO ESPECÍFICO",8978,"Proyecto Av.Boyacá desde la AC 170 hasta la AC 183: PILOTE D=30CM EN CONCRETO TREMIE DE 4000 PSI. (INCL. EXCAVACIÓN, CARGUE Y RETIRO DE SOBRANTES, MOVILIZACIÓN, MONTAJE Y DESMONTAJE EQUIPO, Y CONCRETO. INCLUYE MOVILIZACIÓN HACIA Y DESDE LA OBRA Y ENTRE PERFORACIONES, MONTAJE Y DESMONTAJE, REGISTRO DE MUESTRAS CORRESPONDIENTES AL PERFIL ESTRATIGRÁFICO. TAMBIÉN INCLUYE EL CARGUE, RETIRO Y DISPOSICIÓN FINAL DE ESCOMBROS, SUMINISTRO Y COLOCACIÓN DEL CONCRETO).\t\t\t\t\t\t\t","ML",322232,"Actualización MO 2022"]
["Nuevo Demanda Proyecto Av. Boyacá","PROYECTO ESPECÍFICO",8979,"Proyecto Av.Boyacá desde la AC 170 hasta la AC 183: VARILLA COOPER WELD 5/8\" x 2.44m CON SOLDADURA EXOTERMICA. (Incluye Suministro e Instalación)","UN",462332,"Actualización MO 2022"]
["Nuevo Demanda Proyecto Av. Boyacá","PROYECTO ESPECÍFICO",8980,"Proyecto Av.Boyacá desde la AC 170 hasta la AC 183: ACOMETIDA DOMICILIARIA DE 1/2\" CON COLLAR DE DERIVACION DE 8\" x 1\".  INCLUYE TUBERIA PF, REGISTROS Y ACCESORIOS, LONGITUD PROMEDIO 6.5m. INCLUYE CAJILLA EN POLIPROPILENO PARA MEDIDOR. (Suministro e Instalación)","UN",371604,"Actualización MO 2022"]
["Nuevo Demanda Proyecto Av. Boyacá","PROYECTO ESPECÍFICO",8981,"Proyecto Av.Boyacá desde la AC 170 hasta la AC 183: ACOMETIDA DOMICILIARIA DE 1\" CON COLLAR DE DERIVACION DE 8\" X 1\". INCLUYE TUBERIA PF, REGISTROS Y ACCESORIOS, LONGITUD PROMEDIO DE 6.5m, INCLUYE CAJILLA EN POLIPROPILENO PARA MEDIDOR. (Suministro e Instalación)","UN",374411,"Actualización MO 2022"]
["Nuevo Demanda Proyecto Av. Boyacá","PROYECTO ESPECÍFICO",8982,"Proyecto Av.Boyacá desde la AC 170 hasta la AC 183: CAMARA PREFABRICADA PZ8 RECTA DIAMETRO INTERNO 1.10m, ESPESOR DE PARED: 0.126, INCLUYE AROTAPA Y TAPA. (Suministro e Instalación)","UN",9798315,"Actualización MO 2022"]
["Nuevo Demanda Proyecto Av. Boyacá","PROYECTO ESPECÍFICO",8983,"Proyecto Av.Boyacá desde la AC 170 hasta la AC 183: CAMARA PREFABRICADA PZ10 RECTA DIAMETRO INTERNO 1.20m, ESPESOR DE PARED: 0.136, INCLUYE AROTAPA Y TAPA. (Suministro e Instalación)","UN",10297211,"Actualización MO 2022"]
["Nuevo Demanda Proyecto Av. Boyacá","PROYECTO ESPECÍFICO",8984,"Proyecto Av.Boyacá desde la AC 170 hasta la AC 183: DENSIFICACIÓN DE TERRENO CON PILOTES EN MADERA INMUNIZADA POSTE EN MADERA ESTRUCTURAL INMUNIZADA (EUCALIPTO) DIAMETRO 17 A 20cm. (Suministro e Instalación. Incluye transporte y disposición final de escombros a una distancia de 21km))","ML",98385,"Actualización MO 2022"]
["Nuevo Demanda Proyecto NQS x Bosa","PROYECTO ESPECÍFICO",8985,"Proyecto Intersección a Desnivel Autopista Sur (NQS) con Av. Bosa: 4 DUCTOS D=4\" PVC-TDP MAS 5 TRITUBOS (Incluye Suministro e Instalación. No Incluye Rellenos) ","ML",182230,"Actualización MO 2022"]
["Nuevo Demanda Proyecto NQS x Bosa","PROYECTO ESPECÍFICO",8986,"Proyecto Intersección a Desnivel Autopista Sur (NQS) con Av. Bosa: 3 DUCTOS D=4\" PVC-TDP MAS 1 TRITUBO (Incluye Suministro e Instalación. No Incluye Rellenos) ","ML",96892,"Actualización MO 2022"]
["Nuevo Demanda Proyecto NQS x Bosa","PROYECTO ESPECÍFICO",8987,"Proyecto Intersección a Desnivel Autopista Sur (NQS) con Av. Bosa: 5 DUCTOS D=4\" PVC-TDP MAS 2 TRITUBOS (Incluye Suministro e Instalación. No Incluye Rellenos)  ","ML",160726,"Actualización MO 2022"]
["Nuevo Demanda Proyecto NQS x Bosa","PROYECTO ESPECÍFICO",8988,"Proyecto Intersección a Desnivel Autopista Sur (NQS) con Av. Bosa: BARRERA VEHICULAR METÁLICA PMH-16R con nivel de contención H3, clase de severidad B, ancho de trabajo W4 y deflexión dinámica de 0.7 m norma europea EN 1317-2, Perfiles en C, postes verticales de 1.5 m, separación de 2.5 m entre postes (Suministro, fabricación, transporte y montaje de estructura metálica).","ML",1612019,"Actualización MO 2022"]
["Nuevo Demanda Proyecto NQS x Bosa","PROYECTO ESPECÍFICO",8989,"Proyecto Intersección a Desnivel Autopista Sur (NQS) con Av. Bosa: 1 DUCTO D=4\" MAS  1 DUCTO DE 3\" PVC-TDP  (Incluye Suministro e Instalación. No Incluye Rellenos) ","ML",51924,"Actualización MO 2022"]
["Nuevo Demanda Proyecto NQS x Bosa","PROYECTO ESPECÍFICO",8990,"Proyecto Intersección a Desnivel Autopista Sur (NQS) con Av. Bosa: AISLADOR SÍSMICO CON NÚCLEO DE PLOMO. DIÁMETRO 1.20 m, DESPLAZAMIENTO MÁXIMO 150 mm Y CARGA AXIAL MÁXIMA 10000 kN (Incluye suministro e instalación).","UN",97818552,"Actualización MO 2022"]
["Nuevo Demanda Proyecto NQS x Bosa","PROYECTO ESPECÍFICO",8991,"Proyecto Intersección a Desnivel Autopista Sur (NQS) con Av. Bosa: ROBLE AUSTRALIANO H=1.5 (Incluye siembra, tierra, abono, transporte y tutor)","UN",119657,"Actualización MO 2022"]
["Nuevo Demanda Proyecto NQS x Bosa","PROYECTO ESPECÍFICO",8992,"Proyecto Intersección a Desnivel Autopista Sur (NQS) con Av. Bosa: CANALIZACIÓN 8 DUCTOS D=4\" PVC - TDP + 1 TRITUBO PE 100 FOPT DE 40mm (1 1/4\") RDE 13.5 (Incluye suministro e instalación. No incluye rellenos) xxx","ML",172704,"Actualización MO 2022"]
["Nuevo Demanda Proyecto NQS x Bosa","PROYECTO ESPECÍFICO",8993,"Proyecto Intersección a Desnivel Autopista Sur (NQS) con Av. Bosa: CAUCHO TEQUENDAMA H=1.5 (Incluye siembra, tierra, abono, transporte y tutor)","UN",94123,"Actualización MO 2022"]
["Nuevo Demanda Proyecto NQS x Bosa","PROYECTO ESPECÍFICO",8994,"Proyecto Intersección a Desnivel Autopista Sur (NQS) con Av. Bosa: CAJA DE PASO de 1.60m x 1.60m TEL NIN-112 UNE EPM","UN",2866707,"Actualización MO 2022"]
["Nuevo Demanda Proyecto NQS x Bosa","PROYECTO ESPECÍFICO",8995,"Proyecto Intersección a Desnivel Autopista Sur (NQS) con Av. Bosa: TUBO DE ACERO DE Φ 16\" CON EXTREMOS BRIDADOS CON EMPAQUE DE CAUCHO, CON REVESTIMIENTO INTERIOR Y RECUBRIMIENTO EXTERIOR EN MORTERO DE CEMENTO. FABRICADO DE CONFORMIDAD CON LA NORMA AWWA C200 A PARTIR DE LÁMINA ASTMA 36. L=6,00 M. PRESIÓN DE TRABAJO= 150 PSI (Incluye suministro e instalación).","ML",742332,"Actualización MO 2022"]
["Nuevo Demanda Proyecto NQS x Bosa","PROYECTO ESPECÍFICO",8996,"Proyecto Intersección a Desnivel Autopista Sur (NQS) con Av. Bosa: CINTURÓN DE CIERRE EN ACERO Φ16\" REVESTIDO CON PINTURA ANTICORROSIVA. L=0,30M. FABRICADO APARTIR DE LÁMINA ASTM A 36 DE ESPESOR 6MM. PRESIÓN DE TRABAJO = 150 PSI (Incluye suministro e instalación).","UN",358726,"Actualización MO 2022"]
["Nuevo Demanda Proyecto NQS x Bosa","PROYECTO ESPECÍFICO",8997,"Proyecto Intersección a Desnivel Autopista Sur (NQS) con Av. Bosa: NIPLE EN ACERO Φ12\" CON BRIDA. REVESTIMIENTOS INTERIOR Y EXTERIOR EN MORTERO DE CEMENTO. L=2.00M. BRIDA ANSI ASME B16.5 CLASE150. INCLUYE UN ANILLO PASAMURO FABRICADO A PARTIR DE LÁMINA ASTM A36. PRESIÓN DE TRABAJO = 150 PSI (Incluye suministro e instalación).","UN",3766346,"Actualización MO 2022"]
["Nuevo Demanda Proyecto NQS x Bosa","PROYECTO ESPECÍFICO",8998,"Proyecto Intersección a Desnivel Autopista Sur (NQS) con Av. Bosa: CINTURÓN DE CIERRE EN ACERO Φ 24\" REVESTIDO CON PINTURA ANTICORROSIVA. L=0,30M. FABRICADO APARTIR DE LÁMINA ASTM A 36 DE ESPESOR 6MM. PRESIÓN DE TRABAJO = 150 PSI (Incluye suministro e instalación).","UN",584329,"Actualización MO 2022"]
["Nuevo Demanda Proyecto NQS x Bosa","PROYECTO ESPECÍFICO",8999,"Proyecto Intersección a Desnivel Autopista Sur (NQS) con Av. Bosa: CINTURÓN DE CIERRE EN ACERO Φ36\" REVESTIDO CON PINTURA ANTICORROSIVA. L=0,30M. FABRICADO APARTIR DE LÁMINA ASTM A 36 DE ESPESOR 6MM. PRESIÓN DE TRABAJO = 150 PSI (Incluye suministro e instalación).","UN",857120,"Actualización MO 2022"]
["Nuevo Demanda Proyecto NQS x Bosa","PROYECTO ESPECÍFICO",9000,"Proyecto Intersección a Desnivel Autopista Sur (NQS) con Av. Bosa: TEE EN ACERO Φ24\"XΦ16\" CON EXTREMOS LISOS PARA CINTURÓN DE CIERRE EN LA RAMA PRINCIPAL Y BRIDA EN LA DERIVACIÓN, CON REVESTIMIENTO INTERIOR Y RECUBRIMIENTO EXTERIOR EN MORTERO DE CEMENTO. L=3,80X1,0M. BRIDA ANSI ASME B16,5 CLASE150. INCLUYE DOS ANILLOS PASAMURO Φ24\"F ABRICADOS APARTIR DE LÁMINA ASTM A36. PRESIÓN DE TRABAJO = 150 PSI (Incluye suministro e instalación).","UN",11841985,"Actualización MO 2022"]
["Nuevo Demanda Proyecto NQS x Bosa","PROYECTO ESPECÍFICO",9001,"Proyecto Intersección a Desnivel Autopista Sur (NQS) con Av. Bosa: BASE GRANULAR CLASE A (BG-A) ESTABILIZADA CON CEMENTO ASFALTICO CONVENCIONAL TIPO MGEA_A (Incluye suministro, transporte, colocación y compactación).","M3",473415,"Actualización MO 2022"]
["Nuevo Demanda Proyecto NQS x Bosa","PROYECTO ESPECÍFICO",9002,"Proyecto Intersección a Desnivel Autopista Sur (NQS) con Av. Bosa: PICTOGRAMA VELOCIDAD MENOS DE 60 KM/H. (Incluye suministro e instalación).","UN",314489,"Actualización MO 2022"]
["Nuevo Demanda Proyecto NQS x Bosa","PROYECTO ESPECÍFICO",9003,"Proyecto Intersección a Desnivel Autopista Sur (NQS) con Av. Bosa: TEE EN ACERO Φ 36\" X Φ16\" CON EXTREMOS LISOS PARA CINTURÓN DE CIERRE EN LA RAMA PRINCIPAL Y BRIDA EN LA DERIVACIÓN, CON REVESTIMIENTO INTERIOR Y RECUBRIMIENTO EXTERIOR EN MORTERO DE CEMENTO. L=3,80X1,0M. BRIDA ANSI ASME B16,5 CLASE150. INCLUYE DOS ANILLOS PASA MURO Φ36\" FABRICADOS APARTIR DE LÁMINA ASTM A36. PRESIÓN DE TRABAJO = 150 PSI (Incluye suministro e instalación).","UN",18164564,"Actualización MO 2022"]
["Nuevo Demanda Proyecto NQS x Bosa","PROYECTO ESPECÍFICO",9004,"Proyecto Intersección a Desnivel Autopista Sur (NQS) con Av. Bosa: Pilote FDP (Full displacement pile) Concreto Tremie 3000 PSI de 40 cm de diámetro.","ML",129034,"Actualización MO 2022"]
["Nuevo Demanda Proyecto NQS x Bosa","PROYECTO ESPECÍFICO",9005,"Proyecto Intersección a Desnivel Autopista Sur (NQS) con Av. Bosa: SALIDA NORMAL EN ACERO Φ2\" CON EXTREMO BRIDADO. REVESTIMIENTOS INTERIOR Y EXTERIOR EN PINTURA EPÓXICA. L=0.15M. INSTALADA EN FÁBRICA SOBRE TUBO O ACCESORIO Φ12\". NO INCLUYE EL VALOR DEL TUBO SOBRE EL CUAL VA INSTALADA. BRIDAANSI ASME B16.5 CLASE150. PRESIÓN DE TRABAJO = 150 PSI (Incluye suministro e instalación).","UN",549808,"Actualización MO 2022"]
["Nuevo Demanda Proyecto NQS x Bosa","PROYECTO ESPECÍFICO",9006,"Proyecto Intersección a Desnivel Autopista Sur (NQS) con Av. Bosa: COMPENSADOR DE DILATACIÓN DE GOMA DN-400 CON CUERPO EN EPDM Y REFUERZO DE NYLON; CON BRIDAS GIRATORIAS ZINCADAS EN ACERO CARBONO TALADRADAS SEGÚN ASA 150 LBS. L= 130 MM (Incluye suministro e instalación).","UN",6686906,"Actualización MO 2022"]
["Nuevo Demanda Proyecto NQS x Bosa","PROYECTO ESPECÍFICO",9007,"Proyecto Intersección a Desnivel Autopista Sur (NQS) con Av. Bosa: TUBERÍA HD, ACUEDUCTO, PN 16, D=300 mm 12\" (Suministro e instalación)","ML",99301,"Actualización MO 2022"]
["Nuevo Demanda Proyecto NQS x Bosa","PROYECTO ESPECÍFICO",9008,"Proyecto Intersección a Desnivel Autopista Sur (NQS) con Av. Bosa: CAJA PARA LAS DERIVACIONES DE 24\" A 12\" DE LA RED MATRIZ DE ACUEDUCTO. ","UN",68951585,"Actualización MO 2022"]
["Nuevo Demanda Proyecto NQS x Bosa","PROYECTO ESPECÍFICO",9009,"Proyecto Intersección a Desnivel Autopista Sur (NQS) con Av. Bosa: Demolición de muro existente con cemento expansivo","M3",134351,"Actualización MO 2022"]
["Nuevo Demanda Proyecto NQS x Bosa","PROYECTO ESPECÍFICO",9010,"Proyecto Intersección a Desnivel Autopista Sur (NQS) con Av. Bosa: TUBERÍA HD, ACUERDUCTO, PN 16, D=150mm-6\" (Suministro e instalación)","ML",43337,"Actualización MO 2022"]
["Nuevo Demanda Proyecto NQS x Bosa","PROYECTO ESPECÍFICO",9011,"Proyecto Intersección a Desnivel Autopista Sur (NQS) con Av. Bosa: POSTENSIONAMIENTO PARA SUPERESTRUCTURA FU=1860 MPA ASTM A -416 GR 270 BAJA RELAJACIÓN. (Incluye torones, anclaje, ductos con uniones, servicio de tensionamiento con gato multitorón e inyección con equipos y operarios.","TON-M",935,"Actualización MO 2022"]
["Nuevo Demanda Proyecto NQS x Bosa","PROYECTO ESPECÍFICO",9012,"Proyecto Intersección a Desnivel Autopista Sur (NQS) con Av. Bosa: 4 DUCTOS D=4\" PVC-TDP MAS 2 TRITUBOS (Incluye Suministro e Instalación. No Incluye Rellenos) ","ML",138194,"Actualización MO 2022"]
["Nuevo Demanda Proyecto NQS x Bosa","PROYECTO ESPECÍFICO",9014,"Proyecto Intersección a Desnivel Autopista Sur (NQS) con Av. Bosa: BARANDA PEATONAL EN ACERO ASTM-A500C Y ASTM A-36. (Suministro, fabricación, transporte y montaje de estructura metálica con el siguiente esquema de protección y pintura: Sistema de protección básica: (Guía 6.7.1) Galvanizado en caliente (de acuerdo con guía y cartilla). Barrera: Barrera epóxica con poliamida de 1.5 a 2.0 mils de película seca. Acabado: Recubrimiento Uretano brillante tipo Alifático Ral 7045 (GRIS) de 1.5 a 2.0 mils.","KG",15693,"Actualización MO 2022"]
["Nuevo Demanda Proyecto NQS x Bosa","PROYECTO ESPECÍFICO",9015,"Proyecto Intersección a Desnivel Autopista Sur (NQS) con Av. Bosa: CAJA PARA LAS DERIVACIONES DE 36\" A 12\" DE LA RED MATRIZ DE ACUEDUCTO. ","UN",72194022,"Actualización MO 2022"]
["Nuevo Demanda Proyecto NQS x Bosa","PROYECTO ESPECÍFICO",9016,"Proyecto Intersección a Desnivel Autopista Sur (NQS) con Av. Bosa: FONDO DE JUNTA EN ESPUMA DE POLIETILENO DE BAJA DENSIDAD D= 32 mm. Suministro e instalación","ML",8531,"Actualización MO 2022"]
["Nuevo Demanda Proyecto NQS x Bosa","PROYECTO ESPECÍFICO",9017,"Proyecto Intersección a Desnivel Autopista Sur (NQS) con Av. Bosa: ADOQUIN DE ARCILLA COLOR ROJO O SIMILAR (26x6x6cm) (Incluye arena de peña para sello, Base 5cm en mortero de 2000 PSI) Transporte petreos 28 Km. SUMINISTRO E INSTALACIÓN.","M2",65993,"Actualización MO 2022"]
["Nuevo Demanda Proyecto NQS x Bosa","PROYECTO ESPECÍFICO",9018,"Proyecto Intersección a Desnivel Autopista Sur (NQS) con Av. Bosa: TUBERÍA HD, ACUEDUCTO, PN 16, D=100mm - 4\" (Suministro e instalación)","ML",19087,"Actualización MO 2022"]
["Nuevo Demanda Proyecto NQS x Bosa","PROYECTO ESPECÍFICO",9019,"Proyecto Intersección a Desnivel Autopista Sur (NQS) con Av. Bosa: SEÑAL INFORMATIVA SI-28, TABLERO 85.01cm x 26.00cm REFLECTIVO ALTA INTENSIDAD, PEDESTAL EN ÁNGULO DE 2\"x2\"x1/4\" H= 2.60m EN PINTURA ELECTROSTÁTICA. INCLUYE SUMINISTRO E INSTALACIÓN","UN",417896,"Actualización MO 2022"]
["Nuevo Demanda Proyecto NQS x Bosa","PROYECTO ESPECÍFICO",9020,"Proyecto Intersección a Desnivel Autopista Sur (NQS) con Av. Bosa: BASE ESTABILIZADA CON ASFALTO EN CALIENTE MEZCLADA EN PLANTA (Incluye suministro, extendido, nivelación y compactación).","M3",607344,"Actualización MO 2022"]
["Nuevo Demanda Proyecto NQS x Bosa","PROYECTO ESPECÍFICO",9021,"Proyecto Intersección a Desnivel Autopista Sur (NQS) con Av. Bosa: TUBERÍA HD, ACUEDUCTO, PN 16, D=200 mm-8\" (Suministro e instalación)","ML",46719,"Actualización MO 2022"]
["Nuevo Demanda Proyecto NQS x Bosa","PROYECTO ESPECÍFICO",9022,"Proyecto Intersección a Desnivel Autopista Sur (NQS) con Av. Bosa: JUNTA DE DILATACION ELASTOMÉRICA T-160 PARA DESPLAZAMIENTO 160mm+/-80mm  (Incluye Suministro e instalación y material para anclajes).","ML",2773613,"Actualización MO 2022"]
["Nuevo Demanda Proyecto NQS x Bosa","PROYECTO ESPECÍFICO",9023,"Proyecto Intersección a Desnivel Autopista Sur (NQS) con Av. Bosa: CÁMARA EN CONCRETO DE 4000 PSI GRAVA COMÚN PREFABRICADO TIPO II. SUMINISTRO E INSTALACIÓN.","UN",19568588,"Actualización MO 2022"]
["Nuevo Demanda Proyecto NQS x Bosa","PROYECTO ESPECÍFICO",9024,"Proyecto Intersección a Desnivel Autopista Sur (NQS) con Av. Bosa: CONFORMACION DE TERRAPLENES CON MATERIAL DE EXCAVACIÓN. (Incluye equipo y mano de obra)","M3",7849,"Actualización MO 2022"]
["Nuevo Demanda Proyecto NQS x Bosa","PROYECTO ESPECÍFICO",9025,"Proyecto Intersección a Desnivel Autopista Sur (NQS) con Av. Bosa: JUNTA DE DILATACION ELASTOMÉRICA PARA DESPLAZAMIENTO MIN=+/- 100 MM A MAX =+/- 115 MM (Incluye Suministro, accesorios, materiales e instalación).","ML",3735531,"Actualización MO 2022"]
["Nuevo Demanda Proyecto NQS x Bosa","PROYECTO ESPECÍFICO",9026,"Proyecto Intersección a Desnivel Autopista Sur (NQS) con Av. Bosa: TERRAPLÉN EN CENIZA DE ALTO HORNO. INCLUYE ADICIÓN DEL 6% DE CAL. SUMINISTRO E INSTALACIÓN, EXTENDIDO, HUMEDECIMIENTO, COMPACTACIÓN Y TRANSPORTE.","M3",227607,"Actualización MO 2022"]
["Nuevo Demanda Proyecto NQS x Bosa","PROYECTO ESPECÍFICO",9027,"Proyecto Intersección a Desnivel Autopista Sur (NQS) con Av. Bosa: VÁLVULA DE MARIPOSA Ø 16\"A BRIDA - BRIDA (A) (150 PSI). SUMINISTRO E INSTALACIÓN","UN",4255294,"Actualización MO 2022"]
["Nuevo DTP","ENSAYOS - LABORATORIOS",9028,"Estudios y Diseños proyectos de Valorización: APIQUE MANUAL HASTA 1.50m DE 0.50m X 0.50m - (Relleno y adecuación del sitio - incluye transporte.)","M3",297500,"Actualización MO 2022"]
["Nuevo DTP","ENSAYOS - LABORATORIOS",9029,"Estudios y Diseños proyectos de Valorización: APIQUE MANUAL EN ZONA DURA DE 0,65m x 0,65m x1,5m (Incluye demolición, excavación, recuperación de muestras alteradas e inalteradas, reparación con base granular y mezcla en frío e=0,10m) - Horario Nocturno","UN",678577,"Actualización MO 2022"]
["Nuevo DTP","REDES ELECTRICAS",9030,"CONSTRUCCION DE CAJA DE INSPECCIÓN PARA ALUMBRADO PUBLICO Y ACOMETIDAS EN BAJA NORMA CODENSA CS 274 (Norma 2018-2019) (Incluye concreto de base, muro de espesor 0.15m, pañete, recebo común, concreto para viga de soporte de marco y marco y tapa. No incluye tuberia). Medidas Externas: 0.90 x 0.90m. Medidas Internas: 0.60 x 0.60m. Altura total: 1.376m","UN",663898,"Actualización MO 2022"]
["Nuevo DTP","REDES ELECTRICAS",9031,"CONSTRUCCION DE CAJA DE INSPECCIÓN SENCILLA PARA CANALIZACION EN M.T. Y B.T. NORMA CODENSA CS 275 (Norma 2018-2019) (Incluye concreto de base, muros de espesor 0.25m, pañete, recebo comun, concreto para viga de soporte de marco y marco y tapa. No incluye tuberia). Medidas Externas: 1.690mX1.1900m. Medidas Internas: 1.190m X0.690m Altura total: 1.85m","UN",1453989,"Actualización MO 2022"]
["Nuevo DTP","REDES ELECTRICAS",9032,"CONSTRUCCION DE CAJA DE INSPECCION DOBLE PARA CANALIZACION DE M.T. Y B.T. TIPO CS 276  (Norma 2018) (Incluye concreto de base, muro de espesor 0.25m, pañete, recebo comun, escalera de gato, concreto para viga de soporte de marco y marco y tapa. No incluye tuberia). Medidas Externas: 1.69 x 1.99m. Medidas Internas: 1.19 x 1.49m. Altura total: 1.85m","UN",2472479,"Actualización MO 2022"]
["Nuevo DTP","REDES ELECTRICAS",9033,"CONSTRUCCIÓN DE CAJA DE INSPECCION TRIPLE PARA CANALIZACION DE M.T. TIPO CS 277 (Norma 2018) (Incluye concreto de base, muro de espesor 0.25m, pañete, recebo comun, concreto para viga de soporte de marco y marco y tapa. No incluye tuberia). Medidas Externas: 1.69 x 2.79m. Medidas Internas: 1.19 x 2.29m. Altura total: 1.85m. ","UN",3159325,"Actualización MO 2022"]
["Nuevo DTP","REDES ELECTRICAS",9034,"CONSTRUCCION DE CAJA  DE  INSPECCIÓN  TIPO  VEHICULAR  NORMA  CODENSA  CS  280 (Norma 2018) (Incluye concreto de base, muro de espesor 0.25m, pañete, recebo comun, concreto para viga de soporte de marco y marco y tapa. No incluye tuberia) Medidas Externas: 2.00 x 2.00m. Medidas Internas: 1.50 x 1.50m. ALTURA  LIBRE 1.80 M","UN",3245745,"Actualización MO 2022"]
["Nuevo DTP","REDES ELECTRICAS",9035,"CONSTRUCCION DE CAJA DE INSPECCION PARA ALOJAR SECCIONADOR DE MANIOBRA EN MEDIA TENSION  NORMA  CODENSA  CS290 (Norma 2018-2019) (Incluye concreto de base, muro de espesor 0.25m, pañete, recebo comun, escalera de gato, concreto para viga de soporte de marco y marco y tapa. No incluye tuberia). Medidas Externas: 2.50 x 2.00m. Medidas Internas: 2.00 x 1.50 m. Altura Total: 1.85m","UN",4792692,"Actualización MO 2022"]
["Nuevo DTP","PROYECTO ESPECÍFICO",9036,"PROYECTO CONSTRUCCIÓN DE LA AVENIDA BOYACÁ (AK 72) CÁMARA GRP P271 TIPO II (0°) DN ENTRADA 2000 DN SALIDA 2000 (BL1+BL2=2250 MM) DN CHIMENEA  1200 (H=1550 MM), INCLUYE ESCALERA Y ACCESORIOS, NO INCLUYE TRANSPORTE NI TUBERÍA . SUMINISTRO E INSTALACIÓ","UN",31034186,"Actualización MO 2022"]
["Nuevo DTP","PROYECTO ESPECÍFICO",9037,"PROYECTO CONSTRUCCIÓN DE LA AVENIDA BOYACÁ (AK 72) CÁMARA GRP P2 TIPO II (1°-30°) DN ENTRADA 2000 DN SALIDA 2000 (BL1+BL2=3200 MM) DN CHIMENEA  1200 (H=1550 MM), INCLUYE ESCALERA Y ACCESORIOS, NO  INCLUYE TRANSPORTE NI TUBERÍA . SUMINISTRO E INSTALACIÓN","UN",37864688,"Actualización MO 2022"]
["Nuevo DTP","PROYECTO ESPECÍFICO",9038,"PROYECTO CONSTRUCCIÓN DE LA AVENIDA BOYACÁ (AK 72) CÁMARA GRP P70 TIPO II (31°-60°) DN ENTRADA 2000 DN SALIDA 2000 (BL1+BL2=3800 MM) DN CHIMENEA  1200 (H=1550 MM), INCLUYE ESCALERA Y ACCESORIOS, NO INCLUYE TRANSPORTE NI TUBERÍA. SUMINISTRO E INSTALACIÓN","UN",42068902,"Actualización MO 2022"]
["Nuevo DTP","PUENTES",9039,"IMPERMEABILIZACIÓN DE TABLERO CON MANTO BITUMINOSO ASFÁLTICO IMPERMEABILIZANTE HDPE + FP 250 (A TODO COSTO INCLUYE PREPARACIÓN DE SUPERFICIE)","M2",50309,"Actualización MO 2022"]
["Nuevo DTP","PUENTES",9040,"Suministro e instalación de Fibra de Carbono para refuerzo estructural o equivalente. Incluye todos los costos de preparación de superficie, suministro de materiales (Fibra de Carbono o equivalente, adhesivo epóxico, thiner, estopa), equipos (Herramienta Menor, Andamios, Pulidora, Copa de abrasión), Adhesión, Transportes, Manejo, Almacenamiento, Desperdicios y Mano de Obra","M2",383765,"Actualización MO 2022"]
["Nuevo DTP","GEOSINTETICOS",9041,"NEPRENO DE 500mm X 400mm X 63mm DUREZA 60 (5 Láminas de acero) Suministro e instalación. Incluye limpieza de la superficie con chorro de aire a presión, pegante e instalación de Neoprenos nuevos, y todos los costos de suministro de materiales, equipos (Herramienta Menor, Andamios), Transporte, manejo, almacenamiento, desperdicios y manejo de obra.","UN",986286,"Actualización MO 2022"]
["Nuevo DTP","PUENTES",9042,"DESMONTE DE BARRERAS METÁLICAS (A TODO COSTO)","ML",55129,"Actualización MO 2022"]
["Nuevo DTP","PUENTES",9044,"REFORZAMIENTO DE VIGAS METÁLICAS EN LÁMINA DE ACERO LÁMINA HR 8mm x 20\"A588 GR B/A709 GR 50/W DE 8x560x9000 mm INCLUYE SUMINISTRO DE MATERIALES, EQUIPOS, TRANSPORTES, MANEJO, ALMACENAMIENTO, DESPERDICIOS Y MANO DE OBRA","UN",3564194,"Actualización MO 2022"]
["Nuevo DTP","DEMOLICIONES",9045,"DESMONTE Y MONTAJE DE DUCTERÍA EMT EXISTENTE INCLUYE MANO DE OBRA NO INCLUYE MATERIALES\t\t\t\t\t\t\t","ML",5837,"Actualización MO 2022"]
["Nuevo DTP","DEMOLICIONES",9046,"DESMONTE Y MONTAJE DE CAJAS ELÉCTRICAS METÁLICAS EXISTENTES INCLUYE MANO DE OBRA NO INCLUYE MATERIALES\t\t\t\t\t\t\t","UN",21982,"Actualización MO 2022"]
["Nuevo DTP","DEMOLICIONES",9047,"DESMONTE Y MONTAJE DE LUMINARIAS EXISTENTES INCLUYE MANO DE OBRA NO INCLUYE MATERIALES\t\t\t\t\t\t\t","UN",61212,"Actualización MO 2022"]
["Nuevo DTP","DEMOLICIONES",9048,"DESMONTE Y MONTAJE DE CABLE EXISTENTE INCLUYE MANO DE OBRA NO INCLUYE MATERIALES\t\t\t\t\t\t\t","ML",2919,"Actualización MO 2022"]
["Nuevo DTP","PROYECTO ESPECÍFICO",9049,"Ejecución de las obras y actividades complementarias para el reforzamiento estructural de puentes vehiculares en Bogotá D.C. Grupo C - VÁLVULA TIPO MARIPOSA DOBLE EXCENTRICIDAD SIN ACTUADOR 150PSI Ø20\" (INCLUYE SUMINISTRO E INSTALACIÓN)","UN",27251744,"Actualización MO 2022"]
["Nuevo DTP","PROYECTO ESPECÍFICO",9050,"Ejecución de Obras y actividades complementarias para el reforzamiento estructural de puentes vehiculares en Bogotá D.C. Grupo C - SUMINISTRO E INSTALACIÓN DE REDUCCIÓN EN ACERO Ø 24\" x 20\" CON ESPIGO Ø 24\" Y CAMPANA Ø 16, REVESTIDA INTERIOR Y EXTERIOR CON MORTERO CEMENTO. L= 0.54m PRESIÓN DE TRABAJO= 150 PSI","UN",4446708,"Actualización MO 2022"]
["Nuevo DTP","PROYECTO ESPECÍFICO",9051,"Ejecución de las obras y actividades complementarias para el reforzamiento estructural de puentes vehiculares en Bogotá D.C. Grupo C - SUMINISTRO E INSTALACIÓN DE CODO EN ACERO Ø 20\" ENTRE 67½° Y 90° CON UNIONES ESPIGO - CAMPANA CON EMPAQUE DE CAUCHO, CON REVESTIMIENTO INTERIOR Y RECUBRIMIENTO EXTERIOR EN MORTERO DE CEMENTO L=1.50M X 1.50M. PRESIÓN DE TRABAJO =150PSI","UN",6626272,"Actualización MO 2022"]
["Nuevo DTP","CONCRETO Y ACERO PARA ESTRUCTURAS",9052,"ANCLAJE EPÓXICO DE VARILLA DE 1-1/4'' SUMINSITRO E INSTALACIÓN, INCLUYE LA DETENCIÓN DE REFUERZO PARA LA PERFORACIÓN, LA PERFORACIÓN, LIMPIEZA DE LA PERFORACIÓN CON EL CHORRO DE AIRE, SUMINISTRO DE MATERIALES (RELLENO EPÓXICO ET O EQUIVALENTE, BROCAS), EQUIPOS, TRANSPORTES, MANEJO, ALMACENAMIENTO, MANEJO DE DESPERDICIOS, MANO DE OBRA. ","CM.PER",2176,"Actualización MO 2022"]
["Nuevo DTP","PROYECTO ESPECÍFICO",9053,"EXTRACCION Y REEMPLAZO DE NEOPRENO DE 5,0 CM DE ESPESOR, SECCIÓN 40 CM POR 50 CM, DUREZA 60. CON REFUERZO DE 2 LÁMINAS DE 1/4\" EN LOS COSTADOS DE CADA TOPE SÍSMICO. SUMINISTRO E INSTALACIÓN.","UN",4593702,"Actualización MO 2022"]
["Nuevo DTP","CONCRETO Y ACERO PARA ESTRUCTURAS",9054,"PERFORACIÓN PARA ANCLAJE DE VARILLA DE 1\" CON RELLENO EPÓXICO. SUMINISTRO E INSTALACIÓN. INCLUYE ACERO, LA DETECCIÓN DE REFUERZO PARA PERFORACIÓN, LA PERFORACIÓN, LIMPIEZA DE LA PERFORACIÓN CON CHORRO DE AIRE, SUMINISTRO DE MATERIALES (RELLENO EPÓXICO ET O EQUIVALENTE, BROCAS), EQUIPOS, TRANSPORTES, MANEJO, ALMACENAMIENTO, MANEJO DE DESPERDICIOS, MANO DE OBRA Y ANDAMIO TUBULAR","CM.PER",2094,"Actualización MO 2022"]
["Nuevo DTP","CONCRETO Y ACERO PARA ESTRUCTURAS",9055,"SUMINISTRO Y APLICACIÓN DE UNA CAPA DE ANTICORROSIVO DE 3MM DE ESPESOR DE PELÍCULA SECA IMPRIMANTE EPÓXICO, PREVIA PREPARACIÓN DE LA SUPERFICIE MEDIANTE LIMPIEZA MANUAL O MECÁNICA, SEGÚN LAS NORMAS SSPC-SP2","ML",10574,"Actualización MO 2022"]
["Nuevo DTP","PUENTES",9056,"BARRERA METALICA PARA PUENTE PEATONAL - INCLUYE SUMINISTRO E INSTALACION","ML",455114,"Actualización MO 2022"]
["Nuevo DTP","PROYECTO ESPECÍFICO",9057,"Actualización de estudios y diseños de diagnóstico estructural y actualización sísmica de puentes vehiculares y ejecución de obras de actualización sísmica y reforzamiento estructural de puentes vehiculares, Grupo A. BARRERA METÁLICA VEHICULAR PMH-13 (GALVANIZADO + PINTADO) (SUMINISTRO E INSTALACIÓN A TODO COSTO)","ML",1630112,"Actualización MO 2022"]
["Nuevo DTP","ACTIVIDADES DE CONSERVACION",9058,"MANTENIMIENTO PERIÓDICO - MEJORAMIENTO DE LA SUPERFICIE EXISTENTE CON FRESADO ESTABILIZADO AL 5% CON EMULSIÓN CRL-1","M2",97686,"Actualización MO 2022"]
["Nuevo DTP","PROYECTO ESPECÍFICO",9059,"Reforzamiento Puentes Vehiculares sobre la Av. Ciudad de Quito y Centenario - CTO 1436 DE 2017. REPARACIONES LOCALES EN ELEMENTOS ESTRUCTURALES EXISTENTES (DEBE CUBRIR REPARACIONES DE ELEMENTOS QUE NO ENTREN DENTRO DEL REFORZAMIENTO O CAMBIOS DESCRITOS DENTRO DE LAS MISMAS CANTIDADES, ESTA ACTIVIDAD CONTEMPLARÁ DESPORTILLAMIENTOS EN LOS CONCRETOS, CUBRIR CON MATERIAL A LOS REFUERZOS QUE SE ENCUENTREN EXPUESTOS, CAMBIOS DE ELEMENTOS METÁLICOS QUE PRESENTE UN GRAN DETERIORO, OXIDACIÓN O DAÑOS POR AFECTACIÓN DE LOS VEHÍCULOS. (COMO SON REPARACIONES PUNTUALES SE ESTIMARÁ COMO EL 30% DEL ÁREA EN PLANTA DEL PUENTE)","M2",46765,"Actualización MO 2022"]
["Nuevo DTP","PROYECTO ESPECÍFICO",9060,"Reforzamiento Puentes Vehiculares sobre la Av. Ciudad de Quito y Centenario - CTO 1436 DE 2017. INYECCIONES EPÓXICAS CON ADHESIVO ESTRUCTURAL EN LAS FISURAS EN LOS ELEMENTOS ESTRUCTURALES EXISTENTES (SOLO SE ESTIMARÁN LAS FISURAS PARA LOS ELEMENTOS QUE NO SE VAYAN A REFORZAR)","ML",33918,"Actualización MO 2022"]
["Nuevo DTP","PROYECTO ESPECÍFICO",9061,"Reforzamiento Puentes Vehiculares sobre la Av. Ciudad de Quito y Centenario - CTO 1436 DE 2017. REPARACIÓN DE LOS MUROS DE APROXIMACIÓN","M2",55460,"Actualización MO 2022"]
["Nuevo DTP","PROYECTO ESPECÍFICO",9062,"Reforzamiento Puentes Vehiculares sobre la Av. Ciudad de Quito y Centenario - CTO 1436 DE 2017.  INSTALACIÓN BARRERA CO2 (CUBRIRÁ EL PERÍMETRO DE VIGAS, PILAS Y ÁREA INFERIOR DEL TABLERO)","M2",21358,"Actualización MO 2022"]
["Nuevo DTP","PROYECTO ESPECÍFICO",9063,"Reforzamiento Puentes Vehiculares sobre la Av. Ciudad de Quito y Centenario - CTO 1436 DE 2017. LIMPIEZA O ELIMINACIÓN DE VEGETACIÓN QUE SE ENCUENTRE EN LOS ELEMENTOS ESTRUCTURALES DEL PUENTE (SE DETERMINARÁ UN PRECIO GLOBAL POR METRO CUADRADO (M2) DE PUENTE EN PLANTA, LA CUAL DEBE CUBRIR REMOSIÓN DE VEGETACIÓN, LIMPIEZA CON HIDROLAVADORA EN LOS LUGARES AFECTADOS DEL PUENTE)","M2",9262,"Actualización MO 2022"]
["Nuevo DTP","PROYECTO ESPECÍFICO",9064,"Reforzamiento Puentes Vehiculares sobre la Av. Ciudad de Quito y Centenario - CTO 1436 DE 2017. REHABILITACIÓN DE CONDUCCIONES MEDIANTE LA TECNOLOGÍA SPIRAL WOUND LINING PVC (SWL) DIÁMETRO 14”. (INCLUYE MATERIALES, LAVADO E INSPECCIÓN CON CCTV DE TUBERÍAS EN LA FASE DE DIAGNÓSTICO Y POSTERIOR A LA REHABILITACIÓN, SUMINISTRO DE MATERIALES, MÁXIMO 5 CORTES CON ROBOT CORTADOR)","ML",1793167,"Actualización MO 2022"]
["Nuevo DTP","PROYECTO ESPECÍFICO",9065,"Reforzamiento Puentes Vehiculares sobre la Av. Ciudad de Quito y Centenario - CTO 1436 DE 2017. REHABILITACIÓN DE CONDUCCIONES MEDIANTE LA TECNOLOGÍA SPIRAL WOUND LINING PVC (SWL) DIÁMETRO 18”. (INCLUYE MATERIALES, LAVADO E INSPECCIÓN CON CCTV DE TUBERÍAS EN LA FASE DE DIAGNÓSTICO Y POSTERIOR A LA REHABILITACIÓN, SUMINISTRO DE MATERIALES, MÁXIMO 5 CORTES CON ROBOT CORTADOR)","ML",2069383,"Actualización MO 2022"]
["Nuevo DTP","PROYECTO ESPECÍFICO",9066,"Reforzamiento Puentes Vehiculares sobre la Av. Ciudad de Quito y Centenario - CTO 1436 DE 2017.  LOCALIZACIÓN Y REPLANTEO DE REDES","ML",956,"Actualización MO 2022"]
["Nuevo DTP","PROYECTO ESPECÍFICO",9067,"Reforzamiento Puentes Vehiculares sobre la Av. Ciudad de Quito y Centenario - CTO 1436 DE 2017. EMPRADIZACION, incluye suministro e instalación de cespedón.","M2",6081,"Actualización MO 2022"]
["Nuevo DTP","PROYECTO ESPECÍFICO",9068,"Reforzamiento Puentes Vehiculares sobre la Av. Ciudad de Quito y Centenario - CTO 1436 DE 2017. TORONES POSTENSADOS PARA REFORZAMIENTO EXTERNO DE 1/2\" TENSIONADO 16,9 TON. SUMINISTRO E INSTALACIÓN, TENSIONAMIENTO, MANO DE OBRA, EQUIPOS EN GENERAL","ML",20372,"Actualización MO 2022"]
["Nuevo DTP","PROYECTO ESPECÍFICO",9069,"Reforzamiento Puentes Vehiculares sobre la Av. Ciudad de Quito y Centenario - CTO 1436 DE 2017. REFORZAMIENTO PUENTE AV NQS - CLL 19, TORON Ø 5/8\" ADHERIDO ASTM 416, GRADO 270K, BAJA RELACIÓN (VIGAS NUEVAS), incluye suministro e instalación mano de obra, equipos en general","ML",14101,"Actualización MO 2022"]
["Nuevo DTP","PROYECTO ESPECÍFICO",9070,"Reforzamiento Puentes Vehiculares sobre la Av. Ciudad de Quito y Centenario - CTO 1436 DE 2017.  TEE HD EXTREMO LISO 20\"X20\" (SUMINISTRO E INSTALACIÓN)","UN",8527885,"Actualización MO 2022"]
["Nuevo DTP","PROYECTO ESPECÍFICO",9071,"Reforzamiento Puentes Vehiculares sobre la Av. Ciudad de Quito y Centenario - CTO 1436 DE 2017. VALVULA PURGA D = 4\" (INCLUYE SUMINISTRO E INSTALACIÓN)","UN",1029485,"Actualización MO 2022"]
["Nuevo DTP","CONCRETO Y ACERO PARA ESTRUCTURAS",9072,"LOSA DE CONCRETO MR45 ACELERADO A 7 DIAS (Suministro, Formaleteado, Colocación y Acabado. No Incluye Acero, Curado, Juntas) VIA TEXTURIZADA","M3",717925,"Actualización MO 2022"]
["Nuevo DTP","CONCRETO Y ACERO PARA ESTRUCTURAS",9073,"PISO EN CONCRETO MR45 (315 Kg/Cm2) GRAVA COMÚN ACELERADO A 7 DÍAS, ESTAMPADO PARA POMPEYANOS Y VIAS A DESNIVEL, COLOR OCRE (Incluye suministro y colocación de concreto, juego de moldes, desmoldante en polvo, curador para concreto, corte y sellado de juntas).","M2",282962,"Actualización MO 2022"]
["Nuevo DTP","ACTIVIDADES DE CONSERVACION",9074,"RECUBRIMIENTO DE HASTA 5 CM CON MORTERO DE REPARACIÓN DE ALTA  RESISTENCIA DE REFUERZOS EN FIBRA","M2",213354,"Actualización MO 2022"]
["Nuevo DTP","REDES ACUEDUCTO",9075,"SUMINISTRO E INSTALACIÓN DE REDUCCIÓN EN ACERO Ø 20\" x 16\" CON ESPIGO Ø 20\" Y CAMPANA Ø 16, REVESTIDA INTERIOR Y EXTERIOR CON MORTERO CEMENTO. L= 0,58m PRESIÓN DE TRABAJO= 150 PSI","UN",3851853,"Actualización MO 2022"]
["Nuevo DTP","REDES ACUEDUCTO",9076,"CODO EN ACERO Ø24\" ENTRE 67 1/2° Y 90° JUNTA ESPIGO Y CAMPANA, CON EMPAQUE DE CAUCHO, CON REVEST.INT. Y RECUBR. EXT. EN MORTERO DE CEMENTO. L= 1.65m x 1.65m PRESIÓN DE TRABAJO 150PSI. SUMINISTRO E INSTALACIÓN","UN",9038405,"Actualización MO 2022"]
["Nuevo DTP","REDES ACUEDUCTO",9077,"TAPÓN DE ACERO 16\" SOLDADO (INCLUYE SUMINISTRO E INSTALACIÓN)","UN",659082,"Actualización MO 2022"]
["Nuevo DTP","PROYECTO ESPECÍFICO",9078,"Proyecto factibilidad, estudios y diseños para la construcción de los puntos inestables de la vía Bogotá - La Calera: RELLENO EN CONCRETO CELULAR DE 1500 psi 28 días. (Incluye Suministro e Instalación) ","M3",499502,"Actualización MO 2022"]
["Nuevo DTP","PROYECTO ESPECÍFICO",9079,"Proyecto factibilidad, estudios y diseños para la construcción de los puntos inestables de la vía Bogotá - La Calera: MANTO GEOSINTÉTICO COMPUESTO DE CEMENTO A GRANEL. DIMENSIONES: 1.10m DE ANCHO x 8mm DE ESPESOR .  (Incluye Suministro e Instalación)","M2",284077,"Actualización MO 2022"]
["Nuevo DTP","PROYECTO ESPECÍFICO",9080,"Proyecto factibilidad, estudios y diseños para la construcción de los puntos inestables de la vía Bogotá - La Calera: INCLINOMETRO D=70mm (INCLUYE EQUIPO DE PERFORACIÓN, TAPON SUPERIOR E INFERIOR, SOLDADURA PARA PVC).  (Suministro y Colocación) ","ML",560904,"Actualización MO 2022"]
["Nuevo DTP","PROYECTO ESPECÍFICO",9081,"Proyecto factibilidad, estudios y diseños para la construcción de los puntos inestables de la vía Bogotá - La Calera: MOJON DE CONCRETO DE 0,3 x 0,3 x 0,3m (Incluye Suministro e Instalación)","UN",40290,"Actualización MO 2022"]
["Nuevo DTP","PROYECTO ESPECÍFICO",9082,"Proyecto factibilidad, estudios y diseños para la construcción de los puntos inestables de la vía Bogotá - La Calera: TRASLADO DE REDES MT - ESTABILIZACIÓN ZONA LA CALERA. (Incluye mano de obra y materiales:  inspección previa de descargos, instal. conectores, instal. equipos de protección monofásicos, instal.de poste de MT con cimentación , instal. poste de remate MT 10-15m, templar o soltar conductor cualquier tipo, trabajos menores línea energizada, traslado manual de postes y herrajería en lugar inaxcesible, entre otros).","GLB",53265610,"Actualización MO 2022"]
["Nuevo DTP","PROYECTO ESPECÍFICO",9083,"Proyecto factibilidad, estudios y diseños para la construcción de los puntos inestables de la vía Bogotá - La Calera: LAMINA GALVANIZADA POR KILOGRAMO. (Incluye Suministro y colocación)","KG",4927,"Actualización MO 2022"]
["Nuevo DTP","PROYECTO ESPECÍFICO",9084,"Proyecto factibilidad, estudios y diseños para la construcción de los puntos inestables de la vía Bogotá - La Calera: KIT PARA ATENCIÓN DE DERRAMES OLEOFILICO (20 GALONES). Incluye 2 Absorbente granulado orgánico PEAT MOSS x 1 kilo, 3 Barrera Oleofílico 3\" x 4' (7,7 cm x 1,20m), 6 Bolsas Hazmat rojas 70x100 cm con amarre plástico, 1 Caneca plástica de 20 gl tapa de seguridad, 1 Chaleco reflectivo, , Desengrasante biodegradable certificado x 1 gl 1 Gafas de seguridad Ansi z87.1, 1 Guantes de nitrilo de 13”,1 Tacos de madera x 5 piezas, 1 Linterna recargable tipo LED, 1 Martillo de caucho, 1 Masilla Epoxica pequeña, 1 Pala antichispa naranja o negra, 30 Paños absorbentes Oleofílicos 50x40 cm, 1 Respirador doble cartucho con filtro de carbón activo, 1 Cinta de señalización x 50m, Instructivo uso.\t","UN",279888,"Actualización MO 2022"]
["Nuevo DTP","PAVIMENTOS",9085,"MEZCLA ASFÁLTICA EN CALIENTE TIPO MS 20 CON ADICIÓN DE FIBRA SINTÉTICA DE ALTA RESISTENCIA (ARAMIDA Y POLIOLEFINA).SUMINISTRO, EXTENDIDO, NIVELACIÓN Y COMPACTACIÓN","M3",683756,"Actualización MO 2022"]
["Nuevo DTP","CONCRETO Y ACERO PARA ESTRUCTURAS",9086,"CONCRETO DE FC=3500 PSI GRAVA COMÚN ADICIONANDO MICROFIBRA DE POLIPROPILENO PARA CONCRETO Y MORTERO, PARA TABLERO DE PUENTE. SUMINISTRO Y COLOCACIÓN. CONCRETO PREMEZCLADO SEGÚN LA ESPECIFICACIÓN PARTICULAR DEL DISEÑO. INCLUYE TODOS LOS COSTOS DE SUMINISTRO DE MANO DE OBRA, MATERIALES, EQUIPOS, TRANSPORTES, MANEJO, ALMACENAMIENTO, DESPERDICIOS, CARGUE Y TRANSPORTE DE MATERIALES SOBRANTES.","M3",527101,"Actualización MO 2022"]
["Nuevo DTP","GEOSINTETICOS",9087,"JUNTA DE DILATACION ELASTOMÉRICA 160 DESPLAZAMIENTO 160MM+/-80MM  (INCLUYE SUMINISTRO E INSTALACIÓN Y MATERIAL PARA ANCLAJES).","ML",2568740,"Actualización MO 2022"]
["Nuevo DTP","GEOSINTETICOS",9088,"REEMPLAZO DE JUNTA DE DILATACION ELASTOMÉRICA 230 DESPLAZAMIENTO 230MM+/-115MM (INLCUYE SUMINSTRO, ACCESORIOS, MATERIALES E INSTALACIÓN)","ML",5359770,"Actualización MO 2022"]
["Nuevo DTP","PROYECTO ESPECÍFICO",9089,"Ampliacion puente vehicular calle 153 por Autonorte - BARRERA VEHICULAR METÁLICA PMH-16R con nivel de contención H3, clase de severidad B, ancho de trabajo W4 y deflexión dinámica de 0.7 m norma europea EN 1317-2, Perfiles en C, postes verticales de 1.5 m, separación de 2.5 m entre postes (Suministro, fabricación, transporte y montaje de estructura metálica).","ML",2298790,"Actualización MO 2022"]
["Nuevo DTP","PROYECTO ESPECÍFICO",9090,"Ampliacion puente vehicular calle 153 por Autonorte - Construcción Pilote FDP (Full displacement pile) Concreto Tremie 3000 PSI de 40 cm de diámetro.","ML",125123,"Actualización MO 2022"]
["Nuevo DTP","PROYECTO ESPECÍFICO",9091,"Ampliacion puente vehicular calle 153 por Autonorte - Mamposteria en bloque Ecomuro de 40x40x20 cm.  Suministro e instalación.  No incluye acero de dovelas, concreto para viguetas y columnas, ni grouting de nivelación.","M2",136464,"Actualización MO 2022"]
["Nuevo DTP","PROYECTO ESPECÍFICO",9092,"Ampliacion puente vehicular calle 153 por Autonorte - Obra falsa para la construcción de la ampliación del Puente de la Calle 153 con Autopista Norte (Contiene perfiles C GR 50/gr 36 galvanizado, lamina HR A-36, Pernos, Formaleta, Lamina super T formaleta 1200 x 1600 x 15mm, mano de obra y herramienta menor)","GLB",147216786,"Actualización MO 2022"]
["Nuevo DTP","PROYECTO ESPECÍFICO",9093,"Ampliacion puente vehicular calle 153 por Autonorte - Pruebas PIT a pilotes de 0.50-0.60m de diámetro","UN",160844,"Actualización MO 2022"]
["Nuevo DTP","CONCRETO Y ACERO PARA ESTRUCTURAS",9094,"VIGA CABEZAL EN CONCRETO DE 5000 PSI GRAVA COMÚN PREMEZCLADO (INCLUYE SUMINISTRO, FORMALETEO, BOMBEO CON AUTOBOMBA Y CURADO. NO INCLUYE REFUERZO)","M3",655493,"Actualización MO 2022"]
["Nuevo DTP","CONCRETO Y ACERO PARA ESTRUCTURAS",9095,"PLACA DE APROXIMACIÓN PARA PUENTE VEHICULAR EN CONCRETO DE 5000 PSI GRAVA COMÚN (PREMEZCLADO. INCLUYE SUMIN., FORMALETEO, CURADO Y COLOCACIÓN. NO INCL. REFUERZO).","M3",527464,"Actualización MO 2022"]
["Nuevo DTP","CONCRETO Y ACERO PARA ESTRUCTURAS",9096,"VIGA DIAFRAGMA EN CONCRETO DE 5000 PSI GRAVA COMÚN PREMEZCLADO (INCLUYE SUMINISTRO, FORMALETEO, BOMBEO CON AUTOBOMBA Y CURADO. NO INCLUYE REFUERZO)","M3",699009,"Actualización MO 2022"]
["Nuevo DTP","ARQUEOLOGÍA",9097,"Conteo cualitativo y cuantitativo de fitolitos en las muestras de suelo, interpretando y reconstruyendo el contexto arqueobótanico. Incluye informe.","UN",1500000,"Actualización MO 2022"]
["Nuevo DTP","ARQUEOLOGÍA",9098,"Datación por Carbono 14 y extracción de colageno oseo. Incluye transporte aereo de muestra desde Bogota hasta Ciudad de Mexico. Incluye informe.","UN",2677407,"Actualización MO 2022"]
["Nuevo DTP","ARQUEOLOGÍA",9099,"Elaboración, digitalización y descripción de sección delgada de fragmento ceramica. Incluye informe.","UN",833000,"Actualización MO 2022"]
["Nuevo DTP","PRUEBAS DE CARGA ESTÁTICA PUENTES",9100,"Prueba de carga estatica en Pilote  hasta 100 Ton. ASTM D1143-07. Incluye Transporte de Equipos ","UN",7407747,"Actualización MO 2022"]
["Nuevo DTP","ARQUEOLOGÍA",9101,"Analisis Bioantropologico de  restos oseos humanos, cuarteta basica , informe y base de datos detallada. (Incluye limpieza, registro fotográfico e informe detallado).","UN",920000,"Actualización MO 2022"]
["Nuevo DTP","PROYECTO ESPECÍFICO",9102,"BEE ESPUMADO (BASE ASFÁLTICA RECICLADA CON BASE ESPUMADA)","M3",95550,"Actualización MO 2022"]
["Nuevo DTP","PROYECTO ESPECÍFICO",9103,"Ejecución de Obras y actividades complementarias para el reforzamiento estructural de puentes vehiculares en Bogotá D.C. - MICROPILOTE PARA CIMENTACIÓN REFERENCIA TITÁN 73/35 (BARRA AUTOPERFORANTE).","ML",975362,"Actualización MO 2022"]
["Nuevo DTP","PROYECTO ESPECÍFICO",9104,"Ejecución de Obras y actividades complementarias para el reforzamiento estructural de puentes vehiculares en Bogotá D.C., PRUEBA DE CARGA ESTÁTICA PARA PUENTE VEHICULAR CON SUPERESTRUCTURA EN CONCRETO. (INCLUYE LOGISTICA, EQUIPOS Y PERSONAL PARA TOMA DE INFORMACION, PROCESAMIENTO DE LA MISMA Y ENTREGA DE INFORME FINAL)","UN",13875400,"Actualización MO 2022"]
["Nuevo DTP","PROYECTO ESPECÍFICO",9105,"Ejecución de Obras y actividades complementarias para el reforzamiento estructural de puentes vehiculares en Bogotá D.C., REDUCCION EN ACERO 24\"X20\" CON ESPIGO 24\" Y CAMPANA 20\" CON REVESTIMIENTOS INTERIOR Y EXTERIOR EN MORTERO DE CEMENTO. L=0,54 M. PRESIÓN DE TRABAJO=150 PSI.","UN",4464956,"Actualización MO 2022"]
["Nuevo DTP","PROYECTO ESPECÍFICO",9106,"Ejecución de Obras y actividades complementarias para el reforzamiento estructural de puentes vehiculares en Bogotá D.C., REDUCCION EN ACERO 24\"X16\" CON ESPIGO 24\" Y CAMPANA 16\" CON REVESTIMIENTOS INTERIOR Y EXTERIOR EN MORTERO DE CEMENTO. L=1,00 M. PRESIÓN DE TRABAJO=150 PSI.","UN",4744152,"Actualización MO 2022"]
["Nuevo DTP","GEOSINTETICOS",9107,"REFORZAMIENTO CON TEJIDO UNIDIRECCIONAL DE FIBRA DE CARBONO . (SUMINISTRO E INSTALACIÓN,  INCLUYE TODOS LOS COSTOS DE PREPARACIÓN SUPERFICIE Y SUMINISTRO DE MATERIALES).","M2",340028,"Actualización MO 2022"]
["Nuevo DTP","PROYECTO ESPECÍFICO",9108,"Ejecución de Obras y actividades complementarias para el reforzamiento estructural de puentes vehiculares en Bogotá D.C., BLOQUE DE POLIESTIRENO EXPANDIDO. Densidad 30 Kg/M3 MEDIDAS 3,07m x 1,30m x 0,53m (2,12 M3). (Incluye transporte e instalación).","M3",272756,"Actualización MO 2022"]
["Nuevo DTP","CONCRETO Y ACERO PARA ESTRUCTURAS",9109,"CONCRETO 2000 PSI GRAVA COMÚN 14 MPA (140 Kg/Cm2) PARA SOLADOS (PREMEZCLADO. INCLUYE SUMINISTRO Y COLOCACIÓN).","M3",413740,"Actualización MO 2022"]
["Nuevo DTP","PROYECTO ESPECÍFICO",9110,"Estudios y Diseños de diagnóstico estructural y actualización sísmica de puentes vehiculares de la Avenida Ciudad de Quito por Avenida de los Comuneros (Av. Calle 6), Avenida Ciudad de Quito por Avenida Centenario, Avenida Ciudad de Lima (Av. Calle 19) por Avenida Ciudad de Quito, Avenida Ciudad de Quito por Avenida Jorge Eliécer Gaitán (Av. Calle 26) y Avenida Centenario (Av. Calle 13) por Av. Boyacá. Pernos de Anclaje ASTM de 1-1/8\"(28,575mm) x1000mm, de 1 metro de longitud, fabricado en Varilla lisa que cumple con la norma F-1554 Grado 55 incluye rosca superior e inferior, incluye dos tuercas A563 grado DH de 1\" y dos arandelas F-436 de 1\". Peso Unitario = 5,73 kg. Incluye materiales, insumos, herramientas y todo lo necesario para desarrollar la obra.","UN",109802,"Actualización MO 2022"]
["Nuevo DTP","PROYECTO ESPECÍFICO",9111,"Estudios y Diseños de diagnóstico estructural y actualización sísmica de puentes vehiculares de la Avenida Ciudad de Quito por Avenida de los Comuneros (Av. Calle 6), Avenida Ciudad de Quito por Avenida Centenario, Avenida Ciudad de Lima (Av. Calle 19) por Avenida Ciudad de Quito, Avenida Ciudad de Quito por Avenida Jorge Eliécer Gaitán (Av. Calle 26) y Avenida Centenario (Av. Calle 13) por Av. Boyacá. Pernos de Anclaje de 5/8\"x300mm, por 0.30m de longitud, fabricado en Varilla lisa que cumple con la norma F-1554 Grado 55, incluye rosca superior e inferior, dos tuercas A563 grado DH de 5/8\" y dos arandelas F-436 de 5/8\". Peso Unitario = 0,62 kg. Incluye  materiales, insumos, herramientas y todo lo necesario para desarrollar la obra.","UN",13966,"Actualización MO 2022"]
["Nuevo DTP","PROYECTO ESPECÍFICO",9112,"Ampliacion puente vehicular calle 153 por Autonorte -Prueba de carga para puente vehicular.  Incluye nivelación de precisión e informe.  No incluye señalización, vigilancia, permisos, cargas necesarias para la prueba ni el pesaje de las cargas.","UN",94129089,"Actualización MO 2022"]
["Nuevo DTP","PROYECTO ESPECÍFICO",9113,"Ampliacion puente vehicular calle 153 por Autonorte - Prueba dinámica PDA (dirección, instrumentación, toma de señales, análisis CAPWAP e informe)","UN",9639274,"Actualización MO 2022"]
["Nuevo DTP","PROYECTO ESPECÍFICO",9114,"Ampliacion puente vehicular calle 153 por autonorte - Terraplén en ceniza de alto horno y geomalla fortgrid. incluye adición del 6% de cal. suministro e instalación, extendido, humedecimiento, compactación y transporte.","M3",250788,"Actualización MO 2022"]
["Nuevo DTP","PROYECTO ESPECÍFICO",9115,"Ampliacion puente vehicular calle 153 por autonorte - Base estabilizada con asfalto en caliente mgea-a entregada en planta (Incluye suministro, extendido, nivelación y compactación).","M3",520702,"Actualización MO 2022"]
["Nuevo DTP","MOBILIARIO URBANO - ARBOLES Y GRAMAS",9116,"CICLOPARQUEO TIPO M-22-A TUBERÍA AGUA NEGRA (SUMINISTRO E INSTALACIÓN, INCLUYE BASE EN CONCRETO DE 3000 PSI HECHO EN OBRA), en tubo de 1 ¼”, calibre 2.5mm, platina de anclaje de 4” x 4” x ¼”, tornillo expansivo de 3 ¼” x ¼”.","UN",138767,"Actualización MO 2022"]
["Nuevo DTP","MOBILIARIO URBANO - ARBOLES Y GRAMAS",9117,"CICLOPARQUEO TIPO M-22-A TUBERÍA ACERO INOXIDABLE (SUMINISTRO E INSTALACIÓN, INCLUYE BASE EN CONCRETO DE 3000 PSI HECHO EN OBRA), en tubo de acero inoxidable de 1 ½”, calibre 3mm.","UN",304592,"Actualización MO 2022"]
["Nuevo DTP","PROYECTO ESPECÍFICO",9118,"Estudios y diseños de diagnostico estructural y actualización Sísmica puentes contrato IDU 1574: Instalación de piezómetro de Hilo Vibrátil (Incluye perforación de ø 70-85mm, hasta 30 m de profundidad, en suelos blandos, tuberia PVC, dos (2) Sensores de medición con rangos desde 0,3 MPa hasta 3,0 MPa, accesorios, materiales, tapa de protección y movilización de equipos y personal) ","UN",12078500,"Actualización MO 2022"]
["Nuevo DTP","PROYECTO ESPECÍFICO",9119,"Estudios y diseños de diagnostico estructural y actualización Sísmica puentes contrato IDU 1574: Instación de Inclinómetro (Incluye perforación ø 70-85mm, hasta 50 m de profundidad, en suelos blandos, tuberia bidireccional, accesorios, materiales, tapa de protección y movilización de equipos y personal)","UN",11387917,"Actualización MO 2022"]
["Nuevo DTP","PROYECTO ESPECÍFICO",9120,"Estudios y diseños de diagnostico estructural y actualización Sísmica puentes contrato IDU 1574: Monitoreo de Piezómetro de Hilo Vibrátil (Incluye visita e informe semanal y alerta cuando la presión sea superior a 6t/m2)","UN",297500,"Actualización MO 2022"]
["Nuevo DTP","PROYECTO ESPECÍFICO",9121,"Estudios y diseños de diagnostico estructural y actualización Sísmica puentes contrato IDU 1574: Monitoreo de Inclinómetro (Incluye visita e informe semanal y alerta para las siguientes deformaciones: 0.001 m  ≤ Bajas  ≤  0.00025 m,   0.00026 m ≤  Media ≤ 0.0025m  y   0.0026m ≤  Alta ≤ 0.025 m)","UN",218575,"Actualización MO 2022"]
["Nuevo DTP","CONCRETO Y ACERO PARA ESTRUCTURAS",9122,"PINTURA SOBRE ESTRUCTURA METÁLICA GALVANIZADA. INCLUYE LIMPIEZA SSPC-SP10, BARRERA EPOXICA e=3mils, ACABADO URETANO e=3mils","KG",1695,"Actualización MO 2022"]
["Nuevo DTP","PROYECTO ESPECÍFICO",9123,"AMPLIACION PUENTE VEHICULAR CALLE 153 POR AUTONORTE - CONCRETO 5000 PSI GRAVA COMÚN PREMEZCLADO PARA TABLERO PUENTE (INCLUYE SUMINISTRO E INSTALACIÓN, BOMBEO DE CONCRETO, ADITIVO PARA PUENTE DE ADHERENCIA DE CONCRETO FRESCO Y ENDURECIDO)\t\t \t\t\t\t\t","M3",633011,"Actualización MO 2022"]
["Nuevo DTP","PROYECTO ESPECÍFICO",9124,"AMPLIACION PUENTE VEHICULAR CALLE 153 POR AUTONORTE - JUNTA DE DILATACION ELASTOMÉRICA PARA DESPLAZAMIENTO TOTAL DE 180 mm (+/- 90 mm).  Incluye Suministro, accesorios, materiales e instalación.","ML",3129450,"Actualización MO 2022"]
["Nuevo DTP","PROYECTO ESPECÍFICO",9125,"AMPLIACION PUENTE VEHICULAR CALLE 153 POR AUTONORTE - LÁMINA DE POLIESTIRENO EXPANDIDO EPS DENSIDAD 29 a 30 Kg/m3 (Suministro e Instalación) (incluye Icopor D-12 20 MM (LAMINA) DE 1.0m x 1.0m)","UN/MES",13683,"Actualización MO 2022"]
["Nuevo DTP","PROYECTO ESPECÍFICO",9126,"AMPLIACION PUENTE VEHICULAR CALLE 153 POR AUTONORTE - INCLINOMETRO EN TERRENO L=20 METROS (INCLUYE PERFORACION, SUMINISTRO E INSTALACION)","UN",4848333,"Actualización MO 2022"]
["Nuevo DTP","PROYECTO ESPECÍFICO",9127,"AMPLIACION PUENTE VEHICULAR CALLE 153 POR AUTONORTE - PIEZOMETROS DE TUBO ABIERTO TIPO CASAGRANDE L=20 METROS (INCLUYE PERFORACION, SUMINISTRO E INSTALACION)\t\t\t \t\t\t \t\t\t \t\t\t","UN",3252565,"Actualización MO 2022"]
["Nuevo DTP","PROYECTO ESPECÍFICO",9128,"AMPLIACION PUENTE VEHICULAR CALLE 153 POR AUTONORTE - EXTENSOMETROS FIJOS DE VARILLA DE 20 METROS CON PUNTO DE LECTURA MANUAL Y UNA SOLA POSICION (INCLUYE PERFORACION, LECTURA E INFORME; NO INCLUYE TOPOGRAFIA)","UN",5055603,"Actualización MO 2022"]
["Nuevo - Bioseguridad","ELEMENTOS DE BIOSEGURIDAD SEGÚN APÉNDICE",9129,"PAQUETE DE ELEMENTOS PARA LIMPIEZA Y DESINFECCIÓN PARA 10 TRABAJADORES DE CONSULTORÍA / INTERVENTORÍA (INCLUYE ALCOHOL ANTISÉPTICO-70%, TOALLAS DE PAPEL PARA MANOS, JABÓN LIQUIDO PARA MANOS, GEL ANTIBACTERIAL, ALQUILER DE DISPENSADOR DE TOALLAS, ALQUILER DISPENSADOR METÁLICO DE JABÓN)._(Según Apéndice Bioseguridad Covid 19_V1)","UN/MES",330122,"Actualización MO 2022"]
["Nuevo - Bioseguridad","ELEMENTOS DE BIOSEGURIDAD SEGÚN APÉNDICE",9130,"PAQUETE DE ELEMENTOS PARA LIMPIEZA Y DESINFECCIÓN PARA 10 TRABAJADORES DE OBRA - HERRAMIENTAS-MAQUINARIA Y EQUIPO MENOR (INCLUYE ALCOHOL ANTISÉPTICO-70%, TOALLAS DE PAPEL PARA MANOS, JABÓN LIQUIDO PARA MANOS, GEL ANTIBACTERIAL, ALQUILER DE DISPENSADOR DE TOALLAS, ALQUILER DISPENSADOR METÁLICO DE JABÓN, ALQUILER LAVAMANOS PORTÁTIL ACERO INOX. INCLUYE AGUA)_(Según Apéndice Bioseguridad Covid 19_V1)","UN/MES",466919,"Actualización MO 2022"]
["Nuevo - Bioseguridad","ELEMENTOS DE BIOSEGURIDAD SEGÚN APÉNDICE",9131,"PAQUETE DE ELEMENTOS PARA LIMPIEZA Y DESINFECCIÓN PARA 10 TRABAJADORES EN OBRA (INCLUYE ALCOHOL, TOALLAS DE PAPEL, JABON LIQUIDO, GEL ANTIBACTERIAL, SUMINISTRO AGUA PARA EL LAVAMANOS)._(Según Apéndice Bioseguridad Covid 19_V2)","UN/MES",366451,"Actualización MO 2022"]
["Nuevo - Bioseguridad","ELEMENTOS DE BIOSEGURIDAD SEGÚN APÉNDICE",9132,"RECOLECCION, TRANSPORTE Y DISPOSICION DE RESIDUOS LÍQUIDOS PROVENIENTES DE LAVAMANOS PORTATILES. (INCLUYE EQUIPO DE SUCCIÓN)_(Según Apéndice Bioseguridad Covid 19_V2)","M3",250000,"Actualización MO 2022"]
["Nuevo - Bioseguridad","ELEMENTOS DE BIOSEGURIDAD SEGÚN APÉNDICE",9133,"ALQUILER CAMILLA EN FIBRA CON ARNÉS - INMOVILIZADOR Y SEÑAL._(Según Apéndice Bioseguridad Covid 19_V1 y V2)","UN/MES",10685,"Actualización MO 2022"]
["Nuevo - Bioseguridad","ELEMENTOS DE BIOSEGURIDAD SEGÚN APÉNDICE",9134,"ALQUILER CARPA VESTIER 2.0M X 2.0M CON ESTRUCTURA, TECHO Y LATERALES EN LONA._(Según Apéndice Bioseguridad Covid 19_V1 y V2)","UN/MES",67555,"Actualización MO 2022"]
["Nuevo - Bioseguridad","ELEMENTOS DE BIOSEGURIDAD SEGÚN APÉNDICE",9135,"ALQUILER DE DISPENSADOR DE JABÓN LÍQUIDO O GEL ANTIBACTERIAL - ALCOHOL, CON PEDAL METÁLICO_(Según Apéndice Bioseguridad Covid 19_V2)","UN/MES",6995,"Actualización MO 2022"]
["Nuevo - Bioseguridad","ELEMENTOS DE BIOSEGURIDAD SEGÚN APÉNDICE",9136,"ALQUILER DE DISPENSADOR DE JABÓN, METÁLICO DE 1LT. _(Según Apéndice Bioseguridad Covid 19_V1)","UN/MES",5336,"Actualización MO 2022"]
["Nuevo - Bioseguridad","ELEMENTOS DE BIOSEGURIDAD SEGÚN APÉNDICE",9137,"ALQUILER DE DISPENSADOR PLÁSTICO DE TOALLAS DE PAPEL_(Según Apéndice Bioseguridad Covid 19_V2)","UN/MES",2642,"Actualización MO 2022"]
["Nuevo - Bioseguridad","ELEMENTOS DE BIOSEGURIDAD SEGÚN APÉNDICE",9138,"ALQUILER DE DISPENSADOR PLÁSTICO DE TOALLAS TIPO Z_(Según Apéndice Bioseguridad Covid 19_V1)","UN/MES",2642,"Actualización MO 2022"]
["Nuevo - Bioseguridad","ELEMENTOS DE BIOSEGURIDAD SEGÚN APÉNDICE",9139,"ALQUILER DE FUMIGADORA DE ESPALDA. ASPERSOR BOMBA MANUAL 20 LITROS. DESINFECCIÓN INCLUYE MEZCLA AGUA-HIPOCLORITO 20 mml/LITRO._(Según Apéndice Bioseguridad Covid 19_V1 y V2)","UN/MES",40673,"Actualización MO 2022"]
["Nuevo - Bioseguridad","ELEMENTOS DE BIOSEGURIDAD SEGÚN APÉNDICE",9140,"ALQUILER DE LAVAMANOS PORTATIL DE PEDAL TIPO MANOS LIBRES._(Según Apéndice Bioseguridad Covid 19_V2)","UN/MES",59553,"Actualización MO 2022"]
["Nuevo - Bioseguridad","ELEMENTOS DE BIOSEGURIDAD SEGÚN APÉNDICE",9141,"ALQUILER DE MESA PLÁSTICA DE 0.72m x 0.72m x 0.72m._(Según Apéndice Bioseguridad Covid 19_V1 y V2)","UN/MES",4094,"Actualización MO 2022"]
["Nuevo - Bioseguridad","ELEMENTOS DE BIOSEGURIDAD SEGÚN APÉNDICE",9142,"ALQUILER DE SILLA PLÁSTICA SIN BRAZOS._(Según Apéndice Bioseguridad Covid 19_V1 y V2)","UN/MES",1397,"Actualización MO 2022"]
["Nuevo - Bioseguridad","ELEMENTOS DE BIOSEGURIDAD SEGÚN APÉNDICE",9143,"ALQUILER DE TERMOMETRO DIGITAL, INFRAROJO PARA USO EN HUMANOS, LIBRE DE CONTACTO, IMPERMEABLE. (INCLUYE CALIBRACION)._(Según Apéndice Bioseguridad Covid 19_V2)","UN/MES",33039,"Actualización MO 2022"]
["Nuevo - Bioseguridad","ELEMENTOS DE BIOSEGURIDAD SEGÚN APÉNDICE",9144,"ALQUILER DE TERMÓMETRO INFRARROJO PARA USO EN HUMANOS, LIBRE DE CONTACTO, IMPERMEABLE_(Según Apéndice Bioseguridad Covid 19_V1)","UN/MES",8250,"Actualización MO 2022"]
["Nuevo - Bioseguridad","ELEMENTOS DE BIOSEGURIDAD SEGÚN APÉNDICE",9145,"ALQUILER LAVAMANOS PORTÁTIL EN ACERO INOXIDABLE CON DOS TANQUES PARA AGUA LIMPIA Y RESIDUAL DE 20 LT C/U._(Según Apéndice Bioseguridad Covid 19_V1)","UN/MES",71250,"Actualización MO 2022"]
["Nuevo","EXCAVACIONES",9146,"ALQUILER DE ENTIBADO METALICO TIPO CAJON (E1A - E1B) (Incluye colocación y transporte)","M2",22393,"Actualización MO 2022"]
["Nuevo","EXCAVACIONES",9147,"ALQUILER DE ENTIBADO METÁLICO TIPO DESLIZANTE (E2) (Incluye colocación y transporte)","M2",24833,"Actualización MO 2022"]
["Nuevo","GESTIÓN AMBIENTAL",9148,"MALLA TEXTIL EN POLIESTER DE 2,8m X 7,0m CON SUBLIMACIÓN EN EL TOTAL DE LA SUPERFICIE Y REFUERZO EXTERNO EN REATA PARA TENSAR, Y OJALES EN REATA CADA 75cm. SUMINISTRO, INSTALACION Y TRANSPORTE.(CON VARA DE CORREDOR DE 14cm DE DIÁMETRO Y 4,00m DE ALTURA, ENTERRADO COMO MIN. 0.80, CON 1,50m., ENTRE VARAS)","UN",1027178,"Actualización MO 2022"]
["Nuevo - Bioseguridad","ELEMENTOS DE BIOSEGURIDAD SEGÚN APÉNDICE",9149,"RECOLECCION, TRANSPORTE Y DISPOSICION DE RESIDUOS LÍQUIDOS PROVENIENTES DE LAVAMANOS PORTATILES. (INCLUYE EQUIPO DE SUCCIÓN)._(Según Apéndice Bioseguridad Covid 19_V3)","M3",250000,"Actualización MO 2022"]
["Nuevo - Bioseguridad","ELEMENTOS DE BIOSEGURIDAD SEGÚN APÉNDICE",9150,"ALQUILER DE DISPENSADOR PLÁSTICO DE TOALLAS TIPO Z_(Según Apéndice Bioseguridad Covid 19_V3)","UN/MES",2642,"Actualización MO 2022"]
["Nuevo - Bioseguridad","ELEMENTOS DE BIOSEGURIDAD SEGÚN APÉNDICE",9151,"ALQUILER DE FUMIGADORA DE ESPALDA. ASPERSOR BOMBA MANUAL 20 LITROS. DESINFECCIÓN INCLUYE MEZCLA AGUA-HIPOCLORITO 20 mml/LITRO._(Según Apéndice Bioseguridad Covid 19_V3)","UN/MES",40673,"Actualización MO 2022"]
["Nuevo - Bioseguridad","ELEMENTOS DE BIOSEGURIDAD SEGÚN APÉNDICE",9152,"ALQUILER DE LAVAMANOS PORTATIL DE PEDAL TIPO MANOS LIBRES._(Según Apéndice Bioseguridad Covid 19_V3)","UN/MES",59553,"Actualización MO 2022"]
["Nuevo - Bioseguridad","ELEMENTOS DE BIOSEGURIDAD SEGÚN APÉNDICE",9153,"PAQUETE ELEMENTOS PARA LIMPIEZA Y DESINFECCIÓN PARA 10 TRABAJADORES EN OBRA (INCLUYE ALCOHOL GLICERINADO, TOALLAS DE PAPEL, JABON LIQUIDO, SUMINISTRO AGUA PARA EL LAVAMANOS). _(Según Apéndice Bioseguridad Covid 19_V3)","UN/MES",275051,"Actualización MO 2022"]
["Nuevo - Bioseguridad","ELEMENTOS DE BIOSEGURIDAD SEGÚN APÉNDICE",9154,"ALQUILER DE DISPENSADOR DE JABÓN LÍQUIDO O ALCOHOL GLICERINADO, CON PEDAL METÁLICO._(Según Apéndice Bioseguridad Covid 19_V3)","UN/MES",6995,"Actualización MO 2022"]
["Nuevo DTP ","PROYECTO ESPECÍFICO",9155,"CICLOPARQUEADERO PORTAL SUR Y PORTAL SUBA - SUMINISTRO Y PLANTACION DE ARBOL, ESPECIE MANO DE OSO H=1.5M. INCLUYE SIEMBRA, TIERRA, ABONO, TUTOR Y TRANSPORTE","UN",200000,"Actualización MO 2022"]
["Nuevo DTP ","PROYECTO ESPECÍFICO",9156,"CICLOPARQUEADERO PORTAL SUR Y PORTAL SUBA - JUEGO DE FERULAS INMOVILIZADORAS CARTON PLAST ADULTO POR UNIDAD CON CORREAS DE SUJECION Y CIERRE EN VELCRO (INCLUYE VELCRO, CINCO PIEZAS, PIERNA, TOBILLO, BRAZO, MUÑECA Y CUELLO)","UN",17010,"Actualización MO 2022"]
["Nuevo DTP ","PROYECTO ESPECÍFICO",9157,"CICLOPARQUEADERO PORTAL SUR Y PORTAL SUBA - POYO EN CONCRETO DE 0.15X0.16 M (SUMINISTRO E INSTALACIÓN)","ML",27626,"Actualización MO 2022"]
["Nuevo DTP ","PROYECTO ESPECÍFICO",9158,"CICLOPARQUEADERO PORTAL SUR Y PORTAL SUBA - AFINADO E IMPERMEABILIZACIÓN CON MANTO ASFALTICO (SUMINISTRO E INSTALACIÓN)","M2",73382,"Actualización MO 2022"]
["Nuevo DTP ","PROYECTO ESPECÍFICO",9159,"CICLOPARQUEADERO PORTAL SUR Y PORTAL SUBA - LÍNEA DE VIDA - (SUMINISTRO E INSTALACIÓN, INCLUYE 10 M DE CABLE EN ACERO INOXIDABLE 5/16, 2 PLATOS BASE PARA POSTES, 2 PERNOS DE ANCLAJE EN MARIPOSA, 2 PUNTOS DE IMPERMEABILIZACIÓN, 1 POSTE ABSORBEDOR DE ENERGIA EN ACERO INOXIDABLE 304, 1 POSTE MACIZO EN ACERO INOXIDABLE 304, 2 TERMINALES INICIALES, 1 TENSIONADOR QUIJADA-QUIJADA 6\" DE CABLE EN ACERO INOXIDABLE 304, 2 GUARDACABOS Y 4 FERRULES PARA ANCLAJE DEL CABLE DE LA LINEA DE VIDA, MARQUILLA DE IDENTIFICACIÓN)","UN",6189637,"Actualización MO 2022"]
["Nuevo DTP ","PROYECTO ESPECÍFICO",9160,"CICLOPARQUEADERO PORTAL SUR Y PORTAL SUBA - LÍNEA DE VIDA -  (SUMINISTRO E INSTALACIÓN, INCLUYE 20 M DE CABLE EN ACERO INOXIDABLE 5/16, 3 PLATOS BASE PARA POSTES, 3 PERNOS DE ANCLAJE EN MARIPOSA, 3 PUNTOS DE IMPERMEABILIZACIÓN, 1 POSTE ABSORBEDOR DE ENERGIA EN ACERO INOXIDABLE 304, 2 POSTES MACIZOS EN ACERO INOXIDABLE 304, 1 TERMINAL INTERMEDIO, 2 TERMINALES INICIALES, 1 TENSIONADOR QUIJADA-QUIJADA 6\" DE CABLE EN ACERO INOXIDABLE 304, 2 GUARDACABOS Y 4 FERRULES PARA ANCLAJE DEL CABLE DE LA LINEA DE VIDA, MARQUILLA DE IDENTIFICACIÓN)","UN",10001027,"Actualización MO 2022"]
["Nuevo DTP ","PROYECTO ESPECÍFICO",9161,"CICLOPARQUEADERO PORTAL SUR Y PORTAL SUBA - CERRAMIENTO DE REJILLA EN LAMINA COLD ROLLED CAL 18 (INCLUYE FABRICACIÓN, SUMINISTRO E INSTALACIÓN)","ML",599569,"Actualización MO 2022"]
["Nuevo DTP ","PROYECTO ESPECÍFICO",9162,"CICLOPARQUEADERO PORTAL SUR Y PORTAL SUBA - SUMINISTRO E INSTALACIÓN DE PUERTA ENTAMBORADA HOJA Y MARCO EN COLD ROLLED CALIBRE 18 CON PINTURA ESMALTE GRIS, BARRA ANTIPATICO TIPO PUSH CON MANIJA PARA PUERTAS CORTAFUEGO. MONTANTE CON MARCO Y REJILLA COLD ROLLED PARA PUERTA P-02 SALIDA DE EMERGENCIA (SUMINISTRO E INSTALACIÓN)","UN",1791745,"Actualización MO 2022"]
["Nuevo DTP ","PROYECTO ESPECÍFICO",9163,"SUMINISTRO E INSTALACIÓN DE PUERTA ENTAMBORADA HOJA Y MARCO EN COLD ROLLED CALIBRE 18 CON PINTURA ESMALTE GRIS. CERRADURA BOWERY COLLIN POMO CROMO MATE, MONTANTE CON MARCO Y LAMINA COLD ROLLED CAL. 18 PARA PUERTA P-01 DEPOSITO (SUMINISTRO E INSTALACIÓN)","UN",1262268,"Actualización MO 2022"]
["Nuevo DTP ","PROYECTO ESPECÍFICO",9164,"CICLOPARQUEADERO PORTAL SUR Y PORTAL SUBA - ALFAJIA METALICA 16 CMS (SUMINISTRO E INSTALACIÓN)","ML",27225,"Actualización MO 2022"]
["Nuevo DTP ","PROYECTO ESPECÍFICO",9165,"CICLOPARQUEADERO PORTAL SUR Y PORTAL SUBA - CICLOPARQUEADERO DUPLICADOR VERTICAL DE PARQUEO PARA BICICLETAS (INCLUYE SUMINISTRO E INSTALACIÓN)","UN",2235976,"Actualización MO 2022"]
["Nuevo DTP ","PROYECTO ESPECÍFICO",9166,"CICLOPARQUEADERO PORTAL SUR Y PORTAL SUBA - SALIDA PARA LUMINARIA DE INCRUSTAR TIPO LED 12W (AREA MANTENIMIENTO) - SUMINISTRO E INSTALACIÓN (INCLUYE CABLE Y ACCESORIOS, NO INCLUYE LUMINARIA) ","UN",110702,"Actualización MO 2022"]
["Nuevo DTP ","PROYECTO ESPECÍFICO",9167,"CICLOPARQUEADERO PORTAL SUR Y PORTAL SUBA - SALIDA PARA LUMINARIA TIPO LED 55W - SUMINISTRO E INSTALACIÓN (INCLUYE CABLE Y ACCESORIOS, NO INCLUYE LUMINARIA) ","UN",118073,"Actualización MO 2022"]
["Nuevo DTP ","PROYECTO ESPECÍFICO",9168,"CICLOPARQUEADERO PORTAL SUR Y PORTAL SUBA - SALIDA PARA LUMINARIA DE EMERGENCIA LED 6W - SUMINISTRO E INSTALACIÓN (INCLUYE CABLE Y ACCESORIOS, NO INCLUYE LUMINARIA) ","UN",110702,"Actualización MO 2022"]
["Nuevo DTP ","PROYECTO ESPECÍFICO",9169,"CICLOPARQUEADERO PORTAL SUR Y PORTAL SUBA - SALIDA PARA TOMACORRIENTE DOBLE - SUMINISTRO E INSTALACIÓN (INCLUYE CABLE Y ACCESORIOS) ","UN",100949,"Actualización MO 2022"]
["Nuevo DTP ","PROYECTO ESPECÍFICO",9170,"CICLOPARQUEADERO PORTAL SUR Y PORTAL SUBA - SALIDA PARA EXTRACTOR  - SUMINISTRO E INSTALACIÓN (INCLUYE CABLE, ACCESORIOS Y EXTRACTOR) ","UN",149441,"Actualización MO 2022"]
["Nuevo DTP ","PROYECTO ESPECÍFICO",9171,"CICLOPARQUEADERO PORTAL SUR Y PORTAL SUBA - SALIDA PARA TOMA TRIFASICA 208V, 30A  - SUMINISTRO E INSTALACIÓN (INCLUYE CABLE Y ACCESORIOS)","UN",236811,"Actualización MO 2022"]
["Nuevo DTP ","PROYECTO ESPECÍFICO",9172,"CICLOPARQUEADERO PORTAL SUR Y PORTAL SUBA - SALIDA PARA INTERRUPTOR DOBLE - SUMINISTRO E INSTALACIÓN (INCLUYE CABLE Y ACCESORIOS)","UN",110961,"Actualización MO 2022"]
["Nuevo DTP ","PROYECTO ESPECÍFICO",9173,"CICLOPARQUEADERO PORTAL SUR Y PORTAL SUBA - SALIDA PARA INTERRUPTOR TRIPLE - SUMINISTRO E INSTALACIÓN (INCLUYE CABLE Y ACCESORIOS)","UN",130125,"Actualización MO 2022"]
["Nuevo DTP ","PROYECTO ESPECÍFICO",9174," CICLOPARQUEADERO PORTAL SUR Y PORTAL SUBA -SALIDA PARA SENSOR, INCLUYE SENSOR - SUMINISTRO E INSTALACIÓN (INCLUYE CABLE Y ACCESORIOS)","UN",177505,"Actualización MO 2022"]
["Nuevo DTP ","PROYECTO ESPECÍFICO",9175,"CICLOPARQUEADERO PORTAL SUR Y PORTAL SUBA - ALAMBRADO EN  CABLE DE COBRE 2#8 + 1#10T, CU THHN-THWN, EN TUBERIA EMT DE 1\", PARA TABLEROS DE LOCALES  - SUMINISTRO E INSTALACIÓN (INCLUYE CABLE Y ACCESORIOS)","UN",145374,"Actualización MO 2022"]
["Nuevo DTP ","PROYECTO ESPECÍFICO",9176,"CICLOPARQUEADERO PORTAL SUR Y PORTAL SUBA - ALAMBRADO EN  CABLE CU  2(3*1 + 1*1) + 1*4T CU THHW, EN TUBERIA PVC 2 DE 3\", PARA T-CCLP - SUMINISTRO E INSTALACIÓN (INCLUYE CABLE Y ACCESORIOS)","UN",252169,"Actualización MO 2022"]
["Nuevo DTP ","PROYECTO ESPECÍFICO",9177,"CICLOPARQUEADERO PORTAL SUR Y PORTAL SUBA - CANALIZACION 2X3\" PVC - SUMINISTRO E INSTALACIÓN (INCLUYE CABLE Y ACCESORIOS)","ML",39105,"Actualización MO 2022"]
["Nuevo DTP ","PROYECTO ESPECÍFICO",9178,"CICLOPARQUEADERO PORTAL SUR Y PORTAL SUBA - CABLEADO ELECTRICO PARA RED AP EXISTENTE, EXTERIOR, CON CABLE 2X6 CU +1X10T CU, THHN - SUMINISTRO E INSTALACIÓN (INCLUYE CABLE Y ACCESORIOS)","UN",82409,"Actualización MO 2022"]
["Nuevo DTP ","PROYECTO ESPECÍFICO",9179,"CICLOPARQUEADERO PORTAL SUR Y PORTAL SUBA - GABINETE METÁLICO, CONSTRUÍDO EN LÁMINA COLD ROLLED CON TRATAMIENTO SUPERFICIAL PARA PROTEGERLO DE LA OXIDACIÓN Y LOGRAR MAYOR ADHERENCIA A LA PINTURA (MEDIANTE PROCESOS DE BONDERIZADO Y FOSFATADO), CON ACABADO FINAL EN COLOR GRIS CLARO O AZÚL CLARO, INCLUYE UN TOTALIZADOR INDUSTRIAL DE 3X80A,  DOS INTERRUPTOR AUTOMATICO INDUSTRIAL 3X30A, 5 INTERRUPORES AUTOMATICOS PARA RIEL OMEGA DE 1X50A,  3 INTERRUPTORES AUTOMATICOS PARA RIEL OMEGA DE 1X20A, 5 MEDIDORES DE ENERGIA MONOFASICOS DE 10A, DPS CLASE 2, 40KA, 208/120V CON FUSIBLE INTEGRADO, BARRAJES, ELEMENTOS DE CONEXION, MARCACION, SEÑALIZACION, ETC. INCLUYE INSTALACIÓN Y SUMINISTRO","UN",9235189,"Actualización MO 2022"]
["Nuevo DTP ","PROYECTO ESPECÍFICO",9180,"CICLOPARQUEADERO PORTAL SUR Y PORTAL SUBA - CAJA PARA CONTROL DE ALUMBRADO, COMPUESTA POR DOS TELERRUPTORES MONOPLARES  DE 16A,  DOS  PULSADORES,   DOS LAMPARAS  DE SEÑALIZACION, MARCACION Y ELEMENTOS DE CONEXIÓN REQUERIDOS.  - (INCLUYE SUMINISTRO E INSTALACIÓN)","UN",389722,"Actualización MO 2022"]
["Nuevo DTP ","PROYECTO ESPECÍFICO",9181,"CICLOPARQUEADERO PORTAL SUR Y PORTAL SUBA - TOTALIZADOR INDUSTRIAL DE 3X80A (INCLUYE SUMINISTRO E INSTALACIÓN)","UN",155178,"Actualización MO 2022"]
["Nuevo DTP ","PROYECTO ESPECÍFICO",9182,"CICLOPARQUEADERO PORTAL SUR Y PORTAL SUBA - BREAKER INDUSTRIAL TRIFASICO CHINT 100A (INCLUYE SUMINISTRO E INSTALACIÓN)","UN",138911,"Actualización MO 2022"]
["Nuevo DTP ","PROYECTO ESPECÍFICO",9183,"CICLOPARQUEADERO PORTAL SUR Y PORTAL SUBA - CAJA PASO 40X40X20 C20 (INCLUYE SUMINISTRO E INSTALACIÓN)","UN",92089,"Actualización MO 2022"]
["Nuevo DTP ","PROYECTO ESPECÍFICO",9184,"CICLOPARQUEADERO PORTAL SUR Y PORTAL SUBA - PUESTA A TIERRA DE ESTRUCTURA METALICA MEDIANTE CABLE DE COBRE N°4, AWG, INCLUIDOS BORNAS, TORNILLERIA Y DEMAS ELEMENTOS DE CONEXIÓN Y FIJACION, PARAMENTRO DE RESISTENCIA DEL SUELO MEDIANTE COMPRESION TRIAXIAL ESTATICA, VARILLA COOPERWELS 5/8\" X2,44, HIDROSOLTA, CAJA DE INSPECCIÓN DE 50X50, MARCO, TAPA, CABLE DE COBRE 2/0 AWG Y SOLDADURA EXOTERMICA (SUMINISTRO E INSTALACIÓN)","UN",2662157,"Actualización MO 2022"]
["Nuevo DTP ","PROYECTO ESPECÍFICO",9185,"CICLOPARQUEADERO PORTAL SUR Y PORTAL SUBA - CERTIFICACIÓN - INSPECCION RETIE Y RETILAP CICLOPARQEADERO PORTAL SUR","UN",4403000,"Actualización MO 2022"]
["Nuevo DTP ","PROYECTO ESPECÍFICO",9186,"CICLOPARQUEADERO PORTAL SUR Y PORTAL SUBA - CERTIFICACIÓN - INSPECCIÓN  RETIE Y RETILAP CICLOPARQUEADERO PORTAL SUBA","UN",3808000,"Actualización MO 2022"]
["Nuevo DTP ","PROYECTO ESPECÍFICO",9187,"CICLOPARQUEADERO PORTAL SUR Y PORTAL SUBA - LAMPARA LED HERMETICA 50W  (INCLUYE INSTALACIÓN)","UN",203201,"Actualización MO 2022"]
["Nuevo DTP ","PROYECTO ESPECÍFICO",9188,"CICLOPARQUEADERO PORTAL SUR Y PORTAL SUBA - PANEL LED DE INCRUSTAR 12W  (SUMINISTRO E INSTALACIÓN)","UN",83466,"Actualización MO 2022"]
["Nuevo DTP ","PROYECTO ESPECÍFICO",9189,"CICLOPARQUEADERO PORTAL SUR Y PORTAL SUBA - LUMINARIA EMERGENCIA 4W  (SUMINISTRO, CABLEADO  E INSTALACIÓN)","UN",123169,"Actualización MO 2022"]
["Nuevo DTP ","PROYECTO ESPECÍFICO",9190,"CICLOPARQUEADERO PORTAL SUR Y PORTAL SUBA - SALIDA PARA TELEFONO EN TUBERIA EMT DE 3/4\", INCLUYE CABLE UTP 4P CAT. 6A, JACKS RJ45 Y TODOS LOS ELEMENTOS PARA EL BUEN FUNCIONAMIENTO DEL PUNTO DE CONEXIÓN (INCLUYE SUMINISTRO E INSTALACIÓN)","UN",257162,"Actualización MO 2022"]
["Nuevo DTP ","PROYECTO ESPECÍFICO",9191,"CICLOPARQUEADERO PORTAL SUR Y PORTAL SUBA - SALIDA PARA CIRCUITO CERRADO DE TV, EN TUBERIA EMT DE 3/4\", INCLUYE CABLE UTP CAT. 6 (INCLUYE SUMINISTRO E INSTALACIÓN)","UN",249439,"Actualización MO 2022"]
["Nuevo DTP ","PROYECTO ESPECÍFICO",9192,"CICLOPARQUEADERO PORTAL SUR Y PORTAL SUBA - PATCH PANEL 24 CAT 6A (ENSAMBLE HERRAJE + JACK) AMP (INCLUYE SUMINISTRO E INSTALACIÓN)","UN",469194,"Actualización MO 2022"]
["Nuevo DTP ","PROYECTO ESPECÍFICO",9193,"CICLOPARQUEADERO PORTAL SUR Y PORTAL SUBA - CAJA METALICA DE PASO DE 15X15*10 CM(INCLUYE SUMINISTRO E INSTALACIÓN)","UN",23340,"Actualización MO 2022"]
["Nuevo DTP ","PROYECTO ESPECÍFICO",9194,"CICLOPARQUEADERO PORTAL SUR Y PORTAL SUBA - CAJA DE PASO DE 10X15X7 CM (INCLUYE SUMINISTRO E INSTALACIÓN)","UN",17747,"Actualización MO 2022"]
["Nuevo DTP ","PROYECTO ESPECÍFICO",9195,"CICLOPARQUEADERO PORTAL SUR Y PORTAL SUBA - CAJA METALICA DE PASO 20CM X 20CM X 10CM (INCLUYE SUMINISTRO E INSTALACIÓN)","UN",28024,"Actualización MO 2022"]
["Nuevo DTP ","PROYECTO ESPECÍFICO",9196,"CICLOPARQUEADERO PORTAL SUR Y PORTAL SUBA - MULTITOMA PARA RACK 8 SALIDAS (INCLUYE SUMINISTRO E INSTALACIÓN)","UN",58714,"Actualización MO 2022"]
["Nuevo DTP ","PROYECTO ESPECÍFICO",9197,"CICLOPARQUEADERO PORTAL SUR Y PORTAL SUBA - ACOMETIDA DE GAS POR LOCAL, INCLUYE MEDIDOR G16 (25M3/H) (SUMINISTRO, INSTALACIÓN Y DERECHOS DE CONEXIÓN VANTI)","GLB",2597034,"Actualización MO 2022"]
["Nuevo DTP ","PROYECTO ESPECÍFICO",9198,"PATIO ZONAL EL GACO - PLACA MACIZA DE CONTRAPISO EN CONCRETO F´C 21 MPa E:0,20M","M2",136337,"Actualización MO 2022"]
["Nuevo DTP ","PROYECTO ESPECÍFICO",9199,"PATIO ZONAL EL GACO - PERFIL IPE - ASTM A572 GR. 50","KG",16450,"Actualización MO 2022"]
["Nuevo DTP ","PROYECTO ESPECÍFICO",9200,"PATIO ZONAL EL GACO - DUCHA ANTIVANDÁLICA CON REGADERA TUBULAR (SUMINISTRO E INSTALACION)","UN",373893,"Actualización MO 2022"]
["Nuevo DTP ","PROYECTO ESPECÍFICO",9201,"PATIO ZONAL EL GACO - TUBO EN ACERO SCH 40 D= 1 1/2\" ","ML",42387,"Actualización MO 2022"]
["Nuevo DTP ","PROYECTO ESPECÍFICO",9202,"PATIO ZONAL EL GACO - TOMA DOBLE VOZ Y DATOS CAT 6","UN",32116,"Actualización MO 2022"]
["Nuevo DTP ","PROYECTO ESPECÍFICO",9203,"PATIO ZONAL EL GACO - CONECTORES PLUG RJ 45 PARA CABLE UTP","UN",4165,"Actualización MO 2022"]
["Nuevo DTP ","PROYECTO ESPECÍFICO",9204,"PATIO ZONAL EL GACO - BREAKER INDUSTRIAL TOTALIZADOR 3X20A (SUMINSTRO E INSTALACION)","UN",96203,"Actualización MO 2022"]
["Nuevo DTP ","PROYECTO ESPECÍFICO",9205,"PATIO ZONAL EL GACO - BREAKER INDUSTRIAL TOTALIZADOR 3X30A (SUMINISTRO E INSTALACION)","UN",168250,"Actualización MO 2022"]
["Nuevo DTP ","PROYECTO ESPECÍFICO",9206,"PATIO ZONAL EL GACO - BREAKER INDUSTRIAL TOTALIZADOR 3X40A (SUMINISTRO E INSTALACION)","UN",137842,"Actualización MO 2022"]
["Nuevo DTP ","PROYECTO ESPECÍFICO",9207,"PATIO ZONAL EL GACO - BREAKER INDUSTRIAL TOTALIZADOR 3X100A (SUMINISTRO E INSTALACION)","UN",239583,"Actualización MO 2022"]
["Nuevo DTP ","PROYECTO ESPECÍFICO",9208,"PATIO ZONAL EL GACO - BREAKER INDUSTRIAL TOTALIZADOR 3X80A (SUMINISTRO E INSTALACION)","UN",242189,"Actualización MO 2022"]
["Nuevo DTP ","PROYECTO ESPECÍFICO",9209,"PATIO ZONAL EL GACO - BREAKER TIPO ENCHUFABLE 1X20A (SUMINISTRO E INSTALACION)","UN",16112,"Actualización MO 2022"]
["Nuevo DTP ","PROYECTO ESPECÍFICO",9210,"PATIO ZONAL EL GACO - CABLE ALUMINIO AISLADO THHW, 500 KCMIL AA8000-CPT 600V 90°C CT","ML",19493,"Actualización MO 2022"]
["Nuevo DTP ","PROYECTO ESPECÍFICO",9211,"PATIO ZONAL EL GACO - SALIDA BIFÁSICA PARA SECADOR DE MANOS EN TUBERÍA CONDUIT EMT Y/O PVC DE 1\" (INCLUYE APARATO, SUMINISTRO E INSTALACIÓN)","UN",527220,"Actualización MO 2022"]
["Nuevo DTP ","PROYECTO ESPECÍFICO",9212,"PATIO ZONAL EL GACO - SALIDA TOMACORRIENTE PARA UPS MONOFASICA DE 1 KVA EN TUBERÍA CONDUIT EMT Y/O PVC DE 3/4\". (INCLUYE APARATO, SUMINISTRO E INSTALACIÓN)","UN",162621,"Actualización MO 2022"]
["Nuevo DTP ","PROYECTO ESPECÍFICO",9213,"PATIO ZONAL EL GACO - ACOMETIDA EN CABLE DE CU THHN No 3x4 F +1x6N+ 1x8T AWG. INCLUYE ACCESORIOS DE FIJACIÓN Y CONEXIÓN","ML",45035,"Actualización MO 2022"]
["Nuevo DTP ","PROYECTO ESPECÍFICO",9214,"PATIO ZONAL EL GACO - ACOMETIDA EN CABLE DE CU THHN No 3x1/0 F +1x2N+ 1x6T AWG. INCLUYE ACCESORIOS DE FIJACIÓN Y CONEXIÓN","ML",87207,"Actualización MO 2022"]
["Nuevo DTP ","PROYECTO ESPECÍFICO",9215,"PATIO ZONAL EL GACO - TUBERIA ACERO SCH40 1 1/4\" (INCLUYE SUMINISTRO E INSTALACION)","ML",45567,"Actualización MO 2022"]
["Nuevo DTP ","PROYECTO ESPECÍFICO",9216,"PATIO ZONAL EL GACO - TUBERIA ACERO SCH40 2 1/2\" (INCLUYE SUMINISTRO E INSTALACION)","ML",89904,"Actualización MO 2022"]
["Nuevo DTP ","PROYECTO ESPECÍFICO",9217,"PATIO ZONAL EL GACO - ACOMETIDA EN CABLE DE CU THHN No 3x2/0 F +1x1/0N+ 1x2T AWG. INCLUYE ACCESORIOS DE FIJACIÓN Y CONEXIÓN","ML",125759,"Actualización MO 2022"]
["Nuevo DTP ","PROYECTO ESPECÍFICO",9218,"PATIO ZONAL EL GACO - TUBERIA PVC C-900 DR-18 Ø=4\", PRESIÓN DE TRABAJO=235 PSI. (INCLUYE SUMINISTRO E INSTALACION)","ML",102957,"Actualización MO 2022"]
["Nuevo DTP ","PROYECTO ESPECÍFICO",9219,"PATIO ZONAL EL GACO - ACOMETIDA EN CABLE DE CU THHN No 3x4/0 F +1x2/0N+ 1x2T AWG. INCLUYE ACCESORIOS DE FIJACIÓN Y CONEXIÓN","ML",183124,"Actualización MO 2022"]
["Nuevo DTP ","PROYECTO ESPECÍFICO",9220,"PATIO ZONAL EL GACO - TUBERIA PVC C-900 DR-18 Ø=6\", PRESIÓN DE TRABAJO=235 PSI. (INCLUYE SUMINISTRO E INSTALACION)","ML",218730,"Actualización MO 2022"]
["Nuevo DTP ","PROYECTO ESPECÍFICO",9221,"PATIO ZONAL EL GACO - ACOMETIDA PRINCIPAL BT. INCLUYE ACCESORIOS DE FIJACIÓN Y CONEXIÓN (INCLUYE CABLE No.2 AWG 600V 90°, CABLE No. 2/0 AWG THHN-600V COBRE,  CABLE COBRE 4/0 AWG 600V 90° C THHN/THWN,  BORNA TERMINAL DE ALUMINIO 1 HUECO, 4/0 AWG)","ML",183206,"Actualización MO 2022"]
["Nuevo DTP ","PROYECTO ESPECÍFICO",9222,"PATIO ZONAL EL GACO - TEE HD EXTREMO JUNTA MECANICA 6\"x6\"x6\", PARA PVC C-900. (INCLUYE SUMINISTRO E INSTALACION)","UN",778929,"Actualización MO 2022"]
["Nuevo DTP ","PROYECTO ESPECÍFICO",9223,"PATIO ZONAL EL GACO - CABLE DE COBRE No 3x12 AWG (SUMINISTRO E INSTALACION)","ML",9355,"Actualización MO 2022"]
["Nuevo DTP ","PROYECTO ESPECÍFICO",9224,"PATIO ZONAL EL GACO - TEE HD EXTREMO JUNTA MECANICA REDUCIDA 6\"X6\"X4\", PARA PVC C-900. (INCLUYE SUMINISTRO E INSTALACION)","UN",595345,"Actualización MO 2022"]
["Nuevo DTP ","PROYECTO ESPECÍFICO",9225,"PATIO ZONAL EL GACO - TEE HD EXTREMO JUNTA MECANICA 4\"X4\"X4\", PARA PVC C-900. (INCLUYE SUMINISTRO E INSTALACION)","UN",431686,"Actualización MO 2022"]
["Nuevo DTP ","PROYECTO ESPECÍFICO",9226,"PATIO ZONAL EL GACO - MALLA METÁLICA PLASTIFICADA (0,05X0,05M) PINTURA ANTICORROSIVA Y ESMALTE POLIESTER COLOR VERDE RAL 6028, ANCLADA A MURO EXISTENTE, PARA MURO VERDE .","M2",42930,"Actualización MO 2022"]
["Nuevo DTP ","PROYECTO ESPECÍFICO",9227,"PATIO ZONAL EL GACO - CODO HD EXTREMO JUNTA MECANICA  90°X6\" (INCLUYE SUMINISTRO E INSTALACION)","UN",538077,"Actualización MO 2022"]
["Nuevo DTP ","PROYECTO ESPECÍFICO",9228,"PATIO ZONAL EL GACO - DIVISIONES DE BAÑO EN ACERO INOXIDABLE (INCLUYE PUERTA)","M2",541218,"Actualización MO 2022"]
["Nuevo DTP ","PROYECTO ESPECÍFICO",9229,"PATIO ZONAL EL GACO - ANTEPECHO EN BLOQUE No.5, MORTERO 1:4 (HECHO EN OBRA) PARA RECUBRIMIENTO PERIMETRAL DE CUBIERTA EN CONCRETO","M2",24551,"Actualización MO 2022"]
["Nuevo DTP ","PROYECTO ESPECÍFICO",9230,"PATIO ZONAL EL GACO - CODO HD EXTREMO JUNTA MECANICA 90°X4\" (INCLUYE SUMINISTRO E INSTALACION)","UN",378453,"Actualización MO 2022"]
["Nuevo DTP ","PROYECTO ESPECÍFICO",9231,"PATIO ZONAL EL GACO - CODO HD EXTREMO JUNTA MECANICA 45°X6\" (INCLUYE SUMINISTRO E INSTALACION)","UN",361958,"Actualización MO 2022"]
["Nuevo DTP ","PROYECTO ESPECÍFICO",9232,"PATIO ZONAL EL GACO - REDUCCIÓN HD EXTREMO JUNTA MECANICA  Ø6\"X4\" (INCLUYE SUMINISTRO E INSTALACION)","UN",183516,"Actualización MO 2022"]
["Nuevo DTP ","PROYECTO ESPECÍFICO",9233,"PATIO ZONAL EL GACO - BRIDA RANURADA Ø4\" (INCLUYE SUMINISTRO E INSTALACION)","UN",86597,"Actualización MO 2022"]
["Nuevo DTP ","PROYECTO ESPECÍFICO",9234,"PATIO ZONAL EL GACO - BRIDA RANURADA Ø6\" (INCLUYE SUMINISTRO E INSTALACION)","UN",84813,"Actualización MO 2022"]
["Nuevo DTP ","PROYECTO ESPECÍFICO",9235,"PATIO ZONAL EL GACO - JUEGO EMPAQUES Y TORNILLERIA PARA BRIDA 4\" (INCLUYE SUMINISTRO E INSTALACION)","UN",35710,"Actualización MO 2022"]
["Nuevo DTP ","PROYECTO ESPECÍFICO",9236,"PATIO ZONAL EL GACO - JUEGO EMPAQUES Y TORNILLERIA PARA BRIDA 6\" (INCLUYE SUMINISTRO E INSTALACION)","UN",39009,"Actualización MO 2022"]
["Nuevo DTP ","PROYECTO ESPECÍFICO",9237," PATIO ZONAL EL GACO - ADAPTADOR HEMBRA EN COBRE DE 1/2\" (SUMINISTRO E INSTALACION)","UN",7395,"Actualización MO 2022"]
["Nuevo DTP ","PROYECTO ESPECÍFICO",9238,"PATIO ZONAL EL GACO - TAPÓN RANURADO Ø4\" (INCLUYE SUMINISTRO E INSTALACION)","UN",16269,"Actualización MO 2022"]
["Nuevo DTP ","PROYECTO ESPECÍFICO",9239," PATIO ZONAL EL GACO - CONDUFLEX PLÁSTICO DE 3/4\" (SUMINISTRO E INSTALACION)","ML",3820,"Actualización MO 2022"]
["Nuevo DTP ","PROYECTO ESPECÍFICO",9240,"PATIO ZONAL EL GACO - TAPÓN RANURADO Ø6\" (INCLUYE SUMINISTRO E INSTALACION)","UN",35034,"Actualización MO 2022"]
["Nuevo DTP ","PROYECTO ESPECÍFICO",9241,"PATIO ZONAL EL GACO - CONDUFLEX PLÁSTICO DE 1/2\" (SUMINISTRO E INSTALACION)","ML",2806,"Actualización MO 2022"]
["Nuevo DTP ","PROYECTO ESPECÍFICO",9242,"PATIO ZONAL EL GACO - RESTRICTOR HEXAGONAL HD TUF GRIP Ø6\" (INCLUYE SUMINISTRO E INSTALACION)","UN",315942,"Actualización MO 2022"]
["Nuevo DTP ","PROYECTO ESPECÍFICO",9243,"PATIO ZONAL EL GACO - RESTRICTOR HEXAGONAL HD TUF GRIP Ø4\" (INCLUYE SUMINISTRO E INSTALACION)","UN",265811,"Actualización MO 2022"]
["Nuevo DTP ","PROYECTO ESPECÍFICO",9244,"PATIO ZONAL EL GACO - KIT ADAPTADOR TRANSICIÓN HD 4200 Ø6\" (INCLUYE SUMINISTRO E INSTALACION)","UN",583568,"Actualización MO 2022"]
["Nuevo DTP ","PROYECTO ESPECÍFICO",9245,"PATIO ZONAL EL GACO - KIT ADAPTADOR TRANSICIÓN HD 4200 Ø4\" (INCLUYE SUMINISTRO E INSTALACION)","UN",482391,"Actualización MO 2022"]
["Nuevo DTP ","PROYECTO ESPECÍFICO",9246,"PATIO ZONAL EL GACO - RESTRICTOR HIERRO DÚCTIL SERIE 400 C-900 Ø6\" (INCLUYE SUMINISTRO E INSTALACION)","UN",331261,"Actualización MO 2022"]
["Nuevo DTP ","PROYECTO ESPECÍFICO",9247,"PATIO ZONAL EL GACO - RESTRICTOR HIERRO DÚCTIL SERIE 400 C-900 Ø4\" (INCLUYE SUMINISTRO E INSTALACION)","UN",265811,"Actualización MO 2022"]
["Nuevo DTP ","PROYECTO ESPECÍFICO",9248,"PATIO ZONAL EL GACO - VÁLVULA ANGULAR 2 1/2″ H/M ROSCADA 300 PSI BRONCE UL/FM (INCLUYE SUMINISTRO E INSTALACION)","UN",301543,"Actualización MO 2022"]
["Nuevo DTP ","PROYECTO ESPECÍFICO",9249,"PATIO ZONAL EL GACO - ACOPLE RIGIDO RANURADO 1-¼\" (INCLUYE SUMINISTRO E INSTALACION)","UN",23268,"Actualización MO 2022"]
["Nuevo DTP ","PROYECTO ESPECÍFICO",9250,"PATIO ZONAL EL GACO - ACOPLE RIGIDO RANURADO 1-½\" (INCLUYE SUMINISTRO E INSTALACION)","UN",22396,"Actualización MO 2022"]
["Nuevo DTP ","PROYECTO ESPECÍFICO",9251,"PATIO ZONAL EL GACO - ACOPLE RIGIDO RANURADO 2\" (INCLUYE SUMINISTRO E INSTALACION)","UN",23229,"Actualización MO 2022"]
["Nuevo DTP ","PROYECTO ESPECÍFICO",9252,"PATIO ZONAL EL GACO - ACOPLE RIGIDO RANURADO 2-1/2\" (INCLUYE SUMINISTRO E INSTALACION)","UN",24419,"Actualización MO 2022"]
["Nuevo DTP ","PROYECTO ESPECÍFICO",9253," PATIO ZONAL EL GACO - ARBUSTO TIPO SIETE CUEROS/NAZARENO DE ALTURA 60-70CM","UN",41867,"Actualización MO 2022"]
["Nuevo DTP ","PROYECTO ESPECÍFICO",9254,"PATIO ZONAL EL GACO - ACOPLE RIGIDO RANURADO 3\" (INCLUYE SUMINISTRO E INSTALACION)","UN",26085,"Actualización MO 2022"]
["Nuevo DTP ","PROYECTO ESPECÍFICO",9255,"PATIO ZONAL EL GACO - ACOPLE RIGIDO RANURADO 4\" (INCLUYE SUMINISTRO E INSTALACION)","UN",35792,"Actualización MO 2022"]
["Nuevo DTP ","PROYECTO ESPECÍFICO",9256," PATIO ZONAL EL GACO - Fachada en Ladrillo bloque estructural No. 12  ( 39 x 19 x 12)cm. (Suministro e instalación)","M2",52229,"Actualización MO 2022"]
["Nuevo DTP ","PROYECTO ESPECÍFICO",9257," PATIO ZONAL EL GACO - AFINADO SIMPLE E= 4CMS (MORTERO SECO) (INCLUYE SUMINISTRO E INSTALACIÓN)","M2",42842,"Actualización MO 2022"]
["Nuevo DTP ","PROYECTO ESPECÍFICO",9258," PATIO ZONAL EL GACO - ESPEJO BISELADO DE 5MM SOBRE MARCO DE MADERA (INCLUYE SUMINISTRO E INSTALACIÓN)","M2",200863,"Actualización MO 2022"]
["Nuevo DTP ","PROYECTO ESPECÍFICO",9259,"PATIO ZONAL EL GACO - REGISTRO BOLA 3/4\" PVC (INCLUYE SUMINISTRO E INSTALACION)","UN",15471,"Actualización MO 2022"]
["Nuevo DTP ","PROYECTO ESPECÍFICO",9260,"PATIO ZONAL EL GACO - REGISTRO BOLA 1 1/2\" PVC (INCLUYE SUMINISTRO E INSTALACION)","UN",30729,"Actualización MO 2022"]
["Nuevo DTP ","PROYECTO ESPECÍFICO",9261,"PATIO ZONAL EL GACO - REGISTRO BOLA 2\" PVC (INCLUYE SUMINISTRO E INSTALACION)","UN",42855,"Actualización MO 2022"]
["Nuevo DTP ","PROYECTO ESPECÍFICO",9262,"PATIO ZONAL EL GACO - TEE 3\" PVC (INCLUYE SUMINISTRO E INSTALACION)","UN",64439,"Actualización MO 2022"]
["Nuevo DTP ","PROYECTO ESPECÍFICO",9263,"PATIO ZONAL EL GACO - TEE 4\" PVC (INCLUYE SUMINISTRO E INSTALACION)","UN",134702,"Actualización MO 2022"]
["Nuevo DTP ","PROYECTO ESPECÍFICO",9264,"PATIO ZONAL EL GACO - CODO PVCP 90° 3/4\"  (INCLUYE SUMINISTRO E INSTALACION)","UN",4270,"Actualización MO 2022"]
["Nuevo DTP ","PROYECTO ESPECÍFICO",9265,"PATIO ZONAL EL GACO - CODO PVCP 45° 1 1/4\"  (INCLUYE SUMINISTRO E INSTALACION)","UN",8847,"Actualización MO 2022"]
["Nuevo DTP ","PROYECTO ESPECÍFICO",9266,"PATIO ZONAL EL GACO - TEE 2 1/2\" PVC (INCLUYE SUMINISTRO E INSTALACION)","UN",41587,"Actualización MO 2022"]
["Nuevo DTP ","PROYECTO ESPECÍFICO",9267,"PATIO ZONAL EL GACO - SOPORTES COLGANTES UL/FM 1-1/4\" (Incluye suministro e instalacion)","UN",25532,"Actualización MO 2022"]
["Nuevo DTP ","PROYECTO ESPECÍFICO",9268,"PATIO ZONAL EL GACO - SOPORTES COLGANTES UL/FM 1-1/2\" (Incluye suministro e instalacion)","UN",25651,"Actualización MO 2022"]
["Nuevo DTP ","PROYECTO ESPECÍFICO",9269,"PATIO ZONAL EL GACO - SOPORTES COLGANTES UL/FM 2\" (Incluye suministro e instalacion)","UN",25770,"Actualización MO 2022"]
["Nuevo DTP ","PROYECTO ESPECÍFICO",9270,"PATIO ZONAL EL GACO - MANOMETRO GLICERINA CUBIERTA DE 2 1/2\", 0 A 300 PSI Ø1/4\" (INCLUYE SUMINISTRO E INSTALACION)","UN",71238,"Actualización MO 2022"]
["Nuevo DTP ","PROYECTO ESPECÍFICO",9271,"PATIO ZONAL EL GACO - ROCIADOR PENDIENTE, ORIFICIO 3/4\", TEMPERATURA 165° F, BRONZE Ø 3/4\" - K=8,0 (INCLUYE SUMINISTRO E INSTALACION)","UN",49577,"Actualización MO 2022"]
["Nuevo DTP ","PROYECTO ESPECÍFICO",9272,"PATIO ZONAL EL GACO - ABRAZADERA TIPO PERA UL/FM 1\" (INCLUYE SUMINISTRO E INSTALACION)","UN",25416,"Actualización MO 2022"]
["Nuevo DTP ","PROYECTO ESPECÍFICO",9273,"PATIO ZONAL EL GACO: LUMINARIA LED EMERGENCIA R12 x 1.6W. (Incluye suministro e instalación)\t","UN",139875,"Actualización MO 2022"]
["Nuevo DTP ","PROYECTO ESPECÍFICO",9274,"PATIO ZONAL EL GACO: LUMINARIA LED HERMETICA 50W DL. (Incluye suministro e instalación)","UN",177695,"Actualización MO 2022"]
["Nuevo DTP ","PROYECTO ESPECÍFICO",9275,"PATIO ZONAL EL GACO: LED REFLECTOR JETA 50W DL. (Incluye suministro e instalación)","UN",96696,"Actualización MO 2022"]
["Nuevo DTP ","PROYECTO ESPECÍFICO",9276,"PATIO ZONAL EL GACO - SOPORTES COLGANTES UL/FM 3\" (Incluye suministro e instalacion)","UN",27257,"Actualización MO 2022"]
["Nuevo DTP ","PROYECTO ESPECÍFICO",9277,"PATIO ZONAL EL GACO: LUMINARIA LED HIGH BAY 200W DL GC015. (Incluye suministro e instalación)","UN",480727,"Actualización MO 2022"]
["Nuevo DTP ","PROYECTO ESPECÍFICO",9278,"PATIO ZONAL EL GACO: PLANTA ELÉCTRICA 400 kW CON CABINA. Voltaje 220 V. (Incluye suministro e instalación)","UN",194317044,"Actualización MO 2022"]
["Nuevo DTP ","PROYECTO ESPECÍFICO",9279,"PATIO ZONAL EL GACO: TOMA TRIFILAR DE INCRUSTAR 50A/250V. (Incluye suministro e instalación)","UN",20968,"Actualización MO 2022"]
["Nuevo DTP ","PROYECTO ESPECÍFICO",9280,"PATIO ZONAL EL GACO: PANEL LED REDONDO 18 W LUZ BLANCA FRÍA 1080 LUMENES DE INCRUSTAR. (Incluye suministro e instalación)","UN",55496,"Actualización MO 2022"]
["Nuevo DTP ","PROYECTO ESPECÍFICO",9281,"PATIO ZONAL EL GACO - SOPORTES COLGANTES UL/FM 4\" (Incluye suministro e instalacion)","UN",28507,"Actualización MO 2022"]
["Nuevo DTP ","PROYECTO ESPECÍFICO",9282,"PATIO ZONAL EL GACO: ACOMETIDA EN CABLE THHN No 3x10 F +1x10N+ 1x10T AWG. Incluye Accesorios de Fijación  y conexión","ML",18286,"Actualización MO 2022"]
["Nuevo DTP ","PROYECTO ESPECÍFICO",9283,"PATIO ZONAL EL GACO - SOPORTE ANTISÍSMICO 4 VÍAS (Incluye suministro e instalacion)","UN",71144,"Actualización MO 2022"]
["Nuevo DTP ","PROYECTO ESPECÍFICO",9284,"PATIO ZONAL EL GACO: LUMINARIA LED PANEL RD 24W DL. (Incluye suministro e instalación) ","UN",73813,"Actualización MO 2022"]
["Nuevo DTP ","PROYECTO ESPECÍFICO",9285,"PATIO ZONAL EL GACO - SOPORTE AUTO-AJUSTABLE (Incluye suministro e instalacion)","UN",5619,"Actualización MO 2022"]
["Nuevo DTP ","PROYECTO ESPECÍFICO",9286," PATIO ZONAL EL GACO - LISTÓN ESPARTA MULTICOLOR CARA UNICA 15 x 45 CM (SUMINISTRO E INSTALACION)","UN",10376,"Actualización MO 2022"]
["Nuevo DTP ","PROYECTO ESPECÍFICO",9287,"PATIO ZONAL EL GACO: CODO CU 90° 3/4\". (Incluye suministro e instalación)","UN",7795,"Actualización MO 2022"]
["Nuevo DTP ","PROYECTO ESPECÍFICO",9288," PATIO ZONAL EL GACO - PISO EN PORCELANATO BELFORT MIEL 24X120 CM (SUMINISTRO E INSTALACION)","M2",118301,"Actualización MO 2022"]
["Nuevo DTP ","PROYECTO ESPECÍFICO",9289,"PATIO ZONAL EL GACO - CHEQUE RANURADO Ø2\" (Incluye suministro e instalacion)","UN",235877,"Actualización MO 2022"]
["Nuevo DTP ","PROYECTO ESPECÍFICO",9290," PATIO ZONAL EL GACO - VENTANA TIPO V-02 REJILLA EN VIDRIO, ALUMINIO MATE, VIDRIO TEMPLADO DE SEGURIDAD TRANSPARENTE 6MM, DE 60X100CM (Incluye suministro e instalacion)","UN",278832,"Actualización MO 2022"]
["Nuevo DTP ","PROYECTO ESPECÍFICO",9291," PATIO ZONAL EL GACO - VENTANA TIPO V-03 GUILLOTINA VERTICAL, EN ALUMINIO MATE, VIDRIO TEMPLADO DE SEGURIDAD TRANSPARENTE 6MM, DE 220x100CM (Incluye suministro e instalacion)","UN",1079345,"Actualización MO 2022"]
["Nuevo DTP ","PROYECTO ESPECÍFICO",9292,"PATIO ZONAL EL GACO - CHEQUE RANURADO Ø2½\" (Incluye suministro e instalacion)","UN",223522,"Actualización MO 2022"]
["Nuevo DTP ","PROYECTO ESPECÍFICO",9293," PATIO ZONAL EL GACO -  TUBO POLIETILENO 1\" (SUMINISTRO E INSTALACIÓN)","ML",11766,"Actualización MO 2022"]
["Nuevo DTP ","PROYECTO ESPECÍFICO",9294,"PATIO ZONAL EL GACO - CHEQUE RANURADO Ø3\" (Incluye suministro e instalacion)","UN",255120,"Actualización MO 2022"]
["Nuevo DTP ","PROYECTO ESPECÍFICO",9295,"PATIO ZONAL EL GACO - CHEQUE RANURADO Ø4\" (Incluye suministro e instalacion)","UN",355948,"Actualización MO 2022"]
["Nuevo DTP ","PROYECTO ESPECÍFICO",9296,"PATIO ZONAL EL GACO - VÁLVULA MARIPOSA Ø1½\" (Incluye suministro e instalacion)","UN",313108,"Actualización MO 2022"]
["Nuevo DTP ","PROYECTO ESPECÍFICO",9297,"PATIO ZONAL EL GACO - VÁLVULA MARIPOSA Ø2\" (Incluye suministro e instalacion)","UN",393307,"Actualización MO 2022"]
["Nuevo DTP ","PROYECTO ESPECÍFICO",9298,"PATIO ZONAL EL GACO - LUMINARIA LED PANEL SQ 40W DL 100-277V (Incluye suministro e instalacion)","UN",125262,"Actualización MO 2022"]
["Nuevo DTP ","PROYECTO ESPECÍFICO",9299,"PATIO ZONAL EL GACO - LUMINARIA LED LINEAL COMERCIAL 40W DL UNV (Incluye suministro e instalacion)","UN",138432,"Actualización MO 2022"]
["Nuevo DTP ","PROYECTO ESPECÍFICO",9300,"PATIO ZONAL EL GACO - TUBO DE COBRE 3/4\" (Incluye suministro e instalacion)","ML",35561,"Actualización MO 2022"]
["Nuevo DTP ","PROYECTO ESPECÍFICO",9301,"PATIO ZONAL EL GACO - GEOMEMBRANA LISA HDPE 40 MILS. (Incluye suministro e instalacion).","M2",17905,"Actualización MO 2022"]
["Nuevo DTP ","PROYECTO ESPECÍFICO",9302,"PATIO ZONAL EL GACO - ACCESORIOS RANURADOS 150 LBS 1\" (Incluye suministro e instalacion)","UN",11318,"Actualización MO 2022"]
["Nuevo DTP ","PROYECTO ESPECÍFICO",9303,"PATIO ZONAL EL GACO - ACCESORIO RANURADO 1¼\" (Incluye suministro e instalacion)","UN",13969,"Actualización MO 2022"]
["Nuevo DTP ","PROYECTO ESPECÍFICO",9304,"PATIO ZONAL EL GACO - ACCESORIO RANURADO 1½\" (Incluye suministro e instalacion)","UN",15118,"Actualización MO 2022"]
["Nuevo DTP ","PROYECTO ESPECÍFICO",9305,"PATIO ZONAL EL GACO - ACCESORIO RANURADO 2\" (Incluye suministro e instalacion)","UN",18518,"Actualización MO 2022"]
["Nuevo DTP ","PROYECTO ESPECÍFICO",9306,"PATIO ZONAL EL GACO - PLUG TELEFONICO CONECTOR RJ 11 (Incluye suministro e instalacion)","UN",1948,"Actualización MO 2022"]
["Nuevo DTP ","PROYECTO ESPECÍFICO",9307,"PATIO ZONAL EL GACO - GABINETE 60 CM X 60 CM X 60 CM (Incluye suministro e instalacion)","UN",277175,"Actualización MO 2022"]
["Nuevo DTP ","PROYECTO ESPECÍFICO",9308,"PATIO ZONAL EL GACO - GABINETE 60 CM X 60 CM X 210 CM (Incluye suministro e instalacion)","UN",789383,"Actualización MO 2022"]
["Nuevo DTP ","PROYECTO ESPECÍFICO",9309,"PATIO ZONAL EL GACO - PATCH PANEL 24 PUNTOS (Incluye suministro e instalacion)","UN",191032,"Actualización MO 2022"]
["Nuevo DTP ","PROYECTO ESPECÍFICO",9310,"PATIO ZONAL EL GACO - PATCHCORD CTA 6 (Incluye suministro e instalacion)","ML",4734,"Actualización MO 2022"]
["Nuevo DTP ","PROYECTO ESPECÍFICO",9311," PATIO ZONAL EL GACO - TABLERO TRIFÁSICO 3F-5H DE 12 CIRCUITOS  PARA BREAKERS ENCHUFABLES (Incluye suministro e instalacion)","UN",313857,"Actualización MO 2022"]
["Nuevo DTP ","PROYECTO ESPECÍFICO",9312,"PATIO ZONAL EL GACO - TABLERO TRIFÁSICO 3F-5H DE 36 CIRCUITOS PARA BREAKERS ENCHUFABLES (Incluye suministro e instalacion)","UN",422574,"Actualización MO 2022"]
["Nuevo DTP ","PROYECTO ESPECÍFICO",9313,"PATIO ZONAL EL GACO - BREAKER TIPO ENCHUFABLE 2X20A (Incluye suministro e instalacion)","UN",29596,"Actualización MO 2022"]
["Nuevo DTP ","PROYECTO ESPECÍFICO",9314,"PATIO ZONAL EL GACO - BREAKER TIPO ENCHUFABLE 3X20A (Incluye suministro e instalacion)","UN",50097,"Actualización MO 2022"]
["Nuevo DTP ","PROYECTO ESPECÍFICO",9315,"PATIO ZONAL EL GACO - FACE PLATE SENCILLO (Incluye suministro e instalacion)","UN",4456,"Actualización MO 2022"]
["Nuevo DTP ","PROYECTO ESPECÍFICO",9316," PATIO ZONAL EL GACO -  CODO DE 90° EN ACERO GALVANIZADO DE 1\" (SUMINISTRO E INSTALACION)","UN",8131,"Actualización MO 2022"]
["Nuevo DTP ","PROYECTO ESPECÍFICO",9317," PATIO ZONAL EL GACO -  VALVULA BOLA 3/4\" PARA GAS (SUMINISTRO E INSTALACION)","UN",17761,"Actualización MO 2022"]
["Nuevo DTP ","PROYECTO ESPECÍFICO",9318,"PATIO ZONAL EL GACO - REDUCCIÓN EN COBRE DE 3/4\" A 1/2\" (SUMINISTRO E INSTALACION)","UN",6195,"Actualización MO 2022"]
["Nuevo DTP ","PROYECTO ESPECÍFICO",9319,"PATIO ZONAL EL GACO - CODO DE 90° EN COBRE DE 1/2\" (SUMINISTRO E INSTALACION)","UN",5295,"Actualización MO 2022"]
["Nuevo DTP ","PROYECTO ESPECÍFICO",9320,"PATIO ZONAL EL GACO - ADAPTADOR MACHO EN COBRE DE 1/2\" (SUMINISTRO E INSTALACION)","UN",6195,"Actualización MO 2022"]
["Nuevo DTP ","PROYECTO ESPECÍFICO",9321,"PATIO ZONAL EL GACO - TUBERIA DE 1/2\" EN COBRE (SUMINISTRO E INSTALACION)","ML",25216,"Actualización MO 2022"]
["Nuevo DTINI","PUENTES",9322,"PISO EN POLIPROPILENO DE ALTO IMPACTO e: 25MM PARA TABLERO DE PUENTES PEATONALES TIPO TRANSMILENIO. INCLUYE SUMINISTRO, INSTALACIÓN Y TRANSPORTE","M2",870990,"Actualización MO 2022"]
["Nuevo DTINI","PUENTES",9323,"REPOSICIÓN DE PISO EN POLIPROPILENO DE ALTO IMPACTO e: 25MM PARA TABLERO DE PUENTES PEATONALES TIPO TRANSMILENIO. INCLUYE SUMINISTRO, INSTALACIÓN, TRANSPORTE A OBRA DE PISO EN POLIPROPILENO  Y RETIRO PISO EXISTENTE EN ALUMINIO. NO INCLUYE TRANSPORTE NI DISPOSICIÓN FINAL DE ESCOMBROS","M2",1250433,"Actualización MO 2022"]
["Nuevo DTINI","PUENTES",9324,"REPOSICIÓN DE PISO EN POLIPROPILENO DE ALTO IMPACTO e: 25MM PARA TABLERO DE PUENTES PEATONALES TIPO TRANSMILENIO. INCLUYE SUMINISTRO, INSTALACIÓN, TRANSPORTE A OBRA DE PISO EN POLIPROPILENO Y RETIRO PISO EXISTENTE EN PANELES PREFABRICADOS EN CONCRETO. NO INCLUYE TRANSPORTE NI DISPOSICIÓN FINAL DE ESCOMBROS","M2",1245881,"Actualización MO 2022"]
["Nuevo DTINI","PUENTES",9325,"PISO EN POLIPROPILENO DE ALTO IMPACTO PARA ESCALERA DE PUENTES PEATONALES, ANCHO 38cm e=2cm. INCLUYE SUMINISTRO, INSTALACIÓN Y TRANSPORTE","ML",503181,"Actualización MO 2022"]
["Nuevo DTINI","PUENTES",9326,"REPOSICIÓN DE PISO EN POLIPROPILENO DE ALTO IMPACTO PARA ESCALERA DE PUENTES PEATONALES, ANCHO 38cm e=2cm. INCLUYE SUMINISTRO, INSTALACIÓN, SOPORTE PARA ANCLAJE, TRANSPORTE A OBRA DE PISO EN POLIPROPILENO Y RETIRO PISO EXISTENTE EN ALUMINIO.NO INCLUYE TRANSPORTE NI DISPOSICIÓN FINAL DE ESCOMBROS","ML",851249,"Actualización MO 2022"]
["Nuevo DTINI","PUENTES",9327,"REPOSICIÓN DE PISO EN POLIPROPILENO DE ALTO IMPACTO PARA ESCALERA DE PUENTES PEATONALES, ANCHO 38cm e=2cm. INCLUYE SUMINISTRO, INSTALACIÓN, SOPORTE PARA ANCLAJE, TRANSPORTE A OBRA DE PISO EN POLIPROPILENO Y RETIRO PISO EXISTENTE EN PANELES PREFABRICADOS EN CONCRETO. NO INCLUYE TRANSPORTE NI DISPOSICIÓN FINAL DE ESCOMBROS","ML",849520,"Actualización MO 2022"]
["Nuevo DTP ","PROYECTO ESPECÍFICO",9328,"PATIO ZONAL EL GACO: RELLENO CON CENIZA - ESCORIA DE ALTO HORNO. INCLUYE CONFOMACIÓN COMPACTACIÓN Y TRANSPORTE","M3",49872,"Actualización MO 2022"]
["Nuevo DTP ","PROYECTO ESPECÍFICO",9329,"PATIO ZONAL EL GACO: Puntos Rociadores hasta 0,80 m Ø¾\"","UN",43925,"Actualización MO 2022"]
["Nuevo DTP ","PROYECTO ESPECÍFICO",9330,"PATIO ZONAL EL GACO: Cheque ranurado Ø1½\"","UN",275385,"Actualización MO 2022"]
["Nuevo DTP ","PROYECTO ESPECÍFICO",9331,"PATIO ZONAL EL GACO:  Sensor de flujo Ø1½\" (Reducción ranurada 2\" a 1 1/2\")","UN",29744,"Actualización MO 2022"]
["Nuevo DTP ","PROYECTO ESPECÍFICO",9332,"PATIO ZONAL EL GACO:  BANDEJA PORTACABLE TIPO MALLA DE 40 CM DE ANCHO","ML",49999,"Actualización MO 2022"]
["Nuevo DTP ","PROYECTO ESPECÍFICO",9333,"PATIO ZONAL EL GACO:  Organizador de cables para RACK 80x80 2RU.","ML",74053,"Actualización MO 2022"]
["Nuevo DTP ","PROYECTO ESPECÍFICO",9334,"PATIO ZONAL EL GACO:  CABLE TRENZADO 3*12 FASE AZUL. CONDUCTOR CONSTRUIDO CON TRES THHN/THWN-2 CABLEADOS SIN CHAQUETA EXTERIOR. LOS VALORES DE NÚMERO DE HILOS, ESPESOR DE AISLAMIENTO Y ESPESOR DE LA CHAQUETA DE NAILON CORRESPONDEN A LOS VALORES DE CADA INDIVIDUAL. LOS VALORES DEL DIÁMETRO EXTERIOR, MASA TOTAL Y CAPACIDAD DE CORRIENTE CORRESPONDEN AL CONJUNTO COMPLETO.","ML",8332,"Actualización MO 2022"]
["Nuevo DTP ","PROYECTO ESPECÍFICO",9335,"PATIO ZONAL EL GACO: CABLE TRENZADO 3*12 FASE ROJA. CONDUCTOR CONSTRUIDO CON TRES THHN/THWN-2 CABLEADOS SIN CHAQUETA EXTERIOR. LOS VALORES DE NÚMERO DE HILOS, ESPESOR DE AISLAMIENTO Y ESPESOR DE LA CHAQUETA DE NAILON CORRESPONDEN A LOS VALORES DE CADA INDIVIDUAL. LOS VALORES DEL DIÁMETRO EXTERIOR, MASA TOTAL Y CAPACIDAD DE CORRIENTE CORRESPONDEN AL CONJUNTO COMPLETO.","ML",8332,"Actualización MO 2022"]
["Nuevo DTP ","PROYECTO ESPECÍFICO",9336,"PATIO ZONAL EL GACO: SALIDA PARA INTERRUPTOR CONMUTABLE SENCILLO EN TUBERÍA CONDUIT EMT Y/O PVC DE 3/4\" (INCLUYE, INSTALACION, SUMINISTRO E INSTALACIÓN)","UN",163312,"Actualización MO 2022"]
["Nuevo DTP ","PROYECTO ESPECÍFICO",9337,"PATIO ZONAL EL GACO: SALIDA PARA INTERRUPTOR DOBLE EN TUBERÍA CONDUIT EMT Y/O PVC DE 3/4\" (INCLUYE APARATO, SUMINISTRO E INSTALACION)","UN",164353,"Actualización MO 2022"]
["Nuevo DTP ","PROYECTO ESPECÍFICO",9338,"PATIO ZONAL EL GACO: SALIDA PARA SENSOR DE MOVIMIENTO EN TUBERÍA CONDUIT EMT Y/O PVC DE 3/4\" (INCLUYE APARATO, SUMINISTRO E INSTALACIÓN)","UN",194452,"Actualización MO 2022"]
["Nuevo DTP ","PROYECTO ESPECÍFICO",9339,"PATIO ZONAL EL GACO: SALIDA LUMINARIA EXTERIOR EN TUBERÍA CONDUIT EMT Y/O PVC DE 3/4\" (SUMINISTRO E INSTALACIÓN - NO INCLUYE LUMINARIA)","UN",118463,"Actualización MO 2022"]
["Nuevo DTP ","PROYECTO ESPECÍFICO",9340,"PATIO ZONAL EL GACO: SALIDA LUMINARIA DE EMERGENCIA EN TUBERÍA CONDUIT EMT Y/O PVC DE 3/4\" (INCLUYE APARATO, SUMINISTRO E INSTALACION)","UN",127511,"Actualización MO 2022"]
["Nuevo DTP ","PROYECTO ESPECÍFICO",9341,"PATIO ZONAL EL GACO: ACOMETIDA EN CABLE DE CU THHN No 3x8 F +1x10N+ 1x10T AWG. INCLUYE ACCESORIOS DE FIJACIÓN Y CONEXIÓN","ML",20042,"Actualización MO 2022"]
["Nuevo DTP ","PROYECTO ESPECÍFICO",9342,"PATIO ZONAL EL GACO: ACOMETIDA EN CABLE DE CU THHN No 3x6 F +1x8N+ 1x10T AWG. INCLUYE ACCESORIOS DE FIJACIÓN Y CONEXIÓN","ML",27195,"Actualización MO 2022"]
["Nuevo DTP ","PROYECTO ESPECÍFICO",9343,"PATIO ZONAL EL GACO: LUMINARIA LED GDS 63.2W (INCLUYE APARATO, SUMINISTRO E INSTALACION)","ML",359178,"Actualización MO 2022"]
["Nuevo DTP ","PROYECTO ESPECÍFICO",9344,"PATIO ZONAL EL GACO: SUMINISTRO E INSTALACIÓN DE CABLE XLPE 15 KV 240MM2 AL. SE INCLUYE ACCESORIOS DE FIJACIÓN Y SOPORTE. MATERIALES CERTIFICADOS E INSTALADOS SEGÚN NORMA NTC 2050.","ML",11129,"Actualización MO 2022"]
["Nuevo DTP ","PROYECTO ESPECÍFICO",9345,"PATIO ZONAL EL GACO: SUMINISTRO E INSTALACIÓN DE CABLE XLPE 35 KV 240MM2 AL. SE INCLUYE ACCESORIOS DE FIJACIÓN Y SOPORTE. MATERIALES CERTIFICADOS E INSTALADOS SEGÚN NORMA NTC 2050.","ML",57136,"Actualización MO 2022"]
["Nuevo DTP ","PROYECTO ESPECÍFICO",9346,"PATIO ZONAL EL GACO: NIPLE DE 5 CM EN ACERO GALVANIZADO DE 1\" (SUMINISTRO E INSTALACION)","UN",9169,"Actualización MO 2022"]
["Nuevo DTP ","PROYECTO ESPECÍFICO",9347,"PATIO ZONAL EL GACO: UNIÓN EN ACERO GALVANIZADO DE 1\" (SUMINISTRO E INSTALACION)","UN",8569,"Actualización MO 2022"]
["Nuevo DTP ","PROYECTO ESPECÍFICO",9348,"PATIO ZONAL EL GACO: UNIÓN EN COBRE DE 3/4\" (SUMINISTRO E INSTALACION)","UN",5626,"Actualización MO 2022"]
["Nuevo DTP ","PROYECTO ESPECÍFICO",9349,"PATIO ZONAL EL GACO: GEOTEXTIL TEJIDO TR6000 HF. (SUMINISTRO E INSTALACIÓN).","M2",22034,"Actualización MO 2022"]
["Nuevo DTP ","PROYECTO ESPECÍFICO",9350,"PATIO ZONAL EL GACO: EQUIPO EYECTOR (SUMINISTRO E INSTALACION CON SWITCH FLOTADOR, TABLERO ELECTRICO, ALARMA SONORA)","UN",2519407,"Actualización MO 2022"]
["Nuevo DTP ","PROYECTO ESPECÍFICO",9351,"PATIO ZONAL EL GACO: EQUIPO DE PRESION (INCLYE TODOS LOS ACCESORIOS NECESARIOS PARA SU FUNCIONAMIENTO)","UN",11929571,"Actualización MO 2022"]
["Nuevo DTP ","PROYECTO ESPECÍFICO",9352,"PATIO ZONAL EL GACO: EQUIPO DE BOMBEO PARA RCI  (INCLYE TODOS LOS ACCESORIOS NECESARIOS PARA SU FUNCIONAMIENTO)","UN",172638512,"Actualización MO 2022"]
["Nuevo DTP ","PROYECTO ESPECÍFICO",9353,"PATIO ZONAL EL GACO - JUEGO DE PRE MOLDEADOS TIPO EXTERIOR PARA CABLE XLPE 15KVA 240 MM2 (SUMINISTRO E INSTALACION)","UN",150640,"Actualización MO 2022"]
["Nuevo DTP ","PROYECTO ESPECÍFICO",9354,"PATIO ZONAL EL GACO - SUMINISTRO E INSTALACIÓN DE CABLE XLPE 15 KV 240MM2 AL. SE INCLUYE ACCESORIOS DE FIJACIÓN Y SOPORTE. MATERIALES CERTIFICADOS E INSTALADOS SEGÚN NORMA NTC 2050","UN",10894,"Actualización MO 2022"]
["Nuevo DTP ","PROYECTO ESPECÍFICO",9355,"PATIO ZONAL EL GACO - REDUCCIÓN EN ACERO GALVANIZADO DE 1\" A 3/4\" (SUMINISTRO E INSTALACION)","UN",6673,"Actualización MO 2022"]
["Nuevo DTP ","PROYECTO ESPECÍFICO",9356,"PATIO ZONAL EL GACO - TEE EN COBRE DE 3/4\" (SUMINISTRO E INSTALACION)","UN",8096,"Actualización MO 2022"]
["Nuevo DTP ","PROYECTO ESPECÍFICO",9357,"PATIO ZONAL EL GACO - TEJA EN METACRILATO TRANSPARENTE DE 1,5 CM DE GROSOR (SUMINISTRO E INSTALACION)","M2",60475,"Actualización MO 2022"]
["Nuevo DTP ","PROYECTO ESPECÍFICO",9358,"PATIO ZONAL EL GACO - ADAPTADOR MACHO EN COBRE DE 3/4\" (SUMINISTRO E INSTALACION)","UN",7495,"Actualización MO 2022"]
["Nuevo DTP ","PROYECTO ESPECÍFICO",9359,"PATIO ZONAL EL GACO - PORCELANATO PARED PARA GRES NAVIA ACERO COLOR GRIS SIMILAR O EQUIVALENTE (SUMINISTRO E INSTALACION)","M2",83672,"Actualización MO 2022"]
["Nuevo DTP ","PROYECTO ESPECÍFICO",9360,"PATIO ZONAL EL GACO - PISO EN PORCELANATO ADOBERY COLOR WENGUE SIMILAR O EQUIVALENTE (SUMINISTRO E INSTALACION)","M2",127751,"Actualización MO 2022"]
["Nuevo DTP ","PROYECTO ESPECÍFICO",9361,"PATIO ZONAL EL GACO - POCETA EN ACERO INOXIDABLE (SUMINISTRO E INSTALACION)","UN",78292,"Actualización MO 2022"]
["Nuevo DTP ","PROYECTO ESPECÍFICO",9362,"PATIO ZONAL EL GACO - MANTO PERMANENTE TRM 500 (INCLUYE SUMINISTRO E INSTALACION)","M2",14455,"Actualización MO 2022"]
["Nuevo DTP ","PROYECTO ESPECÍFICO",9363,"PATIO ZONAL EL GACO - BANDEJA PORTAEQUIPOS 370 mm (SUMINISTRO E INSTALACIÓN)","ML",55028,"Actualización MO 2022"]
["Nuevo DTP ","PROYECTO ESPECÍFICO",9364,"PATIO ZONAL EL GACO - BANDEJA DE FIBRA OPTICA 24 PUERTOS (SUMINISTRO E INSTALACIÓN)","UN",390137,"Actualización MO 2022"]
["Nuevo DTP ","PROYECTO ESPECÍFICO",9365,"PATIO ZONAL EL GACO - CONECTORES LC (SUMINISTRO E INSTALACIÓN)","UN",74242,"Actualización MO 2022"]
["Nuevo DTP ","PROYECTO ESPECÍFICO",9366,"PATIO ZONAL EL GACO - ADAPTADOR MACHO - EN BRONCE DE 1\" (SUMINISTRO E INSTALACION)","UN",9995,"Actualización MO 2022"]
["Nuevo DTP ","PROYECTO ESPECÍFICO",9367,"VENTANA TIPO V-01  PIVOTE VERTICAL,  EN ALUMINIO, VIDRIO TEMPLADO DE SEGURIDAD INCOLORO 6MM,  CON BASCULANTE Y DEMAS ELEMENTOS PARA SU NORMAL FUNCIONAMIENTO. MEDIDA 100x 220CM (Incluye suministro en instalacion)","UN",833000,"Actualización MO 2022"]
["Nuevo DTP ","PROYECTO ESPECÍFICO",9368,"PUERTA TIPO P-03 EN ALUMINIO CON VIDRIO, DE SEGURIDAD INCOLORO DE 6MM. Y DEMAS ELEMENTOS PARA SU NORMAL FUNCIONAMIENTO. MEDIDA 80x220 CM. (Incluye suministro e Instalacion)","UN",1130500,"Actualización MO 2022"]
["Nuevo DTP ","PROYECTO ESPECÍFICO",9369,"PATIO ZONAL EL GACO - TEE HD RANURADA UL/HM 2½\" (INCLUYE SUMINISTRO E INSTALACION).","UN",28283,"Actualización MO 2022"]
["Nuevo DTP ","PROYECTO ESPECÍFICO",9370,"PATIO ZONAL EL GACO - CODO HD RANURADO UL/HM 3\" (INCLUYE SUMINISTRO E INSTALACION).","UN",25285,"Actualización MO 2022"]
["Nuevo DTP ","PROYECTO ESPECÍFICO",9371,"PATIO ZONAL EL GACO - SEMICODO HD RANURADO UL/HM  4\" (INCLUYE SUMINISTRO E INSTALACION).","UN",32603,"Actualización MO 2022"]
["Nuevo DTP ","PROYECTO ESPECÍFICO",9372,"PATIO ZONAL EL GACO - Canal de drenaje Q max Neo 300 (1 m) por componentes, (INCLUYE CUERPO PARTE INFERIOR Y SUPERIOR, 2 REJILLAS EN ACERO GAVANIZADO, SUMINISTRO E INSTALACION)","ML",914999,"Actualización MO 2022"]
["Nuevo DTP ","PROYECTO ESPECÍFICO",9373,"PATIO ZONAL EL GACO - Unidad de inspección y registro de arqueta para canales de drenaje QMAX 150/225/350 con cuerpo fabricado en polietileno de alta densidad (HDPE) y con reja extraíble integrada tipo ranurada de fundición, de clase de carga hasta D400 según EN 143. (INCLUYE SUMINISTRO E INSTALACIÓN).","UN",3099220,"Actualización MO 2022"]
["Nuevo DTP ","PROYECTO ESPECÍFICO",9374,"PATIO ZONAL EL GACO - Separador de hidrocarburos NS20/200 ST4000, para instalación enterrada, de diseño vertical fabricado en plástico reforzado con fibra de vidrio (GRP). Separador de Clase I (5 ppm) según norma UNE EN 858, de talla nominal 20 l/s con sistema bypass interno para un caudal máximo de 200 l/s, con decantador de lodos integrado de 4000 l, capacidad total para hidrocarburos de 1197 l y volumen total de 6427 l. El equipo dispone de conexión de entrada y salida DN400 en polietileno de alta densidad (HDPE). Incluye deflector en la entrada, filtro coalescente extraíble y salida con boya tarada a 0,90gr/cm³ para cierre automático en caso de exceso de hidrocarburos. De 3260 mm de altura y Ø2440 mm de diámetro, dispone de 1 boca de acceso de diámetro para tapa (1xØ861). Peso: 519 kg. (INCLUYE SUMINISTRO E INSTALACIÓN).","UN",68030416,"Actualización MO 2022"]
["Nuevo DTP ","PROYECTO ESPECÍFICO",9375,"PATIO ZONAL EL GACO - Separador de hidrocarburos NS30/300 ST6000, para instalación enterrada, de diseño vertical fabricado en plástico reforzado con fibra de vidrio (GRP). Separador de Clase I (5 ppm) según norma UNE EN 858, de talla nominal 30 l/s con sistema bypass interno para un caudal máximo de 300 l/s, con decantador de lodos integrado de 6000 l, capacidad total para hidrocarburos de 1473 l y volumen total de 8441 l. El equipo dispone de conexión de entrada y salida DN500 en polietileno de alta densidad (HDPE). Incluye deflector en la entrada, filtro coalescente extraíble y salida con boya tarada a 0,90gr/cm³ para cierre automático en caso de exceso de hidrocarburos. De 3780 mm de altura y Ø2440 mm de diámetro, dispone de 1 boca de acceso de diámetro para tapa (1xØ861). Peso: 708 kg. (INCLUYE SUMINISTRO E INSTALACIÓN).","UN",80354994,"Actualización MO 2022"]
["Nuevo DTP ","PROYECTO ESPECÍFICO",9376,"PATIO ZONAL EL GACO - Separador de hidrocarburos NS10/100 ST2000, para instalación enterrada, de diseño vertical fabricado en plástico reforzado con fibra de vidrio (GRP). Separador de Clase I (5 ppm) según norma UNE EN 858, de talla nominal 10 l/s con sistema bypass interno para un caudal máximo de 100 l/s, con decantador de lodos integrado de 2000 l, capacidad total para hidrocarburos de 412 l y volumen total de 2749 l. El equipo dispone de conexión de entrada y salida DN400 en polietileno de alta densidad (HDPE). Incluye deflector en la entrada, filtro coalescente extraíble y salida con boya tarada a 0,90gr/cm³ para cierre automático en caso de exceso de hidrocarburos. De 2690 mm de altura y Ø1720 mm de diámetro, dispone de 1 boca de acceso de diámetro para tapa (1xØ861). (INCLUYE SUMINISTRO E INSTALACIÓN).","UN",46006099,"Actualización MO 2022"]
["Nuevo DTP ","PROYECTO ESPECÍFICO",9377,"PATIO ZONAL EL GACO - Conjunto de canal de drenaje fabricado en polietileno de alta densidad (HDPE) reciclado con reja integrada de fundición, de clase de carga hasta F900 según EN1433. Con una sección interior 1544 cm². Con junta estanca de EPDM para conexión y reja con plantillas de fijación a pavimento. Canal de sección con forma oval. Longitud total de 2000 mm, altura exterior 920 mm y ancho exterior 635 mm. Ancho interior nominal 365 mm. Peso: 44 kg. (INCLUYE SUMINISTRO E INSTALACIÓN).","ML",4282936,"Actualización MO 2022"]
["Nuevo DTP ","PROYECTO ESPECÍFICO",9378,"PATIO ZONAL EL GACO - Conjunto de canal de drenaje fabricado en polietileno de alta densidad (HDPE) reciclado con reja integrada de fundición, de clase de carga hasta F900 según EN1433. Con una sección interior 1544 cm². Con junta estanca de EPDM para conexión y reja con plantillas de fijación a pavimento. Canal de sección con forma oval. Longitud total de 2000 mm, altura exterior 920 mm y ancho exterior 635 mm. Ancho interior nominal 365 mm. Peso: 44 kg. (INCLUYE SUMINISTRO E  INSTALACIÓN)","UN",7486679,"Actualización MO 2022"]
["Nuevo DTP ","PROYECTO ESPECÍFICO",9379,"PATIO ZONAL EL GACO - Adaptador cambio de sección para canal de drenaje QMAX 550 a sumidero fabricado en polietileno, de sección oval. Longitud total 800 mm, altura exterior 740 mm y ancho exterior 665 mm. Peso: 11,8 kg. (INCLUYE SUMINISTRO E INSTALACIÓN.","UN",2952647,"Actualización MO 2022"]
["Nuevo DTP ","PROYECTO ESPECÍFICO",9380,"PATIO ZONAL EL GACO - Conjunto de canal de drenaje QMAX 700 fabricado em polietileno de alta densidad (HDPE) reciclado con reja integrada tipo Q-Flow de fundición, de clase de carga hasta F900 según EN1433. Con una sección interior 2501 cm². Con junta estanca de EPDM para conexión y reja con plantillas de fijación a pavimento. Canal de sección con forma oval. Longitud total de 2000 mm, altura exterior 1070 mm y ancho exterior 730 mm. Ancho interior nominal 465 mm. Peso: 49,7 kg. (INCLUYE SUMINISTRO E INSTALACIÓN).","ML",5350874,"Actualización MO 2022"]
["Nuevo DTP ","PROYECTO ESPECÍFICO",9381,"PATIO ZONAL EL GACO - Adaptador cambio de sección para canal de drenaje a sumidero fabricado en polietileno, de sección oval. Longitud total 800 mm, altura exterior 895 mm y ancho exterior 765 mm. Peso: 15,8 kg. (INCLUYE SUMINISTRO E INSTALACION).","UN",3290332,"Actualización MO 2022"]
["Nuevo DTP ","PROYECTO ESPECÍFICO",9382,"PATIO ZONAL EL GACO - Tanque para regulación de flujos pluviales (150 m3) 19,20x4,80 (INCLUYE SUMINISTRO E INSTALACION).","UN",301260703,"Actualización MO 2022"]
["Nuevo DTP ","PROYECTO ESPECÍFICO",9383,"PATIO ZONAL EL GACO - Tanque para regulación de flujos pluviales (70 m3) 10,80x4,20 (INCLUYE SUMINISTRO E INSTALACION).","UN",147288504,"Actualización MO 2022"]
["Nuevo DTP ","PROYECTO ESPECÍFICO",9384,"PATIO ZONAL EL GACO - Canal de drenaje de hormigón polímero, pintura KTL. Monolítico con reja integrada de hormigón polímero. Con una sección de 315 cm² y forma transversal en V. Longitud total de 1000 mm, altura exterior 330 mm y ancho exterior 260 mm. Ancho interior nominal 200 mm. Peso: 90 kg, incluye tapa ciega de inicio y final de hormigon polimero para canales RD200V 0,0, longitud: 84 mm, altura exterior: 330 mm, ancho exterior: 200 mm. (INCLUYE SUMINISTRO E INSTALACION).","ML",781527,"Actualización MO 2022"]
["Nuevo DTP ","PROYECTO ESPECÍFICO",9385,"PATIO ZONAL EL GACO: Canal de drenaje de inspección y registro RD200V 0.1 de hormigón polímero, con reja extraible tipo pasarela de fundición , pintura KTL y clase de carga hasta F900 . Sistema de fijación rápida de rejas Powerlock® sobre bastidor de fundición integrado en el cuerpo del canal. Con pregormas laterales rompibles para conexiones L-T-X y con preforma para salida vertícal DN/OD 160. Con una sección de 315 cm² y forma transversal en V. Longitud total de 660 mm, altura exterior 330 mm y ancho exterior 260 mm. Ancho interior nominal 200 mm. Peso: 51,6 kg (INCLUYE SUMINISTRO E INSTALACIÓN).","ML",1427783,"Actualización MO 2022"]
["Nuevo DTP ","PROYECTO ESPECÍFICO",9386,"PATIO ZONAL EL GACO: Reja Passarela FF F400 50 cm S300 (incluye Marco) (INCLUYE SUMINISTRO E INSTALACIÓN).","ML",728763,"Actualización MO 2022"]
["Nuevo DTP ","PROYECTO ESPECÍFICO",9387,"PATIO ZONAL EL GACO - TANQUE SEPARADOR DE HIDROCARBUROS (INCLUYE SUMINISTRO E INSTALACIÓN).","UN",30940376,"Actualización MO 2022"]
["Nuevo DTP ","PROYECTO ESPECÍFICO",9388,"PATIO ZONAL EL GACO - TANQUE DE FILTRACION (INCLUYE SUMINISTRO E INSTALACION).","UN",62334154,"Actualización MO 2022"]
["Nuevo DTP ","PROYECTO ESPECÍFICO",9389,"PATIO ZONAL EL GACO: Jack RJ-45 para incrustar categoría 6 (INCLUYE SUMINISTRO E INSTALACON).","UN",17891,"Actualización MO 2022"]
["Nuevo DTP ","PROYECTO ESPECÍFICO",9390,"PATIO ZONAL EL GACO - KIT FAN OUT SC/LC PARA FIBRA MULTIMODO OM3 (SUMINISTRO E INSTALACIÓN).","UN",21314,"Actualización MO 2022"]
["Nuevo DTP ","PROYECTO ESPECÍFICO",9391," PATIO ZONAL EL GACO: PDU VERTICAL PARA RACK (SUMINISTRO E INSTALACIÓN).","UN",311045,"Actualización MO 2022"]
["Nuevo DTP ","PROYECTO ESPECÍFICO",9392,"PATIO ZONAL EL GACO: PATCH CORD DE FIBRA ÓPTICA SC/LC L=2m (SUMINISTRO E INSTALACIÓN).","UN",37449,"Actualización MO 2022"]
["Nuevo DTP ","PROYECTO ESPECÍFICO",9393,"PATIO ZONAL EL GACO: Terminal Premoldeada Tipo Interior para 15 KV 2-250 KCM (INCLUYE SUMINISTRO E INSTALACIÓN).","UN",119360,"Actualización MO 2022"]
["Nuevo STEST ","REDES ACUEDUCTO",9394,"TUBO EN ACERO Φ 24\" CON EXTREMOS DE JUNTA ESPIGO / CAMPANA CON EMPAQUE DE CAUCHO, CON REVESTIMIENTO INTERIOR Y RECUBRIMIENTO EXTERIOR EN MORTERO DE CEMENTO. FABRICADO DE CONFORMIDAD CON LA NORMA AWWA C 200, MANUAL M11 DE LA AWWA Y NORMA NP-032 DE LA EAAB, A PARTIR DE LÁMINA ASTM A 36 DE ESPESOR E=3MM. L=6,0M. PRESIÓN DE TRABAJO = 150 PSI. (INCLUYE SUMINISTRO E INSTALACIÓN)","ML",1309436,"Actualización MO 2022"]
["Nuevo STEST ","REDES ACUEDUCTO",9395,"TUBO EN ACERO Φ 24\" CON EXTREMOS DE JUNTA ESPIGO / CAMPANA CON EMPAQUE DE CAUCHO, CON REVESTIMIENTO INTERIOR Y RECUBRIMIENTO EXTERIOR EN MORTERO DE CEMENTO. FABRICADO DE CONFORMIDAD CON LA NORMA AWWA C 200, MANUAL M11 DE LA AWWA Y NORMA NP-032 DE LA EAAB, A PARTIR DE LÁMINA ASTM A 36 DE ESPESOR E=6MM. L=6,0M. PRESIÓN DE TRABAJO HASTA 330 PSI. (INCLUYE SUMINISTRO E INSTALACIÓN)","ML",2020219,"Actualización MO 2022"]
["Nuevo STEST ","REDES ACUEDUCTO",9396,"TUBO EN ACERO Φ 12\" CON EXTREMOS DE JUNTA ESPIGO / CAMPANA CON EMPAQUE DE CAUCHO, CON REVESTIMIENTO INTERIOR Y RECUBRIMIENTO EXTERIOR EN MORTERO DE CEMENTO. FABRICADO DE CONFORMIDAD CON LA NORMA AWWA C 200, MANUAL M11 DE LA AWWA Y NORMA NP-032 DE LA EAAB, A PARTIR DE LÁMINA ASTM A 36. L=6,0M. PRESIÓN DE TRABAJO = 150 PSI. (INCLUYE SUMINISTRO E INSTALACIÓN).","ML",582169,"Actualización MO 2022"]
["Nuevo STEST ","REDES ACUEDUCTO",9397,"TUBO EN ACERO Φ 12\" CON EXTREMOS DE JUNTA ESPIGO / CAMPANA CON EMPAQUE DE CAUCHO, CON REVESTIMIENTO INTERIOR Y RECUBRIMIENTO EXTERIOR EN MORTERO DE CEMENTO. FABRICADO DE CONFORMIDAD CON LA NORMA AWWA C 200, MANUAL M11 DE LA AWWA Y NORMA NP-032 DE LA EAAB, A PARTIR DE LÁMINA ASTM A 36. L=6,0M. PRESIÓN DE TRABAJO = 250 PSI. (INCLUYE SUMINISTRO E INSTALACIÓN).","ML",696772,"Actualización MO 2022"]
["Nuevo STEST ","REDES ACUEDUCTO",9398,"TUBO EN ACERO Φ 12\" CON EXTREMOS DE JUNTA ESPIGO / CAMPANA CON EMPAQUE DE CAUCHO, CON REVESTIMIENTO INTERIOR Y RECUBRIMIENTO EXTERIOR EN MORTERO DE CEMENTO. FABRICADO DE CONFORMIDAD CON LA NORMA AWWA C 200, MANUAL M11 DE LA AWWA Y NORMA NP-032 DE LA EAAB, A PARTIR DE LÁMINA ASTM A 36. L=6,0M. PRESIÓN DE TRABAJO = 330 PSI. (INCLUYE SUMINISTRO E INSTALACIÓN).","ML",753767,"Actualización MO 2022"]
["Nuevo DTP ","PROYECTO ESPECÍFICO",9399,"PATIO ZONAL EL GACO: DRENES VERTICALES TIPO MECHA CON PERFORACION  (INCLUYE SUMINISTRO E INSTALACIÓN, LA MOVILIZACIÓN Y LA DESMOVILIZACIÓN DE EQUIPOS PARA PERFORACION DE DRENES TIPO MECHA)","ML",7581,"Actualización MO 2022"]
["Nuevo DTP ","PROYECTO ESPECÍFICO",9400,"PATIO ZONAL EL GACO: Niples pasa-muros acero inoxidable ranurados 1\" de 60cm de longitud. Incluye suministro e instalación","UN",86423,"Actualización MO 2022"]
["Nuevo DTP ","PROYECTO ESPECÍFICO",9401,"PATIO ZONAL EL GACO: Niples pasa-muros acero inoxidable ranurados 1 1/4\" de 60cm de longitud. Incluye suministro e instalación","UN",108422,"Actualización MO 2022"]
["Nuevo DTP ","PROYECTO ESPECÍFICO",9402,"PATIO ZONAL EL GACO: Válvula mariposa Ø2½\". Incluye suministro e instalación","UN",522371,"Actualización MO 2022"]
["Nuevo DTP ","PROYECTO ESPECÍFICO",9403,"PATIO ZONAL EL GACO: Válvula mariposa Ø3\". Incluye suministro e instalación","UN",543672,"Actualización MO 2022"]
["Nuevo DTP ","PROYECTO ESPECÍFICO",9404,"PATIO ZONAL EL GACO: Válvula mariposa Ø4\". Incluye suministro e instalación","UN",607871,"Actualización MO 2022"]
["Nuevo DTP ","PROYECTO ESPECÍFICO",9405,"PATIO ZONAL EL GACO: Sensor de flujo Ø2\". Incluye suministro e instalación","UN",448707,"Actualización MO 2022"]
["Nuevo DTP ","PROYECTO ESPECÍFICO",9406,"PATIO ZONAL EL GACO: Sensor de flujo Ø2½\". Incluye suministro e instalación","UN",422601,"Actualización MO 2022"]
["Nuevo DTP ","PROYECTO ESPECÍFICO",9407,"PATIO ZONAL EL GACO: Sensor de flujo Ø3\". Incluye suministro e instalación","UN",491907,"Actualización MO 2022"]
["Nuevo DTP ","PROYECTO ESPECÍFICO",9408,"PATIO ZONAL EL GACO: Sensor de flujo Ø4\". Incluye suministro e instalación","UN",454599,"Actualización MO 2022"]
["Nuevo DTP ","PROYECTO ESPECÍFICO",9409,"PATIO ZONAL EL GACO: Válvula desaireadora Ø ¾\". Incluye suministro e instalación","UN",390644,"Actualización MO 2022"]
["Nuevo DTP ","PROYECTO ESPECÍFICO",9410,"PATIO ZONAL EL GACO: Válvula desaireadora Ø 1\". Incluye suministro e instalación","UN",467197,"Actualización MO 2022"]
["Nuevo DTP ","PROYECTO ESPECÍFICO",9411,"PATIO ZONAL EL GACO: Válvula OS&Y Flanchada 4\" Supervisada. Incluye suministro e instalación","UN",1045196,"Actualización MO 2022"]
["Nuevo DTP ","PROYECTO ESPECÍFICO",9412,"PATIO ZONAL EL GACO: Válvula OS&Y Flanchada 6\" Supervisada. Incluye suministro e instalación","UN",2263720,"Actualización MO 2022"]
["Nuevo DTP ","PROYECTO ESPECÍFICO",9413,"PATIO ZONAL EL GACO: GABINETE RACK AÉREO TIPO 1 UR de alto 16 x ancho 40 x fondo 40cm. Incluye suministro e instalación","UN",130770,"Actualización MO 2022"]
["Nuevo DTP ","PROYECTO ESPECÍFICO",9414,"PATIO ZONAL EL GACO: Niples pasa-muros acero inoxidable ranurados 1 1/2\" de 60cm de longitud. Incluye suministro e instalación","UN",123422,"Actualización MO 2022"]
["Nuevo DTP ","PROYECTO ESPECÍFICO",9415,"PATIO ZONAL EL GACO: Niples pasa-muros acero inoxidable ranurados 2\" de 60cm de longitud. Incluye suministro e instalación","UN",145422,"Actualización MO 2022"]
["Nuevo DTP ","PROYECTO ESPECÍFICO",9416,"PATIO ZONAL EL GACO: Ajardinamiento tipo cerca viva con plantas trepadoras. Incluye Suministro, Transporte y Plantación. Incluye Mano de obra de jardinería","M2",24799,"Actualización MO 2022"]
["Nuevo DTP ","PROYECTO ESPECÍFICO",9417,"PATIO ZONAL EL GACO: ASCENSOR HIDRÁULICO (SIN CUARTO DE MAQUINAS) CON PUERTAS AUTOMÁTICAS. Incluye suministro, transporte e instalación","GLB",77350000,"Actualización MO 2022"]
["Nuevo DTP ","PROYECTO ESPECÍFICO",9418,"PATIO ZONAL EL GACO: Ventana tipo V-04. Medidas 0,44 m2. (la unidad se cuenta de columna a columna)Suministro e instalación. Ventana proyectante fabricada en aluminio acabado blanco mate con vidrio de seguridad incoloro de 5mm con basculante y brazos proyectantes en acero inoxidable y todos los elementos para su normal funcionamiento.","UN",220091,"Actualización MO 2022"]
["Nuevo DTP ","PROYECTO ESPECÍFICO",9419,"PATIO ZONAL EL GACO: Fachada flotante en paneles de GRC. Incluye estructura y anclajes de soporte en acero galvanizado y pintura electrostática en color OCRE y paneles en GRC de 150x19x10 cm, con separación entre ejes a 30 cm. Acabado en concreto GRC. Suministro e Instalación completa, incluye transporte a obra y logística.","M2",658391,"Actualización MO 2022"]
["Nuevo DTP ","PROYECTO ESPECÍFICO",9420,"PATIO ZONAL EL GACO: Niples pasa-muros acero inoxidable ranurados 2 1/2\" de 60cm de longitud","UN",214922,"Actualización MO 2022"]
["Nuevo DTP ","PROYECTO ESPECÍFICO",9421,"PATIO ZONAL EL GACO: Niples pasa-muros acero inoxidable ranurados 3\" de 60cm de longitud","UN",262422,"Actualización MO 2022"]
["Nuevo DTP ","PROYECTO ESPECÍFICO",9422,"PATIO ZONAL EL GACO: Niples pasa-muros acero inoxidable ranurados 4\" de 60cm de longitud","UN",348422,"Actualización MO 2022"]
["Nuevo DTP ","PROYECTO ESPECÍFICO",9423,"PATIO ZONAL EL GACO: Niples pasa-muros acero inoxidable ranurados 6\" de 60cm de longitud","UN",560704,"Actualización MO 2022"]
["Nuevo DTP ","PROYECTO ESPECÍFICO",9424,"PATIO ZONAL EL GACO: CAL HIDRATADA AL 10%. (SUMINISTRO, EXTENDIDO, NIVELACION, HUMEDECIMIENTO Y COMPACTACION).","M3",708252,"Actualización MO 2022"]
["Nuevo DTC","REDES ACUEDUCTO",9425,"TUBERIA EN ACERO Φ 30\" CON EXTREMOS DE JUNTA ESPIGO / CAMPANA CON EMPAQUE DE CAUCHO, CON REVESTIMIENTO INTERIOR Y RECUBRIMIENTO EXTERIOR EN MORTERO DE CEMENTO. FABRICADO DE CONFORMIDAD CON LA NORMA AWWA C 200, MANUAL M11 DE LA AWWA Y NORMA NP-032 DE LA EAAB, A PARTIR DE LÁMINA ASTM A 36. L=6,0M. PRESIÓN DE TRABAJO = 150 PSI. (INCLUYE SUMINISTRO E INSTALACIÓN).","ML",2082745,"Actualización MO 2022"]

{"sheet":"Insumos IDU","index":20,"n_rows":3298,"n_cols":7,"rows_kept":3298,"cut":false,"hidden":true,"merged":[[0,0,0,6]]}
["INSUMOS IDU"]
[null,null,null,"Fecha de publicación: 24 enero 2022"]
[]
[]
[]
["Origen - Categoría","Grupo","Codigo","Nombre","UM","Valor","Modificación"]
["Antiguo","CONCRETOS Y MORTEROS PREMEZCLADOS",322,"CONCRETO GRAVA COMÚN 2000 PSI 14 MPa (140 Kg/m2)","M3",355398,"Actualización  2021 - I"]
["Antiguo","CONCRETOS Y MORTEROS PREMEZCLADOS",323,"CONCRETO GRAVA COMÚN 2500 PSI 17 MPa (175 Kg/cm2)","M3",366520,"Actualización  2021 - I"]
["Antiguo","CONCRETOS Y MORTEROS PREMEZCLADOS",324,"CONCRETO GRAVA COMÚN 3000 PSI  21 MPa (210 Kg/cm2)","M3",394485,"Actualización  2021 - I"]
["Antiguo","CONCRETOS Y MORTEROS PREMEZCLADOS",325,"CONCRETO GRAVA COMÚN 3500 PSI 24 MPa (245 Kg/cm2)","M3",383180,"Actualización  2021 - I"]
["Antiguo","CONCRETOS Y MORTEROS PREMEZCLADOS",326,"CONCRETO GRAVA COMÚN 4000 PSI 27 MPa (280 Kg/cm2)","M3",416500,"Actualización  2021 - I"]
["Antiguo","CONCRETOS Y MORTEROS PREMEZCLADOS",328,"CONCRETO GRAVA COMÚN 5000 PSI 34 MPa (350 Kg/cm2)","M3",413081,"Actualización  2021 - I"]
["Antiguo","CONCRETOS Y MORTEROS PREMEZCLADOS",333,"CONCRETO GRAVA FINA 3000 PSI 21 MPa (210 Kg/cm2)","M3",386750,"Actualización  2021 - I"]
["Antiguo","CONCRETOS Y MORTEROS PREMEZCLADOS",366,"MORTERO 2000 PSI 14 MPa (140 Kg/cm2)","M3",403410,"Actualización  2021 - I"]
["Antiguo","EQUIPO PESADO",1505,"COMPACTADOR DE LLANTAS - INCLUYE OPERARIO Y COMBUSTIBLE","HR",109773,"Actualización  2021 - I"]
["Antiguo","ARBOLES-GRAMAS-VEGETACIÓN Y PLANTACIÓN PAISAJÍSTIC",1512,"GRAMA","M2",6500,"Actualización  2021 - I"]
["Antiguo","FORMALETAS, ANDAMIOS Y ACCESORIOS",1515,"FORMALETA METÁLICA SARDINEL","DIA",321,"N.A"]
["Antiguo","MALLAS Y ACEROS PARA REFUERZO",1794,"ALAMBRE RECOCIDO No.18","KG",4284,"N.A"]
["Antiguo","LADRILLOS, BLOQUES Y ADOQUINES",2273,"LADRILLO TOLETE RECOCIDO 24x12x6","UN",650,"Actualización  2021 - I"]
["Antiguo","AGREGADOS PÉTREOS, BASES Y SUBBASES GRANULARES",2307,"ARENA DE PEÑA","M3",38080,"Actualización  2021 - I"]
["Antiguo","AGREGADOS PÉTREOS, BASES Y SUBBASES GRANULARES",2308,"ARENA DE RIO","M3",119000,"Actualización  2021 - I"]
["Antiguo","MARCOS, TAPAS, REJILLAS, HERRAJES Y CAJILLAS",2551,"MARCO Y TAPA PARA CAJA DE INSPECCIÓN 0.5x0.5m","UN",107182,"Actualización  2021 - I"]
["Antiguo","LADRILLOS, BLOQUES Y ADOQUINES",2798,"LADRILLO TOLETE COMUN","UN",456,"Actualización  2021 - I"]
["Antiguo","AGREGADOS PÉTREOS, BASES Y SUBBASES GRANULARES",2910,"RECEBO COMUN","M3",5950,"Actualización  2021 - I"]
["Antiguo","FORMALETAS, ANDAMIOS Y ACCESORIOS",3386,"FORMALETA PARAL CORTO-CAMILLA  0.73x1.4m (M2)","MES",5712,"Actualización  2021 - I"]
["Antiguo","FORMALETAS, ANDAMIOS Y ACCESORIOS",3995,"FORMALETA MADERA PARA TAPAS-CAJAS Y CAMARAS","M2",23001,"Actualización  2021 - I"]
["Antiguo","DUCTOS PVC - ELECTRICOS/TELEFONICOS TIPO TDP-DB-EB",4513,"DUCTO TELEFONICO LIVIANO PVC TIPO EB D=3\"","ML",11159,"Actualización  2021 - I"]
["Antiguo","DUCTOS PVC - ELECTRICOS/TELEFONICOS TIPO TDP-DB-EB",4514,"DUCTO TELEFONICO LIVIANO PVC TIPO EB D=4\"","ML",19211,"Actualización  2021 - I"]
["Antiguo","DUCTOS PVC - ELECTRICOS/TELEFONICOS TIPO TDP-DB-EB",4520,"DUCTO PVC TIPO TDP D=3\"","ML",14909,"Actualización  2021 - I"]
["Antiguo","DUCTOS PVC - ELECTRICOS/TELEFONICOS TIPO TDP-DB-EB",4521,"DUCTO PVC TIPO TDP D=4\"","ML",18468,"Actualización  2021 - I"]
["Antiguo","TUBERIAS DE PVC - ACUEDUCTO",4594,"CODO G.RAD. PVC U.M. NORMA NTC 382 90° D=2\" RDE 21","UN",39525,"Actualización  2021 - I"]
["Antiguo","TUBERIAS DE PVC - ACUEDUCTO",4596,"CODO G.RAD. PVC U.M. NORMA NTC 382 90° D=4\" RDE 21","UN",120749,"Actualización  2021 - I"]
["Antiguo","TUBERIAS DE PVC - ACUEDUCTO",4598,"CODO G.RAD. PVC U.M. NORMA NTC 382 90° D=8\" RDE 21","UN",904492,"Actualización  2021 - I"]
["Antiguo","TUBERIAS DE PVC - ACUEDUCTO",4600,"CODO G.RAD. PVC U.M. NORMA NTC 382 90° D=12\" RDE 21","UN",2669889,"Actualización  2021 - I"]
["Antiguo","TUBERIAS DE PVC - ACUEDUCTO",4608,"UNION PVC U.M. NORMA NTC 382 D=2\"","UN",23988,"Actualización  2021 - I"]
["Antiguo","TUBERIAS DE PVC - ACUEDUCTO",4609,"UNION PVC U.M. NORMA NTC 382 D=3\"","UN",41075,"Actualización  2021 - I"]
["Antiguo","TUBERIAS DE PVC - ACUEDUCTO",4610,"UNION PVC U.M. NORMA NTC 382 D=4\"","UN",66801,"Actualización  2021 - I"]
["Antiguo","TUBERIAS DE PVC - ACUEDUCTO",4611,"UNION PVC U.M. NORMA NTC 382 D=6\"","UN",155974,"Actualización  2021 - I"]
["Antiguo","TUBERIAS DE PVC - ACUEDUCTO",4612,"UNION PVC U.M. NORMA NTC 382 D=8\"","UN",286559,"Actualización  2021 - I"]
["Antiguo","TUBERIAS DE PVC - ACUEDUCTO",4613,"UNION PVC U.M. NORMA NTC 382 D=10\"","UN",511994,"Actualización  2021 - I"]
["Antiguo","TUBERIAS DE PVC - ACUEDUCTO",4614,"UNION PVC U.M. NORMA NTC 382 D=12\"","UN",793480,"Actualización  2021 - I"]
["Antiguo","MATERIALES BÁSICOS",4675,"CEMENTO GRIS TIPO III (Bulto x 50 Kg)","UN",25500,"Actualización  2021 - I"]
["Antiguo","TUBERÍA Y ACCESORIOS CONDUIT GALVANIZADAS",4694,"TUBERIA CONDUIT GALVANIZADA RMC D=1\"","ML",21875,"Actualización  2021 - I"]
["Antiguo","TUBERÍA Y ACCESORIOS CONDUIT GALVANIZADAS",4697,"TUBERIA CONDUIT GALVANIZADA RMC D=1 1/2\"","ML",36505,"Actualización  2021 - I"]
["Antiguo","MALLAS Y ACEROS PARA REFUERZO",5038,"ACERO FIGURADO No. 3 (Ø 3/8\") F'y=60000 PSI","KG",2916,"N.A"]
["Antiguo","MALLAS Y ACEROS PARA REFUERZO",5041,"ACERO FIGURADO No. 5 (Ø 5/8\") F'y=60000 PSI","KG",2832,"N.A"]
["Antiguo","MALLAS Y ACEROS PARA REFUERZO",5042,"ACERO FIGURADO No. 6 (Ø 3/4\") F'y=60000 PSI","KG",2832,"N.A"]
["Antiguo","CONCRETOS Y MORTEROS PREMEZCLADOS",5056,"MORTERO 1500 PSI 10,5 MPa (105 Kg/cm2)","M3",390320,"Actualización  2021 - I"]
["Antiguo","COMBUSTIBLES Y LUBRICANTES",5115,"A.C.P.M.","GLN",8847,"Actualización  2021 - I"]
["Antiguo","LADRILLOS, BLOQUES Y ADOQUINES",5481,"BLOQUE PARA CAMARA TELEFONICA ETB","UN",6000,"Actualización  2021 - I"]
["Antiguo","EQUIPO LIVIANO Y HERRAMIENTAS",5661,"VIBROCOMPACTADOR TIPO RANA - INCLUYE COMBUSTIBLE","DIA",55922,"Actualización  2021 - I"]
["Antiguo","EQUIPO PESADO",5890,"GRUA EXTENSION PARA POSTES. INCLUYE OPERARIO Y COMBUSTIBLE","HR",95519,"Actualización  2021 - I"]
["Antiguo","AGREGADOS PÉTREOS, BASES Y SUBBASES GRANULARES",5915,"GRAVILLA 1/2\"","M3",52360,"Actualización  2021 - I"]
["Antiguo","EQUIPO PESADO",6013,"MOTONIVELADORA - INCLUYE OPERARIO Y COMBUSTIBLE","HR",176120,"Actualización  2021 - I"]
["Antiguo","EQUIPO PESADO",6017,"RETROEXCAVADORA - INCLUYE OPERARIO Y COMBUSTIBLE","HR",141796,"Actualización  2021 - I"]
["Antiguo","EQUIPO PESADO",6026,"RETROCARGADOR - INCLUYE OPERARIO Y COMBUSTIBLE","HR",141796,"Actualización  2021 - I"]
["Antiguo","EQUIPO PESADO",6062,"VIBROCOMPACTADOR CILINDRO LISO - INCLUYE OPERARIO Y COMBUSTIBLE","HR",129974,"Actualización  2021 - I"]
["Antiguo","CONCRETOS Y MORTEROS PREMEZCLADOS",6072,"CONCRETO MR41","M3",417690,"Actualización  2021 - I"]
["Antiguo","CONCRETOS Y MORTEROS PREMEZCLADOS",6073,"CONCRETO MR43","M3",449820,"Actualización  2021 - I"]
["Antiguo","SUELDOS Y JORNALES ",6087,"TARIFA JORNAL - PERSONAL DE OBRA - AYUDANTE (INCLUYE FACTOR DE PRESTACIONES)","JR",55053,"Actualización MO 2022"]
["Antiguo","SUELDOS Y JORNALES ",6088,"TARIFA JORNAL - PERSONAL DE OBRA - OFICIAL (INCLUYE FACTOR DE PRESTACIONES)","JR",79185,"Actualización MO 2022"]
["Antiguo","EQUIPO LIVIANO Y HERRAMIENTAS",6092,"HERRAMIENTA MENOR","GLB",2000,"Actualización  2021 - I"]
["Antiguo","MATERIALES BÁSICOS",6098,"AGUA","LT",20,"Actualización  2021 - I"]
["Antiguo","CONCRETOS Y MORTEROS PREMEZCLADOS",6107,"MORTERO 4000 PSI 28 MPa (280 Kg/cm2)","M3",440300,"Actualización  2021 - I"]
["Antiguo","BORDILLOS Y LOSETAS",6109,"SARDINEL PREFABRICADO A10 (800x200x500mm)","UN",31432,"Actualización  2021 - I"]
["Antiguo","BORDILLOS Y LOSETAS",6111,"LOSETA PREFABRICADA A30 (600x400x60mm)","M2",47084,"Actualización  2021 - I"]
["Antiguo","BORDILLOS Y LOSETAS",6115,"LOSETA PREFABRICADA A60 (400x200x60mm)","M2",63665,"Actualización  2021 - I"]
["Antiguo","BORDILLOS Y LOSETAS",6116,"BORDILLO PREFABRICADO A80 (800x200x350mm)","UN",24500,"Actualización  2021 - I"]
["Antiguo","BORDILLOS Y LOSETAS",6117,"PIEZA REMATE A105 - RAMPA A (800x400x275mm)","UN",55497,"Actualización  2021 - I"]
["Antiguo","BORDILLOS Y LOSETAS",6118,"SARDINEL ESPECIAL A100 - RAMPA A (600x200x500mm)","UN",29784,"Actualización  2021 - I"]
["Antiguo","BORDILLOS Y LOSETAS",6122,"BORDE SEPARADOR VERDE A170 (800x300x820mm)","UN",130000,"N.A"]
["Antiguo","TUBERÍA Y ACCESORIOS DE PVC PARA ALCANTARILLADO",6126,"TUBERIA PVC U.M.  EXT CORRUGADO/INT LISO U.M. NORMA NTC 3722-1 D=110MM (4\")","ML",17590,"Actualización  2021 - I"]
["Antiguo","TUBERÍA Y ACCESORIOS DE PVC PARA ALCANTARILLADO",6127,"TUBERIA PVC U.M.  EXT CORRUGADO/INT LISO U.M. NORMA NTC 3722-1 D=160MM (6\")","ML",34038,"Actualización  2021 - I"]
["Antiguo","TUBERÍA Y ACCESORIOS DE PVC PARA ALCANTARILLADO",6128,"TUBERIA PVC U.M.  EXT CORRUGADO/INT LISO U.M. NORMA NTC 3722-1 D=200MM (8\")","ML",48658,"Actualización  2021 - I"]
["Antiguo","TUBERÍA Y ACCESORIOS DE PVC PARA ALCANTARILLADO",6129,"TUBERIA PVC U.M.  EXT CORRUGADO/INT LISO U.M. NORMA NTC 3722-1 D=250MM (10\")","ML",71068,"Actualización  2021 - I"]
["Antiguo","TUBERÍA Y ACCESORIOS DE PVC PARA ALCANTARILLADO",6130,"TUBERIA PVC U.M.  EXT CORRUGADO/INT LISO U.M. NORMA NTC 3722-1 D=315MM (12\")","ML",102167,"Actualización  2021 - I"]
["Antiguo","TUBERÍA Y ACCESORIOS DE PVC PARA ALCANTARILLADO",6131,"TUBERIA PVC U.M.  EXT CORRUGADO/INT LISO U.M. NORMA NTC 3722-1 D=400MM (16\")","ML",187447,"Actualización  2021 - I"]
["Antiguo","TUBERÍA Y ACCESORIOS DE PVC PARA ALCANTARILLADO",6132,"TUBERIA PVC U.M.  EXT CORRUGADO/INT LISO U.M. NORMA NTC 3722-1 D=450MM (18\")","ML",242088,"Actualización  2021 - I"]
["Antiguo","TUBERÍA Y ACCESORIOS DE PVC PARA ALCANTARILLADO",6133,"TUBERIA PVC U.M.  EXT CORRUGADO/INT LISO U.M. NORMA NTC 3722-1 D=500MM (20\")","ML",315611,"Actualización  2021 - I"]
["Antiguo","EQUIPO LIVIANO Y HERRAMIENTAS",6140,"COMPRESOR PARA MARTILLO NEUMÁTICO - INCLUYE COMBUSTIBLE","HR",64590,"Actualización  2021 - I"]
["Antiguo","PINTURAS",6143,"MICROESFERAS REFLECTIVAS","KG",7449,"Actualización  2021 - I"]
["Antiguo","TUBERÍA Y ACCESORIOS DE CONCRETO",6147,"TUBERIA CONCRETO CL.1 D=6\" (15cm)","ML",30662,"Actualización  2021 - I"]
["Antiguo","TUBERÍA Y ACCESORIOS DE CONCRETO",6148,"TUBERIA CONCRETO CL.1 D=8\" (20cm)","ML",51459,"Actualización  2021 - I"]
["Antiguo","TUBERÍA Y ACCESORIOS DE CONCRETO",6149,"TUBERIA CONCRETO CL.1 D=10\" (25cm)","ML",63088,"Actualización  2021 - I"]
["Antiguo","TUBERÍA Y ACCESORIOS DE CONCRETO",6150,"TUBERIA CONCRETO CL.1 D=12\" (30cm)","ML",75024,"Actualización  2021 - I"]
["Antiguo","TUBERÍA Y ACCESORIOS DE CONCRETO",6151,"TUBERIA CONCRETO CL.1 D=14\" (35cm)","ML",94303,"Actualización  2021 - I"]
["Antiguo","TUBERÍA Y ACCESORIOS DE CONCRETO",6152,"TUBERIA CONCRETO CL.1 D=16\" (40cm)","ML",124237,"Actualización  2021 - I"]
["Antiguo","TUBERÍA Y ACCESORIOS DE CONCRETO",6153,"TUBERIA CONCRETO CL.1 D=18\" (45cm)","ML",161428,"Actualización  2021 - I"]
["Antiguo","TUBERÍA Y ACCESORIOS DE CONCRETO",6154,"TUBERIA CONCRETO CL.1 D=20\" (50cm)","ML",208883,"Actualización  2021 - I"]
["Antiguo","TUBERÍA Y ACCESORIOS DE CONCRETO",6155,"TUBERIA CONCRETO CL.1 D=24\" (60cm)","ML",307943,"Actualización  2021 - I"]
["Antiguo","TUBERÍA Y ACCESORIOS DE CONCRETO",6156,"TUBERIA CONCRETO CL.2 D=6\" (15cm)","ML",37259,"Actualización  2021 - I"]
["Antiguo","TUBERÍA Y ACCESORIOS DE CONCRETO",6157,"TUBERIA CONCRETO CL.2 D=8\" (20cm)","ML",63055,"Actualización  2021 - I"]
["Antiguo","TUBERÍA Y ACCESORIOS DE CONCRETO",6158,"TUBERIA CONCRETO CL.2 D=10\" (25cm)","ML",80781,"Actualización  2021 - I"]
["Antiguo","TUBERÍA Y ACCESORIOS DE CONCRETO",6159,"TUBERIA CONCRETO CL.2 D=12\" (30cm)","ML",103272,"Actualización  2021 - I"]
["Antiguo","TUBERÍA Y ACCESORIOS DE CONCRETO",6160,"TUBERIA CONCRETO CL.2 D=14\" (35cm)","ML",136845,"Actualización  2021 - I"]
["Antiguo","TUBERÍA Y ACCESORIOS DE CONCRETO",6161,"TUBERIA CONCRETO CL.2 D=16\" (40cm)","ML",178142,"Actualización  2021 - I"]
["Antiguo","TUBERÍA Y ACCESORIOS DE CONCRETO",6162,"TUBERIA CONCRETO CL.2 D=18\" (45cm)","ML",239917,"Actualización  2021 - I"]
["Antiguo","TUBERÍA Y ACCESORIOS DE CONCRETO",6163,"TUBERIA CONCRETO CL.2 D=20\" (50cm)","ML",287252,"Actualización  2021 - I"]
["Antiguo","TUBERÍA Y ACCESORIOS DE CONCRETO",6164,"TUBERIA CONCRETO CL.2 D=24\"(60cm)","ML",413235,"Actualización  2021 - I"]
["Antiguo","TUBERÍA Y ACCESORIOS DE CONCRETO",6165,"TUBERIA CONCRETO REF. CL.I D=24\" (60cm)","ML",422548,"Actualización  2021 - I"]
["Antiguo","TUBERÍA Y ACCESORIOS DE CONCRETO",6166,"TUBERIA CONCRETO REF. CL.I D=27\" (70cm)","ML",516077,"Actualización  2021 - I"]
["Antiguo","TUBERÍA Y ACCESORIOS DE CONCRETO",6167,"TUBERIA CONCRETO REF. CL.I D=32\" (80cm)","ML",644542,"Actualización  2021 - I"]
["Antiguo","TUBERÍA Y ACCESORIOS DE CONCRETO",6168,"TUBERIA CONCRETO REF. CL.I D=36\" (90cm)","ML",810747,"Actualización  2021 - I"]
["Antiguo","TUBERÍA Y ACCESORIOS DE CONCRETO",6169,"TUBERIA CONCRETO REF. CL.I D=40\" (100cm)","ML",1014144,"Actualización  2021 - I"]
["Antiguo","TUBERÍA Y ACCESORIOS DE CONCRETO",6170,"TUBERIA CONCRETO REF. CL.I D=44\" (110cm)","ML",1141193,"Actualización  2021 - I"]
["Antiguo","TUBERÍA Y ACCESORIOS DE CONCRETO",6171,"TUBERIA CONCRETO REF. CL.I D=48\" (120cm)","ML",1331600,"Actualización  2021 - I"]
["Antiguo","TUBERÍA Y ACCESORIOS DE CONCRETO",6172,"TUBERIA CONCRETO REF. CL.I D=52\" (130cm)","ML",1474443,"Actualización  2021 - I"]
["Antiguo","TUBERÍA Y ACCESORIOS DE CONCRETO",6173,"TUBERIA CONCRETO REF. CL.I D=56\" (140cm)","ML",1654755,"Actualización  2021 - I"]
["Antiguo","TUBERÍA Y ACCESORIOS DE CONCRETO",6174,"TUBERIA CONCRETO REF. CL.I D=60\" (150cm)","ML",1838331,"Actualización  2021 - I"]
["Antiguo","TUBERÍA Y ACCESORIOS DE CONCRETO",6175,"TUBERIA CONCRETO REF. CL.I D=64\" (160cm)","ML",2078358,"Actualización  2021 - I"]
["Antiguo","TUBERÍA Y ACCESORIOS DE CONCRETO",6176,"TUBERIA CONCRETO REF. CL.I D=68\" (170cm)","ML",2351126,"Actualización  2021 - I"]
["Antiguo","TUBERÍA Y ACCESORIOS DE CONCRETO",6177,"TUBERIA CONCRETO REF. CL.I D=72\" (180cm)","ML",2652355,"Actualización  2021 - I"]
["Antiguo","TUBERÍA Y ACCESORIOS DE CONCRETO",6178,"TUBERIA CONCRETO REF. CL.I D=80\" (200cm)","ML",3333799,"Actualización  2021 - I"]
["Antiguo","TUBERÍA Y ACCESORIOS DE CONCRETO",6179,"TUBERIA CONCRETO REF. CL.I D=86\" (215cm)","ML",3762028,"Actualización  2021 - I"]
["Antiguo","TUBERÍA Y ACCESORIOS DE CONCRETO",6180,"TUBERIA CONCRETO REF. CL.I D=92\" (230cm)","ML",4233639,"Actualización  2021 - I"]
["Antiguo","TUBERÍA Y ACCESORIOS DE CONCRETO",6181,"TUBERIA CONCRETO REF. CL.II D=24\" (60cm)","ML",422548,"Actualización  2021 - I"]
["Antiguo","TUBERÍA Y ACCESORIOS DE CONCRETO",6182,"TUBERIA CONCRETO REF. CL.II D=27\" (70cm)","ML",530971,"Actualización  2021 - I"]
["Antiguo","TUBERÍA Y ACCESORIOS DE CONCRETO",6183,"TUBERIA CONCRETO REF. CL.II D=32\" (80cm)","ML",662985,"Actualización  2021 - I"]
["Antiguo","TUBERÍA Y ACCESORIOS DE CONCRETO",6184,"TUBERIA CONCRETO REF. CL.II D=36\" (90cm)","ML",831467,"Actualización  2021 - I"]
["Antiguo","TUBERÍA Y ACCESORIOS DE CONCRETO",6185,"TUBERIA CONCRETO REF. CL.II D=40\" (100cm)","ML",1040584,"Actualización  2021 - I"]
["Antiguo","TUBERÍA Y ACCESORIOS DE CONCRETO",6188,"TUBERIA CONCRETO REF. CL.II D=44\" (110cm)","ML",1165384,"Actualización  2021 - I"]
["Antiguo","TUBERÍA Y ACCESORIOS DE CONCRETO",6189,"TUBERIA CONCRETO REF. CL.II D=48\" (120cm)","ML",1366087,"Actualización  2021 - I"]
["Antiguo","TUBERÍA Y ACCESORIOS DE CONCRETO",6190,"TUBERIA CONCRETO REF. CL.II D=52\" (130cm)","ML",1515827,"Actualización  2021 - I"]
["Antiguo","TUBERÍA Y ACCESORIOS DE CONCRETO",6191,"TUBERIA CONCRETO REF. CL.II D=56\" (140cm)","ML",1678995,"Actualización  2021 - I"]
["Antiguo","TUBERÍA Y ACCESORIOS DE CONCRETO",6192,"TUBERIA CONCRETO REF. CL.II D=60\" (150cm)","ML",1876316,"Actualización  2021 - I"]
["Antiguo","TUBERÍA Y ACCESORIOS DE CONCRETO",6193,"TUBERIA CONCRETO REF. CL.II D=64\" (160cm)","ML",2132880,"Actualización  2021 - I"]
["Antiguo","TUBERÍA Y ACCESORIOS DE CONCRETO",6194,"TUBERIA CONCRETO REF. CL.II D=68\" (170cm)","ML",2410852,"Actualización  2021 - I"]
["Antiguo","TUBERÍA Y ACCESORIOS DE CONCRETO",6195,"TUBERIA CONCRETO REF. CL.II D=72\" (180cm)","ML",2664950,"Actualización  2021 - I"]
["Antiguo","TUBERÍA Y ACCESORIOS DE CONCRETO",6196,"TUBERIA CONCRETO REF. CL.II D=80\" (200cm)","ML",3349843,"Actualización  2021 - I"]
["Antiguo","TUBERÍA Y ACCESORIOS DE CONCRETO",6197,"TUBERIA CONCRETO REF. CL.II D=86\" (215cm)","ML",3824103,"Actualización  2021 - I"]
["Antiguo","TUBERÍA Y ACCESORIOS DE CONCRETO",6198,"TUBERIA CONCRETO REF. CL.II D=92\" (230cm)","ML",4302662,"Actualización  2021 - I"]
["Antiguo","TUBERÍA Y ACCESORIOS DE CONCRETO",6199,"TUBERIA CONCRETO REF. CL.III D=24\" (60cm)","ML",422548,"Actualización  2021 - I"]
["Antiguo","TUBERÍA Y ACCESORIOS DE CONCRETO",6200,"TUBERIA CONCRETO REF. CL.III D=27\" (70cm)","ML",562158,"Actualización  2021 - I"]
["Antiguo","TUBERÍA Y ACCESORIOS DE CONCRETO",6201,"TUBERIA CONCRETO REF. CL.III D=32\" (80cm)","ML",700920,"Actualización  2021 - I"]
["Antiguo","TUBERÍA Y ACCESORIOS DE CONCRETO",6202,"TUBERIA CONCRETO REF. CL.III D=36\" (90cm)","ML",878648,"Actualización  2021 - I"]
["Antiguo","TUBERÍA Y ACCESORIOS DE CONCRETO",6203,"TUBERIA CONCRETO REF. CL.III D=40\" (100cm)","ML",1101459,"Actualización  2021 - I"]
["Antiguo","TUBERÍA Y ACCESORIOS DE CONCRETO",6204,"TUBERIA CONCRETO REF. CL.III D=44\" (110cm)","ML",1231957,"Actualización  2021 - I"]
["Antiguo","TUBERÍA Y ACCESORIOS DE CONCRETO",6205,"TUBERIA CONCRETO REF. CL.III D=48\" (120cm)","ML",1445455,"Actualización  2021 - I"]
["Antiguo","TUBERÍA Y ACCESORIOS DE CONCRETO",6206,"TUBERIA CONCRETO REF. CL.III D=52\" (130cm)","ML",1603242,"Actualización  2021 - I"]
["Antiguo","TUBERÍA Y ACCESORIOS DE CONCRETO",6207,"TUBERIA CONCRETO REF. CL.III D=56\" (140cm)","ML",1773257,"Actualización  2021 - I"]
["Antiguo","TUBERÍA Y ACCESORIOS DE CONCRETO",6208,"TUBERIA CONCRETO REF. CL.III D=60\" (150cm)","ML",2114321,"Actualización  2021 - I"]
["Antiguo","TUBERÍA Y ACCESORIOS DE CONCRETO",6209,"TUBERIA CONCRETO REF. CL.III D=64\" (160cm)","ML",2228342,"Actualización  2021 - I"]
["Antiguo","TUBERÍA Y ACCESORIOS DE CONCRETO",6210,"TUBERIA CONCRETO REF. CL.III D=68\" (170cm)","ML",2520108,"Actualización  2021 - I"]
["Antiguo","TUBERÍA Y ACCESORIOS DE CONCRETO",6211,"TUBERIA CONCRETO REF. CL.III D=72\" (180cm)","ML",2942089,"Actualización  2021 - I"]
["Antiguo","TUBERÍA Y ACCESORIOS DE CONCRETO",6212,"TUBERIA CONCRETO REF. CL.III D=80\" (200cm)","ML",3495884,"Actualización  2021 - I"]
["Antiguo","TUBERÍA Y ACCESORIOS DE CONCRETO",6213,"TUBERIA CONCRETO REF. CL.III D=86\" (215cm)","ML",3924113,"Actualización  2021 - I"]
["Antiguo","TUBERÍA Y ACCESORIOS DE CONCRETO",6214,"TUBERIA CONCRETO REF. CL.III D=92\" (230cm)","ML",4377382,"Actualización  2021 - I"]
["Antiguo","TUBERÍA Y ACCESORIOS DE CONCRETO",6215,"TUBERIA CONCRETO REF. CL.IV D=24\" (60cm)","ML",478875,"Actualización  2021 - I"]
["Antiguo","TUBERÍA Y ACCESORIOS DE CONCRETO",6216,"TUBERIA CONCRETO REF. CL.IV D=27\" (70cm)","ML",639078,"Actualización  2021 - I"]
["Antiguo","TUBERÍA Y ACCESORIOS DE CONCRETO",6217,"TUBERIA CONCRETO REF. CL.IV D=32\" (80cm)","ML",800880,"Actualización  2021 - I"]
["Antiguo","TUBERÍA Y ACCESORIOS DE CONCRETO",6218,"TUBERIA CONCRETO REF. CL.IV D=36\" (90cm)","ML",1003848,"Actualización  2021 - I"]
["Antiguo","TUBERÍA Y ACCESORIOS DE CONCRETO",6219,"TUBERIA CONCRETO REF. CL.IV D=40\" (100cm)","ML",1256747,"Actualización  2021 - I"]
["Antiguo","TUBERÍA Y ACCESORIOS DE CONCRETO",6220,"TUBERIA CONCRETO REF. CL.IV D=44\" (110cm)","ML",1406737,"Actualización  2021 - I"]
["Antiguo","TUBERÍA Y ACCESORIOS DE CONCRETO",6221,"TUBERIA CONCRETO REF. CL.IV D=48\" (120cm)","ML",1650223,"Actualización  2021 - I"]
["Antiguo","TUBERÍA Y ACCESORIOS DE CONCRETO",6222,"TUBERIA CONCRETO REF. CL.IV D=52\" (130cm)","ML",1844695,"Actualización  2021 - I"]
["Antiguo","TUBERÍA Y ACCESORIOS DE CONCRETO",6223,"TUBERIA CONCRETO REF. CL.IV D=56\" (140cm)","ML",1954884,"Actualización  2021 - I"]
["Antiguo","TUBERÍA Y ACCESORIOS DE CONCRETO",6224,"TUBERIA CONCRETO REF. CL.IV D=60\" (150cm)","ML",2239620,"Actualización  2021 - I"]
["Antiguo","TUBERÍA Y ACCESORIOS DE CONCRETO",6225,"TUBERIA CONCRETO REF. CL.IV D=64\" (160cm)","ML",2546814,"Actualización  2021 - I"]
["Antiguo","TUBERÍA Y ACCESORIOS DE CONCRETO",6226,"TUBERIA CONCRETO REF. CL.IV D=68\" (170cm)","ML",2882313,"Actualización  2021 - I"]
["Antiguo","TUBERÍA Y ACCESORIOS DE CONCRETO",6227,"TUBERIA CONCRETO REF. CL.IV D=72\" (180cm)","ML",3220581,"Actualización  2021 - I"]
["Antiguo","TUBERÍA Y ACCESORIOS DE CONCRETO",6228,"TUBERIA CONCRETO REF. CL.IV D=80\" (200cm)","ML",3994985,"Actualización  2021 - I"]
["Antiguo","TUBERÍA Y ACCESORIOS DE CONCRETO",6229,"TUBERIA CONCRETO REF. CL.IV D=86\" (215cm)","ML",4788717,"Actualización  2021 - I"]
["Antiguo","TUBERÍA Y ACCESORIOS DE CONCRETO",6230,"TUBERIA CONCRETO REF. CL.IV D=92\" (230cm)","ML",5232789,"Actualización  2021 - I"]
["Antiguo","TUBERÍA Y ACCESORIOS DE CONCRETO",6236,"YEE CONCRETO 8\" x 6\" x 0.60m","UN",85899,"Actualización  2021 - I"]
["Antiguo","TUBERÍA Y ACCESORIOS DE CONCRETO",6237,"YEE CONCRETO 10\" x 6\" x 1.25m","UN",151314,"Actualización  2021 - I"]
["Antiguo","TUBERÍA Y ACCESORIOS DE CONCRETO",6238,"YEE CONCRETO 12\" x 6\" x 1.25m","UN",194464,"Actualización  2021 - I"]
["Antiguo","TUBERÍA Y ACCESORIOS DE CONCRETO",6239,"YEE CONCRETO 14\" x 6\" x 1.25m","UN",231716,"Actualización  2021 - I"]
["Antiguo","TUBERÍA Y ACCESORIOS DE CONCRETO",6240,"YEE CONCRETO 16\" x 6\" x 1.25m","UN",296090,"Actualización  2021 - I"]
["Antiguo","TUBERÍA Y ACCESORIOS DE CONCRETO",6241,"YEE CONCRETO 18\" x 6\" x 1.25m","UN",348860,"Actualización  2021 - I"]
["Antiguo","TUBERÍA Y ACCESORIOS DE CONCRETO",6242,"YEE CONCRETO 20\" x 6\" x 1.25m","UN",420490,"Actualización  2021 - I"]
["Antiguo","TUBERÍA Y ACCESORIOS DE CONCRETO",6243,"YEE CONCRETO 24\" x 6\" x 1.25m","UN",625291,"Actualización  2021 - I"]
["Antiguo","TUBERIAS DE PVC - ACUEDUCTO",6257,"TUBERIA PVC U.M. NORMA NTC 382 D=2\" RDE 21","ML",11462,"Actualización  2021 - I"]
["Antiguo","TUBERIAS DE PVC - ACUEDUCTO",6258,"TUBERIA PVC U.M. NORMA NTC 382 D=2 1/2\" RDE 21","ML",16814,"Actualización  2021 - I"]
["Antiguo","TUBERIAS DE PVC - ACUEDUCTO",6259,"TUBERIA PVC U.M. NORMA NTC 382 D=3\" RDE 21","ML",25086,"Actualización  2021 - I"]
["Antiguo","TUBERIAS DE PVC - ACUEDUCTO",6260,"TUBERIA PVC U.M. NORMA NTC 382 D=4`` RDE 21","ML",41390,"Actualización  2021 - I"]
["Antiguo","TUBERIAS DE PVC - ACUEDUCTO",6261,"TUBERIA PVC U.M. NORMA NTC 382 D=6\" RDE 21","ML",90377,"Actualización  2021 - I"]
["Antiguo","TUBERIAS DE PVC - ACUEDUCTO",6262,"TUBERIA PVC U.M. NORMA NTC 382 D=8\" RDE 21","ML",153089,"Actualización  2021 - I"]
["Antiguo","TUBERIAS DE PVC - ACUEDUCTO",6263,"TUBERIA PVC U.M. NORMA NTC 382 D=10\" RDE 21","ML",240992,"Actualización  2021 - I"]
["Antiguo","TUBERIAS DE PVC - ACUEDUCTO",6264,"TUBERIA PVC U.M. NORMA NTC 382 D=12\" RDE 21","ML",337196,"Actualización  2021 - I"]
["Antiguo","TUBERIAS DE PVC - ACUEDUCTO",6265,"TUBERIA PVC U.M. NORMA NTC 382 D=2\" RDE 26","ML",9510,"Actualización  2021 - I"]
["Antiguo","TUBERIAS DE PVC - ACUEDUCTO",6266,"TUBERIA PVC U.M. NORMA NTC 382 D=3\" RDE 26","ML",20921,"Actualización  2021 - I"]
["Antiguo","TUBERIAS DE PVC - ACUEDUCTO",6267,"TUBERIA PVC U.M. NORMA NTC 382 D=2 1/2\" RDE 26","ML",14042,"Actualización  2021 - I"]
["Antiguo","TUBERIAS DE PVC - ACUEDUCTO",6268,"TUBERIA PVC U.M. NORMA NTC 382 D=4\" RDE 26","ML",34554,"Actualización  2021 - I"]
["Antiguo","TUBERIAS DE PVC - ACUEDUCTO",6269,"TUBERIA PVC U.M. NORMA NTC 382 D=6\" RDE 26","ML",74023,"Actualización  2021 - I"]
["Antiguo","TUBERIAS DE PVC - ACUEDUCTO",6270,"TUBERIA PVC U.M. NORMA NTC 382 D=8\" RDE 26","ML",125929,"Actualización  2021 - I"]
["Antiguo","TUBERIAS DE PVC - ACUEDUCTO",6271,"TUBERIA PVC U.M. NORMA NTC 382 D=10\" RDE 26","ML",196011,"Actualización  2021 - I"]
["Antiguo","TUBERIAS DE PVC - ACUEDUCTO",6272,"TUBERIA PVC U.M. NORMA NTC 382 D=12\" RDE 26","ML",276308,"Actualización  2021 - I"]
["Antiguo","TUBERIAS DE PVC - ACUEDUCTO",6273,"TUBERIA PVC U.M. NORMA NTC 382 D=3\" RDE 32.5","ML",16806,"Actualización  2021 - I"]
["Antiguo","TUBERIAS DE PVC - ACUEDUCTO",6274,"TUBERIA PVC U.M. NORMA NTC 382 D=4\" RDE 32.5","ML",27700,"Actualización  2021 - I"]
["Antiguo","TUBERIAS DE PVC - ACUEDUCTO",6275,"TUBERIA PVC U.M. NORMA NTC 382 D=6\" RDE 32.5","ML",60394,"Actualización  2021 - I"]
["Antiguo","TUBERIAS DE PVC - ACUEDUCTO",6276,"TUBERIA PVC U.M. NORMA NTC 382 D=8\" RDE 32.5","ML",102765,"Actualización  2021 - I"]
["Antiguo","TUBERIAS DE PVC - ACUEDUCTO",6277,"TUBERIA PVC U.M. NORMA NTC 382 D=10\" RDE 32.5","ML",160636,"Actualización  2021 - I"]
["Antiguo","TUBERIAS DE PVC - ACUEDUCTO",6278,"TUBERIA PVC U.M. NORMA NTC 382 D=12\" RDE 32.5","ML",226294,"Actualización  2021 - I"]
["Antiguo","TUBERIAS DE PVC - ACUEDUCTO",6279,"TUBERIA PVC U.M. NORMA NTC 382 D=4\" RDE 41","ML",22963,"Actualización  2021 - I"]
["Antiguo","TUBERIAS DE PVC - ACUEDUCTO",6280,"TUBERIA PVC U.M. NORMA NTC 382 D=6\" RDE 41","ML",48681,"Actualización  2021 - I"]
["Antiguo","TUBERIAS DE PVC - ACUEDUCTO",6281,"TUBERIA PVC U.M. NORMA NTC 382 D=8\" RDE 41","ML",82225,"Actualización  2021 - I"]
["Antiguo","TUBERIAS DE PVC - ACUEDUCTO",6282,"TUBERIA PVC U.M. NORMA NTC 382 D=10\" RDE 41","ML",128579,"Actualización  2021 - I"]
["Antiguo","TUBERIAS DE PVC - ACUEDUCTO",6283,"TUBERIA PVC U.M. NORMA NTC 382 D=12\" RDE 41","ML",178849,"Actualización  2021 - I"]
["Antiguo","CONCRETOS Y MORTEROS PREMEZCLADOS",6285,"CONCRETO GRAVA COMÚN 1500 PSI 10.5 MPa (105 Kg/cm2)","M3",335580,"Actualización  2021 - I"]
["Antiguo","POSTES Y ALUMBRADO PUBLICO",6295,"POSTE EN CONCRETO LA, H=8m, CR=510 KG","UN",347435,"Actualización  2021 - I"]
["Antiguo","POSTES Y ALUMBRADO PUBLICO",6296,"POSTE EN CONCRETO LA, H=8m, CR=750 KG","UN",514109,"Actualización  2021 - I"]
["Antiguo","POSTES Y ALUMBRADO PUBLICO",6297,"POSTE EN CONCRETO LA, H=8m, CR=1050 KG","UN",570713,"Actualización  2021 - I"]
["Antiguo","POSTES Y ALUMBRADO PUBLICO",6298,"POSTE EN CONCRETO AP, H=8m, CR=510 KG","UN",361016,"Actualización  2021 - I"]
["Antiguo","POSTES Y ALUMBRADO PUBLICO",6303,"POSTE EN CONCRETO LA, H=10m, CR=510 KG","UN",521847,"Actualización  2021 - I"]
["Antiguo","POSTES Y ALUMBRADO PUBLICO",6304,"POSTE EN CONCRETO LA, H=10m, CR=750 KG","UN",625054,"Actualización  2021 - I"]
["Antiguo","POSTES Y ALUMBRADO PUBLICO",6305,"POSTE EN CONCRETO LA, H=10m, CR=1050 KG","UN",707910,"Actualización  2021 - I"]
["Antiguo","POSTES Y ALUMBRADO PUBLICO",6306,"POSTE EN CONCRETO AP, H=10m, CR=510 KG","UN",487942,"Actualización  2021 - I"]
["Antiguo","POSTES Y ALUMBRADO PUBLICO",6307,"POSTE EN CONCRETO AP, H=10m, CR=750 KG","UN",617808,"Actualización  2021 - I"]
["Antiguo","POSTES Y ALUMBRADO PUBLICO",6308,"POSTE EN CONCRETO AP, H=10m, CR=1050 KG","UN",694993,"Actualización  2021 - I"]
["Antiguo","POSTES Y ALUMBRADO PUBLICO",6309,"POSTE EN CONCRETO LA, H=12m, CR=510 KG","UN",624026,"Actualización  2021 - I"]
["Antiguo","POSTES Y ALUMBRADO PUBLICO",6310,"POSTE EN CONCRETO LA, H=12m, CR=750 KG","UN",743891,"Actualización  2021 - I"]
["Antiguo","POSTES Y ALUMBRADO PUBLICO",6311,"POSTE EN CONCRETO LA, H=12m, CR=1050 KG","UN",953571,"Actualización  2021 - I"]
["Antiguo","POSTES Y ALUMBRADO PUBLICO",6312,"POSTE EN CONCRETO AP, H=12m, CR=510 KG","UN",658154,"Actualización  2021 - I"]
["Antiguo","POSTES Y ALUMBRADO PUBLICO",6314,"POSTE EN CONCRETO AP, H=12m, CR=1050 KG","UN",953571,"Actualización  2021 - I"]
["Antiguo","POSTES Y ALUMBRADO PUBLICO",6315,"POSTE EN CONCRETO LA, H=14m, CR=750 KG","UN",1033925,"Actualización  2021 - I"]
["Antiguo","POSTES Y ALUMBRADO PUBLICO",6316,"POSTE EN CONCRETO LA, H=14m, CR=1050 KG","UN",1259573,"Actualización  2021 - I"]
["Antiguo","POSTES Y ALUMBRADO PUBLICO",6317,"POSTE EN CONCRETO LA, H=14m, CR=1350 KG","UN",1648397,"Actualización  2021 - I"]
["Antiguo","POSTES Y ALUMBRADO PUBLICO",6318,"POSTE EN CONCRETO AP, H=14m, CR=750 KG","UN",1094403,"Actualización  2021 - I"]
["Antiguo","POSTES Y ALUMBRADO PUBLICO",6319,"POSTE EN CONCRETO AP, H=14m, CR=1050 KG","UN",1401283,"Actualización  2021 - I"]
["Antiguo","POSTES Y ALUMBRADO PUBLICO",6320,"POSTE EN CONCRETO AP, H=14m, CR=1350 KG","UN",1439506,"Actualización  2021 - I"]
["Antiguo","POSTES Y ALUMBRADO PUBLICO",6324,"POSTE METALICO H=12m BRAZO DOBLE (PINTADO)","UN",1954292,"Actualización  2021 - I"]
["Antiguo","POSTES Y ALUMBRADO PUBLICO",6326,"POSTE METALICO H=10m BRAZO DOBLE (PINTADO)","UN",1746254,"Actualización  2021 - I"]
["Antiguo","POSTES Y ALUMBRADO PUBLICO",6327,"POSTE PEATONAL M130 H=6m BRAZO SENCILLO","UN",753474,"Actualización  2021 - I"]
["Antiguo","POSTES Y ALUMBRADO PUBLICO",6328,"POSTE PEATONAL M130 H=6m BRAZO DOBLE","UN",882584,"Actualización  2021 - I"]
["Antiguo","POSTES Y ALUMBRADO PUBLICO",6329,"LUMINARIA DE SODIO 70W, 208/220V PARA AP","UN",192089,"Actualización  2021 - I"]
["Antiguo","POSTES Y ALUMBRADO PUBLICO",6330,"LUMINARIA DE SODIO 250W, 208/220V PARA AP","UN",359708,"Actualización  2021 - I"]
["Antiguo","POSTES Y ALUMBRADO PUBLICO",6331,"LUMINARIA DE SODIO 150W, 208/220V PARA AP","UN",253278,"Actualización  2021 - I"]
["Antiguo","MOBILIARIO URBANO Y DE PARQUES",6332,"CANECA EN MALLA METALICA M120","UN",285600,"Actualización  2021 - I"]
["Antiguo","MOBILIARIO URBANO Y DE PARQUES",6333,"BANCA EN CONCRETO CON ESPALDAR M30","UN",571200,"Actualización  2021 - I"]
["Antiguo","MOBILIARIO URBANO Y DE PARQUES",6334,"BOLARDO EN CONCRETO M60","UN",71022,"Actualización  2021 - I"]
["Antiguo","MOBILIARIO URBANO Y DE PARQUES",6335,"BOLARDO ALTO EN HIERRO M63","UN",109480,"Actualización  2021 - I"]
["Antiguo","MOBILIARIO URBANO Y DE PARQUES",6337,"CICLO-PARQUEADERO M100","UN",386750,"Actualización  2021 - I"]
["Antiguo","EQUIPO LIVIANO Y HERRAMIENTAS",6356,"REGLA VIBRATORIA A GASOLINA. INCLUYE COMBUSTIBLE","DIA",49855,"Actualización  2021 - I"]
["Antiguo","ACCESORIOS HD PARA REDES DE ACUEDUCTO",6370,"TEE HD EXTREMO LISO 6\"x2\" (150x50mm)","UN",382981,"Actualización  2021 - I"]
["Antiguo","ACCESORIOS HD PARA REDES DE ACUEDUCTO",6371,"TEE HD EXTREMO LISO 6\"x3\" (150x75mm)","UN",396308,"Actualización  2021 - I"]
["Antiguo","ACCESORIOS HD PARA REDES DE ACUEDUCTO",6372,"TEE HD EXTREMO LISO 6\"x4\" (150x100mm)","UN",423359,"Actualización  2021 - I"]
["Antiguo","ACCESORIOS HD PARA REDES DE ACUEDUCTO",6373,"TEE HD EXTREMO LISO 6\"x6\" (150x150mm)","UN",528587,"Actualización  2021 - I"]
["Antiguo","ACCESORIOS HD PARA REDES DE ACUEDUCTO",6375,"TEE HD EXTREMO LISO 8\"x2\" (200X50mm)","UN",648497,"Actualización  2021 - I"]
["Antiguo","ACCESORIOS HD PARA REDES DE ACUEDUCTO",6376,"TEE HD EXTREMO LISO 8\"x3\" (200x75mm)","UN",747607,"Actualización  2021 - I"]
["Antiguo","ACCESORIOS HD PARA REDES DE ACUEDUCTO",6377,"TEE HD EXTREMO LISO 8\"x4\" (200x100mm)","UN",846717,"Actualización  2021 - I"]
["Antiguo","ACCESORIOS HD PARA REDES DE ACUEDUCTO",6378,"TEE HD EXTREMO LISO 8\"x6\" (200x150mm)","UN",885872,"Actualización  2021 - I"]
["Antiguo","ACCESORIOS HD PARA REDES DE ACUEDUCTO",6379,"TEE HD EXTREMO LISO 8\"x8\" (200x200mm)","UN",925027,"Actualización  2021 - I"]
["Antiguo","ACCESORIOS HD PARA REDES DE ACUEDUCTO",6380,"TEE HD EXTREMO LISO 10\"x2\" (250x50mm)","UN",882201,"Actualización  2021 - I"]
["Antiguo","ACCESORIOS HD PARA REDES DE ACUEDUCTO",6381,"TEE HD EXTREMO LISO 10\"x3\" (250x75mm)","UN",1068185,"Actualización  2021 - I"]
["Antiguo","ACCESORIOS HD PARA REDES DE ACUEDUCTO",6382,"TEE HD EXTREMO LISO 10\"x4\" (250x100mm)","UN",1108564,"Actualización  2021 - I"]
["Antiguo","ACCESORIOS HD PARA REDES DE ACUEDUCTO",6383,"TEE HD EXTREMO LISO 10\"x6\" (250x150mm)","UN",1163625,"Actualización  2021 - I"]
["Antiguo","ACCESORIOS HD PARA REDES DE ACUEDUCTO",6384,"TEE HD EXTREMO LISO 10\"x8\" (250x200mm)","UN",1348385,"Actualización  2021 - I"]
["Antiguo","ACCESORIOS HD PARA REDES DE ACUEDUCTO",6385,"TEE HD EXTREMO LISO 10\"x10\" (250x250mm)","UN",1453613,"Actualización  2021 - I"]
["Antiguo","ACCESORIOS HD PARA REDES DE ACUEDUCTO",6387,"TEE HD EXTREMO LISO 12\"x3\" (300x75mm)","UN",1519686,"Actualización  2021 - I"]
["Antiguo","ACCESORIOS HD PARA REDES DE ACUEDUCTO",6388,"TEE HD EXTREMO LISO 12\"x4\" (300x100mm)","UN",1585760,"Actualización  2021 - I"]
["Antiguo","ACCESORIOS HD PARA REDES DE ACUEDUCTO",6389,"TEE HD EXTREMO LISO 12\"x6\" (300x150mm)","UN",1916126,"Actualización  2021 - I"]
["Antiguo","ACCESORIOS HD PARA REDES DE ACUEDUCTO",6390,"TEE HD EXTREMO LISO 12\"x8\" (300x200mm)","UN",2114346,"Actualización  2021 - I"]
["Antiguo","ACCESORIOS HD PARA REDES DE ACUEDUCTO",6391,"TEE HD EXTREMO LISO 12\"X10\" (300x250mm)","UN",2510786,"Actualización  2021 - I"]
["Antiguo","ACCESORIOS HD PARA REDES DE ACUEDUCTO",6392,"TEE HD EXTREMO LISO 12\"x12\" (300x300mm)","UN",2642933,"Actualización  2021 - I"]
["Antiguo","ACCESORIOS HD PARA REDES DE ACUEDUCTO",6393,"TEE HD EXTREMO LISO 24\"x8\" (600x200mm)","UN",9445083,"Actualización  2021 - I"]
["Antiguo","ACCESORIOS HD PARA REDES DE ACUEDUCTO",6394,"TEE HD EXTREMO LISO 24\"x10\" (600x250mm)","UN",10335533,"Actualización  2021 - I"]
["Antiguo","ACCESORIOS HD PARA REDES DE ACUEDUCTO",6395,"TEE HD EXTREMO LISO 24\"x12\" (600x300mm)","UN",10587579,"Actualización  2021 - I"]
["Antiguo","ACCESORIOS HD PARA REDES DE ACUEDUCTO",6396,"TEE HD EXTREMO LISO 24\"x14\" (600x350mm)","UN",11020368,"Actualización  2021 - I"]
["Antiguo","ACCESORIOS HD PARA REDES DE ACUEDUCTO",6397,"TEE HD EXTREMO LISO 24\"x16\" (600x400mm)","UN",12572439,"Actualización  2021 - I"]
["Antiguo","ACCESORIOS HD PARA REDES DE ACUEDUCTO",6398,"TEE HD EXTREMO LISO 24\"x18\" (600x450mm)","UN",14079740,"Actualización  2021 - I"]
["Antiguo","ACCESORIOS HD PARA REDES DE ACUEDUCTO",6399,"TEE HD EXTREMO LISO 24\"x20\" (600x500mm)","UN",15723012,"Actualización  2021 - I"]
["Antiguo","ACCESORIOS HD PARA REDES DE ACUEDUCTO",6400,"TEE HD EXTREMO LISO 24\"x24\" (600x600mm)","UN",17253526,"Actualización  2021 - I"]
["Antiguo","ACCESORIOS HD PARA REDES DE ACUEDUCTO",6401,"TEE HD EXTREMO LISO 4\"x3\" (100x75mm)","UN",264293,"Actualización  2021 - I"]
["Antiguo","ACCESORIOS HD PARA REDES DE ACUEDUCTO",6402,"TEE HD EXTREMO LISO 4\"x4\" (100x100mm)","UN",290184,"Actualización  2021 - I"]
["Antiguo","ACCESORIOS HD PARA REDES DE ACUEDUCTO",6404,"CODO HD EXTREMO LISO 90ºX2``","UN",79533,"Actualización  2021 - I"]
["Antiguo","ACCESORIOS HD PARA REDES DE ACUEDUCTO",6405,"CODO HD EXTREMO LISO 90ºX3``","UN",115017,"Actualización  2021 - I"]
["Antiguo","ACCESORIOS HD PARA REDES DE ACUEDUCTO",6406,"CODO HD EXTREMO LISO 90ºX4``","UN",178643,"Actualización  2021 - I"]
["Antiguo","ACCESORIOS HD PARA REDES DE ACUEDUCTO",6407,"CODO HD EXTREMO LISO 90ºX6``","UN",384204,"Actualización  2021 - I"]
["Antiguo","ACCESORIOS HD PARA REDES DE ACUEDUCTO",6408,"CODO HD EXTREMO LISO 90ºX8``","UN",714571,"Actualización  2021 - I"]
["Antiguo","ACCESORIOS HD PARA REDES DE ACUEDUCTO",6409,"CODO HD EXTREMO LISO 90ºX10``","UN",1309231,"Actualización  2021 - I"]
["Antiguo","ACCESORIOS HD PARA REDES DE ACUEDUCTO",6410,"CODO HD EXTREMO LISO 90ºX12``","UN",1550521,"Actualización  2021 - I"]
["Antiguo","ACCESORIOS HD PARA REDES DE ACUEDUCTO",6411,"CODO HD EXTREMO LISO 90ºX14``","UN",2454991,"Actualización  2021 - I"]
["Antiguo","ACCESORIOS HD PARA REDES DE ACUEDUCTO",6412,"CODO HD EXTREMO LISO 90ºX16``","UN",3437232,"Actualización  2021 - I"]
["Antiguo","ACCESORIOS HD PARA REDES DE ACUEDUCTO",6413,"CODO HD EXTREMO LISO 90ºX18``","UN",4190957,"Actualización  2021 - I"]
["Antiguo","ACCESORIOS HD PARA REDES DE ACUEDUCTO",6414,"CODO HD EXTREMO LISO 90ºX20\"","UN",5237794,"Actualización  2021 - I"]
["Antiguo","ACCESORIOS HD PARA REDES DE ACUEDUCTO",6416,"CODO HD EXTREMO LISO 45ºX2``","UN",92992,"Actualización  2021 - I"]
["Antiguo","ACCESORIOS HD PARA REDES DE ACUEDUCTO",6417,"CODO HD EXTREMO LISO 45ºX3``","UN",112569,"Actualización  2021 - I"]
["Antiguo","ACCESORIOS HD PARA REDES DE ACUEDUCTO",6418,"CODO HD EXTREMO LISO 45ºX4``","UN",145606,"Actualización  2021 - I"]
["Antiguo","ACCESORIOS HD PARA REDES DE ACUEDUCTO",6419,"CODO HD EXTREMO LISO 45ºX6``","UN",324249,"Actualización  2021 - I"]
["Antiguo","ACCESORIOS HD PARA REDES DE ACUEDUCTO",6420,"CODO HD EXTREMO LISO 45ºX8``","UN",674193,"Actualización  2021 - I"]
["Antiguo","ACCESORIOS HD PARA REDES DE ACUEDUCTO",6421,"CODO HD EXTREMO LISO 45ºX10\"","UN",1111011,"Actualización  2021 - I"]
["Antiguo","ACCESORIOS HD PARA REDES DE ACUEDUCTO",6422,"CODO HD EXTREMO LISO 45ºX12``","UN",1519686,"Actualización  2021 - I"]
["Antiguo","ACCESORIOS HD PARA REDES DE ACUEDUCTO",6423,"CODO HD EXTREMO LISO 45ºX14``","UN",1732378,"Actualización  2021 - I"]
["Antiguo","ACCESORIOS HD PARA REDES DE ACUEDUCTO",6424,"CODO HD EXTREMO LISO 45ºX16``","UN",2584201,"Actualización  2021 - I"]
["Antiguo","ACCESORIOS HD PARA REDES DE ACUEDUCTO",6425,"CODO HD EXTREMO LISO 45ºX18``","UN",3493459,"Actualización  2021 - I"]
["Antiguo","ACCESORIOS HD PARA REDES DE ACUEDUCTO",6426,"CODO HD EXTREMO LISO 45ºX20``","UN",5055702,"Actualización  2021 - I"]
["Antiguo","ACCESORIOS HD PARA REDES DE ACUEDUCTO",6430,"CODO HD EXTREMO LISO 22.5ºX4``","UN",145606,"Actualización  2021 - I"]
["Antiguo","ACCESORIOS HD PARA REDES DE ACUEDUCTO",6431,"CODO HD EXTREMO LISO 22.5ºX6``","UN",264293,"Actualización  2021 - I"]
["Antiguo","ACCESORIOS HD PARA REDES DE ACUEDUCTO",6434,"CODO HD EXTREMO LISO 22.5ºX12``","UN",1321466,"Actualización  2021 - I"]
["Antiguo","ACCESORIOS HD PARA REDES DE ACUEDUCTO",6440,"CODO HD EXTREMO LISO 11.25ºX2``","UN",72191,"Actualización  2021 - I"]
["Antiguo","ACCESORIOS HD PARA REDES DE ACUEDUCTO",6441,"CODO HD EXTREMO LISO 11.25ºX3``","UN",106451,"Actualización  2021 - I"]
["Antiguo","ACCESORIOS HD PARA REDES DE ACUEDUCTO",6442,"CODO HD EXTREMO LISO 11.25ºX4``","UN",139488,"Actualización  2021 - I"]
["Antiguo","ACCESORIOS HD PARA REDES DE ACUEDUCTO",6443,"CODO HD EXTREMO LISO 11.25ºX6``","UN",258175,"Actualización  2021 - I"]
["Antiguo","ACCESORIOS HD PARA REDES DE ACUEDUCTO",6446,"CODO HD EXTREMO LISO 11.25ºX12``","UN",1136706,"Actualización  2021 - I"]
["Antiguo","ACCESORIOS HD PARA REDES DE ACUEDUCTO",6454,"UNION REPARACION HD EXTREMO LISO D=6\"","UN",196262,"Actualización  2021 - I"]
["Antiguo","ACCESORIOS HD PARA REDES DE ACUEDUCTO",6455,"UNION REPARACION HD EXTREMO LISO D=8\"","UN",379310,"Actualización  2021 - I"]
["Antiguo","ACCESORIOS HD PARA REDES DE ACUEDUCTO",6456,"UNION REPARACION HD EXTREMO LISO D=10\"","UN",642380,"Actualización  2021 - I"]
["Antiguo","ACCESORIOS HD PARA REDES DE ACUEDUCTO",6457,"UNION REPARACION HD EXTREMO LISO D=12\"","UN",728030,"Actualización  2021 - I"]
["Antiguo","ACCESORIOS HD PARA REDES DE ACUEDUCTO",6458,"UNION REPARACION HD EXTREMO LISO D=14\"","UN",874860,"Actualización  2021 - I"]
["Antiguo","ACCESORIOS HD PARA REDES DE ACUEDUCTO",6459,"UNION REPARACION HD EXTREMO LISO D=16\"","UN",1284759,"Actualización  2021 - I"]
["Antiguo","ACCESORIOS HD PARA REDES DE ACUEDUCTO",6462,"TAPON HD EXTREMO LISO D=4\"","UN",89321,"Actualización  2021 - I"]
["Antiguo","ACCESORIOS HD PARA REDES DE ACUEDUCTO",6463,"TAPON HD EXTREMO LISO D=6\"","UN",225139,"Actualización  2021 - I"]
["Antiguo","ACCESORIOS HD PARA REDES DE ACUEDUCTO",6464,"TAPON HD EXTREMO LISO D=8\"","UN",452725,"Actualización  2021 - I"]
["Antiguo","DUCTOS PVC - ELECTRICOS/TELEFONICOS TIPO TDP-DB-EB",6472,"TUBERIA CONDUIT PVC D=1\"","ML",3737,"Actualización  2021 - I"]
["Antiguo","DUCTOS PVC - ELECTRICOS/TELEFONICOS TIPO TDP-DB-EB",6473,"TUBERIA CONDUIT PVC D=1 1/4\"","ML",5774,"Actualización  2021 - I"]
["Antiguo","DUCTOS PVC - ELECTRICOS/TELEFONICOS TIPO TDP-DB-EB",6474,"TUBERIA CONDUIT PVC D=1 1/2\"","ML",7361,"Actualización  2021 - I"]
["Antiguo","DUCTOS PVC - ELECTRICOS/TELEFONICOS TIPO TDP-DB-EB",6475,"TUBERIA CONDUIT PVC D=2\"","ML",11323,"Actualización  2021 - I"]
["Antiguo","ACCESORIOS HD PARA REDES DE ACUEDUCTO",6476,"VALVULA COMPUERTA ELASTICA VNA E. L. D=2\"","UN",368665,"Actualización  2021 - I"]
["Antiguo","ACCESORIOS HD PARA REDES DE ACUEDUCTO",6477,"VALVULA COMPUERTA ELASTICA VNA E. L. D=3\"","UN",513904,"Actualización  2021 - I"]
["Antiguo","ACCESORIOS HD PARA REDES DE ACUEDUCTO",6479,"VALVULA COMPUERTA ELASTICA VNA E. L. D=6\"","UN",1262123,"Actualización  2021 - I"]
["Antiguo","ACCESORIOS HD PARA REDES DE ACUEDUCTO",6480,"VALVULA COMPUERTA ELASTICA VNA E. L. D=8\"","UN",1905726,"Actualización  2021 - I"]
["Antiguo","ACCESORIOS HD PARA REDES DE ACUEDUCTO",6481,"HIDRANTE EXTREMO BRIDA D=3\" TIPO MILAN","UN",2378640,"Actualización  2021 - I"]
["Antiguo","ACCESORIOS HD PARA REDES DE ACUEDUCTO",6482,"HIDRANTE EXTREMO BRIDA D=4\" TIPO TRAFICO","UN",3435813,"Actualización  2021 - I"]
["Antiguo","ACCESORIOS HD PARA REDES DE ACUEDUCTO",6483,"HIDRANTE EXTREMO BRIDA D=6\" TIPO TRAFICO","UN",4731584,"Actualización  2021 - I"]
["Antiguo","ACCESORIOS HD PARA REDES DE ACUEDUCTO",6484,"HIDRANTE EXTREMO BRIDA D=4\" TIPO POSTE","UN",2282980,"Actualización  2021 - I"]
["Antiguo","ACCESORIOS HD PARA REDES DE ACUEDUCTO",6485,"HIDRANTE EXTREMO BRIDA D=6\" TIPO POSTE","UN",3209793,"Actualización  2021 - I"]
["Antiguo","EQUIPO PESADO",6507,"TERMINADORA DE ASFALTO - INCLUYE OPERARIO Y COMBUSTIBLE","HR",123679,"Actualización  2021 - I"]
["Antiguo","TUBERIAS DE PVC - ACUEDUCTO",6527,"UNION REPARACION PVC U.M. NORMA NTC 382 D=6\"","UN",155980,"Actualización  2021 - I"]
["Antiguo","TUBERIAS DE PVC - ACUEDUCTO",6528,"UNION REPARACION PVC U.M. NORMA NTC 382 D=8\"","UN",286562,"Actualización  2021 - I"]
["Antiguo","TUBERIAS DE PVC - ACUEDUCTO",6530,"UNION REPARACION PVC U.M. NORMA NTC 382 D=12\"","UN",793490,"Actualización  2021 - I"]
["Antiguo","MOBILIARIO URBANO Y DE PARQUES",6534,"BANCA EN CONCRETO SIN ESPALDAR M31","UN",261800,"Actualización  2021 - I"]
["Antiguo","MOBILIARIO URBANO Y DE PARQUES",6535,"BANCA MODULAR EN CONCRETO M40","UN",113050,"Actualización  2021 - I"]
["Antiguo","DUCTOS PVC - ELECTRICOS/TELEFONICOS TIPO TDP-DB-EB",6539,"ADAPTADOR TERMINAL CAMPANA PVC D=3\"","UN",6596,"Actualización  2021 - I"]
["Antiguo","DUCTOS PVC - ELECTRICOS/TELEFONICOS TIPO TDP-DB-EB",6540,"ADAPTADOR TERMINAL CAMPANA PVC D=4\"","UN",12807,"Actualización  2021 - I"]
["Antiguo","MARCOS, TAPAS, REJILLAS, HERRAJES Y CAJILLAS",6543,"MARCO Y TAPA CAJA PASO SENCILLA ANDEN ETB","UN",191876,"Actualización  2021 - I"]
["Antiguo","MARCOS, TAPAS, REJILLAS, HERRAJES Y CAJILLAS",6545,"MARCO Y TAPAS CAJA PASO DOBLE ANDEN ETB","UN",295320,"Actualización  2021 - I"]
["Antiguo","SEÑALES, BARRERAS Y DEMARCACIÓN VIAL",6551,"SEÑAL DOBLE CARA PARA CICLORUTA PARAL 3m","UN",386750,"N.A"]
["Antiguo","SEÑALES, BARRERAS Y DEMARCACIÓN VIAL",6552,"SEÑAL DE TRANSITO GRUPO I (60x60cm) POSTE 3.5m","UN",238000,"Actualización  2021 - I"]
["Antiguo","SEÑALES, BARRERAS Y DEMARCACIÓN VIAL",6553,"SEÑAL DE TRANSITO GRUPO I (75x75cm) POSTE 3.5m","UN",297500,"Actualización  2021 - I"]
["Antiguo","SEÑALES, BARRERAS Y DEMARCACIÓN VIAL",6554,"SEÑAL DE TRANSITO GRUPO I (90x90cm) POSTE 3.5m","UN",362908,"Actualización  2021 - I"]
["Antiguo","SEÑALES, BARRERAS Y DEMARCACIÓN VIAL",6555,"TACHON EN CONCRETO 0.4x0.15x0.08m","UN",42058,"Actualización  2021 - I"]
["Antiguo","SEÑALES, BARRERAS Y DEMARCACIÓN VIAL",6556,"TACHA REFLECTIVA UNIDIRECCIONAL, NO INCLUYE ELEMENTOS DE ANCLAJE","UN",5998,"Actualización  2021 - I"]
["Antiguo","TUBERIAS DE PVC - ACUEDUCTO",6559,"ADAPTADOR MACHO PVC U.S. D=2``","UN",6117,"Actualización  2021 - I"]
["Antiguo","TUBERIAS DE PVC - ACUEDUCTO",6560,"ADAPTADOR MACHO PVC U.S. D=3``","UN",24050,"Actualización  2021 - I"]
["Antiguo","TUBERIAS DE PVC - ACUEDUCTO",6561,"ADAPTADOR MACHO PVC U.S. D=4``","UN",44243,"Actualización  2021 - I"]
["Antiguo","EQUIPO PESADO",6567,"CARROTANQUE IRRIGADOR DE AGUA - HORA","HR",35000,"Actualización  2021 - I"]
["Antiguo","AGREGADOS PÉTREOS, BASES Y SUBBASES GRANULARES",6578,"TRITURADO 3/4\"","M3",49980,"Actualización  2021 - I"]
["Antiguo","AGREGADOS PÉTREOS, BASES Y SUBBASES GRANULARES",6624,"RAJÓN SUELTO > = 12\" (30 - 50 cm)","M3",38080,"Actualización  2021 - I"]
["Antiguo","EQUIPO LIVIANO Y HERRAMIENTAS",6625,"MEZCLADORA A GASOLINA (1.5 Bultos) - INCLUYE COMBUSTIBLE","DIA",61755,"Actualización  2021 - I"]
["Antiguo","POSTES Y ALUMBRADO PUBLICO",6628,"LUMINARIA DE SODIO 400W, 208/220V PARA AP","UN",481903,"Actualización  2021 - I"]
["Antiguo","POSTES Y ALUMBRADO PUBLICO",6629,"FOTOCELDA CON BASE","UN",39192,"Actualización  2021 - I"]
["Antiguo","POSTES Y ALUMBRADO PUBLICO",6630,"BOMBILLO SODIO 70 W, 208/220V","UN",15571,"Actualización  2021 - I"]
["Antiguo","POSTES Y ALUMBRADO PUBLICO",6631,"BOMBILLO SODIO 150 W, 208/220V","UN",22450,"Actualización  2021 - I"]
["Antiguo","POSTES Y ALUMBRADO PUBLICO",6632,"BOMBILLO SODIO 250 W, 208/220V","UN",28065,"Actualización  2021 - I"]
["Antiguo","POSTES Y ALUMBRADO PUBLICO",6633,"BOMBILLO SODIO 400 W, 208/220V","UN",30260,"Actualización  2021 - I"]
["Antiguo","POSTES Y ALUMBRADO PUBLICO",6636,"POSTE METALICO H=10m BRAZO SENCILLO (PINTADO)","UN",1708429,"Actualización  2021 - I"]
["Antiguo","TUBERIAS DE PVC - ACUEDUCTO",6645,"CODO G.RAD. PVC U.M. NORMA NTC 382 90° D=2 1/2\" RDE 21","UN",56199,"Actualización  2021 - I"]
["Antiguo","TUBERIAS DE PVC - ACUEDUCTO",6646,"CODO G.RAD. PVC U.M. NORMA NTC 382 90° D=3\" RDE 21","UN",80737,"Actualización  2021 - I"]
["Antiguo","TUBERIAS DE PVC - ACUEDUCTO",6647,"CODO G.RAD. PVC U.M. NORMA NTC 382 90° D=6\" RDE 21","UN",244079,"Actualización  2021 - I"]
["Antiguo","TUBERIAS DE PVC - ACUEDUCTO",6648,"CODO G.RAD. PVC U.M. NORMA NTC 382 90° D=10\" RDE 21","UN",1967225,"Actualización  2021 - I"]
["Antiguo","TUBERIAS DE PVC - ACUEDUCTO",6649,"CODO G.RAD. PVC U.M. NORMA NTC 382 45° D=2 1/2\" RDE 21","UN",37834,"Actualización  2021 - I"]
["Antiguo","TUBERIAS DE PVC - ACUEDUCTO",6650,"CODO G.RAD. PVC U.M. NORMA NTC 382 45° D=2\" RDE 21","UN",50043,"Actualización  2021 - I"]
["Antiguo","TUBERIAS DE PVC - ACUEDUCTO",6651,"CODO G.RAD. PVC U.M. NORMA NTC 382 45° D=3\" RDE 21","UN",77332,"Actualización  2021 - I"]
["Antiguo","TUBERIAS DE PVC - ACUEDUCTO",6652,"CODO G.RAD. PVC U.M. NORMA NTC 382 45° D=4\" RDE 21","UN",112862,"Actualización  2021 - I"]
["Antiguo","TUBERIAS DE PVC - ACUEDUCTO",6653,"CODO G.RAD. PVC U.M. NORMA NTC 382 45° D=6\" RDE 21","UN",214313,"Actualización  2021 - I"]
["Antiguo","TUBERIAS DE PVC - ACUEDUCTO",6654,"CODO G.RAD. PVC U.M. NORMA NTC 382 45° D=8\" RDE 21","UN",600926,"Actualización  2021 - I"]
["Antiguo","TUBERIAS DE PVC - ACUEDUCTO",6655,"CODO G.RAD. PVC U.M. NORMA NTC 382 45° D=10\" RDE 21","UN",1286946,"Actualización  2021 - I"]
["Antiguo","TUBERIAS DE PVC - ACUEDUCTO",6656,"CODO G.RAD. PVC U.M. NORMA NTC 382 45° D=12\" RDE 21","UN",1806496,"Actualización  2021 - I"]
["Antiguo","TUBERIAS DE PVC - ACUEDUCTO",6657,"CODO G.RAD. PVC U.M. NORMA NTC 382 22.5° D=2\" RDE 21","UN",24000,"Actualización  2021 - I"]
["Antiguo","TUBERIAS DE PVC - ACUEDUCTO",6658,"CODO G.RAD. PVC U.M. NORMA NTC 382 22.5° D=2 1/2\" RDE 21","UN",34063,"Actualización  2021 - I"]
["Antiguo","TUBERIAS DE PVC - ACUEDUCTO",6659,"CODO G.RAD. PVC U.M. NORMA NTC 382 22.5° D=3\" RDE 21","UN",48500,"Actualización  2021 - I"]
["Antiguo","TUBERIAS DE PVC - ACUEDUCTO",6660,"CODO G.RAD. PVC U.M. NORMA NTC 382 22.5° D=4\" RDE 21","UN",89000,"Actualización  2021 - I"]
["Antiguo","TUBERIAS DE PVC - ACUEDUCTO",6661,"CODO G.RAD. PVC U.M. NORMA NTC 382 22.5° D=6\" RDE 21","UN",220000,"Actualización  2021 - I"]
["Antiguo","TUBERIAS DE PVC - ACUEDUCTO",6662,"CODO G.RAD. PVC U.M. NORMA NTC 382 22.5° D=8\" RDE 21","UN",460000,"Actualización  2021 - I"]
["Antiguo","TUBERIAS DE PVC - ACUEDUCTO",6663,"CODO G.RAD. PVC U.M. NORMA NTC 382 22.5° D=10\" RDE 21","UN",1045000,"Actualización  2021 - I"]
["Antiguo","TUBERIAS DE PVC - ACUEDUCTO",6664,"CODO G.RAD. PVC U.M. NORMA NTC 382 22.5° D=12\" RDE 21","UN",1399000,"Actualización  2021 - I"]
["Antiguo","TUBERIAS DE PVC - ACUEDUCTO",6665,"CODO G.RAD. PVC U.M. NORMA NTC 382 11.25° D=2\" RDE 21","UN",27900,"Actualización  2021 - I"]
["Antiguo","TUBERIAS DE PVC - ACUEDUCTO",6666,"CODO G.RAD. PVC U.M. NORMA NTC 382 TI11.25° D=2 1/2\" RDE 21","UN",32206,"Actualización  2021 - I"]
["Antiguo","TUBERIAS DE PVC - ACUEDUCTO",6667,"CODO G.RAD. PVC U.M. NORMA NTC 382 11.25° D=3\" RDE 21","UN",44500,"Actualización  2021 - I"]
["Antiguo","TUBERIAS DE PVC - ACUEDUCTO",6668,"CODO G.RAD. PVC U.M. NORMA NTC 382 11.25° D=4\" RDE 21","UN",85001,"Actualización  2021 - I"]
["Antiguo","TUBERIAS DE PVC - ACUEDUCTO",6669,"CODO G.RAD. PVC U.M. NORMA NTC 382 11.25° D=6\" RDE 21","UN",197000,"Actualización  2021 - I"]
["Antiguo","TUBERIAS DE PVC - ACUEDUCTO",6670,"CODO G.RAD. PVC U.M. NORMA NTC 382 11.25° D=8\" RDE 21","UN",399000,"Actualización  2021 - I"]
["Antiguo","TUBERIAS DE PVC - ACUEDUCTO",6671,"CODO G.RAD. PVC U.M. NORMA NTC 382 11.25° D=10\" RDE 21","UN",855000,"Actualización  2021 - I"]
["Antiguo","TUBERIAS DE PVC - ACUEDUCTO",6672,"CODO G.RAD. PVC U.M. NORMA NTC 382 11.25° D=12\" RDE 21","UN",1134727,"Actualización  2021 - I"]
["Antiguo","MOBILIARIO URBANO Y DE PARQUES",6673,"CABINA TELEFONICA PEDESTAL M20","UN",4357915,"Actualización  2021 - I"]
["Antiguo","MOBILIARIO URBANO Y DE PARQUES",6674,"PARADERO EN ACERO INOXIDABLE M10 (INSTALADO)","UN",10115000,"Actualización  2021 - I"]
["Antiguo","MOBILIARIO URBANO Y DE PARQUES",6675,"CICLO-PARQUEADERO M101","UN",557813,"Actualización  2021 - I"]
["Antiguo","MOBILIARIO URBANO Y DE PARQUES",6677,"BANCA EN MADERA M50","UN",476000,"Actualización  2021 - I"]
["Antiguo","MOBILIARIO URBANO Y DE PARQUES",6679,"PROTECTOR DE ARBOL M90","UN",583100,"Actualización  2021 - I"]
["Antiguo","MOBILIARIO URBANO Y DE PARQUES",6680,"PROTECTOR DE ARBOL DE DOS TUBOS M91","UN",154700,"Actualización  2021 - I"]
["Antiguo","MOBILIARIO URBANO Y DE PARQUES",6681,"POSTE HISTORICO M131 H=5m","UN",3707341,"Actualización  2021 - I"]
["Antiguo","MOBILIARIO URBANO Y DE PARQUES",6682,"BOLARDO BAJO EN HIERRO M62","UN",129413,"Actualización  2021 - I"]
["Antiguo","MOBILIARIO URBANO Y DE PARQUES",6683,"BOLARDO BAJO EN CONCRETO M61","UN",68108,"Actualización  2021 - I"]
["Antiguo","LADRILLOS, BLOQUES Y ADOQUINES",6684,"BLOQUE ESTRUCTURAL TIPO PIEDRA GRIS","UN",4450,"Actualización  2021 - I"]
["Antiguo","GEOSINTETICOS",6698,"GEOTEXTIL REPAV 400","M2",3130,"Actualización  2021 - I"]
["Antiguo","GEOSINTETICOS",6700,"GEOTEXTIL NT 3000 o 601 NT","M2",5238,"Actualización  2021 - I"]
["Antiguo","GEOSINTETICOS",6701,"GEOTEXTIL NT 4000 o 801 NT","M2",5628,"Actualización  2021 - I"]
["Antiguo","GEOSINTETICOS",6702,"GEOTEXTIL NT 5000 o 861 NT","M2",8866,"Actualización  2021 - I"]
["Antiguo","GEOSINTETICOS",6703,"GEOTEXTIL NT 6000 o 1201 NT","M2",8582,"Actualización  2021 - I"]
["Antiguo","GEOSINTETICOS",6704,"GEOTEXTIL NT 7000 o 1601 NT","M2",13507,"Actualización  2021 - I"]
["Antiguo","GEOSINTETICOS",6710,"GEOTEXTIL TEJIDO FORTEX BX-30","M2",5423,"Actualización  2021 - I"]
["Antiguo","TUBERIAS DE PVC - ACUEDUCTO",6715,"UNION PVC U.M. NORMA NTC 382 D=2 1/2\"","UN",17700,"Actualización  2021 - I"]
["Antiguo","AGREGADOS PÉTREOS, BASES Y SUBBASES GRANULARES",6722,"SUBBASE GRANULAR B-400","M3",18000,"Actualización  2021 - I"]
["Antiguo","LADRILLOS, BLOQUES Y ADOQUINES",6733,"ADOQUIN DE ARCILLA CUARTERON 26x6x6","UN",608,"Actualización  2021 - I"]
["Antiguo","EQUIPO PESADO",6739,"BOMBEO DE CONCRETO CON AUTOBOMBA (No incluye suministro ni instalación de concreto)","M3",45220,"Actualización  2021 - I"]
["Antiguo","EQUIPO LIVIANO Y HERRAMIENTAS",6780,"MOTOSIERRA","DIA",34900,"Actualización  2021 - I"]
["Antiguo","MALLAS Y ACEROS PARA REFUERZO",6789,"ACERO FIGURADO No. 7 (Ø 7/8\") F'y=60000 PSI","KG",2832,"N.A"]
["Antiguo","MARCOS, TAPAS, REJILLAS, HERRAJES Y CAJILLAS",6792,"MARCO Y TAPA CIRCULAR CAMARA INSPECCIÓN ETB PL0025","UN",336032,"Actualización  2021 - I"]
["Antiguo","MARCOS, TAPAS, REJILLAS, HERRAJES Y CAJILLAS",6793,"MARCO Y TAPA CAJA INSPECCION SENCILLA CODENSA CS 275","UN",315174,"Actualización  2021 - I"]
["Antiguo","FORMALETAS, ANDAMIOS Y ACCESORIOS",6807,"FORMALETA MADERA SUMIDEROS","M2",23001,"Actualización  2021 - I"]
["Antiguo","TRANSPORTES DE MATERIALES Y ACARREOS",6824,"TRANSPORTE TUBERIA Y PREFABRICADOS","KG",28,"Actualización  2021 - I"]
["Antiguo","SEÑALES, BARRERAS Y DEMARCACIÓN VIAL",6825,"BARRERA MONODIRECCIONAL NEW JERSEY (900x290x1000)","UN",211811,"Actualización  2021 - I"]
["Antiguo","SEÑALES, BARRERAS Y DEMARCACIÓN VIAL",6826,"BARRERA BIDIRECCIONAL NEW JERSEY (800x600x1500)","UN",339805,"Actualización  2021 - I"]
["Antiguo","CONCRETOS Y MORTEROS PREMEZCLADOS",6830,"GROUTING 10,5 MPa 1500 PSI (105 Kg/cm2)","M3",426483,"Actualización  2021 - I"]
["Antiguo","CONCRETOS Y MORTEROS PREMEZCLADOS",6831,"GROUTING 2000 PSI 14 MPa (140 Kg/cm2)","M3",460334,"Actualización  2021 - I"]
["Antiguo","CONCRETOS Y MORTEROS PREMEZCLADOS",6832,"GROUTING 17 MPa 2500 PSI (175 Kg/cm2)","M3",472086,"Actualización  2021 - I"]
["Antiguo","TUBERIAS DE PVC - ACUEDUCTO",6834,"TUBERIA PF D=1/2\" RDE 9","ML",2569,"Actualización  2021 - I"]
["Antiguo","TUBERIAS DE PVC - ACUEDUCTO",6835,"UNION PVC PRESION U.S. D=1/2\"","UN",420,"Actualización  2021 - I"]
["Antiguo","LADRILLOS, BLOQUES Y ADOQUINES",6846,"ADOQUIN DE CONCRETO (200x100x80mm)","UN",928,"Actualización  2021 - I"]
["Antiguo","LADRILLOS, BLOQUES Y ADOQUINES",6847,"ADOQUIN DE CONCRETO (200x100x80mm) COLOR","UN",1104,"Actualización  2021 - I"]
["Antiguo","LADRILLOS, BLOQUES Y ADOQUINES",6853,"ADOQUIN DE CONCRETO A25 (20x10x6cm)","UN",856,"Actualización  2021 - I"]
["Antiguo","CONCRETOS Y MORTEROS PREMEZCLADOS",6858,"CONCRETO MR50","M3",443244,"Actualización  2021 - I"]
["Antiguo","CONCRETOS Y MORTEROS PREMEZCLADOS",6859,"CONCRETO MR45","M3",458150,"Actualización  2021 - I"]
["Antiguo","BORDILLOS Y LOSETAS",6861,"LOSETA PREFABRICADA A50 - A55 - A56 (400x400x60mm)","M2",47141,"Actualización  2021 - I"]
["Antiguo","BORDILLOS Y LOSETAS",6863,"CAÑUELA PREFABRICADA A120 (800x300x225mm)","UN",26399,"Actualización  2021 - I"]
["Antiguo","CONCRETOS Y MORTEROS PREMEZCLADOS",6865,"CONCRETO TREMIE 3000 PSI (210 Kg/cm2)","M3",436730,"Actualización  2021 - I"]
["Antiguo","EQUIPO PESADO",6867,"PILOTEADORA - INCLUYE OPERARIO Y COMBUSTIBLE","HR",535181,"Actualización  2021 - I"]
["Antiguo","EMULSIONES Y MEZCLAS ASFÁLTICAS",6875,"CEMENTO ASFÁLTICO MODIFICADO CON POLÍMEROS TIPO I","KG",2511,"Actualización  2021 - I"]
["Antiguo","TRANSPORTES DE MATERIALES Y ACARREOS",6878,"TRANSPORTE DE BASES ASFALTICAS","M3-KM",1428,"Actualización  2021 - I"]
["Antiguo","POSTES Y ALUMBRADO PUBLICO",6884,"POSTE METALICO H=9m BRAZO SENCILLO (PINTADO)","UN",1607562,"Actualización  2021 - I"]
["Antiguo","SELLANTES-IMPERMEABILIZANTES Y ADITIVOS CONCRETOS",6889,"FONDO DE JUNTA EN ESPUMA DE POLIETILENO DE BAJA DENSIDAD D=10 mm","ML",785,"Actualización  2021 - I"]
["Antiguo","SELLANTES-IMPERMEABILIZANTES Y ADITIVOS CONCRETOS",6914,"CURADOR PARA CONCRETOS Y MORTEROS","KG",4795,"Actualización  2021 - I"]
["Antiguo","PINTURAS",6919,"ESMALTE URETANO GRIS (COMPONENTE A)","GLN",225200,"Actualización  2021 - I"]
["Antiguo","MARCOS, TAPAS, REJILLAS, HERRAJES Y CAJILLAS",6944,"MARCO Y TAPA CIRCULAR CAJA VEHICULAR CODENSA CS280","UN",385132,"Actualización  2021 - I"]
["Antiguo","GEOSINTETICOS",6958,"GEOTEXTIL TEJIDO FORTEX BX-60 o 5x5","M2",9401,"Actualización  2021 - I"]
["Antiguo","EMULSIONES Y MEZCLAS ASFÁLTICAS",6962,"EMULSION ASFALTICA CRL-1","LT",1626,"Actualización  2021 - I"]
["Antiguo","EMULSIONES Y MEZCLAS ASFÁLTICAS",6963,"EMULSION ASFALTICA CRR-1","LT",1641,"Actualización  2021 - I"]
["Antiguo","EMULSIONES Y MEZCLAS ASFÁLTICAS",6964,"EMULSION ASFALTICA CRR-2","LT",2261,"Actualización  2021 - I"]
["Antiguo","AGREGADOS PÉTREOS, BASES Y SUBBASES GRANULARES",7004,"BASE GRANULAR B-600","M3",35000,"Actualización  2021 - I"]
["Antiguo","AGREGADOS PÉTREOS, BASES Y SUBBASES GRANULARES",7005,"SUBBASE GRANULAR B-200","M3",11900,"Actualización  2021 - I"]
["Antiguo","EQUIPO LIVIANO Y HERRAMIENTAS",7009,"CORTADORA DE CONCRETO (SIN DISCO). INCLUYE COMBUSTIBLE","DIA",62433,"Actualización  2021 - I"]
["Antiguo","LADRILLOS, BLOQUES Y ADOQUINES",7012,"ADOQUIN DE ARCILLA 20x10x8","UN",978,"Actualización  2021 - I"]
["Antiguo","SELLANTES-IMPERMEABILIZANTES Y ADITIVOS CONCRETOS",7018,"SELLANTE ELASTOMERICO CON BASE EN POLIURETANO","GLN",179847,"N.A"]
["Antiguo","COMBUSTIBLES Y LUBRICANTES",7019,"GASOLINA CORRIENTE","GLN",8665,"Actualización  2021 - I"]
["Antiguo","ACCESORIOS HD PARA REDES DE ACUEDUCTO",7020,"UNION REPARACION HD EXTREMO LISO D=3\"","UN",104004,"Actualización  2021 - I"]
["Antiguo","ACCESORIOS HD PARA REDES DE ACUEDUCTO",7021,"UNION GIBAULT HD PARA AC CL 25 D=3\"","UN",104004,"Actualización  2021 - I"]
["Antiguo","ACCESORIOS HD PARA REDES DE ACUEDUCTO",7022,"UNION GIBAULT HD PARA AC CL 25 D=4\"","UN",122358,"Actualización  2021 - I"]
["Antiguo","ACCESORIOS HD PARA REDES DE ACUEDUCTO",7023,"UNION GIBAULT HD PARA AC CL 25 D=8\"","UN",275306,"Actualización  2021 - I"]
["Antiguo","ACCESORIOS HD PARA REDES DE ACUEDUCTO",7024,"UNION GIBAULT HD PARA AC CL 25 D=6\"","UN",232480,"Actualización  2021 - I"]
["Antiguo","ACCESORIOS HD PARA REDES DE ACUEDUCTO",7025,"UNION GIBAULT HD PARA AC CL 25 D=10\"","UN",476829,"Actualización  2021 - I"]
["Antiguo","ACCESORIOS HD PARA REDES DE ACUEDUCTO",7026,"UNION GIBAULT HD PARA AC CL 25 D=12\"","UN",654615,"Actualización  2021 - I"]
["Antiguo","MARCOS, TAPAS, REJILLAS, HERRAJES Y CAJILLAS",7041,"TAPA Y ANILLO EN POLIPROPILENO RECICLADO PARA POZO","UN",1093610,"Actualización  2021 - I"]
["Antiguo","SUELDOS Y JORNALES ",7050,"TARIFA HORA - PERSONAL DE OBRA - OFICIAL (INCLUYE FACTOR DE PRESTACIONES)","HR",9898,"Actualización MO 2022"]
["Antiguo","MATERIALES BÁSICOS",7055,"CAL HIDRATADA","KG",1100,"Actualización  2021 - I"]
["Antiguo","SUELDOS Y JORNALES ",7057,"TARIFA HORA - PERSONAL DE OBRA - AYUDANTE (INCLUYE FACTOR DE PRESTACIONES)","HR",6882,"Actualización MO 2022"]
["Antiguo","EMULSIONES Y MEZCLAS ASFÁLTICAS",7071,"EMULSION ASFALTICA CRL-0","LT",1767,"Actualización  2021 - I"]
["Antiguo","TUBERÍA Y ACCESORIOS DE PVC PARA ALCANTARILLADO",7080,"TUBERIA PVC SANITARIA U.S. D=4\"","ML",26015,"Actualización  2021 - I"]
["Antiguo","TUBERÍA Y ACCESORIOS DE PVC PARA ALCANTARILLADO",7081,"TUBERIA PVC SANITARIA U.S. D=6\"","ML",55091,"Actualización  2021 - I"]
["Antiguo","POZOS Y COMPONENTES - ALCANTARILLADO",7082,"PLACA CUBIERTA POZO D=1.70m, e=0.25m - EAAB","UN",935416,"N.A"]
["Antiguo","POZOS Y COMPONENTES - ALCANTARILLADO",7084,"PLACA FONDO POZO D=1.70m, e=0.20m - EAAB","UN",769051,"N.A"]
["Antiguo","POZOS Y COMPONENTES - ALCANTARILLADO",7085,"SECCIÓN CILINDRO POZO D=1.20m, H=1.00m","UN",849411,"N.A"]
["Antiguo","POZOS Y COMPONENTES - ALCANTARILLADO",7086,"SECCIÓN CILINDRO POZO D=1.20m, H=0.50m","UN",340411,"Actualización  2021 - I"]
["Antiguo","POZOS Y COMPONENTES - ALCANTARILLADO",7087,"SECCIÓN CILINDRO POZO D=1.20m, H=0.25m","UN",209707,"N.A"]
["Antiguo","MALLAS Y ACEROS PARA REFUERZO",7088,"ACERO FIGURADO No. 4 (Ø 1/2\") F'y=60000 PSI","KG",2832,"N.A"]
["Antiguo","MARCOS, TAPAS, REJILLAS, HERRAJES Y CAJILLAS",7089,"MARCO Y TAPA PARA SUMIDERO 0.52 X 0.90 EAAB NP-023","UN",277076,"Actualización  2021 - I"]
["Antiguo","SUMIDEROS Y COMPONENTES",7091,"SUMIDERO LATERAL SL-100","UN",722503,"Actualización  2021 - I"]
["Antiguo","SUMIDEROS Y COMPONENTES",7092,"SUMIDERO LATERAL SL-150","UN",1186234,"Actualización  2021 - I"]
["Antiguo","SUMIDEROS Y COMPONENTES",7093,"SUMIDERO LATERAL SL-200","UN",1278214,"Actualización  2021 - I"]
["Antiguo","SUMIDEROS Y COMPONENTES",7094,"SUMIDERO LATERAL SL-250","UN",1899781,"Actualización  2021 - I"]
["Antiguo","SUMIDEROS Y COMPONENTES",7096,"TAPA SUMIDERO LATERAL SL-100","UN",617089,"N.A"]
["Antiguo","SUMIDEROS Y COMPONENTES",7097,"TAPA SUMIDERO LATERAL SL-150","UN",1129821,"Actualización  2021 - I"]
["Antiguo","SUMIDEROS Y COMPONENTES",7098,"TAPA SUMIDERO LATERAL SL-200","UN",1245856,"N.A"]
["Antiguo","SUMIDEROS Y COMPONENTES",7099,"TAPA SUMIDERO LATERAL SL-250","UN",1688699,"Actualización  2021 - I"]
["Antiguo","SUMIDEROS Y COMPONENTES",7100,"SOBRETAPA SUMIDERO LATERAL SL-100","UN",364519,"Actualización  2021 - I"]
["Antiguo","SUMIDEROS Y COMPONENTES",7101,"SOBRETAPA SUMIDERO LATERAL SL-150","UN",397274,"Actualización  2021 - I"]
["Antiguo","SUMIDEROS Y COMPONENTES",7102,"SOBRETAPA SUMIDERO LATERAL SL-200","UN",364519,"Actualización  2021 - I"]
["Antiguo","SUMIDEROS Y COMPONENTES",7103,"SOBRETAPA SUMIDERO LATERAL SL-250","UN",364519,"Actualización  2021 - I"]
["Antiguo","SUMIDEROS Y COMPONENTES",7104,"REJILLA SUMIDERO LATERAL 83.50 X 45","UN",189424,"Actualización  2021 - I"]
["Antiguo","TUBERÍA Y ACCESORIOS DE PVC PARA ALCANTARILLADO",7105,"TUBERIA PVC DRENAJE D=65MM (TUBO SIN FILTRO)","ML",10562,"Actualización  2021 - I"]
["Antiguo","TUBERÍA Y ACCESORIOS DE PVC PARA ALCANTARILLADO",7106,"TUBERIA PVC DRENAJE D=100MM (TUBO SIN FILTRO)","ML",17641,"Actualización  2021 - I"]
["Antiguo","TUBERÍA Y ACCESORIOS DE PVC PARA ALCANTARILLADO",7107,"TUBERIA PVC DRENAJE D=160MM (TUBO SIN FILTRO)","ML",44758,"Actualización  2021 - I"]
["Antiguo","TUBERÍA Y ACCESORIOS DE PVC PARA ALCANTARILLADO",7109,"TUBERIA PVC DRENAJE D=65MM (EN ROLLO CON FILTRO)","ML",8918,"Actualización  2021 - I"]
["Antiguo","TUBERÍA Y ACCESORIOS DE PVC PARA ALCANTARILLADO",7110,"TUBERIA PVC DRENAJE D=100 mm (EN ROLLO CON FILTRO)","ML",23779,"Actualización  2021 - I"]
["Antiguo","TUBERÍA Y ACCESORIOS DE PVC PARA ALCANTARILLADO",7111,"TUBERIA PVC DRENAJE D=160MM (EN ROLLO CON FILTRO)","ML",35099,"Actualización  2021 - I"]
["Antiguo","CONCRETOS Y MORTEROS PREMEZCLADOS",7114,"CONCRETO DE BAJA PERMEABILIDAD 4000 PSI 28 MPa (280 Kg/cm2)","M3",398646,"Actualización  2021 - I"]
["Antiguo","SELLANTES-IMPERMEABILIZANTES Y ADITIVOS CONCRETOS",7115,"ADITIVO IMPERMEABILIZANTE PARA CONCRETOS Y MORTEROS","KG",7247,"Actualización  2021 - I"]
["Antiguo","TUBERÍA Y ACCESORIOS DE PVC PARA ALCANTARILLADO",7119,"TUBERIA PVC U.M. EXT/INT LISO NORMA NTC 5070 D=24\"","ML",448179,"Actualización  2021 - I"]
["Antiguo","TUBERÍA Y ACCESORIOS DE PVC PARA ALCANTARILLADO",7120,"TUBERIA PVC U.M. EXT/INT LISO NORMA NTC 5070 D=27\"","ML",536638,"Actualización  2021 - I"]
["Antiguo","TUBERÍA Y ACCESORIOS DE PVC PARA ALCANTARILLADO",7121,"TUBERIA PVC U.M. EXT/INT LISO NORMA NTC 5070 D=30\"","ML",669673,"Actualización  2021 - I"]
["Antiguo","TUBERÍA Y ACCESORIOS DE PVC PARA ALCANTARILLADO",7122,"TUBERIA PVC U.M. EXT/INT LISO NORMA NTC 5070 D=33\"","ML",891062,"Actualización  2021 - I"]
["Antiguo","TUBERÍA Y ACCESORIOS DE PVC PARA ALCANTARILLADO",7123,"TUBERIA PVC U.M. EXT/INT LISO NORMA NTC 5070 D=36\"","ML",1242997,"Actualización  2021 - I"]
["Antiguo","TUBERÍA Y ACCESORIOS DE PVC PARA ALCANTARILLADO",7124,"TUBERIA PVC U.M. EXT/INT LISO NORMA NTC 5070 D=39\"","ML",1663077,"Actualización  2021 - I"]
["Antiguo","TUBERÍA Y ACCESORIOS DE PVC PARA ALCANTARILLADO",7125,"TUBERIA PVC U.M. EXT/INT LISO NORMA NTC 5070 D=42\"","ML",1952436,"Actualización  2021 - I"]
["Antiguo","GEOSINTETICOS",7131,"GEOTEXTIL TEJIDO FORTEX BX-40","M2",5391,"Actualización  2021 - I"]
["Antiguo","GEOSINTETICOS",7133,"GEOTEXTIL TEJIDO FORTEX BX-90 o 6x6","M2",12415,"Actualización  2021 - I"]
["Antiguo","GEOSINTETICOS",7134,"GEOTEXTIL REPAV 450 o PETROMAT","M2",4045,"Actualización  2021 - I"]
["Antiguo","LADRILLOS, BLOQUES Y ADOQUINES",7135,"ADOQUIN DE ARCILLA 20x10x6","UN",627,"Actualización  2021 - I"]
["Antiguo","BORDILLOS Y LOSETAS",7138,"BORDE CONTENEDOR DE RAICES A70 (1070x120x135mm)","UN",19700,"Actualización  2021 - I"]
["Antiguo","BORDILLOS Y LOSETAS",7141,"SARDINEL BAJO A85 - RAMPAS (800x200x350mm)","UN",23097,"Actualización  2021 - I"]
["Antiguo","DUCTOS PVC - ELECTRICOS/TELEFONICOS TIPO TDP-DB-EB",7142,"DUCTO PVC TIPO TDP D=6\"","ML",41643,"Actualización  2021 - I"]
["Antiguo","MARCOS, TAPAS, REJILLAS, HERRAJES Y CAJILLAS",7145,"MARCO Y TAPA CAJA INSPECCION AP / BT CODENSA CS274","UN",168535,"Actualización  2021 - I"]
["Antiguo","EQUIPO PESADO",7146,"GRUA BRAZO ARTICULADO (H=10.38m) -  - INCLUYE OPERARIO Y COMBUSTIBLE","HR",71400,"Actualización  2021 - I"]
["Antiguo","POSTES Y ALUMBRADO PUBLICO",7147,"POSTE EN CONCRETO AP, H=8m, CR=750 KG","UN",453900,"Actualización  2021 - I"]
["Antiguo","MARCOS, TAPAS, REJILLAS, HERRAJES Y CAJILLAS",7151,"MARCO Y TAPA CAJA PASO SENCILLA EN CALZADA ETB","UN",214281,"Actualización  2021 - I"]
["Antiguo","MARCOS, TAPAS, REJILLAS, HERRAJES Y CAJILLAS",7152,"MARCO Y TAPAS CAJA PASO DOBLE EN CALZADA ETB","UN",340830,"Actualización  2021 - I"]
["Antiguo","EMULSIONES Y MEZCLAS ASFÁLTICAS",7153,"EMULSION MODIFICADA CON POLIMEROS CRR-1m","LT",1363,"Actualización  2021 - I"]
["Antiguo","EMULSIONES Y MEZCLAS ASFÁLTICAS",7154,"EMULSION MODIFICADA CON POLIMEROS CRR-2m","LT",2395,"Actualización  2021 - I"]
["Antiguo","AGREGADOS PÉTREOS, BASES Y SUBBASES GRANULARES",7157,"BASE GRANULAR CLASE C (BG_C)","M3",57120,"Actualización  2021 - I"]
["Antiguo","AGREGADOS PÉTREOS, BASES Y SUBBASES GRANULARES",7158,"BASE GRANULAR CLASE B (BG_B)","M3",59500,"Actualización  2021 - I"]
["Antiguo","AGREGADOS PÉTREOS, BASES Y SUBBASES GRANULARES",7159,"BASE GRANULAR CLASE A (BG_A)","M3",65450,"Actualización  2021 - I"]
["Antiguo","AGREGADOS PÉTREOS, BASES Y SUBBASES GRANULARES",7160,"SUBBASE GRANULAR CLASE C (SBG_C)","M3",53550,"Actualización  2021 - I"]
["Antiguo","AGREGADOS PÉTREOS, BASES Y SUBBASES GRANULARES",7161,"SUBBASE GRANULAR CLASE B (SBG_B)","M3",55930,"Actualización  2021 - I"]
["Antiguo","AGREGADOS PÉTREOS, BASES Y SUBBASES GRANULARES",7162,"SUBBASE GRANULAR CLASE A (SBG_A)","M3",61880,"Actualización  2021 - I"]
["Antiguo","EQUIPO PESADO",7166,"RECICLADORA DE PAVIMENTO -  - INCLUYE OPERARIO Y COMBUSTIBLE","HR",550000,"Actualización  2021 - I"]
["Antiguo","EMULSIONES Y MEZCLAS ASFÁLTICAS",7172,"MEZCLA ASFÁLTICA EN CALIENTE TIPO DENSO MD20 CON CEMENTO ASFÁLTICO 80-100","M3",549780,"Actualización  2021 - I"]
["Antiguo","EMULSIONES Y MEZCLAS ASFÁLTICAS",7174,"MEZCLA ASFÁLTICA DENSA EN CALIENTE MD12 CON CEMENTO ASFÁLTICO 80-100","M3",561680,"Actualización  2021 - I"]
["Antiguo","EMULSIONES Y MEZCLAS ASFÁLTICAS",7181,"MEZCLA ASFÁLTICA EN CALIENTE TIPO DENSO MD10 CON CEMENTO ASFÁLTICO 80-100","M3",585480,"Actualización  2021 - I"]
["Antiguo","CONCRETOS Y MORTEROS PREMEZCLADOS",7199,"CONCRETO MR39 (245 Kg/cm2)","M3",402220,"Actualización  2021 - I"]
["Antiguo","CONCRETOS Y MORTEROS PREMEZCLADOS",7200,"CONCRETO MR36 (210 Kg/cm2)","M3",412930,"Actualización  2021 - I"]
["Antiguo","MALLAS Y ACEROS PARA REFUERZO",7202,"MALLA ELECTROSOLDADA S=250x250mm, Ø=4x4mm","KG",3749,"N.A"]
["Antiguo","MALLAS Y ACEROS PARA REFUERZO",7203,"MALLA ELECTROSOLDADA S=150x150mm, Ø=5x5mm","KG",3749,"N.A"]
["Antiguo","MALLAS Y ACEROS PARA REFUERZO",7204,"MALLA ELECTROSOLDADA S=150x150mm, Ø=6x6mm","KG",3630,"N.A"]
["Antiguo","MALLAS Y ACEROS PARA REFUERZO",7205,"MALLA ELECTROSOLDADA S=150x150mm, Ø=7x7mm","KG",3630,"N.A"]
["Antiguo","MALLAS Y ACEROS PARA REFUERZO",7206,"MALLA ELECTROSOLDADA S=150x150mm, Ø=8x8mm","KG",3630,"N.A"]
["Antiguo","MALLAS Y ACEROS PARA REFUERZO",7207,"MALLA ELECTROSOLDADA S=150x150mm, Ø=4x4mm","KG",3344,"N.A"]
["Antiguo","MALLAS Y ACEROS PARA REFUERZO",7208,"MALLA ELECTROSOLDADA S=200x200mm, Ø=4x4mm","KG",3749,"N.A"]
["Antiguo","PINTURAS",7216,"PINTURA TERMOPLASTICA (Sum y Aplic. con Microesf.)","M2",98259,"Actualización  2021 - I"]
["Antiguo","MARCOS, TAPAS, REJILLAS, HERRAJES Y CAJILLAS",7219,"MARCO Y TAPAS CAJA INSPECCION DOBLE CODENSA CS276","UN",574677,"Actualización  2021 - I"]
["Antiguo","MARCOS, TAPAS, REJILLAS, HERRAJES Y CAJILLAS",7224,"AROBASE AROTAPA HF TIPO 1 EAAB NP-024","UN",216580,"N.A"]
["Antiguo","BORDILLOS Y LOSETAS",7227,"TOPELLANTAS (500x200x150mm)","UN",19001,"Actualización  2021 - I"]
["Antiguo","SUMIDEROS Y COMPONENTES",7228,"MARCO REJILLA SUMIDERO LATERAL 100 X 65","UN",90381,"Actualización  2021 - I"]
["Antiguo","ARBOLES-GRAMAS-VEGETACIÓN Y PLANTACIÓN PAISAJÍSTIC",7229,"TIERRA NEGRA","M3",42000,"Actualización  2021 - I"]
["Antiguo","TRANSPORTES DE MATERIALES Y ACARREOS",7231,"DERECHOS DE BOTADERO","M3",4000,"Actualización  2021 - I"]
["Antiguo","TUBERIAS DE PVC - ACUEDUCTO",7236,"LUBRICANTE U.M. (EMPAQUE 500 gr)","UN",23275,"Actualización  2021 - I"]
["Antiguo","TUBERÍA Y ACCESORIOS DE PVC PARA ALCANTARILLADO",7244,"UNION PVC U.M. EXT CORRUGADO/INT LISO U.M. NORMA NTC 3722-1 D=110MM (4\")","UN",12621,"Actualización  2021 - I"]
["Antiguo","TUBERÍA Y ACCESORIOS DE PVC PARA ALCANTARILLADO",7245,"UNION PVC U.M. EXT CORRUGADO/INT LISO U.M. NORMA NTC 3722-1 D=160MM (6\")","UN",30585,"Actualización  2021 - I"]
["Antiguo","SUELDOS Y JORNALES ",7246,"TARIFA JORNAL - PERSONAL DE OBRA- TÉCNICO ELÉCTRICO (INCLUYE FACTOR DE PRESTACIONES)","JR",91250,"Actualización MO 2022"]
["Antiguo","SUELDOS Y JORNALES ",7247,"TARIFA HORA - PERSONAL DE OBRA- TÉCNICO ELÉCTRICO (INCLUYE FACTOR DE PRESTACIONES)","HR",11407,"Actualización MO 2022"]
["Antiguo","SUELDOS Y JORNALES ",7248,"TARIFA JORNAL - PERSONAL DE OBRA -  TECNICO PLOMERO (INCLUYE FACTOR DE PRESTACIONES)","JR",91250,"Actualización MO 2022"]
["Antiguo","SUELDOS Y JORNALES ",7249,"TARIFA HORA - PERSONAL DE OBRA -  TECNICO PLOMERO (INCLUYE FACTOR DE PRESTACIONES)","HR",11407,"Actualización MO 2022"]
["Antiguo","MADERAS",7252,"PLANCHON EN ORDINARIO 2.90 X 0.18 X 0.04","UN",22253,"Actualización  2021 - I"]
["Antiguo","MADERAS",7253,"PLANCHON EN ORDINARIO 3.90 X 0.18 X 0.04","UN",41055,"Actualización  2021 - I"]
["Antiguo","MADERAS",7254,"PLANCHON EN ORDINARIO 4.90 X 0.18 X 0.04","UN",57120,"Actualización  2021 - I"]
["Antiguo","MADERAS",7255,"PLANCHON EN ORDINARIO 5.90 X 0.18 X 0.04","UN",69020,"Actualización  2021 - I"]
["Antiguo","MADERAS",7256,"REPISA EN ORDINARIO 2.90 X 0.08 X 0.04","UN",10172,"Actualización  2021 - I"]
["Antiguo","MADERAS",7257,"REPISA EN ORDINARIO 3.90 X 0.08 X 0.04","UN",20825,"Actualización  2021 - I"]
["Antiguo","MADERAS",7258,"REPISA EN ORDINARIO 4.90 X 0.08 X 0.04","UN",28560,"Actualización  2021 - I"]
["Antiguo","MADERAS",7259,"REPISA EN ORDINARIO 5.90 X 0.08 X 0.04","UN",44625,"Actualización  2021 - I"]
["Antiguo","MADERAS",7260,"DURMIENTE EN ORDINARIO 2.90 X 0.04 X 0.04","UN",4998,"Actualización  2021 - I"]
["Antiguo","MADERAS",7261,"DURMIENTE EN ORDINARIO 3.90 X 0.04 X 0.04","UN",10472,"Actualización  2021 - I"]
["Antiguo","MADERAS",7262,"CERCO EN ORDINARIO 2.90 X 0.08 X 0.08","UN",20344,"Actualización  2021 - I"]
["Antiguo","MADERAS",7263,"CERCO EN ORDINARIO 3.90 X 0.08 X 0.08","UN",41055,"Actualización  2021 - I"]
["Antiguo","MADERAS",7264,"CERCO EN ORDINARIO 4.90 X 0.08 X 0.08","UN",57120,"Actualización  2021 - I"]
["Antiguo","MADERAS",7265,"CERCO EN ORDINARIO 5.90 X 0.08 X 0.08","UN",69020,"Actualización  2021 - I"]
["Antiguo","MADERAS",7266,"TABLA BURRA EN ORDINARIO 2.90 X 0.28 X 0.025","UN",20954,"Actualización  2021 - I"]
["Antiguo","MADERAS",7267,"TABLA BURRA EN ORDINARIO 2.90 X 0.23 X 0.025","UN",16953,"Actualización  2021 - I"]
["Antiguo","MADERAS",7268,"TABLA BURRA EN ORDINARIO 2.90 X 0.18 X 0.025","UN",14875,"Actualización  2021 - I"]
["Antiguo","MADERAS",7269,"TABLA BURRA EN ORDINARIO 2.90 X 0.13 X 0.025","UN",10710,"Actualización  2021 - I"]
["Antiguo","MADERAS",7270,"TABLA CHAPA EN ORDINARIO 2.90 X 0.28 X 0.02","UN",15946,"Actualización  2021 - I"]
["Antiguo","MADERAS",7271,"TABLA CHAPA EN ORDINARIO 2.90 X 0.23 X 0.02","UN",13269,"Actualización  2021 - I"]
["Antiguo","MADERAS",7272,"TABLA CHAPA EN ORDINARIO 2.90 X 0.18 X 0.02","UN",10591,"Actualización  2021 - I"]
["Antiguo","MADERAS",7273,"TABLA CHAPA EN ORDINARIO 2.90 X 0.13 X 0.02","UN",7973,"Actualización  2021 - I"]
["Antiguo","MADERAS",7274,"CAMILLA EN ORDINARIO 1.40 X 0.70","UN",27370,"Actualización  2021 - I"]
["Antiguo","MADERAS",7275,"LISTON EN ORDINARIO 3.00 X 0.10 X 0.018","UN",7735,"Actualización  2021 - I"]
["Antiguo","MADERAS",7276,"LIMATON 3.00 M","UN",15470,"Actualización  2021 - I"]
["Antiguo","MADERAS",7277,"LIMATON 4.00 M","UN",22610,"Actualización  2021 - I"]
["Antiguo","MADERAS",7278,"LIMATON 5.00 M","UN",27370,"Actualización  2021 - I"]
["Antiguo","MADERAS",7279,"LIMATON 6.00 M","UN",21083,"Actualización  2021 - I"]
["Antiguo","MADERAS",7280,"LIMATON 7.00 M","UN",47600,"Actualización  2021 - I"]
["Antiguo","MADERAS",7281,"LIMATON 8.00 M","UN",59325,"Actualización  2021 - I"]
["Antiguo","MADERAS",7282,"VARA DE CORREDOR 3.0 M","UN",10115,"Actualización  2021 - I"]
["Antiguo","MADERAS",7283,"VARA DE CORREDOR 4.0 M","UN",14994,"Actualización  2021 - I"]
["Antiguo","MADERAS",7284,"VARA DE CORREDOR 5.0 M","UN",17493,"Actualización  2021 - I"]
["Antiguo","MADERAS",7285,"VARA DE CORREDOR 6.0 M","UN",13594,"Actualización  2021 - I"]
["Antiguo","MADERAS",7287,"VARA DE CLAVO 3.00 M","UN",4165,"Actualización  2021 - I"]
["Antiguo","MADERAS",7288,"VARA DE CLAVO 6.00 M","UN",9975,"Actualización  2021 - I"]
["Antiguo","LADRILLOS, BLOQUES Y ADOQUINES",7289,"BLOQUE PARA CAMARA TELEFONICA EPM -TELECOM","UN",4586,"Actualización  2021 - I"]
["Antiguo","MARCOS, TAPAS, REJILLAS, HERRAJES Y CAJILLAS",7291,"MARCO Y TAPA CIRCULAR TELECOM CT-014 (F)","UN",353430,"Actualización  2021 - I"]
["Antiguo","MARCOS, TAPAS, REJILLAS, HERRAJES Y CAJILLAS",7293,"MARCO Y TAPA CAMARA F1 TELECOM CT-043 (F)","UN",226100,"Actualización  2021 - I"]
["Antiguo","MARCOS, TAPAS, REJILLAS, HERRAJES Y CAJILLAS",7295,"MARCO Y TAPAS CAMARA DOBLE F1 TELECOM CT-044 (F)","UN",380800,"N.A"]
["Antiguo","MARCOS, TAPAS, REJILLAS, HERRAJES Y CAJILLAS",7298,"MARCO Y TAPA CAMARA F2 TELECOM CT-053 (F)","UN",157080,"Actualización  2021 - I"]
["Antiguo","DUCTOS PVC - ELECTRICOS/TELEFONICOS TIPO TDP-DB-EB",7300,"DUCTO TELEFONICO LIVIANO PVC TIPO EB D=6\"","ML",40900,"Actualización  2021 - I"]
["Antiguo","DUCTOS PVC - ELECTRICOS/TELEFONICOS TIPO TDP-DB-EB",7302,"DUCTO PESADO PVC TIPO DB D=2\"","ML",7260,"Actualización  2021 - I"]
["Antiguo","DUCTOS PVC - ELECTRICOS/TELEFONICOS TIPO TDP-DB-EB",7303,"DUCTO PESADO PVC TIPO DB D=3\"","ML",16089,"Actualización  2021 - I"]
["Antiguo","DUCTOS PVC - ELECTRICOS/TELEFONICOS TIPO TDP-DB-EB",7304,"DUCTO PESADO PVC TIPO DB D=4\"","ML",27147,"Actualización  2021 - I"]
["Antiguo","DUCTOS PVC - ELECTRICOS/TELEFONICOS TIPO TDP-DB-EB",7305,"DUCTO PESADO PVC TIPO DB D=6\"","ML",56621,"Actualización  2021 - I"]
["Antiguo","SEÑALES, BARRERAS Y DEMARCACIÓN VIAL",7306,"CINTA DE DEMARCACION Cal. 3 (ROLLO 500mx0.10m)","UN",21727,"Actualización  2021 - I"]
["Antiguo","SOLDADURA Y PEGANTES",7307,"SOLDADURA SOLVENTE PARA PVC (1/4 GLN)","UN",100956,"Actualización  2021 - I"]
["Antiguo","SUELDOS Y JORNALES ",7308,"TARIFA MES - SMMLV","MES",1000000,"Actualización MO 2022"]
["Antiguo","MALLAS Y ACEROS PARA REFUERZO",7309,"ACERO FIGURADO Ø 1/4\" A Ø 1\" F'y=60000 PSI - Puesto en obra","KG",3332,"N.A"]
["Antiguo","EQUIPO LIVIANO Y HERRAMIENTAS",7313,"VIBRADOR TIPO PULIDORA","DIA",26180,"Actualización  2021 - I"]
["Antiguo","GEOSINTETICOS",7317,"GEOTEXTIL NT 2500 o 501 NT","M2",4165,"Actualización  2021 - I"]
["Antiguo","GEOSINTETICOS",7325,"MANTO BIOLOGICO BIOTEX","M2",5581,"Actualización  2021 - I"]
["Antiguo","SOLDADURA Y PEGANTES",7336,"LIMPIADOR (1/4 GLN)","UN",26758,"Actualización  2021 - I"]
["Antiguo","SELLANTES-IMPERMEABILIZANTES Y ADITIVOS CONCRETOS",7337,"IMPRIMANTE Y PUENTE DE ADHERENCIA","KG",76755,"Actualización  2021 - I"]
["Antiguo","SELLANTES-IMPERMEABILIZANTES Y ADITIVOS CONCRETOS",7338,"CINTA FLEXIBLE PARA SELLO DE JUNTAS A=15cm","ML",25752,"Actualización  2021 - I"]
["Antiguo","MOBILIARIO URBANO Y DE PARQUES",7343,"BARANDA METALICA M80 (instalado y pintado)","ML",171063,"Actualización  2021 - I"]
["Antiguo","MOBILIARIO URBANO Y DE PARQUES",7344,"BARANDA METALICA M81 (instalado y pintado)","ML",297500,"Actualización  2021 - I"]
["Antiguo","MOBILIARIO URBANO Y DE PARQUES",7345,"CANECA EN ACERO INOXIDABLE TIPO BARCELONA","UN",464100,"Actualización  2021 - I"]
["Antiguo","MOBILIARIO URBANO Y DE PARQUES",7346,"CABINA TELEFONICA DE PARED M21","UN",3735356,"Actualización  2021 - I"]
["Antiguo","ACCESORIOS HD PARA REDES DE ACUEDUCTO",7351,"UNION DRESSER HD D=3\"","UN",104004,"Actualización  2021 - I"]
["Antiguo","ACCESORIOS HD PARA REDES DE ACUEDUCTO",7352,"UNION DRESSER HD D=4\"","UN",106124,"Actualización  2021 - I"]
["Antiguo","ACCESORIOS HD PARA REDES DE ACUEDUCTO",7353,"UNION DRESSER HD D=6\"","UN",220244,"Actualización  2021 - I"]
["Antiguo","ACCESORIOS HD PARA REDES DE ACUEDUCTO",7354,"UNION DRESSER HD D=8\"","UN",268627,"Actualización  2021 - I"]
["Antiguo","ACCESORIOS HD PARA REDES DE ACUEDUCTO",7355,"UNION DRESSER HD D=10\"","UN",409899,"Actualización  2021 - I"]
["Antiguo","ACCESORIOS HD PARA REDES DE ACUEDUCTO",7356,"UNION DRESSER HD D=12\"","UN",611790,"Actualización  2021 - I"]
["Antiguo","SEÑALES, BARRERAS Y DEMARCACIÓN VIAL",7359,"BARRERA RELLENABLE (1.45x0.45x0.55m) CON CINTA RET","UN",136850,"Actualización  2021 - I"]
["Antiguo","SEÑALES, BARRERAS Y DEMARCACIÓN VIAL",7360,"BARRERA RELLENABLE (2.00x0.55x1.00m) CON CINTA RET","UN",285600,"Actualización  2021 - I"]
["Antiguo","LADRILLOS, BLOQUES Y ADOQUINES",7361,"BLOQUE No. 4","UN",874,"Actualización  2021 - I"]
["Antiguo","LADRILLOS, BLOQUES Y ADOQUINES",7362,"BLOQUE No. 5","UN",909,"Actualización  2021 - I"]
["Antiguo","POZOS Y COMPONENTES - ALCANTARILLADO",7363,"TAPA PARA POZO D=0.70m","UN",152939,"Actualización  2021 - I"]
["Antiguo","SUMIDEROS Y COMPONENTES",7364,"REJILLA SUMIDERO TRANSVERSAL 50 X 50","UN",152272,"Actualización  2021 - I"]
["Antiguo","TUBERÍA Y ACCESORIOS DE PVC PARA ALCANTARILLADO",7366,"UNION PVC U.M. EXT CORRUGADO/INT LISO U.M. NORMA NTC 3722-1 D=200MM (8\")","ML",51343,"Actualización  2021 - I"]
["Antiguo","TUBERÍA Y ACCESORIOS DE PVC PARA ALCANTARILLADO",7367,"UNION PVC U.M. EXT CORRUGADO/INT LISO U.M. NORMA NTC 3722-1 D=250MM (10\")","ML",145842,"Actualización  2021 - I"]
["Antiguo","TUBERÍA Y ACCESORIOS DE PVC PARA ALCANTARILLADO",7368,"UNION PVC U.M. EXT CORRUGADO/INT LISO U.M. NORMA NTC 3722-1 D=315MM (12\")","ML",245000,"Actualización  2021 - I"]
["Antiguo","TUBERÍA Y ACCESORIOS DE PVC PARA ALCANTARILLADO",7369,"UNION PVC U.M. EXT CORRUGADO/INT LISO U.M. NORMA NTC 3722-1T D=400MM (16\")","ML",380468,"Actualización  2021 - I"]
["Antiguo","TUBERÍA Y ACCESORIOS DE PVC PARA ALCANTARILLADO",7370,"UNION PVC U.M. EXT CORRUGADO/INT LISO U.M. NORMA NTC 3722-1 D=450MM (18\")","ML",400204,"Actualización  2021 - I"]
["Antiguo","TUBERÍA Y ACCESORIOS DE PVC PARA ALCANTARILLADO",7371,"UNION PVC U.M. EXT CORRUGADO/INT LISO U.M. NORMA NTC 3722-1 D=500MM (20\")","ML",449624,"Actualización  2021 - I"]
["Antiguo","ACCESORIOS HD PARA REDES DE ACUEDUCTO",7372,"CODO HD EXTREMO LISO 11.25ºX8``","UN",436818,"Actualización  2021 - I"]
["Antiguo","ACCESORIOS HD PARA REDES DE ACUEDUCTO",7373,"CODO HD EXTREMO LISO 22.5ºX3``","UN",112569,"Actualización  2021 - I"]
["Antiguo","ACCESORIOS HD PARA REDES DE ACUEDUCTO",7374,"VALVULA COMPUERTA ELASTICA VNA E. L. D=4\"","UN",697441,"Actualización  2021 - I"]
["Antiguo","ACCESORIOS HD PARA REDES DE ACUEDUCTO",7375,"VALVULA COMPUERTA ELASTICA VNA E. L. D=10\"","UN",3886090,"Actualización  2021 - I"]
["Antiguo","ACCESORIOS HD PARA REDES DE ACUEDUCTO",7376,"VALVULA COMPUERTA ELASTICA VNA E. L. D=12\"","UN",4600661,"Actualización  2021 - I"]
["Antiguo","ACCESORIOS HD PARA REDES DE ACUEDUCTO",7377,"CODO HD JUNTA HIDRAULICA PARA PVC 11.25ºX2\"","UN",72191,"Actualización  2021 - I"]
["Antiguo","ACCESORIOS HD PARA REDES DE ACUEDUCTO",7378,"CODO HD JUNTA HIDRAULICA PARA PVC 11.25ºX3\"","UN",122358,"Actualización  2021 - I"]
["Antiguo","ACCESORIOS HD PARA REDES DE ACUEDUCTO",7379,"CODO HD JUNTA HIDRAULICA PARA PVC 11.25ºX4\"","UN",165183,"Actualización  2021 - I"]
["Antiguo","ACCESORIOS HD PARA REDES DE ACUEDUCTO",7380,"CODO HD JUNTA HIDRAULICA PARA PVC 11.25ºX6\"","UN",337708,"Actualización  2021 - I"]
["Antiguo","ACCESORIOS HD PARA REDES DE ACUEDUCTO",7381,"CODO HD JUNTA HIDRAULICA PARA PVC 11.25ºX8\"","UN",502891,"Actualización  2021 - I"]
["Antiguo","TUBERIAS DE PVC - ACUEDUCTO",7382,"REDUCCION PVC U.M. NORMA NTC 382 4\"x2\"","UN",150806,"Actualización  2021 - I"]
["Antiguo","TUBERIAS DE PVC - ACUEDUCTO",7384,"REDUCCION PVC U.M. NORMA NTC 382 4\"x3\"","UN",95000,"Actualización  2021 - I"]
["Antiguo","TUBERIAS DE PVC - ACUEDUCTO",7385,"REDUCCION PVC U.M. NORMA NTC 382 6\"x4\"","UN",166746,"Actualización  2021 - I"]
["Antiguo","TUBERIAS DE PVC - ACUEDUCTO",7386,"REDUCCION PVC U.M. NORMA NTC 382 8\"x6\"","UN",398650,"Actualización  2021 - I"]
["Antiguo","TUBERIAS DE PVC - ACUEDUCTO",7387,"TAPON PVC U.M. NORMA NTC 382 D=3\"","UN",47996,"Actualización  2021 - I"]
["Antiguo","TUBERIAS DE PVC - ACUEDUCTO",7388,"TAPON PVC U.M. NORMA NTC 382 D=4\"","UN",56000,"Actualización  2021 - I"]
["Antiguo","TUBERIAS DE PVC - ACUEDUCTO",7389,"TAPON PVC U.M. NORMA NTC 382 D=6\"","UN",154660,"Actualización  2021 - I"]
["Antiguo","TUBERIAS DE PVC - ACUEDUCTO",7390,"TAPON PVC U.M. NORMA NTC 382 D=8\"","UN",451373,"Actualización  2021 - I"]
["Antiguo","ACCESORIOS HD PARA REDES DE ACUEDUCTO",7391,"REDUCCION CONCENTRICA HD E.L. 6\"x2\" (150x50mm)","UN",130923,"Actualización  2021 - I"]
["Antiguo","ACCESORIOS HD PARA REDES DE ACUEDUCTO",7392,"REDUCCION CONCENTRICA HD E.L. 6\"x3\" (150x75mm)","UN",140712,"Actualización  2021 - I"]
["Antiguo","ACCESORIOS HD PARA REDES DE ACUEDUCTO",7393,"REDUCCION CONCENTRICA HD E.L. 6\"x4\" (150x100mm)","UN",276529,"Actualización  2021 - I"]
["Antiguo","ACCESORIOS HD PARA REDES DE ACUEDUCTO",7396,"REDUCCION CONCENTRICA HD E.L. 8\"x4\" (200x100mm)","UN",384204,"Actualización  2021 - I"]
["Antiguo","ACCESORIOS HD PARA REDES DE ACUEDUCTO",7397,"REDUCCION CONCENTRICA HD E.L. 8\"x6\" (200x150mm)","UN",409899,"Actualización  2021 - I"]
["Antiguo","ACCESORIOS HD PARA REDES DE ACUEDUCTO",7398,"REDUCCION CONCENTRICA HD E.L. 10\"x3\" (250x75mm)","UN",589766,"Actualización  2021 - I"]
["Antiguo","ACCESORIOS HD PARA REDES DE ACUEDUCTO",7399,"REDUCCION CONCENTRICA HD E.L. 10\"x4\" (250x100mm)","UN",589766,"Actualización  2021 - I"]
["Antiguo","ACCESORIOS HD PARA REDES DE ACUEDUCTO",7400,"REDUCCION CONCENTRICA HD E.L. 10\"x6\" (250x150mm)","UN",621579,"Actualización  2021 - I"]
["Antiguo","ACCESORIOS HD PARA REDES DE ACUEDUCTO",7401,"REDUCCION CONCENTRICA HD E.L. 10\"x8\" (250x200mm)","UN",734148,"Actualización  2021 - I"]
["Antiguo","ACCESORIOS HD PARA REDES DE ACUEDUCTO",7403,"REDUCCION CONCENTRICA HD E.L. 12\"x4\" (300x100mm)","UN",969075,"Actualización  2021 - I"]
["Antiguo","ACCESORIOS HD PARA REDES DE ACUEDUCTO",7404,"REDUCCION CONCENTRICA HD E.L. 12\"x6\" (300x150mm)","UN",995398,"Actualización  2021 - I"]
["Antiguo","ACCESORIOS HD PARA REDES DE ACUEDUCTO",7405,"REDUCCION CONCENTRICA HD E.L. 12\"x8\" (300x200mm)","UN",1229698,"Actualización  2021 - I"]
["Antiguo","ACCESORIOS HD PARA REDES DE ACUEDUCTO",7406,"REDUCCION CONCENTRICA HD E.L. 12\"x10\"  (300x250mm)","UN",1421311,"Actualización  2021 - I"]
["Antiguo","TUBERIAS DE PVC - ACUEDUCTO",7407,"UNION REPARACION PVC U.M. NORMA NTC 382 D=2\"","UN",27500,"Actualización  2021 - I"]
["Antiguo","TUBERIAS DE PVC - ACUEDUCTO",7409,"UNION REPARACION PVC U.M. NORMA NTC 382 D=3\"","UN",45500,"Actualización  2021 - I"]
["Antiguo","TUBERIAS DE PVC - ACUEDUCTO",7410,"UNION REPARACION PVC U.M. NORMA NTC 382 D=4\"","UN",78893,"Actualización  2021 - I"]
["Antiguo","TUBERIAS DE PVC - ACUEDUCTO",7411,"UNION REPARACION PVC U.M. NORMA NTC 382 D=10\"","UN",572000,"Actualización  2021 - I"]
["Antiguo","ACCESORIOS HD PARA REDES DE ACUEDUCTO",7412,"ACOPLE UNIVERSAL D=3\" (85 a 103mm)","UN",112202,"Actualización  2021 - I"]
["Antiguo","ACCESORIOS HD PARA REDES DE ACUEDUCTO",7413,"ACOPLE UNIVERSAL D=4\" (110 a 128mm)","UN",128231,"Actualización  2021 - I"]
["Antiguo","ACCESORIOS HD PARA REDES DE ACUEDUCTO",7414,"ACOPLE UNIVERSAL D=6\" (167 a 189mm) R2","UN",256952,"Actualización  2021 - I"]
["Antiguo","ACCESORIOS HD PARA REDES DE ACUEDUCTO",7415,"ACOPLE UNIVERSAL D=8\" (234 a 252mm) R2","UN",299777,"Actualización  2021 - I"]
["Antiguo","ACCESORIOS HD PARA REDES DE ACUEDUCTO",7416,"ACOPLE UNIVERSAL D=10\" (292 a 310mm) R2","UN",575083,"Actualización  2021 - I"]
["Antiguo","ACCESORIOS HD PARA REDES DE ACUEDUCTO",7417,"ACOPLE UNIVERSAL D=12\" (350 a 368mm) R3","UN",672969,"Actualización  2021 - I"]
["Antiguo","SUELDOS Y JORNALES ",7418,"TARIFA MES - AUXILIO DE TRANSPORTE","MES",117172,"Actualización MO 2022"]
["Antiguo","CONCRETOS Y MORTEROS PREMEZCLADOS",7419,"CONCRETO GRAVA COMÚN 4500 PSI 31.5 MPa (315 Kg/cm2)","M3",405790,"Actualización  2021 - I"]
["Antiguo","CONCRETOS Y MORTEROS PREMEZCLADOS",7420,"MORTERO 2500 PSI 17 MPa (175 Kg/cm2)","M3",416500,"Actualización  2021 - I"]
["Antiguo","CONCRETOS Y MORTEROS PREMEZCLADOS",7421,"MORTERO 3000 PSI 21 MPa (210 Kg/cm2)","M3",416500,"Actualización  2021 - I"]
["Antiguo","CONCRETOS Y MORTEROS PREMEZCLADOS",7422,"MORTERO 3500 PSI 24 MPa (245 Kg/cm2)","M3",428400,"Actualización  2021 - I"]
["Antiguo","MALLAS Y ACEROS PARA REFUERZO",7423,"ARMADO CANASTAS PARA PILOTES","KG",452,"N.A"]
["Antiguo","GEOSINTETICOS",7426,"GEODREN PLANAR H=1.0 o DRENAFLEX PLANAR H=1.0","ML",32457,"Actualización  2021 - I"]
["Antiguo","GEOSINTETICOS",7427,"GEODREN PLANAR H=2.0","ML",56062,"Actualización  2021 - I"]
["Antiguo","GEOSINTETICOS",7428,"GEODREN CON TUBERIA CIRCULAR 100mm H=0.5 o DRENAFLEX CON TUBERIA CIRCULAR 100mm H=0.5","ML",33957,"Actualización  2021 - I"]
["Antiguo","GEOSINTETICOS",7429,"GEODREN CON TUBERIA CIRCULAR 100mm H=1.0 o DRENAFLEX CON TUBERÍA 100mm H=1.0","ML",43409,"Actualización  2021 - I"]
["Antiguo","GEOSINTETICOS",7430,"GEODREN CON TUBERIA CIRCULAR 100mm H=2.0 o DRENAFLEX CON TUBERÍA CIRCULAR 100mm H=2.0","ML",81171,"Actualización  2021 - I"]
["Antiguo","MATERIALES DE FERRETERÍA Y OTROS",7434,"DISCO DIAMANTADO ASFALTO-CONCRETO 14\"/350mm, cortes aprox. 1.600 a 1.800 mts. de profundidad máxima hasta 100mm.","UN",463624,"Actualización  2021 - I"]
["Antiguo","EQUIPO LIVIANO Y HERRAMIENTAS",7436,"MOTOBOMBA SUMERGIBLE Ø 2\" O 3\" - INCLUYE COMBUSTIBLE","DIA",65493,"Actualización  2021 - I"]
["Antiguo","EQUIPO LIVIANO Y HERRAMIENTAS",7437,"CORTADORA DE LADRILLO (SIN DISCO)","DIA",26180,"Actualización  2021 - I"]
["Antiguo","EQUIPO PESADO",7438,"RODILLO VIBROCOMPACTADOR TANDEM (2,5 - 3,0 TON) - INCLUYE OPERARIO Y COMBUSTIBLE","DIA",161158,"Actualización  2021 - I"]
["Antiguo","EQUIPO LIVIANO Y HERRAMIENTAS",7439,"MARTILLO DEMOLEDOR NEUMÁTICO ","HR",7586,"Actualización  2021 - I"]
["Antiguo","SELLANTES-IMPERMEABILIZANTES Y ADITIVOS CONCRETOS",7442,"FONDO DE JUNTA EN ESPUMA DE POLIETILENO DE BAJA DENSIDAD D= 16 mm","ML",1345,"Actualización  2021 - I"]
["Antiguo","SELLANTES-IMPERMEABILIZANTES Y ADITIVOS CONCRETOS",7443,"FONDO DE JUNTA EN ESPUMA DE POLIETILENO DE BAJA DENSIDAD D= 22 mm","ML",2678,"Actualización  2021 - I"]
["Antiguo","TUBERÍA Y ACCESORIOS DE PVC PARA ALCANTARILLADO",7444,"TUBERIA PVC SANITARIA U.S. D=1 1/2\"","ML",10080,"Actualización  2021 - I"]
["Antiguo","ACCESORIOS HD PARA REDES DE ACUEDUCTO",7445,"ACOPLE UNIVERSAL D=6\" (159 a 181mm) R1","UN",198984,"Actualización  2021 - I"]
["Antiguo","ACCESORIOS HD PARA REDES DE ACUEDUCTO",7446,"ACOPLE UNIVERSAL D=8\" (218 a 235mm) R1","UN",324249,"Actualización  2021 - I"]
["Antiguo","ACCESORIOS HD PARA REDES DE ACUEDUCTO",7448,"ACOPLE UNIVERSAL D=12\" (315 a 333mm) R1","UN",611790,"Actualización  2021 - I"]
["Antiguo","MALLAS Y ACEROS PARA REFUERZO",7451,"ACERO FIGURADO No. 8 (Ø 1\") F'y=60000 PSI","KG",2832,"N.A"]
["Antiguo","MALLAS Y ACEROS PARA REFUERZO",7452,"ACERO FIGURADO No. 10 (Ø 1 1/4\") F'y=60000 PSI","KG",3332,"N.A"]
["Antiguo","ACCESORIOS HD PARA REDES DE ACUEDUCTO",7453,"UNION REPARACION HD EXTREMO LISO D=4\"","UN",116240,"Actualización  2021 - I"]
["Antiguo","ACCESORIOS HD PARA REDES DE ACUEDUCTO",7455,"CODO HD EXTREMO LISO 22.5ºX8\"","UN",450277,"Actualización  2021 - I"]
["Antiguo","TUBERÍA Y ACCESORIOS CONDUIT GALVANIZADAS",7457,"TUBERIA CONDUIT GALVANIZADA IMC D=1\"","ML",16706,"Actualización  2021 - I"]
["Antiguo","TUBERÍA Y ACCESORIOS CONDUIT GALVANIZADAS",7458,"TUBERIA CONDUIT GALVANIZADA IMC D=1 1/2\"","ML",27167,"Actualización  2021 - I"]
["Antiguo","TUBERÍA Y ACCESORIOS CONDUIT GALVANIZADAS",7460,"TUBERIA CONDUIT GALVANIZADA EMT D=1 1/2\"","ML",13118,"Actualización  2021 - I"]
["Antiguo","AGREGADOS PÉTREOS, BASES Y SUBBASES GRANULARES",7461,"ARENA LAVADA DE PEÑA","M3",75970,"Actualización  2021 - I"]
["Antiguo","TRANSPORTES DE MATERIALES Y ACARREOS",7462,"TRANSPORTE DE PETREOS","M3-KM",1449,"Actualización  2021 - I"]
["Antiguo","GEOSINTETICOS",7463,"GEOTEXTIL NT 1600 o 351 NT","M2",2617,"Actualización  2021 - I"]
["Antiguo","GEOSINTETICOS",7464,"GEOTEXTIL NT 1800 o 401 NT","M2",3608,"Actualización  2021 - I"]
["Antiguo","GEOSINTETICOS",7465,"GEOTEXTIL NT 2000 o 451 NT","M2",3839,"Actualización  2021 - I"]
["Antiguo","GEOSINTETICOS",7466,"GEOTEXTIL T 1050","M2",2463,"Actualización  2021 - I"]
["Antiguo","GEOSINTETICOS",7467,"GEOTEXTIL T 1400 o 135 ST","M2",3035,"Actualización  2021 - I"]
["Antiguo","GEOSINTETICOS",7468,"GEOTEXTIL T 1700 o 200 ST","M2",3392,"Actualización  2021 - I"]
["Antiguo","ENSAYO LABORATORIO - CEMENTOS HIDRÁULICOS",7471,"ENSAYO PARA DETERMINAR LA DENSIDAD DEL CEMENTO HIDRÁULICO. Norma técnica: NTC - 221  ASTM C188.","UN",67379,"Actualización  2021 - I"]
["Antiguo","ENSAYO LABORATORIO - CEMENTOS HIDRÁULICOS",7472,"DETERMINACIÓN DEL TIEMPO DE FRAGUADO DEL CEMENTO HIDRÁULICO MEDIANTE AGUJA DE VICAT. Norma técnica: NTC - 118 ASTM C191.","UN",54859,"Actualización  2021 - I"]
["Antiguo","ENSAYO LABORATORIO - SUELOS",7482,"EQUIVALENTE DE ARENA DE SUELOS Y AGREGADOS FINOS. Norma técnica: INV E 133-13 ASTM D2419 - 14.","UN",91630,"Actualización  2021 - I"]
["Antiguo","ENSAYO LABORATORIO - AGREGADOS PETREOS",7485,"RESISTENCIA A LA DEGRADACIÓN DE LOS AGREGADOS GRUESOS DE TAMAÑOS MAYORES DE 19 mm (¾\") POR ABRASIÓN E IMPACTO EN LA MÁQUINA DE LOS ÁNGELES (CON TRITURACIÓN DE AGREGADOS). Norma técnica: INV E 219-13 NTC 93-2013.","UN",109363,"Actualización  2021 - I"]
["Antiguo","ENSAYO LABORATORIO - AGREGADOS PETREOS",7487,"VALOR DE AZUL DE METILENO EN AGREGADOS FINOS. Norma técnica: INV E 235-13","UN",157080,"Actualización  2021 - I"]
["Antiguo","ENSAYO LABORATORIO - SUELOS",7488,"DETERMINACIÓN EN EL LABORATORIO DEL CONTENIDO DE AGUA (HUMEDAD) DE MUESTRAS DE SUELO, ROCA Y MEZCLAS DE SUELO - AGREGADO. Norma técnica: INV E 122-13 NTC-1495-13 ASTM D2216 - 10.","UN",11900,"Actualización  2021 - I"]
["Antiguo","ENSAYO LABORATORIO - SUELOS",7489,"DETERMINACIÓN DE LA DENSIDAD (PESO UNITARIO) DE MUESTRAS DE SUELO. Norma técnica: ASTM D7263 - 09(2018).","UN",35700,"Actualización  2021 - I"]
["Antiguo","ENSAYO LABORATORIO - SUELOS",7490,"DETERMINACIÓN DE LOS TAMAÑOS DE LAS PARTÍCULAS DE LOS SUELOS (GRANULOMETRÍA  POR TAMIZADO E HIDROMETRÍA). Norma técnica: INV E 123-13 ASTM D422 - 63(1998).","UN",113050,"Actualización  2021 - I"]
["Antiguo","ENSAYO LABORATORIO - AGREGADOS PETREOS",7493,"DETERMINACIÓN DE LA CANTIDAD DE MATERIAL QUE PASA EL TAMIZ DE 75 UM (N° 200) EN LOS AGREGADOS PÉTREOS MEDIANTE LAVADO. Norma técnica: INV E 214-13 NTC 78-1995.","UN",42840,"Actualización  2021 - I"]
["Antiguo","ENSAYO LABORATORIO - SUELOS",7494,"DETERMINACIÓN DE LA GRAVEDAD ESPECÍFICA DE LAS PARTÍCULAS SÓLIDAS DE LOS SUELOS Y DEL LLENANTE MINERAL, EMPLEANDO UN PICNÓMETRO CON AGUA. Norma técnica: INV E - 128 -13 ASTM D854 - 14","UN",55930,"Actualización  2021 - I"]
["Antiguo","ENSAYO LABORATORIO - SUELOS",7496,"DETERMINACIÓN DE LOS FACTORES DE CONTRACCIÓN DE LOS SUELOS. Norma técnica: INV E 127-13 NTC-1503-01 ASTM D427 - 04.","UN",73287,"Actualización  2021 - I"]
["Antiguo","ENSAYO LABORATORIO - SUELOS",7497,"DETERMINACIÓN DEL CONTENIDO ORGÁNICO DE UN SUELO MEDIANTE EL ENSAYO DE PÉRDIDA POR IGNICIÓN. Norma técnica: INV E 121-13 AASHTO T 267.","UN",57120,"Actualización  2021 - I"]
["Antiguo","ENSAYO LABORATORIO - SUELOS",7501,"CONSOLIDACIÓN UNIDIMENSIONAL DE SUELOS - MÉTODO B (RÁPIDA). Norma técnica: INV E 151-13 NTC-1917-00 ASTM D2435 / D2435M - 11.","UN",297500,"Actualización  2021 - I"]
["Antiguo","ENSAYO LABORATORIO - SUELOS",7502,"CONSOLIDACIÓN UNIDIMENSIONAL DE SUELOS - MÉTODO A (LENTA). Norma técnica: INV E 151-13 NTC-1917-00 ASTM D2435 / D2435M - 11.","UN",606900,"Actualización  2021 - I"]
["Antiguo","ENSAYO LABORATORIO - SUELOS",7503,"CONSOLIDACIÓN UNIDIMENSIONAL DE SUELOS - (DOBLE CICLO DE CARGA Y DESCARGA). Norma técnica: INV E 151-13 NTC-1917-00 ASTM D2435 / D2435M - 11.","UN",606900,"Actualización  2021 - I"]
["Antiguo","ENSAYO LABORATORIO - SUELOS",7511,"CBR DE SUELOS COMPACTADOS EN EL LABORATORIO (SUELOS GRANULARES). Norma técnica: INV E 148-13 NTC-2122-13 ASTM D1883 - 16.","UN",341173,"Actualización  2021 - I"]
["Antiguo","ENSAYO LABORATORIO - SUELOS",7520,"RELACIONES HUMEDAD - PESO UNITARIO SECO EN LOS SUELOS (ENSAYO NORMAL DE COMPACTACIÓN). Norma técnica: INV E 141-13 ASTM D698 - 12e2.","UN",121900,"Actualización  2021 - I"]
["Antiguo","ENSAYO CAMPO - ELEMENTOS ESTRUCTURALES CONCRETO",7523,"OBTENCIÓN DE NÚCLEOS DE CONCRETO ENDURECIDO. NÚCLEOS DE 3\". Norma técnica: INV E 418-13 NTC 3658.","UN",196350,"Actualización  2021 - I"]
["Antiguo","ENSAYO CAMPO - ELEMENTOS ESTRUCTURALES CONCRETO",7524,"OBTENCIÓN DE NÚCLEOS DE CONCRETO ENDURECIDO. NÚCLEOS DE 4\". Norma técnica: INV E 418-13 NTC 3658.","UN",155464,"Actualización  2021 - I"]
["Antiguo","ENSAYO CAMPO - DIAGNOSTICO DE PAVIMENTOS",7530,"EXTRACCIÓN DE TESTIGOS DE PAVIMENTOS ASFÁLTICOS MEDIANTE NÚCLEOS DE 4\". Norma técnica: INV E-758-13 ASTM D 5361.","UN",89250,"Actualización  2021 - I"]
["Antiguo","ENSAYO LABORATORIO - CONCRETOS HIDRÁULICOS",7542,"RESISTENCIA A LA COMPRESIÓN DE CILINDROS DE CONCRETO (MOLDEADOS O NÚCLEOS). Norma técnica: INV E - 410 -13 NTC - 673 ASTM C 39/C 39M.","UN",5593,"Actualización  2021 - I"]
["Antiguo","ENSAYO LABORATORIO - CONCRETOS HIDRÁULICOS",7544,"TRACCIÓN INDIRECTA DE CILINDROS DE CONCRETO. Norma técnica: INV E - 411 -13 NTC - 722 ASTM C496/C496M.","UN",16779,"Actualización  2021 - I"]
["Antiguo","ENSAYO LABORATORIO - MATERIALES BITUMINOSOS",7550,"ENSAYO DE ADHERENCIA EN BANDEJA. Norma técnica: INV E – 740 - 13.","UN",107100,"Actualización  2021 - I"]
["Antiguo","ENSAYO LABORATORIO - MEZCLAS ASFALTICAS",7551,"ESTABILIDAD Y FLUJO DE MEZCLAS ASFÁLTICAS EN CALIENTE EMPLEANDO EL EQUIPO MARSHALL (Una probeta). Norma técnica: INV E – 748 - 13 ASTM D6926 ASTM D6927.","UN",49028,"Actualización  2021 - I"]
["Antiguo","SEÑALES, BARRERAS Y DEMARCACIÓN VIAL",7554,"SEÑALIZACION TUBULAR COLOMBINA PLASTICA","UN",27370,"Actualización  2021 - I"]
["Antiguo","SEÑALES, BARRERAS Y DEMARCACIÓN VIAL",7555,"CINTA DE SEÑALIZACION CAL 4 (ROLLO 500mx0.10m)","UN",19798,"Actualización  2021 - I"]
["Antiguo","MATERIALES DE FERRETERÍA Y OTROS",7556,"PLASTICO NEGRO CALIBRE 6","M2",1188,"Actualización  2021 - I"]
["Antiguo","MATERIALES DE FERRETERÍA Y OTROS",7557,"BOLSA DE LONA","UN",1018,"Actualización  2021 - I"]
["Antiguo","MATERIALES DE FERRETERÍA Y OTROS",7558,"BAÑO TIPO FLUSHING","UN/MES",465433,"Actualización  2021 - I"]
["Antiguo","SEÑALES, BARRERAS Y DEMARCACIÓN VIAL",7559,"TELA VERDE DE CERRAMIENTO (2.10mx250)","M2",732,"Actualización  2021 - I"]
["Antiguo","SEÑALES, BARRERAS Y DEMARCACIÓN VIAL",7560,"POLISOMBRA 65% (1x7m) R-800 NEGRA","M2",1558,"Actualización  2021 - I"]
["Antiguo","SEÑALES, BARRERAS Y DEMARCACIÓN VIAL",7561,"POLISOMBRA 47% (4x100m)","M2",1027,"Actualización  2021 - I"]
["Antiguo","MADERAS",7562,"POSTE ROLLIZO D= 12cm a 15cm","ML",8715,"Actualización  2021 - I"]
["Antiguo","SEÑALES, BARRERAS Y DEMARCACIÓN VIAL",7567,"SEÑAL EN POLIETILENO ALVEOLAR PARE-SIGA 45cms. DECORADA CON REFLECTIVO, GRADO ALTA INTENSIDAD","UN",61880,"Actualización  2021 - I"]
["Antiguo","MATERIALES DE FERRETERÍA Y OTROS",7568,"EXTINTOR x 5LB","UN",32800,"Actualización  2021 - I"]
["Antiguo","MATERIALES DE FERRETERÍA Y OTROS",7569,"BOTIQUIN PRIMEROS AUXILIOS CON MEDICAMENTOS DE 22CM X 27CM","UN",51308,"Actualización  2021 - I"]
["Antiguo","FORMALETAS, ANDAMIOS Y ACCESORIOS",7570,"CAMILLA EN MADERA NUEVA 0.70 x 1.4MT","DIA",250,"Actualización  2021 - I"]
["Antiguo","SEÑALES, BARRERAS Y DEMARCACIÓN VIAL",7571,"CONOS H= 0,9- 1,0mt","UN",77350,"Actualización  2021 - I"]
["Antiguo","DOTACIÓN (EPP) Y EQUIP. Y HERRAM. SEGUR. INDUSTR.",7575,"CAPA IMPERMEABLE CALIBRE 14 - 16","UN",20361,"Actualización  2021 - I"]
["Antiguo","DOTACIÓN (EPP) Y EQUIP. Y HERRAM. SEGUR. INDUSTR.",7576,"PROTECCION AUDITIVA DE INSERTAR (PAR)","UN",612,"Actualización  2021 - I"]
["Antiguo","DOTACIÓN (EPP) Y EQUIP. Y HERRAM. SEGUR. INDUSTR.",7577,"GAFAS DE SEGURIDAD","UN",5230,"Actualización  2021 - I"]
["Antiguo","DOTACIÓN (EPP) Y EQUIP. Y HERRAM. SEGUR. INDUSTR.",7578,"GUANTES DE VAQUETA","UN",9890,"Actualización  2021 - I"]
["Antiguo","DOTACIÓN (EPP) Y EQUIP. Y HERRAM. SEGUR. INDUSTR.",7579,"MASCARILLA DESECHABLE","UN",432,"Actualización  2021 - I"]
["Antiguo","DOTACIÓN (EPP) Y EQUIP. Y HERRAM. SEGUR. INDUSTR.",7580,"CASCO DE SEGURIDAD DIELECTRICO","UN",14250,"Actualización  2021 - I"]
["Antiguo","DOTACIÓN (EPP) Y EQUIP. Y HERRAM. SEGUR. INDUSTR.",7582,"PETO EN CARNAZA","UN",17000,"Actualización  2021 - I"]
["Antiguo","DOTACIÓN (EPP) Y EQUIP. Y HERRAM. SEGUR. INDUSTR.",7583,"PROTECTOR AUDITIVO TIPO COPA","UN",20690,"Actualización  2021 - I"]
["Antiguo","BORDILLOS Y LOSETAS",7585,"SARDINEL ALTO RAMPA A86","ML",26250,"Actualización  2021 - I"]
["Antiguo","SEÑALES, BARRERAS Y DEMARCACIÓN VIAL",7586,"ESTOPEROL 10 cm x 3 cm (NO INCLUYE ELEMENTOS DE ANCLAJE)","UN",1666,"Actualización  2021 - I"]
["Antiguo","SOLDADURA Y PEGANTES",7587,"PEGANTE EPOXICO DE DOS COMPONENTES","KG",81920,"Actualización  2021 - I"]
["Antiguo","EQUIPO LIVIANO Y HERRAMIENTAS",7596,"VIBRADOR TIPO AGUJA","DIA",22372,"Actualización  2021 - I"]
["Antiguo","AGREGADOS PÉTREOS, BASES Y SUBBASES GRANULARES",7598,"TRITURADO 1-1/2\"","M3",53550,"Actualización  2021 - I"]
["Antiguo","TUBERÍA Y ACCESORIOS EN GRP",7603,"TUBERIA GRP 300mm (300mm-800mm PRESION) PN10 BAR SN 5000. No Incluye Transporte.","ML",490316,"Actualización  2021 - I"]
["Antiguo","TUBERÍA Y ACCESORIOS EN GRP",7604,"TUBERIA GRP 400mm (300mm-800mm PRESION) PN 10 BAR SN 5000. No Incluye Transporte.","ML",556582,"Actualización  2021 - I"]
["Antiguo","TUBERÍA Y ACCESORIOS EN GRP",7606,"TUBERIA GRP 500mm (300mm-800mm PRESION) PN 10 BAR SN 5000. No Incluye Transporte.","ML",634019,"Actualización  2021 - I"]
["Antiguo","TUBERÍA Y ACCESORIOS EN GRP",7607,"TUBERIA GRP 600mm (300mm-800mm PRESION) PN 10 BAR SN 5000. NO INCLUYE TRANSPORTE","ML",728036,"Actualización  2021 - I"]
["Antiguo","TUBERÍA Y ACCESORIOS EN GRP",7608,"TUBERIA GRP 700mm (300mm-800mm PRESION) PN 10 BAR SN 5000. NO INCLUYE TRANSPORTE","ML",955290,"Actualización  2021 - I"]
["Antiguo","GEOSINTETICOS",7610,"GEOMALLA TENSAR BX 1100 \\ FORTGRID BX 30","M2",6807,"Actualización  2021 - I"]
["Antiguo","GEOSINTETICOS",7611,"GEOMALLA TENSAR BX 1200 \\ FORTGRID BX 50","M2",10729,"Actualización  2021 - I"]
["Antiguo","TUBERÍA Y ACCESORIOS EN GRP",7613,"TUBERIA GRP 800mm (300mm-800mm PRESION) PN 10 BAR SN 5000. No Incluye Transporte.","ML",1078001,"Actualización  2021 - I"]
["Antiguo","TUBERÍA Y ACCESORIOS EN GRP",7614,"TUBERIA GRP 900mm (600mm-2400mm FLUJO LIBRE) PN 10 BAR SN 5000. No Incluye Transporte.","ML",1264214,"Actualización  2021 - I"]
["Antiguo","TUBERÍA Y ACCESORIOS EN GRP",7615,"TUBERIA GRP 1000mm (600mm-2400mm FLUJO LIBRE) PN 1 BAR SN 5000. No Incluye Transporte.","ML",1443019,"Actualización  2021 - I"]
["Antiguo","TUBERÍA Y ACCESORIOS EN GRP",7616,"TUBERIA GRP 1100mm (600mm-2400mm FLUJO LIBRE) PN 1 BAR SN 5000. No Incluye Transporte.","ML",1610710,"Actualización  2021 - I"]
["Antiguo","TUBERÍA Y ACCESORIOS EN GRP",7617,"TUBERIA GRP 1200mm (600mm-2400mm FLUJO LIBRE) PN 1 BAR SN 5000. NO INCLUYE TRANSPORTE.","ML",1948093,"Actualización  2021 - I"]
["Antiguo","TUBERÍA Y ACCESORIOS EN GRP",7618,"TUBERIA GRP 1300 (600mm-2400mm FLUJO LIBRE) PN 1 BAR SN 5000. NO INCLUYE TRANSPORTE","ML",2153298,"Actualización  2021 - I"]
["Antiguo","TUBERÍA Y ACCESORIOS EN GRP",7619,"TUBERIA GRP 1400 (600mm-2400mm FLUJO LIBRE) PN 1 BAR SN 5000. NO INCLUYE TRANSPORTE","ML",2396662,"Actualización  2021 - I"]
["Antiguo","TUBERÍA Y ACCESORIOS EN GRP",7620,"TUBERIA GRP 1500 (600mm-2400mm FLUJO LIBRE) PN 1 BAR SN 5000. NO INCLUYE TRANSPORTE","ML",2654667,"Actualización  2021 - I"]
["Antiguo","TUBERÍA Y ACCESORIOS EN GRP",7621,"TUBERIA GRP 1600 (600mm-2400mm FLUJO LIBRE) PN 1 BAR SN 5000. NO INCLUYE TRANSPORTE","ML",2981701,"Actualización  2021 - I"]
["Antiguo","TUBERÍA Y ACCESORIOS EN GRP",7622,"TUBERIA GRP 1700 (600mm-2400mm FLUJO LIBRE) PN 1 BAR SN 5000. NO INCLUYE TRANSPORTE","ML",3336664,"Actualización  2021 - I"]
["Antiguo","TUBERÍA Y ACCESORIOS EN GRP",7626,"ACOPLE GRP 300mm (PN 10 Bar) No Incluye Transporte.","UN",492315,"Actualización  2021 - I"]
["Antiguo","TUBERÍA Y ACCESORIOS EN GRP",7627,"ACOPLE GRP 350mm (PN 10 Bar) No Incluye Transporte.","UN",498254,"Actualización  2021 - I"]
["Antiguo","TUBERÍA Y ACCESORIOS EN GRP",7628,"ACOPLE GRP 400mm (PN 10 Bar) - NO INCLUYE TRANSPORTE","UN",554053,"Actualización  2021 - I"]
["Antiguo","TUBERÍA Y ACCESORIOS EN GRP",7630,"ACOPLE GRP 500mm (PN 10 Bar) - NO INCLUYE TRANSPORTE","UN",586275,"Actualización  2021 - I"]
["Antiguo","TUBERÍA Y ACCESORIOS EN GRP",7631,"ACOPLE GRP 600mm (PN 10 Bar) - NO INCLUYE TRANSPORTE","UN",853981,"Actualización  2021 - I"]
["Antiguo","TUBERÍA Y ACCESORIOS EN GRP",7632,"ACOPLE GRP 700mm (PN 10 Bar) - NO INCLUYE TRANSPORTE","UN",1086409,"Actualización  2021 - I"]
["Antiguo","TUBERÍA Y ACCESORIOS EN GRP",7633,"ACOPLE GRP 800mm (PN 10 Bar) - NO INCLUYE TRANSPORTE","UN",1256571,"Actualización  2021 - I"]
["Antiguo","TUBERÍA Y ACCESORIOS EN GRP",7634,"ACOPLE GRP 900mm (PN 10 Bar) - NO INCLUYE TRANSPORTE","UN",1316779,"Actualización  2021 - I"]
["Antiguo","TUBERÍA Y ACCESORIOS EN GRP",7635,"ACOPLE GRP 1000mm  (PN 1 BAR) - NO INCLUYE TRANSPORTE","UN",1469889,"Actualización  2021 - I"]
["Antiguo","TUBERÍA Y ACCESORIOS EN GRP",7636,"ACOPLE GRP 1100mm  (PN 1 BAR) - NO INCLUYE TRANSPORTE","UN",1586309,"Actualización  2021 - I"]
["Antiguo","TUBERÍA Y ACCESORIOS EN GRP",7637,"ACOPLE GRP 1200mm  (PN 1 BAR) - NO INCLUYE TRANSPORTE","UN",1824256,"Actualización  2021 - I"]
["Antiguo","TUBERÍA Y ACCESORIOS EN GRP",7638,"ACOPLE GRP 1300mm  (PN 1 BAR) - NO INCLUYE TRANSPORTE","UN",1722662,"Actualización  2021 - I"]
["Antiguo","TUBERÍA Y ACCESORIOS EN GRP",7639,"ACOPLE GRP 1400mm  (PN 1 BAR)","UN",1802804,"Actualización  2021 - I"]
["Antiguo","TUBERÍA Y ACCESORIOS EN GRP",7640,"ACOPLE GRP 1500mm  (PN 1 BAR) - NO INCLUYE TRANSPORTE","UN",1995308,"Actualización  2021 - I"]
["Antiguo","TUBERÍA Y ACCESORIOS EN GRP",7641,"ACOPLE GRP 1600mm  (PN 1 BAR)","UN",2339804,"Actualización  2021 - I"]
["Antiguo","TUBERÍA Y ACCESORIOS EN GRP",7642,"ACOPLE GRP 1700mm  (PN 1 BAR)","UN",2465221,"Actualización  2021 - I"]
["Antiguo","TUBERÍA Y ACCESORIOS EN GRP",7643,"ACOPLE GRP 1800mm  (PN 1 BAR) - NO INCLUYE TRANSPORTE","UN",3138456,"Actualización  2021 - I"]
["Antiguo","TUBERÍA Y ACCESORIOS EN GRP",7644,"ACOPLE GRP 2000mm  (PN 1 BAR) - NO INCLUYE TRANSPORTE","UN",3432739,"Actualización  2021 - I"]
["Antiguo","TUBERÍA Y ACCESORIOS EN GRP",7645,"TUBERIA GRP 1800 (600mm-2400mm FLUJO LIBRE) PN 1 BAR SN 5000 - NO INCLUYE TRANSPORTE","ML",3764183,"Actualización  2021 - I"]
["Antiguo","TUBERÍA Y ACCESORIOS EN GRP",7646,"TUBERIA GRP 2000 (600mm-2400mm FLUJO LIBRE) PN 1 BAR SN 5000 - NO INCLUYE TRANSPORTE","ML",4715239,"Actualización  2021 - I"]
["Antiguo","TUBERÍA Y ACCESORIOS EN GRP",7647,"ACOPLE GRP 2400mm - PN 1 BAR - NO INCLUYE TRANSPORTE","UN",4544079,"Actualización  2021 - I"]
["Antiguo","TUBERÍA Y ACCESORIOS EN GRP",7648,"TUBERIA GRP 2400 (600mm-2400mm FLUJO LIBRE) - PN 1 BAR SN 5000 - NO INCLUYE TRANSPORTE","ML",6982251,"Actualización  2021 - I"]
["Antiguo","SOLDADURA Y PEGANTES",7650,"RECUBRIMIENTO BARRERA EPOXICO","GLN",171785,"Actualización  2021 - I"]
["Antiguo","PINTURAS",7651,"CATALIZADOR BARRERA EPOXICA COMPONENTE B","GLN",110509,"Actualización  2021 - I"]
["Antiguo","PINTURAS",7652,"RECUBRIMIENTO EN ESMALTE URETANO GRIS","GLN",183617,"Actualización  2021 - I"]
["Antiguo","PINTURAS",7653,"CATALIZADOR ESMALTE  URETANO (COMPONENTE B)","GLN",226947,"Actualización  2021 - I"]
["Antiguo","PINTURAS",7654,"DISOLVENTE EPOXICO","GLN",47400,"Actualización  2021 - I"]
["Antiguo","PINTURAS",7655,"DISOLVENTE URETANO","GLN",54264,"Actualización  2021 - I"]
["Antiguo","PINTURAS",7656,"IMPRIMANTE EPOXICO RICO EN ZINC","GLN",131227,"Actualización  2021 - I"]
["Antiguo","PINTURAS",7657,"CATALIZADOR PARA IMPRIMANTE EPOXICO RICO EN ZINC","GLN",122505,"Actualización  2021 - I"]
["Antiguo","EMULSIONES Y MEZCLAS ASFÁLTICAS",7658,"MEZCLA ASFÁLTICA EN CALIENTE CON ASFALTO MODIFICADO CON GRANO DE CAUCHO RECICLADO (GCR)","M3",821100,"Actualización  2021 - I"]
["Antiguo","SEÑALES, BARRERAS Y DEMARCACIÓN VIAL",7664,"SEÑALETICA SITP 1-2 RUTAS H=3.75 CON O SIN CENEFA","UN",931770,"N.A"]
["Antiguo","PINTURAS",7680,"PINTURA EN ESMALTE DOMESTICO","GLN",44900,"Actualización  2021 - I"]
["Antiguo","AGREGADOS PÉTREOS, BASES Y SUBBASES GRANULARES",7686,"BASE GRANULAR BG_B CON RECICLADO DE CONCRETO HIDRAULICO","M3",65450,"Actualización  2021 - I"]
["Antiguo","AGREGADOS PÉTREOS, BASES Y SUBBASES GRANULARES",7687,"BASE GRANULAR BG_A CON RECICLADO DE CONCRETO HIDRAULICO","M3",77350,"Actualización  2021 - I"]
["Antiguo","AGREGADOS PÉTREOS, BASES Y SUBBASES GRANULARES",7688,"BASE GRANULAR BG_C CON RECICLADO DE CONCRETO HIDRAULICO","M3",61880,"Actualización  2021 - I"]
["Antiguo","AGREGADOS PÉTREOS, BASES Y SUBBASES GRANULARES",7689,"SUBBASE GRANULAR SBG_A CON RECICLADO DE CONCRETO HIDRAULICO","M3",61880,"Actualización  2021 - I"]
["Antiguo","AGREGADOS PÉTREOS, BASES Y SUBBASES GRANULARES",7690,"SUBBASE GRANULAR SBG_B CON RECICLADO DE CONCRETO HIDRAULICO","M3",59500,"Actualización  2021 - I"]
["Antiguo","AGREGADOS PÉTREOS, BASES Y SUBBASES GRANULARES",7691,"SUBBASE GRANULAR SBG_C CON RECICLADO DE CONCRETO HIDRAULICO","M3",59500,"Actualización  2021 - I"]
["Antiguo","AGREGADOS PÉTREOS, BASES Y SUBBASES GRANULARES",7692,"SUBBASE GRANULAR CON RECICLADO DE CONCRETO ASFALTICO","M3",59500,"Actualización  2021 - I"]
["Antiguo","EQUIPO LIVIANO Y HERRAMIENTAS",7695,"SIERRA ELECTRICA CALADORA","HR",1561,"Actualización  2021 - I"]
["Antiguo","EQUIPO LIVIANO Y HERRAMIENTAS",7696,"DESTORNILLADOR DE IMPACTO","HR",1488,"Actualización  2021 - I"]
["Antiguo","EQUIPO LIVIANO Y HERRAMIENTAS",7697,"PLANTA ELECTRICA 4KW - INCLUYE COMBUSTIBLE","HR",6711,"Actualización  2021 - I"]
["Antiguo","EQUIPO LIVIANO Y HERRAMIENTAS",7698,"PULIDORA MANUAL ELECTRICA","HR",2487,"Actualización  2021 - I"]
["Antiguo","MATERIALES DE FERRETERÍA Y OTROS",7699,"DISCO DE CORTE METAL 7 X 1/8\"","UN",6735,"Actualización  2021 - I"]
["Antiguo","MATERIALES DE FERRETERÍA Y OTROS",7700,"DISCO ABRASIVO DESBASTE METAL 7 X 1/4\"","UN",7095,"Actualización  2021 - I"]
["Antiguo","EQUIPO LIVIANO Y HERRAMIENTAS",7701,"TALADRO ROTOPERCUTOR HASTA 3/4\"","HR",2737,"Actualización  2021 - I"]
["Antiguo","ESTRUCTURAS EN ACERO",7702,"PISO EN ALUMINIO PARA PUENTES PEATONALES Y ESTACIONES TRANSMILENIO EN ALEACIÓN AA6070 - INCLUYE PERFILES DE ALUMINIO DE 30.5mm DE ALTURA Y 100mm DE ANCHO, SIN TROQUELAR.","M2",389546,"N.A"]
["Antiguo","EQUIPO LIVIANO Y HERRAMIENTAS",7707,"GUADAÑADORA","DIA",31900,"Actualización  2021 - I"]
["Antiguo","MARCOS, TAPAS, REJILLAS, HERRAJES Y CAJILLAS",7710,"PLAQUETA TIPO REJILLA (PEATONAL) 0.40 x 0.40 e= 6cm","UN",29180,"Actualización  2021 - I"]
["Antiguo","TUBERIAS DE PVC - ACUEDUCTO",7713,"CODO PVC 45° D= 1 1/2\"","UN",8115,"Actualización  2021 - I"]
["Antiguo","ARBOLES-GRAMAS-VEGETACIÓN Y PLANTACIÓN PAISAJÍSTIC",7714,"LLAMA AMARILLA (suministro y plantación. incluye tierra negra )","M2",38000,"Actualización  2021 - I"]
["Antiguo","ARBOLES-GRAMAS-VEGETACIÓN Y PLANTACIÓN PAISAJÍSTIC",7715,"COLA DE ZORRO (Suministro y plantación, incluye tierra negra , transporte y disposición final de escombros)","M2",55000,"Actualización  2021 - I"]
["Antiguo","ARBOLES-GRAMAS-VEGETACIÓN Y PLANTACIÓN PAISAJÍSTIC",7717,"EUCALIPTO POMARROSO H=1.5mt (Incluye siembra caja, tierra, abono y tutor)","UN",55000,"Actualización  2021 - I"]
["Antiguo","ARBOLES-GRAMAS-VEGETACIÓN Y PLANTACIÓN PAISAJÍSTIC",7718,"CHICALA H=1.5 (Incluye siembra, caja, tierra,  abono y tutor)","UN",97500,"Actualización  2021 - I"]
["Antiguo","ARBOLES-GRAMAS-VEGETACIÓN Y PLANTACIÓN PAISAJÍSTIC",7720,"JAZMIN CHINO H= 1.5 mt (Incluye siembra, caja, tierra, abono y tutor","UN",125900,"Actualización  2021 - I"]
["Antiguo","TUBERIAS DE PVC - ACUEDUCTO",7722,"TUBERIA PVC PRESION E.L. D=1 1/2\" RDE21 PSI 200","ML",11727,"Actualización  2021 - I"]
["Antiguo","ARBOLES-GRAMAS-VEGETACIÓN Y PLANTACIÓN PAISAJÍSTIC",7723,"BLOQUEO Y TRANSPLANTE DE ARBOLES DE 1-5mt (Incluye transporte, recolección)","UN",1000000,"Actualización  2021 - I"]
["Antiguo","ARBOLES-GRAMAS-VEGETACIÓN Y PLANTACIÓN PAISAJÍSTIC",7724,"BLOQUEO Y TRANSPLANTE DE ARBOLES DE 5 - 10mt (Incluye transporte, recolección)","UN",1500000,"Actualización  2021 - I"]
["Antiguo","ARBOLES-GRAMAS-VEGETACIÓN Y PLANTACIÓN PAISAJÍSTIC",7725,"BLOQUEO Y TRANSPLANTE DE ARBOLES DE 10 - 15mt (Incluye transporte, recolección)","UN",2000000,"Actualización  2021 - I"]
["Antiguo","TUBERÍA Y ACCESORIOS ACERO AL CARBÓN",7727,"TUBERIA ACERO AL CARBON SIN COSTURA SCH40 D=3\"","ML",64647,"N.A"]
["Antiguo","TUBERÍA Y ACCESORIOS ACERO AL CARBÓN",7728,"TUBERIA ACERO AL CARBON SIN COSTURA SCH40 D=4\"","ML",102108,"N.A"]
["Antiguo","TUBERÍA Y ACCESORIOS ACERO AL CARBÓN",7729,"TUBERIA ACERO AL CARBON SIN COSTURA SCH40 D=6\"","ML",176663,"N.A"]
["Antiguo","TUBERÍA Y ACCESORIOS ACERO AL CARBÓN",7730,"TUBERIA ACERO AL CARBON SIN COSTURA SCH40 D=8\"","ML",249783,"N.A"]
["Antiguo","TRANSPORTES DE MATERIALES Y ACARREOS",7733,"TRANSPORTE TUBERIA ACERO AL CARBON","KG",31,"Actualización  2021 - I"]
["Antiguo","ENSAYO LABORATORIO - AGREGADOS PETREOS",7737,"ANALISIS GRANULOMETRICO  DE LOS AGREGADOS GRUESO Y FINO. Norma técnica: INV E 213-13 NTC 77-2007.","UN",86870,"Actualización  2021 - I"]
["Antiguo","ENSAYO LABORATORIO - AGREGADOS PETREOS",7738,"RESISTENCIA A LA DEGRADACIÓN DE LOS AGREGADOS DE TAMAÑOS MENORES DE 37.5 MM (1½\") POR MEDIO DE LA MÁQUINA DE LOS ÁNGELES (SIN TRITURACIÓN DE LOS AGREGADOS). Norma técnica: INV E 218-13 NTC 98-2012.","UN",109363,"Actualización  2021 - I"]
["Antiguo","ENSAYO LABORATORIO - AGREGADOS PETREOS",7743,"PORCENTAJE DE PARTÍCULAS FRACTURADAS EN UN AGREGADO GRUESO. Norma técnica: INV E 227-13.","UN",59160,"Actualización  2021 - I"]
["Antiguo","ENSAYO LABORATORIO - AGREGADOS PETREOS",7744,"ÍNDICES DE APLANAMIENTO Y ALARGAMIENTO DE LOS AGREGADOS PARA CARRETERAS. Norma técnica: INV E 230-13.","UN",107100,"Actualización  2021 - I"]
["Antiguo","ENSAYO LABORATORIO - AGREGADOS PETREOS",7750,"DENSIDAD, DENSIDAD RELATIVA (GRAVEDAD ESPECÍFICA) Y ABSORCIÓN DEL AGREGADO FINO. Norma técnica: INV E 222-13 NTC-237-1995.","UN",74970,"Actualización  2021 - I"]
["Antiguo","ENSAYO LABORATORIO - MATERIALES BITUMINOSOS",7752,"PENETRACION DE LOS MATERIALES BITUMINOSOS. Norma técnica: INV E - 706 - 13 NTC 5028 ASTM D5.","UN",86652,"Actualización  2021 - I"]
["Antiguo","ENSAYO LABORATORIO - MATERIALES BITUMINOSOS",7754,"DUCTILIDAD DE LOS MATERIALES ASFÁLTICOS. Norma técnica: INV E-702-13 ASTM D113.","UN",102000,"Actualización  2021 - I"]
["Antiguo","ENSAYO LABORATORIO - MEZCLAS ASFALTICAS",7755,"EVALUACIÓN DE LA SUSCEPTIBILIDAD AL AGUA DE LAS MEZCLAS DE CONCRETO ASFÁLTICO UTILIZANDO LA PRUEBA DE TRACCIÓN INDIRECTA (Séis probetas). Norma técnica: INV E - 725 - 13 AASHTO T 283 ASTM D4867/D4867M.","UN",796705,"Actualización  2021 - I"]
["Antiguo","ENSAYO LABORATORIO - MEZCLAS ASFALTICAS",7758,"ENSAYO DE TENSIÓN INDIRECTA PARA DETERMINAR EL MÓDULO RESILIENTE DE MEZCLAS ASFÁLTICAS (3 TEMPERATURAS Y 3 FRECUENCIAS). Norma técnica: INV E - 749 - 13 UNE-EN 12697-26 Anexo F ASTM D7369.","UN",1275896,"Actualización  2021 - I"]
["Antiguo","ENSAYO LABORATORIO - CONCRETOS HIDRÁULICOS",7762,"MÓDULO DE ELASTICIDAD ESTÁTICO Y RELACIÓN DE POISSON DEL CONCRETO EN COMPRESIÓN. Norma técnica: INV E - 749 - 13 UNE-EN 12697-26 Anexo F ASTM D7369.","UN",245140,"Actualización  2021 - I"]
["Antiguo","ENSAYO LABORATORIO - MATERIALES BITUMINOSOS",7766,"PUNTO DE ABLANDAMIENTO DE MATERIALES BITUMINOSOS (APARATO DE ANILLO Y BOLA). Norma técnica: INV E – 712 - 13 ASTM D36/D36M.","UN",103000,"Actualización  2021 - I"]
["Antiguo","FORMALETAS, ANDAMIOS Y ACCESORIOS",7767,"ANDAMIO TUBULAR","DIA",655,"Actualización  2021 - I"]
["Antiguo","FORMALETAS, ANDAMIOS Y ACCESORIOS",7769,"PLANCHON PARA ANDAMIO","DIA",357,"Actualización  2021 - I"]
["Antiguo","ENSAYO LABORATORIO - MEZCLAS ASFALTICAS",7770,"DISEÑO DE MEZCLAS ASFALTICAS METODO MARSHALL.","UN",1380933,"Actualización  2021 - I"]
["Antiguo","ENSAYO LABORATORIO - ANÁLISIS DE AGUAS",7772,"DEMANDA BIOQUÍMICA DE OXIGENO (DBO5). Norma técnica: SM 5210 B.","UN",38080,"Actualización  2021 - I"]
["Antiguo","ENSAYO LABORATORIO - ANÁLISIS DE AGUAS",7773,"DEMANDA QUÍMICA DE OXIGENO (DQO). Norma técnica: SM 5220 D.","UN",38080,"Actualización  2021 - I"]
["Antiguo","ENSAYO LABORATORIO - ANÁLISIS DE AGUAS",7774,"OXÍGENO DISUELTO, MODIFICACIÓN DE AZIDA. Norma técnica: SM 4500 - OC.","UN",7140,"Actualización  2021 - I"]
["Antiguo","ENSAYO LABORATORIO - ANÁLISIS DE AGUAS",7775,"NITROGENO TOTAL KSELDAHL. Norma técnica: SM 4500-NORG C.","UN",49071,"Actualización  2021 - I"]
["Antiguo","ENSAYO LABORATORIO - ANÁLISIS DE AGUAS",7776,"FOSFORO TOTAL. Norma técnica: SM 4500 - P B, E.","UN",21777,"Actualización  2021 - I"]
["Antiguo","ENSAYO LABORATORIO - ANÁLISIS DE AGUAS",7777,"COLIFORMES TOTALES FERMENTACIÓN TUBOS MÚLTIPLES. Norma técnica: SM 9221  B.","UN",38080,"Actualización  2021 - I"]
["Antiguo","ENSAYO LABORATORIO - ANÁLISIS DE AGUAS",7778,"COLIFORMES FECALES  FERMENTACIÓN TUBOS MÚLTIPLES. Norma técnica: SM 9221 E.","UN",43197,"Actualización  2021 - I"]
["Antiguo","ENSAYO LABORATORIO - ANÁLISIS DE AGUAS",7780,"POTASIO. Norma técnica: SM 3500 K - B.","UN",28560,"Actualización  2021 - I"]
["Antiguo","ENSAYO LABORATORIO - ANÁLISIS DE AGUAS",7781,"ACIDEZ TOTAL. Norma técnica: SM 2310 B.","UN",10007,"Actualización  2021 - I"]
["Antiguo","ENSAYO LABORATORIO - ANÁLISIS DE AGUAS",7782,"ALCALINIDAD TOTAL. Norma técnica: SM 2320 B.","UN",11662,"Actualización  2021 - I"]
["Antiguo","ENSAYO LABORATORIO - ANÁLISIS DE AGUAS",7783,"TURBIEDAD, MÉTODO NEFELOMÉTRICO. Norma técnica: SM 2130 B.","UN",6466,"Actualización  2021 - I"]
["Antiguo","ENSAYO LABORATORIO - ANÁLISIS DE AGUAS",7784,"GRASAS Y ACEITES. Norma técnica: SM 5520 B.","UN",42840,"Actualización  2021 - I"]
["Antiguo","ENSAYO LABORATORIO - ANÁLISIS DE AGUAS",7785,"SOLIDOS SUSPENDIDOS TOTALES, SECADO A 103°C - 105°C. Norma técnica: SM 2540 D.","UN",21420,"Actualización  2021 - I"]
["Antiguo","ENSAYO LABORATORIO - ANÁLISIS DE AGUAS",7786,"SOLIDOS DISUELTOS TOTALES. Norma técnica: SM 2540 C.","UN",21420,"Actualización  2021 - I"]
["Antiguo","ENSAYO LABORATORIO - ANÁLISIS DE AGUAS",7787,"SOLIDOS TOTALES, SECADO A 103°C - 105°C. Norma técnica: SM 2540 B  ASTM C 1603 2010.","UN",21420,"Actualización  2021 - I"]
["Antiguo","ENSAYO LABORATORIO - ANÁLISIS DE AGUAS",7788,"SOLIDOS SEDIMENTABLES. Norma técnica: SM 2540 F.","UN",18862,"Actualización  2021 - I"]
["Antiguo","ENSAYO LABORATORIO - ANÁLISIS DE AGUAS",7798,"PH. Norma técnica: SM 4500 - H + B  ASTM D 1293 2012.","UN",3332,"Actualización  2021 - I"]
["Antiguo","ENSAYO LABORATORIO - ANÁLISIS DE AGUAS",7800,"TEMPERATURA DEL AGUA. Norma técnica: SM 2550 B.","UN",2618,"Actualización  2021 - I"]
["Antiguo","ENSAYO LABORATORIO - ANÁLISIS DE AGUAS",7801,"COLOR VERDADERO. Norma técnica: SM 2120 B.","UN",9745,"Actualización  2021 - I"]
["Antiguo","MATERIALES DE FERRETERÍA Y OTROS",7811,"CEPILLO INDUSTRIAL DE NYLON CON CABO DE 35CM A 42CM X 9CM X 17CM","UN",12910,"Actualización  2021 - I"]
["Antiguo","MATERIALES DE FERRETERÍA Y OTROS",7812,"CARRETILLA  RUEDA NEUMATICA PLATON METALICO CAPACIDAD CINCO PIES CUBICOS MANGO MADERA TIPO BUGGY","UN",123283,"Actualización  2021 - I"]
["Antiguo","MATERIALES DE FERRETERÍA Y OTROS",7813,"BARRA DE 18LB CON PUNTA Y PALA 150CM X 10CM","UN",87296,"Actualización  2021 - I"]
["Antiguo","MATERIALES DE FERRETERÍA Y OTROS",7814,"SERRUCHO DE 20\" DIENTE ENDURECIDO","UN",16964,"Actualización  2021 - I"]
["Antiguo","EQUIPO LIVIANO Y HERRAMIENTAS",7815,"MARTILLO DE BOLA DE 2LB","UN",37900,"Actualización  2021 - I"]
["Antiguo","MATERIALES DE FERRETERÍA Y OTROS",7818,"CAMILLA MADERA PRIMEROS AUXILIOS INMOVILIZADOR CABEZA","UN",189523,"Actualización  2021 - I"]
["Antiguo","MATERIALES DE FERRETERÍA Y OTROS",7819,"EXTINTOR POLVO QUIMICO SECO DE 20LB TIPO ABC METALICO CON GANCHO Y AVISO","UN",82155,"Actualización  2021 - I"]
["Antiguo","DOTACIÓN (EPP) Y EQUIP. Y HERRAM. SEGUR. INDUSTR.",7821,"BOTA LISA DIELECTRICA CON PUNTERA EN ACERO DE CAUCHO, CINTA AMARILLA, PUNTERA Y PLANTILLA EN ACERO","PAR",79990,"Actualización  2021 - I"]
["Antiguo","DOTACIÓN (EPP) Y EQUIP. Y HERRAM. SEGUR. INDUSTR.",7822,"BOTA CUERO LISA NEGRA SEGURIDAD PUNTERA DE ACERO","PAR",60216,"Actualización  2021 - I"]
["Antiguo","DOTACIÓN (EPP) Y EQUIP. Y HERRAM. SEGUR. INDUSTR.",7823,"BOTA DE CAUCHO, CINTA AMARILLA, PUNTERA Y PLANTILLA EN ACERO","PAR",112415,"Actualización  2021 - I"]
["Antiguo","DOTACIÓN (EPP) Y EQUIP. Y HERRAM. SEGUR. INDUSTR.",7824,"PROTECTOR AUDITIVO TIPO TAPON DESECHABLE SIN CORDON","PAR",595,"Actualización  2021 - I"]
["Antiguo","DOTACIÓN (EPP) Y EQUIP. Y HERRAM. SEGUR. INDUSTR.",7825,"MASCARILLA DESECHABLE CONTRA POLVOS Y PARTICULAS NO TOXICAS","UN",1300,"Actualización  2021 - I"]
["Antiguo","DOTACIÓN (EPP) Y EQUIP. Y HERRAM. SEGUR. INDUSTR.",7826,"MASCARILLA DESECHABLE CON VALVULA CONTRA POLVO Y PARTICULAS NO TOXICAS","UN",5241,"Actualización  2021 - I"]
["Antiguo","DOTACIÓN (EPP) Y EQUIP. Y HERRAM. SEGUR. INDUSTR.",7827,"PROTECTOR AUDITIVO TIPO TAPON INSERCION EN SILICONA CON CORDEL EN ESTUCHE","PAR",2142,"Actualización  2021 - I"]
["Antiguo","MATERIALES DE FERRETERÍA Y OTROS",7830,"CARTUCHO VAPORES ORGANICOS","PAR",19311,"Actualización  2021 - I"]
["Antiguo","DOTACIÓN (EPP) Y EQUIP. Y HERRAM. SEGUR. INDUSTR.",7832,"BARBUQUEJO EN REATA CON MENTONERA CON TRES APOYOS PARA CASCO","UN",4590,"Actualización  2021 - I"]
["Antiguo","DOTACIÓN (EPP) Y EQUIP. Y HERRAM. SEGUR. INDUSTR.",7836,"ARNES MULTIPROPOSITO CON ESLINGA - 4 ANILLOS - PARA RESTRICCION Y DETENCION DE CAIDAS CON PUNTO FIJO","UN",135641,"Actualización  2021 - I"]
["Antiguo","DOTACIÓN (EPP) Y EQUIP. Y HERRAM. SEGUR. INDUSTR.",7837,"ESLINGA SEGURIDAD CINTA DE NYLON EN Y CON AMORTIGUADOR Y 2 MOSQUETONES GRANDES","UN",208877,"Actualización  2021 - I"]
["Antiguo","DOTACIÓN (EPP) Y EQUIP. Y HERRAM. SEGUR. INDUSTR.",7838,"IMPERMEABLE INDUSTRIAL PVC CON CAPUCHA EN NYLON","UN",37997,"Actualización  2021 - I"]
["Antiguo","DOTACIÓN (EPP) Y EQUIP. Y HERRAM. SEGUR. INDUSTR.",7839,"OVEROL IMPERMEABLE INDUSTRIAL AMARILLO 2 PIEZAS CON CAPUCHA","UN",37997,"Actualización  2021 - I"]
["Antiguo","DOTACIÓN (EPP) Y EQUIP. Y HERRAM. SEGUR. INDUSTR.",7844,"GUANTE NITRILO 13\" RESISTENTE CONTRA QUIMICOS COMBUSTIBLES SOLVENTES GRASAS","PAR",7158,"Actualización  2021 - I"]
["Antiguo","DOTACIÓN (EPP) Y EQUIP. Y HERRAM. SEGUR. INDUSTR.",7846,"GUANTE CARNAZA REFORZADO EN CARNAZA LARGO","PAR",9990,"Actualización  2021 - I"]
["Antiguo","MATERIALES DE FERRETERÍA Y OTROS",7850,"CINTA PARA SEÑALIZACION DE 500MT X 4\" PELIGRO CALIBRE 3.5","ROLLO",20598,"Actualización  2021 - I"]
["Antiguo","DOTACIÓN (EPP) Y EQUIP. Y HERRAM. SEGUR. INDUSTR.",7851,"RESPIRADOR PARA GASES DOBLE SIN CARTUCHO","UN",28000,"Actualización  2021 - I"]
["Antiguo","MATERIALES DE FERRETERÍA Y OTROS",7852,"TELA VERDE PARA CERRAMIENTO 2.10 METRO DE ANCHO DE 60GR","ML",2214,"Actualización  2021 - I"]
["Antiguo","MUEBLES - EQUIPOS Y ELEMENTOS OFICINA",7870,"VÍDEO BEAM - ALQUILER POR DIA","DIA",107171,"Actualización  2021 - I"]
["Antiguo","ENSAYO LABORATORIO - MEZCLAS ASFALTICAS",7874,"GRAVEDAD ESPECÍFICA BULK Y DENSIDAD DE MEZCLAS ASFÁLTICAS COMPACTADAS NO ABSORBENTES EMPLEANDO ESPECÍMENES SATURADOS Y SUPERFICIALMENTE SECOS. Norma técnica: INV E – 733 - 13 ASTM D2726.","UN",36488,"Actualización  2021 - I"]
["Antiguo","ENSAYO LABORATORIO - MEZCLAS ASFALTICAS",7876,"EXTRACCIÓN CUANTITATIVA DEL ASFÁLTO EN MEZCLAS PARA PAVIMENTOS. Norma técnica: INV E – 732 - 13 ASTM D2172/D2172M.","UN",122570,"Actualización  2021 - I"]
["Antiguo","ENSAYO LABORATORIO - CONCRETOS HIDRÁULICOS",7877,"RESISTENCIA A LA FLEXIÓN DEL CONCRETO USANDO UNA VIGA SIMPLEMENTE APOYADA Y CARGADA EN LOS TERCIOS DE LA LUZ LIBRE. Norma técnica: INV E - 414 -13 NTC - 2871 ASTM C78/C78M.","UN",35700,"Actualización  2021 - I"]
["Antiguo","BORDILLOS Y LOSETAS",7884,"SARDINEL ESPECIAL A 110 - RAMPA B (600X400X500MM)","UN",58794,"Actualización  2021 - I"]
["Antiguo","PINTURAS",7891,"ESMALTE ALQUIDICO","GLN",55573,"Actualización  2021 - I"]
["Antiguo","SERV. DIAGNÓSTICO-INSPECCIÓN REDES HIDROSANITARIAS",7892,"EQUIPO VACTOR - SONDEO - LIMPIEZA - RECOLECCIÓN DE LODOS NO PELIGROSOS","HR",278460,"Actualización  2021 - I"]
["Antiguo","GESTIÓN SOCIAL ELEMENTOS DE PUBLICIDAD",7896,"IMPRESIÓN HOJA CARTA, A 1X0 TINTAS EN PAPEL BOND DE 75 GR.","UN",159,"Actualización  2021 - I"]
["Antiguo","GESTIÓN SOCIAL ELEMENTOS DE PUBLICIDAD",7897,"AFICHE TAMAÑO MEDIO PLIEGO A 4X0 TINTAS EN PROPALCOTE DE 115 GR.","UN",572,"Actualización  2021 - I"]
["Antiguo","GESTIÓN SOCIAL ELEMENTOS DE PUBLICIDAD",7898,"PLEGABLES DE SOSTENIBILIDAD EN TRES CUERPOS TAMAÑO CARTA A 4X4 TINTAS EN PROPALCOTE.","UN",280,"Actualización  2021 - I"]
["Antiguo","GESTIÓN SOCIAL ELEMENTOS DE PUBLICIDAD",7900,"VOLANTES TAMAÑO CARTA POLICROMÍA DE 114 GR.","UN",159,"Actualización  2021 - I"]
["Antiguo","GESTIÓN SOCIAL ELEMENTOS DE PUBLICIDAD",7901,"VOLANTES TAMAÑO 1/2 CARTA POLICROMÍA COTE DE 115 GR.","UN",86,"Actualización  2021 - I"]
["Antiguo","EXÁMENES MÉDICOS",7904,"EXÁMEN MÉDICO OCUPACIONAL DE INGRESO O RETIRO","UN",25000,"Actualización  2021 - I"]
["Antiguo","EXÁMENES MÉDICOS",7906,"EXAMEN DE AUDIOMETRÍA DE INGRESO O EGRESO","UN",18000,"Actualización  2021 - I"]
["Antiguo","EXÁMENES MÉDICOS",7908,"EXAMEN DE OPTOMETRÍA DE INGRESO O EGRESO","UN",18000,"Actualización  2021 - I"]
["Antiguo","EXÁMENES MÉDICOS",7910,"EXAMEN DE ESPIROMETRÍA DE INGRESO O EGRESO","UN",16000,"Actualización  2021 - I"]
["Antiguo","EQUIPO LIVIANO Y HERRAMIENTAS",7919,"EQUIPO DE PINTURA PARA ESMALTE ALQUIDICO","DIA",39984,"Actualización  2021 - I"]
["Antiguo","CONCRETOS Y MORTEROS PREMEZCLADOS",7921,"CONCRETO MR41 DE RESISTENCIA ACELERADA (3 días)","M3",466562,"Actualización  2021 - I"]
["Antiguo","EQUIPO LIVIANO Y HERRAMIENTAS",7922,"HIDROLAVADORA MOTOR A GASOLINA PRESION 3200 PSI CAUDAL 14-15 LT/MIN - INCLUYE COMBUSTIBLE","HR",6863,"Actualización  2021 - I"]
["Antiguo","PRODUCTOS QUÍMICOS - PESTICIDAS - FITOSANITARIOS",7923,"DETERGENTE/DESENGRASANTE INDUSTRIAL","KG",16475,"Actualización  2021 - I"]
["Antiguo","SEÑALES, BARRERAS Y DEMARCACIÓN VIAL",7926,"TACHÓN PLÁSTICO  REFLECTIVO ALTA RESISTENCIA DE L:40cm x Ancho:15cm x Alto:8cm INCLUYE TORNILLOS DE ANCLAJE","UN",20230,"Actualización  2021 - I"]
["Antiguo","TUBERIAS DE PVC - ACUEDUCTO",7932,"TUBERÍA PVC PRESIÓN 1/2\" RDE 9 500 PSI","ML",4019,"Actualización  2021 - I"]
["Antiguo","ACCESORIOS HD PARA REDES DE ACUEDUCTO",7934,"KIT DE NIVELACIÓN PARA HIDRANTE  DE DIÁMETRO DE 6\", LONGITUD 400mm , INCLUYE TODOS LOS ELEMENTOS NECESARIOS PARA SU INSTALACIÓN","UN",674193,"Actualización  2021 - I"]
["Antiguo","ACCESORIOS HD PARA REDES DE ACUEDUCTO",7939,"REDUCCIÓN CONCENTRICA HD EL 4\" x 3\"","UN",126029,"Actualización  2021 - I"]
["Antiguo","ACCESORIOS HD PARA REDES DE ACUEDUCTO",7941,"REDUCCIÓN HD 6\" x 4\" J.H.","UN",304671,"Actualización  2021 - I"]
["Antiguo","ACCESORIOS HD PARA REDES DE ACUEDUCTO",7942,"REDUCCIÓN HD 4\" x 2\" J.H.","UN",96801,"Actualización  2021 - I"]
["Antiguo","MATERIALES DE FERRETERÍA Y OTROS",7945,"CINTA TEFLON - CINTA SELLANTE 1/2\" x 0.20 DENSIDAD","ML",137,"Actualización  2021 - I"]
["Antiguo","SOLDADURA Y PEGANTES",7946,"SOLDADURA DE ESTAÑO ROLLO DE 250 GR. 1/16\"","LB",99000,"Actualización  2021 - I"]
["Antiguo","MARCOS, TAPAS, REJILLAS, HERRAJES Y CAJILLAS",7947,"CAJILLA PLASTICA Y TAPA EN POLIPROPILENO PARA MEDIDOR.","UN",198837,"Actualización  2021 - I"]
["Antiguo","TUBERIA Y ACCESORIOS EN ACERO GALVANIZADO",7948,"TUBERÍA DE ACERO GALVANIZADO 1\". Espesor del tubo (1.5mm)","ML",5262,"Actualización  2021 - I"]
["Antiguo","TUBERÍA Y ACCESORIOS DE PVC PARA ALCANTARILLADO",7949,"KIT SILLA YEE 200 x 160 PVC","UN",92500,"Actualización  2021 - I"]
["Antiguo","TUBERÍA Y ACCESORIOS DE PVC PARA ALCANTARILLADO",7950,"KIT SILLA YEE 315 x 160 PVC","UN",166000,"Actualización  2021 - I"]
["Antiguo","ARBOLES-GRAMAS-VEGETACIÓN Y PLANTACIÓN PAISAJÍSTIC",7953,"PASTO KIKUYO CORTADO A MÁQUINA (INCLUYE SUMINISTRO Y RIEGO DE TIERRA FERTIL DE 10 cm DE ESPESOR E INSTALACIÓN Y SIEMBRA DE PASTO Y SALADO Y NIVELACIÓN","M2",9585,"Actualización  2021 - I"]
["Antiguo","ARBOLES-GRAMAS-VEGETACIÓN Y PLANTACIÓN PAISAJÍSTIC",7955,"NOGAL H= 1.5 mt. INCLUYE SIEMBRA, CAJA, TIERRA, ABONO Y TUTOR","UN",128900,"Actualización  2021 - I"]
["Antiguo","ARBOLES-GRAMAS-VEGETACIÓN Y PLANTACIÓN PAISAJÍSTIC",7956,"ROBLE H= 1.5 mt. INCLUYE SIEMBRA, CAJA, TIERRA, ABONO Y TUTOR","UN",150000,"Actualización  2021 - I"]
["Antiguo","ARBOLES-GRAMAS-VEGETACIÓN Y PLANTACIÓN PAISAJÍSTIC",7957,"CAUCHO SABANERO H= 1.5 mt. INCLUYE SIEMBRA, CAJA, TIERRA, ABONO Y TUTOR","UN",148000,"Actualización  2021 - I"]
["Antiguo","ARBOLES-GRAMAS-VEGETACIÓN Y PLANTACIÓN PAISAJÍSTIC",7958,"MAGNÓLIO H= 1.5 mt. INCLUYE SIEMBRA, CAJA, TIERRA, ABONO Y TUTOR","UN",200000,"Actualización  2021 - I"]
["Antiguo","ARBOLES-GRAMAS-VEGETACIÓN Y PLANTACIÓN PAISAJÍSTIC",7959,"YARUMO H= 1.5 mt. INCLUYE SIEMBRA, CAJA, TIERRA, ABONO Y TUTOR","UN",180000,"Actualización  2021 - I"]
["Antiguo","TUBERÍA Y ACCESORIOS DE CONCRETO",7961,"TUBO EN CONCRETO ALTA RESISTENCIA D= 10\". ","ML",228268,"Actualización  2021 - I"]
["Antiguo","TUBERÍA Y ACCESORIOS DE CONCRETO",7962,"TUBO EN CONCRETO ALTA RESISTENCIA D= 12\".","ML",276923,"Actualización  2021 - I"]
["Antiguo","TUBERÍA Y ACCESORIOS DE CONCRETO",7963,"TUBO EN CONCRETO ALTA RESISTENCIA D= 14\" EXTRA REFORZADO","ML",338851,"Actualización  2021 - I"]
["Antiguo","ACCESORIOS HD PARA REDES DE ACUEDUCTO",7965,"REDUCCIÓN HD 4\" x 3\" J.H.","UN",126029,"Actualización  2021 - I"]
["Antiguo","ACCESORIOS HD PARA REDES DE ACUEDUCTO",7966,"REDUCCIÓN HD 8\" x 6\" J.H.","UN",409899,"Actualización  2021 - I"]
["Antiguo","ACCESORIOS HD PARA REDES DE ACUEDUCTO",7967,"KIT DE NIVELACIÓN PARA HIDRANTE TRÁFICO DE DIÁMETRO DE 4\", LONGITUD 400mm , INCLUYE TODOS LOS ELEMENTOS NECESARIOS PARA SU INSTALACIÓN","UN",761067,"Actualización  2021 - I"]
["Antiguo","FORMALETAS, ANDAMIOS Y ACCESORIOS",7968,"JUEGO DE MOLDES PARA ESTAMPADO CONCRETO","UN",249900,"Actualización  2021 - I"]
["Antiguo","SELLANTES-IMPERMEABILIZANTES Y ADITIVOS CONCRETOS",7969,"COLOR ENDURECEDOR DE CUARZO - OCRE (4 Kg/m2)","M2",4635,"Actualización  2021 - I"]
["Antiguo","MATERIALES DE FERRETERÍA Y OTROS",7970,"DESMOLDANTE EN POLVO COLOR (0.2 Kg/m2)","M2",3983,"Actualización  2021 - I"]
["Antiguo","MATERIALES DE FERRETERÍA Y OTROS",7971,"SELLADOR ACRÍLICO TRANSPARENTE SEMILUSTRE (0.25 L/m2)","M2",5422,"Actualización  2021 - I"]
["Antiguo","SELLANTES-IMPERMEABILIZANTES Y ADITIVOS CONCRETOS",7973,"ADHESIVO TIPO LATEX PARA MORTERO","KG",23669,"Actualización  2021 - I"]
["Antiguo","SELLANTES-IMPERMEABILIZANTES Y ADITIVOS CONCRETOS",7974,"SELLANTE PARA PISO","GLN",83776,"Actualización  2021 - I"]
["Antiguo","AGREGADOS PÉTREOS, BASES Y SUBBASES GRANULARES",7976,"SUBBASE GRANULAR PEA (SBG_PEA)","M3",41650,"Actualización  2021 - I"]
["Antiguo","AGREGADOS PÉTREOS, BASES Y SUBBASES GRANULARES",7977,"MATERIAL SELECCIONADO","M3",16660,"Actualización  2021 - I"]
["Antiguo","MATERIALES DE FERRETERÍA Y OTROS",7979,"CINTA MÉTRICA DE 30 MT","UN",31679,"Actualización  2021 - I"]
["Antiguo","NEOPRENOS",7981,"JUNTA DE DILATACIÓN ELASTOMÉRICA 250 TAMAÑO 64 x  70 mm","ML",69972,"Actualización  2021 - I"]
["Antiguo","EQUIPO",7983,"ALQUILER DE VEHICULO: CAMPERO, PICK-UP, CAMIONETA, CAMION O SIMILAR DE 1300cc A 2000cc DE CILINDRADA, MODELO 2014 A 2011. 75% DE LA TARIFA ESTABLECIDA. INCLUYE TODOS LOS COSTOS DE OPERACIÓN Y MANTENIMIENTO EXCEPTO EL SALARIO DEL CONDUCTOR.","DIA",160500,"Actualización MO 2022"]
["Antiguo","EQUIPO PESADO",7984,"CARROTANQUE IRRIGADOR DE ASFALTO CAPACIDAD APROX 3000 LT","HR",87500,"Actualización  2021 - I"]
["Antiguo","EQUIPO",7989,"ALQUILER DE VEHICULO: CAMPERO, PICK-UP, CAMIONETA, CAMION O SIMILAR CON CAPACIDAD DE CARGA DE 3 TON O MAS, MODELO 2014 A 2011. 75% DE LA TARIFA ESTABLECIDA. INCLUYE TODOS LOS COSTOS DE OPERACIÓN Y MANTENIMIENTO EXCEPTO EL SALARIO DEL CONDUCTOR.","MES",9362250,"Actualización MO 2022"]
["Antiguo","GESTIÓN SOCIAL ELEMENTOS DE IDENTIFICACIÓN EN OBRA",7992,"AVISO PUNTO CREA 1.50m x 0.90m EN LÁMINA GALVANIZADA CAL. 24. INCLUYE SUMINISTRO E INSTALACIÓN","UN",416500,"Actualización  2021 - I"]
["Antiguo","ACTIVIDADES A TODO COSTO",7993,"CARPA VESTIER 2.0m x 2.0m TECHO Y ESTRUCTURA CON LATERALES EN LONA","UN",963900,"Actualización  2021 - I"]
["Antiguo","MATERIALES DE FERRETERÍA Y OTROS",7994,"MALLA DE GALLINERO 1 1/4\" (ROLLO 0.90m x 10.0m)","M2",1609,"Actualización  2021 - I"]
["Antiguo","SELLANTES-IMPERMEABILIZANTES Y ADITIVOS CONCRETOS",7999,"ADITIVO POTENCIALIZADOR DE CEMENTO (AUMENTO DE RESISTENCIA Y FLEXIBILIDAD DE SUELO)","KG",179095,"Actualización  2021 - I"]
["Antiguo","SERV. DIAGNÓSTICO-INSPECCIÓN REDES HIDROSANITARIAS",8000,"INSPECCIÓN DE REDES DE ALCANTARILLADO CON SISTEMA CCTV PARA DIÁMETROS ENTRE 6\" Y 36\". INCL MANO DE OBRA IDÓNEA, INFORME ESCRITO DE DIAGNÓSTICO Y DVD CON VIDEO. INCL IVA","ML",10591,"Actualización  2021 - I"]
["Antiguo","SERV. DIAGNÓSTICO-INSPECCIÓN REDES HIDROSANITARIAS",8001,"INSPECCIÓN DE REDES DE ALCANTARILLADO CON SISTEMA CCTV  PARA DIÁMETROS MAYORES A 36\". INCL MANO DE OBRA IDÓNEA, INFORME ESCRITO DE DIAGNÓSTICO Y DVD CON VIDEO. INCL IVA","ML",11305,"Actualización  2021 - I"]
["Antiguo","SERV. DIAGNÓSTICO-INSPECCIÓN REDES HIDROSANITARIAS",8002,"LAVADO Y SONDEO DE REDES DE ALCANTARILLADO ENTRE 6\" Y 18\" DE DIÁMETRO Y CON GRADO DE COLMATACIÓN MENOR DEL 30%. INCL MANO DE OBRA IDÓNEA, SEÑALIZACIÓN BÁSICA, SUMIN DE COMBUSTIBLE Y AGUA. INCL. IVA","ML",16363,"Actualización  2021 - I"]
["Antiguo","SERV. DIAGNÓSTICO-INSPECCIÓN REDES HIDROSANITARIAS",8003,"LAVADO Y SONDEO DE REDES DE ALCANTARILLADO ENTRE 16\" Y 36\" DE DIÁMETRO Y CON GRADO DE COLMATACIÓN MENOR DEL 30%. INCLUYE MANO DE OBRA IDÓNEA, SEÑALIZACIÓN BÁSICA, SUMIN DE COMBUSTIBLE Y AGUA. INCL IVA","ML",17672,"Actualización  2021 - I"]
["Antiguo","ENSAYO LABORATORIO - SUELOS",8011,"COMPRESIÓN TRIAXIAL EN CONDICIÓN CD CONSOLIDADO - DRENADO SOBRE SUELOS (3 PUNTOS). Norma técnica: ASTM D7181 - 11","UN",2206260,"Actualización  2021 - I"]
["Antiguo","ENSAYO LABORATORIO - SUELOS",8012,"CBR SOBRE MUESTRA INALTERADA (SUELOS COHESIVOS). Norma técnica: INV E 148-13 NTC-2122-13 ASTM D1883 - 16.","UN",172550,"Actualización  2021 - I"]
["Antiguo","ENSAYO LABORATORIO - SUELOS",8015,"COMPRESIÓN INCONFINADA EN MUESTRAS DE SUELO. Norma técnica: INV E 152-13 NTC-1527-00 ASTM D2166 / D2166M - 16.","UN",74970,"Actualización  2021 - I"]
["Antiguo","ENSAYO LABORATORIO - SUELOS",8019,"RELACIONES HUMEDAD - PESO UNITARIO SECO EN LOS SUELOS (ENSAYO MODIFICADO DE COMPACTACIÓN). Norma técnica: INV E 142-13 ASTM D1557 - 12e1.","UN",140200,"Actualización  2021 - I"]
["Antiguo","ENSAYO CAMPO - ELEMENTOS ESTRUCTURALES CONCRETO",8025,"DETECCIÓN DEL REFUERZO UTILIZANDO FERROSCAN (POR DÍA)","DIA",874000,"Actualización  2021 - I"]
["Antiguo","ENSAYO CAMPO - ELEMENTOS ESTRUCTURALES CONCRETO",8026,"DETERMINACIÓN DE LA PROFUNDIDAD DE CARBONATACIÓN EN CONCRETO ENDURECIDO Y PUESTO EN SERVICIO","UN",53550,"Actualización  2021 - I"]
["Antiguo","ENSAYO CAMPO - ELEMENTOS ESTRUCTURALES CONCRETO",8028,"DETERMINACIÓN DEL NÚMERO DE REBOTE (ÍNDICE ESCLEROMÉTRICO) EN EL CONCRETO ENDURECIDO, ZONA POR ELEMENTO. Norma técnica: INV E 413 -13  NTC 3692  ASTM C805/C805M.","UN",95200,"Actualización  2021 - I"]
["Antiguo","SEMAFORIZACION",8033,"SEMÁFORO VEHICULAR DE POLICARBONATO (3x200), LENTES DE POLICARBONATO DE 8\", TRES LUCES, SISTEMA DE ILUMINACIÓN A LEDS. SUMINISTRO E INSTALACIÓN","UN",3617304,"Actualización  2021 - I"]
["Antiguo","SEMAFORIZACION",8034,"SEMÁFORO PEATONAL DE POLICARBONATO (2x200), LENTES DE POLICARBONATO DE 8\", DOS LUCES, SISTEMA DE ILUMINACIÓN A LEDS. SUMINISTRO E INSTALACIÓN","UN",2634715,"Actualización  2021 - I"]
["Antiguo","SEMAFORIZACION",8035,"POSTE TIPO MÁSTIL T1 (3.60m) EN TUBO SCH 40 GALVANIZADO Y PINTADO - SUMINISTRO E INSTALACIÓN","UN",1573061,"Actualización  2021 - I"]
["Antiguo","SEMAFORIZACION",8036,"POSTE TIPO MÉNSULA T2 (5.50m) EN TUBO SCH 40 GALVANIZADO Y PINTADO. SUMINISTRO E INSTALACION","UN",3338426,"Actualización  2021 - I"]
["Antiguo","SEMAFORIZACION",8037,"CABLE ELÉCTRICO 4x16 AWG PARA CONTROL DE SEMÁFOROS VEHICULARES TIPO ST CU 600V 75°C","ML",3500,"Actualización  2021 - I"]
["Antiguo","SEMAFORIZACION",8038,"CABLE ELÉCTRICO 3x16 AWG PARA CONTROL DE SEMÁFOROS PEATONALES TIPO ST CU 600V 75°C","ML",2423,"Actualización  2021 - I"]
["Antiguo","CABLES Y ACCESORIOS ELECTRICOS",8039,"CABLE ELÉCTRICO 2x8 AWG PARA ACOMETIDA TIPO ST CU 600V 75°C","ML",12672,"Actualización  2021 - I"]
["Antiguo","MALLAS Y ACEROS PARA REFUERZO",8041,"ACERO LISO  D= 1 1/4\"","KG",2651,"N.A"]
["Antiguo","NEOPRENOS",8043,"NEOPRENO REFORZADO (doble refuerzo)","dm3",64703,"Actualización  2021 - I"]
["Antiguo","FORMALETAS, ANDAMIOS Y ACCESORIOS",8044,"ANDAMIO TUBULAR DE 1.50m (6 SECCIONES)","DIA",3570,"Actualización  2021 - I"]
["Antiguo","ACCESORIOS HD PARA REDES DE ACUEDUCTO",8046,"ADAPTADOR BRIDA 12\" (334mm A 352mm) R2","UN",832034,"Actualización  2021 - I"]
["Antiguo","ACCESORIOS HD PARA REDES DE ACUEDUCTO",8047,"ACOPLE UNIVERSAL R1-R2 D= 8\"","UN",367686,"Actualización  2021 - I"]
["Antiguo","ACCESORIOS HD PARA REDES DE ACUEDUCTO",8048,"ACOPLE UNIVERSAL R1-R2 D= 12\"","UN",713024,"Actualización  2021 - I"]
["Antiguo","ACCESORIOS HD PARA REDES DE ACUEDUCTO",8049,"TAPA VALVULA DE SEGURIDAD CIERRE PERMANENTE No.3","UN",212249,"Actualización  2021 - I"]
["Antiguo","FORMALETAS, ANDAMIOS Y ACCESORIOS",8050,"PARAL LARGO (2.0m A 2.50m)","DIA",179,"Actualización  2021 - I"]
["Antiguo","ESTRUCTURAS EN ACERO",8051,"TUBERÍA ESTRUCTURAL METÁLICO CUADRADO DE 6mt (50mm x 50mm) ESPESOR 2mm","UN",65899,"N.A"]
["Antiguo","ACCESORIOS HD PARA REDES DE ACUEDUCTO",8052,"REGISTRO DE INCORPORACIÓN HG 1/2\" CON ACOPLE","UN",28626,"Actualización  2021 - I"]
["Antiguo","ACCESORIOS HD PARA REDES DE ACUEDUCTO",8053,"REGISTRO DE BOLA TIPO PESADO 1/2\"","UN",16885,"Actualización  2021 - I"]
["Antiguo","TUBERIAS DE PVC - ACUEDUCTO",8054,"ADAPTADOR MACHO PVC 1/2\"","UN",450,"Actualización  2021 - I"]
["Antiguo","ACCESORIOS HD PARA REDES DE ACUEDUCTO",8055,"COLLAR DE DERIVACIÓN 3\" x 1/2\"","UN",39893,"Actualización  2021 - I"]
["Antiguo","TUBERÍA Y ACCESORIOS DE PVC PARA ALCANTARILLADO",8056,"TUBERIA A.N. 2\" ESPESOR= 1.9mm","ML",12498,"Actualización  2021 - I"]
["Antiguo","TUBERIA Y ACCESORIOS EN ACERO GALVANIZADO",8057,"TUBERÍA DE ACERO GALVANIZADO 1/2\". Espesor del tubo (15mm)","ML",3667,"Actualización  2021 - I"]
["Antiguo","TRANSPORTES DE MATERIALES Y ACARREOS",8060,"TRANSPORTE DE MAQUINARIA DE 6 A 9 TONELADAS. INCLUYE ESCOLTA. VIAJE IDA Y VUELTA","VIAJE",863643,"Actualización  2021 - I"]
["Antiguo","ENSAYO LABORATORIO - MEZCLAS ASFALTICAS",8061,"EFECTO DEL AGUA SOBRE LA RESISTENCIA A LA COMPRESIÓN DE LAS MEZCLAS ASFÁLTICAS COMPACTADAS (ENSAYO DE INMERSIÓN- COMPRESIÓN), incluye elaboración. Norma técnica: INV E – 738 - 13 ASTM D1075.","UN",1038000,"Actualización  2021 - I"]
["Antiguo","ENSAYO LABORATORIO - SUELOS",8062,"MÓDULO RESILIENTE DE SUELOS Y AGREGADOS. Norma técnica: INV E 156-13 AASHTO T 307","UN",1300000,"Actualización  2021 - I"]
["Antiguo","POSTES Y ALUMBRADO PUBLICO",8070,"SISTEMA DE ANCLAJE PARA POSTES METÁLICOS 3/4\" x 1500 (4 PERNOS)","UN",126083,"Actualización  2021 - I"]
["Antiguo","EQUIPO LIVIANO Y HERRAMIENTAS",8077,"EQUIPO DE OXICORTE","DIA",83300,"Actualización  2021 - I"]
["Antiguo","TUBERÍA Y ACCESORIOS DE PVC PARA ALCANTARILLADO",8078,"YEE PVC SANITARIA D=4\"","UN",27815,"Actualización  2021 - I"]
["Antiguo","ACCESORIOS HD PARA REDES DE ACUEDUCTO",8079,"TEE HD 4\"X2\" EXTREMO LISO","UN",196996,"Actualización  2021 - I"]
["Antiguo","TUBERÍA Y ACCESORIOS ACERO AL CARBÓN",8080,"TUBERIA ACERO CARBON ASTM A=53 SCH 40 DE D=12\"","ML",461063,"N.A"]
["Antiguo","ARBOLES-GRAMAS-VEGETACIÓN Y PLANTACIÓN PAISAJÍSTIC",8085,"PLANTACION DE FUCCIA H=1.3mt (Incluye tierra, abono, tutor) SUMINISTRO","UN",148000,"Actualización  2021 - I"]
["Antiguo","ARBOLES-GRAMAS-VEGETACIÓN Y PLANTACIÓN PAISAJÍSTIC",8086,"PLANTACION DE DURAZNILLO H=1.5mt (Incluye tierra, abono, tutor) SUMINISTRO","UN",150000,"Actualización  2021 - I"]
["Antiguo","ARBOLES-GRAMAS-VEGETACIÓN Y PLANTACIÓN PAISAJÍSTIC",8089,"PLANTACION DE GUAYACÁN H=1.5mt (Incluye tierra, abono, tutor) SUMINISTRO","UN",138000,"Actualización  2021 - I"]
["Antiguo","ARBOLES-GRAMAS-VEGETACIÓN Y PLANTACIÓN PAISAJÍSTIC",8090,"PLANTACION DE ARRAYÁN H=1.3mt (Incluye tierra, abono, tutor) SUMINISTRO","UN",65000,"Actualización  2021 - I"]
["Antiguo","ARBOLES-GRAMAS-VEGETACIÓN Y PLANTACIÓN PAISAJÍSTIC",8091,"PLANTACION DE CARBONERO H=1.5mt (Incluye tierra, abono, tutor) SUMINISTRO","UN",148700,"Actualización  2021 - I"]
["Antiguo","ARBOLES-GRAMAS-VEGETACIÓN Y PLANTACIÓN PAISAJÍSTIC",8094,"PLANTACION DE FALSO PIMIENTO  H=1.3mt (Incluye tierra, abono, tutor) SUMINISTRO","UN",128500,"Actualización  2021 - I"]
["Antiguo","ARBOLES-GRAMAS-VEGETACIÓN Y PLANTACIÓN PAISAJÍSTIC",8097,"PLANTACION DE CUBRESUELOS BALSAMINA (incluye 20 unidades por M2) SUMINISTRO","M2",142800,"Actualización  2021 - I"]
["Antiguo","LADRILLOS, BLOQUES Y ADOQUINES",8099,"ADOQUIN EN CONCRETO COLOR OCRE A25 - Adoquin en concreto de 10x20x6cm-Color Ocre","M2",47998,"Actualización  2021 - I"]
["Antiguo","LADRILLOS, BLOQUES Y ADOQUINES",8100,"ADOQUIN ECOLÓGICO EN CONCRETO DE 40 X 40 X 8cm - GRAMOQUIN","M2",40625,"Actualización  2021 - I"]
["Antiguo","SELLANTES-IMPERMEABILIZANTES Y ADITIVOS CONCRETOS",8101,"ACELERANTE DE FRAGUADO Y RESISTENCIA PARA CONCRETOS","KG",9252,"Actualización  2021 - I"]
["Antiguo","SUELDOS Y JORNALES ",8102,"TARIFA OPERADOR EQUIPO (INCLUYE FACTOR DE PRESTACIONES)","MES",2188333,"Actualización MO 2022"]
["Antiguo","EQUIPO PESADO",8103,"GRÚA TELESCÓPICA CAPACIDAD 50 TON. INCLUYE TRANSPORTE DE IDA Y VUELTA, COMBUSTIBLE Y OPERARIO","DIA",4165000,"Actualización  2021 - I"]
["Antiguo","ENSAYO LABORATORIO - ROCA",8113,"RESISTENCIA A LA COMPRESIÓN UNIAXIAL DE MUESTRAS DE ROCAS INTACTAS. Norma técnica: ASTM D7012 - 14 (Método C).","UN",113050,"Actualización  2021 - I"]
["Antiguo","ENSAYO LABORATORIO - MEZCLAS ASFALTICAS",8116,"RESISTENCIA A LA FATIGA DE MEZCLAS ASFÁLTICAS EN CALIENTE MEDIANTE EL ENSAYO DE FLEXIÓN EN DOS PUNTOS SOBRE PROBETAS TRAPEZOIDALES. Norma técnica: INV E – 808 - 13  UNE-EN 12697-24  Anexo A NF P 98-261-1.","UN",2300000,"Actualización  2021 - I"]
["Antiguo","CUBIERTA - CIELO RASO - CORTASOL TIPO TRANSMILENIO",8139,"PANEL ARQUITECTONICO PREFABRICADO EN CONCRETO - SUMINISTRO E INSTALACION","M2",237308,"Actualización  2021 - I"]
["Antiguo","PINTURAS",8141,"PINTURA BASE AGUA PARA USO EXTERIOR","GLN",55930,"Actualización  2021 - I"]
["Antiguo","BORDILLOS Y LOSETAS",8142,"BALDOSA DE GRANITO 33 x 33 CM","M2",47400,"Actualización  2021 - I"]
["Antiguo","SELLANTES-IMPERMEABILIZANTES Y ADITIVOS CONCRETOS",8143,"ADHESIVO PREMEZCLADO INTERIOR","KG",1297,"Actualización  2021 - I"]
["Antiguo","MATERIALES DE FERRETERÍA Y OTROS",8144,"BOQUILLA CON LATEX","KG",4726,"Actualización  2021 - I"]
["Antiguo","BORDILLOS Y LOSETAS",8145,"ZOCALO EN GRANITO h=7.2CM","ML",17000,"Actualización  2021 - I"]
["Antiguo","BORDILLOS Y LOSETAS",8146,"PORCELANATO BEIGE 60 x 60 CM2","M2",24900,"Actualización  2021 - I"]
["Antiguo","PINTURAS",8149,"PINTURA PARA ALUMINIO 260°C","GLN",118900,"Actualización  2021 - I"]
["Antiguo","MATERIALES DE FERRETERÍA Y OTROS",8150,"DISPENSADOR DE JABÓN METÁLICO DE 1 LT","UN",84656,"Actualización  2021 - I"]
["Antiguo","MATERIALES DE FERRETERÍA Y OTROS",8151,"JABONERA","UN",16846,"Actualización  2021 - I"]
["Antiguo","MATERIALES DE FERRETERÍA Y OTROS",8152,"PORTAROLLO","UN",10489,"Actualización  2021 - I"]
["Antiguo","MATERIALES DE FERRETERÍA Y OTROS",8153,"TOALLERO EN ACERO INOXIDABLE","UN",18001,"Actualización  2021 - I"]
["Antiguo","MATERIALES DE FERRETERÍA Y OTROS",8154,"LAVAPLATOS EN ACERO INOXIDABLE DE SOBREPONER CON ALETA Cr DE 1.0x0.50 MTS","UN",105941,"Actualización  2021 - I"]
["Antiguo","MATERIALES DE FERRETERÍA Y OTROS",8155,"SILICONA TRANSPARENTE 300ML","UN",7660,"Actualización  2021 - I"]
["Antiguo","TUBERÍA Y ACCESORIOS DE PVC PARA ALCANTARILLADO",8156,"TUBERIA PVC SANITARIA D=2\"","ML",12498,"Actualización  2021 - I"]
["Antiguo","TUBERÍA Y ACCESORIOS DE PVC PARA ALCANTARILLADO",8157,"TAPON DE PRUEBA PVC SANITARIA D=2\"","UN",1266,"Actualización  2021 - I"]
["Antiguo","TUBERÍA Y ACCESORIOS DE PVC PARA ALCANTARILLADO",8158,"TAPON DE PRUEBA PVC SANITARIA D=4\"","UN",3164,"Actualización  2021 - I"]
["Antiguo","TUBERÍA Y ACCESORIOS DE PVC PARA ALCANTARILLADO",8159,"CODO 45° 1/8 CxE PVC SANITARIA D=4\"","UN",15374,"Actualización  2021 - I"]
["Antiguo","TUBERÍA Y ACCESORIOS DE PVC PARA ALCANTARILLADO",8160,"CODO 45° 1/8 CxE PVC SANITARIA D= 2\"","UN",4098,"Actualización  2021 - I"]
["Antiguo","TUBERÍA Y ACCESORIOS DE PVC PARA ALCANTARILLADO",8161,"CODO 90° 1/4 CXE PVC SANITARIA D= 4\"","UN",16847,"Actualización  2021 - I"]
["Antiguo","TUBERÍA Y ACCESORIOS DE PVC PARA ALCANTARILLADO",8162,"YEE PVC SANITARIA D= 2\"","UN",7854,"Actualización  2021 - I"]
["Antiguo","TUBERÍA Y ACCESORIOS DE PVC PARA ALCANTARILLADO",8164,"YEE DOBLE PVC SANITARIA D= 4\"","UN",49036,"Actualización  2021 - I"]
["Antiguo","TUBERÍA Y ACCESORIOS DE PVC PARA ALCANTARILLADO",8165,"YEE REDUCIDA PVC SANITARIA 4\" x 2\"","UN",23881,"Actualización  2021 - I"]
["Antiguo","TUBERÍA Y ACCESORIOS DE PVC PARA ALCANTARILLADO",8166,"CODO 45°  1/8 CXC SANITARIA D= 4\"","UN",15374,"Actualización  2021 - I"]
["Antiguo","TUBERÍA Y ACCESORIOS DE PVC PARA ALCANTARILLADO",8167,"UNION SANITARIA  D= 4\"","UN",7900,"Actualización  2021 - I"]
["Antiguo","TUBERÍA Y ACCESORIOS DE PVC PARA ALCANTARILLADO",8169,"CODO 45°  1/8 CXC SANITARIA D= 2\"","UN",4098,"Actualización  2021 - I"]
["Antiguo","TUBERÍA Y ACCESORIOS DE PVC PARA ALCANTARILLADO",8170,"SIFON 180° D= 2\"","UN",5666,"Actualización  2021 - I"]
["Antiguo","TUBERÍA Y ACCESORIOS DE PVC PARA ALCANTARILLADO",8171,"UNION SANITARIA D= 2\"","UN",2761,"Actualización  2021 - I"]
["Antiguo","TUBERIAS DE PVC - ACUEDUCTO",8172,"TUBERIA PVC E.L. D= 1 1/4\" 200 PSI RDE 21","ML",8983,"Actualización  2021 - I"]
["Antiguo","TUBERIAS DE PVC - ACUEDUCTO",8173,"TUBERIA PVC E.L.  D= 1\" RDE 13.5 - 315 PSI","ML",7200,"Actualización  2021 - I"]
["Antiguo","TUBERIAS DE PVC - ACUEDUCTO",8174,"TEE PVC E.L. D= 1 1/2\"","UN",9828,"Actualización  2021 - I"]
["Antiguo","TUBERIAS DE PVC - ACUEDUCTO",8175,"TEE PVC E.L.  D= 1 1/4\"","UN",7483,"Actualización  2021 - I"]
["Antiguo","TUBERIAS DE PVC - ACUEDUCTO",8177,"CODO 90° PVC E.L.  D= 1 1/4\"","UN",4002,"Actualización  2021 - I"]
["Antiguo","TUBERIAS DE PVC - ACUEDUCTO",8178,"CODO 90° PVC E.L.  D= 1\"","UN",2083,"Actualización  2021 - I"]
["Antiguo","TUBERIAS DE PVC - ACUEDUCTO",8179,"CODO 90° E.L.  D= 1 1/2\"","UN",7472,"Actualización  2021 - I"]
["Antiguo","TUBERIAS DE PVC - ACUEDUCTO",8180,"REDUCCION PVC E.L.  D= 1 1/2 x 1 1/4\" (BUJE SOLDADO)","UN",3801,"Actualización  2021 - I"]
["Antiguo","TUBERIAS DE PVC - ACUEDUCTO",8181,"REDUCCION PVC E.L. D=1 1/4\" x 1\" (BUJE SOLDADO)","UN",2462,"Actualización  2021 - I"]
["Antiguo","TUBERIAS DE PVC - ACUEDUCTO",8182,"REDUCCION PVC E.L.  D= 1\" x 3/4","UN",1282,"Actualización  2021 - I"]
["Antiguo","TUBERIAS DE PVC - ACUEDUCTO",8183,"REDUCCION PVC E.L. D= 3/4\" x 1/2\" (BUJE SOLDADO)","UN",644,"Actualización  2021 - I"]
["Antiguo","TUBERIAS DE PVC - ACUEDUCTO",8185,"REGISTRO BOLA 1\" TIPO PESADO","UN",15668,"Actualización  2021 - I"]
["Antiguo","TUBERIAS DE PVC - ACUEDUCTO",8186,"REGISTRO BOLA 1 1/4\" TIPO PESADO","UN",20932,"Actualización  2021 - I"]
["Antiguo","TUBERIAS DE PVC - ACUEDUCTO",8187,"CODO 45° PVC E.L. D=1\"","UN",3346,"Actualización  2021 - I"]
["Antiguo","TUBERIAS DE PVC - ACUEDUCTO",8188,"TEE PVC E.L. D=1\" SHEDULE 40","UN",2899,"Actualización  2021 - I"]
["Antiguo","TUBERIAS DE PVC - ACUEDUCTO",8189,"TAPON COPA PVC D=1\" (TAPON SOLDADO)","UN",1270,"Actualización  2021 - I"]
["Antiguo","TUBERIAS DE PVC - ACUEDUCTO",8190,"CODO 45° PVC E.L. D=1/2\"","UN",1098,"Actualización  2021 - I"]
["Antiguo","TUBERIAS DE PVC - ACUEDUCTO",8191,"TUBERIA PVC E.L. D=1/2\" RDE 13.5 315PSI","ML",2868,"Actualización  2021 - I"]
["Antiguo","TUBERIAS DE PVC - ACUEDUCTO",8192,"TEE PVC E.L. D=1/2 SHEDULE 40","UN",877,"Actualización  2021 - I"]
["Antiguo","TUBERIAS DE PVC - ACUEDUCTO",8193,"TAPON COPA PVC D=1/2\"","UN",378,"Actualización  2021 - I"]
["Antiguo","CABLES Y ACCESORIOS ELECTRICOS",8195,"CABLE No.2 AWG 600V 90°","ML",12805,"Actualización  2021 - I"]
["Antiguo","CABLES Y ACCESORIOS ELECTRICOS",8199,"CABLE 4 AWG 600V 90° C THHN/THWN","ML",8138,"Actualización  2021 - I"]
["Antiguo","CABLES Y ACCESORIOS ELECTRICOS",8202,"VARILLA COPPERWELD DE 5/8\" (2.4 MT)","UN",149287,"Actualización  2021 - I"]
["Antiguo","CABLES Y ACCESORIOS ELECTRICOS",8203,"INTERRUPTOR MONOFASICO 40A","UN",8614,"Actualización  2021 - I"]
["Antiguo","CABLES Y ACCESORIOS ELECTRICOS",8204,"INTERRUPTOR TRIFILAR 50A","UN",48542,"Actualización  2021 - I"]
["Antiguo","SOLDADURA Y PEGANTES",8205,"SOLDADURA EXOTERMICA","GR",133,"Actualización  2021 - I"]
["Antiguo","CABLES Y ACCESORIOS ELECTRICOS",8206,"CABLE No.1/0 AWG THHN-600V COBRE","ML",18700,"Actualización  2021 - I"]
["Antiguo","CABLES Y ACCESORIOS ELECTRICOS",8207,"CONDUCTOR No.2 A 600V EN COBRE","ML",14323,"Actualización  2021 - I"]
["Antiguo","TUBERÍA Y ACCESORIOS CONDUIT GALVANIZADAS",8208,"TUBERIA METALICA EMT D=2\"","ML",18329,"Actualización  2021 - I"]
["Antiguo","CABLES Y ACCESORIOS ELECTRICOS",8209,"GRAPA PARA TUBERIA EMT D=2\"","UN",1239,"Actualización  2021 - I"]
["Antiguo","CABLES Y ACCESORIOS ELECTRICOS",8210,"CABLE No.6 AWG THHN- 600V COBRE","ML",5656,"Actualización  2021 - I"]
["Antiguo","CABLES Y ACCESORIOS ELECTRICOS",8211,"CABLE No.8 AWG THHN-600V COBRE","ML",3562,"Actualización  2021 - I"]
["Antiguo","TUBERÍA Y ACCESORIOS CONDUIT GALVANIZADAS",8212,"TUBERIA METALICA EMT D=1\"","ML",7556,"Actualización  2021 - I"]
["Antiguo","CABLES Y ACCESORIOS ELECTRICOS",8213,"GRAPA PARA TUBERIA EMT D=1\"","UN",477,"Actualización  2021 - I"]
["Antiguo","CABLES Y ACCESORIOS ELECTRICOS",8216,"TOMA DE INCRUSTAR DOBLE CON POLO A TIERRA AISLADO 15A REGULADA","UN",13617,"Actualización  2021 - I"]
["Antiguo","CABLES Y ACCESORIOS ELECTRICOS",8217,"CAJA PLASTICA ELECTRICA 4\" X 4\" CONDUIT 1/2\"","UN",1130,"Actualización  2021 - I"]
["Antiguo","CABLES Y ACCESORIOS ELECTRICOS",8218,"CABLE No.14 AWG 600V 90° C THHN/THWN","ML",1085,"Actualización  2021 - I"]
["Antiguo","CABLES Y ACCESORIOS ELECTRICOS",8219,"TOMA TRIFILAR DE INCRUSTAR 50A/250V","UN",13050,"Actualización  2021 - I"]
["Antiguo","CABLES Y ACCESORIOS ELECTRICOS",8221,"CABLE 12 AWG 600V 90° C THHN/THWN","ML",1378,"Actualización  2021 - I"]
["Antiguo","CABLES Y ACCESORIOS ELECTRICOS",8222,"BREAKER ENCHUFABLE TRIPOLAR 3x20 A","UN",62649,"Actualización  2021 - I"]
["Antiguo","CABLES Y ACCESORIOS ELECTRICOS",8223,"BALA - BALA 1 LUZ e27 13cm ESPECULAR BLANCO","UN",15130,"Actualización  2021 - I"]
["Antiguo","CABLES Y ACCESORIOS ELECTRICOS",8224,"BOMBILLOS AHORRADORES 20W, 120V","UN",6064,"Actualización  2021 - I"]
["Antiguo","CABLES Y ACCESORIOS ELECTRICOS",8225,"INTERRUPTOR DOBLE","UN",4758,"Actualización  2021 - I"]
["Antiguo","CABLES Y ACCESORIOS ELECTRICOS",8227,"CAJA DE INTERRUPTOR 2 x 4","UN",1299,"Actualización  2021 - I"]
["Antiguo","TUBERIA Y ACCESORIOS EN ACERO GALVANIZADO",8228,"TUBERÍA GALVANIZADA D=2\". Espesor del tubo (1.5mm)","ML",9387,"Actualización  2021 - I"]
["Antiguo","CABLES Y ACCESORIOS ELECTRICOS",8229,"GRAPA PARA TUBERIA EMT D=3/4\"","UN",307,"Actualización  2021 - I"]
["Antiguo","TUBERIA Y ACCESORIOS EN ACERO GALVANIZADO",8230,"TUBERÍA DE ACERO GALVANIZADA D=3/4\". Espesor del tubo (15mm)","ML",4238,"Actualización  2021 - I"]
["Antiguo","CABLES Y ACCESORIOS ELECTRICOS",8231,"GRAPA PARA TUBERIA EMT D=3\"","UN",2144,"Actualización  2021 - I"]
["Antiguo","TUBERÍA Y ACCESORIOS CONDUIT GALVANIZADAS",8232,"TUBERIA DE 3/4\" EMT","ML",5205,"Actualización  2021 - I"]
["Antiguo","CABLES Y ACCESORIOS ELECTRICOS",8233,"BREAKER ENCHUFABLE 1 x 20 A","UN",8459,"Actualización  2021 - I"]
["Antiguo","CABLES Y ACCESORIOS ELECTRICOS",8234,"LAMPARA FLUORESCENTE 4x54 W, T5, 120V","UN",163908,"Actualización  2021 - I"]
["Antiguo","CABLES Y ACCESORIOS ELECTRICOS",8235,"TUBO FLUORESCENTE 54 W","UN",5374,"Actualización  2021 - I"]
["Antiguo","MATERIALES DE FERRETERÍA Y OTROS",8244,"SANITARIO LINEA INSTITUCIONAL COLOR BLANCO (VALVULA ANTIVANDALICA TIPO PUSH METALICO, CROMADO)","UN",328346,"Actualización  2021 - I"]
["Antiguo","MATERIALES DE FERRETERÍA Y OTROS",8245,"SANITARIO LINEA INSTITUCIONAL PARA DISCAPACITADOS COLOR BLANCO (VALVULA ANTIVANDALICA TIPO PUSH METALICO, CROMADO)","UN",1050947,"Actualización  2021 - I"]
["Antiguo","MATERIALES DE FERRETERÍA Y OTROS",8246,"ORINAL MEDIANO DE COLGAR TIPO INSTITUCIONAL COLOR BLANCO (VALVULA ANTIVANDALICA TIPO PUSH METALICO, CROMADO)","UN",345299,"Actualización  2021 - I"]
["Antiguo","MATERIALES DE FERRETERÍA Y OTROS",8247,"PAPELERA DE 200/400 mm EN LAMINA DE ACERO INOXIDABLE SATINADO CON CERROJO","UN",74061,"Actualización  2021 - I"]
["Antiguo","MATERIALES DE FERRETERÍA Y OTROS",8248,"GRIFERIA  PARA LAVAMANOS INSTITUCIONAL DE MESON TIPO PUSH METALICO CROMADO","UN",102669,"Actualización  2021 - I"]
["Antiguo","MATERIALES DE FERRETERÍA Y OTROS",8249,"SECADOR ELECTRICO DE MANOS, CARCAZA OVALADA METALICA ACERO INOXIDABLE 304 SATINADO CAL. 1.2mm. 1650 W","UN",359072,"Actualización  2021 - I"]
["Antiguo","MATERIALES DE FERRETERÍA Y OTROS",8250,"VALVULA ANTIVANDALICA PARA ORINAL CON ACCESORIOS PARA CONECTAR","UN",284906,"Actualización  2021 - I"]
["Antiguo","PINTURAS",8253,"PINTURA EPOXICA","GLN",134390,"Actualización  2021 - I"]
["Antiguo","SOLDADURA Y PEGANTES",8254,"SOLDADURA E-7018 x 1/8\"","KG",11900,"Actualización  2021 - I"]
["Antiguo","SUELDOS Y JORNALES ",8256,"TARIFA JORNAL - PERSONAL DE OBRA - SOLDADOR (INCLUYE FACTOR DE PRESTACIONES)","JR",80289,"Actualización MO 2022"]
["Antiguo","EQUIPO LIVIANO Y HERRAMIENTAS",8258,"EQUIPO DE SOLDADURA - CAPACIDAD 225 AMP","DIA",38900,"Actualización  2021 - I"]
["Antiguo","ESTRUCTURAS EN ACERO",8259,"TUBO CERRAMIENTO NEGRO 2\" 1.9mm","ML",10211,"N.A"]
["Antiguo","ESTRUCTURAS EN ACERO",8260,"TUBO CERRAMIENTO  NEGRO 1/2\" 1.9 mm","ML",3308,"N.A"]
["Antiguo","PINTURAS",8262,"ANTICORROSIVO CROMATO DE ZINC","GLN",92800,"Actualización  2021 - I"]
["Antiguo","SEÑALES, BARRERAS Y DEMARCACIÓN VIAL",8270,"DEMARCACIÓN LINEA DE CEDA EL PASO DISCONTINUA DE 0.8mt ESPACIADO 0.4mt, E=2.3mm EN PINTURA TERMOPLÁSTICA, INCLUYE SUMINISTRO Y APLICACIÓN CON EQUIPO, INCLUYE MICROESFERAS","ML",22491,"Actualización  2021 - I"]
["Antiguo","SEÑALES, BARRERAS Y DEMARCACIÓN VIAL",8271,"DEMARCACION LINEA CARRIL A=0.12mt L=3.0 SEPARCION =5.0mt E=2.3mm, EN PINTURA TERMOPLATICA. INCLUYE SUMINISTRO Y APLICACION CON EQUIPO. INCLUYE MICROESFERAS","M2",11745,"Actualización  2021 - I"]
["Antiguo","ACTIVIDADES A TODO COSTO",8276,"FRANJA EN ADHESIVO VINILICO ESMERILADO EFECTO STAND BLASTED FROSTED CRYSTAL,  (SUMINISTRO E INSTALACIÓN) GARANTIA DE 5 AÑOS AL EXTERIOR. SEGUN MANUAL DE IMAGEN DE TRANSMILENIO S.A.","UN",71400,"Actualización  2021 - I"]
["Antiguo","ACTIVIDADES A TODO COSTO",8277,"FRANJA EN VINILO CON ADHESIVO EN VINILO ALTO 6cm,  (SUMINISTRO E INSTALACIÓN) GARANTIA DE 5 AÑOS AL EXTERIOR SEGUN COLOR. SEGUN MANUAL DE IMAGEN DE TRANSMILENIO S.A.","UN",22967,"Actualización  2021 - I"]
["Antiguo","ACTIVIDADES A TODO COSTO",8278,"FRANJA EN VINILO CON ADHESIVO EN VINILO ALTO 3cm,  (SUMINISTRO E INSTALACIÓN) GARANTIA DE 5 AÑOS AL EXTERIOR SEGUN COLOR. SEGUN MANUAL DE IMAGEN DE TRANSMILENIO S.A.","UN",13447,"Actualización  2021 - I"]
["Antiguo","SUELDOS Y JORNALES ",8292,"TARIFA JORNAL - PROFESIONAL CATEGORÍA 8 (INCLUYE FACTOR DE PRESTACIONES)","JR",193797,"Actualización MO 2022"]
["Antiguo","ARBOLES-GRAMAS-VEGETACIÓN Y PLANTACIÓN PAISAJÍSTIC",8293,"SUMINISTRO CONSTRUCCION E INSTALACION DE JARDIN VERTICAL. INCLUYE ESTRUCTURA Y/O PANEL DE SOPORTE INDEPENDIENTE ELEMENTOS PARA SOPORTE Y SUJECION DE JARDIN, SACOS Y/O CANGUROS PARA SIEMBRA DE JARDIN V","M2",300000,"Actualización  2021 - I"]
["Antiguo","TUBERIAS DE PVC - ACUEDUCTO",8294,"COLLAR DERIVACION 4\" x 1/2\"","UN",21153,"Actualización  2021 - I"]
["Antiguo","TUBERIAS DE PVC - ACUEDUCTO",8295,"COLLAR DERIVACION 6\" x 1/2\"","UN",24500,"Actualización  2021 - I"]
["Antiguo","EQUIPO",8297,"ALQUILER DE VEHICULO: CAMPERO, PICK-UP, CAMIONETA, CAMION O SIMILAR DE 1300cc A 2000cc DE CILINDRADA, MODELO 2022 A 2019. 100% DE LA TARIFA ESTABLECIDA. INCLUYE TODOS LOS COSTOS DE OPERACIÓN Y MANTENIMIENTO EXCEPTO EL SALARIO DEL CONDUCTOR.","DIA",214000,"Actualización MO 2022"]
["Antiguo","EQUIPO PESADO",8298,"MINICARGADOR - INCLUYE OPERARIO Y COMBUSTIBLE","HR",75829,"Actualización  2021 - I"]
["Antiguo","SUELDOS Y JORNALES ",8299,"TARIFA JORNAL - PERSONAL DE OBRA - AYUDANTE HORARIO NOCTURNO (INCLUYE FACTOR DE PRESTACIONES)","JR",74322,"Actualización MO 2022"]
["Antiguo","SUELDOS Y JORNALES ",8300,"TARIFA JORNAL - PERSONAL DE OBRA - OFICIAL HORARIO NOCTURNO (INCLUYE FACTOR DE PRESTACIONES)","JR",106900,"Actualización MO 2022"]
["Antiguo","SEÑALES, BARRERAS Y DEMARCACIÓN VIAL",8302,"BOYA PLASTICA DE 20 x 20 x 9 cm DE ALTURA (NO INCLUYE ELEMENTOS DE ANCLAJE)","UN",16660,"Actualización  2021 - I"]
["Antiguo","SEÑALES, BARRERAS Y DEMARCACIÓN VIAL",8303,"HITO DE 75cm DE ALTURA Y 8cm DE DIAMETRO CON REFLECTIVOS DE COLOR AMARILLO. NO INCLUYE ELEMENTOS DE ANCLAJE","UN",32487,"Actualización  2021 - I"]
["Antiguo","EQUIPO LIVIANO Y HERRAMIENTAS",8304,"EQUIPO OXICORTE","MES",1832600,"Actualización  2021 - I"]
["Antiguo","SELLANTES-IMPERMEABILIZANTES Y ADITIVOS CONCRETOS",8306,"EPOXICO PARA ANCLAJE DE ALTA RESISTENCIA (Unidad 600cc-900g)","UN",89357,"Actualización  2021 - I"]
["Antiguo","CONCRETOS Y MORTEROS PREMEZCLADOS",8307,"CONCRETO FLUIDO SIN RETRACCIÓN","KG",1787,"Actualización  2021 - I"]
["Antiguo","CONCRETOS Y MORTEROS PREMEZCLADOS",8308,"MICROFIBRA DE POLIPROPILENO PARA CONCRETO Y MORTERO","KG",29750,"Actualización  2021 - I"]
["Antiguo","CONCRETOS Y MORTEROS PREMEZCLADOS",8309,"GROUTING DE ALTA RESISTENCIA","KG",4486,"Actualización  2021 - I"]
["Antiguo","SELLANTES-IMPERMEABILIZANTES Y ADITIVOS CONCRETOS",8313,"MORTERO DE REPARACIÓN ESTRUCTURAL","KG",3903,"Actualización  2021 - I"]
["Antiguo","MATERIALES DE FERRETERÍA Y OTROS",8314,"RECUBRIMIENTO INHIBIDOR DE CORROSIÓN EPOXI-CEMENTO PARA PROTEGER ACERO DE REFUERZO. TRICOMPONENTE.","KG",22002,"Actualización  2021 - I"]
["Antiguo","SELLANTES-IMPERMEABILIZANTES Y ADITIVOS CONCRETOS",8315,"SELLADOR ELÁSTICO  DE POLIURETANO. CARTUCHO 300 ml","UN",30048,"Actualización  2021 - I"]
["Antiguo","ACTIVIDADES A TODO COSTO",8319,"PINTURA EN FRÍO PARA DEMARCACIÓN DE VÍAS. A= 12 cm. INCLUYE EQUIPO AUTOPROPULSADO Y MANO DE OBRA.","ML",2154,"Actualización  2021 - I"]
["Antiguo","SUELDOS Y JORNALES ",8320,"TARIFA MES - PERSONAL DE OBRA - OPERADOR EQUIPO DE SEÑALIZACIÓN (INCLUYE FACTOR DE PRESTACIONES)","MES",2375550,"Actualización MO 2022"]
["Antiguo","SUELDOS Y JORNALES ",8321,"TARIFA JORNAL - PERSONAL DE OBRA - OPERADOR EQUIPO DE SEÑALIZACIÓN (INCLUYE FACTOR DE PRESTACIONES)","JR",79185,"Actualización MO 2022"]
["Antiguo","ACTIVIDADES A TODO COSTO",8322,"PINTURA EN FRÍO PARA DEMARCACIÓN DE VÍAS. INCLUYE EQUIPO MANUAL Y MANO DE OBRA.","ML",2154,"Actualización  2021 - I"]
["Antiguo","EQUIPO",8324,"ALQUILER DE VEHICULO: CAMPERO, PICK-UP, CAMIONETA, CAMION O SIMILAR CON CAPACIDAD DE CARGA DE 3 TON O MAS, MODELO 2014 A 2011. 75% DE LA TARIFA ESTABLECIDA. INCLUYE TODOS LOS COSTOS DE OPERACIÓN Y MANTENIMIENTO EXCEPTO EL SALARIO DEL CONDUCTOR","DIA",312075,"Actualización MO 2022"]
["Antiguo","MATERIALES DE FERRETERÍA Y OTROS",8328,"FUNGIBLES","GLB",1000,"Actualización  2021 - I"]
["Antiguo","ACTIVIDADES A TODO COSTO",8329,"APLICACIÓN DE BICOMPONENTE (SPRAY O EXTRUSIÓN) INCLUYE EQUIPO Y MANO DE OBRA","ML",5462,"Actualización  2021 - I"]
["Antiguo","PINTURAS",8330,"PLASTICO EN FRIO (INCLUYE CATALIZADOR) - PINTURA PARA TRAFICO","GLN",130305,"Actualización  2021 - I"]
["Antiguo","ACTIVIDADES A TODO COSTO",8331,"APLICACIÓN DE BICOMPONENTE (SPRAY O EXTRUSIÓN) INCLUYE EQUIPO Y MANO DE OBRA Y MICROESFERAS","M2",49048,"Actualización  2021 - I"]
["Antiguo","PINTURAS",8332,"PINTURA DE TRÁFICO Y/O IMPRIMANTE NEGRO","GLN",73990,"Actualización  2021 - I"]
["Antiguo","SEÑALES, BARRERAS Y DEMARCACIÓN VIAL",8334,"BORRADO SEÑALIZACIÓN VIAL TIPO FRESADO CON MÁQUINA BERTELLI O SIMILAR (ML)","ML",5891,"Actualización  2021 - I"]
["Antiguo","ESTRUCTURAS EN ACERO",8340,"TORNILLO. INCLUYE TUERCA Y ARANDELA","KG",9002,"N.A"]
["Antiguo","SEÑALES, BARRERAS Y DEMARCACIÓN VIAL",8357,"TACHA REFLECTIVA BIDIRECCIONAL (NO INCLUYE ELEMENTOS DE ANCLAJE)","UN",3868,"Actualización  2021 - I"]
["Antiguo","SEÑALES, BARRERAS Y DEMARCACIÓN VIAL",8358,"RESALTO EN CAUCHO DE L=1m, ANCHO 30cm, ALTO 4.5cm (INCLUYE PERNOS)","UN",141610,"Actualización  2021 - I"]
["Antiguo","DUCTOS PVC - ELECTRICOS/TELEFONICOS TIPO TDP-DB-EB",8359,"TUBERIA CONDUIT PVC D= 1/2\"","ML",2059,"Actualización  2021 - I"]
["Antiguo","TUBERÍA Y ACCESORIOS DE CONCRETO",8362,"TUBERÍA CONCRETO D= 36\" CLASE V REFORZADO ","ML",1150540,"Actualización  2021 - I"]
["Antiguo","ENSAYO LABORATORIO - ANÁLISIS DE AGUAS",8364,"CLORUROS. Norma técnica: SM 4500 - CL - B.","PUNTO",15470,"Actualización  2021 - I"]
["Antiguo","ENSAYO LABORATORIO - ANÁLISIS DE AGUAS",8365,"SULFATOS. Norma técnica: SM 4500 - SO4-2  - E  ASTM C 114 2015.","PUNTO",15470,"Actualización  2021 - I"]
["Antiguo","ENSAYO LABORATORIO - ANÁLISIS DE AGUAS",8366,"NITRATOS. Norma técnica: SM 4500 - NO3-B.","PUNTO",19304,"Actualización  2021 - I"]
["Antiguo","ENSAYO LABORATORIO - ANÁLISIS DE AGUAS",8367,"HIERRO TOTAL. Norma técnica: SM 3500 Fe - B.","PUNTO",28560,"Actualización  2021 - I"]
["Antiguo","ENSAYO LABORATORIO - ANÁLISIS DE AGUAS",8369,"MAGNESIO. Norma técnica: SM 3500 Mg - B.","PUNTO",42662,"Actualización  2021 - I"]
["Antiguo","ENSAYO LABORATORIO - ANÁLISIS DE AGUAS",8370,"SODIO. Norma técnica: SM 3500 Na - B.","PUNTO",40571,"Actualización  2021 - I"]
["Antiguo","PINTURAS",8404,"PINTURA BASE AGUA DOMESTICA","GLN",55930,"Actualización  2021 - I"]
["Antiguo","TUBERÍA Y ACCESORIOS EN GRP",8430,"CAMARA GRP 2500 * 2500 * 1200 (INCLUYE TUBERIA , CHIMENEA 2.5m Y ACCESORIOS. - NO INCLUYE TRANSPORTE","UN",42857136,"Actualización  2021 - I"]
["Antiguo","TUBERÍA Y ACCESORIOS EN GRP",8431,"CAMARA GRP 2600 * 2600 * 1200 (INCLUYE TUBERIA , CHIMENEA 2.5m Y ACCESORIOS. - NO INCLUYE TRANSPORTE","UN",46261607,"Actualización  2021 - I"]
["Antiguo","TUBERÍA Y ACCESORIOS EN GRP",8432,"TUBERIA GRP DN 350 PN1 SN2500 - NO INCLUYE TRANSPORTE","ML",519950,"Actualización  2021 - I"]
["Antiguo","TUBERÍA Y ACCESORIOS EN GRP",8434,"TUBERIA GRP DN 450 PN1 SN2500 - NO INCLUYE TRANSPORTE","ML",602621,"Actualización  2021 - I"]
["Antiguo","TUBERÍA Y ACCESORIOS EN GRP",8435,"ACOPLE GRP DN 450 PN1 - NO INCLUYE TRANSPORTE","UN",498254,"Actualización  2021 - I"]
["Antiguo","TUBERÍA Y ACCESORIOS EN GRP",8436,"TUBERIA GRP DN 550 PN1 SN2500 - NO INCLUYE TRANSPORTE","ML",721039,"Actualización  2021 - I"]
["Antiguo","TUBERÍA Y ACCESORIOS EN GRP",8437,"ACOPLE GRP DN 550 PN1 - NO INCLUYE TRANSPORTE","UN",807648,"Actualización  2021 - I"]
["Antiguo","TUBERÍA Y ACCESORIOS EN GRP",8438,"TUBERIA GRP DN 650 PN1 SN2500 - NO INCLUYE TRANSPORTE","ML",871620,"Actualización  2021 - I"]
["Antiguo","TUBERÍA Y ACCESORIOS EN GRP",8440,"TUBERIA GRP DN 750 PN1 SN2500 - NO INCLUYE TRANSPORTE","ML",971165,"Actualización  2021 - I"]
["Antiguo","TUBERÍA Y ACCESORIOS EN GRP",8441,"ACOPLE GRP DN 750 PN1 - NO INCLUYE TRANSPORTE","UN",1055423,"Actualización  2021 - I"]
["Antiguo","TUBERÍA Y ACCESORIOS EN GRP",8442,"TUBERIA GRP DN 850 PN1 SN2500 - NO INCLUYE TRANSPORTE","ML",1134447,"Actualización  2021 - I"]
["Antiguo","TUBERÍA Y ACCESORIOS EN GRP",8443,"ACOPLE GRP DN 850 PN1 - NO INCLUYE TRANSPORTE","UN",1184308,"Actualización  2021 - I"]
["Antiguo","TUBERÍA Y ACCESORIOS EN GRP",8444,"TUBERIA GRP DN 2500 PN1 SN2500 - NO INCLUYE TRANSPORTE","ML",6933096,"Actualización  2021 - I"]
["Antiguo","TUBERÍA Y ACCESORIOS EN GRP",8445,"ACOPLE GRP DN 2500 PN1 - NO INCLUYE TRANSPORTE","UN",4848358,"Actualización  2021 - I"]
["Antiguo","TUBERÍA Y ACCESORIOS EN GRP",8447,"TUBERIA GRP DN 2600 PN1 SN2500 - NO INCLUYE TRANSPORTE","ML",7302111,"Actualización  2021 - I"]
["Antiguo","TUBERÍA Y ACCESORIOS EN GRP",8448,"ACOPLE GRP DN 2600 PN1 - NO INCLUYE TRANSPORTE","UN",5644776,"Actualización  2021 - I"]
["Antiguo","TUBERÍA Y ACCESORIOS EN GRP",8449,"CAMARA GRP 900 * 900 * 1200 (INCLUYE TUBERIA , CHIMENEA 1.0m Y ACCESORIOS. - NO INCLUYE TRANSPORTE","UN",16187570,"Actualización  2021 - I"]
["Antiguo","TUBERÍA Y ACCESORIOS EN GRP",8450,"CAMARA GRP 900 * 900 * 1200 (INCLUYE TUBERIA , CHIMENEA 2.5m Y ACCESORIOS. - NO INCLUYE TRANSPORTE","UN",17799068,"Actualización  2021 - I"]
["Antiguo","TUBERÍA Y ACCESORIOS EN GRP",8451,"CAMARA GRP 1000 * 1000 * 1200 (INCLUYE TUBERIA , CHIMENEA 2.5m Y ACCESORIOS. - NO INCLUYE TRANSPORTE","UN",19316199,"Actualización  2021 - I"]
["Antiguo","TUBERÍA Y ACCESORIOS EN GRP",8452,"CAMARA GRP 1100 * 1100 * 1200 (INCLUYE TUBERIA , CHIMENEA 2.5m Y ACCESORIOS. - NO INCLUYE TRANSPORTE","UN",20978510,"Actualización  2021 - I"]
["Antiguo","TUBERÍA Y ACCESORIOS EN GRP",8453,"CAMARA GRP 1300 * 1300 * 1200 (INCLUYE TUBERIA , CHIMENEA 5m Y ACCESORIOS. - NO INCLUYE TRANSPORTE","UN",19780775,"Actualización  2021 - I"]
["Antiguo","TUBERÍA Y ACCESORIOS EN GRP",8454,"CAMARA GRP 1500 * 1500 * 1200 (INCLUYE TUBERIA , CHIMENEA 2.5m Y ACCESORIOS. - NO INCLUYE TRANSPORTE","UN",20034840,"Actualización  2021 - I"]
["Antiguo","TUBERÍA Y ACCESORIOS EN GRP",8455,"CAMARA GRP 1600 * 1600 * 1200 (INCLUYE TUBERIA , CHIMENEA 2.5m Y ACCESORIOS. - NO INCLUYE TRANSPORTE","UN",21682633,"Actualización  2021 - I"]
["Antiguo","TUBERÍA Y ACCESORIOS EN GRP",8456,"CAMARA GRP 1800 * 1800 * 1200 (INCLUYE TUBERIA , CHIMENEA 2.5m Y ACCESORIOS. - NO INCLUYE TRANSPORTE","UN",25254061,"Actualización  2021 - I"]
["Antiguo","TUBERÍA Y ACCESORIOS EN GRP",8457,"CAMARA GRP 1800 * 1800 * 1200 (INCLUYE TUBERIA , CHIMENEA 5m Y ACCESORIOS. - NO INCLUYE TRANSPORTE","UN",32999414,"Actualización  2021 - I"]
["Antiguo","CABLES Y ACCESORIOS ELECTRICOS",8460,"CONECTORES DE COBRE 25mm 5/8\"","UN",4539,"Actualización  2021 - I"]
["Antiguo","CABLES Y ACCESORIOS ELECTRICOS",8461,"ALAMBRE DE COBRE No. 4 AWG","ML",7205,"Actualización  2021 - I"]
["Antiguo","SEMAFORIZACION",8462,"MASCARILLA DE GIRO PARA SEMAFORO DE 200 mm","UN",80461,"Actualización  2021 - I"]
["Antiguo","SEMAFORIZACION",8463,"MODULO ROJO PARA SEMAFOROS DE 200mm (TIPO LED, SEMAFORO TIPO MENSULA) SUMINISTRO E INSTALACION.","UN",621180,"Actualización  2021 - I"]
["Antiguo","MATERIALES DE FERRETERÍA Y OTROS",8473,"MALLA ZARANDA DE 6\" x 6\" PARA CLASIFICACION MATERIAL","M2",5854,"Actualización  2021 - I"]
["Antiguo","ESTRUCTURAS EN ACERO",8474,"ÁNGULO METÁLICO","KG",3213,"N.A"]
["Antiguo","ESTRUCTURAS EN ACERO",8475,"PLATINA METALICA","KG",3080,"N.A"]
["Antiguo","ESTRUCTURAS EN ACERO",8476,"MALLA ESLABONADA CALIBRE 10.5 - HUECO DE 2\" x 2\"","M2",14875,"N.A"]
["Antiguo","MATERIALES DE FERRETERÍA Y OTROS",8478,"TEJA DE ZINC 800 x 2438","UN",17058,"Actualización  2021 - I"]
["Antiguo","MATERIALES DE FERRETERÍA Y OTROS",8479,"AMARRAS - Abrazadera Plastico De 8 Pulg. (200mm) Con Argolla","UN",138,"Actualización  2021 - I"]
["Antiguo","MATERIALES DE FERRETERÍA Y OTROS",8480,"LIJA","UN",1033,"Actualización  2021 - I"]
["Antiguo","PINTURAS",8481,"PINTURA BASE ACEITE","GLN",55573,"Actualización  2021 - I"]
["Antiguo","PINTURAS",8482,"PINTURA EN VINILO TIPO 1","GLN",49500,"Actualización  2021 - I"]
["Antiguo","MATERIALES DE FERRETERÍA Y OTROS",8483,"TANQUE DE AGUA 500 Lts","UN",119147,"Actualización  2021 - I"]
["Antiguo","EQUIPO LIVIANO Y HERRAMIENTAS",8486,"TRONZADORA","DIA",19040,"Actualización  2021 - I"]
["Antiguo","TUBERÍA Y ACCESORIOS CONDUIT GALVANIZADAS",8500,"TUBERIA EMT D= 4\" ESP. 083","ML",49544,"Actualización  2021 - I"]
["Antiguo","ENSAYO LABORATORIO - SUELOS",8501,"COMPRESIÓN TRIAXIAL EN CONDICIÓN CU, CONSOLIDADO - NO DRENADO SOBRE SUELOS (3 PUNTOS). Norma técnica: INV E 153-13 ASTM D4767 - 11.","UN",1227100,"Actualización  2021 - I"]
["Antiguo","MALLAS Y ACEROS PARA REFUERZO",8502,"CANASTILLA PASAJUNTAS","KG",4403,"N.A"]
["Antiguo","PINTURAS",8506,"PINTURA ACRÍLICA BASE SOLVENTE AMARILLO / BLANCO PARA DEMARCACION - PINTUTRAFICO","GLN",86930,"Actualización  2021 - I"]
["Antiguo","PINTURAS",8508,"PINTURA ACRÍLICA BASE SOLVENTE AZUL / ROJO PARA DEMARCACION - PINTURA PARA TRAFICO","GLN",75901,"Actualización  2021 - I"]
["Antiguo","PINTURAS",8509,"IMPRIMANTE NEGRO MATE - ACRILICO BASE SOLVENTE - PINTURA PARA TRAFICO","GLN",65840,"Actualización  2021 - I"]
["Antiguo","PINTURAS",8511,"PINTURA ACRÍLICA BASE SOLVENTE AMARILLO / BLANCO PARA DEMARCACION - TERTRAFICO","GLN",79239,"Actualización  2021 - I"]
["Antiguo","SELLANTES-IMPERMEABILIZANTES Y ADITIVOS CONCRETOS",8515,"AGENTE DESENCOFRANTE","KG",10430,"Actualización  2021 - I"]
["Antiguo","FORMALETAS, ANDAMIOS Y ACCESORIOS",8516,"FORMALETA PARA CONCRETOS - MADERA (ESTRUCTURAS ENTERRADAS - UN (1) USO)","M2",23001,"Actualización  2021 - I"]
["Antiguo","FORMALETAS, ANDAMIOS Y ACCESORIOS",8520,"FORMALETA METÁLICA (CONCRETO HIDRÁULICO)","M2/DIA",1012,"Actualización  2021 - I"]
["Antiguo","MATERIALES DE FERRETERÍA Y OTROS",8522,"ICOPOR D-12 20 MM (LAMINA) DE 1.0m x 1.0m","M2",3961,"Actualización  2021 - I"]
["Antiguo","SELLANTES-IMPERMEABILIZANTES Y ADITIVOS CONCRETOS",8524,"SELLADO DE JUNTAS (300 CC). Masilla elástica sellante de un componente, con base en poliuretano, con proceso de curado en presencia de humedad del ambiente. Norma ASTM C-920.","UN",30048,"Actualización  2021 - I"]
["Antiguo","GEOSINTETICOS",8525,"GEOMEMBRANA HDPE 30MIL (0.75MM) PARA SEPARACION SUBRASANTE/CAPAS GRANULARES (INCLUYE SUMINISTRO E INSTALACIÓN)","M2",9996,"Actualización  2021 - I"]
["Antiguo","PINTURAS",8529,"ANTICORROSIVO PHCL","GLN",39900,"Actualización  2021 - I"]
["Antiguo","SOLDADURA Y PEGANTES",8530,"FUNDENTE (PARA SOLDADURA) 60 gr.","UN",9171,"Actualización  2021 - I"]
["Antiguo","PINTURAS",8531,"DISOLVENTE THINER","GLN",28990,"Actualización  2021 - I"]
["Antiguo","LADRILLOS, BLOQUES Y ADOQUINES",8539,"BLOQUE PERFORADO 15X20X40","UN",2700,"Actualización  2021 - I"]
["Antiguo","MATERIALES DE FERRETERÍA Y OTROS",8555,"LIJA DE AGUA 150 SUPER","UN",1272,"Actualización  2021 - I"]
["Antiguo","TUBERÍA Y ACCESORIOS CONDUIT GALVANIZADAS",8560,"CURVA GALVANIZADA 1\" IMC","UN",6118,"Actualización  2021 - I"]
["Antiguo","MATERIALES DE FERRETERÍA Y OTROS",8565,"ALAMBRON 40  1/4 PULG LISO","KG",2649,"Actualización  2021 - I"]
["Antiguo","MATERIALES DE FERRETERÍA Y OTROS",8566,"VARILLA DILATACIÓN ALUMINIO","ML",1590,"Actualización  2021 - I"]
["Antiguo","BORDILLOS Y LOSETAS",8567,"BALDOSA EN GRANO PULIDO TIPO 1 Y TIPO 2 (30X30)","M2",47400,"Actualización  2021 - I"]
["Antiguo","PISOS (CONVENCIONALES Y TIPO TRANSMILENIO)",8570,"GRANITO (MEZCLA)","BULTO",22000,"Actualización  2021 - I"]
["Antiguo","SOLDADURA Y PEGANTES",8576,"PEGANTE PARA PISOS DE CAUCHO SINTÉTICO","GLN",55367,"Actualización  2021 - I"]
["Antiguo","TUBERÍA Y ACCESORIOS DE PVC PARA ALCANTARILLADO",8577,"TUBERIA PVC SANITARIA 3\"","ML",18668,"Actualización  2021 - I"]
["Antiguo","TUBERÍA Y ACCESORIOS DE PVC PARA ALCANTARILLADO",8578,"CODO 90°-1/4 CxC PVC SANITARIA D= 2\"","UN",3400,"Actualización  2021 - I"]
["Antiguo","TUBERÍA Y ACCESORIOS DE PVC PARA ALCANTARILLADO",8579,"CODO 90°-1/4 CxC PVC SANITARIA D=4\"","UN",13665,"Actualización  2021 - I"]
["Antiguo","TUBERÍA Y ACCESORIOS DE PVC PARA ALCANTARILLADO",8584,"TUBERIA PVC SANITARIA 8\"","ML",99109,"Actualización  2021 - I"]
["Antiguo","TUBERÍA Y ACCESORIOS DE PVC PARA ALCANTARILLADO",8586,"TUBERÍA VENTILACIÓN PVC 3\"","ML",10929,"Actualización  2021 - I"]
["Antiguo","TUBERIAS DE PVC - ACUEDUCTO",8588,"TUBERIA PVC PRESIÓN 1\" RDE 21","ML",4985,"Actualización  2021 - I"]
["Antiguo","MATERIALES DE FERRETERÍA Y OTROS",8634,"LAVAMANOS INSTITUCIONAL","UN",172172,"Actualización  2021 - I"]
["Antiguo","TUBERIAS DE PVC - ACUEDUCTO",8635,"ACOPLE 1/2 PARA AGUA POTABLE","UN",2568,"Actualización  2021 - I"]
["Antiguo","MATERIALES BÁSICOS",8636,"CEMENTO BLANCO","KG",888,"Actualización  2021 - I"]
["Antiguo","MATERIALES DE FERRETERÍA Y OTROS",8644,"LAVAMANOS SOBREPONER","UN",138637,"Actualización  2021 - I"]
["Antiguo","MATERIALES DE FERRETERÍA Y OTROS",8645,"LAVAMANOS DE COLGAR PARA PERSONAS CON MOVILIDAD REDUCIDA","UN",172172,"Actualización  2021 - I"]
["Antiguo","MATERIALES DE FERRETERÍA Y OTROS",8648,"GRIFERÍA LAVAPLATOS SIRENA SENCILLO MESÓN","UN",105187,"Actualización  2021 - I"]
["Antiguo","MALLAS Y ACEROS PARA REFUERZO",8654,"ACERO FIGURADO No.2  (1/4\") F`y = 60000 PSI","KG",3332,"N.A"]
["Antiguo","CABLES Y ACCESORIOS ELECTRICOS",8666,"CABLE CU ENCAUCHETADO 3X16 AWG","ML",2543,"Actualización  2021 - I"]
["Antiguo","CABLES Y ACCESORIOS ELECTRICOS",8672,"CAJA GALVANIZADA 4X4 CUMPLE NORMA RETIE","UN",1759,"Actualización  2021 - I"]
["Antiguo","CABLES Y ACCESORIOS ELECTRICOS",8674,"TOMACORRIENTE CON CONEXIÓN A TIERRA, MONOFÁSICO DOBLE, 15 A","UN",2832,"Actualización  2021 - I"]
["Antiguo","CABLES Y ACCESORIOS ELECTRICOS",8675,"TOMACORRIENTE CON PROTECCIÓN DE FALLA A TIERRA (GFCI)","UN",29904,"Actualización  2021 - I"]
["Antiguo","CABLES Y ACCESORIOS ELECTRICOS",8676,"TOMACORRIENTE CON CONEXIÓN A TIERRA, BIFÁSICOS, DOS POLOS, 3 HILOS, 20 A","UN",8052,"Actualización  2021 - I"]
["Antiguo","TUBERÍA Y ACCESORIOS CONDUIT GALVANIZADAS",8679,"TUBERIA CONDUIT GALVANIZADA EMT D=1\" (3M)","UN",22606,"Actualización  2021 - I"]
["Antiguo","MATERIALES DE FERRETERÍA Y OTROS",8688,"OTROS MATERIALES Y ACCESORIOS","GLB",1000,"Actualización  2021 - I"]
["Antiguo","SUELDOS Y JORNALES ",8689,"TARIFA JORNAL - PERSONAL DE OBRA - TECNICO SOLDADOR (INCLUYE FACTOR DE PRESTACIONES)","JR",91250,"Actualización MO 2022"]
["Antiguo","SUELDOS Y JORNALES ",8690,"TARIFA JORNAL - PERSONAL DE OBRA - TÉCNICO (SOLDADOR 1 A) (INCLUYE FACTOR DE PRESTACIONES)","JR",91250,"Actualización MO 2022"]
["Antiguo","CABLES Y ACCESORIOS ELECTRICOS",8694,"CABLE DE COBRE AISLADO No.10","ML",2025,"Actualización  2021 - I"]
["Antiguo","CABLES Y ACCESORIOS ELECTRICOS",8695,"CABLE DE COBRE AISLADO No.8","ML",3048,"Actualización  2021 - I"]
["Antiguo","CABLES Y ACCESORIOS ELECTRICOS",8696,"CABLE DE COBRE AISLADO No.6","ML",4980,"Actualización  2021 - I"]
["Antiguo","CABLES Y ACCESORIOS ELECTRICOS",8698,"CABLE DE COBRE AISLADO No.4","ML",7343,"Actualización  2021 - I"]
["Antiguo","CABLES Y ACCESORIOS ELECTRICOS",8699,"CABLE DE COBRE AISLADO No.2","ML",11386,"Actualización  2021 - I"]
["Antiguo","CABLES Y ACCESORIOS ELECTRICOS",8700,"CABLE No. 2/0 AWG THHN-600V COBRE","ML",26821,"Actualización  2021 - I"]
["Antiguo","CABLES Y ACCESORIOS ELECTRICOS",8706,"CURVA CONDUIT GALVANIZADA IMC 3/4\"","UN",7869,"Actualización  2021 - I"]
["Antiguo","CABLES Y ACCESORIOS ELECTRICOS",8708,"CURVA CONDUIT GALVANIZADA IMC 2\"","UN",17249,"Actualización  2021 - I"]
["Antiguo","TUBERÍA Y ACCESORIOS CONDUIT GALVANIZADAS",8710,"CURVA  EMT 3\"","UN",49223,"Actualización  2021 - I"]
["Antiguo","TUBERÍA Y ACCESORIOS CONDUIT GALVANIZADAS",8712,"UNIÓN EMT 3\"","UN",11817,"Actualización  2021 - I"]
["Antiguo","CABLES Y ACCESORIOS ELECTRICOS",8721,"CABLE COBRE 4/0 AWG 600V 90° C THHN/THWN","ML",42648,"Actualización  2021 - I"]
["Antiguo","CABLES Y ACCESORIOS ELECTRICOS",8722,"CABLE DE COBRE AISLADO 8 AWG 600V 90° C THHN/THWN","ML",3780,"Actualización  2021 - I"]
["Antiguo","TUBERÍA Y ACCESORIOS CONDUIT GALVANIZADAS",8729,"CURVA  EMT 1 1/4\"","UN",4978,"Actualización  2021 - I"]
["Antiguo","TUBERÍA Y ACCESORIOS CONDUIT GALVANIZADAS",8731,"UNIÓN EMT 1 1/4\"","UN",2339,"Actualización  2021 - I"]
["Antiguo","TUBERÍA Y ACCESORIOS CONDUIT GALVANIZADAS",8732,"CURVA  EMT 2\"","UN",10607,"Actualización  2021 - I"]
["Antiguo","TUBERÍA Y ACCESORIOS CONDUIT GALVANIZADAS",8734,"UNIÓN EMT 2\"","UN",5131,"Actualización  2021 - I"]
["Antiguo","CABLES Y ACCESORIOS ELECTRICOS",8737,"CABLE NO.1/0 AWG 15 KV 133% XLPE","ML",63803,"Actualización  2021 - I"]
["Antiguo","CABLES Y ACCESORIOS ELECTRICOS",8738,"CABLE COBRE DESNUDO No. 2 AWG","ML",11549,"Actualización  2021 - I"]
["Antiguo","DUCTOS PVC - ELECTRICOS/TELEFONICOS TIPO TDP-DB-EB",8742,"DUCTO ELÉCTRICO TELEFÓNICO TDP PVC 4\"","ML",18468,"Actualización  2021 - I"]
["Antiguo","CABLES Y ACCESORIOS ELECTRICOS",8743,"CURVA PVC 4\"","UN",12704,"Actualización  2021 - I"]
["Antiguo","CABLES Y ACCESORIOS ELECTRICOS",8746,"CABLE NO.2/0 AWG 15 KV 133% XLPE","ML",72024,"Actualización  2021 - I"]
["Antiguo","CABLES Y ACCESORIOS ELECTRICOS",8749,"CABLE DE COBRE AISLADO THWN/THHN NO. 500 MCM","ML",103500,"Actualización  2021 - I"]
["Antiguo","TUBERIAS DE PVC - ACUEDUCTO",8750,"TUBO PVC 4\" DB TIPO PESADO","ML",27147,"Actualización  2021 - I"]
["Antiguo","DUCTOS PVC - ELECTRICOS/TELEFONICOS TIPO TDP-DB-EB",8752,"TUBO PVC DB 6\"","ML",56620,"Actualización  2021 - I"]
["Antiguo","CABLES Y ACCESORIOS ELECTRICOS",8760,"CABLE ALUMINIO AISLADO NO.1/0","ML",5249,"Actualización  2021 - I"]
["Antiguo","CABLES Y ACCESORIOS ELECTRICOS",8768,"CABLE COBRE DESNUDO NO.2/0 AWG","ML",21720,"Actualización  2021 - I"]
["Antiguo","SOLDADURA Y PEGANTES",8770,"SOLDADURA CABLE-VARILLA 1/0 - SOLDADOR 1/0 AWG 600V 105°C 170 A","UN",56781,"Actualización  2021 - I"]
["Antiguo","CABLES Y ACCESORIOS ELECTRICOS",8771,"TERMINAL 1 HUECO AWG 2/0","UN",2440,"Actualización  2021 - I"]
["Antiguo","CABLES Y ACCESORIOS ELECTRICOS",8774,"ADAPTADOR TERMINAL PVC 3/4\"","UN",212,"Actualización  2021 - I"]
["Antiguo","CABLES Y ACCESORIOS ELECTRICOS",8777,"CABLE UTP CATEGORIA 6A","ML",2207,"Actualización  2021 - I"]
["Antiguo","CABLES Y ACCESORIOS ELECTRICOS",8779,"CAJA GALVANIZADA 2400","UN",1851,"Actualización  2021 - I"]
["Antiguo","MATERIALES DE FERRETERÍA Y OTROS",8788,"CAOLÍN","UN",10446,"Actualización  2021 - I"]
["Antiguo","MATERIALES DE FERRETERÍA Y OTROS",8789,"INTERVINIL PRO DRYWALL","GLN",18965,"Actualización  2021 - I"]
["Antiguo","MATERIALES DE FERRETERÍA Y OTROS",8790,"VIDRIO TEMPLADO DE 10MM","M2",187695,"Actualización  2021 - I"]
["Antiguo","MATERIALES DE FERRETERÍA Y OTROS",8794,"VIDRIO TEMPLADO DE 6MM","M2",79464,"Actualización  2021 - I"]
["Antiguo","EQUIPO LIVIANO Y HERRAMIENTAS",8844,"EQUIPO DE SOLDADURA 250 AMPERIOS","HR",4862,"Actualización  2021 - I"]
["Antiguo","SUELDOS Y JORNALES ",8845,"TARIFA JORNAL - PERSONAL DE OBRA - TÉCNICO (INCLUYE FACTOR DE PRESTACIONES)","JR",91250,"Actualización MO 2022"]
["Antiguo","SEÑALES, BARRERAS Y DEMARCACIÓN VIAL",8846,"BLOQUE CANALIZADOR AMARILLO - SEPARADOR TIPO TRANSMILENIO. NO INCLUYE ELEMENTOS DE ANCLAJE","UN",130924,"Actualización  2021 - I"]
["Antiguo","SEMAFORIZACION",8854,"SEMAFORO (3x200) LENTES DE POLICARBONATO DE 8\" BICICLETA LUCES. SISTEMA ILUMINACION A LEDS COMPATIBILIDAD C800/900 PARA FIJACION A MASTIL. INCL ELEMENTOS DE FIJACION","UN",3070396,"Actualización  2021 - I"]
["Antiguo","CABLES Y ACCESORIOS ELECTRICOS",8855,"ADAPTADOR TERMINAL EMT 1\"","UN",1590,"Actualización  2021 - I"]
["Antiguo","CABLES Y ACCESORIOS ELECTRICOS",8856,"ADAPTADOR TERMINAL EMT 3/4\"","UN",807,"Actualización  2021 - I"]
["Antiguo","CABLES Y ACCESORIOS ELECTRICOS",8858,"CABLE COAXIAL RG-6","ML",1272,"Actualización  2021 - I"]
["Antiguo","CABLES Y ACCESORIOS ELECTRICOS",8859,"CABLE CU THHN No. 4 DESNUDO","ML",7848,"Actualización  2021 - I"]
["Antiguo","CABLES Y ACCESORIOS ELECTRICOS",8860,"CABLE FLEXIBLE OXIGENO 2x14","ML",2017,"Actualización  2021 - I"]
["Antiguo","CABLES Y ACCESORIOS ELECTRICOS",8861,"CABLE UPT VOZ Y DATOS CAT 6","ML",1881,"Actualización  2021 - I"]
["Antiguo","CABLES Y ACCESORIOS ELECTRICOS",8862,"CABLE UPT CAT 6 PARA EXTERIORES","ML",3478,"Actualización  2021 - I"]
["Antiguo","CABLES Y ACCESORIOS ELECTRICOS",8865,"CAJA METALICA PARA CUATRO (4) MEDIDORES","UN",334280,"Actualización  2021 - I"]
["Antiguo","CABLES Y ACCESORIOS ELECTRICOS",8866,"CAJA RADWEL CONDULETA 2 x 4\"","UN",9323,"Actualización  2021 - I"]
["Antiguo","CABLES Y ACCESORIOS ELECTRICOS",8867,"CAPACETE IMC DE 3\"","UN",24634,"Actualización  2021 - I"]
["Antiguo","CABLES Y ACCESORIOS ELECTRICOS",8868,"CONDUCTORES COBRE No. 1/0 AWG/THHN 600V","ML",19125,"Actualización  2021 - I"]
["Antiguo","CABLES Y ACCESORIOS ELECTRICOS",8869,"CONDUCTOR COBRE No. 2 AWT/THHN 600V","ML",11761,"Actualización  2021 - I"]
["Antiguo","CABLES Y ACCESORIOS ELECTRICOS",8870,"CURVA CONDUIT EMT 1\"","UN",2502,"Actualización  2021 - I"]
["Antiguo","CABLES Y ACCESORIOS ELECTRICOS",8871,"CURVA CONDUIT EMT 3/4\"","UN",2850,"Actualización  2021 - I"]
["Antiguo","CABLES Y ACCESORIOS ELECTRICOS",8872,"CURVA GRAN RADIO DUCTO PVC  EB DE 3\"","UN",7517,"Actualización  2021 - I"]
["Antiguo","CABLES Y ACCESORIOS ELECTRICOS",8873,"FAVIGEL","KG",7072,"Actualización  2021 - I"]
["Antiguo","CABLES Y ACCESORIOS ELECTRICOS",8874,"MEDIDOR DE ENERGIA MONOFASICO","UN",53877,"Actualización  2021 - I"]
["Antiguo","CABLES Y ACCESORIOS ELECTRICOS",8875,"MEDIDOR DE ENERGIA TRIFASICO 20-80 AMP","UN",253914,"Actualización  2021 - I"]
["Antiguo","SOLDADURA Y PEGANTES",8876,"SOLDADURA EXOTERMICA 115 Gr","UN",17780,"Actualización  2021 - I"]
["Antiguo","CABLES Y ACCESORIOS ELECTRICOS",8877,"TOMA DOBLE VOZ Y DATOS CAT 6","UN",18124,"Actualización  2021 - I"]
["Antiguo","TUBERÍA Y ACCESORIOS CONDUIT GALVANIZADAS",8880,"TUBO CONDUIT IMC 4\"","ML",104411,"Actualización  2021 - I"]
["Antiguo","CABLES Y ACCESORIOS ELECTRICOS",8883,"UNION CONDUIT EMT DE 1\"","UN",1165,"Actualización  2021 - I"]
["Antiguo","CABLES Y ACCESORIOS ELECTRICOS",8884,"UNION CONDUIT EMT DE 3/4\"","UN",982,"Actualización  2021 - I"]
["Antiguo","SOLDADURA Y PEGANTES",8885,"SOLDADURA EXOTERMICA CAP No. 90 gr","UN",13121,"Actualización  2021 - I"]
["Antiguo","MOBILIARIO URBANO Y DE PARQUES",8892,"ESTACIÓN 10 - BANCA ABDOMINALES BAJO - ADULTOS MAYORES. DISEÑO IDRD. SUMINISTRO E INSTALACION","UN",1279068,"Actualización  2021 - I"]
["Antiguo","MOBILIARIO URBANO Y DE PARQUES",8893,"JUEGO BALANCIN - IDRD - NIÑOS (1-5 AÑOS) SUMINISTRO E INSTALACION","UN",1428000,"Actualización  2021 - I"]
["Antiguo","MOBILIARIO URBANO Y DE PARQUES",8894,"DOTACION BARRA ADULTOS/MAYORES - DISEÑO IDRD (SUMINISTRO E INSTALACION","UN",2261000,"Actualización  2021 - I"]
["Antiguo","MOBILIARIO URBANO Y DE PARQUES",8895,"DOTACION CAMINADOR ADULTOS/MAYORES - DISEÑO IDRD - SUMINISTRO E INSTALACION","UN",2737000,"Actualización  2021 - I"]
["Antiguo","MOBILIARIO URBANO Y DE PARQUES",8897,"DOTACION GIRO DE CADERA PARA ADULTOS - SEGUN ESPECIFICACION IDRD - SUMINISTRO E INSTALACION","UN",2380000,"Actualización  2021 - I"]
["Antiguo","GEOSINTETICOS",8907,"GEODREN CON TUBERIA CIRCULAR 160mm H= 1.0m","ML",71519,"Actualización  2021 - I"]
["Antiguo","GEOSINTETICOS",8908,"GEODREN CON TUBERIA CIRCULAR 200mm  H= 1.0m","ML",81556,"Actualización  2021 - I"]
["Antiguo","SUELDOS Y JORNALES ",8911,"TARIFA JORNAL - PERSONAL DE OBRA - OPERADOR EQUIPO DE SEÑALIZACIÓN HORARIO NOCTURNO (INCLUYE FACTOR DE PRESTACIONES)","JR",106900,"Actualización MO 2022"]
["Antiguo","GEOSINTETICOS",8913,"BOLSACRETO REF. 1101 ANCHO= 1.20m  LONGITUD= 2.40m  CAPACIDAD 1.0m3","UN",26406,"Actualización  2021 - I"]
["Antiguo","TUBERIAS DE PVC - ACUEDUCTO",8928,"TUBERIA PVC U.M. NORMA NTC 382 D= 14\" RD 21","ML",418164,"Actualización  2021 - I"]
["Antiguo","ACCESORIOS HD PARA REDES DE ACUEDUCTO",8929,"UNION GIBAULT HD PARA AC CL.25  D= 14\" (350mm)","UN",899331,"Actualización  2021 - I"]
["Antiguo","ACCESORIOS HD PARA REDES DE ACUEDUCTO",8930,"UNION DE CONSTRUCCION Y REPARACION PARA PVC  D= 14\"","UN",1472478,"Actualización  2021 - I"]
["Antiguo","ACCESORIOS HD PARA REDES DE ACUEDUCTO",8931,"UNION DE TRANSICION PVC-AC  CL.25  D= 14\"","UN",1410947,"Actualización  2021 - I"]
["Antiguo","ACCESORIOS HD PARA REDES DE ACUEDUCTO",8932,"REDUCCION CONCENTRICA HD E.L.  4\" x 2\"  (100x50mm)","UN",96801,"Actualización  2021 - I"]
["Antiguo","ACCESORIOS HD PARA REDES DE ACUEDUCTO",8933,"REDUCCION CONCENTRICA HD E.L.  14\" x 12\"  (350x300mm)","UN",2048273,"Actualización  2021 - I"]
["Antiguo","CABLES Y ACCESORIOS ELECTRICOS",8938,"CAJA GALVANIZADA 5800 CL. 20","UN",1327,"Actualización  2021 - I"]
["Antiguo","CABLES Y ACCESORIOS ELECTRICOS",8939,"CABLE POLARIZADO 2 x 14\"","ML",1759,"Actualización  2021 - I"]
["Antiguo","CABLES Y ACCESORIOS ELECTRICOS",8941,"TABLERO BIFASICO DE 18 CIRCUITOS CON PUERTA","UN",183137,"Actualización  2021 - I"]
["Antiguo","CABLES Y ACCESORIOS ELECTRICOS",8942,"CABLE C XLPE 4/0 AWG 15 KV ALUMINIO IL 100% CINTA","ML",28925,"Actualización  2021 - I"]
["Antiguo","TRANSPORTES DE MATERIALES Y ACARREOS",8968,"TRANSPORTE DE POSTES AP/LA","GLB",1000,"Actualización  2021 - I"]
["Antiguo","TRANSPORTES DE MATERIALES Y ACARREOS",8969,"MOVILIZACIÓN, MONTAJE Y DESMONTAJE PILOTEADORA","GLB",1000,"Actualización  2021 - I"]
["Antiguo","TRANSPORTES DE MATERIALES Y ACARREOS",8970,"TRANSPORTE TUBERIA GRP","GLB",1000,"Actualización  2021 - I"]
["Antiguo","TRANSPORTES DE MATERIALES Y ACARREOS",8971,"TRANSPORTE ACOPLE GRP","GLB",1000,"Actualización  2021 - I"]
["Antiguo","CONCRETOS Y MORTEROS PREMEZCLADOS",8972,"CONCRETO TREMIE 4000 PSI  28 MPa (280 Kg/cm2)","M3",440300,"Actualización  2021 - I"]
["Antiguo","SOLDADURA Y PEGANTES",8973,"SOLDADURA 7018 x 3/32","KG",11900,"Actualización  2021 - I"]
["Antiguo","ESTRUCTURAS EN ACERO",8975,"TUBERÍA ESTRUCTURAL METÁLICO RECTANGULAR DE 6mt (50mm x 25mm) ESPESOR 2mm (TUBERIA DE 2\" x 1\" CAL. 18)","ML",8659,"N.A"]
["Antiguo","ESTRUCTURAS EN ACERO",8978,"GALVANIZADO EN CALIENTE","KG",1607,"N.A"]
["Antiguo","ESTRUCTURAS EN ACERO",8979,"OXIGENO","M3",11900,"Actualización  2021 - I"]
["Antiguo","ESTRUCTURAS EN ACERO",8981,"LAMINA HR A-36","KG",3137,"N.A"]
["Antiguo","ESTRUCTURAS EN ACERO",8983,"PERFIL IPE - ASTM A572 GR. 50","KG",3451,"N.A"]
["Antiguo","ESTRUCTURAS EN ACERO",8984,"PERFILES C","KG",3561,"N.A"]
["Antiguo","CABLES Y ACCESORIOS ELECTRICOS",8985,"BREAKER ENCHUFABLE 1x50A","UN",9330,"Actualización  2021 - I"]
["Antiguo","CABLES Y ACCESORIOS ELECTRICOS",8986,"BREAKER ENCHUFABLE 1x15A","UN",8459,"Actualización  2021 - I"]
["Antiguo","CABLES Y ACCESORIOS ELECTRICOS",8987,"BREAKER ENCHUFABLE 2X15A","UN",34933,"Actualización  2021 - I"]
["Antiguo","CABLES Y ACCESORIOS ELECTRICOS",8988,"BREAKER ENCHUFABLE 1X30A","UN",9330,"Actualización  2021 - I"]
["Antiguo","CABLES Y ACCESORIOS ELECTRICOS",8990,"BREAKER ENCHUFABLE 3X60A","UN",81359,"Actualización  2021 - I"]
["Antiguo","CABLES Y ACCESORIOS ELECTRICOS",8993,"CAJA PARA 4 MEDIDORES TRIFASICA 81cm x 75cm x 18cm","UN",318334,"Actualización  2021 - I"]
["Antiguo","CABLES Y ACCESORIOS ELECTRICOS",8994,"CLAVIJA 10A","UN",1013,"Actualización  2021 - I"]
["Antiguo","CABLES Y ACCESORIOS ELECTRICOS",8995,"CURVA EMT 1 1/2\"","UN",6343,"Actualización  2021 - I"]
["Antiguo","CABLES Y ACCESORIOS ELECTRICOS",8996,"TABLERO TRIFASICO 18 CIRCUITOS CON ESPACIO PARA TOTALIZADOR","UN",280509,"Actualización  2021 - I"]
["Antiguo","CABLES Y ACCESORIOS ELECTRICOS",8997,"TABLERO MONOFASICO CON ESPACIO PARA 6 CIRCUITOS","UN",36978,"Actualización  2021 - I"]
["Antiguo","CABLES Y ACCESORIOS ELECTRICOS",9000,"TOTALIZADOR INDUSTRIAL DE 30A","UN",179139,"Actualización  2021 - I"]
["Antiguo","CABLES Y ACCESORIOS ELECTRICOS",9001,"TOTALIZADOR INDUSTRIAL DE 3x80A","UN",151626,"Actualización  2021 - I"]
["Antiguo","CABLES Y ACCESORIOS ELECTRICOS",9003,"UNION EMT 1 1/2\"","UN",2613,"Actualización  2021 - I"]
["Antiguo","TUBERÍA Y ACCESORIOS DE CONCRETO",9004,"TUBO EN CONCRETO ALTA RESISTENCIA D= 8\"","ML",176362,"Actualización  2021 - I"]
["Antiguo","TUBERÍA Y ACCESORIOS DE CONCRETO",9005,"TUBERIA CONCRETO DE ALTA RESISTENCIA D= 16\"","ML",377716,"Actualización  2021 - I"]
["Antiguo","TUBERÍA Y ACCESORIOS DE CONCRETO",9006,"TUBO EN CONCRETO ALTA RESISTENCIA D= 18\"","ML",468859,"Actualización  2021 - I"]
["Antiguo","TUBERÍA Y ACCESORIOS DE CONCRETO",9007,"TUBO EN CONCRETO ALTA RESISTENCIA D= 20\"","ML",552912,"Actualización  2021 - I"]
["Antiguo","ARBOLES GRAMAS VEGETACIÓN Y PLANTACIÓN ",9016,"EVALUACION PARA TRATAMIENTO Y/O MANEJO SILVICULTURAL. CANTIDAD <25 ARBOLES. (SEGUN RESOLUCION SDA No. 5589 DEL 30/09/2011)","UN",92000,"Actualización MO 2022"]
["Antiguo","ARBOLES GRAMAS VEGETACIÓN Y PLANTACIÓN ",9017,"SEGUIMIENTO PARA TRATAMIENTO Y/O MANEJO SILVICULTURAL. CANTIDAD <25 ARBOLES. (SEGUN RESOLUCION SDA No. 5589 DEL 30/09/2011)","UN",194000,"Actualización MO 2022"]
["Antiguo","ARBOLES GRAMAS VEGETACIÓN Y PLANTACIÓN ",9018,"EVALUACION PARA TRATAMIENTO Y/O MANEJO SILVICULTURAL. CANTIDAD 25 - 49 ARBOLES. (SEGUN RESOLUCION SDA No. 5589 DEL 30/09/2011)","UN",126000,"Actualización MO 2022"]
["Antiguo","ARBOLES GRAMAS VEGETACIÓN Y PLANTACIÓN ",9019,"SEGUIMIENTO PARA TRATAMIENTO Y/O MANEJO SILVICULTURAL. CANTIDAD 25 - 49 ARBOLES. (SEGUN RESOLUCION SDA No. 5589 DEL 30/09/2011)","UN",261000,"Actualización MO 2022"]
["Antiguo","ARBOLES GRAMAS VEGETACIÓN Y PLANTACIÓN ",9020,"EVALUACION PARA TRATAMIENTO Y/O MANEJO SILVICULTURAL. CANTIDAD 50 - 99 ARBOLES. (SEGUN RESOLUCION SDA No. 5589 DEL 30/09/2011)","UN",160000,"Actualización MO 2022"]
["Antiguo","ARBOLES GRAMAS VEGETACIÓN Y PLANTACIÓN ",9021,"SEGUIMIENTO PARA TRATAMIENTO Y/O MANEJO SILVICULTURAL. CANTIDAD 50 - 99 ARBOLES. (SEGUN RESOLUCION SDA No. 5589 DEL 30/09/2011)","UN",329000,"Actualización MO 2022"]
["Antiguo","ARBOLES GRAMAS VEGETACIÓN Y PLANTACIÓN ",9022,"EVALUACION PARA TRATAMIENTO Y/O MANEJO SILVICULTURAL. CANTIDAD 100 - 199. (SEGUN RESOLUCION SDA No. 5589 DEL 30/09/2011)","UN",194000,"Actualización MO 2022"]
["Antiguo","ARBOLES GRAMAS VEGETACIÓN Y PLANTACIÓN ",9023,"SEGUIMIENTO PARA TRATAMIENTO Y/O MANEJO SILVICULTURAL. CANTIDAD 100 - 199. (SEGUN RESOLUCION SDA No. 5589 DEL 30/09/2011)","UN",397000,"Actualización MO 2022"]
["Antiguo","ARBOLES GRAMAS VEGETACIÓN Y PLANTACIÓN ",9024,"EVALUACION PARA TRATAMIENTO Y/O MANEJO SILVICULTURAL. CANTIDAD 200 - 299. (SEGUN RESOLUCION SDA No. 5589 DEL 30/09/2011)","UN",261000,"Actualización MO 2022"]
["Antiguo","ARBOLES GRAMAS VEGETACIÓN Y PLANTACIÓN ",9025,"SEGUIMIENTO PARA TRATAMIENTO Y/O MANEJO SILVICULTURAL. CANTIDAD 200 - 299. (SEGUN RESOLUCION SDA No. 5589 DEL 30/09/2011)","UN",532000,"Actualización MO 2022"]
["Antiguo","ARBOLES GRAMAS VEGETACIÓN Y PLANTACIÓN ",9026,"EVALUACION PARA TRATAMIENTO Y/O MANEJO SILVICULTURAL. CANTIDAD 300 - 399. (SEGUN RESOLUCION SDA No. 5589 DEL 30/09/2011)","UN",387000,"Actualización MO 2022"]
["Antiguo","ARBOLES GRAMAS VEGETACIÓN Y PLANTACIÓN ",9027,"SEGUIMIENTO PARA TRATAMIENTO Y/O MANEJO SILVICULTURAL. CANTIDAD 300 - 399. (SEGUN RESOLUCION SDA No. 5589 DEL 30/09/2011)","UN",667000,"Actualización MO 2022"]
["Antiguo","ARBOLES GRAMAS VEGETACIÓN Y PLANTACIÓN ",9028,"EVALUACION PARA TRATAMIENTO Y/O MANEJO SILVICULTURAL. CANTIDAD 400 - 499. (SEGUN RESOLUCION SDA No. 5589 DEL 30/09/2011)","UN",513000,"Actualización MO 2022"]
["Antiguo","ARBOLES GRAMAS VEGETACIÓN Y PLANTACIÓN ",9029,"SEGUIMIENTO PARA TRATAMIENTO Y/O MANEJO SILVICULTURAL. CANTIDAD 400 - 499. (SEGUN RESOLUCION SDA No. 5589 DEL 30/09/2011)","UN",1006000,"Actualización MO 2022"]
["Antiguo","ARBOLES GRAMAS VEGETACIÓN Y PLANTACIÓN ",9030,"EVALUACION PARA TRATAMIENTO Y/O MANEJO SILVICULTURAL. CANTIDAD 500 - 999 ARBOLES. (SEGUN RESOLUCION SDA No. 5589 DEL 30/09/2011)","UN",852000,"Actualización MO 2022"]
["Antiguo","ARBOLES GRAMAS VEGETACIÓN Y PLANTACIÓN ",9031,"SEGUIMIENTO PARA TRATAMIENTO Y/O MANEJO SILVICULTURAL. CANTIDAD 500 - 999 ARBOLES. (SEGUN RESOLUCION SDA No. 5589 DEL 30/09/2011)","UN",1935000,"Actualización MO 2022"]
["Antiguo","ARBOLES GRAMAS VEGETACIÓN Y PLANTACIÓN ",9032,"EVALUACION PARA TRATAMIENTO Y/O MANEJO SILVICULTURAL. CANTIDAD >1000 ARBOLES. (SEGUN RESOLUCION SDA No. 5589 DEL 30/09/2011)","UN",1055000,"Actualización MO 2022"]
["Antiguo","ARBOLES GRAMAS VEGETACIÓN Y PLANTACIÓN ",9033,"SEGUIMIENTO PARA TRATAMIENTO Y/O MANEJO SILVICULTURAL. CANTIDAD >1000 ARBOLES. (SEGUN RESOLUCION SDA No. 5589 DEL 30/09/2011)","UN",2273000,"Actualización MO 2022"]
["Antiguo","SEÑALES, BARRERAS Y DEMARCACIÓN VIAL",9034,"DELINEADORES TIPO A 0.77 x 0.15 x 0.10 (Incluye tornillos)","UN",134530,"Actualización  2021 - I"]
["Antiguo","SEÑALES, BARRERAS Y DEMARCACIÓN VIAL",9035,"DELINEADORES TIPO B 0.78 x 0.20 x 0.15 (Incluye tornillos)","UN",226576,"Actualización  2021 - I"]
["Antiguo","SEÑALES, BARRERAS Y DEMARCACIÓN VIAL",9036,"DELINEADORES TIPO C 0.405 x 0.15 x 0.085 (Incluye tornillos)","UN",49385,"Actualización  2021 - I"]
["Antiguo","DUCTOS PVC - ELECTRICOS/TELEFONICOS TIPO TDP-DB-EB",9037,"CURVA 90° PVC 2\"","UN",17588,"Actualización  2021 - I"]
["Antiguo","SEMAFORIZACION",9038,"POSTE TIPO MASTIL T1 X (5.00 mt) EN TUBO SCH 40  GALVANIZADO Y PINTADO","UN",1942080,"Actualización  2021 - I"]
["Antiguo","CABLES Y ACCESORIOS ELECTRICOS",9041,"BALA LED POTENCIA 35 W, FLUJO LUMINOSO 3200 LUMENS","UN",266074,"Actualización  2021 - I"]
["Antiguo","GEOSINTETICOS",9043,"GEOMALLA FORTGRID ASPHALT 75  3.8m\\ FORTGRID ASPHALT 300 GEF: 3,2","M2",13228,"Actualización  2021 - I"]
["Antiguo","GEOSINTETICOS",9044,"GEOMALLA FORTGRID ASPHALT 100  3.8m\\ FORTGRID ASPHALT 700 GEF: 7,0","M2",13185,"Actualización  2021 - I"]
["Antiguo","SEÑALES, BARRERAS Y DEMARCACIÓN VIAL",9048,"CARTELERA CON MARCO EN ALUMINIO ANODIZADO, PAÑO COLOR GRIS CON CENEFA SUPERIOR, PUERTAS CORREDIZAS. Incl. transporte","UN",736610,"Actualización  2021 - I"]
["Antiguo","MUEBLES - EQUIPOS Y ELEMENTOS OFICINA",9050,"CAMARA DIGITAL COMPACTA MINIMO 16.2 MEGAPIXELES, MEMORIA DE 8 GB, VIDEO HD CON PAUSA Y ZOOM (UN)","UN",328452,"Actualización  2021 - I"]
["Antiguo","CUBIERTA - CIELO RASO - CORTASOL TIPO TRANSMILENIO",9054,"CUBIERTA 333C, SENCILLA, EN ALUZINC Cal 24. SUM E INST. PANEL SIN TRASLAPOS LONGITUDINALES. PINTURA PLASTISOL/DURANAR 1 CARA (e=24micrones) CLIPS METALICOS OCULTOS. AISLANTE FIBRA VIDRIO 38mm","M2",229154,"Actualización  2021 - I"]
["Antiguo","CUBIERTA - CIELO RASO - CORTASOL TIPO TRANSMILENIO",9056,"CIELORASO BAFFLE EN ALUZINC LISO COLOR ALUMINIO MEDIO. INCL FIJACION CON SISTEMA DE TRABA DE PRESION A UN RIEL PORTAPANEL SECCION 25mm CON DISTANCIA CADA 100mm Y ALTUA DE 100mm","M2",302171,"Actualización  2021 - I"]
["Antiguo","CUBIERTA - CIELO RASO - CORTASOL TIPO TRANSMILENIO",9057,"CIELO 84R EN ALUZINC LISO COLOR ALUMINIO MEDIO. INCL FIJACION A LA ESTRUCTURA DEL PORTAPANEL POR MEDIO DE AMARRES CADA METRO, ANCHO DEL PANEL DE 84mm","M2",242885,"Actualización  2021 - I"]
["Antiguo","FORMALETAS, ANDAMIOS Y ACCESORIOS",9061,"CAMISA METALICA PERDIDA e= 3/8\"","M2",443914,"Actualización  2021 - I"]
["Antiguo","SEÑALES, BARRERAS Y DEMARCACIÓN VIAL",9062,"SEÑAL VERTICAL UNA CARA PARA CICLORUTA PARAL 3m, ÁNGULO DE 2x1/4x3m LAMINA CAL. 16 PINTADA POR UNA CARA 0.60m x 0.60m o 0.75m x 0.75m","UN",214200,"N.A"]
["Antiguo","EQUIPO LIVIANO",9083,"EQUIPO DE TOPOGRAFÍA. INCLUYE TRÁNSITO, NIVEL Y ELEMENTOS COMPLEMENTARIOS - DÍA","DIA",125000,"Actualización MO 2022"]
["Antiguo","SUELDOS Y JORNALES ",9084,"TARIFA MES - PERSONAL TÉCNICO-TECNÓLOGO EN ÁREAS DE INGENIERÍA (NO INCLUYE FACTOR DE PRESTACIONES)","MES",2622000,"Actualización MO 2022"]
["Antiguo","SUELDOS Y JORNALES ",9085,"TARIFA MES - PERSONAL TÉCNICO - AUXILIAR DE INGENIERÍA (NO INCLUYE FACTOR DE PRESTACIONES)","MES",2305000,"Actualización MO 2022"]
["Antiguo","SUELDOS Y JORNALES ",9086,"TARIFA MES - PERSONAL TÉCNICO - DIBUJANTE 1 (NO INCLUYE FACTOR DE PRESTACIONES)","MES",2417000,"Actualización MO 2022"]
["Antiguo","SUELDOS Y JORNALES ",9087,"TARIFA MES - PERSONAL TÉCNICO - DIBUJANTE 2 (NO INCLUYE FACTOR DE PRESTACIONES)","MES",1953000,"Actualización MO 2022"]
["Antiguo","SUELDOS Y JORNALES ",9088,"TARIFA MES - PERSONAL TÉCNICO - TOPÓGRAFO INSPECTOR (NO INCLUYE FACTOR DE PRESTACIONES)","MES",2733000,"Actualización MO 2022"]
["Antiguo","SUELDOS Y JORNALES ",9089,"TARIFA MES - PERSONAL TÉCNICO - LABORATORISTA INSPECTOR (NO INCLUYE FACTOR DE PRESTACIONES)","MES",2421000,"Actualización MO 2022"]
["Antiguo","SUELDOS Y JORNALES ",9090,"TARIFA MES - PERSONAL TÉCNICO - LABORATORISTA AUXILIAR (NO INCLUYE FACTOR DE PRESTACIONES)","MES",1695000,"Actualización MO 2022"]
["Antiguo","SUELDOS Y JORNALES ",9091,"TARIFA MES - PERSONAL TÉCNICO - OPERADOR EQUIPO PERFORACIÓN (INCLUYE FACTOR DE PRESTACIONES)","MES",3014087,"Actualización MO 2022"]
["Antiguo","SUELDOS Y JORNALES ",9092,"TARIFA MES - PERSONAL TÉCNICO - OPERADOR AUXILIAR DE EQUIPO (INCLUYE FACTOR DE PRESTACIONES)","MES",2188333,"Actualización MO 2022"]
["Antiguo","SUELDOS Y JORNALES ",9093,"TARIFA MES - PERSONAL TÉCNICO - INSPECTOR 1 (NO INCLUYE FACTOR DE PRESTACIONES)","MES",1988000,"Actualización MO 2022"]
["Antiguo","SUELDOS Y JORNALES ",9094,"TARIFA MES - PERSONAL TÉCNICO - INSPECTOR 2 (NO INCLUYE FACTOR DE PRESTACIONES)","MES",1790000,"Actualización MO 2022"]
["Antiguo","SUELDOS Y JORNALES ",9095,"TARIFA MES - PERSONAL TÉCNICO - TOPÓGRAFO AUXILIAR (NO INCLUYE FACTOR DE PRESTACIONES)","MES",2242000,"Actualización MO 2022"]
["Antiguo","SUELDOS Y JORNALES ",9096,"TARIFA MES - PERSONAL TÉCNICO - BATIMETRISTA INSPECTOR (NO INCLUYE FACTOR DE PRESTACIONES)","MES",2733000,"Actualización MO 2022"]
["Antiguo","SUELDOS Y JORNALES ",9097,"TARIFA MES - PERSONAL TÉCNICO - BATIMETRISTA AUXILIAR (NO INCLUYE FACTOR DE PRESTACIONES)","MES",2242000,"Actualización MO 2022"]
["Antiguo","SUELDOS Y JORNALES ",9098,"TARIFA MES - PERSONAL AUXILIAR TÉCNICO - CADENERO 1 (NO INCLUYE FACTOR DE PRESTACIONES)","MES",1695000,"Actualización MO 2022"]
["Antiguo","SUELDOS Y JORNALES ",9099,"TARIFA MES - PERSONAL AUXILIAR TÉCNICO - CADENERO 2 (NO INCLUYE FACTOR DE PRESTACIONES)","MES",1476000,"Actualización MO 2022"]
["Antiguo","SUELDOS Y JORNALES ",9100,"TARIFA MES - PERSONAL AUXILIAR TÉCNICO - CONDUCTOR O MOTORISTA (NO INCLUYE FACTOR DE PRESTACIONES)","MES",1228000,"Actualización MO 2022"]
["Antiguo","SUELDOS Y JORNALES ",9101,"TARIFA MES - PERSONAL DE OBRA - MAESTRO DE OBRA (NO INCLUYE FACTOR DE PRESTACIONES)","MES",3000000,"Actualización MO 2022"]
["Antiguo","SUELDOS Y JORNALES ",9102,"TARIFA MES - PERSONAL ADMINISTRATIVO - ADMINISTRADOR (NO INCLUYE FACTOR DE PRESTACIONES)","MES",2454000,"Actualización MO 2022"]
["Antiguo","SUELDOS Y JORNALES ",9103,"TARIFA MES - PERSONAL ADMINISTRATIVO - AUXILIAR ADMINISTRATIVO-ALMACENISTA (NO INCLUYE FACTOR DE PRESTACIONES)","MES",1815000,"Actualización MO 2022"]
["Antiguo","SUELDOS Y JORNALES ",9104,"TARIFA MES - PERSONAL ADMINISTRATIVO - SECRETARIA 1 (NO INCLUYE FACTOR DE PRESTACIONES)","MES",1476000,"Actualización MO 2022"]
["Antiguo","SUELDOS Y JORNALES ",9105,"TARIFA MES - PERSONAL ADMINISTRATIVO - SECRETARIA 2 (NO INCLUYE FACTOR DE PRESTACIONES)","MES",1228000,"Actualización MO 2022"]
["Antiguo","SUELDOS Y JORNALES ",9107,"TARIFA MES - PROFESIONAL CATEGORÍA 1 (NO INCLUYE FACTOR DE PRESTACIONES)","MES",12721000,"Actualización MO 2022"]
["Antiguo","SUELDOS Y JORNALES ",9108,"TARIFA MES - PROFESIONAL CATEGORÍA 2 (NO INCLUYE FACTOR DE PRESTACIONES)","MES",9695000,"Actualización MO 2022"]
["Antiguo","SUELDOS Y JORNALES ",9109,"TARIFA MES - PROFESIONAL CATEGORÍA 3 (NO INCLUYE FACTOR DE PRESTACIONES)","MES",8182000,"Actualización MO 2022"]
["Antiguo","SUELDOS Y JORNALES ",9110,"TARIFA MES - PROFESIONAL CATEGORÍA 4 (NO INCLUYE FACTOR DE PRESTACIONES)","MES",6967000,"Actualización MO 2022"]
["Antiguo","SUELDOS Y JORNALES ",9111,"TARIFA MES - PROFESIONAL CATEGORÍA 5 (NO INCLUYE FACTOR DE PRESTACIONES)","MES",6284000,"Actualización MO 2022"]
["Antiguo","SUELDOS Y JORNALES ",9112,"TARIFA MES - PROFESIONAL CATEGORÍA 6 (NO INCLUYE FACTOR DE PRESTACIONES)","MES",5604000,"Actualización MO 2022"]
["Antiguo","SUELDOS Y JORNALES ",9113,"TARIFA MES - PROFESIONAL CATEGORÍA 7 (NO INCLUYE FACTOR DE PRESTACIONES)","MES",4237000,"Actualización MO 2022"]
["Antiguo","SUELDOS Y JORNALES ",9114,"TARIFA MES - PROFESIONAL CATEGORÍA 8 (NO INCLUYE FACTOR DE PRESTACIONES)","MES",3998000,"Actualización MO 2022"]
["Antiguo","EQUIPO LIVIANO",9115,"EQUIPO DE TOPOGRAFÍA. INCLUYE TRÁNSITO, NIVEL Y ELEMENTOS COMPLEMENTARIOS - MES","MES",3627000,"Actualización MO 2022"]
["Antiguo","EQUIPO LIVIANO",9116,"EQUIPO COMPLETO DE LABORATORIO - ESTUDIOS - DÍA","DIA",195000,"Actualización MO 2022"]
["Antiguo","EQUIPO LIVIANO",9117,"EQUIPO COMPLETO DE LABORATORIO - ESTUDIOS - MES","MES",5657000,"Actualización MO 2022"]
["Antiguo","EQUIPO LIVIANO",9118,"EQUIPO COMPLETO DE LABORATORIO - INTERVENTORIAS - DÍA","DIA",338000,"Actualización MO 2022"]
["Antiguo","EQUIPO LIVIANO",9119,"EQUIPO COMPLETO DE LABORATORIO - INTERVENTORIAS - MES","MES",10000033,"Actualización MO 2022"]
["Antiguo","EQUIPO LIVIANO",9120,"EQUIPO COMPLETO DE BATIMETRIA, HIDROMETRIA O SEDIMENTOMETRIA - DÍA","DIA",241000,"Actualización MO 2022"]
["Antiguo","EQUIPO LIVIANO",9121,"EQUIPO COMPLETO DE BATIMETRIA, HIDROMETRIA O SEDIMENTOMETRIA - MES","MES",7259000,"Actualización MO 2022"]
["Antiguo","EQUIPO LIVIANO",9122," PLOTTER - DÍA","DIA",36841,"Actualización MO 2022"]
["Antiguo","EQUIPO LIVIANO",9123,"PLOTTER - MES","MES",1109440,"Actualización MO 2022"]
["Antiguo","EQUIPO LIVIANO",9124,"DISTANCIOMETRO  (Incluyendo tránsito y Estación Total) - Capacidad de Lectura hasta 1500m","DIA",237000,"Actualización MO 2022"]
["Antiguo","EQUIPO LIVIANO",9125,"DISTANCIOMETRO  (Incluyendo tránsito y Estación Total) - Capacidad de Lectura hasta 1500m.","MES",7000086,"Actualización MO 2022"]
["Antiguo","ACCESORIOS HD PARA REDES DE ACUEDUCTO",9143,"TAPON HD EXTREMO LISO D= 3\"","UN",44049,"Actualización  2021 - I"]
["Antiguo","SERV. DIAGNÓSTICO-INSPECCIÓN REDES HIDROSANITARIAS",9144,"PRUEBA HIDROSTÁTICA EN TUBERÍAS HASTA DE 12\" TRAMOS MÁXIMO DE 500 ML","UN",555225,"Actualización  2021 - I"]
["Antiguo","SERV. DIAGNÓSTICO-INSPECCIÓN REDES HIDROSANITARIAS",9145,"DESINFECCIÓN DE TUBERÍAS HASTA DE 12\", POR TRAMOS.","UN",476000,"Actualización  2021 - I"]
["Antiguo","SEMAFORIZACION",9146,"DETECTORES DE DEMANDA VEHICULAR (CÁMARA) NO INCLUYE CABLES","UN",12575682,"Actualización  2021 - I"]
["Antiguo","SEMAFORIZACION",9147,"DETECTORES DE DEMANDA PEATONAL (BOTONES) NO INCLUYE CABLES","UN",1878356,"Actualización  2021 - I"]
["Antiguo","EQUIPO PESADO",9148,"TORRE DE ILUMINACIÓN. INCLUYE COMBUSTIBLE","UN/MES",4522000,"Actualización  2021 - I"]
["Antiguo","SEMAFORIZACION",9150,"CONTROLADOR C900V CON CAPACIDAD PARA 16 GRUPOS VEHICULARES O PEATONALES. (Suministro, instalación y puesta en funcionamiento). CON POSIBILIDAD DE AMPLIACIÓN HASTA 32 GRUPOS, RELOJ EN TIEMPO REAL, 32","UN",132353578,"Actualización  2021 - I"]
["Antiguo","SEMAFORIZACION",9151,"CONTROLADOR C900V CON CAPACIDAD PARA 24 GRUPOS VEHICULARES O PEATONALES. (Suministro, instalación y puesta en funcionamiento). CON POSIBILIDAD DE AMPLIACIÓN HASTA 32 GRUPOS, RELOJ EN TIEMPO REAL, 32","UN",146953195,"Actualización  2021 - I"]
["Antiguo","SEMAFORIZACION",9152,"CONTROLADOR C900V CON CAPACIDAD PARA 32 GRUPOS VEHICULARES O PEATONALES. (Suministro, instalación y puesta en funcionamiento). CON POSIBILIDAD DE AMPLIACIÓN HASTA 32 GRUPOS, RELOJ EN TIEMPO REAL, 32","UN",167294732,"Actualización  2021 - I"]
["Antiguo","FORMALETAS, ANDAMIOS Y ACCESORIOS",9159,"ENTIBADO METÁLICO DE PROFUNDIDAD DE HASTA 4.80m Y ANCHO ENTRE 1.00m Y 1.20m. CUBRE LAS DOS PAREDES DE LA ZANJA. INCL. ACCESORIOS Y ELEMENTOS DE FIJACIÓN.","M2",135660,"Actualización  2021 - I"]
["Antiguo","EQUIPO",9164,"ALQUILER DE VEHICULO: CAMPERO, PICK-UP, CAMIONETA, CAMION O SIMILAR MAYOR A 2000cc DE CILINDRADA, MODELO 2022 A 2019. 100% DE LA TARIFA ESTABLECIDA. INCLUYE TODOS LOS COSTOS DE OPERACIÓN Y MANTENIMIENTO EXCEPTO EL SALARIO DEL CONDUCTOR.","DIA",304000,"Actualización MO 2022"]
["Antiguo","EQUIPO",9165,"ALQUILER DE VEHICULO: CAMPERO, PICK-UP, CAMIONETA, CAMION O SIMILAR DE 1300cc A 2000cc DE CILINDRADA, MODELO 2022 A 2019. 100% DE LA TARIFA ESTABLECIDA. INCLUYE TODOS LOS COSTOS DE OPERACIÓN Y MANTENIMIENTO EXCEPTO EL SALARIO DEL CONDUCTOR","MES",6422000,"Actualización MO 2022"]
["Antiguo","EQUIPO",9166,"ALQUILER DE VEHICULO: CAMPERO, PICK-UP, CAMIONETA, CAMION O SIMILAR MAYOR A 2000cc DE CILINDRADA, MODELO 2022 A 2019. 100% DE LA TARIFA ESTABLECIDA. INCLUYE TODOS LOS COSTOS DE OPERACIÓN Y MANTENIMIENTO EXCEPTO EL SALARIO DEL CONDUCTOR","MES",9174000,"Actualización MO 2022"]
["Antiguo","EQUIPO",9167,"ALQUILER DE VEHICULO: CAMPERO, PICK-UP, CAMIONETA, CAMION O SIMILAR CON CAPACIDAD DE CARGA DE 3 TON O MAS, MODELO 2022 A 2019. 100% DE LA TARIFA ESTABLECIDA. INCLUYE TODOS LOS COSTOS DE OPERACIÓN Y MANTENIMIENTO EXCEPTO EL SALARIO DEL CONDUCTOR.","DIA",416000,"Actualización MO 2022"]
["Antiguo","EQUIPO",9168,"ALQUILER DE VEHICULO: CAMPERO, PICK-UP, CAMIONETA, CAMION O SIMILAR CON CAPACIDAD DE CARGA DE 3 TON O MAS, MODELO 2022 A 2019. 100% DE LA TARIFA ESTABLECIDA. INCLUYE TODOS LOS COSTOS DE OPERACIÓN Y MANTENIMIENTO EXCEPTO EL SALARIO DEL CONDUCTOR","MES",12483000,"Actualización MO 2022"]
["Antiguo","SEÑALES, BARRERAS Y DEMARCACIÓN VIAL",9169,"PALETA PARE-SIGA REGLAMENTADA","UN",32963,"Actualización  2021 - I"]
["Antiguo","ESTRUCTURAS EN ACERO",9170,"ARANDELA (Kg)","KG",9508,"N.A"]
["Antiguo","ESTRUCTURAS EN ACERO",9171,"TORNILLO (Kg)","KG",7994,"N.A"]
["Antiguo","TRANSPORTES DE MATERIALES Y ACARREOS",9172,"TRANSPORTE DE EQUIPO MENOR A UNA TONELADA POR VIAJE. INCLUYE ESCOLTA","VIAJE",119000,"Actualización  2021 - I"]
["Antiguo","EQUIPO LIVIANO Y HERRAMIENTAS",9176,"PLUMA GRÚA A COMBUSTIÓN - CAPACIDAD DE CARGA DE 250 A 300 KG","MES",501373,"Actualización  2021 - I"]
["Antiguo","SEÑALES, BARRERAS Y DEMARCACIÓN VIAL",9184,"SEÑAL VERTICAL GRUPO DE INFORMATIVAS TIPO RECTANGULO (60cm x 75cm)","UN",238000,"N.A"]
["Antiguo","SEMAFORIZACION",9185,"SONORIZADORES PARA INVIDENTES","UN",4595780,"Actualización  2021 - I"]
["Antiguo","CABLES Y ACCESORIOS ELECTRICOS",9186,"TRANSFORMADOR MONOFASICO 15 KVA (TENSION PRIMARIA DE 13.200, TENSION SECUNDARIA 240/120V ABB","UN",2269499,"Actualización  2021 - I"]
["Antiguo","SEMAFORIZACION",9187,"POSTE TIPO MÉNSULA T2 (3.50m) EN TUBO SCH 40 GALVANIZADO Y PINTADO.","UN",2387973,"Actualización  2021 - I"]
["Antiguo","SEMAFORIZACION",9188,"POSTE TIPO MÉNSULA T2 (4.50m) EN TUBO SCH 40 GALVANIZADO Y PINTADO.","UN",2632756,"Actualización  2021 - I"]
["Antiguo","SEMAFORIZACION",9189,"POSTE TIPO MÉNSULA T2 (6.50m) EN TUBO SCH 40 GALVANIZADO Y PINTADO.","UN",3256673,"Actualización  2021 - I"]
["Antiguo","SEMAFORIZACION",9190,"POSTE TIPO MÉNSULA T2 (8.50m) EN TUBO SCH 40 GALVANIZADO Y PINTADO.","UN",4746196,"Actualización  2021 - I"]
["Antiguo","SEMAFORIZACION",9191,"SEMAFORO VEHICULAR DE POLICARBONATO (3x200), LENTES DE POLICARBONATO DE 8\", TRES LUCES, SISTEMA DE ILUMINACIÓN A LEDS. TIPO MENSULA.","UN",3948678,"Actualización  2021 - I"]
["Antiguo","SEMAFORIZACION",9192,"SEMAFORO VEHICULAR DE POLICARBONATO (3x200), LENTES DE POLICARBONATO DE 8\", TRES LUCES, SISTEMA DE ILUMINACIÓN A LEDS. FLECHA DE GIRO TIPO MENSULA.","UN",3797373,"Actualización  2021 - I"]
["Antiguo","SEMAFORIZACION",9193,"SEMAFORO VEHICULAR DE POLICARBONATO (3x200), LENTES DE POLICARBONATO DE 8\", TRES LUCES, SISTEMA DE ILUMINACIÓN A LEDS. FLECHA DE GIRO TIPO MASTIL.","UN",3460691,"Actualización  2021 - I"]
["Antiguo","SEMAFORIZACION",9194,"SEMAFORO VEHICULAR DE POLICARBONATO (3x200), LENTES DE POLICARBONATO DE 8\", TRES LUCES, SISTEMA DE ILUMINACIÓN A LEDS. TIPO MASTIL.","UN",3617304,"Actualización  2021 - I"]
["Antiguo","CONCRETOS Y MORTEROS PREMEZCLADOS",9197,"CONCRETO MR41 COLOR OCRE.","M3",754900,"Actualización  2021 - I"]
["Antiguo","CONCRETOS Y MORTEROS PREMEZCLADOS",9199,"CONCRETO MR41 COLOR GRIS GRAVA 1\" (280 Kg/cm2)","M3",435540,"Actualización  2021 - I"]
["Antiguo","SEÑALES, BARRERAS Y DEMARCACIÓN VIAL",9200,"SEÑAL VERTICAL GRUPO DE PREVENTIVAS TIPO CUADRADO (75cm x 75cm)","UN",297500,"N.A"]
["Antiguo","SEÑALES, BARRERAS Y DEMARCACIÓN VIAL",9201,"SEÑAL VERTICAL GRUPO DE PREVENTIVAS SP-40 TIPO RECTANGULO (120cm x 40cm)","UN",297500,"N.A"]
["Antiguo","SEÑALES, BARRERAS Y DEMARCACIÓN VIAL",9202,"SEÑAL VERTICAL GRUPO DE REGLAMENTARIAS TIPO CIRCULO D= 75cm","UN",297500,"N.A"]
["Antiguo","SEÑALES, BARRERAS Y DEMARCACIÓN VIAL",9203,"SEÑAL VERTICAL GRUPO DE REGLAMENTARIAS SR-01 TIPO OCTAGONO CON ALTURA DE 75cm","UN",297500,"N.A"]
["Antiguo","SEÑALES, BARRERAS Y DEMARCACIÓN VIAL",9204,"SEÑAL VERTICAL GRUPO DE REGLAMENTARIAS SR-02 TIPO TRIANGULO EQUILATERO 75cm DE LADO","UN",297500,"N.A"]
["Antiguo","SEÑALES, BARRERAS Y DEMARCACIÓN VIAL",9209,"BARRICADA METALICA TIPO IDU CON CERRADO REFLECTIVO NARANJA Y BLANCO GRADO INGENIERIA, MEDIDAS: 2.40m x 1.50m - 3 BANDEJAS DE 20cm x 2.40m. TABLERO DE DESVIO DE 60cm","UN",273700,"Actualización  2021 - I"]
["Antiguo","EQUIPO PESADO",9210,"GRUA REMOLQUE. INCLUYE CONDUCTOR Y COMBUSTIBLE. INCLUYE MOVILIZACIÓN Y DESMOVILIZACIÓN","DIA",1161869,"Actualización  2021 - I"]
["Antiguo","GESTIÓN SOCIAL ELEMENTOS DE PUBLICIDAD",9211,"PASACALLE  IMPRESO EN LONA BANNER (7.00m x 1.00m) INCLUYE PALOS A LOS EXTREMOS","UN",285705,"Actualización  2021 - I"]
["Antiguo","ENSAYO LABORATORIO - ROCA",9216,"CARGA PUNTUAL EN MUESTRAS DE ROCA INTACTA. Norma técnica: ASTM D5731 - 16.","UN",116800,"Actualización  2021 - I"]
["Antiguo","ENSAYO LABORATORIO - ROCA",9217,"MÉTODO PARA LA DETERMINACIÓN DEL ÍNDICE DE DESLEIMIENTO - DURABILIDAD DE LUTITAS Y OTRAS ROCAS DÉBILES. Norma técnica: INV E 236-13 ASTM D4644 - 16.","UN",202300,"Actualización  2021 - I"]
["Antiguo","ENSAYO LABORATORIO - ROCA",9219,"RESISTENCIA A LA TRACCIÓN INDIRECTA DE MUESTRAS DE ROCA INTACTA. Norma técnica: ASTM D3967 - 16.","UN",95200,"Actualización  2021 - I"]
["Antiguo","MARCOS, TAPAS, REJILLAS, HERRAJES Y CAJILLAS",9229,"JUEGO DE ARO Y TAPA EN HF PARA CAMARA T-13 Y T-14 NORMA ETB","JGO",290015,"N.A"]
["Antiguo","CUBIERTA - CIELO RASO - CORTASOL TIPO TRANSMILENIO",9247,"LAMINA ALVEOLAR POLICARBONATO","M2",58620,"Actualización  2021 - I"]
["Antiguo","SEMAFORIZACION",9250,"ALQUILER CONTROLADOR C900V CON CAPACIDAD PARA 16 GRUPOS VEHICULARES O PEATONALES. (Suministro, instalación y puesta en funcionamiento y traslado interno). CON POSIBILIDAD DE AMPLIACIÓN HASTA 32 GRUPOS","UN/DIA",1068025,"Actualización  2021 - I"]
["Antiguo","MUEBLES - EQUIPOS Y ELEMENTOS OFICINA",9253,"EQUIPO ANDROIDE CON GPS, CAMARA Y WIFI","UN",211799,"Actualización  2021 - I"]
["Antiguo","SUELDOS Y JORNALES ",9254,"TARIFA JORNAL - PROFESIONAL CATEGORÍA 6 (NO INCLUYE FACTOR DE PRESTACIONES)","JR",186800,"Actualización MO 2022"]
["Antiguo","CONCRETOS Y MORTEROS PREMEZCLADOS",9255,"CONCRETO MR43 DE RESISTENCIA ACELERADA (7 días)","M3",452200,"Actualización  2021 - I"]
["Antiguo","TUBERÍA Y ACCESORIOS DE CONCRETO",9256,"TUBERIA CONCRETO REF. CL.V D=24\" (60cm)","ML",548747,"Actualización  2021 - I"]
["Antiguo","TUBERÍA Y ACCESORIOS DE CONCRETO",9257,"TUBERIA CONCRETO REF. CL.V D=27\" (70 cm)","ML",732340,"Actualización  2021 - I"]
["Antiguo","TUBERÍA Y ACCESORIOS DE CONCRETO",9259,"TUBERIA CONCRETO REF. CL.V D=40´ (100 cm)","ML",1440274,"Actualización  2021 - I"]
["Antiguo","ACCESORIOS HD PARA REDES DE ACUEDUCTO",9260,"CRUZ HD  12\" x 6\" JH (JUNTA HIDRAULICA)","UN",2350497,"Actualización  2021 - I"]
["Antiguo","MOBILIARIO URBANO Y DE PARQUES",9266,"JUEGO RUEDA GIRATORIA SENCILLA - IDRD NIÑOS (1 - 5 AÑOS) SUMINISTRO E INSTALACION. SEGUN ESPECIFICACIONES IDRD","UN",4313750,"Actualización  2021 - I"]
["Antiguo","MOBILIARIO URBANO Y DE PARQUES",9269,"ESTRUCTURA MICROFUTBOL. SUMINISTRO E INSTALACION. SEGUN ESPECIFICACIONES IDRD","JGO",1902963,"Actualización  2021 - I"]
["Antiguo","MOBILIARIO URBANO Y DE PARQUES",9270,"ESTRUCTURA BALONCESTO CON TABLERO ANTIBANDALICO. SUMINISTRO E INSTALACION. SEGUN ESPECIFICACIONES IDRD","JGO",3644375,"Actualización  2021 - I"]
["Antiguo","MOBILIARIO URBANO Y DE PARQUES",9271,"CERRAMIENTO CONTRA IMPACTO IDRD h= 5.0m","ML",1031229,"Actualización  2021 - I"]
["Antiguo","ENSAYO LABORATORIO - SUELOS",9275,"CORTE DIRECTO EN CONDICIÓN UU, NO CONSOLIDADA - NO DRENADA (3 PUNTOS)","UN",357000,"Actualización  2021 - I"]
["Antiguo","ENSAYO LABORATORIO - SUELOS",9276,"CORTE DIRECTO EN CONDICIÓN CU, CONSOLIDADA - NO DRENADA (3 PUNTOS). Norma técnica: ASTM D6528 - 17.","UN",642600,"Actualización  2021 - I"]
["Antiguo","ENSAYO LABORATORIO - SUELOS",9277,"CORTE DIRECTO EN CONDICIÓN CD, CONSOLIDADA - DRENADA (3 PUNTOS). Norma técnica: INV E 154-13 NTC 1917-00 ASTM D3080/D3080M - 11.","UN",618741,"Actualización  2021 - I"]
["Antiguo","ENSAYO LABORATORIO - SUELOS",9278,"COMPRESIÓN TRIAXIAL UU NO CONSOLIDADO - NO DRENADO SOBRE SUELOS (3 PUNTOS). Norma técnica: INV E 153-13 ASTM D2850 - 15.","UN",728700,"Actualización  2021 - I"]
["Antiguo","ENSAYO LABORATORIO - SUELOS",9279,"DENSIDAD Y PESO UNITARIO DEL SUELO EN EL TERRENO POR EL MÉTODO DEL CONO Y ARENA. Norma técnica: INV E 161-13 NTC 1667-02 ASTM D1556 / D1556M - 15e1 .","UN",57715,"Actualización  2021 - I"]
["Antiguo","MATERIALES DE FERRETERÍA Y OTROS",9280,"BOLSA PARA BASURA TIPO INDUSTRIAL NEGRA DE 60 x 90 Cm CALIBRE 2 (PAQUETE DE 30 UNIDADES)","UN",14138,"Actualización  2021 - I"]
["Antiguo","DOTACIÓN (EPP) Y EQUIP. Y HERRAM. SEGUR. INDUSTR.",9283,"GUANTE CAUCHO NEGRO CORRUGADO CALIBRE 35","PAR",4811,"Actualización  2021 - I"]
["Antiguo","DOTACIÓN (EPP) Y EQUIP. Y HERRAM. SEGUR. INDUSTR.",9286,"OVEROL EN DRILL DOS PIEZAS, CAMISA Y PANTALÓN","UN",50575,"Actualización  2021 - I"]
["Antiguo","MATERIALES DE FERRETERÍA Y OTROS",9287,"PALA REDONDA No.  2 CON CABO","UN",31189,"Actualización  2021 - I"]
["Antiguo","MATERIALES DE FERRETERÍA Y OTROS",9288,"BOTIQUIN PRIMEROS AUXILIOS METÁLICO DE 40cm x 27cm x 10cm, INCLUYE MEDICAMENTOS","UN",113824,"Actualización  2021 - I"]
["Antiguo","DOTACIÓN (EPP) Y EQUIP. Y HERRAM. SEGUR. INDUSTR.",9289,"FILTRO CONTRA POLVO PARA RESPIRADORES","UN",1904,"Actualización  2021 - I"]
["Antiguo","MATERIALES DE FERRETERÍA Y OTROS",9290,"CANECA PLÁSTICA NEGRA DE 55 GALONES CON TAPA PLANA.","UN",121134,"Actualización  2021 - I"]
["Antiguo","CUBIERTA - CIELO RASO - CORTASOL TIPO TRANSMILENIO",9291,"CUBIERTA VERDE (INCLUYE GEOTEXTIL 1800 PARA BASE, LÁMINA DE DRENAJE DE BAJA RETENCIÓN DE AGUA, GEOTEXTIL 1800 PARA RETENCIÓN DE FINOS, TAPETE TIPO CRASSULACEA EXL, TRANSPORTE Y MANO DE OBRA.","M2",370240,"Actualización  2021 - I"]
["Antiguo","CONCRETOS Y MORTEROS PREMEZCLADOS",9302,"CONCRETO GRAVA COMÚN 6000 PSI 44 MPa (420 Kg/cm2)","M3",454580,"Actualización  2021 - I"]
["Antiguo","MOBILIARIO URBANO Y DE PARQUES",9303,"TUBO EN U - SEPARADOR DE CICLORUTA SC-01 ARO. ELABORADO EN TUBO AN REDONDO DE 2 1/2\" TERMINADO EN PINTURA EN POLVO RESISTENTE A LA INTEMPERIE. (INCLUYE PINTURA)","UN",166600,"Actualización  2021 - I"]
["Antiguo","POSTES Y ALUMBRADO PUBLICO",9305,"POSTE DE CONCRETO H=2.50 M RECTO (SECCIÓN DE 10CM X 10CM, PARA 8 HILOS)","UN",55873,"Actualización  2021 - I"]
["Antiguo","MATERIALES DE FERRETERÍA Y OTROS",9306,"ALAMBRE DE PUAS X 350 MTS. CAL. 12","ROLLO",198025,"Actualización  2021 - I"]
["Antiguo","MATERIALES DE FERRETERÍA Y OTROS",9307,"PUNTILLA GRAPA","KG",7311,"Actualización  2021 - I"]
["Antiguo","EQUIPO LIVIANO Y HERRAMIENTAS",9309,"FUMIGADORA AGRÍCOLA PLÁSTICA ERGONÓMICA DE 20 LITROS","UN",129900,"Actualización  2021 - I"]
["Antiguo","PRODUCTOS QUÍMICOS - PESTICIDAS - FITOSANITARIOS",9310,"HERBICIDA (APLICADO POR ASPERSIÓN)","LT",10907,"Actualización  2021 - I"]
["Antiguo","PRODUCTOS QUÍMICOS - PESTICIDAS - FITOSANITARIOS",9311,"RATICIDA 250 G","GR",26382,"Actualización  2021 - I"]
["Antiguo","SUELDOS Y JORNALES ",9314,"TARIFA JORNAL - PERSONAL DE OBRA - PLOMERO ELECTRICISTA (INCLUYE FACTOR DE PRESTACIONES)","JR",91250,"Actualización MO 2022"]
["Antiguo","SUELDOS Y JORNALES ",9317,"TARIFA JORNAL - PERSONAL DE OBRA - OPERARIO (INCLUYE FACTOR DE PRESTACIONES)","JR",103314,"Actualización MO 2022"]
["Antiguo","SUELDOS Y JORNALES ",9318,"TARIFA HORA - PERSONAL DE OBRA - OPERARIO (INCLUYE FACTOR DE PRESTACIONES)","HR",12914,"Actualización MO 2022"]
["Antiguo","SUELDOS Y JORNALES ",9319,"TARIFA JORNAL- PERSONAL DE OBRA - OPERARIO HORARIO NOCTURNO (INCLUYE FACTOR DE PRESTACIONES)","JR",139473,"Actualización MO 2022"]
["Antiguo","SUELDOS Y JORNALES ",9320,"TARIFA JORNAL - PERSONAL TÉCNICO - INSPECTOR 2 (INCLUYE FACTOR DE PRESTACIONES)","JR",93187,"Actualización MO 2022"]
["Antiguo","SUELDOS Y JORNALES ",9321,"TARIFA JORNAL - PERSONAL TÉCNICO - INSPECTOR 1 (INCLUYE FACTOR DE PRESTACIONES)","JR",102745,"Actualización MO 2022"]
["Antiguo","SUELDOS Y JORNALES ",9323,"TARIFA JORNAL - PERSONAL TÉCNICO - TOPÓGRAFO INSPECTOR (INCLUYE FACTOR DE PRESTACIONES)","JR",132742,"Actualización MO 2022"]
["Antiguo","SUELDOS Y JORNALES ",9324,"TARIFA JORNAL - PERSONAL AUXILIAR TÉCNICO - CADENERO 2 (INCLUYE FACTOR DE PRESTACIONES)","JR",78026,"Actualización MO 2022"]
["Antiguo","EQUIPO PESADO",9325,"CARROTANQUE IRRIGADOR DE AGUA - VIAJE","VIAJE",195000,"Actualización  2021 - I"]
["Antiguo","ENSAYO LABORATORIO - SUELOS",9333,"MEDIDA DEL POTENCIAL DE COLAPSO DE UN SUELO PARCIALMENTE SATURADO. Norma técnica: INV E 157-13 ASTM D5333-03.","UN",314636,"Actualización  2021 - I"]
["Antiguo","ENSAYO LABORATORIO - SUELOS",9334,"DETERMINACIÓN DEL CONTENIDO DE SALES SOLUBLES EN LOS SUELOS. Norma técnica: INV E 158-13 NLT 114.","UN",142205,"Actualización  2021 - I"]
["Antiguo","ENSAYO LABORATORIO - SUELOS",9335,"DETERMINACIÓN DE LA DENSIDAD Y DEL CONTENIDO DE AGUA DEL SUELO Y DEL SUELO-AGREGADO EN EL TERRENO. Norma técnica: INV E 164-13 ASTM D6938 - 17a.","UN",41650,"Actualización  2021 - I"]
["Antiguo","ENSAYO LABORATORIO - AGREGADOS PETREOS",9342,"DETERMINACIÓN DE TERRONES DE ARCILLA Y PARTÍCULAS DELEZNABLES EN LOS AGREGADOS. Norma técnica: INV E 211-13 NTC-589-2000.","UN",51170,"Actualización  2021 - I"]
["Antiguo","ENSAYO LABORATORIO - AGREGADOS PETREOS",9343,"PRESENCIA DE IMPUREZAS ORGÁNICAS EN ARENAS USADAS PARA LA PREPARACIÓN DE MORTEROS O CONCRETOS. Norma técnica: INV E 212-13 NTC-127-2000.","UN",33427,"Actualización  2021 - I"]
["Antiguo","ENSAYO LABORATORIO - AGREGADOS PETREOS",9344,"DENSIDAD BULK (PESO UNITARIO) Y PORCENTAJE DE VACÍOS DE LOS AGREGADOS EN ESTADO SUELTO Y COMPACTO. Norma técnica: INV E 217-13 NTC-92-1995.","UN",53550,"Actualización  2021 - I"]
["Antiguo","ENSAYO LABORATORIO - AGREGADOS PETREOS",9345,"SOLIDEZ DE LOS AGREGADOS FRENTE A LA ACCIÓN DE SOLUCIONES DE SULFATO DE SODIO O DE MAGNESIO. Norma técnica: INV E 220-13 NTC-126-1995.","UN",295924,"Actualización  2021 - I"]
["Antiguo","ENSAYO LABORATORIO - AGREGADOS PETREOS",9346,"CANTIDAD DE PARTÍCULAS LIVIANAS EN UN AGREGADO PÉTREO. Norma técnica: INV E-221-13 NTC-130-1994.","UN",122570,"Actualización  2021 - I"]
["Antiguo","ENSAYO LABORATORIO - AGREGADOS PETREOS",9347,"DENSIDAD, DENSIDAD RELATIVA (GRAVEDAD ESPECÍFICA) Y ABSORCIÓN DEL AGREGADO GRUESO. Norma técnica: INV E-223-13 NTC-176-1995.","UN",68158,"Actualización  2021 - I"]
["Antiguo","ENSAYO LABORATORIO - AGREGADOS PETREOS",9348,"DETERMINACIÓN DEL VALOR DEL 10% DE FINOS. Norma técnica: INV E-224-13.","UN",255850,"Actualización  2021 - I"]
["Antiguo","ENSAYO LABORATORIO - AGREGADOS PETREOS",9350,"DETERMINACIÓN DEL CONTENIDO DE AZUFRE EN LOS AGREGADOS PÉTREOS. Norma técnica: INV E-233-13.","UN",277865,"Actualización  2021 - I"]
["Antiguo","ENSAYO LABORATORIO - CONCRETOS HIDRÁULICOS",9351,"DETERMINACIÓN DE LA REACTIVIDAD POTENCIAL ÁLCALI-SÍLICE DE AGREGADOS (MÉTODO QUÍMICO). Norma técnica: INV 234-13 NTC 175.","UN",410550,"Actualización  2021 - I"]
["Antiguo","ENSAYO LABORATORIO - AGREGADOS PETREOS",9352,"DETERMINACIÓN DE LA LIMPIEZA SUPERFICIAL DE LAS PARTÍCULAS DE AGREGADO GRUESO. Norma técnica: INV E-237-13.","UN",63070,"Actualización  2021 - I"]
["Antiguo","ENSAYO LABORATORIO - AGREGADOS PETREOS",9353,"DETERMINACIÓN DE LA RESISTENCIA DEL AGREGADO GRUESO A LA DEGRADACIÓN POR ABRASIÓN, UTILIZANDO EL APARATO MICRO-DEVAL. Norma técnica: INV E-238-13.","UN",196350,"Actualización  2021 - I"]
["Antiguo","ENSAYO LABORATORIO - AGREGADOS PETREOS",9354,"DETERMINACIÓN DEL CONTENIDO DE VACÍOS EN AGREGADOS FINOS NO COMPACTADOS (INFLUENCIADO POR LA FORMA DE LAS PARTÍCULAS, LA TEXTURA SUPERFICIAL Y LA GRANULOMETRÍA). Norma técnica: INV E-239-13.","UN",89250,"Actualización  2021 - I"]
["Antiguo","ENSAYO LABORATORIO - AGREGADOS PETREOS",9355,"PROPORCIÓN DE PARTÍCULAS PLANAS, ALARGADAS O PLANAS Y ALARGADAS EN AGREGADOS GRUESOS. Norma técnica: INV E-240-13.","UN",142800,"Actualización  2021 - I"]
["Antiguo","ENSAYO LABORATORIO - AGREGADOS PETREOS",9356,"ANÁLISIS PETROGRÁFICO DE AGREGADOS PARA CONCRETO (1 SECCIÓN DELGADA). Norma técnica: ASTM C295/C295M − 12.","UN",1633275,"Actualización  2021 - I"]
["Antiguo","ENSAYO LABORATORIO - AGREGADOS PETREOS",9357,"ANÁLISIS PETROGRÁFICO DE AGREGADOS PARA CONCRETO (2 SECCIÓN DELGADA). Norma técnica: ASTM C295/C295M − 12.","UN",1889304,"Actualización  2021 - I"]
["Antiguo","ENSAYO LABORATORIO - AGREGADOS PETREOS",9358,"ANÀLISIS PETROGRÀFICO DE AGREGADOS PARA CONCRETO (3 SECCIÓN DELGADA). Norma técnica: ASTM C295/C295M − 12.","UN",2839122,"Actualización  2021 - I"]
["Antiguo","ENSAYO LABORATORIO - MATERIALES BITUMINOSOS",9359,"DETERMINACIÓN DEL CONTENIDO DE AGUA EN LOS MATERIALES BITUMINOSOS POR DESTILACIÓN. Norma técnica:: INV E-704-13 ASTM D95.","UN",202895,"Actualización  2021 - I"]
["Antiguo","ENSAYO LABORATORIO - MATERIALES BITUMINOSOS",9360,"PUNTOS DE INFLAMACIÓN Y DE COMBUSTIÓN MEDIANTE LA COPA ABIERTA CLEVELAND. Norma técnica: INV E-709-13 / ASTM D92.","UN",93000,"Actualización  2021 - I"]
["Antiguo","ENSAYO LABORATORIO - MATERIALES BITUMINOSOS",9361,"SOLUBILIDAD DE MATERIALES ASFÁLTICOS EN TRICLOROETILENO. Norma técnica: INV E – 713 - 13 ASTM D88.","UN",380205,"Actualización  2021 - I"]
["Antiguo","ENSAYO LABORATORIO - MATERIALES BITUMINOSOS",9363,"DETERMINACIÓN DE LA VISCOSIDAD DEL ASFALTO EMPLEANDO UN VISCOSÍMETRO  ROTACIONAL (Tres temperaturas). Norma técnica: INV E – 717 - 13 ASTM D4402 - D4402M AASHTO T 316 – 06.","UN",321000,"Actualización  2021 - I"]
["Antiguo","ENSAYO LABORATORIO - MATERIALES BITUMINOSOS",9364,"EFECTO DEL CALOR Y DEL AIRE SOBRE EL ASFALTO EN LAMINA DELGADA Y ROTATORIA. Norma técnica: INV E - 720 - 13 ASTM D 2872.","UN",538000,"Actualización  2021 - I"]
["Antiguo","ENSAYO LABORATORIO - MEZCLAS ASFALTICAS",9366,"GRAVEDAD ESPECÍFICA BULK Y DENSIDAD DE MEZCLAS ASFÁLTICAS COMPACTADAS ABSORBENTES EMPLEANDO ESPECÍMENES RECUBIERTOS CON UNA PELÍCULA DE PARAFINA. Norma técnica: INV E – 734 - 13 ASTM D1188.","UN",51000,"Actualización  2021 - I"]
["Antiguo","ENSAYO LABORATORIO - MEZCLAS ASFALTICAS",9367,"GRAVEDAD ESPECÍFICA MÁXIMA DE MEZCLAS ASFÁLTICAS PARA PAVIMENTOS. Norma técnica: INV E – 735 - 13 ASTM D2041/D2041.","UN",98056,"Actualización  2021 - I"]
["Antiguo","ENSAYO LABORATORIO - MEZCLAS ASFALTICAS",9368,"MEDIDA DE LA DENSIDAD DE CAPAS DE CONCRETO ASFÁLTICO EN EL TERRENO EMPLEANDO EL MÉTODO NUCLEAR. Norma técnica: INV E - 746 - 13 ASTM D2950/D2950M.","UN",55157,"Actualización  2021 - I"]
["Antiguo","ENSAYO LABORATORIO - MATERIALES BITUMINOSOS",9369,"DETERMINACIÓN DE LAS PROPIEDADES REOLÓGICAS DE LOS LIGANTES ASFÁLTICOS MEDIANTE EL REÓMETRO DE CORTE DINÁMICO. Norma técnica: INV E – 750 - 13 AASHTO T 315.","UN",1161000,"Actualización  2021 - I"]
["Antiguo","ENSAYO LABORATORIO - MEZCLAS ASFALTICAS",9370,"RESISTENCIA A LA DEFORMACIÓN PLÁSTICA DE LAS MEZCLAS ASFÁLTICAS MEDIANTE LA PISTA DE ENSAYO DE LABORATORIO. Norma técnica: INV E - 756 - 13 NLT173.","UN",724000,"Actualización  2021 - I"]
["Antiguo","ENSAYO LABORATORIO - MEZCLAS ASFALTICAS",9371,"RECUPERACIÓN DEL ASFALTO DE UNA SOLUCIÓN UTILIZANDO EL EVAPORADOR ROTATORIO. Norma técnica: INV E – 759 - 13 ASTM D5404/D5404M.","UN",584961,"Actualización  2021 - I"]
["Antiguo","ENSAYO LABORATORIO - MEZCLAS ASFALTICAS",9373,"ADHESIVIDAD DE LOS LIGANTES BITUMINOSOS A LOS AGREGADOS FINOS (MÉTODO RIEDEL - WEBER). Norma técnica: INV E – 774 - 13 NLT 355.","UN",173000,"Actualización  2021 - I"]
["Antiguo","ENSAYO LABORATORIO - MEZCLAS ASFALTICAS",9374,"ANÁLISIS GRANULOMÉTRICO DE LOS AGREGADOS EXTRAÍDOS DE MEZCLAS ASFÁLTICAS. Norma técnica: INV E – 782 - 13 ASTM D5444.","UN",61285,"Actualización  2021 - I"]
["Antiguo","ENSAYO LABORATORIO - MEZCLAS ASFALTICAS",9375,"DETERMINACIÓN DE LAS LEYES DE FATIGA DE MEZCLAS ASFÁLTICAS COMPACTADAS EN CALIENTE SOMETIDAS A FLEXIÓN DINÁMICA. Norma técnica: INV E - 784 - 13 AASHTO T 321 EN-12697-24 Anexo D.","UN",3022600,"Actualización  2021 - I"]
["Antiguo","ENSAYO LABORATORIO - MATERIALES BITUMINOSOS",9379,"VISCOSIDAD SAYBOLT DE ASFALTOS. Norma técnica: INV E-714-13 ASTM D 88.","UN",101000,"Actualización  2021 - I"]
["Antiguo","ENSAYO LABORATORIO - MATERIALES BITUMINOSOS",9381,"RECUPERACIÓN ELÁSTICA POR TORSIÓN DE ASFALTOS MODIFICADOS. Norma técnica: INV E – 727 - 13 NLT 329.","UN",68425,"Actualización  2021 - I"]
["Antiguo","ENSAYO LABORATORIO - MATERIALES BITUMINOSOS",9383,"DESTILACIÓN DE EMULSIONES ASFÁLTICAS. Norma técnica: INV E – 762 - 13 ASTM D6997.","UN",202062,"Actualización  2021 - I"]
["Antiguo","ENSAYO LABORATORIO - MATERIALES BITUMINOSOS",9384,"VISCOSIDAD SAYBOLT FUROL DE EMULSIONES ASFÁLTICAS. Norma técnica: INV E – 763 - 13 ASTM D7496.","UN",105000,"Actualización  2021 - I"]
["Antiguo","ENSAYO LABORATORIO - COMPONENTE DE ESPACIO PÚBLICO",9385,"PREFABRICADOS DE CONCRETO. MUESTREO Y ENSAYO DE PREFABRICADOS DE CONCRETO NO REFORZADOS, VIBROCOMPACTADOS. RESISTENCIA A LA COMPRESIÓN. Norma técnica: NTC 4024 numeral 6.","UN",34099,"Actualización  2021 - I"]
["Antiguo","ENSAYO LABORATORIO - COMPONENTE DE ESPACIO PÚBLICO",9386,"ABSORCIÓN DE AGUA POR LOS ADOQUINES DE CONCRETO. Norma técnica: INV E - 427 - 13 NTC 2017 numeral 6.3 ASTM C140.","UN",33320,"Actualización  2021 - I"]
["Antiguo","ENSAYO LABORATORIO - CONCRETOS HIDRÁULICOS",9387,"DISEÑO DE MEZCLAS DE CONCRETO CON DOS AGREGADOS PARA UNA RESISTENCIA DADA (Incluye caracterización)","UN",633080,"Actualización  2021 - I"]
["Antiguo","ENSAYO CAMPO - DIAGNOSTICO DE PAVIMENTOS",9388,"MEDIDA DE LA MACROTEXTURA SUPERFICIAL DE UN PAVIMENTO EMPLEANDO LA TECNICA VOLUMETRICA. Norma técnica: INV E - 791 - 13 ASTM E 965 NLT 335.","UN",41650,"Actualización  2021 - I"]
["Antiguo","ENSAYO LABORATORIO - GEOSINTÉTICOS",9389,"MÉTODO PARA DETERMINAR LA CARGA DE ROTURA Y ELONGACIÓN DE GEOTEXTILES (MÉTODO GRAB). Norma técnica: ASTM D4632 D4632M - 15a.","UN",227052,"Actualización  2021 - I"]
["Antiguo","ENSAYO LABORATORIO - COMPONENTE DE ESPACIO PÚBLICO",9396,"MÉTODOS PARA MUESTREO Y ENSAYOS DE UNIDADES DE MAMPOSTERÍA Y OTROS PRODUCTOS DE ARCILLA. MÓDULO DE ROTURA. Norma técnica: NTC 4017 numeral 6.","UN",38080,"Actualización  2021 - I"]
["Antiguo","ENSAYO LABORATORIO - COMPONENTE DE ESPACIO PÚBLICO",9397,"ADOQUINES DE CONCRETO PARA PAVIMENTOS. RESISTENCIA A LA FLEXOTRACCIÓN (MÓDULO DE ROTURA). Norma técnica: NTC 2017 numeral 6.4.","UN",41400,"Actualización  2021 - I"]
["Antiguo","ENSAYO LABORATORIO - COMPONENTE DE ESPACIO PÚBLICO",9398,"RESISTENCIA A LA ABRASIÓN DE MATERIALES PARA PISOS Y PAVIMENTOS, MEDIANTE ARENA Y DISCO METÁLICO ANCHO. (ADOQUINES DE CONCRETO). Norma técnica: NTC 5147.","UN",60095,"Actualización  2021 - I"]
["Antiguo","ENSAYO LABORATORIO - COMPONENTE DE ESPACIO PÚBLICO",9401,"RESISTENCIA A LA FLEXOTRACCIÓN (MÓDULO DE ROTURA) DE LOSETAS DE CONCRETO PARA PAVIMENTO. Norma técnica: NTC 4992 numeral 6.4.","UN",56287,"Actualización  2021 - I"]
["Antiguo","ENSAYO LABORATORIO - COMPONENTE DE ESPACIO PÚBLICO",9402,"ABSORCIÓN DE AGUA DE LOSETAS DE CONCRETO PARA PAVIMENTOS. Norma técnica: NTC 4992 numeral 6.3.","UN",46648,"Actualización  2021 - I"]
["Antiguo","ENSAYO LABORATORIO - COMPONENTE DE ESPACIO PÚBLICO",9404,"RESISTENCIA A LA ABRASIÓN DE MATERIALES PARA PISOS Y PAVIMENTOS, MEDIANTE ARENA Y DISCO METÁLICO ANCHO. (LOSETAS DE CONCRETO). Norma técnica: NTC 5147.","UN",67414,"Actualización  2021 - I"]
["Antiguo","ENSAYO LABORATORIO - COMPONENTE DE ESPACIO PÚBLICO",9405,"RESISTENCIA A LA FLEXOTRACCIÓN (MÓDULO DE ROTURA) DE BORDILLOS Y SARDINELES. Norma técnica: NTC 4109.","UN",178098,"Actualización  2021 - I"]
["Antiguo","ENSAYO CAMPO - DIAGNOSTICO DE PAVIMENTOS",9407,"EXTRACCIÓN DE TESTIGOS DE PAVIMENTOS ASFÁLTICOS MEDIANTE ASERRADO, DE 100 CM X 100 CM. Norma técnica: INV E – 758 - 13 ASTM D 5361.","UN",127000,"Actualización  2021 - I"]
["Antiguo","MUEBLES - EQUIPOS Y ELEMENTOS OFICINA",9408,"PUESTO DE TRABAJO - ESCRITORIO 75x120x50","UN",164174,"Actualización  2021 - I"]
["Antiguo","MUEBLES - EQUIPOS Y ELEMENTOS OFICINA",9409,"SILLA ESCRITORIO GIRATORIA CON BRAZOS","UN",95347,"Actualización  2021 - I"]
["Antiguo","ESTRUCTURAS EN ACERO",9413,"LAMINA ALFAJOR","KG",3213,"N.A"]
["Antiguo","MUEBLES - EQUIPOS Y ELEMENTOS OFICINA",9414,"SILLA PLÁSTICA SIN BRAZOS","UN",20025,"Actualización  2021 - I"]
["Antiguo","SUELDOS Y JORNALES ",9423,"TARIFA MES - PERSONAL DE OBRA - TÉCNICO PLOMERO (INCLUYE FACTOR DE PRESTACIONES)","MES",2737525,"Actualización MO 2022"]
["Antiguo","SUELDOS Y JORNALES ",9424,"TARIFA MES - PERSONAL DE OBRA - AYUDANTE (INCLUYE FACTOR DE PRESTACIONES)","MES",1651600,"Actualización MO 2022"]
["Antiguo","OFICINA",9427,"COSTO DE LA REPRODUCCIÓN DE PLANOS TAMAÑO PLIEGO","UN",8263,"Actualización MO 2022"]
["Antiguo","ENTIDAD",9428,"COSTO DE CERTIFICADO DE TRADICIÓN Y LIBERTAD DE INMUEBLES","UN",22700,"Actualización MO 2022"]
["Antiguo","ENSAYO LABORATORIO - SUELOS",9433,"EXPANSIÓN LIBRE EN CONSOLIDÓMETRO. Norma técnica: ASTM D4546 - 14e1. Norma técnica: ASTM D4546 - 14e1.","UN",161840,"Actualización  2021 - I"]
["Antiguo","SERV. DIAGNÓSTICO-INSPECCIÓN REDES HIDROSANITARIAS",9434,"TRATAMIENTO Y DISPOSICIÓN FINAL DE LODOS NO PELIGROSOS PROVENIENTES DE ALCANTARILLADO","KG",179,"Actualización  2021 - I"]
["Antiguo","POZOS Y COMPONENTES - ALCANTARILLADO",9437,"CONO CONCENTRICO PARA POZO D= 1.20m x 0.60m e=0.10m  h= 0.75m ","UN",506202,"Actualización  2021 - I"]
["Antiguo","SEÑALES, BARRERAS Y DEMARCACIÓN VIAL",9441,"SEÑAL LUMINOSA BIDIRECCIONAL 1.50m x 0.50m","UN",1416695,"Actualización  2021 - I"]
["Antiguo","ENSAYO LABORATORIO - AGREGADOS PETREOS",9443,"DETERMINACIÓN DEL COEFICIENTE DE PULIMIENTO ACELERADO (CPA) DE LAS PARTÍCULAS DE AGREGADO GRUESO. Norma técnica: INV E-232-13.","UN",1642200,"Actualización  2021 - I"]
["Antiguo","ENSAYO LABORATORIO - MEZCLAS ASFALTICAS",9444,"PORCENTAJE DE VACÍOS CON AIRE EN MEZCLAS ASFÁLTICAS COMPACTADAS DENSAS Y ABIERTAS. Norma técnica: INV E - 736 - 13 ASTM D3203/D3203.","UN",147000,"Actualización  2021 - I"]
["Antiguo","ENSAYO LABORATORIO - MEZCLAS ASFALTICAS",9445,"CONCENTRACIÓN CRÍTICA DE LLENANTE EN MEZCLAS DE CONCRETO ASFÁLTICO. Norma técnica: INV E – 745 - 13 IRAM 1542 – Junio 1983.","UN",214498,"Actualización  2021 - I"]
["Antiguo","ENSAYO LABORATORIO - MEZCLAS ASFALTICAS",9446,"CUBRIMIENTO DE LOS AGREGADOS CON MATERIALES ASFÁLTICOS EN PRESENCIA DE AGUA (STRIPPING). Norma técnica: AASHTO T 182 NLT 166 ASTM D1664.","UN",133700,"Actualización  2021 - I"]
["Antiguo","ENSAYO LABORATORIO - MEZCLAS ASFALTICAS",9447,"MÓDULO DINÁMICO DE MEZCLAS ASFÁLTICAS. Norma técnica: ASTM D3497  AASHTO TP 62 – 03.","UN",1400000,"Actualización  2021 - I"]
["Antiguo","ENSAYO LABORATORIO - MATERIALES BITUMINOSOS",9448,"SEDIMENTACIÓN DE LAS EMULSIONES ASFÁLTICAS DURANTE EL ALMACENAMIENTO. Norma técnica: INV E – 764 - 13 ASTM D 6930 NLT 140.","UN",211200,"Actualización  2021 - I"]
["Antiguo","ENSAYO LABORATORIO - MATERIALES BITUMINOSOS",9449,"TAMIZADO DE LAS EMULSIONES ASFALTICAS. Norma técnica: INV E – 765 - 13 ASTM6933.","UN",51170,"Actualización  2021 - I"]
["Antiguo","ENSAYO LABORATORIO - MATERIALES BITUMINOSOS",9450,"DEMULSIBILIDAD DE LAS EMULSIONES ASFÁLTICAS. Norma técnica: INV E - 766 - 13 ASTM D6936.","UN",148155,"Actualización  2021 - I"]
["Antiguo","ENSAYO LABORATORIO - MATERIALES BITUMINOSOS",9451,"IDENTIFICACIÓN DE LAS EMULSIONES ASFÁLTICAS CATIÓNICAS MEDIANTE LA DETERMINACIÓN DE LA CARGA DE LAS PARTÍCULAS. Norma técnica. INV E – 767 - 13 ASTM D7402 NLT 194.","UN",47000,"Actualización  2021 - I"]
["Antiguo","ENSAYO LABORATORIO - MATERIALES BITUMINOSOS",9452,"PH DE LAS EMULSIONES ASFÁLTICAS. Norma técnica: INV E – 768 - 13 NLT 195.","UN",47000,"Actualización  2021 - I"]
["Antiguo","ENSAYO LABORATORIO - MATERIALES BITUMINOSOS",9453,"ENSAYO DE MEZCLA CON CEMENTO DE LAS EMULSIONES ASFALTICAS. Norma técnica: INV E – 770 - 13 ASTM D6935 NLT 144.","UN",243950,"Actualización  2021 - I"]
["Antiguo","ENSAYO CAMPO - DIAGNOSTICO DE PAVIMENTOS",9454,"MEDIDA DEL COEFICIENTE DE RESISTENCIA AL DESLIZAMIENTO USANDO EL PÉNDULO BRITÁNICO. Norma técnica: INV E – 792 - 13 NTC 5129 ASTM E 501.","UN",55781,"Actualización  2021 - I"]
["Antiguo","SUELDOS Y JORNALES ",9455,"TARIFA MES - PERSONAL DE OBRA - AYUDANTE (NO INCLUYE FACTOR DE PRESTACIONES)","MES",1000000,"Actualización MO 2022"]
["Antiguo","EQUIPO",9456,"ALQUILER DE VEHICULO: CAMPERO, PICK-UP, CAMIONETA, CAMION O SIMILAR DE 1300cc A 2000cc DE CILINDRADA, MODELO 2014 A 2011. 75% DE LA TARIFA ESTABLECIDA. INCLUYE TODOS LOS COSTOS DE OPERACIÓN Y MANTENIMIENTO EXCEPTO EL SALARIO DEL CONDUCTOR","MES",4816500,"Actualización MO 2022"]
["Antiguo","SUELDOS Y JORNALES ",9457,"TARIFA MES - PERSONAL DE OBRA - INSPECTOR 1 HORARIO NOCTURNO (NO INCLUYE FACTOR DE PRESTACIONES)","MES",2683800,"Actualización MO 2022"]
["Antiguo","SUELDOS Y JORNALES ",9459,"TARIFA MES - PERSONAL TÉCNICO - OPERADOR EQUIPO PERFORACIÓN (NO INCLUYE FACTOR DE PRESTACIONES)","MES",2066000,"Actualización MO 2022"]
["Antiguo","SUELDOS Y JORNALES ",9460,"TARIFA MES - PERSONAL TÉCNICO - OPERADOR AUXILIAR DE EQUIPO (NO INCLUYE FACTOR DE PRESTACIONES)","MES",1381000,"Actualización MO 2022"]
["Antiguo","SUELDOS Y JORNALES ",9461,"TARIFA MES - PERSONAL DE OBRA - OFICIAL (NO INCLUYE FACTOR DE PRESTACIONES)","MES",1500000,"Actualización MO 2022"]
["Antiguo","SUELDOS Y JORNALES ",9462,"TARIFA MES - PERSONAL DE OBRA - PLOMERO (NO INCLUYE FACTOR DE PRESTACIONES)","MES",1750000,"Actualización MO 2022"]
["Antiguo","SUELDOS Y JORNALES ",9463,"TARIFA MES - PERSONAL DE OBRA - TÉCNICO ELÉCTRICO (NO INCLUYE FACTOR DE PRESTACIONES)","MES",1750000,"Actualización MO 2022"]
["Antiguo","SUELDOS Y JORNALES ",9464,"TARIFA MES - PERSONAL DE OBRA - OPERARIO (NO INCLUYE FACTOR DE PRESTACIONES)","MES",2000000,"Actualización MO 2022"]
["Antiguo","SUELDOS Y JORNALES ",9465,"TARIFA MES - PROFESIONAL CATEGORÍA 1 (INCLUYE FACTOR DE PRESTACIONES)","MES",20161513,"Actualización MO 2022"]
["Antiguo","SUELDOS Y JORNALES ",9466,"TARIFA MES - PROFESIONAL CATEGORÍA 2 (INCLUYE FACTOR DE PRESTACIONES)","MES",14062598,"Actualización MO 2022"]
["Antiguo","SUELDOS Y JORNALES ",9467,"TARIFA MES - PROFESIONAL CATEGORÍA 3 (INCLUYE FACTOR DE PRESTACIONES)","MES",11871264,"Actualización MO 2022"]
["Antiguo","SUELDOS Y JORNALES ",9468,"TARIFA MES - PROFESIONAL CATEGORÍA 4 (INCLUYE FACTOR DE PRESTACIONES)","MES",10112601,"Actualización MO 2022"]
["Antiguo","SUELDOS Y JORNALES ",9469,"TARIFA MES - PROFESIONAL CATEGORÍA 5 (INCLUYE FACTOR DE PRESTACIONES)","MES",9123740,"Actualización MO 2022"]
["Antiguo","SUELDOS Y JORNALES ",9470,"TARIFA MES - PROFESIONAL CATEGORÍA 6 (INCLUYE FACTOR DE PRESTACIONES)","MES",8139250,"Actualización MO 2022"]
["Antiguo","SUELDOS Y JORNALES ",9471,"TARIFA MES - PROFESIONAL CATEGORÍA 7 (INCLUYE FACTOR DE PRESTACIONES)","MES",6159751,"Actualización MO 2022"]
["Antiguo","SUELDOS Y JORNALES ",9472,"TARIFA MES - PROFESIONAL CATEGORÍA 8 (INCLUYE FACTOR DE PRESTACIONES)","MES",5813892,"Actualización MO 2022"]
["Antiguo","SUELDOS Y JORNALES ",9473,"TARIFA MES - PERSONAL TÉCNICO - TECNÓLOGO EN ÁREAS DE INGENIERÍA (INCLUYE FACTOR DE PRESTACIONES)","MES",3821565,"Actualización MO 2022"]
["Antiguo","SUELDOS Y JORNALES ",9474,"TARIFA MES - PERSONAL TÉCNICO - AUXILIAR DE INGENIERÍA (INCLUYE FACTOR DE PRESTACIONES)","MES",3362534,"Actualización MO 2022"]
["Antiguo","SUELDOS Y JORNALES ",9475,"TARIFA MES - PERSONAL TÉCNICO - DIBUJANTE 1 (INCLUYE FACTOR DE PRESTACIONES)","MES",3524711,"Actualización MO 2022"]
["Antiguo","SUELDOS Y JORNALES ",9476,"TARIFA MES - PERSONAL TÉCNICO - DIBUJANTE 2 (INCLUYE FACTOR DE PRESTACIONES)","MES",3031447,"Actualización MO 2022"]
["Antiguo","SUELDOS Y JORNALES ",9477,"TARIFA MES - PERSONAL TÉCNICO - TOPÓGRAFO INSPECTOR (INCLUYE FACTOR DE PRESTACIONES)","MES",3982254,"Actualización MO 2022"]
["Antiguo","SUELDOS Y JORNALES ",9478,"TARIFA MES - PERSONAL TÉCNICO - TOPÓGRAFO AUXILIAR (INCLUYE FACTOR DE PRESTACIONES)","MES",3271302,"Actualización MO 2022"]
["Antiguo","SUELDOS Y JORNALES ",9479,"TARIFA MES - PERSONAL TÉCNICO - BATIMETRISTA INSPECTOR (INCLUYE FACTOR DE PRESTACIONES)","MES",3982254,"Actualización MO 2022"]
["Antiguo","SUELDOS Y JORNALES ",9480,"TARIFA MES - PERSONAL TÉCNICO - BATIMETRISTA AUXILIAR (INCLUYE FACTOR DE PRESTACIONES)","MES",3271302,"Actualización MO 2022"]
["Antiguo","SUELDOS Y JORNALES ",9481,"TARIFA MES - PERSONAL TÉCNICO - LABORATORISTA INSPECTOR (INCLUYE FACTOR DE PRESTACIONES)","MES",3530544,"Actualización MO 2022"]
["Antiguo","SUELDOS Y JORNALES ",9482,"TARIFA MES - PERSONAL TÉCNICO - LABORATORISTA AUXILIAR (INCLUYE FACTOR DE PRESTACIONES)","MES",2657930,"Actualización MO 2022"]
["Antiguo","SUELDOS Y JORNALES ",9483,"TARIFA MES - PERSONAL TÉCNICO - INSPECTOR 1 (INCLUYE FACTOR DE PRESTACIONES)","MES",3082195,"Actualización MO 2022"]
["Antiguo","SUELDOS Y JORNALES ",9484,"TARIFA MES - PERSONAL TÉCNICO - INSPECTOR 2 (INCLUYE FACTOR DE PRESTACIONES)","MES",2795443,"Actualización MO 2022"]
["Antiguo","SUELDOS Y JORNALES ",9485,"TARIFA MES - PERSONAL ADMINISTRATIVO - ADMINISTRADOR (INCLUYE FACTOR DE PRESTACIONES)","MES",3577441,"Actualización MO 2022"]
["Antiguo","SUELDOS Y JORNALES ",9486,"TARIFA MES - PERSONAL ADMINISTRATIVO - AUXILIAR ADMINISTRATIVO-ALMACENISTA (INCLUYE FACTOR DE PRESTACIONES)","MES",2831582,"Actualización MO 2022"]
["Antiguo","SUELDOS Y JORNALES ",9487,"TARIFA MES - PERSONAL ADMINISTRATIVO - SECRETARIA 1 (INCLUYE FACTOR DE PRESTACIONES)","MES",2340788,"Actualización MO 2022"]
["Antiguo","SUELDOS Y JORNALES ",9488,"TARIFA MES - PERSONAL ADMINISTRATIVO - SECRETARIA 2 (INCLUYE FACTOR DE PRESTACIONES)","MES",1981624,"Actualización MO 2022"]
["Antiguo","SUELDOS Y JORNALES ",9489,"TARIFA MES - PERSONAL AUXILIAR TÉCNICO - CADENERO 1 (INCLUYE FACTOR DE PRESTACIONES)","MES",2657930,"Actualización MO 2022"]
["Antiguo","SUELDOS Y JORNALES ",9490,"TARIFA MES - PERSONAL AUXILIAR TÉCNICO - CADENERO 2 (INCLUYE FACTOR DE PRESTACIONES)","MES",2340788,"Actualización MO 2022"]
["Antiguo","SUELDOS Y JORNALES ",9491,"TARIFA MES - PERSONAL AUXILIAR TÉCNICO - SECRETARIA - CONDUCTOR O MOTORISTA (INCLUYE FACTOR DE PRESTACIONES)","MES",1981624,"Actualización MO 2022"]
["Antiguo","SUELDOS Y JORNALES ",9492,"TARIFA MES - PERSONAL DE OBRA - MAESTRO DE OBRA (INCLUYE FACTOR DE PRESTACIONES)","MES",4368900,"Actualización MO 2022"]
["Antiguo","SUELDOS Y JORNALES ",9493,"TARIFA MES - PERSONAL DE OBRA - OFICIAL (INCLUYE FACTOR DE PRESTACIONES)","MES",2375550,"Actualización MO 2022"]
["Antiguo","SUELDOS Y JORNALES ",9494,"TARIFA MES - PERSONAL DE OBRA - OPERARIO (INCLUYE FACTOR DE PRESTACIONES)","MES",3099400,"Actualización MO 2022"]
["Antiguo","ESTRUCTURAS EN ACERO",9495,"TUERCAS POR KG","KG",9997,"N.A"]
["Antiguo","ESTRUCTURAS EN ACERO",9496,"PERNOS POR Kg","KG",8397,"N.A"]
["Antiguo","SUELDOS Y JORNALES ",9497,"TARIFA JORNAL - PERSONAL DE OBRA - AYUDANTE - HORARIO NOCTURNO (INCLUYE FACTOR DE PRESTACIONES)","HR",9290,"Actualización MO 2022"]
["Antiguo","CONCRETOS Y MORTEROS PREMEZCLADOS",9499,"CONCRETO TREMIE GRAVA FINA 3500 PSI","M3",434350,"Actualización  2021 - I"]
["Antiguo","ESTRUCTURAS EN ACERO",9500,"LÁMINA COLABORANTE 2\" CALIBRE 16 (1.50mm)","M2",80965,"N.A"]
["Antiguo","ESTRUCTURAS EN ACERO",9501,"LÁMINA COLABORANTE 2\" CALIBRE 18 (1.20mm)","M2",64606,"N.A"]
["Antiguo","MADERAS",9502,"TABLILLA EN TEKA PARA PISO TIPO DECK DE 8cm x 2cm","M2",107100,"Actualización  2021 - I"]
["Antiguo","SUELDOS Y JORNALES ",9505,"TARIFA JORNAL- PROFESIONAL CATEGORÍA 1 (INCLUYE FACTOR DE PRESTACIONES)","JR",672050,"Actualización MO 2022"]
["Antiguo","SU